{"text_format":"2","workbook":"xlsx","n_sheets":18,"sheets":["RESUMO MODULO TOTAL","CRONOGRAMA TOTAL","BDI","ENC. SOCIAIS","MC MODULO","MOMENTO DE TRANSPORTE - PRINC","MOMENTO DE TRANSPORTE - AUX"," CONSUMO DE MAT. B TOTAL","Mob"," Canteiro","Adm Local","Projeto Executivo","INSUMOS - ASF"," CAP50-70 RR1-C + TRANSPORTE","CPUs","Curva ABC de Serviços","ANP ESTADOS","ANP REGIÃO"],"not_rendered":{"charts":0,"images":10,"macros":0,"external_links":202,"defined_names":32024,"comments":0,"pivot_tables":0},"unopened":[],"bounds":{"document_bytes":16777216,"sheet_cells":100000,"run_cost":"one","rows_first":2000,"rows_last":500,"rows_between":2000,"halvings":0,"cell_chars":16384,"cell_head_chars":4096},"cells_cut":0,"cells_raw":0,"read":"whole","date_system":"1900"}

{"sheet":"RESUMO MODULO TOTAL","index":0,"n_rows":50,"n_cols":15,"rows_kept":50,"cut":false,"hidden":false,"merged":[[48,4,48,7],[35,4,35,7],[36,4,36,7],[38,4,38,7],[40,4,40,7],[41,4,41,7],[42,4,42,7],[43,4,43,7],[44,4,44,7],[45,4,45,7],[46,4,46,7],[47,4,47,7],[34,4,34,7],[20,4,20,7],[21,4,21,7],[22,4,22,7],[24,4,24,7],[25,4,25,7],[26,4,26,7],[27,4,27,7],[29,4,29,7],[30,4,30,7],[31,4,31,7],[32,4,32,7],[1,1,4,11],[19,4,19,7],[5,1,5,13],[6,1,9,1],[6,2,9,2],[6,3,9,3],[6,4,9,7],[7,9,8,9],[7,12,9,12],[7,13,9,13],[11,4,11,7],[12,4,12,7],[14,4,14,7],[15,4,15,7],[17,4,17,7]]}
[null,"EXECUÇÃO DE CAPA ASFÁLTICA EM CONCRETO BETUMINOSO USINADO A QUENTE (CBUQ), EM VIAS DE MUNICÍPIOS DIVERSOS INSERIDOS NA ÁREA DE ATUAÇÃO DA CODEVASF, NO ESTADO DE SERGIPE",{"$nulls":11},"SERGIPE"]
[null,"LOGO DA LICITANTE",{"$nulls":10},"SICRO:","2024-04-01"]
[{"$nulls":12},"SINAPI:","2024-07-01"]
[{"$nulls":12},"DATA BASE:",{"$f":"TODAY()","v":"2024-10-31"}]
[{"$nulls":12},"DESCONTO:",0,"Inserir o desconto ofertado na plataforma"]
[null,{"$f":"B1","v":"EXECUÇÃO DE CAPA ASFÁLTICA EM CONCRETO BETUMINOSO USINADO A QUENTE (CBUQ), EM VIAS DE MUNICÍPIOS DIVERSOS INSERIDOS NA ÁREA DE ATUAÇÃO DA CODEVASF, NO ESTADO DE SERGIPE"}]
[null,"ITEM","ORIGEM\nCOMPOSIÇÃO","CÓDIGO\nCOMPOSIÇÃO","DISCRIMINAÇÃO DOS SERVIÇOS",null,null,null,"BDI % =",0.23080000000000001,"BDI  DIFERENCIADO%:",{"$f":"BDI!C66","v":0.15},"R$/m² =",{"$f":"TRUNC(111.87*(1-$N$5),4)","v":111.87}]
[{"$nulls":8},"Total de m²","Encargos Sociais:","Horista %","Mensalista %","PREÇO UNITÁRIO COM BDI E DESCONTO","PREÇO TOTAL COM BDI E DESCONTO"]
[{"$nulls":8},{"$f":"'MC MODULO'!G9*'MC MODULO'!C9*'MC MODULO'!C10","v":266000},null,{"$f":"'ENC. SOCIAIS'!$E$47","v":112.53999999999999},{"$f":"'ENC. SOCIAIS'!$F$47","v":70.11}]
[{"$nulls":8},"UND","QTDE.","BDI","CUSTO UNITÁRIO "]
[{"$nulls":4},"MOBILIZAÇÃO/DESMOBILIZAÇÃO"]
[{"$f":"VLOOKUP(N12,'RESUMO MODULO TOTAL'!#REF!,2,0)","v":{"$error":"#REF!"}},1,"CODEVASF","Mob","Mobilização",null,null,null,"kmxfrente",{"$f":"Mob!C$50*Mob!$I$6","v":1900},{"$f":"$J$7","v":0.23080000000000001},{"$f":"Mob!$C$47","v":202.69},{"$f":"TRUNC(L12*(1+K12)*(1-$N$5),2)","v":249.47},{"$f":"ROUND(J12*M12,2)","v":473993}]
[{"$f":"VLOOKUP(N13,'RESUMO MODULO TOTAL'!#REF!,2,0)","v":{"$error":"#REF!"}},2,"CODEVASF","Mob","Desmobilização",null,null,null,"kmxfrente",{"$f":"Mob!$I$6*Mob!$C$50","v":1900},{"$f":"$J$7","v":0.23080000000000001},{"$f":"Mob!$C$47","v":202.69},{"$f":"TRUNC(L13*(1+K13)*(1-$N$5),2)","v":249.47},{"$f":"TRUNC(J13*M13,2)","v":473993}]
[{"$nulls":4},"INSTALAÇÃO DE CANTEIRO"]
[{"$f":"VLOOKUP(#REF!,'RESUMO MODULO TOTAL'!#REF!,2,0)","v":{"$error":"#REF!"}},3,"CODEVASF","Canteiro","Canteiro de Obras",null,null,null,"frente",{"$f":"'MC MODULO'!$B$26","v":19},{"$f":"$J$7","v":0.23080000000000001},{"$f":"' Canteiro'!$F$11","v":797.81},981.94,18656.86]
[{"$f":"VLOOKUP(N15,'RESUMO MODULO TOTAL'!#REF!,2,0)","v":{"$error":"#REF!"}},4,"SINAPI",103689,"Fornecimento e instalação de placa de obra com chapa galvanizada e estrutura de madeira. af_03/2022_ps",null,null,null,"m²",{"$f":"'MC MODULO'!$F$31","v":152},{"$f":"$J$7","v":0.23080000000000001},{"$f":"CPUs!$J$8","v":348.92},429.45,65276.4]
[{"$nulls":4},"ADMINISTRAÇÃO LOCAL DA OBRA"]
[null,5,"CODEVASF","Adm Local","Administração Local da Obra",null,null,null,"und",1,{"$f":"$J$7","v":0.23080000000000001},{"$f":"'Adm Local'!$J$243","v":955775.33},1176368.27,1176368.27]
[{"$f":"VLOOKUP(N19,'RESUMO MODULO TOTAL'!#REF!,2,0)","v":{"$error":"#REF!"}},null,null,null,"PAVIMENTAÇÃO"]
[{"$f":"VLOOKUP(N20,'RESUMO MODULO TOTAL'!#REF!,2,0)","v":{"$error":"#REF!"}},6,"SICRO",4011463,"Concreto asfáltico - faixa C - areia e brita comerciais",null,null,null,"t",{"$f":"'MC MODULO'!$H$38","v":31920},{"$f":"$J$7","v":0.23080000000000001},{"$f":"CPUs!$J$19","v":202.41},249.12,7951910.4000000004]
[{"$f":"VLOOKUP(N21,'RESUMO MODULO TOTAL'!#REF!,2,0)","v":{"$error":"#REF!"}},7,"SICRO",4011353,"Pintura de ligação",null,null,null,"m²",{"$f":"'MC MODULO'!$H$44","v":266000},{"$f":"$J$7","v":0.23080000000000001},{"$f":"CPUs!$J$49","v":0.27},0.33,87780]
[{"$f":"VLOOKUP(N22,'RESUMO MODULO TOTAL'!#REF!,2,0)","v":{"$error":"#REF!"}},8,"SICRO",4915663,"Fresagem descontínua de revestimento asfáltico - espessura de 5 cm",null,null,null,"m³",{"$f":"'MC MODULO'!$H$50","v":1330},{"$f":"$J$7","v":0.23080000000000001},{"$f":"CPUs!$J$71","v":71.95},88.55,117771.5]
[{"$f":"VLOOKUP(N23,'RESUMO MODULO TOTAL'!#REF!,2,0)","v":{"$error":"#REF!"}},9,"SICRO",4915618,"Recomposição de camada granular do pavimento com material de jazida",null,null,null,"m²",{"$f":"'MC MODULO'!$H$56","v":26600},{"$f":"$J$7","v":0.23080000000000001},{"$f":"CPUs!J103","v":3.07},3.77,100282]
[{"$f":"VLOOKUP(N24,'RESUMO MODULO TOTAL'!#REF!,2,0)","v":{"$error":"#REF!"}},null,null,null,"AQUISIÇÃO E TRANSPORTE DO MATERIAL BETUMINOSO"]
[{"$f":"VLOOKUP(N25,'RESUMO MODULO TOTAL'!#REF!,2,0)","v":{"$error":"#REF!"}},10,"CODEVASF","CAP 50/70","Aquisição de Cimento Asfáltico CAP 50/70",null,null,null,"t",{"$f":"' CONSUMO DE MAT. B TOTAL'!$O$13","v":2058.52},{"$f":"$L$7","v":0.15},{"$f":"'INSUMOS - ASF'!E10","v":4980.5200000000004},5727.59,11790358.560000001]
[{"$f":"VLOOKUP(N26,'RESUMO MODULO TOTAL'!#REF!,2,0)","v":{"$error":"#REF!"}},11,"CODEVASF","T. CAP 50/70","\tTransporte CAP 50/70",null,null,null,"t",{"$f":"' CONSUMO DE MAT. B TOTAL'!$O$13","v":2058.52},{"$f":"$L$7","v":0.15},{"$f":"'INSUMOS - ASF'!E28","v":275.68408975157024},317.02999999999997,652612.59]
[{"$f":"VLOOKUP(N27,'RESUMO MODULO TOTAL'!#REF!,2,0)","v":{"$error":"#REF!"}},12,"CODEVASF","RR-1C","\tAquisição de Emulsão Asfáltica RR-1C",null,null,null,"t",{"$f":"' CONSUMO DE MAT. B TOTAL'!$O$11","v":119.7},0.15,{"$f":"'INSUMOS - ASF'!E19","v":3570.0497508900025},4105.55,491434.33]
[{"$f":"VLOOKUP(N28,'RESUMO MODULO TOTAL'!#REF!,2,0)","v":{"$error":"#REF!"}},13,"CODEVASF","T. RR-1C","\tTransporte RR-1C",null,null,null,"t",{"$f":"' CONSUMO DE MAT. B TOTAL'!$O$11","v":119.7},0.15,{"$f":"'INSUMOS - ASF'!E37","v":279.61795433493461},321.56,38490.730000000003]
[{"$f":"VLOOKUP(N29,'RESUMO MODULO TOTAL'!#REF!,2,0)","v":{"$error":"#REF!"}},null,null,null,"SINALIZAÇÃO",{"$nulls":8},0]
[{"$f":"VLOOKUP(N30,'RESUMO MODULO TOTAL'!#REF!,2,0)","v":{"$error":"#REF!"}},14,"SICRO",5213440,"Placa de regulamentação em aço D = 0,60 m - película retrorrefletiva tipo I + SI - fornecimento e implantação",null,null,null,"und",{"$f":"'MC MODULO'!$H$63","v":114},{"$f":"$J$7","v":0.23080000000000001},{"$f":"CPUs!$J$136","v":252.07},310.24,35367.360000000001]
[null,15,"SICRO",5213464,"Placa de advertência em aço, lado de 0,60 m - película retrorrefletiva tipo I + SI - fornecimento e implantação",null,null,null,"und",{"$f":"'MC MODULO'!$H$68","v":114},{"$f":"$J$7","v":0.23080000000000001},{"$f":"CPUs!$J$158","v":252.1},310.27999999999997,35371.919999999998]
[{"$f":"VLOOKUP(N32,'RESUMO MODULO TOTAL'!#REF!,2,0)","v":{"$error":"#REF!"}},16,"SICRO",5213863,"Suporte metálico galvanizado para placa de advertência ou regulamentação - lado ou diâmetro de 0,60 m - fornecimento e implantação",null,null,null,"und",{"$f":"'MC MODULO'!$H$74","v":228},{"$f":"$J$7","v":0.23080000000000001},{"$f":"CPUs!$J$180","v":453.39},558.03,127230.84]
[{"$f":"VLOOKUP(N33,'RESUMO MODULO TOTAL'!#REF!,2,0)","v":{"$error":"#REF!"}},17,"SICRO",5213400,"Pintura de faixa com tinta acrílica - espessura de 0,4 mm",null,null,null,"m²",{"$f":"'MC MODULO'!$H$79","v":9120},{"$f":"$J$7","v":0.23080000000000001},{"$f":"CPUs!$J$216","v":24.23},29.82,271958.40000000002]
[{"$f":"VLOOKUP(N34,'RESUMO MODULO TOTAL'!#REF!,2,0)","v":{"$error":"#REF!"}},null,null,null,"DRENAGEM"]
[{"$f":"VLOOKUP(N35,'RESUMO MODULO TOTAL'!#REF!,2,0)","v":{"$error":"#REF!"}},18,"SICRO",4915777,"Reassentamento manual de meio-fio com material arrancado da pista",null,null,null,"m",{"$f":"'MC MODULO'!$H$86","v":7600},{"$f":"$J$7","v":0.23080000000000001},{"$f":"CPUs!$J$255","v":13.38},16.46,125096]
[{"$f":"VLOOKUP(N36,'RESUMO MODULO TOTAL'!#REF!,2,0)","v":{"$error":"#REF!"}},19,"SICRO",4915708,"Limpeza de sarjeta e meio-fio",null,null,null,"m",{"$f":"'MC MODULO'!$H$91","v":76000},{"$f":"$J$7","v":0.23080000000000001},{"$f":"CPUs!$J$270","v":0.69},0.84,63840]
[{"$f":"VLOOKUP(N37,'RESUMO MODULO TOTAL'!#REF!,2,0)","v":{"$error":"#REF!"}},20,"SICRO",4915724,"Caiação mecanizada com fixador de cal",null,null,null,"m²",{"$f":"'MC MODULO'!$H$96","v":18240},{"$f":"$J$7","v":0.23080000000000001},{"$f":"CPUs!$J$284","v":1.83},2.25,41040]
[{"$f":"VLOOKUP(N38,'RESUMO MODULO TOTAL'!#REF!,2,0)","v":{"$error":"#REF!"}},null,null,null,"PROJETO EXECUTIVO"]
[{"$f":"VLOOKUP(N39,'RESUMO MODULO TOTAL'!#REF!,2,0)","v":{"$error":"#REF!"}},21,"CODEVASF","Projeto Executivo","Projeto Executivo",null,null,null,"m²",{"$f":"'MC MODULO'!$H$103","v":266000},{"$f":"$J$7","v":0.23080000000000001},{"$f":"'Projeto Executivo'!$G$29","v":1.5894985714285714},1.95,518700]
[{"$f":"VLOOKUP(N40,'RESUMO MODULO TOTAL'!#REF!,2,0)","v":{"$error":"#REF!"}},null,null,null,"MOMENTO DE TRANSPORTE"]
[{"$f":"VLOOKUP(N41,'RESUMO MODULO TOTAL'!#REF!,2,0)","v":{"$error":"#REF!"}},22,"SICRO",5914359,"Transporte com caminhão basculante de 10 m³ - rodovia em leito natural",null,null,null,"tkm",{"$f":"'MOMENTO DE TRANSPORTE - PRINC'!$D$12+'MOMENTO DE TRANSPORTE - AUX'!$D$11","v":63781.59},{"$f":"$J$7","v":0.23080000000000001},{"$f":"CPUs!$J$310","v":1.19},1.46,93121.12]
[{"$f":"VLOOKUP(N42,'RESUMO MODULO TOTAL'!#REF!,2,0)","v":{"$error":"#REF!"}},23,"SICRO",5914374,"Transporte com caminhão basculante de 10 m³ - rodovia em revestimento primário",null,null,null,"tkm",{"$f":"'MOMENTO DE TRANSPORTE - PRINC'!$D$13+'MOMENTO DE TRANSPORTE - AUX'!$D$12","v":255126.35},{"$f":"$J$7","v":0.23080000000000001},{"$f":"CPUs!$J$324","v":0.95},1.1599999999999999,295946.56]
[{"$f":"VLOOKUP(N43,'RESUMO MODULO TOTAL'!#REF!,2,0)","v":{"$error":"#REF!"}},24,"SICRO",5914389,"Transporte com caminhão basculante de 10 m³ - rodovia pavimentada",null,null,null,"tkm",{"$f":"'MOMENTO DE TRANSPORTE - PRINC'!$D$14+'MOMENTO DE TRANSPORTE - AUX'!$D$13","v":3844607.59},{"$f":"$J$7","v":0.23080000000000001},{"$f":"CPUs!$J$338","v":0.78},0.96,3690823.28]
[{"$f":"VLOOKUP(N44,'RESUMO MODULO TOTAL'!#REF!,2,0)","v":{"$error":"#REF!"}},25,"SICRO",5914364,"Transporte de cimento ou cal hidratada a granel com caminhão silo de 30 m³ - rodovia em leito natural",null,null,null,"tkm",{"$f":"'MOMENTO DE TRANSPORTE - AUX'!$D$14","v":1829.65},{"$f":"$J$7","v":0.23080000000000001},{"$f":"CPUs!$J$352","v":0.87},1.07,1957.72]
[{"$f":"VLOOKUP(N45,'RESUMO MODULO TOTAL'!#REF!,2,0)","v":{"$error":"#REF!"}},26,"SICRO",5914365,"Transporte de cimento ou cal hidratada a granel com caminhão silo de 30 m³ - rodovia em revestimento primário",null,null,null,"tkm",{"$f":"'MOMENTO DE TRANSPORTE - AUX'!$D$15","v":7318.62},0.23080000000000001,{"$f":"CPUs!$J$366","v":0.7},0.86,6294.01]
[{"$f":"VLOOKUP(N46,'RESUMO MODULO TOTAL'!#REF!,2,0)","v":{"$error":"#REF!"}},27,"SICRO",5914366,"Transporte de cimento ou cal hidratada a granel com caminhão silo de 30 m³ - rodovia pavimentada",null,null,null,"tkm",{"$f":"'MOMENTO DE TRANSPORTE - AUX'!$D$16","v":54889.63},0.23080000000000001,{"$f":"CPUs!$J$380","v":0.56999999999999995},0.7,38422.74]
[{"$f":"VLOOKUP(N47,'RESUMO MODULO TOTAL'!#REF!,2,0)","v":{"$error":"#REF!"}},28,"SICRO",5914314,"Transporte com caminhão basculante de 6 m³ - rodovia em leito natural",null,null,null,"tkm",{"$f":"'MOMENTO DE TRANSPORTE - PRINC'!$D$15","v":10974.89},0.23080000000000001,{"$f":"CPUs!$J$394","v":1.22},1.5,16462.330000000002]
[{"$f":"VLOOKUP(N48,'RESUMO MODULO TOTAL'!#REF!,2,0)","v":{"$error":"#REF!"}},29,"SICRO",5914329,"Transporte com caminhão basculante de 6 m³ - rodovia em revestimento primário",null,null,null,"tkm",{"$f":"'MOMENTO DE TRANSPORTE - PRINC'!$D$16","v":43899.58},0.23080000000000001,{"$f":"CPUs!$J$408","v":0.97},1.19,52240.5]
[{"$f":"VLOOKUP(N49,'RESUMO MODULO TOTAL'!#REF!,2,0)","v":{"$error":"#REF!"}},30,"SICRO",5914344,"Transporte com caminhão basculante de 6 m³ - rodovia pavimentada",null,null,null,"tkm",{"$f":"'MOMENTO DE TRANSPORTE - PRINC'!$D$17","v":932865.99},0.23080000000000001,{"$f":"CPUs!$J$422","v":0.79},0.97,904880.01]
[{"$nulls":9},"VALOR TOTAL DO SRP",null,null,null,{"$f":"$N$7*$I$9","v":29757420}]

{"sheet":"CRONOGRAMA TOTAL","index":1,"n_rows":29,"n_cols":17,"rows_kept":29,"cut":false,"hidden":false,"merged":[[26,0,26,1],[1,0,1,14],[2,0,2,14],[23,0,23,1],[24,0,24,1],[25,0,25,1]]}
[]
[{"$f":"'RESUMO MODULO TOTAL'!B1","v":"EXECUÇÃO DE CAPA ASFÁLTICA EM CONCRETO BETUMINOSO USINADO A QUENTE (CBUQ), EM VIAS DE MUNICÍPIOS DIVERSOS INSERIDOS NA ÁREA DE ATUAÇÃO DA CODEVASF, NO ESTADO DE SERGIPE"}]
["Cronograma Físico e Financeiro "]
["Item","Descrição","Total Por Etapa","30 DIAS","60 DIAS","90 DIAS","120 DIAS","150 DIAS","180 DIAS","210 DIAS","240 DIAS","270 DIAS","300 DIAS","330 DIAS","360 DIAS"]
[null,{"$f":"'RESUMO MODULO TOTAL'!E11","v":"MOBILIZAÇÃO/DESMOBILIZAÇÃO"},{"$f":"SUM(D5:O5)","v":1},null,null,null,0.5,{"$nulls":7},0.5]
[null,null,{"$f":"SUM('RESUMO MODULO TOTAL'!N12:N13)","v":947986},null,null,null,{"$f":"$C$6*G5","v":473993},{"$nulls":7},{"$f":"$C$6*O5","v":473993},{"$f":"SUM(D6:O6)","v":947986},{"$f":"IF(P6=C6,\"OK\",\"\")","v":"OK"}]
[null,{"$f":"'RESUMO MODULO TOTAL'!E14","v":"INSTALAÇÃO DE CANTEIRO"},{"$f":"SUM(D7:O7)","v":1},null,null,null,1]
[null,null,{"$f":"SUM('RESUMO MODULO TOTAL'!N15:N16)","v":83933.260000000009},null,null,null,{"$f":"$C$8*G7","v":83933.260000000009},{"$nulls":8},{"$f":"SUM(D8:O8)","v":83933.260000000009},{"$f":"IF(P8=C8,\"OK\",\"\")","v":"OK"}]
[null,{"$f":"'RESUMO MODULO TOTAL'!E17","v":"ADMINISTRAÇÃO LOCAL DA OBRA"},{"$f":"SUM(D9:O9)","v":1.0000092804053811},null,null,null,{"$f":"(G6+G8+G12+G14+G16+G18+G20+G22)/($O$29-$C$10-$C$20)","v":1.9881664422427933E-2},{"$f":"(H6+H8+H12+H14+H16+H18+H20+H22)/($O$29-$C$10-$C$20)","v":0.15638264291686288},0.15638264291686288,0.15638264291686288,0.15638264291686288,0.15638264291686288,0.16048023249546803,2.0843460506365766E-2,1.6890708396804774E-2]
[null,null,{"$f":"SUM('RESUMO MODULO TOTAL'!N18)","v":1176368.27},null,null,null,{"$f":"$C$10*G9","v":23388.159181332096},183963.57910613774,183963.57910613774,183963.57910613774,183963.57910613774,183963.57910613774,188783.8534698915,24519.585576686823,{"$f":"C10-SUM(G10:N10)","v":19858.776241400978},{"$f":"SUM(D10:O10)","v":1176368.27},{"$f":"IF(P10=C10,\"OK\",\"\")","v":"OK"}]
[null,{"$f":"'RESUMO MODULO TOTAL'!E19","v":"PAVIMENTAÇÃO"},{"$f":"SUM(D11:O11)","v":0.99999999999999989},{"$nulls":4},{"$f":"1/6","v":0.16666666666666666},0.16666666666666666,0.16666666666666666,0.16666666666666666,0.16666666666666666,{"$f":"1/6","v":0.16666666666666666}]
[null,null,{"$f":"SUM('RESUMO MODULO TOTAL'!N20:N23)","v":8257743.9000000004},{"$nulls":4},{"$f":"$C$12*H11","v":1376290.65},1376290.65,1376290.65,1376290.65,1376290.65,1376290.65,null,null,{"$f":"SUM(D12:O12)","v":8257743.9000000004},{"$f":"IF(P12=C12,\"OK\",\"\")","v":"OK"}]
[null,{"$f":"'RESUMO MODULO TOTAL'!E24","v":"AQUISIÇÃO E TRANSPORTE DO MATERIAL BETUMINOSO"},{"$f":"SUM(D13:O13)","v":0.99999999999999989},{"$nulls":4},0.16666666666666666,0.16666666666666666,0.16666666666666666,0.16666666666666666,0.16666666666666666,{"$f":"1/6","v":0.16666666666666666}]
[null,null,{"$f":"SUM('RESUMO MODULO TOTAL'!N25:N28)","v":12972896.210000001},{"$nulls":4},{"$f":"$C$14*H13","v":2162149.3683333332},2162149.3683333332,2162149.3683333332,2162149.3683333332,2162149.3683333332,2162149.3683333332,null,null,{"$f":"SUM(D14:O14)","v":12972896.209999997},{"$f":"IF(P14=C14,\"OK\",\"\")","v":"OK"}]
[null,{"$f":"'RESUMO MODULO TOTAL'!E29","v":"SINALIZAÇÃO"},{"$f":"SUM(D15:O15)","v":1},{"$nulls":10},1]
[null,null,{"$f":"SUM('RESUMO MODULO TOTAL'!N30:N33)","v":469928.52},{"$nulls":10},{"$f":"$C$16*N15","v":469928.52},null,{"$f":"SUM(D16:O16)","v":469928.52},{"$f":"IF(P16=C16,\"OK\",\"\")","v":"OK"}]
[null,{"$f":"'RESUMO MODULO TOTAL'!E34","v":"DRENAGEM"},{"$f":"SUM(D17:O17)","v":1},{"$nulls":9},0.5,0.5]
[null,null,{"$f":"SUM('RESUMO MODULO TOTAL'!N35:N37)","v":229976},{"$nulls":9},{"$f":"$C$18*M17","v":114988},114988,null,{"$f":"SUM(D18:O18)","v":229976},{"$f":"IF(P18=C18,\"OK\",\"\")","v":"OK"}]
[null,{"$f":"'RESUMO MODULO TOTAL'!E38","v":"PROJETO EXECUTIVO"},{"$f":"SUM(D19:O19)","v":1},0.3,0.5,0.2]
[null,null,{"$f":"SUM('RESUMO MODULO TOTAL'!N39)","v":518700},{"$f":"$C$20*D19","v":155610},{"$f":"$C$20*E19","v":259350},103740,{"$nulls":9},{"$f":"SUM(D20:O20)","v":518700},{"$f":"IF(P20=C20,\"OK\",\"\")","v":"OK"}]
[null,{"$f":"'RESUMO MODULO TOTAL'!E40","v":"MOMENTO DE TRANSPORTE"},{"$f":"SUM(D21:O21)","v":0.99999999999999989},{"$nulls":4},{"$f":"1/6","v":0.16666666666666666},{"$f":"1/6","v":0.16666666666666666},0.16666666666666666,0.16666666666666666,0.16666666666666666,0.16666666666666666]
[null,null,{"$f":"SUM('RESUMO MODULO TOTAL'!N41:N49)","v":5100148.2699999996},{"$nulls":4},{"$f":"$C$22*H21","v":850024.71166666655},850024.71166666655,850024.71166666655,850024.71166666655,850024.71166666655,850024.71166666655,null,null,{"$f":"SUM(D22:O22)","v":5100148.2699999996},{"$f":"IF(P22=C22,\"OK\",\"\")","v":"OK"}]
[]
["Porcentagem",null,null,{"$f":"SUM(D6+D8+D10+D12+D14+D16+D18+D20+D22)/$O$29","v":5.2292839903459376E-3},{"$f":"SUM(E6+E8+E10+E12+E14+E16+E18+E20+E22)/$O$29","v":8.7154733172432296E-3},{"$f":"SUM(F6+F8+F10+F12+F14+F16+F18+F20+F22)/$O$29","v":3.4861893268972916E-3},{"$f":"SUM(G6+G8+G10+G12+G14+G16+G18+G20+G22)/$O$29","v":1.9535108190875825E-2},0.15365674541361912,0.15365674541361912,0.15365674541361912,0.15365674541361912,0.15365674541361912,0.15768291012694954,2.0480139258601277E-2,1.6595920487777534E-2]
["Custo",null,null,{"$f":"$O$29*D24","v":155610},{"$f":"$O$29*E24","v":259350.00000000003},{"$f":"$O$29*F24","v":103740},581314.41918133211,4572428.3091061376,4572428.3091061376,4572428.3091061376,4572428.3091061376,4572428.3091061376,4692236.583469891,609436.10557668679,493851.77624140092]
["Porcentagem Acumulado",null,null,{"$f":"D24","v":5.2292839903459376E-3},{"$f":"D26+E24","v":1.3944757307589168E-2},{"$f":"E26+F24","v":1.7430946634486459E-2},3.6966054825362284E-2,0.1906228002389814,0.34427954565260055,0.49793629106621967,0.65159303647983879,0.80524978189345786,0.96293269202040743,0.98341283127900869,{"$f":"N26+O24","v":1.0000087517667862}]
["Custo Acumulado",null,null,{"$f":"D25","v":155610},{"$f":"D27+E25","v":414960},518700,1100014.419181332,5672442.7282874696,10244871.037393607,14817299.346499745,19389727.655605882,23962155.96471202,28654392.54818191,29263828.653758597,{"$f":"N27+O25-260.43","v":29757419.999999996}]
[]
[null,null,null,"Total Geral",{"$nulls":9},"R$",{"$f":"'RESUMO MODULO TOTAL'!$N$50","v":29757420}]

{"sheet":"BDI","index":2,"n_rows":67,"n_cols":3,"rows_kept":67,"cut":false,"hidden":false,"merged":[[53,0,53,3],[54,0,54,3],[16,1,16,3],[17,1,18,3],[3,0,3,3],[4,0,4,3]]}
[]
[]
[]
["DETALHAMENTO DO BDI  - SEM DESONERAÇÃO"]
[{"$f":"'RESUMO MODULO TOTAL'!B1","v":"EXECUÇÃO DE CAPA ASFÁLTICA EM CONCRETO BETUMINOSO USINADO A QUENTE (CBUQ), EM VIAS DE MUNICÍPIOS DIVERSOS INSERIDOS NA ÁREA DE ATUAÇÃO DA CODEVASF, NO ESTADO DE SERGIPE"}]
["Descrição dos serviços","Preço de Venda (%)","Custo Direto (%)"]
["ADMINISTRAÇÃO CENTRAL",null,0.06]
["CUSTOS FINANCEIROS",7.9000000000000008E-3]
["RISCOS",5.0000000000000001E-3]
["SEGUROS E GARANTIAS CONTRATUAIS",2.5000000000000001E-3]
["LUCRO OPERACIONAL",null,7.0000000000000007E-2]
["PIS",6.4999999999999997E-3]
["COFINS",0.03]
["ISSQN",0.03]
["Contribuição Previdenciaria",0]
[null,"BDI",{"$f":"ROUND(((1+(C7+C11))/(1-(B8+B9+B10+B12+B13+B14+B15))-1),4)","v":0.23080000000000001}]
["Observação: ","O percentual de ISSQN aqui utilizado consiste apenas em um referencial médio."]
[null,"O valor real do ISSQN a ser adotado deve ser aquele proveniente das alíquotas dos municípios situados na área de influência das obras."]
{"$rows_empty":35}
["DETALHAMENTO DO BDI DIFERENCIADO  - SEM DESONERAÇÃO"]
[{"$f":"'RESUMO MODULO TOTAL'!B1","v":"EXECUÇÃO DE CAPA ASFÁLTICA EM CONCRETO BETUMINOSO USINADO A QUENTE (CBUQ), EM VIAS DE MUNICÍPIOS DIVERSOS INSERIDOS NA ÁREA DE ATUAÇÃO DA CODEVASF, NO ESTADO DE SERGIPE"}]
["DESCRIÇÃO DOS SERVIÇOS","PREÇO DE VENDA (%)","CUSTO DIRETO (%)"]
["ADMINISTRAÇÃO CENTRAL",null,3.7699999999999997E-2]
["DESPESA FINANCEIRAS",1.0200000000000001E-2]
["SEGUROS E GARANTIAS CONTRATUAIS",2.5000000000000001E-3]
["RISCOS",5.0000000000000001E-3]
["LUCRO OPERACIONAL",null,0.05]
["PIS",6.4999999999999997E-3]
["COFINS",0.03]
["ISSQN",0]
["Contribuição Previdenciaria",0]
[null,"BDI DIFERENCIADO",{"$f":"ROUND((1+(C57+C61))/(1-(B58+B59+B60+B62+B63+B64+B65))-1,4)","v":0.15}]
["Fonte da composição, valores de referência e fórmula do BDI:  Instrução Normativa N° 62/DNIT SEDE"]

{"sheet":"ENC. SOCIAIS","index":3,"n_rows":51,"n_cols":13,"rows_kept":51,"cut":false,"hidden":false,"merged":[[4,0,5,5],[46,0,46,1],[6,0,6,5],[7,2,7,3],[7,4,7,5],[8,0,8,5],[9,0,10,1],[9,2,10,2],[9,3,10,3],[9,4,10,4],[9,5,10,5],[11,0,11,5],[22,0,22,5],[34,0,34,5],[41,0,41,5],[45,0,45,5]]}
[]
[]
[]
[]
[{"$f":"'RESUMO MODULO TOTAL'!B1","v":"EXECUÇÃO DE CAPA ASFÁLTICA EM CONCRETO BETUMINOSO USINADO A QUENTE (CBUQ), EM VIAS DE MUNICÍPIOS DIVERSOS INSERIDOS NA ÁREA DE ATUAÇÃO DA CODEVASF, NO ESTADO DE SERGIPE"}]
[]
["DETALHAMENTO DOS ENCARGOS SOCIAIS (%)"]
["VIGÊNCIA A PARTIR DE 12/2023",null,"COM DESONERAÇÃO",null,"SEM DESONERAÇÃO"]
[]
[null,null,"HORISTA","MENSALISTA","HORISTA","MENSALISTA"]
[]
["GRUPO A"]
["A1","INSS",0,0,20,20]
["A2","SESI",1.5,1.5,1.5,1.5]
["A3","SENAI",1,1,1,1]
["A4","INCRA",0.2,0.2,0.2,0.2]
["A5","SEBRAE",0.6,0.6,0.6,0.6]
["A6","Salário Educação",2.5,2.5,2.5,2.5]
["A7","Seguro Contra Acidentes de Trabalho",3,3,3,3]
["A8","FGTS",8,8,8,8]
["A9","SECONCI",1,1,0,"-"]
["A","Total",{"$f":"SUM(C13:C21)","v":17.8},{"$f":"SUM(D13:D21)","v":17.8},{"$f":"SUM(E13:E21)","v":36.799999999999997},{"$f":"SUM(F13:F21)","v":36.799999999999997}]
["GRUPO B"]
["B1","Repouso Semanal Remunerado",17.88,"-",17.87,"-"]
["B2","Feriados",3.94,"-",3.93,"-"]
["B3","Auxílio-enfermidade",0.91,0.69,0.85,0.64]
["B4","13° salário",10.98,8.33,10.98,8.33]
["B5","Licença-paternidade",7.0000000000000007E-2,0.06,0.06,0.04]
["B6","Faltas Justificadas",0.73,0.56000000000000005,0.73,0.56000000000000005]
["B7","Dias de chuva",1.45,"-",1.51,"-"]
["B8","Auxílio Acidente de Trabalho",0.11,0.09,0.1,0.08]
["B9","Férias Gozadas",11.35,8.6199999999999992,11.37,8.64]
["B10","Salário Maternidade",0.03,0.03,0.04,0.03,{"$nulls":5},{"$f":"(#REF!)/(1+#REF!)","v":{"$error":"#REF!"}},{"$f":"(#REF!)","v":{"$error":"#REF!"}}]
["B","Total ",{"$f":"SUM(C24:C33)","v":47.45},{"$f":"SUM(D24:D33)","v":18.380000000000003},{"$f":"SUM(E24:E33)","v":47.44},{"$f":"SUM(F24:F33)","v":18.32}]
["GRUPO C"]
["C1","Aviso Prévio Indenizado",6.76,5.14,4.83,3.67]
["C2","Aviso Prévio Trabalhado",0.16,0.12,0.11,0.09]
["C3","Férias Indenizadas",2.2799999999999998,1.73,2.35,1.79]
["C4","Depósito Rescisão Sem Justa Causa",3.81,2.89,2.71,2.06]
["C5","Indenização Adicional",0.56999999999999995,0.43,0.41,0.31]
["C","Total ",{"$f":"SUM(C36:C40)","v":13.58},{"$f":"SUM(D36:D40)","v":10.31},{"$f":"SUM(E36:E40)","v":10.41},{"$f":"SUM(F36:F40)","v":7.919999999999999}]
["GRUPO D"]
["D1","Reincidência de A sobre B",8.4499999999999993,3.27,17.46,6.74]
["D2","Reincidência de Grupo A sobre Aviso Prévio Trabalhado e Reincidência do FGTS sobre Aviso Prévio Indenizado",0.56999999999999995,0.43,0.43,0.33]
["D","Total",{"$f":"SUM(C43:C44)","v":9.02},{"$f":"SUM(D43:D44)","v":3.7},{"$f":"SUM(E43:E44)","v":17.89},{"$f":"SUM(F43:F44)","v":7.07}]
[]
["T O T A L (%)",null,{"$f":"C22+C34+C41+C45","v":87.85},{"$f":"D22+D34+D41+D45","v":50.190000000000012},{"$f":"E22+E34+E41+E45","v":112.53999999999999},{"$f":"F22+F34+F41+F45","v":70.11}]
[]
[]
[]
[{"$nulls":7},"Fonte: Sinapi Cálculos e Parâmetros 8ª Edição - Atualizada em Junho de 2024"]

{"sheet":"MC MODULO","index":4,"n_rows":103,"n_cols":8,"rows_kept":103,"cut":false,"hidden":false,"merged":[[0,0,2,10],[15,1,15,4],[64,1,64,4],[111,0,111,4],[22,1,22,4],[27,1,27,4],[59,1,59,4],[46,1,46,4],[52,1,52,4],[40,1,40,4],[3,0,4,7],[6,0,6,7],[5,0,5,7],[7,0,7,7],[34,1,34,4],[99,1,99,4],[70,1,70,4],[75,1,75,4],[82,1,82,4],[87,1,87,4],[92,1,92,4]]}
[]
[]
[]
[{"$f":"'RESUMO MODULO TOTAL'!B1","v":"EXECUÇÃO DE CAPA ASFÁLTICA EM CONCRETO BETUMINOSO USINADO A QUENTE (CBUQ), EM VIAS DE MUNICÍPIOS DIVERSOS INSERIDOS NA ÁREA DE ATUAÇÃO DA CODEVASF, NO ESTADO DE SERGIPE"}]
[]
[]
["MEMÓRIA DE QUANTITATIVOS"]
[]
["Extensão","=",2000,"m",null,"QUANTIDADE DE MÓDULOS",19]
["Largura","=",7,"m"]
[]
["Extensão","=",2,"km"]
[]
[null,"MOBILIZAÇÃO/DESMOBILIZAÇÃO"]
[]
["1 e 2","Mobilização/Desmobilização"]
[]
[null,"Módulos(und)"]
[null,{"$f":"G9","v":19}]
[]
[null,"INSTALAÇÃO DO CANTEIRO"]
[]
[3,"Canteiro de Obras e Almoxarifado"]
[]
[null,"Módulos(und)"]
[null,{"$f":"G9","v":19}]
[]
[4,"Placa de Obra em Chapa de Aço Galvanizado"]
[]
[null,"Módulos(un)","Comprimento(m)","Largura (m)","Quantidade (und)","Total de área de placa (m²)"]
[null,{"$f":"G9","v":19},2,4,1,{"$f":"C31*D31*B31*E31","v":152}]
[]
[null,"PAVIMENTAÇÃO"]
[]
[6,"Concreto asfáltico - faixa C - areia e brita comerciais"]
[]
[null,"Extensão (m)","Largura (m)","Espessura (m)","Densidade (t/m³)",null,null,"Peso (t)"]
[null,{"$f":"$C$9*G9","v":38000},{"$f":"$C$10","v":7},0.05,2.4,null,"=",{"$f":"B38*C38*D38*E38","v":31920}]
[]
[]
[7,"Pintura de ligação"]
[]
[null,"Extensão (m)",null,"Largura (m)",null,null,null,"Área (m2)"]
[null,{"$f":"$C$9*G9","v":38000},"x",{"$f":"$C$10","v":7},null,null,"=",{"$f":"B44*D44","v":266000}]
[]
[]
[8,"Fresagem descontínua de revestimento asfáltico - espessura de 5 cm"]
[]
[null,"Extensão (m)",null,"Largura (m)","Espessura (m)",null,null,"Volume (m3)"]
[null,{"$f":"$C$9*G9","v":38000},"x",{"$f":"$C$10","v":7},0.05,0.1,"=",{"$f":"B50*D50*E50*F50","v":1330}]
[]
[]
[9,"Recomposição de camada granular do pavimento com material de jazida"]
[]
[null,"Extensão (m)",null,"Largura (m)",null,null,null,"Área (m2)"]
[null,{"$f":"$C$9*G9","v":38000},"x",{"$f":"$C$10","v":7},null,{"$f":"F50","v":0.1},"=",{"$f":"B56*D56*F56","v":26600}]
[]
[null,"SINALIZAÇÃO"]
[]
[14,"Placa de regulamentação em aço D = 0,60 m - película retrorrefletiva tipo I + SI - fornecimento e implantação"]
[]
[null,"Extensão (km)",null,"Quantidade (und/km)",null,null,null,"Quantidade (un)"]
[null,{"$f":"$C$12*$G$9","v":38},"x",3,null,null,"=",{"$f":"B63*D63","v":114}]
[]
[15,"Placa de advertência em aço, lado de 0,60 m - película retrorrefletiva tipo I + SI - fornecimento e implantação"]
[]
[null,"Extensão (km)",null,"Quantidade (und/km)",null,null,null,"Quantidade (un)"]
[null,{"$f":"$C$12*$G$9","v":38},"x",3,null,null,"=",{"$f":"B68*D68","v":114}]
[]
[]
[16,"Suporte metálico galvanizado para placa de advertência ou regulamentação - lado ou diâmetro de 0,60 m - fornecimento e implantação"]
[]
[null,"Extensão (km)",null,"Quantidade (und/km)",null,null,null,"Quantidade (un)"]
[null,{"$f":"$C$12*$G$9","v":38},"x",{"$f":"D63+D68","v":6},null,null,"=",{"$f":"B74*D74","v":228}]
[]
[17,"Pintura de faixa com tinta acrílica - espessura de 0,4 mm (bordos e eixo)",null,null,null,"100% bordos + 40% eixo"]
[]
[null,"Extensão (m)",null,"Espessura (m)",null,"Quantidade (und)",null,"Área (m²)"]
[null,{"$f":"C9*G9","v":38000},"x",0.1,"x",{"$f":"2+0.4","v":2.4},"=",{"$f":"B79*D79*F79","v":9120}]
[]
[null,"DRENAGEM"]
[]
[18,"Reassentamento manual de meio fio com material arrancado da pista"]
[]
[null,"Extensão (m)",null,"Quantidade (und)",null,null,null,"Extensão(m)"]
[null,{"$f":"$C$9*$G$9","v":38000},"x",2,0.1,null,"=",{"$f":"B86*D86*E86","v":7600}]
[]
[19,"Limpeza de sarjeta e meio-fio"]
[]
[null,"Extensão (m)",null,"Quantidade (und)",null,null,null,"Extensão(m)"]
[null,{"$f":"$C$9*$G$9","v":38000},"x",2,null,null,"=",{"$f":"B91*D91","v":76000}]
[]
[20,"Caiação mecanizada com fixador de cal"]
[]
[null,"Extensão (m)",null,"Perimetro (m)",null,"Quantidade (und)",null,"Área (m²)"]
[null,{"$f":"$C$9*$G$9","v":38000},"x",{"$f":"0.09+0.15","v":0.24},"x",2,"=",{"$f":"B96*D96*F96","v":18240}]
[]
[null,"PROJETO EXECUTIVO"]
[]
[21,"Projeto Executivo"]
[]
[null,"Extensão (m)",null,"Largura (m)",null,null,null,"Área (m²)"]
[null,{"$f":"$C$9*G9","v":38000},"x",{"$f":"C10","v":7},null,null,"=",{"$f":"B103*D103","v":266000}]

{"sheet":"MOMENTO DE TRANSPORTE - PRINC","index":5,"n_rows":132,"n_cols":11,"rows_kept":132,"cut":false,"hidden":false,"merged":[[42,5,42,7],[38,3,38,7],[39,1,40,2],[39,3,40,3],[39,4,40,4],[39,5,39,7],[63,7,63,10],[54,5,54,7],[4,1,4,10],[21,1,21,10],[35,2,35,7],[35,9,35,10],[36,7,36,10],[31,5,31,7],[24,2,24,7],[24,9,24,10],[27,3,27,7],[25,7,25,10],[28,1,29,2],[28,3,29,3],[28,4,29,4],[28,5,28,7],[51,1,52,2],[51,3,52,3],[51,4,52,4],[51,5,51,7],[62,2,62,7],[59,1,59,10],[62,9,62,10],[44,1,44,10],[47,2,47,7],[47,9,47,10],[48,7,48,10],[50,3,50,7],[77,1,78,2],[77,3,78,3],[77,4,78,4],[77,5,77,7],[80,5,80,7],[89,1,90,2],[89,3,90,3],[89,4,90,4],[89,5,89,7],[92,5,92,7],[65,3,65,7],[66,1,67,2],[66,3,67,3],[66,4,67,4],[66,5,66,7],[69,5,69,7],[73,2,73,7],[73,9,73,10],[74,7,74,10],[76,3,76,7],[82,1,82,10],[85,2,85,7],[85,9,85,10],[86,7,86,10],[88,3,88,7],[97,1,97,10],[100,2,100,7],[100,9,100,10],[101,7,101,10],[103,3,103,7],[115,1,116,2],[115,3,116,3],[115,4,116,4],[115,5,115,7],[104,1,105,2],[104,3,105,3],[104,4,105,4],[104,5,104,7],[107,5,107,7],[6,1,6,10],[130,5,130,7],[126,3,126,7],[127,1,128,2],[127,3,128,3],[127,4,128,4],[127,5,127,7],[118,5,118,7],[120,1,120,10],[123,2,123,7],[123,9,123,10],[124,7,124,10],[111,2,111,7],[111,9,111,10],[112,7,112,10],[114,3,114,7]]}
[]
[]
[]
[]
[null,{"$f":"'RESUMO MODULO TOTAL'!B1","v":"EXECUÇÃO DE CAPA ASFÁLTICA EM CONCRETO BETUMINOSO USINADO A QUENTE (CBUQ), EM VIAS DE MUNICÍPIOS DIVERSOS INSERIDOS NA ÁREA DE ATUAÇÃO DA CODEVASF, NO ESTADO DE SERGIPE"}]
[]
[null,"MEMÓRIA DE QUANTITATIVOS - MOMENTO DE TRANSPORTE (PRINCIPAL)"]
[null,"DATA BASE:",{"$f":"'RESUMO MODULO TOTAL'!N2","v":"2024-04-01"}]
[]
[null,null,"RESUMO DO TRANSPORTE PRINCIPAL"]
[null,"CÓDIGO ","DESCRIÇÃO","TKM"]
[null,5914359,"Transporte com caminhão basculante de 10 m³ - rodovia em leito natural",{"$f":"ROUND(SUMIF(A:A,B12,K:K),2)","v":35112}]
[null,5914374,"Transporte com caminhão basculante de 10 m³ - rodovia em revestimento primário",{"$f":"ROUND(SUMIF('MOMENTO DE TRANSPORTE - PRINC'!A:A,B13,'MOMENTO DE TRANSPORTE - PRINC'!K:K),2)","v":140448}]
[null,5914389,"Transporte com caminhão basculante de 10 m³ - rodovia pavimentada",{"$f":"ROUND(SUMIF('MOMENTO DE TRANSPORTE - PRINC'!A:A,B14,'MOMENTO DE TRANSPORTE - PRINC'!K:K),2)","v":2984520}]
[null,5914314,"Transporte com caminhão basculante de 6 m³ - rodovia em leito natural",{"$f":"ROUND(SUMIF('MOMENTO DE TRANSPORTE - PRINC'!A:A,B15,'MOMENTO DE TRANSPORTE - PRINC'!K:K),2)","v":10974.89}]
[null,5914329,"Transporte com caminhão basculante de 6 m³ - rodovia em revestimento primário",{"$f":"ROUND(SUMIF('MOMENTO DE TRANSPORTE - PRINC'!A:A,B16,'MOMENTO DE TRANSPORTE - PRINC'!K:K),2)","v":43899.58}]
[null,5914344,"Transporte com caminhão basculante de 6 m³ - rodovia pavimentada",{"$f":"ROUND(SUMIF('MOMENTO DE TRANSPORTE - PRINC'!A:A,B17,'MOMENTO DE TRANSPORTE - PRINC'!K:K),2)","v":932865.99}]
[]
[null,"TIPO (P, RP ou LN)","DMT ESTIMADA (km)"]
[null,"P",85]
[]
[null,"COMPOSIÇÕES PRINCIPAIS"]
[null,"SISTEMA DE CUSTOS REFERENCIAIS DE OBRAS - SICRO"]
[null,"Custo Unitário de Referência",null,null,{"$f":"$C$8","v":"2024-04-01"},null,null,null,"Quantitativo",null,"t"]
[null,4011463,"Concreto asfáltico - faixa C - areia e brita comerciais",{"$nulls":5},{"$f":"SUMIF('RESUMO MODULO TOTAL'!D:D,B25,'RESUMO MODULO TOTAL'!J:J)","v":31920}]
[null,"D - ATIVIDADES AUXILIARES",null,"Quantidade","Unidade"]
[null,6416078,"Usinagem de concreto asfáltico - faixa C - areia e brita comerciais",1,"t"]
[]
[null,"F - MOMENTO DE TRANSPORTE",null,"Quantidade","Unidade","CÓDIGO TRANSPORTE"]
[{"$nulls":5},"LN","RP","P","TIPO (P, RP ou LN)","DMT ESTIMADA (km)","QUANTITATIVO TOTAL DE TRANSPORTE (tkm)"]
[{"$f":"IF(I31=\"P\",H31,IF(I31=\"RP\",G31,IF(I31=\"LN\",F31,\"\")))","v":5914389},6416078,"Usinagem de concreto asfáltico - faixa C - areia e brita comerciais - Caminhão basculante com capacidade de 10 m³ - 188 Kw",1,"tkm",5914359,5914374,5914389,{"$f":"$B$20","v":"P"},{"$f":"$C$20","v":85},{"$f":"IF(ISBLANK(J31),\"\",J31*D31)*I25","v":2713200}]
[{"$f":"IF(I32=\"P\",H32,IF(I32=\"RP\",G32,IF(I32=\"LN\",F32,\"\")))","v":""}]
["","Obs."]
[null,"SISTEMA DE CUSTOS REFERENCIAIS DE OBRAS - SICRO"]
[null,"Custo Unitário de Referência",null,null,{"$f":"$C$8","v":"2024-04-01"},null,null,null,"Quantitativo",null,"m³"]
[null,4915663,"Fresagem descontínua de revestimento asfáltico - espessura de 5 cm",{"$nulls":5},{"$f":"SUMIF('RESUMO MODULO TOTAL'!D:D,B36,'RESUMO MODULO TOTAL'!J:J)","v":1330}]
[null,"D - ATIVIDADES AUXILIARES",null,"Quantidade","Unidade"]
[]
[]
[null,"F - MOMENTO DE TRANSPORTE",null,"Quantidade","Unidade","CÓDIGO TRANSPORTE"]
[{"$nulls":5},"LN","RP","P","TIPO (P, RP ou LN)","DMT ESTIMADA (km)","QUANTITATIVO TOTAL DE TRANSPORTE (tkm)"]
[{"$f":"IF(I42=\"P\",H42,IF(I42=\"RP\",G42,IF(I42=\"LN\",F42,\"\")))","v":5914389},"M3507","Revestimento asfáltico - Caminhão basculante com capacidade de 10 m³ - 188 kW",2.4,"tkm",5914359,5914374,5914389,{"$f":"$B$20","v":"P"},{"$f":"$C$20","v":85},{"$f":"IF(ISBLANK(J42),\"\",J42*D42)*I36","v":271320}]
[{"$f":"IF(I43=\"P\",H43,IF(I43=\"RP\",G43,IF(I43=\"LN\",F43,\"\")))","v":""}]
["","Obs."]
[null,"COMPOSIÇÕES PRINCIPAIS"]
[null,"SISTEMA DE CUSTOS REFERENCIAIS DE OBRAS - SICRO"]
[null,"Custo Unitário de Referência",null,null,{"$f":"$C$8","v":"2024-04-01"},null,null,null,"Quantitativo",null,"m²"]
[null,4915618,"Recomposição de camada granular do pavimento com material de jazida",{"$nulls":5},{"$f":"SUMIF('RESUMO MODULO TOTAL'!D:D,B48,'RESUMO MODULO TOTAL'!J:J)","v":26600}]
[null,"D - ATIVIDADES AUXILIARES",null,"Quantidade","Unidade"]
[null,4016096,"Escavação e carga de material de jazida com escavadeira hidráulica de 1,56 m³",0.22005,"m³"]
[]
[null,"F - MOMENTO DE TRANSPORTE",null,"Quantidade","Unidade","CÓDIGO TRANSPORTE"]
[{"$nulls":5},"LN","RP","P","TIPO (P, RP ou LN)","DMT ESTIMADA (km)","QUANTITATIVO TOTAL DE TRANSPORTE (tkm)"]
[{"$f":"IF(I54=\"P\",H54,IF(I54=\"RP\",G54,IF(I54=\"LN\",F54,\"\")))","v":5914344},4016096,"Escavação e carga de material de jazida com escavadeira hidráulica de 1,56 m³ - Caminhão basculante com capacidade de 6 m³ - 136 kW",0.41259000000000001,"tkm",5914314,5914329,5914344,{"$f":"$B$20","v":"P"},{"$f":"$C$20","v":85},{"$f":"IF(ISBLANK(J54),\"\",J54*D54)*I48","v":932865.99}]
[{"$f":"IF(I55=\"P\",H55,IF(I55=\"RP\",G55,IF(I55=\"LN\",F55,\"\")))","v":""}]
["","Obs."]
[null,"TIPO (P, RP ou LN)","DMT ESTIMADA (km)"]
[null,"RP",4]
[]
[null,"COMPOSIÇÕES PRINCIPAIS"]
[null,"SISTEMA DE CUSTOS REFERENCIAIS DE OBRAS - SICRO"]
[null,"Custo Unitário de Referência",null,null,{"$f":"$C$8","v":"2024-04-01"},null,null,null,"Quantitativo",null,"t"]
[null,4011463,"Concreto asfáltico - faixa C - areia e brita comerciais",{"$nulls":5},{"$f":"SUMIF('RESUMO MODULO TOTAL'!D:D,B63,'RESUMO MODULO TOTAL'!J:J)","v":31920}]
[null,"D - ATIVIDADES AUXILIARES",null,"Quantidade","Unidade"]
[null,6416078,"Usinagem de concreto asfáltico - faixa C - areia e brita comerciais",{"$f":"D27","v":1},"t"]
[]
[null,"F - MOMENTO DE TRANSPORTE",null,"Quantidade","Unidade","CÓDIGO TRANSPORTE"]
[{"$nulls":5},"LN","RP","P","TIPO (P, RP ou LN)","DMT ESTIMADA (km)","QUANTITATIVO TOTAL DE TRANSPORTE (tkm)"]
[{"$f":"IF(I69=\"P\",H69,IF(I69=\"RP\",G69,IF(I69=\"LN\",F69,\"\")))","v":5914374},6416078,"Usinagem de concreto asfáltico - faixa C - areia e brita comerciais - Caminhão basculante com capacidade de 10 m³ - 188 Kw",{"$f":"D31","v":1},"tkm",5914359,5914374,5914389,"RP",{"$f":"$C$58","v":4},{"$f":"IF(ISBLANK(J69),\"\",J69*D69)*I63","v":127680}]
[{"$f":"IF(I70=\"P\",H70,IF(I70=\"RP\",G70,IF(I70=\"LN\",F70,\"\")))","v":""}]
["","Obs."]
[null,"SISTEMA DE CUSTOS REFERENCIAIS DE OBRAS - SICRO"]
[null,"Custo Unitário de Referência",null,null,{"$f":"$C$8","v":"2024-04-01"},null,null,null,"Quantitativo",null,"m³"]
[null,4915663,"Fresagem descontínua de revestimento asfáltico - espessura de 5 cm",{"$nulls":5},{"$f":"SUMIF('RESUMO MODULO TOTAL'!D:D,B74,'RESUMO MODULO TOTAL'!J:J)","v":1330}]
[null,"D - ATIVIDADES AUXILIARES",null,"Quantidade","Unidade"]
[]
[]
[null,"F - MOMENTO DE TRANSPORTE",null,"Quantidade","Unidade","CÓDIGO TRANSPORTE"]
[{"$nulls":5},"LN","RP","P","TIPO (P, RP ou LN)","DMT ESTIMADA (km)","QUANTITATIVO TOTAL DE TRANSPORTE (tkm)"]
[{"$f":"IF(I80=\"P\",H80,IF(I80=\"RP\",G80,IF(I80=\"LN\",F80,\"\")))","v":5914374},"M3507","Revestimento asfáltico - Caminhão basculante com capacidade de 10 m³ - 188 kW",{"$f":"D42","v":2.4},"tkm",5914359,5914374,5914389,"RP",{"$f":"$C$58","v":4},{"$f":"IF(ISBLANK(J80),\"\",J80*D80)*I74","v":12768}]
[{"$f":"IF(I81=\"P\",H81,IF(I81=\"RP\",G81,IF(I81=\"LN\",F81,\"\")))","v":""}]
["","Obs."]
[null,"COMPOSIÇÕES PRINCIPAIS"]
[null,"SISTEMA DE CUSTOS REFERENCIAIS DE OBRAS - SICRO"]
[null,"Custo Unitário de Referência",null,null,{"$f":"$C$8","v":"2024-04-01"},null,null,null,"Quantitativo",null,"m²"]
[null,4915618,"Recomposição de camada granular do pavimento com material de jazida",{"$nulls":5},{"$f":"SUMIF('RESUMO MODULO TOTAL'!D:D,B86,'RESUMO MODULO TOTAL'!J:J)","v":26600}]
[null,"D - ATIVIDADES AUXILIARES",null,"Quantidade","Unidade"]
[null,4016096,"Escavação e carga de material de jazida com escavadeira hidráulica de 1,56 m³",{"$f":"D50","v":0.22005},"t"]
[]
[null,"F - MOMENTO DE TRANSPORTE",null,"Quantidade","Unidade","CÓDIGO TRANSPORTE"]
[{"$nulls":5},"LN","RP","P","TIPO (P, RP ou LN)","DMT ESTIMADA (km)","QUANTITATIVO TOTAL DE TRANSPORTE (tkm)"]
[{"$f":"IF(I92=\"P\",H92,IF(I92=\"RP\",G92,IF(I92=\"LN\",F92,\"\")))","v":5914329},4016096,"Escavação e carga de material de jazida com escavadeira hidráulica de 1,56 m³ - Caminhão basculante com capacidade de 6 m³ - 136 kW",{"$f":"D54","v":0.41259000000000001},"tkm",5914314,5914329,5914344,"RP",{"$f":"$C$58","v":4},{"$f":"IF(ISBLANK(J92),\"\",J92*D92)*I86","v":43899.576000000001}]
[{"$f":"IF(I93=\"P\",H93,IF(I93=\"RP\",G93,IF(I93=\"LN\",F93,\"\")))","v":""}]
["","Obs."]
[null,"TIPO (P, RP ou LN)","DMT ESTIMADA (km)"]
[null,"LN",1]
[]
[null,"COMPOSIÇÕES PRINCIPAIS"]
[null,"SISTEMA DE CUSTOS REFERENCIAIS DE OBRAS - SICRO"]
[null,"Custo Unitário de Referência",null,null,{"$f":"$C$8","v":"2024-04-01"},null,null,null,"Quantitativo",null,"t"]
[null,4011463,"Concreto asfáltico - faixa C - areia e brita comerciais",{"$nulls":5},{"$f":"SUMIF('RESUMO MODULO TOTAL'!D:D,B101,'RESUMO MODULO TOTAL'!J:J)","v":31920}]
[null,"D - ATIVIDADES AUXILIARES",null,"Quantidade","Unidade"]
[null,6416078,"Usinagem de concreto asfáltico - faixa C - areia e brita comerciais",{"$f":"D27","v":1},"t"]
[]
[null,"F - MOMENTO DE TRANSPORTE",null,"Quantidade","Unidade","CÓDIGO TRANSPORTE"]
[{"$nulls":5},"LN","RP","P","TIPO (P, RP ou LN)","DMT ESTIMADA (km)","QUANTITATIVO TOTAL DE TRANSPORTE (tkm)"]
[{"$f":"IF(I107=\"P\",H107,IF(I107=\"RP\",G107,IF(I107=\"LN\",F107,\"\")))","v":5914359},6416078,"Usinagem de concreto asfáltico - faixa C - areia e brita comerciais - Caminhão basculante com capacidade de 10 m³ - 188 Kw",{"$f":"D31","v":1},"tkm",5914359,5914374,5914389,"LN",{"$f":"$C$96","v":1},{"$f":"IF(ISBLANK(J107),\"\",J107*D107)*I101","v":31920}]
[{"$f":"IF(I108=\"P\",H108,IF(I108=\"RP\",G108,IF(I108=\"LN\",F108,\"\")))","v":""}]
["","Obs."]
[null,"SISTEMA DE CUSTOS REFERENCIAIS DE OBRAS - SICRO"]
[null,"Custo Unitário de Referência",null,null,{"$f":"$C$8","v":"2024-04-01"},null,null,null,"Quantitativo",null,"m³"]
[null,4915663,"Fresagem descontínua de revestimento asfáltico - espessura de 5 cm\t\t\t\t\t",{"$nulls":5},{"$f":"SUMIF('RESUMO MODULO TOTAL'!D:D,B112,'RESUMO MODULO TOTAL'!J:J)","v":1330}]
[null,"D - ATIVIDADES AUXILIARES",null,"Quantidade","Unidade"]
[]
[]
[null,"F - MOMENTO DE TRANSPORTE",null,"Quantidade","Unidade","CÓDIGO TRANSPORTE"]
[{"$nulls":5},"LN","RP","P","TIPO (P, RP ou LN)","DMT ESTIMADA (km)","QUANTITATIVO TOTAL DE TRANSPORTE (tkm)"]
[{"$f":"IF(I118=\"P\",H118,IF(I118=\"RP\",G118,IF(I118=\"LN\",F118,\"\")))","v":5914359},"M3507","Revestimento asfáltico - Caminhão basculante com capacidade de 10 m³ - 188 kW",{"$f":"D42","v":2.4},"tkm",5914359,5914374,5914389,"LN",{"$f":"$C$96","v":1},{"$f":"IF(ISBLANK(J118),\"\",J118*D118)*I112","v":3192}]
[{"$f":"IF(I119=\"P\",H119,IF(I119=\"RP\",G119,IF(I119=\"LN\",F119,\"\")))","v":""}]
["","Obs."]
[null,"COMPOSIÇÕES PRINCIPAIS"]
[null,"SISTEMA DE CUSTOS REFERENCIAIS DE OBRAS - SICRO"]
[null,"Custo Unitário de Referência",null,null,{"$f":"$C$8","v":"2024-04-01"},null,null,null,"Quantitativo",null,"m²"]
[null,4915618,"Recomposição de camada granular do pavimento com material de jazida",{"$nulls":5},{"$f":"SUMIF('RESUMO MODULO TOTAL'!D:D,B124,'RESUMO MODULO TOTAL'!J:J)","v":26600}]
[null,"D - ATIVIDADES AUXILIARES",null,"Quantidade","Unidade"]
[null,4016096,"Escavação e carga de material de jazida com escavadeira hidráulica de 1,56 m³",{"$f":"D50","v":0.22005},"t"]
[]
[null,"F - MOMENTO DE TRANSPORTE",null,"Quantidade","Unidade","CÓDIGO TRANSPORTE"]
[{"$nulls":5},"LN","RP","P","TIPO (P, RP ou LN)","DMT ESTIMADA (km)","QUANTITATIVO TOTAL DE TRANSPORTE (tkm)"]
[{"$f":"IF(I130=\"P\",H130,IF(I130=\"RP\",G130,IF(I130=\"LN\",F130,\"\")))","v":5914314},4016096,"Escavação e carga de material de jazida com escavadeira hidráulica de 1,56 m³ - Caminhão basculante com capacidade de 6 m³ - 136 kW",{"$f":"D92","v":0.41259000000000001},"tkm",5914314,5914329,5914344,"LN",{"$f":"$C$96","v":1},{"$f":"IF(ISBLANK(J130),\"\",J130*D130)*I124","v":10974.894}]
[{"$f":"IF(I131=\"P\",H131,IF(I131=\"RP\",G131,IF(I131=\"LN\",F131,\"\")))","v":""}]
["","Obs."]

{"sheet":"MOMENTO DE TRANSPORTE - AUX","index":6,"n_rows":84,"n_cols":13,"rows_kept":84,"cut":false,"hidden":false,"merged":[[30,5,30,7],[3,1,3,10],[8,1,8,3],[22,2,22,7],[22,9,22,10],[23,1,24,2],[23,3,24,3],[23,4,24,4],[23,5,23,7],[5,1,5,10],[37,2,37,7],[37,9,37,10],[38,1,39,2],[38,3,39,3],[38,4,39,4],[38,5,38,7],[60,5,60,7],[45,5,45,7],[52,2,52,7],[52,9,52,10],[53,1,54,2],[53,3,54,3],[53,4,54,4],[53,5,53,7]]}
[]
[]
[]
[null,{"$f":"'RESUMO MODULO TOTAL'!B1","v":"EXECUÇÃO DE CAPA ASFÁLTICA EM CONCRETO BETUMINOSO USINADO A QUENTE (CBUQ), EM VIAS DE MUNICÍPIOS DIVERSOS INSERIDOS NA ÁREA DE ATUAÇÃO DA CODEVASF, NO ESTADO DE SERGIPE"}]
[]
[null,"MEMÓRIA DE QUANTITATIVOS - MOMENTO DE TRANSPORTE (AUXILIAR)"]
[null,"DATA BASE:",{"$f":"'MOMENTO DE TRANSPORTE - PRINC'!C8","v":"2024-04-01"}]
[]
[null,"RESUMO DO TRANSPORTE AUXILIAR"]
[null,"CODIGO ","DESCRIÇÃO","TKM"]
[null,5914359,"Transporte com caminhão basculante de 10 m³ - rodovia em leito natural",{"$f":"ROUND(SUMIF(A:A,B11,K:K),2)","v":28669.59}]
[null,5914374,"Transporte com caminhão basculante de 10 m³ - rodovia em revestimento primário",114678.35]
[null,5914389,"Transporte com caminhão basculante de 10 m³ - rodovia pavimentada",860087.59]
[null,5914364,"Transporte de cimento ou cal hidratada a granel com caminhão silo de 30 m³ - rodovia em leito natural",1829.65]
[null,5914365,"Transporte de cimento ou cal hidratada a granel com caminhão silo de 30 m³ - rodovia em revestimento primário",7318.62]
[null,5914366,"Transporte de cimento ou cal hidratada a granel com caminhão silo de 30 m³ - rodovia pavimentada",54889.63]
[]
[null,"TIPO (P, RP ou LN)","DMT ATÉ 50 KM NÃO DEVE SER PAGA","SOMENTE DEVE SER ADICIONADO A DISTÂNCIA EXCEDENTE A 50 KM"]
[null,"P",null,30]
[]
[null,"SISTEMA DE CUSTOS REFERENCIAIS DE OBRAS - SICRO",{"$nulls":6},"Quantitivo"]
[null,"Custo Unitário de Referência",null,null,{"$f":"$C$7","v":"2024-04-01"},null,null,null,"(Coeficiente na composição principal) x (quantidade da principal no orçamento)",null,"t"]
[null,6416078,"Usinagem de concreto asfáltico - faixa C - areia e brita comerciais",{"$nulls":5},{"$f":"('MOMENTO DE TRANSPORTE - PRINC'!D27*VLOOKUP(C32,'RESUMO MODULO TOTAL'!D:N,7,FALSE))","v":31920}]
[null,"F - MOMENTO DE TRANSPORTE",null,"Quantidade","Unidade","DMT"]
[{"$nulls":5},"LN","RP","P","TIPO (P, RP ou LN)","DMT ESTIMADA (km)","QUANTITATIVO TOTAL DE TRANSPORTE DE MATERIAL (tkm)"]
[{"$f":"IF(I26=\"P\",H26,IF(I26=\"RP\",G26,IF(I26=\"LN\",F26,\"\")))","v":5914389},"M0028","Areia média - Caminhão basculante 10 m³",0.49686000000000002,"tkm",5914359,5914374,5914389,{"$f":"$B$19","v":"P"},{"$f":"$D$19","v":30},{"$f":"IF(ISBLANK(J26),\"\",J26*(D26*$I$23))","v":475793.13600000006}]
[{"$f":"IF(I27=\"P\",H27,IF(I27=\"RP\",G27,IF(I27=\"LN\",F27,\"\")))","v":5914389},"M0005","Brita 0 - Caminhão basculante 10 m³",9.5549999999999996E-2,"tkm",5914359,5914374,5914389,"P",{"$f":"$D$19","v":30},{"$f":"IF(ISBLANK(J27),\"\",J27*(D27*$I$23))","v":91498.68}]
[5914389,"M0191","Brita 1 - Caminhão basculante 10 m³",9.5549999999999996E-2,"tkm",5914359,5914374,5914389,"P",{"$f":"$D$19","v":30},91498.68]
[5914366,"M0344","Cal hidratada - a granel - Caminhão silo 30 m³",5.7320000000000003E-2,"tkm",5914364,5914365,5914366,"P",{"$f":"$D$19","v":30},54889.632000000005]
[5914389,"M1103","Pedrisco - Caminhão basculante 10 m³",0.21021000000000001,"tkm",5914359,5914374,5914389,"P",{"$f":"$D$19","v":30},201297.09600000002]
[""]
[{"$f":"IF(I32=\"P\",H32,IF(I32=\"RP\",G32,IF(I32=\"LN\",F32,\"\")))","v":""},"PRINCIPAL:",{"$f":"'MOMENTO DE TRANSPORTE - PRINC'!B25","v":4011463}]
[null,"TIPO (P, RP ou LN)","DMT ATÉ 50 KM NÃO DEVE SER PAGA","DMT ACIMA DE 50 KM"]
[null,"RP",0,4]
[]
[null,"SISTEMA DE CUSTOS REFERENCIAIS DE OBRAS - SICRO",{"$nulls":6},"Quantitivo"]
[null,"Custo Unitário de Referência",null,null,{"$f":"$C$7","v":"2024-04-01"},null,null,null,"(Coeficiente na composição principal) x (quantidade da principal no orçamento)",null,"t"]
[null,6416078,"Usinagem de concreto asfáltico - faixa C - areia e brita comerciais",{"$nulls":5},{"$f":"('MOMENTO DE TRANSPORTE - PRINC'!D27*VLOOKUP(C47,'RESUMO MODULO TOTAL'!D:N,7,FALSE))","v":31920}]
[null,"F - MOMENTO DE TRANSPORTE",null,"Quantidade","Unidade","DMT"]
[{"$nulls":5},"LN","RP","P","TIPO (P, RP ou LN)","DMT ESTIMADA (km)","QUANTITATIVO TOTAL DE TRANSPORTE DE MATERIAL (tkm)"]
[{"$f":"IF(I41=\"P\",H41,IF(I41=\"RP\",G41,IF(I41=\"LN\",F41,\"\")))","v":5914374},"M0028","Areia média - Caminhão basculante 10 m³",0.49686000000000002,"tkm",5914359,5914374,5914389,{"$f":"$B$34","v":"RP"},{"$f":"$D$34","v":4},{"$f":"IF(ISBLANK(J41),\"\",J41*(D41*$I$23))","v":63439.084800000004}]
[5914374,"M0005","Brita 0 - Caminhão basculante 10 m³",9.5549999999999996E-2,"tkm",5914359,5914374,5914389,{"$f":"$B$34","v":"RP"},{"$f":"$D$34","v":4},{"$f":"IF(ISBLANK(J42),\"\",J42*(D42*$I$23))","v":12199.823999999999}]
[5914374,"M0191","Brita 1 - Caminhão basculante 10 m³",9.5549999999999996E-2,"tkm",5914359,5914374,5914389,"RP",4,12199.823999999999]
[5914365,"M0344","Cal hidratada - a granel - Caminhão silo 30 m³",5.7320000000000003E-2,"tkm",5914364,5914365,5914366,"RP",4,7318.6176000000005]
[5914374,"M1103","Pedrisco - Caminhão basculante 10 m³",0.21021000000000001,"tkm",5914359,5914374,5914389,"RP",4,26839.612800000003]
[""]
["","PRINCIPAL:",{"$f":"'MOMENTO DE TRANSPORTE - PRINC'!B25","v":4011463}]
[null,"TIPO (P, RP ou LN)","DMT ATÉ 50 KM NÃO DEVE SER PAGA","DMT ACIMA DE 50 KM"]
[null,"LN",0,1]
[]
[null,"SISTEMA DE CUSTOS REFERENCIAIS DE OBRAS - SICRO",{"$nulls":6},"Quantitivo"]
[null,"Custo Unitário de Referência",null,null,{"$f":"$C$7","v":"2024-04-01"},null,null,null,"(Coeficiente na composição principal) x (quantidade da principal no orçamento)",null,"t"]
[null,6416078,"Usinagem de concreto asfáltico - faixa C - areia e brita comerciais",{"$nulls":5},{"$f":"('MOMENTO DE TRANSPORTE - PRINC'!D27*VLOOKUP(C62,'RESUMO MODULO TOTAL'!D:N,7,FALSE))","v":31920}]
[null,"F - MOMENTO DE TRANSPORTE",null,"Quantidade","Unidade","DMT"]
[{"$nulls":5},"LN","RP","P","TIPO (P, RP ou LN)","DMT ESTIMADA (km)","QUANTITATIVO TOTAL DE TRANSPORTE DE MATERIAL (tkm)"]
[{"$f":"IF(I56=\"P\",H56,IF(I56=\"RP\",G56,IF(I56=\"LN\",F56,\"\")))","v":5914359},"M0028","Areia média - Caminhão basculante 10 m³",0.49686000000000002,"tkm",5914359,5914374,5914389,{"$f":"$B$49","v":"LN"},{"$f":"$D$49","v":1},{"$f":"IF(ISBLANK(J56),\"\",J56*(D56*$I$23))","v":15859.771200000001}]
[5914359,"M0005","Brita 0 - Caminhão basculante 10 m³",9.5549999999999996E-2,"tkm",5914359,5914374,5914389,{"$f":"$B$49","v":"LN"},{"$f":"$D$49","v":1},{"$f":"IF(ISBLANK(J57),\"\",J57*(D57*$I$23))","v":3049.9559999999997}]
[5914359,"M0191","Brita 1 - Caminhão basculante 10 m³",9.5549999999999996E-2,"tkm",5914359,5914374,5914389,"LN",1,3049.9559999999997]
[5914364,"M0344","Cal hidratada - a granel - Caminhão silo 30 m³",5.7320000000000003E-2,"tkm",5914364,5914365,5914366,"LN",1,1829.6544000000001]
[5914359,"M1103","Pedrisco - Caminhão basculante 10 m³",0.21021000000000001,"tkm",5914359,5914374,5914389,"LN",1,6709.9032000000007]
[""]
["","PRINCIPAL:",{"$f":"'MOMENTO DE TRANSPORTE - PRINC'!B25","v":4011463}]
[{"$f":"IF(I63=\"P\",H63,IF(I63=\"RP\",G63,IF(I63=\"LN\",F63,\"\")))","v":""}]
[""]
{"$rows_empty":19}
[{"$nulls":12},{"$f":"(#REF!)","v":{"$error":"#REF!"}}]

{"sheet":" CONSUMO DE MAT. B TOTAL","index":7,"n_rows":13,"n_cols":15,"rows_kept":13,"cut":false,"hidden":false,"merged":[[13,0,13,14],[14,0,14,14],[9,0,9,14],[11,0,11,14],[3,0,4,14],[5,0,6,14],[7,0,7,1],[7,2,7,10],[7,11,7,14]]}
[]
[]
[]
[]
[]
["MEMÓRIA DE QUANTITATIVO - CONSUMO DO MATERIAL BETUMINOSO"]
[]
["TRECHO",null,"QUANTIDADES",{"$nulls":8},"MAT. BETUMINOSO"]
["Inicio           (km)","Fim              (km)","Extensão     (m)","Largura       (m)","Espess.       (m)","Área            (m2)","Volume              (m3)","Densidade (t/m3)","Peso            (t)","Unid","Quant.","Tipo","Consumo Taxa de Aplicação","Unid. ","Quant."]
["PINTURA DE LIGAÇÃO"]
[{"$nulls":4},1,{"$f":"'MC MODULO'!H44","v":266000},{"$nulls":5},"RR-1C",4.4999999999999999E-4,"t/m²",{"$f":"ROUND(F11*M11,2)","v":119.7}]
["CBUQ FAIXA \"C\""]
[{"$nulls":8},{"$f":"'MC MODULO'!H38","v":31920},null,null,"CAP-50/70",{"$f":"0.06449","v":6.4490000000000006E-2},"t/t",{"$f":"ROUND(I13*M13,2)","v":2058.52}]

{"sheet":"Mob","index":8,"n_rows":51,"n_cols":12,"rows_kept":51,"cut":false,"hidden":false,"merged":[[3,1,3,8],[4,1,8,5],[5,6,6,7],[5,8,6,8],[7,6,8,7],[7,8,8,8],[4,6,4,7],[10,7,10,8],[44,1,44,2],[10,1,11,1],[10,2,11,2],[10,3,11,3],[10,4,11,4],[10,5,11,5],[10,6,11,6]]}
[]
[]
[]
[null,{"$f":"'RESUMO MODULO TOTAL'!B1","v":"EXECUÇÃO DE CAPA ASFÁLTICA EM CONCRETO BETUMINOSO USINADO A QUENTE (CBUQ), EM VIAS DE MUNICÍPIOS DIVERSOS INSERIDOS NA ÁREA DE ATUAÇÃO DA CODEVASF, NO ESTADO DE SERGIPE"}]
[null,"MOBILIZAÇÃO/DESMOBILIZAÇÃO (MOB)",{"$nulls":4},"Frentes de serviços",null,{"$f":"'MC MODULO'!B19","v":19}]
[{"$nulls":6},"Distância da Capital ao Canteiro:",null,100]
[]
[{"$nulls":6},"Velocidade média de transporte (pavim.):",null,60]
[]
[null,"Transporte dos equipamentos"]
[null,"CÓDIGO","EQUIPAMENTO","VEÍCULO TRANSPORTADOR","QTDE","K","FU","CUSTO DO TRANSPORTE"]
[{"$nulls":7},"(R$/h)","(R$)/km",{"$f":"I13*I6","v":5802.5840000000007}]
["E9579",{"$f":"TRIM(A13)","v":"E9579"},"Caminhão basculante com capacidade de 10 m³ - 188 kW","E9579",12,{"$f":"IF(B13=D13,1,2)","v":1},1,290.12920000000003,{"$f":"((E13*F13*G13)/$I$8)*H13","v":58.025840000000009},{"$f":"F13*G13*$I$6/$I$8","v":1.6666666666666667},null,290.12920000000003]
[" E9506",{"$f":"TRIM(A14)","v":"E9506"},"Caminhão basculante com capacidade de 6 m³ - 136 kW","E9506",4,{"$f":"IF(B14=D14,1,2)","v":1},1,178.03829999999999,{"$f":"((E14*F14*G14)/$I$8)*H14","v":11.869219999999999},{"$f":"F14*G14*$I$6/$I$8","v":1.6666666666666667},null,{"$error":"#N/A"}]
[" E9689",{"$f":"TRIM(A15)","v":"E9689"},"Usina de asfalto a quente gravimétrica com capacidade de 100/140 t/h - 260 kW","E9666",{"$f":"1/19","v":5.2631578947368418E-2},2,3,405.62569999999999,2.1348721052631578,10,null,405.62569999999999]
[" E9545","E9545","Vibroacabadora de asfalto sobre esteiras - 82 kW","E9018",1,2,0.5,511.85469999999998,8.5309116666666664,1.6666666666666667,null,551.85469999999998]
[" E9134","E9134","Miniônibus com capacidade para 30 passageiros - 111 kW","E9134",2,1,1,218.8767,7.29589,1.6666666666666667,null,218.8767]
[" E9021","E9021","Grupo gerador - 456 kVA","E9508",{"$f":"1/19","v":5.2631578947368418E-2},2,1,177.2912,0.31103719298245613,3.3333333333333335,null,{"$error":"#N/A"}]
[" E9146","E9146","Caminhão silo com capacidade de 30 m³ - 265 kW","E9146",1,1,1,444.92680000000001,7.415446666666667,1.6666666666666667,null,{"$error":"#N/A"}]
[" E9762","E9762","Rolo compactador de pneus autopropelido de 27 t - 85 kW","E9666",1,2,0.5,405.62569999999999,6.7604283333333335,1.6666666666666667,null,405.62569999999999]
[" E9681 ","E9681","Rolo compactador liso tandem vibratório autopropelido de 10,4 t - 82 kW","E9666",1,2,0.5,405.62569999999999,6.7604283333333335,1.6666666666666667,null,405.62569999999999]
[" E9584 ","E9584","Carregadeira de pneus com capacidade de 1,72 m³ - 113 kW","E9665",{"$f":"1/19","v":5.2631578947368418E-2},2,1,379.69779999999997,0.66613649122807006,3.3333333333333335,null,379.69779999999997]
[" E9558 ","E9558","Tanque de estocagem de asfalto com capacidade de 30.000 l","E9665",{"$f":"1/19","v":5.2631578947368418E-2},2,1,379.69779999999997,0.66613649122807006,3.3333333333333335,null,379.69779999999997]
[" E9093 ","E9093","Veículo leve - 53 kW (sem motorista)","E9512",4,1,1,65.079400000000007,4.3386266666666673,1.6666666666666667,null,65.079400000000007]
[" E9509 ","E9509","Caminhão tanque distribuidor de asfalto com capacidade de 6.000 l - 7 kW/136 kW","E9509",1,1,1,251.40969999999999,4.1901616666666666,1.6666666666666667,null,{"$error":"#N/A"}]
[" E9678 ","E9678","Fresadora a frio - 455 kW","E9666",{"$f":"1*10%","v":0.1},2,1,405.62569999999999,1.3520856666666667,3.3333333333333335,null,405.62569999999999]
[" E9577 ","E9577","Trator agrícola sobre pneus - 77 kW","E9665",1,2,0.5,379.69779999999997,6.3282966666666658,1.6666666666666667,null,379.69779999999997]
[" E9125 ","E9125","Veículo tipo van furgão com capacidade de 1,54 t - 93 kW","E9125",1,1,1,82.732100000000003,1.3788683333333334,1.6666666666666667,null,{"$error":"#N/A"}]
[" E9644 ","E9644","Caminhão demarcador de faixas com sistema de pintura a frio - 28 kW/115 kW","E9644",1,1,1,362.96949999999998,6.0494916666666665,1.6666666666666667,null,362.96949999999998]
[" E9685 ","E9685","Rolo compactador pé de carneiro vibratório autopropelido por pneus de 11,6 t - 82 kW","E9666",{"$f":"1*10%","v":0.1},2,0.5,405.62569999999999,0.67604283333333337,1.6666666666666667,null,405.62569999999999]
[" E9687 ","E9687","Caminhão carroceria com capacidade de 5 t - 115 kW","E9687",1,1,1,144.8526,2.4142099999999997,1.6666666666666667,null,144.8526]
[" E9524 ","E9524","Motoniveladora - 93 kW","E9665",{"$f":"1*10%","v":0.1},2,1,379.69779999999997,1.2656593333333332,3.3333333333333335,null,379.69779999999997]
[" 00010777 ","00010777","CONTAINER 2,30 X 4,30 M, ALT. 2,50 M, PARA SANITARIO","E9665",1,2,0.5,379.69779999999997,6.3282966666666658,1.6666666666666667,null,379.69779999999997]
[" E9605 ","E9605","Caminhão tanque com capacidade de 6.000 l - 136 kW","E9605",{"$f":"1*10%","v":0.1},1,1,240.3886,0.40064766666666668,1.6666666666666667,null,{"$error":"#N/A"}]
[" E9515 ","E9515","Escavadeira hidráulica sobre esteiras com caçamba com capacidade de 1,56 m³ - 118 kW","E9666",1,2,1,405.62569999999999,13.520856666666667,3.3333333333333335,null,405.62569999999999]
[" 00010776 ","00010776","CONTAINER 2,30 X 6,00 M, ALT. 2,50 M, PARA ESCRITORIO","E9665",1,2,1,379.69779999999997,12.656593333333332,3.3333333333333335,null,379.69779999999997]
[" E9697 ","E9697","Minicarregadeira de pneus com vassoura de 1,68 m - 45,50 kW","E9665",1,2,0.33,379.69779999999997,4.1766757999999999,1.1000000000000001,null,379.69779999999997]
[" E9571 ","E9571","Caminhão tanque com capacidade de 10.000 l - 188 kW","E9571",1,1,1,315.7824,5.2630400000000002,1.6666666666666667,null,315.7824]
[" E9592 ","E9592","Caminhão carroceria com capacidade de 15 t - 188 kW","E9592",1,1,1,257.65910000000002,4.2943183333333339,1.6666666666666667,null,257.65910000000002]
[" E9076 ","E9076","Equipamento para pintura eletrostática com cabine dupla de 7,00 kW e estufa de 80.000 kCal","E9665",1,2,1,379.69779999999997,12.656593333333332,3.3333333333333335,null,379.69779999999997]
[" E9686 ","E9686","Caminhão carroceria com guindauto com capacidade de 20 t.m - 136 kW","E9686",1,1,1,297.82150000000001,4.9636916666666666,1.6666666666666667,null,297.82150000000001]
[{"$nulls":7},"TOTAL",{"$f":"SUM(I13:I41)","v":202.69050358070172}]
[]
[]
[null,"CUSTO TOTAL MOBILIZAÇÃO E DESMOBILIZAÇÃO"]
[null,"DESCRIÇÃO","VALOR"]
[null,"Custo Mobilização (km)",{"$f":"TRUNC(I42,2)","v":202.69}]
[null,"BDI (%)",{"$f":"BDI!C16","v":0.23080000000000001}]
[null,"Custo Mobilização (R$/km) com BDI",{"$f":"TRUNC(C47+(C47*C48),2)","v":249.47}]
[null,"Total de Frentes",{"$f":"'MC MODULO'!G9","v":19}]
[null,"Custo Mobilização (frentes x distancia)",{"$f":"C49*I6*C50","v":473993}]

{"sheet":" Canteiro","index":9,"n_rows":13,"n_cols":6,"rows_kept":13,"cut":false,"hidden":false,"merged":[[9,3,9,4],[3,0,3,5],[3,9,4,9],[4,7,4,8],[12,3,12,4]]}
[]
[]
[]
["CANTEIRO DE OBRAS PARA CONSTRUÇÃO RODOVIÁRIA"]
["Descrição dos serviços","Tipo de container","Unidade","Quantidade","Preço unitário (R$)","Total (R$)"]
["Escritório e seção técnica"]
["LOCACAO DE CONTAINER 2,30 X 6,00 M, ALT. 2,50 M, PARA ESCRITORIO, SEM DIVISORIAS INTERNAS E SEM SANITARIO (NAO INCLUI MOBILIZACAO/DESMOBILIZACAO)                                                                                                                                                                                                                                                                                                                                                         ",10776,"und",1,650.39,{"$f":"TRUNC(D7*E7,2)","v":650.39}]
["Banheiro e vestiário"]
["LOCACAO DE CONTAINER 2,30 X 4,30 M, ALT. 2,50 M, PARA SANITARIO, COM 3 BACIAS, 4 CHUVEIROS, 1 LAVATORIO E 1 MICTORIO (NAO INCLUI MOBILIZACAO/DESMOBILIZACAO)                                                                                                                                                                                                                                                                                                                                              ",10777,"und",1,945.23,{"$f":"TRUNC(D9*E9,2)","v":945.23}]
[null,null,null,"TOTAL DO CANTEIRO",null,{"$f":"SUM(F7:F9)","v":1595.62}]
[null,null,null,"DURAÇÃO (MESES)",0.5,{"$f":"TRUNC(F10*E11,2)","v":797.81}]
[null,null,null,"BDI",null,{"$f":"BDI!$C$16","v":0.23080000000000001}]
[null,null,null,"TOTAL DO CANTEIRO (com BDI)",null,{"$f":"TRUNC(F11+(F11*F12),2)","v":981.94}]

{"sheet":"Adm Local","index":10,"n_rows":245,"n_cols":10,"rows_kept":245,"cut":false,"hidden":false,"merged":[[3,0,3,8],[4,3,4,4],[4,5,4,6],[4,7,4,8],[5,3,5,4],[5,5,5,6],[5,7,5,8],[8,3,8,4],[8,5,8,6],[8,7,8,8],[9,3,9,4],[9,5,9,6],[9,7,9,8],[6,3,6,4],[6,5,6,6],[6,7,6,8],[7,3,7,4],[7,5,7,6],[7,7,7,8],[12,3,12,4],[12,5,12,6],[12,7,12,8],[13,3,13,4],[13,5,13,6],[13,7,13,8],[10,3,10,4],[10,5,10,6],[10,7,10,8],[11,3,11,4],[11,5,11,6],[11,7,11,8],[16,3,16,4],[16,5,16,6],[16,7,16,8],[17,3,17,4],[17,5,17,6],[17,7,17,8],[14,3,14,4],[14,5,14,6],[14,7,14,8],[15,3,15,4],[15,5,15,6],[15,7,15,8],[20,3,20,4],[20,5,20,6],[20,7,20,8],[21,3,21,4],[21,5,21,6],[21,7,21,8],[18,3,18,4],[18,5,18,6],[18,7,18,8],[19,3,19,4],[19,5,19,6],[19,7,19,8],[24,3,24,4],[24,5,24,6],[24,7,24,8],[25,3,25,4],[25,5,25,6],[25,7,25,8],[22,3,22,4],[22,5,22,6],[22,7,22,8],[23,3,23,4],[23,5,23,6],[23,7,23,8],[28,3,28,4],[28,5,28,6],[28,7,28,8],[29,3,29,4],[29,5,29,6],[29,7,29,8],[26,3,26,4],[26,5,26,6],[26,7,26,8],[27,3,27,4],[27,5,27,6],[27,7,27,8],[52,5,52,6],[52,7,52,8],[32,0,32,8],[48,0,48,8],[49,3,49,4],[49,5,49,6],[49,7,49,8],[50,3,50,4],[50,5,50,6],[50,7,50,8],[51,3,51,4],[51,5,51,6],[51,7,51,8],[52,3,52,4],[96,0,96,8],[62,3,62,4],[62,5,62,6],[62,7,62,8],[63,3,63,4],[63,5,63,6],[63,7,63,8],[72,0,72,8],[73,3,73,4],[73,5,73,6],[73,7,73,8],[74,3,74,4],[74,5,74,6],[74,7,74,8],[75,3,75,4],[75,5,75,6],[75,7,75,8],[76,3,76,4],[76,5,76,6],[81,7,81,8],[93,7,93,8],[99,3,99,4],[99,5,99,6],[99,7,99,8],[100,3,100,4],[100,5,100,6],[100,7,100,8],[97,3,97,4],[97,5,97,6],[97,7,97,8],[98,3,98,4],[98,5,98,6],[98,7,98,8],[110,3,110,4],[110,5,110,6],[110,7,110,8],[111,3,111,4],[111,5,111,6],[111,7,111,8],[101,3,101,4],[101,5,101,6],[101,7,101,8],[102,5,102,6],[102,7,102,8],[109,0,109,8],[114,3,114,4],[114,5,114,6],[114,7,114,8],[115,3,115,4],[115,5,115,6],[115,7,115,8],[112,3,112,4],[112,5,112,6],[112,7,112,8],[113,3,113,4],[113,5,113,6],[113,7,113,8],[120,3,120,4],[120,5,120,6],[120,7,120,8],[121,3,121,4],[121,5,121,6],[121,7,121,8],[116,5,116,6],[116,7,116,8],[118,0,118,8],[119,3,119,4],[119,5,119,6],[119,7,119,8],[126,3,126,4],[126,5,126,6],[126,7,126,8],[127,3,127,4],[127,5,127,6],[127,7,127,8],[122,3,122,4],[122,5,122,6],[122,7,122,8],[123,5,123,6],[123,7,123,8],[125,0,125,8],[131,3,131,4],[131,5,131,6],[131,7,131,8],[132,3,132,4],[132,5,132,6],[132,7,132,8],[128,7,128,8],[130,0,130,8],[128,3,128,6],[135,3,135,4],[135,5,135,6],[135,7,135,8],[136,3,136,4],[136,5,136,6],[136,7,136,8],[137,3,137,6],[133,3,133,4],[133,5,133,6],[133,7,133,8],[134,3,134,4],[134,5,134,6],[134,7,134,8],[141,3,141,4],[141,5,141,6],[141,7,141,8],[142,3,142,4],[142,5,142,6],[142,7,142,8],[137,7,137,8],[139,0,139,8],[140,3,140,4],[140,5,140,6],[140,7,140,8],[147,3,147,4],[147,5,147,6],[147,7,147,8],[148,3,148,4],[148,5,148,6],[148,7,148,8],[149,7,149,8],[143,7,143,8],[145,0,145,8],[146,3,146,4],[146,5,146,6],[146,7,146,8],[149,3,149,4],[149,5,149,6],[143,3,143,6],[151,7,151,8],[153,0,153,8],[154,0,154,8],[155,1,155,4],[168,0,168,8],[150,3,150,4],[150,5,150,6],[150,7,150,8],[151,3,151,6],[189,0,189,8],[190,1,190,4],[191,1,191,4],[192,1,192,4],[195,0,195,8],[169,0,169,8],[170,1,170,4],[183,0,183,8],[184,1,184,4],[185,1,185,4],[186,1,186,4],[198,3,198,4],[198,5,198,6],[198,7,198,8],[199,3,199,4],[199,5,199,6],[199,7,199,8],[196,3,196,4],[196,5,196,6],[196,7,196,8],[197,3,197,4],[197,5,197,6],[197,7,197,8],[202,3,202,4],[202,5,202,6],[202,7,202,8],[204,3,204,4],[204,5,204,6],[204,7,204,8],[200,3,200,4],[200,5,200,6],[200,7,200,8],[201,3,201,4],[201,5,201,6],[201,7,201,8],[207,3,207,4],[207,5,207,6],[207,7,207,8],[208,3,208,4],[208,5,208,6],[208,7,208,8],[205,3,205,4],[205,5,205,6],[205,7,205,8],[206,3,206,4],[206,5,206,6],[206,7,206,8],[220,3,220,4],[220,5,220,6],[220,7,220,8],[221,3,221,4],[221,5,221,6],[221,7,221,8],[224,3,224,4],[224,5,224,6],[224,7,224,8],[223,3,223,4],[223,5,223,6],[223,7,223,8],[222,3,222,4],[222,5,222,6],[222,7,222,8],[226,3,226,4],[226,5,226,6],[226,7,226,8],[227,3,227,4],[227,5,227,6],[227,7,227,8],[225,3,225,4],[225,5,225,6],[225,7,225,8],[219,3,219,4],[219,5,219,6],[240,7,240,8],[241,3,241,4],[241,5,241,6],[241,7,241,8],[242,3,242,4],[242,5,242,6],[242,7,242,8],[238,3,238,4],[238,5,238,6],[238,7,238,8],[239,3,239,4],[239,5,239,6],[239,7,239,8],[231,3,231,4],[231,5,231,6],[231,7,231,8],[228,3,228,4],[228,5,228,6],[228,7,228,8],[229,3,229,4],[229,5,229,6],[229,7,229,8],[232,3,232,4],[232,5,232,6],[232,7,232,8],[233,3,233,4],[233,5,233,6],[233,7,233,8],[230,3,230,4],[230,5,230,6],[230,7,230,8],[243,3,243,4],[243,5,243,6],[244,3,244,4],[244,5,244,6],[234,5,234,6],[234,7,234,8],[235,3,235,4],[235,5,235,6],[235,7,235,8],[236,3,236,4],[236,5,236,6],[236,7,236,8],[237,3,237,4],[237,5,237,6],[237,7,237,8],[234,3,234,4],[219,7,219,8],[0,0,2,8],[87,3,87,4],[87,5,87,6],[87,7,87,8],[88,3,88,4],[88,5,88,6],[88,7,88,8],[89,5,89,6],[89,7,89,8],[64,3,64,4],[64,5,64,6],[64,7,64,8],[65,5,65,6],[65,7,65,8],[53,5,53,6],[53,7,53,8],[60,0,60,8],[61,3,61,4],[216,3,216,4],[216,5,216,6],[216,7,216,8],[61,5,61,6],[61,7,61,8],[218,3,218,4],[218,5,218,6],[218,7,218,8],[217,3,217,4],[76,7,76,8],[77,5,77,6],[77,7,77,8],[84,0,84,8],[85,3,85,4],[85,5,85,6],[85,7,85,8],[86,3,86,4],[86,5,86,6],[86,7,86,8],[217,5,217,6],[217,7,217,8],[209,3,209,4],[209,5,209,6],[209,7,209,8],[210,7,210,8],[214,0,214,8],[215,3,215,4],[215,5,215,6],[215,7,215,8]]}
[]
[]
[]
["parcela fixa da administração local \n(mão de obra)"]
["Código","Discriminação ","Unidade"," Quantidade ",null,"Custo Unitário (R$)",null," Custo Total (R$)"]
[null,"Mão de Obra"]
[null,"Gerência Técnica"]
[null,"Geral"]
["P9955","Engenheiro chefe","mês",0.5,null,{"$f":"30052.9329","v":30052.9329},null,{"$f":"F9*D9","v":15026.46645}]
["P9840","Encarregado geral","mês",0.5,null,{"$f":"9420.2612","v":9420.2612000000008},null,{"$f":"F10*D10","v":4710.1306000000004}]
["P9897","Técnico de meio ambiente","mês",0,null,0,null,0]
["P9948","Motorista","mês",0,null,0,null,0]
["P9878","Secretária","mês",0,null,0,null,0]
[{"$nulls":5},"Subtotal do Item 1.1",null,{"$f":"SUM(H9:I13)","v":19736.59705}]
[null,"Auxiliar"]
["P9946","Engenheiro auxiliar","mês",1,null,{"$f":"21982.107","v":21982.107},null,{"$f":"D16*F16","v":21982.107}]
["P9903","Auxiliar técnico","mês",0,null,0,null,{"$f":"D17*F17","v":0}]
[{"$nulls":5},"Subtotal do Item 1.2",null,{"$f":"SUM(H16:I17)","v":21982.107}]
[null,"Gerência Administrativa"]
[null,"Geral"]
["P9883","Chefe do setor administrativo","mês",1,null,{"$f":"7765.2768","v":7765.2767999999996},null,{"$f":"F21*D21","v":7765.2767999999996}]
["P9809","Encarregado administrativo","mês",1,null,{"$f":"7765.0249","v":7765.0249000000003},null,{"$f":"F22*D22","v":7765.0249000000003}]
["P9896","Porteiro","mês",0,null,0,null,{"$f":"F23*D23","v":0}]
["P9827","Vigia","mês",0,null,0,null,{"$f":"F24*D24","v":0}]
["P9948","Motorista","mês",0,null,0,null,{"$f":"F25*D25","v":0}]
[{"$nulls":5},"Subtotal do Item 1.3",null,{"$f":"SUM(H21:I25)","v":15530.3017}]
[null,"Auxiliar"]
["P9806","Auxiliar administrativo","mês",1,null,{"$f":"4197.6864","v":4197.6863999999996},null,{"$f":"F28*D28","v":4197.6863999999996}]
["P9842","Faxineiro","mês",0,null,0,null,{"$f":"F29*D29","v":0}]
[{"$nulls":5},"Subtotal do Item 1.4",null,{"$f":"SUM(H28:I29)","v":4197.6863999999996}]
[{"$nulls":7},"Total da Mão de Obra da Parcela Fixa",{"$f":"H30+H26+H18+H14","v":61446.692150000003}]
[]
["parcela fixa da administração local \n(veículos)"]
["Código","Discriminação ","Unidade"," Quantidade ","Utilização Produtiva","Utilização Improdutiva","Custo Horário \nProdutivo (R$)","Custo Horário Improdutivo (R$)","Custo Total (R$)"]
[2,"Veículos"]
[null,"Gerência Técnica"]
["2.1","Geral"]
["E9093","Veículo Leve 53 kw","mês",1,44,176,{"$f":"35.6391","v":35.639099999999999},{"$f":"6.1081","v":6.1081000000000003},{"$f":"((E38*G38)+(F38*H38))*D38","v":2643.1459999999997}]
["E9134","Miniônibus com capacidade para 30 passageiros","mês",1,44,176,{"$f":"218.8767","v":218.8767},{"$f":"69.4308","v":69.430800000000005},{"$f":"((E39*G39)+(F39*H39))*D39","v":21850.395600000003}]
[{"$nulls":7},"Subtotal do Item 2",{"$f":"SUM(I38:I39)","v":24493.541600000004}]
["2.2","Auxiliar"]
["E9093","Veículo Leve 53 kw","mês",0,44,176,0,0,0]
[{"$nulls":7},"Subtotal do Item 2",{"$f":"I42","v":0}]
["2.3","Gerência Administrativa"]
["E9093","Veículo Leve 53 kw","mês",0,44,176,0,0,0]
[{"$nulls":7},"Subtotal do Item 2",{"$f":"I45","v":0}]
[{"$nulls":7},"Total dos Veículos da Parcela Fixa",{"$f":"SUM(I40,I43,I46)","v":24493.541600000004}]
[]
["Composição de custo da equipe de produção de terraplenagem"]
["Código","Discriminação ","Unidade"," Quantidade ",null,"Custo Unitário (R$)",null," Custo Total (R$)"]
[null,"Equipe de Produção de Terraplenagem"]
["3.1","Mão de Obra"]
["P9884","Encarregado de terraplenagem ","mês",0,null,0,null,{"$f":"F53*D53","v":0}]
[{"$nulls":5},"Subtotal do Item 3.1",null,{"$f":"SUM(H53:H53)","v":0}]
["Código","Discriminação ","Unidade"," Quantidade ","Utilização Produtiva","Utilização Improdutiva","Custo Horário \nProdutivo (R$)","Custo Horário Improdutivo (R$)","Custo Total (R$)"]
["3.2","Veículos"]
[null,"Veículo Leve 53 kw","mês",0,44,176,0,0,{"$f":"((E57*G57)+(F57*H57))*D57","v":0}]
[{"$nulls":7},"Subtotal do Item 3.2",{"$f":"SUM(I57:I57)","v":0}]
[{"$nulls":7},"Total da Equipe de Produção de Terraplenagem",{"$f":"I58+H54","v":0}]
[]
["Composição de custo da equipe de produção de pavimentação"]
["Código","Discriminação ","Unidade"," Quantidade ",null,"Custo Unitário (R$)",null," Custo Total (R$)"]
[null,"Equipe de Produção de Pavimentação"]
["3.1","Mão de Obra"]
["P9893","Encarregado de pavimentação","mês",1,null,{"$f":"6737.8182","v":6737.8181999999997},null,{"$f":"F65*D65","v":6737.8181999999997}]
[{"$nulls":5},"Subtotal do Item 3.1",null,{"$f":"SUM(H65:H65)","v":6737.8181999999997}]
["Código","Discriminação ","Unidade"," Quantidade ","Utilização Produtiva","Utilização Improdutiva","Custo Horário \nProdutivo (R$)","Custo Horário Improdutivo (R$)","Custo Total (R$)"]
["3.2","Veículos"]
[null,"Veículo Leve 53 kw","mês",1,44,176,{"$f":"35.6391","v":35.639099999999999},{"$f":"6.1081","v":6.1081000000000003},{"$f":"((E69*G69)+(F69*H69))*D69","v":2643.1459999999997}]
[{"$nulls":7},"Subtotal do Item 3.2",{"$f":"SUM(I69:I69)","v":2643.1459999999997}]
[{"$nulls":7},"Total da Equipe de Produção de Pavimentação",{"$f":"I70+H66","v":9380.9641999999985}]
[]
["Composição de custo da equipe de produção de drenagem"]
["Código","Discriminação ","Unidade"," Quantidade ",null,"Custo Unitário (R$)",null," Custo Total (R$)"]
[null,"Equipe de Produção de Drenagem"]
["3.1","Mão de Obra"]
[null,"Encarregado de produção ","mês",0,null,0,null,{"$f":"F77*D77","v":0}]
[{"$nulls":5},"Subtotal do Item 3.1",null,{"$f":"SUM(H77:H77)","v":0}]
["Código","Discriminação ","Unidade"," Quantidade ","Utilização Produtiva","Utilização Improdutiva","Custo Horário \nProdutivo (R$)","Custo Horário Improdutivo (R$)","Custo Total (R$)"]
["3.2","Veículos"]
[null,"Veículo Leve 53 kw","mês",0,44,176,0,0,{"$f":"((E81*G81)+(F81*H81))*D81","v":0}]
[{"$nulls":6},"Subtotal do Item 3.2",{"$f":"SUM(I81:I81)","v":0}]
[{"$nulls":7},"Total da Equipe de Produção de Drenagem",{"$f":"H82+H78","v":0}]
[]
["Composição de custo da equipe de produção de sinalização"]
["Código","Discriminação ","Unidade"," Quantidade ",null,"Custo Unitário (R$)",null," Custo Total (R$)"]
[null,"Equipe de Produção de Sinalização"]
["3.1","Mão de Obra"]
[null,"Encarregado de produção ","mês",0,null,0,null,{"$f":"F89*D89","v":0}]
[{"$nulls":5},"Subtotal do Item 3.1",null,{"$f":"SUM(H89:H89)","v":0}]
["Código","Discriminação ","Unidade"," Quantidade ","Utilização Produtiva","Utilização Improdutiva","Custo Horário \nProdutivo (R$)","Custo Horário Improdutivo (R$)","Custo Total (R$)"]
["3.2","Veículos"]
[null,"Veículo Leve 53 kw","mês",0,44,176,0,0,{"$f":"((E93*G93)+(F93*H93))*D93","v":0}]
[{"$nulls":6},"Subtotal do Item 3.2",{"$f":"SUM(I93:I93)","v":0}]
[{"$nulls":7},"Total da Equipe de Produção de Sinalização",{"$f":"H94+H90","v":0}]
[]
["Composição de custo da equipe topografia"]
["Código","Discriminação ","Unidade"," Quantidade ",null,"Custo Unitário (R$)",null," Custo Total (R$)"]
[null,"Equipe de Topografia"]
["3.1","Mão de Obra"]
["P9949","Topográfo","mês",1,null,{"$f":"8451.7703","v":8451.7703000000001},null,{"$f":"F101*D101","v":8451.7703000000001}]
["P9950","Auxiliar de topografia","mês",1,null,{"$f":"5505.157","v":5505.1570000000002},null,{"$f":"F102*D102","v":5505.1570000000002}]
[{"$nulls":5},"Subtotal do Item 3.1",null,{"$f":"SUM(H101:I102)","v":13956.927299999999}]
["Código","Discriminação ","Unidade"," Quantidade ","Utilização Produtiva","Utilização Improdutiva","Custo Horário \nProdutivo (R$)","Custo Horário Improdutivo (R$)","Custo Total (R$)"]
["3.2","Veículos"]
[null,"Veículo Leve 53 kw","mês",1,44,176,{"$f":"35.6391","v":35.639099999999999},{"$f":"6.1081","v":6.1081000000000003},{"$f":"((E106*G106)+(F106*H106))*D106","v":2643.1459999999997}]
[{"$nulls":7},"Subtotal do Item 3.2",{"$f":"SUM(I106:I106)","v":2643.1459999999997}]
[{"$nulls":7},"Total da Equipe de Produção de Topografia",{"$f":"I107+H103","v":16600.0733}]
[]
["Composição de custo do setor de medicina e segurança do trabalho"]
["Código","Discriminação ","Unidade"," Quantidade ",null,"Custo Unitário (R$)",null," Custo Total (R$)"]
[4,"Setor de Medicina e Segurança do Trabalho"]
["P9876","Técnico de segurança do trabalho","mês",1,null,{"$f":"7025.0759","v":7025.0758999999998},null,{"$f":"F113*D113","v":7025.0758999999998}]
["P9864","Engenheiro de segurança do trabalho","mês",0,null,0,null,{"$f":"F114*D114","v":0}]
["P9851","Médico do trabalho","mês",0,null,0,null,{"$f":"F115*D115","v":0}]
["P9951","Médico de câmara hiperbárica","mês",0,null,0,null,{"$f":"F116*D116","v":0}]
[{"$nulls":5},"Subtotal do Item 4",null,{"$f":"SUM(H113:I116)","v":7025.0758999999998}]
[]
["Parcela Variável - Composição de custo da equipe de frente de serviço"]
["Código","Discriminação ","Unidade"," Quantidade ",null,"Custo Unitário (R$)",null," Custo Total (R$)"]
[5,"Equipe de Frente de Serviço","equipexmês"]
["P9875","Encarregado de Turma","mês",1,null,{"$f":"5107.7036","v":5107.7035999999998},null,{"$f":"F122*D122","v":5107.7035999999998}]
["P9804","Apontador","mês",0.5,null,{"$f":"4419.627","v":4419.6270000000004},null,{"$f":"F123*D123","v":2209.8135000000002}]
[{"$nulls":5},"Subtotal do Item 5",null,{"$f":"SUM(H122:I123)","v":7317.5171}]
[]
["Parcela Variável - Composição de custo da equipe de frente de serviço (Terraplenagem) - Somente Compactação "]
["Código","Discriminação ","Unidade"," Quantidade ",null,"Produção Horária \n(und/h)",null,"Efs"]
["5.1","Equipe de Frente de Serviço","equipexmês"]
[null,null,null,"Total de Equipes para Terraplenagem",null,null,null,0]
[]
["Parcela Variável - Composição de custo da acompanhamento das frentes de serviço de pavimentação"]
["Código","Discriminação ","Unidade"," Quantidade ",null,"Produção Horária \n(und/h)",null,"Efs"]
["5.2","Equipe de Frente de Serviço","equipe x mês"]
[4011463,"Concreto asfáltico - faixa C - areia e brita comerciais","t",{"$f":"'RESUMO MODULO TOTAL'!J20","v":31920},null,{"$f":"99.6","v":99.6},null,{"$f":"(D134)/(F134*182.49)","v":1.7561615853517638}]
[4011353,"Pintura de ligação","m²",{"$f":"'RESUMO MODULO TOTAL'!J21","v":266000},null,{"$f":"1500","v":1500},null,{"$f":"(D135)/(F135*182.49)","v":0.97174274389464266}]
[4915663,"Fresagem descontínua de revestimento asfáltico - espessura de 5 cm","m³",{"$f":"'RESUMO MODULO TOTAL'!J22","v":1330},null,{"$f":"49.03","v":49.03},null,0.14864512704894592]
[4915618,"Recomposição de camada granular do pavimento com material de jazida","m²",{"$f":"'RESUMO MODULO TOTAL'!J23","v":26600},null,{"$f":"417.38","v":417.38},null,0.34922950688628202]
[null,null,null,"Total de Equipes para Pavimentação",null,null,null,{"$f":"ROUND(SUM(H134:I137),2)","v":3.23}]
[]
["Parcela Variável - Composição de custo da acompanhamento das frentes de serviço de drenagem"]
["Código","Discriminação ","Unidade"," Quantidade ",null,"Efsdu",null,"Efs"]
["5.3","Frentes de Serviço para Drenagem","equipe x mês"]
[4915777,"Reassentamento manual de meio-fio com material arrancado da pista","m",{"$f":"'RESUMO MODULO TOTAL'!J35","v":7600},null,2.1000000000000001E-4,null,{"$f":"D143*F143","v":1.5960000000000001}]
[null,null,null,"Total de Equipes para Drenagem",null,null,null,{"$f":"ROUND(SUM(H143),2)","v":1.6}]
[]
["Parcela Variável - Composição de custo da acompanhamento das frentes de serviço de sinalização"]
["Código","Discriminação ","Unidade"," Quantidade ",null,"Produção Horária (und/h)",null,"Efs"]
["5.4","Frentes de Serviço para Sinalização","equipe x mês"]
[5213440,"Placa de regulamentação em aço D = 0,60 m - película retrorrefletiva tipo I + SI - fornecimento e implantação","Unidade",{"$f":"'RESUMO MODULO TOTAL'!J30","v":114},null,{"$f":"3","v":3},null,{"$f":"0.2*((D149)/(F149*182.49))","v":4.1646117595484686E-2}]
[5213464,"Placa de advertência em aço, lado de 0,60 m - película retrorrefletiva tipo I + SI - fornecimento e implantação","Unidade",{"$f":"'RESUMO MODULO TOTAL'!J31","v":114},null,{"$f":"3","v":3},null,{"$f":"0.2*((D150)/(F150*182.49))","v":4.1646117595484686E-2}]
[5213400,"Pintura de faixa com tinta acrílica - espessura de 0,4 mm","m²",{"$f":"'RESUMO MODULO TOTAL'!J33","v":9120},null,{"$f":"177.07","v":177.07},null,{"$f":"0.2*((D151)/(F151*182.49))","v":5.6446988326177922E-2}]
[null,null,null,"Total de Equipes para Sinalização",null,null,null,{"$f":"ROUND(SUM(H149:I151),2)","v":0.14000000000000001}]
[]
["3. PARCELA VARIÁVEL - EQUIPE DE CONTROLE TECNOLÓGICO"]
["LABORATÓRIO DE SOLOS"]
["Item","Discriminação",null,null,null,"Unidade","Quantidade","Custo Unitário (R$)","Custo Total (R$)"]
[null,"Laboratório de Solos (equipe x mês)"]
[null,"Mão de Obra"]
["P9858","Laboratorista",null,null,null,"func./mês",0,0,{"$f":"TRUNC(G159*H159,2)","v":0}]
["P9833","Auxiliar de laboratório",null,null,null,"func./mês",0,0,{"$f":"TRUNC(G160*H160,2)","v":0}]
[{"$nulls":7},"Subtotal do Item",{"$f":"SUM(I159:I160)","v":0}]
["Item","Discriminação","Und","Quant","Utilização Produtiva","Utilização Improdutiva","Horário Produtivo (R$)","Horário Improdutivo (R$)","Total (R$)"]
[null,"Equipe de Controle Tecnológico"]
[null,"Veículos"]
["E9125","Van furgão a diesel - 93 kW","veic./mês",0,44,176,0,0,{"$f":"D165*((E165*G165)+(F165*H165))","v":0}]
[{"$nulls":7},"Subtotal do Item",{"$f":"SUM(I165:I165)","v":0}]
[{"$nulls":7},"Total da Equipe do Laboratório de Solos",{"$f":"I161+I166","v":0}]
[]
["3. PARCELA VARIÁVEL - EQUIPE DE CONTROLE TECNOLÓGICO"]
["LABORATÓRIO DE ASFALTOS"]
["Item","Discriminação",null,null,null,"Unidade","Quantidade","Custo Unitário (R$)","Custo Total (R$)"]
[null,"Laboratório de Solos (equipe x mês)"]
[null,"Mão de Obra"]
["P9858","Laboratorista",null,null,null,"func./mês",1,{"$f":"7143.1041","v":7143.1040999999996},{"$f":"G174*H174","v":7143.1040999999996}]
["P9833","Auxiliar de laboratório",null,null,null,"func./mês",1,{"$f":"5472.4477","v":5472.4476999999997},{"$f":"G175*H175","v":5472.4476999999997}]
[{"$nulls":7},"Subtotal do Item",{"$f":"SUM(I174:I175)","v":12615.551799999999}]
["Item","Discriminação","Und","Quant","Utilização Produtiva","Utilização Improdutiva","Horário Produtivo (R$)","Horário Improdutivo (R$)","Total (R$)"]
[null,"Equipe de Controle Tecnológico"]
[null,"Veículos"]
["E9125","Van furgão a diesel - 93 kW","veic./mês",0.5,44,176,{"$f":"82.7321","v":82.732100000000003},{"$f":"47.0671","v":47.067100000000003},{"$f":"D180*((E180*G180)+(F180*H180))","v":5962.0110000000004}]
[{"$nulls":7},"Subtotal do Item",{"$f":"SUM(I180:I180)","v":5962.0110000000004}]
[{"$nulls":7},"Total da Equipe do Laboratório de Asfaltos",{"$f":"(I176+I181)","v":18577.5628}]
[]
["Equipes de laboratório de solos para pavimentação"]
["Item","Discriminação",null,null,null,"Und","Quant","QE","Els"]
["-","-",null,null,null,"-","-","-","-"]
["-","-",null,null,null,"-","-","-","-"]
[{"$nulls":7},"Total de equipes de Laboratório de Solos para Pavimentação","-"]
[]
["Equipes de laboratório de Asfalto"]
["Item","Discriminação",null,null,null,"Und","Quant","QE","Ela"]
[4011463,"Concreto asfáltico - faixa C - areia e brita comerciais",null,null,null,"t",{"$f":"'RESUMO MODULO TOTAL'!J20","v":31920},9000,{"$f":"G192/H192","v":3.5466666666666669}]
[4011353,"Pintura de ligação",null,null,null,"m²",{"$f":"'RESUMO MODULO TOTAL'!J21","v":266000},3610000,{"$f":"G193/H193","v":7.3684210526315783E-2}]
[{"$nulls":7},"Total de equipes de Laboratório de Asfaltos",{"$f":"ROUND(SUM(I192:I193),2)","v":3.62}]
[]
["manutenção do canteiro de obras e acampamentos"]
["Código","Discriminação ","Unidade"," Quantidade ",null,"Custo Unitário (R$)",null," Custo Total (R$)"]
[null,"Manutenção do Canteiro de Obras e Acampamentos"]
["6.1","Mão de Obra"]
["P9952","Pedreiro","mês",0,null,0,null,{"$f":"F200*D200","v":0}]
["P9954","Servente","mês",0,null,0,null,{"$f":"F201*D201","v":0}]
["P9953","Eletricista","mês",0,null,0,null,{"$f":"F202*D202","v":0}]
[{"$nulls":5},"Subtotal do Item 6.1",null,{"$f":"SUM(H200:I202)","v":0}]
[]
["Código","Discriminação ","Unidade"," Quantidade ",null,"Custo Produtivo (R$)",null," Custo Total (R$)"]
["6.2","Equipamentos"]
[null,"Caminhão guindauto de 6 toneladas","h/mês",0,null,0,null,{"$f":"F207*D207","v":0}]
[null,"Caminhão tanque de 8.000 litros","h/mês",0,null,0,null,{"$f":"F208*D208","v":0}]
["E9524","Motoniveladora","h/mês",0,null,0,null,{"$f":"F209*D209","v":0}]
[{"$nulls":5},"Subtotal do Item 6.2",null,{"$f":"SUM(H207:I209)","v":0}]
[{"$nulls":6},"Total da Manutenção do Canteiro de Obras e Acampamentos",{"$f":"H210+H203","v":0}]
[]
[]
[]
["Resumo das parcelas de administração local"]
["Código","Discriminação ","Unidade"," Quantidade ",null,"Custo Unitário (R$)",null," Custo Total (R$)"]
[null,"Parcela Fixa"]
[null,"Mão de Obra","mês",7,null,{"$f":"H14+H18+H26+H30","v":61446.692149999995},null,{"$f":"F218*D218","v":430126.84504999995}]
[null,"Veículos","mês",7,null,{"$f":"I47","v":24493.541600000004},null,{"$f":"F219*D219","v":171454.79120000004}]
[{"$nulls":5},"Subtotal do Item 1",null,{"$f":"SUM(H218:I219)","v":601581.63624999998}]
[null,"Parcela Vinculada"]
[null,"Equipe de produção de terraplenagem","mês",0,null,{"$f":"I59","v":0},null,{"$f":"F222*D222","v":0}]
[null,"Equipe de produção de pavimentação","mês",6,null,{"$f":"I71","v":9380.9641999999985},null,56285.785199999991]
[null,"Equipe de produção de drenagem","mês",0,null,{"$f":"I83","v":0},null,0]
[null,"Equipe de produção de sinalização","mês",0,null,{"$f":"I95","v":0},null,0]
[null,"Equipe de topografia","mês",6,null,{"$f":"I108","v":16600.0733},null,99600.439799999993]
[null,"Equipe de medicina e segurança do trabalho","mês",7,null,{"$f":"H117","v":7025.0758999999998},null,49175.531300000002]
[null,"Técnicos especializados","mês",0,null,null,null,0]
[{"$nulls":5},"Subtotal do Item 2",null,{"$f":"SUM(H222:I228)","v":205061.75629999998}]
[null,"Parcela Variável"]
[null,"Acompanhamento da Terraplenagem","equipe x mês","-",null,{"$f":"$H$124","v":7317.5171},null,"-"]
[null,"Acompanhamento da Pavimentação","equipe x mês",{"$f":"H138","v":3.23},null,{"$f":"$H$124","v":7317.5171},null,{"$f":"F232*D232","v":23635.580233000001}]
[null,"Acompanhamento da Drenagem","equipe x mês",{"$f":"H144","v":1.6},null,7317.5171,null,{"$f":"F233*D233","v":11708.02736}]
[null,"Acompanhamento da Sinalização","equipe x mês",{"$f":"H152","v":0.14000000000000001},null,7317.5171,null,{"$f":"F234*D234","v":1024.4523940000001}]
[null,"Laboratório de Solos","equipe x mês",{"$f":"I188","v":"-"},null,{"$f":"I167","v":0},null,"-"]
[null,"Laboratório de asfaltos","equipe x mês",{"$f":"I194","v":3.62},null,{"$f":"I182","v":18577.5628},null,{"$f":"F236*D236","v":67250.777335999999}]
[{"$nulls":5},"Subtotal do Item 3",null,{"$f":"SUM(H231:I236)","v":103618.837323}]
[null,"Manutenção dos Canteiros de Obras e Acampamentos"]
[null,"Equipe de manutenção","mês",0,null,{"$f":"H211","v":0},null,{"$f":"F239*D239","v":0}]
[{"$nulls":5},"Subtotal do Item 4",null,{"$f":"SUM(H239:I239)","v":0}]
[{"$nulls":6},"Subtotal",{"$f":"TRUNC(H240+H237+H229+H220,2)","v":910262.22}]
[null,"Despesas Diversas","%",0.05,null,"-",null,{"$f":"TRUNC(D242*H241,2)","v":45513.11}]
[{"$nulls":5},"TOTAL",null,{"$f":"H241+H242","v":955775.33},null,{"$f":"H243","v":955775.33}]
[{"$nulls":5},"BDI",null,null,{"$f":"BDI!C16","v":0.23080000000000001}]
[{"$nulls":5},"TOTAL COM BDI",null,null,{"$f":"TRUNC(H243+(H243*I244),2)","v":1176368.27}]

{"sheet":"Projeto Executivo","index":11,"n_rows":30,"n_cols":12,"rows_kept":30,"cut":false,"hidden":false,"merged":[[0,0,2,6],[27,0,27,1],[3,0,3,6],[4,2,6,4],[5,0,5,1],[16,0,16,1],[20,0,20,1],[25,0,25,1],[26,0,26,2]]}
[]
[]
[]
["COMPOSIÇÃO PREÇO - PROJETO EXECUTIVO"]
[]
["DISCRIMINAÇÃO",{"$nulls":4},"Pr. Unit.","Pr. Total"]
[]
["A· EOUIPE TECNICA",{"$nulls":5},{"$f":"G9+G12","v":14073.79607},null,"Produtividade da equipe",null,14000,"m²"]
[null,"A. 1 - Pessoal de Nível Superior","Unidade","Quantitativo","SICRO e Rel.Custos Gerais",null,{"$f":"G10+G11","v":11211.977780000001}]
[null,"Engenheiro","mês",0.4,"P9812",23804.059300000001,{"$f":"F10*D10","v":9521.6237200000014}]
[null,"Topógrafo","mês",0.2,"P9949",8451.7703000000001,{"$f":"F11*D11","v":1690.3540600000001}]
[null,"A.2 - Pessoal de Nível Técnico e Aux.",{"$nulls":4},{"$f":"G13+G14","v":2861.8182900000002}]
[null,"Auxiliar de topógrafo","mês",0.12,"P9950",5505.1570000000002,{"$f":"F13*D13","v":660.61883999999998}]
[null,"Auxiliar Técnico/Assistente de Engenharia ","mês",0.5,"P9903",4402.3989000000001,{"$f":"F14*D14","v":2201.1994500000001}]
["B - ENCARGOS SOCIAIS",{"$nulls":5},{"$f":"G16","v":0}]
[null,{"$f":"CONCATENATE(\"Taxas \",'ENC. SOCIAIS'!E51,\"%\")","v":"Taxas %"},"JÁ INCLUSAS EM \"A\""]
["C - DESPESAS GERAIS",{"$nulls":5},{"$f":"G18+G20+G19","v":4980.4248821000001}]
[null,"C.1 - MATERIAIS DE CONSUMO","Estimativa % como referência de equipe técnica com encargos sociais ",0.03,null,{"$f":"G8+G16","v":14073.79607},{"$f":"F18*D18","v":422.21388209999998}]
[null,"C.2 - VEÍCULOS (Veículo leve picape 4 x 4 com capacidade de 1,10 t - 147 kW)","h",40,"E9684",106.9799,{"$f":"F19*D19","v":4279.1959999999999}]
[null,"C.3 - Estação total eletrônica com alcance máximo de 3.000 m","h",55,"E9553",5.0730000000000004,{"$f":"F20*D20","v":279.01500000000004}]
["D - ENSAIOS",{"$nulls":5},{"$f":"SUM(G22:G25)","v":3198.7621439999998}]
[null,"Laboratorista","mês",0.2,"P9858",7143.1040999999996,{"$f":"F22*D22","v":1428.6208200000001}]
[null,"Auxiliar de Laboratório","mês",0.12,"P9833",5472.4476999999997,{"$f":"F23*D23","v":656.69372399999997}]
[null,"Laboratório de solos","mês",0.12,"B8957",4073.25,{"$f":"F24*D24","v":488.78999999999996}]
[null,"Laboratório de asfalto","mês",0.12,"B8955",5205.4799999999996,{"$f":"F25*D25","v":624.65759999999989}]
["I - SOMA (A+B+C+D)",{"$nulls":5},{"$f":"TRUNC(G8+G15+G17+G21,2)","v":22252.98}]
["BDI = ",null,null,{"$f":"BDI!$C$16","v":0.23080000000000001},null,null,{"$f":"TRUNC(D27*G26,2)","v":5135.9799999999996}]
[" TOTAL",{"$nulls":5},{"$f":"G26+G27","v":27388.959999999999}]
[{"$nulls":5},"Por m² (Sem BDI):",{"$f":"G26/('MC MODULO'!C9*'MC MODULO'!C10)","v":1.5894985714285714}]
[{"$nulls":5},"Por m² (Com BDI):",{"$f":"G28/('MC MODULO'!C9*'MC MODULO'!C10)","v":1.9563542857142857}]

{"sheet":"INSUMOS - ASF","index":12,"n_rows":41,"n_cols":7,"rows_kept":41,"cut":false,"hidden":false,"merged":[[0,0,3,5],[40,3,40,4],[34,0,35,0],[34,1,35,1],[34,2,35,2],[34,3,35,3],[34,4,35,4],[25,4,26,4],[25,5,26,5],[28,2,28,4],[31,3,31,4],[34,5,35,5],[37,2,37,4],[16,0,17,0],[16,1,17,1],[16,2,17,2],[16,5,17,5],[19,2,19,4],[22,3,22,4],[16,3,17,3],[16,4,17,4],[4,0,4,5],[5,0,5,3],[25,0,26,0],[25,1,26,1],[25,2,26,2],[5,4,5,5],[7,2,8,2],[7,3,8,3],[7,4,8,4],[7,5,8,5],[6,0,6,5],[7,0,8,0],[7,1,8,1],[25,3,26,3],[10,2,10,4],[13,3,13,4]]}
[]
[]
[]
[]
["PREÇO DOS INSUMOS - AQUISIÇÃO E TRANSPORTE CAP 50/70 E EMULSÃO RR 1-C"]
["BDI DIFERENCIADO = ",null,null,null,0.15]
[]
["CODEVASF","AQUISIÇÃO DE CIMENTO ASFÁLTICO DE PETRÓLEO - CAP 50/70","UNID.","COEF.","PRECO UNITÁRIO (R$)","TOTAL (R$)"]
[]
[null,"CAP 50/70","t",1,{"$f":"' CAP50-70 RR1-C + TRANSPORTE'!T19","v":4980.5200000000004},{"$f":"D10*E10","v":4980.5200000000004}]
[null,null,"Sub total:",null,null,{"$f":"SUM(F10)","v":4980.5200000000004}]
[null,null,null,"BDI",0.15,{"$f":"F11*E12","v":747.07800000000009}]
[{"$nulls":4},"Total Serviços:",{"$f":"F11+F12","v":5727.5980000000009}]
[null,null,null,"PREÇO UNITÁRIO TOTAL:",null,{"$f":"TRUNC(F13,2)","v":5727.59},{"$f":"F11","v":4980.5200000000004}]
[]
[]
["CODEVASF","AQUISIÇÃO DE EMULSÃO ASFÁLTICA RR-1C","UNID.","COEF.","PRECO UNITÁRIO (R$)","TOTAL (R$)"]
[]
[null," RR-1C","t",1,{"$f":"' CAP50-70 RR1-C + TRANSPORTE'!T28","v":3570.0497508900025},{"$f":"D19*E19","v":3570.0497508900025}]
[null,null,"Sub total:",null,null,{"$f":"SUM(F19)","v":3570.0497508900025}]
[null,null,null,"BDI",0.15,{"$f":"F20*E21","v":535.50746263350038}]
[{"$nulls":4},"Total Serviços:",{"$f":"F20+F21","v":4105.5572135235034}]
[null,null,null,"PREÇO UNITÁRIO TOTAL:",null,{"$f":"TRUNC(F22,2)","v":4105.55},{"$f":"F20","v":3570.0497508900025}]
[]
[]
["CODEVASF","TRANSPORTE DE CIMENTO ASFÁLTICO DE PETRÓLEO -  CAP 50/70","UNID.","COEF.","PRECO UNITÁRIO (R$)","TOTAL (R$)"]
[]
[null,"T. DE CAP 50/70","t",1,{"$f":"' CAP50-70 RR1-C + TRANSPORTE'!S19","v":275.68408975157024},{"$f":"D28*E28","v":275.68408975157024}]
[null,null,"Sub total:",null,null,{"$f":"SUM(F28)","v":275.68408975157024}]
[null,null,null,"BDI",0.15,{"$f":"ROUND(F29*E30,2)","v":41.35}]
[{"$nulls":4},"Total Serviços:",{"$f":"F29+F30","v":317.03408975157026}]
[null,null,null,"PREÇO UNITÁRIO TOTAL:",null,{"$f":"TRUNC(F31,2)","v":317.02999999999997},{"$f":"F29","v":275.68408975157024}]
[]
[]
["CODEVASF","TRANSPORTE DE EMULSÃO ASFÁLTICA RR-1C","UNID.","COEF.","PRECO UNITÁRIO (R$)","TOTAL (R$)"]
[]
[null,"T. RR-1C","t",1,{"$f":"' CAP50-70 RR1-C + TRANSPORTE'!S28","v":279.61795433493461},{"$f":"D37*E37","v":279.61795433493461}]
[null,null,"Sub total:",null,null,{"$f":"SUM(F37)","v":279.61795433493461}]
[null,null,null,"BDI",0.15,{"$f":"F38*E39","v":41.942693150240189}]
[{"$nulls":4},"Total Serviços:",{"$f":"F38+F39","v":321.5606474851748}]
[null,null,null,"PREÇO UNITÁRIO TOTAL:",null,{"$f":"TRUNC(F40,2)","v":321.56},{"$f":"F38","v":279.61795433493461}]

{"sheet":" CAP50-70 RR1-C + TRANSPORTE","index":13,"n_rows":31,"n_cols":21,"rows_kept":31,"cut":false,"hidden":false,"merged":[[27,2,30,2],[7,1,7,17],[12,1,14,1],[12,2,12,4],[12,7,14,7],[16,3,16,5],[16,6,16,7],[16,16,16,17],[18,2,24,2],[9,1,10,20],[2,1,2,7],[3,1,3,7],[4,1,4,7],[5,1,5,7],[6,1,6,20]]}
{"$rows_empty":9}
[null,"MEMÓRIA DE CÁLCULO DO PREÇO DO BINÔMIO AQUISIÇÃO-TRANSPORTE (CAP 50/70 E EMULSÃO RR 1-C)"]
[]
[]
[null,"REAJUSTE","REAJUSTAMENTO DE OBRAS RODOVIÁRIAS - PAVIMENTAÇÃO",{"$nulls":4},"IMPOSTOS","COFINS",6.4999999999999997E-3]
[null,null,"DATA INICIAL","2014-07-01",270.23700000000002,null,null,null,"PIS",0.03]
[null,null,"DATA FINAL","2024-07-01",574.25699999999995,null,null,null," ICMS",0.18]
[]
[null,"DATA-BASE","PRODUTOS",null,null,null,"CUSTO ANP (R$/Kg)",null,"CUSTO ANP","IMPOSTOS DO PRODUTO","CUSTO DO PRODUTO COM IMPOSTOS","DMT's","CUSTO DO TRANSPORTE RODOVIA PAVIMENTADA","ATUALIZAÇÃO DO CUSTO DE TRANSPORTE","ICMS","CUSTO DO TRANSPORTE RODOVIA PAVIMENTADA COM IMPOSTOS E ATUALIZAÇÃO MONETÁRIA","PEDÁGIO ",null,"TOTAL TRANSPORTE","TOTAL PRODUTO","TOTAL GERAL"]
[null,"2023-06-01",null,"ENDEREÇO","ORIGEM\nREFINARIAS / DISTRIBUIDORAS","DESTINO","ESTADO","REGIÃO","R$/t","R$/t","R$/t","KM","R$/t","R$/t","R$/t","R$/t","CUSTO POR EIXO","R$/t","R$/t","R$/t","R$/t"]
[null,1,"CAP 50/70","BA-523, KM 4 - Mataripe, São Francisco do Conde - BA","Refinaria de Mataripe ACELEN (antiga Refinaria Landulpho Alves - RLAM) - BA","Itabaiana-SE",{"$f":"'ANP ESTADOS'!D45886","v":3.9349604896804897},"-",{"$f":"TRUNC(IF(G19=\"\",H19*1000,G19*1000),2)","v":3934.96},{"$f":"ROUND(((I19/(1-$J$13-$J$14))/(1-$J$15)-I19),2)","v":1045.56},{"$f":"J19+I19","v":4980.5200000000004},314,{"$f":"0.253*L19+26.939","v":106.381},{"$f":"M19*(1+(($E$15-$E$14)/$E$14))","v":226.06095359628762},{"$f":"(N19/(1-$J$15))-N19","v":49.623136155282623},{"$f":"N19+O19","v":275.68408975157024},0,{"$f":"Q19*2/28","v":0},{"$f":"P19+R19","v":275.68408975157024},{"$f":"K19","v":4980.5200000000004},{"$f":"S19+T19","v":5256.2040897515708}]
[null,2,null,"Av. Refinaria Gabriel Passos, 690\nDistrito Industrial Paulo Camilo Sul\nBetim - MG","Refinaria Gabriel Passos (Regap) - MG","Itabaiana-SE",{"$f":"'ANP ESTADOS'!D45894","v":3.307833192646652},"-",{"$f":"TRUNC(IF(G20=\"\",H20*1000,G20*1000),2)","v":3307.83},{"$f":"ROUND(((I20/(1-$J$13-$J$14))/(1-$J$15)-I20),2)","v":878.93},{"$f":"J20+I20","v":4186.76},1626,{"$f":"0.253*L20+26.939","v":438.31700000000001},{"$f":"M20*(1+(($E$15-$E$14)/$E$14))","v":931.42909915740597},{"$f":"(N20/(1-$J$15))-N20","v":204.46004615650372},{"$f":"N20+O20","v":1135.8891453139097},null,{"$f":"Q20*2/28","v":0},{"$f":"P20+R20","v":1135.8891453139097},{"$f":"K20","v":4186.76},{"$f":"S20+T20","v":5322.6491453139097}]
[null,3,null," Rodovia Washington Luiz, km 113,7\nCampos Elíseos – Duque de Caxias - RJ","Refinaria Duque de Caxias (Reduc) - RJ","Itabaiana-SE",{"$f":"'ANP ESTADOS'!D45900","v":3.2256672377137572},"-",3225.66,857.09,{"$f":"J21+I21","v":4082.75},1798,{"$f":"0.253*L21+26.939","v":481.83300000000003},{"$f":"M21*(1+(($E$15-$E$14)/$E$14))","v":1023.9011426303575},{"$f":"(N21/(1-$J$15))-N21","v":224.75878740666371},1248.6599300370212,null,{"$f":"Q21*2/28","v":0},{"$f":"P21+R21","v":1248.6599300370212},{"$f":"K21","v":4082.75},{"$f":"S21+T21","v":5331.4099300370217}]
[null,4,null," Rodovia Presidente Dutra, KM 143, S/N\nBairro Jardim Diamante - São José dos Campos – SP","Refinaria Henrique Lage (Revap) - SP","Itabaiana-SE",{"$f":"'ANP ESTADOS'!D45906","v":3.3412816275346398},"-",3341.28,887.81,4229.09,2153,571.64800000000002,1214.7591393332516,266.65444521949416,1481.4135845527458,null,0,1481.4135845527458,4229.09,5710.5035845527455]
[null,5,null,"Rodovia do Xisto, BR 476, km 16\nAraucária - PR","Refinaria Presidente Getúlio Vargas (Repar) - PR","Itabaiana-SE",{"$f":"'ANP ESTADOS'!D45897","v":3.417370179444057},"-",3417.37,908.03,4325.3999999999996,2610,687.26900000000001,1460.4552083282447,320.58772865741935,1781.042936985664,null,0,1781.042936985664,4325.3999999999996,6106.4429369856634]
[null,6,null,"Avenida Getúlio Vargas, 11001 - Bairro Brigadeira\nCanoas - RS - Brasil","Refinaria Alberto Pasqualini (Refap) - RS","Itabaiana-SE",{"$f":"'ANP ESTADOS'!D45902","v":3.4172435971744006},"-",3417.24,908,4325.24,3308,863.86299999999994,1835.7196638173152,402.962853033069,2238.6825168503842,null,0,2238.6825168503842,4325.24,6563.9225168503835]
[null,7,null,"Av. Leite Barbosa, s/nº - Mucuripe\nFortaleza - Ceará","Refinaria Lubrificantes e Derivados do Nordeste (Lubnor) - CE","Itabaiana-SE",{"$f":"'ANP ESTADOS'!D45887","v":3.6010110624326463},"-",3601.01,956.83,{"$f":"J25+I25","v":4557.84},1003,{"$f":"0.253*L25+26.939","v":280.69800000000004},{"$f":"M25*(1+(($E$15-$E$14)/$E$14))","v":596.48675564782013},{"$f":"(N25/(1-$J$15))-N25","v":130.93611709342383},727.42287274124396,null,{"$f":"Q25*2/28","v":0},{"$f":"P25+R25","v":727.42287274124396},{"$f":"K25","v":4557.84},{"$f":"S25+T25","v":5285.2628727412439}]
[]
[]
[null,1,"RR1-C","BA-531, 01 - Distrito Industrial, Candeias - BA","Distribuidora Brasil Asfaltos - BA","Itabaiana-SE","-",{"$f":"'ANP REGIÃO'!D4615","v":2.8205897508900026},{"$f":"IF(G28=\"-\",H28*1000,G28*1000)","v":2820.5897508900025},749.46,{"$f":"J28+I28","v":3570.0497508900025},320,{"$f":"0.253*L28+26.939","v":107.899},{"$f":"M28*(1+(($E$15-$E$14)/$E$14))","v":229.28672255464642},{"$f":"(N28/(1-$J$15))-N28","v":50.331231780288192},{"$f":"N28+O28","v":279.61795433493461},0,{"$f":"Q28*2/28","v":0},{"$f":"P28+R28","v":279.61795433493461},{"$f":"K28","v":3570.0497508900025},{"$f":"S28+T28","v":3849.667705224937}]
[null,2,null,"R. São Judas Tadeu, 288 - Distrito Industrial, Sarzedo - MG","DISBRAL - MG","Itabaiana-SE",{"$f":"'ANP ESTADOS'!D95844","v":2.4146315130574774},"-",{"$f":"IF(G29=\"-\",H29*1000,G29*1000)","v":2414.6315130574772},641.59,{"$f":"J29+I29","v":3056.2215130574773},1631,{"$f":"0.253*L29+26.939","v":439.58200000000005},{"$f":"M29*(1+(($E$15-$E$14)/$E$14))","v":934.11723995603836},{"$f":"(N29/(1-$J$15))-N29","v":205.05012584400822},{"$f":"N29+O29","v":1139.1673658000466},null,{"$f":"Q29*2/28","v":0},{"$f":"P29+R29","v":1139.1673658000466},{"$f":"K29","v":3056.2215130574773},{"$f":"S29+T29","v":4195.3888788575241}]
[null,3,null,"R. Silva Cardoso,235 - Campos Elíseos, Duque de Caxias – RJ","Stratura Asfaltos - RJ","Itabaiana-SE","-",{"$f":"'ANP REGIÃO'!F4615","v":2.5568047096927602},2556.8047096927603,679.37,{"$f":"J30+I30","v":3236.1747096927602},1795,{"$f":"0.253*L30+26.939","v":481.07400000000001},{"$f":"M30*(1+(($E$15-$E$14)/$E$14))","v":1022.2882581511781},{"$f":"(N30/(1-$J$15))-N30","v":224.4047395941609},{"$f":"N30+O30","v":1246.692997745339},null,{"$f":"Q30*2/28","v":0},{"$f":"P30+R30","v":1246.692997745339},{"$f":"K30","v":3236.1747096927602},{"$f":"S30+T30","v":4482.8677074380994}]
[null,4,null,"R. Oeste - Distrito Industrial I, Maracanaú - CE","Stratura Asfaltos - CE","Itabaiana-SE",{"$f":"'ANP ESTADOS'!D95837","v":2.7044082706699704},"-",2704.4082706699705,718.59,{"$f":"J31+I31","v":3422.9982706699707},1040,{"$f":"0.253*L31+26.939","v":290.05900000000003},{"$f":"M31*(1+(($E$15-$E$14)/$E$14))","v":616.37899755769922},{"$f":"(N31/(1-$J$15))-N31","v":135.30270678095826},{"$f":"N31+O31","v":751.68170433865748},null,{"$f":"Q31*2/28","v":0},{"$f":"P31+R31","v":751.68170433865748},{"$f":"K31","v":3422.9982706699707},{"$f":"S31+T31","v":4174.6799750086284}]

{"sheet":"CPUs","index":14,"n_rows":1230,"n_cols":10,"rows_kept":1230,"cut":false,"hidden":false,"merged":[[1222,6,1222,8],[1229,0,1229,4],[1229,5,1229,8],[1231,7,1231,8],[1221,0,1221,4],[1221,5,1221,8],[1196,0,1196,4],[1196,5,1196,8],[1197,5,1197,8],[1199,0,1199,4],[1199,5,1199,8],[1200,0,1200,4],[1200,5,1200,8],[1214,5,1214,8],[1215,7,1215,8],[1216,7,1216,8],[1217,7,1217,8],[1218,7,1218,8],[1219,7,1219,8],[1206,6,1206,8],[1207,6,1207,8],[1208,6,1208,8],[1209,6,1209,8],[1210,6,1210,8],[1211,6,1211,8],[1212,6,1212,8],[1213,6,1213,8],[1214,0,1214,4],[1204,0,1204,4],[1204,5,1204,8],[1205,0,1205,4],[1205,5,1205,8],[1203,0,1203,4],[1203,5,1203,8],[1220,7,1220,8],[1189,9,1190,9],[1164,0,1164,4],[1164,5,1164,8],[1165,0,1165,4],[1165,5,1165,8],[1166,0,1166,4],[1166,5,1166,8],[1167,0,1167,4],[1167,5,1167,8],[1168,0,1168,4],[1185,7,1185,8],[1187,4,1187,5],[1188,4,1188,5],[1189,0,1190,0],[1189,1,1190,1],[1189,2,1190,2],[1189,3,1190,3],[1189,4,1190,4],[1189,5,1189,6],[1175,1,1176,1],[1175,2,1176,2],[1175,3,1176,3],[1175,4,1176,4],[1175,5,1175,6],[1161,9,1162,9],[1175,9,1176,9],[1178,0,1178,4],[1178,5,1178,8],[1179,0,1179,4],[1179,5,1179,8],[1160,4,1160,5],[1161,0,1162,0],[1161,1,1162,1],[1161,2,1162,2],[1161,3,1162,3],[1161,4,1162,4],[1161,5,1161,6],[1180,0,1180,4],[1201,0,1201,4],[1201,5,1201,8],[1202,0,1202,4],[1202,5,1202,8],[1154,0,1154,4],[1154,5,1154,8],[1155,0,1155,4],[1155,5,1155,8],[1157,7,1157,8],[1159,4,1159,5],[1147,7,1147,8],[1189,7,1189,8],[1180,5,1180,8],[1181,0,1181,4],[1181,5,1181,8],[1182,0,1182,4],[1182,5,1182,8],[1183,0,1183,4],[1183,5,1183,8],[1175,7,1175,8],[1150,0,1150,4],[1150,5,1150,8],[1151,0,1151,4],[1151,5,1151,8],[1152,0,1152,4],[1152,5,1152,8],[1153,0,1153,4],[1153,5,1153,8],[1175,0,1176,0],[1168,5,1168,8],[1169,0,1169,4],[1169,5,1169,8],[1171,7,1171,8],[1173,4,1173,5],[1174,4,1174,5],[1161,7,1161,8],[1146,4,1146,5],[1147,0,1148,0],[1147,1,1148,1],[1147,2,1148,2],[1147,3,1148,3],[1147,4,1148,4],[1147,5,1147,6],[1140,0,1140,4],[1140,5,1140,8],[1141,0,1141,4],[1141,5,1141,8],[1143,7,1143,8],[1145,4,1145,5],[1133,7,1133,8],[1133,9,1134,9],[1136,0,1136,4],[1136,5,1136,8],[1137,0,1137,4],[1137,5,1137,8],[1138,0,1138,4],[1138,5,1138,8],[1139,0,1139,4],[1139,5,1139,8],[1147,9,1148,9],[1132,4,1132,5],[1133,0,1134,0],[1133,1,1134,1],[1133,2,1134,2],[1133,3,1134,3],[1133,4,1134,4],[1133,5,1133,6],[1126,0,1126,4],[1126,5,1126,8],[1127,0,1127,4],[1127,5,1127,8],[1129,7,1129,8],[1131,4,1131,5],[1119,7,1119,8],[1119,9,1120,9],[1122,0,1122,4],[1122,5,1122,8],[1123,0,1123,4],[1123,5,1123,8],[1124,0,1124,4],[1124,5,1124,8],[1125,0,1125,4],[1125,5,1125,8],[1118,4,1118,5],[1119,0,1120,0],[1119,1,1120,1],[1119,2,1120,2],[1119,3,1120,3],[1119,4,1120,4],[1119,5,1119,6],[1112,0,1112,4],[1112,5,1112,8],[1113,0,1113,4],[1113,5,1113,8],[1115,7,1115,8],[1117,4,1117,5],[1105,7,1105,8],[1105,9,1106,9],[1108,0,1108,4],[1108,5,1108,8],[1109,0,1109,4],[1109,5,1109,8],[1110,0,1110,4],[1110,5,1110,8],[1111,0,1111,4],[1111,5,1111,8],[1104,4,1104,5],[1105,0,1106,0],[1105,1,1106,1],[1105,2,1106,2],[1105,3,1106,3],[1105,4,1106,4],[1105,5,1105,6],[1098,0,1098,4],[1098,5,1098,8],[1099,0,1099,4],[1099,5,1099,8],[1101,7,1101,8],[1103,4,1103,5],[1091,7,1091,8],[1091,9,1092,9],[1094,0,1094,4],[1094,5,1094,8],[1095,0,1095,4],[1095,5,1095,8],[1096,0,1096,4],[1096,5,1096,8],[1097,0,1097,4],[1097,5,1097,8],[1090,4,1090,5],[1091,0,1092,0],[1091,1,1092,1],[1091,2,1092,2],[1091,3,1092,3],[1091,4,1092,4],[1091,5,1091,6],[1084,0,1084,4],[1084,5,1084,8],[1085,0,1085,4],[1085,5,1085,8],[1087,7,1087,8],[1089,4,1089,5],[1077,7,1077,8],[1077,9,1078,9],[1080,0,1080,4],[1080,5,1080,8],[1081,0,1081,4],[1081,5,1081,8],[1082,0,1082,4],[1082,5,1082,8],[1083,0,1083,4],[1083,5,1083,8],[1076,4,1076,5],[1077,0,1078,0],[1077,1,1078,1],[1077,2,1078,2],[1077,3,1078,3],[1077,4,1078,4],[1077,5,1077,6],[1070,0,1070,4],[1070,5,1070,8],[1071,0,1071,4],[1071,5,1071,8],[1073,7,1073,8],[1075,4,1075,5],[1063,7,1063,8],[1063,9,1064,9],[1066,0,1066,4],[1066,5,1066,8],[1067,0,1067,4],[1067,5,1067,8],[1068,0,1068,4],[1068,5,1068,8],[1069,0,1069,4],[1069,5,1069,8],[1039,0,1039,4],[1039,5,1039,8],[1040,0,1040,4],[1040,5,1040,8],[1041,0,1041,4],[1041,5,1041,8],[1062,4,1062,5],[1063,0,1064,0],[1063,1,1064,1],[1063,2,1064,2],[1063,3,1064,3],[1063,4,1064,4],[1063,5,1063,6],[1056,0,1056,4],[1056,5,1056,8],[1057,0,1057,4],[1057,5,1057,8],[1059,7,1059,8],[1061,4,1061,5],[1052,0,1052,4],[1052,5,1052,8],[1053,0,1053,4],[1053,5,1053,8],[1054,0,1054,4],[1054,5,1054,8],[1055,0,1055,4],[1055,5,1055,8],[1028,0,1028,4],[1028,5,1028,8],[1029,0,1029,4],[1029,5,1029,8],[1031,7,1031,8],[1033,4,1033,5],[1049,7,1049,8],[1049,9,1050,9],[1024,0,1024,4],[1024,5,1024,8],[1025,0,1025,4],[1025,5,1025,8],[1026,0,1026,4],[1026,5,1026,8],[1027,0,1027,4],[1027,5,1027,8],[1048,4,1048,5],[1049,0,1050,0],[1049,1,1050,1],[1049,2,1050,2],[1049,3,1050,3],[1049,4,1050,4],[1049,5,1049,6],[1042,0,1042,4],[1042,5,1042,8],[1043,0,1043,4],[1043,5,1043,8],[1045,7,1045,8],[1047,4,1047,5],[1035,9,1036,9],[1038,0,1038,4],[1038,5,1038,8],[1021,9,1022,9],[991,6,991,8],[992,6,992,8],[993,0,993,4],[993,5,993,8],[994,7,994,8],[995,7,995,8],[996,7,996,8],[997,0,997,4],[1021,0,1022,0],[1021,1,1022,1],[1021,2,1022,2],[1021,3,1022,3],[1021,4,1022,4],[1021,5,1021,6],[1035,7,1035,8],[1010,4,1010,5],[1011,4,1011,5],[1012,4,1012,5],[1013,4,1013,5],[1014,4,1014,5],[1015,4,1015,5],[1017,7,1017,8],[1019,4,1019,5],[1020,4,1020,5],[1034,4,1034,5],[1035,0,1036,0],[1035,1,1036,1],[1035,2,1036,2],[1035,3,1036,3],[1035,4,1036,4],[1035,5,1035,6],[1007,4,1007,5],[1008,4,1008,5],[1009,4,1009,5],[981,0,981,4],[981,5,981,8],[982,0,982,4],[982,5,982,8],[983,0,983,4],[983,5,983,8],[984,0,984,4],[997,5,997,8],[998,6,998,8],[1002,0,1002,4],[1002,5,1002,8],[1004,7,1004,8],[1006,4,1006,5],[1021,7,1021,8],[951,0,951,4],[951,5,951,8],[968,9,969,9],[974,0,974,4],[974,5,974,8],[975,5,975,8],[980,0,980,4],[980,5,980,8],[968,1,969,1],[968,2,969,2],[968,3,969,3],[968,4,969,4],[968,5,968,6],[968,7,968,8],[988,6,988,8],[989,6,989,8],[990,0,990,4],[990,5,990,8],[962,0,962,4],[962,5,962,8],[964,7,964,8],[966,4,966,5],[967,4,967,5],[968,0,969,0],[984,5,984,8],[985,0,985,4],[985,5,985,8],[986,0,986,4],[986,5,986,8],[987,6,987,8],[946,0,946,4],[946,5,946,8],[947,0,947,4],[947,5,947,8],[948,0,948,4],[948,5,948,8],[938,5,938,6],[938,7,938,8],[938,9,939,9],[942,0,942,4],[942,5,942,8],[943,5,943,8],[956,7,956,8],[957,7,957,8],[958,0,958,4],[958,5,958,8],[959,6,959,8],[938,0,939,0],[938,1,939,1],[938,2,939,2],[938,3,939,3],[938,4,939,4],[952,0,952,4],[952,5,952,8],[953,6,953,8],[954,6,954,8],[955,0,955,4],[955,5,955,8],[949,0,949,4],[949,5,949,8],[950,0,950,4],[950,5,950,8],[903,5,903,8],[904,5,904,8],[907,0,907,4],[907,5,907,8],[923,4,923,5],[924,4,924,5],[925,4,925,5],[927,7,927,8],[929,4,929,5],[930,4,930,5],[917,4,917,5],[918,4,918,5],[919,4,919,5],[920,4,920,5],[921,4,921,5],[922,4,922,5],[911,0,911,4],[911,5,911,8],[912,0,912,4],[912,5,912,8],[914,7,914,8],[916,4,916,5],[908,0,908,4],[908,5,908,8],[909,0,909,4],[909,5,909,8],[910,0,910,4],[910,5,910,8],[931,4,931,5],[932,4,932,5],[934,7,934,8],[936,4,936,5],[937,4,937,5],[900,9,901,9],[881,0,882,0],[881,1,882,1],[881,2,882,2],[881,3,882,3],[881,4,882,4],[881,5,881,6],[881,7,881,8],[881,9,882,9],[885,0,885,4],[896,7,896,8],[898,4,898,5],[899,4,899,5],[900,0,901,0],[900,1,901,1],[900,2,901,2],[900,3,901,3],[900,4,901,4],[900,5,900,6],[900,7,900,8],[892,0,892,4],[892,5,892,8],[893,0,893,4],[893,5,893,8],[894,0,894,4],[894,5,894,8],[903,0,903,4],[877,7,877,8],[879,4,879,5],[880,4,880,5],[852,4,852,5],[853,4,853,5],[854,5,854,8],[857,0,857,4],[857,5,857,8],[858,0,858,4],[858,5,858,8],[873,0,873,4],[873,5,873,8],[874,0,874,4],[874,5,874,8],[875,0,875,4],[875,5,875,8],[891,0,891,4],[891,5,891,8],[867,4,867,5],[868,5,868,8],[870,0,870,4],[870,5,870,8],[871,0,871,4],[871,5,871,8],[872,0,872,4],[872,5,872,8],[885,5,885,8],[886,5,886,8],[889,0,889,4],[889,5,889,8],[890,0,890,4],[890,5,890,8],[825,0,825,4],[825,5,825,8],[826,0,826,4],[826,5,826,8],[827,0,827,4],[844,0,844,4],[844,5,844,8],[845,0,845,4],[845,5,845,8],[846,0,846,4],[846,5,846,8],[862,0,862,4],[862,5,862,8],[864,7,864,8],[866,4,866,5],[837,7,837,8],[839,4,839,5],[840,4,840,5],[841,5,841,8],[843,0,843,4],[843,5,843,8],[859,0,859,4],[859,5,859,8],[860,0,860,4],[860,5,860,8],[861,0,861,4],[861,5,861,8],[831,6,831,8],[832,6,832,8],[833,6,833,8],[834,6,834,8],[835,0,835,4],[835,5,835,8],[827,5,827,8],[828,0,828,4],[828,5,828,8],[829,0,829,4],[829,5,829,8],[830,6,830,8],[847,0,847,4],[847,5,847,8],[848,0,848,4],[848,5,848,8],[850,7,850,8],[795,4,795,5],[796,4,796,5],[797,5,797,8],[800,0,800,4],[800,5,800,8],[816,0,816,4],[816,5,816,8],[817,0,817,4],[817,5,817,8],[818,0,818,4],[818,5,818,8],[810,4,810,5],[811,5,811,8],[814,0,814,4],[814,5,814,8],[815,0,815,4],[815,5,815,8],[804,0,804,4],[804,5,804,8],[805,0,805,4],[805,5,805,8],[807,7,807,8],[809,4,809,5],[801,0,801,4],[801,5,801,8],[802,0,802,4],[802,5,802,8],[803,0,803,4],[803,5,803,8],[819,0,819,4],[819,5,819,8],[821,7,821,8],[823,4,823,5],[824,4,824,5],[793,7,793,8],[765,7,765,8],[767,4,767,5],[768,4,768,5],[769,5,769,8],[771,0,771,4],[787,0,787,4],[787,5,787,8],[788,0,788,4],[788,5,788,8],[789,0,789,4],[789,5,789,8],[779,7,779,8],[781,4,781,5],[782,4,782,5],[783,5,783,8],[786,0,786,4],[786,5,786,8],[775,0,775,4],[775,5,775,8],[776,0,776,4],[776,5,776,8],[777,0,777,4],[777,5,777,8],[771,5,771,8],[772,0,772,4],[772,5,772,8],[773,0,773,4],[773,5,773,8],[774,0,774,4],[774,5,774,8],[790,0,790,4],[790,5,790,8],[791,0,791,4],[791,5,791,8],[761,0,761,4],[761,5,761,8],[762,0,762,4],[762,5,762,8],[763,0,763,4],[763,5,763,8],[758,0,758,4],[758,5,758,8],[759,0,759,4],[759,5,759,8],[760,0,760,4],[760,5,760,8],[751,9,752,9],[754,0,754,4],[754,5,754,8],[755,5,755,8],[757,0,757,4],[757,5,757,8],[751,7,751,8],[750,4,750,5],[751,0,752,0],[751,1,752,1],[751,2,752,2],[751,3,752,3],[751,4,752,4],[751,5,751,6],[743,6,743,8],[744,6,744,8],[745,0,745,4],[745,5,745,8],[747,7,747,8],[749,4,749,5],[739,0,739,4],[739,5,739,8],[740,0,740,4],[740,5,740,8],[741,6,741,8],[742,6,742,8],[738,0,738,4],[738,5,738,8],[716,4,716,5],[717,4,717,5],[718,0,719,0],[718,1,719,1],[718,2,719,2],[718,3,719,3],[730,0,730,4],[730,5,730,8],[732,7,732,8],[734,4,734,5],[735,4,735,5],[736,0,736,4],[736,5,736,8],[727,0,727,4],[727,5,727,8],[728,0,728,4],[728,5,728,8],[729,0,729,4],[729,5,729,8],[722,5,722,8],[725,0,725,4],[725,5,725,8],[726,0,726,4],[726,5,726,8],[704,0,704,4],[704,5,704,8],[705,5,705,8],[707,0,707,4],[718,4,719,4],[718,5,718,6],[718,7,718,8],[718,9,719,9],[721,0,721,4],[721,5,721,8],[737,0,737,4],[737,5,737,8],[711,0,711,4],[711,5,711,8],[712,0,712,4],[712,5,712,8],[714,7,714,8],[707,5,707,8],[708,0,708,4],[708,5,708,8],[709,0,709,4],[709,5,709,8],[710,0,710,4],[710,5,710,8],[701,0,702,0],[701,1,702,1],[701,2,702,2],[701,3,702,3],[701,4,702,4],[701,5,701,6],[694,5,694,8],[695,0,695,4],[695,5,695,8],[697,7,697,8],[700,4,700,5],[691,0,691,4],[691,5,691,8],[693,0,693,4],[693,5,693,8],[694,0,694,4],[701,9,702,9],[701,7,701,8],[657,7,657,8],[658,7,658,8],[659,7,659,8],[660,7,660,8],[661,0,661,4],[661,5,661,8],[682,5,682,8],[684,7,684,8],[686,4,686,5],[687,4,687,5],[688,5,688,8],[690,0,690,4],[690,5,690,8],[692,0,692,4],[692,5,692,8],[675,0,675,4],[675,5,675,8],[676,0,676,4],[676,5,676,8],[677,0,677,4],[677,5,677,8],[678,0,678,4],[678,5,678,8],[679,0,679,4],[679,5,679,8],[680,6,680,8],[681,6,681,8],[682,0,682,4],[643,0,643,4],[643,5,643,8],[644,0,644,4],[644,5,644,8],[645,0,645,4],[645,5,645,8],[662,6,662,8],[669,0,669,4],[669,5,669,8],[671,7,671,8],[673,4,673,5],[674,4,674,5],[699,4,699,5],[631,4,632,4],[631,5,631,6],[631,7,631,8],[625,0,625,4],[625,5,625,8],[650,6,650,8],[651,6,651,8],[652,6,652,8],[653,6,653,8],[654,0,654,4],[654,5,654,8],[646,0,646,4],[646,5,646,8],[647,0,647,4],[647,5,647,8],[648,6,648,8],[649,6,649,8],[655,7,655,8],[656,7,656,8],[621,5,621,8],[622,0,622,4],[622,5,622,8],[623,0,623,4],[623,5,623,8],[624,0,624,4],[624,5,624,8],[613,7,613,8],[613,9,614,9],[642,0,642,4],[642,5,642,8],[616,0,616,4],[616,5,616,8],[617,5,617,8],[619,0,619,4],[619,5,619,8],[620,0,620,4],[620,5,620,8],[621,0,621,4],[631,9,632,9],[637,0,637,4],[637,5,637,8],[638,5,638,8],[641,0,641,4],[641,5,641,8],[627,7,627,8],[629,4,629,5],[630,4,630,5],[631,0,632,0],[631,1,632,1],[631,2,632,2],[631,3,632,3],[611,4,611,5],[612,4,612,5],[613,0,614,0],[613,1,614,1],[613,2,614,2],[613,3,614,3],[613,4,614,4],[613,5,613,6],[605,5,605,8],[606,0,606,4],[606,5,606,8],[607,0,607,4],[607,5,607,8],[609,7,609,8],[599,5,599,6],[599,7,599,8],[599,9,600,9],[602,0,602,4],[602,5,602,8],[603,0,603,4],[603,5,603,8],[604,0,604,4],[604,5,604,8],[605,0,605,4],[593,0,593,4],[593,5,593,8],[595,7,595,8],[597,4,597,5],[598,4,598,5],[599,0,600,0],[599,1,600,1],[599,2,600,2],[599,3,600,3],[599,4,600,4],[589,0,589,4],[589,5,589,8],[590,0,590,4],[590,5,590,8],[591,0,591,4],[591,5,591,8],[592,0,592,4],[592,5,592,8],[588,0,588,4],[588,5,588,8],[556,0,556,4],[556,5,556,8],[557,0,557,4],[557,5,557,8],[558,6,558,8],[559,6,559,8],[560,6,560,8],[585,0,586,0],[585,1,586,1],[585,2,586,2],[585,3,586,3],[585,4,586,4],[585,5,585,6],[555,0,555,4],[555,5,555,8],[575,7,575,8],[577,4,577,5],[578,4,578,5],[579,4,579,5],[581,7,581,8],[583,4,583,5],[584,4,584,5],[585,7,585,8],[569,7,569,8],[571,4,571,5],[572,4,572,5],[573,4,573,5],[543,0,543,4],[543,5,543,8],[544,0,544,4],[544,5,544,8],[545,6,545,8],[546,6,546,8],[561,0,561,4],[561,5,561,8],[563,7,563,8],[565,4,565,5],[566,4,566,5],[567,4,567,5],[554,0,554,4],[554,5,554,8],[585,9,586,9],[521,0,521,4],[521,5,521,8],[523,7,523,8],[525,4,525,5],[526,4,526,5],[527,4,527,5],[528,4,528,5],[529,4,529,5],[530,4,530,5],[531,4,531,5],[532,4,532,5],[547,0,547,4],[547,5,547,8],[549,7,549,8],[551,4,551,5],[552,4,552,5],[553,0,553,4],[553,5,553,8],[542,0,542,4],[542,5,542,8],[516,0,516,4],[516,5,516,8],[517,6,517,8],[518,6,518,8],[519,6,519,8],[520,6,520,8],[541,0,541,4],[541,5,541,8],[498,3,499,3],[498,4,499,4],[498,5,498,6],[508,7,508,8],[510,4,510,5],[511,4,511,5],[512,0,512,4],[512,5,512,8],[513,0,513,4],[513,5,513,8],[514,0,514,4],[514,5,514,8],[515,0,515,4],[515,5,515,8],[533,4,533,5],[534,4,534,5],[536,7,536,8],[538,4,538,5],[539,4,539,5],[540,0,540,4],[540,5,540,8],[503,5,503,8],[504,0,504,4],[504,5,504,8],[505,0,505,4],[505,5,505,8],[506,0,506,4],[506,5,506,8],[465,9,466,9],[469,0,469,4],[469,5,469,8],[470,5,470,8],[472,0,472,4],[472,5,472,8],[473,0,473,4],[473,5,473,8],[484,5,484,6],[484,7,484,8],[484,9,485,9],[487,0,487,4],[487,5,487,8],[488,0,488,4],[488,5,488,8],[498,7,498,8],[498,9,499,9],[480,7,480,8],[482,4,482,5],[483,4,483,5],[501,0,501,4],[501,5,501,8],[502,0,502,4],[502,5,502,8],[503,0,503,4],[492,5,492,8],[494,7,494,8],[496,4,496,5],[497,4,497,5],[498,0,499,0],[498,1,499,1],[498,2,499,2],[477,0,477,4],[477,5,477,8],[478,0,478,4],[478,5,478,8],[456,0,456,4]],"merged_total":1677,"flags":["merged_cut"]}
[null,null,"Composições Analíticas com Preço Unitário",null,"Bancos",null,"B.D.I.",null,"Encargos Sociais"]
[null,null,"ITEM 01 - ECA",null,"SINAPI - 07/2024 - Sergipe\nSICRO3 - 04/2024 - Sergipe\nORSE - 06/2024 - Sergipe\n",null,"23,08%",null,"Não Desonerado: embutido nos preços unitário dos insumos de mão de obra, de acordo com as bases."]
["Composições Analíticas com Preço Unitário"]
["Composições Principais"]
[]
[]
[4,"Código","Banco","Descrição","Tipo",null,"Und","Quant.","Valor Unit","Total"]
["Composição"," 103689 ","SINAPI","FORNECIMENTO E INSTALAÇÃO DE PLACA DE OBRA COM CHAPA GALVANIZADA E ESTRUTURA DE MADEIRA. AF_03/2022_PS","PAVI - PAVIMENTAÇÃO",null,"m²",1,348.92,348.92]
["Composição Auxiliar"," 102234 ","SINAPI","PINTURA IMUNIZANTE PARA MADEIRA, 2 DEMÃOS. AF_01/2021","PINT - PINTURAS",null,"m²",0.5,25.92,12.96]
["Composição Auxiliar"," 88262 ","SINAPI","CARPINTEIRO DE FORMAS COM ENCARGOS COMPLEMENTARES","SEDI - SERVIÇOS DIVERSOS",null,"H",0.37290000000000001,25.8,9.6199999999999992]
["Composição Auxiliar"," 88316 ","SINAPI","SERVENTE COM ENCARGOS COMPLEMENTARES","SEDI - SERVIÇOS DIVERSOS",null,"H",1.1186,20.420000000000002,22.84]
["Insumo"," 00004509 ","SINAPI","SARRAFO *2,5 X 10* CM EM PINUS, MISTA OU EQUIVALENTE DA REGIAO - BRUTA","Material",null,"M",3.2082999999999999,5.58,17.899999999999999]
["Insumo"," 00004813 ","SINAPI","PLACA DE OBRA (PARA CONSTRUCAO CIVIL) EM CHAPA GALVANIZADA *N. 22*, ADESIVADA, DE *2,4 X 1,2* M (SEM POSTES PARA FIXACAO)","Material",null,"m²",1,285,285]
["Insumo"," 00005065 ","SINAPI","PREGO DE ACO POLIDO COM CABECA 10 X 10 (7/8 X 17)","Material",null,"KG",1.1299999999999999E-2,32.89,0.37]
["Insumo"," 00005069 ","SINAPI","PREGO DE ACO POLIDO COM CABECA 17 X 27 (2 1/2 X 11)","Material",null,"KG",1.32E-2,17.62,0.23]
[]
[]
[6,"Código","Banco","Descrição","Tipo",null,"Und","Quant.","Valor Unit","Total"]
["Composição"," 4011463 ","SICRO3","Concreto asfáltico - faixa C - areia e brita comerciais","",null,"t",1,202.41,202.41]
["A","Código","Banco","Equipamentos","Quantidade","Utilização",null,"Custo Operacional",null,"Custo Horário"]
[{"$nulls":5},"Operativa","Improdutiva","Operativa","Improdutiva"]
["Insumo","E9762","SICRO3","Rolo compactador de pneus autopropelido de 27 t - 85 kW",1,0.71,0.28999999999999998,248.3853,120.0527,211.1688]
["Insumo","E9681","SICRO3","Rolo compactador liso tandem vibratório autopropelido de 10,4 t - 82 kW",1,0.82,0.18,272.34539999999998,101.4898,241.59139999999999]
["Insumo","E9545","SICRO3","Vibroacabadora de asfalto sobre esteiras - 82 kW",1,1,0,602.25289999999995,286.40780000000001,602.25289999999995]
[{"$nulls":5},"Custo Horário de Equipamentos =>",null,null,null,1055.0130999999999]
["B","Código","Banco","Mão de Obra","Quantidade","Salário Hora",null,null,null,"Custo Horário"]
["Insumo","P9824","SICRO3","Servente",8,null,null,null,20.652699999999999,165.2216]
[{"$nulls":5},"Custo Horário da Mão de Obra =>",null,null,null,165.2216]
[{"$nulls":5},"Adc.M.O. - Ferramentas (0,0%) =>",null,null,null,0]
[{"$nulls":5},"Custo Horário de Execução =>",null,null,null,1220.2347]
[{"$nulls":5},"Fator de Influencia da Chuva - FIC =>",null,null,null,3.5999999999999999E-3]
[{"$nulls":5},"Custo do FIC =>",null,null,null,4.3700000000000003E-2]
[{"$nulls":5},"Produção de Equipe =>",null,null,null,99.6]
[{"$nulls":5},"Custo Unitário de Execução =>",null,null,null,12.2514]
["D","Banco","Código","Atividades Auxiliares","Quantidade","Unidade","Preço Unitário",null,null,"Custo Horário"]
["Atividade Auxiliar","SICRO3",6416078,"Usinagem de concreto asfáltico - faixa C - areia e brita comerciais",1,"t",182.55,null,null,182.55]
[{"$nulls":5},"Custo Total das Atividades =>",null,null,null,182.55]
["E","Banco","Insumo","Tempos Fixos","Código","Quantidade","Unidade","Preço Unitário",null,"Custo Horário"]
["Tempo Fixo","SICRO3",6416078,"Carga, manobra e descarga de mistura betuminosa a quente em caminhão basculante de 10 m³ - carga em usina de asfalto100/140 t/h e descarga em vibroacabadora",5914649,1,"t",7.56,null,7.56]
[{"$nulls":5},"Custo Total dos Tempos Fixos =>",null,null,null,7.56]
["F","Banco","Insumo","Momento de Transporte","Quantidade","Unidade","Distância Média de Transporte (DMT)",null,null,"Custo Horário"]
[{"$nulls":6},"LN","RP","P"]
["Momento de Transporte","SICRO3",6416078,"Usinagem de concreto asfáltico - faixa C - areia e brita comerciais - Caminhão basculante com capacidade de 10 m³ - 188 kW",1,"tkm","5914359\n0,000\nR$ 1,19","5914374\n0,000\nR$ 0,95","5914389\n0,000\nR$ 0,78",0]
[{"$nulls":5},"Custo total dos Momentos de Transportes =>",null,null,null,0]
[]
[]
[]
[7,"Código","Banco","Descrição","Tipo",null,"Und","Quant.","Valor Unit","Total"]
["Composição"," 4011353 ","SICRO3","Pintura de ligação","",null,"m²",1,0.27,0.27]
["A","Código","Banco","Equipamentos","Quantidade","Utilização",null,"Custo Operacional",null,"Custo Horário"]
[{"$nulls":5},"Operativa","Improdutiva","Operativa","Improdutiva"]
["Insumo","E9509","SICRO3","Caminhão tanque distribuidor de asfalto com capacidade de 6.000 l - 7 kW/136 kW",1,1,0,251.40969999999999,70.960499999999996,251.40969999999999]
["Insumo","E9558","SICRO3","Tanque de estocagem de asfalto com capacidade de 30.000 l",2,1,0,55.782299999999999,38.103400000000001,111.5646]
[{"$nulls":5},"Custo Horário de Equipamentos =>",null,null,null,362.97430000000003]
["B","Código","Banco","Mão de Obra","Quantidade","Salário Hora",null,null,null,"Custo Horário"]
["Insumo","P9824","SICRO3","Servente",2,null,null,null,20.652699999999999,41.305399999999999]
[{"$nulls":5},"Custo Horário da Mão de Obra =>",null,null,null,41.305399999999999]
[{"$nulls":5},"Adc.M.O. - Ferramentas (0,0%) =>",null,null,null,0]
[{"$nulls":5},"Custo Horário de Execução =>",null,null,null,404.27969999999999]
[{"$nulls":5},"Fator de Influencia da Chuva - FIC =>",null,null,null,3.5999999999999999E-3]
[{"$nulls":5},"Custo do FIC =>",null,null,null,1E-3]
[{"$nulls":5},"Produção de Equipe =>",null,null,null,1500]
[{"$nulls":5},"Custo Unitário de Execução =>",null,null,null,0.26950000000000002]
["C","Banco","Código","Material","Quantidade","Unidade","Preço Unitário",null,null,"Custo Horário"]
["Insumo","SICRO3","M1946","Emulsão asfáltica - RR-1C",4.4999999999999999E-4,"t",0,null,null,0]
[{"$nulls":5},"Custo Total do Material =>",null,null,null,0]
[]
[]
[]
[8,"Código","Banco","Descrição","Tipo",null,"Und","Quant.","Valor Unit","Total"]
["Composição"," 4915663 ","SICRO3","Fresagem descontínua de revestimento asfáltico - espessura de 5 cm","",null,"m³",1,71.95,71.95]
["A","Código","Banco","Equipamentos","Quantidade","Utilização",null,"Custo Operacional",null,"Custo Horário"]
[{"$nulls":5},"Operativa","Improdutiva","Operativa","Improdutiva"]
["Insumo","E9571","SICRO3","Caminhão tanque com capacidade de 10.000 l - 188 kW",1,0.18,0.82,315.7824,81.224900000000005,123.4453]
["Insumo","E9678","SICRO3","Fresadora a frio - 455 kW",1,1,0,1378.5378000000001,477.43680000000001,1378.5378000000001]
["Insumo","E9697","SICRO3","Minicarregadeira de pneus com vassoura de 1,68 m - 45,50 kW",1,0.97,0.03,155.25550000000001,66.941400000000002,152.6061]
["Insumo","E9156","SICRO3","Soprador de ar costal - 2,6 kW",1,1,0,5.6558000000000002,0.48809999999999998,5.6558000000000002]
[{"$nulls":5},"Custo Horário de Equipamentos =>",null,null,null,1660.2449999999999]
["B","Código","Banco","Mão de Obra","Quantidade","Salário Hora",null,null,null,"Custo Horário"]
["Insumo","P9824","SICRO3","Servente",3,null,null,null,20.652699999999999,61.958100000000002]
[{"$nulls":5},"Custo Horário da Mão de Obra =>",null,null,null,61.958100000000002]
[{"$nulls":5},"Adc.M.O. - Ferramentas (0,0%) =>",null,null,null,0]
[{"$nulls":5},"Custo Horário de Execução =>",null,null,null,1722.2030999999999]
[{"$nulls":5},"Fator de Influencia da Chuva - FIC =>",null,null,null,0]
[{"$nulls":5},"Custo do FIC =>",null,null,null,0]
[{"$nulls":5},"Produção de Equipe =>",null,null,null,49.03]
[{"$nulls":5},"Custo Unitário de Execução =>",null,null,null,35.125500000000002]
["C","Banco","Código","Material","Quantidade","Unidade","Preço Unitário",null,null,"Custo Horário"]
["Insumo","SICRO3","M1974","Dente de corte para fresadora de 455 kW",0.64800000000000002,"un",40.150100000000002,null,null,26.017299999999999]
["Insumo","SICRO3","M2148","Porta-dente de corte para fresadora e recicladora a frio",1.1299999999999999E-3,"un",491.78219999999999,null,null,0.55569999999999997]
[{"$nulls":5},"Custo Total do Material =>",null,null,null,26.573]
["E","Banco","Insumo","Tempos Fixos","Código","Quantidade","Unidade","Preço Unitário",null,"Custo Horário"]
["Tempo Fixo","SICRO3","M3507","Carga, manobra e descarga de material fresado em caminhão basculante de 10 m³ - fresagem descontínua em espessura de5 cm - carga com fresadora e descarga livre",5914352,2.4,"t",4.2699999999999996,null,10.247999999999999]
[{"$nulls":5},"Custo Total dos Tempos Fixos =>",null,null,null,10.247999999999999]
["F","Banco","Insumo","Momento de Transporte","Quantidade","Unidade","Distância Média de Transporte (DMT)",null,null,"Custo Horário"]
[{"$nulls":6},"LN","RP","P"]
["Momento de Transporte","SICRO3","M3507","Revestimento asfáltico - Caminhão basculante com capacidade de 10 m³ - 188 kW",2.4,"tkm","5914359\n0,000\nR$ 1,19","5914374\n0,000\nR$ 0,95","5914389\n0,000\nR$ 0,78",0]
[{"$nulls":5},"Custo total dos Momentos de Transportes =>",null,null,null,0]
[]
[]
[]
[9,"Código","Banco","Descrição","Tipo",null,"Und","Quant.","Valor Unit","Total"]
["Composição"," 4915618 ","SICRO3","Recomposição de camada granular do pavimento com material de jazida","",null,"m²",1,3.07,3.07]
["A","Código","Banco","Equipamentos","Quantidade","Utilização",null,"Custo Operacional",null,"Custo Horário"]
[{"$nulls":5},"Operativa","Improdutiva","Operativa","Improdutiva"]
["Insumo","E9605","SICRO3","Caminhão tanque com capacidade de 6.000 l - 136 kW",1,0.38,0.62,240.3886,68.5501,133.84870000000001]
["Insumo","E9518","SICRO3","Grade de 24 discos rebocável de D = 60 cm (24”)",1,0.38,0.62,4.8604000000000003,3.3847,3.9455]
["Insumo","E9524","SICRO3","Motoniveladora - 93 kW",1,0.32,0.68,280.14109999999999,121.0896,171.98609999999999]
["Insumo","E9762","SICRO3","Rolo compactador de pneus autopropelido de 27 t - 85 kW",1,0.96,0.04,248.3853,120.0527,243.25200000000001]
["Insumo","E9685","SICRO3","Rolo compactador pé de carneiro vibratório autopropelido por pneus de 11,6 t - 82 kW",1,1,0,212.47120000000001,93.993300000000005,212.47120000000001]
["Insumo","E9577","SICRO3","Trator agrícola sobre pneus - 77 kW",1,0.38,0.62,140.85749999999999,50.441800000000001,84.799800000000005]
[{"$nulls":5},"Custo Horário de Equipamentos =>",null,null,null,850.30330000000004]
["B","Código","Banco","Mão de Obra","Quantidade","Salário Hora",null,null,null,"Custo Horário"]
["Insumo","P9824","SICRO3","Servente",2,null,null,null,20.652699999999999,41.305399999999999]
[{"$nulls":5},"Custo Horário da Mão de Obra =>",null,null,null,41.305399999999999]
[{"$nulls":5},"Adc.M.O. - Ferramentas (0,0%) =>",null,null,null,0]
[{"$nulls":5},"Custo Horário de Execução =>",null,null,null,891.6087]
[{"$nulls":5},"Fator de Influencia da Chuva - FIC =>",null,null,null,2.1399999999999999E-2]
[{"$nulls":5},"Custo do FIC =>",null,null,null,4.58E-2]
[{"$nulls":5},"Produção de Equipe =>",null,null,null,417.38]
[{"$nulls":5},"Custo Unitário de Execução =>",null,null,null,2.1362000000000001]
["D","Banco","Código","Atividades Auxiliares","Quantidade","Unidade","Preço Unitário",null,null,"Custo Horário"]
["Atividade Auxiliar","SICRO3",4016096,"Escavação e carga de material de jazida com escavadeira hidráulica de 1,56 m³",0.22005,"m³",1.33,null,null,0.29270000000000002]
[{"$nulls":5},"Custo Total das Atividades =>",null,null,null,0.29270000000000002]
["E","Banco","Insumo","Tempos Fixos","Código","Quantidade","Unidade","Preço Unitário",null,"Custo Horário"]
["Tempo Fixo","SICRO3",4016096,"Carga, manobra e descarga de agregados ou solos em caminhão basculante de 6 m³ - carga com escavadeira de 1,56 m³(exclusa) e descarga livre",5914353,0.41259000000000001,"t",1.44,null,0.59409999999999996]
[{"$nulls":5},"Custo Total dos Tempos Fixos =>",null,null,null,0.59409999999999996]
["F","Banco","Insumo","Momento de Transporte","Quantidade","Unidade","Distância Média de Transporte (DMT)",null,null,"Custo Horário"]
[{"$nulls":6},"LN","RP","P"]
["Momento de Transporte","SICRO3",4016096,"Escavação e carga de material de jazida com escavadeira hidráulica de 1,56 m³ - Caminhão basculante com capacidade de 6 m³ - 136 kW",0.41259000000000001,"tkm","5914314\n0,000\nR$ 1,22","5914329\n0,000\nR$ 0,97","5914344\n0,000\nR$ 0,79",0]
[{"$nulls":5},"Custo total dos Momentos de Transportes =>",null,null,null,0]
[]
[]
[]
[14,"Código","Banco","Descrição","Tipo",null,"Und","Quant.","Valor Unit","Total"]
["Composição"," 5213440 ","SICRO3","Placa de regulamentação em aço D = 0,60 m - película retrorrefletiva tipo I + SI - fornecimento e implantação","",null,"un",1,252.07,252.07]
["A","Código","Banco","Equipamentos","Quantidade","Utilização",null,"Custo Operacional",null,"Custo Horário"]
[{"$nulls":5},"Operativa","Improdutiva","Operativa","Improdutiva"]
["Insumo","E9687","SICRO3","Caminhão carroceria com capacidade de 5 t - 115 kW",1,0.3,0.7,144.8526,57.002099999999999,83.357299999999995]
[{"$nulls":5},"Custo Horário de Equipamentos =>",null,null,null,83.357299999999995]
["B","Código","Banco","Mão de Obra","Quantidade","Salário Hora",null,null,null,"Custo Horário"]
["Insumo","P9830","SICRO3","Montador",1,null,null,null,30.709900000000001,30.709900000000001]
["Insumo","P9824","SICRO3","Servente",2,null,null,null,20.652699999999999,41.305399999999999]
[{"$nulls":5},"Custo Horário da Mão de Obra =>",null,null,null,72.015299999999996]
[{"$nulls":5},"Adc.M.O. - Ferramentas (0,0%) =>",null,null,null,0]
[{"$nulls":5},"Custo Horário de Execução =>",null,null,null,155.37260000000001]
[{"$nulls":5},"Fator de Influencia da Chuva - FIC =>",null,null,null,0]
[{"$nulls":5},"Custo do FIC =>",null,null,null,0]
[{"$nulls":5},"Produção de Equipe =>",null,null,null,3]
[{"$nulls":5},"Custo Unitário de Execução =>",null,null,null,51.790900000000001]
["D","Banco","Código","Atividades Auxiliares","Quantidade","Unidade","Preço Unitário",null,null,"Custo Horário"]
["Atividade Auxiliar","SICRO3",5213414,"Placa em aço nº 16 galvanizado com película retrorrefletiva tipo I + SI - confecção",0.35993999999999998,"m²",556.41,null,null,200.27420000000001]
[{"$nulls":5},"Custo Total das Atividades =>",null,null,null,200.27420000000001]
[]
[]
[]
[15,"Código","Banco","Descrição","Tipo",null,"Und","Quant.","Valor Unit","Total"]
["Composição"," 5213464 ","SICRO3","Placa de advertência em aço, lado de 0,60 m - película retrorrefletiva tipo I + SI - fornecimento e implantação","",null,"un",1,252.1,252.1]
["A","Código","Banco","Equipamentos","Quantidade","Utilização",null,"Custo Operacional",null,"Custo Horário"]
[{"$nulls":5},"Operativa","Improdutiva","Operativa","Improdutiva"]
["Insumo","E9687","SICRO3","Caminhão carroceria com capacidade de 5 t - 115 kW",1,0.3,0.7,144.8526,57.002099999999999,83.357299999999995]
[{"$nulls":5},"Custo Horário de Equipamentos =>",null,null,null,83.357299999999995]
["B","Código","Banco","Mão de Obra","Quantidade","Salário Hora",null,null,null,"Custo Horário"]
["Insumo","P9830","SICRO3","Montador",1,null,null,null,30.709900000000001,30.709900000000001]
["Insumo","P9824","SICRO3","Servente",2,null,null,null,20.652699999999999,41.305399999999999]
[{"$nulls":5},"Custo Horário da Mão de Obra =>",null,null,null,72.015299999999996]
[{"$nulls":5},"Adc.M.O. - Ferramentas (0,0%) =>",null,null,null,0]
[{"$nulls":5},"Custo Horário de Execução =>",null,null,null,155.37260000000001]
[{"$nulls":5},"Fator de Influencia da Chuva - FIC =>",null,null,null,0]
[{"$nulls":5},"Custo do FIC =>",null,null,null,0]
[{"$nulls":5},"Produção de Equipe =>",null,null,null,3]
[{"$nulls":5},"Custo Unitário de Execução =>",null,null,null,51.790900000000001]
["D","Banco","Código","Atividades Auxiliares","Quantidade","Unidade","Preço Unitário",null,null,"Custo Horário"]
["Atividade Auxiliar","SICRO3",5213414,"Placa em aço nº 16 galvanizado com película retrorrefletiva tipo I + SI - confecção",0.36,"m²",556.41,null,null,200.30760000000001]
[{"$nulls":5},"Custo Total das Atividades =>",null,null,null,200.30760000000001]
[]
[]
[]
[16,"Código","Banco","Descrição","Tipo",null,"Und","Quant.","Valor Unit","Total"]
["Composição"," 5213863 ","SICRO3","Suporte metálico galvanizado para placa de advertência ou regulamentação - lado ou diâmetro de 0,60 m - fornecimento e implantação","",null,"un",1,453.39,453.39]
["A","Código","Banco","Equipamentos","Quantidade","Utilização",null,"Custo Operacional",null,"Custo Horário"]
[{"$nulls":5},"Operativa","Improdutiva","Operativa","Improdutiva"]
["Insumo","E9687","SICRO3","Caminhão carroceria com capacidade de 5 t - 115 kW",1,0.3,0.7,144.8526,57.002099999999999,83.357299999999995]
[{"$nulls":5},"Custo Horário de Equipamentos =>",null,null,null,83.357299999999995]
["B","Código","Banco","Mão de Obra","Quantidade","Salário Hora",null,null,null,"Custo Horário"]
["Insumo","P9830","SICRO3","Montador",1,null,null,null,30.709900000000001,30.709900000000001]
["Insumo","P9824","SICRO3","Servente",1,null,null,null,20.652699999999999,20.652699999999999]
[{"$nulls":5},"Custo Horário da Mão de Obra =>",null,null,null,51.3626]
[{"$nulls":5},"Adc.M.O. - Ferramentas (0,0%) =>",null,null,null,0]
[{"$nulls":5},"Custo Horário de Execução =>",null,null,null,134.7199]
[{"$nulls":5},"Fator de Influencia da Chuva - FIC =>",null,null,null,0]
[{"$nulls":5},"Custo do FIC =>",null,null,null,0]
[{"$nulls":5},"Produção de Equipe =>",null,null,null,4.0999999999999996]
[{"$nulls":5},"Custo Unitário de Execução =>",null,null,null,32.858499999999999]
["C","Banco","Código","Material","Quantidade","Unidade","Preço Unitário",null,null,"Custo Horário"]
["Insumo","SICRO3","M0789","Conjunto para fixação de placas em aço galvanizado composto por barra chata, abraçadeira, parafusos,",0.69699999999999995,"kg",30.351099999999999,null,null,21.154699999999998]
["Insumo","SICRO3","M0787","Suporte em aço-carbono galvanizado tipo perfil C para placa de sinalização",12.717000000000001,"kg",29.35,null,null,373.24400000000003]
[{"$nulls":5},"Custo Total do Material =>",null,null,null,394.39870000000002]
["D","Banco","Código","Atividades Auxiliares","Quantidade","Unidade","Preço Unitário",null,null,"Custo Horário"]
["Atividade Auxiliar","SICRO3",1107892,"Concreto fck = 20 MPa - confecção em betoneira e lançamento manual - areia e brita comerciais",5.0270000000000002E-2,"m³",469.11,null,null,23.5822]
["Atividade Auxiliar","SICRO3",4805750,"Escavação manual em material de 1ª categoria na profundidade de até 1 m",5.0270000000000002E-2,"m³",42.19,null,null,2.1208999999999998]
[{"$nulls":5},"Custo Total das Atividades =>",null,null,null,25.703099999999999]
["E","Banco","Insumo","Tempos Fixos","Código","Quantidade","Unidade","Preço Unitário",null,"Custo Horário"]
["Tempo Fixo","SICRO3","M0789","Carga, manobra e descarga de materiais diversos em caminhão carroceria de 15 t - carga e descarga manuais",5914655,6.9999999999999999E-4,"t",32.229999999999997,null,2.2599999999999999E-2]
["Tempo Fixo","SICRO3","M0787","Carga, manobra e descarga de materiais diversos em caminhão carroceria de 15 t - carga e descarga manuais",5914655,1.272E-2,"t",32.229999999999997,null,0.41]
[{"$nulls":5},"Custo Total dos Tempos Fixos =>",null,null,null,0.43259999999999998]
["F","Banco","Insumo","Momento de Transporte","Quantidade","Unidade","Distância Média de Transporte (DMT)",null,null,"Custo Horário"]
[{"$nulls":6},"LN","RP","P"]
["Momento de Transporte","SICRO3","M0789","Conjunto para fixação de placas em aço galvanizado composto por barra chata, abraçadeira, parafusos, - Caminhão carroceria com capacidade de 15 t - 188 kW",6.9999999999999999E-4,"tkm","5914449\n0,000\nR$ 1,06","5914464\n0,000\nR$ 0,85","5914479\n0,000\nR$ 0,69",0]
["Momento de Transporte","SICRO3","M0787","Suporte em aço-carbono galvanizado tipo perfil C para placa de sinalização - Caminhão carroceria com capacidade de 15 t - 188 kW",1.272E-2,"tkm","5914449\n0,000\nR$ 1,06","5914464\n0,000\nR$ 0,85","5914479\n0,000\nR$ 0,69",0]
[{"$nulls":5},"Custo total dos Momentos de Transportes =>",null,null,null,0]
[]
[]
[]
[17,"Código","Banco","Descrição","Tipo",null,"Und","Quant.","Valor Unit","Total"]
["Composição"," 5213400 ","SICRO3","Pintura de faixa com tinta acrílica - espessura de 0,4 mm","",null,"m²",1,24.23,24.23]
["A","Código","Banco","Equipamentos","Quantidade","Utilização",null,"Custo Operacional",null,"Custo Horário"]
[{"$nulls":5},"Operativa","Improdutiva","Operativa","Improdutiva"]
["Insumo","E9644","SICRO3","Caminhão demarcador de faixas com sistema de pintura a frio - 28 kW/115 kW",1,1,0,362.96949999999998,150.8912,362.96949999999998]
[{"$nulls":5},"Custo Horário de Equipamentos =>",null,null,null,362.96949999999998]
["B","Código","Banco","Mão de Obra","Quantidade","Salário Hora",null,null,null,"Custo Horário"]
["Insumo","P9853","SICRO3","Pré-marcador",1,null,null,null,20.4679,20.4679]
["Insumo","P9824","SICRO3","Servente",4,null,null,null,20.652699999999999,82.610799999999998]
[{"$nulls":5},"Custo Horário da Mão de Obra =>",null,null,null,103.0787]
[{"$nulls":5},"Adc.M.O. - Ferramentas (0,0%) =>",null,null,null,0]
[{"$nulls":5},"Custo Horário de Execução =>",null,null,null,466.04820000000001]
[{"$nulls":5},"Fator de Influencia da Chuva - FIC =>",null,null,null,0]
[{"$nulls":5},"Custo do FIC =>",null,null,null,0]
[{"$nulls":5},"Produção de Equipe =>",null,null,null,177.07]
[{"$nulls":5},"Custo Unitário de Execução =>",null,null,null,2.6320000000000001]
["C","Banco","Código","Material","Quantidade","Unidade","Preço Unitário",null,null,"Custo Horário"]
["Insumo","SICRO3","M2037","Microesferas refletivas de vidro tipo I-B",0.08,"kg",9.8178000000000001,null,null,0.78539999999999999]
["Insumo","SICRO3","M2038","Microesferas refletivas de vidro tipo II-A",0.35,"kg",10.5275,null,null,3.6846000000000001]
["Insumo","SICRO3","M2034","Solvente para tinta à base de resina acrílica",0.02,"l",16.6111,null,null,0.3322]
["Insumo","SICRO3","M2044","Tinta à base de resina acrílica emulsionada em água para pré-marcação viária",9.7000000000000005E-4,"l",22.174299999999999,null,null,2.1499999999999998E-2]
["Insumo","SICRO3","M2027","Tinta à base de resina acrílica estirenada para demarcação viária",0.4,"l",41.8628,null,null,16.745100000000001]
[{"$nulls":5},"Custo Total do Material =>",null,null,null,21.5688]
["E","Banco","Insumo","Tempos Fixos","Código","Quantidade","Unidade","Preço Unitário",null,"Custo Horário"]
["Tempo Fixo","SICRO3","M2037","Carga, manobra e descarga de materiais diversos em caminhão carroceria de 15 t - carga e descarga manuais",5914655,8.0000000000000007E-5,"t",32.229999999999997,null,2.5999999999999999E-3]
["Tempo Fixo","SICRO3","M2038","Carga, manobra e descarga de materiais diversos em caminhão carroceria de 15 t - carga e descarga manuais",5914655,3.5E-4,"t",32.229999999999997,null,1.1299999999999999E-2]
["Tempo Fixo","SICRO3","M2034","Carga, manobra e descarga de materiais diversos em caminhão carroceria de 15 t - carga e descarga manuais",5914655,2.0000000000000002E-5,"t",32.229999999999997,null,5.9999999999999995E-4]
["Tempo Fixo","SICRO3","M2027","Carga, manobra e descarga de materiais diversos em caminhão carroceria de 15 t - carga e descarga manuais",5914655,5.5000000000000003E-4,"t",32.229999999999997,null,1.77E-2]
[{"$nulls":5},"Custo Total dos Tempos Fixos =>",null,null,null,3.2199999999999999E-2]
["F","Banco","Insumo","Momento de Transporte","Quantidade","Unidade","Distância Média de Transporte (DMT)",null,null,"Custo Horário"]
[{"$nulls":6},"LN","RP","P"]
["Momento de Transporte","SICRO3","M2037","Microesferas refletivas de vidro tipo I-B - Caminhão carroceria com capacidade de 15 t - 188 kW",8.0000000000000007E-5,"tkm","5914449\n0,000\nR$ 1,06","5914464\n0,000\nR$ 0,85","5914479\n0,000\nR$ 0,69",0]
["Momento de Transporte","SICRO3","M2038","Microesferas refletivas de vidro tipo II-A - Caminhão carroceria com capacidade de 15 t - 188 kW",3.5E-4,"tkm","5914449\n0,000\nR$ 1,06","5914464\n0,000\nR$ 0,85","5914479\n0,000\nR$ 0,69",0]
["Momento de Transporte","SICRO3","M2034","Solvente para tinta à base de resina acrílica - Caminhão carroceria com capacidade de 15 t - 188 kW",2.0000000000000002E-5,"tkm","5914449\n0,000\nR$ 1,06","5914464\n0,000\nR$ 0,85","5914479\n0,000\nR$ 0,69",0]
["Momento de Transporte","SICRO3","M2027","Tinta à base de resina acrílica estirenada para demarcação viária - Caminhão carroceria com capacidade de 15 t - 188 kW",5.5000000000000003E-4,"tkm","5914449\n0,000\nR$ 1,06","5914464\n0,000\nR$ 0,85","5914479\n0,000\nR$ 0,69",0]
[{"$nulls":5},"Custo total dos Momentos de Transportes =>",null,null,null,0]
[]
[]
[]
[18,"Código","Banco","Descrição","Tipo",null,"Und","Quant.","Valor Unit","Total"]
["Composição"," 4915777 ","SICRO3","Reassentamento manual de meio-fio com material arrancado da pista","",null,"m",1,13.38,13.38]
["B","Código","Banco","Mão de Obra","Quantidade","Salário Hora",null,null,null,"Custo Horário"]
["Insumo","P9821","SICRO3","Pedreiro",1,null,null,null,25.616099999999999,25.616099999999999]
["Insumo","P9824","SICRO3","Servente",2,null,null,null,20.652699999999999,41.305399999999999]
[{"$nulls":5},"Custo Horário da Mão de Obra =>",null,null,null,66.921499999999995]
[{"$nulls":5},"Adc.M.O. - Ferramentas (0,0%) =>",null,null,null,0]
[{"$nulls":5},"Custo Horário de Execução =>",null,null,null,66.921499999999995]
[{"$nulls":5},"Fator de Influencia da Chuva - FIC =>",null,null,null,0]
[{"$nulls":5},"Custo do FIC =>",null,null,null,0]
[{"$nulls":5},"Produção de Equipe =>",null,null,null,5]
[{"$nulls":5},"Custo Unitário de Execução =>",null,null,null,13.3843]
[]
[]
[]
[19,"Código","Banco","Descrição","Tipo",null,"Und","Quant.","Valor Unit","Total"]
["Composição"," 4915708 ","SICRO3","Limpeza de sarjeta e meio-fio","",null,"m",1,0.69,0.69]
["B","Código","Banco","Mão de Obra","Quantidade","Salário Hora",null,null,null,"Custo Horário"]
["Insumo","P9824","SICRO3","Servente",10,null,null,null,20.652699999999999,206.52699999999999]
[{"$nulls":5},"Custo Horário da Mão de Obra =>",null,null,null,206.52699999999999]
[{"$nulls":5},"Adc.M.O. - Ferramentas (0,0%) =>",null,null,null,0]
[{"$nulls":5},"Custo Horário de Execução =>",null,null,null,206.52699999999999]
[{"$nulls":5},"Fator de Influencia da Chuva - FIC =>",null,null,null,0]
[{"$nulls":5},"Custo do FIC =>",null,null,null,0]
[{"$nulls":5},"Produção de Equipe =>",null,null,null,300]
[{"$nulls":5},"Custo Unitário de Execução =>",null,null,null,0.68840000000000001]
[]
[]
[]
[20,"Código","Banco","Descrição","Tipo",null,"Und","Quant.","Valor Unit","Total"]
["Composição"," 4915724 ","SICRO3","Caiação mecanizada com fixador de cal","",null,"m²",1,1.83,1.83]
["A","Código","Banco","Equipamentos","Quantidade","Utilização",null,"Custo Operacional",null,"Custo Horário"]
[{"$nulls":5},"Operativa","Improdutiva","Operativa","Improdutiva"]
["Insumo","E9256","SICRO3","Equipamento para pintura com cal rebocável com dois bicos aplicadores e capacidade de",1,1,0,31.965,28.0213,31.965]
["Insumo","E9156","SICRO3","Soprador de ar costal - 2,6 kW",1,1,0,5.6558000000000002,0.48809999999999998,5.6558000000000002]
["Insumo","E9577","SICRO3","Trator agrícola sobre pneus - 77 kW",1,1,0,140.85749999999999,50.441800000000001,140.85749999999999]
[{"$nulls":5},"Custo Horário de Equipamentos =>",null,null,null,178.47829999999999]
["B","Código","Banco","Mão de Obra","Quantidade","Salário Hora",null,null,null,"Custo Horário"]
["Insumo","P9824","SICRO3","Servente",2,null,null,null,20.652699999999999,41.305399999999999]
[{"$nulls":5},"Custo Horário da Mão de Obra =>",null,null,null,41.305399999999999]
[{"$nulls":5},"Adc.M.O. - Ferramentas (0,0%) =>",null,null,null,0]
[{"$nulls":5},"Custo Horário de Execução =>",null,null,null,219.78370000000001]
[{"$nulls":5},"Fator de Influencia da Chuva - FIC =>",null,null,null,0]
[{"$nulls":5},"Custo do FIC =>",null,null,null,0]
[{"$nulls":5},"Produção de Equipe =>",null,null,null,155.59]
[{"$nulls":5},"Custo Unitário de Execução =>",null,null,null,1.4126000000000001]
["C","Banco","Código","Material","Quantidade","Unidade","Preço Unitário",null,null,"Custo Horário"]
["Insumo","SICRO3","M0345","Cal hidratada - saco",0.41654999999999998,"kg",0.81799999999999995,null,null,0.3407]
["Insumo","SICRO3","M0729","Fixador de cal para pintura",6.8999999999999997E-4,"l",4.4683999999999999,null,null,3.0999999999999999E-3]
["Insumo","SICRO3","M0043","Óleo diesel",1.389E-2,"l",5.1524000000000001,null,null,7.1599999999999997E-2]
[{"$nulls":5},"Custo Total do Material =>",null,null,null,0.41539999999999999]
[]
[]
[]
[]
[22,"Código","Banco","Descrição","Tipo",null,"Und","Quant.","Valor Unit","Total"]
["Composição"," 5914359 ","SICRO3","Transporte com caminhão basculante de 10 m³ - rodovia em leito natural","",null,"tkm",1,1.19,1.19]
["A","Código","Banco","Equipamentos","Quantidade","Utilização",null,"Custo Operacional",null,"Custo Horário"]
[{"$nulls":5},"Operativa","Improdutiva","Operativa","Improdutiva"]
["Insumo","E9579","SICRO3","Caminhão basculante com capacidade de 10 m³ - 188 kW",1,1,0,290.12920000000003,84.182400000000001,290.12920000000003]
[{"$nulls":5},"Custo Horário de Equipamentos =>",null,null,null,290.12920000000003]
[{"$nulls":5},"Custo Horário de Execução =>",null,null,null,290.12920000000003]
[{"$nulls":5},"Fator de Influencia da Chuva - FIC =>",null,null,null,2.1399999999999999E-2]
[{"$nulls":5},"Custo do FIC =>",null,null,null,2.5000000000000001E-2]
[{"$nulls":5},"Produção de Equipe =>",null,null,null,249]
[{"$nulls":5},"Custo Unitário de Execução =>",null,null,null,1.1652]
[]
[]
[]
[23,"Código","Banco","Descrição","Tipo",null,"Und","Quant.","Valor Unit","Total"]
["Composição"," 5914374 ","SICRO3","Transporte com caminhão basculante de 10 m³ - rodovia em revestimento primário","",null,"tkm",1,0.95,0.95]
["A","Código","Banco","Equipamentos","Quantidade","Utilização",null,"Custo Operacional",null,"Custo Horário"]
[{"$nulls":5},"Operativa","Improdutiva","Operativa","Improdutiva"]
["Insumo","E9579","SICRO3","Caminhão basculante com capacidade de 10 m³ - 188 kW",1,1,0,290.12920000000003,84.182400000000001,290.12920000000003]
[{"$nulls":5},"Custo Horário de Equipamentos =>",null,null,null,290.12920000000003]
[{"$nulls":5},"Custo Horário de Execução =>",null,null,null,290.12920000000003]
[{"$nulls":5},"Fator de Influencia da Chuva - FIC =>",null,null,null,2.1399999999999999E-2]
[{"$nulls":5},"Custo do FIC =>",null,null,null,0.02]
[{"$nulls":5},"Produção de Equipe =>",null,null,null,311.25]
[{"$nulls":5},"Custo Unitário de Execução =>",null,null,null,0.93210000000000004]
[]
[]
[]
[24,"Código","Banco","Descrição","Tipo",null,"Und","Quant.","Valor Unit","Total"]
["Composição"," 5914389 ","SICRO3","Transporte com caminhão basculante de 10 m³ - rodovia pavimentada","",null,"tkm",1,0.78,0.78]
["A","Código","Banco","Equipamentos","Quantidade","Utilização",null,"Custo Operacional",null,"Custo Horário"]
[{"$nulls":5},"Operativa","Improdutiva","Operativa","Improdutiva"]
["Insumo","E9579","SICRO3","Caminhão basculante com capacidade de 10 m³ - 188 kW",1,1,0,290.12920000000003,84.182400000000001,290.12920000000003]
[{"$nulls":5},"Custo Horário de Equipamentos =>",null,null,null,290.12920000000003]
[{"$nulls":5},"Custo Horário de Execução =>",null,null,null,290.12920000000003]
[{"$nulls":5},"Fator de Influencia da Chuva - FIC =>",null,null,null,0]
[{"$nulls":5},"Custo do FIC =>",null,null,null,0]
[{"$nulls":5},"Produção de Equipe =>",null,null,null,373.5]
[{"$nulls":5},"Custo Unitário de Execução =>",null,null,null,0.77680000000000005]
[]
[]
[]
[25,"Código","Banco","Descrição","Tipo",null,"Und","Quant.","Valor Unit","Total"]
["Composição"," 5914364 ","SICRO3","Transporte de cimento ou cal hidratada a granel com caminhão silo de 30 m³ - rodovia em leito natural","",null,"tkm",1,0.87,0.87]
["A","Código","Banco","Equipamentos","Quantidade","Utilização",null,"Custo Operacional",null,"Custo Horário"]
[{"$nulls":5},"Operativa","Improdutiva","Operativa","Improdutiva"]
["Insumo","E9146","SICRO3","Caminhão silo com capacidade de 30 m³ - 265 kW",1,1,0,444.92680000000001,109.9791,444.92680000000001]
[{"$nulls":5},"Custo Horário de Equipamentos =>",null,null,null,444.92680000000001]
[{"$nulls":5},"Custo Horário de Execução =>",null,null,null,444.92680000000001]
[{"$nulls":5},"Fator de Influencia da Chuva - FIC =>",null,null,null,2.1399999999999999E-2]
[{"$nulls":5},"Custo do FIC =>",null,null,null,1.8200000000000001E-2]
[{"$nulls":5},"Produção de Equipe =>",null,null,null,522.9]
[{"$nulls":5},"Custo Unitário de Execução =>",null,null,null,0.85089999999999999]
[]
[]
[]
[26,"Código","Banco","Descrição","Tipo",null,"Und","Quant.","Valor Unit","Total"]
["Composição"," 5914365 ","SICRO3","Transporte de cimento ou cal hidratada a granel com caminhão silo de 30 m³ - rodovia em revestimento primário","",null,"tkm",1,0.7,0.7]
["A","Código","Banco","Equipamentos","Quantidade","Utilização",null,"Custo Operacional",null,"Custo Horário"]
[{"$nulls":5},"Operativa","Improdutiva","Operativa","Improdutiva"]
["Insumo","E9146","SICRO3","Caminhão silo com capacidade de 30 m³ - 265 kW",1,1,0,444.92680000000001,109.9791,444.92680000000001]
[{"$nulls":5},"Custo Horário de Equipamentos =>",null,null,null,444.92680000000001]
[{"$nulls":5},"Custo Horário de Execução =>",null,null,null,444.92680000000001]
[{"$nulls":5},"Fator de Influencia da Chuva - FIC =>",null,null,null,2.1399999999999999E-2]
[{"$nulls":5},"Custo do FIC =>",null,null,null,1.46E-2]
[{"$nulls":5},"Produção de Equipe =>",null,null,null,653.63]
[{"$nulls":5},"Custo Unitário de Execução =>",null,null,null,0.68069999999999997]
[]
[]
[]
[27,"Código","Banco","Descrição","Tipo",null,"Und","Quant.","Valor Unit","Total"]
["Composição"," 5914366 ","SICRO3","Transporte de cimento ou cal hidratada a granel com caminhão silo de 30 m³ - rodovia pavimentada","",null,"tkm",1,0.56999999999999995,0.56999999999999995]
["A","Código","Banco","Equipamentos","Quantidade","Utilização",null,"Custo Operacional",null,"Custo Horário"]
[{"$nulls":5},"Operativa","Improdutiva","Operativa","Improdutiva"]
["Insumo","E9146","SICRO3","Caminhão silo com capacidade de 30 m³ - 265 kW",1,1,0,444.92680000000001,109.9791,444.92680000000001]
[{"$nulls":5},"Custo Horário de Equipamentos =>",null,null,null,444.92680000000001]
[{"$nulls":5},"Custo Horário de Execução =>",null,null,null,444.92680000000001]
[{"$nulls":5},"Fator de Influencia da Chuva - FIC =>",null,null,null,0]
[{"$nulls":5},"Custo do FIC =>",null,null,null,0]
[{"$nulls":5},"Produção de Equipe =>",null,null,null,784.35]
[{"$nulls":5},"Custo Unitário de Execução =>",null,null,null,0.56730000000000003]
[]
[]
[]
[28,"Código","Banco","Descrição","Tipo",null,"Und","Quant.","Valor Unit","Total"]
["Composição"," 5914314 ","SICRO3","Transporte com caminhão basculante de 6 m³ - rodovia em leito natural","",null,"tkm",1,1.22,1.22]
["A","Código","Banco","Equipamentos","Quantidade","Utilização",null,"Custo Operacional",null,"Custo Horário"]
[{"$nulls":5},"Operativa","Improdutiva","Operativa","Improdutiva"]
["Insumo","E9506","SICRO3","Caminhão basculante com capacidade de 6 m³ - 136 kW",1,1,0,178.03829999999999,68.417100000000005,178.03829999999999]
[{"$nulls":5},"Custo Horário de Equipamentos =>",null,null,null,178.03829999999999]
[{"$nulls":5},"Custo Horário de Execução =>",null,null,null,178.03829999999999]
[{"$nulls":5},"Fator de Influencia da Chuva - FIC =>",null,null,null,2.1399999999999999E-2]
[{"$nulls":5},"Custo do FIC =>",null,null,null,2.5600000000000001E-2]
[{"$nulls":5},"Produção de Equipe =>",null,null,null,149.4]
[{"$nulls":5},"Custo Unitário de Execução =>",null,null,null,1.1917]
[]
[]
[]
[29,"Código","Banco","Descrição","Tipo",null,"Und","Quant.","Valor Unit","Total"]
["Composição"," 5914329 ","SICRO3","Transporte com caminhão basculante de 6 m³ - rodovia em revestimento primário","",null,"tkm",1,0.97,0.97]
["A","Código","Banco","Equipamentos","Quantidade","Utilização",null,"Custo Operacional",null,"Custo Horário"]
[{"$nulls":5},"Operativa","Improdutiva","Operativa","Improdutiva"]
["Insumo","E9506","SICRO3","Caminhão basculante com capacidade de 6 m³ - 136 kW",1,1,0,178.03829999999999,68.417100000000005,178.03829999999999]
[{"$nulls":5},"Custo Horário de Equipamentos =>",null,null,null,178.03829999999999]
[{"$nulls":5},"Custo Horário de Execução =>",null,null,null,178.03829999999999]
[{"$nulls":5},"Fator de Influencia da Chuva - FIC =>",null,null,null,2.1399999999999999E-2]
[{"$nulls":5},"Custo do FIC =>",null,null,null,2.0400000000000001E-2]
[{"$nulls":5},"Produção de Equipe =>",null,null,null,186.75]
[{"$nulls":5},"Custo Unitário de Execução =>",null,null,null,0.95340000000000003]
[]
[]
[]
[30,"Código","Banco","Descrição","Tipo",null,"Und","Quant.","Valor Unit","Total"]
["Composição"," 5914344 ","SICRO3","Transporte com caminhão basculante de 6 m³ - rodovia pavimentada","",null,"tkm",1,0.79,0.79]
["A","Código","Banco","Equipamentos","Quantidade","Utilização",null,"Custo Operacional",null,"Custo Horário"]
[{"$nulls":5},"Operativa","Improdutiva","Operativa","Improdutiva"]
["Insumo","E9506","SICRO3","Caminhão basculante com capacidade de 6 m³ - 136 kW",1,1,0,178.03829999999999,68.417100000000005,178.03829999999999]
[{"$nulls":5},"Custo Horário de Equipamentos =>",null,null,null,178.03829999999999]
[{"$nulls":5},"Custo Horário de Execução =>",null,null,null,178.03829999999999]
[{"$nulls":5},"Fator de Influencia da Chuva - FIC =>",null,null,null,0]
[{"$nulls":5},"Custo do FIC =>",null,null,null,0]
[{"$nulls":5},"Produção de Equipe =>",null,null,null,224.1]
[{"$nulls":5},"Custo Unitário de Execução =>",null,null,null,0.79449999999999998]
[]
[]
[]
["Composições Auxiliares"]
[null,"Código","Banco","Descrição","Tipo",null,"Und","Quant.","Valor Unit","Total"]
["Composição"," 5914647 ","SICRO3","Carga, manobra e descarga de agregados ou solos em caminhão basculante de 10 m³ - carga com carregadeira de 3,40 m³(exclusa) e descarga livre","",null,"t",1,1.71,1.71]
["A","Código","Banco","Equipamentos","Quantidade","Utilização",null,"Custo Operacional",null,"Custo Horário"]
[{"$nulls":5},"Operativa","Improdutiva","Operativa","Improdutiva"]
["Insumo","E9579","SICRO3","Caminhão basculante com capacidade de 10 m³ - 188 kW",3,0.86,0.14000000000000001,290.12920000000003,84.182400000000001,783.88990000000001]
[{"$nulls":5},"Custo Horário de Equipamentos =>",null,null,null,783.88990000000001]
[{"$nulls":5},"Custo Horário de Execução =>",null,null,null,783.88990000000001]
[{"$nulls":5},"Fator de Influencia da Chuva - FIC =>",null,null,null,0]
[{"$nulls":5},"Custo do FIC =>",null,null,null,0]
[{"$nulls":5},"Produção de Equipe =>",null,null,null,457.16]
[{"$nulls":5},"Custo Unitário de Execução =>",null,null,null,1.7146999999999999]
[]
[]
[]
[null,"Código","Banco","Descrição","Tipo",null,"Und","Quant.","Valor Unit","Total"]
["Composição"," 5914353 ","SICRO3","Carga, manobra e descarga de agregados ou solos em caminhão basculante de 6 m³ - carga com escavadeira de 1,56 m³(exclusa) e descarga livre","",null,"t",1,1.44,1.44]
["A","Código","Banco","Equipamentos","Quantidade","Utilização",null,"Custo Operacional",null,"Custo Horário"]
[{"$nulls":5},"Operativa","Improdutiva","Operativa","Improdutiva"]
["Insumo","E9506","SICRO3","Caminhão basculante com capacidade de 6 m³ - 136 kW",4,0.79,0.21,178.03829999999999,68.417100000000005,620.07140000000004]
[{"$nulls":5},"Custo Horário de Equipamentos =>",null,null,null,620.07140000000004]
[{"$nulls":5},"Custo Horário de Execução =>",null,null,null,620.07140000000004]
[{"$nulls":5},"Fator de Influencia da Chuva - FIC =>",null,null,null,0]
[{"$nulls":5},"Custo do FIC =>",null,null,null,0]
[{"$nulls":5},"Produção de Equipe =>",null,null,null,431.6]
[{"$nulls":5},"Custo Unitário de Execução =>",null,null,null,1.4367000000000001]
[]
[]
[]
[null,"Código","Banco","Descrição","Tipo",null,"Und","Quant.","Valor Unit","Total"]
["Composição"," 5914333 ","SICRO3","Carga, manobra e descarga de materiais diversos em caminhão carroceria de 15 t - carga e descarga com caminhãoguindauto de 20 t.m","",null,"t",1,31.98,31.98]
["A","Código","Banco","Equipamentos","Quantidade","Utilização",null,"Custo Operacional",null,"Custo Horário"]
[{"$nulls":5},"Operativa","Improdutiva","Operativa","Improdutiva"]
["Insumo","E9592","SICRO3","Caminhão carroceria com capacidade de 15 t - 188 kW",2,0.53,0.47,257.65910000000002,75.803200000000004,344.37369999999999]
["Insumo","E9686","SICRO3","Caminhão carroceria com guindauto com capacidade de 20 t.m - 136 kW",1,1,0,297.82150000000001,111.6431,297.82150000000001]
[{"$nulls":5},"Custo Horário de Equipamentos =>",null,null,null,642.1952]
["B","Código","Banco","Mão de Obra","Quantidade","Salário Hora",null,null,null,"Custo Horário"]
["Insumo","P9824","SICRO3","Servente",2,null,null,null,20.652699999999999,41.305399999999999]
[{"$nulls":5},"Custo Horário da Mão de Obra =>",null,null,null,41.305399999999999]
[{"$nulls":5},"Adc.M.O. - Ferramentas (0,0%) =>",null,null,null,0]
[{"$nulls":5},"Custo Horário de Execução =>",null,null,null,683.50059999999996]
[{"$nulls":5},"Fator de Influencia da Chuva - FIC =>",null,null,null,0]
[{"$nulls":5},"Custo do FIC =>",null,null,null,0]
[{"$nulls":5},"Produção de Equipe =>",null,null,null,21.37]
[{"$nulls":5},"Custo Unitário de Execução =>",null,null,null,31.984100000000002]
[]
[]
[]
[null,"Código","Banco","Descrição","Tipo",null,"Und","Quant.","Valor Unit","Total"]
["Composição"," 5914352 ","SICRO3","Carga, manobra e descarga de material fresado em caminhão basculante de 10 m³ - fresagem descontínua em espessura de5 cm - carga com fresadora e descarga livre","",null,"t",1,4.2699999999999996,4.2699999999999996]
["A","Código","Banco","Equipamentos","Quantidade","Utilização",null,"Custo Operacional",null,"Custo Horário"]
[{"$nulls":5},"Operativa","Improdutiva","Operativa","Improdutiva"]
["Insumo","E9579","SICRO3","Caminhão basculante com capacidade de 10 m³ - 188 kW",2,0.81,0.19,290.12920000000003,84.182400000000001,501.99860000000001]
[{"$nulls":5},"Custo Horário de Equipamentos =>",null,null,null,501.99860000000001]
[{"$nulls":5},"Custo Horário de Execução =>",null,null,null,501.99860000000001]
[{"$nulls":5},"Fator de Influencia da Chuva - FIC =>",null,null,null,0]
[{"$nulls":5},"Custo do FIC =>",null,null,null,0]
[{"$nulls":5},"Produção de Equipe =>",null,null,null,117.67]
[{"$nulls":5},"Custo Unitário de Execução =>",null,null,null,4.2662000000000004]
[]
[]
[]
[null,"Código","Banco","Descrição","Tipo",null,"Und","Quant.","Valor Unit","Total"]
["Composição"," 5914649 ","SICRO3","Carga, manobra e descarga de mistura betuminosa a quente em caminhão basculante de 10 m³ - carga em usina de asfalto100/140 t/h e descarga em vibroacabadora","",null,"t",1,7.56,7.56]
["A","Código","Banco","Equipamentos","Quantidade","Utilização",null,"Custo Operacional",null,"Custo Horário"]
[{"$nulls":5},"Operativa","Improdutiva","Operativa","Improdutiva"]
["Insumo","E9579","SICRO3","Caminhão basculante com capacidade de 10 m³ - 188 kW",3,0.81,0.19,290.12920000000003,84.182400000000001,752.99789999999996]
[{"$nulls":5},"Custo Horário de Equipamentos =>",null,null,null,752.99789999999996]
[{"$nulls":5},"Custo Horário de Execução =>",null,null,null,752.99789999999996]
[{"$nulls":5},"Fator de Influencia da Chuva - FIC =>",null,null,null,0]
[{"$nulls":5},"Custo do FIC =>",null,null,null,0]
[{"$nulls":5},"Produção de Equipe =>",null,null,null,99.6]
[{"$nulls":5},"Custo Unitário de Execução =>",null,null,null,7.5602]
[]
[]
[]
[null,"Código","Banco","Descrição","Tipo",null,"Und","Quant.","Valor Unit","Total"]
["Composição"," 012 Codevasf ","Próprio","ACOMPANHAMENTO DAS FRENTES DE SERVIÇO","PAVI - PAVIMENTAÇÃO",null,"CJ",1,36368.06,36368.06]
[{"$nulls":5},"Custo Horário de Execução =>",null,null,null,0]
[{"$nulls":5},"Fator de Influencia da Chuva - FIC =>",null,null,null,0]
[{"$nulls":5},"Custo do FIC =>",null,null,null,0]
[{"$nulls":5},"Produção de Equipe =>",null,null,null,1]
[{"$nulls":5},"Custo Unitário de Execução =>",null,null,null,0]
["D","Banco","Código","Atividades Auxiliares","Quantidade","Unidade","Preço Unitário",null,null,"Custo Horário"]
["Atividade Auxiliar","Próprio","013 Codevasf","FRENTE DE SERVIÇOS DE PAVIMENTAÇÃO",1,"CJ",23635.58,null,null,23635.58]
["Atividade Auxiliar","Próprio","014 Codevasf","FRENTE DE SERVIÇOS DE SINALIZAÇÃO ",1,"CJ",1024.45,null,null,1024.45]
["Atividade Auxiliar","Próprio","015 Codevasf","FRENTE DE SERVIÇOS DE DRENAGEM ",1,"CJ",11708.03,null,null,11708.03]
[{"$nulls":5},"Custo Total das Atividades =>",null,null,null,36368.06]
[]
[]
[]
[null,"Código","Banco","Descrição","Tipo",null,"Und","Quant.","Valor Unit","Total"]
["Composição"," 88262 ","SINAPI","CARPINTEIRO DE FORMAS COM ENCARGOS COMPLEMENTARES","SEDI - SERVIÇOS DIVERSOS",null,"H",1,25.8,25.8]
["Composição Auxiliar"," 95330 ","SINAPI","CURSO DE CAPACITAÇÃO PARA CARPINTEIRO DE FÔRMAS (ENCARGOS COMPLEMENTARES) - HORISTA","SEDI - SERVIÇOS DIVERSOS",null,"H",1,0.25,0.25]
["Insumo"," 00001213 ","SINAPI","CARPINTEIRO DE FORMAS (HORISTA)","Mão de Obra",null,"H",1,19.12,19.12]
["Insumo"," 00037370 ","SINAPI","ALIMENTACAO - HORISTA (COLETADO CAIXA - ENCARGOS COMPLEMENTARES)","Material",null,"H",1,2.39,2.39]
["Insumo"," 00037371 ","SINAPI","TRANSPORTE - HORISTA (COLETADO CAIXA - ENCARGOS COMPLEMENTARES)","Material",null,"H",1,0.74,0.74]
["Insumo"," 00037372 ","SINAPI","EXAMES - HORISTA (COLETADO CAIXA - ENCARGOS COMPLEMENTARES)","Material",null,"H",1,1.34,1.34]
["Insumo"," 00037373 ","SINAPI","SEGURO - HORISTA (COLETADO CAIXA - ENCARGOS COMPLEMENTARES)","Material",null,"H",1,0.04,0.04]
["Insumo"," 00043459 ","SINAPI","FERRAMENTAS - FAMILIA CARPINTEIRO DE FORMAS - HORISTA (ENCARGOS COMPLEMENTARES - COLETADO CAIXA)","Material",null,"H",1,0.49,0.49]
["Insumo"," 00043483 ","SINAPI","EPI - FAMILIA CARPINTEIRO DE FORMAS - HORISTA (ENCARGOS COMPLEMENTARES - COLETADO CAIXA)","Material",null,"H",1,1.43,1.43]
[]
[]
[]
[null,"Código","Banco","Descrição","Tipo",null,"Und","Quant.","Valor Unit","Total"]
["Composição"," 016 Codevasf ","Próprio","CONTROLE TECNOLÓGICO","PAVI - PAVIMENTAÇÃO",null,"CJ",1,67250.78,67250.78]
[{"$nulls":5},"Custo Horário de Execução =>",null,null,null,0]
[{"$nulls":5},"Fator de Influencia da Chuva - FIC =>",null,null,null,0]
[{"$nulls":5},"Custo do FIC =>",null,null,null,0]
[{"$nulls":5},"Produção de Equipe =>",null,null,null,1]
[{"$nulls":5},"Custo Unitário de Execução =>",null,null,null,0]
["D","Banco","Código","Atividades Auxiliares","Quantidade","Unidade","Preço Unitário",null,null,"Custo Horário"]
["Atividade Auxiliar","Próprio","017 Codevasf","LABORATÓRIO DE ASFALTO",1,"CJ",67250.78,null,null,67250.78]
[{"$nulls":5},"Custo Total das Atividades =>",null,null,null,67250.78]
[]
[]
[]
[null,"Código","Banco","Descrição","Tipo",null,"Und","Quant.","Valor Unit","Total"]
["Composição"," 011 Codevasf ","Próprio","COORDENAÇÃO DAS FRENTES DE SERVIÇO E CONTROLE TECNOLÓGICO DA OBRA (PARCELA VARIÁVEL)\t\t\t\t\t\t","PAVI - PAVIMENTAÇÃO",null,"CJ",1,103618.84,103618.84]
[{"$nulls":5},"Custo Horário de Execução =>",null,null,null,0]
[{"$nulls":5},"Fator de Influencia da Chuva - FIC =>",null,null,null,0]
[{"$nulls":5},"Custo do FIC =>",null,null,null,0]
[{"$nulls":5},"Produção de Equipe =>",null,null,null,1]
[{"$nulls":5},"Custo Unitário de Execução =>",null,null,null,0]
["D","Banco","Código","Atividades Auxiliares","Quantidade","Unidade","Preço Unitário",null,null,"Custo Horário"]
["Atividade Auxiliar","Próprio","012 Codevasf","ACOMPANHAMENTO DAS FRENTES DE SERVIÇO",1,"CJ",36368.06,null,null,36368.06]
["Atividade Auxiliar","Próprio","016 Codevasf","CONTROLE TECNOLÓGICO",1,"CJ",67250.78,null,null,67250.78]
[{"$nulls":5},"Custo Total das Atividades =>",null,null,null,103618.84]
[]
[]
[]
[null,"Código","Banco","Descrição","Tipo",null,"Und","Quant.","Valor Unit","Total"]
["Composição"," 95330 ","SINAPI","CURSO DE CAPACITAÇÃO PARA CARPINTEIRO DE FÔRMAS (ENCARGOS COMPLEMENTARES) - HORISTA","SEDI - SERVIÇOS DIVERSOS",null,"H",1,0.25,0.25]
["Insumo"," 00001213 ","SINAPI","CARPINTEIRO DE FORMAS (HORISTA)","Mão de Obra",null,"H",1.328E-2,19.12,0.25]
[]
[]
[]
[null,"Código","Banco","Descrição","Tipo",null,"Und","Quant.","Valor Unit","Total"]
["Composição"," 95372 ","SINAPI","CURSO DE CAPACITAÇÃO PARA PINTOR (ENCARGOS COMPLEMENTARES) - HORISTA","SEDI - SERVIÇOS DIVERSOS",null,"H",1,0.32,0.32]
["Insumo"," 00004783 ","SINAPI","PINTOR (HORISTA)","Mão de Obra",null,"H",1.6990000000000002E-2,19.12,0.32]
[]
[]
[]
[null,"Código","Banco","Descrição","Tipo",null,"Und","Quant.","Valor Unit","Total"]
["Composição"," 95378 ","SINAPI","CURSO DE CAPACITAÇÃO PARA SERVENTE (ENCARGOS COMPLEMENTARES) - HORISTA","SEDI - SERVIÇOS DIVERSOS",null,"H",1,0.33,0.33]
["Insumo"," 00006111 ","SINAPI","SERVENTE DE OBRAS (HORISTA)","Mão de Obra",null,"H",2.4420000000000001E-2,13.64,0.33]
[]
[]
[]
[null,"Código","Banco","Descrição","Tipo",null,"Und","Quant.","Valor Unit","Total"]
["Composição"," 5914647 ","SICRO3","Carga, manobra e descarga de agregados ou solos em caminhão basculante de 10 m³ - carga com carregadeira de 3,40 m³ (exclusa) e descarga livre","",null,"t",1,1.71,1.71]
["A","Código","Banco","Equipamentos","Quantidade","Utilização",null,"Custo Operacional",null,"Custo Horário"]
[{"$nulls":5},"Operativa","Improdutiva","Operativa","Improdutiva"]
["Insumo","E9579","SICRO3","Caminhão basculante com capacidade de 10 m³ - 188 kW",3,0.86,0.14000000000000001,290.12920000000003,84.182400000000001,783.88990000000001]
[{"$nulls":5},"Custo Horário de Equipamentos =>",null,null,null,783.88990000000001]
[{"$nulls":5},"Custo Horário de Execução =>",null,null,null,783.88990000000001]
[{"$nulls":5},"Fator de Influencia da Chuva - FIC =>",null,null,null,0]
[{"$nulls":5},"Custo do FIC =>",null,null,null,0]
[{"$nulls":5},"Produção de Equipe =>",null,null,null,457.16]
[{"$nulls":5},"Custo Unitário de Execução =>",null,null,null,1.7146999999999999]
[]
[]
[]
[null,"Código","Banco","Descrição","Tipo",null,"Und","Quant.","Valor Unit","Total"]
["Composição"," 5914363 ","SICRO3","Carga, manobra e descarga de cimento ou cal hidratada a granel em caminhão silo de 30 m³","",null,"t",1,17.010000000000002,17.010000000000002]
["A","Código","Banco","Equipamentos","Quantidade","Utilização",null,"Custo Operacional",null,"Custo Horário"]
[{"$nulls":5},"Operativa","Improdutiva","Operativa","Improdutiva"]
["Insumo","E9146","SICRO3","Caminhão silo com capacidade de 30 m³ - 265 kW",1,1,0,444.92680000000001,109.9791,444.92680000000001]
[{"$nulls":5},"Custo Horário de Equipamentos =>",null,null,null,444.92680000000001]
[{"$nulls":5},"Custo Horário de Execução =>",null,null,null,444.92680000000001]
[{"$nulls":5},"Fator de Influencia da Chuva - FIC =>",null,null,null,0]
[{"$nulls":5},"Custo do FIC =>",null,null,null,0]
[{"$nulls":5},"Produção de Equipe =>",null,null,null,26.15]
[{"$nulls":5},"Custo Unitário de Execução =>",null,null,null,17.014399999999998]
[]
[]
[]
[null,"Código","Banco","Descrição","Tipo",null,"Und","Quant.","Valor Unit","Total"]
["Composição"," 5914655 ","SICRO3","Carga, manobra e descarga de materiais diversos em caminhão carroceria de 15 t - carga e descarga manuais","",null,"t",1,32.229999999999997,32.229999999999997]
["A","Código","Banco","Equipamentos","Quantidade","Utilização",null,"Custo Operacional",null,"Custo Horário"]
[{"$nulls":5},"Operativa","Improdutiva","Operativa","Improdutiva"]
["Insumo","E9592","SICRO3","Caminhão carroceria com capacidade de 15 t - 188 kW",1,1,0,257.65910000000002,75.803200000000004,257.65910000000002]
[{"$nulls":5},"Custo Horário de Equipamentos =>",null,null,null,257.65910000000002]
["B","Código","Banco","Mão de Obra","Quantidade","Salário Hora",null,null,null,"Custo Horário"]
["Insumo","P9824","SICRO3","Servente",6,null,null,null,20.652699999999999,123.9162]
[{"$nulls":5},"Custo Horário da Mão de Obra =>",null,null,null,123.9162]
[{"$nulls":5},"Adc.M.O. - Ferramentas (0,0%) =>",null,null,null,0]
[{"$nulls":5},"Custo Horário de Execução =>",null,null,null,381.57530000000003]
[{"$nulls":5},"Fator de Influencia da Chuva - FIC =>",null,null,null,0]
[{"$nulls":5},"Custo do FIC =>",null,null,null,0]
[{"$nulls":5},"Produção de Equipe =>",null,null,null,11.84]
[{"$nulls":5},"Custo Unitário de Execução =>",null,null,null,32.227600000000002]
[]
[]
[]
[null,"Código","Banco","Descrição","Tipo",null,"Und","Quant.","Valor Unit","Total"]
["Composição"," 1107892 ","SICRO3","Concreto fck = 20 MPa - confecção em betoneira e lançamento manual - areia e brita comerciais","",null,"m³",1,469.11,469.11]
["A","Código","Banco","Equipamentos","Quantidade","Utilização",null,"Custo Operacional",null,"Custo Horário"]
[{"$nulls":5},"Operativa","Improdutiva","Operativa","Improdutiva"]
["Insumo","E9010","SICRO3","Balança plataforma digital à bateria, com mesa de 75 x 75 cm e capacidade de 500 kg",1,1,0,1.2435,0.83540000000000003,1.2435]
["Insumo","E9519","SICRO3","Betoneira com motor a gasolina com capacidade de 600 l - 10 kW",1,1,0,47.139699999999998,26.426200000000001,47.139699999999998]
["Insumo","E9071","SICRO3","Transportador manual carrinho de mão com capacidade de 80 l",4,0.9,0.1,0.72030000000000005,0.48970000000000002,2.7890000000000001]
["Insumo","E9064","SICRO3","Transportador manual gerica com capacidade de 180 l",3,0.41,0.59,1.5347,1.0432999999999999,3.7343000000000002]
[{"$nulls":5},"Custo Horário de Equipamentos =>",null,null,null,54.906500000000001]
["B","Código","Banco","Mão de Obra","Quantidade","Salário Hora",null,null,null,"Custo Horário"]
["Insumo","P9821","SICRO3","Pedreiro",1,null,null,null,25.616099999999999,25.616099999999999]
["Insumo","P9824","SICRO3","Servente",9,null,null,null,20.652699999999999,185.87430000000001]
[{"$nulls":5},"Custo Horário da Mão de Obra =>",null,null,null,211.49039999999999]
[{"$nulls":5},"Adc.M.O. - Ferramentas (0,0%) =>",null,null,null,0]
[{"$nulls":5},"Custo Horário de Execução =>",null,null,null,266.39690000000002]
[{"$nulls":5},"Fator de Influencia da Chuva - FIC =>",null,null,null,0]
[{"$nulls":5},"Custo do FIC =>",null,null,null,0]
[{"$nulls":5},"Produção de Equipe =>",null,null,null,3.9289999999999998]
[{"$nulls":5},"Custo Unitário de Execução =>",null,null,null,67.802899999999994]
["C","Banco","Código","Material","Quantidade","Unidade","Preço Unitário",null,null,"Custo Horário"]
["Insumo","SICRO3","M0030","Aditivo plastificante e retardador de pega para concreto e argamassa",0.84645999999999999,"kg",7.3074000000000003,null,null,6.1853999999999996]
["Insumo","SICRO3","M0082","Areia média lavada",0.63334000000000001,"m³",133.62430000000001,null,null,84.629599999999996]
["Insumo","SICRO3","M0191","Brita 1",0.36753999999999998,"m³",149.14840000000001,null,null,54.817999999999998]
["Insumo","SICRO3","M0192","Brita 2",0.36753999999999998,"m³",148.76689999999999,null,null,54.677799999999998]
["Insumo","SICRO3","M0424","Cimento Portland CP II - 32 - saco",282.15206999999998,"kg",0.66759999999999997,null,null,188.3647]
[{"$nulls":5},"Custo Total do Material =>",null,null,null,388.6755]
["E","Banco","Insumo","Tempos Fixos","Código","Quantidade","Unidade","Preço Unitário",null,"Custo Horário"]
["Tempo Fixo","SICRO3","M0030","Carga, manobra e descarga de materiais diversos em caminhão carroceria de 15 t - carga e descarga manuais",5914655,8.4999999999999995E-4,"t",32.229999999999997,null,2.7400000000000001E-2]
["Tempo Fixo","SICRO3","M0082","Carga, manobra e descarga de agregados ou solos em caminhão basculante de 10 m³ - carga com carregadeira de 3,40 m³(exclusa) e descarga livre",5914647,0.95001000000000002,"t",1.71,null,1.6245000000000001]
["Tempo Fixo","SICRO3","M0191","Carga, manobra e descarga de agregados ou solos em caminhão basculante de 10 m³ - carga com carregadeira de 3,40 m³(exclusa) e descarga livre",5914647,0.55130999999999997,"t",1.71,null,0.94269999999999998]
["Tempo Fixo","SICRO3","M0192","Carga, manobra e descarga de agregados ou solos em caminhão basculante de 10 m³ - carga com carregadeira de 3,40 m³(exclusa) e descarga livre",5914647,0.55130999999999997,"t",1.71,null,0.94269999999999998]
["Tempo Fixo","SICRO3","M0424","Carga, manobra e descarga de materiais diversos em caminhão carroceria de 15 t - carga e descarga manuais",5914655,0.28215000000000001,"t",32.229999999999997,null,9.0937000000000001]
[{"$nulls":5},"Custo Total dos Tempos Fixos =>",null,null,null,12.631]
["F","Banco","Insumo","Momento de Transporte","Quantidade","Unidade","Distância Média de Transporte (DMT)",null,null,"Custo Horário"]
[{"$nulls":6},"LN","RP","P"]
["Momento de Transporte","SICRO3","M0030","Aditivo plastificante e retardador de pega para concreto e argamassa - Caminhão carroceria com capacidade de 15 t - 188 kW",8.4999999999999995E-4,"tkm","5914449\n0,000\nR$ 1,06","5914464\n0,000\nR$ 0,85","5914479\n0,000\nR$ 0,69",0]
["Momento de Transporte","SICRO3","M0082","Areia média lavada - Caminhão basculante com capacidade de 10 m³ - 188 kW",0.95001000000000002,"tkm","5914359\n0,000\nR$ 1,19","5914374\n0,000\nR$ 0,95","5914389\n0,000\nR$ 0,78",0]
["Momento de Transporte","SICRO3","M0191","Brita 1 - Caminhão basculante com capacidade de 10 m³ - 188 kW",0.55130999999999997,"tkm","5914359\n0,000\nR$ 1,19","5914374\n0,000\nR$ 0,95","5914389\n0,000\nR$ 0,78",0]
["Momento de Transporte","SICRO3","M0192","Brita 2 - Caminhão basculante com capacidade de 10 m³ - 188 kW",0.55130999999999997,"tkm","5914359\n0,000\nR$ 1,19","5914374\n0,000\nR$ 0,95","5914389\n0,000\nR$ 0,78",0]
["Momento de Transporte","SICRO3","M0424","Cimento Portland CP II - 32 - saco - Caminhão carroceria com capacidade de 15 t - 188 kW",0.28215000000000001,"tkm","5914449\n0,000\nR$ 1,06","5914464\n0,000\nR$ 0,85","5914479\n0,000\nR$ 0,69",0]
[{"$nulls":5},"Custo total dos Momentos de Transportes =>",null,null,null,0]
[]
[]
[]
[null,"Código","Banco","Descrição","Tipo",null,"Und","Quant.","Valor Unit","Total"]
["Composição"," 007 Codevasf ","Próprio","ENCARREGADOS DE PRODUÇÃO","PAVI - PAVIMENTAÇÃO",null,"CJ",1,56285.79,56285.79]
[{"$nulls":5},"Custo Horário de Execução =>",null,null,null,0]
[{"$nulls":5},"Fator de Influencia da Chuva - FIC =>",null,null,null,0]
[{"$nulls":5},"Custo do FIC =>",null,null,null,0]
[{"$nulls":5},"Produção de Equipe =>",null,null,null,1]
[{"$nulls":5},"Custo Unitário de Execução =>",null,null,null,0]
["D","Banco","Código","Atividades Auxiliares","Quantidade","Unidade","Preço Unitário",null,null,"Custo Horário"]
["Atividade Auxiliar","Próprio","008 Codevasf","EQUIPE DE PRODUÇÃO DE PAVIMENTAÇÃO",1,"CJ",56285.79,null,null,56285.79]
[{"$nulls":5},"Custo Total das Atividades =>",null,null,null,56285.79]
[]
[]
[]
[null,"Código","Banco","Descrição","Tipo",null,"Und","Quant.","Valor Unit","Total"]
["Composição"," 009 Codevasf ","Próprio","EQUIPE DE MEDICINA E SEGURANÇA DO TRABALHO","PAVI - PAVIMENTAÇÃO",null,"CJ",1,49175.53,49175.53]
["B","Código","Banco","Mão de Obra","Quantidade","Salário Hora",null,null,null,"Custo Horário"]
["Insumo","P9876","SICRO3","Técnico de segurança do trabalho",7,null,null,null,7025.0758999999998,49175.531300000002]
[{"$nulls":5},"Custo Horário da Mão de Obra =>",null,null,null,49175.531300000002]
[{"$nulls":5},"Custo Horário de Execução =>",null,null,null,49175.531300000002]
[{"$nulls":5},"Fator de Influencia da Chuva - FIC =>",null,null,null,0]
[{"$nulls":5},"Custo do FIC =>",null,null,null,0]
[{"$nulls":5},"Produção de Equipe =>",null,null,null,1]
[{"$nulls":5},"Custo Unitário de Execução =>",null,null,null,49175.531300000002]
[]
[]
[]
[null,"Código","Banco","Descrição","Tipo",null,"Und","Quant.","Valor Unit","Total"]
["Composição"," 008 Codevasf ","Próprio","EQUIPE DE PRODUÇÃO DE PAVIMENTAÇÃO","PAVI - PAVIMENTAÇÃO",null,"CJ",1,56285.79,56285.79]
["A","Código","Banco","Equipamentos","Quantidade","Utilização",null,"Custo Operacional",null,"Custo Horário"]
[{"$nulls":5},"Operativa","Improdutiva","Operativa","Improdutiva"]
["Insumo","E9093","SICRO3","Veículo leve - 53 kW (sem motorista)",1320,0.2,0.8,35.639099999999999,6.1081000000000003,15858.876]
[{"$nulls":5},"Custo Horário de Equipamentos =>",null,null,null,15858.876]
["B","Código","Banco","Mão de Obra","Quantidade","Salário Hora",null,null,null,"Custo Horário"]
["Insumo","P9893","SICRO3","Encarregado de pavimentação",6,null,null,null,6737.8181999999997,40426.909200000002]
[{"$nulls":5},"Custo Horário da Mão de Obra =>",null,null,null,40426.909200000002]
[{"$nulls":5},"Custo Horário de Execução =>",null,null,null,56285.785199999998]
[{"$nulls":5},"Fator de Influencia da Chuva - FIC =>",null,null,null,0]
[{"$nulls":5},"Custo do FIC =>",null,null,null,0]
[{"$nulls":5},"Produção de Equipe =>",null,null,null,1]
[{"$nulls":5},"Custo Unitário de Execução =>",null,null,null,56285.785199999998]
[]
[]
[]
[null,"Código","Banco","Descrição","Tipo",null,"Und","Quant.","Valor Unit","Total"]
["Composição"," 010 Codevasf ","Próprio","EQUIPE DE TOPOGRAFIA","PAVI - PAVIMENTAÇÃO",null,"CJ",1,99600.44,99600.44]
["A","Código","Banco","Equipamentos","Quantidade","Utilização",null,"Custo Operacional",null,"Custo Horário"]
[{"$nulls":5},"Operativa","Improdutiva","Operativa","Improdutiva"]
["Insumo","E9093","SICRO3","Veículo leve - 53 kW (sem motorista)",1320,0.2,0.8,35.639099999999999,6.1081000000000003,15858.876]
[{"$nulls":5},"Custo Horário de Equipamentos =>",null,null,null,15858.876]
["B","Código","Banco","Mão de Obra","Quantidade","Salário Hora",null,null,null,"Custo Horário"]
["Insumo","P9949","SICRO3","Topógrafo",6,null,null,null,8451.7703000000001,50710.621800000001]
["Insumo","P9950","SICRO3","Auxiliar de topografia",6,null,null,null,5505.1570000000002,33030.942000000003]
[{"$nulls":5},"Custo Horário da Mão de Obra =>",null,null,null,83741.563800000004]
[{"$nulls":5},"Custo Horário de Execução =>",null,null,null,99600.439799999993]
[{"$nulls":5},"Fator de Influencia da Chuva - FIC =>",null,null,null,0]
[{"$nulls":5},"Custo do FIC =>",null,null,null,0]
[{"$nulls":5},"Produção de Equipe =>",null,null,null,1]
[{"$nulls":5},"Custo Unitário de Execução =>",null,null,null,99600.439799999993]
[]
[]
[]
[null,"Código","Banco","Descrição","Tipo",null,"Und","Quant.","Valor Unit","Total"]
["Composição"," 006 Codevasf ","Próprio","EQUIPES ASSOCIADAS EXCLUSIVAMENTE À EXECUÇÃO DOS SERVIÇOS EM CAMPO OU SETOR DE MEDICINA E SEGURANÇA DO TRABALHO (PARCELA VINCULADA)\t\t\t\t\t\t\t","PAVI - PAVIMENTAÇÃO",null,"CJ",1,205061.76000000001,205061.76000000001]
[{"$nulls":5},"Custo Horário de Execução =>",null,null,null,0]
[{"$nulls":5},"Fator de Influencia da Chuva - FIC =>",null,null,null,0]
[{"$nulls":5},"Custo do FIC =>",null,null,null,0]
[{"$nulls":5},"Produção de Equipe =>",null,null,null,1]
[{"$nulls":5},"Custo Unitário de Execução =>",null,null,null,0]
["D","Banco","Código","Atividades Auxiliares","Quantidade","Unidade","Preço Unitário",null,null,"Custo Horário"]
["Atividade Auxiliar","Próprio","007 Codevasf","ENCARREGADOS DE PRODUÇÃO",1,"CJ",56285.79,null,null,56285.79]
["Atividade Auxiliar","Próprio","009 Codevasf","EQUIPE DE MEDICINA E SEGURANÇA DO TRABALHO",1,"CJ",49175.53,null,null,49175.53]
["Atividade Auxiliar","Próprio","010 Codevasf","EQUIPE DE TOPOGRAFIA",1,"CJ",99600.44,null,null,99600.44]
[{"$nulls":5},"Custo Total das Atividades =>",null,null,null,205061.76000000001]
[]
[]
[]
[null,"Código","Banco","Descrição","Tipo",null,"Und","Quant.","Valor Unit","Total"]
["Composição"," 4016096 ","SICRO3","Escavação e carga de material de jazida com escavadeira hidráulica de 1,56 m³","",null,"m³",1,1.33,1.33]
["A","Código","Banco","Equipamentos","Quantidade","Utilização",null,"Custo Operacional",null,"Custo Horário"]
[{"$nulls":5},"Operativa","Improdutiva","Operativa","Improdutiva"]
["Insumo","E9515","SICRO3","Escavadeira hidráulica sobre esteiras com caçamba com capacidade de 1,56 m³ - 118 kW",1,1,0,278.95460000000003,124.60599999999999,278.95460000000003]
[{"$nulls":5},"Custo Horário de Equipamentos =>",null,null,null,278.95460000000003]
["B","Código","Banco","Mão de Obra","Quantidade","Salário Hora",null,null,null,"Custo Horário"]
["Insumo","P9824","SICRO3","Servente",1,null,null,null,20.652699999999999,20.652699999999999]
[{"$nulls":5},"Custo Horário da Mão de Obra =>",null,null,null,20.652699999999999]
[{"$nulls":5},"Adc.M.O. - Ferramentas (0,0%) =>",null,null,null,0]
[{"$nulls":5},"Custo Horário de Execução =>",null,null,null,299.60730000000001]
[{"$nulls":5},"Fator de Influencia da Chuva - FIC =>",null,null,null,2.1399999999999999E-2]
[{"$nulls":5},"Custo do FIC =>",null,null,null,2.7900000000000001E-2]
[{"$nulls":5},"Produção de Equipe =>",null,null,null,230.19]
[{"$nulls":5},"Custo Unitário de Execução =>",null,null,null,1.3016000000000001]
[]
[]
[]
[null,"Código","Banco","Descrição","Tipo",null,"Und","Quant.","Valor Unit","Total"]
["Composição"," 4805750 ","SICRO3","Escavação manual em material de 1ª categoria na profundidade de até 1 m","",null,"m³",1,42.19,42.19]
["B","Código","Banco","Mão de Obra","Quantidade","Salário Hora",null,null,null,"Custo Horário"]
["Insumo","P9824","SICRO3","Servente",1,null,null,null,20.652699999999999,20.652699999999999]
[{"$nulls":5},"Custo Horário da Mão de Obra =>",null,null,null,20.652699999999999]
[{"$nulls":5},"Adc.M.O. - Ferramentas (0,0%) =>",null,null,null,0]
[{"$nulls":5},"Custo Horário de Execução =>",null,null,null,20.652699999999999]
[{"$nulls":5},"Fator de Influencia da Chuva - FIC =>",null,null,null,2.1399999999999999E-2]
[{"$nulls":5},"Custo do FIC =>",null,null,null,0.88560000000000005]
[{"$nulls":5},"Produção de Equipe =>",null,null,null,0.5]
[{"$nulls":5},"Custo Unitário de Execução =>",null,null,null,41.305399999999999]
[]
[]
[]
[null,"Código","Banco","Descrição","Tipo",null,"Und","Quant.","Valor Unit","Total"]
["Composição"," 015 Codevasf ","Próprio","FRENTE DE SERVIÇOS DE DRENAGEM ","PAVI - PAVIMENTAÇÃO",null,"CJ",1,11708.03,11708.03]
["B","Código","Banco","Mão de Obra","Quantidade","Salário Hora",null,null,null,"Custo Horário"]
["Insumo","P9875","SICRO3","Encarregado de turma",1.6,null,null,null,5107.7035999999998,8172.3257999999996]
["Insumo","P9804","SICRO3","Apontador",0.8,null,null,null,4419.6270000000004,3535.7015999999999]
[{"$nulls":5},"Custo Horário da Mão de Obra =>",null,null,null,11708.027400000001]
[{"$nulls":5},"Custo Horário de Execução =>",null,null,null,11708.027400000001]
[{"$nulls":5},"Fator de Influencia da Chuva - FIC =>",null,null,null,0]
[{"$nulls":5},"Custo do FIC =>",null,null,null,0]
[{"$nulls":5},"Produção de Equipe =>",null,null,null,1]
[{"$nulls":5},"Custo Unitário de Execução =>",null,null,null,11708.027400000001]
[]
[]
[]
[null,"Código","Banco","Descrição","Tipo",null,"Und","Quant.","Valor Unit","Total"]
["Composição"," 013 Codevasf ","Próprio","FRENTE DE SERVIÇOS DE PAVIMENTAÇÃO","PAVI - PAVIMENTAÇÃO",null,"CJ",1,23635.58,23635.58]
["B","Código","Banco","Mão de Obra","Quantidade","Salário Hora",null,null,null,"Custo Horário"]
["Insumo","P9875","SICRO3","Encarregado de turma",3.23,null,null,null,5107.7035999999998,16497.882600000001]
["Insumo","P9804","SICRO3","Apontador",1.615,null,null,null,4419.6270000000004,7137.6976000000004]
[{"$nulls":5},"Custo Horário da Mão de Obra =>",null,null,null,23635.5802]
[{"$nulls":5},"Custo Horário de Execução =>",null,null,null,23635.5802]
[{"$nulls":5},"Fator de Influencia da Chuva - FIC =>",null,null,null,0]
[{"$nulls":5},"Custo do FIC =>",null,null,null,0]
[{"$nulls":5},"Produção de Equipe =>",null,null,null,1]
[{"$nulls":5},"Custo Unitário de Execução =>",null,null,null,23635.5802]
[]
[]
[]
[null,"Código","Banco","Descrição","Tipo",null,"Und","Quant.","Valor Unit","Total"]
["Composição"," 014 Codevasf ","Próprio","FRENTE DE SERVIÇOS DE SINALIZAÇÃO ","PAVI - PAVIMENTAÇÃO",null,"CJ",1,1024.45,1024.45]
["B","Código","Banco","Mão de Obra","Quantidade","Salário Hora",null,null,null,"Custo Horário"]
["Insumo","P9875","SICRO3","Encarregado de turma",0.14000000000000001,null,null,null,5107.7035999999998,715.07849999999996]
["Insumo","P9804","SICRO3","Apontador",7.0000000000000007E-2,null,null,null,4419.6270000000004,309.37389999999999]
[{"$nulls":5},"Custo Horário da Mão de Obra =>",null,null,null,1024.4523999999999]
[{"$nulls":5},"Custo Horário de Execução =>",null,null,null,1024.4523999999999]
[{"$nulls":5},"Fator de Influencia da Chuva - FIC =>",null,null,null,0]
[{"$nulls":5},"Custo do FIC =>",null,null,null,0]
[{"$nulls":5},"Produção de Equipe =>",null,null,null,1]
[{"$nulls":5},"Custo Unitário de Execução =>",null,null,null,1024.4523999999999]
[]
[]
[]
[null,"Código","Banco","Descrição","Tipo",null,"Und","Quant.","Valor Unit","Total"]
["Composição"," 001 Codevasf ","Próprio","GERENCIAMENTO DA OBRA, DOS CANTEIROS E DOS ACAMPAMENTOS (PARCELA FIXA)\t \t\t","PAVI - PAVIMENTAÇÃO",null,"CJ",1,601581.63,601581.63]
[{"$nulls":5},"Custo Horário de Execução =>",null,null,null,0]
[{"$nulls":5},"Fator de Influencia da Chuva - FIC =>",null,null,null,0]
[{"$nulls":5},"Custo do FIC =>",null,null,null,0]
[{"$nulls":5},"Produção de Equipe =>",null,null,null,1]
[{"$nulls":5},"Custo Unitário de Execução =>",null,null,null,0]
["D","Banco","Código","Atividades Auxiliares","Quantidade","Unidade","Preço Unitário",null,null,"Custo Horário"]
["Atividade Auxiliar","Próprio","002 Codevasf","GERÊNCIA TÉCNICA GERAL",1,"CJ",309610.96999999997,null,null,309610.96999999997]
["Atividade Auxiliar","Próprio","003 Codevasf","GERÊNCIA TÉCNICA AUXILIAR",1,"CJ",153874.75,null,null,153874.75]
["Atividade Auxiliar","Próprio","004 Codevasf","GERÊNCIA ADMINISTRATIVA GERAL",1,"CJ",108712.11,null,null,108712.11]
["Atividade Auxiliar","Próprio","005 Codevasf","GERÊNCIA ADMINISTRATIVA AUXILIAR",1,"CJ",29383.8,null,null,29383.8]
[{"$nulls":5},"Custo Total das Atividades =>",null,null,null,601581.63]
[]
[]
[]
[null,"Código","Banco","Descrição","Tipo",null,"Und","Quant.","Valor Unit","Total"]
["Composição"," 005 Codevasf ","Próprio","GERÊNCIA ADMINISTRATIVA AUXILIAR","PAVI - PAVIMENTAÇÃO",null,"CJ",1,29383.8,29383.8]
["B","Código","Banco","Mão de Obra","Quantidade","Salário Hora",null,null,null,"Custo Horário"]
["Insumo","P9806","SICRO3","Auxiliar administrativo",7,null,null,null,4197.6863999999996,29383.804800000002]
[{"$nulls":5},"Custo Horário da Mão de Obra =>",null,null,null,29383.804800000002]
[{"$nulls":5},"Custo Horário de Execução =>",null,null,null,29383.804800000002]
[{"$nulls":5},"Fator de Influencia da Chuva - FIC =>",null,null,null,0]
[{"$nulls":5},"Custo do FIC =>",null,null,null,0]
[{"$nulls":5},"Produção de Equipe =>",null,null,null,1]
[{"$nulls":5},"Custo Unitário de Execução =>",null,null,null,29383.804800000002]
[]
[]
[]
[null,"Código","Banco","Descrição","Tipo",null,"Und","Quant.","Valor Unit","Total"]
["Composição"," 004 Codevasf ","Próprio","GERÊNCIA ADMINISTRATIVA GERAL","PAVI - PAVIMENTAÇÃO",null,"CJ",1,108712.11,108712.11]
["B","Código","Banco","Mão de Obra","Quantidade","Salário Hora",null,null,null,"Custo Horário"]
["Insumo","P9883","SICRO3","Chefe do setor administrativo",7,null,null,null,7765.2767999999996,54356.937599999997]
["Insumo","P9809","SICRO3","Encarregado administrativo",7,null,null,null,7765.0249000000003,54355.174299999999]
[{"$nulls":5},"Custo Horário da Mão de Obra =>",null,null,null,108712.1119]
[{"$nulls":5},"Custo Horário de Execução =>",null,null,null,108712.1119]
[{"$nulls":5},"Fator de Influencia da Chuva - FIC =>",null,null,null,0]
[{"$nulls":5},"Custo do FIC =>",null,null,null,0]
[{"$nulls":5},"Produção de Equipe =>",null,null,null,1]
[{"$nulls":5},"Custo Unitário de Execução =>",null,null,null,108712.1119]
[]
[]
[]
[null,"Código","Banco","Descrição","Tipo",null,"Und","Quant.","Valor Unit","Total"]
["Composição"," 003 Codevasf ","Próprio","GERÊNCIA TÉCNICA AUXILIAR","PAVI - PAVIMENTAÇÃO",null,"CJ",1,153874.75,153874.75]
["B","Código","Banco","Mão de Obra","Quantidade","Salário Hora",null,null,null,"Custo Horário"]
["Insumo","P9946","SICRO3","Engenheiro auxiliar",7,null,null,null,21982.107,153874.74900000001]
[{"$nulls":5},"Custo Horário da Mão de Obra =>",null,null,null,153874.74900000001]
[{"$nulls":5},"Custo Horário de Execução =>",null,null,null,153874.74900000001]
[{"$nulls":5},"Fator de Influencia da Chuva - FIC =>",null,null,null,0]
[{"$nulls":5},"Custo do FIC =>",null,null,null,0]
[{"$nulls":5},"Produção de Equipe =>",null,null,null,1]
[{"$nulls":5},"Custo Unitário de Execução =>",null,null,null,153874.74900000001]
[]
[]
[]
[null,"Código","Banco","Descrição","Tipo",null,"Und","Quant.","Valor Unit","Total"]
["Composição"," 002 Codevasf ","Próprio","GERÊNCIA TÉCNICA GERAL","PAVI - PAVIMENTAÇÃO",null,"CJ",1,309610.96999999997,309610.96999999997]
["A","Código","Banco","Equipamentos","Quantidade","Utilização",null,"Custo Operacional",null,"Custo Horário"]
[{"$nulls":5},"Operativa","Improdutiva","Operativa","Improdutiva"]
["Insumo","E9093","SICRO3","Veículo leve - 53 kW (sem motorista)",1540,0.2,0.8,35.639099999999999,6.1081000000000003,18502.022000000001]
["Insumo","E9134","SICRO3","Miniônibus com capacidade para 30 passageiros - 111 kW",1540,0.2,0.8,218.8767,69.430800000000005,152952.76920000001]
[{"$nulls":5},"Custo Horário de Equipamentos =>",null,null,null,171454.79120000001]
["B","Código","Banco","Mão de Obra","Quantidade","Salário Hora",null,null,null,"Custo Horário"]
["Insumo","P9955","SICRO3","Engenheiro chefe",3.5,null,null,null,30052.9329,105185.26519999999]
["Insumo","P9840","SICRO3","Encarregado geral",3.5,null,null,null,9420.2612000000008,32970.914199999999]
[{"$nulls":5},"Custo Horário da Mão de Obra =>",null,null,null,138156.17939999999]
[{"$nulls":5},"Custo Horário de Execução =>",null,null,null,309610.9706]
[{"$nulls":5},"Fator de Influencia da Chuva - FIC =>",null,null,null,0]
[{"$nulls":5},"Custo do FIC =>",null,null,null,0]
[{"$nulls":5},"Produção de Equipe =>",null,null,null,1]
[{"$nulls":5},"Custo Unitário de Execução =>",null,null,null,309610.9706]
[]
[]
[]
[null,"Código","Banco","Descrição","Tipo",null,"Und","Quant.","Valor Unit","Total"]
["Composição"," 017 Codevasf ","Próprio","LABORATÓRIO DE ASFALTO","PAVI - PAVIMENTAÇÃO",null,"CJ",1,67250.78,67250.78]
["A","Código","Banco","Equipamentos","Quantidade","Utilização",null,"Custo Operacional",null,"Custo Horário"]
[{"$nulls":5},"Operativa","Improdutiva","Operativa","Improdutiva"]
["Insumo","E9125","SICRO3","Veículo tipo van furgão com capacidade de 1,54 t - 93 kW",398.2,0.2,0.8,82.732100000000003,47.067100000000003,21582.479800000001]
[{"$nulls":5},"Custo Horário de Equipamentos =>",null,null,null,21582.479800000001]
["B","Código","Banco","Mão de Obra","Quantidade","Salário Hora",null,null,null,"Custo Horário"]
["Insumo","P9858","SICRO3","Laboratorista",3.62,null,null,null,7143.1040999999996,25858.036800000002]
["Insumo","P9833","SICRO3","Auxiliar de laboratório",3.62,null,null,null,5472.4476999999997,19810.260699999999]
[{"$nulls":5},"Custo Horário da Mão de Obra =>",null,null,null,45668.297500000001]
[{"$nulls":5},"Custo Horário de Execução =>",null,null,null,67250.777300000002]
[{"$nulls":5},"Fator de Influencia da Chuva - FIC =>",null,null,null,0]
[{"$nulls":5},"Custo do FIC =>",null,null,null,0]
[{"$nulls":5},"Produção de Equipe =>",null,null,null,1]
[{"$nulls":5},"Custo Unitário de Execução =>",null,null,null,67250.777300000002]
[]
[]
[]
[null,"Código","Banco","Descrição","Tipo",null,"Und","Quant.","Valor Unit","Total"]
["Composição"," 88310 ","SINAPI","PINTOR COM ENCARGOS COMPLEMENTARES","SEDI - SERVIÇOS DIVERSOS",null,"H",1,27.65,27.65]
["Composição Auxiliar"," 95372 ","SINAPI","CURSO DE CAPACITAÇÃO PARA PINTOR (ENCARGOS COMPLEMENTARES) - HORISTA","SEDI - SERVIÇOS DIVERSOS",null,"H",1,0.32,0.32]
["Insumo"," 00004783 ","SINAPI","PINTOR (HORISTA)","Mão de Obra",null,"H",1,19.12,19.12]
["Insumo"," 00037370 ","SINAPI","ALIMENTACAO - HORISTA (COLETADO CAIXA - ENCARGOS COMPLEMENTARES)","Material",null,"H",1,2.39,2.39]
["Insumo"," 00037371 ","SINAPI","TRANSPORTE - HORISTA (COLETADO CAIXA - ENCARGOS COMPLEMENTARES)","Material",null,"H",1,0.74,0.74]
["Insumo"," 00037372 ","SINAPI","EXAMES - HORISTA (COLETADO CAIXA - ENCARGOS COMPLEMENTARES)","Material",null,"H",1,1.34,1.34]
["Insumo"," 00037373 ","SINAPI","SEGURO - HORISTA (COLETADO CAIXA - ENCARGOS COMPLEMENTARES)","Material",null,"H",1,0.04,0.04]
["Insumo"," 00043466 ","SINAPI","FERRAMENTAS - FAMILIA PINTOR - HORISTA (ENCARGOS COMPLEMENTARES - COLETADO CAIXA)","Material",null,"H",1,1.97,1.97]
["Insumo"," 00043490 ","SINAPI","EPI - FAMILIA PINTOR - HORISTA (ENCARGOS COMPLEMENTARES - COLETADO CAIXA)","Material",null,"H",1,1.73,1.73]
[]
[]
[]
[null,"Código","Banco","Descrição","Tipo",null,"Und","Quant.","Valor Unit","Total"]
["Composição"," 102234 ","SINAPI","PINTURA IMUNIZANTE PARA MADEIRA, 2 DEMÃOS. AF_01/2021","PINT - PINTURAS",null,"m²",1,25.92,25.92]
["Composição Auxiliar"," 88310 ","SINAPI","PINTOR COM ENCARGOS COMPLEMENTARES","SEDI - SERVIÇOS DIVERSOS",null,"H",0.45290000000000002,27.65,12.52]
["Insumo"," 00007340 ","SINAPI","IMUNIZANTE PARA MADEIRA, INCOLOR","Material",null,"L",0.32569999999999999,41.15,13.4]
[]
[]
[]
[null,"Código","Banco","Descrição","Tipo",null,"Und","Quant.","Valor Unit","Total"]
["Composição"," 5212552 ","SICRO3","Pintura eletrostática a pó com tinta poliéster em chapa de aço","",null,"m²",1,16.28,16.28]
["A","Código","Banco","Equipamentos","Quantidade","Utilização",null,"Custo Operacional",null,"Custo Horário"]
[{"$nulls":5},"Operativa","Improdutiva","Operativa","Improdutiva"]
["Insumo","E9076","SICRO3","Equipamento para pintura eletrostática com cabine dupla de 7,00 kW e estufa de 80.000 kCal",1,1,0,42.122999999999998,36.274700000000003,42.122999999999998]
["Insumo","E9753","SICRO3","Grupo gerador - 23 kVA",1,1,0,26.039899999999999,5.5092999999999996,26.039899999999999]
[{"$nulls":5},"Custo Horário de Equipamentos =>",null,null,null,68.162899999999993]
["B","Código","Banco","Mão de Obra","Quantidade","Salário Hora",null,null,null,"Custo Horário"]
["Insumo","P9801","SICRO3","Ajudante",1,null,null,null,20.668099999999999,20.668099999999999]
["Insumo","P9822","SICRO3","Pintor",2,null,null,null,29.9053,59.810600000000001]
[{"$nulls":5},"Custo Horário da Mão de Obra =>",null,null,null,80.478700000000003]
[{"$nulls":5},"Adc.M.O. - Ferramentas (0,0%) =>",null,null,null,0]
[{"$nulls":5},"Custo Horário de Execução =>",null,null,null,148.64160000000001]
[{"$nulls":5},"Fator de Influencia da Chuva - FIC =>",null,null,null,0]
[{"$nulls":5},"Custo do FIC =>",null,null,null,0]
[{"$nulls":5},"Produção de Equipe =>",null,null,null,19.149999999999999]
[{"$nulls":5},"Custo Unitário de Execução =>",null,null,null,7.7619999999999996]
["C","Banco","Código","Material","Quantidade","Unidade","Preço Unitário",null,null,"Custo Horário"]
["Insumo","SICRO3","M3153","Tinta em pó à base de resina poliéster",0.112,"kg",76.045699999999997,null,null,8.5170999999999992]
[{"$nulls":5},"Custo Total do Material =>",null,null,null,8.5170999999999992]
["E","Banco","Insumo","Tempos Fixos","Código","Quantidade","Unidade","Preço Unitário",null,"Custo Horário"]
["Tempo Fixo","SICRO3","M3153","Carga, manobra e descarga de materiais diversos em caminhão carroceria de 15 t - carga e descarga manuais",5914655,1.1E-4,"t",32.229999999999997,null,3.5000000000000001E-3]
[{"$nulls":5},"Custo Total dos Tempos Fixos =>",null,null,null,3.5000000000000001E-3]
["F","Banco","Insumo","Momento de Transporte","Quantidade","Unidade","Distância Média de Transporte (DMT)",null,null,"Custo Horário"]
[{"$nulls":6},"LN","RP","P"]
["Momento de Transporte","SICRO3","M3153","Tinta em pó à base de resina poliéster - Caminhão carroceria com capacidade de 15 t - 188 kW",1.1E-4,"tkm","5914449\n0,000\nR$ 1,06","5914464\n0,000\nR$ 0,85","5914479\n0,000\nR$ 0,69",0]
[{"$nulls":5},"Custo total dos Momentos de Transportes =>",null,null,null,0]
[]
[]
[]
[null,"Código","Banco","Descrição","Tipo",null,"Und","Quant.","Valor Unit","Total"]
["Composição"," 5213414 ","SICRO3","Placa em aço nº 16 galvanizado com película retrorrefletiva tipo I + SI - confecção","",null,"m²",1,556.41,556.41]
["A","Código","Banco","Equipamentos","Quantidade","Utilização",null,"Custo Operacional",null,"Custo Horário"]
[{"$nulls":5},"Operativa","Improdutiva","Operativa","Improdutiva"]
["Insumo","E9568","SICRO3","Furadeira de impacto de 12,5 mm - 0,80 kW",0.15060000000000001,1,0,0.20549999999999999,0.1363,3.09E-2]
["Insumo","E9753","SICRO3","Grupo gerador - 23 kVA",0.48193000000000003,1,0,26.039899999999999,5.5092999999999996,12.5494]
["Insumo","E9623","SICRO3","Máquina de bancada guilhotina - 4,00 kW",0.20080000000000001,1,0,14.9892,9.5280000000000005,3.0097999999999998]
["Insumo","E9622","SICRO3","Máquina de bancada universal para corte de chapa - 1,50 kW",0.48193000000000003,1,0,12.3794,7.8691000000000004,5.9660000000000002]
[{"$nulls":5},"Custo Horário de Equipamentos =>",null,null,null,21.556100000000001]
["B","Código","Banco","Mão de Obra","Quantidade","Salário Hora",null,null,null,"Custo Horário"]
["Insumo","P9801","SICRO3","Ajudante",2,null,null,null,20.668099999999999,41.336199999999998]
["Insumo","P9830","SICRO3","Montador",1,null,null,null,30.709900000000001,30.709900000000001]
["Insumo","P9823","SICRO3","Serralheiro",1,null,null,null,27.748899999999999,27.748899999999999]
["Insumo","P9824","SICRO3","Servente",2,null,null,null,20.652699999999999,41.305399999999999]
[{"$nulls":5},"Custo Horário da Mão de Obra =>",null,null,null,141.10040000000001]
[{"$nulls":5},"Adc.M.O. - Ferramentas (0,0%) =>",null,null,null,0]
[{"$nulls":5},"Custo Horário de Execução =>",null,null,null,162.65649999999999]
[{"$nulls":5},"Fator de Influencia da Chuva - FIC =>",null,null,null,0]
[{"$nulls":5},"Custo do FIC =>",null,null,null,0]
[{"$nulls":5},"Produção de Equipe =>",null,null,null,4]
[{"$nulls":5},"Custo Unitário de Execução =>",null,null,null,40.664099999999998]
["C","Banco","Código","Material","Quantidade","Unidade","Preço Unitário",null,null,"Custo Horário"]
["Insumo","SICRO3","M1367","Chapa fina em aço galvanizado",11.775,"kg",11.680300000000001,null,null,137.53550000000001]
["Insumo","SICRO3","M3229","Película retrorrefletiva tipo I + SI (sinal impresso com película de sobreposição tipo V)",1,"m²",361.53980000000001,null,null,361.53980000000001]
[{"$nulls":5},"Custo Total do Material =>",null,null,null,499.07530000000003]
["D","Banco","Código","Atividades Auxiliares","Quantidade","Unidade","Preço Unitário",null,null,"Custo Horário"]
["Atividade Auxiliar","SICRO3",5212552,"Pintura eletrostática a pó com tinta poliéster em chapa de aço",1,"m²",16.28,null,null,16.28]
[{"$nulls":5},"Custo Total das Atividades =>",null,null,null,16.28]
["E","Banco","Insumo","Tempos Fixos","Código","Quantidade","Unidade","Preço Unitário",null,"Custo Horário"]
["Tempo Fixo","SICRO3","M1367","Carga, manobra e descarga de materiais diversos em caminhão carroceria de 15 t - carga e descarga com caminhãoguindauto de 20 t.m",5914333,1.1780000000000001E-2,"t",31.98,null,0.37669999999999998]
["Tempo Fixo","SICRO3","M3229","Carga, manobra e descarga de materiais diversos em caminhão carroceria de 15 t - carga e descarga manuais",5914655,4.4000000000000002E-4,"t",32.229999999999997,null,1.4200000000000001E-2]
[{"$nulls":5},"Custo Total dos Tempos Fixos =>",null,null,null,0.39090000000000003]
["F","Banco","Insumo","Momento de Transporte","Quantidade","Unidade","Distância Média de Transporte (DMT)",null,null,"Custo Horário"]
[{"$nulls":6},"LN","RP","P"]
["Momento de Transporte","SICRO3","M1367","Chapa fina em aço galvanizado - Caminhão carroceria com capacidade de 15 t - 188 kW",1.1780000000000001E-2,"tkm","5914449\n0,000\nR$ 1,06","5914464\n0,000\nR$ 0,85","5914479\n0,000\nR$ 0,69",0]
["Momento de Transporte","SICRO3","M3229","Película retrorrefletiva tipo I + SI (sinal impresso com película de sobreposição tipo V) - Caminhão carroceria com capacidade de 15 t - 188 kW",4.4000000000000002E-4,"tkm","5914449\n0,000\nR$ 1,06","5914464\n0,000\nR$ 0,85","5914479\n0,000\nR$ 0,69",0]
[{"$nulls":5},"Custo total dos Momentos de Transportes =>",null,null,null,0]
[]
[]
[]
[null,"Código","Banco","Descrição","Tipo",null,"Und","Quant.","Valor Unit","Total"]
["Composição"," 88316 ","SINAPI","SERVENTE COM ENCARGOS COMPLEMENTARES","SEDI - SERVIÇOS DIVERSOS",null,"H",1,20.420000000000002,20.420000000000002]
["Composição Auxiliar"," 95378 ","SINAPI","CURSO DE CAPACITAÇÃO PARA SERVENTE (ENCARGOS COMPLEMENTARES) - HORISTA","SEDI - SERVIÇOS DIVERSOS",null,"H",1,0.33,0.33]
["Insumo"," 00006111 ","SINAPI","SERVENTE DE OBRAS (HORISTA)","Mão de Obra",null,"H",1,13.64,13.64]
["Insumo"," 00037370 ","SINAPI","ALIMENTACAO - HORISTA (COLETADO CAIXA - ENCARGOS COMPLEMENTARES)","Material",null,"H",1,2.39,2.39]
["Insumo"," 00037371 ","SINAPI","TRANSPORTE - HORISTA (COLETADO CAIXA - ENCARGOS COMPLEMENTARES)","Material",null,"H",1,0.74,0.74]
["Insumo"," 00037372 ","SINAPI","EXAMES - HORISTA (COLETADO CAIXA - ENCARGOS COMPLEMENTARES)","Material",null,"H",1,1.34,1.34]
["Insumo"," 00037373 ","SINAPI","SEGURO - HORISTA (COLETADO CAIXA - ENCARGOS COMPLEMENTARES)","Material",null,"H",1,0.04,0.04]
["Insumo"," 00043467 ","SINAPI","FERRAMENTAS - FAMILIA SERVENTE - HORISTA (ENCARGOS COMPLEMENTARES - COLETADO CAIXA)","Material",null,"H",1,0.61,0.61]
["Insumo"," 00043491 ","SINAPI","EPI - FAMILIA SERVENTE - HORISTA (ENCARGOS COMPLEMENTARES - COLETADO CAIXA)","Material",null,"H",1,1.33,1.33]
[]
[]
[]
[null,"Código","Banco","Descrição","Tipo",null,"Und","Quant.","Valor Unit","Total"]
["Composição"," 5914359 ","SICRO3","Transporte com caminhão basculante de 10 m³ - rodovia em leito natural","",null,"tkm",1,1.19,1.19]
["A","Código","Banco","Equipamentos","Quantidade","Utilização",null,"Custo Operacional",null,"Custo Horário"]
[{"$nulls":5},"Operativa","Improdutiva","Operativa","Improdutiva"]
["Insumo","E9579","SICRO3","Caminhão basculante com capacidade de 10 m³ - 188 kW",1,1,0,290.12920000000003,84.182400000000001,290.12920000000003]
[{"$nulls":5},"Custo Horário de Equipamentos =>",null,null,null,290.12920000000003]
[{"$nulls":5},"Custo Horário de Execução =>",null,null,null,290.12920000000003]
[{"$nulls":5},"Fator de Influencia da Chuva - FIC =>",null,null,null,2.1399999999999999E-2]
[{"$nulls":5},"Custo do FIC =>",null,null,null,2.5000000000000001E-2]
[{"$nulls":5},"Produção de Equipe =>",null,null,null,249]
[{"$nulls":5},"Custo Unitário de Execução =>",null,null,null,1.1652]
[]
[]
[]
[null,"Código","Banco","Descrição","Tipo",null,"Und","Quant.","Valor Unit","Total"]
["Composição"," 5914374 ","SICRO3","Transporte com caminhão basculante de 10 m³ - rodovia em revestimento primário","",null,"tkm",1,0.95,0.95]
["A","Código","Banco","Equipamentos","Quantidade","Utilização",null,"Custo Operacional",null,"Custo Horário"]
[{"$nulls":5},"Operativa","Improdutiva","Operativa","Improdutiva"]
["Insumo","E9579","SICRO3","Caminhão basculante com capacidade de 10 m³ - 188 kW",1,1,0,290.12920000000003,84.182400000000001,290.12920000000003]
[{"$nulls":5},"Custo Horário de Equipamentos =>",null,null,null,290.12920000000003]
[{"$nulls":5},"Custo Horário de Execução =>",null,null,null,290.12920000000003]
[{"$nulls":5},"Fator de Influencia da Chuva - FIC =>",null,null,null,2.1399999999999999E-2]
[{"$nulls":5},"Custo do FIC =>",null,null,null,0.02]
[{"$nulls":5},"Produção de Equipe =>",null,null,null,311.25]
[{"$nulls":5},"Custo Unitário de Execução =>",null,null,null,0.93210000000000004]
[]
[]
[]
[null,"Código","Banco","Descrição","Tipo",null,"Und","Quant.","Valor Unit","Total"]
["Composição"," 5914389 ","SICRO3","Transporte com caminhão basculante de 10 m³ - rodovia pavimentada","",null,"tkm",1,0.78,0.78]
["A","Código","Banco","Equipamentos","Quantidade","Utilização",null,"Custo Operacional",null,"Custo Horário"]
[{"$nulls":5},"Operativa","Improdutiva","Operativa","Improdutiva"]
["Insumo","E9579","SICRO3","Caminhão basculante com capacidade de 10 m³ - 188 kW",1,1,0,290.12920000000003,84.182400000000001,290.12920000000003]
[{"$nulls":5},"Custo Horário de Equipamentos =>",null,null,null,290.12920000000003]
[{"$nulls":5},"Custo Horário de Execução =>",null,null,null,290.12920000000003]
[{"$nulls":5},"Fator de Influencia da Chuva - FIC =>",null,null,null,0]
[{"$nulls":5},"Custo do FIC =>",null,null,null,0]
[{"$nulls":5},"Produção de Equipe =>",null,null,null,373.5]
[{"$nulls":5},"Custo Unitário de Execução =>",null,null,null,0.77680000000000005]
[]
[]
[]
[null,"Código","Banco","Descrição","Tipo",null,"Und","Quant.","Valor Unit","Total"]
["Composição"," 5914314 ","SICRO3","Transporte com caminhão basculante de 6 m³ - rodovia em leito natural","",null,"tkm",1,1.22,1.22]
["A","Código","Banco","Equipamentos","Quantidade","Utilização",null,"Custo Operacional",null,"Custo Horário"]
[{"$nulls":5},"Operativa","Improdutiva","Operativa","Improdutiva"]
["Insumo","E9506","SICRO3","Caminhão basculante com capacidade de 6 m³ - 136 kW",1,1,0,178.03829999999999,68.417100000000005,178.03829999999999]
[{"$nulls":5},"Custo Horário de Equipamentos =>",null,null,null,178.03829999999999]
[{"$nulls":5},"Custo Horário de Execução =>",null,null,null,178.03829999999999]
[{"$nulls":5},"Fator de Influencia da Chuva - FIC =>",null,null,null,2.1399999999999999E-2]
[{"$nulls":5},"Custo do FIC =>",null,null,null,2.5600000000000001E-2]
[{"$nulls":5},"Produção de Equipe =>",null,null,null,149.4]
[{"$nulls":5},"Custo Unitário de Execução =>",null,null,null,1.1917]
[]
[]
[]
[null,"Código","Banco","Descrição","Tipo",null,"Und","Quant.","Valor Unit","Total"]
["Composição"," 5914329 ","SICRO3","Transporte com caminhão basculante de 6 m³ - rodovia em revestimento primário","",null,"tkm",1,0.97,0.97]
["A","Código","Banco","Equipamentos","Quantidade","Utilização",null,"Custo Operacional",null,"Custo Horário"]
[{"$nulls":5},"Operativa","Improdutiva","Operativa","Improdutiva"]
["Insumo","E9506","SICRO3","Caminhão basculante com capacidade de 6 m³ - 136 kW",1,1,0,178.03829999999999,68.417100000000005,178.03829999999999]
[{"$nulls":5},"Custo Horário de Equipamentos =>",null,null,null,178.03829999999999]
[{"$nulls":5},"Custo Horário de Execução =>",null,null,null,178.03829999999999]
[{"$nulls":5},"Fator de Influencia da Chuva - FIC =>",null,null,null,2.1399999999999999E-2]
[{"$nulls":5},"Custo do FIC =>",null,null,null,2.0400000000000001E-2]
[{"$nulls":5},"Produção de Equipe =>",null,null,null,186.75]
[{"$nulls":5},"Custo Unitário de Execução =>",null,null,null,0.95340000000000003]
[]
[]
[]
[null,"Código","Banco","Descrição","Tipo",null,"Und","Quant.","Valor Unit","Total"]
["Composição"," 5914344 ","SICRO3","Transporte com caminhão basculante de 6 m³ - rodovia pavimentada","",null,"tkm",1,0.79,0.79]
["A","Código","Banco","Equipamentos","Quantidade","Utilização",null,"Custo Operacional",null,"Custo Horário"]
[{"$nulls":5},"Operativa","Improdutiva","Operativa","Improdutiva"]
["Insumo","E9506","SICRO3","Caminhão basculante com capacidade de 6 m³ - 136 kW",1,1,0,178.03829999999999,68.417100000000005,178.03829999999999]
[{"$nulls":5},"Custo Horário de Equipamentos =>",null,null,null,178.03829999999999]
[{"$nulls":5},"Custo Horário de Execução =>",null,null,null,178.03829999999999]
[{"$nulls":5},"Fator de Influencia da Chuva - FIC =>",null,null,null,0]
[{"$nulls":5},"Custo do FIC =>",null,null,null,0]
[{"$nulls":5},"Produção de Equipe =>",null,null,null,224.1]
[{"$nulls":5},"Custo Unitário de Execução =>",null,null,null,0.79449999999999998]
[]
[]
[]
[null,"Código","Banco","Descrição","Tipo",null,"Und","Quant.","Valor Unit","Total"]
["Composição"," 5914449 ","SICRO3","Transporte com caminhão carroceria de 15 t - rodovia em leito natural","",null,"tkm",1,1.06,1.06]
["A","Código","Banco","Equipamentos","Quantidade","Utilização",null,"Custo Operacional",null,"Custo Horário"]
[{"$nulls":5},"Operativa","Improdutiva","Operativa","Improdutiva"]
["Insumo","E9592","SICRO3","Caminhão carroceria com capacidade de 15 t - 188 kW",1,1,0,257.65910000000002,75.803200000000004,257.65910000000002]
[{"$nulls":5},"Custo Horário de Equipamentos =>",null,null,null,257.65910000000002]
[{"$nulls":5},"Custo Horário de Execução =>",null,null,null,257.65910000000002]
[{"$nulls":5},"Fator de Influencia da Chuva - FIC =>",null,null,null,2.1399999999999999E-2]
[{"$nulls":5},"Custo do FIC =>",null,null,null,2.2200000000000001E-2]
[{"$nulls":5},"Produção de Equipe =>",null,null,null,248.59]
[{"$nulls":5},"Custo Unitário de Execução =>",null,null,null,1.0365]
[]
[]
[]
[null,"Código","Banco","Descrição","Tipo",null,"Und","Quant.","Valor Unit","Total"]
["Composição"," 5914464 ","SICRO3","Transporte com caminhão carroceria de 15 t - rodovia em revestimento primário","",null,"tkm",1,0.85,0.85]
["A","Código","Banco","Equipamentos","Quantidade","Utilização",null,"Custo Operacional",null,"Custo Horário"]
[{"$nulls":5},"Operativa","Improdutiva","Operativa","Improdutiva"]
["Insumo","E9592","SICRO3","Caminhão carroceria com capacidade de 15 t - 188 kW",1,1,0,257.65910000000002,75.803200000000004,257.65910000000002]
[{"$nulls":5},"Custo Horário de Equipamentos =>",null,null,null,257.65910000000002]
[{"$nulls":5},"Custo Horário de Execução =>",null,null,null,257.65910000000002]
[{"$nulls":5},"Fator de Influencia da Chuva - FIC =>",null,null,null,2.1399999999999999E-2]
[{"$nulls":5},"Custo do FIC =>",null,null,null,1.78E-2]
[{"$nulls":5},"Produção de Equipe =>",null,null,null,310.73]
[{"$nulls":5},"Custo Unitário de Execução =>",null,null,null,0.82920000000000005]
[]
[]
[]
[null,"Código","Banco","Descrição","Tipo",null,"Und","Quant.","Valor Unit","Total"]
["Composição"," 5914479 ","SICRO3","Transporte com caminhão carroceria de 15 t - rodovia pavimentada","",null,"tkm",1,0.69,0.69]
["A","Código","Banco","Equipamentos","Quantidade","Utilização",null,"Custo Operacional",null,"Custo Horário"]
[{"$nulls":5},"Operativa","Improdutiva","Operativa","Improdutiva"]
["Insumo","E9592","SICRO3","Caminhão carroceria com capacidade de 15 t - 188 kW",1,1,0,257.65910000000002,75.803200000000004,257.65910000000002]
[{"$nulls":5},"Custo Horário de Equipamentos =>",null,null,null,257.65910000000002]
[{"$nulls":5},"Custo Horário de Execução =>",null,null,null,257.65910000000002]
[{"$nulls":5},"Fator de Influencia da Chuva - FIC =>",null,null,null,0]
[{"$nulls":5},"Custo do FIC =>",null,null,null,0]
[{"$nulls":5},"Produção de Equipe =>",null,null,null,372.88]
[{"$nulls":5},"Custo Unitário de Execução =>",null,null,null,0.69099999999999995]
[]
[]
[]
[null,"Código","Banco","Descrição","Tipo",null,"Und","Quant.","Valor Unit","Total"]
["Composição"," 5914364 ","SICRO3","Transporte de cimento ou cal hidratada a granel com caminhão silo de 30 m³ - rodovia em leito natural","",null,"tkm",1,0.87,0.87]
["A","Código","Banco","Equipamentos","Quantidade","Utilização",null,"Custo Operacional",null,"Custo Horário"]
[{"$nulls":5},"Operativa","Improdutiva","Operativa","Improdutiva"]
["Insumo","E9146","SICRO3","Caminhão silo com capacidade de 30 m³ - 265 kW",1,1,0,444.92680000000001,109.9791,444.92680000000001]
[{"$nulls":5},"Custo Horário de Equipamentos =>",null,null,null,444.92680000000001]
[{"$nulls":5},"Custo Horário de Execução =>",null,null,null,444.92680000000001]
[{"$nulls":5},"Fator de Influencia da Chuva - FIC =>",null,null,null,2.1399999999999999E-2]
[{"$nulls":5},"Custo do FIC =>",null,null,null,1.8200000000000001E-2]
[{"$nulls":5},"Produção de Equipe =>",null,null,null,522.9]
[{"$nulls":5},"Custo Unitário de Execução =>",null,null,null,0.85089999999999999]
[]
[]
[]
[null,"Código","Banco","Descrição","Tipo",null,"Und","Quant.","Valor Unit","Total"]
["Composição"," 5914365 ","SICRO3","Transporte de cimento ou cal hidratada a granel com caminhão silo de 30 m³ - rodovia em revestimento primário","",null,"tkm",1,0.7,0.7]
["A","Código","Banco","Equipamentos","Quantidade","Utilização",null,"Custo Operacional",null,"Custo Horário"]
[{"$nulls":5},"Operativa","Improdutiva","Operativa","Improdutiva"]
["Insumo","E9146","SICRO3","Caminhão silo com capacidade de 30 m³ - 265 kW",1,1,0,444.92680000000001,109.9791,444.92680000000001]
[{"$nulls":5},"Custo Horário de Equipamentos =>",null,null,null,444.92680000000001]
[{"$nulls":5},"Custo Horário de Execução =>",null,null,null,444.92680000000001]
[{"$nulls":5},"Fator de Influencia da Chuva - FIC =>",null,null,null,2.1399999999999999E-2]
[{"$nulls":5},"Custo do FIC =>",null,null,null,1.46E-2]
[{"$nulls":5},"Produção de Equipe =>",null,null,null,653.63]
[{"$nulls":5},"Custo Unitário de Execução =>",null,null,null,0.68069999999999997]
[]
[]
[]
[null,"Código","Banco","Descrição","Tipo",null,"Und","Quant.","Valor Unit","Total"]
["Composição"," 5914366 ","SICRO3","Transporte de cimento ou cal hidratada a granel com caminhão silo de 30 m³ - rodovia pavimentada","",null,"tkm",1,0.56999999999999995,0.56999999999999995]
["A","Código","Banco","Equipamentos","Quantidade","Utilização",null,"Custo Operacional",null,"Custo Horário"]
[{"$nulls":5},"Operativa","Improdutiva","Operativa","Improdutiva"]
["Insumo","E9146","SICRO3","Caminhão silo com capacidade de 30 m³ - 265 kW",1,1,0,444.92680000000001,109.9791,444.92680000000001]
[{"$nulls":5},"Custo Horário de Equipamentos =>",null,null,null,444.92680000000001]
[{"$nulls":5},"Custo Horário de Execução =>",null,null,null,444.92680000000001]
[{"$nulls":5},"Fator de Influencia da Chuva - FIC =>",null,null,null,0]
[{"$nulls":5},"Custo do FIC =>",null,null,null,0]
[{"$nulls":5},"Produção de Equipe =>",null,null,null,784.35]
[{"$nulls":5},"Custo Unitário de Execução =>",null,null,null,0.56730000000000003]
[]
[]
[]
[null,"Código","Banco","Descrição","Tipo",null,"Und","Quant.","Valor Unit","Total"]
["Composição"," 6416078 ","SICRO3","Usinagem de concreto asfáltico - faixa C - areia e brita comerciais","",null,"t",1,182.55,182.55]
["A","Código","Banco","Equipamentos","Quantidade","Utilização",null,"Custo Operacional",null,"Custo Horário"]
[{"$nulls":5},"Operativa","Improdutiva","Operativa","Improdutiva"]
["Insumo","E9559","SICRO3","Aquecedor de fluido térmico - 12 kW",1,1,0,70.244100000000003,40.390999999999998,70.244100000000003]
["Insumo","E9584","SICRO3","Carregadeira de pneus com capacidade de 1,72 m³ - 113 kW",1,0.81,0.19,194.30420000000001,95.4636,175.52449999999999]
["Insumo","E9021","SICRO3","Grupo gerador - 456 kVA",1,1,0,393.05630000000002,23.386900000000001,393.05630000000002]
["Insumo","E9558","SICRO3","Tanque de estocagem de asfalto com capacidade de 30.000 l",2,1,0,55.782299999999999,38.103400000000001,111.5646]
["Insumo","E9689","SICRO3","Usina de asfalto a quente gravimétrica com capacidade de 100/140 t/h - 260 kW",1,1,0,1235.7692,652.34730000000002,1235.7692]
[{"$nulls":5},"Custo Horário de Equipamentos =>",null,null,null,1986.1587]
["B","Código","Banco","Mão de Obra","Quantidade","Salário Hora",null,null,null,"Custo Horário"]
["Insumo","P9824","SICRO3","Servente",4,null,null,null,20.652699999999999,82.610799999999998]
[{"$nulls":5},"Custo Horário da Mão de Obra =>",null,null,null,82.610799999999998]
[{"$nulls":5},"Adc.M.O. - Ferramentas (0,0%) =>",null,null,null,0]
[{"$nulls":5},"Custo Horário de Execução =>",null,null,null,2068.7694999999999]
[{"$nulls":5},"Fator de Influencia da Chuva - FIC =>",null,null,null,0]
[{"$nulls":5},"Custo do FIC =>",null,null,null,0]
[{"$nulls":5},"Produção de Equipe =>",null,null,null,99.6]
[{"$nulls":5},"Custo Unitário de Execução =>",null,null,null,20.770800000000001]
["C","Banco","Código","Material","Quantidade","Unidade","Preço Unitário",null,null,"Custo Horário"]
["Insumo","SICRO3","M0028","Areia média",0.33123999999999998,"m³",132.26439999999999,null,null,43.811300000000003]
["Insumo","SICRO3","M0005","Brita 0",6.3700000000000007E-2,"m³",162.67660000000001,null,null,10.362500000000001]
["Insumo","SICRO3","M0191","Brita 1",6.3700000000000007E-2,"m³",149.14840000000001,null,null,9.5007999999999999]
["Insumo","SICRO3","M0344","Cal hidratada - a granel",57.323999999999998,"kg",0.49819999999999998,null,null,28.558800000000002]
["Insumo","SICRO3","M1943","Cimento asfáltico de petróleo - CAP 50/70",6.4490000000000006E-2,"t",0,null,null,0]
["Insumo","SICRO3","M1941","Óleo tipo A1",8,"l",5.7133000000000003,null,null,45.706400000000002]
["Insumo","SICRO3","M1103","Pedrisco",0.14013999999999999,"m³",152.17660000000001,null,null,21.326000000000001]
[{"$nulls":5},"Custo Total do Material =>",null,null,null,159.26580000000001]
["E","Banco","Insumo","Tempos Fixos","Código","Quantidade","Unidade","Preço Unitário",null,"Custo Horário"]
["Tempo Fixo","SICRO3","M0028","Carga, manobra e descarga de agregados ou solos em caminhão basculante de 10 m³ - carga com carregadeira de 3,40 m³ (exclusa) e descarga livre",5914647,0.49686000000000002,"t",1.71,null,0.84960000000000002]
["Tempo Fixo","SICRO3","M0005","Carga, manobra e descarga de agregados ou solos em caminhão basculante de 10 m³ - carga com carregadeira de 3,40 m³ (exclusa) e descarga livre",5914647,9.5549999999999996E-2,"t",1.71,null,0.16339999999999999]
["Tempo Fixo","SICRO3","M0191","Carga, manobra e descarga de agregados ou solos em caminhão basculante de 10 m³ - carga com carregadeira de 3,40 m³ (exclusa) e descarga livre",5914647,9.5549999999999996E-2,"t",1.71,null,0.16339999999999999]
["Tempo Fixo","SICRO3","M0344","Carga, manobra e descarga de cimento ou cal hidratada a granel em caminhão silo de 30 m³",5914363,5.7320000000000003E-2,"t",17.010000000000002,null,0.97499999999999998]
["Tempo Fixo","SICRO3","M1103","Carga, manobra e descarga de agregados ou solos em caminhão basculante de 10 m³ - carga com carregadeira de 3,40 m³ (exclusa) e descarga livre",5914647,0.21021000000000001,"t",1.71,null,0.35949999999999999]
[{"$nulls":5},"Custo Total dos Tempos Fixos =>",null,null,null,2.5108999999999999]
["F","Banco","Insumo","Momento de Transporte","Quantidade","Unidade","Distância Média de Transporte (DMT)",null,null,"Custo Horário"]
[{"$nulls":6},"LN","RP","P"]
["Momento de Transporte","SICRO3","M0028","Areia média - Caminhão basculante com capacidade de 10 m³ - 188 kW",0.49686000000000002,"tkm","5914359\n0,000\nR$ 1,19","5914374\n0,000\nR$ 0,95","5914389\n0,000\nR$ 0,78",0]
["Momento de Transporte","SICRO3","M0005","Brita 0 - Caminhão basculante com capacidade de 10 m³ - 188 kW",9.5549999999999996E-2,"tkm","5914359\n0,000\nR$ 1,19","5914374\n0,000\nR$ 0,95","5914389\n0,000\nR$ 0,78",0]
["Momento de Transporte","SICRO3","M0191","Brita 1 - Caminhão basculante com capacidade de 10 m³ - 188 kW",9.5549999999999996E-2,"tkm","5914359\n0,000\nR$ 1,19","5914374\n0,000\nR$ 0,95","5914389\n0,000\nR$ 0,78",0]
["Momento de Transporte","SICRO3","M0344","Cal hidratada - a granel - Caminhão silo com capacidade de 30 m³ - 265 kW",5.7320000000000003E-2,"tkm","5914364\n0,000\nR$ 0,87","5914365\n0,000\nR$ 0,70","5914366\n0,000\nR$ 0,57",0]
["Momento de Transporte","SICRO3","M1103","Pedrisco - Caminhão basculante com capacidade de 10 m³ - 188 kW",0.21021000000000001,"tkm","5914359\n0,000\nR$ 1,19","5914374\n0,000\nR$ 0,95","5914389\n0,000\nR$ 0,78",0]
[{"$nulls":5},"Custo total dos Momentos de Transportes =>",null,null,null,0]

{"sheet":"Curva ABC de Serviços","index":15,"n_rows":36,"n_cols":10,"rows_kept":36,"cut":false,"hidden":false,"merged":[[35,0,35,2],[35,5,35,6],[35,7,35,9],[36,0,36,2],[0,4,0,6],[0,7,0,9],[1,4,1,6],[1,7,1,9],[2,0,2,9]]}
[null,null,"Obra","Bancos","B.D.I.",null,null,"Encargos Sociais"]
[null,null,"ITEM 01 - ECA - PO BSB","SINAPI - 07/2024 - Sergipe\nSICRO3 - 04/2024 - Sergipe\nORSE - 06/2024 - Sergipe\n","23,08%",null,null,"Não Desonerado: embutido nos preços unitário dos insumos de mão de obra, de acordo com as bases."]
["Curva ABC de Serviços"]
["Código","Banco","Descrição","Reajustamento","Und","Quant.","Valor  Unit","Total","Peso (%)","Peso Acumulado (%)"]
["CAP 50/70","CODEVASF","Aquisição de Cimento Asfáltico CAP 50/70","Cimento Asfáltico Petróleo - CAP","t",2058.52,5727.59,{"$f":"VLOOKUP($A5,'RESUMO MODULO TOTAL'!$D$12:$N$49,11,FALSE)","v":11790358.560000001},{"$f":"H5/$H$36","v":0.39621228501780781},{"$f":"I5","v":0.39621228501780781}]
[4011463,"SICRO","Concreto asfáltico - faixa C - areia e brita comerciais","Pavimentação","t",31920,249.12,{"$f":"VLOOKUP($A6,'RESUMO MODULO TOTAL'!$D$12:$N$49,11,FALSE)","v":7951910.4000000004},0.26722211829331083,{"$f":"I6+J5","v":0.66343440331111858}]
[5914389,"SICRO","Transporte com caminhão basculante de 10 m³ - rodovia pavimentada","Terraplenagem","tkm",3844607.59,0.96,{"$f":"VLOOKUP($A7,'RESUMO MODULO TOTAL'!$D$12:$N$49,11,FALSE)","v":3690823.28},0.1240292666184802,0.78746366992959882]
["Adm Local","CODEVASF","Administração Local da Obra","Administração Local","und",1,1176368.27,{"$f":"VLOOKUP($A8,'RESUMO MODULO TOTAL'!$D$12:$N$49,11,FALSE)","v":1176368.27},3.9531584888385742E-2,0.82699525481798453]
[5914344,"SICRO","Transporte com caminhão basculante de 6 m³ - rodovia pavimentada","Terraplenagem","tkm",932865.99,0.97,{"$f":"VLOOKUP($A9,'RESUMO MODULO TOTAL'!$D$12:$N$49,11,FALSE)","v":904880.01},3.0408284413450171E-2,0.85740353923143475]
["T. CAP 50/70","CODEVASF","\tTransporte CAP 50/70","Pavimentação","t",2058.52,317.02999999999997,{"$f":"VLOOKUP($A10,'RESUMO MODULO TOTAL'!$D$12:$N$49,11,FALSE)","v":652612.59},2.1930895841668935E-2,0.87933443507310372]
["Projeto Executivo","CODEVASF","Projeto Executivo","Consultoria, Supervisão e Projeto","m²",266000,1.95,{"$f":"VLOOKUP($A11,'RESUMO MODULO TOTAL'!$D$12:$N$49,11,FALSE)","v":518700},1.7430794084241735E-2,0.89676522915734547]
["RR-1C","CODEVASF","\tAquisição de Emulsão Asfáltica RR-1C","Emulsão Asfáltica","t",119.7,4105.55,{"$f":"VLOOKUP($A12,'RESUMO MODULO TOTAL'!$D$12:$N$49,11,FALSE)","v":491434.33},1.651453752102815E-2,0.91327976667837363]
["Mob","CODEVASF","Mobilização","Mobilização e Desmobilização","kmxfrente",1900,249.47,{"$f":"VLOOKUP($A13,'RESUMO MODULO TOTAL'!$D$12:$N$49,11,FALSE)","v":473993},1.5928425641742804E-2,0.92920819232011642]
["Mob","CODEVASF","Desmobilização","Mobilização e Desmobilização","kmxfrente",1900,249.47,{"$f":"VLOOKUP($A14,'RESUMO MODULO TOTAL'!$D$12:$N$49,11,FALSE)","v":473993},1.5928425641742804E-2,0.94513661796185922]
[5914374,"SICRO","Transporte com caminhão basculante de 10 m³ - rodovia em revestimento primário","Terraplenagem","tkm",255126.35,1.1599999999999999,{"$f":"VLOOKUP($A15,'RESUMO MODULO TOTAL'!$D$12:$N$49,11,FALSE)","v":295946.56},9.9452160156153682E-3,0.95508183397747459]
[5213400,"SICRO","Pintura de faixa com tinta acrílica - espessura de 0,4 mm","Sinalização Horizontal","m²",9120,29.82,{"$f":"VLOOKUP($A16,'RESUMO MODULO TOTAL'!$D$12:$N$49,11,FALSE)","v":271958.40000000002},9.1390994213993593E-3,0.96422093339887394]
[5213863,"SICRO","Suporte metálico galvanizado para placa de advertência ou regulamentação - lado ou diâmetro de 0,60 m - fornecimento e implantação","Sinalização Vertical","und",228,558.03,{"$f":"VLOOKUP($A17,'RESUMO MODULO TOTAL'!$D$12:$N$49,11,FALSE)","v":127230.84},4.2755630869579847E-3,0.96849649648583191]
[4915777,"SICRO","Reassentamento manual de meio-fio com material arrancado da pista","Conservação Rodoviária","m",7600,16.46,{"$f":"VLOOKUP($A18,'RESUMO MODULO TOTAL'!$D$12:$N$49,11,FALSE)","v":125096},4.2038222802435014E-3,0.97270031876607543]
[4915663,"SICRO","Fresagem descontínua de revestimento asfáltico - espessura de 5 cm","Pavimentação","m³",1330,88.55,{"$f":"VLOOKUP($A19,'RESUMO MODULO TOTAL'!$D$12:$N$49,11,FALSE)","v":117771.5},3.9576841439989893E-3,0.97665800291007443]
[4915618,"SICRO","Recomposição de camada granular do pavimento com material de jazida","Pavimentação","m²",26600,3.77,{"$f":"VLOOKUP($A20,'RESUMO MODULO TOTAL'!$D$12:$N$49,11,FALSE)","v":100282},3.3699535229534021E-3,0.98002795643302787]
[5914359,"SICRO","Transporte com caminhão basculante de 10 m³ - rodovia em leito natural","Terraplenagem","tkm",63781.59,1.46,{"$f":"VLOOKUP($A21,'RESUMO MODULO TOTAL'!$D$12:$N$49,11,FALSE)","v":93121.12},3.1293137991400899E-3,0.98315727023216792]
[4011353,"SICRO","Pintura de ligação","Pavimentação","m²",266000,0.33,{"$f":"VLOOKUP($A22,'RESUMO MODULO TOTAL'!$D$12:$N$49,11,FALSE)","v":87780},2.9498266911793707E-3,0.9861070969233473]
[103689,"SINAPI","Fornecimento e instalação de placa de obra com chapa galvanizada e estrutura de madeira. af_03/2022_ps","Sinalização Vertical","m²",152,429.45,{"$f":"VLOOKUP($A23,'RESUMO MODULO TOTAL'!$D$12:$N$49,11,FALSE)","v":65276.4},2.1935983939861139E-3,0.98830069531733344]
[4915708,"SICRO","Limpeza de sarjeta e meio-fio","Conservação Rodoviária","m",76000,0.84,{"$f":"VLOOKUP($A24,'RESUMO MODULO TOTAL'!$D$12:$N$49,11,FALSE)","v":63840},2.1453285026759058E-3,0.99044602382000935]
[5914329,"SICRO","Transporte com caminhão basculante de 6 m³ - rodovia em revestimento primário","Terraplenagem","tkm",43899.58,1.19,{"$f":"VLOOKUP($A25,'RESUMO MODULO TOTAL'!$D$12:$N$49,11,FALSE)","v":52240.5},1.7555299756272034E-3,0.99220155379563657]
[4915724,"SICRO","Caiação mecanizada com fixador de cal","Conservação Rodoviária","m²",18240,2.25,{"$f":"VLOOKUP($A26,'RESUMO MODULO TOTAL'!$D$12:$N$49,11,FALSE)","v":41040},1.3791397517202253E-3,0.99358069354735679]
["T. RR-1C","CODEVASF","\tTransporte RR-1C","Pavimentação","t",119.7,321.56,{"$f":"VLOOKUP($A27,'RESUMO MODULO TOTAL'!$D$12:$N$49,11,FALSE)","v":38490.730000000003},1.2934721202663311E-3,0.9948741656676231]
[5914366,"SICRO","Transporte de cimento ou cal hidratada a granel com caminhão silo de 30 m³ - rodovia pavimentada","Pavimentação","tkm",54889.63,0.7,{"$f":"VLOOKUP($A28,'RESUMO MODULO TOTAL'!$D$12:$N$49,11,FALSE)","v":38422.74},1.2911873319690732E-3,0.99616535299959219]
[5213464,"SICRO","Placa de advertência em aço, lado de 0,60 m - película retrorrefletiva tipo I + SI - fornecimento e implantação","Sinalização Vertical","und",114,310.27999999999997,{"$f":"VLOOKUP($A29,'RESUMO MODULO TOTAL'!$D$12:$N$49,11,FALSE)","v":35371.919999999998},1.1886652282326431E-3,0.99735401822782488]
[5213440,"SICRO","Placa de regulamentação em aço D = 0,60 m - película retrorrefletiva tipo I + SI - fornecimento e implantação","Sinalização Vertical","und",114,310.24,{"$f":"VLOOKUP($A30,'RESUMO MODULO TOTAL'!$D$12:$N$49,11,FALSE)","v":35367.360000000001},1.1885119904824519E-3,0.9985425302183073]
["Canteiro","CODEVASF","Canteiro de Obras","Administração Local","frente",19,981.94,{"$f":"VLOOKUP($A31,'RESUMO MODULO TOTAL'!$D$12:$N$49,11,FALSE)","v":18656.86},6.2695948509451757E-4,0.9991694897034018]
[5914314,"SICRO","Transporte com caminhão basculante de 6 m³ - rodovia em leito natural","Terraplenagem","tkm",10974.89,1.5,{"$f":"VLOOKUP($A32,'RESUMO MODULO TOTAL'!$D$12:$N$49,11,FALSE)","v":16462.330000000002},5.5321280967194004E-4,0.99972270251307371]
[5914365,"SICRO","Transporte de cimento ou cal hidratada a granel com caminhão silo de 30 m³ - rodovia em revestimento primário","Pavimentação","tkm",7318.62,0.86,{"$f":"VLOOKUP($A33,'RESUMO MODULO TOTAL'!$D$12:$N$49,11,FALSE)","v":6294.01},2.1150875703520019E-4,0.99993421127010895]
[5914364,"SICRO","Transporte de cimento ou cal hidratada a granel com caminhão silo de 30 m³ - rodovia em leito natural","Pavimentação","tkm",1829.65,1.07,{"$f":"VLOOKUP($A34,'RESUMO MODULO TOTAL'!$D$12:$N$49,11,FALSE)","v":1957.72},6.578872989126997E-5,1.0000000000000002]
[]
[{"$nulls":5},"Total",null,{"$f":"SUM($H$5:$H$34)","v":29757680.429999996}]

{"sheet":"ANP ESTADOS","index":16,"n_rows":99614,"n_cols":4,"rows_kept":4500,"cut":true,"hidden":false,"merged":[[4,7,4,13]],"bounds":{"rows_first":2000,"rows_last":500,"rows_between":2000,"halvings":0}}
["                       Agência Nacional do Petróleo, Gás Natural e Biocombustíveis"]
["                       Superintendência de Defesa da Concorrência"]
[]
[]
[null,"PREÇO MÉDIO MENSAL PONDERADO PRATICADO PELOS DISTRIBUIDORES DE PRODUTOS ASFÁLTICOS (R$/KG)"]
[]
["Importante:","Quando não houver declaração de venda do produto selecionado, ou quando a declaração de venda do produto ocorrer por menos de 03 (três) distribuidoras, a tabela indicará campo vazio."]
["Mês","Produto","Estado","Preço"]
["2013-01-01","ASFALTOS DILUÍDOS CM-30","Acre","-"]
["2013-01-01","ASFALTOS DILUÍDOS CM-30","Alagoas","-"]
["2013-01-01","ASFALTOS DILUÍDOS CM-30","Amapá","-"]
["2013-01-01","ASFALTOS DILUÍDOS CM-30","Amazonas",1.4535270214060187]
["2013-01-01","ASFALTOS DILUÍDOS CM-30","Bahia",1.4640441420517516]
["2013-01-01","ASFALTOS DILUÍDOS CM-30","Ceará",1.4479979339846571]
["2013-01-01","ASFALTOS DILUÍDOS CM-30","Distrito Federal","-"]
["2013-01-01","ASFALTOS DILUÍDOS CM-30","Espírito Santo","-"]
["2013-01-01","ASFALTOS DILUÍDOS CM-30","Goiás",1.6863830648778011]
["2013-01-01","ASFALTOS DILUÍDOS CM-30","Maranhão","-"]
["2013-01-01","ASFALTOS DILUÍDOS CM-30","Mato Grosso","-"]
["2013-01-01","ASFALTOS DILUÍDOS CM-30","Mato Grosso do Sul","-"]
["2013-01-01","ASFALTOS DILUÍDOS CM-30","Minas Gerais",1.4511061136949568]
["2013-01-01","ASFALTOS DILUÍDOS CM-30","Pará","-"]
["2013-01-01","ASFALTOS DILUÍDOS CM-30","Paraíba","-"]
["2013-01-01","ASFALTOS DILUÍDOS CM-30","Paraná",1.5201250313327568]
["2013-01-01","ASFALTOS DILUÍDOS CM-30","Pernambuco","-"]
["2013-01-01","ASFALTOS DILUÍDOS CM-30","Piauí","-"]
["2013-01-01","ASFALTOS DILUÍDOS CM-30","Rio de Janeiro",1.3304751064278189]
["2013-01-01","ASFALTOS DILUÍDOS CM-30","Rio Grande do Norte","-"]
["2013-01-01","ASFALTOS DILUÍDOS CM-30","Rio Grande do Sul",1.5986110742416622]
["2013-01-01","ASFALTOS DILUÍDOS CM-30","Rondônia","-"]
["2013-01-01","ASFALTOS DILUÍDOS CM-30","Roraima","-"]
["2013-01-01","ASFALTOS DILUÍDOS CM-30","Santa Catarina","-"]
["2013-01-01","ASFALTOS DILUÍDOS CM-30","São Paulo",1.4710084232194318]
["2013-01-01","ASFALTOS DILUÍDOS CM-30","Sergipe","-"]
["2013-01-01","ASFALTOS DILUÍDOS CM-30","Tocantins","-"]
["2013-02-01","ASFALTOS DILUÍDOS CM-30","Acre","-"]
["2013-02-01","ASFALTOS DILUÍDOS CM-30","Alagoas","-"]
["2013-02-01","ASFALTOS DILUÍDOS CM-30","Amapá","-"]
["2013-02-01","ASFALTOS DILUÍDOS CM-30","Amazonas",1.4855781787830731]
["2013-02-01","ASFALTOS DILUÍDOS CM-30","Bahia",1.4570141012974054]
["2013-02-01","ASFALTOS DILUÍDOS CM-30","Ceará",1.4131923360976373]
["2013-02-01","ASFALTOS DILUÍDOS CM-30","Distrito Federal","-"]
["2013-02-01","ASFALTOS DILUÍDOS CM-30","Espírito Santo","-"]
["2013-02-01","ASFALTOS DILUÍDOS CM-30","Goiás",1.6674597105953242]
["2013-02-01","ASFALTOS DILUÍDOS CM-30","Maranhão","-"]
["2013-02-01","ASFALTOS DILUÍDOS CM-30","Mato Grosso","-"]
["2013-02-01","ASFALTOS DILUÍDOS CM-30","Mato Grosso do Sul","-"]
["2013-02-01","ASFALTOS DILUÍDOS CM-30","Minas Gerais",1.4521211168848078]
["2013-02-01","ASFALTOS DILUÍDOS CM-30","Pará","-"]
["2013-02-01","ASFALTOS DILUÍDOS CM-30","Paraíba","-"]
["2013-02-01","ASFALTOS DILUÍDOS CM-30","Paraná",1.4937831726234798]
["2013-02-01","ASFALTOS DILUÍDOS CM-30","Pernambuco","-"]
["2013-02-01","ASFALTOS DILUÍDOS CM-30","Piauí","-"]
["2013-02-01","ASFALTOS DILUÍDOS CM-30","Rio de Janeiro",1.4182349010292952]
["2013-02-01","ASFALTOS DILUÍDOS CM-30","Rio Grande do Norte","-"]
["2013-02-01","ASFALTOS DILUÍDOS CM-30","Rio Grande do Sul",1.4358617819236099]
["2013-02-01","ASFALTOS DILUÍDOS CM-30","Rondônia","-"]
["2013-02-01","ASFALTOS DILUÍDOS CM-30","Roraima","-"]
["2013-02-01","ASFALTOS DILUÍDOS CM-30","Santa Catarina","-"]
["2013-02-01","ASFALTOS DILUÍDOS CM-30","São Paulo",1.4341902042953412]
["2013-02-01","ASFALTOS DILUÍDOS CM-30","Sergipe","-"]
["2013-02-01","ASFALTOS DILUÍDOS CM-30","Tocantins","-"]
["2013-03-01","ASFALTOS DILUÍDOS CM-30","Acre","-"]
["2013-03-01","ASFALTOS DILUÍDOS CM-30","Alagoas","-"]
["2013-03-01","ASFALTOS DILUÍDOS CM-30","Amapá","-"]
["2013-03-01","ASFALTOS DILUÍDOS CM-30","Amazonas",1.5079239205862709]
["2013-03-01","ASFALTOS DILUÍDOS CM-30","Bahia",1.4494403251178087]
["2013-03-01","ASFALTOS DILUÍDOS CM-30","Ceará",1.4016074852948124]
["2013-03-01","ASFALTOS DILUÍDOS CM-30","Distrito Federal","-"]
["2013-03-01","ASFALTOS DILUÍDOS CM-30","Espírito Santo","-"]
["2013-03-01","ASFALTOS DILUÍDOS CM-30","Goiás",1.6617587007265764]
["2013-03-01","ASFALTOS DILUÍDOS CM-30","Maranhão","-"]
["2013-03-01","ASFALTOS DILUÍDOS CM-30","Mato Grosso","-"]
["2013-03-01","ASFALTOS DILUÍDOS CM-30","Mato Grosso do Sul","-"]
["2013-03-01","ASFALTOS DILUÍDOS CM-30","Minas Gerais",1.4432433296645579]
["2013-03-01","ASFALTOS DILUÍDOS CM-30","Pará","-"]
["2013-03-01","ASFALTOS DILUÍDOS CM-30","Paraíba","-"]
["2013-03-01","ASFALTOS DILUÍDOS CM-30","Paraná",1.4689959959501271]
["2013-03-01","ASFALTOS DILUÍDOS CM-30","Pernambuco","-"]
["2013-03-01","ASFALTOS DILUÍDOS CM-30","Piauí","-"]
["2013-03-01","ASFALTOS DILUÍDOS CM-30","Rio de Janeiro",1.4380555738810545]
["2013-03-01","ASFALTOS DILUÍDOS CM-30","Rio Grande do Norte","-"]
["2013-03-01","ASFALTOS DILUÍDOS CM-30","Rio Grande do Sul",1.5814258782658748]
["2013-03-01","ASFALTOS DILUÍDOS CM-30","Rondônia","-"]
["2013-03-01","ASFALTOS DILUÍDOS CM-30","Roraima","-"]
["2013-03-01","ASFALTOS DILUÍDOS CM-30","Santa Catarina","-"]
["2013-03-01","ASFALTOS DILUÍDOS CM-30","São Paulo",1.4660617024058002]
["2013-03-01","ASFALTOS DILUÍDOS CM-30","Sergipe","-"]
["2013-03-01","ASFALTOS DILUÍDOS CM-30","Tocantins","-"]
["2013-04-01","ASFALTOS DILUÍDOS CM-30","Acre","-"]
["2013-04-01","ASFALTOS DILUÍDOS CM-30","Alagoas","-"]
["2013-04-01","ASFALTOS DILUÍDOS CM-30","Amapá","-"]
["2013-04-01","ASFALTOS DILUÍDOS CM-30","Amazonas",1.4847966561231034]
["2013-04-01","ASFALTOS DILUÍDOS CM-30","Bahia",1.454836546307112]
["2013-04-01","ASFALTOS DILUÍDOS CM-30","Ceará",1.3870739617974539]
["2013-04-01","ASFALTOS DILUÍDOS CM-30","Distrito Federal","-"]
["2013-04-01","ASFALTOS DILUÍDOS CM-30","Espírito Santo","-"]
["2013-04-01","ASFALTOS DILUÍDOS CM-30","Goiás",1.6734818355604775]
["2013-04-01","ASFALTOS DILUÍDOS CM-30","Maranhão","-"]
["2013-04-01","ASFALTOS DILUÍDOS CM-30","Mato Grosso",1.9219384218389803]
["2013-04-01","ASFALTOS DILUÍDOS CM-30","Mato Grosso do Sul","-"]
["2013-04-01","ASFALTOS DILUÍDOS CM-30","Minas Gerais",1.4565566827656029]
["2013-04-01","ASFALTOS DILUÍDOS CM-30","Pará","-"]
["2013-04-01","ASFALTOS DILUÍDOS CM-30","Paraíba","-"]
["2013-04-01","ASFALTOS DILUÍDOS CM-30","Paraná",1.5344194983914978]
["2013-04-01","ASFALTOS DILUÍDOS CM-30","Pernambuco","-"]
["2013-04-01","ASFALTOS DILUÍDOS CM-30","Piauí","-"]
["2013-04-01","ASFALTOS DILUÍDOS CM-30","Rio de Janeiro",1.4184195161224069]
["2013-04-01","ASFALTOS DILUÍDOS CM-30","Rio Grande do Norte","-"]
["2013-04-01","ASFALTOS DILUÍDOS CM-30","Rio Grande do Sul",1.572582456389797]
["2013-04-01","ASFALTOS DILUÍDOS CM-30","Rondônia","-"]
["2013-04-01","ASFALTOS DILUÍDOS CM-30","Roraima","-"]
["2013-04-01","ASFALTOS DILUÍDOS CM-30","Santa Catarina","-"]
["2013-04-01","ASFALTOS DILUÍDOS CM-30","São Paulo",1.4757643482956038]
["2013-04-01","ASFALTOS DILUÍDOS CM-30","Sergipe","-"]
["2013-04-01","ASFALTOS DILUÍDOS CM-30","Tocantins","-"]
["2013-05-01","ASFALTOS DILUÍDOS CM-30","Acre","-"]
["2013-05-01","ASFALTOS DILUÍDOS CM-30","Alagoas","-"]
["2013-05-01","ASFALTOS DILUÍDOS CM-30","Amapá","-"]
["2013-05-01","ASFALTOS DILUÍDOS CM-30","Amazonas","-"]
["2013-05-01","ASFALTOS DILUÍDOS CM-30","Bahia",1.4925874242145125]
["2013-05-01","ASFALTOS DILUÍDOS CM-30","Ceará",1.3762630205188797]
["2013-05-01","ASFALTOS DILUÍDOS CM-30","Distrito Federal","-"]
["2013-05-01","ASFALTOS DILUÍDOS CM-30","Espírito Santo","-"]
["2013-05-01","ASFALTOS DILUÍDOS CM-30","Goiás",1.6682148189524701]
["2013-05-01","ASFALTOS DILUÍDOS CM-30","Maranhão","-"]
["2013-05-01","ASFALTOS DILUÍDOS CM-30","Mato Grosso",1.9030981590145519]
["2013-05-01","ASFALTOS DILUÍDOS CM-30","Mato Grosso do Sul","-"]
["2013-05-01","ASFALTOS DILUÍDOS CM-30","Minas Gerais",1.4647097164454981]
["2013-05-01","ASFALTOS DILUÍDOS CM-30","Pará","-"]
["2013-05-01","ASFALTOS DILUÍDOS CM-30","Paraíba","-"]
["2013-05-01","ASFALTOS DILUÍDOS CM-30","Paraná",1.4890278492054516]
["2013-05-01","ASFALTOS DILUÍDOS CM-30","Pernambuco","-"]
["2013-05-01","ASFALTOS DILUÍDOS CM-30","Piauí","-"]
["2013-05-01","ASFALTOS DILUÍDOS CM-30","Rio de Janeiro",1.3992560478193556]
["2013-05-01","ASFALTOS DILUÍDOS CM-30","Rio Grande do Norte","-"]
["2013-05-01","ASFALTOS DILUÍDOS CM-30","Rio Grande do Sul",1.5396369613878009]
["2013-05-01","ASFALTOS DILUÍDOS CM-30","Rondônia","-"]
["2013-05-01","ASFALTOS DILUÍDOS CM-30","Roraima","-"]
["2013-05-01","ASFALTOS DILUÍDOS CM-30","Santa Catarina","-"]
["2013-05-01","ASFALTOS DILUÍDOS CM-30","São Paulo",1.4512159364340786]
["2013-05-01","ASFALTOS DILUÍDOS CM-30","Sergipe","-"]
["2013-05-01","ASFALTOS DILUÍDOS CM-30","Tocantins","-"]
["2013-06-01","ASFALTOS DILUÍDOS CM-30","Acre","-"]
["2013-06-01","ASFALTOS DILUÍDOS CM-30","Alagoas","-"]
["2013-06-01","ASFALTOS DILUÍDOS CM-30","Amapá","-"]
["2013-06-01","ASFALTOS DILUÍDOS CM-30","Amazonas",1.5863258175048849]
["2013-06-01","ASFALTOS DILUÍDOS CM-30","Bahia",1.448129069812556]
["2013-06-01","ASFALTOS DILUÍDOS CM-30","Ceará",1.3827009885251489]
["2013-06-01","ASFALTOS DILUÍDOS CM-30","Distrito Federal","-"]
["2013-06-01","ASFALTOS DILUÍDOS CM-30","Espírito Santo","-"]
["2013-06-01","ASFALTOS DILUÍDOS CM-30","Goiás",1.6996138671289776]
["2013-06-01","ASFALTOS DILUÍDOS CM-30","Maranhão","-"]
["2013-06-01","ASFALTOS DILUÍDOS CM-30","Mato Grosso",1.9159756577927578]
["2013-06-01","ASFALTOS DILUÍDOS CM-30","Mato Grosso do Sul","-"]
["2013-06-01","ASFALTOS DILUÍDOS CM-30","Minas Gerais",1.4753668962896909]
["2013-06-01","ASFALTOS DILUÍDOS CM-30","Pará","-"]
["2013-06-01","ASFALTOS DILUÍDOS CM-30","Paraíba","-"]
["2013-06-01","ASFALTOS DILUÍDOS CM-30","Paraná",1.4321669740385425]
["2013-06-01","ASFALTOS DILUÍDOS CM-30","Pernambuco","-"]
["2013-06-01","ASFALTOS DILUÍDOS CM-30","Piauí","-"]
["2013-06-01","ASFALTOS DILUÍDOS CM-30","Rio de Janeiro",1.5274202263737213]
["2013-06-01","ASFALTOS DILUÍDOS CM-30","Rio Grande do Norte","-"]
["2013-06-01","ASFALTOS DILUÍDOS CM-30","Rio Grande do Sul",1.5986834901348475]
["2013-06-01","ASFALTOS DILUÍDOS CM-30","Rondônia","-"]
["2013-06-01","ASFALTOS DILUÍDOS CM-30","Roraima","-"]
["2013-06-01","ASFALTOS DILUÍDOS CM-30","Santa Catarina","-"]
["2013-06-01","ASFALTOS DILUÍDOS CM-30","São Paulo",1.4327481873578112]
["2013-06-01","ASFALTOS DILUÍDOS CM-30","Sergipe","-"]
["2013-06-01","ASFALTOS DILUÍDOS CM-30","Tocantins","-"]
["2013-07-01","ASFALTOS DILUÍDOS CM-30","Acre","-"]
["2013-07-01","ASFALTOS DILUÍDOS CM-30","Alagoas","-"]
["2013-07-01","ASFALTOS DILUÍDOS CM-30","Amapá","-"]
["2013-07-01","ASFALTOS DILUÍDOS CM-30","Amazonas",1.5098909307114052]
["2013-07-01","ASFALTOS DILUÍDOS CM-30","Bahia",1.4361500161396077]
["2013-07-01","ASFALTOS DILUÍDOS CM-30","Ceará",1.4248358446083929]
["2013-07-01","ASFALTOS DILUÍDOS CM-30","Distrito Federal","-"]
["2013-07-01","ASFALTOS DILUÍDOS CM-30","Espírito Santo","-"]
["2013-07-01","ASFALTOS DILUÍDOS CM-30","Goiás",1.6637784537782818]
["2013-07-01","ASFALTOS DILUÍDOS CM-30","Maranhão","-"]
["2013-07-01","ASFALTOS DILUÍDOS CM-30","Mato Grosso",1.9305895506226753]
["2013-07-01","ASFALTOS DILUÍDOS CM-30","Mato Grosso do Sul","-"]
["2013-07-01","ASFALTOS DILUÍDOS CM-30","Minas Gerais",1.4765723524617482]
["2013-07-01","ASFALTOS DILUÍDOS CM-30","Pará","-"]
["2013-07-01","ASFALTOS DILUÍDOS CM-30","Paraíba","-"]
["2013-07-01","ASFALTOS DILUÍDOS CM-30","Paraná",1.4771672738531896]
["2013-07-01","ASFALTOS DILUÍDOS CM-30","Pernambuco","-"]
["2013-07-01","ASFALTOS DILUÍDOS CM-30","Piauí","-"]
["2013-07-01","ASFALTOS DILUÍDOS CM-30","Rio de Janeiro",1.5844647130872824]
["2013-07-01","ASFALTOS DILUÍDOS CM-30","Rio Grande do Norte","-"]
["2013-07-01","ASFALTOS DILUÍDOS CM-30","Rio Grande do Sul",1.6124879253037883]
["2013-07-01","ASFALTOS DILUÍDOS CM-30","Rondônia","-"]
["2013-07-01","ASFALTOS DILUÍDOS CM-30","Roraima","-"]
["2013-07-01","ASFALTOS DILUÍDOS CM-30","Santa Catarina","-"]
["2013-07-01","ASFALTOS DILUÍDOS CM-30","São Paulo",1.5078449085221559]
["2013-07-01","ASFALTOS DILUÍDOS CM-30","Sergipe","-"]
["2013-07-01","ASFALTOS DILUÍDOS CM-30","Tocantins","-"]
["2013-08-01","ASFALTOS DILUÍDOS CM-30","Acre","-"]
["2013-08-01","ASFALTOS DILUÍDOS CM-30","Alagoas","-"]
["2013-08-01","ASFALTOS DILUÍDOS CM-30","Amapá","-"]
["2013-08-01","ASFALTOS DILUÍDOS CM-30","Amazonas",1.5092756412465567]
["2013-08-01","ASFALTOS DILUÍDOS CM-30","Bahia",1.4166993230667961]
["2013-08-01","ASFALTOS DILUÍDOS CM-30","Ceará",1.4474033636621826]
["2013-08-01","ASFALTOS DILUÍDOS CM-30","Distrito Federal","-"]
["2013-08-01","ASFALTOS DILUÍDOS CM-30","Espírito Santo","-"]
["2013-08-01","ASFALTOS DILUÍDOS CM-30","Goiás",1.733407290687675]
["2013-08-01","ASFALTOS DILUÍDOS CM-30","Maranhão","-"]
["2013-08-01","ASFALTOS DILUÍDOS CM-30","Mato Grosso",1.9368734488373014]
["2013-08-01","ASFALTOS DILUÍDOS CM-30","Mato Grosso do Sul","-"]
["2013-08-01","ASFALTOS DILUÍDOS CM-30","Minas Gerais",1.497135866276361]
["2013-08-01","ASFALTOS DILUÍDOS CM-30","Pará","-"]
["2013-08-01","ASFALTOS DILUÍDOS CM-30","Paraíba","-"]
["2013-08-01","ASFALTOS DILUÍDOS CM-30","Paraná",1.5549604317647849]
["2013-08-01","ASFALTOS DILUÍDOS CM-30","Pernambuco","-"]
["2013-08-01","ASFALTOS DILUÍDOS CM-30","Piauí","-"]
["2013-08-01","ASFALTOS DILUÍDOS CM-30","Rio de Janeiro",1.610072132228562]
["2013-08-01","ASFALTOS DILUÍDOS CM-30","Rio Grande do Norte","-"]
["2013-08-01","ASFALTOS DILUÍDOS CM-30","Rio Grande do Sul",1.4857528885719486]
["2013-08-01","ASFALTOS DILUÍDOS CM-30","Rondônia","-"]
["2013-08-01","ASFALTOS DILUÍDOS CM-30","Roraima","-"]
["2013-08-01","ASFALTOS DILUÍDOS CM-30","Santa Catarina","-"]
["2013-08-01","ASFALTOS DILUÍDOS CM-30","São Paulo",1.4933707014182394]
["2013-08-01","ASFALTOS DILUÍDOS CM-30","Sergipe","-"]
["2013-08-01","ASFALTOS DILUÍDOS CM-30","Tocantins","-"]
["2013-09-01","ASFALTOS DILUÍDOS CM-30","Acre","-"]
["2013-09-01","ASFALTOS DILUÍDOS CM-30","Alagoas","-"]
["2013-09-01","ASFALTOS DILUÍDOS CM-30","Amapá","-"]
["2013-09-01","ASFALTOS DILUÍDOS CM-30","Amazonas",1.4609016726129569]
["2013-09-01","ASFALTOS DILUÍDOS CM-30","Bahia",1.4552257782611762]
["2013-09-01","ASFALTOS DILUÍDOS CM-30","Ceará",1.4832578566834698]
["2013-09-01","ASFALTOS DILUÍDOS CM-30","Distrito Federal","-"]
["2013-09-01","ASFALTOS DILUÍDOS CM-30","Espírito Santo","-"]
["2013-09-01","ASFALTOS DILUÍDOS CM-30","Goiás",1.7695439322713993]
["2013-09-01","ASFALTOS DILUÍDOS CM-30","Maranhão","-"]
["2013-09-01","ASFALTOS DILUÍDOS CM-30","Mato Grosso",1.9944491035094916]
["2013-09-01","ASFALTOS DILUÍDOS CM-30","Mato Grosso do Sul","-"]
["2013-09-01","ASFALTOS DILUÍDOS CM-30","Minas Gerais",1.5520445899980486]
["2013-09-01","ASFALTOS DILUÍDOS CM-30","Pará","-"]
["2013-09-01","ASFALTOS DILUÍDOS CM-30","Paraíba","-"]
["2013-09-01","ASFALTOS DILUÍDOS CM-30","Paraná",1.4988253631307897]
["2013-09-01","ASFALTOS DILUÍDOS CM-30","Pernambuco","-"]
["2013-09-01","ASFALTOS DILUÍDOS CM-30","Piauí","-"]
["2013-09-01","ASFALTOS DILUÍDOS CM-30","Rio de Janeiro",1.5485200882073553]
["2013-09-01","ASFALTOS DILUÍDOS CM-30","Rio Grande do Norte","-"]
["2013-09-01","ASFALTOS DILUÍDOS CM-30","Rio Grande do Sul",1.466231451400871]
["2013-09-01","ASFALTOS DILUÍDOS CM-30","Rondônia","-"]
["2013-09-01","ASFALTOS DILUÍDOS CM-30","Roraima","-"]
["2013-09-01","ASFALTOS DILUÍDOS CM-30","Santa Catarina","-"]
["2013-09-01","ASFALTOS DILUÍDOS CM-30","São Paulo",1.5183323308106733]
["2013-09-01","ASFALTOS DILUÍDOS CM-30","Sergipe","-"]
["2013-09-01","ASFALTOS DILUÍDOS CM-30","Tocantins","-"]
["2013-10-01","ASFALTOS DILUÍDOS CM-30","Acre","-"]
["2013-10-01","ASFALTOS DILUÍDOS CM-30","Alagoas","-"]
["2013-10-01","ASFALTOS DILUÍDOS CM-30","Amapá","-"]
["2013-10-01","ASFALTOS DILUÍDOS CM-30","Amazonas",1.5243349537611375]
["2013-10-01","ASFALTOS DILUÍDOS CM-30","Bahia",1.4727836719438803]
["2013-10-01","ASFALTOS DILUÍDOS CM-30","Ceará",1.4803412015757087]
["2013-10-01","ASFALTOS DILUÍDOS CM-30","Distrito Federal","-"]
["2013-10-01","ASFALTOS DILUÍDOS CM-30","Espírito Santo","-"]
["2013-10-01","ASFALTOS DILUÍDOS CM-30","Goiás",1.7002748519093238]
["2013-10-01","ASFALTOS DILUÍDOS CM-30","Maranhão","-"]
["2013-10-01","ASFALTOS DILUÍDOS CM-30","Mato Grosso",1.9560474873532938]
["2013-10-01","ASFALTOS DILUÍDOS CM-30","Mato Grosso do Sul","-"]
["2013-10-01","ASFALTOS DILUÍDOS CM-30","Minas Gerais",1.5061274599279553]
["2013-10-01","ASFALTOS DILUÍDOS CM-30","Pará",1.7431022484656087]
["2013-10-01","ASFALTOS DILUÍDOS CM-30","Paraíba","-"]
["2013-10-01","ASFALTOS DILUÍDOS CM-30","Paraná",1.5123431624357759]
["2013-10-01","ASFALTOS DILUÍDOS CM-30","Pernambuco","-"]
["2013-10-01","ASFALTOS DILUÍDOS CM-30","Piauí","-"]
["2013-10-01","ASFALTOS DILUÍDOS CM-30","Rio de Janeiro",1.5104848924413496]
["2013-10-01","ASFALTOS DILUÍDOS CM-30","Rio Grande do Norte","-"]
["2013-10-01","ASFALTOS DILUÍDOS CM-30","Rio Grande do Sul",1.4366665414429234]
["2013-10-01","ASFALTOS DILUÍDOS CM-30","Rondônia","-"]
["2013-10-01","ASFALTOS DILUÍDOS CM-30","Roraima","-"]
["2013-10-01","ASFALTOS DILUÍDOS CM-30","Santa Catarina","-"]
["2013-10-01","ASFALTOS DILUÍDOS CM-30","São Paulo",1.4793466955826844]
["2013-10-01","ASFALTOS DILUÍDOS CM-30","Sergipe","-"]
["2013-10-01","ASFALTOS DILUÍDOS CM-30","Tocantins","-"]
["2013-11-01","ASFALTOS DILUÍDOS CM-30","Acre","-"]
["2013-11-01","ASFALTOS DILUÍDOS CM-30","Alagoas","-"]
["2013-11-01","ASFALTOS DILUÍDOS CM-30","Amapá","-"]
["2013-11-01","ASFALTOS DILUÍDOS CM-30","Amazonas",1.4995512809893463]
["2013-11-01","ASFALTOS DILUÍDOS CM-30","Bahia",1.5008772738611229]
["2013-11-01","ASFALTOS DILUÍDOS CM-30","Ceará",1.4875621424174903]
["2013-11-01","ASFALTOS DILUÍDOS CM-30","Distrito Federal","-"]
["2013-11-01","ASFALTOS DILUÍDOS CM-30","Espírito Santo","-"]
["2013-11-01","ASFALTOS DILUÍDOS CM-30","Goiás",1.792940583041257]
["2013-11-01","ASFALTOS DILUÍDOS CM-30","Maranhão","-"]
["2013-11-01","ASFALTOS DILUÍDOS CM-30","Mato Grosso",1.943476204233427]
["2013-11-01","ASFALTOS DILUÍDOS CM-30","Mato Grosso do Sul","-"]
["2013-11-01","ASFALTOS DILUÍDOS CM-30","Minas Gerais",1.4851520732604662]
["2013-11-01","ASFALTOS DILUÍDOS CM-30","Pará",1.7240862433505024]
["2013-11-01","ASFALTOS DILUÍDOS CM-30","Paraíba","-"]
["2013-11-01","ASFALTOS DILUÍDOS CM-30","Paraná",1.5581010922628975]
["2013-11-01","ASFALTOS DILUÍDOS CM-30","Pernambuco","-"]
["2013-11-01","ASFALTOS DILUÍDOS CM-30","Piauí","-"]
["2013-11-01","ASFALTOS DILUÍDOS CM-30","Rio de Janeiro",1.5673390277834358]
["2013-11-01","ASFALTOS DILUÍDOS CM-30","Rio Grande do Norte","-"]
["2013-11-01","ASFALTOS DILUÍDOS CM-30","Rio Grande do Sul",1.4257711845847554]
["2013-11-01","ASFALTOS DILUÍDOS CM-30","Rondônia","-"]
["2013-11-01","ASFALTOS DILUÍDOS CM-30","Roraima","-"]
["2013-11-01","ASFALTOS DILUÍDOS CM-30","Santa Catarina","-"]
["2013-11-01","ASFALTOS DILUÍDOS CM-30","São Paulo",1.4885140871545035]
["2013-11-01","ASFALTOS DILUÍDOS CM-30","Sergipe","-"]
["2013-11-01","ASFALTOS DILUÍDOS CM-30","Tocantins","-"]
["2013-12-01","ASFALTOS DILUÍDOS CM-30","Acre","-"]
["2013-12-01","ASFALTOS DILUÍDOS CM-30","Alagoas","-"]
["2013-12-01","ASFALTOS DILUÍDOS CM-30","Amapá","-"]
["2013-12-01","ASFALTOS DILUÍDOS CM-30","Amazonas",1.5260290448360885]
["2013-12-01","ASFALTOS DILUÍDOS CM-30","Bahia",1.4767110358523383]
["2013-12-01","ASFALTOS DILUÍDOS CM-30","Ceará",1.5036028855664643]
["2013-12-01","ASFALTOS DILUÍDOS CM-30","Distrito Federal","-"]
["2013-12-01","ASFALTOS DILUÍDOS CM-30","Espírito Santo","-"]
["2013-12-01","ASFALTOS DILUÍDOS CM-30","Goiás",1.8117439845237926]
["2013-12-01","ASFALTOS DILUÍDOS CM-30","Maranhão","-"]
["2013-12-01","ASFALTOS DILUÍDOS CM-30","Mato Grosso",1.9339186491243692]
["2013-12-01","ASFALTOS DILUÍDOS CM-30","Mato Grosso do Sul","-"]
["2013-12-01","ASFALTOS DILUÍDOS CM-30","Minas Gerais",1.4674477520485494]
["2013-12-01","ASFALTOS DILUÍDOS CM-30","Pará",1.7439002309289962]
["2013-12-01","ASFALTOS DILUÍDOS CM-30","Paraíba","-"]
["2013-12-01","ASFALTOS DILUÍDOS CM-30","Paraná",1.6568745232341642]
["2013-12-01","ASFALTOS DILUÍDOS CM-30","Pernambuco","-"]
["2013-12-01","ASFALTOS DILUÍDOS CM-30","Piauí","-"]
["2013-12-01","ASFALTOS DILUÍDOS CM-30","Rio de Janeiro",1.5550002197863031]
["2013-12-01","ASFALTOS DILUÍDOS CM-30","Rio Grande do Norte","-"]
["2013-12-01","ASFALTOS DILUÍDOS CM-30","Rio Grande do Sul",1.4462951563408815]
["2013-12-01","ASFALTOS DILUÍDOS CM-30","Rondônia","-"]
["2013-12-01","ASFALTOS DILUÍDOS CM-30","Roraima","-"]
["2013-12-01","ASFALTOS DILUÍDOS CM-30","Santa Catarina","-"]
["2013-12-01","ASFALTOS DILUÍDOS CM-30","São Paulo",1.5130913326024036]
["2013-12-01","ASFALTOS DILUÍDOS CM-30","Sergipe","-"]
["2013-12-01","ASFALTOS DILUÍDOS CM-30","Tocantins","-"]
["2014-01-01","ASFALTOS DILUÍDOS CM-30","Acre","-"]
["2014-01-01","ASFALTOS DILUÍDOS CM-30","Alagoas","-"]
["2014-01-01","ASFALTOS DILUÍDOS CM-30","Amapá","-"]
["2014-01-01","ASFALTOS DILUÍDOS CM-30","Amazonas",1.5470449444452594]
["2014-01-01","ASFALTOS DILUÍDOS CM-30","Bahia",1.4920329063705282]
["2014-01-01","ASFALTOS DILUÍDOS CM-30","Ceará",1.5006530489663283]
["2014-01-01","ASFALTOS DILUÍDOS CM-30","Distrito Federal","-"]
["2014-01-01","ASFALTOS DILUÍDOS CM-30","Espírito Santo","-"]
["2014-01-01","ASFALTOS DILUÍDOS CM-30","Goiás",1.7738596671771081]
["2014-01-01","ASFALTOS DILUÍDOS CM-30","Maranhão","-"]
["2014-01-01","ASFALTOS DILUÍDOS CM-30","Mato Grosso",1.9580558459311677]
["2014-01-01","ASFALTOS DILUÍDOS CM-30","Mato Grosso do Sul","-"]
["2014-01-01","ASFALTOS DILUÍDOS CM-30","Minas Gerais",1.4379164016219708]
["2014-01-01","ASFALTOS DILUÍDOS CM-30","Pará","-"]
["2014-01-01","ASFALTOS DILUÍDOS CM-30","Paraíba","-"]
["2014-01-01","ASFALTOS DILUÍDOS CM-30","Paraná",1.5931626552185376]
["2014-01-01","ASFALTOS DILUÍDOS CM-30","Pernambuco","-"]
["2014-01-01","ASFALTOS DILUÍDOS CM-30","Piauí","-"]
["2014-01-01","ASFALTOS DILUÍDOS CM-30","Rio de Janeiro",1.5297024806741535]
["2014-01-01","ASFALTOS DILUÍDOS CM-30","Rio Grande do Norte","-"]
["2014-01-01","ASFALTOS DILUÍDOS CM-30","Rio Grande do Sul",1.4383576433809089]
["2014-01-01","ASFALTOS DILUÍDOS CM-30","Rondônia","-"]
["2014-01-01","ASFALTOS DILUÍDOS CM-30","Roraima","-"]
["2014-01-01","ASFALTOS DILUÍDOS CM-30","Santa Catarina","-"]
["2014-01-01","ASFALTOS DILUÍDOS CM-30","São Paulo",1.5095089837973203]
["2014-01-01","ASFALTOS DILUÍDOS CM-30","Sergipe","-"]
["2014-01-01","ASFALTOS DILUÍDOS CM-30","Tocantins","-"]
["2014-02-01","ASFALTOS DILUÍDOS CM-30","Acre","-"]
["2014-02-01","ASFALTOS DILUÍDOS CM-30","Alagoas","-"]
["2014-02-01","ASFALTOS DILUÍDOS CM-30","Amapá","-"]
["2014-02-01","ASFALTOS DILUÍDOS CM-30","Amazonas",1.5421134264326049]
["2014-02-01","ASFALTOS DILUÍDOS CM-30","Bahia",1.4756850145413278]
["2014-02-01","ASFALTOS DILUÍDOS CM-30","Ceará",1.4903963045347111]
["2014-02-01","ASFALTOS DILUÍDOS CM-30","Distrito Federal","-"]
["2014-02-01","ASFALTOS DILUÍDOS CM-30","Espírito Santo","-"]
["2014-02-01","ASFALTOS DILUÍDOS CM-30","Goiás",1.7497348023305683]
["2014-02-01","ASFALTOS DILUÍDOS CM-30","Maranhão","-"]
["2014-02-01","ASFALTOS DILUÍDOS CM-30","Mato Grosso",1.9452610169953894]
["2014-02-01","ASFALTOS DILUÍDOS CM-30","Mato Grosso do Sul","-"]
["2014-02-01","ASFALTOS DILUÍDOS CM-30","Minas Gerais",1.5017209391402084]
["2014-02-01","ASFALTOS DILUÍDOS CM-30","Pará","-"]
["2014-02-01","ASFALTOS DILUÍDOS CM-30","Paraíba","-"]
["2014-02-01","ASFALTOS DILUÍDOS CM-30","Paraná",1.5623699544647331]
["2014-02-01","ASFALTOS DILUÍDOS CM-30","Pernambuco","-"]
["2014-02-01","ASFALTOS DILUÍDOS CM-30","Piauí","-"]
["2014-02-01","ASFALTOS DILUÍDOS CM-30","Rio de Janeiro",1.5704259723558247]
["2014-02-01","ASFALTOS DILUÍDOS CM-30","Rio Grande do Norte","-"]
["2014-02-01","ASFALTOS DILUÍDOS CM-30","Rio Grande do Sul",1.4471249920171849]
["2014-02-01","ASFALTOS DILUÍDOS CM-30","Rondônia","-"]
["2014-02-01","ASFALTOS DILUÍDOS CM-30","Roraima","-"]
["2014-02-01","ASFALTOS DILUÍDOS CM-30","Santa Catarina","-"]
["2014-02-01","ASFALTOS DILUÍDOS CM-30","São Paulo",1.4940466155892476]
["2014-02-01","ASFALTOS DILUÍDOS CM-30","Sergipe","-"]
["2014-02-01","ASFALTOS DILUÍDOS CM-30","Tocantins","-"]
["2014-03-01","ASFALTOS DILUÍDOS CM-30","Acre","-"]
["2014-03-01","ASFALTOS DILUÍDOS CM-30","Alagoas","-"]
["2014-03-01","ASFALTOS DILUÍDOS CM-30","Amapá","-"]
["2014-03-01","ASFALTOS DILUÍDOS CM-30","Amazonas",1.6042410511452168]
["2014-03-01","ASFALTOS DILUÍDOS CM-30","Bahia",1.4923505234971217]
["2014-03-01","ASFALTOS DILUÍDOS CM-30","Ceará",1.4823896656165243]
["2014-03-01","ASFALTOS DILUÍDOS CM-30","Distrito Federal","-"]
["2014-03-01","ASFALTOS DILUÍDOS CM-30","Espírito Santo","-"]
["2014-03-01","ASFALTOS DILUÍDOS CM-30","Goiás","-"]
["2014-03-01","ASFALTOS DILUÍDOS CM-30","Maranhão","-"]
["2014-03-01","ASFALTOS DILUÍDOS CM-30","Mato Grosso",2.0148421096338178]
["2014-03-01","ASFALTOS DILUÍDOS CM-30","Mato Grosso do Sul","-"]
["2014-03-01","ASFALTOS DILUÍDOS CM-30","Minas Gerais",1.4808934616073539]
["2014-03-01","ASFALTOS DILUÍDOS CM-30","Pará",1.7897777414216498]
["2014-03-01","ASFALTOS DILUÍDOS CM-30","Paraíba","-"]
["2014-03-01","ASFALTOS DILUÍDOS CM-30","Paraná",1.5533261261551996]
["2014-03-01","ASFALTOS DILUÍDOS CM-30","Pernambuco","-"]
["2014-03-01","ASFALTOS DILUÍDOS CM-30","Piauí","-"]
["2014-03-01","ASFALTOS DILUÍDOS CM-30","Rio de Janeiro",1.5525373138742444]
["2014-03-01","ASFALTOS DILUÍDOS CM-30","Rio Grande do Norte","-"]
["2014-03-01","ASFALTOS DILUÍDOS CM-30","Rio Grande do Sul",1.4385954794679006]
["2014-03-01","ASFALTOS DILUÍDOS CM-30","Rondônia","-"]
["2014-03-01","ASFALTOS DILUÍDOS CM-30","Roraima","-"]
["2014-03-01","ASFALTOS DILUÍDOS CM-30","Santa Catarina","-"]
["2014-03-01","ASFALTOS DILUÍDOS CM-30","São Paulo",1.5332047694123538]
["2014-03-01","ASFALTOS DILUÍDOS CM-30","Sergipe","-"]
["2014-03-01","ASFALTOS DILUÍDOS CM-30","Tocantins","-"]
["2014-04-01","ASFALTOS DILUÍDOS CM-30","Acre","-"]
["2014-04-01","ASFALTOS DILUÍDOS CM-30","Alagoas","-"]
["2014-04-01","ASFALTOS DILUÍDOS CM-30","Amapá","-"]
["2014-04-01","ASFALTOS DILUÍDOS CM-30","Amazonas","-"]
["2014-04-01","ASFALTOS DILUÍDOS CM-30","Bahia",1.4934269589846085]
["2014-04-01","ASFALTOS DILUÍDOS CM-30","Ceará",1.5100887018000997]
["2014-04-01","ASFALTOS DILUÍDOS CM-30","Distrito Federal","-"]
["2014-04-01","ASFALTOS DILUÍDOS CM-30","Espírito Santo","-"]
["2014-04-01","ASFALTOS DILUÍDOS CM-30","Goiás",1.7163165296459324]
["2014-04-01","ASFALTOS DILUÍDOS CM-30","Maranhão","-"]
["2014-04-01","ASFALTOS DILUÍDOS CM-30","Mato Grosso",1.8750689335459321]
["2014-04-01","ASFALTOS DILUÍDOS CM-30","Mato Grosso do Sul","-"]
["2014-04-01","ASFALTOS DILUÍDOS CM-30","Minas Gerais",1.5067285578610157]
["2014-04-01","ASFALTOS DILUÍDOS CM-30","Pará","-"]
["2014-04-01","ASFALTOS DILUÍDOS CM-30","Paraíba","-"]
["2014-04-01","ASFALTOS DILUÍDOS CM-30","Paraná",1.5652882738397911]
["2014-04-01","ASFALTOS DILUÍDOS CM-30","Pernambuco","-"]
["2014-04-01","ASFALTOS DILUÍDOS CM-30","Piauí","-"]
["2014-04-01","ASFALTOS DILUÍDOS CM-30","Rio de Janeiro",1.5716035990804058]
["2014-04-01","ASFALTOS DILUÍDOS CM-30","Rio Grande do Norte","-"]
["2014-04-01","ASFALTOS DILUÍDOS CM-30","Rio Grande do Sul",1.4746121856656131]
["2014-04-01","ASFALTOS DILUÍDOS CM-30","Rondônia","-"]
["2014-04-01","ASFALTOS DILUÍDOS CM-30","Roraima","-"]
["2014-04-01","ASFALTOS DILUÍDOS CM-30","Santa Catarina","-"]
["2014-04-01","ASFALTOS DILUÍDOS CM-30","São Paulo",1.5535714551516715]
["2014-04-01","ASFALTOS DILUÍDOS CM-30","Sergipe","-"]
["2014-04-01","ASFALTOS DILUÍDOS CM-30","Tocantins","-"]
["2014-05-01","ASFALTOS DILUÍDOS CM-30","Acre","-"]
["2014-05-01","ASFALTOS DILUÍDOS CM-30","Alagoas","-"]
["2014-05-01","ASFALTOS DILUÍDOS CM-30","Amapá","-"]
["2014-05-01","ASFALTOS DILUÍDOS CM-30","Amazonas",1.491238559599193]
["2014-05-01","ASFALTOS DILUÍDOS CM-30","Bahia",1.4910322714256705]
["2014-05-01","ASFALTOS DILUÍDOS CM-30","Ceará",1.5001648961941585]
["2014-05-01","ASFALTOS DILUÍDOS CM-30","Distrito Federal","-"]
["2014-05-01","ASFALTOS DILUÍDOS CM-30","Espírito Santo","-"]
["2014-05-01","ASFALTOS DILUÍDOS CM-30","Goiás",1.7308835228244213]
["2014-05-01","ASFALTOS DILUÍDOS CM-30","Maranhão","-"]
["2014-05-01","ASFALTOS DILUÍDOS CM-30","Mato Grosso",2.0018030360469137]
["2014-05-01","ASFALTOS DILUÍDOS CM-30","Mato Grosso do Sul","-"]
["2014-05-01","ASFALTOS DILUÍDOS CM-30","Minas Gerais",1.4950885405291816]
["2014-05-01","ASFALTOS DILUÍDOS CM-30","Pará",1.9122589243672752]
["2014-05-01","ASFALTOS DILUÍDOS CM-30","Paraíba","-"]
["2014-05-01","ASFALTOS DILUÍDOS CM-30","Paraná",1.6033534205593318]
["2014-05-01","ASFALTOS DILUÍDOS CM-30","Pernambuco","-"]
["2014-05-01","ASFALTOS DILUÍDOS CM-30","Piauí","-"]
["2014-05-01","ASFALTOS DILUÍDOS CM-30","Rio de Janeiro",1.5178603140588416]
["2014-05-01","ASFALTOS DILUÍDOS CM-30","Rio Grande do Norte","-"]
["2014-05-01","ASFALTOS DILUÍDOS CM-30","Rio Grande do Sul",1.5079021745611556]
["2014-05-01","ASFALTOS DILUÍDOS CM-30","Rondônia","-"]
["2014-05-01","ASFALTOS DILUÍDOS CM-30","Roraima","-"]
["2014-05-01","ASFALTOS DILUÍDOS CM-30","Santa Catarina","-"]
["2014-05-01","ASFALTOS DILUÍDOS CM-30","São Paulo",1.5043134366224236]
["2014-05-01","ASFALTOS DILUÍDOS CM-30","Sergipe","-"]
["2014-05-01","ASFALTOS DILUÍDOS CM-30","Tocantins","-"]
["2014-06-01","ASFALTOS DILUÍDOS CM-30","Acre","-"]
["2014-06-01","ASFALTOS DILUÍDOS CM-30","Alagoas","-"]
["2014-06-01","ASFALTOS DILUÍDOS CM-30","Amapá","-"]
["2014-06-01","ASFALTOS DILUÍDOS CM-30","Amazonas","-"]
["2014-06-01","ASFALTOS DILUÍDOS CM-30","Bahia",1.4921439411298603]
["2014-06-01","ASFALTOS DILUÍDOS CM-30","Ceará",1.5140383304480589]
["2014-06-01","ASFALTOS DILUÍDOS CM-30","Distrito Federal","-"]
["2014-06-01","ASFALTOS DILUÍDOS CM-30","Espírito Santo","-"]
["2014-06-01","ASFALTOS DILUÍDOS CM-30","Goiás",1.7753981100443417]
["2014-06-01","ASFALTOS DILUÍDOS CM-30","Maranhão","-"]
["2014-06-01","ASFALTOS DILUÍDOS CM-30","Mato Grosso",1.973799719364099]
["2014-06-01","ASFALTOS DILUÍDOS CM-30","Mato Grosso do Sul","-"]
["2014-06-01","ASFALTOS DILUÍDOS CM-30","Minas Gerais",1.4929416860704192]
["2014-06-01","ASFALTOS DILUÍDOS CM-30","Pará",1.8215155232669991]
["2014-06-01","ASFALTOS DILUÍDOS CM-30","Paraíba","-"]
["2014-06-01","ASFALTOS DILUÍDOS CM-30","Paraná",1.5321487292538272]
["2014-06-01","ASFALTOS DILUÍDOS CM-30","Pernambuco","-"]
["2014-06-01","ASFALTOS DILUÍDOS CM-30","Piauí","-"]
["2014-06-01","ASFALTOS DILUÍDOS CM-30","Rio de Janeiro",1.5638897266082119]
["2014-06-01","ASFALTOS DILUÍDOS CM-30","Rio Grande do Norte","-"]
["2014-06-01","ASFALTOS DILUÍDOS CM-30","Rio Grande do Sul",1.5009990038777468]
["2014-06-01","ASFALTOS DILUÍDOS CM-30","Rondônia","-"]
["2014-06-01","ASFALTOS DILUÍDOS CM-30","Roraima","-"]
["2014-06-01","ASFALTOS DILUÍDOS CM-30","Santa Catarina","-"]
["2014-06-01","ASFALTOS DILUÍDOS CM-30","São Paulo",1.5057881434128739]
["2014-06-01","ASFALTOS DILUÍDOS CM-30","Sergipe","-"]
["2014-06-01","ASFALTOS DILUÍDOS CM-30","Tocantins","-"]
["2014-07-01","ASFALTOS DILUÍDOS CM-30","Acre","-"]
["2014-07-01","ASFALTOS DILUÍDOS CM-30","Alagoas","-"]
["2014-07-01","ASFALTOS DILUÍDOS CM-30","Amapá","-"]
["2014-07-01","ASFALTOS DILUÍDOS CM-30","Amazonas",1.5126303356963178]
["2014-07-01","ASFALTOS DILUÍDOS CM-30","Bahia",1.4865607590218506]
["2014-07-01","ASFALTOS DILUÍDOS CM-30","Ceará",1.5092975223588267]
["2014-07-01","ASFALTOS DILUÍDOS CM-30","Distrito Federal","-"]
["2014-07-01","ASFALTOS DILUÍDOS CM-30","Espírito Santo","-"]
["2014-07-01","ASFALTOS DILUÍDOS CM-30","Goiás",1.5204314593094017]
["2014-07-01","ASFALTOS DILUÍDOS CM-30","Maranhão","-"]
["2014-07-01","ASFALTOS DILUÍDOS CM-30","Mato Grosso",1.8910040312227305]
["2014-07-01","ASFALTOS DILUÍDOS CM-30","Mato Grosso do Sul","-"]
["2014-07-01","ASFALTOS DILUÍDOS CM-30","Minas Gerais",1.4541998107237146]
["2014-07-01","ASFALTOS DILUÍDOS CM-30","Pará",1.8277620727484787]
["2014-07-01","ASFALTOS DILUÍDOS CM-30","Paraíba","-"]
["2014-07-01","ASFALTOS DILUÍDOS CM-30","Paraná",1.5101803739883815]
["2014-07-01","ASFALTOS DILUÍDOS CM-30","Pernambuco","-"]
["2014-07-01","ASFALTOS DILUÍDOS CM-30","Piauí","-"]
["2014-07-01","ASFALTOS DILUÍDOS CM-30","Rio de Janeiro",1.4398284027895898]
["2014-07-01","ASFALTOS DILUÍDOS CM-30","Rio Grande do Norte","-"]
["2014-07-01","ASFALTOS DILUÍDOS CM-30","Rio Grande do Sul",1.4952781410015059]
["2014-07-01","ASFALTOS DILUÍDOS CM-30","Rondônia","-"]
["2014-07-01","ASFALTOS DILUÍDOS CM-30","Roraima","-"]
["2014-07-01","ASFALTOS DILUÍDOS CM-30","Santa Catarina","-"]
["2014-07-01","ASFALTOS DILUÍDOS CM-30","São Paulo",1.5692258942286532]
["2014-07-01","ASFALTOS DILUÍDOS CM-30","Sergipe","-"]
["2014-07-01","ASFALTOS DILUÍDOS CM-30","Tocantins","-"]
["2014-08-01","ASFALTOS DILUÍDOS CM-30","Acre","-"]
["2014-08-01","ASFALTOS DILUÍDOS CM-30","Alagoas","-"]
["2014-08-01","ASFALTOS DILUÍDOS CM-30","Amapá","-"]
["2014-08-01","ASFALTOS DILUÍDOS CM-30","Amazonas",1.5208056700949988]
["2014-08-01","ASFALTOS DILUÍDOS CM-30","Bahia",1.4785035368511479]
["2014-08-01","ASFALTOS DILUÍDOS CM-30","Ceará",1.5155192196954475]
["2014-08-01","ASFALTOS DILUÍDOS CM-30","Distrito Federal","-"]
["2014-08-01","ASFALTOS DILUÍDOS CM-30","Espírito Santo","-"]
["2014-08-01","ASFALTOS DILUÍDOS CM-30","Goiás",1.4631698899687411]
["2014-08-01","ASFALTOS DILUÍDOS CM-30","Maranhão","-"]
["2014-08-01","ASFALTOS DILUÍDOS CM-30","Mato Grosso",1.9304625910887303]
["2014-08-01","ASFALTOS DILUÍDOS CM-30","Mato Grosso do Sul","-"]
["2014-08-01","ASFALTOS DILUÍDOS CM-30","Minas Gerais",1.4992368480293596]
["2014-08-01","ASFALTOS DILUÍDOS CM-30","Pará","-"]
["2014-08-01","ASFALTOS DILUÍDOS CM-30","Paraíba","-"]
["2014-08-01","ASFALTOS DILUÍDOS CM-30","Paraná",1.5240305304383157]
["2014-08-01","ASFALTOS DILUÍDOS CM-30","Pernambuco","-"]
["2014-08-01","ASFALTOS DILUÍDOS CM-30","Piauí","-"]
["2014-08-01","ASFALTOS DILUÍDOS CM-30","Rio de Janeiro",1.4057851625188353]
["2014-08-01","ASFALTOS DILUÍDOS CM-30","Rio Grande do Norte","-"]
["2014-08-01","ASFALTOS DILUÍDOS CM-30","Rio Grande do Sul",1.4702143171540545]
["2014-08-01","ASFALTOS DILUÍDOS CM-30","Rondônia","-"]
["2014-08-01","ASFALTOS DILUÍDOS CM-30","Roraima","-"]
["2014-08-01","ASFALTOS DILUÍDOS CM-30","Santa Catarina","-"]
["2014-08-01","ASFALTOS DILUÍDOS CM-30","São Paulo",1.4709698804392817]
["2014-08-01","ASFALTOS DILUÍDOS CM-30","Sergipe","-"]
["2014-08-01","ASFALTOS DILUÍDOS CM-30","Tocantins","-"]
["2014-09-01","ASFALTOS DILUÍDOS CM-30","Acre","-"]
["2014-09-01","ASFALTOS DILUÍDOS CM-30","Alagoas","-"]
["2014-09-01","ASFALTOS DILUÍDOS CM-30","Amapá","-"]
["2014-09-01","ASFALTOS DILUÍDOS CM-30","Amazonas",1.5135246591078624]
["2014-09-01","ASFALTOS DILUÍDOS CM-30","Bahia",1.5106624163262905]
["2014-09-01","ASFALTOS DILUÍDOS CM-30","Ceará",1.5673309453351099]
["2014-09-01","ASFALTOS DILUÍDOS CM-30","Distrito Federal","-"]
["2014-09-01","ASFALTOS DILUÍDOS CM-30","Espírito Santo","-"]
["2014-09-01","ASFALTOS DILUÍDOS CM-30","Goiás",1.7775777087436746]
["2014-09-01","ASFALTOS DILUÍDOS CM-30","Maranhão","-"]
["2014-09-01","ASFALTOS DILUÍDOS CM-30","Mato Grosso",2.0381650401319003]
["2014-09-01","ASFALTOS DILUÍDOS CM-30","Mato Grosso do Sul","-"]
["2014-09-01","ASFALTOS DILUÍDOS CM-30","Minas Gerais",1.4837917343054126]
["2014-09-01","ASFALTOS DILUÍDOS CM-30","Pará",1.859235925091449]
["2014-09-01","ASFALTOS DILUÍDOS CM-30","Paraíba","-"]
["2014-09-01","ASFALTOS DILUÍDOS CM-30","Paraná",1.5760080238683634]
["2014-09-01","ASFALTOS DILUÍDOS CM-30","Pernambuco","-"]
["2014-09-01","ASFALTOS DILUÍDOS CM-30","Piauí","-"]
["2014-09-01","ASFALTOS DILUÍDOS CM-30","Rio de Janeiro",1.478368244997909]
["2014-09-01","ASFALTOS DILUÍDOS CM-30","Rio Grande do Norte","-"]
["2014-09-01","ASFALTOS DILUÍDOS CM-30","Rio Grande do Sul",1.5572015458379578]
["2014-09-01","ASFALTOS DILUÍDOS CM-30","Rondônia","-"]
["2014-09-01","ASFALTOS DILUÍDOS CM-30","Roraima","-"]
["2014-09-01","ASFALTOS DILUÍDOS CM-30","Santa Catarina","-"]
["2014-09-01","ASFALTOS DILUÍDOS CM-30","São Paulo",1.5347052685785783]
["2014-09-01","ASFALTOS DILUÍDOS CM-30","Sergipe","-"]
["2014-09-01","ASFALTOS DILUÍDOS CM-30","Tocantins","-"]
["2014-10-01","ASFALTOS DILUÍDOS CM-30","Acre","-"]
["2014-10-01","ASFALTOS DILUÍDOS CM-30","Alagoas","-"]
["2014-10-01","ASFALTOS DILUÍDOS CM-30","Amapá","-"]
["2014-10-01","ASFALTOS DILUÍDOS CM-30","Amazonas",1.5696035731770417]
["2014-10-01","ASFALTOS DILUÍDOS CM-30","Bahia",1.5092353108857854]
["2014-10-01","ASFALTOS DILUÍDOS CM-30","Ceará",1.5110947008960001]
["2014-10-01","ASFALTOS DILUÍDOS CM-30","Distrito Federal","-"]
["2014-10-01","ASFALTOS DILUÍDOS CM-30","Espírito Santo","-"]
["2014-10-01","ASFALTOS DILUÍDOS CM-30","Goiás",1.6246091857755052]
["2014-10-01","ASFALTOS DILUÍDOS CM-30","Maranhão","-"]
["2014-10-01","ASFALTOS DILUÍDOS CM-30","Mato Grosso",1.938107946368246]
["2014-10-01","ASFALTOS DILUÍDOS CM-30","Mato Grosso do Sul","-"]
["2014-10-01","ASFALTOS DILUÍDOS CM-30","Minas Gerais",1.4769173807887346]
["2014-10-01","ASFALTOS DILUÍDOS CM-30","Pará",1.914772444513813]
["2014-10-01","ASFALTOS DILUÍDOS CM-30","Paraíba","-"]
["2014-10-01","ASFALTOS DILUÍDOS CM-30","Paraná",1.4365746213828052]
["2014-10-01","ASFALTOS DILUÍDOS CM-30","Pernambuco","-"]
["2014-10-01","ASFALTOS DILUÍDOS CM-30","Piauí","-"]
["2014-10-01","ASFALTOS DILUÍDOS CM-30","Rio de Janeiro",1.4391131019560579]
["2014-10-01","ASFALTOS DILUÍDOS CM-30","Rio Grande do Norte","-"]
["2014-10-01","ASFALTOS DILUÍDOS CM-30","Rio Grande do Sul",1.4898313701464032]
["2014-10-01","ASFALTOS DILUÍDOS CM-30","Rondônia","-"]
["2014-10-01","ASFALTOS DILUÍDOS CM-30","Roraima","-"]
["2014-10-01","ASFALTOS DILUÍDOS CM-30","Santa Catarina","-"]
["2014-10-01","ASFALTOS DILUÍDOS CM-30","São Paulo",1.4701726717799346]
["2014-10-01","ASFALTOS DILUÍDOS CM-30","Sergipe","-"]
["2014-10-01","ASFALTOS DILUÍDOS CM-30","Tocantins","-"]
["2014-11-01","ASFALTOS DILUÍDOS CM-30","Acre","-"]
["2014-11-01","ASFALTOS DILUÍDOS CM-30","Alagoas","-"]
["2014-11-01","ASFALTOS DILUÍDOS CM-30","Amapá","-"]
["2014-11-01","ASFALTOS DILUÍDOS CM-30","Amazonas",1.4787561973043968]
["2014-11-01","ASFALTOS DILUÍDOS CM-30","Bahia",1.5527867574076128]
["2014-11-01","ASFALTOS DILUÍDOS CM-30","Ceará",1.5926739084744492]
["2014-11-01","ASFALTOS DILUÍDOS CM-30","Distrito Federal","-"]
["2014-11-01","ASFALTOS DILUÍDOS CM-30","Espírito Santo","-"]
["2014-11-01","ASFALTOS DILUÍDOS CM-30","Goiás",1.5756791219070552]
["2014-11-01","ASFALTOS DILUÍDOS CM-30","Maranhão","-"]
["2014-11-01","ASFALTOS DILUÍDOS CM-30","Mato Grosso",1.9929676876804618]
["2014-11-01","ASFALTOS DILUÍDOS CM-30","Mato Grosso do Sul","-"]
["2014-11-01","ASFALTOS DILUÍDOS CM-30","Minas Gerais",1.4390341232191841]
["2014-11-01","ASFALTOS DILUÍDOS CM-30","Pará","-"]
["2014-11-01","ASFALTOS DILUÍDOS CM-30","Paraíba","-"]
["2014-11-01","ASFALTOS DILUÍDOS CM-30","Paraná",1.5536667225006813]
["2014-11-01","ASFALTOS DILUÍDOS CM-30","Pernambuco","-"]
["2014-11-01","ASFALTOS DILUÍDOS CM-30","Piauí","-"]
["2014-11-01","ASFALTOS DILUÍDOS CM-30","Rio de Janeiro",1.4800545091789903]
["2014-11-01","ASFALTOS DILUÍDOS CM-30","Rio Grande do Norte","-"]
["2014-11-01","ASFALTOS DILUÍDOS CM-30","Rio Grande do Sul",1.4925691951028917]
["2014-11-01","ASFALTOS DILUÍDOS CM-30","Rondônia","-"]
["2014-11-01","ASFALTOS DILUÍDOS CM-30","Roraima","-"]
["2014-11-01","ASFALTOS DILUÍDOS CM-30","Santa Catarina","-"]
["2014-11-01","ASFALTOS DILUÍDOS CM-30","São Paulo",1.5122719109415648]
["2014-11-01","ASFALTOS DILUÍDOS CM-30","Sergipe","-"]
["2014-11-01","ASFALTOS DILUÍDOS CM-30","Tocantins","-"]
["2014-12-01","ASFALTOS DILUÍDOS CM-30","Acre","-"]
["2014-12-01","ASFALTOS DILUÍDOS CM-30","Alagoas","-"]
["2014-12-01","ASFALTOS DILUÍDOS CM-30","Amapá","-"]
["2014-12-01","ASFALTOS DILUÍDOS CM-30","Amazonas",1.5822282822117755]
["2014-12-01","ASFALTOS DILUÍDOS CM-30","Bahia",1.6787212780815806]
["2014-12-01","ASFALTOS DILUÍDOS CM-30","Ceará",1.7166321668508724]
["2014-12-01","ASFALTOS DILUÍDOS CM-30","Distrito Federal","-"]
["2014-12-01","ASFALTOS DILUÍDOS CM-30","Espírito Santo","-"]
["2014-12-01","ASFALTOS DILUÍDOS CM-30","Goiás",1.9356190000626918]
["2014-12-01","ASFALTOS DILUÍDOS CM-30","Maranhão","-"]
["2014-12-01","ASFALTOS DILUÍDOS CM-30","Mato Grosso",2.0111752628723014]
["2014-12-01","ASFALTOS DILUÍDOS CM-30","Mato Grosso do Sul","-"]
["2014-12-01","ASFALTOS DILUÍDOS CM-30","Minas Gerais",1.6701488187808902]
["2014-12-01","ASFALTOS DILUÍDOS CM-30","Pará",1.966710274793229]
["2014-12-01","ASFALTOS DILUÍDOS CM-30","Paraíba","-"]
["2014-12-01","ASFALTOS DILUÍDOS CM-30","Paraná",1.6886910460398328]
["2014-12-01","ASFALTOS DILUÍDOS CM-30","Pernambuco","-"]
["2014-12-01","ASFALTOS DILUÍDOS CM-30","Piauí","-"]
["2014-12-01","ASFALTOS DILUÍDOS CM-30","Rio de Janeiro",1.5883843361265459]
["2014-12-01","ASFALTOS DILUÍDOS CM-30","Rio Grande do Norte","-"]
["2014-12-01","ASFALTOS DILUÍDOS CM-30","Rio Grande do Sul",1.6099653147945927]
["2014-12-01","ASFALTOS DILUÍDOS CM-30","Rondônia","-"]
["2014-12-01","ASFALTOS DILUÍDOS CM-30","Roraima","-"]
["2014-12-01","ASFALTOS DILUÍDOS CM-30","Santa Catarina","-"]
["2014-12-01","ASFALTOS DILUÍDOS CM-30","São Paulo",1.5955305071648389]
["2014-12-01","ASFALTOS DILUÍDOS CM-30","Sergipe","-"]
["2014-12-01","ASFALTOS DILUÍDOS CM-30","Tocantins","-"]
["2015-01-01","ASFALTOS DILUÍDOS CM-30","Acre","-"]
["2015-01-01","ASFALTOS DILUÍDOS CM-30","Alagoas","-"]
["2015-01-01","ASFALTOS DILUÍDOS CM-30","Amapá","-"]
["2015-01-01","ASFALTOS DILUÍDOS CM-30","Amazonas",1.8436752973061763]
["2015-01-01","ASFALTOS DILUÍDOS CM-30","Bahia",2.0380652186303823]
["2015-01-01","ASFALTOS DILUÍDOS CM-30","Ceará",2.0263385958659481]
["2015-01-01","ASFALTOS DILUÍDOS CM-30","Distrito Federal","-"]
["2015-01-01","ASFALTOS DILUÍDOS CM-30","Espírito Santo","-"]
["2015-01-01","ASFALTOS DILUÍDOS CM-30","Goiás",2.2253787624257231]
["2015-01-01","ASFALTOS DILUÍDOS CM-30","Maranhão","-"]
["2015-01-01","ASFALTOS DILUÍDOS CM-30","Mato Grosso",2.4857849412190269]
["2015-01-01","ASFALTOS DILUÍDOS CM-30","Mato Grosso do Sul","-"]
["2015-01-01","ASFALTOS DILUÍDOS CM-30","Minas Gerais",1.810863619344774]
["2015-01-01","ASFALTOS DILUÍDOS CM-30","Pará","-"]
["2015-01-01","ASFALTOS DILUÍDOS CM-30","Paraíba","-"]
["2015-01-01","ASFALTOS DILUÍDOS CM-30","Paraná",1.8470965182058714]
["2015-01-01","ASFALTOS DILUÍDOS CM-30","Pernambuco","-"]
["2015-01-01","ASFALTOS DILUÍDOS CM-30","Piauí","-"]
["2015-01-01","ASFALTOS DILUÍDOS CM-30","Rio de Janeiro",1.9044150109151972]
["2015-01-01","ASFALTOS DILUÍDOS CM-30","Rio Grande do Norte","-"]
["2015-01-01","ASFALTOS DILUÍDOS CM-30","Rio Grande do Sul",1.9850377917343058]
["2015-01-01","ASFALTOS DILUÍDOS CM-30","Rondônia","-"]
["2015-01-01","ASFALTOS DILUÍDOS CM-30","Roraima","-"]
["2015-01-01","ASFALTOS DILUÍDOS CM-30","Santa Catarina","-"]
["2015-01-01","ASFALTOS DILUÍDOS CM-30","São Paulo",1.9806267067549681]
["2015-01-01","ASFALTOS DILUÍDOS CM-30","Sergipe","-"]
["2015-01-01","ASFALTOS DILUÍDOS CM-30","Tocantins","-"]
["2015-02-01","ASFALTOS DILUÍDOS CM-30","Acre","-"]
["2015-02-01","ASFALTOS DILUÍDOS CM-30","Alagoas","-"]
["2015-02-01","ASFALTOS DILUÍDOS CM-30","Amapá","-"]
["2015-02-01","ASFALTOS DILUÍDOS CM-30","Amazonas",1.9057393108376339]
["2015-02-01","ASFALTOS DILUÍDOS CM-30","Bahia",1.9590368302280883]
["2015-02-01","ASFALTOS DILUÍDOS CM-30","Ceará",2.0116737615833107]
["2015-02-01","ASFALTOS DILUÍDOS CM-30","Distrito Federal","-"]
["2015-02-01","ASFALTOS DILUÍDOS CM-30","Espírito Santo","-"]
["2015-02-01","ASFALTOS DILUÍDOS CM-30","Goiás","-"]
["2015-02-01","ASFALTOS DILUÍDOS CM-30","Maranhão","-"]
["2015-02-01","ASFALTOS DILUÍDOS CM-30","Mato Grosso",2.4281981196581195]
["2015-02-01","ASFALTOS DILUÍDOS CM-30","Mato Grosso do Sul","-"]
["2015-02-01","ASFALTOS DILUÍDOS CM-30","Minas Gerais",1.7916464381814869]
["2015-02-01","ASFALTOS DILUÍDOS CM-30","Pará","-"]
["2015-02-01","ASFALTOS DILUÍDOS CM-30","Paraíba","-"]
["2015-02-01","ASFALTOS DILUÍDOS CM-30","Paraná",1.9195190758091181]
["2015-02-01","ASFALTOS DILUÍDOS CM-30","Pernambuco","-"]
["2015-02-01","ASFALTOS DILUÍDOS CM-30","Piauí","-"]
["2015-02-01","ASFALTOS DILUÍDOS CM-30","Rio de Janeiro",1.8487725159583641]
["2015-02-01","ASFALTOS DILUÍDOS CM-30","Rio Grande do Norte","-"]
["2015-02-01","ASFALTOS DILUÍDOS CM-30","Rio Grande do Sul",1.9364837098056416]
["2015-02-01","ASFALTOS DILUÍDOS CM-30","Rondônia","-"]
["2015-02-01","ASFALTOS DILUÍDOS CM-30","Roraima","-"]
["2015-02-01","ASFALTOS DILUÍDOS CM-30","Santa Catarina","-"]
["2015-02-01","ASFALTOS DILUÍDOS CM-30","São Paulo",2.0779300602464215]
["2015-02-01","ASFALTOS DILUÍDOS CM-30","Sergipe","-"]
["2015-02-01","ASFALTOS DILUÍDOS CM-30","Tocantins","-"]
["2015-03-01","ASFALTOS DILUÍDOS CM-30","Acre","-"]
["2015-03-01","ASFALTOS DILUÍDOS CM-30","Alagoas","-"]
["2015-03-01","ASFALTOS DILUÍDOS CM-30","Amapá","-"]
["2015-03-01","ASFALTOS DILUÍDOS CM-30","Amazonas",1.8035811153205663]
["2015-03-01","ASFALTOS DILUÍDOS CM-30","Bahia",1.9797124584142363]
["2015-03-01","ASFALTOS DILUÍDOS CM-30","Ceará",1.9514548417981805]
["2015-03-01","ASFALTOS DILUÍDOS CM-30","Distrito Federal","-"]
["2015-03-01","ASFALTOS DILUÍDOS CM-30","Espírito Santo","-"]
["2015-03-01","ASFALTOS DILUÍDOS CM-30","Goiás",2.1927332565679687]
["2015-03-01","ASFALTOS DILUÍDOS CM-30","Maranhão","-"]
["2015-03-01","ASFALTOS DILUÍDOS CM-30","Mato Grosso","-"]
["2015-03-01","ASFALTOS DILUÍDOS CM-30","Mato Grosso do Sul","-"]
["2015-03-01","ASFALTOS DILUÍDOS CM-30","Minas Gerais",1.8592465471486697]
["2015-03-01","ASFALTOS DILUÍDOS CM-30","Pará","-"]
["2015-03-01","ASFALTOS DILUÍDOS CM-30","Paraíba","-"]
["2015-03-01","ASFALTOS DILUÍDOS CM-30","Paraná",1.9391008524288935]
["2015-03-01","ASFALTOS DILUÍDOS CM-30","Pernambuco","-"]
["2015-03-01","ASFALTOS DILUÍDOS CM-30","Piauí","-"]
["2015-03-01","ASFALTOS DILUÍDOS CM-30","Rio de Janeiro",1.8656178637387386]
["2015-03-01","ASFALTOS DILUÍDOS CM-30","Rio Grande do Norte","-"]
["2015-03-01","ASFALTOS DILUÍDOS CM-30","Rio Grande do Sul",1.9221134951609518]
["2015-03-01","ASFALTOS DILUÍDOS CM-30","Rondônia","-"]
["2015-03-01","ASFALTOS DILUÍDOS CM-30","Roraima","-"]
["2015-03-01","ASFALTOS DILUÍDOS CM-30","Santa Catarina","-"]
["2015-03-01","ASFALTOS DILUÍDOS CM-30","São Paulo",1.9826086541770989]
["2015-03-01","ASFALTOS DILUÍDOS CM-30","Sergipe","-"]
["2015-03-01","ASFALTOS DILUÍDOS CM-30","Tocantins","-"]
["2015-04-01","ASFALTOS DILUÍDOS CM-30","Acre","-"]
["2015-04-01","ASFALTOS DILUÍDOS CM-30","Alagoas","-"]
["2015-04-01","ASFALTOS DILUÍDOS CM-30","Amapá","-"]
["2015-04-01","ASFALTOS DILUÍDOS CM-30","Amazonas","-"]
["2015-04-01","ASFALTOS DILUÍDOS CM-30","Bahia",2.0182186531283861]
["2015-04-01","ASFALTOS DILUÍDOS CM-30","Ceará",1.9780990107053897]
["2015-04-01","ASFALTOS DILUÍDOS CM-30","Distrito Federal","-"]
["2015-04-01","ASFALTOS DILUÍDOS CM-30","Espírito Santo","-"]
["2015-04-01","ASFALTOS DILUÍDOS CM-30","Goiás",2.2520955108331857]
["2015-04-01","ASFALTOS DILUÍDOS CM-30","Maranhão","-"]
["2015-04-01","ASFALTOS DILUÍDOS CM-30","Mato Grosso",2.4706438955823291]
["2015-04-01","ASFALTOS DILUÍDOS CM-30","Mato Grosso do Sul","-"]
["2015-04-01","ASFALTOS DILUÍDOS CM-30","Minas Gerais",1.8213234721222389]
["2015-04-01","ASFALTOS DILUÍDOS CM-30","Pará","-"]
["2015-04-01","ASFALTOS DILUÍDOS CM-30","Paraíba","-"]
["2015-04-01","ASFALTOS DILUÍDOS CM-30","Paraná",1.9699006009485249]
["2015-04-01","ASFALTOS DILUÍDOS CM-30","Pernambuco","-"]
["2015-04-01","ASFALTOS DILUÍDOS CM-30","Piauí","-"]
["2015-04-01","ASFALTOS DILUÍDOS CM-30","Rio de Janeiro",1.84082279677077]
["2015-04-01","ASFALTOS DILUÍDOS CM-30","Rio Grande do Norte","-"]
["2015-04-01","ASFALTOS DILUÍDOS CM-30","Rio Grande do Sul",1.9063036026996054]
["2015-04-01","ASFALTOS DILUÍDOS CM-30","Rondônia","-"]
["2015-04-01","ASFALTOS DILUÍDOS CM-30","Roraima","-"]
["2015-04-01","ASFALTOS DILUÍDOS CM-30","Santa Catarina","-"]
["2015-04-01","ASFALTOS DILUÍDOS CM-30","São Paulo",1.9037344995322731]
["2015-04-01","ASFALTOS DILUÍDOS CM-30","Sergipe","-"]
["2015-04-01","ASFALTOS DILUÍDOS CM-30","Tocantins","-"]
["2015-05-01","ASFALTOS DILUÍDOS CM-30","Acre","-"]
["2015-05-01","ASFALTOS DILUÍDOS CM-30","Alagoas","-"]
["2015-05-01","ASFALTOS DILUÍDOS CM-30","Amapá","-"]
["2015-05-01","ASFALTOS DILUÍDOS CM-30","Amazonas",1.9113516812739166]
["2015-05-01","ASFALTOS DILUÍDOS CM-30","Bahia",1.9643649797612657]
["2015-05-01","ASFALTOS DILUÍDOS CM-30","Ceará",1.9385491692040848]
["2015-05-01","ASFALTOS DILUÍDOS CM-30","Distrito Federal","-"]
["2015-05-01","ASFALTOS DILUÍDOS CM-30","Espírito Santo","-"]
["2015-05-01","ASFALTOS DILUÍDOS CM-30","Goiás",2.2060183742674941]
["2015-05-01","ASFALTOS DILUÍDOS CM-30","Maranhão","-"]
["2015-05-01","ASFALTOS DILUÍDOS CM-30","Mato Grosso",2.4085516525116026]
["2015-05-01","ASFALTOS DILUÍDOS CM-30","Mato Grosso do Sul","-"]
["2015-05-01","ASFALTOS DILUÍDOS CM-30","Minas Gerais",1.7646930202805851]
["2015-05-01","ASFALTOS DILUÍDOS CM-30","Pará","-"]
["2015-05-01","ASFALTOS DILUÍDOS CM-30","Paraíba","-"]
["2015-05-01","ASFALTOS DILUÍDOS CM-30","Paraná",2.076263791769934]
["2015-05-01","ASFALTOS DILUÍDOS CM-30","Pernambuco","-"]
["2015-05-01","ASFALTOS DILUÍDOS CM-30","Piauí","-"]
["2015-05-01","ASFALTOS DILUÍDOS CM-30","Rio de Janeiro",1.8513092086219372]
["2015-05-01","ASFALTOS DILUÍDOS CM-30","Rio Grande do Norte","-"]
["2015-05-01","ASFALTOS DILUÍDOS CM-30","Rio Grande do Sul",1.9467232328850232]
["2015-05-01","ASFALTOS DILUÍDOS CM-30","Rondônia","-"]
["2015-05-01","ASFALTOS DILUÍDOS CM-30","Roraima","-"]
["2015-05-01","ASFALTOS DILUÍDOS CM-30","Santa Catarina","-"]
["2015-05-01","ASFALTOS DILUÍDOS CM-30","São Paulo",1.8818684385874191]
["2015-05-01","ASFALTOS DILUÍDOS CM-30","Sergipe","-"]
["2015-05-01","ASFALTOS DILUÍDOS CM-30","Tocantins","-"]
["2015-06-01","ASFALTOS DILUÍDOS CM-30","Acre","-"]
["2015-06-01","ASFALTOS DILUÍDOS CM-30","Alagoas","-"]
["2015-06-01","ASFALTOS DILUÍDOS CM-30","Amapá","-"]
["2015-06-01","ASFALTOS DILUÍDOS CM-30","Amazonas","-"]
["2015-06-01","ASFALTOS DILUÍDOS CM-30","Bahia",2.0649718823529417]
["2015-06-01","ASFALTOS DILUÍDOS CM-30","Ceará",1.9220120292246414]
["2015-06-01","ASFALTOS DILUÍDOS CM-30","Distrito Federal","-"]
["2015-06-01","ASFALTOS DILUÍDOS CM-30","Espírito Santo","-"]
["2015-06-01","ASFALTOS DILUÍDOS CM-30","Goiás",2.2506241829455722]
["2015-06-01","ASFALTOS DILUÍDOS CM-30","Maranhão","-"]
["2015-06-01","ASFALTOS DILUÍDOS CM-30","Mato Grosso",2.4281963182153974]
["2015-06-01","ASFALTOS DILUÍDOS CM-30","Mato Grosso do Sul","-"]
["2015-06-01","ASFALTOS DILUÍDOS CM-30","Minas Gerais",1.8123355726191646]
["2015-06-01","ASFALTOS DILUÍDOS CM-30","Pará","-"]
["2015-06-01","ASFALTOS DILUÍDOS CM-30","Paraíba","-"]
["2015-06-01","ASFALTOS DILUÍDOS CM-30","Paraná",2.0003676800884533]
["2015-06-01","ASFALTOS DILUÍDOS CM-30","Pernambuco","-"]
["2015-06-01","ASFALTOS DILUÍDOS CM-30","Piauí","-"]
["2015-06-01","ASFALTOS DILUÍDOS CM-30","Rio de Janeiro",1.7576409243237323]
["2015-06-01","ASFALTOS DILUÍDOS CM-30","Rio Grande do Norte","-"]
["2015-06-01","ASFALTOS DILUÍDOS CM-30","Rio Grande do Sul",1.9147810265331728]
["2015-06-01","ASFALTOS DILUÍDOS CM-30","Rondônia","-"]
["2015-06-01","ASFALTOS DILUÍDOS CM-30","Roraima","-"]
["2015-06-01","ASFALTOS DILUÍDOS CM-30","Santa Catarina","-"]
["2015-06-01","ASFALTOS DILUÍDOS CM-30","São Paulo",1.9205662879414436]
["2015-06-01","ASFALTOS DILUÍDOS CM-30","Sergipe","-"]
["2015-06-01","ASFALTOS DILUÍDOS CM-30","Tocantins","-"]
["2015-07-01","ASFALTOS DILUÍDOS CM-30","Acre","-"]
["2015-07-01","ASFALTOS DILUÍDOS CM-30","Alagoas","-"]
["2015-07-01","ASFALTOS DILUÍDOS CM-30","Amapá","-"]
["2015-07-01","ASFALTOS DILUÍDOS CM-30","Amazonas","-"]
["2015-07-01","ASFALTOS DILUÍDOS CM-30","Bahia",1.9525683196479859]
["2015-07-01","ASFALTOS DILUÍDOS CM-30","Ceará",2.0101001823224549]
["2015-07-01","ASFALTOS DILUÍDOS CM-30","Distrito Federal","-"]
["2015-07-01","ASFALTOS DILUÍDOS CM-30","Espírito Santo","-"]
["2015-07-01","ASFALTOS DILUÍDOS CM-30","Goiás",1.9893052477758781]
["2015-07-01","ASFALTOS DILUÍDOS CM-30","Maranhão","-"]
["2015-07-01","ASFALTOS DILUÍDOS CM-30","Mato Grosso",2.2406543645944623]
["2015-07-01","ASFALTOS DILUÍDOS CM-30","Mato Grosso do Sul","-"]
["2015-07-01","ASFALTOS DILUÍDOS CM-30","Minas Gerais",1.7224794943222455]
["2015-07-01","ASFALTOS DILUÍDOS CM-30","Pará","-"]
["2015-07-01","ASFALTOS DILUÍDOS CM-30","Paraíba","-"]
["2015-07-01","ASFALTOS DILUÍDOS CM-30","Paraná",1.9309299283677583]
["2015-07-01","ASFALTOS DILUÍDOS CM-30","Pernambuco","-"]
["2015-07-01","ASFALTOS DILUÍDOS CM-30","Piauí","-"]
["2015-07-01","ASFALTOS DILUÍDOS CM-30","Rio de Janeiro",1.8306578794329917]
["2015-07-01","ASFALTOS DILUÍDOS CM-30","Rio Grande do Norte","-"]
["2015-07-01","ASFALTOS DILUÍDOS CM-30","Rio Grande do Sul",1.9332156955241173]
["2015-07-01","ASFALTOS DILUÍDOS CM-30","Rondônia","-"]
["2015-07-01","ASFALTOS DILUÍDOS CM-30","Roraima","-"]
["2015-07-01","ASFALTOS DILUÍDOS CM-30","Santa Catarina","-"]
["2015-07-01","ASFALTOS DILUÍDOS CM-30","São Paulo",1.8809198059801582]
["2015-07-01","ASFALTOS DILUÍDOS CM-30","Sergipe","-"]
["2015-07-01","ASFALTOS DILUÍDOS CM-30","Tocantins","-"]
["2015-08-01","ASFALTOS DILUÍDOS CM-30","Acre","-"]
["2015-08-01","ASFALTOS DILUÍDOS CM-30","Alagoas","-"]
["2015-08-01","ASFALTOS DILUÍDOS CM-30","Amapá","-"]
["2015-08-01","ASFALTOS DILUÍDOS CM-30","Amazonas","-"]
["2015-08-01","ASFALTOS DILUÍDOS CM-30","Bahia",1.9943519145464235]
["2015-08-01","ASFALTOS DILUÍDOS CM-30","Ceará",2.0461120563062565]
["2015-08-01","ASFALTOS DILUÍDOS CM-30","Distrito Federal","-"]
["2015-08-01","ASFALTOS DILUÍDOS CM-30","Espírito Santo","-"]
["2015-08-01","ASFALTOS DILUÍDOS CM-30","Goiás",2.229564821198819]
["2015-08-01","ASFALTOS DILUÍDOS CM-30","Maranhão","-"]
["2015-08-01","ASFALTOS DILUÍDOS CM-30","Mato Grosso",2.3919524221003194]
["2015-08-01","ASFALTOS DILUÍDOS CM-30","Mato Grosso do Sul","-"]
["2015-08-01","ASFALTOS DILUÍDOS CM-30","Minas Gerais",1.8251850363982463]
["2015-08-01","ASFALTOS DILUÍDOS CM-30","Pará","-"]
["2015-08-01","ASFALTOS DILUÍDOS CM-30","Paraíba","-"]
["2015-08-01","ASFALTOS DILUÍDOS CM-30","Paraná",1.9779824672606272]
["2015-08-01","ASFALTOS DILUÍDOS CM-30","Pernambuco","-"]
["2015-08-01","ASFALTOS DILUÍDOS CM-30","Piauí","-"]
["2015-08-01","ASFALTOS DILUÍDOS CM-30","Rio de Janeiro",1.7638437876840007]
["2015-08-01","ASFALTOS DILUÍDOS CM-30","Rio Grande do Norte","-"]
["2015-08-01","ASFALTOS DILUÍDOS CM-30","Rio Grande do Sul",1.8718989442759211]
["2015-08-01","ASFALTOS DILUÍDOS CM-30","Rondônia","-"]
["2015-08-01","ASFALTOS DILUÍDOS CM-30","Roraima","-"]
["2015-08-01","ASFALTOS DILUÍDOS CM-30","Santa Catarina","-"]
["2015-08-01","ASFALTOS DILUÍDOS CM-30","São Paulo",1.8560040924101151]
["2015-08-01","ASFALTOS DILUÍDOS CM-30","Sergipe","-"]
["2015-08-01","ASFALTOS DILUÍDOS CM-30","Tocantins","-"]
["2015-09-01","ASFALTOS DILUÍDOS CM-30","Acre","-"]
["2015-09-01","ASFALTOS DILUÍDOS CM-30","Alagoas","-"]
["2015-09-01","ASFALTOS DILUÍDOS CM-30","Amapá","-"]
["2015-09-01","ASFALTOS DILUÍDOS CM-30","Amazonas","-"]
["2015-09-01","ASFALTOS DILUÍDOS CM-30","Bahia",2.0777484395203141]
["2015-09-01","ASFALTOS DILUÍDOS CM-30","Ceará",2.093157706468161]
["2015-09-01","ASFALTOS DILUÍDOS CM-30","Distrito Federal","-"]
["2015-09-01","ASFALTOS DILUÍDOS CM-30","Espírito Santo","-"]
["2015-09-01","ASFALTOS DILUÍDOS CM-30","Goiás",2.2631444264273126]
["2015-09-01","ASFALTOS DILUÍDOS CM-30","Maranhão","-"]
["2015-09-01","ASFALTOS DILUÍDOS CM-30","Mato Grosso",2.4318366613694042]
["2015-09-01","ASFALTOS DILUÍDOS CM-30","Mato Grosso do Sul","-"]
["2015-09-01","ASFALTOS DILUÍDOS CM-30","Minas Gerais",1.9186203798107475]
["2015-09-01","ASFALTOS DILUÍDOS CM-30","Pará","-"]
["2015-09-01","ASFALTOS DILUÍDOS CM-30","Paraíba","-"]
["2015-09-01","ASFALTOS DILUÍDOS CM-30","Paraná",2.0515291933218358]
["2015-09-01","ASFALTOS DILUÍDOS CM-30","Pernambuco","-"]
["2015-09-01","ASFALTOS DILUÍDOS CM-30","Piauí","-"]
["2015-09-01","ASFALTOS DILUÍDOS CM-30","Rio de Janeiro",1.9160395782594835]
["2015-09-01","ASFALTOS DILUÍDOS CM-30","Rio Grande do Norte","-"]
["2015-09-01","ASFALTOS DILUÍDOS CM-30","Rio Grande do Sul",1.9340445959748491]
["2015-09-01","ASFALTOS DILUÍDOS CM-30","Rondônia","-"]
["2015-09-01","ASFALTOS DILUÍDOS CM-30","Roraima","-"]
["2015-09-01","ASFALTOS DILUÍDOS CM-30","Santa Catarina","-"]
["2015-09-01","ASFALTOS DILUÍDOS CM-30","São Paulo",1.9898352439836042]
["2015-09-01","ASFALTOS DILUÍDOS CM-30","Sergipe","-"]
["2015-09-01","ASFALTOS DILUÍDOS CM-30","Tocantins","-"]
["2015-10-01","ASFALTOS DILUÍDOS CM-30","Acre","-"]
["2015-10-01","ASFALTOS DILUÍDOS CM-30","Alagoas","-"]
["2015-10-01","ASFALTOS DILUÍDOS CM-30","Amapá","-"]
["2015-10-01","ASFALTOS DILUÍDOS CM-30","Amazonas",2.0822279651190119]
["2015-10-01","ASFALTOS DILUÍDOS CM-30","Bahia",2.2050839063869145]
["2015-10-01","ASFALTOS DILUÍDOS CM-30","Ceará",2.1476263351797829]
["2015-10-01","ASFALTOS DILUÍDOS CM-30","Distrito Federal","-"]
["2015-10-01","ASFALTOS DILUÍDOS CM-30","Espírito Santo","-"]
["2015-10-01","ASFALTOS DILUÍDOS CM-30","Goiás",2.3525589866195058]
["2015-10-01","ASFALTOS DILUÍDOS CM-30","Maranhão","-"]
["2015-10-01","ASFALTOS DILUÍDOS CM-30","Mato Grosso",2.5328747515467649]
["2015-10-01","ASFALTOS DILUÍDOS CM-30","Mato Grosso do Sul","-"]
["2015-10-01","ASFALTOS DILUÍDOS CM-30","Minas Gerais",1.9920239420005064]
["2015-10-01","ASFALTOS DILUÍDOS CM-30","Pará","-"]
["2015-10-01","ASFALTOS DILUÍDOS CM-30","Paraíba","-"]
["2015-10-01","ASFALTOS DILUÍDOS CM-30","Paraná",2.1713156086738969]
["2015-10-01","ASFALTOS DILUÍDOS CM-30","Pernambuco","-"]
["2015-10-01","ASFALTOS DILUÍDOS CM-30","Piauí","-"]
["2015-10-01","ASFALTOS DILUÍDOS CM-30","Rio de Janeiro",1.9995862311835897]
["2015-10-01","ASFALTOS DILUÍDOS CM-30","Rio Grande do Norte","-"]
["2015-10-01","ASFALTOS DILUÍDOS CM-30","Rio Grande do Sul",2.0477011168422026]
["2015-10-01","ASFALTOS DILUÍDOS CM-30","Rondônia","-"]
["2015-10-01","ASFALTOS DILUÍDOS CM-30","Roraima","-"]
["2015-10-01","ASFALTOS DILUÍDOS CM-30","Santa Catarina","-"]
["2015-10-01","ASFALTOS DILUÍDOS CM-30","São Paulo",2.1378872305508949]
["2015-10-01","ASFALTOS DILUÍDOS CM-30","Sergipe","-"]
["2015-10-01","ASFALTOS DILUÍDOS CM-30","Tocantins","-"]
["2015-11-01","ASFALTOS DILUÍDOS CM-30","Acre","-"]
["2015-11-01","ASFALTOS DILUÍDOS CM-30","Alagoas","-"]
["2015-11-01","ASFALTOS DILUÍDOS CM-30","Amapá","-"]
["2015-11-01","ASFALTOS DILUÍDOS CM-30","Amazonas","-"]
["2015-11-01","ASFALTOS DILUÍDOS CM-30","Bahia",2.4911649286714614]
["2015-11-01","ASFALTOS DILUÍDOS CM-30","Ceará",2.4076158807045194]
["2015-11-01","ASFALTOS DILUÍDOS CM-30","Distrito Federal","-"]
["2015-11-01","ASFALTOS DILUÍDOS CM-30","Espírito Santo","-"]
["2015-11-01","ASFALTOS DILUÍDOS CM-30","Goiás",2.6519842901030324]
["2015-11-01","ASFALTOS DILUÍDOS CM-30","Maranhão","-"]
["2015-11-01","ASFALTOS DILUÍDOS CM-30","Mato Grosso",2.7763479134869371]
["2015-11-01","ASFALTOS DILUÍDOS CM-30","Mato Grosso do Sul","-"]
["2015-11-01","ASFALTOS DILUÍDOS CM-30","Minas Gerais",2.2476605808400301]
["2015-11-01","ASFALTOS DILUÍDOS CM-30","Pará","-"]
["2015-11-01","ASFALTOS DILUÍDOS CM-30","Paraíba","-"]
["2015-11-01","ASFALTOS DILUÍDOS CM-30","Paraná",2.3898134886474796]
["2015-11-01","ASFALTOS DILUÍDOS CM-30","Pernambuco","-"]
["2015-11-01","ASFALTOS DILUÍDOS CM-30","Piauí","-"]
["2015-11-01","ASFALTOS DILUÍDOS CM-30","Rio de Janeiro",2.2904409806707129]
["2015-11-01","ASFALTOS DILUÍDOS CM-30","Rio Grande do Norte","-"]
["2015-11-01","ASFALTOS DILUÍDOS CM-30","Rio Grande do Sul",2.2418652592516231]
["2015-11-01","ASFALTOS DILUÍDOS CM-30","Rondônia","-"]
["2015-11-01","ASFALTOS DILUÍDOS CM-30","Roraima","-"]
["2015-11-01","ASFALTOS DILUÍDOS CM-30","Santa Catarina","-"]
["2015-11-01","ASFALTOS DILUÍDOS CM-30","São Paulo",2.3526086354638163]
["2015-11-01","ASFALTOS DILUÍDOS CM-30","Sergipe","-"]
["2015-11-01","ASFALTOS DILUÍDOS CM-30","Tocantins","-"]
["2015-12-01","ASFALTOS DILUÍDOS CM-30","Acre","-"]
["2015-12-01","ASFALTOS DILUÍDOS CM-30","Alagoas","-"]
["2015-12-01","ASFALTOS DILUÍDOS CM-30","Amapá","-"]
["2015-12-01","ASFALTOS DILUÍDOS CM-30","Amazonas",2.656570216126068]
["2015-12-01","ASFALTOS DILUÍDOS CM-30","Bahia",2.4679276024920083]
["2015-12-01","ASFALTOS DILUÍDOS CM-30","Ceará",2.3617221705871208]
["2015-12-01","ASFALTOS DILUÍDOS CM-30","Distrito Federal","-"]
["2015-12-01","ASFALTOS DILUÍDOS CM-30","Espírito Santo","-"]
["2015-12-01","ASFALTOS DILUÍDOS CM-30","Goiás","-"]
["2015-12-01","ASFALTOS DILUÍDOS CM-30","Maranhão","-"]
["2015-12-01","ASFALTOS DILUÍDOS CM-30","Mato Grosso",2.7808890417718604]
["2015-12-01","ASFALTOS DILUÍDOS CM-30","Mato Grosso do Sul","-"]
["2015-12-01","ASFALTOS DILUÍDOS CM-30","Minas Gerais",2.2162136349846078]
["2015-12-01","ASFALTOS DILUÍDOS CM-30","Pará","-"]
["2015-12-01","ASFALTOS DILUÍDOS CM-30","Paraíba","-"]
["2015-12-01","ASFALTOS DILUÍDOS CM-30","Paraná",2.5178176258303084]
["2015-12-01","ASFALTOS DILUÍDOS CM-30","Pernambuco","-"]
["2015-12-01","ASFALTOS DILUÍDOS CM-30","Piauí","-"]
["2015-12-01","ASFALTOS DILUÍDOS CM-30","Rio de Janeiro",2.2919812498533041]
["2015-12-01","ASFALTOS DILUÍDOS CM-30","Rio Grande do Norte","-"]
["2015-12-01","ASFALTOS DILUÍDOS CM-30","Rio Grande do Sul",2.2498893477167123]
["2015-12-01","ASFALTOS DILUÍDOS CM-30","Rondônia","-"]
["2015-12-01","ASFALTOS DILUÍDOS CM-30","Roraima","-"]
["2015-12-01","ASFALTOS DILUÍDOS CM-30","Santa Catarina","-"]
["2015-12-01","ASFALTOS DILUÍDOS CM-30","São Paulo",2.4276249474799352]
["2015-12-01","ASFALTOS DILUÍDOS CM-30","Sergipe","-"]
["2015-12-01","ASFALTOS DILUÍDOS CM-30","Tocantins","-"]
["2016-01-01","ASFALTOS DILUÍDOS CM-30","Acre","-"]
["2016-01-01","ASFALTOS DILUÍDOS CM-30","Alagoas","-"]
["2016-01-01","ASFALTOS DILUÍDOS CM-30","Amapá","-"]
["2016-01-01","ASFALTOS DILUÍDOS CM-30","Amazonas",2.6918765083698539]
["2016-01-01","ASFALTOS DILUÍDOS CM-30","Bahia",2.4471459891549925]
["2016-01-01","ASFALTOS DILUÍDOS CM-30","Ceará",2.3121224180770299]
["2016-01-01","ASFALTOS DILUÍDOS CM-30","Distrito Federal","-"]
["2016-01-01","ASFALTOS DILUÍDOS CM-30","Espírito Santo","-"]
["2016-01-01","ASFALTOS DILUÍDOS CM-30","Goiás","-"]
["2016-01-01","ASFALTOS DILUÍDOS CM-30","Maranhão","-"]
["2016-01-01","ASFALTOS DILUÍDOS CM-30","Mato Grosso",3.1073730637847641]
["2016-01-01","ASFALTOS DILUÍDOS CM-30","Mato Grosso do Sul","-"]
["2016-01-01","ASFALTOS DILUÍDOS CM-30","Minas Gerais",2.2423714141725015]
["2016-01-01","ASFALTOS DILUÍDOS CM-30","Pará","-"]
["2016-01-01","ASFALTOS DILUÍDOS CM-30","Paraíba","-"]
["2016-01-01","ASFALTOS DILUÍDOS CM-30","Paraná",2.2194313166148851]
["2016-01-01","ASFALTOS DILUÍDOS CM-30","Pernambuco","-"]
["2016-01-01","ASFALTOS DILUÍDOS CM-30","Piauí","-"]
["2016-01-01","ASFALTOS DILUÍDOS CM-30","Rio de Janeiro",2.2977123128616763]
["2016-01-01","ASFALTOS DILUÍDOS CM-30","Rio Grande do Norte","-"]
["2016-01-01","ASFALTOS DILUÍDOS CM-30","Rio Grande do Sul",2.2461993368983952]
["2016-01-01","ASFALTOS DILUÍDOS CM-30","Rondônia","-"]
["2016-01-01","ASFALTOS DILUÍDOS CM-30","Roraima","-"]
["2016-01-01","ASFALTOS DILUÍDOS CM-30","Santa Catarina","-"]
["2016-01-01","ASFALTOS DILUÍDOS CM-30","São Paulo",2.2560637318955679]
["2016-01-01","ASFALTOS DILUÍDOS CM-30","Sergipe","-"]
["2016-01-01","ASFALTOS DILUÍDOS CM-30","Tocantins","-"]
["2016-02-01","ASFALTOS DILUÍDOS CM-30","Acre","-"]
["2016-02-01","ASFALTOS DILUÍDOS CM-30","Alagoas","-"]
["2016-02-01","ASFALTOS DILUÍDOS CM-30","Amapá","-"]
["2016-02-01","ASFALTOS DILUÍDOS CM-30","Amazonas",2.4455823166213881]
["2016-02-01","ASFALTOS DILUÍDOS CM-30","Bahia",2.5877462311345574]
["2016-02-01","ASFALTOS DILUÍDOS CM-30","Ceará",2.4143394514772587]
["2016-02-01","ASFALTOS DILUÍDOS CM-30","Distrito Federal","-"]
["2016-02-01","ASFALTOS DILUÍDOS CM-30","Espírito Santo","-"]
["2016-02-01","ASFALTOS DILUÍDOS CM-30","Goiás","-"]
["2016-02-01","ASFALTOS DILUÍDOS CM-30","Maranhão","-"]
["2016-02-01","ASFALTOS DILUÍDOS CM-30","Mato Grosso",2.9804877610805089]
["2016-02-01","ASFALTOS DILUÍDOS CM-30","Mato Grosso do Sul","-"]
["2016-02-01","ASFALTOS DILUÍDOS CM-30","Minas Gerais",2.2482721103311611]
["2016-02-01","ASFALTOS DILUÍDOS CM-30","Pará","-"]
["2016-02-01","ASFALTOS DILUÍDOS CM-30","Paraíba","-"]
["2016-02-01","ASFALTOS DILUÍDOS CM-30","Paraná",2.3818384064321081]
["2016-02-01","ASFALTOS DILUÍDOS CM-30","Pernambuco","-"]
["2016-02-01","ASFALTOS DILUÍDOS CM-30","Piauí","-"]
["2016-02-01","ASFALTOS DILUÍDOS CM-30","Rio de Janeiro","-"]
["2016-02-01","ASFALTOS DILUÍDOS CM-30","Rio Grande do Norte","-"]
["2016-02-01","ASFALTOS DILUÍDOS CM-30","Rio Grande do Sul",2.3211147518245867]
["2016-02-01","ASFALTOS DILUÍDOS CM-30","Rondônia","-"]
["2016-02-01","ASFALTOS DILUÍDOS CM-30","Roraima","-"]
["2016-02-01","ASFALTOS DILUÍDOS CM-30","Santa Catarina","-"]
["2016-02-01","ASFALTOS DILUÍDOS CM-30","São Paulo",2.4229083378074496]
["2016-02-01","ASFALTOS DILUÍDOS CM-30","Sergipe","-"]
["2016-02-01","ASFALTOS DILUÍDOS CM-30","Tocantins","-"]
["2016-03-01","ASFALTOS DILUÍDOS CM-30","Acre","-"]
["2016-03-01","ASFALTOS DILUÍDOS CM-30","Alagoas","-"]
["2016-03-01","ASFALTOS DILUÍDOS CM-30","Amapá","-"]
["2016-03-01","ASFALTOS DILUÍDOS CM-30","Amazonas",2.3018474813314462]
["2016-03-01","ASFALTOS DILUÍDOS CM-30","Bahia",2.6029586722164404]
["2016-03-01","ASFALTOS DILUÍDOS CM-30","Ceará",2.4111578450534923]
["2016-03-01","ASFALTOS DILUÍDOS CM-30","Distrito Federal","-"]
["2016-03-01","ASFALTOS DILUÍDOS CM-30","Espírito Santo","-"]
["2016-03-01","ASFALTOS DILUÍDOS CM-30","Goiás",2.7119422907572592]
["2016-03-01","ASFALTOS DILUÍDOS CM-30","Maranhão","-"]
["2016-03-01","ASFALTOS DILUÍDOS CM-30","Mato Grosso",2.9865881517279105]
["2016-03-01","ASFALTOS DILUÍDOS CM-30","Mato Grosso do Sul","-"]
["2016-03-01","ASFALTOS DILUÍDOS CM-30","Minas Gerais",2.2101264518541166]
["2016-03-01","ASFALTOS DILUÍDOS CM-30","Pará","-"]
["2016-03-01","ASFALTOS DILUÍDOS CM-30","Paraíba","-"]
["2016-03-01","ASFALTOS DILUÍDOS CM-30","Paraná",2.5717608308910718]
["2016-03-01","ASFALTOS DILUÍDOS CM-30","Pernambuco","-"]
["2016-03-01","ASFALTOS DILUÍDOS CM-30","Piauí","-"]
["2016-03-01","ASFALTOS DILUÍDOS CM-30","Rio de Janeiro",2.1024523015217649]
["2016-03-01","ASFALTOS DILUÍDOS CM-30","Rio Grande do Norte","-"]
["2016-03-01","ASFALTOS DILUÍDOS CM-30","Rio Grande do Sul",2.2380876528155205]
["2016-03-01","ASFALTOS DILUÍDOS CM-30","Rondônia","-"]
["2016-03-01","ASFALTOS DILUÍDOS CM-30","Roraima","-"]
["2016-03-01","ASFALTOS DILUÍDOS CM-30","Santa Catarina","-"]
["2016-03-01","ASFALTOS DILUÍDOS CM-30","São Paulo",2.3578378881486142]
["2016-03-01","ASFALTOS DILUÍDOS CM-30","Sergipe","-"]
["2016-03-01","ASFALTOS DILUÍDOS CM-30","Tocantins","-"]
["2016-04-01","ASFALTOS DILUÍDOS CM-30","Acre","-"]
["2016-04-01","ASFALTOS DILUÍDOS CM-30","Alagoas","-"]
["2016-04-01","ASFALTOS DILUÍDOS CM-30","Amapá","-"]
["2016-04-01","ASFALTOS DILUÍDOS CM-30","Amazonas","-"]
["2016-04-01","ASFALTOS DILUÍDOS CM-30","Bahia",2.7312179952104003]
["2016-04-01","ASFALTOS DILUÍDOS CM-30","Ceará",2.7467442426145636]
["2016-04-01","ASFALTOS DILUÍDOS CM-30","Distrito Federal","-"]
["2016-04-01","ASFALTOS DILUÍDOS CM-30","Espírito Santo","-"]
["2016-04-01","ASFALTOS DILUÍDOS CM-30","Goiás",2.6770226925296279]
["2016-04-01","ASFALTOS DILUÍDOS CM-30","Maranhão","-"]
["2016-04-01","ASFALTOS DILUÍDOS CM-30","Mato Grosso",3.0260257767863572]
["2016-04-01","ASFALTOS DILUÍDOS CM-30","Mato Grosso do Sul","-"]
["2016-04-01","ASFALTOS DILUÍDOS CM-30","Minas Gerais",2.5061684692681112]
["2016-04-01","ASFALTOS DILUÍDOS CM-30","Pará","-"]
["2016-04-01","ASFALTOS DILUÍDOS CM-30","Paraíba","-"]
["2016-04-01","ASFALTOS DILUÍDOS CM-30","Paraná",2.8512277071323795]
["2016-04-01","ASFALTOS DILUÍDOS CM-30","Pernambuco","-"]
["2016-04-01","ASFALTOS DILUÍDOS CM-30","Piauí","-"]
["2016-04-01","ASFALTOS DILUÍDOS CM-30","Rio de Janeiro",2.6128697042039191]
["2016-04-01","ASFALTOS DILUÍDOS CM-30","Rio Grande do Norte","-"]
["2016-04-01","ASFALTOS DILUÍDOS CM-30","Rio Grande do Sul",2.5896347572273033]
["2016-04-01","ASFALTOS DILUÍDOS CM-30","Rondônia","-"]
["2016-04-01","ASFALTOS DILUÍDOS CM-30","Roraima","-"]
["2016-04-01","ASFALTOS DILUÍDOS CM-30","Santa Catarina","-"]
["2016-04-01","ASFALTOS DILUÍDOS CM-30","São Paulo",2.5814042171999265]
["2016-04-01","ASFALTOS DILUÍDOS CM-30","Sergipe","-"]
["2016-04-01","ASFALTOS DILUÍDOS CM-30","Tocantins","-"]
["2016-05-01","ASFALTOS DILUÍDOS CM-30","Acre","-"]
["2016-05-01","ASFALTOS DILUÍDOS CM-30","Alagoas","-"]
["2016-05-01","ASFALTOS DILUÍDOS CM-30","Amapá","-"]
["2016-05-01","ASFALTOS DILUÍDOS CM-30","Amazonas","-"]
["2016-05-01","ASFALTOS DILUÍDOS CM-30","Bahia",2.7469681153744698]
["2016-05-01","ASFALTOS DILUÍDOS CM-30","Ceará",2.6236072150419449]
["2016-05-01","ASFALTOS DILUÍDOS CM-30","Distrito Federal","-"]
["2016-05-01","ASFALTOS DILUÍDOS CM-30","Espírito Santo","-"]
["2016-05-01","ASFALTOS DILUÍDOS CM-30","Goiás",2.6880514741728891]
["2016-05-01","ASFALTOS DILUÍDOS CM-30","Maranhão","-"]
["2016-05-01","ASFALTOS DILUÍDOS CM-30","Mato Grosso",3.1569652897949845]
["2016-05-01","ASFALTOS DILUÍDOS CM-30","Mato Grosso do Sul","-"]
["2016-05-01","ASFALTOS DILUÍDOS CM-30","Minas Gerais",2.583800422481481]
["2016-05-01","ASFALTOS DILUÍDOS CM-30","Pará","-"]
["2016-05-01","ASFALTOS DILUÍDOS CM-30","Paraíba","-"]
["2016-05-01","ASFALTOS DILUÍDOS CM-30","Paraná",2.939177789203085]
["2016-05-01","ASFALTOS DILUÍDOS CM-30","Pernambuco","-"]
["2016-05-01","ASFALTOS DILUÍDOS CM-30","Piauí","-"]
["2016-05-01","ASFALTOS DILUÍDOS CM-30","Rio de Janeiro",2.566846185590939]
["2016-05-01","ASFALTOS DILUÍDOS CM-30","Rio Grande do Norte","-"]
["2016-05-01","ASFALTOS DILUÍDOS CM-30","Rio Grande do Sul",2.6476469066541997]
["2016-05-01","ASFALTOS DILUÍDOS CM-30","Rondônia","-"]
["2016-05-01","ASFALTOS DILUÍDOS CM-30","Roraima","-"]
["2016-05-01","ASFALTOS DILUÍDOS CM-30","Santa Catarina","-"]
["2016-05-01","ASFALTOS DILUÍDOS CM-30","São Paulo",2.5628439622449348]
["2016-05-01","ASFALTOS DILUÍDOS CM-30","Sergipe","-"]
["2016-05-01","ASFALTOS DILUÍDOS CM-30","Tocantins","-"]
["2016-06-01","ASFALTOS DILUÍDOS CM-30","Acre","-"]
["2016-06-01","ASFALTOS DILUÍDOS CM-30","Alagoas","-"]
["2016-06-01","ASFALTOS DILUÍDOS CM-30","Amapá","-"]
["2016-06-01","ASFALTOS DILUÍDOS CM-30","Amazonas",2.4521280960493224]
["2016-06-01","ASFALTOS DILUÍDOS CM-30","Bahia",2.6917980657906662]
["2016-06-01","ASFALTOS DILUÍDOS CM-30","Ceará",2.5980629252470804]
["2016-06-01","ASFALTOS DILUÍDOS CM-30","Distrito Federal","-"]
["2016-06-01","ASFALTOS DILUÍDOS CM-30","Espírito Santo","-"]
["2016-06-01","ASFALTOS DILUÍDOS CM-30","Goiás",2.8016739239319675]
["2016-06-01","ASFALTOS DILUÍDOS CM-30","Maranhão","-"]
["2016-06-01","ASFALTOS DILUÍDOS CM-30","Mato Grosso",3.1930815665959793]
["2016-06-01","ASFALTOS DILUÍDOS CM-30","Mato Grosso do Sul","-"]
["2016-06-01","ASFALTOS DILUÍDOS CM-30","Minas Gerais",2.6912620512264622]
["2016-06-01","ASFALTOS DILUÍDOS CM-30","Pará","-"]
["2016-06-01","ASFALTOS DILUÍDOS CM-30","Paraíba","-"]
["2016-06-01","ASFALTOS DILUÍDOS CM-30","Paraná",2.7805116884537893]
["2016-06-01","ASFALTOS DILUÍDOS CM-30","Pernambuco","-"]
["2016-06-01","ASFALTOS DILUÍDOS CM-30","Piauí","-"]
["2016-06-01","ASFALTOS DILUÍDOS CM-30","Rio de Janeiro",2.6951715237977347]
["2016-06-01","ASFALTOS DILUÍDOS CM-30","Rio Grande do Norte","-"]
["2016-06-01","ASFALTOS DILUÍDOS CM-30","Rio Grande do Sul",2.5920306772157864]
["2016-06-01","ASFALTOS DILUÍDOS CM-30","Rondônia","-"]
["2016-06-01","ASFALTOS DILUÍDOS CM-30","Roraima","-"]
["2016-06-01","ASFALTOS DILUÍDOS CM-30","Santa Catarina","-"]
["2016-06-01","ASFALTOS DILUÍDOS CM-30","São Paulo",2.5595021402880116]
["2016-06-01","ASFALTOS DILUÍDOS CM-30","Sergipe","-"]
["2016-06-01","ASFALTOS DILUÍDOS CM-30","Tocantins","-"]
["2016-07-01","ASFALTOS DILUÍDOS CM-30","Acre","-"]
["2016-07-01","ASFALTOS DILUÍDOS CM-30","Alagoas","-"]
["2016-07-01","ASFALTOS DILUÍDOS CM-30","Amapá","-"]
["2016-07-01","ASFALTOS DILUÍDOS CM-30","Amazonas","-"]
["2016-07-01","ASFALTOS DILUÍDOS CM-30","Bahia",2.7113870130164122]
["2016-07-01","ASFALTOS DILUÍDOS CM-30","Ceará",2.5356660574301033]
["2016-07-01","ASFALTOS DILUÍDOS CM-30","Distrito Federal","-"]
["2016-07-01","ASFALTOS DILUÍDOS CM-30","Espírito Santo","-"]
["2016-07-01","ASFALTOS DILUÍDOS CM-30","Goiás",2.8865516122086179]
["2016-07-01","ASFALTOS DILUÍDOS CM-30","Maranhão","-"]
["2016-07-01","ASFALTOS DILUÍDOS CM-30","Mato Grosso",3.2169503278506348]
["2016-07-01","ASFALTOS DILUÍDOS CM-30","Mato Grosso do Sul","-"]
["2016-07-01","ASFALTOS DILUÍDOS CM-30","Minas Gerais",2.588305254846484]
["2016-07-01","ASFALTOS DILUÍDOS CM-30","Pará","-"]
["2016-07-01","ASFALTOS DILUÍDOS CM-30","Paraíba","-"]
["2016-07-01","ASFALTOS DILUÍDOS CM-30","Paraná",2.7495566091936428]
["2016-07-01","ASFALTOS DILUÍDOS CM-30","Pernambuco","-"]
["2016-07-01","ASFALTOS DILUÍDOS CM-30","Piauí","-"]
["2016-07-01","ASFALTOS DILUÍDOS CM-30","Rio de Janeiro",2.618681083486802]
["2016-07-01","ASFALTOS DILUÍDOS CM-30","Rio Grande do Norte","-"]
["2016-07-01","ASFALTOS DILUÍDOS CM-30","Rio Grande do Sul",2.581287630580603]
["2016-07-01","ASFALTOS DILUÍDOS CM-30","Rondônia","-"]
["2016-07-01","ASFALTOS DILUÍDOS CM-30","Roraima","-"]
["2016-07-01","ASFALTOS DILUÍDOS CM-30","Santa Catarina","-"]
["2016-07-01","ASFALTOS DILUÍDOS CM-30","São Paulo",2.6258306371135975]
["2016-07-01","ASFALTOS DILUÍDOS CM-30","Sergipe","-"]
["2016-07-01","ASFALTOS DILUÍDOS CM-30","Tocantins","-"]
["2016-08-01","ASFALTOS DILUÍDOS CM-30","Acre","-"]
["2016-08-01","ASFALTOS DILUÍDOS CM-30","Alagoas","-"]
["2016-08-01","ASFALTOS DILUÍDOS CM-30","Amapá","-"]
["2016-08-01","ASFALTOS DILUÍDOS CM-30","Amazonas",2.6299263123263175]
["2016-08-01","ASFALTOS DILUÍDOS CM-30","Bahia",2.6986666709865879]
["2016-08-01","ASFALTOS DILUÍDOS CM-30","Ceará",2.5996674167770033]
["2016-08-01","ASFALTOS DILUÍDOS CM-30","Distrito Federal","-"]
["2016-08-01","ASFALTOS DILUÍDOS CM-30","Espírito Santo","-"]
["2016-08-01","ASFALTOS DILUÍDOS CM-30","Goiás",2.8670692918288951]
["2016-08-01","ASFALTOS DILUÍDOS CM-30","Maranhão","-"]
["2016-08-01","ASFALTOS DILUÍDOS CM-30","Mato Grosso",3.126852323553289]
["2016-08-01","ASFALTOS DILUÍDOS CM-30","Mato Grosso do Sul","-"]
["2016-08-01","ASFALTOS DILUÍDOS CM-30","Minas Gerais",2.714753149937978]
["2016-08-01","ASFALTOS DILUÍDOS CM-30","Pará","-"]
["2016-08-01","ASFALTOS DILUÍDOS CM-30","Paraíba","-"]
["2016-08-01","ASFALTOS DILUÍDOS CM-30","Paraná",2.8536093855539137]
["2016-08-01","ASFALTOS DILUÍDOS CM-30","Pernambuco","-"]
["2016-08-01","ASFALTOS DILUÍDOS CM-30","Piauí","-"]
["2016-08-01","ASFALTOS DILUÍDOS CM-30","Rio de Janeiro",2.5675301561048132]
["2016-08-01","ASFALTOS DILUÍDOS CM-30","Rio Grande do Norte","-"]
["2016-08-01","ASFALTOS DILUÍDOS CM-30","Rio Grande do Sul",2.6449414865112861]
["2016-08-01","ASFALTOS DILUÍDOS CM-30","Rondônia","-"]
["2016-08-01","ASFALTOS DILUÍDOS CM-30","Roraima","-"]
["2016-08-01","ASFALTOS DILUÍDOS CM-30","Santa Catarina","-"]
["2016-08-01","ASFALTOS DILUÍDOS CM-30","São Paulo",2.6465830655558436]
["2016-08-01","ASFALTOS DILUÍDOS CM-30","Sergipe","-"]
["2016-08-01","ASFALTOS DILUÍDOS CM-30","Tocantins","-"]
["2016-09-01","ASFALTOS DILUÍDOS CM-30","Acre","-"]
["2016-09-01","ASFALTOS DILUÍDOS CM-30","Alagoas","-"]
["2016-09-01","ASFALTOS DILUÍDOS CM-30","Amapá","-"]
["2016-09-01","ASFALTOS DILUÍDOS CM-30","Amazonas","-"]
["2016-09-01","ASFALTOS DILUÍDOS CM-30","Bahia",2.6372801915404365]
["2016-09-01","ASFALTOS DILUÍDOS CM-30","Ceará",2.4488915101973379]
["2016-09-01","ASFALTOS DILUÍDOS CM-30","Distrito Federal","-"]
["2016-09-01","ASFALTOS DILUÍDOS CM-30","Espírito Santo","-"]
["2016-09-01","ASFALTOS DILUÍDOS CM-30","Goiás",2.7830674796008013]
["2016-09-01","ASFALTOS DILUÍDOS CM-30","Maranhão","-"]
["2016-09-01","ASFALTOS DILUÍDOS CM-30","Mato Grosso",2.8643657377691047]
["2016-09-01","ASFALTOS DILUÍDOS CM-30","Mato Grosso do Sul","-"]
["2016-09-01","ASFALTOS DILUÍDOS CM-30","Minas Gerais",2.4918739840447541]
["2016-09-01","ASFALTOS DILUÍDOS CM-30","Pará","-"]
["2016-09-01","ASFALTOS DILUÍDOS CM-30","Paraíba","-"]
["2016-09-01","ASFALTOS DILUÍDOS CM-30","Paraná",2.4421200073310203]
["2016-09-01","ASFALTOS DILUÍDOS CM-30","Pernambuco","-"]
["2016-09-01","ASFALTOS DILUÍDOS CM-30","Piauí","-"]
["2016-09-01","ASFALTOS DILUÍDOS CM-30","Rio de Janeiro",2.4485622617516789]
["2016-09-01","ASFALTOS DILUÍDOS CM-30","Rio Grande do Norte","-"]
["2016-09-01","ASFALTOS DILUÍDOS CM-30","Rio Grande do Sul",2.3330569365213263]
["2016-09-01","ASFALTOS DILUÍDOS CM-30","Rondônia","-"]
["2016-09-01","ASFALTOS DILUÍDOS CM-30","Roraima","-"]
["2016-09-01","ASFALTOS DILUÍDOS CM-30","Santa Catarina","-"]
["2016-09-01","ASFALTOS DILUÍDOS CM-30","São Paulo",2.6107531549532244]
["2016-09-01","ASFALTOS DILUÍDOS CM-30","Sergipe","-"]
["2016-09-01","ASFALTOS DILUÍDOS CM-30","Tocantins","-"]
["2016-10-01","ASFALTOS DILUÍDOS CM-30","Acre","-"]
["2016-10-01","ASFALTOS DILUÍDOS CM-30","Alagoas","-"]
["2016-10-01","ASFALTOS DILUÍDOS CM-30","Amapá","-"]
["2016-10-01","ASFALTOS DILUÍDOS CM-30","Amazonas","-"]
["2016-10-01","ASFALTOS DILUÍDOS CM-30","Bahia",2.5017436213909163]
["2016-10-01","ASFALTOS DILUÍDOS CM-30","Ceará",2.3940726515109807]
["2016-10-01","ASFALTOS DILUÍDOS CM-30","Distrito Federal","-"]
["2016-10-01","ASFALTOS DILUÍDOS CM-30","Espírito Santo","-"]
["2016-10-01","ASFALTOS DILUÍDOS CM-30","Goiás",2.7675757181765634]
["2016-10-01","ASFALTOS DILUÍDOS CM-30","Maranhão","-"]
["2016-10-01","ASFALTOS DILUÍDOS CM-30","Mato Grosso",2.8803239746962288]
["2016-10-01","ASFALTOS DILUÍDOS CM-30","Mato Grosso do Sul","-"]
["2016-10-01","ASFALTOS DILUÍDOS CM-30","Minas Gerais",2.5162790547111911]
["2016-10-01","ASFALTOS DILUÍDOS CM-30","Pará",2.6664320277681481]
["2016-10-01","ASFALTOS DILUÍDOS CM-30","Paraíba","-"]
["2016-10-01","ASFALTOS DILUÍDOS CM-30","Paraná",2.4296834277271606]
["2016-10-01","ASFALTOS DILUÍDOS CM-30","Pernambuco","-"]
["2016-10-01","ASFALTOS DILUÍDOS CM-30","Piauí","-"]
["2016-10-01","ASFALTOS DILUÍDOS CM-30","Rio de Janeiro",2.3020178102766797]
["2016-10-01","ASFALTOS DILUÍDOS CM-30","Rio Grande do Norte","-"]
["2016-10-01","ASFALTOS DILUÍDOS CM-30","Rio Grande do Sul",2.3639318840468322]
["2016-10-01","ASFALTOS DILUÍDOS CM-30","Rondônia","-"]
["2016-10-01","ASFALTOS DILUÍDOS CM-30","Roraima","-"]
["2016-10-01","ASFALTOS DILUÍDOS CM-30","Santa Catarina","-"]
["2016-10-01","ASFALTOS DILUÍDOS CM-30","São Paulo",2.5441346985392479]
["2016-10-01","ASFALTOS DILUÍDOS CM-30","Sergipe","-"]
["2016-10-01","ASFALTOS DILUÍDOS CM-30","Tocantins","-"]
["2016-11-01","ASFALTOS DILUÍDOS CM-30","Acre","-"]
["2016-11-01","ASFALTOS DILUÍDOS CM-30","Alagoas","-"]
["2016-11-01","ASFALTOS DILUÍDOS CM-30","Amapá","-"]
["2016-11-01","ASFALTOS DILUÍDOS CM-30","Amazonas",2.2843667899593663]
["2016-11-01","ASFALTOS DILUÍDOS CM-30","Bahia","-"]
["2016-11-01","ASFALTOS DILUÍDOS CM-30","Ceará",2.3328574466821759]
["2016-11-01","ASFALTOS DILUÍDOS CM-30","Distrito Federal","-"]
["2016-11-01","ASFALTOS DILUÍDOS CM-30","Espírito Santo","-"]
["2016-11-01","ASFALTOS DILUÍDOS CM-30","Goiás",3.2333979234489894]
["2016-11-01","ASFALTOS DILUÍDOS CM-30","Maranhão","-"]
["2016-11-01","ASFALTOS DILUÍDOS CM-30","Mato Grosso",2.7493124575239305]
["2016-11-01","ASFALTOS DILUÍDOS CM-30","Mato Grosso do Sul","-"]
["2016-11-01","ASFALTOS DILUÍDOS CM-30","Minas Gerais",2.4173114909834532]
["2016-11-01","ASFALTOS DILUÍDOS CM-30","Pará","-"]
["2016-11-01","ASFALTOS DILUÍDOS CM-30","Paraíba","-"]
["2016-11-01","ASFALTOS DILUÍDOS CM-30","Paraná",2.4686306348138056]
["2016-11-01","ASFALTOS DILUÍDOS CM-30","Pernambuco","-"]
["2016-11-01","ASFALTOS DILUÍDOS CM-30","Piauí","-"]
["2016-11-01","ASFALTOS DILUÍDOS CM-30","Rio de Janeiro","-"]
["2016-11-01","ASFALTOS DILUÍDOS CM-30","Rio Grande do Norte","-"]
["2016-11-01","ASFALTOS DILUÍDOS CM-30","Rio Grande do Sul",2.3084806817918744]
["2016-11-01","ASFALTOS DILUÍDOS CM-30","Rondônia","-"]
["2016-11-01","ASFALTOS DILUÍDOS CM-30","Roraima","-"]
["2016-11-01","ASFALTOS DILUÍDOS CM-30","Santa Catarina","-"]
["2016-11-01","ASFALTOS DILUÍDOS CM-30","São Paulo",2.6043368181526549]
["2016-11-01","ASFALTOS DILUÍDOS CM-30","Sergipe","-"]
["2016-11-01","ASFALTOS DILUÍDOS CM-30","Tocantins","-"]
["2016-12-01","ASFALTOS DILUÍDOS CM-30","Acre","-"]
["2016-12-01","ASFALTOS DILUÍDOS CM-30","Alagoas","-"]
["2016-12-01","ASFALTOS DILUÍDOS CM-30","Amapá","-"]
["2016-12-01","ASFALTOS DILUÍDOS CM-30","Amazonas",2.2830533156309567]
["2016-12-01","ASFALTOS DILUÍDOS CM-30","Bahia",3.0030689295725295]
["2016-12-01","ASFALTOS DILUÍDOS CM-30","Ceará",2.2189181963258533]
["2016-12-01","ASFALTOS DILUÍDOS CM-30","Distrito Federal","-"]
["2016-12-01","ASFALTOS DILUÍDOS CM-30","Espírito Santo","-"]
["2016-12-01","ASFALTOS DILUÍDOS CM-30","Goiás","-"]
["2016-12-01","ASFALTOS DILUÍDOS CM-30","Maranhão","-"]
["2016-12-01","ASFALTOS DILUÍDOS CM-30","Mato Grosso",2.8655321072542455]
["2016-12-01","ASFALTOS DILUÍDOS CM-30","Mato Grosso do Sul","-"]
["2016-12-01","ASFALTOS DILUÍDOS CM-30","Minas Gerais",2.6274174642643748]
["2016-12-01","ASFALTOS DILUÍDOS CM-30","Pará","-"]
["2016-12-01","ASFALTOS DILUÍDOS CM-30","Paraíba","-"]
["2016-12-01","ASFALTOS DILUÍDOS CM-30","Paraná",2.5107862213117542]
["2016-12-01","ASFALTOS DILUÍDOS CM-30","Pernambuco","-"]
["2016-12-01","ASFALTOS DILUÍDOS CM-30","Piauí","-"]
["2016-12-01","ASFALTOS DILUÍDOS CM-30","Rio de Janeiro","-"]
["2016-12-01","ASFALTOS DILUÍDOS CM-30","Rio Grande do Norte","-"]
["2016-12-01","ASFALTOS DILUÍDOS CM-30","Rio Grande do Sul",2.2810473330070038]
["2016-12-01","ASFALTOS DILUÍDOS CM-30","Rondônia","-"]
["2016-12-01","ASFALTOS DILUÍDOS CM-30","Roraima","-"]
["2016-12-01","ASFALTOS DILUÍDOS CM-30","Santa Catarina","-"]
["2016-12-01","ASFALTOS DILUÍDOS CM-30","São Paulo",2.5582033119841081]
["2016-12-01","ASFALTOS DILUÍDOS CM-30","Sergipe","-"]
["2016-12-01","ASFALTOS DILUÍDOS CM-30","Tocantins","-"]
["2017-01-01","ASFALTOS DILUÍDOS CM-30","Acre","-"]
["2017-01-01","ASFALTOS DILUÍDOS CM-30","Alagoas","-"]
["2017-01-01","ASFALTOS DILUÍDOS CM-30","Amapá","-"]
["2017-01-01","ASFALTOS DILUÍDOS CM-30","Amazonas","-"]
["2017-01-01","ASFALTOS DILUÍDOS CM-30","Bahia","-"]
["2017-01-01","ASFALTOS DILUÍDOS CM-30","Ceará",2.1898095821449988]
["2017-01-01","ASFALTOS DILUÍDOS CM-30","Distrito Federal","-"]
["2017-01-01","ASFALTOS DILUÍDOS CM-30","Espírito Santo","-"]
["2017-01-01","ASFALTOS DILUÍDOS CM-30","Goiás","-"]
["2017-01-01","ASFALTOS DILUÍDOS CM-30","Maranhão","-"]
["2017-01-01","ASFALTOS DILUÍDOS CM-30","Mato Grosso",2.8395329452054794]
["2017-01-01","ASFALTOS DILUÍDOS CM-30","Mato Grosso do Sul","-"]
["2017-01-01","ASFALTOS DILUÍDOS CM-30","Minas Gerais",2.5192293580760783]
["2017-01-01","ASFALTOS DILUÍDOS CM-30","Pará","-"]
["2017-01-01","ASFALTOS DILUÍDOS CM-30","Paraíba","-"]
["2017-01-01","ASFALTOS DILUÍDOS CM-30","Paraná",2.4342778643485037]
["2017-01-01","ASFALTOS DILUÍDOS CM-30","Pernambuco","-"]
["2017-01-01","ASFALTOS DILUÍDOS CM-30","Piauí","-"]
["2017-01-01","ASFALTOS DILUÍDOS CM-30","Rio de Janeiro","-"]
["2017-01-01","ASFALTOS DILUÍDOS CM-30","Rio Grande do Norte","-"]
["2017-01-01","ASFALTOS DILUÍDOS CM-30","Rio Grande do Sul",2.3438676041624324]
["2017-01-01","ASFALTOS DILUÍDOS CM-30","Rondônia","-"]
["2017-01-01","ASFALTOS DILUÍDOS CM-30","Roraima","-"]
["2017-01-01","ASFALTOS DILUÍDOS CM-30","Santa Catarina","-"]
["2017-01-01","ASFALTOS DILUÍDOS CM-30","São Paulo",2.6107681898879123]
["2017-01-01","ASFALTOS DILUÍDOS CM-30","Sergipe","-"]
["2017-01-01","ASFALTOS DILUÍDOS CM-30","Tocantins","-"]
["2017-02-01","ASFALTOS DILUÍDOS CM-30","Acre","-"]
["2017-02-01","ASFALTOS DILUÍDOS CM-30","Alagoas","-"]
["2017-02-01","ASFALTOS DILUÍDOS CM-30","Amapá","-"]
["2017-02-01","ASFALTOS DILUÍDOS CM-30","Amazonas","-"]
["2017-02-01","ASFALTOS DILUÍDOS CM-30","Bahia","-"]
["2017-02-01","ASFALTOS DILUÍDOS CM-30","Ceará",2.2339391847804735]
["2017-02-01","ASFALTOS DILUÍDOS CM-30","Distrito Federal","-"]
["2017-02-01","ASFALTOS DILUÍDOS CM-30","Espírito Santo","-"]
["2017-02-01","ASFALTOS DILUÍDOS CM-30","Goiás","-"]
["2017-02-01","ASFALTOS DILUÍDOS CM-30","Maranhão","-"]
["2017-02-01","ASFALTOS DILUÍDOS CM-30","Mato Grosso",2.7731096434953537]
["2017-02-01","ASFALTOS DILUÍDOS CM-30","Mato Grosso do Sul","-"]
["2017-02-01","ASFALTOS DILUÍDOS CM-30","Minas Gerais",2.5819261618305358]
["2017-02-01","ASFALTOS DILUÍDOS CM-30","Pará","-"]
["2017-02-01","ASFALTOS DILUÍDOS CM-30","Paraíba","-"]
["2017-02-01","ASFALTOS DILUÍDOS CM-30","Paraná",2.5419959466782269]
["2017-02-01","ASFALTOS DILUÍDOS CM-30","Pernambuco","-"]
["2017-02-01","ASFALTOS DILUÍDOS CM-30","Piauí","-"]
["2017-02-01","ASFALTOS DILUÍDOS CM-30","Rio de Janeiro","-"]
["2017-02-01","ASFALTOS DILUÍDOS CM-30","Rio Grande do Norte","-"]
["2017-02-01","ASFALTOS DILUÍDOS CM-30","Rio Grande do Sul",2.2606895837957826]
["2017-02-01","ASFALTOS DILUÍDOS CM-30","Rondônia","-"]
["2017-02-01","ASFALTOS DILUÍDOS CM-30","Roraima","-"]
["2017-02-01","ASFALTOS DILUÍDOS CM-30","Santa Catarina","-"]
["2017-02-01","ASFALTOS DILUÍDOS CM-30","São Paulo",2.5541887469266427]
["2017-02-01","ASFALTOS DILUÍDOS CM-30","Sergipe","-"]
["2017-02-01","ASFALTOS DILUÍDOS CM-30","Tocantins","-"]
["2017-03-01","ASFALTOS DILUÍDOS CM-30","Acre","-"]
["2017-03-01","ASFALTOS DILUÍDOS CM-30","Alagoas","-"]
["2017-03-01","ASFALTOS DILUÍDOS CM-30","Amapá","-"]
["2017-03-01","ASFALTOS DILUÍDOS CM-30","Amazonas","-"]
["2017-03-01","ASFALTOS DILUÍDOS CM-30","Bahia",2.8070822016629586]
["2017-03-01","ASFALTOS DILUÍDOS CM-30","Ceará",2.3073185749652794]
["2017-03-01","ASFALTOS DILUÍDOS CM-30","Distrito Federal","-"]
["2017-03-01","ASFALTOS DILUÍDOS CM-30","Espírito Santo","-"]
["2017-03-01","ASFALTOS DILUÍDOS CM-30","Goiás","-"]
["2017-03-01","ASFALTOS DILUÍDOS CM-30","Maranhão","-"]
["2017-03-01","ASFALTOS DILUÍDOS CM-30","Mato Grosso",2.7880354710071207]
["2017-03-01","ASFALTOS DILUÍDOS CM-30","Mato Grosso do Sul","-"]
["2017-03-01","ASFALTOS DILUÍDOS CM-30","Minas Gerais",2.3507018286946719]
["2017-03-01","ASFALTOS DILUÍDOS CM-30","Pará","-"]
["2017-03-01","ASFALTOS DILUÍDOS CM-30","Paraíba","-"]
["2017-03-01","ASFALTOS DILUÍDOS CM-30","Paraná",2.391212659137234]
["2017-03-01","ASFALTOS DILUÍDOS CM-30","Pernambuco","-"]
["2017-03-01","ASFALTOS DILUÍDOS CM-30","Piauí","-"]
["2017-03-01","ASFALTOS DILUÍDOS CM-30","Rio de Janeiro",2.2805468541780449]
["2017-03-01","ASFALTOS DILUÍDOS CM-30","Rio Grande do Norte","-"]
["2017-03-01","ASFALTOS DILUÍDOS CM-30","Rio Grande do Sul",2.2386522173953449]
["2017-03-01","ASFALTOS DILUÍDOS CM-30","Rondônia","-"]
["2017-03-01","ASFALTOS DILUÍDOS CM-30","Roraima","-"]
["2017-03-01","ASFALTOS DILUÍDOS CM-30","Santa Catarina","-"]
["2017-03-01","ASFALTOS DILUÍDOS CM-30","São Paulo",2.5084269679051565]
["2017-03-01","ASFALTOS DILUÍDOS CM-30","Sergipe","-"]
["2017-03-01","ASFALTOS DILUÍDOS CM-30","Tocantins","-"]
["2017-04-01","ASFALTOS DILUÍDOS CM-30","Acre","-"]
["2017-04-01","ASFALTOS DILUÍDOS CM-30","Alagoas","-"]
["2017-04-01","ASFALTOS DILUÍDOS CM-30","Amapá","-"]
["2017-04-01","ASFALTOS DILUÍDOS CM-30","Amazonas",2.4379095337222316]
["2017-04-01","ASFALTOS DILUÍDOS CM-30","Bahia","-"]
["2017-04-01","ASFALTOS DILUÍDOS CM-30","Ceará",2.2128107534674903]
["2017-04-01","ASFALTOS DILUÍDOS CM-30","Distrito Federal","-"]
["2017-04-01","ASFALTOS DILUÍDOS CM-30","Espírito Santo","-"]
["2017-04-01","ASFALTOS DILUÍDOS CM-30","Goiás",2.9329097686983978]
["2017-04-01","ASFALTOS DILUÍDOS CM-30","Maranhão","-"]
["2017-04-01","ASFALTOS DILUÍDOS CM-30","Mato Grosso",2.6034040154984148]
["2017-04-01","ASFALTOS DILUÍDOS CM-30","Mato Grosso do Sul","-"]
["2017-04-01","ASFALTOS DILUÍDOS CM-30","Minas Gerais",2.2279008686757944]
["2017-04-01","ASFALTOS DILUÍDOS CM-30","Pará","-"]
["2017-04-01","ASFALTOS DILUÍDOS CM-30","Paraíba","-"]
["2017-04-01","ASFALTOS DILUÍDOS CM-30","Paraná",2.2554913928021132]
["2017-04-01","ASFALTOS DILUÍDOS CM-30","Pernambuco","-"]
["2017-04-01","ASFALTOS DILUÍDOS CM-30","Piauí","-"]
["2017-04-01","ASFALTOS DILUÍDOS CM-30","Rio de Janeiro","-"]
["2017-04-01","ASFALTOS DILUÍDOS CM-30","Rio Grande do Norte","-"]
["2017-04-01","ASFALTOS DILUÍDOS CM-30","Rio Grande do Sul",2.257216228266326]
["2017-04-01","ASFALTOS DILUÍDOS CM-30","Rondônia","-"]
["2017-04-01","ASFALTOS DILUÍDOS CM-30","Roraima","-"]
["2017-04-01","ASFALTOS DILUÍDOS CM-30","Santa Catarina","-"]
["2017-04-01","ASFALTOS DILUÍDOS CM-30","São Paulo",2.5460269244089608]
["2017-04-01","ASFALTOS DILUÍDOS CM-30","Sergipe","-"]
["2017-04-01","ASFALTOS DILUÍDOS CM-30","Tocantins","-"]
["2017-05-01","ASFALTOS DILUÍDOS CM-30","Acre","-"]
["2017-05-01","ASFALTOS DILUÍDOS CM-30","Alagoas","-"]
["2017-05-01","ASFALTOS DILUÍDOS CM-30","Amapá","-"]
["2017-05-01","ASFALTOS DILUÍDOS CM-30","Amazonas",2.1072414588415693]
["2017-05-01","ASFALTOS DILUÍDOS CM-30","Bahia",2.8255076173726867]
["2017-05-01","ASFALTOS DILUÍDOS CM-30","Ceará",2.1232136956115517]
["2017-05-01","ASFALTOS DILUÍDOS CM-30","Distrito Federal","-"]
["2017-05-01","ASFALTOS DILUÍDOS CM-30","Espírito Santo","-"]
["2017-05-01","ASFALTOS DILUÍDOS CM-30","Goiás","-"]
["2017-05-01","ASFALTOS DILUÍDOS CM-30","Maranhão","-"]
["2017-05-01","ASFALTOS DILUÍDOS CM-30","Mato Grosso",2.6509194930537472]
["2017-05-01","ASFALTOS DILUÍDOS CM-30","Mato Grosso do Sul","-"]
["2017-05-01","ASFALTOS DILUÍDOS CM-30","Minas Gerais",2.2115516694248365]
["2017-05-01","ASFALTOS DILUÍDOS CM-30","Pará","-"]
["2017-05-01","ASFALTOS DILUÍDOS CM-30","Paraíba","-"]
["2017-05-01","ASFALTOS DILUÍDOS CM-30","Paraná",2.2482531859735966]
["2017-05-01","ASFALTOS DILUÍDOS CM-30","Pernambuco","-"]
["2017-05-01","ASFALTOS DILUÍDOS CM-30","Piauí","-"]
["2017-05-01","ASFALTOS DILUÍDOS CM-30","Rio de Janeiro",2.0497993063133277]
["2017-05-01","ASFALTOS DILUÍDOS CM-30","Rio Grande do Norte","-"]
["2017-05-01","ASFALTOS DILUÍDOS CM-30","Rio Grande do Sul",2.1673345511727939]
["2017-05-01","ASFALTOS DILUÍDOS CM-30","Rondônia","-"]
["2017-05-01","ASFALTOS DILUÍDOS CM-30","Roraima","-"]
["2017-05-01","ASFALTOS DILUÍDOS CM-30","Santa Catarina","-"]
["2017-05-01","ASFALTOS DILUÍDOS CM-30","São Paulo",2.4310485580011854]
["2017-05-01","ASFALTOS DILUÍDOS CM-30","Sergipe","-"]
["2017-05-01","ASFALTOS DILUÍDOS CM-30","Tocantins","-"]
["2017-06-01","ASFALTOS DILUÍDOS CM-30","Acre","-"]
["2017-06-01","ASFALTOS DILUÍDOS CM-30","Alagoas","-"]
["2017-06-01","ASFALTOS DILUÍDOS CM-30","Amapá","-"]
["2017-06-01","ASFALTOS DILUÍDOS CM-30","Amazonas",2.1914498809123826]
["2017-06-01","ASFALTOS DILUÍDOS CM-30","Bahia",2.6691566300274787]
["2017-06-01","ASFALTOS DILUÍDOS CM-30","Ceará",2.1496881129872563]
["2017-06-01","ASFALTOS DILUÍDOS CM-30","Distrito Federal","-"]
["2017-06-01","ASFALTOS DILUÍDOS CM-30","Espírito Santo","-"]
["2017-06-01","ASFALTOS DILUÍDOS CM-30","Goiás",2.8652699667413559]
["2017-06-01","ASFALTOS DILUÍDOS CM-30","Maranhão","-"]
["2017-06-01","ASFALTOS DILUÍDOS CM-30","Mato Grosso",2.6906001056943172]
["2017-06-01","ASFALTOS DILUÍDOS CM-30","Mato Grosso do Sul","-"]
["2017-06-01","ASFALTOS DILUÍDOS CM-30","Minas Gerais",2.1995635974369794]
["2017-06-01","ASFALTOS DILUÍDOS CM-30","Pará","-"]
["2017-06-01","ASFALTOS DILUÍDOS CM-30","Paraíba","-"]
["2017-06-01","ASFALTOS DILUÍDOS CM-30","Paraná",2.3662771826357658]
["2017-06-01","ASFALTOS DILUÍDOS CM-30","Pernambuco","-"]
["2017-06-01","ASFALTOS DILUÍDOS CM-30","Piauí","-"]
["2017-06-01","ASFALTOS DILUÍDOS CM-30","Rio de Janeiro",2.1221875413894478]
["2017-06-01","ASFALTOS DILUÍDOS CM-30","Rio Grande do Norte","-"]
["2017-06-01","ASFALTOS DILUÍDOS CM-30","Rio Grande do Sul",2.2665980885976702]
["2017-06-01","ASFALTOS DILUÍDOS CM-30","Rondônia","-"]
["2017-06-01","ASFALTOS DILUÍDOS CM-30","Roraima","-"]
["2017-06-01","ASFALTOS DILUÍDOS CM-30","Santa Catarina","-"]
["2017-06-01","ASFALTOS DILUÍDOS CM-30","São Paulo",2.3429759037194846]
["2017-06-01","ASFALTOS DILUÍDOS CM-30","Sergipe","-"]
["2017-06-01","ASFALTOS DILUÍDOS CM-30","Tocantins","-"]
["2017-07-01","ASFALTOS DILUÍDOS CM-30","Acre","-"]
["2017-07-01","ASFALTOS DILUÍDOS CM-30","Alagoas","-"]
["2017-07-01","ASFALTOS DILUÍDOS CM-30","Amapá","-"]
["2017-07-01","ASFALTOS DILUÍDOS CM-30","Amazonas",2.3430741722241324]
["2017-07-01","ASFALTOS DILUÍDOS CM-30","Bahia","-"]
["2017-07-01","ASFALTOS DILUÍDOS CM-30","Ceará",2.2049699275262094]
["2017-07-01","ASFALTOS DILUÍDOS CM-30","Distrito Federal","-"]
["2017-07-01","ASFALTOS DILUÍDOS CM-30","Espírito Santo","-"]
["2017-07-01","ASFALTOS DILUÍDOS CM-30","Goiás","-"]
["2017-07-01","ASFALTOS DILUÍDOS CM-30","Maranhão","-"]
["2017-07-01","ASFALTOS DILUÍDOS CM-30","Mato Grosso",2.6621260012070911]
["2017-07-01","ASFALTOS DILUÍDOS CM-30","Mato Grosso do Sul","-"]
["2017-07-01","ASFALTOS DILUÍDOS CM-30","Minas Gerais",2.4534135084238162]
["2017-07-01","ASFALTOS DILUÍDOS CM-30","Pará","-"]
["2017-07-01","ASFALTOS DILUÍDOS CM-30","Paraíba","-"]
["2017-07-01","ASFALTOS DILUÍDOS CM-30","Paraná",2.3514182303854048]
["2017-07-01","ASFALTOS DILUÍDOS CM-30","Pernambuco","-"]
["2017-07-01","ASFALTOS DILUÍDOS CM-30","Piauí","-"]
["2017-07-01","ASFALTOS DILUÍDOS CM-30","Rio de Janeiro","-"]
["2017-07-01","ASFALTOS DILUÍDOS CM-30","Rio Grande do Norte","-"]
["2017-07-01","ASFALTOS DILUÍDOS CM-30","Rio Grande do Sul",2.2122317787802839]
["2017-07-01","ASFALTOS DILUÍDOS CM-30","Rondônia","-"]
["2017-07-01","ASFALTOS DILUÍDOS CM-30","Roraima","-"]
["2017-07-01","ASFALTOS DILUÍDOS CM-30","Santa Catarina","-"]
["2017-07-01","ASFALTOS DILUÍDOS CM-30","São Paulo",2.334729585186484]
["2017-07-01","ASFALTOS DILUÍDOS CM-30","Sergipe","-"]
["2017-07-01","ASFALTOS DILUÍDOS CM-30","Tocantins","-"]
["2017-08-01","ASFALTOS DILUÍDOS CM-30","Acre","-"]
["2017-08-01","ASFALTOS DILUÍDOS CM-30","Alagoas","-"]
["2017-08-01","ASFALTOS DILUÍDOS CM-30","Amapá","-"]
["2017-08-01","ASFALTOS DILUÍDOS CM-30","Amazonas",2.2035632961867035]
["2017-08-01","ASFALTOS DILUÍDOS CM-30","Bahia","-"]
["2017-08-01","ASFALTOS DILUÍDOS CM-30","Ceará",2.1351537238509102]
["2017-08-01","ASFALTOS DILUÍDOS CM-30","Distrito Federal","-"]
["2017-08-01","ASFALTOS DILUÍDOS CM-30","Espírito Santo","-"]
["2017-08-01","ASFALTOS DILUÍDOS CM-30","Goiás",2.6408628105674561]
["2017-08-01","ASFALTOS DILUÍDOS CM-30","Maranhão","-"]
["2017-08-01","ASFALTOS DILUÍDOS CM-30","Mato Grosso",2.6210476772710893]
["2017-08-01","ASFALTOS DILUÍDOS CM-30","Mato Grosso do Sul","-"]
["2017-08-01","ASFALTOS DILUÍDOS CM-30","Minas Gerais",2.3778984391475357]
["2017-08-01","ASFALTOS DILUÍDOS CM-30","Pará",2.7005776462557516]
["2017-08-01","ASFALTOS DILUÍDOS CM-30","Paraíba","-"]
["2017-08-01","ASFALTOS DILUÍDOS CM-30","Paraná",2.1018217767356706]
["2017-08-01","ASFALTOS DILUÍDOS CM-30","Pernambuco","-"]
["2017-08-01","ASFALTOS DILUÍDOS CM-30","Piauí","-"]
["2017-08-01","ASFALTOS DILUÍDOS CM-30","Rio de Janeiro","-"]
["2017-08-01","ASFALTOS DILUÍDOS CM-30","Rio Grande do Norte","-"]
["2017-08-01","ASFALTOS DILUÍDOS CM-30","Rio Grande do Sul",2.2245410140593309]
["2017-08-01","ASFALTOS DILUÍDOS CM-30","Rondônia","-"]
["2017-08-01","ASFALTOS DILUÍDOS CM-30","Roraima","-"]
["2017-08-01","ASFALTOS DILUÍDOS CM-30","Santa Catarina","-"]
["2017-08-01","ASFALTOS DILUÍDOS CM-30","São Paulo",2.2125572921987979]
["2017-08-01","ASFALTOS DILUÍDOS CM-30","Sergipe","-"]
["2017-08-01","ASFALTOS DILUÍDOS CM-30","Tocantins","-"]
["2017-09-01","ASFALTOS DILUÍDOS CM-30","Acre","-"]
["2017-09-01","ASFALTOS DILUÍDOS CM-30","Alagoas","-"]
["2017-09-01","ASFALTOS DILUÍDOS CM-30","Amapá","-"]
["2017-09-01","ASFALTOS DILUÍDOS CM-30","Amazonas",2.3313814246144298]
["2017-09-01","ASFALTOS DILUÍDOS CM-30","Bahia","-"]
["2017-09-01","ASFALTOS DILUÍDOS CM-30","Ceará",2.1213200204992875]
["2017-09-01","ASFALTOS DILUÍDOS CM-30","Distrito Federal","-"]
["2017-09-01","ASFALTOS DILUÍDOS CM-30","Espírito Santo","-"]
["2017-09-01","ASFALTOS DILUÍDOS CM-30","Goiás",2.6367790282923997]
["2017-09-01","ASFALTOS DILUÍDOS CM-30","Maranhão","-"]
["2017-09-01","ASFALTOS DILUÍDOS CM-30","Mato Grosso",2.6973094634419126]
["2017-09-01","ASFALTOS DILUÍDOS CM-30","Mato Grosso do Sul","-"]
["2017-09-01","ASFALTOS DILUÍDOS CM-30","Minas Gerais",2.5108870171893933]
["2017-09-01","ASFALTOS DILUÍDOS CM-30","Pará",2.7090399230733149]
["2017-09-01","ASFALTOS DILUÍDOS CM-30","Paraíba","-"]
["2017-09-01","ASFALTOS DILUÍDOS CM-30","Paraná",2.3966583600605942]
["2017-09-01","ASFALTOS DILUÍDOS CM-30","Pernambuco","-"]
["2017-09-01","ASFALTOS DILUÍDOS CM-30","Piauí","-"]
["2017-09-01","ASFALTOS DILUÍDOS CM-30","Rio de Janeiro","-"]
["2017-09-01","ASFALTOS DILUÍDOS CM-30","Rio Grande do Norte","-"]
["2017-09-01","ASFALTOS DILUÍDOS CM-30","Rio Grande do Sul",2.1912136176600714]
["2017-09-01","ASFALTOS DILUÍDOS CM-30","Rondônia","-"]
["2017-09-01","ASFALTOS DILUÍDOS CM-30","Roraima","-"]
["2017-09-01","ASFALTOS DILUÍDOS CM-30","Santa Catarina","-"]
["2017-09-01","ASFALTOS DILUÍDOS CM-30","São Paulo",2.3097402254780932]
["2017-09-01","ASFALTOS DILUÍDOS CM-30","Sergipe","-"]
["2017-09-01","ASFALTOS DILUÍDOS CM-30","Tocantins","-"]
["2017-10-01","ASFALTOS DILUÍDOS CM-30","Acre","-"]
["2017-10-01","ASFALTOS DILUÍDOS CM-30","Alagoas","-"]
["2017-10-01","ASFALTOS DILUÍDOS CM-30","Amapá","-"]
["2017-10-01","ASFALTOS DILUÍDOS CM-30","Amazonas",2.2091843585441406]
["2017-10-01","ASFALTOS DILUÍDOS CM-30","Bahia","-"]
["2017-10-01","ASFALTOS DILUÍDOS CM-30","Ceará",2.1602377541654674]
["2017-10-01","ASFALTOS DILUÍDOS CM-30","Distrito Federal","-"]
["2017-10-01","ASFALTOS DILUÍDOS CM-30","Espírito Santo","-"]
["2017-10-01","ASFALTOS DILUÍDOS CM-30","Goiás",2.5482166017803656]
["2017-10-01","ASFALTOS DILUÍDOS CM-30","Maranhão","-"]
["2017-10-01","ASFALTOS DILUÍDOS CM-30","Mato Grosso",2.7848612850779202]
["2017-10-01","ASFALTOS DILUÍDOS CM-30","Mato Grosso do Sul","-"]
["2017-10-01","ASFALTOS DILUÍDOS CM-30","Minas Gerais",2.6378402947764998]
["2017-10-01","ASFALTOS DILUÍDOS CM-30","Pará","-"]
["2017-10-01","ASFALTOS DILUÍDOS CM-30","Paraíba","-"]
["2017-10-01","ASFALTOS DILUÍDOS CM-30","Paraná",2.2164802653122195]
["2017-10-01","ASFALTOS DILUÍDOS CM-30","Pernambuco","-"]
["2017-10-01","ASFALTOS DILUÍDOS CM-30","Piauí","-"]
["2017-10-01","ASFALTOS DILUÍDOS CM-30","Rio de Janeiro","-"]
["2017-10-01","ASFALTOS DILUÍDOS CM-30","Rio Grande do Norte","-"]
["2017-10-01","ASFALTOS DILUÍDOS CM-30","Rio Grande do Sul",2.1731030244417089]
["2017-10-01","ASFALTOS DILUÍDOS CM-30","Rondônia","-"]
["2017-10-01","ASFALTOS DILUÍDOS CM-30","Roraima","-"]
["2017-10-01","ASFALTOS DILUÍDOS CM-30","Santa Catarina","-"]
["2017-10-01","ASFALTOS DILUÍDOS CM-30","São Paulo",2.2040938860607304]
["2017-10-01","ASFALTOS DILUÍDOS CM-30","Sergipe","-"]
["2017-10-01","ASFALTOS DILUÍDOS CM-30","Tocantins","-"]
["2017-11-01","ASFALTOS DILUÍDOS CM-30","Acre","-"]
["2017-11-01","ASFALTOS DILUÍDOS CM-30","Alagoas","-"]
["2017-11-01","ASFALTOS DILUÍDOS CM-30","Amapá","-"]
["2017-11-01","ASFALTOS DILUÍDOS CM-30","Amazonas",2.3845668336706232]
["2017-11-01","ASFALTOS DILUÍDOS CM-30","Bahia","-"]
["2017-11-01","ASFALTOS DILUÍDOS CM-30","Ceará",2.3883317473788224]
["2017-11-01","ASFALTOS DILUÍDOS CM-30","Distrito Federal","-"]
["2017-11-01","ASFALTOS DILUÍDOS CM-30","Espírito Santo","-"]
["2017-11-01","ASFALTOS DILUÍDOS CM-30","Goiás",2.9942342482453217]
["2017-11-01","ASFALTOS DILUÍDOS CM-30","Maranhão","-"]
["2017-11-01","ASFALTOS DILUÍDOS CM-30","Mato Grosso",2.8890161775549332]
["2017-11-01","ASFALTOS DILUÍDOS CM-30","Mato Grosso do Sul","-"]
["2017-11-01","ASFALTOS DILUÍDOS CM-30","Minas Gerais",2.5727077361724571]
["2017-11-01","ASFALTOS DILUÍDOS CM-30","Pará",2.7305834766489605]
["2017-11-01","ASFALTOS DILUÍDOS CM-30","Paraíba","-"]
["2017-11-01","ASFALTOS DILUÍDOS CM-30","Paraná",2.4817734287475437]
["2017-11-01","ASFALTOS DILUÍDOS CM-30","Pernambuco","-"]
["2017-11-01","ASFALTOS DILUÍDOS CM-30","Piauí","-"]
["2017-11-01","ASFALTOS DILUÍDOS CM-30","Rio de Janeiro","-"]
["2017-11-01","ASFALTOS DILUÍDOS CM-30","Rio Grande do Norte","-"]
["2017-11-01","ASFALTOS DILUÍDOS CM-30","Rio Grande do Sul",2.3295898682450842]
["2017-11-01","ASFALTOS DILUÍDOS CM-30","Rondônia","-"]
["2017-11-01","ASFALTOS DILUÍDOS CM-30","Roraima","-"]
["2017-11-01","ASFALTOS DILUÍDOS CM-30","Santa Catarina","-"]
["2017-11-01","ASFALTOS DILUÍDOS CM-30","São Paulo",2.6140330131825049]
["2017-11-01","ASFALTOS DILUÍDOS CM-30","Sergipe","-"]
["2017-11-01","ASFALTOS DILUÍDOS CM-30","Tocantins","-"]
["2017-12-01","ASFALTOS DILUÍDOS CM-30","Acre","-"]
["2017-12-01","ASFALTOS DILUÍDOS CM-30","Alagoas","-"]
["2017-12-01","ASFALTOS DILUÍDOS CM-30","Amapá","-"]
["2017-12-01","ASFALTOS DILUÍDOS CM-30","Amazonas",2.3343161659391405]
["2017-12-01","ASFALTOS DILUÍDOS CM-30","Bahia","-"]
["2017-12-01","ASFALTOS DILUÍDOS CM-30","Ceará",2.4048099862247136]
["2017-12-01","ASFALTOS DILUÍDOS CM-30","Distrito Federal","-"]
["2017-12-01","ASFALTOS DILUÍDOS CM-30","Espírito Santo","-"]
["2017-12-01","ASFALTOS DILUÍDOS CM-30","Goiás","-"]
["2017-12-01","ASFALTOS DILUÍDOS CM-30","Maranhão","-"]
["2017-12-01","ASFALTOS DILUÍDOS CM-30","Mato Grosso",3.0400681246400181]
["2017-12-01","ASFALTOS DILUÍDOS CM-30","Mato Grosso do Sul","-"]
["2017-12-01","ASFALTOS DILUÍDOS CM-30","Minas Gerais",2.724012173098652]
["2017-12-01","ASFALTOS DILUÍDOS CM-30","Pará","-"]
["2017-12-01","ASFALTOS DILUÍDOS CM-30","Paraíba","-"]
["2017-12-01","ASFALTOS DILUÍDOS CM-30","Paraná",2.439778885422506]
["2017-12-01","ASFALTOS DILUÍDOS CM-30","Pernambuco","-"]
["2017-12-01","ASFALTOS DILUÍDOS CM-30","Piauí","-"]
["2017-12-01","ASFALTOS DILUÍDOS CM-30","Rio de Janeiro","-"]
["2017-12-01","ASFALTOS DILUÍDOS CM-30","Rio Grande do Norte","-"]
["2017-12-01","ASFALTOS DILUÍDOS CM-30","Rio Grande do Sul",2.395712291642154]
["2017-12-01","ASFALTOS DILUÍDOS CM-30","Rondônia","-"]
["2017-12-01","ASFALTOS DILUÍDOS CM-30","Roraima","-"]
["2017-12-01","ASFALTOS DILUÍDOS CM-30","Santa Catarina","-"]
["2017-12-01","ASFALTOS DILUÍDOS CM-30","São Paulo",2.5688433802616917]
["2017-12-01","ASFALTOS DILUÍDOS CM-30","Sergipe","-"]
["2017-12-01","ASFALTOS DILUÍDOS CM-30","Tocantins","-"]
["2018-01-01","ASFALTOS DILUÍDOS CM-30","Acre","-"]
["2018-01-01","ASFALTOS DILUÍDOS CM-30","Alagoas","-"]
["2018-01-01","ASFALTOS DILUÍDOS CM-30","Amapá","-"]
["2018-01-01","ASFALTOS DILUÍDOS CM-30","Amazonas",2.8296097314706135]
["2018-01-01","ASFALTOS DILUÍDOS CM-30","Bahia",2.6390775075266859]
["2018-01-01","ASFALTOS DILUÍDOS CM-30","Ceará",2.6594696460134326]
["2018-01-01","ASFALTOS DILUÍDOS CM-30","Distrito Federal","-"]
["2018-01-01","ASFALTOS DILUÍDOS CM-30","Espírito Santo","-"]
["2018-01-01","ASFALTOS DILUÍDOS CM-30","Goiás","-"]
["2018-01-01","ASFALTOS DILUÍDOS CM-30","Maranhão","-"]
["2018-01-01","ASFALTOS DILUÍDOS CM-30","Mato Grosso",2.9353776201156889]
["2018-01-01","ASFALTOS DILUÍDOS CM-30","Mato Grosso do Sul","-"]
["2018-01-01","ASFALTOS DILUÍDOS CM-30","Minas Gerais",2.7077414103788602]
["2018-01-01","ASFALTOS DILUÍDOS CM-30","Pará","-"]
["2018-01-01","ASFALTOS DILUÍDOS CM-30","Paraíba","-"]
["2018-01-01","ASFALTOS DILUÍDOS CM-30","Paraná",2.7148437604254174]
["2018-01-01","ASFALTOS DILUÍDOS CM-30","Pernambuco","-"]
["2018-01-01","ASFALTOS DILUÍDOS CM-30","Piauí","-"]
["2018-01-01","ASFALTOS DILUÍDOS CM-30","Rio de Janeiro","-"]
["2018-01-01","ASFALTOS DILUÍDOS CM-30","Rio Grande do Norte","-"]
["2018-01-01","ASFALTOS DILUÍDOS CM-30","Rio Grande do Sul",2.4958208532309234]
["2018-01-01","ASFALTOS DILUÍDOS CM-30","Rondônia","-"]
["2018-01-01","ASFALTOS DILUÍDOS CM-30","Roraima","-"]
["2018-01-01","ASFALTOS DILUÍDOS CM-30","Santa Catarina","-"]
["2018-01-01","ASFALTOS DILUÍDOS CM-30","São Paulo",2.5734313176188577]
["2018-01-01","ASFALTOS DILUÍDOS CM-30","Sergipe","-"]
["2018-01-01","ASFALTOS DILUÍDOS CM-30","Tocantins","-"]
["2018-02-01","ASFALTOS DILUÍDOS CM-30","Acre","-"]
["2018-02-01","ASFALTOS DILUÍDOS CM-30","Alagoas","-"]
["2018-02-01","ASFALTOS DILUÍDOS CM-30","Amapá","-"]
["2018-02-01","ASFALTOS DILUÍDOS CM-30","Amazonas",2.7677157537344117]
["2018-02-01","ASFALTOS DILUÍDOS CM-30","Bahia","-"]
["2018-02-01","ASFALTOS DILUÍDOS CM-30","Ceará",2.6714016746816038]
["2018-02-01","ASFALTOS DILUÍDOS CM-30","Distrito Federal","-"]
["2018-02-01","ASFALTOS DILUÍDOS CM-30","Espírito Santo","-"]
["2018-02-01","ASFALTOS DILUÍDOS CM-30","Goiás","-"]
["2018-02-01","ASFALTOS DILUÍDOS CM-30","Maranhão","-"]
["2018-02-01","ASFALTOS DILUÍDOS CM-30","Mato Grosso",3.4155191774270679]
["2018-02-01","ASFALTOS DILUÍDOS CM-30","Mato Grosso do Sul","-"]
["2018-02-01","ASFALTOS DILUÍDOS CM-30","Minas Gerais",2.5914875887943971]
["2018-02-01","ASFALTOS DILUÍDOS CM-30","Pará","-"]
["2018-02-01","ASFALTOS DILUÍDOS CM-30","Paraíba","-"]
["2018-02-01","ASFALTOS DILUÍDOS CM-30","Paraná",2.602121434923506]
["2018-02-01","ASFALTOS DILUÍDOS CM-30","Pernambuco","-"]
["2018-02-01","ASFALTOS DILUÍDOS CM-30","Piauí","-"]
["2018-02-01","ASFALTOS DILUÍDOS CM-30","Rio de Janeiro","-"]
["2018-02-01","ASFALTOS DILUÍDOS CM-30","Rio Grande do Norte","-"]
["2018-02-01","ASFALTOS DILUÍDOS CM-30","Rio Grande do Sul",2.5200169090270457]
["2018-02-01","ASFALTOS DILUÍDOS CM-30","Rondônia","-"]
["2018-02-01","ASFALTOS DILUÍDOS CM-30","Roraima","-"]
["2018-02-01","ASFALTOS DILUÍDOS CM-30","Santa Catarina","-"]
["2018-02-01","ASFALTOS DILUÍDOS CM-30","São Paulo",2.6492281970571878]
["2018-02-01","ASFALTOS DILUÍDOS CM-30","Sergipe","-"]
["2018-02-01","ASFALTOS DILUÍDOS CM-30","Tocantins","-"]
["2018-03-01","ASFALTOS DILUÍDOS CM-30","Acre","-"]
["2018-03-01","ASFALTOS DILUÍDOS CM-30","Alagoas","-"]
["2018-03-01","ASFALTOS DILUÍDOS CM-30","Amapá","-"]
["2018-03-01","ASFALTOS DILUÍDOS CM-30","Amazonas","-"]
["2018-03-01","ASFALTOS DILUÍDOS CM-30","Bahia","-"]
["2018-03-01","ASFALTOS DILUÍDOS CM-30","Ceará",2.5305352367021676]
["2018-03-01","ASFALTOS DILUÍDOS CM-30","Distrito Federal","-"]
["2018-03-01","ASFALTOS DILUÍDOS CM-30","Espírito Santo","-"]
["2018-03-01","ASFALTOS DILUÍDOS CM-30","Goiás",2.572307561889156]
["2018-03-01","ASFALTOS DILUÍDOS CM-30","Maranhão","-"]
["2018-03-01","ASFALTOS DILUÍDOS CM-30","Mato Grosso","-"]
["2018-03-01","ASFALTOS DILUÍDOS CM-30","Mato Grosso do Sul","-"]
["2018-03-01","ASFALTOS DILUÍDOS CM-30","Minas Gerais",2.5803170789611758]
["2018-03-01","ASFALTOS DILUÍDOS CM-30","Pará","-"]
["2018-03-01","ASFALTOS DILUÍDOS CM-30","Paraíba","-"]
["2018-03-01","ASFALTOS DILUÍDOS CM-30","Paraná",2.6388981150381152]
["2018-03-01","ASFALTOS DILUÍDOS CM-30","Pernambuco","-"]
["2018-03-01","ASFALTOS DILUÍDOS CM-30","Piauí","-"]
["2018-03-01","ASFALTOS DILUÍDOS CM-30","Rio de Janeiro","-"]
["2018-03-01","ASFALTOS DILUÍDOS CM-30","Rio Grande do Norte","-"]
["2018-03-01","ASFALTOS DILUÍDOS CM-30","Rio Grande do Sul",2.5392107312231169]
["2018-03-01","ASFALTOS DILUÍDOS CM-30","Rondônia","-"]
["2018-03-01","ASFALTOS DILUÍDOS CM-30","Roraima","-"]
["2018-03-01","ASFALTOS DILUÍDOS CM-30","Santa Catarina","-"]
["2018-03-01","ASFALTOS DILUÍDOS CM-30","São Paulo",2.5654464302248843]
["2018-03-01","ASFALTOS DILUÍDOS CM-30","Sergipe","-"]
["2018-03-01","ASFALTOS DILUÍDOS CM-30","Tocantins","-"]
["2018-04-01","ASFALTOS DILUÍDOS CM-30","Acre","-"]
["2018-04-01","ASFALTOS DILUÍDOS CM-30","Alagoas","-"]
["2018-04-01","ASFALTOS DILUÍDOS CM-30","Amapá","-"]
["2018-04-01","ASFALTOS DILUÍDOS CM-30","Amazonas","-"]
["2018-04-01","ASFALTOS DILUÍDOS CM-30","Bahia","-"]
["2018-04-01","ASFALTOS DILUÍDOS CM-30","Ceará",2.5690595772621418]
["2018-04-01","ASFALTOS DILUÍDOS CM-30","Distrito Federal","-"]
["2018-04-01","ASFALTOS DILUÍDOS CM-30","Espírito Santo","-"]
["2018-04-01","ASFALTOS DILUÍDOS CM-30","Goiás","-"]
["2018-04-01","ASFALTOS DILUÍDOS CM-30","Maranhão","-"]
["2018-04-01","ASFALTOS DILUÍDOS CM-30","Mato Grosso",3.0150090266152541]
["2018-04-01","ASFALTOS DILUÍDOS CM-30","Mato Grosso do Sul","-"]
["2018-04-01","ASFALTOS DILUÍDOS CM-30","Minas Gerais",2.6038937002962359]
["2018-04-01","ASFALTOS DILUÍDOS CM-30","Pará","-"]
["2018-04-01","ASFALTOS DILUÍDOS CM-30","Paraíba","-"]
["2018-04-01","ASFALTOS DILUÍDOS CM-30","Paraná",2.5665385485097514]
["2018-04-01","ASFALTOS DILUÍDOS CM-30","Pernambuco","-"]
["2018-04-01","ASFALTOS DILUÍDOS CM-30","Piauí","-"]
["2018-04-01","ASFALTOS DILUÍDOS CM-30","Rio de Janeiro","-"]
["2018-04-01","ASFALTOS DILUÍDOS CM-30","Rio Grande do Norte","-"]
["2018-04-01","ASFALTOS DILUÍDOS CM-30","Rio Grande do Sul",2.522731708836123]
["2018-04-01","ASFALTOS DILUÍDOS CM-30","Rondônia","-"]
["2018-04-01","ASFALTOS DILUÍDOS CM-30","Roraima","-"]
["2018-04-01","ASFALTOS DILUÍDOS CM-30","Santa Catarina","-"]
["2018-04-01","ASFALTOS DILUÍDOS CM-30","São Paulo",2.6267079083009608]
["2018-04-01","ASFALTOS DILUÍDOS CM-30","Sergipe","-"]
["2018-04-01","ASFALTOS DILUÍDOS CM-30","Tocantins","-"]
["2018-05-01","ASFALTOS DILUÍDOS CM-30","Acre","-"]
["2018-05-01","ASFALTOS DILUÍDOS CM-30","Alagoas","-"]
["2018-05-01","ASFALTOS DILUÍDOS CM-30","Amapá","-"]
["2018-05-01","ASFALTOS DILUÍDOS CM-30","Amazonas","-"]
["2018-05-01","ASFALTOS DILUÍDOS CM-30","Bahia","-"]
["2018-05-01","ASFALTOS DILUÍDOS CM-30","Ceará",2.6703791605319718]
["2018-05-01","ASFALTOS DILUÍDOS CM-30","Distrito Federal","-"]
["2018-05-01","ASFALTOS DILUÍDOS CM-30","Espírito Santo","-"]
["2018-05-01","ASFALTOS DILUÍDOS CM-30","Goiás",2.6850186796693611]
["2018-05-01","ASFALTOS DILUÍDOS CM-30","Maranhão","-"]
["2018-05-01","ASFALTOS DILUÍDOS CM-30","Mato Grosso",3.2947766768306357]
["2018-05-01","ASFALTOS DILUÍDOS CM-30","Mato Grosso do Sul","-"]
["2018-05-01","ASFALTOS DILUÍDOS CM-30","Minas Gerais",2.6930583411764712]
["2018-05-01","ASFALTOS DILUÍDOS CM-30","Pará","-"]
["2018-05-01","ASFALTOS DILUÍDOS CM-30","Paraíba","-"]
["2018-05-01","ASFALTOS DILUÍDOS CM-30","Paraná",2.7220166776716588]
["2018-05-01","ASFALTOS DILUÍDOS CM-30","Pernambuco","-"]
["2018-05-01","ASFALTOS DILUÍDOS CM-30","Piauí","-"]
["2018-05-01","ASFALTOS DILUÍDOS CM-30","Rio de Janeiro","-"]
["2018-05-01","ASFALTOS DILUÍDOS CM-30","Rio Grande do Norte","-"]
["2018-05-01","ASFALTOS DILUÍDOS CM-30","Rio Grande do Sul",2.7692185328116663]
["2018-05-01","ASFALTOS DILUÍDOS CM-30","Rondônia","-"]
["2018-05-01","ASFALTOS DILUÍDOS CM-30","Roraima","-"]
["2018-05-01","ASFALTOS DILUÍDOS CM-30","Santa Catarina","-"]
["2018-05-01","ASFALTOS DILUÍDOS CM-30","São Paulo",2.687341200490164]
["2018-05-01","ASFALTOS DILUÍDOS CM-30","Sergipe","-"]
["2018-05-01","ASFALTOS DILUÍDOS CM-30","Tocantins","-"]
["2018-06-01","ASFALTOS DILUÍDOS CM-30","Acre","-"]
["2018-06-01","ASFALTOS DILUÍDOS CM-30","Alagoas","-"]
["2018-06-01","ASFALTOS DILUÍDOS CM-30","Amapá","-"]
["2018-06-01","ASFALTOS DILUÍDOS CM-30","Amazonas","-"]
["2018-06-01","ASFALTOS DILUÍDOS CM-30","Bahia",3.9829596999099728]
["2018-06-01","ASFALTOS DILUÍDOS CM-30","Ceará",2.82207177352455]
["2018-06-01","ASFALTOS DILUÍDOS CM-30","Distrito Federal","-"]
["2018-06-01","ASFALTOS DILUÍDOS CM-30","Espírito Santo","-"]
["2018-06-01","ASFALTOS DILUÍDOS CM-30","Goiás",3.0409220275377606]
["2018-06-01","ASFALTOS DILUÍDOS CM-30","Maranhão","-"]
["2018-06-01","ASFALTOS DILUÍDOS CM-30","Mato Grosso",3.3874427450109641]
["2018-06-01","ASFALTOS DILUÍDOS CM-30","Mato Grosso do Sul","-"]
["2018-06-01","ASFALTOS DILUÍDOS CM-30","Minas Gerais",2.8193514811925677]
["2018-06-01","ASFALTOS DILUÍDOS CM-30","Pará","-"]
["2018-06-01","ASFALTOS DILUÍDOS CM-30","Paraíba","-"]
["2018-06-01","ASFALTOS DILUÍDOS CM-30","Paraná",2.9999996830949947]
["2018-06-01","ASFALTOS DILUÍDOS CM-30","Pernambuco","-"]
["2018-06-01","ASFALTOS DILUÍDOS CM-30","Piauí","-"]
["2018-06-01","ASFALTOS DILUÍDOS CM-30","Rio de Janeiro","-"]
["2018-06-01","ASFALTOS DILUÍDOS CM-30","Rio Grande do Norte","-"]
["2018-06-01","ASFALTOS DILUÍDOS CM-30","Rio Grande do Sul",2.8766923463356977]
["2018-06-01","ASFALTOS DILUÍDOS CM-30","Rondônia","-"]
["2018-06-01","ASFALTOS DILUÍDOS CM-30","Roraima","-"]
["2018-06-01","ASFALTOS DILUÍDOS CM-30","Santa Catarina","-"]
["2018-06-01","ASFALTOS DILUÍDOS CM-30","São Paulo",2.8970185401166977]
["2018-06-01","ASFALTOS DILUÍDOS CM-30","Sergipe","-"]
["2018-06-01","ASFALTOS DILUÍDOS CM-30","Tocantins","-"]
["2018-07-01","ASFALTOS DILUÍDOS CM-30","Acre","-"]
["2018-07-01","ASFALTOS DILUÍDOS CM-30","Alagoas","-"]
["2018-07-01","ASFALTOS DILUÍDOS CM-30","Amapá","-"]
["2018-07-01","ASFALTOS DILUÍDOS CM-30","Amazonas",3.2498407212934874]
["2018-07-01","ASFALTOS DILUÍDOS CM-30","Bahia","-"]
["2018-07-01","ASFALTOS DILUÍDOS CM-30","Ceará",3.0054814489721133]
["2018-07-01","ASFALTOS DILUÍDOS CM-30","Distrito Federal","-"]
["2018-07-01","ASFALTOS DILUÍDOS CM-30","Espírito Santo","-"]
["2018-07-01","ASFALTOS DILUÍDOS CM-30","Goiás",3.115987180273057]
["2018-07-01","ASFALTOS DILUÍDOS CM-30","Maranhão","-"]
["2018-07-01","ASFALTOS DILUÍDOS CM-30","Mato Grosso",3.7325159531332806]
["2018-07-01","ASFALTOS DILUÍDOS CM-30","Mato Grosso do Sul","-"]
["2018-07-01","ASFALTOS DILUÍDOS CM-30","Minas Gerais",3.012014723009933]
["2018-07-01","ASFALTOS DILUÍDOS CM-30","Pará","-"]
["2018-07-01","ASFALTOS DILUÍDOS CM-30","Paraíba","-"]
["2018-07-01","ASFALTOS DILUÍDOS CM-30","Paraná",3.2795499850299406]
["2018-07-01","ASFALTOS DILUÍDOS CM-30","Pernambuco","-"]
["2018-07-01","ASFALTOS DILUÍDOS CM-30","Piauí","-"]
["2018-07-01","ASFALTOS DILUÍDOS CM-30","Rio de Janeiro","-"]
["2018-07-01","ASFALTOS DILUÍDOS CM-30","Rio Grande do Norte","-"]
["2018-07-01","ASFALTOS DILUÍDOS CM-30","Rio Grande do Sul",2.9644315188544867]
["2018-07-01","ASFALTOS DILUÍDOS CM-30","Rondônia","-"]
["2018-07-01","ASFALTOS DILUÍDOS CM-30","Roraima","-"]
["2018-07-01","ASFALTOS DILUÍDOS CM-30","Santa Catarina","-"]
["2018-07-01","ASFALTOS DILUÍDOS CM-30","São Paulo",3.112294930119142]
["2018-07-01","ASFALTOS DILUÍDOS CM-30","Sergipe","-"]
["2018-07-01","ASFALTOS DILUÍDOS CM-30","Tocantins","-"]
["2018-08-01","ASFALTOS DILUÍDOS CM-30","Acre","-"]
["2018-08-01","ASFALTOS DILUÍDOS CM-30","Alagoas","-"]
["2018-08-01","ASFALTOS DILUÍDOS CM-30","Amapá","-"]
["2018-08-01","ASFALTOS DILUÍDOS CM-30","Amazonas",3.4297362657296939]
["2018-08-01","ASFALTOS DILUÍDOS CM-30","Bahia",5.2119298517501713]
["2018-08-01","ASFALTOS DILUÍDOS CM-30","Ceará",3.3082803267785774]
["2018-08-01","ASFALTOS DILUÍDOS CM-30","Distrito Federal","-"]
["2018-08-01","ASFALTOS DILUÍDOS CM-30","Espírito Santo","-"]
["2018-08-01","ASFALTOS DILUÍDOS CM-30","Goiás",3.5604512797943237]
["2018-08-01","ASFALTOS DILUÍDOS CM-30","Maranhão","-"]
["2018-08-01","ASFALTOS DILUÍDOS CM-30","Mato Grosso",3.8920958187750792]
["2018-08-01","ASFALTOS DILUÍDOS CM-30","Mato Grosso do Sul","-"]
["2018-08-01","ASFALTOS DILUÍDOS CM-30","Minas Gerais",3.4957452123385426]
["2018-08-01","ASFALTOS DILUÍDOS CM-30","Pará","-"]
["2018-08-01","ASFALTOS DILUÍDOS CM-30","Paraíba","-"]
["2018-08-01","ASFALTOS DILUÍDOS CM-30","Paraná",3.3526853406497201]
["2018-08-01","ASFALTOS DILUÍDOS CM-30","Pernambuco","-"]
["2018-08-01","ASFALTOS DILUÍDOS CM-30","Piauí","-"]
["2018-08-01","ASFALTOS DILUÍDOS CM-30","Rio de Janeiro","-"]
["2018-08-01","ASFALTOS DILUÍDOS CM-30","Rio Grande do Norte","-"]
["2018-08-01","ASFALTOS DILUÍDOS CM-30","Rio Grande do Sul",3.3613976442899554]
["2018-08-01","ASFALTOS DILUÍDOS CM-30","Rondônia","-"]
["2018-08-01","ASFALTOS DILUÍDOS CM-30","Roraima","-"]
["2018-08-01","ASFALTOS DILUÍDOS CM-30","Santa Catarina","-"]
["2018-08-01","ASFALTOS DILUÍDOS CM-30","São Paulo",3.3334899424424513]
["2018-08-01","ASFALTOS DILUÍDOS CM-30","Sergipe","-"]
["2018-08-01","ASFALTOS DILUÍDOS CM-30","Tocantins","-"]
["2018-09-01","ASFALTOS DILUÍDOS CM-30","Acre","-"]
["2018-09-01","ASFALTOS DILUÍDOS CM-30","Alagoas","-"]
["2018-09-01","ASFALTOS DILUÍDOS CM-30","Amapá","-"]
["2018-09-01","ASFALTOS DILUÍDOS CM-30","Amazonas","-"]
["2018-09-01","ASFALTOS DILUÍDOS CM-30","Bahia",4.7018911439574138]
["2018-09-01","ASFALTOS DILUÍDOS CM-30","Ceará",3.3527405183330341]
["2018-09-01","ASFALTOS DILUÍDOS CM-30","Distrito Federal","-"]
["2018-09-01","ASFALTOS DILUÍDOS CM-30","Espírito Santo","-"]
["2018-09-01","ASFALTOS DILUÍDOS CM-30","Goiás","-"]
["2018-09-01","ASFALTOS DILUÍDOS CM-30","Maranhão","-"]
["2018-09-01","ASFALTOS DILUÍDOS CM-30","Mato Grosso",3.958684192041694]
["2018-09-01","ASFALTOS DILUÍDOS CM-30","Mato Grosso do Sul","-"]
["2018-09-01","ASFALTOS DILUÍDOS CM-30","Minas Gerais",3.3366588100114543]
["2018-09-01","ASFALTOS DILUÍDOS CM-30","Pará",2.9665387918733632]
["2018-09-01","ASFALTOS DILUÍDOS CM-30","Paraíba","-"]
["2018-09-01","ASFALTOS DILUÍDOS CM-30","Paraná",3.701188612682242]
["2018-09-01","ASFALTOS DILUÍDOS CM-30","Pernambuco","-"]
["2018-09-01","ASFALTOS DILUÍDOS CM-30","Piauí","-"]
["2018-09-01","ASFALTOS DILUÍDOS CM-30","Rio de Janeiro","-"]
["2018-09-01","ASFALTOS DILUÍDOS CM-30","Rio Grande do Norte","-"]
["2018-09-01","ASFALTOS DILUÍDOS CM-30","Rio Grande do Sul",3.4224156424271772]
["2018-09-01","ASFALTOS DILUÍDOS CM-30","Rondônia","-"]
["2018-09-01","ASFALTOS DILUÍDOS CM-30","Roraima","-"]
["2018-09-01","ASFALTOS DILUÍDOS CM-30","Santa Catarina","-"]
["2018-09-01","ASFALTOS DILUÍDOS CM-30","São Paulo",3.4525863891043875]
["2018-09-01","ASFALTOS DILUÍDOS CM-30","Sergipe","-"]
["2018-09-01","ASFALTOS DILUÍDOS CM-30","Tocantins","-"]
["2018-10-01","ASFALTOS DILUÍDOS CM-30","Acre","-"]
["2018-10-01","ASFALTOS DILUÍDOS CM-30","Alagoas","-"]
["2018-10-01","ASFALTOS DILUÍDOS CM-30","Amapá","-"]
["2018-10-01","ASFALTOS DILUÍDOS CM-30","Amazonas","-"]
["2018-10-01","ASFALTOS DILUÍDOS CM-30","Bahia",3.6442821123509042]
["2018-10-01","ASFALTOS DILUÍDOS CM-30","Ceará",3.4328021437376575]
["2018-10-01","ASFALTOS DILUÍDOS CM-30","Distrito Federal","-"]
["2018-10-01","ASFALTOS DILUÍDOS CM-30","Espírito Santo","-"]
["2018-10-01","ASFALTOS DILUÍDOS CM-30","Goiás","-"]
["2018-10-01","ASFALTOS DILUÍDOS CM-30","Maranhão","-"]
["2018-10-01","ASFALTOS DILUÍDOS CM-30","Mato Grosso",3.9925874569193076]
["2018-10-01","ASFALTOS DILUÍDOS CM-30","Mato Grosso do Sul","-"]
["2018-10-01","ASFALTOS DILUÍDOS CM-30","Minas Gerais",3.500456168648173]
["2018-10-01","ASFALTOS DILUÍDOS CM-30","Pará","-"]
["2018-10-01","ASFALTOS DILUÍDOS CM-30","Paraíba","-"]
["2018-10-01","ASFALTOS DILUÍDOS CM-30","Paraná",3.7650016169150518]
["2018-10-01","ASFALTOS DILUÍDOS CM-30","Pernambuco","-"]
["2018-10-01","ASFALTOS DILUÍDOS CM-30","Piauí","-"]
["2018-10-01","ASFALTOS DILUÍDOS CM-30","Rio de Janeiro","-"]
["2018-10-01","ASFALTOS DILUÍDOS CM-30","Rio Grande do Norte","-"]
["2018-10-01","ASFALTOS DILUÍDOS CM-30","Rio Grande do Sul",3.3743601784009032]
["2018-10-01","ASFALTOS DILUÍDOS CM-30","Rondônia","-"]
["2018-10-01","ASFALTOS DILUÍDOS CM-30","Roraima","-"]
["2018-10-01","ASFALTOS DILUÍDOS CM-30","Santa Catarina","-"]
["2018-10-01","ASFALTOS DILUÍDOS CM-30","São Paulo",3.3592440562824275]
["2018-10-01","ASFALTOS DILUÍDOS CM-30","Sergipe","-"]
["2018-10-01","ASFALTOS DILUÍDOS CM-30","Tocantins","-"]
["2018-11-01","ASFALTOS DILUÍDOS CM-30","Acre","-"]
["2018-11-01","ASFALTOS DILUÍDOS CM-30","Alagoas","-"]
["2018-11-01","ASFALTOS DILUÍDOS CM-30","Amapá","-"]
["2018-11-01","ASFALTOS DILUÍDOS CM-30","Amazonas","-"]
["2018-11-01","ASFALTOS DILUÍDOS CM-30","Bahia","-"]
["2018-11-01","ASFALTOS DILUÍDOS CM-30","Ceará",3.785586218989748]
["2018-11-01","ASFALTOS DILUÍDOS CM-30","Distrito Federal","-"]
["2018-11-01","ASFALTOS DILUÍDOS CM-30","Espírito Santo","-"]
["2018-11-01","ASFALTOS DILUÍDOS CM-30","Goiás","-"]
["2018-11-01","ASFALTOS DILUÍDOS CM-30","Maranhão","-"]
["2018-11-01","ASFALTOS DILUÍDOS CM-30","Mato Grosso",4.4419016627822279]
["2018-11-01","ASFALTOS DILUÍDOS CM-30","Mato Grosso do Sul","-"]
["2018-11-01","ASFALTOS DILUÍDOS CM-30","Minas Gerais",4.4644363107069855]
["2018-11-01","ASFALTOS DILUÍDOS CM-30","Pará","-"]
["2018-11-01","ASFALTOS DILUÍDOS CM-30","Paraíba","-"]
["2018-11-01","ASFALTOS DILUÍDOS CM-30","Paraná",4.1721586269154907]
["2018-11-01","ASFALTOS DILUÍDOS CM-30","Pernambuco","-"]
["2018-11-01","ASFALTOS DILUÍDOS CM-30","Piauí","-"]
["2018-11-01","ASFALTOS DILUÍDOS CM-30","Rio de Janeiro","-"]
["2018-11-01","ASFALTOS DILUÍDOS CM-30","Rio Grande do Norte","-"]
["2018-11-01","ASFALTOS DILUÍDOS CM-30","Rio Grande do Sul",3.680466132698728]
["2018-11-01","ASFALTOS DILUÍDOS CM-30","Rondônia","-"]
["2018-11-01","ASFALTOS DILUÍDOS CM-30","Roraima","-"]
["2018-11-01","ASFALTOS DILUÍDOS CM-30","Santa Catarina","-"]
["2018-11-01","ASFALTOS DILUÍDOS CM-30","São Paulo",3.9215744747245598]
["2018-11-01","ASFALTOS DILUÍDOS CM-30","Sergipe","-"]
["2018-11-01","ASFALTOS DILUÍDOS CM-30","Tocantins","-"]
["2018-12-01","ASFALTOS DILUÍDOS CM-30","Acre","-"]
["2018-12-01","ASFALTOS DILUÍDOS CM-30","Alagoas","-"]
["2018-12-01","ASFALTOS DILUÍDOS CM-30","Amapá","-"]
["2018-12-01","ASFALTOS DILUÍDOS CM-30","Amazonas","-"]
["2018-12-01","ASFALTOS DILUÍDOS CM-30","Bahia","-"]
["2018-12-01","ASFALTOS DILUÍDOS CM-30","Ceará",3.8755857630086408]
["2018-12-01","ASFALTOS DILUÍDOS CM-30","Distrito Federal","-"]
["2018-12-01","ASFALTOS DILUÍDOS CM-30","Espírito Santo","-"]
["2018-12-01","ASFALTOS DILUÍDOS CM-30","Goiás","-"]
["2018-12-01","ASFALTOS DILUÍDOS CM-30","Maranhão","-"]
["2018-12-01","ASFALTOS DILUÍDOS CM-30","Mato Grosso",4.6329895471646472]
["2018-12-01","ASFALTOS DILUÍDOS CM-30","Mato Grosso do Sul","-"]
["2018-12-01","ASFALTOS DILUÍDOS CM-30","Minas Gerais",3.8118114359421065]
["2018-12-01","ASFALTOS DILUÍDOS CM-30","Pará","-"]
["2018-12-01","ASFALTOS DILUÍDOS CM-30","Paraíba","-"]
["2018-12-01","ASFALTOS DILUÍDOS CM-30","Paraná",4.016919099795988]
["2018-12-01","ASFALTOS DILUÍDOS CM-30","Pernambuco","-"]
["2018-12-01","ASFALTOS DILUÍDOS CM-30","Piauí","-"]
["2018-12-01","ASFALTOS DILUÍDOS CM-30","Rio de Janeiro","-"]
["2018-12-01","ASFALTOS DILUÍDOS CM-30","Rio Grande do Norte","-"]
["2018-12-01","ASFALTOS DILUÍDOS CM-30","Rio Grande do Sul",3.8229929656067489]
["2018-12-01","ASFALTOS DILUÍDOS CM-30","Rondônia","-"]
["2018-12-01","ASFALTOS DILUÍDOS CM-30","Roraima","-"]
["2018-12-01","ASFALTOS DILUÍDOS CM-30","Santa Catarina","-"]
["2018-12-01","ASFALTOS DILUÍDOS CM-30","São Paulo",4.0561653274987419]
["2018-12-01","ASFALTOS DILUÍDOS CM-30","Sergipe","-"]
["2018-12-01","ASFALTOS DILUÍDOS CM-30","Tocantins","-"]
["2019-01-01","ASFALTOS DILUÍDOS CM-30","Acre","-"]
["2019-01-01","ASFALTOS DILUÍDOS CM-30","Alagoas","-"]
["2019-01-01","ASFALTOS DILUÍDOS CM-30","Amapá","-"]
["2019-01-01","ASFALTOS DILUÍDOS CM-30","Amazonas","-"]
["2019-01-01","ASFALTOS DILUÍDOS CM-30","Bahia","-"]
["2019-01-01","ASFALTOS DILUÍDOS CM-30","Ceará",3.8049328982055437]
["2019-01-01","ASFALTOS DILUÍDOS CM-30","Distrito Federal","-"]
["2019-01-01","ASFALTOS DILUÍDOS CM-30","Espírito Santo","-"]
["2019-01-01","ASFALTOS DILUÍDOS CM-30","Goiás","-"]
["2019-01-01","ASFALTOS DILUÍDOS CM-30","Maranhão","-"]
["2019-01-01","ASFALTOS DILUÍDOS CM-30","Mato Grosso","-"]
["2019-01-01","ASFALTOS DILUÍDOS CM-30","Mato Grosso do Sul","-"]
["2019-01-01","ASFALTOS DILUÍDOS CM-30","Minas Gerais",3.9111667577286124]
["2019-01-01","ASFALTOS DILUÍDOS CM-30","Pará","-"]
["2019-01-01","ASFALTOS DILUÍDOS CM-30","Paraíba","-"]
["2019-01-01","ASFALTOS DILUÍDOS CM-30","Paraná",4.3746054506287839]
["2019-01-01","ASFALTOS DILUÍDOS CM-30","Pernambuco","-"]
["2019-01-01","ASFALTOS DILUÍDOS CM-30","Piauí","-"]
["2019-01-01","ASFALTOS DILUÍDOS CM-30","Rio de Janeiro","-"]
["2019-01-01","ASFALTOS DILUÍDOS CM-30","Rio Grande do Norte","-"]
["2019-01-01","ASFALTOS DILUÍDOS CM-30","Rio Grande do Sul",3.8213292687809988]
["2019-01-01","ASFALTOS DILUÍDOS CM-30","Rondônia","-"]
["2019-01-01","ASFALTOS DILUÍDOS CM-30","Roraima","-"]
["2019-01-01","ASFALTOS DILUÍDOS CM-30","Santa Catarina","-"]
["2019-01-01","ASFALTOS DILUÍDOS CM-30","São Paulo",4.0145503757959125]
["2019-01-01","ASFALTOS DILUÍDOS CM-30","Sergipe","-"]
["2019-01-01","ASFALTOS DILUÍDOS CM-30","Tocantins","-"]
["2019-02-01","ASFALTOS DILUÍDOS CM-30","Acre","-"]
["2019-02-01","ASFALTOS DILUÍDOS CM-30","Alagoas","-"]
["2019-02-01","ASFALTOS DILUÍDOS CM-30","Amapá","-"]
["2019-02-01","ASFALTOS DILUÍDOS CM-30","Amazonas","-"]
["2019-02-01","ASFALTOS DILUÍDOS CM-30","Bahia","-"]
["2019-02-01","ASFALTOS DILUÍDOS CM-30","Ceará",4.0057287469787459]
["2019-02-01","ASFALTOS DILUÍDOS CM-30","Distrito Federal","-"]
["2019-02-01","ASFALTOS DILUÍDOS CM-30","Espírito Santo","-"]
["2019-02-01","ASFALTOS DILUÍDOS CM-30","Goiás","-"]
["2019-02-01","ASFALTOS DILUÍDOS CM-30","Maranhão","-"]
["2019-02-01","ASFALTOS DILUÍDOS CM-30","Mato Grosso","-"]
["2019-02-01","ASFALTOS DILUÍDOS CM-30","Mato Grosso do Sul","-"]
["2019-02-01","ASFALTOS DILUÍDOS CM-30","Minas Gerais",4.61189041500994]
["2019-02-01","ASFALTOS DILUÍDOS CM-30","Pará","-"]
["2019-02-01","ASFALTOS DILUÍDOS CM-30","Paraíba","-"]
["2019-02-01","ASFALTOS DILUÍDOS CM-30","Paraná",4.4203608777625165]
["2019-02-01","ASFALTOS DILUÍDOS CM-30","Pernambuco","-"]
["2019-02-01","ASFALTOS DILUÍDOS CM-30","Piauí","-"]
["2019-02-01","ASFALTOS DILUÍDOS CM-30","Rio de Janeiro","-"]
["2019-02-01","ASFALTOS DILUÍDOS CM-30","Rio Grande do Norte","-"]
["2019-02-01","ASFALTOS DILUÍDOS CM-30","Rio Grande do Sul",4.1843438560846566]
["2019-03-01","ASFALTOS DILUÍDOS CM-30","Amazonas","-"]
["2019-05-01","ASFALTOS DILUÍDOS CM-30","Bahia","-"]
["2019-07-01","ASFALTOS DILUÍDOS CM-30","Tocantins","-"]
["2019-08-01","ASFALTOS DILUÍDOS CM-30","Rio Grande do Norte","-"]
["2019-11-01","ASFALTOS DILUÍDOS CM-30","Alagoas","-"]
["2019-12-01","ASFALTOS DILUÍDOS CM-30","Piauí","-"]
["2020-02-01","ASFALTOS DILUÍDOS CM-30","Amazonas","-"]
["2020-04-01","ASFALTOS DILUÍDOS CM-30","Ceará",3.7141513663692782]
["2020-06-01","ASFALTOS DILUÍDOS CM-30","Rio Grande do Norte","-"]
["2020-08-01","ASFALTOS DILUÍDOS CM-30","Distrito Federal","-"]
["2020-08-01","ASFALTOS DILUÍDOS CM-30","Roraima","-"]
["2020-11-01","ASFALTOS DILUÍDOS CM-30","Goiás",4.1927996461681944]
["2020-12-01","ASFALTOS DILUÍDOS CM-30","Mato Grosso",4.6922215021636369]
["2021-03-01","ASFALTOS DILUÍDOS CM-30","Paraná",4.1677767979160407]
["2021-03-01","ASFALTOS DILUÍDOS CM-30","Sergipe","-"]
["2021-06-01","ASFALTOS DILUÍDOS CM-30","Piauí","-"]
["2021-09-01","ASFALTOS DILUÍDOS CM-30","Goiás",4.9479754126186899]
["2021-10-01","ASFALTOS DILUÍDOS CM-30","Mato Grosso",5.5081266723433249]
["2021-12-01","ASFALTOS DILUÍDOS CM-30","Rio Grande do Sul",4.9567186766034332]
["2022-01-01","ASFALTOS DILUÍDOS CM-30","Sergipe","-"]
["2022-03-01","ASFALTOS DILUÍDOS CM-30","Roraima","-"]
["2022-05-01","ASFALTOS DILUÍDOS CM-30","Pará","-"]
["2022-06-01","ASFALTOS DILUÍDOS CM-30","São Paulo","-"]
["2022-09-01","ASFALTOS DILUÍDOS CM-30","Mato Grosso do Sul","-"]
["2022-09-01","ASFALTOS DILUÍDOS CM-30","Tocantins","-"]
["2022-12-01","ASFALTOS DILUÍDOS CM-30","Tocantins","-"]
["2023-02-01","ASFALTOS DILUÍDOS CM-30","Alagoas","-"]
["2023-04-01","ASFALTOS DILUÍDOS CM-30","Amapá","-"]
["2023-05-01","ASFALTOS DILUÍDOS CM-30","Pernambuco","-"]
["2023-07-01","ASFALTOS DILUÍDOS CM-30","Bahia","-"]
["2023-09-01","ASFALTOS DILUÍDOS CM-30","Bahia","-"]
["2023-11-01","ASFALTOS DILUÍDOS CM-30","Mato Grosso do Sul","-"]
["2023-12-01","ASFALTOS DILUÍDOS CM-30","Rio Grande do Norte","-"]
["2024-02-01","ASFALTOS DILUÍDOS CM-30","Pará","-"]
["2024-04-01","ASFALTOS DILUÍDOS CM-30","Piauí","-"]
["2024-07-01","ASFALTOS DILUÍDOS CM-30","Bahia","-"]
["2013-01-01","ASFALTOS DILUÍDOS CM-70","Pernambuco","-"]
["2013-03-01","ASFALTOS DILUÍDOS CM-70","Rio Grande do Norte","-"]
["2013-04-01","ASFALTOS DILUÍDOS CM-70","Rio de Janeiro","-"]
["2013-07-01","ASFALTOS DILUÍDOS CM-70","Piauí","-"]
["2013-07-01","ASFALTOS DILUÍDOS CM-70","Rio Grande do Sul","-"]
["2013-11-01","ASFALTOS DILUÍDOS CM-70","Ceará","-"]
["2013-12-01","ASFALTOS DILUÍDOS CM-70","Pernambuco","-"]
["2014-02-01","ASFALTOS DILUÍDOS CM-70","Rio Grande do Sul","-"]
["2014-03-01","ASFALTOS DILUÍDOS CM-70","Roraima","-"]
["2014-04-01","ASFALTOS DILUÍDOS CM-70","Sergipe","-"]
["2014-07-01","ASFALTOS DILUÍDOS CM-70","Mato Grosso","-"]
["2014-09-01","ASFALTOS DILUÍDOS CM-70","Ceará","-"]
["2014-10-01","ASFALTOS DILUÍDOS CM-70","Sergipe","-"]
["2014-12-01","ASFALTOS DILUÍDOS CM-70","Espírito Santo","-"]
["2015-02-01","ASFALTOS DILUÍDOS CM-70","Pará","-"]
["2015-05-01","ASFALTOS DILUÍDOS CM-70","Amazonas","-"]
["2015-06-01","ASFALTOS DILUÍDOS CM-70","Mato Grosso do Sul","-"]
["2015-07-01","ASFALTOS DILUÍDOS CM-70","Amazonas","-"]
["2015-09-01","ASFALTOS DILUÍDOS CM-70","Minas Gerais","-"]
["2015-10-01","ASFALTOS DILUÍDOS CM-70","Rio de Janeiro","-"]
["2015-12-01","ASFALTOS DILUÍDOS CM-70","Paraíba","-"]
["2016-02-01","ASFALTOS DILUÍDOS CM-70","Pernambuco","-"]
["2016-05-01","ASFALTOS DILUÍDOS CM-70","Mato Grosso","-"]
["2016-06-01","ASFALTOS DILUÍDOS CM-70","Bahia","-"]
["2016-07-01","ASFALTOS DILUÍDOS CM-70","Santa Catarina","-"]
["2016-09-01","ASFALTOS DILUÍDOS CM-70","Rio Grande do Norte","-"]
["2016-12-01","ASFALTOS DILUÍDOS CM-70","Pernambuco","-"]
["2017-02-01","ASFALTOS DILUÍDOS CM-70","Paraná","-"]
["2017-04-01","ASFALTOS DILUÍDOS CM-70","Bahia","-"]
["2017-05-01","ASFALTOS DILUÍDOS CM-70","Alagoas","-"]
["2017-07-01","ASFALTOS DILUÍDOS CM-70","Rio Grande do Norte","-"]
["2017-09-01","ASFALTOS DILUÍDOS CM-70","São Paulo","-"]
["2017-11-01","ASFALTOS DILUÍDOS CM-70","Piauí","-"]
["2017-12-01","ASFALTOS DILUÍDOS CM-70","Tocantins","-"]
["2018-03-01","ASFALTOS DILUÍDOS CM-70","Ceará","-"]
["2018-03-01","ASFALTOS DILUÍDOS CM-70","São Paulo","-"]
["2018-05-01","ASFALTOS DILUÍDOS CM-70","Goiás","-"]
["2018-07-01","ASFALTOS DILUÍDOS CM-70","Roraima","-"]
["2018-10-01","ASFALTOS DILUÍDOS CM-70","Bahia","-"]
["2018-11-01","ASFALTOS DILUÍDOS CM-70","Mato Grosso","-"]
["2019-01-01","ASFALTOS DILUÍDOS CM-70","Distrito Federal","-"]
["2019-02-01","ASFALTOS DILUÍDOS CM-70","Sergipe","-"]
["2019-05-01","ASFALTOS DILUÍDOS CM-70","Roraima","-"]
["2019-07-01","ASFALTOS DILUÍDOS CM-70","Maranhão","-"]
["2019-09-01","ASFALTOS DILUÍDOS CM-70","Mato Grosso","-"]
["2019-09-01","ASFALTOS DILUÍDOS CM-70","Roraima","-"]
["2019-12-01","ASFALTOS DILUÍDOS CM-70","Sergipe","-"]
["2020-02-01","ASFALTOS DILUÍDOS CM-70","Rio de Janeiro","-"]
["2020-04-01","ASFALTOS DILUÍDOS CM-70","Pará","-"]
["2020-05-01","ASFALTOS DILUÍDOS CM-70","Rio Grande do Sul","-"]
["2020-06-01","ASFALTOS DILUÍDOS CM-70","Pernambuco","-"]
["2020-09-01","ASFALTOS DILUÍDOS CM-70","Amazonas","-"]
["2020-10-01","ASFALTOS DILUÍDOS CM-70","Amapá","-"]
["2021-01-01","ASFALTOS DILUÍDOS CM-70","Alagoas","-"]
["2021-02-01","ASFALTOS DILUÍDOS CM-70","Sergipe","-"]
["2021-04-01","ASFALTOS DILUÍDOS CM-70","Pernambuco","-"]
["2021-06-01","ASFALTOS DILUÍDOS CM-70","Acre","-"]
["2021-08-01","ASFALTOS DILUÍDOS CM-70","Bahia","-"]
["2021-10-01","ASFALTOS DILUÍDOS CM-70","Espírito Santo","-"]
["2021-11-01","ASFALTOS DILUÍDOS CM-70","Rio Grande do Norte","-"]
["2021-12-01","ASFALTOS DILUÍDOS CM-70","Rondônia","-"]
["2022-03-01","ASFALTOS DILUÍDOS CM-70","Ceará","-"]
["2022-04-01","ASFALTOS DILUÍDOS CM-70","Maranhão","-"]
["2022-07-01","ASFALTOS DILUÍDOS CM-70","Minas Gerais","-"]
["2022-07-01","ASFALTOS DILUÍDOS CM-70","São Paulo","-"]
["2022-10-01","ASFALTOS DILUÍDOS CM-70","Paraíba","-"]
["2022-11-01","ASFALTOS DILUÍDOS CM-70","Roraima","-"]
["2023-01-01","ASFALTOS DILUÍDOS CM-70","Pernambuco","-"]
["2023-03-01","ASFALTOS DILUÍDOS CM-70","Mato Grosso","-"]
["2023-05-01","ASFALTOS DILUÍDOS CM-70","São Paulo","-"]
["2023-07-01","ASFALTOS DILUÍDOS CM-70","Rio Grande do Norte","-"]
["2023-09-01","ASFALTOS DILUÍDOS CM-70","Roraima","-"]
["2023-10-01","ASFALTOS DILUÍDOS CM-70","Rondônia","-"]
["2024-01-01","ASFALTOS DILUÍDOS CM-70","Mato Grosso","-"]
["2024-01-01","ASFALTOS DILUÍDOS CM-70","Santa Catarina","-"]
["2024-04-01","ASFALTOS DILUÍDOS CM-70","Sergipe","-"]
["2024-06-01","ASFALTOS DILUÍDOS CM-70","Amazonas","-"]
["2013-01-01","ASFALTOS DILUÍDOS CR-250","Pará","-"]
["2013-02-01","ASFALTOS DILUÍDOS CR-250","Paraná","-"]
["2013-05-01","ASFALTOS DILUÍDOS CR-250","Distrito Federal","-"]
["2013-06-01","ASFALTOS DILUÍDOS CR-250","Amazonas","-"]
["2013-08-01","ASFALTOS DILUÍDOS CR-250","Goiás","-"]
["2013-09-01","ASFALTOS DILUÍDOS CR-250","Rio de Janeiro","-"]
["2013-11-01","ASFALTOS DILUÍDOS CR-250","Mato Grosso","-"]
["2014-01-01","ASFALTOS DILUÍDOS CR-250","Pernambuco","-"]
["2014-02-01","ASFALTOS DILUÍDOS CR-250","Minas Gerais","-"]
["2014-05-01","ASFALTOS DILUÍDOS CR-250","Bahia","-"]
["2014-06-01","ASFALTOS DILUÍDOS CR-250","Distrito Federal","-"]
["2014-08-01","ASFALTOS DILUÍDOS CR-250","Paraná","-"]
["2014-09-01","ASFALTOS DILUÍDOS CR-250","Rondônia","-"]
["2014-11-01","ASFALTOS DILUÍDOS CR-250","Piauí","-"]
["2015-01-01","ASFALTOS DILUÍDOS CR-250","Maranhão","-"]
["2015-03-01","ASFALTOS DILUÍDOS CR-250","São Paulo","-"]
["2015-04-01","ASFALTOS DILUÍDOS CR-250","São Paulo","-"]
["2015-06-01","ASFALTOS DILUÍDOS CR-250","Tocantins","-"]
["2015-08-01","ASFALTOS DILUÍDOS CR-250","Minas Gerais","-"]
["2015-11-01","ASFALTOS DILUÍDOS CR-250","Maranhão","-"]
["2016-01-01","ASFALTOS DILUÍDOS CR-250","Amapá","-"]
["2016-02-01","ASFALTOS DILUÍDOS CR-250","São Paulo","-"]
["2016-04-01","ASFALTOS DILUÍDOS CR-250","Bahia","-"]
["2016-06-01","ASFALTOS DILUÍDOS CR-250","Roraima","-"]
["2016-07-01","ASFALTOS DILUÍDOS CR-250","Distrito Federal","-"]
["2016-10-01","ASFALTOS DILUÍDOS CR-250","Mato Grosso","-"]
["2016-12-01","ASFALTOS DILUÍDOS CR-250","Amapá","-"]
["2017-01-01","ASFALTOS DILUÍDOS CR-250","Sergipe","-"]
["2017-03-01","ASFALTOS DILUÍDOS CR-250","Acre","-"]
["2017-04-01","ASFALTOS DILUÍDOS CR-250","Mato Grosso do Sul","-"]
["2017-06-01","ASFALTOS DILUÍDOS CR-250","Paraná","-"]
["2017-09-01","ASFALTOS DILUÍDOS CR-250","Espírito Santo","-"]
["2017-10-01","ASFALTOS DILUÍDOS CR-250","Amazonas","-"]
["2017-11-01","ASFALTOS DILUÍDOS CR-250","Rio Grande do Sul","-"]
["2018-01-01","ASFALTOS DILUÍDOS CR-250","Rio de Janeiro","-"]
["2018-04-01","ASFALTOS DILUÍDOS CR-250","Pernambuco","-"]
["2018-05-01","ASFALTOS DILUÍDOS CR-250","Pernambuco","-"]
["2018-08-01","ASFALTOS DILUÍDOS CR-250","Amazonas","-"]
["2018-08-01","ASFALTOS DILUÍDOS CR-250","Sergipe","-"]
["2018-11-01","ASFALTOS DILUÍDOS CR-250","Rio de Janeiro","-"]
["2018-12-01","ASFALTOS DILUÍDOS CR-250","Acre","-"]
["2019-01-01","ASFALTOS DILUÍDOS CR-250","Rondônia","-"]
["2019-04-01","ASFALTOS DILUÍDOS CR-250","Santa Catarina","-"]
["2019-05-01","ASFALTOS DILUÍDOS CR-250","Maranhão","-"]
["2019-08-01","ASFALTOS DILUÍDOS CR-250","Distrito Federal","-"]
["2019-09-01","ASFALTOS DILUÍDOS CR-250","Ceará","-"]
["2019-11-01","ASFALTOS DILUÍDOS CR-250","Rondônia","-"]
["2020-02-01","ASFALTOS DILUÍDOS CR-250","Alagoas","-"]
["2020-03-01","ASFALTOS DILUÍDOS CR-250","Maranhão","-"]
["2020-04-01","ASFALTOS DILUÍDOS CR-250","Paraíba","-"]
["2020-06-01","ASFALTOS DILUÍDOS CR-250","São Paulo","-"]
["2020-09-01","ASFALTOS DILUÍDOS CR-250","Mato Grosso","-"]
["2020-10-01","ASFALTOS DILUÍDOS CR-250","Minas Gerais","-"]
["2020-11-01","ASFALTOS DILUÍDOS CR-250","Paraíba","-"]
["2021-01-01","ASFALTOS DILUÍDOS CR-250","Rio Grande do Norte","-"]
["2021-03-01","ASFALTOS DILUÍDOS CR-250","Amapá","-"]
["2021-04-01","ASFALTOS DILUÍDOS CR-250","Rondônia","-"]
["2021-07-01","ASFALTOS DILUÍDOS CR-250","Acre","-"]
["2021-09-01","ASFALTOS DILUÍDOS CR-250","Piauí","-"]
["2021-10-01","ASFALTOS DILUÍDOS CR-250","Paraná","-"]
["2021-12-01","ASFALTOS DILUÍDOS CR-250","Rio Grande do Norte","-"]
["2022-02-01","ASFALTOS DILUÍDOS CR-250","Amazonas","-"]
["2022-05-01","ASFALTOS DILUÍDOS CR-250","Acre","-"]
["2022-06-01","ASFALTOS DILUÍDOS CR-250","Roraima","-"]
["2022-08-01","ASFALTOS DILUÍDOS CR-250","Paraná","-"]
["2022-09-01","ASFALTOS DILUÍDOS CR-250","Goiás","-"]
["2022-12-01","ASFALTOS DILUÍDOS CR-250","Amazonas","-"]
["2023-02-01","ASFALTOS DILUÍDOS CR-250","Bahia","-"]
["2023-03-01","ASFALTOS DILUÍDOS CR-250","Rio de Janeiro","-"]
["2023-05-01","ASFALTOS DILUÍDOS CR-250","Distrito Federal","-"]
["2023-07-01","ASFALTOS DILUÍDOS CR-250","Pernambuco","-"]
["2023-08-01","ASFALTOS DILUÍDOS CR-250","Goiás","-"]
["2023-09-01","ASFALTOS DILUÍDOS CR-250","Paraná","-"]
["2023-11-01","ASFALTOS DILUÍDOS CR-250","Santa Catarina","-"]
["2024-02-01","ASFALTOS DILUÍDOS CR-250","Mato Grosso do Sul","-"]
["2024-03-01","ASFALTOS DILUÍDOS CR-250","Rondônia","-"]
["2024-05-01","ASFALTOS DILUÍDOS CR-250","Pará","-"]
["2024-07-01","ASFALTOS DILUÍDOS CR-250","Maranhão","-"]
["2013-02-01","ASFALTOS DILUÍDOS CR-70","Rio Grande do Sul","-"]
["2013-03-01","ASFALTOS DILUÍDOS CR-70","São Paulo","-"]
["2013-04-01","ASFALTOS DILUÍDOS CR-70","Tocantins","-"]
["2013-07-01","ASFALTOS DILUÍDOS CR-70","Rio de Janeiro","-"]
["2013-08-01","ASFALTOS DILUÍDOS CR-70","Paraíba","-"]
["2013-11-01","ASFALTOS DILUÍDOS CR-70","Sergipe","-"]
["2013-12-01","ASFALTOS DILUÍDOS CR-70","Amapá","-"]
["2014-03-01","ASFALTOS DILUÍDOS CR-70","Acre","-"]
["2014-03-01","ASFALTOS DILUÍDOS CR-70","Piauí","-"]
["2014-06-01","ASFALTOS DILUÍDOS CR-70","Amapá","-"]
["2014-07-01","ASFALTOS DILUÍDOS CR-70","Paraná","-"]
["2014-10-01","ASFALTOS DILUÍDOS CR-70","Amapá","-"]
["2014-12-01","ASFALTOS DILUÍDOS CR-70","Ceará","-"]
["2015-02-01","ASFALTOS DILUÍDOS CR-70","Acre","-"]
["2015-03-01","ASFALTOS DILUÍDOS CR-70","Espírito Santo","-"]
["2015-05-01","ASFALTOS DILUÍDOS CR-70","Paraná","-"]
["2015-06-01","ASFALTOS DILUÍDOS CR-70","Maranhão","-"]
["2015-09-01","ASFALTOS DILUÍDOS CR-70","Amazonas","-"]
["2015-10-01","ASFALTOS DILUÍDOS CR-70","Pernambuco","-"]
["2015-12-01","ASFALTOS DILUÍDOS CR-70","Rio de Janeiro","-"]
["2016-01-01","ASFALTOS DILUÍDOS CR-70","Rio Grande do Sul","-"]
["2016-04-01","ASFALTOS DILUÍDOS CR-70","Rio Grande do Norte","-"]
["2016-05-01","ASFALTOS DILUÍDOS CR-70","Goiás","-"]
["2016-07-01","ASFALTOS DILUÍDOS CR-70","Rondônia","-"]
["2016-08-01","ASFALTOS DILUÍDOS CR-70","Santa Catarina","-"]
["2016-10-01","ASFALTOS DILUÍDOS CR-70","Santa Catarina","-"]
["2016-12-01","ASFALTOS DILUÍDOS CR-70","Rondônia","-"]
["2017-01-01","ASFALTOS DILUÍDOS CR-70","Sergipe","-"]
["2017-04-01","ASFALTOS DILUÍDOS CR-70","Maranhão","-"]
["2017-06-01","ASFALTOS DILUÍDOS CR-70","Santa Catarina","-"]
["2017-08-01","ASFALTOS DILUÍDOS CR-70","Alagoas","-"]
["2017-10-01","ASFALTOS DILUÍDOS CR-70","Rondônia","-"]
["2017-11-01","ASFALTOS DILUÍDOS CR-70","Amazonas","-"]
["2018-02-01","ASFALTOS DILUÍDOS CR-70","Maranhão","-"]
["2018-03-01","ASFALTOS DILUÍDOS CR-70","Mato Grosso","-"]
["2018-05-01","ASFALTOS DILUÍDOS CR-70","São Paulo","-"]
["2018-06-01","ASFALTOS DILUÍDOS CR-70","Minas Gerais","-"]
["2018-09-01","ASFALTOS DILUÍDOS CR-70","Minas Gerais","-"]
["2018-10-01","ASFALTOS DILUÍDOS CR-70","Paraíba","-"]
["2018-12-01","ASFALTOS DILUÍDOS CR-70","Paraná","-"]
["2019-02-01","ASFALTOS DILUÍDOS CR-70","Amapá","-"]
["2019-03-01","ASFALTOS DILUÍDOS CR-70","Piauí","-"]
["2019-06-01","ASFALTOS DILUÍDOS CR-70","Acre","-"]
["2019-06-01","ASFALTOS DILUÍDOS CR-70","Rio Grande do Norte","-"]
["2019-09-01","ASFALTOS DILUÍDOS CR-70","Paraná","-"]
["2019-10-01","ASFALTOS DILUÍDOS CR-70","Espírito Santo","-"]
["2019-12-01","ASFALTOS DILUÍDOS CR-70","Roraima","-"]
["2020-02-01","ASFALTOS DILUÍDOS CR-70","Ceará","-"]
["2020-03-01","ASFALTOS DILUÍDOS CR-70","São Paulo","-"]
["2020-05-01","ASFALTOS DILUÍDOS CR-70","Rio Grande do Sul","-"]
["2020-08-01","ASFALTOS DILUÍDOS CR-70","Rio Grande do Sul","-"]
["2020-09-01","ASFALTOS DILUÍDOS CR-70","Goiás","-"]
["2020-11-01","ASFALTOS DILUÍDOS CR-70","Distrito Federal","-"]
["2020-12-01","ASFALTOS DILUÍDOS CR-70","Santa Catarina","-"]
["2021-03-01","ASFALTOS DILUÍDOS CR-70","Rio Grande do Sul","-"]
["2021-05-01","ASFALTOS DILUÍDOS CR-70","Maranhão","-"]
["2021-07-01","ASFALTOS DILUÍDOS CR-70","Goiás","-"]
["2021-08-01","ASFALTOS DILUÍDOS CR-70","Mato Grosso do Sul","-"]
["2021-10-01","ASFALTOS DILUÍDOS CR-70","Santa Catarina","-"]
["2021-11-01","ASFALTOS DILUÍDOS CR-70","Pará","-"]
["2022-02-01","ASFALTOS DILUÍDOS CR-70","Rondônia","-"]
["2022-04-01","ASFALTOS DILUÍDOS CR-70","Maranhão","-"]
["2022-06-01","ASFALTOS DILUÍDOS CR-70","Maranhão","-"]
["2022-07-01","ASFALTOS DILUÍDOS CR-70","Alagoas","-"]
["2022-08-01","ASFALTOS DILUÍDOS CR-70","Rio de Janeiro","-"]
["2022-10-01","ASFALTOS DILUÍDOS CR-70","Tocantins","-"]
["2023-01-01","ASFALTOS DILUÍDOS CR-70","Paraíba","-"]
["2023-02-01","ASFALTOS DILUÍDOS CR-70","Paraíba","-"]
["2023-04-01","ASFALTOS DILUÍDOS CR-70","Acre","-"]
["2023-06-01","ASFALTOS DILUÍDOS CR-70","Amapá","-"]
["2023-08-01","ASFALTOS DILUÍDOS CR-70","Santa Catarina","-"]
["2023-09-01","ASFALTOS DILUÍDOS CR-70","Piauí","-"]
["2023-12-01","ASFALTOS DILUÍDOS CR-70","Paraíba","-"]
["2024-01-01","ASFALTOS DILUÍDOS CR-70","Ceará","-"]
["2024-04-01","ASFALTOS DILUÍDOS CR-70","Amapá","-"]
["2024-04-01","ASFALTOS DILUÍDOS CR-70","Espírito Santo","-"]
["2024-06-01","ASFALTOS DILUÍDOS CR-70","Ceará","-"]
["2013-02-01","CAP MODIFICADO POR BORRACHA DE PNEU AB22","Amazonas","-"]
["2013-02-01","CAP MODIFICADO POR BORRACHA DE PNEU AB22","Rio Grande do Sul","-"]
["2013-05-01","CAP MODIFICADO POR BORRACHA DE PNEU AB22","Ceará","-"]
["2013-06-01","CAP MODIFICADO POR BORRACHA DE PNEU AB22","Goiás","-"]
["2013-09-01","CAP MODIFICADO POR BORRACHA DE PNEU AB22","Ceará","-"]
["2013-11-01","CAP MODIFICADO POR BORRACHA DE PNEU AB22","Goiás","-"]
["2013-12-01","CAP MODIFICADO POR BORRACHA DE PNEU AB22","Rio Grande do Sul","-"]
["2014-02-01","CAP MODIFICADO POR BORRACHA DE PNEU AB22","Mato Grosso","-"]
["2014-04-01","CAP MODIFICADO POR BORRACHA DE PNEU AB22","Goiás","-"]
["2014-06-01","CAP MODIFICADO POR BORRACHA DE PNEU AB22","Piauí","-"]
["2014-07-01","CAP MODIFICADO POR BORRACHA DE PNEU AB22","Santa Catarina","-"]
["2014-09-01","CAP MODIFICADO POR BORRACHA DE PNEU AB22","Rio Grande do Norte","-"]
["2014-11-01","CAP MODIFICADO POR BORRACHA DE PNEU AB22","Rondônia","-"]
["2014-12-01","CAP MODIFICADO POR BORRACHA DE PNEU AB22","Pará","-"]
["2015-02-01","CAP MODIFICADO POR BORRACHA DE PNEU AB22","Alagoas","-"]
["2015-04-01","CAP MODIFICADO POR BORRACHA DE PNEU AB22","Alagoas","-"]
["2015-06-01","CAP MODIFICADO POR BORRACHA DE PNEU AB22","São Paulo","-"]
["2015-07-01","CAP MODIFICADO POR BORRACHA DE PNEU AB22","Tocantins","-"]
["2015-09-01","CAP MODIFICADO POR BORRACHA DE PNEU AB22","Tocantins","-"]
["2015-11-01","CAP MODIFICADO POR BORRACHA DE PNEU AB22","Paraíba","-"]
["2016-01-01","CAP MODIFICADO POR BORRACHA DE PNEU AB22","Alagoas","-"]
["2016-03-01","CAP MODIFICADO POR BORRACHA DE PNEU AB22","Amapá","-"]
["2016-05-01","CAP MODIFICADO POR BORRACHA DE PNEU AB22","Tocantins","-"]
["2016-07-01","CAP MODIFICADO POR BORRACHA DE PNEU AB22","Bahia","-"]
["2016-09-01","CAP MODIFICADO POR BORRACHA DE PNEU AB22","Paraíba","-"]
["2016-11-01","CAP MODIFICADO POR BORRACHA DE PNEU AB22","Mato Grosso do Sul","-"]
["2017-01-01","CAP MODIFICADO POR BORRACHA DE PNEU AB22","Amapá","-"]
["2017-02-01","CAP MODIFICADO POR BORRACHA DE PNEU AB22","Pará","-"]
["2017-04-01","CAP MODIFICADO POR BORRACHA DE PNEU AB22","Piauí","-"]
["2017-05-01","CAP MODIFICADO POR BORRACHA DE PNEU AB22","Paraná","-"]
["2017-06-01","CAP MODIFICADO POR BORRACHA DE PNEU AB22","Rio Grande do Sul","-"]
["2017-09-01","CAP MODIFICADO POR BORRACHA DE PNEU AB22","Espírito Santo","-"]
["2017-11-01","CAP MODIFICADO POR BORRACHA DE PNEU AB22","Rio de Janeiro","-"]
["2018-01-01","CAP MODIFICADO POR BORRACHA DE PNEU AB22","Ceará","-"]
["2018-02-01","CAP MODIFICADO POR BORRACHA DE PNEU AB22","Rio Grande do Sul","-"]
["2018-04-01","CAP MODIFICADO POR BORRACHA DE PNEU AB22","Rio Grande do Sul","-"]
["2018-05-01","CAP MODIFICADO POR BORRACHA DE PNEU AB22","Roraima","-"]
["2018-08-01","CAP MODIFICADO POR BORRACHA DE PNEU AB22","Goiás","-"]
["2018-10-01","CAP MODIFICADO POR BORRACHA DE PNEU AB22","Amapá","-"]
["2018-11-01","CAP MODIFICADO POR BORRACHA DE PNEU AB22","Santa Catarina","-"]
["2018-12-01","CAP MODIFICADO POR BORRACHA DE PNEU AB22","Sergipe","-"]
["2019-03-01","CAP MODIFICADO POR BORRACHA DE PNEU AB22","Acre","-"]
["2019-04-01","CAP MODIFICADO POR BORRACHA DE PNEU AB22","Pará","-"]
["2019-07-01","CAP MODIFICADO POR BORRACHA DE PNEU AB22","Espírito Santo","-"]
["2019-08-01","CAP MODIFICADO POR BORRACHA DE PNEU AB22","Alagoas","-"]
["2019-10-01","CAP MODIFICADO POR BORRACHA DE PNEU AB22","Maranhão","-"]
["2019-11-01","CAP MODIFICADO POR BORRACHA DE PNEU AB22","Tocantins","-"]
["2020-02-01","CAP MODIFICADO POR BORRACHA DE PNEU AB22","Pará","-"]
["2020-04-01","CAP MODIFICADO POR BORRACHA DE PNEU AB22","Minas Gerais","-"]
["2020-06-01","CAP MODIFICADO POR BORRACHA DE PNEU AB22","Alagoas","-"]
["2020-07-01","CAP MODIFICADO POR BORRACHA DE PNEU AB22","Paraíba","-"]
["2020-09-01","CAP MODIFICADO POR BORRACHA DE PNEU AB22","Tocantins","-"]
["2020-10-01","CAP MODIFICADO POR BORRACHA DE PNEU AB22","Pernambuco","-"]
["2021-01-01","CAP MODIFICADO POR BORRACHA DE PNEU AB22","Paraíba","-"]
["2021-02-01","CAP MODIFICADO POR BORRACHA DE PNEU AB22","Santa Catarina","-"]
["2021-05-01","CAP MODIFICADO POR BORRACHA DE PNEU AB22","Amapá","-"]
["2021-06-01","CAP MODIFICADO POR BORRACHA DE PNEU AB22","Bahia","-"]
["2021-07-01","CAP MODIFICADO POR BORRACHA DE PNEU AB22","Rondônia","-"]
["2021-09-01","CAP MODIFICADO POR BORRACHA DE PNEU AB22","Rio Grande do Norte","-"]
["2021-12-01","CAP MODIFICADO POR BORRACHA DE PNEU AB22","Alagoas","-"]
["2022-01-01","CAP MODIFICADO POR BORRACHA DE PNEU AB22","Espírito Santo","-"]
["2022-03-01","CAP MODIFICADO POR BORRACHA DE PNEU AB22","Amazonas","-"]
["2022-04-01","CAP MODIFICADO POR BORRACHA DE PNEU AB22","Roraima","-"]
["2022-06-01","CAP MODIFICADO POR BORRACHA DE PNEU AB22","Ceará","-"]
["2022-08-01","CAP MODIFICADO POR BORRACHA DE PNEU AB22","Rio Grande do Sul","-"]
["2022-11-01","CAP MODIFICADO POR BORRACHA DE PNEU AB22","Espírito Santo","-"]
["2022-12-01","CAP MODIFICADO POR BORRACHA DE PNEU AB22","Goiás","-"]
["2023-01-01","CAP MODIFICADO POR BORRACHA DE PNEU AB22","Mato Grosso","-"]
["2023-03-01","CAP MODIFICADO POR BORRACHA DE PNEU AB22","Mato Grosso","-"]
["2023-04-01","CAP MODIFICADO POR BORRACHA DE PNEU AB22","Sergipe","-"]
["2023-08-01","CAP MODIFICADO POR BORRACHA DE PNEU AB22","Distrito Federal","-"]
["2023-08-01","CAP MODIFICADO POR BORRACHA DE PNEU AB22","Pará","-"]
["2023-10-01","CAP MODIFICADO POR BORRACHA DE PNEU AB22","Rio Grande do Norte","-"]
["2023-12-01","CAP MODIFICADO POR BORRACHA DE PNEU AB22","Alagoas","-"]
["2024-02-01","CAP MODIFICADO POR BORRACHA DE PNEU AB22","Sergipe","-"]
["2024-03-01","CAP MODIFICADO POR BORRACHA DE PNEU AB22","Piauí","-"]
["2024-06-01","CAP MODIFICADO POR BORRACHA DE PNEU AB22","Pará","-"]
["2024-07-01","CAP MODIFICADO POR BORRACHA DE PNEU AB22","São Paulo","-"]
["2013-03-01","CAP MODIFICADO POR BORRACHA DE PNEU AB8","Alagoas","-"]
["2013-03-01","CAP MODIFICADO POR BORRACHA DE PNEU AB8","Tocantins","-"]
["2013-06-01","CAP MODIFICADO POR BORRACHA DE PNEU AB8","Tocantins","-"]
["2013-08-01","CAP MODIFICADO POR BORRACHA DE PNEU AB8","Roraima","-"]
["2013-10-01","CAP MODIFICADO POR BORRACHA DE PNEU AB8","Paraíba","-"]
["2013-11-01","CAP MODIFICADO POR BORRACHA DE PNEU AB8","Distrito Federal","-"]
["2014-01-01","CAP MODIFICADO POR BORRACHA DE PNEU AB8","Bahia","-"]
["2014-03-01","CAP MODIFICADO POR BORRACHA DE PNEU AB8","Bahia","-"]
["2014-06-01","CAP MODIFICADO POR BORRACHA DE PNEU AB8","Acre","-"]
["2014-06-01","CAP MODIFICADO POR BORRACHA DE PNEU AB8","Rio Grande do Norte","-"]
["2014-08-01","CAP MODIFICADO POR BORRACHA DE PNEU AB8","Pará","-"]
["2014-10-01","CAP MODIFICADO POR BORRACHA DE PNEU AB8","Espírito Santo","-"]
["2015-01-01","CAP MODIFICADO POR BORRACHA DE PNEU AB8","Maranhão","-"]
["2015-01-01","CAP MODIFICADO POR BORRACHA DE PNEU AB8","Roraima","-"]
["2015-04-01","CAP MODIFICADO POR BORRACHA DE PNEU AB8","Rio Grande do Norte","-"]
["2015-05-01","CAP MODIFICADO POR BORRACHA DE PNEU AB8","Rio de Janeiro","-"]
["2015-08-01","CAP MODIFICADO POR BORRACHA DE PNEU AB8","Espírito Santo","-"]
["2015-08-01","CAP MODIFICADO POR BORRACHA DE PNEU AB8","Rio Grande do Sul","-"]
["2015-11-01","CAP MODIFICADO POR BORRACHA DE PNEU AB8","Roraima","-"]
["2016-01-01","CAP MODIFICADO POR BORRACHA DE PNEU AB8","Pernambuco","-"]
["2016-03-01","CAP MODIFICADO POR BORRACHA DE PNEU AB8","Rio Grande do Sul","-"]
["2016-04-01","CAP MODIFICADO POR BORRACHA DE PNEU AB8","Rio de Janeiro","-"]
["2016-07-01","CAP MODIFICADO POR BORRACHA DE PNEU AB8","Goiás","-"]
["2016-08-01","CAP MODIFICADO POR BORRACHA DE PNEU AB8","Mato Grosso","-"]
["2016-10-01","CAP MODIFICADO POR BORRACHA DE PNEU AB8","Rondônia","-"]
["2016-11-01","CAP MODIFICADO POR BORRACHA DE PNEU AB8","Sergipe","-"]
["2017-01-01","CAP MODIFICADO POR BORRACHA DE PNEU AB8","Santa Catarina","-"]
["2017-03-01","CAP MODIFICADO POR BORRACHA DE PNEU AB8","Pará","-"]
["2017-06-01","CAP MODIFICADO POR BORRACHA DE PNEU AB8","Amazonas","-"]
["2017-07-01","CAP MODIFICADO POR BORRACHA DE PNEU AB8","Alagoas","-"]
["2017-09-01","CAP MODIFICADO POR BORRACHA DE PNEU AB8","Ceará","-"]
["2017-10-01","CAP MODIFICADO POR BORRACHA DE PNEU AB8","Pernambuco","-"]
["2017-11-01","CAP MODIFICADO POR BORRACHA DE PNEU AB8","Rio de Janeiro","-"]
["2018-01-01","CAP MODIFICADO POR BORRACHA DE PNEU AB8","Paraíba","-"]
["2018-03-01","CAP MODIFICADO POR BORRACHA DE PNEU AB8","Distrito Federal","-"]
["2018-06-01","CAP MODIFICADO POR BORRACHA DE PNEU AB8","Mato Grosso","-"]
["2018-07-01","CAP MODIFICADO POR BORRACHA DE PNEU AB8","Bahia","-"]
["2018-09-01","CAP MODIFICADO POR BORRACHA DE PNEU AB8","Minas Gerais","-"]
["2018-10-01","CAP MODIFICADO POR BORRACHA DE PNEU AB8","Rio Grande do Norte","-"]
["2019-01-01","CAP MODIFICADO POR BORRACHA DE PNEU AB8","Distrito Federal","-"]
["2019-03-01","CAP MODIFICADO POR BORRACHA DE PNEU AB8","Paraná",2.9481913114504175]
["2019-05-01","CAP MODIFICADO POR BORRACHA DE PNEU AB8","Bahia","-"]
["2019-06-01","CAP MODIFICADO POR BORRACHA DE PNEU AB8","Piauí","-"]
["2019-08-01","CAP MODIFICADO POR BORRACHA DE PNEU AB8","Rio Grande do Norte","-"]
["2019-10-01","CAP MODIFICADO POR BORRACHA DE PNEU AB8","São Paulo","-"]
["2019-12-01","CAP MODIFICADO POR BORRACHA DE PNEU AB8","Espírito Santo","-"]
["2020-01-01","CAP MODIFICADO POR BORRACHA DE PNEU AB8","Tocantins","-"]
["2020-03-01","CAP MODIFICADO POR BORRACHA DE PNEU AB8","Roraima","-"]
["2020-04-01","CAP MODIFICADO POR BORRACHA DE PNEU AB8","São Paulo","-"]
["2020-06-01","CAP MODIFICADO POR BORRACHA DE PNEU AB8","Goiás","-"]
["2020-08-01","CAP MODIFICADO POR BORRACHA DE PNEU AB8","Minas Gerais","-"]
["2020-11-01","CAP MODIFICADO POR BORRACHA DE PNEU AB8","Bahia","-"]
["2020-12-01","CAP MODIFICADO POR BORRACHA DE PNEU AB8","Acre","-"]
["2021-02-01","CAP MODIFICADO POR BORRACHA DE PNEU AB8","Distrito Federal","-"]
["2021-03-01","CAP MODIFICADO POR BORRACHA DE PNEU AB8","Sergipe","-"]
["2021-05-01","CAP MODIFICADO POR BORRACHA DE PNEU AB8","Goiás","-"]
["2021-07-01","CAP MODIFICADO POR BORRACHA DE PNEU AB8","Pará","-"]
["2021-08-01","CAP MODIFICADO POR BORRACHA DE PNEU AB8","Paraná",4.2051372341964477]
["2021-11-01","CAP MODIFICADO POR BORRACHA DE PNEU AB8","Mato Grosso do Sul","-"]
["2021-12-01","CAP MODIFICADO POR BORRACHA DE PNEU AB8","Amazonas","-"]
["2022-02-01","CAP MODIFICADO POR BORRACHA DE PNEU AB8","Pará","-"]
["2022-05-01","CAP MODIFICADO POR BORRACHA DE PNEU AB8","Pará","-"]
["2022-06-01","CAP MODIFICADO POR BORRACHA DE PNEU AB8","Rio Grande do Sul","-"]
["2022-09-01","CAP MODIFICADO POR BORRACHA DE PNEU AB8","Alagoas","-"]
["2022-09-01","CAP MODIFICADO POR BORRACHA DE PNEU AB8","Roraima","-"]
["2022-11-01","CAP MODIFICADO POR BORRACHA DE PNEU AB8","Bahia","-"]
["2023-01-01","CAP MODIFICADO POR BORRACHA DE PNEU AB8","Rio de Janeiro","-"]
["2023-03-01","CAP MODIFICADO POR BORRACHA DE PNEU AB8","Sergipe","-"]
["2023-05-01","CAP MODIFICADO POR BORRACHA DE PNEU AB8","Distrito Federal","-"]
["2023-07-01","CAP MODIFICADO POR BORRACHA DE PNEU AB8","Acre","-"]
["2023-09-01","CAP MODIFICADO POR BORRACHA DE PNEU AB8","Bahia","-"]
["2023-10-01","CAP MODIFICADO POR BORRACHA DE PNEU AB8","Amapá","-"]
["2023-12-01","CAP MODIFICADO POR BORRACHA DE PNEU AB8","Rio Grande do Norte","-"]
["2024-02-01","CAP MODIFICADO POR BORRACHA DE PNEU AB8","Sergipe","-"]
["2024-04-01","CAP MODIFICADO POR BORRACHA DE PNEU AB8","Espírito Santo","-"]
["2024-05-01","CAP MODIFICADO POR BORRACHA DE PNEU AB8","Maranhão","-"]
["2024-07-01","CAP MODIFICADO POR BORRACHA DE PNEU AB8","Espírito Santo","-"]
["2015-09-01","CAP MODIFICADO POR POLÍMERO 55-75-E","São Paulo","-"]
["2015-12-01","CAP MODIFICADO POR POLÍMERO 55-75-E","Paraíba","-"]
["2016-01-01","CAP MODIFICADO POR POLÍMERO 55-75-E","Minas Gerais","-"]
["2016-03-01","CAP MODIFICADO POR POLÍMERO 55-75-E","Pernambuco","-"]
["2016-05-01","CAP MODIFICADO POR POLÍMERO 55-75-E","Acre","-"]
["2016-06-01","CAP MODIFICADO POR POLÍMERO 55-75-E","Rio de Janeiro","-"]
["2016-08-01","CAP MODIFICADO POR POLÍMERO 55-75-E","Sergipe","-"]
["2016-11-01","CAP MODIFICADO POR POLÍMERO 55-75-E","Minas Gerais","-"]
["2016-12-01","CAP MODIFICADO POR POLÍMERO 55-75-E","Rondônia","-"]
["2017-03-01","CAP MODIFICADO POR POLÍMERO 55-75-E","Acre","-"]
["2017-03-01","CAP MODIFICADO POR POLÍMERO 55-75-E","Santa Catarina","-"]
["2017-06-01","CAP MODIFICADO POR POLÍMERO 55-75-E","Sergipe","-"]
["2017-08-01","CAP MODIFICADO POR POLÍMERO 55-75-E","Rio Grande do Norte","-"]
["2017-10-01","CAP MODIFICADO POR POLÍMERO 55-75-E","Pará","-"]
["2017-11-01","CAP MODIFICADO POR POLÍMERO 55-75-E","Ceará","-"]
["2018-02-01","CAP MODIFICADO POR POLÍMERO 55-75-E","Alagoas","-"]
["2018-03-01","CAP MODIFICADO POR POLÍMERO 55-75-E","Amazonas","-"]
["2018-04-01","CAP MODIFICADO POR POLÍMERO 55-75-E","Amazonas","-"]
["2018-06-01","CAP MODIFICADO POR POLÍMERO 55-75-E","Rio de Janeiro","-"]
["2018-08-01","CAP MODIFICADO POR POLÍMERO 55-75-E","Mato Grosso","-"]
["2018-10-01","CAP MODIFICADO POR POLÍMERO 55-75-E","Distrito Federal","-"]
["2018-11-01","CAP MODIFICADO POR POLÍMERO 55-75-E","Minas Gerais","-"]
["2019-02-01","CAP MODIFICADO POR POLÍMERO 55-75-E","Bahia","-"]
["2019-04-01","CAP MODIFICADO POR POLÍMERO 55-75-E","Goiás","-"]
["2019-05-01","CAP MODIFICADO POR POLÍMERO 55-75-E","Rio Grande do Norte","-"]
["2019-08-01","CAP MODIFICADO POR POLÍMERO 55-75-E","Distrito Federal","-"]
["2019-08-01","CAP MODIFICADO POR POLÍMERO 55-75-E","Piauí","-"]
["2019-10-01","CAP MODIFICADO POR POLÍMERO 55-75-E","Maranhão","-"]
["2020-01-01","CAP MODIFICADO POR POLÍMERO 55-75-E","Pará","-"]
["2020-01-01","CAP MODIFICADO POR POLÍMERO 55-75-E","São Paulo","-"]
["2020-04-01","CAP MODIFICADO POR POLÍMERO 55-75-E","Paraná",2.8150395467212963]
["2020-05-01","CAP MODIFICADO POR POLÍMERO 55-75-E","Minas Gerais","-"]
["2020-07-01","CAP MODIFICADO POR POLÍMERO 55-75-E","Alagoas","-"]
["2020-09-01","CAP MODIFICADO POR POLÍMERO 55-75-E","Acre","-"]
["2020-11-01","CAP MODIFICADO POR POLÍMERO 55-75-E","São Paulo","-"]
["2021-01-01","CAP MODIFICADO POR POLÍMERO 55-75-E","Bahia","-"]
["2021-03-01","CAP MODIFICADO POR POLÍMERO 55-75-E","Minas Gerais","-"]
["2021-04-01","CAP MODIFICADO POR POLÍMERO 55-75-E","Distrito Federal","-"]
["2021-07-01","CAP MODIFICADO POR POLÍMERO 55-75-E","Acre","-"]
["2021-09-01","CAP MODIFICADO POR POLÍMERO 55-75-E","Amapá","-"]
["2021-10-01","CAP MODIFICADO POR POLÍMERO 55-75-E","Sergipe","-"]
["2021-11-01","CAP MODIFICADO POR POLÍMERO 55-75-E","Piauí","-"]
["2022-01-01","CAP MODIFICADO POR POLÍMERO 55-75-E","Mato Grosso do Sul","-"]
["2022-03-01","CAP MODIFICADO POR POLÍMERO 55-75-E","Paraná",3.9323116035883006]
["2022-06-01","CAP MODIFICADO POR POLÍMERO 55-75-E","Espírito Santo","-"]
["2022-07-01","CAP MODIFICADO POR POLÍMERO 55-75-E","Amazonas","-"]
["2022-09-01","CAP MODIFICADO POR POLÍMERO 55-75-E","Maranhão","-"]
["2022-10-01","CAP MODIFICADO POR POLÍMERO 55-75-E","Rio de Janeiro","-"]
["2022-11-01","CAP MODIFICADO POR POLÍMERO 55-75-E","Roraima","-"]
["2023-02-01","CAP MODIFICADO POR POLÍMERO 55-75-E","Distrito Federal","-"]
["2023-05-01","CAP MODIFICADO POR POLÍMERO 55-75-E","Amazonas","-"]
["2023-06-01","CAP MODIFICADO POR POLÍMERO 55-75-E","Paraíba","-"]
["2023-08-01","CAP MODIFICADO POR POLÍMERO 55-75-E","Rio de Janeiro","-"]
["2023-09-01","CAP MODIFICADO POR POLÍMERO 55-75-E","Acre","-"]
["2023-12-01","CAP MODIFICADO POR POLÍMERO 55-75-E","Distrito Federal","-"]
["2024-01-01","CAP MODIFICADO POR POLÍMERO 55-75-E","Santa Catarina","-"]
["2024-02-01","CAP MODIFICADO POR POLÍMERO 55-75-E","Maranhão","-"]
["2024-04-01","CAP MODIFICADO POR POLÍMERO 55-75-E","Sergipe","-"]
["2024-05-01","CAP MODIFICADO POR POLÍMERO 55-75-E","São Paulo","-"]
["2015-09-01","CAP MODIFICADO POR POLÍMERO 60-85-E","Mato Grosso do Sul","-"]
["2015-12-01","CAP MODIFICADO POR POLÍMERO 60-85-E","Alagoas","-"]
["2016-01-01","CAP MODIFICADO POR POLÍMERO 60-85-E","Maranhão","-"]
["2016-03-01","CAP MODIFICADO POR POLÍMERO 60-85-E","Amazonas","-"]
["2016-04-01","CAP MODIFICADO POR POLÍMERO 60-85-E","São Paulo",2.301563988502926]
["2016-06-01","CAP MODIFICADO POR POLÍMERO 60-85-E","Ceará","-"]
["2016-08-01","CAP MODIFICADO POR POLÍMERO 60-85-E","Minas Gerais",2.1721482542249899]
["2016-10-01","CAP MODIFICADO POR POLÍMERO 60-85-E","Minas Gerais",1.4543314903379034]
["2016-12-01","CAP MODIFICADO POR POLÍMERO 60-85-E","Acre","-"]
["2017-01-01","CAP MODIFICADO POR POLÍMERO 60-85-E","Amapá","-"]
["2017-02-01","CAP MODIFICADO POR POLÍMERO 60-85-E","Rondônia","-"]
["2017-04-01","CAP MODIFICADO POR POLÍMERO 60-85-E","Piauí","-"]
["2017-07-01","CAP MODIFICADO POR POLÍMERO 60-85-E","Piauí","-"]
["2017-08-01","CAP MODIFICADO POR POLÍMERO 60-85-E","Ceará","-"]
["2017-10-01","CAP MODIFICADO POR POLÍMERO 60-85-E","Rio Grande do Norte","-"]
["2017-12-01","CAP MODIFICADO POR POLÍMERO 60-85-E","Amazonas","-"]
["2018-01-01","CAP MODIFICADO POR POLÍMERO 60-85-E","Rondônia","-"]
["2018-03-01","CAP MODIFICADO POR POLÍMERO 60-85-E","Rio de Janeiro","-"]
["2018-06-01","CAP MODIFICADO POR POLÍMERO 60-85-E","Paraná",2.3711622365530407]
["2018-07-01","CAP MODIFICADO POR POLÍMERO 60-85-E","São Paulo",2.7907990137773249]
["2018-10-01","CAP MODIFICADO POR POLÍMERO 60-85-E","Amazonas","-"]
["2018-10-01","CAP MODIFICADO POR POLÍMERO 60-85-E","Tocantins","-"]
["2019-01-01","CAP MODIFICADO POR POLÍMERO 60-85-E","Rio de Janeiro","-"]
["2019-03-01","CAP MODIFICADO POR POLÍMERO 60-85-E","Distrito Federal","-"]
["2019-05-01","CAP MODIFICADO POR POLÍMERO 60-85-E","Distrito Federal","-"]
["2019-06-01","CAP MODIFICADO POR POLÍMERO 60-85-E","Goiás","-"]
["2019-08-01","CAP MODIFICADO POR POLÍMERO 60-85-E","Rondônia","-"]
["2019-09-01","CAP MODIFICADO POR POLÍMERO 60-85-E","Santa Catarina","-"]
["2019-12-01","CAP MODIFICADO POR POLÍMERO 60-85-E","Mato Grosso do Sul","-"]
["2020-01-01","CAP MODIFICADO POR POLÍMERO 60-85-E","Mato Grosso do Sul","-"]
["2020-03-01","CAP MODIFICADO POR POLÍMERO 60-85-E","Pará","-"]
["2020-05-01","CAP MODIFICADO POR POLÍMERO 60-85-E","Maranhão","-"]
["2020-06-01","CAP MODIFICADO POR POLÍMERO 60-85-E","Paraná",2.8484283213915553]
["2020-08-01","CAP MODIFICADO POR POLÍMERO 60-85-E","São Paulo",2.9758383989612995]
["2020-11-01","CAP MODIFICADO POR POLÍMERO 60-85-E","Mato Grosso do Sul","-"]
["2020-12-01","CAP MODIFICADO POR POLÍMERO 60-85-E","Minas Gerais",3.4405185077956948]
["2021-01-01","CAP MODIFICADO POR POLÍMERO 60-85-E","Paraíba","-"]
["2021-03-01","CAP MODIFICADO POR POLÍMERO 60-85-E","Rio Grande do Sul","-"]
["2021-05-01","CAP MODIFICADO POR POLÍMERO 60-85-E","Amapá","-"]
["2021-06-01","CAP MODIFICADO POR POLÍMERO 60-85-E","Roraima","-"]
["2021-08-01","CAP MODIFICADO POR POLÍMERO 60-85-E","Piauí","-"]
["2021-11-01","CAP MODIFICADO POR POLÍMERO 60-85-E","Amapá","-"]
["2021-12-01","CAP MODIFICADO POR POLÍMERO 60-85-E","Ceará",4.8991315953840893]
["2022-02-01","CAP MODIFICADO POR POLÍMERO 60-85-E","Bahia","-"]
["2022-04-01","CAP MODIFICADO POR POLÍMERO 60-85-E","Amazonas","-"]
["2022-06-01","CAP MODIFICADO POR POLÍMERO 60-85-E","Piauí","-"]
["2022-08-01","CAP MODIFICADO POR POLÍMERO 60-85-E","Espírito Santo","-"]
["2022-10-01","CAP MODIFICADO POR POLÍMERO 60-85-E","Ceará",5.0046780418321752]
["2022-11-01","CAP MODIFICADO POR POLÍMERO 60-85-E","Maranhão","-"]
["2023-02-01","CAP MODIFICADO POR POLÍMERO 60-85-E","Amazonas","-"]
["2023-04-01","CAP MODIFICADO POR POLÍMERO 60-85-E","Ceará","-"]
["2023-05-01","CAP MODIFICADO POR POLÍMERO 60-85-E","Rio de Janeiro","-"]
["2023-06-01","CAP MODIFICADO POR POLÍMERO 60-85-E","Rio de Janeiro","-"]
["2023-09-01","CAP MODIFICADO POR POLÍMERO 60-85-E","Distrito Federal","-"]
["2023-10-01","CAP MODIFICADO POR POLÍMERO 60-85-E","Goiás","-"]
["2023-11-01","CAP MODIFICADO POR POLÍMERO 60-85-E","Pernambuco","-"]
["2024-01-01","CAP MODIFICADO POR POLÍMERO 60-85-E","Santa Catarina","-"]
["2024-03-01","CAP MODIFICADO POR POLÍMERO 60-85-E","Santa Catarina","-"]
["2024-05-01","CAP MODIFICADO POR POLÍMERO 60-85-E","Mato Grosso do Sul","-"]
["2024-06-01","CAP MODIFICADO POR POLÍMERO 60-85-E","Sergipe","-"]
["2015-09-01","CAP MODIFICADO POR POLÍMERO 65-90-E","Tocantins","-"]
["2015-12-01","CAP MODIFICADO POR POLÍMERO 65-90-E","Santa Catarina","-"]
["2016-02-01","CAP MODIFICADO POR POLÍMERO 65-90-E","Alagoas","-"]
["2016-04-01","CAP MODIFICADO POR POLÍMERO 65-90-E","Mato Grosso do Sul","-"]
["2016-05-01","CAP MODIFICADO POR POLÍMERO 65-90-E","Amazonas","-"]
["2016-06-01","CAP MODIFICADO POR POLÍMERO 65-90-E","Paraíba","-"]
["2016-09-01","CAP MODIFICADO POR POLÍMERO 65-90-E","Tocantins","-"]
["2016-10-01","CAP MODIFICADO POR POLÍMERO 65-90-E","Amapá","-"]
["2017-01-01","CAP MODIFICADO POR POLÍMERO 65-90-E","Alagoas","-"]
["2017-03-01","CAP MODIFICADO POR POLÍMERO 65-90-E","Minas Gerais","-"]
["2017-04-01","CAP MODIFICADO POR POLÍMERO 65-90-E","Paraíba","-"]
["2017-05-01","CAP MODIFICADO POR POLÍMERO 65-90-E","Mato Grosso","-"]
["2017-08-01","CAP MODIFICADO POR POLÍMERO 65-90-E","Amapá","-"]
["2017-09-01","CAP MODIFICADO POR POLÍMERO 65-90-E","Piauí","-"]
["2017-11-01","CAP MODIFICADO POR POLÍMERO 65-90-E","Piauí","-"]
["2017-12-01","CAP MODIFICADO POR POLÍMERO 65-90-E","Rio Grande do Norte","-"]
["2018-03-01","CAP MODIFICADO POR POLÍMERO 65-90-E","Ceará","-"]
["2018-05-01","CAP MODIFICADO POR POLÍMERO 65-90-E","Paraná","-"]
["2018-07-01","CAP MODIFICADO POR POLÍMERO 65-90-E","Amazonas","-"]
["2018-07-01","CAP MODIFICADO POR POLÍMERO 65-90-E","Roraima","-"]
["2018-09-01","CAP MODIFICADO POR POLÍMERO 65-90-E","São Paulo","-"]
["2018-11-01","CAP MODIFICADO POR POLÍMERO 65-90-E","Mato Grosso","-"]
["2019-02-01","CAP MODIFICADO POR POLÍMERO 65-90-E","Rio Grande do Sul","-"]
["2019-03-01","CAP MODIFICADO POR POLÍMERO 65-90-E","Goiás","-"]
["2019-05-01","CAP MODIFICADO POR POLÍMERO 65-90-E","Roraima","-"]
["2019-06-01","CAP MODIFICADO POR POLÍMERO 65-90-E","Santa Catarina","-"]
["2019-08-01","CAP MODIFICADO POR POLÍMERO 65-90-E","Goiás","-"]
["2019-10-01","CAP MODIFICADO POR POLÍMERO 65-90-E","Mato Grosso do Sul","-"]
["2020-01-01","CAP MODIFICADO POR POLÍMERO 65-90-E","Goiás","-"]
["2020-03-01","CAP MODIFICADO POR POLÍMERO 65-90-E","Acre","-"]
["2020-04-01","CAP MODIFICADO POR POLÍMERO 65-90-E","Santa Catarina","-"]
["2020-05-01","CAP MODIFICADO POR POLÍMERO 65-90-E","Pará","-"]
["2020-08-01","CAP MODIFICADO POR POLÍMERO 65-90-E","Mato Grosso do Sul","-"]
["2020-10-01","CAP MODIFICADO POR POLÍMERO 65-90-E","Maranhão","-"]
["2020-11-01","CAP MODIFICADO POR POLÍMERO 65-90-E","Tocantins","-"]
["2021-01-01","CAP MODIFICADO POR POLÍMERO 65-90-E","Mato Grosso do Sul","-"]
["2021-03-01","CAP MODIFICADO POR POLÍMERO 65-90-E","São Paulo","-"]
["2021-04-01","CAP MODIFICADO POR POLÍMERO 65-90-E","Pernambuco","-"]
["2021-07-01","CAP MODIFICADO POR POLÍMERO 65-90-E","Paraíba","-"]
["2021-08-01","CAP MODIFICADO POR POLÍMERO 65-90-E","Paraíba","-"]
["2021-10-01","CAP MODIFICADO POR POLÍMERO 65-90-E","Pernambuco","-"]
["2021-12-01","CAP MODIFICADO POR POLÍMERO 65-90-E","Amapá","-"]
["2022-01-01","CAP MODIFICADO POR POLÍMERO 65-90-E","Rio de Janeiro","-"]
["2022-03-01","CAP MODIFICADO POR POLÍMERO 65-90-E","Piauí","-"]
["2022-05-01","CAP MODIFICADO POR POLÍMERO 65-90-E","Sergipe","-"]
["2022-07-01","CAP MODIFICADO POR POLÍMERO 65-90-E","Ceará","-"]
["2022-08-01","CAP MODIFICADO POR POLÍMERO 65-90-E","Espírito Santo","-"]
["2022-10-01","CAP MODIFICADO POR POLÍMERO 65-90-E","Espírito Santo","-"]
["2022-11-01","CAP MODIFICADO POR POLÍMERO 65-90-E","Roraima","-"]
["2023-03-01","CAP MODIFICADO POR POLÍMERO 65-90-E","Amazonas","-"]
["2023-05-01","CAP MODIFICADO POR POLÍMERO 65-90-E","Ceará","-"]
["2023-06-01","CAP MODIFICADO POR POLÍMERO 65-90-E","Ceará","-"]
["2023-07-01","CAP MODIFICADO POR POLÍMERO 65-90-E","Goiás","-"]
["2023-09-01","CAP MODIFICADO POR POLÍMERO 65-90-E","Espírito Santo","-"]
["2023-10-01","CAP MODIFICADO POR POLÍMERO 65-90-E","Santa Catarina","-"]
["2024-01-01","CAP MODIFICADO POR POLÍMERO 65-90-E","Mato Grosso","-"]
["2024-03-01","CAP MODIFICADO POR POLÍMERO 65-90-E","Mato Grosso","-"]
["2024-05-01","CAP MODIFICADO POR POLÍMERO 65-90-E","Goiás","-"]
["2024-06-01","CAP MODIFICADO POR POLÍMERO 65-90-E","Minas Gerais",4.4499115408230994]
["2013-01-01","CIMENTO ASFÁLTICO MODIFICADO POR POLÍMERO SBS 50-65","Santa Catarina","-"]
["2013-03-01","CIMENTO ASFÁLTICO MODIFICADO POR POLÍMERO SBS 50-65","Rio Grande do Norte","-"]
["2013-05-01","CIMENTO ASFÁLTICO MODIFICADO POR POLÍMERO SBS 50-65","Mato Grosso do Sul","-"]
["2013-06-01","CIMENTO ASFÁLTICO MODIFICADO POR POLÍMERO SBS 50-65","Rondônia","-"]
["2013-08-01","CIMENTO ASFÁLTICO MODIFICADO POR POLÍMERO SBS 50-65","Tocantins","-"]
["2013-10-01","CIMENTO ASFÁLTICO MODIFICADO POR POLÍMERO SBS 50-65","Alagoas","-"]
["2013-12-01","CIMENTO ASFÁLTICO MODIFICADO POR POLÍMERO SBS 50-65","São Paulo","-"]
["2014-01-01","CIMENTO ASFÁLTICO MODIFICADO POR POLÍMERO SBS 50-65","Pernambuco","-"]
["2014-03-01","CIMENTO ASFÁLTICO MODIFICADO POR POLÍMERO SBS 50-65","Tocantins","-"]
["2014-05-01","CIMENTO ASFÁLTICO MODIFICADO POR POLÍMERO SBS 50-65","Paraíba","-"]
["2014-07-01","CIMENTO ASFÁLTICO MODIFICADO POR POLÍMERO SBS 50-65","Alagoas","-"]
["2014-09-01","CIMENTO ASFÁLTICO MODIFICADO POR POLÍMERO SBS 50-65","Amapá","-"]
["2014-11-01","CIMENTO ASFÁLTICO MODIFICADO POR POLÍMERO SBS 50-65","São Paulo","-"]
["2014-12-01","CIMENTO ASFÁLTICO MODIFICADO POR POLÍMERO SBS 50-65","Piauí","-"]
["2015-03-01","CIMENTO ASFÁLTICO MODIFICADO POR POLÍMERO SBS 50-65","Paraíba","-"]
["2015-04-01","CIMENTO ASFÁLTICO MODIFICADO POR POLÍMERO SBS 50-65","Distrito Federal","-"]
["2015-07-01","CIMENTO ASFÁLTICO MODIFICADO POR POLÍMERO SBS 50-65","Amapá","-"]
["2015-07-01","CIMENTO ASFÁLTICO MODIFICADO POR POLÍMERO SBS 50-65","Goiás","-"]
["2013-02-01","CIMENTO ASFÁLTICO MODIFICADO POR POLÍMERO SBS 55-75","Piauí","-"]
["2013-03-01","CIMENTO ASFÁLTICO MODIFICADO POR POLÍMERO SBS 55-75","Paraná","-"]
["2013-06-01","CIMENTO ASFÁLTICO MODIFICADO POR POLÍMERO SBS 55-75","Ceará","-"]
["2013-07-01","CIMENTO ASFÁLTICO MODIFICADO POR POLÍMERO SBS 55-75","Espírito Santo","-"]
["2013-09-01","CIMENTO ASFÁLTICO MODIFICADO POR POLÍMERO SBS 55-75","Rio de Janeiro","-"]
["2013-10-01","CIMENTO ASFÁLTICO MODIFICADO POR POLÍMERO SBS 55-75","Roraima","-"]
["2013-12-01","CIMENTO ASFÁLTICO MODIFICADO POR POLÍMERO SBS 55-75","Rio Grande do Sul","-"]
["2014-02-01","CIMENTO ASFÁLTICO MODIFICADO POR POLÍMERO SBS 55-75","Mato Grosso","-"]
["2014-03-01","CIMENTO ASFÁLTICO MODIFICADO POR POLÍMERO SBS 55-75","Roraima","-"]
["2014-06-01","CIMENTO ASFÁLTICO MODIFICADO POR POLÍMERO SBS 55-75","Goiás","-"]
["2014-08-01","CIMENTO ASFÁLTICO MODIFICADO POR POLÍMERO SBS 55-75","Rio de Janeiro","-"]
["2014-09-01","CIMENTO ASFÁLTICO MODIFICADO POR POLÍMERO SBS 55-75","Santa Catarina","-"]
["2014-10-01","CIMENTO ASFÁLTICO MODIFICADO POR POLÍMERO SBS 55-75","Paraná","-"]
["2015-01-01","CIMENTO ASFÁLTICO MODIFICADO POR POLÍMERO SBS 55-75","Acre","-"]
["2015-02-01","CIMENTO ASFÁLTICO MODIFICADO POR POLÍMERO SBS 55-75","Pará","-"]
["2015-04-01","CIMENTO ASFÁLTICO MODIFICADO POR POLÍMERO SBS 55-75","Amapá","-"]
["2015-06-01","CIMENTO ASFÁLTICO MODIFICADO POR POLÍMERO SBS 55-75","Alagoas","-"]
["2015-08-01","CIMENTO ASFÁLTICO MODIFICADO POR POLÍMERO SBS 55-75","Maranhão","-"]
["2013-01-01","CIMENTO ASFÁLTICO MODIFICADO POR POLÍMERO SBS 60-85","Pernambuco","-"]
["2013-03-01","CIMENTO ASFÁLTICO MODIFICADO POR POLÍMERO SBS 60-85","Mato Grosso do Sul","-"]
["2013-05-01","CIMENTO ASFÁLTICO MODIFICADO POR POLÍMERO SBS 60-85","Bahia","-"]
["2013-08-01","CIMENTO ASFÁLTICO MODIFICADO POR POLÍMERO SBS 60-85","Alagoas","-"]
["2013-09-01","CIMENTO ASFÁLTICO MODIFICADO POR POLÍMERO SBS 60-85","Paraíba","-"]
["2013-11-01","CIMENTO ASFÁLTICO MODIFICADO POR POLÍMERO SBS 60-85","Pernambuco","-"]
["2013-12-01","CIMENTO ASFÁLTICO MODIFICADO POR POLÍMERO SBS 60-85","Pernambuco","-"]
["2014-03-01","CIMENTO ASFÁLTICO MODIFICADO POR POLÍMERO SBS 60-85","Paraíba","-"]
["2014-05-01","CIMENTO ASFÁLTICO MODIFICADO POR POLÍMERO SBS 60-85","Minas Gerais",1.6293451885002099]
["2014-07-01","CIMENTO ASFÁLTICO MODIFICADO POR POLÍMERO SBS 60-85","Amapá","-"]
["2014-08-01","CIMENTO ASFÁLTICO MODIFICADO POR POLÍMERO SBS 60-85","Paraíba","-"]
["2014-10-01","CIMENTO ASFÁLTICO MODIFICADO POR POLÍMERO SBS 60-85","Piauí","-"]
["2014-11-01","CIMENTO ASFÁLTICO MODIFICADO POR POLÍMERO SBS 60-85","Rio Grande do Norte","-"]
["2014-12-01","CIMENTO ASFÁLTICO MODIFICADO POR POLÍMERO SBS 60-85","Santa Catarina","-"]
["2015-03-01","CIMENTO ASFÁLTICO MODIFICADO POR POLÍMERO SBS 60-85","Espírito Santo","-"]
["2015-05-01","CIMENTO ASFÁLTICO MODIFICADO POR POLÍMERO SBS 60-85","Rio Grande do Norte","-"]
["2015-06-01","CIMENTO ASFÁLTICO MODIFICADO POR POLÍMERO SBS 60-85","Roraima","-"]
["2015-08-01","CIMENTO ASFÁLTICO MODIFICADO POR POLÍMERO SBS 60-85","Ceará","-"]
["2013-02-01","CIMENTO ASFÁLTICO MODIFICADO POR POLÍMERO SBS 65-90","Mato Grosso","-"]
["2013-05-01","CIMENTO ASFÁLTICO MODIFICADO POR POLÍMERO SBS 65-90","Alagoas","-"]
["2013-06-01","CIMENTO ASFÁLTICO MODIFICADO POR POLÍMERO SBS 65-90","Goiás","-"]
["2013-08-01","CIMENTO ASFÁLTICO MODIFICADO POR POLÍMERO SBS 65-90","Roraima","-"]
["2013-09-01","CIMENTO ASFÁLTICO MODIFICADO POR POLÍMERO SBS 65-90","Mato Grosso","-"]
["2013-12-01","CIMENTO ASFÁLTICO MODIFICADO POR POLÍMERO SBS 65-90","Mato Grosso","-"]
["2014-02-01","CIMENTO ASFÁLTICO MODIFICADO POR POLÍMERO SBS 65-90","Distrito Federal","-"]
["2014-02-01","CIMENTO ASFÁLTICO MODIFICADO POR POLÍMERO SBS 65-90","Pará","-"]
["2014-05-01","CIMENTO ASFÁLTICO MODIFICADO POR POLÍMERO SBS 65-90","Goiás","-"]
["2014-06-01","CIMENTO ASFÁLTICO MODIFICADO POR POLÍMERO SBS 65-90","Alagoas","-"]
["2014-08-01","CIMENTO ASFÁLTICO MODIFICADO POR POLÍMERO SBS 65-90","Mato Grosso","-"]
["2014-09-01","CIMENTO ASFÁLTICO MODIFICADO POR POLÍMERO SBS 65-90","Pernambuco","-"]
["2014-12-01","CIMENTO ASFÁLTICO MODIFICADO POR POLÍMERO SBS 65-90","Pará","-"]
["2015-02-01","CIMENTO ASFÁLTICO MODIFICADO POR POLÍMERO SBS 65-90","Pará","-"]
["2015-04-01","CIMENTO ASFÁLTICO MODIFICADO POR POLÍMERO SBS 65-90","Alagoas","-"]
["2015-04-01","CIMENTO ASFÁLTICO MODIFICADO POR POLÍMERO SBS 65-90","Tocantins","-"]
["2015-07-01","CIMENTO ASFÁLTICO MODIFICADO POR POLÍMERO SBS 65-90","Pernambuco","-"]
["2013-01-01","CIMENTOS ASFÁLTICOS CAP-150-200","Roraima","-"]
["2013-03-01","CIMENTOS ASFÁLTICOS CAP-150-200","Bahia","-"]
["2013-04-01","CIMENTOS ASFÁLTICOS CAP-150-200","São Paulo","-"]
["2013-07-01","CIMENTOS ASFÁLTICOS CAP-150-200","Amapá","-"]
["2013-07-01","CIMENTOS ASFÁLTICOS CAP-150-200","Rondônia","-"]
["2013-11-01","CIMENTOS ASFÁLTICOS CAP-150-200","Acre","-"]
["2013-11-01","CIMENTOS ASFÁLTICOS CAP-150-200","Rio Grande do Norte","-"]
["2014-02-01","CIMENTOS ASFÁLTICOS CAP-150-200","Amapá","-"]
["2014-03-01","CIMENTOS ASFÁLTICOS CAP-150-200","Espírito Santo","-"]
["2014-05-01","CIMENTOS ASFÁLTICOS CAP-150-200","Bahia","-"]
["2014-06-01","CIMENTOS ASFÁLTICOS CAP-150-200","Roraima","-"]
["2014-09-01","CIMENTOS ASFÁLTICOS CAP-150-200","Mato Grosso do Sul","-"]
["2014-10-01","CIMENTOS ASFÁLTICOS CAP-150-200","Mato Grosso","-"]
["2015-01-01","CIMENTOS ASFÁLTICOS CAP-150-200","Espírito Santo","-"]
["2015-02-01","CIMENTOS ASFÁLTICOS CAP-150-200","Maranhão","-"]
["2015-04-01","CIMENTOS ASFÁLTICOS CAP-150-200","Roraima","-"]
["2015-06-01","CIMENTOS ASFÁLTICOS CAP-150-200","Pernambuco","-"]
["2015-08-01","CIMENTOS ASFÁLTICOS CAP-150-200","Mato Grosso","-"]
["2015-09-01","CIMENTOS ASFÁLTICOS CAP-150-200","Rio de Janeiro","-"]
["2015-10-01","CIMENTOS ASFÁLTICOS CAP-150-200","Pará","-"]
["2016-01-01","CIMENTOS ASFÁLTICOS CAP-150-200","Acre","-"]
["2016-03-01","CIMENTOS ASFÁLTICOS CAP-150-200","Rondônia","-"]
["2016-04-01","CIMENTOS ASFÁLTICOS CAP-150-200","Paraná","-"]
["2016-06-01","CIMENTOS ASFÁLTICOS CAP-150-200","Santa Catarina","-"]
["2016-08-01","CIMENTOS ASFÁLTICOS CAP-150-200","Pará","-"]
["2016-09-01","CIMENTOS ASFÁLTICOS CAP-150-200","Sergipe","-"]
["2016-12-01","CIMENTOS ASFÁLTICOS CAP-150-200","Alagoas","-"]
["2017-02-01","CIMENTOS ASFÁLTICOS CAP-150-200","Ceará","-"]
["2017-03-01","CIMENTOS ASFÁLTICOS CAP-150-200","Pernambuco","-"]
["2017-04-01","CIMENTOS ASFÁLTICOS CAP-150-200","Rio de Janeiro","-"]
["2017-07-01","CIMENTOS ASFÁLTICOS CAP-150-200","Amazonas","-"]
["2017-08-01","CIMENTOS ASFÁLTICOS CAP-150-200","Distrito Federal","-"]
["2017-11-01","CIMENTOS ASFÁLTICOS CAP-150-200","Mato Grosso","-"]
["2017-11-01","CIMENTOS ASFÁLTICOS CAP-150-200","Rondônia","-"]
["2018-02-01","CIMENTOS ASFÁLTICOS CAP-150-200","Minas Gerais","-"]
["2018-03-01","CIMENTOS ASFÁLTICOS CAP-150-200","Maranhão","-"]
["2018-05-01","CIMENTOS ASFÁLTICOS CAP-150-200","Paraíba","-"]
["2018-07-01","CIMENTOS ASFÁLTICOS CAP-150-200","Espírito Santo","-"]
["2018-09-01","CIMENTOS ASFÁLTICOS CAP-150-200","Rondônia","-"]
["2018-11-01","CIMENTOS ASFÁLTICOS CAP-150-200","Piauí","-"]
["2019-01-01","CIMENTOS ASFÁLTICOS CAP-150-200","Rio Grande do Norte","-"]
["2019-02-01","CIMENTOS ASFÁLTICOS CAP-150-200","Rio Grande do Norte","-"]
["2019-05-01","CIMENTOS ASFÁLTICOS CAP-150-200","Espírito Santo","-"]
["2019-05-01","CIMENTOS ASFÁLTICOS CAP-150-200","Rondônia","-"]
["2019-08-01","CIMENTOS ASFÁLTICOS CAP-150-200","Roraima","-"]
["2019-10-01","CIMENTOS ASFÁLTICOS CAP-150-200","Alagoas","-"]
["2019-12-01","CIMENTOS ASFÁLTICOS CAP-150-200","Mato Grosso","-"]
["2020-01-01","CIMENTOS ASFÁLTICOS CAP-150-200","Minas Gerais","-"]
["2020-02-01","CIMENTOS ASFÁLTICOS CAP-150-200","Tocantins","-"]
["2020-05-01","CIMENTOS ASFÁLTICOS CAP-150-200","Acre","-"]
["2020-07-01","CIMENTOS ASFÁLTICOS CAP-150-200","Distrito Federal","-"]
["2020-08-01","CIMENTOS ASFÁLTICOS CAP-150-200","Paraná","-"]
["2020-10-01","CIMENTOS ASFÁLTICOS CAP-150-200","Goiás","-"]
["2020-12-01","CIMENTOS ASFÁLTICOS CAP-150-200","Pará","-"]
["2021-03-01","CIMENTOS ASFÁLTICOS CAP-150-200","Bahia","-"]
["2021-04-01","CIMENTOS ASFÁLTICOS CAP-150-200","Alagoas","-"]
["2021-06-01","CIMENTOS ASFÁLTICOS CAP-150-200","Paraná","-"]
["2021-07-01","CIMENTOS ASFÁLTICOS CAP-150-200","Pará","-"]
["2021-08-01","CIMENTOS ASFÁLTICOS CAP-150-200","Rio de Janeiro","-"]
["2021-10-01","CIMENTOS ASFÁLTICOS CAP-150-200","Paraná","-"]
["2021-12-01","CIMENTOS ASFÁLTICOS CAP-150-200","Distrito Federal","-"]
["2022-02-01","CIMENTOS ASFÁLTICOS CAP-150-200","Roraima","-"]
["2022-03-01","CIMENTOS ASFÁLTICOS CAP-150-200","Rondônia","-"]
["2022-05-01","CIMENTOS ASFÁLTICOS CAP-150-200","São Paulo","-"]
["2022-09-01","CIMENTOS ASFÁLTICOS CAP-150-200","Bahia","-"]
["2022-10-01","CIMENTOS ASFÁLTICOS CAP-150-200","Distrito Federal","-"]
["2022-12-01","CIMENTOS ASFÁLTICOS CAP-150-200","Acre","-"]
["2023-01-01","CIMENTOS ASFÁLTICOS CAP-150-200","Rondônia","-"]
["2023-03-01","CIMENTOS ASFÁLTICOS CAP-150-200","Amapá","-"]
["2023-05-01","CIMENTOS ASFÁLTICOS CAP-150-200","Maranhão","-"]
["2023-07-01","CIMENTOS ASFÁLTICOS CAP-150-200","Sergipe","-"]
["2023-09-01","CIMENTOS ASFÁLTICOS CAP-150-200","Espírito Santo","-"]
["2023-11-01","CIMENTOS ASFÁLTICOS CAP-150-200","Acre","-"]
["2023-12-01","CIMENTOS ASFÁLTICOS CAP-150-200","Roraima","-"]
["2024-01-01","CIMENTOS ASFÁLTICOS CAP-150-200","São Paulo","-"]
["2024-03-01","CIMENTOS ASFÁLTICOS CAP-150-200","Maranhão","-"]
["2024-05-01","CIMENTOS ASFÁLTICOS CAP-150-200","Minas Gerais","-"]
["2013-01-01","CIMENTOS ASFÁLTICOS CAP-30-45","Ceará","-"]
["2013-02-01","CIMENTOS ASFÁLTICOS CAP-30-45","Acre","-"]
["2013-03-01","CIMENTOS ASFÁLTICOS CAP-30-45","Rio de Janeiro",0.86290345638098809]
["2013-05-01","CIMENTOS ASFÁLTICOS CAP-30-45","Paraná","-"]
["2013-08-01","CIMENTOS ASFÁLTICOS CAP-30-45","Paraíba","-"]
["2013-09-01","CIMENTOS ASFÁLTICOS CAP-30-45","Amazonas","-"]
["2013-12-01","CIMENTOS ASFÁLTICOS CAP-30-45","Acre","-"]
["2013-12-01","CIMENTOS ASFÁLTICOS CAP-30-45","Santa Catarina","-"]
["2014-03-01","CIMENTOS ASFÁLTICOS CAP-30-45","Paraná","-"]
["2014-05-01","CIMENTOS ASFÁLTICOS CAP-30-45","Rio Grande do Norte","-"]
["2014-07-01","CIMENTOS ASFÁLTICOS CAP-30-45","Pará","-"]
["2014-08-01","CIMENTOS ASFÁLTICOS CAP-30-45","Rondônia","-"]
["2014-11-01","CIMENTOS ASFÁLTICOS CAP-30-45","Alagoas","-"]
["2014-11-01","CIMENTOS ASFÁLTICOS CAP-30-45","Santa Catarina","-"]
["2015-02-01","CIMENTOS ASFÁLTICOS CAP-30-45","Pernambuco","-"]
["2015-03-01","CIMENTOS ASFÁLTICOS CAP-30-45","Rio de Janeiro","-"]
["2015-05-01","CIMENTOS ASFÁLTICOS CAP-30-45","Tocantins","-"]
["2015-07-01","CIMENTOS ASFÁLTICOS CAP-30-45","Distrito Federal","-"]
["2015-08-01","CIMENTOS ASFÁLTICOS CAP-30-45","Minas Gerais",1.0897715149988636]
["2015-10-01","CIMENTOS ASFÁLTICOS CAP-30-45","Rondônia","-"]
["2016-01-01","CIMENTOS ASFÁLTICOS CAP-30-45","Goiás","-"]
["2016-02-01","CIMENTOS ASFÁLTICOS CAP-30-45","Maranhão","-"]
["2016-03-01","CIMENTOS ASFÁLTICOS CAP-30-45","Mato Grosso do Sul","-"]
["2016-05-01","CIMENTOS ASFÁLTICOS CAP-30-45","Piauí","-"]
["2016-06-01","CIMENTOS ASFÁLTICOS CAP-30-45","Tocantins","-"]
["2016-10-01","CIMENTOS ASFÁLTICOS CAP-30-45","Pará","-"]
["2016-10-01","CIMENTOS ASFÁLTICOS CAP-30-45","Paraíba","-"]
["2017-01-01","CIMENTOS ASFÁLTICOS CAP-30-45","Paraná",1.5408481562981815]
["2017-02-01","CIMENTOS ASFÁLTICOS CAP-30-45","Minas Gerais",1.3549472525292474]
["2017-04-01","CIMENTOS ASFÁLTICOS CAP-30-45","Piauí","-"]
["2017-06-01","CIMENTOS ASFÁLTICOS CAP-30-45","Acre","-"]
["2017-08-01","CIMENTOS ASFÁLTICOS CAP-30-45","São Paulo",1.3899424720177787]
["2017-10-01","CIMENTOS ASFÁLTICOS CAP-30-45","Rio Grande do Sul","-"]
["2017-12-01","CIMENTOS ASFÁLTICOS CAP-30-45","Minas Gerais",1.440680155247229]
["2018-01-01","CIMENTOS ASFÁLTICOS CAP-30-45","Roraima","-"]
["2018-04-01","CIMENTOS ASFÁLTICOS CAP-30-45","Acre","-"]
["2018-06-01","CIMENTOS ASFÁLTICOS CAP-30-45","Amapá","-"]
["2018-07-01","CIMENTOS ASFÁLTICOS CAP-30-45","Paraná",1.9621106232935688]
["2018-09-01","CIMENTOS ASFÁLTICOS CAP-30-45","Bahia","-"]
["2018-11-01","CIMENTOS ASFÁLTICOS CAP-30-45","Pará","-"]
["2018-12-01","CIMENTOS ASFÁLTICOS CAP-30-45","Ceará","-"]
["2019-03-01","CIMENTOS ASFÁLTICOS CAP-30-45","Espírito Santo","-"]
["2019-03-01","CIMENTOS ASFÁLTICOS CAP-30-45","Rio Grande do Sul","-"]
["2019-06-01","CIMENTOS ASFÁLTICOS CAP-30-45","Maranhão","-"]
["2019-07-01","CIMENTOS ASFÁLTICOS CAP-30-45","Rio de Janeiro",2.6151834141262826]
["2019-09-01","CIMENTOS ASFÁLTICOS CAP-30-45","Mato Grosso do Sul","-"]
["2019-11-01","CIMENTOS ASFÁLTICOS CAP-30-45","Distrito Federal","-"]
["2019-12-01","CIMENTOS ASFÁLTICOS CAP-30-45","Pará","-"]
["2020-02-01","CIMENTOS ASFÁLTICOS CAP-30-45","Rondônia","-"]
["2020-05-01","CIMENTOS ASFÁLTICOS CAP-30-45","Rio de Janeiro",2.4205146189856341]
["2020-06-01","CIMENTOS ASFÁLTICOS CAP-30-45","Pernambuco","-"]
["2020-09-01","CIMENTOS ASFÁLTICOS CAP-30-45","Distrito Federal","-"]
["2020-10-01","CIMENTOS ASFÁLTICOS CAP-30-45","Santa Catarina","-"]
["2020-12-01","CIMENTOS ASFÁLTICOS CAP-30-45","Rondônia","-"]
["2021-01-01","CIMENTOS ASFÁLTICOS CAP-30-45","Sergipe","-"]
["2021-04-01","CIMENTOS ASFÁLTICOS CAP-30-45","Maranhão","-"]
["2021-05-01","CIMENTOS ASFÁLTICOS CAP-30-45","Acre","-"]
["2021-06-01","CIMENTOS ASFÁLTICOS CAP-30-45","Minas Gerais",3.3606417325774358]
["2021-08-01","CIMENTOS ASFÁLTICOS CAP-30-45","Tocantins","-"]
["2021-11-01","CIMENTOS ASFÁLTICOS CAP-30-45","Amazonas","-"]
["2021-12-01","CIMENTOS ASFÁLTICOS CAP-30-45","Paraíba","-"]
["2022-02-01","CIMENTOS ASFÁLTICOS CAP-30-45","Ceará","-"]
["2022-04-01","CIMENTOS ASFÁLTICOS CAP-30-45","Minas Gerais",4.4833323807394034]
["2022-05-01","CIMENTOS ASFÁLTICOS CAP-30-45","Espírito Santo",4.3633937350899705]
["2022-08-01","CIMENTOS ASFÁLTICOS CAP-30-45","Acre","-"]
["2022-09-01","CIMENTOS ASFÁLTICOS CAP-30-45","Paraíba","-"]
["2022-11-01","CIMENTOS ASFÁLTICOS CAP-30-45","Paraná","-"]
["2022-12-01","CIMENTOS ASFÁLTICOS CAP-30-45","Piauí","-"]
["2023-02-01","CIMENTOS ASFÁLTICOS CAP-30-45","Minas Gerais",3.031678092930064]
["2023-04-01","CIMENTOS ASFÁLTICOS CAP-30-45","Ceará","-"]
["2023-06-01","CIMENTOS ASFÁLTICOS CAP-30-45","Rio Grande do Norte","-"]
["2023-07-01","CIMENTOS ASFÁLTICOS CAP-30-45","Rio Grande do Sul","-"]
["2023-09-01","CIMENTOS ASFÁLTICOS CAP-30-45","Rondônia","-"]
["2023-11-01","CIMENTOS ASFÁLTICOS CAP-30-45","Rio de Janeiro",3.2754332209254668]
["2023-12-01","CIMENTOS ASFÁLTICOS CAP-30-45","Santa Catarina","-"]
["2024-03-01","CIMENTOS ASFÁLTICOS CAP-30-45","Distrito Federal","-"]
["2024-05-01","CIMENTOS ASFÁLTICOS CAP-30-45","Rio Grande do Sul","-"]
["2024-06-01","CIMENTOS ASFÁLTICOS CAP-30-45","Tocantins","-"]
["2013-02-01","CIMENTOS ASFÁLTICOS CAP-50-70","Rio de Janeiro",0.90637359933923067]
["2013-03-01","CIMENTOS ASFÁLTICOS CAP-50-70","Alagoas","-"]
["2013-06-01","CIMENTOS ASFÁLTICOS CAP-50-70","Distrito Federal","-"]
["2013-07-01","CIMENTOS ASFÁLTICOS CAP-50-70","São Paulo",0.88536328418446031]
["2013-09-01","CIMENTOS ASFÁLTICOS CAP-50-70","Rondônia","-"]
["2013-10-01","CIMENTOS ASFÁLTICOS CAP-50-70","Mato Grosso",1.3742794581734932]
["2014-01-01","CIMENTOS ASFÁLTICOS CAP-50-70","Maranhão","-"]
["2014-02-01","CIMENTOS ASFÁLTICOS CAP-50-70","Mato Grosso do Sul","-"]
["2014-04-01","CIMENTOS ASFÁLTICOS CAP-50-70","Pará",1.1644017233748014]
["2014-05-01","CIMENTOS ASFÁLTICOS CAP-50-70","Tocantins","-"]
["2014-07-01","CIMENTOS ASFÁLTICOS CAP-50-70","Paraná",0.90978812341994886]
["2014-09-01","CIMENTOS ASFÁLTICOS CAP-50-70","Paraíba","-"]
["2014-10-01","CIMENTOS ASFÁLTICOS CAP-50-70","Piauí","-"]
["2015-01-01","CIMENTOS ASFÁLTICOS CAP-50-70","Minas Gerais",1.095688259529803]
["2015-03-01","CIMENTOS ASFÁLTICOS CAP-50-70","Pará","-"]
["2015-05-01","CIMENTOS ASFÁLTICOS CAP-50-70","Acre","-"]
["2015-06-01","CIMENTOS ASFÁLTICOS CAP-50-70","Amapá","-"]
["2015-07-01","CIMENTOS ASFÁLTICOS CAP-50-70","Roraima","-"]
["2015-09-01","CIMENTOS ASFÁLTICOS CAP-50-70","Piauí","-"]
["2015-12-01","CIMENTOS ASFÁLTICOS CAP-50-70","Rio de Janeiro",1.3967647494942139]
["2016-01-01","CIMENTOS ASFÁLTICOS CAP-50-70","Ceará",1.550181495708322]
["2016-03-01","CIMENTOS ASFÁLTICOS CAP-50-70","Bahia",1.559388010262394]
["2016-04-01","CIMENTOS ASFÁLTICOS CAP-50-70","Rio Grande do Sul",1.5521735620869268]
["2016-07-01","CIMENTOS ASFÁLTICOS CAP-50-70","Piauí","-"]
["2016-09-01","CIMENTOS ASFÁLTICOS CAP-50-70","Santa Catarina","-"]
["2016-11-01","CIMENTOS ASFÁLTICOS CAP-50-70","Ceará",1.5089346928494358]
["2016-12-01","CIMENTOS ASFÁLTICOS CAP-50-70","Maranhão","-"]
["2017-02-01","CIMENTOS ASFÁLTICOS CAP-50-70","Rio Grande do Sul",1.3905698453947235]
["2017-03-01","CIMENTOS ASFÁLTICOS CAP-50-70","Mato Grosso do Sul","-"]
["2017-06-01","CIMENTOS ASFÁLTICOS CAP-50-70","Rio de Janeiro",1.3251186255745027]
["2017-08-01","CIMENTOS ASFÁLTICOS CAP-50-70","Espírito Santo","-"]
["2017-10-01","CIMENTOS ASFÁLTICOS CAP-50-70","Distrito Federal","-"]
["2017-10-01","CIMENTOS ASFÁLTICOS CAP-50-70","Sergipe","-"]
["2017-12-01","CIMENTOS ASFÁLTICOS CAP-50-70","Pernambuco","-"]
["2018-02-01","CIMENTOS ASFÁLTICOS CAP-50-70","Santa Catarina","-"]
["2018-05-01","CIMENTOS ASFÁLTICOS CAP-50-70","Minas Gerais",1.6751124290383712]
["2018-06-01","CIMENTOS ASFÁLTICOS CAP-50-70","Mato Grosso do Sul","-"]
["2018-08-01","CIMENTOS ASFÁLTICOS CAP-50-70","Paraíba","-"]
["2018-09-01","CIMENTOS ASFÁLTICOS CAP-50-70","Tocantins","-"]
["2018-12-01","CIMENTOS ASFÁLTICOS CAP-50-70","Rondônia","-"]
["2019-01-01","CIMENTOS ASFÁLTICOS CAP-50-70","Paraíba","-"]
["2019-04-01","CIMENTOS ASFÁLTICOS CAP-50-70","Mato Grosso do Sul","-"]
["2019-05-01","CIMENTOS ASFÁLTICOS CAP-50-70","Amazonas",2.7712310243027498]
["2019-07-01","CIMENTOS ASFÁLTICOS CAP-50-70","Tocantins","-"]
["2019-08-01","CIMENTOS ASFÁLTICOS CAP-50-70","Ceará",2.3462432673928615]
["2019-11-01","CIMENTOS ASFÁLTICOS CAP-50-70","Paraíba","-"]
["2020-01-01","CIMENTOS ASFÁLTICOS CAP-50-70","Alagoas","-"]
["2020-01-01","CIMENTOS ASFÁLTICOS CAP-50-70","Piauí","-"]
["2020-04-01","CIMENTOS ASFÁLTICOS CAP-50-70","Amazonas","-"]
["2020-05-01","CIMENTOS ASFÁLTICOS CAP-50-70","Ceará",2.1159048809637953]
["2020-08-01","CIMENTOS ASFÁLTICOS CAP-50-70","Amapá","-"]
["2020-10-01","CIMENTOS ASFÁLTICOS CAP-50-70","Distrito Federal","-"]
["2020-11-01","CIMENTOS ASFÁLTICOS CAP-50-70","Piauí","-"]
["2021-01-01","CIMENTOS ASFÁLTICOS CAP-50-70","Goiás",2.8870922124623672]
["2021-03-01","CIMENTOS ASFÁLTICOS CAP-50-70","Ceará",2.6081209551957767]
["2021-05-01","CIMENTOS ASFÁLTICOS CAP-50-70","Paraná",3.4744232045773842]
["2021-06-01","CIMENTOS ASFÁLTICOS CAP-50-70","Rio Grande do Sul",3.4406072016728473]
["2021-08-01","CIMENTOS ASFÁLTICOS CAP-50-70","Piauí","-"]
["2021-10-01","CIMENTOS ASFÁLTICOS CAP-50-70","Goiás",3.5492714768175651]
["2021-11-01","CIMENTOS ASFÁLTICOS CAP-50-70","Mato Grosso",4.5623885195618348]
["2021-12-01","CIMENTOS ASFÁLTICOS CAP-50-70","Tocantins",3.7436175661677109]
["2022-02-01","CIMENTOS ASFÁLTICOS CAP-50-70","Sergipe","-"]
["2022-05-01","CIMENTOS ASFÁLTICOS CAP-50-70","Roraima","-"]
["2022-06-01","CIMENTOS ASFÁLTICOS CAP-50-70","Santa Catarina","-"]
["2022-08-01","CIMENTOS ASFÁLTICOS CAP-50-70","São Paulo",4.173690708823119]
["2022-10-01","CIMENTOS ASFÁLTICOS CAP-50-70","Mato Grosso do Sul",3.3489252995718886]
["2022-11-01","CIMENTOS ASFÁLTICOS CAP-50-70","Tocantins",3.6920694857447929]
["2023-01-01","CIMENTOS ASFÁLTICOS CAP-50-70","Tocantins",3.4411878115114383]
["2023-04-01","CIMENTOS ASFÁLTICOS CAP-50-70","Santa Catarina","-"]
["2023-06-01","CIMENTOS ASFÁLTICOS CAP-50-70","Amapá","-"]
["2023-08-01","CIMENTOS ASFÁLTICOS CAP-50-70","Mato Grosso do Sul",3.2122981049580615]
["2023-09-01","CIMENTOS ASFÁLTICOS CAP-50-70","Bahia",3.4391359674105799]
["2023-11-01","CIMENTOS ASFÁLTICOS CAP-50-70","Tocantins",3.3014991666784597]
["2024-01-01","CIMENTOS ASFÁLTICOS CAP-50-70","Mato Grosso do Sul",3.3108529345347244]
["2024-03-01","CIMENTOS ASFÁLTICOS CAP-50-70","Paraíba","-"]
["2024-04-01","CIMENTOS ASFÁLTICOS CAP-50-70","Pará","-"]
["2024-07-01","CIMENTOS ASFÁLTICOS CAP-50-70","Minas Gerais",3.307833192646652]
["2013-01-01","CIMENTOS ASFÁLTICOS CAP-85-100","Bahia","-"]
["2013-03-01","CIMENTOS ASFÁLTICOS CAP-85-100","Pernambuco","-"]
["2013-04-01","CIMENTOS ASFÁLTICOS CAP-85-100","Rio Grande do Norte","-"]
["2013-06-01","CIMENTOS ASFÁLTICOS CAP-85-100","Rio de Janeiro","-"]
["2013-08-01","CIMENTOS ASFÁLTICOS CAP-85-100","Piauí","-"]
["2013-09-01","CIMENTOS ASFÁLTICOS CAP-85-100","Rio Grande do Sul","-"]
["2013-12-01","CIMENTOS ASFÁLTICOS CAP-85-100","Ceará","-"]
["2014-02-01","CIMENTOS ASFÁLTICOS CAP-85-100","Acre","-"]
["2014-03-01","CIMENTOS ASFÁLTICOS CAP-85-100","Rio Grande do Sul","-"]
["2014-04-01","CIMENTOS ASFÁLTICOS CAP-85-100","Roraima","-"]
["2014-06-01","CIMENTOS ASFÁLTICOS CAP-85-100","Sergipe","-"]
["2014-08-01","CIMENTOS ASFÁLTICOS CAP-85-100","Mato Grosso","-"]
["2014-11-01","CIMENTOS ASFÁLTICOS CAP-85-100","Ceará","-"]
["2014-11-01","CIMENTOS ASFÁLTICOS CAP-85-100","Sergipe","-"]
["2015-02-01","CIMENTOS ASFÁLTICOS CAP-85-100","Espírito Santo","-"]
["2015-03-01","CIMENTOS ASFÁLTICOS CAP-85-100","Pará","-"]
["2015-05-01","CIMENTOS ASFÁLTICOS CAP-85-100","Maranhão","-"]
["2015-07-01","CIMENTOS ASFÁLTICOS CAP-85-100","Mato Grosso do Sul","-"]
["2015-09-01","CIMENTOS ASFÁLTICOS CAP-85-100","Sergipe","-"]
["2015-11-01","CIMENTOS ASFÁLTICOS CAP-85-100","Minas Gerais","-"]
["2016-01-01","CIMENTOS ASFÁLTICOS CAP-85-100","Santa Catarina","-"]
["2016-02-01","CIMENTOS ASFÁLTICOS CAP-85-100","Paraíba","-"]
["2016-05-01","CIMENTOS ASFÁLTICOS CAP-85-100","Mato Grosso do Sul","-"]
["2016-07-01","CIMENTOS ASFÁLTICOS CAP-85-100","Mato Grosso","-"]
["2016-08-01","CIMENTOS ASFÁLTICOS CAP-85-100","Tocantins","-"]
["2016-10-01","CIMENTOS ASFÁLTICOS CAP-85-100","Alagoas","-"]
["2016-11-01","CIMENTOS ASFÁLTICOS CAP-85-100","Rio Grande do Norte","-"]
["2017-01-01","CIMENTOS ASFÁLTICOS CAP-85-100","Pernambuco","-"]
["2017-03-01","CIMENTOS ASFÁLTICOS CAP-85-100","Tocantins","-"]
["2017-05-01","CIMENTOS ASFÁLTICOS CAP-85-100","Bahia","-"]
["2017-07-01","CIMENTOS ASFÁLTICOS CAP-85-100","Alagoas","-"]
["2017-08-01","CIMENTOS ASFÁLTICOS CAP-85-100","Rio Grande do Norte","-"]
["2017-10-01","CIMENTOS ASFÁLTICOS CAP-85-100","Amazonas","-"]
["2017-12-01","CIMENTOS ASFÁLTICOS CAP-85-100","Piauí","-"]
["2018-03-01","CIMENTOS ASFÁLTICOS CAP-85-100","Bahia","-"]
["2018-04-01","CIMENTOS ASFÁLTICOS CAP-85-100","Distrito Federal","-"]
["2018-06-01","CIMENTOS ASFÁLTICOS CAP-85-100","Rio Grande do Norte","-"]
["2018-07-01","CIMENTOS ASFÁLTICOS CAP-85-100","Goiás","-"]
["2018-10-01","CIMENTOS ASFÁLTICOS CAP-85-100","Piauí","-"]
["2018-12-01","CIMENTOS ASFÁLTICOS CAP-85-100","Bahia","-"]
["2019-02-01","CIMENTOS ASFÁLTICOS CAP-85-100","Ceará","-"]
["2019-02-01","CIMENTOS ASFÁLTICOS CAP-85-100","Piauí","-"]
["2019-05-01","CIMENTOS ASFÁLTICOS CAP-85-100","Rio Grande do Sul","-"]
["2019-06-01","CIMENTOS ASFÁLTICOS CAP-85-100","Roraima","-"]
["2019-09-01","CIMENTOS ASFÁLTICOS CAP-85-100","Maranhão","-"]
["2019-10-01","CIMENTOS ASFÁLTICOS CAP-85-100","Mato Grosso","-"]
["2019-11-01","CIMENTOS ASFÁLTICOS CAP-85-100","Roraima","-"]
["2020-01-01","CIMENTOS ASFÁLTICOS CAP-85-100","Sergipe","-"]
["2020-02-01","CIMENTOS ASFÁLTICOS CAP-85-100","São Paulo","-"]
["2020-05-01","CIMENTOS ASFÁLTICOS CAP-85-100","Pará","-"]
["2020-07-01","CIMENTOS ASFÁLTICOS CAP-85-100","Rio Grande do Sul","-"]
["2020-09-01","CIMENTOS ASFÁLTICOS CAP-85-100","Mato Grosso do Sul","-"]
["2020-10-01","CIMENTOS ASFÁLTICOS CAP-85-100","Amazonas","-"]
["2020-12-01","CIMENTOS ASFÁLTICOS CAP-85-100","Amapá","-"]
["2021-02-01","CIMENTOS ASFÁLTICOS CAP-85-100","Alagoas","-"]
["2021-04-01","CIMENTOS ASFÁLTICOS CAP-85-100","Sergipe","-"]
["2021-05-01","CIMENTOS ASFÁLTICOS CAP-85-100","Pernambuco","-"]
["2021-08-01","CIMENTOS ASFÁLTICOS CAP-85-100","Acre","-"]
["2021-09-01","CIMENTOS ASFÁLTICOS CAP-85-100","Bahia","-"]
["2021-12-01","CIMENTOS ASFÁLTICOS CAP-85-100","Espírito Santo","-"]
["2021-12-01","CIMENTOS ASFÁLTICOS CAP-85-100","Rio Grande do Norte","-"]
["2022-03-01","CIMENTOS ASFÁLTICOS CAP-85-100","Pernambuco","-"]
["2022-04-01","CIMENTOS ASFÁLTICOS CAP-85-100","Pernambuco","-"]
["2022-07-01","CIMENTOS ASFÁLTICOS CAP-85-100","Bahia","-"]
["2022-07-01","CIMENTOS ASFÁLTICOS CAP-85-100","Rio de Janeiro","-"]
["2022-10-01","CIMENTOS ASFÁLTICOS CAP-85-100","Rio Grande do Norte","-"]
["2022-12-01","CIMENTOS ASFÁLTICOS CAP-85-100","Paraíba","-"]
["2023-02-01","CIMENTOS ASFÁLTICOS CAP-85-100","Piauí","-"]
["2023-03-01","CIMENTOS ASFÁLTICOS CAP-85-100","Pernambuco","-"]
["2023-06-01","CIMENTOS ASFÁLTICOS CAP-85-100","Ceará","-"]
["2023-06-01","CIMENTOS ASFÁLTICOS CAP-85-100","São Paulo","-"]
["2023-09-01","CIMENTOS ASFÁLTICOS CAP-85-100","Rio Grande do Norte","-"]
["2023-10-01","CIMENTOS ASFÁLTICOS CAP-85-100","Roraima","-"]
["2023-12-01","CIMENTOS ASFÁLTICOS CAP-85-100","Rondônia","-"]
["2024-02-01","CIMENTOS ASFÁLTICOS CAP-85-100","Mato Grosso","-"]
["2024-05-01","CIMENTOS ASFÁLTICOS CAP-85-100","Alagoas","-"]
["2024-05-01","CIMENTOS ASFÁLTICOS CAP-85-100","Sergipe","-"]
["2015-09-01","EMULSÃO ASFÁLTICA CATIÔNICA DE RUPTURA CONTROLADA PARA SERVIÇO DE LAMA ASFÁLTICA","Amazonas","-"]
["2015-10-01","EMULSÃO ASFÁLTICA CATIÔNICA DE RUPTURA CONTROLADA PARA SERVIÇO DE LAMA ASFÁLTICA","Pará","-"]
["2016-01-01","EMULSÃO ASFÁLTICA CATIÔNICA DE RUPTURA CONTROLADA PARA SERVIÇO DE LAMA ASFÁLTICA","Mato Grosso","-"]
["2016-01-01","EMULSÃO ASFÁLTICA CATIÔNICA DE RUPTURA CONTROLADA PARA SERVIÇO DE LAMA ASFÁLTICA","Minas Gerais","-"]
["2016-04-01","EMULSÃO ASFÁLTICA CATIÔNICA DE RUPTURA CONTROLADA PARA SERVIÇO DE LAMA ASFÁLTICA","Sergipe","-"]
["2016-06-01","EMULSÃO ASFÁLTICA CATIÔNICA DE RUPTURA CONTROLADA PARA SERVIÇO DE LAMA ASFÁLTICA","Goiás","-"]
["2016-08-01","EMULSÃO ASFÁLTICA CATIÔNICA DE RUPTURA CONTROLADA PARA SERVIÇO DE LAMA ASFÁLTICA","Pará","-"]
["2016-09-01","EMULSÃO ASFÁLTICA CATIÔNICA DE RUPTURA CONTROLADA PARA SERVIÇO DE LAMA ASFÁLTICA","Mato Grosso","-"]
["2016-10-01","EMULSÃO ASFÁLTICA CATIÔNICA DE RUPTURA CONTROLADA PARA SERVIÇO DE LAMA ASFÁLTICA","Pernambuco","-"]
["2016-12-01","EMULSÃO ASFÁLTICA CATIÔNICA DE RUPTURA CONTROLADA PARA SERVIÇO DE LAMA ASFÁLTICA","Minas Gerais","-"]
["2017-02-01","EMULSÃO ASFÁLTICA CATIÔNICA DE RUPTURA CONTROLADA PARA SERVIÇO DE LAMA ASFÁLTICA","Bahia","-"]
["2017-05-01","EMULSÃO ASFÁLTICA CATIÔNICA DE RUPTURA CONTROLADA PARA SERVIÇO DE LAMA ASFÁLTICA","Alagoas","-"]
["2017-06-01","EMULSÃO ASFÁLTICA CATIÔNICA DE RUPTURA CONTROLADA PARA SERVIÇO DE LAMA ASFÁLTICA","Paraná","-"]
["2017-08-01","EMULSÃO ASFÁLTICA CATIÔNICA DE RUPTURA CONTROLADA PARA SERVIÇO DE LAMA ASFÁLTICA","Pernambuco","-"]
["2017-09-01","EMULSÃO ASFÁLTICA CATIÔNICA DE RUPTURA CONTROLADA PARA SERVIÇO DE LAMA ASFÁLTICA","Piauí","-"]
["2017-12-01","EMULSÃO ASFÁLTICA CATIÔNICA DE RUPTURA CONTROLADA PARA SERVIÇO DE LAMA ASFÁLTICA","Bahia","-"]
["2018-01-01","EMULSÃO ASFÁLTICA CATIÔNICA DE RUPTURA CONTROLADA PARA SERVIÇO DE LAMA ASFÁLTICA","São Paulo","-"]
["2018-03-01","EMULSÃO ASFÁLTICA CATIÔNICA DE RUPTURA CONTROLADA PARA SERVIÇO DE LAMA ASFÁLTICA","Rio Grande do Norte","-"]
["2018-04-01","EMULSÃO ASFÁLTICA CATIÔNICA DE RUPTURA CONTROLADA PARA SERVIÇO DE LAMA ASFÁLTICA","Rondônia","-"]
["2018-06-01","EMULSÃO ASFÁLTICA CATIÔNICA DE RUPTURA CONTROLADA PARA SERVIÇO DE LAMA ASFÁLTICA","Distrito Federal","-"]
["2018-08-01","EMULSÃO ASFÁLTICA CATIÔNICA DE RUPTURA CONTROLADA PARA SERVIÇO DE LAMA ASFÁLTICA","Maranhão","-"]
["2018-11-01","EMULSÃO ASFÁLTICA CATIÔNICA DE RUPTURA CONTROLADA PARA SERVIÇO DE LAMA ASFÁLTICA","Amapá","-"]
["2018-11-01","EMULSÃO ASFÁLTICA CATIÔNICA DE RUPTURA CONTROLADA PARA SERVIÇO DE LAMA ASFÁLTICA","São Paulo","-"]
["2019-02-01","EMULSÃO ASFÁLTICA CATIÔNICA DE RUPTURA CONTROLADA PARA SERVIÇO DE LAMA ASFÁLTICA","Bahia","-"]
["2019-03-01","EMULSÃO ASFÁLTICA CATIÔNICA DE RUPTURA CONTROLADA PARA SERVIÇO DE LAMA ASFÁLTICA","Roraima","-"]
["2019-05-01","EMULSÃO ASFÁLTICA CATIÔNICA DE RUPTURA CONTROLADA PARA SERVIÇO DE LAMA ASFÁLTICA","Distrito Federal","-"]
["2019-07-01","EMULSÃO ASFÁLTICA CATIÔNICA DE RUPTURA CONTROLADA PARA SERVIÇO DE LAMA ASFÁLTICA","Mato Grosso","-"]
["2019-09-01","EMULSÃO ASFÁLTICA CATIÔNICA DE RUPTURA CONTROLADA PARA SERVIÇO DE LAMA ASFÁLTICA","São Paulo","-"]
["2019-11-01","EMULSÃO ASFÁLTICA CATIÔNICA DE RUPTURA CONTROLADA PARA SERVIÇO DE LAMA ASFÁLTICA","Maranhão","-"]
["2020-01-01","EMULSÃO ASFÁLTICA CATIÔNICA DE RUPTURA CONTROLADA PARA SERVIÇO DE LAMA ASFÁLTICA","Roraima","-"]
["2020-02-01","EMULSÃO ASFÁLTICA CATIÔNICA DE RUPTURA CONTROLADA PARA SERVIÇO DE LAMA ASFÁLTICA","Mato Grosso do Sul","-"]
["2020-05-01","EMULSÃO ASFÁLTICA CATIÔNICA DE RUPTURA CONTROLADA PARA SERVIÇO DE LAMA ASFÁLTICA","Mato Grosso","-"]
["2020-06-01","EMULSÃO ASFÁLTICA CATIÔNICA DE RUPTURA CONTROLADA PARA SERVIÇO DE LAMA ASFÁLTICA","Rio de Janeiro","-"]
["2020-08-01","EMULSÃO ASFÁLTICA CATIÔNICA DE RUPTURA CONTROLADA PARA SERVIÇO DE LAMA ASFÁLTICA","Sergipe","-"]
["2020-09-01","EMULSÃO ASFÁLTICA CATIÔNICA DE RUPTURA CONTROLADA PARA SERVIÇO DE LAMA ASFÁLTICA","Rio Grande do Sul","-"]
["2020-12-01","EMULSÃO ASFÁLTICA CATIÔNICA DE RUPTURA CONTROLADA PARA SERVIÇO DE LAMA ASFÁLTICA","Pará","-"]
["2021-01-01","EMULSÃO ASFÁLTICA CATIÔNICA DE RUPTURA CONTROLADA PARA SERVIÇO DE LAMA ASFÁLTICA","Paraná","-"]
["2021-03-01","EMULSÃO ASFÁLTICA CATIÔNICA DE RUPTURA CONTROLADA PARA SERVIÇO DE LAMA ASFÁLTICA","Santa Catarina","-"]
["2021-05-01","EMULSÃO ASFÁLTICA CATIÔNICA DE RUPTURA CONTROLADA PARA SERVIÇO DE LAMA ASFÁLTICA","Amazonas","-"]
["2021-06-01","EMULSÃO ASFÁLTICA CATIÔNICA DE RUPTURA CONTROLADA PARA SERVIÇO DE LAMA ASFÁLTICA","Sergipe","-"]
["2021-09-01","EMULSÃO ASFÁLTICA CATIÔNICA DE RUPTURA CONTROLADA PARA SERVIÇO DE LAMA ASFÁLTICA","Alagoas","-"]
["2021-10-01","EMULSÃO ASFÁLTICA CATIÔNICA DE RUPTURA CONTROLADA PARA SERVIÇO DE LAMA ASFÁLTICA","Acre","-"]
["2021-12-01","EMULSÃO ASFÁLTICA CATIÔNICA DE RUPTURA CONTROLADA PARA SERVIÇO DE LAMA ASFÁLTICA","Pernambuco","-"]
["2022-02-01","EMULSÃO ASFÁLTICA CATIÔNICA DE RUPTURA CONTROLADA PARA SERVIÇO DE LAMA ASFÁLTICA","Santa Catarina","-"]
["2022-04-01","EMULSÃO ASFÁLTICA CATIÔNICA DE RUPTURA CONTROLADA PARA SERVIÇO DE LAMA ASFÁLTICA","Bahia","-"]
["2022-05-01","EMULSÃO ASFÁLTICA CATIÔNICA DE RUPTURA CONTROLADA PARA SERVIÇO DE LAMA ASFÁLTICA","Distrito Federal","-"]
["2022-07-01","EMULSÃO ASFÁLTICA CATIÔNICA DE RUPTURA CONTROLADA PARA SERVIÇO DE LAMA ASFÁLTICA","Ceará","-"]
["2022-08-01","EMULSÃO ASFÁLTICA CATIÔNICA DE RUPTURA CONTROLADA PARA SERVIÇO DE LAMA ASFÁLTICA","Rondônia","-"]
["2022-12-01","EMULSÃO ASFÁLTICA CATIÔNICA DE RUPTURA CONTROLADA PARA SERVIÇO DE LAMA ASFÁLTICA","Alagoas","-"]
["2022-12-01","EMULSÃO ASFÁLTICA CATIÔNICA DE RUPTURA CONTROLADA PARA SERVIÇO DE LAMA ASFÁLTICA","Maranhão","-"]
["2023-02-01","EMULSÃO ASFÁLTICA CATIÔNICA DE RUPTURA CONTROLADA PARA SERVIÇO DE LAMA ASFÁLTICA","Paraíba","-"]
["2023-03-01","EMULSÃO ASFÁLTICA CATIÔNICA DE RUPTURA CONTROLADA PARA SERVIÇO DE LAMA ASFÁLTICA","São Paulo","-"]
["2023-05-01","EMULSÃO ASFÁLTICA CATIÔNICA DE RUPTURA CONTROLADA PARA SERVIÇO DE LAMA ASFÁLTICA","Pernambuco","-"]
["2023-07-01","EMULSÃO ASFÁLTICA CATIÔNICA DE RUPTURA CONTROLADA PARA SERVIÇO DE LAMA ASFÁLTICA","Roraima","-"]
["2023-10-01","EMULSÃO ASFÁLTICA CATIÔNICA DE RUPTURA CONTROLADA PARA SERVIÇO DE LAMA ASFÁLTICA","Maranhão","-"]
["2023-11-01","EMULSÃO ASFÁLTICA CATIÔNICA DE RUPTURA CONTROLADA PARA SERVIÇO DE LAMA ASFÁLTICA","Rio Grande do Norte","-"]
["2024-01-01","EMULSÃO ASFÁLTICA CATIÔNICA DE RUPTURA CONTROLADA PARA SERVIÇO DE LAMA ASFÁLTICA","São Paulo","-"]
["2024-02-01","EMULSÃO ASFÁLTICA CATIÔNICA DE RUPTURA CONTROLADA PARA SERVIÇO DE LAMA ASFÁLTICA","Rondônia","-"]
["2024-05-01","EMULSÃO ASFÁLTICA CATIÔNICA DE RUPTURA CONTROLADA PARA SERVIÇO DE LAMA ASFÁLTICA","Roraima","-"]
["2024-07-01","EMULSÃO ASFÁLTICA CATIÔNICA DE RUPTURA CONTROLADA PARA SERVIÇO DE LAMA ASFÁLTICA","Piauí","-"]
["2015-10-01","EMULSÃO ASFÁLTICA DE RUPTURA LENTA CATIÔNICA PARA SERVIÇO DE LAMA ASFÁLTICA","Mato Grosso","-"]
["2015-11-01","EMULSÃO ASFÁLTICA DE RUPTURA LENTA CATIÔNICA PARA SERVIÇO DE LAMA ASFÁLTICA","Rio Grande do Norte","-"]
["2016-01-01","EMULSÃO ASFÁLTICA DE RUPTURA LENTA CATIÔNICA PARA SERVIÇO DE LAMA ASFÁLTICA","Sergipe","-"]
["2016-03-01","EMULSÃO ASFÁLTICA DE RUPTURA LENTA CATIÔNICA PARA SERVIÇO DE LAMA ASFÁLTICA","Acre","-"]
["2016-05-01","EMULSÃO ASFÁLTICA DE RUPTURA LENTA CATIÔNICA PARA SERVIÇO DE LAMA ASFÁLTICA","Roraima","-"]
["2016-06-01","EMULSÃO ASFÁLTICA DE RUPTURA LENTA CATIÔNICA PARA SERVIÇO DE LAMA ASFÁLTICA","Paraná","-"]
["2016-08-01","EMULSÃO ASFÁLTICA DE RUPTURA LENTA CATIÔNICA PARA SERVIÇO DE LAMA ASFÁLTICA","Goiás","-"]
["2016-10-01","EMULSÃO ASFÁLTICA DE RUPTURA LENTA CATIÔNICA PARA SERVIÇO DE LAMA ASFÁLTICA","Amazonas","-"]
["2016-11-01","EMULSÃO ASFÁLTICA DE RUPTURA LENTA CATIÔNICA PARA SERVIÇO DE LAMA ASFÁLTICA","Mato Grosso","-"]
["2017-01-01","EMULSÃO ASFÁLTICA DE RUPTURA LENTA CATIÔNICA PARA SERVIÇO DE LAMA ASFÁLTICA","Rio de Janeiro","-"]
["2017-04-01","EMULSÃO ASFÁLTICA DE RUPTURA LENTA CATIÔNICA PARA SERVIÇO DE LAMA ASFÁLTICA","Distrito Federal","-"]
["2017-05-01","EMULSÃO ASFÁLTICA DE RUPTURA LENTA CATIÔNICA PARA SERVIÇO DE LAMA ASFÁLTICA","Pernambuco","-"]
["2017-08-01","EMULSÃO ASFÁLTICA DE RUPTURA LENTA CATIÔNICA PARA SERVIÇO DE LAMA ASFÁLTICA","Amazonas","-"]
["2017-08-01","EMULSÃO ASFÁLTICA DE RUPTURA LENTA CATIÔNICA PARA SERVIÇO DE LAMA ASFÁLTICA","Paraná","-"]
["2017-10-01","EMULSÃO ASFÁLTICA DE RUPTURA LENTA CATIÔNICA PARA SERVIÇO DE LAMA ASFÁLTICA","Distrito Federal","-"]
["2018-01-01","EMULSÃO ASFÁLTICA DE RUPTURA LENTA CATIÔNICA PARA SERVIÇO DE LAMA ASFÁLTICA","Mato Grosso do Sul","-"]
["2018-01-01","EMULSÃO ASFÁLTICA DE RUPTURA LENTA CATIÔNICA PARA SERVIÇO DE LAMA ASFÁLTICA","Rondônia","-"]
["2018-04-01","EMULSÃO ASFÁLTICA DE RUPTURA LENTA CATIÔNICA PARA SERVIÇO DE LAMA ASFÁLTICA","Pará","-"]
["2018-05-01","EMULSÃO ASFÁLTICA DE RUPTURA LENTA CATIÔNICA PARA SERVIÇO DE LAMA ASFÁLTICA","Maranhão","-"]
["2018-08-01","EMULSÃO ASFÁLTICA DE RUPTURA LENTA CATIÔNICA PARA SERVIÇO DE LAMA ASFÁLTICA","Rio Grande do Sul","-"]
["2018-08-01","EMULSÃO ASFÁLTICA DE RUPTURA LENTA CATIÔNICA PARA SERVIÇO DE LAMA ASFÁLTICA","São Paulo","-"]
["2018-11-01","EMULSÃO ASFÁLTICA DE RUPTURA LENTA CATIÔNICA PARA SERVIÇO DE LAMA ASFÁLTICA","Rondônia","-"]
["2019-01-01","EMULSÃO ASFÁLTICA DE RUPTURA LENTA CATIÔNICA PARA SERVIÇO DE LAMA ASFÁLTICA","Rio de Janeiro","-"]
["2019-03-01","EMULSÃO ASFÁLTICA DE RUPTURA LENTA CATIÔNICA PARA SERVIÇO DE LAMA ASFÁLTICA","Maranhão","-"]
["2019-04-01","EMULSÃO ASFÁLTICA DE RUPTURA LENTA CATIÔNICA PARA SERVIÇO DE LAMA ASFÁLTICA","Bahia","-"]
["2019-06-01","EMULSÃO ASFÁLTICA DE RUPTURA LENTA CATIÔNICA PARA SERVIÇO DE LAMA ASFÁLTICA","São Paulo","-"]
["2019-09-01","EMULSÃO ASFÁLTICA DE RUPTURA LENTA CATIÔNICA PARA SERVIÇO DE LAMA ASFÁLTICA","Acre","-"]
["2019-10-01","EMULSÃO ASFÁLTICA DE RUPTURA LENTA CATIÔNICA PARA SERVIÇO DE LAMA ASFÁLTICA","Roraima","-"]
["2019-12-01","EMULSÃO ASFÁLTICA DE RUPTURA LENTA CATIÔNICA PARA SERVIÇO DE LAMA ASFÁLTICA","Amapá","-"]
["2020-02-01","EMULSÃO ASFÁLTICA DE RUPTURA LENTA CATIÔNICA PARA SERVIÇO DE LAMA ASFÁLTICA","Mato Grosso","-"]
["2020-03-01","EMULSÃO ASFÁLTICA DE RUPTURA LENTA CATIÔNICA PARA SERVIÇO DE LAMA ASFÁLTICA","Amapá","-"]
["2020-06-01","EMULSÃO ASFÁLTICA DE RUPTURA LENTA CATIÔNICA PARA SERVIÇO DE LAMA ASFÁLTICA","Ceará","-"]
["2020-07-01","EMULSÃO ASFÁLTICA DE RUPTURA LENTA CATIÔNICA PARA SERVIÇO DE LAMA ASFÁLTICA","Acre","-"]
["2020-09-01","EMULSÃO ASFÁLTICA DE RUPTURA LENTA CATIÔNICA PARA SERVIÇO DE LAMA ASFÁLTICA","Espírito Santo","-"]
["2020-10-01","EMULSÃO ASFÁLTICA DE RUPTURA LENTA CATIÔNICA PARA SERVIÇO DE LAMA ASFÁLTICA","Paraná","-"]
["2021-01-01","EMULSÃO ASFÁLTICA DE RUPTURA LENTA CATIÔNICA PARA SERVIÇO DE LAMA ASFÁLTICA","Paraíba","-"]
["2021-02-01","EMULSÃO ASFÁLTICA DE RUPTURA LENTA CATIÔNICA PARA SERVIÇO DE LAMA ASFÁLTICA","Amazonas","-"]
["2021-05-01","EMULSÃO ASFÁLTICA DE RUPTURA LENTA CATIÔNICA PARA SERVIÇO DE LAMA ASFÁLTICA","Acre","-"]
["2021-06-01","EMULSÃO ASFÁLTICA DE RUPTURA LENTA CATIÔNICA PARA SERVIÇO DE LAMA ASFÁLTICA","Minas Gerais","-"]
["2021-08-01","EMULSÃO ASFÁLTICA DE RUPTURA LENTA CATIÔNICA PARA SERVIÇO DE LAMA ASFÁLTICA","Paraná","-"]
["2021-08-01","EMULSÃO ASFÁLTICA DE RUPTURA LENTA CATIÔNICA PARA SERVIÇO DE LAMA ASFÁLTICA","Sergipe","-"]
["2021-12-01","EMULSÃO ASFÁLTICA DE RUPTURA LENTA CATIÔNICA PARA SERVIÇO DE LAMA ASFÁLTICA","Amazonas","-"]
["2022-01-01","EMULSÃO ASFÁLTICA DE RUPTURA LENTA CATIÔNICA PARA SERVIÇO DE LAMA ASFÁLTICA","Rondônia","-"]
["2022-03-01","EMULSÃO ASFÁLTICA DE RUPTURA LENTA CATIÔNICA PARA SERVIÇO DE LAMA ASFÁLTICA","Rio de Janeiro","-"]
["2022-04-01","EMULSÃO ASFÁLTICA DE RUPTURA LENTA CATIÔNICA PARA SERVIÇO DE LAMA ASFÁLTICA","Santa Catarina","-"]
["2022-07-01","EMULSÃO ASFÁLTICA DE RUPTURA LENTA CATIÔNICA PARA SERVIÇO DE LAMA ASFÁLTICA","Pernambuco","-"]
["2022-08-01","EMULSÃO ASFÁLTICA DE RUPTURA LENTA CATIÔNICA PARA SERVIÇO DE LAMA ASFÁLTICA","Goiás","-"]
["2022-10-01","EMULSÃO ASFÁLTICA DE RUPTURA LENTA CATIÔNICA PARA SERVIÇO DE LAMA ASFÁLTICA","Tocantins","-"]
["2022-12-01","EMULSÃO ASFÁLTICA DE RUPTURA LENTA CATIÔNICA PARA SERVIÇO DE LAMA ASFÁLTICA","Distrito Federal","-"]
["2023-02-01","EMULSÃO ASFÁLTICA DE RUPTURA LENTA CATIÔNICA PARA SERVIÇO DE LAMA ASFÁLTICA","Alagoas","-"]
["2023-03-01","EMULSÃO ASFÁLTICA DE RUPTURA LENTA CATIÔNICA PARA SERVIÇO DE LAMA ASFÁLTICA","Rondônia","-"]
["2023-05-01","EMULSÃO ASFÁLTICA DE RUPTURA LENTA CATIÔNICA PARA SERVIÇO DE LAMA ASFÁLTICA","Amazonas","-"]
["2023-07-01","EMULSÃO ASFÁLTICA DE RUPTURA LENTA CATIÔNICA PARA SERVIÇO DE LAMA ASFÁLTICA","Maranhão","-"]
["2023-09-01","EMULSÃO ASFÁLTICA DE RUPTURA LENTA CATIÔNICA PARA SERVIÇO DE LAMA ASFÁLTICA","Mato Grosso","-"]
["2023-10-01","EMULSÃO ASFÁLTICA DE RUPTURA LENTA CATIÔNICA PARA SERVIÇO DE LAMA ASFÁLTICA","São Paulo","-"]
["2023-11-01","EMULSÃO ASFÁLTICA DE RUPTURA LENTA CATIÔNICA PARA SERVIÇO DE LAMA ASFÁLTICA","Tocantins","-"]
["2024-02-01","EMULSÃO ASFÁLTICA DE RUPTURA LENTA CATIÔNICA PARA SERVIÇO DE LAMA ASFÁLTICA","Goiás","-"]
["2024-03-01","EMULSÃO ASFÁLTICA DE RUPTURA LENTA CATIÔNICA PARA SERVIÇO DE LAMA ASFÁLTICA","Paraíba","-"]
["2024-06-01","EMULSÃO ASFÁLTICA DE RUPTURA LENTA CATIÔNICA PARA SERVIÇO DE LAMA ASFÁLTICA","Paraná","-"]
["2024-07-01","EMULSÃO ASFÁLTICA DE RUPTURA LENTA CATIÔNICA PARA SERVIÇO DE LAMA ASFÁLTICA","Amapá","-"]
["2015-10-01","EMULSÃO ASFÁLTICA DE RUPTURA LENTA DE CARGA NEUTRA PARA SERVIÇO DE LAMA ASFÁLTICA","Piauí","-"]
["2015-12-01","EMULSÃO ASFÁLTICA DE RUPTURA LENTA DE CARGA NEUTRA PARA SERVIÇO DE LAMA ASFÁLTICA","Acre","-"]
["2016-01-01","EMULSÃO ASFÁLTICA DE RUPTURA LENTA DE CARGA NEUTRA PARA SERVIÇO DE LAMA ASFÁLTICA","Rio Grande do Norte","-"]
["2016-03-01","EMULSÃO ASFÁLTICA DE RUPTURA LENTA DE CARGA NEUTRA PARA SERVIÇO DE LAMA ASFÁLTICA","Paraná","-"]
["2016-06-01","EMULSÃO ASFÁLTICA DE RUPTURA LENTA DE CARGA NEUTRA PARA SERVIÇO DE LAMA ASFÁLTICA","Amapá","-"]
["2016-07-01","EMULSÃO ASFÁLTICA DE RUPTURA LENTA DE CARGA NEUTRA PARA SERVIÇO DE LAMA ASFÁLTICA","Roraima","-"]
["2016-10-01","EMULSÃO ASFÁLTICA DE RUPTURA LENTA DE CARGA NEUTRA PARA SERVIÇO DE LAMA ASFÁLTICA","Acre","-"]
["2016-10-01","EMULSÃO ASFÁLTICA DE RUPTURA LENTA DE CARGA NEUTRA PARA SERVIÇO DE LAMA ASFÁLTICA","São Paulo","-"]
["2017-01-01","EMULSÃO ASFÁLTICA DE RUPTURA LENTA DE CARGA NEUTRA PARA SERVIÇO DE LAMA ASFÁLTICA","Paraná","-"]
["2017-03-01","EMULSÃO ASFÁLTICA DE RUPTURA LENTA DE CARGA NEUTRA PARA SERVIÇO DE LAMA ASFÁLTICA","Bahia","-"]
["2017-05-01","EMULSÃO ASFÁLTICA DE RUPTURA LENTA DE CARGA NEUTRA PARA SERVIÇO DE LAMA ASFÁLTICA","Amazonas","-"]
["2017-06-01","EMULSÃO ASFÁLTICA DE RUPTURA LENTA DE CARGA NEUTRA PARA SERVIÇO DE LAMA ASFÁLTICA","Distrito Federal","-"]
["2017-08-01","EMULSÃO ASFÁLTICA DE RUPTURA LENTA DE CARGA NEUTRA PARA SERVIÇO DE LAMA ASFÁLTICA","Rio de Janeiro","-"]
["2017-09-01","EMULSÃO ASFÁLTICA DE RUPTURA LENTA DE CARGA NEUTRA PARA SERVIÇO DE LAMA ASFÁLTICA","Rio Grande do Sul","-"]
["2017-12-01","EMULSÃO ASFÁLTICA DE RUPTURA LENTA DE CARGA NEUTRA PARA SERVIÇO DE LAMA ASFÁLTICA","Maranhão","-"]
["2018-01-01","EMULSÃO ASFÁLTICA DE RUPTURA LENTA DE CARGA NEUTRA PARA SERVIÇO DE LAMA ASFÁLTICA","Goiás","-"]
["2018-03-01","EMULSÃO ASFÁLTICA DE RUPTURA LENTA DE CARGA NEUTRA PARA SERVIÇO DE LAMA ASFÁLTICA","Mato Grosso do Sul","-"]
["2018-04-01","EMULSÃO ASFÁLTICA DE RUPTURA LENTA DE CARGA NEUTRA PARA SERVIÇO DE LAMA ASFÁLTICA","Santa Catarina","-"]
["2018-06-01","EMULSÃO ASFÁLTICA DE RUPTURA LENTA DE CARGA NEUTRA PARA SERVIÇO DE LAMA ASFÁLTICA","Pará","-"]
["2018-08-01","EMULSÃO ASFÁLTICA DE RUPTURA LENTA DE CARGA NEUTRA PARA SERVIÇO DE LAMA ASFÁLTICA","Rondônia","-"]
["2018-11-01","EMULSÃO ASFÁLTICA DE RUPTURA LENTA DE CARGA NEUTRA PARA SERVIÇO DE LAMA ASFÁLTICA","Maranhão","-"]
["2018-12-01","EMULSÃO ASFÁLTICA DE RUPTURA LENTA DE CARGA NEUTRA PARA SERVIÇO DE LAMA ASFÁLTICA","Maranhão","-"]
["2019-01-01","EMULSÃO ASFÁLTICA DE RUPTURA LENTA DE CARGA NEUTRA PARA SERVIÇO DE LAMA ASFÁLTICA","Mato Grosso do Sul","-"]
["2019-03-01","EMULSÃO ASFÁLTICA DE RUPTURA LENTA DE CARGA NEUTRA PARA SERVIÇO DE LAMA ASFÁLTICA","Rio de Janeiro","-"]
["2019-04-01","EMULSÃO ASFÁLTICA DE RUPTURA LENTA DE CARGA NEUTRA PARA SERVIÇO DE LAMA ASFÁLTICA","Tocantins","-"]
["2019-08-01","EMULSÃO ASFÁLTICA DE RUPTURA LENTA DE CARGA NEUTRA PARA SERVIÇO DE LAMA ASFÁLTICA","Paraíba","-"]
["2019-10-01","EMULSÃO ASFÁLTICA DE RUPTURA LENTA DE CARGA NEUTRA PARA SERVIÇO DE LAMA ASFÁLTICA","Maranhão","-"]
["2019-11-01","EMULSÃO ASFÁLTICA DE RUPTURA LENTA DE CARGA NEUTRA PARA SERVIÇO DE LAMA ASFÁLTICA","Acre","-"]
["2020-01-01","EMULSÃO ASFÁLTICA DE RUPTURA LENTA DE CARGA NEUTRA PARA SERVIÇO DE LAMA ASFÁLTICA","São Paulo","-"]
["2020-02-01","EMULSÃO ASFÁLTICA DE RUPTURA LENTA DE CARGA NEUTRA PARA SERVIÇO DE LAMA ASFÁLTICA","Amapá","-"]
["2020-05-01","EMULSÃO ASFÁLTICA DE RUPTURA LENTA DE CARGA NEUTRA PARA SERVIÇO DE LAMA ASFÁLTICA","Minas Gerais","-"]
["2020-06-01","EMULSÃO ASFÁLTICA DE RUPTURA LENTA DE CARGA NEUTRA PARA SERVIÇO DE LAMA ASFÁLTICA","Paraíba","-"]
["2020-08-01","EMULSÃO ASFÁLTICA DE RUPTURA LENTA DE CARGA NEUTRA PARA SERVIÇO DE LAMA ASFÁLTICA","Ceará","-"]
["2020-10-01","EMULSÃO ASFÁLTICA DE RUPTURA LENTA DE CARGA NEUTRA PARA SERVIÇO DE LAMA ASFÁLTICA","Amapá","-"]
["2020-11-01","EMULSÃO ASFÁLTICA DE RUPTURA LENTA DE CARGA NEUTRA PARA SERVIÇO DE LAMA ASFÁLTICA","Espírito Santo","-"]
["2021-02-01","EMULSÃO ASFÁLTICA DE RUPTURA LENTA DE CARGA NEUTRA PARA SERVIÇO DE LAMA ASFÁLTICA","Acre","-"]
["2021-04-01","EMULSÃO ASFÁLTICA DE RUPTURA LENTA DE CARGA NEUTRA PARA SERVIÇO DE LAMA ASFÁLTICA","Amazonas","-"]
["2021-05-01","EMULSÃO ASFÁLTICA DE RUPTURA LENTA DE CARGA NEUTRA PARA SERVIÇO DE LAMA ASFÁLTICA","Paraná","-"]
["2021-07-01","EMULSÃO ASFÁLTICA DE RUPTURA LENTA DE CARGA NEUTRA PARA SERVIÇO DE LAMA ASFÁLTICA","Ceará","-"]
["2021-09-01","EMULSÃO ASFÁLTICA DE RUPTURA LENTA DE CARGA NEUTRA PARA SERVIÇO DE LAMA ASFÁLTICA","Amazonas","-"]
["2021-10-01","EMULSÃO ASFÁLTICA DE RUPTURA LENTA DE CARGA NEUTRA PARA SERVIÇO DE LAMA ASFÁLTICA","Ceará","-"]
["2022-01-01","EMULSÃO ASFÁLTICA DE RUPTURA LENTA DE CARGA NEUTRA PARA SERVIÇO DE LAMA ASFÁLTICA","Goiás","-"]
["2022-01-01","EMULSÃO ASFÁLTICA DE RUPTURA LENTA DE CARGA NEUTRA PARA SERVIÇO DE LAMA ASFÁLTICA","Rio Grande do Sul","-"]
["2022-03-01","EMULSÃO ASFÁLTICA DE RUPTURA LENTA DE CARGA NEUTRA PARA SERVIÇO DE LAMA ASFÁLTICA","Rondônia","-"]
["2022-05-01","EMULSÃO ASFÁLTICA DE RUPTURA LENTA DE CARGA NEUTRA PARA SERVIÇO DE LAMA ASFÁLTICA","Goiás","-"]
["2022-06-01","EMULSÃO ASFÁLTICA DE RUPTURA LENTA DE CARGA NEUTRA PARA SERVIÇO DE LAMA ASFÁLTICA","Santa Catarina","-"]
["2022-08-01","EMULSÃO ASFÁLTICA DE RUPTURA LENTA DE CARGA NEUTRA PARA SERVIÇO DE LAMA ASFÁLTICA","Santa Catarina","-"]
["2022-11-01","EMULSÃO ASFÁLTICA DE RUPTURA LENTA DE CARGA NEUTRA PARA SERVIÇO DE LAMA ASFÁLTICA","Rio Grande do Norte","-"]
["2022-12-01","EMULSÃO ASFÁLTICA DE RUPTURA LENTA DE CARGA NEUTRA PARA SERVIÇO DE LAMA ASFÁLTICA","Rondônia","-"]
["2023-03-01","EMULSÃO ASFÁLTICA DE RUPTURA LENTA DE CARGA NEUTRA PARA SERVIÇO DE LAMA ASFÁLTICA","Goiás","-"]
["2023-04-01","EMULSÃO ASFÁLTICA DE RUPTURA LENTA DE CARGA NEUTRA PARA SERVIÇO DE LAMA ASFÁLTICA","Alagoas","-"]
["2023-06-01","EMULSÃO ASFÁLTICA DE RUPTURA LENTA DE CARGA NEUTRA PARA SERVIÇO DE LAMA ASFÁLTICA","Santa Catarina","-"]
["2023-08-01","EMULSÃO ASFÁLTICA DE RUPTURA LENTA DE CARGA NEUTRA PARA SERVIÇO DE LAMA ASFÁLTICA","São Paulo","-"]
["2023-10-01","EMULSÃO ASFÁLTICA DE RUPTURA LENTA DE CARGA NEUTRA PARA SERVIÇO DE LAMA ASFÁLTICA","Rondônia","-"]
["2023-11-01","EMULSÃO ASFÁLTICA DE RUPTURA LENTA DE CARGA NEUTRA PARA SERVIÇO DE LAMA ASFÁLTICA","Tocantins","-"]
["2024-02-01","EMULSÃO ASFÁLTICA DE RUPTURA LENTA DE CARGA NEUTRA PARA SERVIÇO DE LAMA ASFÁLTICA","Maranhão","-"]
["2024-03-01","EMULSÃO ASFÁLTICA DE RUPTURA LENTA DE CARGA NEUTRA PARA SERVIÇO DE LAMA ASFÁLTICA","Mato Grosso do Sul","-"]
["2024-06-01","EMULSÃO ASFÁLTICA DE RUPTURA LENTA DE CARGA NEUTRA PARA SERVIÇO DE LAMA ASFÁLTICA","Amapá","-"]
["2024-06-01","EMULSÃO ASFÁLTICA DE RUPTURA LENTA DE CARGA NEUTRA PARA SERVIÇO DE LAMA ASFÁLTICA","Tocantins","-"]
["2015-10-01","EMULSÃO ASFÁLTICA PARA SERVIÇO DE IMPRIMAÇÃO","Bahia","-"]
["2015-11-01","EMULSÃO ASFÁLTICA PARA SERVIÇO DE IMPRIMAÇÃO","Paraíba","-"]
["2015-12-01","EMULSÃO ASFÁLTICA PARA SERVIÇO DE IMPRIMAÇÃO","Piauí","-"]
["2016-03-01","EMULSÃO ASFÁLTICA PARA SERVIÇO DE IMPRIMAÇÃO","Amapá","-"]
["2016-05-01","EMULSÃO ASFÁLTICA PARA SERVIÇO DE IMPRIMAÇÃO","Pará","-"]
["2016-07-01","EMULSÃO ASFÁLTICA PARA SERVIÇO DE IMPRIMAÇÃO","Acre","-"]
["2016-07-01","EMULSÃO ASFÁLTICA PARA SERVIÇO DE IMPRIMAÇÃO","Rio Grande do Norte","-"]
["2016-09-01","EMULSÃO ASFÁLTICA PARA SERVIÇO DE IMPRIMAÇÃO","Roraima","-"]
["2017-01-01","EMULSÃO ASFÁLTICA PARA SERVIÇO DE IMPRIMAÇÃO","Amapá","-"]
["2017-02-01","EMULSÃO ASFÁLTICA PARA SERVIÇO DE IMPRIMAÇÃO","Rio de Janeiro","-"]
["2017-03-01","EMULSÃO ASFÁLTICA PARA SERVIÇO DE IMPRIMAÇÃO","Ceará","-"]
["2017-05-01","EMULSÃO ASFÁLTICA PARA SERVIÇO DE IMPRIMAÇÃO","Rio Grande do Sul","-"]
["2017-06-01","EMULSÃO ASFÁLTICA PARA SERVIÇO DE IMPRIMAÇÃO","Rio Grande do Sul","-"]
["2017-08-01","EMULSÃO ASFÁLTICA PARA SERVIÇO DE IMPRIMAÇÃO","Roraima","-"]
["2017-10-01","EMULSÃO ASFÁLTICA PARA SERVIÇO DE IMPRIMAÇÃO","Goiás","-"]
["2018-01-01","EMULSÃO ASFÁLTICA PARA SERVIÇO DE IMPRIMAÇÃO","Ceará",2.1136413638684837]
["2018-02-01","EMULSÃO ASFÁLTICA PARA SERVIÇO DE IMPRIMAÇÃO","Sergipe","-"]
["2018-04-01","EMULSÃO ASFÁLTICA PARA SERVIÇO DE IMPRIMAÇÃO","Rio Grande do Sul","-"]
["2018-05-01","EMULSÃO ASFÁLTICA PARA SERVIÇO DE IMPRIMAÇÃO","Mato Grosso do Sul","-"]
["2018-08-01","EMULSÃO ASFÁLTICA PARA SERVIÇO DE IMPRIMAÇÃO","Goiás","-"]
["2018-10-01","EMULSÃO ASFÁLTICA PARA SERVIÇO DE IMPRIMAÇÃO","Espírito Santo","-"]
["2018-11-01","EMULSÃO ASFÁLTICA PARA SERVIÇO DE IMPRIMAÇÃO","Santa Catarina","-"]
["2019-01-01","EMULSÃO ASFÁLTICA PARA SERVIÇO DE IMPRIMAÇÃO","Maranhão","-"]
["2019-03-01","EMULSÃO ASFÁLTICA PARA SERVIÇO DE IMPRIMAÇÃO","Rondônia","-"]
["2019-04-01","EMULSÃO ASFÁLTICA PARA SERVIÇO DE IMPRIMAÇÃO","Pará","-"]
["2019-07-01","EMULSÃO ASFÁLTICA PARA SERVIÇO DE IMPRIMAÇÃO","Minas Gerais",1.9235156593946117]
["2019-08-01","EMULSÃO ASFÁLTICA PARA SERVIÇO DE IMPRIMAÇÃO","Alagoas","-"]
["2019-10-01","EMULSÃO ASFÁLTICA PARA SERVIÇO DE IMPRIMAÇÃO","Paraíba","-"]
["2019-11-01","EMULSÃO ASFÁLTICA PARA SERVIÇO DE IMPRIMAÇÃO","Tocantins","-"]
["2020-01-01","EMULSÃO ASFÁLTICA PARA SERVIÇO DE IMPRIMAÇÃO","Pernambuco","-"]
["2020-03-01","EMULSÃO ASFÁLTICA PARA SERVIÇO DE IMPRIMAÇÃO","Paraíba","-"]
["2020-05-01","EMULSÃO ASFÁLTICA PARA SERVIÇO DE IMPRIMAÇÃO","Santa Catarina","-"]
["2020-07-01","EMULSÃO ASFÁLTICA PARA SERVIÇO DE IMPRIMAÇÃO","Amapá","-"]
["2020-09-01","EMULSÃO ASFÁLTICA PARA SERVIÇO DE IMPRIMAÇÃO","Tocantins","-"]
["2020-10-01","EMULSÃO ASFÁLTICA PARA SERVIÇO DE IMPRIMAÇÃO","Rondônia","-"]
["2021-01-01","EMULSÃO ASFÁLTICA PARA SERVIÇO DE IMPRIMAÇÃO","Paraíba","-"]
["2021-03-01","EMULSÃO ASFÁLTICA PARA SERVIÇO DE IMPRIMAÇÃO","Alagoas","-"]
["2021-05-01","EMULSÃO ASFÁLTICA PARA SERVIÇO DE IMPRIMAÇÃO","Amapá","-"]
["2021-06-01","EMULSÃO ASFÁLTICA PARA SERVIÇO DE IMPRIMAÇÃO","Amazonas","-"]
["2021-07-01","EMULSÃO ASFÁLTICA PARA SERVIÇO DE IMPRIMAÇÃO","Ceará",2.2985659921240611]
["2021-09-01","EMULSÃO ASFÁLTICA PARA SERVIÇO DE IMPRIMAÇÃO","Ceará",2.3472058621277911]
["2021-10-01","EMULSÃO ASFÁLTICA PARA SERVIÇO DE IMPRIMAÇÃO","Rio Grande do Sul","-"]
["2022-01-01","EMULSÃO ASFÁLTICA PARA SERVIÇO DE IMPRIMAÇÃO","Espírito Santo","-"]
["2022-03-01","EMULSÃO ASFÁLTICA PARA SERVIÇO DE IMPRIMAÇÃO","Goiás","-"]
["2022-05-01","EMULSÃO ASFÁLTICA PARA SERVIÇO DE IMPRIMAÇÃO","Ceará",3.0780428892722784]
["2022-06-01","EMULSÃO ASFÁLTICA PARA SERVIÇO DE IMPRIMAÇÃO","Mato Grosso",3.2945222527036098]
["2022-08-01","EMULSÃO ASFÁLTICA PARA SERVIÇO DE IMPRIMAÇÃO","Rio Grande do Sul","-"]
["2022-09-01","EMULSÃO ASFÁLTICA PARA SERVIÇO DE IMPRIMAÇÃO","Minas Gerais",3.0788509502966521]
["2022-12-01","EMULSÃO ASFÁLTICA PARA SERVIÇO DE IMPRIMAÇÃO","Goiás","-"]
["2023-01-01","EMULSÃO ASFÁLTICA PARA SERVIÇO DE IMPRIMAÇÃO","Rio Grande do Norte","-"]
["2023-03-01","EMULSÃO ASFÁLTICA PARA SERVIÇO DE IMPRIMAÇÃO","Santa Catarina","-"]
["2023-04-01","EMULSÃO ASFÁLTICA PARA SERVIÇO DE IMPRIMAÇÃO","Sergipe","-"]
["2023-07-01","EMULSÃO ASFÁLTICA PARA SERVIÇO DE IMPRIMAÇÃO","Roraima","-"]
["2023-08-01","EMULSÃO ASFÁLTICA PARA SERVIÇO DE IMPRIMAÇÃO","Pará","-"]
["2023-10-01","EMULSÃO ASFÁLTICA PARA SERVIÇO DE IMPRIMAÇÃO","São Paulo",2.3355779311824758]
["2023-12-01","EMULSÃO ASFÁLTICA PARA SERVIÇO DE IMPRIMAÇÃO","Alagoas","-"]
["2024-01-01","EMULSÃO ASFÁLTICA PARA SERVIÇO DE IMPRIMAÇÃO","Tocantins","-"]
["2024-03-01","EMULSÃO ASFÁLTICA PARA SERVIÇO DE IMPRIMAÇÃO","Tocantins","-"]
["2024-06-01","EMULSÃO ASFÁLTICA PARA SERVIÇO DE IMPRIMAÇÃO","Roraima","-"]
["2024-07-01","EMULSÃO ASFÁLTICA PARA SERVIÇO DE IMPRIMAÇÃO","Paraíba","-"]
["2013-03-01","EMULSÕES ASF. MOD. POR POLÍMEROS RC1C-E","Mato Grosso do Sul","-"]
["2013-04-01","EMULSÕES ASF. MOD. POR POLÍMEROS RC1C-E","Bahia","-"]
["2013-06-01","EMULSÕES ASF. MOD. POR POLÍMEROS RC1C-E","Tocantins","-"]
["2013-07-01","EMULSÕES ASF. MOD. POR POLÍMEROS RC1C-E","Distrito Federal","-"]
["2013-10-01","EMULSÕES ASF. MOD. POR POLÍMEROS RC1C-E","Paraíba","-"]
["2013-11-01","EMULSÕES ASF. MOD. POR POLÍMEROS RC1C-E","Pará","-"]
["2014-02-01","EMULSÕES ASF. MOD. POR POLÍMEROS RC1C-E","Amapá","-"]
["2014-02-01","EMULSÕES ASF. MOD. POR POLÍMEROS RC1C-E","Paraná",1.249680354748941]
["2014-05-01","EMULSÕES ASF. MOD. POR POLÍMEROS RC1C-E","Piauí","-"]
["2014-06-01","EMULSÕES ASF. MOD. POR POLÍMEROS RC1C-E","Rio Grande do Norte","-"]
["2014-08-01","EMULSÕES ASF. MOD. POR POLÍMEROS RC1C-E","Rio de Janeiro","-"]
["2014-10-01","EMULSÕES ASF. MOD. POR POLÍMEROS RC1C-E","Espírito Santo","-"]
["2014-11-01","EMULSÕES ASF. MOD. POR POLÍMEROS RC1C-E","Rio Grande do Sul","-"]
["2015-02-01","EMULSÕES ASF. MOD. POR POLÍMEROS RC1C-E","Ceará","-"]
["2015-04-01","EMULSÕES ASF. MOD. POR POLÍMEROS RC1C-E","Pernambuco","-"]
["2015-05-01","EMULSÕES ASF. MOD. POR POLÍMEROS RC1C-E","Rio Grande do Sul",1.6372355369025746]
["2015-08-01","EMULSÕES ASF. MOD. POR POLÍMEROS RC1C-E","Espírito Santo","-"]
["2015-08-01","EMULSÕES ASF. MOD. POR POLÍMEROS RC1C-E","Sergipe","-"]
["2015-10-01","EMULSÕES ASF. MOD. POR POLÍMEROS RC1C-E","Mato Grosso","-"]
["2015-12-01","EMULSÕES ASF. MOD. POR POLÍMEROS RC1C-E","Acre","-"]
["2016-01-01","EMULSÕES ASF. MOD. POR POLÍMEROS RC1C-E","Sergipe","-"]
["2016-04-01","EMULSÕES ASF. MOD. POR POLÍMEROS RC1C-E","Santa Catarina","-"]
["2016-05-01","EMULSÕES ASF. MOD. POR POLÍMEROS RC1C-E","Pará","-"]
["2016-07-01","EMULSÕES ASF. MOD. POR POLÍMEROS RC1C-E","Maranhão","-"]
["2016-09-01","EMULSÕES ASF. MOD. POR POLÍMEROS RC1C-E","Alagoas","-"]
["2016-11-01","EMULSÕES ASF. MOD. POR POLÍMEROS RC1C-E","Sergipe","-"]
["2017-01-01","EMULSÕES ASF. MOD. POR POLÍMEROS RC1C-E","Minas Gerais","-"]
["2017-03-01","EMULSÕES ASF. MOD. POR POLÍMEROS RC1C-E","Pará","-"]
["2017-04-01","EMULSÕES ASF. MOD. POR POLÍMEROS RC1C-E","Paraíba","-"]
["2017-07-01","EMULSÕES ASF. MOD. POR POLÍMEROS RC1C-E","Alagoas","-"]
["2017-09-01","EMULSÕES ASF. MOD. POR POLÍMEROS RC1C-E","Mato Grosso","-"]
["2017-10-01","EMULSÕES ASF. MOD. POR POLÍMEROS RC1C-E","Tocantins","-"]
["2017-12-01","EMULSÕES ASF. MOD. POR POLÍMEROS RC1C-E","Minas Gerais",1.754370868238909]
["2018-02-01","EMULSÕES ASF. MOD. POR POLÍMEROS RC1C-E","Paraíba","-"]
["2018-03-01","EMULSÕES ASF. MOD. POR POLÍMEROS RC1C-E","Pernambuco","-"]
["2018-04-01","EMULSÕES ASF. MOD. POR POLÍMEROS RC1C-E","Rondônia","-"]
["2018-07-01","EMULSÕES ASF. MOD. POR POLÍMEROS RC1C-E","Bahia","-"]
["2018-09-01","EMULSÕES ASF. MOD. POR POLÍMEROS RC1C-E","Piauí","-"]
["2018-10-01","EMULSÕES ASF. MOD. POR POLÍMEROS RC1C-E","Rio Grande do Norte","-"]
["2018-12-01","EMULSÕES ASF. MOD. POR POLÍMEROS RC1C-E","Amazonas","-"]
["2019-02-01","EMULSÕES ASF. MOD. POR POLÍMEROS RC1C-E","Espírito Santo","-"]
["2019-04-01","EMULSÕES ASF. MOD. POR POLÍMEROS RC1C-E","Tocantins","-"]
["2019-05-01","EMULSÕES ASF. MOD. POR POLÍMEROS RC1C-E","Roraima","-"]
["2019-08-01","EMULSÕES ASF. MOD. POR POLÍMEROS RC1C-E","Rio Grande do Norte","-"]
["2019-09-01","EMULSÕES ASF. MOD. POR POLÍMEROS RC1C-E","Goiás","-"]
["2019-12-01","EMULSÕES ASF. MOD. POR POLÍMEROS RC1C-E","Espírito Santo","-"]
["2020-02-01","EMULSÕES ASF. MOD. POR POLÍMEROS RC1C-E","Bahia","-"]
["2020-02-01","EMULSÕES ASF. MOD. POR POLÍMEROS RC1C-E","Mato Grosso","-"]
["2020-05-01","EMULSÕES ASF. MOD. POR POLÍMEROS RC1C-E","Distrito Federal","-"]
["2020-05-01","EMULSÕES ASF. MOD. POR POLÍMEROS RC1C-E","Sergipe","-"]
["2020-08-01","EMULSÕES ASF. MOD. POR POLÍMEROS RC1C-E","Goiás","-"]
["2020-11-01","EMULSÕES ASF. MOD. POR POLÍMEROS RC1C-E","Goiás","-"]
["2020-12-01","EMULSÕES ASF. MOD. POR POLÍMEROS RC1C-E","Mato Grosso",2.5411971734156946]
["2021-02-01","EMULSÕES ASF. MOD. POR POLÍMEROS RC1C-E","Mato Grosso do Sul","-"]
["2021-03-01","EMULSÕES ASF. MOD. POR POLÍMEROS RC1C-E","Sergipe","-"]
["2021-05-01","EMULSÕES ASF. MOD. POR POLÍMEROS RC1C-E","Pará","-"]
["2021-07-01","EMULSÕES ASF. MOD. POR POLÍMEROS RC1C-E","Pará","-"]
["2021-09-01","EMULSÕES ASF. MOD. POR POLÍMEROS RC1C-E","Rio Grande do Sul","-"]
["2021-11-01","EMULSÕES ASF. MOD. POR POLÍMEROS RC1C-E","Alagoas","-"]
["2021-12-01","EMULSÕES ASF. MOD. POR POLÍMEROS RC1C-E","Roraima","-"]
["2022-02-01","EMULSÕES ASF. MOD. POR POLÍMEROS RC1C-E","Tocantins","-"]
["2022-03-01","EMULSÕES ASF. MOD. POR POLÍMEROS RC1C-E","Rio de Janeiro","-"]
["2022-06-01","EMULSÕES ASF. MOD. POR POLÍMEROS RC1C-E","Sergipe","-"]
["2022-07-01","EMULSÕES ASF. MOD. POR POLÍMEROS RC1C-E","Distrito Federal","-"]
["2022-10-01","EMULSÕES ASF. MOD. POR POLÍMEROS RC1C-E","Acre","-"]
["2022-11-01","EMULSÕES ASF. MOD. POR POLÍMEROS RC1C-E","Bahia","-"]
["2023-01-01","EMULSÕES ASF. MOD. POR POLÍMEROS RC1C-E","Amapá","-"]
["2023-02-01","EMULSÕES ASF. MOD. POR POLÍMEROS RC1C-E","Rio Grande do Norte","-"]
["2023-05-01","EMULSÕES ASF. MOD. POR POLÍMEROS RC1C-E","Maranhão","-"]
["2023-06-01","EMULSÕES ASF. MOD. POR POLÍMEROS RC1C-E","Espírito Santo","-"]
["2023-09-01","EMULSÕES ASF. MOD. POR POLÍMEROS RC1C-E","Bahia","-"]
["2023-10-01","EMULSÕES ASF. MOD. POR POLÍMEROS RC1C-E","Espírito Santo","-"]
["2023-12-01","EMULSÕES ASF. MOD. POR POLÍMEROS RC1C-E","Rio Grande do Norte","-"]
["2024-02-01","EMULSÕES ASF. MOD. POR POLÍMEROS RC1C-E","Paraíba","-"]
["2024-04-01","EMULSÕES ASF. MOD. POR POLÍMEROS RC1C-E","Espírito Santo","-"]
["2024-05-01","EMULSÕES ASF. MOD. POR POLÍMEROS RC1C-E","Pernambuco","-"]
["2024-07-01","EMULSÕES ASF. MOD. POR POLÍMEROS RC1C-E","Roraima","-"]
["2013-01-01","EMULSÕES ASF. MOD. POR POLÍMEROS RL1C-E","Rio de Janeiro","-"]
["2013-04-01","EMULSÕES ASF. MOD. POR POLÍMEROS RL1C-E","Rio Grande do Sul","-"]
["2013-05-01","EMULSÕES ASF. MOD. POR POLÍMEROS RL1C-E","Minas Gerais",1.069614405785416]
["2013-07-01","EMULSÕES ASF. MOD. POR POLÍMEROS RL1C-E","Rondônia","-"]
["2013-09-01","EMULSÕES ASF. MOD. POR POLÍMEROS RL1C-E","Mato Grosso","-"]
["2013-10-01","EMULSÕES ASF. MOD. POR POLÍMEROS RL1C-E","Santa Catarina","-"]
["2013-12-01","EMULSÕES ASF. MOD. POR POLÍMEROS RL1C-E","Sergipe","-"]
["2014-01-01","EMULSÕES ASF. MOD. POR POLÍMEROS RL1C-E","Sergipe","-"]
["2014-04-01","EMULSÕES ASF. MOD. POR POLÍMEROS RL1C-E","Pará","-"]
["2014-06-01","EMULSÕES ASF. MOD. POR POLÍMEROS RL1C-E","Ceará","-"]
["2014-08-01","EMULSÕES ASF. MOD. POR POLÍMEROS RL1C-E","Alagoas","-"]
["2014-09-01","EMULSÕES ASF. MOD. POR POLÍMEROS RL1C-E","Amazonas","-"]
["2014-12-01","EMULSÕES ASF. MOD. POR POLÍMEROS RL1C-E","Goiás","-"]
["2014-12-01","EMULSÕES ASF. MOD. POR POLÍMEROS RL1C-E","Rio de Janeiro","-"]
["2015-03-01","EMULSÕES ASF. MOD. POR POLÍMEROS RL1C-E","Mato Grosso","-"]
["2015-06-01","EMULSÕES ASF. MOD. POR POLÍMEROS RL1C-E","Alagoas","-"]
["2015-06-01","EMULSÕES ASF. MOD. POR POLÍMEROS RL1C-E","Minas Gerais","-"]
["2015-08-01","EMULSÕES ASF. MOD. POR POLÍMEROS RL1C-E","Bahia","-"]
["2015-10-01","EMULSÕES ASF. MOD. POR POLÍMEROS RL1C-E","Rio de Janeiro","-"]
["2015-12-01","EMULSÕES ASF. MOD. POR POLÍMEROS RL1C-E","Paraná","-"]
["2016-02-01","EMULSÕES ASF. MOD. POR POLÍMEROS RL1C-E","Distrito Federal","-"]
["2016-03-01","EMULSÕES ASF. MOD. POR POLÍMEROS RL1C-E","Piauí","-"]
["2016-06-01","EMULSÕES ASF. MOD. POR POLÍMEROS RL1C-E","Bahia","-"]
["2016-06-01","EMULSÕES ASF. MOD. POR POLÍMEROS RL1C-E","Rio Grande do Norte","-"]
["2016-09-01","EMULSÕES ASF. MOD. POR POLÍMEROS RL1C-E","Rio Grande do Norte","-"]
["2016-10-01","EMULSÕES ASF. MOD. POR POLÍMEROS RL1C-E","Tocantins","-"]
["2017-01-01","EMULSÕES ASF. MOD. POR POLÍMEROS RL1C-E","Espírito Santo","-"]
["2017-02-01","EMULSÕES ASF. MOD. POR POLÍMEROS RL1C-E","Maranhão","-"]
["2017-03-01","EMULSÕES ASF. MOD. POR POLÍMEROS RL1C-E","São Paulo","-"]
["2017-05-01","EMULSÕES ASF. MOD. POR POLÍMEROS RL1C-E","São Paulo","-"]
["2017-08-01","EMULSÕES ASF. MOD. POR POLÍMEROS RL1C-E","Bahia","-"]
["2017-09-01","EMULSÕES ASF. MOD. POR POLÍMEROS RL1C-E","Minas Gerais","-"]
["2017-11-01","EMULSÕES ASF. MOD. POR POLÍMEROS RL1C-E","Distrito Federal","-"]
["2018-01-01","EMULSÕES ASF. MOD. POR POLÍMEROS RL1C-E","Acre","-"]
["2018-04-01","EMULSÕES ASF. MOD. POR POLÍMEROS RL1C-E","Amapá","-"]
["2018-04-01","EMULSÕES ASF. MOD. POR POLÍMEROS RL1C-E","Sergipe","-"]
["2018-07-01","EMULSÕES ASF. MOD. POR POLÍMEROS RL1C-E","Minas Gerais","-"]
["2018-08-01","EMULSÕES ASF. MOD. POR POLÍMEROS RL1C-E","Mato Grosso do Sul","-"]
["2018-11-01","EMULSÕES ASF. MOD. POR POLÍMEROS RL1C-E","Mato Grosso","-"]
["2018-11-01","EMULSÕES ASF. MOD. POR POLÍMEROS RL1C-E","Pará","-"]
["2019-02-01","EMULSÕES ASF. MOD. POR POLÍMEROS RL1C-E","Sergipe","-"]
["2019-04-01","EMULSÕES ASF. MOD. POR POLÍMEROS RL1C-E","Maranhão","-"]
["2019-06-01","EMULSÕES ASF. MOD. POR POLÍMEROS RL1C-E","Pará","-"]
["2019-06-01","EMULSÕES ASF. MOD. POR POLÍMEROS RL1C-E","Roraima","-"]
["2019-10-01","EMULSÕES ASF. MOD. POR POLÍMEROS RL1C-E","Alagoas","-"]
["2019-11-01","EMULSÕES ASF. MOD. POR POLÍMEROS RL1C-E","Amazonas","-"]
["2019-12-01","EMULSÕES ASF. MOD. POR POLÍMEROS RL1C-E","Sergipe","-"]
["2020-02-01","EMULSÕES ASF. MOD. POR POLÍMEROS RL1C-E","Rio de Janeiro","-"]
["2020-04-01","EMULSÕES ASF. MOD. POR POLÍMEROS RL1C-E","Acre","-"]
["2020-06-01","EMULSÕES ASF. MOD. POR POLÍMEROS RL1C-E","Distrito Federal","-"]
["2020-08-01","EMULSÕES ASF. MOD. POR POLÍMEROS RL1C-E","Santa Catarina","-"]
["2020-10-01","EMULSÕES ASF. MOD. POR POLÍMEROS RL1C-E","Bahia","-"]
["2020-11-01","EMULSÕES ASF. MOD. POR POLÍMEROS RL1C-E","Sergipe","-"]
["2021-01-01","EMULSÕES ASF. MOD. POR POLÍMEROS RL1C-E","Rio Grande do Norte","-"]
["2021-02-01","EMULSÕES ASF. MOD. POR POLÍMEROS RL1C-E","Mato Grosso do Sul","-"]
["2021-04-01","EMULSÕES ASF. MOD. POR POLÍMEROS RL1C-E","Espírito Santo","-"]
["2021-06-01","EMULSÕES ASF. MOD. POR POLÍMEROS RL1C-E","Maranhão","-"]
["2021-09-01","EMULSÕES ASF. MOD. POR POLÍMEROS RL1C-E","Amazonas","-"]
["2021-09-01","EMULSÕES ASF. MOD. POR POLÍMEROS RL1C-E","São Paulo","-"]
["2021-11-01","EMULSÕES ASF. MOD. POR POLÍMEROS RL1C-E","Pernambuco","-"]
["2022-01-01","EMULSÕES ASF. MOD. POR POLÍMEROS RL1C-E","Minas Gerais","-"]
["2022-04-01","EMULSÕES ASF. MOD. POR POLÍMEROS RL1C-E","Minas Gerais","-"]
["2022-05-01","EMULSÕES ASF. MOD. POR POLÍMEROS RL1C-E","Acre","-"]
["2022-07-01","EMULSÕES ASF. MOD. POR POLÍMEROS RL1C-E","São Paulo","-"]
["2022-08-01","EMULSÕES ASF. MOD. POR POLÍMEROS RL1C-E","Rondônia","-"]
["2022-11-01","EMULSÕES ASF. MOD. POR POLÍMEROS RL1C-E","Minas Gerais","-"]
["2023-01-01","EMULSÕES ASF. MOD. POR POLÍMEROS RL1C-E","Piauí","-"]
["2023-03-01","EMULSÕES ASF. MOD. POR POLÍMEROS RL1C-E","Acre","-"]
["2023-04-01","EMULSÕES ASF. MOD. POR POLÍMEROS RL1C-E","Rio Grande do Norte","-"]
["2023-06-01","EMULSÕES ASF. MOD. POR POLÍMEROS RL1C-E","Sergipe","-"]
["2023-07-01","EMULSÕES ASF. MOD. POR POLÍMEROS RL1C-E","Rondônia","-"]
["2023-10-01","EMULSÕES ASF. MOD. POR POLÍMEROS RL1C-E","Pará","-"]
["2023-11-01","EMULSÕES ASF. MOD. POR POLÍMEROS RL1C-E","Paraná","-"]
["2024-01-01","EMULSÕES ASF. MOD. POR POLÍMEROS RL1C-E","São Paulo","-"]
["2024-03-01","EMULSÕES ASF. MOD. POR POLÍMEROS RL1C-E","Amazonas","-"]
["2024-04-01","EMULSÕES ASF. MOD. POR POLÍMEROS RL1C-E","Tocantins","-"]
["2024-06-01","EMULSÕES ASF. MOD. POR POLÍMEROS RL1C-E","Rio de Janeiro","-"]
["2013-02-01","EMULSÕES ASF. MOD. POR POLÍMEROS RM1C-E","Distrito Federal","-"]
["2013-03-01","EMULSÕES ASF. MOD. POR POLÍMEROS RM1C-E","Distrito Federal","-"]
["2013-05-01","EMULSÕES ASF. MOD. POR POLÍMEROS RM1C-E","Goiás","-"]
["2013-07-01","EMULSÕES ASF. MOD. POR POLÍMEROS RM1C-E","Bahia","-"]
["2013-09-01","EMULSÕES ASF. MOD. POR POLÍMEROS RM1C-E","Rio de Janeiro","-"]
["2013-11-01","EMULSÕES ASF. MOD. POR POLÍMEROS RM1C-E","Mato Grosso do Sul","-"]
["2014-01-01","EMULSÕES ASF. MOD. POR POLÍMEROS RM1C-E","Distrito Federal","-"]
["2014-02-01","EMULSÕES ASF. MOD. POR POLÍMEROS RM1C-E","Pará","-"]
["2014-03-01","EMULSÕES ASF. MOD. POR POLÍMEROS RM1C-E","Maranhão","-"]
["2014-05-01","EMULSÕES ASF. MOD. POR POLÍMEROS RM1C-E","Paraná","-"]
["2014-06-01","EMULSÕES ASF. MOD. POR POLÍMEROS RM1C-E","São Paulo","-"]
["2014-09-01","EMULSÕES ASF. MOD. POR POLÍMEROS RM1C-E","Mato Grosso do Sul","-"]
["2014-11-01","EMULSÕES ASF. MOD. POR POLÍMEROS RM1C-E","Rio de Janeiro","-"]
["2015-01-01","EMULSÕES ASF. MOD. POR POLÍMEROS RM1C-E","Maranhão","-"]
["2015-02-01","EMULSÕES ASF. MOD. POR POLÍMEROS RM1C-E","Rio Grande do Sul","-"]
["2015-04-01","EMULSÕES ASF. MOD. POR POLÍMEROS RM1C-E","São Paulo","-"]
["2015-07-01","EMULSÕES ASF. MOD. POR POLÍMEROS RM1C-E","Acre","-"]
["2015-08-01","EMULSÕES ASF. MOD. POR POLÍMEROS RM1C-E","Minas Gerais","-"]
["2015-10-01","EMULSÕES ASF. MOD. POR POLÍMEROS RM1C-E","Amapá","-"]
["2015-12-01","EMULSÕES ASF. MOD. POR POLÍMEROS RM1C-E","Acre","-"]
["2016-01-01","EMULSÕES ASF. MOD. POR POLÍMEROS RM1C-E","Amapá","-"]
["2016-04-01","EMULSÕES ASF. MOD. POR POLÍMEROS RM1C-E","Ceará","-"]
["2016-04-01","EMULSÕES ASF. MOD. POR POLÍMEROS RM1C-E","Piauí","-"]
["2016-07-01","EMULSÕES ASF. MOD. POR POLÍMEROS RM1C-E","Espírito Santo","-"]
["2016-08-01","EMULSÕES ASF. MOD. POR POLÍMEROS RM1C-E","Paraná","-"]
["2016-10-01","EMULSÕES ASF. MOD. POR POLÍMEROS RM1C-E","Maranhão","-"]
["2016-12-01","EMULSÕES ASF. MOD. POR POLÍMEROS RM1C-E","Amazonas","-"]
["2017-01-01","EMULSÕES ASF. MOD. POR POLÍMEROS RM1C-E","Mato Grosso do Sul","-"]
["2017-03-01","EMULSÕES ASF. MOD. POR POLÍMEROS RM1C-E","Rio de Janeiro","-"]
["2017-06-01","EMULSÕES ASF. MOD. POR POLÍMEROS RM1C-E","Paraná","-"]
["2017-07-01","EMULSÕES ASF. MOD. POR POLÍMEROS RM1C-E","Paraíba","-"]
["2017-10-01","EMULSÕES ASF. MOD. POR POLÍMEROS RM1C-E","Amazonas","-"]
["2017-10-01","EMULSÕES ASF. MOD. POR POLÍMEROS RM1C-E","Pernambuco","-"]
["2018-01-01","EMULSÕES ASF. MOD. POR POLÍMEROS RM1C-E","Rio de Janeiro","-"]
["2018-02-01","EMULSÕES ASF. MOD. POR POLÍMEROS RM1C-E","Santa Catarina","-"]
["2018-05-01","EMULSÕES ASF. MOD. POR POLÍMEROS RM1C-E","Distrito Federal","-"]
["2018-05-01","EMULSÕES ASF. MOD. POR POLÍMEROS RM1C-E","Sergipe","-"]
["2018-07-01","EMULSÕES ASF. MOD. POR POLÍMEROS RM1C-E","Maranhão","-"]
["2018-09-01","EMULSÕES ASF. MOD. POR POLÍMEROS RM1C-E","Santa Catarina","-"]
["2018-12-01","EMULSÕES ASF. MOD. POR POLÍMEROS RM1C-E","Alagoas","-"]
["2019-01-01","EMULSÕES ASF. MOD. POR POLÍMEROS RM1C-E","Mato Grosso do Sul","-"]
["2019-03-01","EMULSÕES ASF. MOD. POR POLÍMEROS RM1C-E","Amazonas","-"]
["2019-05-01","EMULSÕES ASF. MOD. POR POLÍMEROS RM1C-E","Maranhão","-"]
["2019-06-01","EMULSÕES ASF. MOD. POR POLÍMEROS RM1C-E","Ceará","-"]
["2019-08-01","EMULSÕES ASF. MOD. POR POLÍMEROS RM1C-E","São Paulo","-"]
["2019-11-01","EMULSÕES ASF. MOD. POR POLÍMEROS RM1C-E","Alagoas","-"]
["2019-12-01","EMULSÕES ASF. MOD. POR POLÍMEROS RM1C-E","Minas Gerais","-"]
["2020-01-01","EMULSÕES ASF. MOD. POR POLÍMEROS RM1C-E","Paraíba","-"]
["2020-03-01","EMULSÕES ASF. MOD. POR POLÍMEROS RM1C-E","Mato Grosso","-"]
["2020-05-01","EMULSÕES ASF. MOD. POR POLÍMEROS RM1C-E","Amapá","-"]
["2020-07-01","EMULSÕES ASF. MOD. POR POLÍMEROS RM1C-E","Piauí","-"]
["2020-08-01","EMULSÕES ASF. MOD. POR POLÍMEROS RM1C-E","Piauí","-"]
["2020-10-01","EMULSÕES ASF. MOD. POR POLÍMEROS RM1C-E","Rio Grande do Norte","-"]
["2020-12-01","EMULSÕES ASF. MOD. POR POLÍMEROS RM1C-E","Ceará","-"]
["2021-03-01","EMULSÕES ASF. MOD. POR POLÍMEROS RM1C-E","Paraná","-"]
["2021-04-01","EMULSÕES ASF. MOD. POR POLÍMEROS RM1C-E","Amazonas","-"]
["2021-06-01","EMULSÕES ASF. MOD. POR POLÍMEROS RM1C-E","Piauí","-"]
["2021-07-01","EMULSÕES ASF. MOD. POR POLÍMEROS RM1C-E","São Paulo","-"]
["2021-10-01","EMULSÕES ASF. MOD. POR POLÍMEROS RM1C-E","Paraná","-"]
["2021-10-01","EMULSÕES ASF. MOD. POR POLÍMEROS RM1C-E","Tocantins","-"]
["2022-02-01","EMULSÕES ASF. MOD. POR POLÍMEROS RM1C-E","Amazonas","-"]
["2022-03-01","EMULSÕES ASF. MOD. POR POLÍMEROS RM1C-E","Roraima","-"]
["2022-05-01","EMULSÕES ASF. MOD. POR POLÍMEROS RM1C-E","Rio de Janeiro","-"]
["2022-06-01","EMULSÕES ASF. MOD. POR POLÍMEROS RM1C-E","Goiás","-"]
["2022-09-01","EMULSÕES ASF. MOD. POR POLÍMEROS RM1C-E","Distrito Federal","-"]
["2022-10-01","EMULSÕES ASF. MOD. POR POLÍMEROS RM1C-E","Goiás","-"]
["2023-01-01","EMULSÕES ASF. MOD. POR POLÍMEROS RM1C-E","Acre","-"]
["2023-01-01","EMULSÕES ASF. MOD. POR POLÍMEROS RM1C-E","Santa Catarina","-"]
["2023-03-01","EMULSÕES ASF. MOD. POR POLÍMEROS RM1C-E","Pará","-"]
["2023-05-01","EMULSÕES ASF. MOD. POR POLÍMEROS RM1C-E","Mato Grosso do Sul","-"]
["2023-08-01","EMULSÕES ASF. MOD. POR POLÍMEROS RM1C-E","Maranhão","-"]
["2023-09-01","EMULSÕES ASF. MOD. POR POLÍMEROS RM1C-E","Maranhão","-"]
["2023-11-01","EMULSÕES ASF. MOD. POR POLÍMEROS RM1C-E","Mato Grosso do Sul","-"]
["2023-12-01","EMULSÕES ASF. MOD. POR POLÍMEROS RM1C-E","São Paulo","-"]
["2024-03-01","EMULSÕES ASF. MOD. POR POLÍMEROS RM1C-E","Mato Grosso do Sul","-"]
["2024-03-01","EMULSÕES ASF. MOD. POR POLÍMEROS RM1C-E","Rio Grande do Sul","-"]
["2024-05-01","EMULSÕES ASF. MOD. POR POLÍMEROS RM1C-E","Paraíba","-"]
["2013-01-01","EMULSÕES ASF. MOD. POR POLÍMEROS RR1C-E","Pernambuco","-"]
["2013-02-01","EMULSÕES ASF. MOD. POR POLÍMEROS RR1C-E","Amapá","-"]
["2013-04-01","EMULSÕES ASF. MOD. POR POLÍMEROS RR1C-E","Amapá","-"]
["2013-05-01","EMULSÕES ASF. MOD. POR POLÍMEROS RR1C-E","Piauí","-"]
["2013-08-01","EMULSÕES ASF. MOD. POR POLÍMEROS RR1C-E","Sergipe","-"]
["2013-11-01","EMULSÕES ASF. MOD. POR POLÍMEROS RR1C-E","Acre","-"]
["2013-12-01","EMULSÕES ASF. MOD. POR POLÍMEROS RR1C-E","Amapá","-"]
["2014-01-01","EMULSÕES ASF. MOD. POR POLÍMEROS RR1C-E","Espírito Santo","-"]
["2014-03-01","EMULSÕES ASF. MOD. POR POLÍMEROS RR1C-E","Piauí","-"]
["2014-06-01","EMULSÕES ASF. MOD. POR POLÍMEROS RR1C-E","Amazonas","-"]
["2014-07-01","EMULSÕES ASF. MOD. POR POLÍMEROS RR1C-E","Ceará","-"]
["2014-09-01","EMULSÕES ASF. MOD. POR POLÍMEROS RR1C-E","Ceará","-"]
["2014-11-01","EMULSÕES ASF. MOD. POR POLÍMEROS RR1C-E","Amazonas","-"]
["2014-11-01","EMULSÕES ASF. MOD. POR POLÍMEROS RR1C-E","Roraima","-"]
["2015-01-01","EMULSÕES ASF. MOD. POR POLÍMEROS RR1C-E","Paraíba","-"]
["2015-03-01","EMULSÕES ASF. MOD. POR POLÍMEROS RR1C-E","Rio Grande do Sul","-"]
["2015-06-01","EMULSÕES ASF. MOD. POR POLÍMEROS RR1C-E","Mato Grosso","-"]
["2015-07-01","EMULSÕES ASF. MOD. POR POLÍMEROS RR1C-E","Goiás","-"]
["2015-09-01","EMULSÕES ASF. MOD. POR POLÍMEROS RR1C-E","Minas Gerais","-"]
["2015-10-01","EMULSÕES ASF. MOD. POR POLÍMEROS RR1C-E","Santa Catarina","-"]
["2016-01-01","EMULSÕES ASF. MOD. POR POLÍMEROS RR1C-E","Rio Grande do Norte","-"]
["2016-02-01","EMULSÕES ASF. MOD. POR POLÍMEROS RR1C-E","Mato Grosso do Sul","-"]
["2016-05-01","EMULSÕES ASF. MOD. POR POLÍMEROS RR1C-E","Goiás","-"]
["2016-06-01","EMULSÕES ASF. MOD. POR POLÍMEROS RR1C-E","Piauí","-"]
["2016-08-01","EMULSÕES ASF. MOD. POR POLÍMEROS RR1C-E","Santa Catarina","-"]
["2016-10-01","EMULSÕES ASF. MOD. POR POLÍMEROS RR1C-E","São Paulo","-"]
["2016-12-01","EMULSÕES ASF. MOD. POR POLÍMEROS RR1C-E","Mato Grosso do Sul","-"]
["2017-01-01","EMULSÕES ASF. MOD. POR POLÍMEROS RR1C-E","Tocantins","-"]
["2017-04-01","EMULSÕES ASF. MOD. POR POLÍMEROS RR1C-E","Maranhão","-"]
["2017-05-01","EMULSÕES ASF. MOD. POR POLÍMEROS RR1C-E","Alagoas","-"]
["2017-07-01","EMULSÕES ASF. MOD. POR POLÍMEROS RR1C-E","São Paulo","-"]
["2017-08-01","EMULSÕES ASF. MOD. POR POLÍMEROS RR1C-E","Pernambuco","-"]
["2017-11-01","EMULSÕES ASF. MOD. POR POLÍMEROS RR1C-E","Bahia","-"]
["2017-12-01","EMULSÕES ASF. MOD. POR POLÍMEROS RR1C-E","Paraíba","-"]
["2018-02-01","EMULSÕES ASF. MOD. POR POLÍMEROS RR1C-E","Distrito Federal","-"]
["2018-04-01","EMULSÕES ASF. MOD. POR POLÍMEROS RR1C-E","Amapá","-"]
["2018-06-01","EMULSÕES ASF. MOD. POR POLÍMEROS RR1C-E","Pará","-"]
["2018-07-01","EMULSÕES ASF. MOD. POR POLÍMEROS RR1C-E","Piauí","-"]
["2018-09-01","EMULSÕES ASF. MOD. POR POLÍMEROS RR1C-E","Paraná","-"]
["2018-11-01","EMULSÕES ASF. MOD. POR POLÍMEROS RR1C-E","Ceará","-"]
["2018-12-01","EMULSÕES ASF. MOD. POR POLÍMEROS RR1C-E","Espírito Santo","-"]
["2019-03-01","EMULSÕES ASF. MOD. POR POLÍMEROS RR1C-E","Rio de Janeiro","-"]
["2019-03-01","EMULSÕES ASF. MOD. POR POLÍMEROS RR1C-E","Roraima","-"]
["2019-06-01","EMULSÕES ASF. MOD. POR POLÍMEROS RR1C-E","Rio Grande do Sul","-"]
["2019-07-01","EMULSÕES ASF. MOD. POR POLÍMEROS RR1C-E","Mato Grosso","-"]
["2019-09-01","EMULSÕES ASF. MOD. POR POLÍMEROS RR1C-E","Roraima","-"]
["2019-11-01","EMULSÕES ASF. MOD. POR POLÍMEROS RR1C-E","Goiás","-"]
["2019-12-01","EMULSÕES ASF. MOD. POR POLÍMEROS RR1C-E","São Paulo","-"]
["2020-02-01","EMULSÕES ASF. MOD. POR POLÍMEROS RR1C-E","Santa Catarina","-"]
["2020-05-01","EMULSÕES ASF. MOD. POR POLÍMEROS RR1C-E","Rio Grande do Sul","-"]
["2020-07-01","EMULSÕES ASF. MOD. POR POLÍMEROS RR1C-E","Acre","-"]
["2020-09-01","EMULSÕES ASF. MOD. POR POLÍMEROS RR1C-E","Goiás","-"]
["2020-10-01","EMULSÕES ASF. MOD. POR POLÍMEROS RR1C-E","Amapá","-"]
["2020-12-01","EMULSÕES ASF. MOD. POR POLÍMEROS RR1C-E","Santa Catarina","-"]
["2021-02-01","EMULSÕES ASF. MOD. POR POLÍMEROS RR1C-E","Maranhão","-"]
["2021-04-01","EMULSÕES ASF. MOD. POR POLÍMEROS RR1C-E","Mato Grosso do Sul","-"]
["2021-05-01","EMULSÕES ASF. MOD. POR POLÍMEROS RR1C-E","Mato Grosso do Sul","-"]
["2021-07-01","EMULSÕES ASF. MOD. POR POLÍMEROS RR1C-E","Tocantins","-"]
["2021-09-01","EMULSÕES ASF. MOD. POR POLÍMEROS RR1C-E","Alagoas","-"]
["2021-11-01","EMULSÕES ASF. MOD. POR POLÍMEROS RR1C-E","Paraíba","-"]
["2021-12-01","EMULSÕES ASF. MOD. POR POLÍMEROS RR1C-E","Pernambuco","-"]
["2022-02-01","EMULSÕES ASF. MOD. POR POLÍMEROS RR1C-E","Pernambuco","-"]
["2022-04-01","EMULSÕES ASF. MOD. POR POLÍMEROS RR1C-E","Paraíba","-"]
["2022-05-01","EMULSÕES ASF. MOD. POR POLÍMEROS RR1C-E","Rio de Janeiro","-"]
["2022-08-01","EMULSÕES ASF. MOD. POR POLÍMEROS RR1C-E","Amapá","-"]
["2022-10-01","EMULSÕES ASF. MOD. POR POLÍMEROS RR1C-E","Paraíba","-"]
["2022-11-01","EMULSÕES ASF. MOD. POR POLÍMEROS RR1C-E","Piauí","-"]
["2023-02-01","EMULSÕES ASF. MOD. POR POLÍMEROS RR1C-E","Paraíba","-"]
["2023-02-01","EMULSÕES ASF. MOD. POR POLÍMEROS RR1C-E","Santa Catarina","-"]
["2023-06-01","EMULSÕES ASF. MOD. POR POLÍMEROS RR1C-E","Amapá","-"]
["2023-07-01","EMULSÕES ASF. MOD. POR POLÍMEROS RR1C-E","Amazonas","-"]
["2023-09-01","EMULSÕES ASF. MOD. POR POLÍMEROS RR1C-E","Piauí","-"]
["2023-10-01","EMULSÕES ASF. MOD. POR POLÍMEROS RR1C-E","Ceará","-"]
["2024-01-01","EMULSÕES ASF. MOD. POR POLÍMEROS RR1C-E","Ceará","-"]
["2024-03-01","EMULSÕES ASF. MOD. POR POLÍMEROS RR1C-E","Alagoas","-"]
["2024-03-01","EMULSÕES ASF. MOD. POR POLÍMEROS RR1C-E","Goiás","-"]
["2024-05-01","EMULSÕES ASF. MOD. POR POLÍMEROS RR1C-E","Roraima","-"]
["2024-07-01","EMULSÕES ASF. MOD. POR POLÍMEROS RR1C-E","Mato Grosso","-"]
["2013-02-01","EMULSÕES ASF. MOD. POR POLÍMEROS RR2C-E","Mato Grosso","-"]
["2013-03-01","EMULSÕES ASF. MOD. POR POLÍMEROS RR2C-E","Minas Gerais","-"]
["2013-06-01","EMULSÕES ASF. MOD. POR POLÍMEROS RR2C-E","Goiás","-"]
["2013-08-01","EMULSÕES ASF. MOD. POR POLÍMEROS RR2C-E","Goiás","-"]
["2013-09-01","EMULSÕES ASF. MOD. POR POLÍMEROS RR2C-E","Santa Catarina","-"]
["2013-10-01","EMULSÕES ASF. MOD. POR POLÍMEROS RR2C-E","Rondônia","-"]
["2014-01-01","EMULSÕES ASF. MOD. POR POLÍMEROS RR2C-E","Mato Grosso do Sul","-"]
["2014-02-01","EMULSÕES ASF. MOD. POR POLÍMEROS RR2C-E","Pará","-"]
["2014-05-01","EMULSÕES ASF. MOD. POR POLÍMEROS RR2C-E","Pará","-"]
["2014-06-01","EMULSÕES ASF. MOD. POR POLÍMEROS RR2C-E","Alagoas","-"]
["2014-07-01","EMULSÕES ASF. MOD. POR POLÍMEROS RR2C-E","Tocantins","-"]
["2014-09-01","EMULSÕES ASF. MOD. POR POLÍMEROS RR2C-E","Pernambuco","-"]
["2014-12-01","EMULSÕES ASF. MOD. POR POLÍMEROS RR2C-E","Roraima","-"]
["2015-01-01","EMULSÕES ASF. MOD. POR POLÍMEROS RR2C-E","Paraíba","-"]
["2015-04-01","EMULSÕES ASF. MOD. POR POLÍMEROS RR2C-E","Alagoas","-"]
["2015-05-01","EMULSÕES ASF. MOD. POR POLÍMEROS RR2C-E","Bahia","-"]
["2015-07-01","EMULSÕES ASF. MOD. POR POLÍMEROS RR2C-E","Pernambuco","-"]
["2015-08-01","EMULSÕES ASF. MOD. POR POLÍMEROS RR2C-E","Distrito Federal","-"]
["2015-11-01","EMULSÕES ASF. MOD. POR POLÍMEROS RR2C-E","Paraíba","-"]
["2016-01-01","EMULSÕES ASF. MOD. POR POLÍMEROS RR2C-E","Amapá","-"]
["2016-03-01","EMULSÕES ASF. MOD. POR POLÍMEROS RR2C-E","Amapá","-"]
["2016-04-01","EMULSÕES ASF. MOD. POR POLÍMEROS RR2C-E","Bahia","-"]
["2016-06-01","EMULSÕES ASF. MOD. POR POLÍMEROS RR2C-E","Piauí","-"]
["2016-07-01","EMULSÕES ASF. MOD. POR POLÍMEROS RR2C-E","Rio Grande do Norte","-"]
["2016-10-01","EMULSÕES ASF. MOD. POR POLÍMEROS RR2C-E","Espírito Santo","-"]
["2016-11-01","EMULSÕES ASF. MOD. POR POLÍMEROS RR2C-E","Espírito Santo","-"]
["2016-12-01","EMULSÕES ASF. MOD. POR POLÍMEROS RR2C-E","Rio Grande do Sul","-"]
["2017-02-01","EMULSÕES ASF. MOD. POR POLÍMEROS RR2C-E","Roraima","-"]
["2017-05-01","EMULSÕES ASF. MOD. POR POLÍMEROS RR2C-E","Pernambuco","-"]
["2017-06-01","EMULSÕES ASF. MOD. POR POLÍMEROS RR2C-E","Mato Grosso","-"]
["2017-08-01","EMULSÕES ASF. MOD. POR POLÍMEROS RR2C-E","Rio de Janeiro","-"]
["2017-10-01","EMULSÕES ASF. MOD. POR POLÍMEROS RR2C-E","Goiás","-"]
["2017-12-01","EMULSÕES ASF. MOD. POR POLÍMEROS RR2C-E","Roraima","-"]
["2018-01-01","EMULSÕES ASF. MOD. POR POLÍMEROS RR2C-E","Acre","-"]
["2018-04-01","EMULSÕES ASF. MOD. POR POLÍMEROS RR2C-E","Mato Grosso","-"]
["2018-05-01","EMULSÕES ASF. MOD. POR POLÍMEROS RR2C-E","Santa Catarina","-"]
["2018-06-01","EMULSÕES ASF. MOD. POR POLÍMEROS RR2C-E","Pará","-"]
["2018-08-01","EMULSÕES ASF. MOD. POR POLÍMEROS RR2C-E","Sergipe","-"]
["2018-10-01","EMULSÕES ASF. MOD. POR POLÍMEROS RR2C-E","Alagoas","-"]
["2019-01-01","EMULSÕES ASF. MOD. POR POLÍMEROS RR2C-E","Ceará","-"]
["2019-01-01","EMULSÕES ASF. MOD. POR POLÍMEROS RR2C-E","Pernambuco","-"]
["2019-04-01","EMULSÕES ASF. MOD. POR POLÍMEROS RR2C-E","Pará","-"]
["2019-06-01","EMULSÕES ASF. MOD. POR POLÍMEROS RR2C-E","Amazonas","-"]
["2019-08-01","EMULSÕES ASF. MOD. POR POLÍMEROS RR2C-E","Alagoas","-"]
["2019-10-01","EMULSÕES ASF. MOD. POR POLÍMEROS RR2C-E","Mato Grosso",2.4815069936934058]
["2019-11-01","EMULSÕES ASF. MOD. POR POLÍMEROS RR2C-E","Pernambuco","-"]
["2020-01-01","EMULSÕES ASF. MOD. POR POLÍMEROS RR2C-E","Minas Gerais","-"]
["2020-03-01","EMULSÕES ASF. MOD. POR POLÍMEROS RR2C-E","Paraíba","-"]
["2020-04-01","EMULSÕES ASF. MOD. POR POLÍMEROS RR2C-E","Paraíba","-"]
["2020-07-01","EMULSÕES ASF. MOD. POR POLÍMEROS RR2C-E","Amapá","-"]
["2020-07-01","EMULSÕES ASF. MOD. POR POLÍMEROS RR2C-E","Rondônia","-"]
["2020-10-01","EMULSÕES ASF. MOD. POR POLÍMEROS RR2C-E","Piauí","-"]
["2020-11-01","EMULSÕES ASF. MOD. POR POLÍMEROS RR2C-E","Rio Grande do Norte","-"]
["2021-01-01","EMULSÕES ASF. MOD. POR POLÍMEROS RR2C-E","Rio Grande do Norte","-"]
["2021-03-01","EMULSÕES ASF. MOD. POR POLÍMEROS RR2C-E","Espírito Santo","-"]
["2021-04-01","EMULSÕES ASF. MOD. POR POLÍMEROS RR2C-E","Rondônia","-"]
["2021-06-01","EMULSÕES ASF. MOD. POR POLÍMEROS RR2C-E","Roraima","-"]
["2021-09-01","EMULSÕES ASF. MOD. POR POLÍMEROS RR2C-E","Alagoas","-"]
["2021-10-01","EMULSÕES ASF. MOD. POR POLÍMEROS RR2C-E","Mato Grosso",3.4516287536150205]
["2022-01-01","EMULSÕES ASF. MOD. POR POLÍMEROS RR2C-E","Espírito Santo","-"]
["2022-03-01","EMULSÕES ASF. MOD. POR POLÍMEROS RR2C-E","Bahia","-"]
["2022-04-01","EMULSÕES ASF. MOD. POR POLÍMEROS RR2C-E","Roraima","-"]
["2022-06-01","EMULSÕES ASF. MOD. POR POLÍMEROS RR2C-E","Distrito Federal","-"]
["2022-08-01","EMULSÕES ASF. MOD. POR POLÍMEROS RR2C-E","Mato Grosso","-"]
["2022-09-01","EMULSÕES ASF. MOD. POR POLÍMEROS RR2C-E","Goiás","-"]
["2022-10-01","EMULSÕES ASF. MOD. POR POLÍMEROS RR2C-E","Pará","-"]
["2022-12-01","EMULSÕES ASF. MOD. POR POLÍMEROS RR2C-E","Mato Grosso","-"]
["2023-02-01","EMULSÕES ASF. MOD. POR POLÍMEROS RR2C-E","Alagoas","-"]
["2023-04-01","EMULSÕES ASF. MOD. POR POLÍMEROS RR2C-E","Sergipe","-"]
["2023-06-01","EMULSÕES ASF. MOD. POR POLÍMEROS RR2C-E","Pará","-"]
["2023-08-01","EMULSÕES ASF. MOD. POR POLÍMEROS RR2C-E","Pará","-"]
["2023-09-01","EMULSÕES ASF. MOD. POR POLÍMEROS RR2C-E","Paraná","-"]
["2023-12-01","EMULSÕES ASF. MOD. POR POLÍMEROS RR2C-E","Alagoas","-"]
["2024-01-01","EMULSÕES ASF. MOD. POR POLÍMEROS RR2C-E","Roraima","-"]
["2024-03-01","EMULSÕES ASF. MOD. POR POLÍMEROS RR2C-E","Pernambuco","-"]
["2024-04-01","EMULSÕES ASF. MOD. POR POLÍMEROS RR2C-E","São Paulo","-"]
["2024-07-01","EMULSÕES ASF. MOD. POR POLÍMEROS RR2C-E","Bahia","-"]
["2013-01-01","EMULSÕES ASFÁLTICAS LA-E","Distrito Federal","-"]
["2013-04-01","EMULSÕES ASFÁLTICAS LA-E","Acre","-"]
["2013-04-01","EMULSÕES ASFÁLTICAS LA-E","Rondônia","-"]
["2013-07-01","EMULSÕES ASFÁLTICAS LA-E","Amapá","-"]
["2013-08-01","EMULSÕES ASFÁLTICAS LA-E","Rio Grande do Norte","-"]
["2013-10-01","EMULSÕES ASFÁLTICAS LA-E","Bahia","-"]
["2013-12-01","EMULSÕES ASFÁLTICAS LA-E","Espírito Santo","-"]
["2014-03-01","EMULSÕES ASFÁLTICAS LA-E","Acre","-"]
["2014-03-01","EMULSÕES ASFÁLTICAS LA-E","Roraima","-"]
["2014-06-01","EMULSÕES ASFÁLTICAS LA-E","Rio Grande do Norte","-"]
["2014-07-01","EMULSÕES ASFÁLTICAS LA-E","Maranhão","-"]
["2014-10-01","EMULSÕES ASFÁLTICAS LA-E","Espírito Santo","-"]
["2014-12-01","EMULSÕES ASFÁLTICAS LA-E","Ceará","-"]
["2015-01-01","EMULSÕES ASFÁLTICAS LA-E","Roraima","-"]
["2015-02-01","EMULSÕES ASFÁLTICAS LA-E","Rio de Janeiro","-"]
["2015-05-01","EMULSÕES ASFÁLTICAS LA-E","Mato Grosso","-"]
["2015-06-01","EMULSÕES ASFÁLTICAS LA-E","Minas Gerais","-"]
["2015-08-01","EMULSÕES ASFÁLTICAS LA-E","Rondônia","-"]
["2013-02-01","EMULSÕES ASFÁLTICAS RL-1C","Acre","-"]
["2013-03-01","EMULSÕES ASFÁLTICAS RL-1C","Santa Catarina","-"]
["2013-05-01","EMULSÕES ASFÁLTICAS RL-1C","Paraná",0.82919201005571375]
["2013-06-01","EMULSÕES ASFÁLTICAS RL-1C","Sergipe","-"]
["2013-09-01","EMULSÕES ASFÁLTICAS RL-1C","Pará","-"]
["2013-11-01","EMULSÕES ASFÁLTICAS RL-1C","Rondônia","-"]
["2014-01-01","EMULSÕES ASFÁLTICAS RL-1C","Alagoas","-"]
["2014-02-01","EMULSÕES ASFÁLTICAS RL-1C","Amazonas","-"]
["2014-04-01","EMULSÕES ASFÁLTICAS RL-1C","Amazonas","-"]
["2014-05-01","EMULSÕES ASFÁLTICAS RL-1C","Rio de Janeiro","-"]
["2014-08-01","EMULSÕES ASFÁLTICAS RL-1C","Tocantins","-"]
["2014-09-01","EMULSÕES ASFÁLTICAS RL-1C","Distrito Federal","-"]
["2014-11-01","EMULSÕES ASFÁLTICAS RL-1C","Minas Gerais",0.90817259094869818]
["2014-12-01","EMULSÕES ASFÁLTICAS RL-1C","Rondônia","-"]
["2015-04-01","EMULSÕES ASFÁLTICAS RL-1C","Goiás",1.2833727016623195]
["2015-04-01","EMULSÕES ASFÁLTICAS RL-1C","Maranhão","-"]
["2015-07-01","EMULSÕES ASFÁLTICAS RL-1C","Distrito Federal","-"]
["2015-08-01","EMULSÕES ASFÁLTICAS RL-1C","Piauí","-"]
["2015-10-01","EMULSÕES ASFÁLTICAS RL-1C","Rondônia","-"]
["2015-11-01","EMULSÕES ASFÁLTICAS RL-1C","Rio Grande do Norte","-"]
["2016-02-01","EMULSÕES ASFÁLTICAS RL-1C","Rio Grande do Norte","-"]
["2016-04-01","EMULSÕES ASFÁLTICAS RL-1C","Paraná",1.520769374893121]
["2016-06-01","EMULSÕES ASFÁLTICAS RL-1C","Espírito Santo","-"]
["2016-07-01","EMULSÕES ASFÁLTICAS RL-1C","Piauí","-"]
["2016-09-01","EMULSÕES ASFÁLTICAS RL-1C","Roraima","-"]
["2016-10-01","EMULSÕES ASFÁLTICAS RL-1C","São Paulo",1.3158284034370304]
["2017-01-01","EMULSÕES ASFÁLTICAS RL-1C","Rio Grande do Sul","-"]
["2017-02-01","EMULSÕES ASFÁLTICAS RL-1C","Minas Gerais",1.2578712106210161]
["2017-04-01","EMULSÕES ASFÁLTICAS RL-1C","Roraima","-"]
["2017-06-01","EMULSÕES ASFÁLTICAS RL-1C","Acre","-"]
["2017-09-01","EMULSÕES ASFÁLTICAS RL-1C","Amapá","-"]
["2017-09-01","EMULSÕES ASFÁLTICAS RL-1C","Paraná",1.2122275584505402]
["2017-12-01","EMULSÕES ASFÁLTICAS RL-1C","Bahia","-"]
["2018-01-01","EMULSÕES ASFÁLTICAS RL-1C","Pará","-"]
["2018-04-01","EMULSÕES ASFÁLTICAS RL-1C","Acre","-"]
["2018-04-01","EMULSÕES ASFÁLTICAS RL-1C","Pará","-"]
["2018-07-01","EMULSÕES ASFÁLTICAS RL-1C","Paraná",1.4643765638718145]
["2018-09-01","EMULSÕES ASFÁLTICAS RL-1C","Maranhão","-"]
["2018-11-01","EMULSÕES ASFÁLTICAS RL-1C","Pará","-"]
["2018-12-01","EMULSÕES ASFÁLTICAS RL-1C","Mato Grosso do Sul","-"]
["2019-03-01","EMULSÕES ASFÁLTICAS RL-1C","Alagoas","-"]
["2019-04-01","EMULSÕES ASFÁLTICAS RL-1C","Rio de Janeiro","-"]
["2019-06-01","EMULSÕES ASFÁLTICAS RL-1C","Pernambuco","-"]
["2019-07-01","EMULSÕES ASFÁLTICAS RL-1C","Rio de Janeiro","-"]
["2019-09-01","EMULSÕES ASFÁLTICAS RL-1C","Pernambuco","-"]
["2019-11-01","EMULSÕES ASFÁLTICAS RL-1C","Distrito Federal","-"]
["2020-01-01","EMULSÕES ASFÁLTICAS RL-1C","Santa Catarina","-"]
["2020-02-01","EMULSÕES ASFÁLTICAS RL-1C","Rondônia","-"]
["2020-04-01","EMULSÕES ASFÁLTICAS RL-1C","Sergipe","-"]
["2020-06-01","EMULSÕES ASFÁLTICAS RL-1C","Maranhão","-"]
["2020-08-01","EMULSÕES ASFÁLTICAS RL-1C","Acre","-"]
["2020-10-01","EMULSÕES ASFÁLTICAS RL-1C","Espírito Santo","-"]
["2020-10-01","EMULSÕES ASFÁLTICAS RL-1C","Tocantins","-"]
["2021-02-01","EMULSÕES ASFÁLTICAS RL-1C","Amazonas","-"]
["2021-02-01","EMULSÕES ASFÁLTICAS RL-1C","São Paulo",2.1215440710248625]
["2021-05-01","EMULSÕES ASFÁLTICAS RL-1C","Ceará","-"]
["2021-06-01","EMULSÕES ASFÁLTICAS RL-1C","Minas Gerais",2.3664060240015008]
["2021-08-01","EMULSÕES ASFÁLTICAS RL-1C","Espírito Santo","-"]
["2021-10-01","EMULSÕES ASFÁLTICAS RL-1C","Acre","-"]
["2021-12-01","EMULSÕES ASFÁLTICAS RL-1C","Paraíba","-"]
["2022-01-01","EMULSÕES ASFÁLTICAS RL-1C","Paraná",2.8284400548413622]
["2022-04-01","EMULSÕES ASFÁLTICAS RL-1C","Minas Gerais",3.1604588926843564]
["2022-06-01","EMULSÕES ASFÁLTICAS RL-1C","Piauí","-"]
["2022-08-01","EMULSÕES ASFÁLTICAS RL-1C","Acre","-"]
["2022-09-01","EMULSÕES ASFÁLTICAS RL-1C","Rio Grande do Norte","-"]
["2022-11-01","EMULSÕES ASFÁLTICAS RL-1C","Paraná",2.974600657869638]
["2022-12-01","EMULSÕES ASFÁLTICAS RL-1C","Rondônia","-"]
["2023-03-01","EMULSÕES ASFÁLTICAS RL-1C","Pará","-"]
["2023-04-01","EMULSÕES ASFÁLTICAS RL-1C","Ceará","-"]
["2023-06-01","EMULSÕES ASFÁLTICAS RL-1C","São Paulo",2.4284439825106006]
["2023-07-01","EMULSÕES ASFÁLTICAS RL-1C","Rio Grande do Sul","-"]
["2023-09-01","EMULSÕES ASFÁLTICAS RL-1C","Tocantins","-"]
["2023-11-01","EMULSÕES ASFÁLTICAS RL-1C","Rio de Janeiro","-"]
["2024-01-01","EMULSÕES ASFÁLTICAS RL-1C","Alagoas","-"]
["2024-03-01","EMULSÕES ASFÁLTICAS RL-1C","Distrito Federal","-"]
["2024-05-01","EMULSÕES ASFÁLTICAS RL-1C","Goiás",2.6911815678628037]
["2024-06-01","EMULSÕES ASFÁLTICAS RL-1C","Rondônia","-"]
["2024-07-01","EMULSÕES ASFÁLTICAS RL-1C","Santa Catarina","-"]
["2013-03-01","EMULSÕES ASFÁLTICAS RM-1C","Distrito Federal","-"]
["2013-06-01","EMULSÕES ASFÁLTICAS RM-1C","Distrito Federal","-"]
["2013-07-01","EMULSÕES ASFÁLTICAS RM-1C","Pará","-"]
["2013-09-01","EMULSÕES ASFÁLTICAS RM-1C","Rondônia","-"]
["2013-10-01","EMULSÕES ASFÁLTICAS RM-1C","Paraná",0.88781523634519122]
["2014-01-01","EMULSÕES ASFÁLTICAS RM-1C","Maranhão","-"]
["2014-01-01","EMULSÕES ASFÁLTICAS RM-1C","Piauí","-"]
["2014-03-01","EMULSÕES ASFÁLTICAS RM-1C","Minas Gerais",0.86677595722781331]
["2014-05-01","EMULSÕES ASFÁLTICAS RM-1C","Tocantins","-"]
["2014-07-01","EMULSÕES ASFÁLTICAS RM-1C","Rio Grande do Sul",0.92673870713197004]
["2014-09-01","EMULSÕES ASFÁLTICAS RM-1C","São Paulo",1.0001261281057976]
["2014-10-01","EMULSÕES ASFÁLTICAS RM-1C","Roraima","-"]
["2015-01-01","EMULSÕES ASFÁLTICAS RM-1C","Minas Gerais","-"]
["2015-03-01","EMULSÕES ASFÁLTICAS RM-1C","Rio de Janeiro","-"]
["2015-05-01","EMULSÕES ASFÁLTICAS RM-1C","Acre","-"]
["2015-06-01","EMULSÕES ASFÁLTICAS RM-1C","Bahia","-"]
["2015-08-01","EMULSÕES ASFÁLTICAS RM-1C","Paraná",1.2713057884743604]
["2015-09-01","EMULSÕES ASFÁLTICAS RM-1C","Piauí","-"]
["2015-12-01","EMULSÕES ASFÁLTICAS RM-1C","Espírito Santo","-"]
["2016-01-01","EMULSÕES ASFÁLTICAS RM-1C","Ceará",1.4987221121298884]
["2016-03-01","EMULSÕES ASFÁLTICAS RM-1C","Maranhão","-"]
["2016-04-01","EMULSÕES ASFÁLTICAS RM-1C","Rio Grande do Sul",1.3244731058427441]
["2016-06-01","EMULSÕES ASFÁLTICAS RM-1C","Mato Grosso do Sul","-"]
["2016-08-01","EMULSÕES ASFÁLTICAS RM-1C","Rio de Janeiro",1.5812134695671283]
["2016-11-01","EMULSÕES ASFÁLTICAS RM-1C","Espírito Santo","-"]
["2016-12-01","EMULSÕES ASFÁLTICAS RM-1C","Distrito Federal","-"]
["2017-02-01","EMULSÕES ASFÁLTICAS RM-1C","Rio Grande do Sul","-"]
["2017-03-01","EMULSÕES ASFÁLTICAS RM-1C","Pernambuco","-"]
["2017-06-01","EMULSÕES ASFÁLTICAS RM-1C","Rio de Janeiro","-"]
["2017-08-01","EMULSÕES ASFÁLTICAS RM-1C","Minas Gerais",1.8363878361880466]
["2017-10-01","EMULSÕES ASFÁLTICAS RM-1C","Distrito Federal","-"]
["2017-10-01","EMULSÕES ASFÁLTICAS RM-1C","Sergipe","-"]
["2018-01-01","EMULSÕES ASFÁLTICAS RM-1C","Rondônia","-"]
["2018-02-01","EMULSÕES ASFÁLTICAS RM-1C","Acre","-"]
["2018-05-01","EMULSÕES ASFÁLTICAS RM-1C","Maranhão","-"]
["2018-06-01","EMULSÕES ASFÁLTICAS RM-1C","Mato Grosso do Sul","-"]
["2018-08-01","EMULSÕES ASFÁLTICAS RM-1C","Amazonas","-"]
["2018-09-01","EMULSÕES ASFÁLTICAS RM-1C","Tocantins","-"]
["2018-11-01","EMULSÕES ASFÁLTICAS RM-1C","Ceará",1.9736566205147541]
["2019-01-01","EMULSÕES ASFÁLTICAS RM-1C","Paraíba","-"]
["2019-04-01","EMULSÕES ASFÁLTICAS RM-1C","Alagoas","-"]
["2019-05-01","EMULSÕES ASFÁLTICAS RM-1C","Minas Gerais","-"]
["2019-07-01","EMULSÕES ASFÁLTICAS RM-1C","Amazonas","-"]
["2019-09-01","EMULSÕES ASFÁLTICAS RM-1C","Acre","-"]
["2019-10-01","EMULSÕES ASFÁLTICAS RM-1C","Amapá","-"]
["2020-01-01","EMULSÕES ASFÁLTICAS RM-1C","Distrito Federal","-"]
["2020-01-01","EMULSÕES ASFÁLTICAS RM-1C","Piauí","-"]
["2020-04-01","EMULSÕES ASFÁLTICAS RM-1C","Goiás","-"]
["2020-05-01","EMULSÕES ASFÁLTICAS RM-1C","Ceará",1.7222756754826409]
["2020-06-01","EMULSÕES ASFÁLTICAS RM-1C","Rondônia","-"]
["2020-08-01","EMULSÕES ASFÁLTICAS RM-1C","Rio Grande do Sul","-"]
["2020-11-01","EMULSÕES ASFÁLTICAS RM-1C","Piauí","-"]
["2020-12-01","EMULSÕES ASFÁLTICAS RM-1C","Rio de Janeiro","-"]
["2021-03-01","EMULSÕES ASFÁLTICAS RM-1C","Ceará",2.0584348406073172]
["2021-03-01","EMULSÕES ASFÁLTICAS RM-1C","Tocantins","-"]
["2021-06-01","EMULSÕES ASFÁLTICAS RM-1C","Rio Grande do Sul","-"]
["2021-08-01","EMULSÕES ASFÁLTICAS RM-1C","Roraima","-"]
["2021-10-01","EMULSÕES ASFÁLTICAS RM-1C","Rio de Janeiro","-"]
["2021-11-01","EMULSÕES ASFÁLTICAS RM-1C","São Paulo","-"]
["2022-02-01","EMULSÕES ASFÁLTICAS RM-1C","Distrito Federal","-"]
["2022-02-01","EMULSÕES ASFÁLTICAS RM-1C","Tocantins","-"]
["2022-05-01","EMULSÕES ASFÁLTICAS RM-1C","Rondônia","-"]
["2022-06-01","EMULSÕES ASFÁLTICAS RM-1C","Santa Catarina","-"]
["2022-09-01","EMULSÕES ASFÁLTICAS RM-1C","Amapá","-"]
["2022-10-01","EMULSÕES ASFÁLTICAS RM-1C","Mato Grosso do Sul","-"]
["2022-11-01","EMULSÕES ASFÁLTICAS RM-1C","Paraná",2.7933109781714149]
["2023-01-01","EMULSÕES ASFÁLTICAS RM-1C","Tocantins","-"]
["2023-04-01","EMULSÕES ASFÁLTICAS RM-1C","Mato Grosso do Sul","-"]
["2023-05-01","EMULSÕES ASFÁLTICAS RM-1C","Paraíba","-"]
["2023-08-01","EMULSÕES ASFÁLTICAS RM-1C","Mato Grosso do Sul","-"]
["2023-08-01","EMULSÕES ASFÁLTICAS RM-1C","Rio Grande do Sul","-"]
["2023-11-01","EMULSÕES ASFÁLTICAS RM-1C","Tocantins","-"]
["2024-01-01","EMULSÕES ASFÁLTICAS RM-1C","Pernambuco","-"]
["2024-02-01","EMULSÕES ASFÁLTICAS RM-1C","Amapá","-"]
["2024-04-01","EMULSÕES ASFÁLTICAS RM-1C","Rio de Janeiro","-"]
["2024-05-01","EMULSÕES ASFÁLTICAS RM-1C","Piauí","-"]
["2024-07-01","EMULSÕES ASFÁLTICAS RM-1C","Rio Grande do Sul",2.885315160836027]
["2013-02-01","EMULSÕES ASFÁLTICAS RM-2C","Ceará","-"]
["2013-05-01","EMULSÕES ASFÁLTICAS RM-2C","Amapá","-"]
["2013-06-01","EMULSÕES ASFÁLTICAS RM-2C","Santa Catarina","-"]
["2013-08-01","EMULSÕES ASFÁLTICAS RM-2C","Piauí","-"]
["2013-09-01","EMULSÕES ASFÁLTICAS RM-2C","Sergipe","-"]
["2013-12-01","EMULSÕES ASFÁLTICAS RM-2C","Ceará","-"]
["2014-02-01","EMULSÕES ASFÁLTICAS RM-2C","Ceará","-"]
["2014-03-01","EMULSÕES ASFÁLTICAS RM-2C","Rio Grande do Sul","-"]
["2014-05-01","EMULSÕES ASFÁLTICAS RM-2C","Espírito Santo","-"]
["2014-07-01","EMULSÕES ASFÁLTICAS RM-2C","Rio de Janeiro","-"]
["2014-08-01","EMULSÕES ASFÁLTICAS RM-2C","Mato Grosso","-"]
["2014-11-01","EMULSÕES ASFÁLTICAS RM-2C","Mato Grosso","-"]
["2014-11-01","EMULSÕES ASFÁLTICAS RM-2C","Sergipe","-"]
["2015-02-01","EMULSÕES ASFÁLTICAS RM-2C","Minas Gerais","-"]
["2015-03-01","EMULSÕES ASFÁLTICAS RM-2C","Santa Catarina","-"]
["2015-05-01","EMULSÕES ASFÁLTICAS RM-2C","Paraíba","-"]
["2015-07-01","EMULSÕES ASFÁLTICAS RM-2C","Mato Grosso do Sul","-"]
["2015-10-01","EMULSÕES ASFÁLTICAS RM-2C","Mato Grosso","-"]
["2015-10-01","EMULSÕES ASFÁLTICAS RM-2C","Tocantins","-"]
["2016-01-01","EMULSÕES ASFÁLTICAS RM-2C","Santa Catarina","-"]
["2016-02-01","EMULSÕES ASFÁLTICAS RM-2C","Rio Grande do Norte","-"]
["2016-05-01","EMULSÕES ASFÁLTICAS RM-2C","Mato Grosso do Sul","-"]
["2016-06-01","EMULSÕES ASFÁLTICAS RM-2C","Tocantins","-"]
["2016-08-01","EMULSÕES ASFÁLTICAS RM-2C","Tocantins","-"]
["2016-10-01","EMULSÕES ASFÁLTICAS RM-2C","Alagoas","-"]
["2016-12-01","EMULSÕES ASFÁLTICAS RM-2C","Paraíba","-"]
["2017-01-01","EMULSÕES ASFÁLTICAS RM-2C","Amazonas","-"]
["2017-04-01","EMULSÕES ASFÁLTICAS RM-2C","Minas Gerais","-"]
["2017-05-01","EMULSÕES ASFÁLTICAS RM-2C","Bahia","-"]
["2017-07-01","EMULSÕES ASFÁLTICAS RM-2C","Distrito Federal","-"]
["2017-09-01","EMULSÕES ASFÁLTICAS RM-2C","Amapá","-"]
["2017-10-01","EMULSÕES ASFÁLTICAS RM-2C","Goiás","-"]
["2017-12-01","EMULSÕES ASFÁLTICAS RM-2C","Piauí","-"]
["2018-03-01","EMULSÕES ASFÁLTICAS RM-2C","Bahia","-"]
["2018-04-01","EMULSÕES ASFÁLTICAS RM-2C","Ceará","-"]
["2018-05-01","EMULSÕES ASFÁLTICAS RM-2C","Piauí","-"]
["2018-07-01","EMULSÕES ASFÁLTICAS RM-2C","Rio Grande do Sul","-"]
["2018-08-01","EMULSÕES ASFÁLTICAS RM-2C","Roraima","-"]
["2018-10-01","EMULSÕES ASFÁLTICAS RM-2C","Paraná","-"]
["2018-12-01","EMULSÕES ASFÁLTICAS RM-2C","Mato Grosso","-"]
["2019-02-01","EMULSÕES ASFÁLTICAS RM-2C","Roraima","-"]
["2019-03-01","EMULSÕES ASFÁLTICAS RM-2C","Sergipe","-"]
["2019-05-01","EMULSÕES ASFÁLTICAS RM-2C","São Paulo","-"]
["2019-07-01","EMULSÕES ASFÁLTICAS RM-2C","Santa Catarina","-"]
["2019-10-01","EMULSÕES ASFÁLTICAS RM-2C","Rio Grande do Sul","-"]
["2019-11-01","EMULSÕES ASFÁLTICAS RM-2C","Mato Grosso do Sul","-"]
["2020-01-01","EMULSÕES ASFÁLTICAS RM-2C","Sergipe","-"]
["2020-03-01","EMULSÕES ASFÁLTICAS RM-2C","Amapá","-"]
["2020-05-01","EMULSÕES ASFÁLTICAS RM-2C","Santa Catarina","-"]
["2020-07-01","EMULSÕES ASFÁLTICAS RM-2C","Sergipe","-"]
["2020-09-01","EMULSÕES ASFÁLTICAS RM-2C","Mato Grosso do Sul","-"]
["2020-10-01","EMULSÕES ASFÁLTICAS RM-2C","Mato Grosso do Sul","-"]
["2020-12-01","EMULSÕES ASFÁLTICAS RM-2C","Tocantins","-"]
["2021-01-01","EMULSÕES ASFÁLTICAS RM-2C","Pará","-"]
["2021-04-01","EMULSÕES ASFÁLTICAS RM-2C","Paraíba","-"]
["2021-05-01","EMULSÕES ASFÁLTICAS RM-2C","Pernambuco","-"]
["2021-07-01","EMULSÕES ASFÁLTICAS RM-2C","Pernambuco","-"]
["2021-09-01","EMULSÕES ASFÁLTICAS RM-2C","Bahia","-"]
["2021-10-01","EMULSÕES ASFÁLTICAS RM-2C","Rio de Janeiro","-"]
["2021-12-01","EMULSÕES ASFÁLTICAS RM-2C","Rio Grande do Norte","-"]
["2022-03-01","EMULSÕES ASFÁLTICAS RM-2C","Paraíba","-"]
["2022-04-01","EMULSÕES ASFÁLTICAS RM-2C","Piauí","-"]
["2022-06-01","EMULSÕES ASFÁLTICAS RM-2C","Pernambuco","-"]
["2022-08-01","EMULSÕES ASFÁLTICAS RM-2C","Ceará","-"]
["2022-09-01","EMULSÕES ASFÁLTICAS RM-2C","Espírito Santo","-"]
["2022-12-01","EMULSÕES ASFÁLTICAS RM-2C","Rio Grande do Norte","-"]
["2022-12-01","EMULSÕES ASFÁLTICAS RM-2C","Roraima","-"]
["2023-03-01","EMULSÕES ASFÁLTICAS RM-2C","Rondônia","-"]
["2023-06-01","EMULSÕES ASFÁLTICAS RM-2C","Ceará","-"]
["2023-06-01","EMULSÕES ASFÁLTICAS RM-2C","Espírito Santo","-"]
["2023-09-01","EMULSÕES ASFÁLTICAS RM-2C","Rio Grande do Sul","-"]
["2023-10-01","EMULSÕES ASFÁLTICAS RM-2C","Roraima","-"]
["2023-12-01","EMULSÕES ASFÁLTICAS RM-2C","Tocantins","-"]
["2024-02-01","EMULSÕES ASFÁLTICAS RM-2C","Mato Grosso","-"]
["2024-03-01","EMULSÕES ASFÁLTICAS RM-2C","Minas Gerais","-"]
["2024-05-01","EMULSÕES ASFÁLTICAS RM-2C","Sergipe","-"]
["2013-01-01","EMULSÕES ASFÁLTICAS RR-1C","Goiás","-"]
["2013-02-01","EMULSÕES ASFÁLTICAS RR-1C","Santa Catarina","-"]
["2013-04-01","EMULSÕES ASFÁLTICAS RR-1C","Mato Grosso","-"]
["2013-06-01","EMULSÕES ASFÁLTICAS RR-1C","Mato Grosso do Sul","-"]
["2013-07-01","EMULSÕES ASFÁLTICAS RR-1C","Amazonas","-"]
["2013-10-01","EMULSÕES ASFÁLTICAS RR-1C","Pará","-"]
["2013-11-01","EMULSÕES ASFÁLTICAS RR-1C","Alagoas","-"]
["2014-01-01","EMULSÕES ASFÁLTICAS RR-1C","Paraná",0.77751115159720885]
["2014-02-01","EMULSÕES ASFÁLTICAS RR-1C","Pernambuco","-"]
["2014-04-01","EMULSÕES ASFÁLTICAS RR-1C","Alagoas","-"]
["2014-06-01","EMULSÕES ASFÁLTICAS RR-1C","Bahia","-"]
["2014-08-01","EMULSÕES ASFÁLTICAS RR-1C","São Paulo",0.77414596575847383]
["2014-09-01","EMULSÕES ASFÁLTICAS RR-1C","Rio Grande do Norte","-"]
["2014-12-01","EMULSÕES ASFÁLTICAS RR-1C","Pernambuco","-"]
["2015-01-01","EMULSÕES ASFÁLTICAS RR-1C","Distrito Federal","-"]
["2015-04-01","EMULSÕES ASFÁLTICAS RR-1C","Bahia","-"]
["2015-06-01","EMULSÕES ASFÁLTICAS RR-1C","Amapá","-"]
["2015-07-01","EMULSÕES ASFÁLTICAS RR-1C","Rio Grande do Norte","-"]
["2015-09-01","EMULSÕES ASFÁLTICAS RR-1C","Bahia","-"]
["2015-11-01","EMULSÕES ASFÁLTICAS RR-1C","Piauí","-"]
["2015-12-01","EMULSÕES ASFÁLTICAS RR-1C","Distrito Federal","-"]
["2016-03-01","EMULSÕES ASFÁLTICAS RR-1C","Ceará",1.2931030628187365]
["2016-04-01","EMULSÕES ASFÁLTICAS RR-1C","Espírito Santo","-"]
["2016-06-01","EMULSÕES ASFÁLTICAS RR-1C","Maranhão","-"]
["2016-07-01","EMULSÕES ASFÁLTICAS RR-1C","Roraima","-"]
["2016-09-01","EMULSÕES ASFÁLTICAS RR-1C","Mato Grosso do Sul","-"]
["2016-11-01","EMULSÕES ASFÁLTICAS RR-1C","Mato Grosso",1.4151698501967755]
["2017-01-01","EMULSÕES ASFÁLTICAS RR-1C","Rio de Janeiro","-"]
["2017-02-01","EMULSÕES ASFÁLTICAS RR-1C","Sergipe","-"]
["2017-04-01","EMULSÕES ASFÁLTICAS RR-1C","Rio Grande do Sul",1.0279887784948623]
["2017-06-01","EMULSÕES ASFÁLTICAS RR-1C","Pará","-"]
["2017-07-01","EMULSÕES ASFÁLTICAS RR-1C","Paraná",1.1208239264310922]
["2017-10-01","EMULSÕES ASFÁLTICAS RR-1C","Santa Catarina","-"]
["2017-12-01","EMULSÕES ASFÁLTICAS RR-1C","Sergipe","-"]
["2018-01-01","EMULSÕES ASFÁLTICAS RR-1C","Sergipe","-"]
["2018-03-01","EMULSÕES ASFÁLTICAS RR-1C","Alagoas","-"]
["2018-05-01","EMULSÕES ASFÁLTICAS RR-1C","Acre","-"]
["2018-06-01","EMULSÕES ASFÁLTICAS RR-1C","Pernambuco","-"]
["2018-09-01","EMULSÕES ASFÁLTICAS RR-1C","Santa Catarina","-"]
["2018-10-01","EMULSÕES ASFÁLTICAS RR-1C","Bahia",1.7044107342328205]
["2019-01-01","EMULSÕES ASFÁLTICAS RR-1C","Alagoas","-"]
["2019-02-01","EMULSÕES ASFÁLTICAS RR-1C","Ceará","-"]
["2019-04-01","EMULSÕES ASFÁLTICAS RR-1C","Pernambuco","-"]
["2019-06-01","EMULSÕES ASFÁLTICAS RR-1C","Minas Gerais",1.8465779975842662]
["2019-08-01","EMULSÕES ASFÁLTICAS RR-1C","Bahia","-"]
["2019-09-01","EMULSÕES ASFÁLTICAS RR-1C","Paraíba","-"]
["2019-11-01","EMULSÕES ASFÁLTICAS RR-1C","Rio Grande do Norte","-"]
["2019-12-01","EMULSÕES ASFÁLTICAS RR-1C","Pernambuco","-"]
["2020-03-01","EMULSÕES ASFÁLTICAS RR-1C","Piauí","-"]
["2020-04-01","EMULSÕES ASFÁLTICAS RR-1C","Maranhão","-"]
["2020-06-01","EMULSÕES ASFÁLTICAS RR-1C","Rio Grande do Norte","-"]
["2020-07-01","EMULSÕES ASFÁLTICAS RR-1C","São Paulo",1.7234251905471443]
["2020-09-01","EMULSÕES ASFÁLTICAS RR-1C","Rondônia","-"]
["2020-11-01","EMULSÕES ASFÁLTICAS RR-1C","Roraima","-"]
["2021-02-01","EMULSÕES ASFÁLTICAS RR-1C","Piauí","-"]
["2021-03-01","EMULSÕES ASFÁLTICAS RR-1C","Mato Grosso","-"]
["2021-05-01","EMULSÕES ASFÁLTICAS RR-1C","Amazonas","-"]
["2021-06-01","EMULSÕES ASFÁLTICAS RR-1C","Sergipe","-"]
["2021-09-01","EMULSÕES ASFÁLTICAS RR-1C","Roraima","-"]
["2021-10-01","EMULSÕES ASFÁLTICAS RR-1C","Alagoas","-"]
["2022-01-01","EMULSÕES ASFÁLTICAS RR-1C","Mato Grosso","-"]
["2022-02-01","EMULSÕES ASFÁLTICAS RR-1C","Goiás","-"]
["2022-04-01","EMULSÕES ASFÁLTICAS RR-1C","Sergipe","-"]
["2022-05-01","EMULSÕES ASFÁLTICAS RR-1C","Mato Grosso",3.476029418878785]
["2022-07-01","EMULSÕES ASFÁLTICAS RR-1C","Alagoas","-"]
["2022-10-01","EMULSÕES ASFÁLTICAS RR-1C","Distrito Federal","-"]
["2022-10-01","EMULSÕES ASFÁLTICAS RR-1C","Pernambuco","-"]
["2023-01-01","EMULSÕES ASFÁLTICAS RR-1C","Amazonas","-"]
["2023-02-01","EMULSÕES ASFÁLTICAS RR-1C","Paraná",2.2746693690997271]
["2023-05-01","EMULSÕES ASFÁLTICAS RR-1C","Alagoas","-"]
["2023-07-01","EMULSÕES ASFÁLTICAS RR-1C","Mato Grosso do Sul",2.548969233850777]
["2023-08-01","EMULSÕES ASFÁLTICAS RR-1C","Pernambuco","-"]
["2023-10-01","EMULSÕES ASFÁLTICAS RR-1C","Pará","-"]
["2023-12-01","EMULSÕES ASFÁLTICAS RR-1C","Bahia","-"]
["2024-01-01","EMULSÕES ASFÁLTICAS RR-1C","Distrito Federal","-"]
["2024-02-01","EMULSÕES ASFÁLTICAS RR-1C","Roraima","-"]
["2024-04-01","EMULSÕES ASFÁLTICAS RR-1C","Rondônia","-"]
["2024-07-01","EMULSÕES ASFÁLTICAS RR-1C","Amapá","-"]
["2013-01-01","EMULSÕES ASFÁLTICAS RR-2C","Maranhão","-"]
["2013-03-01","EMULSÕES ASFÁLTICAS RR-2C","Bahia","-"]
["2013-04-01","EMULSÕES ASFÁLTICAS RR-2C","São Paulo",0.78573300314278904]
["2013-08-01","EMULSÕES ASFÁLTICAS RR-2C","Acre","-"]
["2013-08-01","EMULSÕES ASFÁLTICAS RR-2C","Roraima","-"]
["2013-11-01","EMULSÕES ASFÁLTICAS RR-2C","Maranhão","-"]
["2013-12-01","EMULSÕES ASFÁLTICAS RR-2C","Maranhão","-"]
["2014-02-01","EMULSÕES ASFÁLTICAS RR-2C","São Paulo",0.80124765623386696]
["2014-05-01","EMULSÕES ASFÁLTICAS RR-2C","Ceará",0.83465610485760766]
["2014-06-01","EMULSÕES ASFÁLTICAS RR-2C","Roraima","-"]
["2014-08-01","EMULSÕES ASFÁLTICAS RR-2C","Espírito Santo","-"]
["2014-10-01","EMULSÕES ASFÁLTICAS RR-2C","Mato Grosso",1.0728591395329419]
["2014-10-01","EMULSÕES ASFÁLTICAS RR-2C","Rio Grande do Sul",0.79497988308476342]
["2015-01-01","EMULSÕES ASFÁLTICAS RR-2C","Sergipe","-"]
["2015-03-01","EMULSÕES ASFÁLTICAS RR-2C","Acre","-"]
["2015-05-01","EMULSÕES ASFÁLTICAS RR-2C","Minas Gerais",0.92074306166588793]
["2015-06-01","EMULSÕES ASFÁLTICAS RR-2C","Paraná",1.1591286344580531]
["2015-07-01","EMULSÕES ASFÁLTICAS RR-2C","Sergipe","-"]
["2015-10-01","EMULSÕES ASFÁLTICAS RR-2C","Amazonas","-"]
["2015-12-01","EMULSÕES ASFÁLTICAS RR-2C","Rondônia","-"]
["2016-02-01","EMULSÕES ASFÁLTICAS RR-2C","Alagoas","-"]
["2016-03-01","EMULSÕES ASFÁLTICAS RR-2C","Santa Catarina","-"]
["2016-05-01","EMULSÕES ASFÁLTICAS RR-2C","Pernambuco","-"]
["2016-08-01","EMULSÕES ASFÁLTICAS RR-2C","Amazonas","-"]
["2016-09-01","EMULSÕES ASFÁLTICAS RR-2C","Tocantins","-"]
["2016-10-01","EMULSÕES ASFÁLTICAS RR-2C","Distrito Federal","-"]
["2017-01-01","EMULSÕES ASFÁLTICAS RR-2C","Alagoas","-"]
["2017-01-01","EMULSÕES ASFÁLTICAS RR-2C","Rondônia","-"]
["2017-04-01","EMULSÕES ASFÁLTICAS RR-2C","Amazonas","-"]
["2017-05-01","EMULSÕES ASFÁLTICAS RR-2C","Maranhão","-"]
["2017-08-01","EMULSÕES ASFÁLTICAS RR-2C","Mato Grosso",1.4011431109619861]
["2017-08-01","EMULSÕES ASFÁLTICAS RR-2C","São Paulo",1.2770776851693868]
["2017-11-01","EMULSÕES ASFÁLTICAS RR-2C","Rondônia","-"]
["2017-12-01","EMULSÕES ASFÁLTICAS RR-2C","Rio Grande do Norte","-"]
["2018-03-01","EMULSÕES ASFÁLTICAS RR-2C","Maranhão","-"]
["2018-05-01","EMULSÕES ASFÁLTICAS RR-2C","Paraná",1.3845016794200009]
["2018-06-01","EMULSÕES ASFÁLTICAS RR-2C","São Paulo",1.5120795131565401]
["2018-08-01","EMULSÕES ASFÁLTICAS RR-2C","Piauí","-"]
["2018-10-01","EMULSÕES ASFÁLTICAS RR-2C","Roraima","-"]
["2018-11-01","EMULSÕES ASFÁLTICAS RR-2C","Rio Grande do Norte","-"]
["2019-02-01","EMULSÕES ASFÁLTICAS RR-2C","Mato Grosso",2.6375775490104294]
["2019-03-01","EMULSÕES ASFÁLTICAS RR-2C","Amapá","-"]
["2019-05-01","EMULSÕES ASFÁLTICAS RR-2C","Roraima","-"]
["2019-07-01","EMULSÕES ASFÁLTICAS RR-2C","Acre","-"]
["2019-08-01","EMULSÕES ASFÁLTICAS RR-2C","São Paulo",2.1250229669037055]
["2019-10-01","EMULSÕES ASFÁLTICAS RR-2C","Paraná",2.0500637050761639]
["2020-01-01","EMULSÕES ASFÁLTICAS RR-2C","Bahia","-"]
["2020-02-01","EMULSÕES ASFÁLTICAS RR-2C","Amazonas","-"]
["2020-04-01","EMULSÕES ASFÁLTICAS RR-2C","Distrito Federal","-"]
["2020-05-01","EMULSÕES ASFÁLTICAS RR-2C","Rio de Janeiro","-"]
["2020-08-01","EMULSÕES ASFÁLTICAS RR-2C","Paraná",2.0150739469144625]
["2020-10-01","EMULSÕES ASFÁLTICAS RR-2C","Maranhão","-"]
["2020-12-01","EMULSÕES ASFÁLTICAS RR-2C","Amazonas","-"]
["2021-01-01","EMULSÕES ASFÁLTICAS RR-2C","Mato Grosso do Sul",2.2106978278950735]
["2021-02-01","EMULSÕES ASFÁLTICAS RR-2C","Distrito Federal","-"]
["2021-04-01","EMULSÕES ASFÁLTICAS RR-2C","Pará","-"]
["2021-05-01","EMULSÕES ASFÁLTICAS RR-2C","Rondônia","-"]
["2021-09-01","EMULSÕES ASFÁLTICAS RR-2C","Maranhão","-"]
["2021-11-01","EMULSÕES ASFÁLTICAS RR-2C","Bahia","-"]
["2021-12-01","EMULSÕES ASFÁLTICAS RR-2C","Distrito Federal","-"]
["2022-01-01","EMULSÕES ASFÁLTICAS RR-2C","Rio de Janeiro","-"]
["2022-03-01","EMULSÕES ASFÁLTICAS RR-2C","Rondônia","-"]
["2022-04-01","EMULSÕES ASFÁLTICAS RR-2C","Rio Grande do Sul","-"]
["2022-07-01","EMULSÕES ASFÁLTICAS RR-2C","Maranhão","-"]
["2022-09-01","EMULSÕES ASFÁLTICAS RR-2C","Acre","-"]
["2022-10-01","EMULSÕES ASFÁLTICAS RR-2C","São Paulo",3.0776193444586046]
["2022-11-01","EMULSÕES ASFÁLTICAS RR-2C","Tocantins",3.0292024957338701]
["2023-01-01","EMULSÕES ASFÁLTICAS RR-2C","Pernambuco","-"]
["2023-01-01","EMULSÕES ASFÁLTICAS RR-2C","Piauí","-"]
["2023-01-01","EMULSÕES ASFÁLTICAS RR-2C","Rio de Janeiro","-"]
["2023-01-01","EMULSÕES ASFÁLTICAS RR-2C","Rio Grande do Norte","-"]
["2023-01-01","EMULSÕES ASFÁLTICAS RR-2C","Rio Grande do Sul","-"]
["2023-01-01","EMULSÕES ASFÁLTICAS RR-2C","Rondônia","-"]
["2023-01-01","EMULSÕES ASFÁLTICAS RR-2C","Roraima","-"]
["2023-01-01","EMULSÕES ASFÁLTICAS RR-2C","Santa Catarina","-"]
["2023-01-01","EMULSÕES ASFÁLTICAS RR-2C","São Paulo",2.7745776485766096]
["2023-01-01","EMULSÕES ASFÁLTICAS RR-2C","Sergipe","-"]
["2023-01-01","EMULSÕES ASFÁLTICAS RR-2C","Tocantins",3.0146574974736251]
["2023-02-01","EMULSÕES ASFÁLTICAS RR-2C","Acre","-"]
["2023-02-01","EMULSÕES ASFÁLTICAS RR-2C","Alagoas","-"]
["2023-02-01","EMULSÕES ASFÁLTICAS RR-2C","Amapá","-"]
["2023-02-01","EMULSÕES ASFÁLTICAS RR-2C","Amazonas","-"]
["2023-02-01","EMULSÕES ASFÁLTICAS RR-2C","Bahia","-"]
["2023-02-01","EMULSÕES ASFÁLTICAS RR-2C","Ceará",2.5076920992678122]
["2023-02-01","EMULSÕES ASFÁLTICAS RR-2C","Distrito Federal","-"]
["2023-02-01","EMULSÕES ASFÁLTICAS RR-2C","Espírito Santo","-"]
["2023-02-01","EMULSÕES ASFÁLTICAS RR-2C","Goiás",2.5904923346915725]
["2023-02-01","EMULSÕES ASFÁLTICAS RR-2C","Maranhão","-"]
["2023-02-01","EMULSÕES ASFÁLTICAS RR-2C","Mato Grosso",3.4700680940392221]
["2023-02-01","EMULSÕES ASFÁLTICAS RR-2C","Mato Grosso do Sul","-"]
["2023-02-01","EMULSÕES ASFÁLTICAS RR-2C","Minas Gerais",3.079872139739261]
["2023-02-01","EMULSÕES ASFÁLTICAS RR-2C","Pará","-"]
["2023-02-01","EMULSÕES ASFÁLTICAS RR-2C","Paraíba","-"]
["2023-02-01","EMULSÕES ASFÁLTICAS RR-2C","Paraná",2.7587444043970222]
["2023-02-01","EMULSÕES ASFÁLTICAS RR-2C","Pernambuco","-"]
["2023-02-01","EMULSÕES ASFÁLTICAS RR-2C","Piauí","-"]
["2023-02-01","EMULSÕES ASFÁLTICAS RR-2C","Rio de Janeiro","-"]
["2023-02-01","EMULSÕES ASFÁLTICAS RR-2C","Rio Grande do Norte","-"]
["2023-02-01","EMULSÕES ASFÁLTICAS RR-2C","Rio Grande do Sul",2.5770834710091064]
["2023-02-01","EMULSÕES ASFÁLTICAS RR-2C","Rondônia","-"]
["2023-02-01","EMULSÕES ASFÁLTICAS RR-2C","Roraima","-"]
["2023-02-01","EMULSÕES ASFÁLTICAS RR-2C","Santa Catarina","-"]
["2023-02-01","EMULSÕES ASFÁLTICAS RR-2C","São Paulo",2.6240950846687885]
["2023-02-01","EMULSÕES ASFÁLTICAS RR-2C","Sergipe","-"]
["2023-02-01","EMULSÕES ASFÁLTICAS RR-2C","Tocantins",2.9203834664674897]
["2023-03-01","EMULSÕES ASFÁLTICAS RR-2C","Acre","-"]
["2023-03-01","EMULSÕES ASFÁLTICAS RR-2C","Alagoas","-"]
["2023-03-01","EMULSÕES ASFÁLTICAS RR-2C","Amapá","-"]
["2023-03-01","EMULSÕES ASFÁLTICAS RR-2C","Amazonas",3.5192358682305511]
["2023-03-01","EMULSÕES ASFÁLTICAS RR-2C","Bahia","-"]
["2023-03-01","EMULSÕES ASFÁLTICAS RR-2C","Ceará",2.5325621813755719]
["2023-03-01","EMULSÕES ASFÁLTICAS RR-2C","Distrito Federal","-"]
["2023-03-01","EMULSÕES ASFÁLTICAS RR-2C","Espírito Santo","-"]
["2023-03-01","EMULSÕES ASFÁLTICAS RR-2C","Goiás",2.8495205708644367]
["2023-03-01","EMULSÕES ASFÁLTICAS RR-2C","Maranhão","-"]
["2023-03-01","EMULSÕES ASFÁLTICAS RR-2C","Mato Grosso",2.9706306488595402]
["2023-03-01","EMULSÕES ASFÁLTICAS RR-2C","Mato Grosso do Sul","-"]
["2023-03-01","EMULSÕES ASFÁLTICAS RR-2C","Minas Gerais",3.0576464958269818]
["2023-03-01","EMULSÕES ASFÁLTICAS RR-2C","Pará",3.1011822194637535]
["2023-03-01","EMULSÕES ASFÁLTICAS RR-2C","Paraíba","-"]
["2023-03-01","EMULSÕES ASFÁLTICAS RR-2C","Paraná",2.5726660443044369]
["2023-03-01","EMULSÕES ASFÁLTICAS RR-2C","Pernambuco","-"]
["2023-03-01","EMULSÕES ASFÁLTICAS RR-2C","Piauí","-"]
["2023-03-01","EMULSÕES ASFÁLTICAS RR-2C","Rio de Janeiro","-"]
["2023-03-01","EMULSÕES ASFÁLTICAS RR-2C","Rio Grande do Norte","-"]
["2023-03-01","EMULSÕES ASFÁLTICAS RR-2C","Rio Grande do Sul","-"]
["2023-03-01","EMULSÕES ASFÁLTICAS RR-2C","Rondônia","-"]
["2023-03-01","EMULSÕES ASFÁLTICAS RR-2C","Roraima","-"]
["2023-03-01","EMULSÕES ASFÁLTICAS RR-2C","Santa Catarina","-"]
["2023-03-01","EMULSÕES ASFÁLTICAS RR-2C","São Paulo",2.6290626834960165]
["2023-03-01","EMULSÕES ASFÁLTICAS RR-2C","Sergipe","-"]
["2023-03-01","EMULSÕES ASFÁLTICAS RR-2C","Tocantins",2.9969686363438517]
["2023-04-01","EMULSÕES ASFÁLTICAS RR-2C","Acre","-"]
["2023-04-01","EMULSÕES ASFÁLTICAS RR-2C","Alagoas","-"]
["2023-04-01","EMULSÕES ASFÁLTICAS RR-2C","Amapá","-"]
["2023-04-01","EMULSÕES ASFÁLTICAS RR-2C","Amazonas",3.8825905779481666]
["2023-04-01","EMULSÕES ASFÁLTICAS RR-2C","Bahia","-"]
["2023-04-01","EMULSÕES ASFÁLTICAS RR-2C","Ceará",2.5196266596903136]
["2023-04-01","EMULSÕES ASFÁLTICAS RR-2C","Distrito Federal","-"]
["2023-04-01","EMULSÕES ASFÁLTICAS RR-2C","Espírito Santo","-"]
["2023-04-01","EMULSÕES ASFÁLTICAS RR-2C","Goiás",2.8219924057423493]
["2023-04-01","EMULSÕES ASFÁLTICAS RR-2C","Maranhão","-"]
["2023-04-01","EMULSÕES ASFÁLTICAS RR-2C","Mato Grosso",3.0079968754055]
["2023-04-01","EMULSÕES ASFÁLTICAS RR-2C","Mato Grosso do Sul","-"]
["2023-04-01","EMULSÕES ASFÁLTICAS RR-2C","Minas Gerais",2.7903807773658191]
["2023-04-01","EMULSÕES ASFÁLTICAS RR-2C","Pará","-"]
["2023-04-01","EMULSÕES ASFÁLTICAS RR-2C","Paraíba","-"]
["2023-04-01","EMULSÕES ASFÁLTICAS RR-2C","Paraná",2.580656652097201]
["2023-04-01","EMULSÕES ASFÁLTICAS RR-2C","Pernambuco","-"]
["2023-04-01","EMULSÕES ASFÁLTICAS RR-2C","Piauí","-"]
["2023-04-01","EMULSÕES ASFÁLTICAS RR-2C","Rio de Janeiro","-"]
["2023-04-01","EMULSÕES ASFÁLTICAS RR-2C","Rio Grande do Norte","-"]
["2023-04-01","EMULSÕES ASFÁLTICAS RR-2C","Rio Grande do Sul","-"]
["2023-04-01","EMULSÕES ASFÁLTICAS RR-2C","Rondônia","-"]
["2023-04-01","EMULSÕES ASFÁLTICAS RR-2C","Roraima","-"]
["2023-04-01","EMULSÕES ASFÁLTICAS RR-2C","Santa Catarina","-"]
["2023-04-01","EMULSÕES ASFÁLTICAS RR-2C","São Paulo",2.6878444642354671]
["2023-04-01","EMULSÕES ASFÁLTICAS RR-2C","Sergipe","-"]
["2023-04-01","EMULSÕES ASFÁLTICAS RR-2C","Tocantins",2.9386954658770916]
["2023-05-01","EMULSÕES ASFÁLTICAS RR-2C","Acre","-"]
["2023-05-01","EMULSÕES ASFÁLTICAS RR-2C","Alagoas","-"]
["2023-05-01","EMULSÕES ASFÁLTICAS RR-2C","Amapá","-"]
["2023-05-01","EMULSÕES ASFÁLTICAS RR-2C","Amazonas",3.681565455775202]
["2023-05-01","EMULSÕES ASFÁLTICAS RR-2C","Bahia","-"]
["2023-05-01","EMULSÕES ASFÁLTICAS RR-2C","Ceará",2.5701330160839944]
["2023-05-01","EMULSÕES ASFÁLTICAS RR-2C","Distrito Federal","-"]
["2023-05-01","EMULSÕES ASFÁLTICAS RR-2C","Espírito Santo","-"]
["2023-05-01","EMULSÕES ASFÁLTICAS RR-2C","Goiás",2.7922785854332375]
["2023-05-01","EMULSÕES ASFÁLTICAS RR-2C","Maranhão","-"]
["2023-05-01","EMULSÕES ASFÁLTICAS RR-2C","Mato Grosso",3.0023505156459875]
["2023-05-01","EMULSÕES ASFÁLTICAS RR-2C","Mato Grosso do Sul","-"]
["2023-05-01","EMULSÕES ASFÁLTICAS RR-2C","Minas Gerais",2.7768514256709835]
["2023-05-01","EMULSÕES ASFÁLTICAS RR-2C","Pará",3.1712197403285636]
["2023-05-01","EMULSÕES ASFÁLTICAS RR-2C","Paraíba","-"]
["2023-05-01","EMULSÕES ASFÁLTICAS RR-2C","Paraná",2.3876226939306577]
["2023-05-01","EMULSÕES ASFÁLTICAS RR-2C","Pernambuco","-"]
["2023-05-01","EMULSÕES ASFÁLTICAS RR-2C","Piauí","-"]
["2023-05-01","EMULSÕES ASFÁLTICAS RR-2C","Rio de Janeiro","-"]
["2023-05-01","EMULSÕES ASFÁLTICAS RR-2C","Rio Grande do Norte","-"]
["2023-05-01","EMULSÕES ASFÁLTICAS RR-2C","Rio Grande do Sul","-"]
["2023-05-01","EMULSÕES ASFÁLTICAS RR-2C","Rondônia","-"]
["2023-05-01","EMULSÕES ASFÁLTICAS RR-2C","Roraima","-"]
["2023-05-01","EMULSÕES ASFÁLTICAS RR-2C","Santa Catarina","-"]
["2023-05-01","EMULSÕES ASFÁLTICAS RR-2C","São Paulo",2.4961734919163256]
["2023-05-01","EMULSÕES ASFÁLTICAS RR-2C","Sergipe","-"]
["2023-05-01","EMULSÕES ASFÁLTICAS RR-2C","Tocantins","-"]
["2023-06-01","EMULSÕES ASFÁLTICAS RR-2C","Acre","-"]
["2023-06-01","EMULSÕES ASFÁLTICAS RR-2C","Alagoas","-"]
["2023-06-01","EMULSÕES ASFÁLTICAS RR-2C","Amapá","-"]
["2023-06-01","EMULSÕES ASFÁLTICAS RR-2C","Amazonas",4.0092992488741599]
["2023-06-01","EMULSÕES ASFÁLTICAS RR-2C","Bahia","-"]
["2023-06-01","EMULSÕES ASFÁLTICAS RR-2C","Ceará",2.5524836726394859]
["2023-06-01","EMULSÕES ASFÁLTICAS RR-2C","Distrito Federal","-"]
["2023-06-01","EMULSÕES ASFÁLTICAS RR-2C","Espírito Santo","-"]
["2023-06-01","EMULSÕES ASFÁLTICAS RR-2C","Goiás",2.7315522958849106]
["2023-06-01","EMULSÕES ASFÁLTICAS RR-2C","Maranhão","-"]
["2023-06-01","EMULSÕES ASFÁLTICAS RR-2C","Mato Grosso",2.9814298018924514]
["2023-06-01","EMULSÕES ASFÁLTICAS RR-2C","Mato Grosso do Sul","-"]
["2023-06-01","EMULSÕES ASFÁLTICAS RR-2C","Minas Gerais",2.7246073556148187]
["2023-06-01","EMULSÕES ASFÁLTICAS RR-2C","Pará","-"]
["2023-06-01","EMULSÕES ASFÁLTICAS RR-2C","Paraíba","-"]
["2023-06-01","EMULSÕES ASFÁLTICAS RR-2C","Paraná",2.5597369057648169]
["2023-06-01","EMULSÕES ASFÁLTICAS RR-2C","Pernambuco","-"]
["2023-06-01","EMULSÕES ASFÁLTICAS RR-2C","Piauí","-"]
["2023-06-01","EMULSÕES ASFÁLTICAS RR-2C","Rio de Janeiro","-"]
["2023-06-01","EMULSÕES ASFÁLTICAS RR-2C","Rio Grande do Norte","-"]
["2023-06-01","EMULSÕES ASFÁLTICAS RR-2C","Rio Grande do Sul","-"]
["2023-06-01","EMULSÕES ASFÁLTICAS RR-2C","Rondônia","-"]
["2023-06-01","EMULSÕES ASFÁLTICAS RR-2C","Roraima","-"]
["2023-06-01","EMULSÕES ASFÁLTICAS RR-2C","Santa Catarina","-"]
["2023-06-01","EMULSÕES ASFÁLTICAS RR-2C","São Paulo",2.4924548546167089]
["2023-06-01","EMULSÕES ASFÁLTICAS RR-2C","Sergipe","-"]
["2023-06-01","EMULSÕES ASFÁLTICAS RR-2C","Tocantins",2.675294507824884]
["2023-07-01","EMULSÕES ASFÁLTICAS RR-2C","Acre","-"]
["2023-07-01","EMULSÕES ASFÁLTICAS RR-2C","Alagoas","-"]
["2023-07-01","EMULSÕES ASFÁLTICAS RR-2C","Amapá","-"]
["2023-07-01","EMULSÕES ASFÁLTICAS RR-2C","Amazonas",3.6065213582095432]
["2023-07-01","EMULSÕES ASFÁLTICAS RR-2C","Bahia","-"]
["2023-07-01","EMULSÕES ASFÁLTICAS RR-2C","Ceará",2.5672415332575156]
["2023-07-01","EMULSÕES ASFÁLTICAS RR-2C","Distrito Federal","-"]
["2023-07-01","EMULSÕES ASFÁLTICAS RR-2C","Espírito Santo","-"]
["2023-07-01","EMULSÕES ASFÁLTICAS RR-2C","Goiás",2.6796071702448128]
["2023-07-01","EMULSÕES ASFÁLTICAS RR-2C","Maranhão","-"]
["2023-07-01","EMULSÕES ASFÁLTICAS RR-2C","Mato Grosso",2.9798254759572975]
["2023-07-01","EMULSÕES ASFÁLTICAS RR-2C","Mato Grosso do Sul",2.7378386517330808]
["2023-07-01","EMULSÕES ASFÁLTICAS RR-2C","Minas Gerais",2.6455719449202437]
["2023-07-01","EMULSÕES ASFÁLTICAS RR-2C","Pará","-"]
["2023-07-01","EMULSÕES ASFÁLTICAS RR-2C","Paraíba","-"]
["2023-07-01","EMULSÕES ASFÁLTICAS RR-2C","Paraná",2.5631897637677361]
["2023-07-01","EMULSÕES ASFÁLTICAS RR-2C","Pernambuco","-"]
["2023-07-01","EMULSÕES ASFÁLTICAS RR-2C","Piauí","-"]
["2023-07-01","EMULSÕES ASFÁLTICAS RR-2C","Rio de Janeiro","-"]
["2023-07-01","EMULSÕES ASFÁLTICAS RR-2C","Rio Grande do Norte","-"]
["2023-07-01","EMULSÕES ASFÁLTICAS RR-2C","Rio Grande do Sul","-"]
["2023-07-01","EMULSÕES ASFÁLTICAS RR-2C","Rondônia","-"]
["2023-07-01","EMULSÕES ASFÁLTICAS RR-2C","Roraima","-"]
["2023-07-01","EMULSÕES ASFÁLTICAS RR-2C","Santa Catarina","-"]
["2023-07-01","EMULSÕES ASFÁLTICAS RR-2C","São Paulo",2.5241436463351001]
["2023-07-01","EMULSÕES ASFÁLTICAS RR-2C","Sergipe","-"]
["2023-07-01","EMULSÕES ASFÁLTICAS RR-2C","Tocantins",2.704200153311842]
["2023-08-01","EMULSÕES ASFÁLTICAS RR-2C","Acre","-"]
["2023-08-01","EMULSÕES ASFÁLTICAS RR-2C","Alagoas","-"]
["2023-08-01","EMULSÕES ASFÁLTICAS RR-2C","Amapá","-"]
["2023-08-01","EMULSÕES ASFÁLTICAS RR-2C","Amazonas",3.6847888545823548]
["2023-08-01","EMULSÕES ASFÁLTICAS RR-2C","Bahia","-"]
["2023-08-01","EMULSÕES ASFÁLTICAS RR-2C","Ceará",2.5832733233303067]
["2023-08-01","EMULSÕES ASFÁLTICAS RR-2C","Distrito Federal","-"]
["2023-08-01","EMULSÕES ASFÁLTICAS RR-2C","Espírito Santo","-"]
["2023-08-01","EMULSÕES ASFÁLTICAS RR-2C","Goiás",2.8803241587642638]
["2023-08-01","EMULSÕES ASFÁLTICAS RR-2C","Maranhão","-"]
["2023-08-01","EMULSÕES ASFÁLTICAS RR-2C","Mato Grosso",2.9732980090484924]
["2023-08-01","EMULSÕES ASFÁLTICAS RR-2C","Mato Grosso do Sul",2.7770091352692807]
["2023-08-01","EMULSÕES ASFÁLTICAS RR-2C","Minas Gerais",2.6816683138463508]
["2023-08-01","EMULSÕES ASFÁLTICAS RR-2C","Pará","-"]
["2023-08-01","EMULSÕES ASFÁLTICAS RR-2C","Paraíba","-"]
["2023-08-01","EMULSÕES ASFÁLTICAS RR-2C","Paraná",2.6621856287663497]
["2023-08-01","EMULSÕES ASFÁLTICAS RR-2C","Pernambuco","-"]
["2023-08-01","EMULSÕES ASFÁLTICAS RR-2C","Piauí","-"]
["2023-08-01","EMULSÕES ASFÁLTICAS RR-2C","Rio de Janeiro","-"]
["2023-08-01","EMULSÕES ASFÁLTICAS RR-2C","Rio Grande do Norte","-"]
["2023-08-01","EMULSÕES ASFÁLTICAS RR-2C","Rio Grande do Sul","-"]
["2023-08-01","EMULSÕES ASFÁLTICAS RR-2C","Rondônia","-"]
["2023-08-01","EMULSÕES ASFÁLTICAS RR-2C","Roraima","-"]
["2023-08-01","EMULSÕES ASFÁLTICAS RR-2C","Santa Catarina","-"]
["2023-08-01","EMULSÕES ASFÁLTICAS RR-2C","São Paulo",2.5738127240129205]
["2023-08-01","EMULSÕES ASFÁLTICAS RR-2C","Sergipe","-"]
["2023-08-01","EMULSÕES ASFÁLTICAS RR-2C","Tocantins",2.7318124093818046]
["2023-09-01","EMULSÕES ASFÁLTICAS RR-2C","Acre","-"]
["2023-09-01","EMULSÕES ASFÁLTICAS RR-2C","Alagoas","-"]
["2023-09-01","EMULSÕES ASFÁLTICAS RR-2C","Amapá","-"]
["2023-09-01","EMULSÕES ASFÁLTICAS RR-2C","Amazonas",3.7573868292638877]
["2023-09-01","EMULSÕES ASFÁLTICAS RR-2C","Bahia","-"]
["2023-09-01","EMULSÕES ASFÁLTICAS RR-2C","Ceará",2.6987763251280157]
["2023-09-01","EMULSÕES ASFÁLTICAS RR-2C","Distrito Federal","-"]
["2023-09-01","EMULSÕES ASFÁLTICAS RR-2C","Espírito Santo","-"]
["2023-09-01","EMULSÕES ASFÁLTICAS RR-2C","Goiás",3.0014388343209228]
["2023-09-01","EMULSÕES ASFÁLTICAS RR-2C","Maranhão","-"]
["2023-09-01","EMULSÕES ASFÁLTICAS RR-2C","Mato Grosso",3.1578336993461313]
["2023-09-01","EMULSÕES ASFÁLTICAS RR-2C","Mato Grosso do Sul",2.9057554681864852]
["2023-09-01","EMULSÕES ASFÁLTICAS RR-2C","Minas Gerais",2.8867392644349232]
["2023-09-01","EMULSÕES ASFÁLTICAS RR-2C","Pará","-"]
["2023-09-01","EMULSÕES ASFÁLTICAS RR-2C","Paraíba","-"]
["2023-09-01","EMULSÕES ASFÁLTICAS RR-2C","Paraná",2.3875991256382418]
["2023-09-01","EMULSÕES ASFÁLTICAS RR-2C","Pernambuco","-"]
["2023-09-01","EMULSÕES ASFÁLTICAS RR-2C","Piauí","-"]
["2023-09-01","EMULSÕES ASFÁLTICAS RR-2C","Rio de Janeiro","-"]
["2023-09-01","EMULSÕES ASFÁLTICAS RR-2C","Rio Grande do Norte","-"]
["2023-09-01","EMULSÕES ASFÁLTICAS RR-2C","Rio Grande do Sul",2.6183637345807753]
["2023-09-01","EMULSÕES ASFÁLTICAS RR-2C","Rondônia","-"]
["2023-09-01","EMULSÕES ASFÁLTICAS RR-2C","Roraima","-"]
["2023-09-01","EMULSÕES ASFÁLTICAS RR-2C","Santa Catarina","-"]
["2023-09-01","EMULSÕES ASFÁLTICAS RR-2C","São Paulo",2.6086916683273946]
["2023-09-01","EMULSÕES ASFÁLTICAS RR-2C","Sergipe","-"]
["2023-09-01","EMULSÕES ASFÁLTICAS RR-2C","Tocantins","-"]
["2023-10-01","EMULSÕES ASFÁLTICAS RR-2C","Acre","-"]
["2023-10-01","EMULSÕES ASFÁLTICAS RR-2C","Alagoas","-"]
["2023-10-01","EMULSÕES ASFÁLTICAS RR-2C","Amapá","-"]
["2023-10-01","EMULSÕES ASFÁLTICAS RR-2C","Amazonas",4.1309363633071383]
["2023-10-01","EMULSÕES ASFÁLTICAS RR-2C","Bahia","-"]
["2023-10-01","EMULSÕES ASFÁLTICAS RR-2C","Ceará",2.7088196950454617]
["2023-10-01","EMULSÕES ASFÁLTICAS RR-2C","Distrito Federal","-"]
["2023-10-01","EMULSÕES ASFÁLTICAS RR-2C","Espírito Santo","-"]
["2023-10-01","EMULSÕES ASFÁLTICAS RR-2C","Goiás",2.9767718508470189]
["2023-10-01","EMULSÕES ASFÁLTICAS RR-2C","Maranhão","-"]
["2023-10-01","EMULSÕES ASFÁLTICAS RR-2C","Mato Grosso",2.9709119071023156]
["2023-10-01","EMULSÕES ASFÁLTICAS RR-2C","Mato Grosso do Sul","-"]
["2023-10-01","EMULSÕES ASFÁLTICAS RR-2C","Minas Gerais",2.7764861019122957]
["2023-10-01","EMULSÕES ASFÁLTICAS RR-2C","Pará",3.4577160881555309]
["2023-10-01","EMULSÕES ASFÁLTICAS RR-2C","Paraíba","-"]
["2023-10-01","EMULSÕES ASFÁLTICAS RR-2C","Paraná",2.5944171988205604]
["2023-10-01","EMULSÕES ASFÁLTICAS RR-2C","Pernambuco","-"]
["2023-10-01","EMULSÕES ASFÁLTICAS RR-2C","Piauí","-"]
["2023-10-01","EMULSÕES ASFÁLTICAS RR-2C","Rio de Janeiro","-"]
["2023-10-01","EMULSÕES ASFÁLTICAS RR-2C","Rio Grande do Norte","-"]
["2023-10-01","EMULSÕES ASFÁLTICAS RR-2C","Rio Grande do Sul",2.6346091077505842]
["2023-10-01","EMULSÕES ASFÁLTICAS RR-2C","Rondônia","-"]
["2023-10-01","EMULSÕES ASFÁLTICAS RR-2C","Roraima","-"]
["2023-10-01","EMULSÕES ASFÁLTICAS RR-2C","Santa Catarina","-"]
["2023-10-01","EMULSÕES ASFÁLTICAS RR-2C","São Paulo",2.6464244945786821]
["2023-10-01","EMULSÕES ASFÁLTICAS RR-2C","Sergipe","-"]
["2023-10-01","EMULSÕES ASFÁLTICAS RR-2C","Tocantins",2.9293060440637109]
["2023-11-01","EMULSÕES ASFÁLTICAS RR-2C","Acre","-"]
["2023-11-01","EMULSÕES ASFÁLTICAS RR-2C","Alagoas","-"]
["2023-11-01","EMULSÕES ASFÁLTICAS RR-2C","Amapá","-"]
["2023-11-01","EMULSÕES ASFÁLTICAS RR-2C","Amazonas",3.6577904883671906]
["2023-11-01","EMULSÕES ASFÁLTICAS RR-2C","Bahia","-"]
["2023-11-01","EMULSÕES ASFÁLTICAS RR-2C","Ceará",2.7553879995956172]
["2023-11-01","EMULSÕES ASFÁLTICAS RR-2C","Distrito Federal","-"]
["2023-11-01","EMULSÕES ASFÁLTICAS RR-2C","Espírito Santo","-"]
["2023-11-01","EMULSÕES ASFÁLTICAS RR-2C","Goiás",3.2345992659556089]
["2023-11-01","EMULSÕES ASFÁLTICAS RR-2C","Maranhão","-"]
["2023-11-01","EMULSÕES ASFÁLTICAS RR-2C","Mato Grosso",3.2082442978652725]
["2023-11-01","EMULSÕES ASFÁLTICAS RR-2C","Mato Grosso do Sul",2.8207850837687585]
["2023-11-01","EMULSÕES ASFÁLTICAS RR-2C","Minas Gerais",2.8585102508937457]
["2023-11-01","EMULSÕES ASFÁLTICAS RR-2C","Pará","-"]
["2023-11-01","EMULSÕES ASFÁLTICAS RR-2C","Paraíba","-"]
["2023-11-01","EMULSÕES ASFÁLTICAS RR-2C","Paraná",2.4865216861678427]
["2023-11-01","EMULSÕES ASFÁLTICAS RR-2C","Pernambuco","-"]
["2023-11-01","EMULSÕES ASFÁLTICAS RR-2C","Piauí","-"]
["2023-11-01","EMULSÕES ASFÁLTICAS RR-2C","Rio de Janeiro","-"]
["2023-11-01","EMULSÕES ASFÁLTICAS RR-2C","Rio Grande do Norte","-"]
["2023-11-01","EMULSÕES ASFÁLTICAS RR-2C","Rio Grande do Sul",2.5783635110054455]
["2023-11-01","EMULSÕES ASFÁLTICAS RR-2C","Rondônia","-"]
["2023-11-01","EMULSÕES ASFÁLTICAS RR-2C","Roraima","-"]
["2023-11-01","EMULSÕES ASFÁLTICAS RR-2C","Santa Catarina","-"]
["2023-11-01","EMULSÕES ASFÁLTICAS RR-2C","São Paulo",2.6756182915104523]
["2023-11-01","EMULSÕES ASFÁLTICAS RR-2C","Sergipe","-"]
["2023-11-01","EMULSÕES ASFÁLTICAS RR-2C","Tocantins",2.9348231951785553]
["2023-12-01","EMULSÕES ASFÁLTICAS RR-2C","Acre","-"]
["2023-12-01","EMULSÕES ASFÁLTICAS RR-2C","Alagoas","-"]
["2023-12-01","EMULSÕES ASFÁLTICAS RR-2C","Amapá","-"]
["2023-12-01","EMULSÕES ASFÁLTICAS RR-2C","Amazonas",4.1145943894461414]
["2023-12-01","EMULSÕES ASFÁLTICAS RR-2C","Bahia","-"]
["2023-12-01","EMULSÕES ASFÁLTICAS RR-2C","Ceará",2.7475801990686466]
["2023-12-01","EMULSÕES ASFÁLTICAS RR-2C","Distrito Federal","-"]
["2023-12-01","EMULSÕES ASFÁLTICAS RR-2C","Espírito Santo","-"]
["2023-12-01","EMULSÕES ASFÁLTICAS RR-2C","Goiás",2.6717929953325639]
["2023-12-01","EMULSÕES ASFÁLTICAS RR-2C","Maranhão","-"]
["2023-12-01","EMULSÕES ASFÁLTICAS RR-2C","Mato Grosso",3.0104911730712773]
["2023-12-01","EMULSÕES ASFÁLTICAS RR-2C","Mato Grosso do Sul",2.9656443701431492]
["2023-12-01","EMULSÕES ASFÁLTICAS RR-2C","Minas Gerais",2.7209441989834149]
["2023-12-01","EMULSÕES ASFÁLTICAS RR-2C","Pará",3.411307497730319]
["2023-12-01","EMULSÕES ASFÁLTICAS RR-2C","Paraíba","-"]
["2023-12-01","EMULSÕES ASFÁLTICAS RR-2C","Paraná",2.5461323789780361]
["2023-12-01","EMULSÕES ASFÁLTICAS RR-2C","Pernambuco","-"]
["2023-12-01","EMULSÕES ASFÁLTICAS RR-2C","Piauí","-"]
["2023-12-01","EMULSÕES ASFÁLTICAS RR-2C","Rio de Janeiro","-"]
["2023-12-01","EMULSÕES ASFÁLTICAS RR-2C","Rio Grande do Norte","-"]
["2023-12-01","EMULSÕES ASFÁLTICAS RR-2C","Rio Grande do Sul",2.7029570010932642]
["2023-12-01","EMULSÕES ASFÁLTICAS RR-2C","Rondônia","-"]
["2023-12-01","EMULSÕES ASFÁLTICAS RR-2C","Roraima","-"]
["2023-12-01","EMULSÕES ASFÁLTICAS RR-2C","Santa Catarina","-"]
["2023-12-01","EMULSÕES ASFÁLTICAS RR-2C","São Paulo",2.6445320735403888]
["2023-12-01","EMULSÕES ASFÁLTICAS RR-2C","Sergipe","-"]
["2023-12-01","EMULSÕES ASFÁLTICAS RR-2C","Tocantins","-"]
["2024-01-01","EMULSÕES ASFÁLTICAS RR-2C","Acre","-"]
["2024-01-01","EMULSÕES ASFÁLTICAS RR-2C","Alagoas","-"]
["2024-01-01","EMULSÕES ASFÁLTICAS RR-2C","Amapá","-"]
["2024-01-01","EMULSÕES ASFÁLTICAS RR-2C","Amazonas",3.3103210363579865]
["2024-01-01","EMULSÕES ASFÁLTICAS RR-2C","Bahia","-"]
["2024-01-01","EMULSÕES ASFÁLTICAS RR-2C","Ceará",2.5316198461333674]
["2024-01-01","EMULSÕES ASFÁLTICAS RR-2C","Distrito Federal","-"]
["2024-01-01","EMULSÕES ASFÁLTICAS RR-2C","Espírito Santo","-"]
["2024-01-01","EMULSÕES ASFÁLTICAS RR-2C","Goiás",2.8743934779916853]
["2024-01-01","EMULSÕES ASFÁLTICAS RR-2C","Maranhão","-"]
["2024-01-01","EMULSÕES ASFÁLTICAS RR-2C","Mato Grosso",3.3977053413212182]
["2024-01-01","EMULSÕES ASFÁLTICAS RR-2C","Mato Grosso do Sul",2.6965374616292785]
["2024-01-01","EMULSÕES ASFÁLTICAS RR-2C","Minas Gerais",2.883351210762831]
["2024-01-01","EMULSÕES ASFÁLTICAS RR-2C","Pará","-"]
["2024-01-01","EMULSÕES ASFÁLTICAS RR-2C","Paraíba","-"]
["2024-01-01","EMULSÕES ASFÁLTICAS RR-2C","Paraná",2.5525240898917181]
["2024-01-01","EMULSÕES ASFÁLTICAS RR-2C","Pernambuco","-"]
["2024-01-01","EMULSÕES ASFÁLTICAS RR-2C","Piauí","-"]
["2024-01-01","EMULSÕES ASFÁLTICAS RR-2C","Rio de Janeiro","-"]
["2024-01-01","EMULSÕES ASFÁLTICAS RR-2C","Rio Grande do Norte","-"]
["2024-01-01","EMULSÕES ASFÁLTICAS RR-2C","Rio Grande do Sul",2.6921488123933446]
["2024-01-01","EMULSÕES ASFÁLTICAS RR-2C","Rondônia","-"]
["2024-01-01","EMULSÕES ASFÁLTICAS RR-2C","Roraima","-"]
["2024-01-01","EMULSÕES ASFÁLTICAS RR-2C","Santa Catarina","-"]
["2024-01-01","EMULSÕES ASFÁLTICAS RR-2C","São Paulo",2.5442266436429466]
["2024-01-01","EMULSÕES ASFÁLTICAS RR-2C","Sergipe","-"]
["2024-01-01","EMULSÕES ASFÁLTICAS RR-2C","Tocantins","-"]
["2024-02-01","EMULSÕES ASFÁLTICAS RR-2C","Acre","-"]
["2024-02-01","EMULSÕES ASFÁLTICAS RR-2C","Alagoas","-"]
["2024-02-01","EMULSÕES ASFÁLTICAS RR-2C","Amapá","-"]
["2024-02-01","EMULSÕES ASFÁLTICAS RR-2C","Amazonas",4.248298290600431]
["2024-02-01","EMULSÕES ASFÁLTICAS RR-2C","Bahia","-"]
["2024-02-01","EMULSÕES ASFÁLTICAS RR-2C","Ceará",2.5191503370752053]
["2024-02-01","EMULSÕES ASFÁLTICAS RR-2C","Distrito Federal","-"]
["2024-02-01","EMULSÕES ASFÁLTICAS RR-2C","Espírito Santo","-"]
["2024-02-01","EMULSÕES ASFÁLTICAS RR-2C","Goiás",2.7966368010781486]
["2024-02-01","EMULSÕES ASFÁLTICAS RR-2C","Maranhão","-"]
["2024-02-01","EMULSÕES ASFÁLTICAS RR-2C","Mato Grosso",3.2252323227304998]
["2024-02-01","EMULSÕES ASFÁLTICAS RR-2C","Mato Grosso do Sul",2.7413912967784442]
["2024-02-01","EMULSÕES ASFÁLTICAS RR-2C","Minas Gerais",2.8778714744049414]
["2024-02-01","EMULSÕES ASFÁLTICAS RR-2C","Pará","-"]
["2024-02-01","EMULSÕES ASFÁLTICAS RR-2C","Paraíba","-"]
["2024-02-01","EMULSÕES ASFÁLTICAS RR-2C","Paraná",2.5623127855214669]
["2024-02-01","EMULSÕES ASFÁLTICAS RR-2C","Pernambuco","-"]
["2024-02-01","EMULSÕES ASFÁLTICAS RR-2C","Piauí","-"]
["2024-02-01","EMULSÕES ASFÁLTICAS RR-2C","Rio de Janeiro","-"]
["2024-02-01","EMULSÕES ASFÁLTICAS RR-2C","Rio Grande do Norte","-"]
["2024-02-01","EMULSÕES ASFÁLTICAS RR-2C","Rio Grande do Sul",2.6175448778485908]
["2024-02-01","EMULSÕES ASFÁLTICAS RR-2C","Rondônia","-"]
["2024-02-01","EMULSÕES ASFÁLTICAS RR-2C","Roraima","-"]
["2024-02-01","EMULSÕES ASFÁLTICAS RR-2C","Santa Catarina","-"]
["2024-02-01","EMULSÕES ASFÁLTICAS RR-2C","São Paulo",2.5935200228370361]
["2024-02-01","EMULSÕES ASFÁLTICAS RR-2C","Sergipe","-"]
["2024-02-01","EMULSÕES ASFÁLTICAS RR-2C","Tocantins","-"]
["2024-03-01","EMULSÕES ASFÁLTICAS RR-2C","Acre","-"]
["2024-03-01","EMULSÕES ASFÁLTICAS RR-2C","Alagoas","-"]
["2024-03-01","EMULSÕES ASFÁLTICAS RR-2C","Amapá","-"]
["2024-03-01","EMULSÕES ASFÁLTICAS RR-2C","Amazonas","-"]
["2024-03-01","EMULSÕES ASFÁLTICAS RR-2C","Bahia","-"]
["2024-03-01","EMULSÕES ASFÁLTICAS RR-2C","Ceará",2.5578626906298965]
["2024-03-01","EMULSÕES ASFÁLTICAS RR-2C","Distrito Federal","-"]
["2024-03-01","EMULSÕES ASFÁLTICAS RR-2C","Espírito Santo","-"]
["2024-03-01","EMULSÕES ASFÁLTICAS RR-2C","Goiás",2.5324859114087368]
["2024-03-01","EMULSÕES ASFÁLTICAS RR-2C","Maranhão","-"]
["2024-03-01","EMULSÕES ASFÁLTICAS RR-2C","Mato Grosso",3.2142033314018912]
["2024-03-01","EMULSÕES ASFÁLTICAS RR-2C","Mato Grosso do Sul",2.7213220198489489]
["2024-03-01","EMULSÕES ASFÁLTICAS RR-2C","Minas Gerais",2.8376833700606432]
["2024-03-01","EMULSÕES ASFÁLTICAS RR-2C","Pará","-"]
["2024-03-01","EMULSÕES ASFÁLTICAS RR-2C","Paraíba","-"]
["2024-03-01","EMULSÕES ASFÁLTICAS RR-2C","Paraná",2.5798154599222438]
["2024-03-01","EMULSÕES ASFÁLTICAS RR-2C","Pernambuco","-"]
["2024-03-01","EMULSÕES ASFÁLTICAS RR-2C","Piauí","-"]
["2024-03-01","EMULSÕES ASFÁLTICAS RR-2C","Rio de Janeiro","-"]
["2024-03-01","EMULSÕES ASFÁLTICAS RR-2C","Rio Grande do Norte","-"]
["2024-03-01","EMULSÕES ASFÁLTICAS RR-2C","Rio Grande do Sul",2.7020602859145755]
["2024-03-01","EMULSÕES ASFÁLTICAS RR-2C","Rondônia","-"]
["2024-03-01","EMULSÕES ASFÁLTICAS RR-2C","Roraima","-"]
["2024-03-01","EMULSÕES ASFÁLTICAS RR-2C","Santa Catarina","-"]
["2024-03-01","EMULSÕES ASFÁLTICAS RR-2C","São Paulo",2.6075844973272346]
["2024-03-01","EMULSÕES ASFÁLTICAS RR-2C","Sergipe","-"]
["2024-03-01","EMULSÕES ASFÁLTICAS RR-2C","Tocantins","-"]
["2024-04-01","EMULSÕES ASFÁLTICAS RR-2C","Acre","-"]
["2024-04-01","EMULSÕES ASFÁLTICAS RR-2C","Alagoas","-"]
["2024-04-01","EMULSÕES ASFÁLTICAS RR-2C","Amapá","-"]
["2024-04-01","EMULSÕES ASFÁLTICAS RR-2C","Amazonas",3.7511368882569718]
["2024-04-01","EMULSÕES ASFÁLTICAS RR-2C","Bahia","-"]
["2024-04-01","EMULSÕES ASFÁLTICAS RR-2C","Ceará",2.4431961177829522]
["2024-04-01","EMULSÕES ASFÁLTICAS RR-2C","Distrito Federal","-"]
["2024-04-01","EMULSÕES ASFÁLTICAS RR-2C","Espírito Santo","-"]
["2024-04-01","EMULSÕES ASFÁLTICAS RR-2C","Goiás",2.7740328979051507]
["2024-04-01","EMULSÕES ASFÁLTICAS RR-2C","Maranhão","-"]
["2024-04-01","EMULSÕES ASFÁLTICAS RR-2C","Mato Grosso",3.1649247101118183]
["2024-04-01","EMULSÕES ASFÁLTICAS RR-2C","Mato Grosso do Sul",2.8315529823361829]
["2024-04-01","EMULSÕES ASFÁLTICAS RR-2C","Minas Gerais",2.7707079564980783]
["2024-04-01","EMULSÕES ASFÁLTICAS RR-2C","Pará",3.1069607352468673]
["2024-04-01","EMULSÕES ASFÁLTICAS RR-2C","Paraíba","-"]
["2024-04-01","EMULSÕES ASFÁLTICAS RR-2C","Paraná",2.6175822397737041]
["2024-04-01","EMULSÕES ASFÁLTICAS RR-2C","Pernambuco","-"]
["2024-04-01","EMULSÕES ASFÁLTICAS RR-2C","Piauí","-"]
["2024-04-01","EMULSÕES ASFÁLTICAS RR-2C","Rio de Janeiro",3.5237229523208082]
["2024-04-01","EMULSÕES ASFÁLTICAS RR-2C","Rio Grande do Norte","-"]
["2024-04-01","EMULSÕES ASFÁLTICAS RR-2C","Rio Grande do Sul",2.6639191472647439]
["2024-04-01","EMULSÕES ASFÁLTICAS RR-2C","Rondônia","-"]
["2024-04-01","EMULSÕES ASFÁLTICAS RR-2C","Roraima","-"]
["2024-04-01","EMULSÕES ASFÁLTICAS RR-2C","Santa Catarina","-"]
["2024-04-01","EMULSÕES ASFÁLTICAS RR-2C","São Paulo",2.6381143848607365]
["2024-04-01","EMULSÕES ASFÁLTICAS RR-2C","Sergipe","-"]
["2024-04-01","EMULSÕES ASFÁLTICAS RR-2C","Tocantins","-"]
["2024-05-01","EMULSÕES ASFÁLTICAS RR-2C","Acre","-"]
["2024-05-01","EMULSÕES ASFÁLTICAS RR-2C","Alagoas","-"]
["2024-05-01","EMULSÕES ASFÁLTICAS RR-2C","Amapá","-"]
["2024-05-01","EMULSÕES ASFÁLTICAS RR-2C","Amazonas",3.0822955853357281]
["2024-05-01","EMULSÕES ASFÁLTICAS RR-2C","Bahia","-"]
["2024-05-01","EMULSÕES ASFÁLTICAS RR-2C","Ceará",2.5255827216631612]
["2024-05-01","EMULSÕES ASFÁLTICAS RR-2C","Distrito Federal","-"]
["2024-05-01","EMULSÕES ASFÁLTICAS RR-2C","Espírito Santo","-"]
["2024-05-01","EMULSÕES ASFÁLTICAS RR-2C","Goiás",2.7231072303771042]
["2024-05-01","EMULSÕES ASFÁLTICAS RR-2C","Maranhão","-"]
["2024-05-01","EMULSÕES ASFÁLTICAS RR-2C","Mato Grosso",3.3375436107294689]
["2024-05-01","EMULSÕES ASFÁLTICAS RR-2C","Mato Grosso do Sul","-"]
["2024-05-01","EMULSÕES ASFÁLTICAS RR-2C","Minas Gerais",2.6237363909337859]
["2024-05-01","EMULSÕES ASFÁLTICAS RR-2C","Pará","-"]
["2024-05-01","EMULSÕES ASFÁLTICAS RR-2C","Paraíba","-"]
["2024-05-01","EMULSÕES ASFÁLTICAS RR-2C","Paraná",2.7211145833023855]
["2024-05-01","EMULSÕES ASFÁLTICAS RR-2C","Pernambuco","-"]
["2024-05-01","EMULSÕES ASFÁLTICAS RR-2C","Piauí","-"]
["2024-05-01","EMULSÕES ASFÁLTICAS RR-2C","Rio de Janeiro","-"]
["2024-05-01","EMULSÕES ASFÁLTICAS RR-2C","Rio Grande do Norte","-"]
["2024-05-01","EMULSÕES ASFÁLTICAS RR-2C","Rio Grande do Sul",2.8027101717490357]
["2024-05-01","EMULSÕES ASFÁLTICAS RR-2C","Rondônia","-"]
["2024-05-01","EMULSÕES ASFÁLTICAS RR-2C","Roraima","-"]
["2024-05-01","EMULSÕES ASFÁLTICAS RR-2C","Santa Catarina","-"]
["2024-05-01","EMULSÕES ASFÁLTICAS RR-2C","São Paulo",2.6727297338456282]
["2024-05-01","EMULSÕES ASFÁLTICAS RR-2C","Sergipe","-"]
["2024-05-01","EMULSÕES ASFÁLTICAS RR-2C","Tocantins",2.6018508264547027]
["2024-06-01","EMULSÕES ASFÁLTICAS RR-2C","Acre","-"]
["2024-06-01","EMULSÕES ASFÁLTICAS RR-2C","Alagoas","-"]
["2024-06-01","EMULSÕES ASFÁLTICAS RR-2C","Amapá","-"]
["2024-06-01","EMULSÕES ASFÁLTICAS RR-2C","Amazonas",3.6174371874171607]
["2024-06-01","EMULSÕES ASFÁLTICAS RR-2C","Bahia","-"]
["2024-06-01","EMULSÕES ASFÁLTICAS RR-2C","Ceará",2.4765828477621596]
["2024-06-01","EMULSÕES ASFÁLTICAS RR-2C","Distrito Federal","-"]
["2024-06-01","EMULSÕES ASFÁLTICAS RR-2C","Espírito Santo","-"]
["2024-06-01","EMULSÕES ASFÁLTICAS RR-2C","Goiás",2.6707784420782139]
["2024-06-01","EMULSÕES ASFÁLTICAS RR-2C","Maranhão","-"]
["2024-06-01","EMULSÕES ASFÁLTICAS RR-2C","Mato Grosso",3.3365856866443457]
["2024-06-01","EMULSÕES ASFÁLTICAS RR-2C","Mato Grosso do Sul",2.7696491527122413]
["2024-06-01","EMULSÕES ASFÁLTICAS RR-2C","Minas Gerais",2.5708771586892714]
["2024-06-01","EMULSÕES ASFÁLTICAS RR-2C","Pará",3.2725561302628736]
["2024-06-01","EMULSÕES ASFÁLTICAS RR-2C","Paraíba","-"]
["2024-06-01","EMULSÕES ASFÁLTICAS RR-2C","Paraná",2.7801035095338702]
["2024-06-01","EMULSÕES ASFÁLTICAS RR-2C","Pernambuco","-"]
["2024-06-01","EMULSÕES ASFÁLTICAS RR-2C","Piauí","-"]
["2024-06-01","EMULSÕES ASFÁLTICAS RR-2C","Rio de Janeiro","-"]
["2024-06-01","EMULSÕES ASFÁLTICAS RR-2C","Rio Grande do Norte","-"]
["2024-06-01","EMULSÕES ASFÁLTICAS RR-2C","Rio Grande do Sul",2.8323497688896473]
["2024-06-01","EMULSÕES ASFÁLTICAS RR-2C","Rondônia","-"]
["2024-06-01","EMULSÕES ASFÁLTICAS RR-2C","Roraima","-"]
["2024-06-01","EMULSÕES ASFÁLTICAS RR-2C","Santa Catarina","-"]
["2024-06-01","EMULSÕES ASFÁLTICAS RR-2C","São Paulo",2.6132436865777655]
["2024-06-01","EMULSÕES ASFÁLTICAS RR-2C","Sergipe","-"]
["2024-06-01","EMULSÕES ASFÁLTICAS RR-2C","Tocantins",2.6162712158642951]
["2024-07-01","EMULSÕES ASFÁLTICAS RR-2C","Acre","-"]
["2024-07-01","EMULSÕES ASFÁLTICAS RR-2C","Alagoas","-"]
["2024-07-01","EMULSÕES ASFÁLTICAS RR-2C","Amapá","-"]
["2024-07-01","EMULSÕES ASFÁLTICAS RR-2C","Amazonas",3.6097103889455915]
["2024-07-01","EMULSÕES ASFÁLTICAS RR-2C","Bahia","-"]
["2024-07-01","EMULSÕES ASFÁLTICAS RR-2C","Ceará",2.6963978739691052]
["2024-07-01","EMULSÕES ASFÁLTICAS RR-2C","Distrito Federal","-"]
["2024-07-01","EMULSÕES ASFÁLTICAS RR-2C","Espírito Santo","-"]
["2024-07-01","EMULSÕES ASFÁLTICAS RR-2C","Goiás",2.887972464140856]
["2024-07-01","EMULSÕES ASFÁLTICAS RR-2C","Maranhão","-"]
["2024-07-01","EMULSÕES ASFÁLTICAS RR-2C","Mato Grosso",3.3975805975907254]
["2024-07-01","EMULSÕES ASFÁLTICAS RR-2C","Mato Grosso do Sul",2.9021389342926072]
["2024-07-01","EMULSÕES ASFÁLTICAS RR-2C","Minas Gerais",2.7498110056438207]
["2024-07-01","EMULSÕES ASFÁLTICAS RR-2C","Pará",3.3322321332470461]
["2024-07-01","EMULSÕES ASFÁLTICAS RR-2C","Paraíba","-"]
["2024-07-01","EMULSÕES ASFÁLTICAS RR-2C","Paraná",2.7171109121095545]
["2024-07-01","EMULSÕES ASFÁLTICAS RR-2C","Pernambuco","-"]
["2024-07-01","EMULSÕES ASFÁLTICAS RR-2C","Piauí","-"]
["2024-07-01","EMULSÕES ASFÁLTICAS RR-2C","Rio de Janeiro","-"]
["2024-07-01","EMULSÕES ASFÁLTICAS RR-2C","Rio Grande do Norte","-"]
["2024-07-01","EMULSÕES ASFÁLTICAS RR-2C","Rio Grande do Sul",2.7370878896555992]
["2024-07-01","EMULSÕES ASFÁLTICAS RR-2C","Rondônia","-"]
["2024-07-01","EMULSÕES ASFÁLTICAS RR-2C","Roraima","-"]
["2024-07-01","EMULSÕES ASFÁLTICAS RR-2C","Santa Catarina","-"]
["2024-07-01","EMULSÕES ASFÁLTICAS RR-2C","São Paulo",2.6712965257213921]
["2024-07-01","EMULSÕES ASFÁLTICAS RR-2C","Sergipe","-"]
["2024-07-01","EMULSÕES ASFÁLTICAS RR-2C","Tocantins","-"]
["Nota 1: Preços à vista, sem frete, com todos os impostos inclusos, à exceção do ICMS, do PIS/Pasep e da Cofins."]
["Nota 2: As informações são baseadas em dados preliminares, portanto sujeitos a reprocessamento por parte dos informantes nos moldes da Resolução ANP nº 729/2018."]
["Nota 3: Quando não houver declaração de venda do produto selecionado, ou quando a declaração de venda do produto ocorrer por menos de 03 (três) distribuidoras, a tabela indicará campo vazio."]

{"sheet":"ANP REGIÃO","index":17,"n_rows":4804,"n_cols":8,"rows_kept":4804,"cut":false,"hidden":false,"merged":[[4,11,4,17],[5,0,5,7]]}
["                       Agência Nacional do Petróleo, Gás Natural e Biocombustíveis"]
["                       Superintendência de Defesa da Concorrência"]
[]
[]
[]
["PREÇO MÉDIO MENSAL PONDERADO PRATICADO PELOS DISTRIBUIDORES DE PRODUTOS ASFÁLTICOS (R$/KG)"]
[]
["Produto","Mês","Norte","Nordeste","Centro-Oeste","Sudeste","Sul","Brasil"]
["ASFALTOS DILUÍDOS CM-30","2008-11-01",1.775468291899861,1.5508785295550009,2.0221432912585158,1.5544936696294056,1.5845328987092044,1.6428683696170379]
["ASFALTOS DILUÍDOS CM-30","2008-12-01",1.80683766686717,1.5091181918292929,2.0130201238521468,1.6109022231682415,1.6071875906046897,1.6375814707941805]
["ASFALTOS DILUÍDOS CM-30","2009-01-01",1.4970528576078774,1.5042963456495586,1.9630976707497438,1.5246722466199356,1.5851372087870144,1.5649458764763875]
["ASFALTOS DILUÍDOS CM-30","2009-02-01",1.4278711198662986,1.4976932831487411,1.9810650983822149,1.5834902312199159,1.595924062030226,1.5654510357834286]
["ASFALTOS DILUÍDOS CM-30","2009-03-01",1.4049414048856463,1.4976479867054073,1.8934302630295043,1.5275478196284176,1.5887200290570365,1.5327131466676831]
["ASFALTOS DILUÍDOS CM-30","2009-04-01",1.4105107475190612,1.4848262612397407,1.9092264287169598,1.4641493705796398,1.5538319284966349,1.5167176477872968]
["ASFALTOS DILUÍDOS CM-30","2009-05-01",1.4803556782469789,1.4668989281041607,1.89159043509598,1.4354437183828608,1.5416111798697305,1.5375743709266867]
["ASFALTOS DILUÍDOS CM-30","2009-06-01",1.5807510393097999,1.4448888371048489,1.8420741185475011,1.4242643148786893,1.5015266955745987,1.5413155753604335]
["ASFALTOS DILUÍDOS CM-30","2009-07-01",1.9054324764830874,1.4826182113007118,1.9490463446662596,1.5844352989750978,1.6103104362752931,1.6510325227966944]
["ASFALTOS DILUÍDOS CM-30","2009-08-01",1.716995183945121,1.4238549146732382,1.7123854783999459,1.4180008053082402,1.5206434973011045,1.5049114686211891]
["ASFALTOS DILUÍDOS CM-30","2009-09-01",1.6432949399073242,1.4453177609909018,1.7315188027842841,1.4193742513482777,1.5007358948821043,1.5055231197075323]
["ASFALTOS DILUÍDOS CM-30","2009-10-01",1.5880319242410621,1.4589326485129228,1.7620150557658878,1.4290244192068808,1.513753830896174,1.5116819041243308]
["ASFALTOS DILUÍDOS CM-30","2009-11-01",1.6393486036846736,1.4490597772941349,1.772650816856568,1.4341226770121553,1.5260431884539487,1.4996573923995862]
["ASFALTOS DILUÍDOS CM-30","2009-12-01",1.6642668525686795,1.4419666364804922,1.8905748020937783,1.429077727129088,1.5205393340203053,1.5088645979107518]
["ASFALTOS DILUÍDOS CM-30","2010-01-01",1.8425061442306077,1.4549771288677129,1.8650224473705366,1.4148176084557305,1.47445076513561,1.4977352271212736]
["ASFALTOS DILUÍDOS CM-30","2010-02-01",1.7098869153976686,1.4429564872331433,1.9198447411040516,1.4331462505851911,1.5008824478877547,1.4965422507909685]
["ASFALTOS DILUÍDOS CM-30","2010-03-01",1.5357434160141068,1.4488804992636382,1.9350627276766812,1.4350261163298175,1.4806186347273496,1.4867898022700077]
["ASFALTOS DILUÍDOS CM-30","2010-04-01",1.7100464793642653,1.4403002542747241,1.9119359608628461,1.4211021532045538,1.4812709367206716,1.5110864313452355]
["ASFALTOS DILUÍDOS CM-30","2010-05-01",1.7556104652601585,1.4352772207874813,1.8732938887963368,1.4069444319626079,1.4817760495024754,1.5371705654397583]
["ASFALTOS DILUÍDOS CM-30","2010-06-01",1.60222431364512,1.3960043359825052,1.731734721489826,1.3999962270804711,1.4919396204893465,1.4980734181535011]
["ASFALTOS DILUÍDOS CM-30","2010-07-01",1.5599016265733592,1.3810167084919864,1.7326882139830364,1.4029048556103791,1.4738544273665888,1.490075269458577]
["ASFALTOS DILUÍDOS CM-30","2010-08-01",1.5266393894179686,1.3881783604979265,1.7389460865755895,1.3987512362214454,1.4557498491251644,1.4958285155236237]
["ASFALTOS DILUÍDOS CM-30","2010-09-01",1.5653788291827495,1.4082046639368928,1.7570273782082926,1.411642875301925,1.4872577446280604,1.5122571279255641]
["ASFALTOS DILUÍDOS CM-30","2010-10-01",1.4817112940719965,1.4043577151639275,1.7511599466056109,1.403489436635176,1.4693408470419445,1.4998882602776933]
["ASFALTOS DILUÍDOS CM-30","2010-11-01",1.5192676718720106,1.4101309036969292,1.7794056254202684,1.4212838216245705,1.4585591123489405,1.4816586349871581]
["ASFALTOS DILUÍDOS CM-30","2010-12-01",1.5592875556846306,1.4098205101455943,1.8251856182643107,1.4176735724266665,1.4732438844109985,1.4691130309482876]
["ASFALTOS DILUÍDOS CM-30","2011-01-01",1.5259233049696748,1.4457940919018251,1.7746009235903832,1.4032742348206362,1.4660028138910168,1.4572560662014229]
["ASFALTOS DILUÍDOS CM-30","2011-02-01",1.5528251122422341,1.3920942592280916,1.7638361229571986,1.3851949371119521,1.4495588401983606,1.4262504783251191]
["ASFALTOS DILUÍDOS CM-30","2011-03-01",1.4692196925544694,1.369442916392615,1.6960179222585858,1.3538128040962221,1.4351706939633142,1.4001302489914176]
["ASFALTOS DILUÍDOS CM-30","2011-04-01",1.4705702617293523,1.3732204915693953,1.6508293935641825,1.3459281034814121,1.4219989396776103,1.4004935219520107]
["ASFALTOS DILUÍDOS CM-30","2011-05-01",1.4285289552102927,1.3226462666512504,1.700380912624452,1.3450681632968498,1.4393614312493497,1.4280580185794016]
["ASFALTOS DILUÍDOS CM-30","2011-06-01",1.4076221633546719,1.3057086567980729,1.7418436691513794,1.3546204948730511,1.399501692726387,1.4402998200984294]
["ASFALTOS DILUÍDOS CM-30","2011-07-01",1.2592340651332123,1.3120333050376822,1.737489695700698,1.3365638802479902,1.4224748872744075,1.420839252438473]
["ASFALTOS DILUÍDOS CM-30","2011-08-01",1.4706800609788393,1.2997787645934575,1.7274434847201194,1.3414778214791121,1.353018351786835,1.4256755337309983]
["ASFALTOS DILUÍDOS CM-30","2011-09-01",1.5613287195812997,1.3211960841365165,1.7298215476496697,1.3574514832033793,1.3956847977155606,1.4552024134611556]
["ASFALTOS DILUÍDOS CM-30","2011-10-01",1.5205697215342968,1.3262187355451922,1.7173804596917086,1.3326913923266841,1.3577774002014775,1.4422958710201133]
["ASFALTOS DILUÍDOS CM-30","2011-11-01",1.4658863342192192,1.3370411535561173,1.7410048856130245,1.3454861032743028,1.4475805650916878,1.4453541374392815]
["ASFALTOS DILUÍDOS CM-30","2011-12-01",1.4708838986818675,1.335587636015594,1.778724141037564,1.4082930677979837,1.4281123057372698,1.4224186038046347]
["ASFALTOS DILUÍDOS CM-30","2012-01-01",1.384955015343784,1.3501301556511212,1.7807838826602391,1.4213541069575866,1.4303524742082805,1.3946581672576805]
["ASFALTOS DILUÍDOS CM-30","2012-02-01",1.3321816775968491,1.3681438910682722,1.7410203936345245,1.4002009849686847,1.4254009857295182,1.4106057073584115]
["ASFALTOS DILUÍDOS CM-30","2012-03-01",1.4116218672253591,1.3491222141696635,1.6200960057076521,1.3932957641863888,1.4061305685364243,1.4097687857718448]
["ASFALTOS DILUÍDOS CM-30","2012-04-01",1.5490079115367077,1.3839764564229082,1.6407127520439628,1.4047163969885328,1.4406177932909374,1.4560848195158143]
["ASFALTOS DILUÍDOS CM-30","2012-05-01",1.5961789407631797,1.3863622723418332,1.7120611831014076,1.3992395496323984,1.4483508871038364,1.4984619690114278]
["ASFALTOS DILUÍDOS CM-30","2012-06-01",1.7014325756300936,1.3880535176053643,1.7403520072135485,1.4221187493315077,1.4491960719572869,1.5277227168892671]
["ASFALTOS DILUÍDOS CM-30","2012-07-01",1.6520267416801246,1.394368570348399,1.7186448460973875,1.4396702606544556,1.4618756698398216,1.5230691585214196]
["ASFALTOS DILUÍDOS CM-30","2012-08-01",1.6899988348486508,1.4033378504117666,1.7418950411875969,1.4217233694882419,1.4456857990864684,1.5365330783907734]
["ASFALTOS DILUÍDOS CM-30","2012-09-01",1.6901779719756052,1.4215000029945404,1.7809207242542573,1.4451804324814792,1.483645866209568,1.5494106529483214]
["ASFALTOS DILUÍDOS CM-30","2012-10-01",1.5748403417735901,1.4170661089937784,1.7948320359386707,1.4513045256427093,1.4820371089264335,1.5506318015756093]
["ASFALTOS DILUÍDOS CM-30","2012-11-01",1.6551635257231672,1.4558787477556379,1.8401297664388181,1.4612046147024229,1.483499722440758,1.5525007759277432]
["ASFALTOS DILUÍDOS CM-30","2012-12-01",1.7148761252476299,1.4358547414042895,1.8040665730235492,1.4522276502894624,1.5094176484265767,1.52341199897343]
["ASFALTOS DILUÍDOS CM-30","2013-01-01",1.49577633531191,1.4494945882804569,1.854050524926971,1.4463875204232581,1.5637536746433771,1.5021372585515669]
["ASFALTOS DILUÍDOS CM-30","2013-02-01",1.6350676663292762,1.4206096380056286,1.7310714983768278,1.4427463556625959,1.4618284045231364,1.4739560998096293]
["ASFALTOS DILUÍDOS CM-30","2013-03-01",1.6462290983770218,1.4132999826764656,1.8382808702142501,1.450015151581231,1.525760413213191,1.5065429040275125]
["ASFALTOS DILUÍDOS CM-30","2013-04-01",1.5818644742095733,1.3991895644616681,1.7938251131572354,1.4587047548011667,1.5519137019638134,1.5236236356982658]
["ASFALTOS DILUÍDOS CM-30","2013-05-01",1.8156467734021038,1.3901435173573402,1.8127833125555952,1.4495105198760894,1.5042334570917104,1.5499185916148586]
["ASFALTOS DILUÍDOS CM-30","2013-06-01",1.631101583269406,1.3831865363493894,1.8166421053117843,1.4742326405210737,1.5030436887514047,1.5810494287432473]
["ASFALTOS DILUÍDOS CM-30","2013-07-01",1.8659656299136016,1.4220511166820584,1.7930727534993904,1.4980188082141952,1.5333919012130266,1.5988051300497286]
["ASFALTOS DILUÍDOS CM-30","2013-08-01",1.7003255463797664,1.4350944152129526,1.8214526135394096,1.5117228677125905,1.5307935959615016,1.606176585023563]
["ASFALTOS DILUÍDOS CM-30","2013-09-01",1.5628737334467784,1.472197747846397,1.8798427121896333,1.5426528666514732,1.4906675433518579,1.6279458927397024]
["ASFALTOS DILUÍDOS CM-30","2013-10-01",1.6485040126782045,1.4721523452379741,1.8254949973735879,1.5011776822532599,1.4837891199596089,1.5975387750854628]
["ASFALTOS DILUÍDOS CM-30","2013-11-01",1.6191790616802137,1.4864133172033092,1.8440126788718751,1.4963268091994695,1.5060968778685144,1.5816658440637181]
["ASFALTOS DILUÍDOS CM-30","2013-12-01",1.6333582932936324,1.4948180974693182,1.8971971755011852,1.502864537815453,1.5170742961572261,1.5724752435084501]
["ASFALTOS DILUÍDOS CM-30","2014-01-01",1.6883112645542433,1.4941813053237418,1.798355903301921,1.484202293006369,1.5333538127163482,1.5429097373917113]
["ASFALTOS DILUÍDOS CM-30","2014-02-01",1.5983044344318567,1.4797065865711037,1.8143902154874776,1.5148293924294436,1.5228005876490054,1.5289702872818669]
["ASFALTOS DILUÍDOS CM-30","2014-03-01",1.6482876867145917,1.4728525009148317,1.7665731898758721,1.51302067306437,1.506185247658631,1.5301811776597249]
["ASFALTOS DILUÍDOS CM-30","2014-04-01",1.5344599867413866,1.4938987674094668,1.7572712776570749,1.5330213089948712,1.5242752737653176,1.5505663052842342]
["ASFALTOS DILUÍDOS CM-30","2014-05-01",1.5865832695017912,1.490834685405561,1.8043392514922791,1.5011381313711198,1.5670438242902647,1.5864522723947623]
["ASFALTOS DILUÍDOS CM-30","2014-06-01",1.6582771641997771,1.505801121088334,1.8395934446217679,1.5068631996744923,1.5237769525751934,1.6360707022927903]
["ASFALTOS DILUÍDOS CM-30","2014-07-01",1.8902995420863991,1.5007305138567979,1.708277865154757,1.4872939638147142,1.5059560688747375,1.5870651583370865]
["ASFALTOS DILUÍDOS CM-30","2014-08-01",1.6327418316997406,1.5019453239585232,1.6712031892731514,1.4823593406142497,1.5063273663854013,1.5579103773244307]
["ASFALTOS DILUÍDOS CM-30","2014-09-01",1.6695671702572692,1.5468304268817521,1.8647970160765246,1.4967645846910873,1.5705332417802202,1.6392810567885523]
["ASFALTOS DILUÍDOS CM-30","2014-10-01",1.7428769161761999,1.5089785690064217,1.7466504658087405,1.4707736452826126,1.4542734619226698,1.5791202203838035]
["ASFALTOS DILUÍDOS CM-30","2014-11-01",1.8647234193559832,1.5794305899027268,1.7491562181382097,1.4650844794435072,1.5291479878657286,1.6013598210971371]
["ASFALTOS DILUÍDOS CM-30","2014-12-01",1.8126719141051084,1.7048443484755709,1.9633100661617373,1.6236767016868801,1.6496446594888365,1.7188269809751979]
["ASFALTOS DILUÍDOS CM-30","2015-01-01",2.154807062237857,2.0237604465992796,2.318863736250087,1.866588966995945,1.8983804341416592,2.0077920317642164]
["ASFALTOS DILUÍDOS CM-30","2015-02-01",2.2602386249872826,2.005673765479961,2.39387576246911,1.8545197659023895,1.9273951074271198,2.0076537808820922]
["ASFALTOS DILUÍDOS CM-30","2015-03-01",2.1241764622724171,1.9688228488157713,2.2796432544485605,1.8877609106191235,1.9302171448271557,1.984816915690029]
["ASFALTOS DILUÍDOS CM-30","2015-04-01",2.0300495054839325,2.0015064478681905,2.3791189033714564,1.8524516695799333,1.9490252540308453,1.9806432104751772]
["ASFALTOS DILUÍDOS CM-30","2015-05-01",2.5072716513000879,1.946869908478553,2.2547581921999282,1.8074700012302962,2.0169295357804549,2.0054742341523029]
["ASFALTOS DILUÍDOS CM-30","2015-06-01",2.2483200417790403,1.9442597359725537,2.314331795603183,1.8469985947421261,1.9685651248900617,2.0425813437783229]
["ASFALTOS DILUÍDOS CM-30","2015-07-01",1.9922227576683553,1.9927916353986852,2.0467699532446439,1.7826486032573374,1.9316713850081439,1.9426273617200946]
["ASFALTOS DILUÍDOS CM-30","2015-08-01",2.3076059306822145,2.0380891268644983,2.2527481047097249,1.8280977048256251,1.9398244806048379,2.0819361602892656]
["ASFALTOS DILUÍDOS CM-30","2015-09-01",2.3142897041654931,2.0953075310397593,2.3445619869158953,1.9425510907359305,2.0053526142838649,2.1681755414132606]
["ASFALTOS DILUÍDOS CM-30","2015-10-01",2.3294566633542768,2.1705700120210771,2.4327301201697984,2.0356247510661434,2.1102611483942613,2.2375337815870444]
["ASFALTOS DILUÍDOS CM-30","2015-11-01",2.6060565663351674,2.4370983039590906,2.7116121412222856,2.2801138962695355,2.3264462967814099,2.4749987807903859]
["ASFALTOS DILUÍDOS CM-30","2015-12-01",2.6353740059557738,2.3959203086990479,2.6935283855254926,2.2725281293578652,2.3307406587865764,2.4528481564555822]
["ASFALTOS DILUÍDOS CM-30","2016-01-01",2.715863992571296,2.3738616473830558,2.8446706021403423,2.2636506579710223,2.232631691292259,2.4005633937967046]
["ASFALTOS DILUÍDOS CM-30","2016-02-01",2.8046831597962023,2.4668468163062847,2.7917870068634194,2.295637115076373,2.3465561728531039,2.4643485483679339]
["ASFALTOS DILUÍDOS CM-30","2016-03-01",2.5805021000515591,2.4706787528282432,2.707688024686739,2.2353019985078908,2.3831159721317374,2.4235639243350886]
["ASFALTOS DILUÍDOS CM-30","2016-04-01",2.9420063117520159,2.7407420323357798,2.7590718549873894,2.5444391782568454,2.7107516320277951,2.6802748334258815]
["ASFALTOS DILUÍDOS CM-30","2016-05-01",3.010579472190499,2.6502770473378652,2.8571213606999692,2.5755831524603727,2.7704133622011731,2.7097332699628347]
["ASFALTOS DILUÍDOS CM-30","2016-06-01",2.9091798437334044,2.6213850410237809,2.9434872809731996,2.6591095151444502,2.6847595547587253,2.7436195168269588]
["ASFALTOS DILUÍDOS CM-30","2016-07-01",2.9857403807234846,2.5916440449052458,2.9892780300364516,2.6043965993959093,2.6608844226339654,2.7451355392858749]
["ASFALTOS DILUÍDOS CM-30","2016-08-01",2.9352439186814849,2.6239173289893882,2.9704908538915533,2.6794865035270106,2.7270256489201157,2.7813859621875383]
["ASFALTOS DILUÍDOS CM-30","2016-09-01",2.6491368213054933,2.5210548514543203,2.78158392467622,2.5139331302502899,2.3712715009846734,2.5956171278003044]
["ASFALTOS DILUÍDOS CM-30","2016-10-01",2.6261092565318918,2.4444690926263486,2.7816178727337073,2.5073831267842106,2.3832539904481074,2.5669990365978546]
["ASFALTOS DILUÍDOS CM-30","2016-11-01",2.5350874082568811,2.3741455271406773,2.9527686743670913,2.4812637646203957,2.3822067705600443,2.5428423663590056]
["ASFALTOS DILUÍDOS CM-30","2016-12-01",2.5003910703638921,2.2534134827852079,3.0385194580992274,2.5894388924802212,2.3955934236287195,2.4764392949644827]
["ASFALTOS DILUÍDOS CM-30","2017-01-01",2.3928755043294307,2.2326956737638795,3.0890809705267994,2.5357440394357544,2.3786948325024055,2.3742161919082898]
["ASFALTOS DILUÍDOS CM-30","2017-02-01",2.6803941399450149,2.2718972247441918,2.7644080315024548,2.5739336852397301,2.3846443980420249,2.4707214660150472]
["ASFALTOS DILUÍDOS CM-30","2017-03-01",2.2388412099546269,2.3869580790455664,2.6672202519696859,2.3721659474968226,2.3012188699930101,2.3787969856691022]
["ASFALTOS DILUÍDOS CM-30","2017-04-01",2.4201913984483658,2.3079695958724997,2.7940930144417431,2.2584099120969205,2.2564342971186231,2.3802684836931283]
["ASFALTOS DILUÍDOS CM-30","2017-05-01",2.4321066924406174,2.1679191277081702,2.6998369361907812,2.2553871917774004,2.2040269576345812,2.3615159091526872]
["ASFALTOS DILUÍDOS CM-30","2017-06-01",2.428301776188067,2.1819386891073642,2.7566720547790053,2.2345490215052068,2.3057785455472466,2.4455345302470208]
["ASFALTOS DILUÍDOS CM-30","2017-07-01",2.4537520606647312,2.2180753339264268,2.6946250217879819,2.4143292471305724,2.269601101789303,2.4734361063107033]
["ASFALTOS DILUÍDOS CM-30","2017-08-01",2.4479309760126604,2.1531120307177778,2.5953499516022815,2.3029190650855029,2.1701486665824552,2.380876423356896]
["ASFALTOS DILUÍDOS CM-30","2017-09-01",2.4945515044767554,2.1424398904201269,2.6231665031840565,2.3713080947914027,2.3036985067925064,2.3935422037636651]
["ASFALTOS DILUÍDOS CM-30","2017-10-01",2.349953943689814,2.1805600401416361,2.6141609567384387,2.4152549616620149,2.200795730162767,2.3679471208081657]
["ASFALTOS DILUÍDOS CM-30","2017-11-01",2.6701269906215921,2.4331691952027654,2.9086274641315479,2.5846948203371722,2.4151927087938279,2.6021013475834995]
["ASFALTOS DILUÍDOS CM-30","2017-12-01",2.5873526446779471,2.4253588817071559,2.9066337647932516,2.6028902977101533,2.4228897602441153,2.5317644644161175]
["ASFALTOS DILUÍDOS CM-30","2018-01-01",2.9503607547256228,2.6628629232060117,2.8759539934329186,2.6207384835627527,2.6469552515293611,2.7359563685933406]
["ASFALTOS DILUÍDOS CM-30","2018-02-01",2.6778995674574793,2.6724981640636885,2.9425954737982054,2.6204311297861467,2.5678856622288615,2.6683699327588881]
["ASFALTOS DILUÍDOS CM-30","2018-03-01",2.733363024842264,2.5890500217484171,2.8091725563599068,2.5619283929800578,2.5759460667688168,2.634876583533114]
["ASFALTOS DILUÍDOS CM-30","2018-04-01",2.7578011203975832,2.6695536015406049,2.7739082417039715,2.5954700600355576,2.5560423937698191,2.6643301999713014]
["ASFALTOS DILUÍDOS CM-30","2018-05-01",2.8412133622510223,2.6720258770016354,2.8845014821466051,2.6867180206320227,2.7364851031644366,2.7773789604101013]
["ASFALTOS DILUÍDOS CM-30","2018-06-01",3.0084447893246131,2.9196051783300918,3.1584548861308823,2.8467310801924182,2.9535239926489307,2.9822916346015909]
["ASFALTOS DILUÍDOS CM-30","2018-07-01",3.2682375492400708,3.0365240944190606,3.3993603985117833,3.0264675982736886,3.1977963096372659,3.1641265459600993]
["ASFALTOS DILUÍDOS CM-30","2018-08-01",3.5644131503767484,3.4151937693257381,3.7077062061816197,3.4250793489604385,3.3567224608647508,3.5155581124678132]
["ASFALTOS DILUÍDOS CM-30","2018-09-01",3.1739137775700708,3.4450641183998139,3.7352632395133192,3.3858161855531033,3.6073094538422108,3.4832384285860498]
["ASFALTOS DILUÍDOS CM-30","2018-10-01",3.4877781194032069,3.4605088037184499,3.7214440570019267,3.4325255648574613,3.6060208798740816,3.5453903440278856]
["ASFALTOS DILUÍDOS CM-30","2018-11-01",4.0472724835013763,3.8148933123426594,4.2801315857990856,4.1781267770448416,3.9676813672082725,3.9901471831919757]
["ASFALTOS DILUÍDOS CM-30","2018-12-01",3.9514911464300919,3.9671131945586988,4.3411442016061494,3.9167660661459327,3.9119933573908625,3.9997426540972283]
["ASFALTOS DILUÍDOS CM-30","2019-01-01",3.796855325440335,3.8700188889547351,4.2019017623856101,3.9541969966832955,3.9767860281367571,3.9339519113451713]
["ASFALTOS DILUÍDOS CM-30","2019-02-01",3.5165840732068481,4.0903611784584326,4.4984229528632644,4.4699424754083799,4.254590254190048,4.1885446787899623]
["ASFALTOS DILUÍDOS CM-30","2019-03-01",4.2167581170154946,4.361910727690451,4.9071948885050256,4.3987177285672878,4.2908239224565268,4.3602952785677864]
["ASFALTOS DILUÍDOS CM-30","2019-04-01",4.2816482053830862,4.2346614282381783,4.5316272152415111,4.4372265298088944,4.4668814710532265,4.3808204400429531]
["ASFALTOS DILUÍDOS CM-30","2019-05-01",4.2876446588586026,4.1906997381607392,4.8579108723037878,4.2674619632317254,4.6338063794549269,4.3664021512935012]
["ASFALTOS DILUÍDOS CM-30","2019-06-01",4.4756098919574763,3.9650529338558584,4.6627293398156695,4.3506006040881262,4.2112299208130288,4.3193236685829213]
["ASFALTOS DILUÍDOS CM-30","2019-07-01",4.3944989892750694,4.0580393046576262,4.8342219453142432,4.0946594136123524,4.2330032812984593,4.3469777568824259]
["ASFALTOS DILUÍDOS CM-30","2019-08-01",4.4817350398715394,3.9106624961596284,4.5763290808844896,4.1116165400705285,4.2554199851288832,4.2583450834425163]
["ASFALTOS DILUÍDOS CM-30","2019-09-01",4.4395787959021016,3.8599048964692,4.4952569677016117,4.1113214746306284,4.1173591515128498,4.2516070851894359]
["ASFALTOS DILUÍDOS CM-30","2019-10-01",4.3358886308542965,3.7723249620168713,4.4592423566364383,4.0560841149779971,3.9424580110701513,4.0774070200824255]
["ASFALTOS DILUÍDOS CM-30","2019-11-01",4.3162386923616687,3.9102455086162249,4.5818410769751399,4.0790240402787017,4.1066212744862112,4.0945612118040993]
["ASFALTOS DILUÍDOS CM-30","2019-12-01",4.1994359723448076,3.9801196625114534,4.6737748050882244,4.4342681423617796,3.9864103120620888,4.1646916164145047]
["ASFALTOS DILUÍDOS CM-30","2020-01-01",3.5929800297386127,3.8953206167915009,4.6854206234146343,4.3870746736704653,4.1244676680570382,4.053338937317176]
["ASFALTOS DILUÍDOS CM-30","2020-02-01",3.6426670163866413,3.8773951868791743,4.4381945434057508,3.6999446067471551,3.7781640114379087,3.8390104382859813]
["ASFALTOS DILUÍDOS CM-30","2020-03-01",4.6766683387540651,3.7911389770150254,4.2892223433757142,3.7184027336226184,3.6090861904150624,3.931170680085633]
["ASFALTOS DILUÍDOS CM-30","2020-04-01",4.3133628366737744,3.695765500307409,4.255395320746711,3.8658955306474549,3.7322533821170811,3.9641252109102116]
["ASFALTOS DILUÍDOS CM-30","2020-05-01",3.2491346579639497,3.6377699124207261,4.1135448820979521,3.7605500263874698,3.7106180989773567,3.6561750396403685]
["ASFALTOS DILUÍDOS CM-30","2020-06-01",4.0179030762543011,3.5670314916963957,4.2773691709380897,3.9378864851716089,3.6258300686208402,3.9245245060979554]
["ASFALTOS DILUÍDOS CM-30","2020-07-01",3.8404975092031708,3.5132704799925611,4.2154906897750486,3.9542238856372385,3.6888412749164861,3.8437744484666765]
["ASFALTOS DILUÍDOS CM-30","2020-08-01",4.1744672026234504,3.4653942193101739,4.2777102112355543,4.0674649403157481,3.6285886300574681,3.9471669167665953]
["ASFALTOS DILUÍDOS CM-30","2020-09-01",4.1673713305130189,3.7463608159296071,4.1674243560753164,3.795621791459133,3.6277299350208518,3.9731299454309621]
["ASFALTOS DILUÍDOS CM-30","2020-10-01",4.4080995270258247,3.7189898780058752,4.2789791922752292,4.0087469056209644,3.591048182814105,4.0396437701408869]
["ASFALTOS DILUÍDOS CM-30","2020-11-01",4.056306005875463,3.969209280824523,4.5479008925173545,4.2794554204004482,3.9733472444131079,4.1758261487573911]
["ASFALTOS DILUÍDOS CM-30","2020-12-01",4.1320641381592349,3.8516327512549782,4.4267043859560493,3.9062364218750001,3.8709398004987534,4.0353473741436776]
["ASFALTOS DILUÍDOS CM-30","2021-01-01",3.4898363334540634,3.9515259365843449,4.6282697015940615,4.0115770110932818,3.9351366380221178,3.9170923908491697]
["ASFALTOS DILUÍDOS CM-30","2021-02-01",4.0993181160271339,4.2671095227980738,4.8320616154999163,4.4142027055929844,4.1490489316030832,4.2681970400244511]
["ASFALTOS DILUÍDOS CM-30","2021-03-01",4.5283557922342821,4.2398317306284641,4.9263145623389848,4.269697838632478,4.130655409148801,4.3778337851486215]
["ASFALTOS DILUÍDOS CM-30","2021-04-01",4.3492718667699455,4.086995153956086,4.4775975223329212,4.1561133984777809,4.0441898216789101,4.2533617978714497]
["ASFALTOS DILUÍDOS CM-30","2021-05-01",4.4888894130685344,4.7079458152476352,5.1014896859269019,4.7840348955761325,4.5239866147826087,4.7905480845000747]
["ASFALTOS DILUÍDOS CM-30","2021-06-01",4.0104677110157372,4.4795921263082565,5.1130412121877136,4.7797399051560605,4.721214306605324,4.7648908843603293]
["ASFALTOS DILUÍDOS CM-30","2021-07-01",4.752234128166914,4.5593505060051864,5.0047582828911885,4.8027297199751091,4.7485506777572404,4.8175860470307148]
["ASFALTOS DILUÍDOS CM-30","2021-08-01",5.0852845318795925,4.7725012554966746,5.1985371416166712,5.2447352585460836,4.7613117496679944,5.0981691998909247]
["ASFALTOS DILUÍDOS CM-30","2021-09-01",5.1103002666714392,4.5380723645606951,5.2417211851326178,5.0171441968029349,4.8628612446892214,5.0169588861348151]
["ASFALTOS DILUÍDOS CM-30","2021-10-01",5.0806972614480195,4.668267419725785,5.119544199434471,5.384779064720119,4.6585164317148839,5.0212943116089832]
["ASFALTOS DILUÍDOS CM-30","2021-11-01",5.4365187533430426,5.0877678096084091,5.150063985365855,5.6342578836213262,5.1745301312734,5.228141289314542]
["ASFALTOS DILUÍDOS CM-30","2021-12-01",5.1842913863822799,4.9754869746435961,5.5721222512344166,6.1356552053102806,5.0118099196141479,5.3395658014179279]
["ASFALTOS DILUÍDOS CM-30","2022-01-01",4.9281919741255393,5.0235556226626787,6.0184075115776476,5.2147730264088663,5.4819792438642301,5.2507896788533772]
["ASFALTOS DILUÍDOS CM-30","2022-02-01",5.5456841887543158,5.7086284128952265,6.011065894160585,4.8651,5.7633671471135939,5.7360574279908949]
["ASFALTOS DILUÍDOS CM-30","2022-03-01",6.326844734544073,5.6446879044140807,5.9308072252475252,6.1811411426079372,5.4980416823056304,5.9227810376852732]
["ASFALTOS DILUÍDOS CM-30","2022-04-01",5.9742206806482363,5.8327473242923862,6.2066926146167143,5.720329996738422,6.1780029101899832,6.012354228732443]
["ASFALTOS DILUÍDOS CM-30","2022-05-01",5.3540155864053514,5.4643353093295337,6.0076116392395544,5.9950955829778598,5.4909500902222943,5.6707227436676151]
["ASFALTOS DILUÍDOS CM-30","2022-06-01",5.8024437980978982,5.3169642029150532,5.2526788904331729,5.8139315181077107,5.644996327649209,5.469498686629418]
["ASFALTOS DILUÍDOS CM-30","2022-07-01",5.9656147650299394,5.8293148785416005,5.9190997106894132,5.7424847752856536,5.6744305431680342,5.8620207016825967]
["ASFALTOS DILUÍDOS CM-30","2022-08-01",6.4242304633121403,5.7582568777084298,5.7523528425340276,5.7919053521795947,5.3127172396617626,5.8231860506201825]
["ASFALTOS DILUÍDOS CM-30","2022-09-01",5.5400970738727207,5.6099216185135523,5.9635924887053049,5.3021811937774777,4.9779291607226188,5.6994299207939951]
["ASFALTOS DILUÍDOS CM-30","2022-10-01",4.7856709989976602,4.7275210937576615,5.3391051467024848,4.8511600071415808,4.5325805131069403,5.0416617153352234]
["ASFALTOS DILUÍDOS CM-30","2022-11-01",7.7658559225776544,4.7756549822430978,5.2376261274762639,4.6363831377551019,4.4605931787998525,5.0749938622493769]
["ASFALTOS DILUÍDOS CM-30","2022-12-01",4.6572500000000003,4.9669053619704666,5.6551615535897968,4.8409356716417911,4.6610078614476942,5.1132494896259093]
["ASFALTOS DILUÍDOS CM-30","2023-01-01",4.9489503194263369,5.0562649220892126,5.3595979656070876,4.4264979589428979,4.1032678882694276,4.7156051288638947]
["ASFALTOS DILUÍDOS CM-30","2023-02-01",5.4074946666666666,4.3357711953065854,4.7466466007882886,4.6748847269736844,4.0145471734505751,4.4178007361899621]
["ASFALTOS DILUÍDOS CM-30","2023-03-01",4.9913099999999995,4.0135491198476396,4.7462502799274482,4.0807193704746583,4.0824849538172883,4.2703457233889024]
["ASFALTOS DILUÍDOS CM-30","2023-04-01",4.4384790147401088,4.0942013541234976,5.1358161857876716,4.3682650946372243,3.8593081492264183,4.1538187971295137]
["ASFALTOS DILUÍDOS CM-30","2023-05-01",5.0185892968749997,4.5062826432970153,5.6166382927268126,4.0347569254562323,4.0637017171681284,4.686492724584018]
["ASFALTOS DILUÍDOS CM-30","2023-06-01",4.4396445256166981,4.4958053542941228,5.2281745243523305,3.7720287448015117,4.009042073315273,4.5880451479802309]
["ASFALTOS DILUÍDOS CM-30","2023-07-01",4.3603993517100559,4.2501876337265845,6.1880491547639789,3.6992167814899357,4.3157737677281238,4.7907175528841668]
["ASFALTOS DILUÍDOS CM-30","2023-08-01",4.0432159990492789,4.1009017094086238,5.4141982276485141,3.9642979487929773,4.0559897783431387,4.6078106973203159]
["ASFALTOS DILUÍDOS CM-30","2023-09-01",5.6950162499999992,4.3585862764196586,5.1872525169853443,4.1125086564690889,4.2116462357089439,4.7486402113943784]
["ASFALTOS DILUÍDOS CM-30","2023-10-01",5.6851849999999997,4.2940756470348473,4.9129194755712451,4.3650951011817867,4.257370162289762,4.6094459052458969]
["ASFALTOS DILUÍDOS CM-30","2023-11-01",4.8150853974895407,4.3455994471278903,5.4045027466641233,4.0452711044025156,4.1646974052516406,4.781498942559435]
["ASFALTOS DILUÍDOS CM-30","2023-12-01",5.411492307692308,4.7000438956945336,5.3064157338380893,4.3132168619246851,4.1887320623811153,4.6648453529250782]
["ASFALTOS DILUÍDOS CM-30","2024-01-01",3.7161783908045978,4.3951638106517361,4.8881269466529096,3.9771967970464495,4.0570953313555913,4.2902289028023235]
["ASFALTOS DILUÍDOS CM-30","2024-02-01",5.3495885714285718,4.2818818708452042,5.361180559808612,4.2877861548731637,4.1511129458512555,4.3661949963243387]
["ASFALTOS DILUÍDOS CM-30","2024-03-01",6.4376241652021093,4.5129483576545502,4.9940359324035128,4.6806103035389564,4.1973881228300884,4.7251379668916966]
["ASFALTOS DILUÍDOS CM-30","2024-04-01",6.5240100177935947,5.3336688746475263,5.0113703573682553,3.991999625535561,4.1511612398915636,4.4394069861737675]
["ASFALTOS DILUÍDOS CM-30","2024-05-01",6.6199363302160599,"***",5.2153828803500994,4.2485579597254599,4.4781707669028128,4.9600785683065052]
["ASFALTOS DILUÍDOS CM-30","2024-06-01",6.4618208055744386,4.288169263434388,4.9216061240367335,4.5173397406958813,4.8975857869415806,4.922850802681447]
["ASFALTOS DILUÍDOS CM-30","2024-07-01",6.1206122388059692,4.5992554326494206,5.4974510694626613,4.6678385333333337,4.5144526530857751,4.9627403967728929]
["ASFALTOS DILUÍDOS CM-70","2008-11-01","***","***","***","***","***","***"]
["ASFALTOS DILUÍDOS CM-70","2008-12-01","***","***","***","***","***","***"]
["ASFALTOS DILUÍDOS CM-70","2009-01-01","***","***","***","***","***","***"]
["ASFALTOS DILUÍDOS CM-70","2009-02-01","***","***","***","***","***","***"]
["ASFALTOS DILUÍDOS CM-70","2009-03-01","***","***","***","***","***","***"]
["ASFALTOS DILUÍDOS CM-70","2009-04-01","***","***","***","***","***","***"]
["ASFALTOS DILUÍDOS CM-70","2009-05-01","***","***","***","***","***","***"]
["ASFALTOS DILUÍDOS CM-70","2009-06-01","***","***","***","***","***","***"]
["ASFALTOS DILUÍDOS CM-70","2009-07-01","***","***","***","***","***","***"]
["ASFALTOS DILUÍDOS CM-70","2009-08-01","***","***","***","***","***","***"]
["ASFALTOS DILUÍDOS CM-70","2009-09-01","***","***","***","***","***","***"]
["ASFALTOS DILUÍDOS CM-70","2009-10-01","***","***","***","***","***","***"]
["ASFALTOS DILUÍDOS CM-70","2009-11-01","***","***","***","***","***","***"]
["ASFALTOS DILUÍDOS CM-70","2009-12-01","***","***","***","***","***","***"]
["ASFALTOS DILUÍDOS CM-70","2010-01-01","***","***","***","***","***","***"]
["ASFALTOS DILUÍDOS CM-70","2010-02-01","***","***","***","***","***","***"]
["ASFALTOS DILUÍDOS CM-70","2010-03-01","***","***","***","***","***","***"]
["ASFALTOS DILUÍDOS CM-70","2010-04-01","***","***","***","***","***","***"]
["ASFALTOS DILUÍDOS CM-70","2010-05-01","***","***","***","***","***","***"]
["ASFALTOS DILUÍDOS CM-70","2010-06-01","***","***","***","***","***","***"]
["ASFALTOS DILUÍDOS CM-70","2010-07-01","***","***","***","***","***","***"]
["ASFALTOS DILUÍDOS CM-70","2010-08-01","***","***","***","***","***","***"]
["ASFALTOS DILUÍDOS CM-70","2010-09-01","***","***","***","***","***","***"]
["ASFALTOS DILUÍDOS CM-70","2010-10-01","***","***","***","***","***","***"]
["ASFALTOS DILUÍDOS CM-70","2010-11-01","***","***","***","***","***","***"]
["ASFALTOS DILUÍDOS CM-70","2010-12-01","***","***","***","***","***","***"]
["ASFALTOS DILUÍDOS CM-70","2011-01-01","***","***","***","***","***","***"]
["ASFALTOS DILUÍDOS CM-70","2011-02-01","***","***","***","***","***","***"]
["ASFALTOS DILUÍDOS CM-70","2011-03-01","***","***","***","***","***","***"]
["ASFALTOS DILUÍDOS CM-70","2011-04-01","***","***","***","***","***","***"]
["ASFALTOS DILUÍDOS CM-70","2011-05-01","***","***","***","***","***","***"]
["ASFALTOS DILUÍDOS CM-70","2011-06-01","***","***","***","***","***","***"]
["ASFALTOS DILUÍDOS CM-70","2011-07-01","***","***","***","***","***","***"]
["ASFALTOS DILUÍDOS CM-70","2011-08-01","***","***","***","***","***","***"]
["ASFALTOS DILUÍDOS CM-70","2011-09-01","***","***","***","***","***","***"]
["ASFALTOS DILUÍDOS CM-70","2011-10-01","***","***","***","***","***","***"]
["ASFALTOS DILUÍDOS CM-70","2011-11-01","***","***","***","***","***","***"]
["ASFALTOS DILUÍDOS CM-70","2011-12-01","***","***","***","***","***","***"]
["ASFALTOS DILUÍDOS CM-70","2012-01-01","***","***","***","***","***","***"]
["ASFALTOS DILUÍDOS CM-70","2012-02-01","***","***","***","***","***","***"]
["ASFALTOS DILUÍDOS CM-70","2012-03-01","***","***","***","***","***","***"]
["ASFALTOS DILUÍDOS CM-70","2012-04-01","***","***","***","***","***","***"]
["ASFALTOS DILUÍDOS CM-70","2012-05-01","***","***","***","***","***","***"]
["ASFALTOS DILUÍDOS CM-70","2012-06-01","***","***","***","***","***","***"]
["ASFALTOS DILUÍDOS CM-70","2012-07-01","***","***","***","***","***","***"]
["ASFALTOS DILUÍDOS CM-70","2012-08-01","***","***","***","***","***","***"]
["ASFALTOS DILUÍDOS CM-70","2012-09-01","***","***","***","***","***","***"]
["ASFALTOS DILUÍDOS CM-70","2012-10-01","***","***","***","***","***","***"]
["ASFALTOS DILUÍDOS CM-70","2012-11-01","***","***","***","***","***","***"]
["ASFALTOS DILUÍDOS CM-70","2012-12-01","***","***","***","***","***","***"]
["ASFALTOS DILUÍDOS CM-70","2013-01-01","***","***","***","***","***","***"]
["ASFALTOS DILUÍDOS CM-70","2013-02-01","***","***","***","***","***","***"]
["ASFALTOS DILUÍDOS CM-70","2013-03-01","***","***","***","***","***","***"]
["ASFALTOS DILUÍDOS CM-70","2013-04-01","***","***","***","***","***","***"]
["ASFALTOS DILUÍDOS CM-70","2013-05-01","***","***","***","***","***","***"]
["ASFALTOS DILUÍDOS CM-70","2013-06-01","***","***","***","***","***","***"]
["ASFALTOS DILUÍDOS CM-70","2013-07-01","***","***","***","***","***","***"]
["ASFALTOS DILUÍDOS CM-70","2013-08-01","***","***","***","***","***","***"]
["ASFALTOS DILUÍDOS CM-70","2013-09-01","***","***","***","***","***","***"]
["ASFALTOS DILUÍDOS CM-70","2013-10-01","***","***","***","***","***","***"]
["ASFALTOS DILUÍDOS CM-70","2013-11-01","***","***","***","***","***","***"]
["ASFALTOS DILUÍDOS CM-70","2013-12-01","***","***","***","***","***","***"]
["ASFALTOS DILUÍDOS CM-70","2014-01-01","***","***","***","***","***","***"]
["ASFALTOS DILUÍDOS CM-70","2014-02-01","***","***","***","***","***","***"]
["ASFALTOS DILUÍDOS CM-70","2014-03-01","***","***","***","***","***","***"]
["ASFALTOS DILUÍDOS CM-70","2014-04-01","***","***","***","***","***","***"]
["ASFALTOS DILUÍDOS CM-70","2014-05-01","***","***","***","***","***","***"]
["ASFALTOS DILUÍDOS CM-70","2014-06-01","***","***","***","***","***","***"]
["ASFALTOS DILUÍDOS CM-70","2014-07-01","***","***","***","***","***","***"]
["ASFALTOS DILUÍDOS CM-70","2014-08-01","***","***","***","***","***","***"]
["ASFALTOS DILUÍDOS CM-70","2014-09-01","***","***","***","***","***","***"]
["ASFALTOS DILUÍDOS CM-70","2014-10-01","***","***","***","***","***","***"]
["ASFALTOS DILUÍDOS CM-70","2014-11-01","***","***","***","***","***","***"]
["ASFALTOS DILUÍDOS CM-70","2014-12-01","***","***","***","***","***","***"]
["ASFALTOS DILUÍDOS CM-70","2015-01-01","***","***","***","***","***","***"]
["ASFALTOS DILUÍDOS CM-70","2015-02-01","***","***","***","***","***","***"]
["ASFALTOS DILUÍDOS CM-70","2015-03-01","***","***","***","***","***","***"]
["ASFALTOS DILUÍDOS CM-70","2015-04-01","***","***","***","***","***","***"]
["ASFALTOS DILUÍDOS CM-70","2015-05-01","***","***","***","***","***","***"]
["ASFALTOS DILUÍDOS CM-70","2015-06-01","***","***","***","***","***","***"]
["ASFALTOS DILUÍDOS CM-70","2015-07-01","***","***","***","***","***","***"]
["ASFALTOS DILUÍDOS CM-70","2015-08-01","***","***","***","***","***","***"]
["ASFALTOS DILUÍDOS CM-70","2015-09-01","***","***","***","***","***","***"]
["ASFALTOS DILUÍDOS CM-70","2015-10-01","***","***","***","***","***","***"]
["ASFALTOS DILUÍDOS CM-70","2015-11-01","***","***","***","***","***","***"]
["ASFALTOS DILUÍDOS CM-70","2015-12-01","***","***","***","***","***","***"]
["ASFALTOS DILUÍDOS CM-70","2016-01-01","***","***","***","***","***","***"]
["ASFALTOS DILUÍDOS CM-70","2016-02-01","***","***","***","***","***","***"]
["ASFALTOS DILUÍDOS CM-70","2016-03-01","***","***","***","***","***","***"]
["ASFALTOS DILUÍDOS CM-70","2016-04-01","***","***","***","***","***","***"]
["ASFALTOS DILUÍDOS CM-70","2016-05-01","***","***","***","***","***","***"]
["ASFALTOS DILUÍDOS CM-70","2016-06-01","***","***","***","***","***","***"]
["ASFALTOS DILUÍDOS CM-70","2016-07-01","***","***","***","***","***","***"]
["ASFALTOS DILUÍDOS CM-70","2016-08-01","***","***","***","***","***","***"]
["ASFALTOS DILUÍDOS CM-70","2016-09-01","***","***","***","***","***","***"]
["ASFALTOS DILUÍDOS CM-70","2016-10-01","***","***","***","***","***","***"]
["ASFALTOS DILUÍDOS CM-70","2016-11-01","***","***","***","***","***","***"]
["ASFALTOS DILUÍDOS CM-70","2016-12-01","***","***","***","***","***","***"]
["ASFALTOS DILUÍDOS CM-70","2017-01-01","***","***","***","***","***","***"]
["ASFALTOS DILUÍDOS CM-70","2017-02-01","***","***","***","***","***","***"]
["ASFALTOS DILUÍDOS CM-70","2017-03-01","***","***","***","***","***","***"]
["ASFALTOS DILUÍDOS CM-70","2017-04-01","***","***","***","***","***","***"]
["ASFALTOS DILUÍDOS CM-70","2017-05-01","***","***","***","***","***","***"]
["ASFALTOS DILUÍDOS CM-70","2017-06-01","***","***","***","***","***","***"]
["ASFALTOS DILUÍDOS CM-70","2017-07-01","***","***","***","***","***","***"]
["ASFALTOS DILUÍDOS CM-70","2017-08-01","***","***","***","***","***","***"]
["ASFALTOS DILUÍDOS CM-70","2017-09-01","***","***","***","***","***","***"]
["ASFALTOS DILUÍDOS CM-70","2017-10-01","***","***","***","***","***","***"]
["ASFALTOS DILUÍDOS CM-70","2017-11-01","***","***","***","***","***","***"]
["ASFALTOS DILUÍDOS CM-70","2017-12-01","***","***","***","***","***","***"]
["ASFALTOS DILUÍDOS CM-70","2018-01-01","***","***","***","***","***","***"]
["ASFALTOS DILUÍDOS CM-70","2018-02-01","***","***","***","***","***","***"]
["ASFALTOS DILUÍDOS CM-70","2018-03-01","***","***","***","***","***","***"]
["ASFALTOS DILUÍDOS CM-70","2018-04-01","***","***","***","***","***","***"]
["ASFALTOS DILUÍDOS CM-70","2018-05-01","***","***","***","***","***","***"]
["ASFALTOS DILUÍDOS CM-70","2018-06-01","***","***","***","***","***","***"]
["ASFALTOS DILUÍDOS CM-70","2018-07-01","***","***","***","***","***","***"]
["ASFALTOS DILUÍDOS CM-70","2018-08-01","***","***","***","***","***","***"]
["ASFALTOS DILUÍDOS CM-70","2018-09-01","***","***","***","***","***","***"]
["ASFALTOS DILUÍDOS CM-70","2018-10-01","***","***","***","***","***","***"]
["ASFALTOS DILUÍDOS CM-70","2018-11-01","***","***","***","***","***","***"]
["ASFALTOS DILUÍDOS CM-70","2018-12-01","***","***","***","***","***","***"]
["ASFALTOS DILUÍDOS CM-70","2019-01-01","***","***","***","***","***","***"]
["ASFALTOS DILUÍDOS CM-70","2019-02-01","***","***","***","***","***","***"]
["ASFALTOS DILUÍDOS CM-70","2019-03-01","***","***","***","***","***","***"]
["ASFALTOS DILUÍDOS CM-70","2019-04-01","***","***","***","***","***","***"]
["ASFALTOS DILUÍDOS CM-70","2019-05-01","***","***","***","***","***","***"]
["ASFALTOS DILUÍDOS CM-70","2019-06-01","***","***","***","***","***","***"]
["ASFALTOS DILUÍDOS CM-70","2019-07-01","***","***","***","***","***","***"]
["ASFALTOS DILUÍDOS CM-70","2019-08-01","***","***","***","***","***","***"]
["ASFALTOS DILUÍDOS CM-70","2019-09-01","***","***","***","***","***","***"]
["ASFALTOS DILUÍDOS CM-70","2019-10-01","***","***","***","***","***","***"]
["ASFALTOS DILUÍDOS CM-70","2019-11-01","***","***","***","***","***","***"]
["ASFALTOS DILUÍDOS CM-70","2019-12-01","***","***","***","***","***","***"]
["ASFALTOS DILUÍDOS CM-70","2020-01-01","***","***","***","***","***","***"]
["ASFALTOS DILUÍDOS CM-70","2020-02-01","***","***","***","***","***","***"]
["ASFALTOS DILUÍDOS CM-70","2020-03-01","***","***","***","***","***","***"]
["ASFALTOS DILUÍDOS CM-70","2020-04-01","***","***","***","***","***","***"]
["ASFALTOS DILUÍDOS CM-70","2020-05-01","***","***","***","***","***","***"]
["ASFALTOS DILUÍDOS CM-70","2020-06-01","***","***","***","***","***","***"]
["ASFALTOS DILUÍDOS CM-70","2020-07-01","***","***","***","***","***","***"]
["ASFALTOS DILUÍDOS CM-70","2020-08-01","***","***","***","***","***","***"]
["ASFALTOS DILUÍDOS CM-70","2020-09-01","***","***","***","***","***","***"]
["ASFALTOS DILUÍDOS CM-70","2020-10-01","***","***","***","***","***","***"]
["ASFALTOS DILUÍDOS CM-70","2020-11-01","***","***","***","***","***","***"]
["ASFALTOS DILUÍDOS CM-70","2020-12-01","***","***","***","***","***","***"]
["ASFALTOS DILUÍDOS CM-70","2021-01-01","***","***","***","***","***","***"]
["ASFALTOS DILUÍDOS CM-70","2021-02-01","***","***","***","***","***","***"]
["ASFALTOS DILUÍDOS CM-70","2021-03-01","***","***","***","***","***","***"]
["ASFALTOS DILUÍDOS CM-70","2021-04-01","***","***","***","***","***","***"]
["ASFALTOS DILUÍDOS CM-70","2021-05-01","***","***","***","***","***","***"]
["ASFALTOS DILUÍDOS CM-70","2021-06-01","***","***","***","***","***","***"]
["ASFALTOS DILUÍDOS CM-70","2021-07-01","***","***","***","***","***","***"]
["ASFALTOS DILUÍDOS CM-70","2021-08-01","***","***","***","***","***","***"]
["ASFALTOS DILUÍDOS CM-70","2021-09-01","***","***","***","***","***","***"]
["ASFALTOS DILUÍDOS CM-70","2021-10-01","***","***","***","***","***","***"]
["ASFALTOS DILUÍDOS CM-70","2021-11-01","***","***","***","***","***","***"]
["ASFALTOS DILUÍDOS CM-70","2021-12-01","***","***","***","***","***","***"]
["ASFALTOS DILUÍDOS CM-70","2022-01-01","***","***","***","***","***","***"]
["ASFALTOS DILUÍDOS CM-70","2022-02-01","***","***","***","***","***","***"]
["ASFALTOS DILUÍDOS CM-70","2022-03-01","***","***","***","***","***","***"]
["ASFALTOS DILUÍDOS CM-70","2022-04-01","***","***","***","***","***","***"]
["ASFALTOS DILUÍDOS CM-70","2022-05-01","***","***","***","***","***","***"]
["ASFALTOS DILUÍDOS CM-70","2022-06-01","***","***","***","***","***","***"]
["ASFALTOS DILUÍDOS CM-70","2022-07-01","***","***","***","***","***","***"]
["ASFALTOS DILUÍDOS CM-70","2022-08-01","***","***","***","***","***","***"]
["ASFALTOS DILUÍDOS CM-70","2022-09-01","***","***","***","***","***","***"]
["ASFALTOS DILUÍDOS CM-70","2022-10-01","***","***","***","***","***","***"]
["ASFALTOS DILUÍDOS CM-70","2022-11-01","***","***","***","***","***","***"]
["ASFALTOS DILUÍDOS CM-70","2022-12-01","***","***","***","***","***","***"]
["ASFALTOS DILUÍDOS CM-70","2023-01-01","***","***","***","***","***","***"]
["ASFALTOS DILUÍDOS CM-70","2023-02-01","***","***","***","***","***","***"]
["ASFALTOS DILUÍDOS CM-70","2023-03-01","***","***","***","***","***","***"]
["ASFALTOS DILUÍDOS CM-70","2023-04-01","***","***","***","***","***","***"]
["ASFALTOS DILUÍDOS CM-70","2023-05-01","***","***","***","***","***","***"]
["ASFALTOS DILUÍDOS CM-70","2023-06-01","***","***","***","***","***","***"]
["ASFALTOS DILUÍDOS CM-70","2023-07-01","***","***","***","***","***","***"]
["ASFALTOS DILUÍDOS CM-70","2023-08-01","***","***","***","***","***","***"]
["ASFALTOS DILUÍDOS CM-70","2023-09-01","***","***","***","***","***","***"]
["ASFALTOS DILUÍDOS CM-70","2023-10-01","***","***","***","***","***","***"]
["ASFALTOS DILUÍDOS CM-70","2023-11-01","***","***","***","***","***","***"]
["ASFALTOS DILUÍDOS CM-70","2023-12-01","***","***","***","***","***","***"]
["ASFALTOS DILUÍDOS CM-70","2024-01-01","***","***","***","***","***","***"]
["ASFALTOS DILUÍDOS CM-70","2024-02-01","***","***","***","***","***","***"]
["ASFALTOS DILUÍDOS CM-70","2024-03-01","***","***","***","***","***","***"]
["ASFALTOS DILUÍDOS CM-70","2024-04-01","***","***","***","***","***","***"]
["ASFALTOS DILUÍDOS CM-70","2024-05-01","***","***","***","***","***","***"]
["ASFALTOS DILUÍDOS CM-70","2024-06-01","***","***","***","***","***","***"]
["ASFALTOS DILUÍDOS CM-70","2024-07-01","***","***","***","***","***","***"]
["ASFALTOS DILUÍDOS CR-250","2008-11-01",1.5293300000000001,1.382781231929604,"***",1.6455625530342228,"***",1.5271202561821082]
["ASFALTOS DILUÍDOS CR-250","2008-12-01","***",1.3644034709803285,"***","***",1.97516,1.3680553765352297]
["ASFALTOS DILUÍDOS CR-250","2009-01-01",1.46539,1.3161387468728678,"***","***","***",1.3472730525557954]
["ASFALTOS DILUÍDOS CR-250","2009-02-01",1.46539,"***","***",1.6850369047619047,"***",1.4925128812936421]
["ASFALTOS DILUÍDOS CR-250","2009-03-01","***","***",2.0878385215937847,1.2574649116904959,1.9751699999999999,1.9938624004008343]
["ASFALTOS DILUÍDOS CR-250","2009-04-01","***",1.3165808569222852,2.1016071220565036,1.5373920903954803,1.3759999999999999,2.0235738092733859]
["ASFALTOS DILUÍDOS CR-250","2009-05-01","***",1.2916973696052363,2.011241987385143,"***",1.4449633167495854,1.9630402398172413]
["ASFALTOS DILUÍDOS CR-250","2009-06-01","***","***",2.0486666995409992,1.621780173347779,1.7706666666666666,2.0431579081423918]
["ASFALTOS DILUÍDOS CR-250","2009-07-01","***",1.3785278369508467,2.0497871073238216,1.5477000000000001,2.2229999999999999,1.9808434581379211]
["ASFALTOS DILUÍDOS CR-250","2009-08-01","***",1.2607561943620178,2.0687709943467345,1.5838650211565584,"***",1.9820897328284304]
["ASFALTOS DILUÍDOS CR-250","2009-09-01","***",1.3537027633546281,2.054056660209711,1.5477000000000001,"***",1.9975828162283231]
["ASFALTOS DILUÍDOS CR-250","2009-10-01","***",1.3460482161729383,2.1048815815336366,"***","***",2.0574969062417412]
["ASFALTOS DILUÍDOS CR-250","2009-11-01","***",1.3467747967479673,2.0478444768751118,1.6655034482758622,"***",1.9823581180349732]
["ASFALTOS DILUÍDOS CR-250","2009-12-01",2.0884,"***","***",1.5476000000000001,"***",2.0519174603174601]
["ASFALTOS DILUÍDOS CR-250","2010-01-01",1.4896,1.3537776563321073,"***",1.5476000000000001,"***",1.4123258863706922]
["ASFALTOS DILUÍDOS CR-250","2010-02-01","***","***","***","***","***","***"]
["ASFALTOS DILUÍDOS CR-250","2010-03-01","***","***","***",1.5476799999999999,1.5329999999999999,1.5361752978056427]
["ASFALTOS DILUÍDOS CR-250","2010-04-01","***",1.3786799999999999,"***",1.5476799999999999,"***",1.3973385702456527]
["ASFALTOS DILUÍDOS CR-250","2010-05-01","***",1.4693400000000001,"***",1.5476799999999999,"***",1.4871445454545453]
["ASFALTOS DILUÍDOS CR-250","2010-06-01","***",1.2052,"***","***",1.5427480314960631,1.3356980213089804]
["ASFALTOS DILUÍDOS CR-250","2010-07-01","***","***","***",1.5476799999999999,"***",1.5476799999999999]
["ASFALTOS DILUÍDOS CR-250","2010-08-01","***","***","***","***","***","***"]
["ASFALTOS DILUÍDOS CR-250","2010-09-01","***","***","***",1.5476799999999999,1.7222500000000001,1.5990241176470588]
["ASFALTOS DILUÍDOS CR-250","2010-10-01",1.6424999999999998,1.3476300000000001,"***","***","***",1.4719360748870238]
["ASFALTOS DILUÍDOS CR-250","2010-11-01",1.5969199999999999,"***","***","***","***",1.5969199999999999]
["ASFALTOS DILUÍDOS CR-250","2010-12-01",1.5969199999999999,"***","***",1.5476799999999999,"***",1.5911782332155475]
["ASFALTOS DILUÍDOS CR-250","2011-01-01",1.4896,"***","***",1.5476799999999999,"***",1.4920911357657556]
["ASFALTOS DILUÍDOS CR-250","2011-02-01",1.4896,"***","***","***","***",1.4896]
["ASFALTOS DILUÍDOS CR-250","2011-03-01","***","***","***","***","***","***"]
["ASFALTOS DILUÍDOS CR-250","2011-04-01","***","***","***",1.6361999999999999,1.4339,1.5217589590443685]
["ASFALTOS DILUÍDOS CR-250","2011-05-01","***","***","***","***","***","***"]
["ASFALTOS DILUÍDOS CR-250","2011-06-01","***","***","***",1.5476700000000001,"***",1.5476700000000001]
["ASFALTOS DILUÍDOS CR-250","2011-07-01",1.4896,"***","***","***",1.8260000000000001,1.5280457142857142]
["ASFALTOS DILUÍDOS CR-250","2011-08-01","***","***","***","***","***","***"]
["ASFALTOS DILUÍDOS CR-250","2011-09-01","***","***","***","***","***","***"]
["ASFALTOS DILUÍDOS CR-250","2011-10-01","***","***","***","***","***","***"]
["ASFALTOS DILUÍDOS CR-250","2011-11-01","***","***","***","***","***","***"]
["ASFALTOS DILUÍDOS CR-250","2011-12-01","***","***","***","***","***","***"]
["ASFALTOS DILUÍDOS CR-250","2012-01-01","***","***","***","***","***","***"]
["ASFALTOS DILUÍDOS CR-250","2012-02-01",1.4896,"***","***",1.57168,"***",1.5100703147699757]
["ASFALTOS DILUÍDOS CR-250","2012-03-01","***","***","***","***","***","***"]
["ASFALTOS DILUÍDOS CR-250","2012-04-01","***","***","***","***","***","***"]
["ASFALTOS DILUÍDOS CR-250","2012-05-01","***","***","***","***",1.4343999999999999,1.4343999999999999]
["ASFALTOS DILUÍDOS CR-250","2012-06-01",1.4896,"***","***","***","***",1.4896]
["ASFALTOS DILUÍDOS CR-250","2012-07-01","***","***","***","***","***","***"]
["ASFALTOS DILUÍDOS CR-250","2012-08-01","***","***","***",1.6972,"***",1.6972]
["ASFALTOS DILUÍDOS CR-250","2012-09-01","***","***","***","***","***","***"]
["ASFALTOS DILUÍDOS CR-250","2012-10-01","***","***","***","***","***","***"]
["ASFALTOS DILUÍDOS CR-250","2012-11-01","***","***","***","***","***","***"]
["ASFALTOS DILUÍDOS CR-250","2012-12-01","***","***","***","***","***","***"]
["ASFALTOS DILUÍDOS CR-250","2013-01-01",1.95122,"***","***",1.39585,"***",1.4617589943785134]
["ASFALTOS DILUÍDOS CR-250","2013-02-01",1.95122,"***","***","***","***",1.95122]
["ASFALTOS DILUÍDOS CR-250","2013-03-01",1.9512199999999997,"***","***","***","***",1.9512199999999997]
["ASFALTOS DILUÍDOS CR-250","2013-04-01","***","***","***",1.7104999999999999,"***",1.7104999999999999]
["ASFALTOS DILUÍDOS CR-250","2013-05-01","***","***","***","***","***","***"]
["ASFALTOS DILUÍDOS CR-250","2013-06-01","***","***","***","***",1.3348,1.3348]
["ASFALTOS DILUÍDOS CR-250","2013-07-01","***","***","***","***","***","***"]
["ASFALTOS DILUÍDOS CR-250","2013-08-01","***","***","***",1.7069000000000001,"***",1.7069000000000001]
["ASFALTOS DILUÍDOS CR-250","2013-09-01","***","***","***","***","***","***"]
["ASFALTOS DILUÍDOS CR-250","2013-10-01","***","***","***",1.7071000000000001,"***",1.7071000000000001]
["ASFALTOS DILUÍDOS CR-250","2013-11-01","***","***","***","***","***","***"]
["ASFALTOS DILUÍDOS CR-250","2013-12-01","***","***","***","***","***","***"]
["ASFALTOS DILUÍDOS CR-250","2014-01-01","***","***","***",1.7055,"***",1.7055]
["ASFALTOS DILUÍDOS CR-250","2014-02-01","***","***","***","***","***","***"]
["ASFALTOS DILUÍDOS CR-250","2014-03-01","***","***","***","***","***","***"]
["ASFALTOS DILUÍDOS CR-250","2014-04-01","***","***","***","***","***","***"]
["ASFALTOS DILUÍDOS CR-250","2014-05-01","***","***","***","***",1.3340000000000001,1.3340000000000001]
["ASFALTOS DILUÍDOS CR-250","2014-06-01","***","***","***","***",1.7875000000000001,1.7875000000000001]
["ASFALTOS DILUÍDOS CR-250","2014-07-01","***","***","***","***","***","***"]
["ASFALTOS DILUÍDOS CR-250","2014-08-01","***","***","***",1.7021999999999999,"***",1.7021999999999999]
["ASFALTOS DILUÍDOS CR-250","2014-09-01","***","***","***",1.7039,"***",1.7039]
["ASFALTOS DILUÍDOS CR-250","2014-10-01","***","***","***",1.7030000000000001,"***",1.7030000000000001]
["ASFALTOS DILUÍDOS CR-250","2014-11-01","***","***","***","***","***","***"]
["ASFALTOS DILUÍDOS CR-250","2014-12-01","***","***","***","***","***","***"]
["ASFALTOS DILUÍDOS CR-250","2015-01-01","***","***","***","***","***","***"]
["ASFALTOS DILUÍDOS CR-250","2015-02-01","***","***","***","***",1.5871,1.5871]
["ASFALTOS DILUÍDOS CR-250","2015-03-01","***","***","***","***","***","***"]
["ASFALTOS DILUÍDOS CR-250","2015-04-01","***","***","***","***","***","***"]
["ASFALTOS DILUÍDOS CR-250","2015-05-01","***","***","***","***","***","***"]
["ASFALTOS DILUÍDOS CR-250","2015-06-01","***","***","***",2.3921000000000001,"***",2.3921000000000001]
["ASFALTOS DILUÍDOS CR-250","2015-07-01","***","***","***","***","***","***"]
["ASFALTOS DILUÍDOS CR-250","2015-08-01","***","***","***","***","***","***"]
["ASFALTOS DILUÍDOS CR-250","2015-09-01","***","***","***",2.3885999999999998,"***",2.3885999999999998]
["ASFALTOS DILUÍDOS CR-250","2015-10-01","***","***","***","***","***","***"]
["ASFALTOS DILUÍDOS CR-250","2015-11-01","***","***","***","***",1.2641,1.2641]
["ASFALTOS DILUÍDOS CR-250","2015-12-01","***","***","***","***","***","***"]
["ASFALTOS DILUÍDOS CR-250","2016-01-01","***","***","***","***","***","***"]
["ASFALTOS DILUÍDOS CR-250","2016-02-01","***","***","***","***","***","***"]
["ASFALTOS DILUÍDOS CR-250","2016-03-01","***","***","***","***","***","***"]
["ASFALTOS DILUÍDOS CR-250","2016-04-01","***","***","***","***","***","***"]
["ASFALTOS DILUÍDOS CR-250","2016-05-01","***","***","***","***","***","***"]
["ASFALTOS DILUÍDOS CR-250","2016-06-01","***","***","***","***","***","***"]
["ASFALTOS DILUÍDOS CR-250","2016-07-01","***","***","***","***","***","***"]
["ASFALTOS DILUÍDOS CR-250","2016-08-01","***","***","***","***","***","***"]
["ASFALTOS DILUÍDOS CR-250","2016-09-01","***","***","***","***","***","***"]
["ASFALTOS DILUÍDOS CR-250","2016-10-01","***","***","***","***","***","***"]
["ASFALTOS DILUÍDOS CR-250","2016-11-01","***","***","***","***","***","***"]
["ASFALTOS DILUÍDOS CR-250","2016-12-01","***","***","***","***","***","***"]
["ASFALTOS DILUÍDOS CR-250","2017-01-01","***","***","***","***","***","***"]
["ASFALTOS DILUÍDOS CR-250","2017-02-01","***","***","***","***","***","***"]
["ASFALTOS DILUÍDOS CR-250","2017-03-01","***","***","***","***","***","***"]
["ASFALTOS DILUÍDOS CR-250","2017-04-01","***","***","***","***","***","***"]
["ASFALTOS DILUÍDOS CR-250","2017-05-01","***","***","***","***","***","***"]
["ASFALTOS DILUÍDOS CR-250","2017-06-01","***","***","***","***","***","***"]
["ASFALTOS DILUÍDOS CR-250","2017-07-01","***","***","***","***","***","***"]
["ASFALTOS DILUÍDOS CR-250","2017-08-01","***","***","***","***","***","***"]
["ASFALTOS DILUÍDOS CR-250","2017-09-01","***","***","***","***","***","***"]
["ASFALTOS DILUÍDOS CR-250","2017-10-01","***","***","***","***","***","***"]
["ASFALTOS DILUÍDOS CR-250","2017-11-01","***","***","***","***","***","***"]
["ASFALTOS DILUÍDOS CR-250","2017-12-01","***","***","***","***","***","***"]
["ASFALTOS DILUÍDOS CR-250","2018-01-01","***","***","***","***","***","***"]
["ASFALTOS DILUÍDOS CR-250","2018-02-01","***","***","***","***","***","***"]
["ASFALTOS DILUÍDOS CR-250","2018-03-01","***","***","***","***","***","***"]
["ASFALTOS DILUÍDOS CR-250","2018-04-01","***","***","***","***","***","***"]
["ASFALTOS DILUÍDOS CR-250","2018-05-01","***","***","***","***","***","***"]
["ASFALTOS DILUÍDOS CR-250","2018-06-01","***","***","***","***","***","***"]
["ASFALTOS DILUÍDOS CR-250","2018-07-01","***","***","***","***","***","***"]
["ASFALTOS DILUÍDOS CR-250","2018-08-01","***","***","***","***","***","***"]
["ASFALTOS DILUÍDOS CR-250","2018-09-01","***","***","***","***","***","***"]
["ASFALTOS DILUÍDOS CR-250","2018-10-01","***","***","***","***","***","***"]
["ASFALTOS DILUÍDOS CR-250","2018-11-01","***","***","***","***","***","***"]
["ASFALTOS DILUÍDOS CR-250","2018-12-01","***","***","***","***","***","***"]
["ASFALTOS DILUÍDOS CR-250","2019-01-01","***","***","***","***","***","***"]
["ASFALTOS DILUÍDOS CR-250","2019-02-01","***","***","***","***","***","***"]
["ASFALTOS DILUÍDOS CR-250","2019-03-01","***","***","***","***","***","***"]
["ASFALTOS DILUÍDOS CR-250","2019-04-01","***","***","***","***","***","***"]
["ASFALTOS DILUÍDOS CR-250","2019-05-01","***","***","***","***","***","***"]
["ASFALTOS DILUÍDOS CR-250","2019-06-01","***","***","***","***","***","***"]
["ASFALTOS DILUÍDOS CR-250","2019-07-01","***","***","***","***","***","***"]
["ASFALTOS DILUÍDOS CR-250","2019-08-01","***","***","***","***","***","***"]
["ASFALTOS DILUÍDOS CR-250","2019-09-01","***","***","***","***","***","***"]
["ASFALTOS DILUÍDOS CR-250","2019-10-01","***","***","***","***","***","***"]
["ASFALTOS DILUÍDOS CR-250","2019-11-01","***","***","***","***","***","***"]
["ASFALTOS DILUÍDOS CR-250","2019-12-01","***","***","***","***","***","***"]
["ASFALTOS DILUÍDOS CR-250","2020-01-01","***","***","***","***","***","***"]
["ASFALTOS DILUÍDOS CR-250","2020-02-01","***","***","***","***","***","***"]
["ASFALTOS DILUÍDOS CR-250","2020-03-01","***","***","***","***","***","***"]
["ASFALTOS DILUÍDOS CR-250","2020-04-01","***","***","***","***","***","***"]
["ASFALTOS DILUÍDOS CR-250","2020-05-01","***","***","***","***","***","***"]
["ASFALTOS DILUÍDOS CR-250","2020-06-01","***","***","***","***","***","***"]
["ASFALTOS DILUÍDOS CR-250","2020-07-01","***","***","***","***","***","***"]
["ASFALTOS DILUÍDOS CR-250","2020-08-01","***","***","***","***","***","***"]
["ASFALTOS DILUÍDOS CR-250","2020-09-01","***","***","***","***","***","***"]
["ASFALTOS DILUÍDOS CR-250","2020-10-01","***","***","***","***","***","***"]
["ASFALTOS DILUÍDOS CR-250","2020-11-01","***","***","***","***","***","***"]
["ASFALTOS DILUÍDOS CR-250","2020-12-01","***","***","***","***","***","***"]
["ASFALTOS DILUÍDOS CR-250","2021-01-01","***","***","***","***","***","***"]
["ASFALTOS DILUÍDOS CR-250","2021-02-01","***","***","***","***","***","***"]
["ASFALTOS DILUÍDOS CR-250","2021-03-01","***","***","***","***","***","***"]
["ASFALTOS DILUÍDOS CR-250","2021-04-01","***","***","***","***","***","***"]
["ASFALTOS DILUÍDOS CR-250","2021-05-01","***","***","***","***","***","***"]
["ASFALTOS DILUÍDOS CR-250","2021-06-01","***","***","***","***","***","***"]
["ASFALTOS DILUÍDOS CR-250","2021-07-01","***","***","***","***","***","***"]
["ASFALTOS DILUÍDOS CR-250","2021-08-01","***","***","***","***","***","***"]
["ASFALTOS DILUÍDOS CR-250","2021-09-01","***","***","***","***","***","***"]
["ASFALTOS DILUÍDOS CR-250","2021-10-01","***","***","***","***","***","***"]
["ASFALTOS DILUÍDOS CR-250","2021-11-01","***","***","***","***","***","***"]
["ASFALTOS DILUÍDOS CR-250","2021-12-01","***","***","***","***","***","***"]
["ASFALTOS DILUÍDOS CR-250","2022-01-01","***","***","***","***","***","***"]
["ASFALTOS DILUÍDOS CR-250","2022-02-01","***","***","***","***","***","***"]
["ASFALTOS DILUÍDOS CR-250","2022-03-01","***","***","***","***","***","***"]
["ASFALTOS DILUÍDOS CR-250","2022-04-01","***","***","***","***","***","***"]
["ASFALTOS DILUÍDOS CR-250","2022-05-01","***","***","***","***","***","***"]
["ASFALTOS DILUÍDOS CR-250","2022-06-01","***","***","***","***","***","***"]
["ASFALTOS DILUÍDOS CR-250","2022-07-01","***","***","***","***","***","***"]
["ASFALTOS DILUÍDOS CR-250","2022-08-01","***","***","***","***","***","***"]
["ASFALTOS DILUÍDOS CR-250","2022-09-01","***","***","***","***","***","***"]
["ASFALTOS DILUÍDOS CR-250","2022-10-01","***","***","***","***","***","***"]
["ASFALTOS DILUÍDOS CR-250","2022-11-01","***","***","***","***","***","***"]
["ASFALTOS DILUÍDOS CR-250","2022-12-01","***","***","***","***","***","***"]
["ASFALTOS DILUÍDOS CR-250","2023-01-01","***","***","***","***","***","***"]
["ASFALTOS DILUÍDOS CR-250","2023-02-01","***","***","***","***","***","***"]
["ASFALTOS DILUÍDOS CR-250","2023-03-01","***","***","***","***","***","***"]
["ASFALTOS DILUÍDOS CR-250","2023-04-01","***","***","***","***","***","***"]
["ASFALTOS DILUÍDOS CR-250","2023-05-01","***","***","***","***","***","***"]
["ASFALTOS DILUÍDOS CR-250","2023-06-01","***","***","***","***","***","***"]
["ASFALTOS DILUÍDOS CR-250","2023-07-01","***","***","***","***","***","***"]
["ASFALTOS DILUÍDOS CR-250","2023-08-01","***","***","***","***","***","***"]
["ASFALTOS DILUÍDOS CR-250","2023-09-01","***","***","***","***","***","***"]
["ASFALTOS DILUÍDOS CR-250","2023-10-01","***","***","***","***","***","***"]
["ASFALTOS DILUÍDOS CR-250","2023-11-01","***","***","***","***","***","***"]
["ASFALTOS DILUÍDOS CR-250","2023-12-01","***","***","***","***","***","***"]
["ASFALTOS DILUÍDOS CR-250","2024-01-01","***","***","***","***","***","***"]
["ASFALTOS DILUÍDOS CR-250","2024-02-01","***","***","***","***","***","***"]
["ASFALTOS DILUÍDOS CR-250","2024-03-01","***","***","***","***","***","***"]
["ASFALTOS DILUÍDOS CR-250","2024-04-01","***","***","***","***","***","***"]
["ASFALTOS DILUÍDOS CR-250","2024-05-01","***","***","***","***","***","***"]
["ASFALTOS DILUÍDOS CR-250","2024-06-01","***","***","***","***","***","***"]
["ASFALTOS DILUÍDOS CR-250","2024-07-01","***","***","***","***","***","***"]
["ASFALTOS DILUÍDOS CR-70","2008-11-01","***","***","***","***","***","***"]
["ASFALTOS DILUÍDOS CR-70","2008-12-01","***","***","***",1.9236199999999997,"***",1.9236199999999997]
["ASFALTOS DILUÍDOS CR-70","2009-01-01","***","***","***","***","***","***"]
["ASFALTOS DILUÍDOS CR-70","2009-02-01","***","***","***","***","***","***"]
["ASFALTOS DILUÍDOS CR-70","2009-03-01","***","***","***","***","***","***"]
["ASFALTOS DILUÍDOS CR-70","2009-04-01","***","***","***","***","***","***"]
["ASFALTOS DILUÍDOS CR-70","2009-05-01","***","***","***","***","***","***"]
["ASFALTOS DILUÍDOS CR-70","2009-06-01","***","***","***","***","***","***"]
["ASFALTOS DILUÍDOS CR-70","2009-07-01","***","***","***","***","***","***"]
["ASFALTOS DILUÍDOS CR-70","2009-08-01","***","***","***","***","***","***"]
["ASFALTOS DILUÍDOS CR-70","2009-09-01","***","***","***","***","***","***"]
["ASFALTOS DILUÍDOS CR-70","2009-10-01","***","***","***","***","***","***"]
["ASFALTOS DILUÍDOS CR-70","2009-11-01","***","***","***","***","***","***"]
["ASFALTOS DILUÍDOS CR-70","2009-12-01","***","***","***","***","***","***"]
["ASFALTOS DILUÍDOS CR-70","2010-01-01","***","***","***","***","***","***"]
["ASFALTOS DILUÍDOS CR-70","2010-02-01","***","***","***","***","***","***"]
["ASFALTOS DILUÍDOS CR-70","2010-03-01","***","***","***","***","***","***"]
["ASFALTOS DILUÍDOS CR-70","2010-04-01","***","***","***","***","***","***"]
["ASFALTOS DILUÍDOS CR-70","2010-05-01","***","***","***","***","***","***"]
["ASFALTOS DILUÍDOS CR-70","2010-06-01","***","***","***","***","***","***"]
["ASFALTOS DILUÍDOS CR-70","2010-07-01","***","***","***","***","***","***"]
["ASFALTOS DILUÍDOS CR-70","2010-08-01","***","***","***","***","***","***"]
["ASFALTOS DILUÍDOS CR-70","2010-09-01","***","***","***","***","***","***"]
["ASFALTOS DILUÍDOS CR-70","2010-10-01","***","***","***","***","***","***"]
["ASFALTOS DILUÍDOS CR-70","2010-11-01","***","***","***","***","***","***"]
["ASFALTOS DILUÍDOS CR-70","2010-12-01","***","***","***","***","***","***"]
["ASFALTOS DILUÍDOS CR-70","2011-01-01","***","***","***","***","***","***"]
["ASFALTOS DILUÍDOS CR-70","2011-02-01","***","***","***","***","***","***"]
["ASFALTOS DILUÍDOS CR-70","2011-03-01","***","***","***","***","***","***"]
["ASFALTOS DILUÍDOS CR-70","2011-04-01","***","***","***","***","***","***"]
["ASFALTOS DILUÍDOS CR-70","2011-05-01","***","***","***","***","***","***"]
["ASFALTOS DILUÍDOS CR-70","2011-06-01","***","***","***","***","***","***"]
["ASFALTOS DILUÍDOS CR-70","2011-07-01","***","***","***","***","***","***"]
["ASFALTOS DILUÍDOS CR-70","2011-08-01","***","***","***","***","***","***"]
["ASFALTOS DILUÍDOS CR-70","2011-09-01","***","***","***","***","***","***"]
["ASFALTOS DILUÍDOS CR-70","2011-10-01","***","***","***","***","***","***"]
["ASFALTOS DILUÍDOS CR-70","2011-11-01","***","***","***","***","***","***"]
["ASFALTOS DILUÍDOS CR-70","2011-12-01","***","***","***","***","***","***"]
["ASFALTOS DILUÍDOS CR-70","2012-01-01","***","***","***","***","***","***"]
["ASFALTOS DILUÍDOS CR-70","2012-02-01","***","***","***","***","***","***"]
["ASFALTOS DILUÍDOS CR-70","2012-03-01","***","***","***","***","***","***"]
["ASFALTOS DILUÍDOS CR-70","2012-04-01","***","***","***","***","***","***"]
["ASFALTOS DILUÍDOS CR-70","2012-05-01","***","***","***","***","***","***"]
["ASFALTOS DILUÍDOS CR-70","2012-06-01","***","***","***","***","***","***"]
["ASFALTOS DILUÍDOS CR-70","2012-07-01","***","***","***","***","***","***"]
["ASFALTOS DILUÍDOS CR-70","2012-08-01","***","***","***","***","***","***"]
["ASFALTOS DILUÍDOS CR-70","2012-09-01","***","***","***","***","***","***"]
["ASFALTOS DILUÍDOS CR-70","2012-10-01","***","***","***","***","***","***"]
["ASFALTOS DILUÍDOS CR-70","2012-11-01","***","***","***","***","***","***"]
["ASFALTOS DILUÍDOS CR-70","2012-12-01","***","***","***","***","***","***"]
["ASFALTOS DILUÍDOS CR-70","2013-01-01","***","***","***","***","***","***"]
["ASFALTOS DILUÍDOS CR-70","2013-02-01","***","***","***","***","***","***"]
["ASFALTOS DILUÍDOS CR-70","2013-03-01","***","***","***","***","***","***"]
["ASFALTOS DILUÍDOS CR-70","2013-04-01","***","***","***","***","***","***"]
["ASFALTOS DILUÍDOS CR-70","2013-05-01","***","***","***","***","***","***"]
["ASFALTOS DILUÍDOS CR-70","2013-06-01","***","***","***","***","***","***"]
["ASFALTOS DILUÍDOS CR-70","2013-07-01","***","***","***","***","***","***"]
["ASFALTOS DILUÍDOS CR-70","2013-08-01","***","***","***","***","***","***"]
["ASFALTOS DILUÍDOS CR-70","2013-09-01","***","***","***","***","***","***"]
["ASFALTOS DILUÍDOS CR-70","2013-10-01","***","***","***","***","***","***"]
["ASFALTOS DILUÍDOS CR-70","2013-11-01","***","***","***","***","***","***"]
["ASFALTOS DILUÍDOS CR-70","2013-12-01","***","***","***","***","***","***"]
["ASFALTOS DILUÍDOS CR-70","2014-01-01","***","***","***","***","***","***"]
["ASFALTOS DILUÍDOS CR-70","2014-02-01","***","***","***","***","***","***"]
["ASFALTOS DILUÍDOS CR-70","2014-03-01","***","***","***","***","***","***"]
["ASFALTOS DILUÍDOS CR-70","2014-04-01","***","***","***","***","***","***"]
["ASFALTOS DILUÍDOS CR-70","2014-05-01","***","***","***","***","***","***"]
["ASFALTOS DILUÍDOS CR-70","2014-06-01","***","***","***","***","***","***"]
["ASFALTOS DILUÍDOS CR-70","2014-07-01","***","***","***","***","***","***"]
["ASFALTOS DILUÍDOS CR-70","2014-08-01","***","***","***","***","***","***"]
["ASFALTOS DILUÍDOS CR-70","2014-09-01","***","***","***","***","***","***"]
["ASFALTOS DILUÍDOS CR-70","2014-10-01","***","***","***","***","***","***"]
["ASFALTOS DILUÍDOS CR-70","2014-11-01","***","***","***","***","***","***"]
["ASFALTOS DILUÍDOS CR-70","2014-12-01","***","***","***","***","***","***"]
["ASFALTOS DILUÍDOS CR-70","2015-01-01","***","***","***","***","***","***"]
["ASFALTOS DILUÍDOS CR-70","2015-02-01","***","***","***","***","***","***"]
["ASFALTOS DILUÍDOS CR-70","2015-03-01","***","***","***","***","***","***"]
["ASFALTOS DILUÍDOS CR-70","2015-04-01","***","***","***","***","***","***"]
["ASFALTOS DILUÍDOS CR-70","2015-05-01","***","***","***","***","***","***"]
["ASFALTOS DILUÍDOS CR-70","2015-06-01","***","***","***","***","***","***"]
["ASFALTOS DILUÍDOS CR-70","2015-07-01","***","***","***","***","***","***"]
["ASFALTOS DILUÍDOS CR-70","2015-08-01","***","***","***","***","***","***"]
["ASFALTOS DILUÍDOS CR-70","2015-09-01","***","***","***","***","***","***"]
["ASFALTOS DILUÍDOS CR-70","2015-10-01","***","***","***","***","***","***"]
["ASFALTOS DILUÍDOS CR-70","2015-11-01","***","***","***","***","***","***"]
["ASFALTOS DILUÍDOS CR-70","2015-12-01","***","***","***","***","***","***"]
["ASFALTOS DILUÍDOS CR-70","2016-01-01","***","***","***","***","***","***"]
["ASFALTOS DILUÍDOS CR-70","2016-02-01","***","***","***","***","***","***"]
["ASFALTOS DILUÍDOS CR-70","2016-03-01","***","***","***","***","***","***"]
["ASFALTOS DILUÍDOS CR-70","2016-04-01","***","***","***","***","***","***"]
["ASFALTOS DILUÍDOS CR-70","2016-05-01","***","***","***","***","***","***"]
["ASFALTOS DILUÍDOS CR-70","2016-06-01","***","***","***","***","***","***"]
["ASFALTOS DILUÍDOS CR-70","2016-07-01","***","***","***","***","***","***"]
["ASFALTOS DILUÍDOS CR-70","2016-08-01","***","***","***","***","***","***"]
["ASFALTOS DILUÍDOS CR-70","2016-09-01","***","***","***","***","***","***"]
["ASFALTOS DILUÍDOS CR-70","2016-10-01","***","***","***","***","***","***"]
["ASFALTOS DILUÍDOS CR-70","2016-11-01","***","***","***","***","***","***"]
["ASFALTOS DILUÍDOS CR-70","2016-12-01","***","***","***","***","***","***"]
["ASFALTOS DILUÍDOS CR-70","2017-01-01","***","***","***","***","***","***"]
["ASFALTOS DILUÍDOS CR-70","2017-02-01","***","***","***","***","***","***"]
["ASFALTOS DILUÍDOS CR-70","2017-03-01","***","***","***","***","***","***"]
["ASFALTOS DILUÍDOS CR-70","2017-04-01","***","***","***","***","***","***"]
["ASFALTOS DILUÍDOS CR-70","2017-05-01","***","***","***","***","***","***"]
["ASFALTOS DILUÍDOS CR-70","2017-06-01","***","***","***","***","***","***"]
["ASFALTOS DILUÍDOS CR-70","2017-07-01","***","***","***","***","***","***"]
["ASFALTOS DILUÍDOS CR-70","2017-08-01","***","***","***","***","***","***"]
["ASFALTOS DILUÍDOS CR-70","2017-09-01","***","***","***","***","***","***"]
["ASFALTOS DILUÍDOS CR-70","2017-10-01","***","***","***","***","***","***"]
["ASFALTOS DILUÍDOS CR-70","2017-11-01","***","***","***","***","***","***"]
["ASFALTOS DILUÍDOS CR-70","2017-12-01","***","***","***","***","***","***"]
["ASFALTOS DILUÍDOS CR-70","2018-01-01","***","***","***","***","***","***"]
["ASFALTOS DILUÍDOS CR-70","2018-02-01","***","***","***","***","***","***"]
["ASFALTOS DILUÍDOS CR-70","2018-03-01","***","***","***","***","***","***"]
["ASFALTOS DILUÍDOS CR-70","2018-04-01","***","***","***","***","***","***"]
["ASFALTOS DILUÍDOS CR-70","2018-05-01","***","***","***","***","***","***"]
["ASFALTOS DILUÍDOS CR-70","2018-06-01","***","***","***","***","***","***"]
["ASFALTOS DILUÍDOS CR-70","2018-07-01","***","***","***","***","***","***"]
["ASFALTOS DILUÍDOS CR-70","2018-08-01","***","***","***","***","***","***"]
["ASFALTOS DILUÍDOS CR-70","2018-09-01","***","***","***","***","***","***"]
["ASFALTOS DILUÍDOS CR-70","2018-10-01","***","***","***","***","***","***"]
["ASFALTOS DILUÍDOS CR-70","2018-11-01","***","***","***","***","***","***"]
["ASFALTOS DILUÍDOS CR-70","2018-12-01","***","***","***","***","***","***"]
["ASFALTOS DILUÍDOS CR-70","2019-01-01","***","***","***","***","***","***"]
["ASFALTOS DILUÍDOS CR-70","2019-02-01","***","***","***","***","***","***"]
["ASFALTOS DILUÍDOS CR-70","2019-03-01","***","***","***","***","***","***"]
["ASFALTOS DILUÍDOS CR-70","2019-04-01","***","***","***","***","***","***"]
["ASFALTOS DILUÍDOS CR-70","2019-05-01","***","***","***","***","***","***"]
["ASFALTOS DILUÍDOS CR-70","2019-06-01","***","***","***","***","***","***"]
["ASFALTOS DILUÍDOS CR-70","2019-07-01","***","***","***","***","***","***"]
["ASFALTOS DILUÍDOS CR-70","2019-08-01","***","***","***","***","***","***"]
["ASFALTOS DILUÍDOS CR-70","2019-09-01","***","***","***","***","***","***"]
["ASFALTOS DILUÍDOS CR-70","2019-10-01","***","***","***","***","***","***"]
["ASFALTOS DILUÍDOS CR-70","2019-11-01","***","***","***","***","***","***"]
["ASFALTOS DILUÍDOS CR-70","2019-12-01","***","***","***","***","***","***"]
["ASFALTOS DILUÍDOS CR-70","2020-01-01","***","***","***","***","***","***"]
["ASFALTOS DILUÍDOS CR-70","2020-02-01","***","***","***","***","***","***"]
["ASFALTOS DILUÍDOS CR-70","2020-03-01","***","***","***","***","***","***"]
["ASFALTOS DILUÍDOS CR-70","2020-04-01","***","***","***","***","***","***"]
["ASFALTOS DILUÍDOS CR-70","2020-05-01","***","***","***","***","***","***"]
["ASFALTOS DILUÍDOS CR-70","2020-06-01","***","***","***","***","***","***"]
["ASFALTOS DILUÍDOS CR-70","2020-07-01","***","***","***","***","***","***"]
["ASFALTOS DILUÍDOS CR-70","2020-08-01","***","***","***","***","***","***"]
["ASFALTOS DILUÍDOS CR-70","2020-09-01","***","***","***","***","***","***"]
["ASFALTOS DILUÍDOS CR-70","2020-10-01","***","***","***","***","***","***"]
["ASFALTOS DILUÍDOS CR-70","2020-11-01","***","***","***","***","***","***"]
["ASFALTOS DILUÍDOS CR-70","2020-12-01","***","***","***","***","***","***"]
["ASFALTOS DILUÍDOS CR-70","2021-01-01","***","***","***","***","***","***"]
["ASFALTOS DILUÍDOS CR-70","2021-02-01","***","***","***","***","***","***"]
["ASFALTOS DILUÍDOS CR-70","2021-03-01","***","***","***","***","***","***"]
["ASFALTOS DILUÍDOS CR-70","2021-04-01","***","***","***","***","***","***"]
["ASFALTOS DILUÍDOS CR-70","2021-05-01","***","***","***","***","***","***"]
["ASFALTOS DILUÍDOS CR-70","2021-06-01","***","***","***","***","***","***"]
["ASFALTOS DILUÍDOS CR-70","2021-07-01","***","***","***","***","***","***"]
["ASFALTOS DILUÍDOS CR-70","2021-08-01","***","***","***","***","***","***"]
["ASFALTOS DILUÍDOS CR-70","2021-09-01","***","***","***","***","***","***"]
["ASFALTOS DILUÍDOS CR-70","2021-10-01","***","***","***","***","***","***"]
["ASFALTOS DILUÍDOS CR-70","2021-11-01","***","***","***","***","***","***"]
["ASFALTOS DILUÍDOS CR-70","2021-12-01","***","***","***","***","***","***"]
["ASFALTOS DILUÍDOS CR-70","2022-01-01","***","***","***","***","***","***"]
["ASFALTOS DILUÍDOS CR-70","2022-02-01","***","***","***","***","***","***"]
["ASFALTOS DILUÍDOS CR-70","2022-03-01","***","***","***","***","***","***"]
["ASFALTOS DILUÍDOS CR-70","2022-04-01","***","***","***","***","***","***"]
["ASFALTOS DILUÍDOS CR-70","2022-05-01","***","***","***","***","***","***"]
["ASFALTOS DILUÍDOS CR-70","2022-06-01","***","***","***","***","***","***"]
["ASFALTOS DILUÍDOS CR-70","2022-07-01","***","***","***","***","***","***"]
["ASFALTOS DILUÍDOS CR-70","2022-08-01","***","***","***","***","***","***"]
["ASFALTOS DILUÍDOS CR-70","2022-09-01","***","***","***","***","***","***"]
["ASFALTOS DILUÍDOS CR-70","2022-10-01","***","***","***","***","***","***"]
["ASFALTOS DILUÍDOS CR-70","2022-11-01","***","***","***","***","***","***"]
["ASFALTOS DILUÍDOS CR-70","2022-12-01","***","***","***","***","***","***"]
["ASFALTOS DILUÍDOS CR-70","2023-01-01","***","***","***","***","***","***"]
["ASFALTOS DILUÍDOS CR-70","2023-02-01","***","***","***","***","***","***"]
["ASFALTOS DILUÍDOS CR-70","2023-03-01","***","***","***","***","***","***"]
["ASFALTOS DILUÍDOS CR-70","2023-04-01","***","***","***","***","***","***"]
["ASFALTOS DILUÍDOS CR-70","2023-05-01","***","***","***","***","***","***"]
["ASFALTOS DILUÍDOS CR-70","2023-06-01","***","***","***","***","***","***"]
["ASFALTOS DILUÍDOS CR-70","2023-07-01","***","***","***","***","***","***"]
["ASFALTOS DILUÍDOS CR-70","2023-08-01","***","***","***","***","***","***"]
["ASFALTOS DILUÍDOS CR-70","2023-09-01","***","***","***","***","***","***"]
["ASFALTOS DILUÍDOS CR-70","2023-10-01","***","***","***","***","***","***"]
["ASFALTOS DILUÍDOS CR-70","2023-11-01","***","***","***","***","***","***"]
["ASFALTOS DILUÍDOS CR-70","2023-12-01","***","***","***","***","***","***"]
["ASFALTOS DILUÍDOS CR-70","2024-01-01","***","***","***","***","***","***"]
["ASFALTOS DILUÍDOS CR-70","2024-02-01","***","***","***","***","***","***"]
["ASFALTOS DILUÍDOS CR-70","2024-03-01","***","***","***","***","***","***"]
["ASFALTOS DILUÍDOS CR-70","2024-04-01","***","***","***","***","***","***"]
["ASFALTOS DILUÍDOS CR-70","2024-05-01","***","***","***","***","***","***"]
["ASFALTOS DILUÍDOS CR-70","2024-06-01","***","***","***","***","***","***"]
["ASFALTOS DILUÍDOS CR-70","2024-07-01","***","***","***","***","***","***"]
["CAP MODIFICADO POR BORRACHA DE PNEU AB22","2009-12-01","***","***","***",1.1234650000000002,1.1484160238451666,1.1435287983662941]
["CAP MODIFICADO POR BORRACHA DE PNEU AB22","2010-01-01","***","***","***",1.15307,1.1135568954352684,1.1172737978187226]
["CAP MODIFICADO POR BORRACHA DE PNEU AB22","2010-02-01","***","***","***",1.15263,1.0478505613045961,1.055842506097963]
["CAP MODIFICADO POR BORRACHA DE PNEU AB22","2010-03-01","***","***","***",1.15307,1.3099999999999998,1.2378755288039769]
["CAP MODIFICADO POR BORRACHA DE PNEU AB22","2010-04-01","***","***","***",1.15307,1.2383678377406007,1.2235001047159302]
["CAP MODIFICADO POR BORRACHA DE PNEU AB22","2010-05-01","***","***","***",1.15307,1.3359892477432296,1.2764934501894964]
["CAP MODIFICADO POR BORRACHA DE PNEU AB22","2010-06-01","***","***","***",1.15307,1.2380530217228867,1.2329236520474438]
["CAP MODIFICADO POR BORRACHA DE PNEU AB22","2010-07-01","***","***","***",1.2225512921511628,1.1969165437093885,1.1987192796909021]
["CAP MODIFICADO POR BORRACHA DE PNEU AB22","2010-08-01","***","***","***",1.15198,1.1095153340030861,1.1101599429694073]
["CAP MODIFICADO POR BORRACHA DE PNEU AB22","2010-09-01","***","***","***",1.1499244358922422,1.1083586641111285,1.1101841179191574]
["CAP MODIFICADO POR BORRACHA DE PNEU AB22","2010-10-01","***","***","***",1.1834025863181672,1.1193421123161074,1.1260469456077544]
["CAP MODIFICADO POR BORRACHA DE PNEU AB22","2010-11-01","***","***","***",1.2288644330518697,1.0641401488136422,1.0888511015806661]
["CAP MODIFICADO POR BORRACHA DE PNEU AB22","2010-12-01","***","***","***",1.2462800000000001,1.0719775153527897,1.0789323518409664]
["CAP MODIFICADO POR BORRACHA DE PNEU AB22","2011-01-01","***","***","***",1.2462800000000001,0.98689694832691277,1.0350025977360253]
["CAP MODIFICADO POR BORRACHA DE PNEU AB22","2011-02-01","***","***","***",1.2226309585177642,1.0927516942646183,1.11805610644728]
["CAP MODIFICADO POR BORRACHA DE PNEU AB22","2011-03-01","***","***","***",1.2355602533505612,1.094557711840854,1.1461685961089061]
["CAP MODIFICADO POR BORRACHA DE PNEU AB22","2011-04-01","***","***","***",1.1059189336310127,1.0814333170533172,1.0998096510789537]
["CAP MODIFICADO POR BORRACHA DE PNEU AB22","2011-05-01","***","***","***",1.1276787427600587,1.1728104665174728,1.1345451619239686]
["CAP MODIFICADO POR BORRACHA DE PNEU AB22","2011-06-01","***","***","***",1.1088164820852175,1.0417412156536219,1.0988321598005937]
["CAP MODIFICADO POR BORRACHA DE PNEU AB22","2011-07-01","***","***","***",1.1690508266069644,1.1984424357553691,1.177022780020037]
["CAP MODIFICADO POR BORRACHA DE PNEU AB22","2011-08-01","***","***","***",1.1739893941559194,1.1978806147992389,1.1770156821024058]
["CAP MODIFICADO POR BORRACHA DE PNEU AB22","2011-09-01","***","***","***",1.2120613428599154,1.1975499860917942,1.2094636031908852]
["CAP MODIFICADO POR BORRACHA DE PNEU AB22","2011-10-01","***","***","***",1.2806207926124262,1.0520450466311604,1.1902302680057759]
["CAP MODIFICADO POR BORRACHA DE PNEU AB22","2011-11-01","***","***","***",1.2382708814290728,1.0559703947526058,1.1651232780718781]
["CAP MODIFICADO POR BORRACHA DE PNEU AB22","2011-12-01","***","***","***",1.2792969480583576,1.131017350694298,1.2320423748419553]
["CAP MODIFICADO POR BORRACHA DE PNEU AB22","2012-01-01","***","***","***",1.282298874318208,1.1734668251088536,1.2535014543417964]
["CAP MODIFICADO POR BORRACHA DE PNEU AB22","2012-02-01","***","***","***",1.2966007560263755,1.0784072586458422,1.2234963203519214]
["CAP MODIFICADO POR BORRACHA DE PNEU AB22","2012-03-01","***","***","***",1.29781835631012,1.1457979052549543,1.2304271122572366]
["CAP MODIFICADO POR BORRACHA DE PNEU AB22","2012-04-01","***","***","***",1.2948857233970461,1.0499673128589506,1.1535264392000653]
["CAP MODIFICADO POR BORRACHA DE PNEU AB22","2012-05-01","***","***","***",1.33,1.148808032114254,1.1660696455596802]
["CAP MODIFICADO POR BORRACHA DE PNEU AB22","2012-06-01","***","***","***","***",1.109305125743504,1.109305125743504]
["CAP MODIFICADO POR BORRACHA DE PNEU AB22","2012-07-01","***","***","***","***",1.1635868402288732,1.1635868402288732]
["CAP MODIFICADO POR BORRACHA DE PNEU AB22","2012-08-01","***","***","***",1.0637399999999999,1.1414061713818398,1.1363061935576304]
["CAP MODIFICADO POR BORRACHA DE PNEU AB22","2012-09-01","***","***","***",1.0637399999999999,1.2797773887465602,1.2069180933215946]
["CAP MODIFICADO POR BORRACHA DE PNEU AB22","2012-10-01","***","***","***",1.06867,1.2379055871702018,1.215887672471986]
["CAP MODIFICADO POR BORRACHA DE PNEU AB22","2012-11-01","***","***","***","***",1.2617477396963122,1.2617477396963122]
["CAP MODIFICADO POR BORRACHA DE PNEU AB22","2012-12-01","***","***","***","***",1.3118067572668932,1.3118067572668932]
["CAP MODIFICADO POR BORRACHA DE PNEU AB22","2013-01-01","***","***","***","***",1.2905989145951269,1.2905989145951269]
["CAP MODIFICADO POR BORRACHA DE PNEU AB22","2013-02-01","***","***","***","***",1.1556969115497078,1.1556969115497078]
["CAP MODIFICADO POR BORRACHA DE PNEU AB22","2013-03-01","***","***","***","***",1.3072032579041979,1.3072032579041979]
["CAP MODIFICADO POR BORRACHA DE PNEU AB22","2013-04-01","***","***","***","***",1.1964269387882378,1.1964269387882378]
["CAP MODIFICADO POR BORRACHA DE PNEU AB22","2013-05-01","***","***","***","***",1.2685492001459018,1.2685492001459018]
["CAP MODIFICADO POR BORRACHA DE PNEU AB22","2013-06-01","***","***","***","***",1.1563630036400152,1.1563630036400152]
["CAP MODIFICADO POR BORRACHA DE PNEU AB22","2013-07-01","***","***","***","***",1.2872586218234769,1.2872586218234769]
["CAP MODIFICADO POR BORRACHA DE PNEU AB22","2013-08-01","***","***","***","***",1.3293076114273989,1.3293076114273989]
["CAP MODIFICADO POR BORRACHA DE PNEU AB22","2013-09-01","***","***","***","***","***","***"]
["CAP MODIFICADO POR BORRACHA DE PNEU AB22","2013-10-01","***","***","***","***","***","***"]
["CAP MODIFICADO POR BORRACHA DE PNEU AB22","2013-11-01","***","***","***",1.2402,"***",1.2402]
["CAP MODIFICADO POR BORRACHA DE PNEU AB22","2013-12-01","***","***","***",1.2402,"***",1.2402]
["CAP MODIFICADO POR BORRACHA DE PNEU AB22","2014-01-01","***","***","***",1.2376,"***",1.2376]
["CAP MODIFICADO POR BORRACHA DE PNEU AB22","2014-02-01","***","***","***",1.2376,"***",1.2376]
["CAP MODIFICADO POR BORRACHA DE PNEU AB22","2014-03-01","***","***","***",1.258,1.5686,1.2852481664882227]
["CAP MODIFICADO POR BORRACHA DE PNEU AB22","2014-04-01","***","***","***",1.2566999999999997,"***",1.2566999999999997]
["CAP MODIFICADO POR BORRACHA DE PNEU AB22","2014-05-01","***","***","***",1.2648528509199661,"***",1.2648528509199661]
["CAP MODIFICADO POR BORRACHA DE PNEU AB22","2014-06-01","***","***","***",1.2696562557437312,"***",1.2696562557437312]
["CAP MODIFICADO POR BORRACHA DE PNEU AB22","2014-07-01","***","***","***",1.2954000000000001,"***",1.2954000000000001]
["CAP MODIFICADO POR BORRACHA DE PNEU AB22","2014-08-01","***","***","***",1.3118505057869316,"***",1.3118505057869316]
["CAP MODIFICADO POR BORRACHA DE PNEU AB22","2014-09-01","***","***","***","***","***","***"]
["CAP MODIFICADO POR BORRACHA DE PNEU AB22","2014-10-01","***","***","***","***",1.2496365728900256,1.2496365728900256]
["CAP MODIFICADO POR BORRACHA DE PNEU AB22","2014-11-01","***","***","***","***","***","***"]
["CAP MODIFICADO POR BORRACHA DE PNEU AB22","2014-12-01","***","***","***","***","***","***"]
["CAP MODIFICADO POR BORRACHA DE PNEU AB22","2015-01-01","***","***","***","***","***","***"]
["CAP MODIFICADO POR BORRACHA DE PNEU AB22","2015-02-01","***","***","***","***","***","***"]
["CAP MODIFICADO POR BORRACHA DE PNEU AB22","2015-03-01","***","***","***","***","***","***"]
["CAP MODIFICADO POR BORRACHA DE PNEU AB22","2015-04-01","***","***","***","***","***","***"]
["CAP MODIFICADO POR BORRACHA DE PNEU AB22","2015-05-01","***","***","***","***","***","***"]
["CAP MODIFICADO POR BORRACHA DE PNEU AB22","2015-06-01","***","***","***","***","***","***"]
["CAP MODIFICADO POR BORRACHA DE PNEU AB22","2015-07-01","***","***","***","***","***","***"]
["CAP MODIFICADO POR BORRACHA DE PNEU AB22","2015-08-01","***","***","***",1.2886,1.575,1.431687593214426]
["CAP MODIFICADO POR BORRACHA DE PNEU AB22","2015-09-01","***","***","***",1.3494040169529666,1.6302499977108846,1.4605944888526372]
["CAP MODIFICADO POR BORRACHA DE PNEU AB22","2015-10-01","***","***","***",1.3831219194810149,1.6719900000000001,1.4617239504458208]
["CAP MODIFICADO POR BORRACHA DE PNEU AB22","2015-11-01","***","***","***",1.4775499725666628,"***",1.4775499725666628]
["CAP MODIFICADO POR BORRACHA DE PNEU AB22","2015-12-01","***","***","***","***","***","***"]
["CAP MODIFICADO POR BORRACHA DE PNEU AB22","2016-01-01","***","***","***","***","***","***"]
["CAP MODIFICADO POR BORRACHA DE PNEU AB22","2016-02-01","***","***","***","***","***","***"]
["CAP MODIFICADO POR BORRACHA DE PNEU AB22","2016-03-01","***","***","***","***",1.6473999999999998,1.6473999999999998]
["CAP MODIFICADO POR BORRACHA DE PNEU AB22","2016-04-01","***","***","***","***",1.9315000000000002,1.9315000000000002]
["CAP MODIFICADO POR BORRACHA DE PNEU AB22","2016-05-01","***","***","***","***",1.9305999999999999,1.9305999999999999]
["CAP MODIFICADO POR BORRACHA DE PNEU AB22","2016-06-01","***","***","***","***",1.9297999999999997,1.9297999999999997]
["CAP MODIFICADO POR BORRACHA DE PNEU AB22","2016-07-01","***","***","***","***",1.9290999999999998,1.9290999999999998]
["CAP MODIFICADO POR BORRACHA DE PNEU AB22","2016-08-01","***","***","***","***",1.7562657956539345,1.7562657956539345]
["CAP MODIFICADO POR BORRACHA DE PNEU AB22","2016-09-01","***","***",1.9316,1.7023760811173783,1.6322832917768022,1.6837156688536918]
["CAP MODIFICADO POR BORRACHA DE PNEU AB22","2016-10-01","***","***",1.9357999999999997,1.7030172137301012,1.6143020545553739,1.7200696231973467]
["CAP MODIFICADO POR BORRACHA DE PNEU AB22","2016-11-01","***","***",1.9357999999999997,"***",1.6257803791595566,1.6876625635444014]
["CAP MODIFICADO POR BORRACHA DE PNEU AB22","2016-12-01","***","***","***","***",1.687262171508529,1.687262171508529]
["CAP MODIFICADO POR BORRACHA DE PNEU AB22","2017-01-01","***","***","***","***",1.6734079698981563,1.6734079698981563]
["CAP MODIFICADO POR BORRACHA DE PNEU AB22","2017-02-01","***","***","***","***",1.6419429357010527,1.6419429357010527]
["CAP MODIFICADO POR BORRACHA DE PNEU AB22","2017-03-01","***","***","***","***",1.6301132571894474,1.6301132571894474]
["CAP MODIFICADO POR BORRACHA DE PNEU AB22","2017-04-01","***","***","***","***","***","***"]
["CAP MODIFICADO POR BORRACHA DE PNEU AB22","2017-05-01","***","***","***",1.7444,1.6160751800895756,1.6507208966853968]
["CAP MODIFICADO POR BORRACHA DE PNEU AB22","2017-06-01","***","***","***",1.7341758884269813,1.6137336373855793,1.6726636681265685]
["CAP MODIFICADO POR BORRACHA DE PNEU AB22","2017-07-01","***","***","***","***",1.5218674902420921,1.5218674902420921]
["CAP MODIFICADO POR BORRACHA DE PNEU AB22","2017-08-01","***","***","***","***",1.5154307004538576,1.5154307004538576]
["CAP MODIFICADO POR BORRACHA DE PNEU AB22","2017-09-01","***","***","***","***",1.4300810300071445,1.4300810300071445]
["CAP MODIFICADO POR BORRACHA DE PNEU AB22","2017-10-01","***","***","***","***",1.6500083430238617,1.6500083430238617]
["CAP MODIFICADO POR BORRACHA DE PNEU AB22","2017-11-01","***","***","***","***",1.6011326072630774,1.6011326072630774]
["CAP MODIFICADO POR BORRACHA DE PNEU AB22","2017-12-01","***","***","***",1.6792700000000003,1.5867230534145214,1.5902267217916868]
["CAP MODIFICADO POR BORRACHA DE PNEU AB22","2018-01-01","***","***","***","***",1.9039517789379479,1.9039517789379479]
["CAP MODIFICADO POR BORRACHA DE PNEU AB22","2018-02-01","***","***","***","***",1.7922157314255907,1.7922157314255907]
["CAP MODIFICADO POR BORRACHA DE PNEU AB22","2018-03-01","***","***",2.0981999999999998,"***",2.023665998927231,2.0342826942655634]
["CAP MODIFICADO POR BORRACHA DE PNEU AB22","2018-04-01","***","***",2.1002000000000001,"***",2.0674864250658533,2.0740626225658523]
["CAP MODIFICADO POR BORRACHA DE PNEU AB22","2018-05-01","***","***","***",1.8197000000000001,2.1875293896010208,2.1613831664948453]
["CAP MODIFICADO POR BORRACHA DE PNEU AB22","2018-06-01","***","***","***",1.9634999999999998,2.2124254039946245,2.1202259111662136]
["CAP MODIFICADO POR BORRACHA DE PNEU AB22","2018-07-01","***","***","***",2.1217000000000001,2.2766539530729881,2.2429636025160433]
["CAP MODIFICADO POR BORRACHA DE PNEU AB22","2018-08-01","***","***","***",2.2972419134396356,2.3963496857915292,2.3720242672791563]
["CAP MODIFICADO POR BORRACHA DE PNEU AB22","2018-09-01","***","***","***",2.294196885938443,2.2647356710387272,2.270768597345461]
["CAP MODIFICADO POR BORRACHA DE PNEU AB22","2018-10-01","***","***","***",2.298828486109854,2.3356848506271377,2.3247831166189337]
["CAP MODIFICADO POR BORRACHA DE PNEU AB22","2018-11-01","***","***","***","***",2.4298255734606111,2.4298255734606111]
["CAP MODIFICADO POR BORRACHA DE PNEU AB22","2018-12-01","***","***","***","***",2.7139630278642475,2.7139630278642475]
["CAP MODIFICADO POR BORRACHA DE PNEU AB22","2019-01-01","***","***","***","***",2.5396018975705843,2.5396018975705843]
["CAP MODIFICADO POR BORRACHA DE PNEU AB22","2019-02-01","***","***","***","***",2.8893619486207345,2.8893619486207345]
["CAP MODIFICADO POR BORRACHA DE PNEU AB22","2019-03-01","***","***","***","***",2.9102769479894555,2.9102769479894555]
["CAP MODIFICADO POR BORRACHA DE PNEU AB22","2019-04-01","***","***","***","***",3.0029316905811894,3.0029316905811894]
["CAP MODIFICADO POR BORRACHA DE PNEU AB22","2019-05-01","***","***","***","***",2.9835210751944117,2.9835210751944117]
["CAP MODIFICADO POR BORRACHA DE PNEU AB22","2019-06-01","***","***","***","***",3.0021841383601977,3.0021841383601977]
["CAP MODIFICADO POR BORRACHA DE PNEU AB22","2019-07-01","***","***","***","***",2.9631306196895886,2.9631306196895886]
["CAP MODIFICADO POR BORRACHA DE PNEU AB22","2019-08-01","***","***","***","***",2.9122222973113523,2.9122222973113523]
["CAP MODIFICADO POR BORRACHA DE PNEU AB22","2019-09-01","***","***","***","***",2.9973432740283434,2.9973432740283434]
["CAP MODIFICADO POR BORRACHA DE PNEU AB22","2019-10-01","***","***","***","***",2.9728168499465148,2.9728168499465148]
["CAP MODIFICADO POR BORRACHA DE PNEU AB22","2019-11-01","***","***","***","***",2.9257857330931261,2.9257857330931261]
["CAP MODIFICADO POR BORRACHA DE PNEU AB22","2019-12-01","***","***","***","***",2.9262866558211074,2.9262866558211074]
["CAP MODIFICADO POR BORRACHA DE PNEU AB22","2020-01-01","***","***","***","***",3.0614853570727658,3.0614853570727658]
["CAP MODIFICADO POR BORRACHA DE PNEU AB22","2020-02-01","***","***","***","***",2.944124975454808,2.944124975454808]
["CAP MODIFICADO POR BORRACHA DE PNEU AB22","2020-03-01","***","***","***",2.3338133656417117,2.8701788772266985,2.602641914014745]
["CAP MODIFICADO POR BORRACHA DE PNEU AB22","2020-04-01","***","***","***","***",2.666526940683744,2.666526940683744]
["CAP MODIFICADO POR BORRACHA DE PNEU AB22","2020-05-01","***","***","***","***",2.5451535790889115,2.5451535790889115]
["CAP MODIFICADO POR BORRACHA DE PNEU AB22","2020-06-01","***","***","***","***",2.5092568124999999,2.5092568124999999]
["CAP MODIFICADO POR BORRACHA DE PNEU AB22","2020-07-01","***","***","***","***",2.5924619855218483,2.5924619855218483]
["CAP MODIFICADO POR BORRACHA DE PNEU AB22","2020-08-01","***","***","***","***",2.7246233338989625,2.7246233338989625]
["CAP MODIFICADO POR BORRACHA DE PNEU AB22","2020-09-01","***","***","***","***",2.8353251973114224,2.8353251973114224]
["CAP MODIFICADO POR BORRACHA DE PNEU AB22","2020-10-01","***","***","***","***",2.9223707309090283,2.9223707309090283]
["CAP MODIFICADO POR BORRACHA DE PNEU AB22","2020-11-01","***","***","***","***",3.0233679410381837,3.0233679410381837]
["CAP MODIFICADO POR BORRACHA DE PNEU AB22","2020-12-01","***","***","***","***",2.7597216973841814,2.7597216973841814]
["CAP MODIFICADO POR BORRACHA DE PNEU AB22","2021-01-01","***","***","***","***",2.6898269883937176,2.6898269883937176]
["CAP MODIFICADO POR BORRACHA DE PNEU AB22","2021-02-01","***","***","***","***",2.9053264217352979,2.9053264217352979]
["CAP MODIFICADO POR BORRACHA DE PNEU AB22","2021-03-01","***","***","***","***",2.9823204104420142,2.9823204104420142]
["CAP MODIFICADO POR BORRACHA DE PNEU AB22","2021-04-01","***","***","***","***",2.9887647948792551,2.9887647948792551]
["CAP MODIFICADO POR BORRACHA DE PNEU AB22","2021-05-01","***","***","***",3.1898499999999999,"***",3.1898499999999999]
["CAP MODIFICADO POR BORRACHA DE PNEU AB22","2021-06-01","***","***","***",3.1898500000000003,3.4306842448890822,3.3592222633832978]
["CAP MODIFICADO POR BORRACHA DE PNEU AB22","2021-07-01","***","***",3.33216,3.1898499999999994,3.5997505795544598,3.5507911458697343]
["CAP MODIFICADO POR BORRACHA DE PNEU AB22","2021-08-01","***","***",3.4804200000000001,3.4194599999999999,3.7650919144290227,3.625044297849203]
["CAP MODIFICADO POR BORRACHA DE PNEU AB22","2021-09-01","***","***",3.4876968518888658,3.4194600000000004,3.706781273646405,3.571104652296873]
["CAP MODIFICADO POR BORRACHA DE PNEU AB22","2021-10-01","***","***",3.4891000000000005,"***",3.8427306714007243,3.726719801092774]
["CAP MODIFICADO POR BORRACHA DE PNEU AB22","2021-11-01","***","***",3.8336125302297459,"***",3.694415536735058,3.7600724362414764]
["CAP MODIFICADO POR BORRACHA DE PNEU AB22","2021-12-01","***","***",3.8336999999999999,"***",4.0219128668427011,3.9713167077319116]
["CAP MODIFICADO POR BORRACHA DE PNEU AB22","2022-01-01","***","***","***","***",4.3282443506625894,4.3282443506625894]
["CAP MODIFICADO POR BORRACHA DE PNEU AB22","2022-02-01","***","***","***","***","***","***"]
["CAP MODIFICADO POR BORRACHA DE PNEU AB22","2022-03-01","***","***","***","***",4.1055573453744287,4.1055573453744287]
["CAP MODIFICADO POR BORRACHA DE PNEU AB22","2022-04-01","***","***","***","***",4.8064477756192323,4.8064477756192323]
["CAP MODIFICADO POR BORRACHA DE PNEU AB22","2022-05-01","***","***","***","***",4.3426154565846895,4.3426154565846895]
["CAP MODIFICADO POR BORRACHA DE PNEU AB22","2022-06-01","***","***","***",4.7340745704234877,4.3603267557128014,4.5433500180547259]
["CAP MODIFICADO POR BORRACHA DE PNEU AB22","2022-07-01","***","***","***",4.8250618466361113,4.4706022444650273,4.6680927759400888]
["CAP MODIFICADO POR BORRACHA DE PNEU AB22","2022-08-01","***","***",4.3657900000000005,4.71021,4.2637194547005288,4.4502342369668693]
["CAP MODIFICADO POR BORRACHA DE PNEU AB22","2022-09-01","***","***","***",4.4624897625166673,4.355322892547882,4.4290786800808579]
["CAP MODIFICADO POR BORRACHA DE PNEU AB22","2022-10-01","***","***","***",4.1182570288017848,3.9235122437037036,4.0391186946509743]
["CAP MODIFICADO POR BORRACHA DE PNEU AB22","2022-11-01","***","***","***",4.1808408318130388,3.7396840026283025,4.0042046159597895]
["CAP MODIFICADO POR BORRACHA DE PNEU AB22","2022-12-01","***","***","***",4.0950599999999993,3.8371325407279029,4.0170272063758397]
["CAP MODIFICADO POR BORRACHA DE PNEU AB22","2023-01-01","***","***","***","***",3.5740293598740736,3.5740293598740736]
["CAP MODIFICADO POR BORRACHA DE PNEU AB22","2023-02-01","***","***","***","***",3.6251798597801286,3.6251798597801286]
["CAP MODIFICADO POR BORRACHA DE PNEU AB22","2023-03-01","***","***","***","***",3.4189790671858455,3.4189790671858455]
["CAP MODIFICADO POR BORRACHA DE PNEU AB22","2023-04-01","***","***","***","***",3.6497567780748668,3.6497567780748668]
["CAP MODIFICADO POR BORRACHA DE PNEU AB22","2023-05-01","***","***","***",3.8208299999999999,3.5150387596479349,3.6932946574800924]
["CAP MODIFICADO POR BORRACHA DE PNEU AB22","2023-06-01","***","***","***",3.5966049338667014,"***",3.5966049338667014]
["CAP MODIFICADO POR BORRACHA DE PNEU AB22","2023-07-01","***","***","***",3.3800359871429517,"***",3.3800359871429517]
["CAP MODIFICADO POR BORRACHA DE PNEU AB22","2023-08-01","***","***","***",3.3800347111681646,"***",3.3800347111681646]
["CAP MODIFICADO POR BORRACHA DE PNEU AB22","2023-09-01","***","***","***","***","***","***"]
["CAP MODIFICADO POR BORRACHA DE PNEU AB22","2023-10-01","***","***","***","***","***","***"]
["CAP MODIFICADO POR BORRACHA DE PNEU AB22","2023-11-01","***","***","***","***","***","***"]
["CAP MODIFICADO POR BORRACHA DE PNEU AB22","2023-12-01","***","***","***","***","***","***"]
["CAP MODIFICADO POR BORRACHA DE PNEU AB22","2024-01-01","***","***","***","***","***","***"]
["CAP MODIFICADO POR BORRACHA DE PNEU AB22","2024-02-01","***","***","***","***","***","***"]
["CAP MODIFICADO POR BORRACHA DE PNEU AB22","2024-03-01","***","***","***","***","***","***"]
["CAP MODIFICADO POR BORRACHA DE PNEU AB22","2024-04-01","***","***","***","***","***","***"]
["CAP MODIFICADO POR BORRACHA DE PNEU AB22","2024-05-01","***","***","***","***","***","***"]
["CAP MODIFICADO POR BORRACHA DE PNEU AB22","2024-06-01","***","***","***","***","***","***"]
["CAP MODIFICADO POR BORRACHA DE PNEU AB22","2024-07-01","***","***","***","***","***","***"]
["CAP MODIFICADO POR BORRACHA DE PNEU AB8","2009-12-01","***",1.6191729898160816,"***",1.0609523581939377,1.3098775970497534,1.2964571042515038]
["CAP MODIFICADO POR BORRACHA DE PNEU AB8","2010-01-01","***",1.5287395638018277,"***",1.0437136467730741,1.2331276901370598,1.2492627974179116]
["CAP MODIFICADO POR BORRACHA DE PNEU AB8","2010-02-01","***",1.6189,"***",1.13432787504401,1.2594469931649332,1.2953022436582964]
["CAP MODIFICADO POR BORRACHA DE PNEU AB8","2010-03-01","***",1.5337693954631291,"***",1.1203269547736554,1.2587445683439562,1.2544756772283805]
["CAP MODIFICADO POR BORRACHA DE PNEU AB8","2010-04-01","***","***",1.5584,1.1320152246167043,1.2334920145666424,1.1958727832727607]
["CAP MODIFICADO POR BORRACHA DE PNEU AB8","2010-05-01","***","***",1.5570999999999999,1.1268721854527128,1.1358577003397186,1.1448166793615662]
["CAP MODIFICADO POR BORRACHA DE PNEU AB8","2010-06-01","***","***","***","***",1.1009852629038925,1.1009852629038925]
["CAP MODIFICADO POR BORRACHA DE PNEU AB8","2010-07-01","***","***","***","***",1.1575927179621193,1.1575927179621193]
["CAP MODIFICADO POR BORRACHA DE PNEU AB8","2010-08-01","***","***","***",1.1467761637718408,1.1369646198311878,1.1393901285564838]
["CAP MODIFICADO POR BORRACHA DE PNEU AB8","2010-09-01","***","***","***",1.005926604179016,1.1057108627323193,1.0912752020066672]
["CAP MODIFICADO POR BORRACHA DE PNEU AB8","2010-10-01","***",1.5018,"***",1.0477000000000001,1.0983352077291526,1.1034981759070928]
["CAP MODIFICADO POR BORRACHA DE PNEU AB8","2010-11-01","***",1.4632888922656129,"***",1.1765765724968842,1.2032237418022458,1.2073910889087933]
["CAP MODIFICADO POR BORRACHA DE PNEU AB8","2010-12-01","***",1.4986999999999999,"***",1.1608677434143244,1.2140573205989342,1.2103922989963849]
["CAP MODIFICADO POR BORRACHA DE PNEU AB8","2011-01-01","***",1.4986999999999999,"***",1.2285999999999999,1.0774357621541253,1.095852234418681]
["CAP MODIFICADO POR BORRACHA DE PNEU AB8","2011-02-01","***","***","***","***",1.1531682862418531,1.1531682862418531]
["CAP MODIFICADO POR BORRACHA DE PNEU AB8","2011-03-01","***",1.4990000000000001,"***",1.1689837556463754,1.1981252852301039,1.1968295138359033]
["CAP MODIFICADO POR BORRACHA DE PNEU AB8","2011-04-01","***","***","***",1.00360645109135,1.1113628611714035,1.1085885358553713]
["CAP MODIFICADO POR BORRACHA DE PNEU AB8","2011-05-01","***",1.6555,"***",1.0112000000000001,1.0875433862010788,1.0930747290711629]
["CAP MODIFICADO POR BORRACHA DE PNEU AB8","2011-06-01","***",1.4972000000000001,"***",1.0694987078519218,1.0794293698078377,1.1146388348849325]
["CAP MODIFICADO POR BORRACHA DE PNEU AB8","2011-07-01","***",1.6523999999999996,"***","***",1.0616728004746567,1.13230283718045]
["CAP MODIFICADO POR BORRACHA DE PNEU AB8","2011-08-01","***","***","***",0.9768,1.0587876343724356,1.0557410639221201]
["CAP MODIFICADO POR BORRACHA DE PNEU AB8","2011-09-01","***","***","***",1.1865991678903574,1.1261270384123565,1.1275175752232316]
["CAP MODIFICADO POR BORRACHA DE PNEU AB8","2011-10-01","***","***","***",0.98039999999999994,1.0811985369990924,1.0800477091732588]
["CAP MODIFICADO POR BORRACHA DE PNEU AB8","2011-11-01","***",1.6526000000000001,"***",1.1781999999999999,1.169035145324872,1.1787741567516654]
["CAP MODIFICADO POR BORRACHA DE PNEU AB8","2011-12-01","***","***","***",1.1021830237484433,1.2619989141270294,1.1892216573353691]
["CAP MODIFICADO POR BORRACHA DE PNEU AB8","2012-01-01","***","***","***",1.0661708911411409,1.1428234076621993,1.1021835452207907]
["CAP MODIFICADO POR BORRACHA DE PNEU AB8","2012-02-01","***","***","***",1.1022499134948098,1.2572668724706142,1.1660677742649022]
["CAP MODIFICADO POR BORRACHA DE PNEU AB8","2012-03-01","***","***","***",1.0549261797375431,1.0884500886819295,1.0679835457468079]
["CAP MODIFICADO POR BORRACHA DE PNEU AB8","2012-04-01","***",1.6051,"***",1.0777133933713559,1.0738306477672068,1.0802140752968346]
["CAP MODIFICADO POR BORRACHA DE PNEU AB8","2012-05-01","***","***","***",1.0918985103704379,1.1161429405957537,1.1026848608277917]
["CAP MODIFICADO POR BORRACHA DE PNEU AB8","2012-06-01","***","***","***",1.1527001851507062,1.1714950737583953,1.1647350558978251]
["CAP MODIFICADO POR BORRACHA DE PNEU AB8","2012-07-01","***","***","***",1.1570435171497822,1.3422725118545544,1.2740975889439403]
["CAP MODIFICADO POR BORRACHA DE PNEU AB8","2012-08-01","***","***","***",1.1619457264935051,1.2164282366999961,1.1896014117887943]
["CAP MODIFICADO POR BORRACHA DE PNEU AB8","2012-09-01","***","***","***",1.1730972932879522,1.3704738416193458,1.2885910018958944]
["CAP MODIFICADO POR BORRACHA DE PNEU AB8","2012-10-01","***","***","***",1.1673012787080324,1.1875130657910866,1.1788445221489403]
["CAP MODIFICADO POR BORRACHA DE PNEU AB8","2012-11-01","***","***","***",1.19815213826663,1.3567455479690402,1.2711575250778484]
["CAP MODIFICADO POR BORRACHA DE PNEU AB8","2012-12-01","***","***","***",1.186995598817064,1.3407999440320493,1.2310009919723564]
["CAP MODIFICADO POR BORRACHA DE PNEU AB8","2013-01-01","***","***","***",1.1566429983553468,1.3590648725773196,1.2592468086351629]
["CAP MODIFICADO POR BORRACHA DE PNEU AB8","2013-02-01","***","***","***",1.1706604714881521,1.2326813440111422,1.1983340795865309]
["CAP MODIFICADO POR BORRACHA DE PNEU AB8","2013-03-01","***","***","***",1.1781083404161554,1.3873908250087319,1.2535169570536087]
["CAP MODIFICADO POR BORRACHA DE PNEU AB8","2013-04-01","***","***",1.65,1.1754767855148143,1.2965283118648456,1.238292902609665]
["CAP MODIFICADO POR BORRACHA DE PNEU AB8","2013-05-01","***","***",1.65,1.2187666332957656,1.2014709676255222,1.2334313171922864]
["CAP MODIFICADO POR BORRACHA DE PNEU AB8","2013-06-01","***","***","***",1.2336671067142395,1.2065205549138345,1.2225362503408645]
["CAP MODIFICADO POR BORRACHA DE PNEU AB8","2013-07-01","***","***","***",1.2330444179375764,1.3989500633651444,1.3441614054256841]
["CAP MODIFICADO POR BORRACHA DE PNEU AB8","2013-08-01","***","***","***",1.2452399162508065,1.3716984574828397,1.3444955251608537]
["CAP MODIFICADO POR BORRACHA DE PNEU AB8","2013-09-01","***","***","***",1.2484582307113947,1.2757130885666805,1.2669449941845503]
["CAP MODIFICADO POR BORRACHA DE PNEU AB8","2013-10-01","***","***","***",1.2574417535843938,1.2513071926360673,1.2532113946659533]
["CAP MODIFICADO POR BORRACHA DE PNEU AB8","2013-11-01","***","***","***",1.2561418255145627,1.274924780393853,1.2680468498741837]
["CAP MODIFICADO POR BORRACHA DE PNEU AB8","2013-12-01","***","***","***",1.2477874668226194,1.2720476044962734,1.2618957613007982]
["CAP MODIFICADO POR BORRACHA DE PNEU AB8","2014-01-01","***","***","***",1.2932810719361127,1.3161819846399581,1.306601725671704]
["CAP MODIFICADO POR BORRACHA DE PNEU AB8","2014-02-01","***","***","***",1.2193101738086485,1.2594389982817531,1.2487040910182476]
["CAP MODIFICADO POR BORRACHA DE PNEU AB8","2014-03-01","***","***","***",1.312578315910415,1.3201403522497284,1.3186764923706322]
["CAP MODIFICADO POR BORRACHA DE PNEU AB8","2014-04-01","***","***",1.2971999999999999,1.2297958465320562,1.2907811578845032,1.2675586241507653]
["CAP MODIFICADO POR BORRACHA DE PNEU AB8","2014-05-01","***","***",1.2981,1.2312288883942284,1.2951243214092223,1.2687246987995167]
["CAP MODIFICADO POR BORRACHA DE PNEU AB8","2014-06-01","***","***",1.2937668762843206,1.1498324270316098,1.2705208657340905,1.2293013686523417]
["CAP MODIFICADO POR BORRACHA DE PNEU AB8","2014-07-01","***","***",1.2970000000000002,1.0829689120290709,1.3217699719935811,1.2307617233661532]
["CAP MODIFICADO POR BORRACHA DE PNEU AB8","2014-08-01","***","***",1.3862000000000001,1.2233743153263112,1.3645665026079274,1.3129158027904995]
["CAP MODIFICADO POR BORRACHA DE PNEU AB8","2014-09-01","***","***",1.3862000000000003,1.221841504137297,1.3120346346156013,1.2956517909907521]
["CAP MODIFICADO POR BORRACHA DE PNEU AB8","2014-10-01","***","***",1.2613848656717337,1.0620009799963297,1.2619096737842672,1.2150385341682899]
["CAP MODIFICADO POR BORRACHA DE PNEU AB8","2014-11-01","***","***",1.4453441259122564,1.0670025891542063,1.4066348107709632,1.3220595363627214]
["CAP MODIFICADO POR BORRACHA DE PNEU AB8","2014-12-01","***","***","***","***","***","***"]
["CAP MODIFICADO POR BORRACHA DE PNEU AB8","2015-01-01","***","***",1.5612000000000001,1.4800757702263883,1.817494834308327,1.6579997734190262]
["CAP MODIFICADO POR BORRACHA DE PNEU AB8","2015-02-01","***","***",1.4702,1.421023723931127,1.7600990271087489,1.66420728815014]
["CAP MODIFICADO POR BORRACHA DE PNEU AB8","2015-03-01","***","***",1.5612000000000004,1.4104565459989113,1.7216944527941518,1.675820410278493]
["CAP MODIFICADO POR BORRACHA DE PNEU AB8","2015-04-01","***","***","***",1.6088742046222251,1.5860921202574136,1.5909847054330197]
["CAP MODIFICADO POR BORRACHA DE PNEU AB8","2015-05-01","***","***",1.4702000000000002,1.6912124389107845,1.6207977754185059,1.6239052213956682]
["CAP MODIFICADO POR BORRACHA DE PNEU AB8","2015-06-01","***","***",1.5179011306820041,1.6145162271500908,1.6017483506977686,1.5935621528497768]
["CAP MODIFICADO POR BORRACHA DE PNEU AB8","2015-07-01","***","***",1.597793461302025,1.716642565189517,1.6046205431770173,1.622907870446918]
["CAP MODIFICADO POR BORRACHA DE PNEU AB8","2015-08-01","***","***",1.5943416703113067,1.5501896015113001,1.7220942288083445,1.6543857819324022]
["CAP MODIFICADO POR BORRACHA DE PNEU AB8","2015-09-01","***","***",1.6926561401637077,1.5738426935643286,1.6553241412191289,1.6647946940090854]
["CAP MODIFICADO POR BORRACHA DE PNEU AB8","2015-10-01","***","***",1.8182944091257496,1.7506096295951523,1.7862521413257295,1.7845721620899808]
["CAP MODIFICADO POR BORRACHA DE PNEU AB8","2015-11-01","***","***",1.7654000000000001,1.6974174340248325,1.8979885388954589,1.8565446439173232]
["CAP MODIFICADO POR BORRACHA DE PNEU AB8","2015-12-01","***","***","***",1.6107552900038624,1.8539203354988103,1.7954765562227901]
["CAP MODIFICADO POR BORRACHA DE PNEU AB8","2016-01-01","***","***","***",1.4357595705080297,1.8849056893643592,1.8137064656530872]
["CAP MODIFICADO POR BORRACHA DE PNEU AB8","2016-02-01","***","***","***",1.4452717952496548,1.8161798949642947,1.6799878123507856]
["CAP MODIFICADO POR BORRACHA DE PNEU AB8","2016-03-01","***","***",1.7392000000000001,1.7191866791116015,1.8393653384765103,1.8108244627034333]
["CAP MODIFICADO POR BORRACHA DE PNEU AB8","2016-04-01","***","***","***",1.9844119046434252,2.0758937691256998,2.0604458450313006]
["CAP MODIFICADO POR BORRACHA DE PNEU AB8","2016-05-01","***","***","***",1.874693801007091,1.9788140783579065,1.9613906464489621]
["CAP MODIFICADO POR BORRACHA DE PNEU AB8","2016-06-01","***","***","***",2.0888976160885777,2.0706527932673628,2.0731574995579511]
["CAP MODIFICADO POR BORRACHA DE PNEU AB8","2016-07-01","***","***","***",1.8777269944177848,2.0655002851193678,2.0511184112593503]
["CAP MODIFICADO POR BORRACHA DE PNEU AB8","2016-08-01","***","***","***",1.5725519758199464,2.0024954441672294,1.8897557982760023]
["CAP MODIFICADO POR BORRACHA DE PNEU AB8","2016-09-01","***","***","***",1.6788193731581895,1.9116851305045215,1.8728638268744222]
["CAP MODIFICADO POR BORRACHA DE PNEU AB8","2016-10-01","***","***","***",1.725519629107618,1.8919059711315318,1.8304053595463119]
["CAP MODIFICADO POR BORRACHA DE PNEU AB8","2016-11-01","***","***",1.7460451361525471,1.7110442843342453,1.8779468372768484,1.8500704313954792]
["CAP MODIFICADO POR BORRACHA DE PNEU AB8","2016-12-01","***","***",1.7463823457376351,1.6769229103277106,1.9051327058536027,1.8718492549393275]
["CAP MODIFICADO POR BORRACHA DE PNEU AB8","2017-01-01","***","***",1.7464498097971168,"***",1.8942195029371891,1.8754375090869764]
["CAP MODIFICADO POR BORRACHA DE PNEU AB8","2017-02-01","***","***",1.8445409898919485,1.6538999999999999,1.8934384004474281,1.8887869296586486]
["CAP MODIFICADO POR BORRACHA DE PNEU AB8","2017-03-01","***","***",1.8535146911115143,1.8960315506589049,1.8885790761143808,1.8872178987648442]
["CAP MODIFICADO POR BORRACHA DE PNEU AB8","2017-04-01","***","***","***","***","***","***"]
["CAP MODIFICADO POR BORRACHA DE PNEU AB8","2017-05-01","***","***",1.8065925692439728,1.6954062245752772,1.8804092085331536,1.827644043363186]
["CAP MODIFICADO POR BORRACHA DE PNEU AB8","2017-06-01","***","***",1.8247501199301148,1.5850772602869005,1.8824291876349191,1.8060853358611515]
["CAP MODIFICADO POR BORRACHA DE PNEU AB8","2017-07-01","***","***",1.8183932474881543,1.4795539904886645,1.8879976654430224,1.812321817649541]
["CAP MODIFICADO POR BORRACHA DE PNEU AB8","2017-08-01","***","***",1.7872480278291569,1.5738003638253639,1.8791611663327392,1.8361462138009805]
["CAP MODIFICADO POR BORRACHA DE PNEU AB8","2017-09-01","***","***",1.7902469689420364,1.5334923788025367,1.8232427397173425,1.80841092619879]
["CAP MODIFICADO POR BORRACHA DE PNEU AB8","2017-10-01","***","***",1.9343283379988281,1.627901409642869,1.8414767465938304,1.8252430848686816]
["CAP MODIFICADO POR BORRACHA DE PNEU AB8","2017-11-01","***","***",1.9563079934224892,1.7910055967526133,1.914035733816553,1.9041999246990375]
["CAP MODIFICADO POR BORRACHA DE PNEU AB8","2017-12-01","***","***",2.0670548810863241,1.928741866134752,1.917186920486148,1.9387046838092286]
["CAP MODIFICADO POR BORRACHA DE PNEU AB8","2018-01-01","***","***",2.4436176381318795,1.8712143585785712,2.0875129034718474,2.1116769274661533]
["CAP MODIFICADO POR BORRACHA DE PNEU AB8","2018-02-01","***","***",2.4572973095135602,2.1259722742779168,2.1320752843337347,2.1526991908948112]
["CAP MODIFICADO POR BORRACHA DE PNEU AB8","2018-03-01","***","***",2.3512685672034181,1.9081666874645489,2.1197819939351694,2.1066906863659698]
["CAP MODIFICADO POR BORRACHA DE PNEU AB8","2018-04-01","***","***",2.1793665604289978,1.9260251322613016,2.059467020592272,2.0285102640360222]
["CAP MODIFICADO POR BORRACHA DE PNEU AB8","2018-05-01","***","***",2.2768385258681785,1.9658183809376311,2.1288901724012419,2.0898719656784346]
["CAP MODIFICADO POR BORRACHA DE PNEU AB8","2018-06-01","***","***",2.3769615602632461,1.973070916090202,2.250823890967387,2.223058556750638]
["CAP MODIFICADO POR BORRACHA DE PNEU AB8","2018-07-01","***","***",2.4770607815804651,2.1014044141205663,2.3730649015579113,2.3398341379354712]
["CAP MODIFICADO POR BORRACHA DE PNEU AB8","2018-08-01","***","***",2.6996309021652989,2.346250935647165,2.4977445030786698,2.4786283819183055]
["CAP MODIFICADO POR BORRACHA DE PNEU AB8","2018-09-01","***","***",2.6647926189547579,2.4329752269541314,2.582177023731091,2.5362225687173616]
["CAP MODIFICADO POR BORRACHA DE PNEU AB8","2018-10-01","***","***",2.6701270670198061,2.3900118410220945,2.7108548334601932,2.5876638860388326]
["CAP MODIFICADO POR BORRACHA DE PNEU AB8","2018-11-01","***","***",2.8751160485502356,2.4821156336111123,2.8874585188209014,2.7797383109634497]
["CAP MODIFICADO POR BORRACHA DE PNEU AB8","2018-12-01","***","***",2.9101000000000004,2.4810177004495295,3.1577347781029119,2.9227552129228287]
["CAP MODIFICADO POR BORRACHA DE PNEU AB8","2019-01-01","***","***","***",2.479790898105076,2.9447065019913481,2.7176181048808568]
["CAP MODIFICADO POR BORRACHA DE PNEU AB8","2019-02-01","***","***","***",2.577441022243752,3.0767086670736559,2.9299480895698151]
["CAP MODIFICADO POR BORRACHA DE PNEU AB8","2019-03-01","***","***","***",2.6794149903996027,3.1125870325206022,2.9675906307015421]
["CAP MODIFICADO POR BORRACHA DE PNEU AB8","2019-04-01","***","***","***",2.7028248899620868,3.153835795447224,2.9966509308559535]
["CAP MODIFICADO POR BORRACHA DE PNEU AB8","2019-05-01","***","***","***",2.6686232661930216,3.0376717019818318,2.8702428528226371]
["CAP MODIFICADO POR BORRACHA DE PNEU AB8","2019-06-01","***","***","***",2.7316031068885498,3.6481446280570298,3.3804959658999856]
["CAP MODIFICADO POR BORRACHA DE PNEU AB8","2019-07-01",2.7736199999999998,"***",3.0228213710852945,2.9923763265422418,3.4390024773395762,3.2237123891444903]
["CAP MODIFICADO POR BORRACHA DE PNEU AB8","2019-08-01","***","***",2.8423113416618686,2.5535686564548046,3.0139607419042322,2.8622721793846084]
["CAP MODIFICADO POR BORRACHA DE PNEU AB8","2019-09-01","***","***",2.7282500000000001,2.760380112854548,2.975459794944403,2.8914658619880784]
["CAP MODIFICADO POR BORRACHA DE PNEU AB8","2019-10-01","***","***",2.6810403787779893,2.5449124114125712,2.9588827905201884,2.8563383809277632]
["CAP MODIFICADO POR BORRACHA DE PNEU AB8","2019-11-01","***","***",2.7082432241467256,2.5758734026857559,3.0063070590313057,2.8370260067749449]
["CAP MODIFICADO POR BORRACHA DE PNEU AB8","2019-12-01","***","***","***",2.6214992838887525,3.04157988495799,2.8895458324697287]
["CAP MODIFICADO POR BORRACHA DE PNEU AB8","2020-01-01","***",2.9613999999999998,2.8285380858564912,2.642050349730364,3.064224673890521,2.8752101094373783]
["CAP MODIFICADO POR BORRACHA DE PNEU AB8","2020-02-01","***","***","***",2.4590215008939551,2.8902676514651588,2.7252961731335468]
["CAP MODIFICADO POR BORRACHA DE PNEU AB8","2020-03-01","***","***","***",2.3604012498264133,2.8313532691075833,2.6559068400149655]
["CAP MODIFICADO POR BORRACHA DE PNEU AB8","2020-04-01","***","***","***",2.339614992484611,2.8244390683253342,2.6731035568013191]
["CAP MODIFICADO POR BORRACHA DE PNEU AB8","2020-05-01","***","***","***",2.3850887906873437,2.7957473788340796,2.7417292273163092]
["CAP MODIFICADO POR BORRACHA DE PNEU AB8","2020-06-01","***","***",2.5771700000000002,2.3767381042881222,2.8218500368677808,2.7419114566241722]
["CAP MODIFICADO POR BORRACHA DE PNEU AB8","2020-07-01","***","***",2.5771699999999997,2.3129896529738909,2.8327986519404655,2.7472629097630588]
["CAP MODIFICADO POR BORRACHA DE PNEU AB8","2020-08-01","***","***",2.6570066468307947,2.3621587992415791,2.9730478799993669,2.8776343464482292]
["CAP MODIFICADO POR BORRACHA DE PNEU AB8","2020-09-01","***","***",2.6857405585725362,2.3920221649897502,2.8995937668467771,2.8048162311105544]
["CAP MODIFICADO POR BORRACHA DE PNEU AB8","2020-10-01","***","***",2.7115296986279374,2.5988855005411979,2.945660296835936,2.8601320590732215]
["CAP MODIFICADO POR BORRACHA DE PNEU AB8","2020-11-01","***","***",2.9355785272915584,2.675728781446943,3.1036367791020836,2.9821229454202736]
["CAP MODIFICADO POR BORRACHA DE PNEU AB8","2020-12-01","***","***","***",2.8103980717931423,3.1560016642997661,3.0198328222421571]
["CAP MODIFICADO POR BORRACHA DE PNEU AB8","2021-01-01","***","***","***",2.6067625684844038,3.0235489155877113,2.9169518621704214]
["CAP MODIFICADO POR BORRACHA DE PNEU AB8","2021-02-01","***","***","***",2.7539341525183927,3.2378279376369576,3.2142956354110028]
["CAP MODIFICADO POR BORRACHA DE PNEU AB8","2021-03-01","***","***","***",2.8667480380630153,3.2664503620327867,3.2444312354152673]
["CAP MODIFICADO POR BORRACHA DE PNEU AB8","2021-04-01","***","***","***",3.2412820683288355,3.2403526438144885,3.2404824221821982]
["CAP MODIFICADO POR BORRACHA DE PNEU AB8","2021-05-01","***","***","***",3.4580315701443354,3.9605739483670725,3.898980732901407]
["CAP MODIFICADO POR BORRACHA DE PNEU AB8","2021-06-01","***","***","***",3.3895059892106629,3.9960151456310675,3.7901355069954188]
["CAP MODIFICADO POR BORRACHA DE PNEU AB8","2021-07-01","***","***","***",3.3634510522282417,4.0446007521421841,3.759377785639622]
["CAP MODIFICADO POR BORRACHA DE PNEU AB8","2021-08-01","***","***","***",3.5297912801513007,4.2221124396868657,3.8942494353864427]
["CAP MODIFICADO POR BORRACHA DE PNEU AB8","2021-09-01",3.1511999999999998,"***","***",3.6011649158390968,4.2437321077518497,3.9834978123132094]
["CAP MODIFICADO POR BORRACHA DE PNEU AB8","2021-10-01",3.1511999999999998,"***","***",3.5245837051341593,4.2745912764257028,3.9325664481350482]
["CAP MODIFICADO POR BORRACHA DE PNEU AB8","2021-11-01",3.52045270712581,"***","***",3.8006628269091718,4.6212462053760719,4.2402152571736771]
["CAP MODIFICADO POR BORRACHA DE PNEU AB8","2021-12-01",3.5833457410104543,"***","***",3.8033828378325953,4.6854496331091324,4.2649975870802219]
["CAP MODIFICADO POR BORRACHA DE PNEU AB8","2022-01-01",3.497057538755509,"***","***",4.0144421748724364,4.7195601493470978,4.3815922128366829]
["CAP MODIFICADO POR BORRACHA DE PNEU AB8","2022-02-01",3.9137117888445374,"***","***",4.1654182392975976,4.9238646993038815,4.5716481879346533]
["CAP MODIFICADO POR BORRACHA DE PNEU AB8","2022-03-01",3.9304842780259164,"***","***",4.6131177304825863,4.9770267131939656,4.6989390514146656]
["CAP MODIFICADO POR BORRACHA DE PNEU AB8","2022-04-01",3.8774367464514339,"***","***",4.8242816622633082,5.196583719406223,4.7874338282478828]
["CAP MODIFICADO POR BORRACHA DE PNEU AB8","2022-05-01",3.660831927826083,"***","***",4.8244025811017348,5.0464176427212664,4.6548960425668318]
["CAP MODIFICADO POR BORRACHA DE PNEU AB8","2022-06-01",3.6719077480359519,"***","***",4.743797212134913,5.0290272799759634,4.6866328666899362]
["CAP MODIFICADO POR BORRACHA DE PNEU AB8","2022-07-01",3.7343529358812262,"***","***",4.6606289161344456,5.0825126401802372,4.6618090061825308]
["CAP MODIFICADO POR BORRACHA DE PNEU AB8","2022-08-01",3.5750321729438737,"***",4.0312700000000001,4.4489613986405532,4.8768508374917063,4.4361456542627042]
["CAP MODIFICADO POR BORRACHA DE PNEU AB8","2022-09-01",3.3365857363622324,"***",3.8240599999999998,4.6197592231558557,4.6217078043360065,4.5503008775891045]
["CAP MODIFICADO POR BORRACHA DE PNEU AB8","2022-10-01","***","***",3.47411,4.3021714304330319,4.4511535000014888,4.3405292820668899]
["CAP MODIFICADO POR BORRACHA DE PNEU AB8","2022-11-01","***","***",3.4741100000000005,4.0708263984458517,4.434586615284875,4.1906987946351579]
["CAP MODIFICADO POR BORRACHA DE PNEU AB8","2022-12-01","***","***",3.4741100000000005,4.0976380053811656,4.3463166271576119,4.1922139377714531]
["CAP MODIFICADO POR BORRACHA DE PNEU AB8","2023-01-01","***","***",3.2876799999999999,3.9431334019414743,4.0941381731638247,3.9702865071179279]
["CAP MODIFICADO POR BORRACHA DE PNEU AB8","2023-02-01","***","***",3.1648200000000002,3.8471487854515276,3.9488899722169046,3.8264434764915318]
["CAP MODIFICADO POR BORRACHA DE PNEU AB8","2023-03-01","***","***",3.1110239967105264,3.7512055302047429,3.7377240375528613,3.7405507058514202]
["CAP MODIFICADO POR BORRACHA DE PNEU AB8","2023-04-01","***","***",3.4214352650579518,3.7576710928923611,3.809381577848034,3.7689590617057838]
["CAP MODIFICADO POR BORRACHA DE PNEU AB8","2023-05-01","***","***",3.0362700000000005,3.6646741477770171,3.7394772019109008,3.6750538668258668]
["CAP MODIFICADO POR BORRACHA DE PNEU AB8","2023-06-01","***","***",3.0685420543495487,3.5802435781107778,3.6692737443166061,3.6010590544106167]
["CAP MODIFICADO POR BORRACHA DE PNEU AB8","2023-07-01","***","***",3.0727600000000002,3.6019833523533649,3.7160559415567844,3.6278060436645401]
["CAP MODIFICADO POR BORRACHA DE PNEU AB8","2023-08-01","***","***",3.1472464245175935,3.5125904038928959,3.7738780307350064,3.5787945728490111]
["CAP MODIFICADO POR BORRACHA DE PNEU AB8","2023-09-01","***","***",3.3503692337931525,3.6843298768385142,3.8835923926532776,3.7265946398525798]
["CAP MODIFICADO POR BORRACHA DE PNEU AB8","2023-10-01","***","***",3.4330022577990751,3.7877844310715973,3.9085190294675551,3.8052185486637122]
["CAP MODIFICADO POR BORRACHA DE PNEU AB8","2023-11-01","***","***",3.3984516288066828,3.6909302022307457,3.8649913965636036,3.7486221682192258]
["CAP MODIFICADO POR BORRACHA DE PNEU AB8","2023-12-01","***","***",3.3329126010661927,3.6600620978133738,3.9306865709016363,3.7484043968830756]
["CAP MODIFICADO POR BORRACHA DE PNEU AB8","2024-01-01","***","***",3.2687299428881049,3.5459523431317019,3.7328256193985823,3.6129266699362814]
["CAP MODIFICADO POR BORRACHA DE PNEU AB8","2024-02-01","***","***",3.2461529889267937,3.5759373031108073,3.713683647510778,3.6277633764946806]
["CAP MODIFICADO POR BORRACHA DE PNEU AB8","2024-03-01","***","***",3.768001661584333,3.686297989317683,3.9738706711266518,3.7844369640854949]
["CAP MODIFICADO POR BORRACHA DE PNEU AB8","2024-04-01","***","***",3.5418537569765585,3.7790229305187455,3.9526792884731066,3.8320161507053103]
["CAP MODIFICADO POR BORRACHA DE PNEU AB8","2024-05-01","***","***",3.6155793997665691,3.9162706483486196,4.0338094711755685,3.9388972355490237]
["CAP MODIFICADO POR BORRACHA DE PNEU AB8","2024-06-01","***","***",3.6428001899364637,3.9478237356340236,3.9783707202814185,3.937622278133897]
["CAP MODIFICADO POR BORRACHA DE PNEU AB8","2024-07-01","***","***",3.7852116873744852,4.0960418376143402,4.1244485876031654,4.0861414260680062]
["CAP MODIFICADO POR POLÍMERO 55-75-E","2015-09-01","***",1.6953954542024339,"***",1.7171780593569659,1.8427670560180902,1.7930856450717323]
["CAP MODIFICADO POR POLÍMERO 55-75-E","2015-10-01","***",1.7919295146005085,"***",1.8216981373170267,1.9431443828715365,1.8327100508755547]
["CAP MODIFICADO POR POLÍMERO 55-75-E","2015-11-01","***",2.0899399999999999,"***",2.0610623072334988,2.0980868206719352,2.0821680017500475]
["CAP MODIFICADO POR POLÍMERO 55-75-E","2015-12-01","***",2.0899400000000004,"***",2.1194041720257233,1.9102433055954091,2.0405789762972462]
["CAP MODIFICADO POR POLÍMERO 55-75-E","2016-01-01","***",2.0091957557447584,"***",2.0785102353215286,1.7201859374222301,1.8957923340782121]
["CAP MODIFICADO POR POLÍMERO 55-75-E","2016-02-01","***",2.0063301928427961,2.310905,2.079184548767417,1.8023118118431345,1.9841543614525423]
["CAP MODIFICADO POR POLÍMERO 55-75-E","2016-03-01","***",2.0214688655215958,"***",2.0672555746521688,2.0347751135103787,2.0276903371049011]
["CAP MODIFICADO POR POLÍMERO 55-75-E","2016-04-01","***",2.2545417937441314,"***","***",2.1824163004798347,2.2168656133642992]
["CAP MODIFICADO POR POLÍMERO 55-75-E","2016-05-01","***",2.1741120239687413,"***",2.1983228359030837,2.1202284224342827,2.1761479773532821]
["CAP MODIFICADO POR POLÍMERO 55-75-E","2016-06-01","***",2.2013690696569923,2.7226504659750304,2.3371864428912605,1.8951029985298442,2.2386015067822616]
["CAP MODIFICADO POR POLÍMERO 55-75-E","2016-07-01","***",2.0094158478144157,2.7444926715815341,2.1513415837277052,1.903067973005351,2.1209947804802081]
["CAP MODIFICADO POR POLÍMERO 55-75-E","2016-08-01","***",2.3455907504428892,2.7878779623567924,2.2006004902073739,1.9521915117938957,2.26666565275417]
["CAP MODIFICADO POR POLÍMERO 55-75-E","2016-09-01","***",1.9169568693991934,2.6876199999999995,2.1986446215899091,1.8482440625648628,2.0090403977516913]
["CAP MODIFICADO POR POLÍMERO 55-75-E","2016-10-01","***",1.6509599937156796,2.6469499999999995,2.223755542022793,1.9299261856512009,1.9300860835637395]
["CAP MODIFICADO POR POLÍMERO 55-75-E","2016-11-01","***",1.6694185373178523,3.0737999999999994,"***",1.9879645083790136,2.0393290727149394]
["CAP MODIFICADO POR POLÍMERO 55-75-E","2016-12-01","***",2.014896679197447,3.0649600000000001,1.8466100000000003,1.8798449207970527,1.9359708182054569]
["CAP MODIFICADO POR POLÍMERO 55-75-E","2017-01-01","***",1.7502856718241042,3.0767500000000001,1.8466100000000001,1.8666449005293475,1.8444576318092083]
["CAP MODIFICADO POR POLÍMERO 55-75-E","2017-02-01","***",1.9385434414136908,"***",1.7677449945362214,1.853787885934127,1.8751690352169861]
["CAP MODIFICADO POR POLÍMERO 55-75-E","2017-03-01","***",1.9353736956812553,2.2661885349894639,1.734795304104664,1.8579610960031532,1.9158526995252947]
["CAP MODIFICADO POR POLÍMERO 55-75-E","2017-04-01","***",1.9464333678671788,3.0989954728033471,1.8550778250929307,1.8427725499266114,1.9250968210901029]
["CAP MODIFICADO POR POLÍMERO 55-75-E","2017-05-01","***",1.9039563231733876,2.5269077743321908,1.9044128680382506,1.8928333588070529,1.9413871921547505]
["CAP MODIFICADO POR POLÍMERO 55-75-E","2017-06-01","***",2.1172096084664647,2.6693845073026439,2.0272806462554129,1.8705994326738058,2.0103693759521213]
["CAP MODIFICADO POR POLÍMERO 55-75-E","2017-07-01","***",2.1524925359808305,2.3494000000000002,2.199113159472422,1.8121419314384277,2.0837330096015494]
["CAP MODIFICADO POR POLÍMERO 55-75-E","2017-08-01","***",1.7692563220340924,2.3960307059867989,2.2434644247581303,1.7969227701758321,1.9072511282277387]
["CAP MODIFICADO POR POLÍMERO 55-75-E","2017-09-01","***",2.0481444575514067,2.5192297014658562,2.0275513157577079,1.9437292345644701,2.0274748760412309]
["CAP MODIFICADO POR POLÍMERO 55-75-E","2017-10-01","***",1.9644684025423731,2.3753000000000002,1.8573066425068356,1.9513675655787222,1.9461461992358982]
["CAP MODIFICADO POR POLÍMERO 55-75-E","2017-11-01","***",2.1334792458409462,2.3496033587527538,2.1498566052416055,2.0025831462270638,2.1166516141605438]
["CAP MODIFICADO POR POLÍMERO 55-75-E","2017-12-01","***",2.2716249270993125,"***",1.8637360496715558,1.9268307513122342,2.0939470518103036]
["CAP MODIFICADO POR POLÍMERO 55-75-E","2018-01-01","***",2.3764415332459299,"***",2.0960360322380653,2.0950740781507982,2.3406826280382127]
["CAP MODIFICADO POR POLÍMERO 55-75-E","2018-02-01","***",2.3612414132643003,"***",2.0026096256249999,2.1370945383914064,2.2890838957222308]
["CAP MODIFICADO POR POLÍMERO 55-75-E","2018-03-01","***",2.2627476366262744,"***",2.1441819697482245,2.1094914164479608,2.2098190514116167]
["CAP MODIFICADO POR POLÍMERO 55-75-E","2018-04-01","***",2.2655558513983123,"***",2.1073867880059232,2.2154794820568924,2.2337498937418476]
["CAP MODIFICADO POR POLÍMERO 55-75-E","2018-05-01","***",2.4786504808505776,2.7254499999999999,2.0666626759143991,2.2605089784155075,2.3504600613973743]
["CAP MODIFICADO POR POLÍMERO 55-75-E","2018-06-01","***",2.5431826708981782,2.99715,2.5516623577969817,2.3813441306212471,2.5186892590982941]
["CAP MODIFICADO POR POLÍMERO 55-75-E","2018-07-01","***",2.5398066990989143,3.0834936951453646,2.464435209540794,2.5536240468598641,2.6050117997031252]
["CAP MODIFICADO POR POLÍMERO 55-75-E","2018-08-01",3.5969627608008428,2.80708646258817,3.2661887568493153,2.561305961555953,2.6597870431048856,2.8346884803198971]
["CAP MODIFICADO POR POLÍMERO 55-75-E","2018-09-01",2.9570599999999998,2.7589742499557759,3.3111899999999994,2.7067619814672694,2.8481124814499075,2.795817380500913]
["CAP MODIFICADO POR POLÍMERO 55-75-E","2018-10-01","***",2.7353999999999998,2.7538916476515376,2.6397216811079018,2.8005611762805556,2.7246612952191724]
["CAP MODIFICADO POR POLÍMERO 55-75-E","2018-11-01","***",3.0589757582721817,3.3192502664734085,3.0176501646056932,3.1071334286319763,3.079127614754968]
["CAP MODIFICADO POR POLÍMERO 55-75-E","2018-12-01","***",2.9936342923109973,"***",3.0105366824876745,3.1236333459941492,3.0583556114616366]
["CAP MODIFICADO POR POLÍMERO 55-75-E","2019-01-01","***",3.1185765394670688,3.9446300000000001,2.8912531535673009,3.0740611991686073,3.0536002911399085]
["CAP MODIFICADO POR POLÍMERO 55-75-E","2019-02-01","***",3.2960493662407835,4.3303599999999998,3.1459199999999998,3.3861594822035417,3.3458827981003005]
["CAP MODIFICADO POR POLÍMERO 55-75-E","2019-03-01","***",3.2972054433072246,"***",3.1459200000000003,3.2780724567711008,3.2854107359533704]
["CAP MODIFICADO POR POLÍMERO 55-75-E","2019-04-01","***",3.3319558515595773,"***",2.9959541469707438,3.3396190154013405,3.2804532588347386]
["CAP MODIFICADO POR POLÍMERO 55-75-E","2019-05-01","***",3.1823534118672319,"***",3.2968860466763465,3.3079748217475586,3.2496589226477792]
["CAP MODIFICADO POR POLÍMERO 55-75-E","2019-06-01","***",3.9636178187695297,"***",3.4129229658091997,3.3003987022606052,3.588267277823765]
["CAP MODIFICADO POR POLÍMERO 55-75-E","2019-07-01","***",3.6697643408920846,"***",3.2854123086561176,2.9635788879895619,3.3925371169333878]
["CAP MODIFICADO POR POLÍMERO 55-75-E","2019-08-01","***",3.3063196110231829,"***",3.1139297990900943,3.1123443585685751,3.1902282700622915]
["CAP MODIFICADO POR POLÍMERO 55-75-E","2019-09-01","***",3.101977528388959,"***",3.0922215043547117,3.1185072079449188,3.1079962059626598]
["CAP MODIFICADO POR POLÍMERO 55-75-E","2019-10-01","***",3.0507553803425709,"***",3.2093879389482729,3.118512410456618,3.127928505031861]
["CAP MODIFICADO POR POLÍMERO 55-75-E","2019-11-01","***",3.0666759556779568,"***",3.2338272620134223,3.1174160877467507,3.1188162493152234]
["CAP MODIFICADO POR POLÍMERO 55-75-E","2019-12-01","***",2.9295388368250284,3.8813,3.3093699999999999,3.2227881842256907,3.0999035089092288]
["CAP MODIFICADO POR POLÍMERO 55-75-E","2020-01-01","***",2.8031494736842104,"***",3.3019956447210674,3.1188116409951574,3.1383643911574661]
["CAP MODIFICADO POR POLÍMERO 55-75-E","2020-02-01","***",2.6827900831809877,"***",3.1567065377724695,3.0095799735086222,2.9649531492283963]
["CAP MODIFICADO POR POLÍMERO 55-75-E","2020-03-01","***",3.0648663130036335,3.92503,3.0358277644275375,3.0089743499023509,3.0533098060557684]
["CAP MODIFICADO POR POLÍMERO 55-75-E","2020-04-01","***",3.0405163384275049,"***",3.1725993819040128,2.9348398913430853,3.0010305405754751]
["CAP MODIFICADO POR POLÍMERO 55-75-E","2020-05-01","***",2.8702101565659275,"***",3.0671865430726939,3.0746339940487863,3.023495510101994]
["CAP MODIFICADO POR POLÍMERO 55-75-E","2020-06-01","***",3.1016014653079171,3.3318900000000005,2.9888901739877567,2.9925150223325376,3.0760670868944278]
["CAP MODIFICADO POR POLÍMERO 55-75-E","2020-07-01","***",3.0593283564652891,3.3325500000000003,3.0300296072195279,2.8226576350557382,2.9510218288236114]
["CAP MODIFICADO POR POLÍMERO 55-75-E","2020-08-01","***",3.2288710413132047,"***",3.3453599999999999,3.0006063128011906,3.1001770505525506]
["CAP MODIFICADO POR POLÍMERO 55-75-E","2020-09-01","***",3.1571041326153209,"***",3.4847100000000006,2.9274915813991904,3.057853239203133]
["CAP MODIFICADO POR POLÍMERO 55-75-E","2020-10-01","***",3.1668648436447757,"***",3.26938975402564,2.9531520559126898,3.0613176137854534]
["CAP MODIFICADO POR POLÍMERO 55-75-E","2020-11-01","***",3.2584921814790473,"***",3.5242099808748226,3.0956713222427896,3.1835695456804816]
["CAP MODIFICADO POR POLÍMERO 55-75-E","2020-12-01","***",3.357413489032981,3.6097700000000006,"***",3.0502669451383824,3.1205899578104792]
["CAP MODIFICADO POR POLÍMERO 55-75-E","2021-01-01","***",3.3368874904327344,"***",3.5026201782711066,3.1259719369598375,3.2538721869591547]
["CAP MODIFICADO POR POLÍMERO 55-75-E","2021-02-01","***",3.4608183614543728,"***",3.7320784525637087,3.2503668748817094,3.2991032759659693]
["CAP MODIFICADO POR POLÍMERO 55-75-E","2021-03-01","***",3.3307011078341011,"***",3.6629321315248666,3.3444096789181685,3.362994761617788]
["CAP MODIFICADO POR POLÍMERO 55-75-E","2021-04-01","***",3.5072844329034165,"***",3.1572029695121953,3.198558318134813,3.2281333422166307]
["CAP MODIFICADO POR POLÍMERO 55-75-E","2021-05-01","***",4.1816199999999997,"***",3.9331470897832825,3.3778392923542553,3.534792899845824]
["CAP MODIFICADO POR POLÍMERO 55-75-E","2021-06-01","***",3.7342891433494705,"***",4.1063900000000011,2.9620940888110883,3.3002914502097735]
["CAP MODIFICADO POR POLÍMERO 55-75-E","2021-07-01","***",3.8271079530916841,"***",4.1063900000000002,3.7443847338036025,3.7703498232005437]
["CAP MODIFICADO POR POLÍMERO 55-75-E","2021-08-01","***",3.8607287018761518,4.3929903314160503,"***",4.5344533708237202,4.3854174799516255]
["CAP MODIFICADO POR POLÍMERO 55-75-E","2021-09-01","***",4.0217578722261988,"***","***",4.6568941019543102,4.4541072747616912]
["CAP MODIFICADO POR POLÍMERO 55-75-E","2021-10-01","***",4.0420371929854806,"***","***",4.59167816431159,4.2886668760515985]
["CAP MODIFICADO POR POLÍMERO 55-75-E","2021-11-01","***",4.0831531140479402,"***","***",4.9703704989069983,4.3902978781695738]
["CAP MODIFICADO POR POLÍMERO 55-75-E","2021-12-01","***",4.3545857000429011,"***","***",4.9470442273663799,4.5688025652121524]
["CAP MODIFICADO POR POLÍMERO 55-75-E","2022-01-01","***",4.6346160249793993,"***","***",4.9880748892276747,4.7435773205607674]
["CAP MODIFICADO POR POLÍMERO 55-75-E","2022-02-01","***",5.2945301535342608,"***","***",4.8873720440324435,5.0354531909162406]
["CAP MODIFICADO POR POLÍMERO 55-75-E","2022-03-01","***",5.3661709190209024,"***",6.42,4.7783316535032938,5.0998691323196086]
["CAP MODIFICADO POR POLÍMERO 55-75-E","2022-04-01","***",5.659440551009971,"***",5.5512958261469469,5.4203822307575749,5.4775954404408642]
["CAP MODIFICADO POR POLÍMERO 55-75-E","2022-05-01",5.2715699999999996,5.4797291247240203,"***",4.8512394993530092,5.2078308682375232,5.185751289904279]
["CAP MODIFICADO POR POLÍMERO 55-75-E","2022-06-01","***",5.5487296938906754,5.0908767164429527,5.1639718002931794,5.186764690609591,5.2266701923115439]
["CAP MODIFICADO POR POLÍMERO 55-75-E","2022-07-01","***",5.4155189175155583,5.6180787800312011,5.1412263640842903,5.250795201873558,5.2698531199144822]
["CAP MODIFICADO POR POLÍMERO 55-75-E","2022-08-01","***",5.4644096095976682,5.6495100000000003,4.9378113856187138,5.0538072426816054,5.1658988471862672]
["CAP MODIFICADO POR POLÍMERO 55-75-E","2022-09-01","***",5.134430603646047,5.3412474170628403,4.7593903736893273,5.0093227727847891,5.0858747584803234]
["CAP MODIFICADO POR POLÍMERO 55-75-E","2022-10-01","***",5.3534618039663195,"***",4.3557178120700444,4.5003225581874835,4.6318069314100052]
["CAP MODIFICADO POR POLÍMERO 55-75-E","2022-11-01","***",4.5991001127972089,"***",4.2361773348711136,4.4672515038899361,4.3522454419270007]
["CAP MODIFICADO POR POLÍMERO 55-75-E","2022-12-01","***",4.8277301250377533,"***",4.1038387275891166,4.4622944547805616,4.4468637076692961]
["CAP MODIFICADO POR POLÍMERO 55-75-E","2023-01-01","***",4.6971885216893812,"***",4.9421400000000011,4.2234859334725332,4.5094509421015161]
["CAP MODIFICADO POR POLÍMERO 55-75-E","2023-02-01","***",4.616903570366893,4.2530900000000003,4.1887398852444973,4.1326309959461582,4.2798010645505444]
["CAP MODIFICADO POR POLÍMERO 55-75-E","2023-03-01","***",4.687667517811704,4.2165900000000001,4.1128664946311044,3.8142643876529525,3.9390268531536683]
["CAP MODIFICADO POR POLÍMERO 55-75-E","2023-04-01","***",4.65341,"***",4.7817800000000004,3.687750096529423,3.7740787668681066]
["CAP MODIFICADO POR POLÍMERO 55-75-E","2023-05-01","***",4.9023070524827146,"***",4.7817799999999995,3.7989692521723755,4.0087128977841324]
["CAP MODIFICADO POR POLÍMERO 55-75-E","2023-06-01","***",4.2684851499918928,"***",4.4667055586274182,3.7981845936165874,3.8420350804948522]
["CAP MODIFICADO POR POLÍMERO 55-75-E","2023-07-01","***",4.2537288700066211,"***",5.1262400000000001,3.657416731564691,3.7110557211295903]
["CAP MODIFICADO POR POLÍMERO 55-75-E","2023-08-01","***",3.9885625269960738,3.8460200000000002,4.901456895287958,3.714703512044947,3.8117397392388881]
["CAP MODIFICADO POR POLÍMERO 55-75-E","2023-09-01","***",4.5188442620432356,"***",4.4313000000000002,3.860048240448509,3.9179678127251534]
["CAP MODIFICADO POR POLÍMERO 55-75-E","2023-10-01","***",5.0547299477868757,"***",4.4627390407731315,3.8631680943559039,3.9647367041778478]
["CAP MODIFICADO POR POLÍMERO 55-75-E","2023-11-01","***",4.5752299999999995,"***",4.5740738772633636,3.8762063059689171,4.0155295134133162]
["CAP MODIFICADO POR POLÍMERO 55-75-E","2023-12-01","***",4.5480483703209833,"***",4.5020226271276034,3.9549561375986135,4.0704366890922552]
["CAP MODIFICADO POR POLÍMERO 55-75-E","2024-01-01","***",3.9067440879798259,"***",4.556984075550722,3.869280839638793,3.9589936510660504]
["CAP MODIFICADO POR POLÍMERO 55-75-E","2024-02-01","***",3.8469255551638026,"***",3.9658116780127837,3.8732437653478851,3.8785266215861505]
["CAP MODIFICADO POR POLÍMERO 55-75-E","2024-03-01","***",4.2227967064870988,"***",4.0888299999999997,3.9159569654859854,3.993574520086701]
["CAP MODIFICADO POR POLÍMERO 55-75-E","2024-04-01","***",4.2649351127680877,"***",4.1800004971628271,3.9652700520490058,4.0405753668382456]
["CAP MODIFICADO POR POLÍMERO 55-75-E","2024-05-01","***",4.2324107193882368,"***",3.56596,4.0066207331405428,4.0048425692832446]
["CAP MODIFICADO POR POLÍMERO 55-75-E","2024-06-01","***",4.2702547012698346,"***",4.0766081988030267,3.9912676280362134,4.0576148378551489]
["CAP MODIFICADO POR POLÍMERO 55-75-E","2024-07-01","***",4.4013879858236891,5.9683299999999999,4.3681570121806219,4.0178126180056895,4.1537813108591957]
["CAP MODIFICADO POR POLÍMERO 60-85-E","2015-09-01","***",1.2531712342079688,1.8926623753559986,1.9114423354707468,1.924115046617922,1.893043325458313]
["CAP MODIFICADO POR POLÍMERO 60-85-E","2015-10-01","***",0.60527238683127571,1.9355650039973953,1.915818649143626,2.0509838352072771,1.9452797087462326]
["CAP MODIFICADO POR POLÍMERO 60-85-E","2015-11-01","***",2.0164,2.1100214771063226,2.1081983699582318,2.1985927081289507,2.1344171943822072]
["CAP MODIFICADO POR POLÍMERO 60-85-E","2015-12-01","***",1.41113,2.1239398500648137,2.1856024475140297,2.1220601698571766,2.1529568347530486]
["CAP MODIFICADO POR POLÍMERO 60-85-E","2016-01-01","***",0.60104999999999997,"***",2.1313661120742071,2.29083109689739,2.1936135809789157]
["CAP MODIFICADO POR POLÍMERO 60-85-E","2016-02-01","***",2.2221600000000001,2.14000398009652,2.126814067307917,2.3190324346052433,2.2222527057065102]
["CAP MODIFICADO POR POLÍMERO 60-85-E","2016-03-01","***","***",2.3981655529511214,2.0457464349560288,2.2830741974701576,2.1505894321209058]
["CAP MODIFICADO POR POLÍMERO 60-85-E","2016-04-01","***","***",2.5878965474364821,2.2758136160071389,2.3370958916422806,2.3089270327111673]
["CAP MODIFICADO POR POLÍMERO 60-85-E","2016-05-01","***",2.5530900000000001,2.3583802702006058,2.3358852137415176,2.3671955360597523,2.3505973897908006]
["CAP MODIFICADO POR POLÍMERO 60-85-E","2016-06-01","***",1.7582071498257841,2.4876085326176445,2.2965793568049047,2.3585887860790375,2.3216251119571463]
["CAP MODIFICADO POR POLÍMERO 60-85-E","2016-07-01","***",1.7816216549081905,2.3945574321138978,2.3301768511818737,2.4564212883943615,2.3537426915080668]
["CAP MODIFICADO POR POLÍMERO 60-85-E","2016-08-01","***",2.5130892984062028,2.443039400324782,2.3567264041697755,2.4340184765413082,2.4047886594623029]
["CAP MODIFICADO POR POLÍMERO 60-85-E","2016-09-01",2.2290999999999999,"***",1.9864494038000098,2.0660229243560098,2.3049625742864759,2.1656476556889874]
["CAP MODIFICADO POR POLÍMERO 60-85-E","2016-10-01","***","***",2.2503204837327813,2.030382318410147,2.3369820988690733,2.223180742401123]
["CAP MODIFICADO POR POLÍMERO 60-85-E","2016-11-01","***","***",2.2745731003862879,2.019621429915047,2.3000285177157127,2.1856763215248312]
["CAP MODIFICADO POR POLÍMERO 60-85-E","2016-12-01","***","***",2.1792631414289407,1.9824562658755518,2.1652924821642059,2.0670076788226988]
["CAP MODIFICADO POR POLÍMERO 60-85-E","2017-01-01",1.81125,"***",1.914526166620198,1.9451576680687783,2.0536684491566226,1.9851466366800969]
["CAP MODIFICADO POR POLÍMERO 60-85-E","2017-02-01","***","***",2.4048799999999999,2.0047365711836704,2.0215099473027656,2.0153849811335531]
["CAP MODIFICADO POR POLÍMERO 60-85-E","2017-03-01","***","***",1.9718092729484418,2.0431406368149143,1.9330077833491637,1.991648904115207]
["CAP MODIFICADO POR POLÍMERO 60-85-E","2017-04-01","***","***",1.9417392474548527,1.9274630177947831,1.9701131238209448,1.9534193639194128]
["CAP MODIFICADO POR POLÍMERO 60-85-E","2017-05-01","***","***",1.8398175664355454,1.9236930227454796,1.9252443441654075,1.9212415855665488]
["CAP MODIFICADO POR POLÍMERO 60-85-E","2017-06-01","***","***",1.9590391683676356,2.0234578105624221,1.9546933602163521,1.9874079066367785]
["CAP MODIFICADO POR POLÍMERO 60-85-E","2017-07-01","***","***",1.9599138810522696,1.9123118677228297,1.9285653669324969,1.9257865217308878]
["CAP MODIFICADO POR POLÍMERO 60-85-E","2017-08-01","***",1.91,2.1788977923318931,1.8754382017051274,1.9052611491761893,1.9397072011380023]
["CAP MODIFICADO POR POLÍMERO 60-85-E","2017-09-01","***",2.0217268590810189,2.0131467477320442,1.8755009007866321,1.9285591899527263,1.9174436754930808]
["CAP MODIFICADO POR POLÍMERO 60-85-E","2017-10-01","***",2.2352117935464255,1.891909051730414,1.8750814823408124,1.9318636366355004,1.9084070930867227]
["CAP MODIFICADO POR POLÍMERO 60-85-E","2017-11-01","***",2.4664525888713364,2.1127029484724784,2.1018467397968306,2.0434117083884029,2.1152514607173116]
["CAP MODIFICADO POR POLÍMERO 60-85-E","2017-12-01","***",2.4664695231527496,2.02556639798558,2.1073903698669652,2.01629795028557,2.0984402713134291]
["CAP MODIFICADO POR POLÍMERO 60-85-E","2018-01-01","***",2.5469949475947322,2.4384371426566647,2.2358614527312675,2.2171168014774421,2.2629054895005178]
["CAP MODIFICADO POR POLÍMERO 60-85-E","2018-02-01","***",2.5612947680566411,2.2360692367149761,2.2315746289109679,2.1762960905145343,2.2149567719182968]
["CAP MODIFICADO POR POLÍMERO 60-85-E","2018-03-01","***","***",2.2646003229208609,2.2070469391799641,2.1264791384299855,2.1795876274408039]
["CAP MODIFICADO POR POLÍMERO 60-85-E","2018-04-01","***","***",2.2530100000000002,2.2375301506500862,2.1921167528385155,2.2244667319431342]
["CAP MODIFICADO POR POLÍMERO 60-85-E","2018-05-01","***",2.622374961131841,2.4159609188768467,2.4135010247529545,2.2548217490322249,2.376574591267993]
["CAP MODIFICADO POR POLÍMERO 60-85-E","2018-06-01","***",2.7072610102942862,2.6366735277545117,2.496114817059504,2.4197077653545853,2.4863998558944611]
["CAP MODIFICADO POR POLÍMERO 60-85-E","2018-07-01","***","***",2.9856520055014539,2.7687975713177142,2.5975237297684997,2.7183820918840818]
["CAP MODIFICADO POR POLÍMERO 60-85-E","2018-08-01","***",2.9785798440467288,3.43775198740865,2.809949831486322,2.8377436180356383,2.8595321784884824]
["CAP MODIFICADO POR POLÍMERO 60-85-E","2018-09-01","***",3.0288317837351397,3.1526582663304739,2.82299012679302,2.8319182067122717,2.8661217153191361]
["CAP MODIFICADO POR POLÍMERO 60-85-E","2018-10-01","***",2.9754735957686638,2.6978103392262791,2.8399603171882393,2.9087584341858652,2.8305252775557017]
["CAP MODIFICADO POR POLÍMERO 60-85-E","2018-11-01","***",3.4960399999999998,3.5065628178686712,3.2479593373890165,3.2154082821383607,3.2653535150540405]
["CAP MODIFICADO POR POLÍMERO 60-85-E","2018-12-01","***",3.4762639486091467,"***",3.062417022364742,3.2761020718399232,3.1850009025328765]
["CAP MODIFICADO POR POLÍMERO 60-85-E","2019-01-01","***","***",3.2984900000000001,3.1537928781818518,3.3104892304997509,3.2090943070935318]
["CAP MODIFICADO POR POLÍMERO 60-85-E","2019-02-01","***",3.8243,3.4370900000000004,3.2445725177690448,3.5067303436481461,3.3928274589658396]
["CAP MODIFICADO POR POLÍMERO 60-85-E","2019-03-01","***","***",3.4388100000000001,3.5817124289494147,3.4957396295506467,3.5314146829726725]
["CAP MODIFICADO POR POLÍMERO 60-85-E","2019-04-01","***","***",3.6030053906659671,3.6230722179114188,3.4086359567258615,3.5013793146388652]
["CAP MODIFICADO POR POLÍMERO 60-85-E","2019-05-01","***",2.92,3.4084485162137197,3.377171021636646,3.3369712096327668,3.3513016514541265]
["CAP MODIFICADO POR POLÍMERO 60-85-E","2019-06-01","***",2.83,3.4956463967390063,3.2959067433493567,3.3172709117229702,3.3198427580823728]
["CAP MODIFICADO POR POLÍMERO 60-85-E","2019-07-01","***",2.8806142784351469,3.3714609849303385,3.2505922060170143,3.2993135893047212,3.2750501233058933]
["CAP MODIFICADO POR POLÍMERO 60-85-E","2019-08-01","***",2.8901662890490902,3.5204971826625391,3.0400072618417791,3.0217354800796339,3.0431984971675203]
["CAP MODIFICADO POR POLÍMERO 60-85-E","2019-09-01","***",2.9309301776830137,3.3454565078242231,3.0924620231875752,2.9448002346399327,3.01290073172698]
["CAP MODIFICADO POR POLÍMERO 60-85-E","2019-10-01",5.1157286819825902,2.9521600000000001,3.4835160416586897,3.206771190528023,3.0223676088136973,3.1716192744850025]
["CAP MODIFICADO POR POLÍMERO 60-85-E","2019-11-01",5.0523374241735768,3.0047600000000001,3.2270415866150284,3.1396244421580617,3.0644136004264615,3.1922322316490379]
["CAP MODIFICADO POR POLÍMERO 60-85-E","2019-12-01",2.965626657762801,2.9665591317516409,3.3373148398801975,3.1291821337456192,3.1005852468144881,3.1189710140570588]
["CAP MODIFICADO POR POLÍMERO 60-85-E","2020-01-01","***","***",3.3063472398559095,3.2019147545618289,3.1704032948858543,3.1996312189612239]
["CAP MODIFICADO POR POLÍMERO 60-85-E","2020-02-01","***",3.09,3.3666734313373969,3.0284676665989543,3.0271525063124618,3.0350577961537981]
["CAP MODIFICADO POR POLÍMERO 60-85-E","2020-03-01",3.1619899999999999,"***",3.0209352421477447,3.0105097471600137,2.9941371554596361,3.0073074923039926]
["CAP MODIFICADO POR POLÍMERO 60-85-E","2020-04-01","***","***",2.8510669411839755,3.039518495705178,3.0676036161303171,3.037039259769537]
["CAP MODIFICADO POR POLÍMERO 60-85-E","2020-05-01",3.1061951230001719,"***",2.9128190626123645,2.8663722683874404,2.9475543302157359,2.8963264708594729]
["CAP MODIFICADO POR POLÍMERO 60-85-E","2020-06-01",3.3609231381455515,"***",2.9773387426176203,2.8857063178554077,3.0032841775396082,2.9328307182492757]
["CAP MODIFICADO POR POLÍMERO 60-85-E","2020-07-01","***",2.7247499999999998,3.0555668147559865,2.8374457906055532,2.9169283312164991,2.8975763172694018]
["CAP MODIFICADO POR POLÍMERO 60-85-E","2020-08-01","***",3.170399321718413,3.2092792019429885,3.00189738634832,3.0386347969171941,3.0748855623284332]
["CAP MODIFICADO POR POLÍMERO 60-85-E","2020-09-01","***",3.0878252015478878,3.2173951895787147,2.9978681642550993,3.0679912273306531,3.0699556679582574]
["CAP MODIFICADO POR POLÍMERO 60-85-E","2020-10-01","***",2.7798699999999998,3.0723038819939861,2.9720762557494225,3.0858062516787363,3.0262081688454492]
["CAP MODIFICADO POR POLÍMERO 60-85-E","2020-11-01","***",3.6761435633262258,3.2675540607214169,3.2709185181030196,3.3209484562158647,3.2906019565770781]
["CAP MODIFICADO POR POLÍMERO 60-85-E","2020-12-01","***",3.3960676198581559,3.3094809852023901,3.2038027019816311,3.3832263442815589,3.2786426451297301]
["CAP MODIFICADO POR POLÍMERO 60-85-E","2021-01-01","***",3.1765817139056587,3.5869801314781111,3.2539475720154503,3.3493346395686547,3.3107804170987825]
["CAP MODIFICADO POR POLÍMERO 60-85-E","2021-02-01","***",3.3177748383812675,3.7700710862629707,3.6072248569476661,3.5450143794151137,3.5782812268698088]
["CAP MODIFICADO POR POLÍMERO 60-85-E","2021-03-01","***",3.3587524163478961,3.2735467324069929,3.3592829129245536,3.5150851308302506,3.4129956475156265]
["CAP MODIFICADO POR POLÍMERO 60-85-E","2021-04-01",3.3293900000000001,3.32864,3.5622006001837789,3.3889220969885301,3.4756062618434518,3.4253847898296597]
["CAP MODIFICADO POR POLÍMERO 60-85-E","2021-05-01","***",3.4723597061136231,3.951514582246062,4.1615768297891504,4.0945094179250949,4.1001975649679476]
["CAP MODIFICADO POR POLÍMERO 60-85-E","2021-06-01","***",3.4819801872634413,4.1761560435245713,4.0819960696899722,4.1384935339785818,4.0548836579046528]
["CAP MODIFICADO POR POLÍMERO 60-85-E","2021-07-01","***",3.66656,4.9451973785201231,4.1727019915174957,4.0925884863852611,4.1961472804704778]
["CAP MODIFICADO POR POLÍMERO 60-85-E","2021-08-01","***",3.8082009178861291,5.2457261351803259,4.2554847281975539,4.1890839170485554,4.3244093917070732]
["CAP MODIFICADO POR POLÍMERO 60-85-E","2021-09-01","***",4.2890516608806868,5.2728018155608707,4.4650783396120275,4.3244818831483283,4.5248491020228867]
["CAP MODIFICADO POR POLÍMERO 60-85-E","2021-10-01","***",4.4406806812988577,4.8686489590394659,4.3797938883091767,4.3980637334059782,4.4496488853661038]
["CAP MODIFICADO POR POLÍMERO 60-85-E","2021-11-01","***",4.7070784469299252,5.2863263310791879,4.8440122851480805,4.8874882767850867,4.8869115639582104]
["CAP MODIFICADO POR POLÍMERO 60-85-E","2021-12-01","***",4.9547295907037698,5.207090158478012,4.8709201439275471,4.9947107493078446,4.9446146715279058]
["CAP MODIFICADO POR POLÍMERO 60-85-E","2022-01-01","***",4.8081102817246446,5.263903037186985,4.8784563436162349,5.0011090853498619,4.9186688574536603]
["CAP MODIFICADO POR POLÍMERO 60-85-E","2022-02-01","***",4.6529460332347208,5.5706980889483368,5.2045127435568288,5.3145722799009532,5.2228361292457102]
["CAP MODIFICADO POR POLÍMERO 60-85-E","2022-03-01","***",5.1594966866030587,5.0533934926902777,5.2173932049172516,5.3696156039234522,5.2385502663564143]
["CAP MODIFICADO POR POLÍMERO 60-85-E","2022-04-01","***",5.6225452787161263,5.6189118914318765,5.6965027771382752,5.2529354414335607,5.5624927079338056]
["CAP MODIFICADO POR POLÍMERO 60-85-E","2022-05-01","***",5.4080399697942481,5.616015125022833,5.6295370477716355,5.1251907984151801,5.4850449368408984]
["CAP MODIFICADO POR POLÍMERO 60-85-E","2022-06-01","***",5.31968714777976,5.6202348137024272,5.5215625229633289,5.0901059604266914,5.4182352462024834]
["CAP MODIFICADO POR POLÍMERO 60-85-E","2022-07-01","***",6.2405948121716293,5.7030823082137161,5.4933790996513645,5.2367948669495048,5.516680442555379]
["CAP MODIFICADO POR POLÍMERO 60-85-E","2022-08-01","***",5.6840757477419963,5.5853204934837475,5.3671212798247572,5.0136921654253692,5.4048444688737609]
["CAP MODIFICADO POR POLÍMERO 60-85-E","2022-09-01","***",5.4107226757301428,5.6591606222236299,5.1154518178758019,4.8087474057713679,5.1821317068372377]
["CAP MODIFICADO POR POLÍMERO 60-85-E","2022-10-01","***",5.0463689566594345,4.9083578473148375,4.7323336533961919,4.7512057378117376,4.7876477022245663]
["CAP MODIFICADO POR POLÍMERO 60-85-E","2022-11-01","***",5.0302210372112404,5.2320166409668678,4.6709251248786794,4.8135614945633449,4.8309031608133681]
["CAP MODIFICADO POR POLÍMERO 60-85-E","2022-12-01",4.9544996900861813,4.8125502509463649,6.0846393551166678,4.5058442660736411,4.7857041007691565,4.8264877020591772]
["CAP MODIFICADO POR POLÍMERO 60-85-E","2023-01-01","***",4.6664699920175066,5.5406798954535699,4.2945819754937515,4.3895263686975712,4.457778879279255]
["CAP MODIFICADO POR POLÍMERO 60-85-E","2023-02-01","***",4.8532126494431331,4.6698196309429045,4.3089346541180218,4.2217851675698155,4.3542531174748262]
["CAP MODIFICADO POR POLÍMERO 60-85-E","2023-03-01","***",5.4251470718902297,4.5502484265662364,4.2404564852797462,3.9898959894292529,4.2200551288305288]
["CAP MODIFICADO POR POLÍMERO 60-85-E","2023-04-01","***",4.7343999999999999,4.4903104310819772,4.3576109414762909,3.9008723072062788,4.2468802270024053]
["CAP MODIFICADO POR POLÍMERO 60-85-E","2023-05-01",4.8071173706914436,4.4499156833411257,5.1892829601018571,4.3340402856941047,3.8808492004096382,4.4982969039745679]
["CAP MODIFICADO POR POLÍMERO 60-85-E","2023-06-01",4.5875339404331283,4.2594599999999998,5.0941207108213211,4.2321367243352821,3.7454432539704481,4.467448155355906]
["CAP MODIFICADO POR POLÍMERO 60-85-E","2023-07-01",4.9155000593869129,4.6069399999999998,4.7788868436144814,4.0358222697719448,3.8635791505247896,4.2500323193857277]
["CAP MODIFICADO POR POLÍMERO 60-85-E","2023-08-01",4.8567413386693925,4.5233640866873071,4.8370653203146645,3.9270428133854547,3.8512205596235023,4.1282207656952234]
["CAP MODIFICADO POR POLÍMERO 60-85-E","2023-09-01",5.2653698451668625,5.4742080552531815,5.0956811103429098,4.2266871111981317,4.0660762119502349,4.4371641276556941]
["CAP MODIFICADO POR POLÍMERO 60-85-E","2023-10-01",4.6318293428285848,5.4991882177865481,4.8108385949335721,4.2603693182895697,4.0577638119459492,4.3307554912630977]
["CAP MODIFICADO POR POLÍMERO 60-85-E","2023-11-01",5.4463691295237524,5.4714668889480693,4.8121900238038009,4.2776023347352421,4.093510048579752,4.4168869548813694]
["CAP MODIFICADO POR POLÍMERO 60-85-E","2023-12-01",4.4843992221686326,4.4213135598628064,4.9458389147661226,4.2689462929526361,4.1003398215581432,4.4064960023666933]
["CAP MODIFICADO POR POLÍMERO 60-85-E","2024-01-01",6.2244866998892574,4.4738381798792943,4.4703800772114706,4.0466676090101181,3.9266583311041656,4.115369865251453]
["CAP MODIFICADO POR POLÍMERO 60-85-E","2024-02-01",5.7221560032760035,4.3346805398322843,4.5158752451611051,3.9532962753787415,3.8999850616668512,4.1035095870814047]
["CAP MODIFICADO POR POLÍMERO 60-85-E","2024-03-01",5.5171348391728889,5.1750449868828303,4.3499348639362516,3.949756251912393,3.9906340611067765,4.0988088316147779]
["CAP MODIFICADO POR POLÍMERO 60-85-E","2024-04-01",5.0408098792799159,4.0067155660486335,4.5592780870397647,3.8997535663954639,4.0383749114960716,4.1189074066869029]
["CAP MODIFICADO POR POLÍMERO 60-85-E","2024-05-01",4.6991132329460124,4.018563660933661,4.95408936304554,4.0806585433115279,4.1572405351145898,4.3901808754993885]
["CAP MODIFICADO POR POLÍMERO 60-85-E","2024-06-01",5.1478470955710947,4.3577541368544299,5.0182129283199979,3.9916539087046963,4.0934421799016674,4.3458290556401185]
["CAP MODIFICADO POR POLÍMERO 60-85-E","2024-07-01",5.0145929273707592,4.7001540890296472,4.9695787073992737,4.128487906177706,4.1464196187752043,4.4172912073228883]
["CAP MODIFICADO POR POLÍMERO 65-90-E","2015-09-01","***","***","***","***","***","***"]
["CAP MODIFICADO POR POLÍMERO 65-90-E","2015-10-01","***","***",1.82155,1.55888,1.9466000000000006,1.8700576252014653]
["CAP MODIFICADO POR POLÍMERO 65-90-E","2015-11-01","***",2.2246999999999999,"***",1.6900387529331682,2.1355163762967173,1.8745215560674739]
["CAP MODIFICADO POR POLÍMERO 65-90-E","2015-12-01","***","***","***",1.6944837612034505,2.0958999999999999,1.7132192564735143]
["CAP MODIFICADO POR POLÍMERO 65-90-E","2016-01-01","***",2.3607,"***",2.3210858352035912,"***",2.3257292713892932]
["CAP MODIFICADO POR POLÍMERO 65-90-E","2016-02-01","***",2.1938,"***",2.6292200000000001,2.147089423250768,2.2915581827531897]
["CAP MODIFICADO POR POLÍMERO 65-90-E","2016-03-01","***","***","***",1.9236413262447016,2.0958999999999999,1.9549353060144634]
["CAP MODIFICADO POR POLÍMERO 65-90-E","2016-04-01","***","***","***","***",2.4382090139674095,2.4382090139674095]
["CAP MODIFICADO POR POLÍMERO 65-90-E","2016-05-01","***","***","***",2.402661729172308,2.3422453871268654,2.3804700832333965]
["CAP MODIFICADO POR POLÍMERO 65-90-E","2016-06-01","***","***",2.2805200000000001,2.3779867618353645,2.259952711098804,2.3298746277932452]
["CAP MODIFICADO POR POLÍMERO 65-90-E","2016-07-01","***","***",2.2805200000000005,2.4198648504295619,2.2951986514946734,2.305933765726762]
["CAP MODIFICADO POR POLÍMERO 65-90-E","2016-08-01","***","***",2.2805200000000001,"***",2.3170317647800815,2.3161374191712545]
["CAP MODIFICADO POR POLÍMERO 65-90-E","2016-09-01","***","***",2.4327000000000001,2.205226025983487,2.0611791716447203,2.0837038112357851]
["CAP MODIFICADO POR POLÍMERO 65-90-E","2016-10-01","***","***",2.0818814169180913,1.9147860468027738,2.0459658783141004,2.022578093312462]
["CAP MODIFICADO POR POLÍMERO 65-90-E","2016-11-01","***","***","***",1.8286732818046729,2.00898474976362,1.9656936288136686]
["CAP MODIFICADO POR POLÍMERO 65-90-E","2016-12-01","***","***","***","***",1.8970115133214926,1.8970115133214926]
["CAP MODIFICADO POR POLÍMERO 65-90-E","2017-01-01","***","***","***","***",1.6231242228140972,1.6231242228140972]
["CAP MODIFICADO POR POLÍMERO 65-90-E","2017-02-01","***","***","***","***",1.6082047035338094,1.6082047035338094]
["CAP MODIFICADO POR POLÍMERO 65-90-E","2017-03-01","***","***","***","***",1.8309915040905302,1.8309915040905302]
["CAP MODIFICADO POR POLÍMERO 65-90-E","2017-04-01","***","***","***",2.0295278334946754,1.6899640591953449,1.7218521845454544]
["CAP MODIFICADO POR POLÍMERO 65-90-E","2017-05-01","***","***",1.8264199999999999,1.7751000000000001,1.8513767789683373,1.8503847129306914]
["CAP MODIFICADO POR POLÍMERO 65-90-E","2017-06-01","***","***",2.4799599999999997,2.015040598981451,1.968933762774655,2.0388803095770105]
["CAP MODIFICADO POR POLÍMERO 65-90-E","2017-07-01","***","***",2.2144497198965505,2.0035197764647736,1.9569000000000001,2.0276646547043691]
["CAP MODIFICADO POR POLÍMERO 65-90-E","2017-08-01","***","***",2.4127136041963011,1.9714313192037571,1.9569000000000003,2.0358817299221195]
["CAP MODIFICADO POR POLÍMERO 65-90-E","2017-09-01","***","***",2.5316578291530352,1.9940098016500516,1.9637643858267717,2.0464291416254694]
["CAP MODIFICADO POR POLÍMERO 65-90-E","2017-10-01","***","***",2.6283834077047179,2.0189193823209757,1.8366357756450595,2.1481928647824584]
["CAP MODIFICADO POR POLÍMERO 65-90-E","2017-11-01","***","***",2.5686692817792287,2.3690511495967885,2.0631097147844022,2.3169807051615914]
["CAP MODIFICADO POR POLÍMERO 65-90-E","2017-12-01","***",2.3750300000000002,2.6435635641620561,2.2241003413061611,2.1192000000000002,2.2447565981216897]
["CAP MODIFICADO POR POLÍMERO 65-90-E","2018-01-01","***",2.5321109700427957,2.4082699999999999,2.4470716776737502,"***",2.4583590677371583]
["CAP MODIFICADO POR POLÍMERO 65-90-E","2018-02-01","***",2.5274399999999999,"***","***",2.2187999999999999,2.2746262213934565]
["CAP MODIFICADO POR POLÍMERO 65-90-E","2018-03-01","***",2.5274399999999999,2.4082699999999999,"***",1.9971401162790696,2.18330072450805]
["CAP MODIFICADO POR POLÍMERO 65-90-E","2018-04-01","***",2.47174,2.3693599999999999,"***",2.0878999999999999,2.3156321348088529]
["CAP MODIFICADO POR POLÍMERO 65-90-E","2018-05-01","***",2.5092293363064009,"***",2.1265399999999999,2.2503894560482522,2.3127857875017348]
["CAP MODIFICADO POR POLÍMERO 65-90-E","2018-06-01","***",2.7120466145530147,2.804630200991908,2.2560121989528796,2.3363465419640663,2.4952213362794251]
["CAP MODIFICADO POR POLÍMERO 65-90-E","2018-07-01","***",2.8704700000000001,2.6909841569695852,2.6551053603254551,2.5738427095114536,2.6609078039826866]
["CAP MODIFICADO POR POLÍMERO 65-90-E","2018-08-01","***","***",2.8451041635072127,2.75008803119922,2.6785999999999999,2.781924202006909]
["CAP MODIFICADO POR POLÍMERO 65-90-E","2018-09-01","***","***",2.9582600000000006,2.588227299597738,2.6945213240049388,2.7194762340700018]
["CAP MODIFICADO POR POLÍMERO 65-90-E","2018-10-01","***","***",2.4863799999999996,2.5823507044906124,2.6855796653055344,2.6461121291098029]
["CAP MODIFICADO POR POLÍMERO 65-90-E","2018-11-01","***","***",3.3710300000000006,2.8811166935830084,2.9951060950447288,3.0007603004907102]
["CAP MODIFICADO POR POLÍMERO 65-90-E","2018-12-01","***","***",2.8938600000000001,3.0403049509363251,2.9863900000000005,3.0072769196752205]
["CAP MODIFICADO POR POLÍMERO 65-90-E","2019-01-01","***","***",3.3668100000000001,3.0815307779421488,2.9702676983770604,3.0477507497144631]
["CAP MODIFICADO POR POLÍMERO 65-90-E","2019-02-01","***","***","***",3.2435547966434837,3.4847299999999994,3.2508481342326161]
["CAP MODIFICADO POR POLÍMERO 65-90-E","2019-03-01","***","***","***",3.2414090214182192,3.2868999999999997,3.2497490009206085]
["CAP MODIFICADO POR POLÍMERO 65-90-E","2019-04-01","***","***","***",2.9872117804528147,3.3973878130617141,3.0413097469046639]
["CAP MODIFICADO POR POLÍMERO 65-90-E","2019-05-01","***","***","***",3.5808099999999996,3.2869000000000002,3.4986915110869132]
["CAP MODIFICADO POR POLÍMERO 65-90-E","2019-06-01","***","***","***",3.4817355351778656,3.3253197185383079,3.4108612031472916]
["CAP MODIFICADO POR POLÍMERO 65-90-E","2019-07-01","***","***","***","***",3.1891014553211661,3.1891014553211661]
["CAP MODIFICADO POR POLÍMERO 65-90-E","2019-08-01","***","***","***",3.3295399999999997,3.1606349724072311,3.2140277771993753]
["CAP MODIFICADO POR POLÍMERO 65-90-E","2019-09-01","***","***","***",3.888592315021655,3.1564066872377192,3.6910969607484105]
["CAP MODIFICADO POR POLÍMERO 65-90-E","2019-10-01","***","***","***",3.7084807442794956,"***",3.7084807442794956]
["CAP MODIFICADO POR POLÍMERO 65-90-E","2019-11-01","***","***","***",3.3165905540581018,"***",3.3165905540581018]
["CAP MODIFICADO POR POLÍMERO 65-90-E","2019-12-01","***","***","***",3.4165800000000002,3.4649999999999999,3.4441823199716208]
["CAP MODIFICADO POR POLÍMERO 65-90-E","2020-01-01","***","***","***",4.0702499999999997,"***",4.0702499999999997]
["CAP MODIFICADO POR POLÍMERO 65-90-E","2020-02-01","***","***","***","***","***","***"]
["CAP MODIFICADO POR POLÍMERO 65-90-E","2020-03-01","***","***","***",3.8525,"***",3.8525]
["CAP MODIFICADO POR POLÍMERO 65-90-E","2020-04-01","***","***","***","***",3.36836,3.36836]
["CAP MODIFICADO POR POLÍMERO 65-90-E","2020-05-01","***","***","***",3.1595300000000002,"***",3.1595300000000002]
["CAP MODIFICADO POR POLÍMERO 65-90-E","2020-06-01","***","***","***",3.0287714060284778,3.37113,3.0705843576839826]
["CAP MODIFICADO POR POLÍMERO 65-90-E","2020-07-01","***","***","***",2.9180130065840295,3.0287899999999999,2.9368747793444423]
["CAP MODIFICADO POR POLÍMERO 65-90-E","2020-08-01","***","***","***",3.208295842654735,3.6035903088710644,3.3300157039112324]
["CAP MODIFICADO POR POLÍMERO 65-90-E","2020-09-01","***",3.6783999999999999,"***",2.9572263989986896,1.4694107196024295,2.0403610225135527]
["CAP MODIFICADO POR POLÍMERO 65-90-E","2020-10-01","***",3.6783999999999994,"***",3.0749146935787501,2.9420709728534367,3.0838099019199872]
["CAP MODIFICADO POR POLÍMERO 65-90-E","2020-11-01","***",3.2835800000000002,"***",3.1591974659400544,3.3077576386491563,3.2644339414203642]
["CAP MODIFICADO POR POLÍMERO 65-90-E","2020-12-01","***",3.2835800000000002,"***",3.1590910750744889,3.1259513085322599,3.143313192924579]
["CAP MODIFICADO POR POLÍMERO 65-90-E","2021-01-01","***","***","***",3.1597642449959285,"***",3.1597642449959285]
["CAP MODIFICADO POR POLÍMERO 65-90-E","2021-02-01","***","***","***",3.4199975554418294,"***",3.4199975554418294]
["CAP MODIFICADO POR POLÍMERO 65-90-E","2021-03-01","***",4.2064000000000004,"***",3.4172844618641931,3.3537699999999999,3.4731874618923908]
["CAP MODIFICADO POR POLÍMERO 65-90-E","2021-04-01","***",4.2064000000000004,"***",3.4665533082875051,3.5064737636336472,3.5308457855634057]
["CAP MODIFICADO POR POLÍMERO 65-90-E","2021-05-01","***",5.2140000000000013,"***",4.2984020585130436,"***",4.4702606866137877]
["CAP MODIFICADO POR POLÍMERO 65-90-E","2021-06-01","***",5.2140000000000004,"***",4.1506740838323353,4.3075542695722362,4.3006888290680836]
["CAP MODIFICADO POR POLÍMERO 65-90-E","2021-07-01","***",4.4874499999999999,"***",4.2880269612191668,"***",4.2966660075747019]
["CAP MODIFICADO POR POLÍMERO 65-90-E","2021-08-01","***",4.7308300000000001,"***",4.3811282133624632,"***",4.4150593323470195]
["CAP MODIFICADO POR POLÍMERO 65-90-E","2021-09-01","***",4.5063899999999997,"***",4.308474006134511,4.9359400000000004,4.3770211788829902]
["CAP MODIFICADO POR POLÍMERO 65-90-E","2021-10-01","***","***","***",4.6386075597360721,4.9359400000000004,4.6413377465354912]
["CAP MODIFICADO POR POLÍMERO 65-90-E","2021-11-01","***","***","***",4.8226272033416935,"***",4.8226272033416935]
["CAP MODIFICADO POR POLÍMERO 65-90-E","2021-12-01","***",5.5515299999999996,"***",5.0271386175302037,"***",5.059512888660656]
["CAP MODIFICADO POR POLÍMERO 65-90-E","2022-01-01","***","***","***",5.1108941647655266,"***",5.1108941647655266]
["CAP MODIFICADO POR POLÍMERO 65-90-E","2022-02-01","***","***","***",5.5500062296779547,5.9308699999999996,5.5910537270753453]
["CAP MODIFICADO POR POLÍMERO 65-90-E","2022-03-01","***","***","***",5.6423773742937176,"***",5.6423773742937176]
["CAP MODIFICADO POR POLÍMERO 65-90-E","2022-04-01","***",6.3447699999999996,"***",6.0004299999999997,"***",6.130479515392719]
["CAP MODIFICADO POR POLÍMERO 65-90-E","2022-05-01","***",6.1749715629011552,5.5873900000000001,6.1204015976447499,5.9695099999999996,6.0845880953756541]
["CAP MODIFICADO POR POLÍMERO 65-90-E","2022-06-01","***",6.1620124509051015,5.5873899999999992,5.9855100000000006,"***",5.8608465581569753]
["CAP MODIFICADO POR POLÍMERO 65-90-E","2022-07-01","***",6.1486524889339229,5.6879900000000001,"***",6.0167000000000002,6.0822876450777201]
["CAP MODIFICADO POR POLÍMERO 65-90-E","2022-08-01","***",6.222785891703924,"***","***",5.3651799999999996,5.916028966177409]
["CAP MODIFICADO POR POLÍMERO 65-90-E","2022-09-01","***",6.0123366451401941,"***","***",5.5873576965962437,5.9197384572597658]
["CAP MODIFICADO POR POLÍMERO 65-90-E","2022-10-01","***",5.5958699999999997,"***",5.1038443809952723,"***",5.1648185966227409]
["CAP MODIFICADO POR POLÍMERO 65-90-E","2022-11-01","***",5.1053298461275425,"***",5.1578417588693393,"***",5.1502615575409072]
["CAP MODIFICADO POR POLÍMERO 65-90-E","2022-12-01","***",5.0620806692039322,"***",4.674058051128295,4.718143455292819,4.7266232003043154]
["CAP MODIFICADO POR POLÍMERO 65-90-E","2023-01-01","***",5.1244668730650158,"***",4.7105463185544707,"***",4.7827723154609147]
["CAP MODIFICADO POR POLÍMERO 65-90-E","2023-02-01","***",5.06386,"***",4.6839759250160853,4.7410399999999999,4.7643442608050046]
["CAP MODIFICADO POR POLÍMERO 65-90-E","2023-03-01","***",5.2004900000000003,"***",4.4260811354563998,4.4109499999999997,4.4844846928400317]
["CAP MODIFICADO POR POLÍMERO 65-90-E","2023-04-01","***",5.1834199999999999,3.5742599999999998,4.5764145271532763,"***",4.4274986396685172]
["CAP MODIFICADO POR POLÍMERO 65-90-E","2023-05-01","***","***",3.7837899999999998,4.5813380217112494,4.445834055532961,4.3592429575071128]
["CAP MODIFICADO POR POLÍMERO 65-90-E","2023-06-01","***","***","***",4.5228506090875857,4.3864967676078237,4.4753020709334645]
["CAP MODIFICADO POR POLÍMERO 65-90-E","2023-07-01","***","***","***",4.5322064288618806,4.4828542581681843,4.5197554302219514]
["CAP MODIFICADO POR POLÍMERO 65-90-E","2023-08-01","***","***","***",4.4510855095769015,4.4114800000000001,4.4442182459975186]
["CAP MODIFICADO POR POLÍMERO 65-90-E","2023-09-01","***","***","***",4.6859799999999998,4.4675789908814583,4.5637877477722606]
["CAP MODIFICADO POR POLÍMERO 65-90-E","2023-10-01","***","***","***",4.3485184566077422,4.7706299999999997,4.442149215541094]
["CAP MODIFICADO POR POLÍMERO 65-90-E","2023-11-01","***","***",4.0297499999999999,4.5253631621981363,4.4809678130959947,4.4404785105080604]
["CAP MODIFICADO POR POLÍMERO 65-90-E","2023-12-01","***","***",4.2520057773771969,4.4080255751668416,4.264759999999999,4.3178400548874283]
["CAP MODIFICADO POR POLÍMERO 65-90-E","2024-01-01","***","***",4.5437700000000003,4.3405943526532935,4.16282,4.3294500647148748]
["CAP MODIFICADO POR POLÍMERO 65-90-E","2024-02-01","***","***","***",4.5087866563649497,"***",4.5087866563649497]
["CAP MODIFICADO POR POLÍMERO 65-90-E","2024-03-01","***","***","***",4.70203001532016,4.26701,4.6806090894903472]
["CAP MODIFICADO POR POLÍMERO 65-90-E","2024-04-01","***","***",3.7585899999999999,4.2893563646037043,4.3119300000000003,4.2498905914294332]
["CAP MODIFICADO POR POLÍMERO 65-90-E","2024-05-01","***","***",3.8791099999999998,4.3543272290021537,4.2877217505683669,4.1413615850929766]
["CAP MODIFICADO POR POLÍMERO 65-90-E","2024-06-01","***",5.9355599999999997,3.8640400000000001,4.4499115408230994,"***",4.4808787273163704]
["CAP MODIFICADO POR POLÍMERO 65-90-E","2024-07-01","***",5.3412034405032331,"***",4.3666013227856917,4.5531199999999998,4.5691904396577163]
["CIMENTO ASFÁLTICO MODIFICADO POR POLÍMERO SBS 50-65","2009-12-01","***","***","***",1.5853699999999999,1.4175780343331446,1.4290957037247272]
["CIMENTO ASFÁLTICO MODIFICADO POR POLÍMERO SBS 50-65","2010-01-01","***","***","***","***",1.5227148666013648,1.5227148666013648]
["CIMENTO ASFÁLTICO MODIFICADO POR POLÍMERO SBS 50-65","2010-02-01","***","***","***","***",1.7089338120646214,1.7089338120646214]
["CIMENTO ASFÁLTICO MODIFICADO POR POLÍMERO SBS 50-65","2010-03-01","***","***",1.6739700000000002,"***",1.6360141964296577,1.6371726087725917]
["CIMENTO ASFÁLTICO MODIFICADO POR POLÍMERO SBS 50-65","2010-04-01","***","***",1.6727100013090854,"***",1.6092808441206579,1.6268555694871045]
["CIMENTO ASFÁLTICO MODIFICADO POR POLÍMERO SBS 50-65","2010-05-01","***","***",1.6741145680141454,1.7066100000000002,1.7158413319527466,1.7044144952166924]
["CIMENTO ASFÁLTICO MODIFICADO POR POLÍMERO SBS 50-65","2010-06-01","***","***","***",1.1916100000000001,1.5606875369553845,1.5222050036817372]
["CIMENTO ASFÁLTICO MODIFICADO POR POLÍMERO SBS 50-65","2010-07-01","***","***","***",1.1916100000000001,1.5982250446396034,1.5081673507049846]
["CIMENTO ASFÁLTICO MODIFICADO POR POLÍMERO SBS 50-65","2010-08-01","***","***","***",1.441050366177923,1.6364339523011098,1.5933854435437302]
["CIMENTO ASFÁLTICO MODIFICADO POR POLÍMERO SBS 50-65","2010-09-01","***","***","***",1.78783,1.539526029682075,1.5814451070872826]
["CIMENTO ASFÁLTICO MODIFICADO POR POLÍMERO SBS 50-65","2010-10-01","***","***","***",1.78783,1.4255098064800529,1.4532206071297715]
["CIMENTO ASFÁLTICO MODIFICADO POR POLÍMERO SBS 50-65","2010-11-01","***","***","***",1.1916100000000001,1.2947742270659188,1.2726645440186215]
["CIMENTO ASFÁLTICO MODIFICADO POR POLÍMERO SBS 50-65","2010-12-01","***","***","***","***","***","***"]
["CIMENTO ASFÁLTICO MODIFICADO POR POLÍMERO SBS 50-65","2011-01-01","***","***","***","***",1.2947756914893618,1.2947756914893618]
["CIMENTO ASFÁLTICO MODIFICADO POR POLÍMERO SBS 50-65","2011-02-01","***","***","***","***","***","***"]
["CIMENTO ASFÁLTICO MODIFICADO POR POLÍMERO SBS 50-65","2011-03-01","***","***","***","***","***","***"]
["CIMENTO ASFÁLTICO MODIFICADO POR POLÍMERO SBS 50-65","2011-04-01","***","***","***",1.2591949999999998,"***",1.2591949999999998]
["CIMENTO ASFÁLTICO MODIFICADO POR POLÍMERO SBS 50-65","2011-05-01","***","***",1.6439900000000001,1.1741618769349846,"***",1.324674936875329]
["CIMENTO ASFÁLTICO MODIFICADO POR POLÍMERO SBS 50-65","2011-06-01","***","***",1.6383241197205665,1.1746700000000001,"***",1.6014024503037811]
["CIMENTO ASFÁLTICO MODIFICADO POR POLÍMERO SBS 50-65","2011-07-01","***","***",1.4925409986848124,1.1730400000000001,"***",1.4723694653523691]
["CIMENTO ASFÁLTICO MODIFICADO POR POLÍMERO SBS 50-65","2011-08-01","***","***",1.3751659402633132,1.172925001042318,"***",1.3604365728383818]
["CIMENTO ASFÁLTICO MODIFICADO POR POLÍMERO SBS 50-65","2011-09-01","***","***",1.3750899999999999,1.1730031992486072,1.5575300000000001,1.3311407755452558]
["CIMENTO ASFÁLTICO MODIFICADO POR POLÍMERO SBS 50-65","2011-10-01","***","***","***",1.1704656716417912,"***",1.1704656716417912]
["CIMENTO ASFÁLTICO MODIFICADO POR POLÍMERO SBS 50-65","2011-11-01","***","***","***","***","***","***"]
["CIMENTO ASFÁLTICO MODIFICADO POR POLÍMERO SBS 50-65","2011-12-01","***","***","***",1.10371,"***",1.10371]
["CIMENTO ASFÁLTICO MODIFICADO POR POLÍMERO SBS 50-65","2012-01-01","***","***","***",1.1037133183023873,"***",1.1037133183023873]
["CIMENTO ASFÁLTICO MODIFICADO POR POLÍMERO SBS 50-65","2012-02-01","***","***","***",1.1037117226670166,"***",1.1037117226670166]
["CIMENTO ASFÁLTICO MODIFICADO POR POLÍMERO SBS 50-65","2012-03-01","***","***","***",1.1037119648497611,"***",1.1037119648497611]
["CIMENTO ASFÁLTICO MODIFICADO POR POLÍMERO SBS 50-65","2012-04-01","***","***","***",1.1037167049543315,"***",1.1037167049543315]
["CIMENTO ASFÁLTICO MODIFICADO POR POLÍMERO SBS 50-65","2012-05-01","***","***",1.56877,1.1252123441037252,"***",1.3474921098562627]
["CIMENTO ASFÁLTICO MODIFICADO POR POLÍMERO SBS 50-65","2012-06-01","***","***",1.56877,1.14682,"***",1.4321106049250534]
["CIMENTO ASFÁLTICO MODIFICADO POR POLÍMERO SBS 50-65","2012-07-01","***","***",1.5687700000000002,1.17455,1.36588,1.372143195945946]
["CIMENTO ASFÁLTICO MODIFICADO POR POLÍMERO SBS 50-65","2012-08-01","***","***",1.56877,1.17455,"***",1.4298126588968694]
["CIMENTO ASFÁLTICO MODIFICADO POR POLÍMERO SBS 50-65","2012-09-01","***","***",1.6187100000000001,"***","***",1.6187100000000001]
["CIMENTO ASFÁLTICO MODIFICADO POR POLÍMERO SBS 50-65","2012-10-01","***","***",1.6387456123380177,"***","***",1.6387456123380177]
["CIMENTO ASFÁLTICO MODIFICADO POR POLÍMERO SBS 50-65","2012-11-01","***","***","***","***","***","***"]
["CIMENTO ASFÁLTICO MODIFICADO POR POLÍMERO SBS 50-65","2012-12-01","***","***","***","***","***","***"]
["CIMENTO ASFÁLTICO MODIFICADO POR POLÍMERO SBS 50-65","2013-01-01","***","***","***","***","***","***"]
["CIMENTO ASFÁLTICO MODIFICADO POR POLÍMERO SBS 50-65","2013-02-01","***","***","***","***","***","***"]
["CIMENTO ASFÁLTICO MODIFICADO POR POLÍMERO SBS 50-65","2013-03-01","***","***","***","***","***","***"]
["CIMENTO ASFÁLTICO MODIFICADO POR POLÍMERO SBS 50-65","2013-04-01","***","***","***",1.3120000000000001,"***",1.3120000000000001]
["CIMENTO ASFÁLTICO MODIFICADO POR POLÍMERO SBS 50-65","2013-05-01","***","***","***",1.3120000000000001,1.3225199999999997,1.3135352611479936]
["CIMENTO ASFÁLTICO MODIFICADO POR POLÍMERO SBS 50-65","2013-06-01","***","***","***",1.3120000000000001,"***",1.3120000000000001]
["CIMENTO ASFÁLTICO MODIFICADO POR POLÍMERO SBS 50-65","2013-07-01","***","***","***",1.3120000000000001,"***",1.3120000000000001]
["CIMENTO ASFÁLTICO MODIFICADO POR POLÍMERO SBS 50-65","2013-08-01","***","***","***","***",1.569720259481038,1.569720259481038]
["CIMENTO ASFÁLTICO MODIFICADO POR POLÍMERO SBS 50-65","2013-09-01","***","***","***",1.3119999999999998,"***",1.3119999999999998]
["CIMENTO ASFÁLTICO MODIFICADO POR POLÍMERO SBS 50-65","2013-10-01","***","***","***","***",1.3614900000000001,1.3614900000000001]
["CIMENTO ASFÁLTICO MODIFICADO POR POLÍMERO SBS 50-65","2013-11-01","***","***","***",1.4475107365538549,"***",1.4475107365538549]
["CIMENTO ASFÁLTICO MODIFICADO POR POLÍMERO SBS 50-65","2013-12-01","***","***","***","***","***","***"]
["CIMENTO ASFÁLTICO MODIFICADO POR POLÍMERO SBS 50-65","2014-01-01","***","***","***",1.4235117923823748,"***",1.4235117923823748]
["CIMENTO ASFÁLTICO MODIFICADO POR POLÍMERO SBS 50-65","2014-02-01","***","***","***","***","***","***"]
["CIMENTO ASFÁLTICO MODIFICADO POR POLÍMERO SBS 50-65","2014-03-01","***","***",1.4269732497883438,"***","***",1.4269732497883438]
["CIMENTO ASFÁLTICO MODIFICADO POR POLÍMERO SBS 50-65","2014-04-01","***","***",1.3033859071393126,"***","***",1.3033859071393126]
["CIMENTO ASFÁLTICO MODIFICADO POR POLÍMERO SBS 50-65","2014-05-01","***","***","***","***","***","***"]
["CIMENTO ASFÁLTICO MODIFICADO POR POLÍMERO SBS 50-65","2014-06-01","***","***","***","***","***","***"]
["CIMENTO ASFÁLTICO MODIFICADO POR POLÍMERO SBS 50-65","2014-07-01","***","***","***","***","***","***"]
["CIMENTO ASFÁLTICO MODIFICADO POR POLÍMERO SBS 50-65","2014-08-01","***","***","***","***","***","***"]
["CIMENTO ASFÁLTICO MODIFICADO POR POLÍMERO SBS 50-65","2014-09-01","***","***","***","***","***","***"]
["CIMENTO ASFÁLTICO MODIFICADO POR POLÍMERO SBS 50-65","2014-10-01","***","***","***","***","***","***"]
["CIMENTO ASFÁLTICO MODIFICADO POR POLÍMERO SBS 50-65","2014-11-01","***","***","***","***","***","***"]
["CIMENTO ASFÁLTICO MODIFICADO POR POLÍMERO SBS 50-65","2014-12-01","***","***","***","***","***","***"]
["CIMENTO ASFÁLTICO MODIFICADO POR POLÍMERO SBS 50-65","2015-01-01","***","***","***","***","***","***"]
["CIMENTO ASFÁLTICO MODIFICADO POR POLÍMERO SBS 50-65","2015-02-01","***","***","***","***","***","***"]
["CIMENTO ASFÁLTICO MODIFICADO POR POLÍMERO SBS 50-65","2015-03-01","***","***","***","***","***","***"]
["CIMENTO ASFÁLTICO MODIFICADO POR POLÍMERO SBS 50-65","2015-04-01","***","***","***","***","***","***"]
["CIMENTO ASFÁLTICO MODIFICADO POR POLÍMERO SBS 50-65","2015-05-01","***","***","***","***","***","***"]
["CIMENTO ASFÁLTICO MODIFICADO POR POLÍMERO SBS 50-65","2015-06-01","***","***","***","***","***","***"]
["CIMENTO ASFÁLTICO MODIFICADO POR POLÍMERO SBS 50-65","2015-07-01","***","***","***","***","***","***"]
["CIMENTO ASFÁLTICO MODIFICADO POR POLÍMERO SBS 50-65","2015-08-01","***","***","***","***","***","***"]
["CIMENTO ASFÁLTICO MODIFICADO POR POLÍMERO SBS 55-75","2009-12-01","***","***","***","***",1.4085247007018027,1.4085247007018027]
["CIMENTO ASFÁLTICO MODIFICADO POR POLÍMERO SBS 55-75","2010-01-01","***",1.4791100000000001,"***","***",1.4119999999999999,1.450170925281842]
["CIMENTO ASFÁLTICO MODIFICADO POR POLÍMERO SBS 55-75","2010-02-01","***","***","***","***",1.3579000000000001,1.3579000000000001]
["CIMENTO ASFÁLTICO MODIFICADO POR POLÍMERO SBS 55-75","2010-03-01","***","***","***","***",1.3579000000000001,1.3579000000000001]
["CIMENTO ASFÁLTICO MODIFICADO POR POLÍMERO SBS 55-75","2010-04-01","***","***","***","***",1.3579000000000001,1.3579000000000001]
["CIMENTO ASFÁLTICO MODIFICADO POR POLÍMERO SBS 55-75","2010-05-01","***","***","***",1.335824099396322,1.3371411609498682,1.3365343806998256]
["CIMENTO ASFÁLTICO MODIFICADO POR POLÍMERO SBS 55-75","2010-06-01","***","***","***","***",1.3492483822797412,1.3492483822797412]
["CIMENTO ASFÁLTICO MODIFICADO POR POLÍMERO SBS 55-75","2010-07-01","***",1.44868,"***","***",1.355732030354772,1.3633325071423599]
["CIMENTO ASFÁLTICO MODIFICADO POR POLÍMERO SBS 55-75","2010-08-01","***","***","***",1.62704,1.3396139892340622,1.3549487880648332]
["CIMENTO ASFÁLTICO MODIFICADO POR POLÍMERO SBS 55-75","2010-09-01","***",1.48319,"***",1.370501854237814,1.3328438754411673,1.38662013509249]
["CIMENTO ASFÁLTICO MODIFICADO POR POLÍMERO SBS 55-75","2010-10-01","***",1.48319,"***",1.3792648636550497,1.3094420737032697,1.3460313551423719]
["CIMENTO ASFÁLTICO MODIFICADO POR POLÍMERO SBS 55-75","2010-11-01","***",1.4831999999999999,"***",1.3082450207117724,1.3296497617494727,1.351569664376058]
["CIMENTO ASFÁLTICO MODIFICADO POR POLÍMERO SBS 55-75","2010-12-01","***","***","***",1.308730630078907,1.3200754854685262,1.3111502506277277]
["CIMENTO ASFÁLTICO MODIFICADO POR POLÍMERO SBS 55-75","2011-01-01","***","***","***",1.2826475553595003,1.2474343583829841,1.279514402204893]
["CIMENTO ASFÁLTICO MODIFICADO POR POLÍMERO SBS 55-75","2011-02-01","***",0.78463168964546981,"***",1.26175681631375,1.2399592992740536,1.1299944498193728]
["CIMENTO ASFÁLTICO MODIFICADO POR POLÍMERO SBS 55-75","2011-03-01","***",1.2996251914733956,"***",1.2808501922158548,1.2338021676063153,1.2566854939877896]
["CIMENTO ASFÁLTICO MODIFICADO POR POLÍMERO SBS 55-75","2011-04-01","***",1.0047351598256449,"***",1.3206800000000001,1.2428463675927452,1.2017634792967831]
["CIMENTO ASFÁLTICO MODIFICADO POR POLÍMERO SBS 55-75","2011-05-01","***",0.64170635477482563,1.6392,1.1187288837828417,1.2408360401638112,1.0682881836423304]
["CIMENTO ASFÁLTICO MODIFICADO POR POLÍMERO SBS 55-75","2011-06-01","***",0.9634607956543827,1.6392,1.1553158220021182,1.2211396712761584,1.1620611962318583]
["CIMENTO ASFÁLTICO MODIFICADO POR POLÍMERO SBS 55-75","2011-07-01","***",1.2441821044546852,1.6490301929954567,1.2627355434567413,1.2302361423095272,1.3480658364966995]
["CIMENTO ASFÁLTICO MODIFICADO POR POLÍMERO SBS 55-75","2011-08-01","***",1.2361395761637386,1.6640999999999999,"***",1.2172296649084702,1.2565885736408151]
["CIMENTO ASFÁLTICO MODIFICADO POR POLÍMERO SBS 55-75","2011-09-01","***",1.4428999999999998,"***",1.362941052219832,1.2034974033416743,1.2434389605884895]
["CIMENTO ASFÁLTICO MODIFICADO POR POLÍMERO SBS 55-75","2011-10-01","***",1.3988614926909613,1.3739400000000002,1.4555,1.1737846124167846,1.3100462594905575]
["CIMENTO ASFÁLTICO MODIFICADO POR POLÍMERO SBS 55-75","2011-11-01","***",1.3504191808920394,"***",1.4382710150831222,1.2702042377648877,1.3281636099899812]
["CIMENTO ASFÁLTICO MODIFICADO POR POLÍMERO SBS 55-75","2011-12-01","***",1.3116941369013233,"***",1.3422100514973714,1.1460981355293409,1.2978681034792567]
["CIMENTO ASFÁLTICO MODIFICADO POR POLÍMERO SBS 55-75","2012-01-01","***",1.3209101535372507,"***",1.3580359146634615,1.2341807745169373,1.2956911162619853]
["CIMENTO ASFÁLTICO MODIFICADO POR POLÍMERO SBS 55-75","2012-02-01","***",1.2906930121566864,"***",1.361523249557969,1.2902423852007598,1.2963331392682682]
["CIMENTO ASFÁLTICO MODIFICADO POR POLÍMERO SBS 55-75","2012-03-01","***",1.3115648818346852,"***",1.41405759081048,1.2989899452948799,1.3128956451485816]
["CIMENTO ASFÁLTICO MODIFICADO POR POLÍMERO SBS 55-75","2012-04-01","***",1.3076635173024704,"***",1.457224823262554,1.2902646767325854,1.3099988146728867]
["CIMENTO ASFÁLTICO MODIFICADO POR POLÍMERO SBS 55-75","2012-05-01","***",0.96958820426787418,"***",1.3870342367136368,1.2912270096463021,1.1326667311411991]
["CIMENTO ASFÁLTICO MODIFICADO POR POLÍMERO SBS 55-75","2012-06-01","***",1.1701404730966323,"***",1.276637219589871,1.3103066359596838,1.2445550617666965]
["CIMENTO ASFÁLTICO MODIFICADO POR POLÍMERO SBS 55-75","2012-07-01","***",1.4348754328977129,"***",1.3393986185983831,1.4178661767344498,1.4087539366296193]
["CIMENTO ASFÁLTICO MODIFICADO POR POLÍMERO SBS 55-75","2012-08-01","***",1.3960953899499453,1.7139000000000004,1.3468000000000002,1.3615477289209512,1.4471253821595651]
["CIMENTO ASFÁLTICO MODIFICADO POR POLÍMERO SBS 55-75","2012-09-01","***",1.3566627289381497,1.7138999999999998,1.4555000000000002,1.4015400096954029,1.4170065712589315]
["CIMENTO ASFÁLTICO MODIFICADO POR POLÍMERO SBS 55-75","2012-10-01","***",1.3691242342553385,1.8283999999999998,1.3163934593724858,1.2594163143145904,1.3767138229706342]
["CIMENTO ASFÁLTICO MODIFICADO POR POLÍMERO SBS 55-75","2012-11-01","***",1.3636168697098827,1.8283999999999998,1.3734999999999999,1.3457855010068078,1.4825564020312414]
["CIMENTO ASFÁLTICO MODIFICADO POR POLÍMERO SBS 55-75","2012-12-01","***",1.343303356441595,1.8284,1.2056500000000001,1.3866577999718666,1.3880223914862104]
["CIMENTO ASFÁLTICO MODIFICADO POR POLÍMERO SBS 55-75","2013-01-01","***",1.3712148691432997,1.8283999999999998,1.3495842531400963,1.3870797655099896,1.3914965239138348]
["CIMENTO ASFÁLTICO MODIFICADO POR POLÍMERO SBS 55-75","2013-02-01","***",1.3809853174157587,1.8284,1.3744712404961985,1.3846009755322071,1.412811319542892]
["CIMENTO ASFÁLTICO MODIFICADO POR POLÍMERO SBS 55-75","2013-03-01","***",1.3783089802922501,"***",1.3098280882092461,1.3793575875974637,1.372979548535709]
["CIMENTO ASFÁLTICO MODIFICADO POR POLÍMERO SBS 55-75","2013-04-01","***",1.3669945456910382,1.8284,1.3283960771827525,1.4031320763378998,1.4070313081023453]
["CIMENTO ASFÁLTICO MODIFICADO POR POLÍMERO SBS 55-75","2013-05-01","***",1.3880124162323715,1.780431223560039,1.2963761451689109,1.4290360611426709,1.4362685830180963]
["CIMENTO ASFÁLTICO MODIFICADO POR POLÍMERO SBS 55-75","2013-06-01","***",1.4021579095618617,1.823902228540963,1.2984873752909876,1.5550054887103821,1.5004443970782166]
["CIMENTO ASFÁLTICO MODIFICADO POR POLÍMERO SBS 55-75","2013-07-01","***",1.3871723656684942,1.8052740763857449,1.3340344015646892,1.4476256065186222,1.4675567171586115]
["CIMENTO ASFÁLTICO MODIFICADO POR POLÍMERO SBS 55-75","2013-08-01","***",1.3728168280860054,1.8249272159868601,1.3488712859428196,1.4924977825197165,1.4391854077958457]
["CIMENTO ASFÁLTICO MODIFICADO POR POLÍMERO SBS 55-75","2013-09-01","***",1.376571897890442,1.8167627969621012,1.3137746593863753,1.4596725257068734,1.4437387626253335]
["CIMENTO ASFÁLTICO MODIFICADO POR POLÍMERO SBS 55-75","2013-10-01","***",1.3168143530316985,1.8378749281630924,"***",1.4889844262145326,1.4748210147873015]
["CIMENTO ASFÁLTICO MODIFICADO POR POLÍMERO SBS 55-75","2013-11-01","***",1.3216723795632224,1.8283778174694629,"***",1.4128924467879875,1.4291300504672884]
["CIMENTO ASFÁLTICO MODIFICADO POR POLÍMERO SBS 55-75","2013-12-01","***",1.4425347827174271,"***",1.3446484564476233,1.3839241651016494,1.4093714870036231]
["CIMENTO ASFÁLTICO MODIFICADO POR POLÍMERO SBS 55-75","2014-01-01","***",1.3379008202287013,1.8284,1.38392,1.4586311939232395,1.4162426627183733]
["CIMENTO ASFÁLTICO MODIFICADO POR POLÍMERO SBS 55-75","2014-02-01","***",1.3716805061792268,"***",1.4903,1.4023857909360811,1.3955580095368261]
["CIMENTO ASFÁLTICO MODIFICADO POR POLÍMERO SBS 55-75","2014-03-01","***",1.3360945071615984,1.8592,1.4895558710667691,1.4185017555694583,1.3862817576476258]
["CIMENTO ASFÁLTICO MODIFICADO POR POLÍMERO SBS 55-75","2014-04-01","***",1.0857983345219244,1.7494475125397766,1.4887999999999999,1.4518133299764735,1.2583130619063316]
["CIMENTO ASFÁLTICO MODIFICADO POR POLÍMERO SBS 55-75","2014-05-01","***",1.3366260577409521,1.7672516786494115,1.3472450359492123,1.4751856772984002,1.4181069734236309]
["CIMENTO ASFÁLTICO MODIFICADO POR POLÍMERO SBS 55-75","2014-06-01","***",1.3528025476803345,"***",1.3493300000000001,1.4381584461528123,1.3952794465748446]
["CIMENTO ASFÁLTICO MODIFICADO POR POLÍMERO SBS 55-75","2014-07-01","***",1.3427451420824639,"***","***",1.4253708750477643,1.3890519264987264]
["CIMENTO ASFÁLTICO MODIFICADO POR POLÍMERO SBS 55-75","2014-08-01","***",1.4111987108167772,"***","***",1.475277564825382,1.4495209358405572]
["CIMENTO ASFÁLTICO MODIFICADO POR POLÍMERO SBS 55-75","2014-09-01","***",1.3958124528805596,"***","***",1.5895094028906267,1.5040162000037711]
["CIMENTO ASFÁLTICO MODIFICADO POR POLÍMERO SBS 55-75","2014-10-01","***",1.3790596339041428,1.8783048773432078,1.4945898512614022,1.4357077744842186,1.4362620507822359]
["CIMENTO ASFÁLTICO MODIFICADO POR POLÍMERO SBS 55-75","2014-11-01","***",1.4297891531115385,1.83897669366257,1.49406207253886,1.5514262768528775,1.5108203419906561]
["CIMENTO ASFÁLTICO MODIFICADO POR POLÍMERO SBS 55-75","2014-12-01","***",1.5294325850217763,2.1386621097428469,1.7207290443942815,1.6982714784996336,1.6213491571764329]
["CIMENTO ASFÁLTICO MODIFICADO POR POLÍMERO SBS 55-75","2015-01-01","***",1.710178672625142,"***","***",1.9805023382300613,1.8054642290188492]
["CIMENTO ASFÁLTICO MODIFICADO POR POLÍMERO SBS 55-75","2015-02-01","***",1.6838658791076999,"***","***",1.812105632806976,1.7485498157394199]
["CIMENTO ASFÁLTICO MODIFICADO POR POLÍMERO SBS 55-75","2015-03-01","***",1.8045122924600154,"***",1.6868543579113273,1.8177668789522243,1.7696051082808801]
["CIMENTO ASFÁLTICO MODIFICADO POR POLÍMERO SBS 55-75","2015-04-01","***",1.80775,"***",1.7313555928686699,1.8111169557007989,1.7825483230139714]
["CIMENTO ASFÁLTICO MODIFICADO POR POLÍMERO SBS 55-75","2015-05-01","***",1.8964186374781087,"***",1.6515433688208552,1.7811996982095701,1.7771494487298456]
["CIMENTO ASFÁLTICO MODIFICADO POR POLÍMERO SBS 55-75","2015-06-01","***",2.0391962239640029,"***",1.7132863849712288,1.6930918749897574,1.7454252476155729]
["CIMENTO ASFÁLTICO MODIFICADO POR POLÍMERO SBS 55-75","2015-07-01","***",1.8790785057680079,"***",2.0011090738472621,1.8652297091043801,1.9063426047603085]
["CIMENTO ASFÁLTICO MODIFICADO POR POLÍMERO SBS 55-75","2015-08-01","***",1.61873,"***",1.8021404825650438,1.706215119281977,1.7395348412855596]
["CIMENTO ASFÁLTICO MODIFICADO POR POLÍMERO SBS 60-85","2009-12-01","***","***",1.7973052872604041,1.3416759596768886,1.3299791491041346,1.4597747057791763]
["CIMENTO ASFÁLTICO MODIFICADO POR POLÍMERO SBS 60-85","2010-01-01","***","***",1.7598133303156949,1.3653638486847555,1.3749035779869163,1.4847893832068557]
["CIMENTO ASFÁLTICO MODIFICADO POR POLÍMERO SBS 60-85","2010-02-01","***","***",1.7917892712492396,1.3470507055902985,1.3895835117380599,1.4663900059220458]
["CIMENTO ASFÁLTICO MODIFICADO POR POLÍMERO SBS 60-85","2010-03-01","***","***",1.8306406473151036,1.3565455023635553,1.3828577225809706,1.4610760610370581]
["CIMENTO ASFÁLTICO MODIFICADO POR POLÍMERO SBS 60-85","2010-04-01","***","***",1.787055545771806,1.3601565656967758,1.2897325091018714,1.5650739454750091]
["CIMENTO ASFÁLTICO MODIFICADO POR POLÍMERO SBS 60-85","2010-05-01","***",1.4083400000000001,1.8260760795673066,1.348022154544007,1.3400597122734763,1.5217681015078091]
["CIMENTO ASFÁLTICO MODIFICADO POR POLÍMERO SBS 60-85","2010-06-01","***",1.4083399999999997,1.8446227536039586,1.2808579669542601,1.3389870090351985,1.3892772831727151]
["CIMENTO ASFÁLTICO MODIFICADO POR POLÍMERO SBS 60-85","2010-07-01","***",1.4083400000000004,1.8334803777940551,1.285574364418574,1.3338362469253147,1.4324505767016498]
["CIMENTO ASFÁLTICO MODIFICADO POR POLÍMERO SBS 60-85","2010-08-01","***",1.4083399999999995,1.8200538202730991,1.2599148648422012,1.3488572866103561,1.3918757816090663]
["CIMENTO ASFÁLTICO MODIFICADO POR POLÍMERO SBS 60-85","2010-09-01","***","***",1.7773753409493085,1.2940079727324849,1.3686770810068987,1.4108881580325077]
["CIMENTO ASFÁLTICO MODIFICADO POR POLÍMERO SBS 60-85","2010-10-01","***","***",1.785539587049372,1.2824269304583,1.3481310768456736,1.4277829685906271]
["CIMENTO ASFÁLTICO MODIFICADO POR POLÍMERO SBS 60-85","2010-11-01","***","***",1.7713255331038242,1.2976995049326951,1.3487482527724053,1.4565097305338597]
["CIMENTO ASFÁLTICO MODIFICADO POR POLÍMERO SBS 60-85","2010-12-01","***",1.5686899999999999,1.8676232809424262,1.2801018771306343,1.3367118381059551,1.4033329494856448]
["CIMENTO ASFÁLTICO MODIFICADO POR POLÍMERO SBS 60-85","2011-01-01","***","***",1.7816071191782421,1.2666310282895501,1.3677614648007861,1.4008117677139884]
["CIMENTO ASFÁLTICO MODIFICADO POR POLÍMERO SBS 60-85","2011-02-01","***",1.6458900000000003,1.9541880622931247,1.3287698795595322,1.3742832479006735,1.4033895690650318]
["CIMENTO ASFÁLTICO MODIFICADO POR POLÍMERO SBS 60-85","2011-03-01","***",1.4768084117781677,1.8488699999999998,1.2339115296731684,1.366899673905714,1.3464988071236557]
["CIMENTO ASFÁLTICO MODIFICADO POR POLÍMERO SBS 60-85","2011-04-01","***","***",1.83944714083356,1.3074872933667403,1.3602523245328082,1.3911519284860143]
["CIMENTO ASFÁLTICO MODIFICADO POR POLÍMERO SBS 60-85","2011-05-01","***",1.3564799999999999,1.7291635397683958,1.271272317266626,1.3576078472320414,1.3777874689410468]
["CIMENTO ASFÁLTICO MODIFICADO POR POLÍMERO SBS 60-85","2011-06-01","***",1.3568699999999998,1.6981810503686494,1.299249989113098,1.3256809304152486,1.3769277827478783]
["CIMENTO ASFÁLTICO MODIFICADO POR POLÍMERO SBS 60-85","2011-07-01","***",1.3567399999999998,1.6800723630464756,1.3086946902916852,1.267300378525847,1.4103994796213684]
["CIMENTO ASFÁLTICO MODIFICADO POR POLÍMERO SBS 60-85","2011-08-01","***",1.3554399999999995,1.712637919875736,1.316895832193957,1.298189220252894,1.4301102943486832]
["CIMENTO ASFÁLTICO MODIFICADO POR POLÍMERO SBS 60-85","2011-09-01","***","***",1.7363432329452966,1.2807825247150331,1.271515590909249,1.3711510650954]
["CIMENTO ASFÁLTICO MODIFICADO POR POLÍMERO SBS 60-85","2011-10-01","***",1.43249,1.5629204195049886,1.2883071879414401,1.282078980398748,1.3766086500552375]
["CIMENTO ASFÁLTICO MODIFICADO POR POLÍMERO SBS 60-85","2011-11-01","***","***",1.448016364465798,1.2961291555119789,1.2444774148666677,1.3329690301020478]
["CIMENTO ASFÁLTICO MODIFICADO POR POLÍMERO SBS 60-85","2011-12-01","***",1.4181900000000001,1.3328846374954495,1.3180593391818556,1.2727961938335941,1.3185584151999703]
["CIMENTO ASFÁLTICO MODIFICADO POR POLÍMERO SBS 60-85","2012-01-01","***",1.41818,1.3926199686940965,1.3030516267523919,1.274805912711735,1.3132685568832039]
["CIMENTO ASFÁLTICO MODIFICADO POR POLÍMERO SBS 60-85","2012-02-01","***",1.41818,1.3411452366851391,1.3235784419763756,1.2774186858931564,1.3183942780558557]
["CIMENTO ASFÁLTICO MODIFICADO POR POLÍMERO SBS 60-85","2012-03-01","***",1.4181999999999997,1.3177278738478222,1.3414761902279959,1.2391253704690386,1.3242000972258234]
["CIMENTO ASFÁLTICO MODIFICADO POR POLÍMERO SBS 60-85","2012-04-01","***",1.4181900000000001,1.4243873216650655,1.3487324631650772,1.2441843522160376,1.3345905999942795]
["CIMENTO ASFÁLTICO MODIFICADO POR POLÍMERO SBS 60-85","2012-05-01","***",1.4181999999999999,1.4416238968928758,1.3800454745410353,1.2616042347410463,1.3547985906870252]
["CIMENTO ASFÁLTICO MODIFICADO POR POLÍMERO SBS 60-85","2012-06-01","***","***",1.473386504021448,1.4155632294629201,1.3231527647937642,1.4186747704073686]
["CIMENTO ASFÁLTICO MODIFICADO POR POLÍMERO SBS 60-85","2012-07-01","***","***",1.582979025530826,1.4464098669956076,1.3657937295328706,1.4834698761020879]
["CIMENTO ASFÁLTICO MODIFICADO POR POLÍMERO SBS 60-85","2012-08-01","***","***",1.5409183867945611,1.3931713236545333,1.3724223877327486,1.4642921052841527]
["CIMENTO ASFÁLTICO MODIFICADO POR POLÍMERO SBS 60-85","2012-09-01","***","***",1.5943221275862969,1.4045669634078148,1.346054360089701,1.5089808516342569]
["CIMENTO ASFÁLTICO MODIFICADO POR POLÍMERO SBS 60-85","2012-10-01",1.55,1.4182200000000003,1.5859510634013307,1.428806510441359,1.362102764062459,1.5106699186069072]
["CIMENTO ASFÁLTICO MODIFICADO POR POLÍMERO SBS 60-85","2012-11-01","***",1.4324900000000003,1.6196126905661397,1.4126842068778707,1.3269605753475624,1.4871822260311887]
["CIMENTO ASFÁLTICO MODIFICADO POR POLÍMERO SBS 60-85","2012-12-01","***",1.4182899999999998,1.5654608687800633,1.4057903388715856,1.3414212325139652,1.435464312862315]
["CIMENTO ASFÁLTICO MODIFICADO POR POLÍMERO SBS 60-85","2013-01-01","***","***",1.4991863498819875,1.4348296352714762,1.3485907021916628,1.4289054581823806]
["CIMENTO ASFÁLTICO MODIFICADO POR POLÍMERO SBS 60-85","2013-02-01","***","***",1.4541001097017485,1.4461664106103045,1.3571992048364154,1.4138698570745023]
["CIMENTO ASFÁLTICO MODIFICADO POR POLÍMERO SBS 60-85","2013-03-01","***",1.4182400000000002,1.4616055171013449,1.3363253094048591,1.3969275870448044,1.3846764380490912]
["CIMENTO ASFÁLTICO MODIFICADO POR POLÍMERO SBS 60-85","2013-04-01","***",1.4182300000000001,1.4911774717759883,1.3039314722481226,1.3627987946698967,1.3585326133056495]
["CIMENTO ASFÁLTICO MODIFICADO POR POLÍMERO SBS 60-85","2013-05-01","***","***",1.5093837113392909,1.2915791698691652,1.3474366976476435,1.3711231089542331]
["CIMENTO ASFÁLTICO MODIFICADO POR POLÍMERO SBS 60-85","2013-06-01","***","***",1.6416509178546135,1.4261365272045738,1.3643068454981093,1.4879326177146246]
["CIMENTO ASFÁLTICO MODIFICADO POR POLÍMERO SBS 60-85","2013-07-01","***",1.41821,1.6991976878896857,1.4791116575175398,1.3712126156274671,1.5094800630661498]
["CIMENTO ASFÁLTICO MODIFICADO POR POLÍMERO SBS 60-85","2013-08-01","***",1.41821,1.8454326139758728,1.4910126894256905,1.3545746519274373,1.5182874307177103]
["CIMENTO ASFÁLTICO MODIFICADO POR POLÍMERO SBS 60-85","2013-09-01","***","***",1.7201816071833729,1.4575988807770992,1.3658021018780169,1.4906674028176585]
["CIMENTO ASFÁLTICO MODIFICADO POR POLÍMERO SBS 60-85","2013-10-01","***","***",1.6469250340154868,1.4773483681699668,1.3867907780295823,1.4845071147097566]
["CIMENTO ASFÁLTICO MODIFICADO POR POLÍMERO SBS 60-85","2013-11-01","***","***",1.6656571819395145,1.4589850538407321,1.4117213275305618,1.476584667586248]
["CIMENTO ASFÁLTICO MODIFICADO POR POLÍMERO SBS 60-85","2013-12-01","***",2.21984,1.6674420536147974,1.4476702235456123,1.4334446804611107,1.4637061051006739]
["CIMENTO ASFÁLTICO MODIFICADO POR POLÍMERO SBS 60-85","2014-01-01","***","***",1.5931533891041718,1.4636374213373073,1.3649216052120874,1.462132657756998]
["CIMENTO ASFÁLTICO MODIFICADO POR POLÍMERO SBS 60-85","2014-02-01","***",2.2198380096354353,1.6563564489729201,1.4862420657846231,1.4158580779409786,1.5072340133417896]
["CIMENTO ASFÁLTICO MODIFICADO POR POLÍMERO SBS 60-85","2014-03-01","***",2.2198380235988204,1.6375762611286224,1.5001486084413898,1.6499897748619212,1.550844004464708]
["CIMENTO ASFÁLTICO MODIFICADO POR POLÍMERO SBS 60-85","2014-04-01","***",1.6316440328984685,1.5774234782780241,1.4735665647839542,1.5553809817417981,1.5075621288644818]
["CIMENTO ASFÁLTICO MODIFICADO POR POLÍMERO SBS 60-85","2014-05-01","***",1.3364256721712171,1.6735634184852446,1.5419092272851374,1.5283483535293834,1.558174617966573]
["CIMENTO ASFÁLTICO MODIFICADO POR POLÍMERO SBS 60-85","2014-06-01","***","***",1.6857432158929635,1.5075095651689208,1.4265820420660578,1.5280660365441696]
["CIMENTO ASFÁLTICO MODIFICADO POR POLÍMERO SBS 60-85","2014-07-01","***","***",1.695981326727078,1.4543104544323486,1.4203496795493766,1.534681209806829]
["CIMENTO ASFÁLTICO MODIFICADO POR POLÍMERO SBS 60-85","2014-08-01","***","***",1.6601533728556759,1.4455420406819435,1.4160834348456957,1.4894295402069531]
["CIMENTO ASFÁLTICO MODIFICADO POR POLÍMERO SBS 60-85","2014-09-01","***",2.21983,1.8424137339431834,1.5784619165156228,1.4496780126314568,1.6314077877957702]
["CIMENTO ASFÁLTICO MODIFICADO POR POLÍMERO SBS 60-85","2014-10-01","***",2.21984,1.6926416620170992,1.5051173618133395,1.4412481862202835,1.5458544225608117]
["CIMENTO ASFÁLTICO MODIFICADO POR POLÍMERO SBS 60-85","2014-11-01","***",2.21984,1.783673431557188,1.5213957890980729,1.473525077774356,1.5819572488017899]
["CIMENTO ASFÁLTICO MODIFICADO POR POLÍMERO SBS 60-85","2014-12-01","***",2.21983,1.8157257047251671,1.6571602722415804,1.5584433472397086,1.6741214704741225]
["CIMENTO ASFÁLTICO MODIFICADO POR POLÍMERO SBS 60-85","2015-01-01","***","***",1.634494627043332,1.752555319737878,1.7100752178338128,1.7219149629811901]
["CIMENTO ASFÁLTICO MODIFICADO POR POLÍMERO SBS 60-85","2015-02-01","***",1.4225580535506404,1.7441293407507081,1.7655466085606035,1.6843297546285096,1.7131272806198146]
["CIMENTO ASFÁLTICO MODIFICADO POR POLÍMERO SBS 60-85","2015-03-01","***",2.2300760133346409,1.6817304352577294,1.7336568484479011,1.7617241837071309,1.739364084749297]
["CIMENTO ASFÁLTICO MODIFICADO POR POLÍMERO SBS 60-85","2015-04-01","***",2.1488900000000002,1.7584167377369395,1.7142352782972576,1.7845759607059732,1.7547188481176113]
["CIMENTO ASFÁLTICO MODIFICADO POR POLÍMERO SBS 60-85","2015-05-01","***",2.11503,1.6313175679128442,1.6837590771749489,1.7766523041148201,1.7039927922822566]
["CIMENTO ASFÁLTICO MODIFICADO POR POLÍMERO SBS 60-85","2015-06-01","***","***",1.7273869637257608,1.612369554632535,1.877719931000196,1.7591965783776944]
["CIMENTO ASFÁLTICO MODIFICADO POR POLÍMERO SBS 60-85","2015-07-01","***",1.0702426516606856,1.7950972657149762,1.6676841185820601,1.8787060578159112,1.804062628790801]
["CIMENTO ASFÁLTICO MODIFICADO POR POLÍMERO SBS 60-85","2015-08-01","***",1.0800169753538311,2.0048510814991336,1.6622248536276525,1.8720301755299018,1.8551006594018449]
["CIMENTO ASFÁLTICO MODIFICADO POR POLÍMERO SBS 65-90","2009-12-01","***","***","***","***",1.3855999999999999,1.3855999999999999]
["CIMENTO ASFÁLTICO MODIFICADO POR POLÍMERO SBS 65-90","2010-01-01","***","***","***","***",1.5105999999999999,1.5105999999999999]
["CIMENTO ASFÁLTICO MODIFICADO POR POLÍMERO SBS 65-90","2010-02-01","***","***","***",1.4157999999999999,1.5027840629590767,1.4372035145881745]
["CIMENTO ASFÁLTICO MODIFICADO POR POLÍMERO SBS 65-90","2010-03-01","***","***","***",1.7021300000000001,1.48071782444124,1.5846814150492399]
["CIMENTO ASFÁLTICO MODIFICADO POR POLÍMERO SBS 65-90","2010-04-01","***","***","***","***","***","***"]
["CIMENTO ASFÁLTICO MODIFICADO POR POLÍMERO SBS 65-90","2010-05-01","***","***","***","***",1.3461000000000001,1.3461000000000001]
["CIMENTO ASFÁLTICO MODIFICADO POR POLÍMERO SBS 65-90","2010-06-01","***","***","***","***",1.3456999999999999,1.3456999999999999]
["CIMENTO ASFÁLTICO MODIFICADO POR POLÍMERO SBS 65-90","2010-07-01","***","***","***","***",1.4308870539824246,1.4308870539824246]
["CIMENTO ASFÁLTICO MODIFICADO POR POLÍMERO SBS 65-90","2010-08-01","***","***","***","***",1.3437638114414194,1.3437638114414194]
["CIMENTO ASFÁLTICO MODIFICADO POR POLÍMERO SBS 65-90","2010-09-01","***","***","***","***",1.3452999999999999,1.3452999999999999]
["CIMENTO ASFÁLTICO MODIFICADO POR POLÍMERO SBS 65-90","2010-10-01","***","***","***","***","***","***"]
["CIMENTO ASFÁLTICO MODIFICADO POR POLÍMERO SBS 65-90","2010-11-01","***","***","***","***",1.3455999999999997,1.3455999999999997]
["CIMENTO ASFÁLTICO MODIFICADO POR POLÍMERO SBS 65-90","2010-12-01","***","***","***",1.49577,"***",1.49577]
["CIMENTO ASFÁLTICO MODIFICADO POR POLÍMERO SBS 65-90","2011-01-01","***","***","***","***",1.471473478934761,1.471473478934761]
["CIMENTO ASFÁLTICO MODIFICADO POR POLÍMERO SBS 65-90","2011-02-01","***","***","***",1.4656447741424206,1.5205599999999999,1.4769252057751989]
["CIMENTO ASFÁLTICO MODIFICADO POR POLÍMERO SBS 65-90","2011-03-01","***","***","***",1.4531604621454066,1.5205566752063764,1.4915057364968822]
["CIMENTO ASFÁLTICO MODIFICADO POR POLÍMERO SBS 65-90","2011-04-01","***","***","***",1.4648865119475574,1.4098422529905237,1.4331544776553826]
["CIMENTO ASFÁLTICO MODIFICADO POR POLÍMERO SBS 65-90","2011-05-01","***","***","***",1.4505312517588069,1.2829991255355917,1.3635167973245463]
["CIMENTO ASFÁLTICO MODIFICADO POR POLÍMERO SBS 65-90","2011-06-01","***","***","***",1.4481417597159789,1.2542256669422911,1.3312255321883713]
["CIMENTO ASFÁLTICO MODIFICADO POR POLÍMERO SBS 65-90","2011-07-01","***","***","***",1.4477834563085155,1.3464154855400534,1.3996345228725657]
["CIMENTO ASFÁLTICO MODIFICADO POR POLÍMERO SBS 65-90","2011-08-01","***","***","***",1.4817691207780725,1.4175468379545912,1.4552340937675114]
["CIMENTO ASFÁLTICO MODIFICADO POR POLÍMERO SBS 65-90","2011-09-01","***","***","***",1.4738999964138424,1.3483071129931388,1.3953001697416973]
["CIMENTO ASFÁLTICO MODIFICADO POR POLÍMERO SBS 65-90","2011-10-01","***","***","***",3.8145400000000005,1.3499993749218653,1.6363332202640737]
["CIMENTO ASFÁLTICO MODIFICADO POR POLÍMERO SBS 65-90","2011-11-01","***","***","***",1.4758099999999998,1.3992214474633324,1.4512366700096433]
["CIMENTO ASFÁLTICO MODIFICADO POR POLÍMERO SBS 65-90","2011-12-01","***","***","***",1.4191217317804947,1.2791880907095829,1.3706950857576845]
["CIMENTO ASFÁLTICO MODIFICADO POR POLÍMERO SBS 65-90","2012-01-01","***","***","***",1.458362095295082,"***",1.458362095295082]
["CIMENTO ASFÁLTICO MODIFICADO POR POLÍMERO SBS 65-90","2012-02-01","***","***","***",1.4323982495388672,1.4065721090168111,1.4279707822802494]
["CIMENTO ASFÁLTICO MODIFICADO POR POLÍMERO SBS 65-90","2012-03-01","***","***","***",1.4821369798230541,1.039994285195277,1.3695502341380683]
["CIMENTO ASFÁLTICO MODIFICADO POR POLÍMERO SBS 65-90","2012-04-01","***","***","***",1.5486325446193863,"***",1.5486325446193863]
["CIMENTO ASFÁLTICO MODIFICADO POR POLÍMERO SBS 65-90","2012-05-01","***","***","***",1.5604873626809026,1.1076999999999999,1.5354658186725507]
["CIMENTO ASFÁLTICO MODIFICADO POR POLÍMERO SBS 65-90","2012-06-01","***","***","***",1.5807981125132995,"***",1.5807981125132995]
["CIMENTO ASFÁLTICO MODIFICADO POR POLÍMERO SBS 65-90","2012-07-01","***","***","***",1.7054343634392573,"***",1.7054343634392573]
["CIMENTO ASFÁLTICO MODIFICADO POR POLÍMERO SBS 65-90","2012-08-01","***","***","***",1.7291400000000001,"***",1.7291400000000001]
["CIMENTO ASFÁLTICO MODIFICADO POR POLÍMERO SBS 65-90","2012-09-01","***","***","***",1.615028975303034,1.353,1.5983357945515191]
["CIMENTO ASFÁLTICO MODIFICADO POR POLÍMERO SBS 65-90","2012-10-01","***","***","***",1.6526046344819156,"***",1.6526046344819156]
["CIMENTO ASFÁLTICO MODIFICADO POR POLÍMERO SBS 65-90","2012-11-01","***","***","***",1.6797814100940223,1.5986000000000002,1.6664340309777741]
["CIMENTO ASFÁLTICO MODIFICADO POR POLÍMERO SBS 65-90","2012-12-01","***","***","***","***","***","***"]
["CIMENTO ASFÁLTICO MODIFICADO POR POLÍMERO SBS 65-90","2013-01-01","***","***","***",1.5523100000000001,"***",1.5523100000000001]
["CIMENTO ASFÁLTICO MODIFICADO POR POLÍMERO SBS 65-90","2013-02-01","***","***","***",1.5694289219982471,"***",1.5694289219982471]
["CIMENTO ASFÁLTICO MODIFICADO POR POLÍMERO SBS 65-90","2013-03-01","***","***","***","***","***","***"]
["CIMENTO ASFÁLTICO MODIFICADO POR POLÍMERO SBS 65-90","2013-04-01","***","***","***",1.2172000000000001,1.3603799999999999,1.3039044133170929]
["CIMENTO ASFÁLTICO MODIFICADO POR POLÍMERO SBS 65-90","2013-05-01","***","***",2.0320000000000005,1.5507499999999999,1.3603799999999999,1.8671543887147337]
["CIMENTO ASFÁLTICO MODIFICADO POR POLÍMERO SBS 65-90","2013-06-01","***","***",2.032,"***","***",2.032]
["CIMENTO ASFÁLTICO MODIFICADO POR POLÍMERO SBS 65-90","2013-07-01","***","***",1.9375008744534665,"***",1.4302229126213593,1.7920235660986747]
["CIMENTO ASFÁLTICO MODIFICADO POR POLÍMERO SBS 65-90","2013-08-01","***","***",1.9973380918727914,"***",0.86665999999999999,1.83579567739802]
["CIMENTO ASFÁLTICO MODIFICADO POR POLÍMERO SBS 65-90","2013-09-01","***","***",2.1069799588243647,1.7026745885039214,"***",1.9764573001730656]
["CIMENTO ASFÁLTICO MODIFICADO POR POLÍMERO SBS 65-90","2013-10-01","***","***",2.0745827822805172,1.8091939519225089,"***",2.005898919749312]
["CIMENTO ASFÁLTICO MODIFICADO POR POLÍMERO SBS 65-90","2013-11-01","***","***",2.0416148233510238,1.6103099999999999,1.5908,1.8364561163538875]
["CIMENTO ASFÁLTICO MODIFICADO POR POLÍMERO SBS 65-90","2013-12-01","***","***",2.0897000000000001,1.6990799999999999,1.5908,1.6897324355439463]
["CIMENTO ASFÁLTICO MODIFICADO POR POLÍMERO SBS 65-90","2014-01-01","***","***","***",1.624100362482005,1.5908,1.6142261262009869]
["CIMENTO ASFÁLTICO MODIFICADO POR POLÍMERO SBS 65-90","2014-02-01","***","***",2.21,1.6195786521477316,1.5908,1.6940184240887166]
["CIMENTO ASFÁLTICO MODIFICADO POR POLÍMERO SBS 65-90","2014-03-01","***","***",2.056374328660699,1.7114,1.5908,1.8202255822605846]
["CIMENTO ASFÁLTICO MODIFICADO POR POLÍMERO SBS 65-90","2014-04-01","***","***","***","***","***","***"]
["CIMENTO ASFÁLTICO MODIFICADO POR POLÍMERO SBS 65-90","2014-05-01","***","***","***","***",1.5239160673645882,1.5239160673645882]
["CIMENTO ASFÁLTICO MODIFICADO POR POLÍMERO SBS 65-90","2014-06-01","***","***",2.1922000000000001,"***",1.4975807971251227,1.7475495796561964]
["CIMENTO ASFÁLTICO MODIFICADO POR POLÍMERO SBS 65-90","2014-07-01","***","***","***","***",1.366741252041372,1.366741252041372]
["CIMENTO ASFÁLTICO MODIFICADO POR POLÍMERO SBS 65-90","2014-08-01","***","***","***","***",1.4450482962756535,1.4450482962756535]
["CIMENTO ASFÁLTICO MODIFICADO POR POLÍMERO SBS 65-90","2014-09-01","***","***","***","***",1.2511443371378401,1.2511443371378401]
["CIMENTO ASFÁLTICO MODIFICADO POR POLÍMERO SBS 65-90","2014-10-01","***","***","***",1.12947,1.3698766083780214,1.2823746397324149]
["CIMENTO ASFÁLTICO MODIFICADO POR POLÍMERO SBS 65-90","2014-11-01","***","***","***",1.1404832288560371,1.4835949317826518,1.3369232868185514]
["CIMENTO ASFÁLTICO MODIFICADO POR POLÍMERO SBS 65-90","2014-12-01","***","***","***",1.2491799999999997,1.6455555981395347,1.5600458116290945]
["CIMENTO ASFÁLTICO MODIFICADO POR POLÍMERO SBS 65-90","2015-01-01","***","***","***",1.421483861336124,1.8485882133840998,1.5511466724042617]
["CIMENTO ASFÁLTICO MODIFICADO POR POLÍMERO SBS 65-90","2015-02-01","***","***","***",1.4472413917997151,1.833234117308246,1.4751977993005485]
["CIMENTO ASFÁLTICO MODIFICADO POR POLÍMERO SBS 65-90","2015-03-01","***","***",1.9569585229479471,1.5864792717135638,1.8187505279610974,1.6815485972790707]
["CIMENTO ASFÁLTICO MODIFICADO POR POLÍMERO SBS 65-90","2015-04-01","***","***","***",1.4081025612748723,1.8266110900473931,1.5414996259668063]
["CIMENTO ASFÁLTICO MODIFICADO POR POLÍMERO SBS 65-90","2015-05-01","***","***","***","***",1.7754500000000002,1.7754500000000002]
["CIMENTO ASFÁLTICO MODIFICADO POR POLÍMERO SBS 65-90","2015-06-01","***","***","***",1.7199599999999999,2.1328999999999998,1.9243479495798317]
["CIMENTO ASFÁLTICO MODIFICADO POR POLÍMERO SBS 65-90","2015-07-01","***","***","***",1.7629999999999999,"***",1.7629999999999999]
["CIMENTO ASFÁLTICO MODIFICADO POR POLÍMERO SBS 65-90","2015-08-01","***","***","***",1.7742931465732865,"***",1.7742931465732865]
["CIMENTOS ASFÁLTICOS CAP-150-200","2008-11-01","***","***","***","***","***","***"]
["CIMENTOS ASFÁLTICOS CAP-150-200","2008-12-01","***","***","***","***","***","***"]
["CIMENTOS ASFÁLTICOS CAP-150-200","2009-01-01","***","***","***","***","***","***"]
["CIMENTOS ASFÁLTICOS CAP-150-200","2009-02-01","***","***","***","***","***","***"]
["CIMENTOS ASFÁLTICOS CAP-150-200","2009-03-01","***","***","***","***","***","***"]
["CIMENTOS ASFÁLTICOS CAP-150-200","2009-04-01","***","***","***","***","***","***"]
["CIMENTOS ASFÁLTICOS CAP-150-200","2009-05-01","***","***","***","***","***","***"]
["CIMENTOS ASFÁLTICOS CAP-150-200","2009-06-01","***","***","***","***","***","***"]
["CIMENTOS ASFÁLTICOS CAP-150-200","2009-07-01","***","***","***","***","***","***"]
["CIMENTOS ASFÁLTICOS CAP-150-200","2009-08-01","***","***","***","***","***","***"]
["CIMENTOS ASFÁLTICOS CAP-150-200","2009-09-01","***","***","***","***","***","***"]
["CIMENTOS ASFÁLTICOS CAP-150-200","2009-10-01","***","***","***","***","***","***"]
["CIMENTOS ASFÁLTICOS CAP-150-200","2009-11-01","***","***","***","***","***","***"]
["CIMENTOS ASFÁLTICOS CAP-150-200","2009-12-01","***","***","***","***","***","***"]
["CIMENTOS ASFÁLTICOS CAP-150-200","2010-01-01","***","***","***","***","***","***"]
["CIMENTOS ASFÁLTICOS CAP-150-200","2010-02-01","***","***","***","***","***","***"]
["CIMENTOS ASFÁLTICOS CAP-150-200","2010-03-01","***","***","***","***","***","***"]
["CIMENTOS ASFÁLTICOS CAP-150-200","2010-04-01","***","***","***","***","***","***"]
["CIMENTOS ASFÁLTICOS CAP-150-200","2010-05-01","***","***","***","***","***","***"]
["CIMENTOS ASFÁLTICOS CAP-150-200","2010-06-01","***","***","***","***","***","***"]
["CIMENTOS ASFÁLTICOS CAP-150-200","2010-07-01","***","***","***","***","***","***"]
["CIMENTOS ASFÁLTICOS CAP-150-200","2010-08-01","***","***","***","***","***","***"]
["CIMENTOS ASFÁLTICOS CAP-150-200","2010-09-01","***","***","***","***","***","***"]
["CIMENTOS ASFÁLTICOS CAP-150-200","2010-10-01","***","***","***","***","***","***"]
["CIMENTOS ASFÁLTICOS CAP-150-200","2010-11-01","***","***","***","***","***","***"]
["CIMENTOS ASFÁLTICOS CAP-150-200","2010-12-01","***","***","***","***","***","***"]
["CIMENTOS ASFÁLTICOS CAP-150-200","2011-01-01","***","***","***","***","***","***"]
["CIMENTOS ASFÁLTICOS CAP-150-200","2011-02-01","***","***","***","***","***","***"]
["CIMENTOS ASFÁLTICOS CAP-150-200","2011-03-01","***","***","***","***","***","***"]
["CIMENTOS ASFÁLTICOS CAP-150-200","2011-04-01","***","***","***","***","***","***"]
["CIMENTOS ASFÁLTICOS CAP-150-200","2011-05-01","***","***","***","***","***","***"]
["CIMENTOS ASFÁLTICOS CAP-150-200","2011-06-01","***","***","***","***","***","***"]
["CIMENTOS ASFÁLTICOS CAP-150-200","2011-07-01","***","***","***","***","***","***"]
["CIMENTOS ASFÁLTICOS CAP-150-200","2011-08-01","***","***","***","***","***","***"]
["CIMENTOS ASFÁLTICOS CAP-150-200","2011-09-01","***","***","***","***","***","***"]
["CIMENTOS ASFÁLTICOS CAP-150-200","2011-10-01","***","***","***","***","***","***"]
["CIMENTOS ASFÁLTICOS CAP-150-200","2011-11-01","***","***","***","***","***","***"]
["CIMENTOS ASFÁLTICOS CAP-150-200","2011-12-01","***","***","***","***","***","***"]
["CIMENTOS ASFÁLTICOS CAP-150-200","2012-01-01","***","***","***","***","***","***"]
["CIMENTOS ASFÁLTICOS CAP-150-200","2012-02-01","***","***","***","***","***","***"]
["CIMENTOS ASFÁLTICOS CAP-150-200","2012-03-01","***","***","***","***","***","***"]
["CIMENTOS ASFÁLTICOS CAP-150-200","2012-04-01","***","***","***","***","***","***"]
["CIMENTOS ASFÁLTICOS CAP-150-200","2012-05-01","***","***","***","***","***","***"]
["CIMENTOS ASFÁLTICOS CAP-150-200","2012-06-01","***","***","***","***","***","***"]
["CIMENTOS ASFÁLTICOS CAP-150-200","2012-07-01","***","***","***","***","***","***"]
["CIMENTOS ASFÁLTICOS CAP-150-200","2012-08-01","***","***","***","***","***","***"]
["CIMENTOS ASFÁLTICOS CAP-150-200","2012-09-01","***","***","***","***","***","***"]
["CIMENTOS ASFÁLTICOS CAP-150-200","2012-10-01","***","***","***","***","***","***"]
["CIMENTOS ASFÁLTICOS CAP-150-200","2012-11-01","***","***","***","***","***","***"]
["CIMENTOS ASFÁLTICOS CAP-150-200","2012-12-01","***","***","***","***","***","***"]
["CIMENTOS ASFÁLTICOS CAP-150-200","2013-01-01","***","***","***","***","***","***"]
["CIMENTOS ASFÁLTICOS CAP-150-200","2013-02-01","***","***","***","***","***","***"]
["CIMENTOS ASFÁLTICOS CAP-150-200","2013-03-01","***","***","***","***","***","***"]
["CIMENTOS ASFÁLTICOS CAP-150-200","2013-04-01","***","***","***","***","***","***"]
["CIMENTOS ASFÁLTICOS CAP-150-200","2013-05-01","***","***","***","***","***","***"]
["CIMENTOS ASFÁLTICOS CAP-150-200","2013-06-01","***","***","***","***","***","***"]
["CIMENTOS ASFÁLTICOS CAP-150-200","2013-07-01","***","***","***","***","***","***"]
["CIMENTOS ASFÁLTICOS CAP-150-200","2013-08-01","***","***","***","***","***","***"]
["CIMENTOS ASFÁLTICOS CAP-150-200","2013-09-01","***","***","***","***","***","***"]
["CIMENTOS ASFÁLTICOS CAP-150-200","2013-10-01","***","***","***","***","***","***"]
["CIMENTOS ASFÁLTICOS CAP-150-200","2013-11-01","***","***","***","***","***","***"]
["CIMENTOS ASFÁLTICOS CAP-150-200","2013-12-01","***","***","***","***","***","***"]
["CIMENTOS ASFÁLTICOS CAP-150-200","2014-01-01","***","***","***","***","***","***"]
["CIMENTOS ASFÁLTICOS CAP-150-200","2014-02-01","***","***","***","***","***","***"]
["CIMENTOS ASFÁLTICOS CAP-150-200","2014-03-01","***","***","***","***","***","***"]
["CIMENTOS ASFÁLTICOS CAP-150-200","2014-04-01","***","***","***","***","***","***"]
["CIMENTOS ASFÁLTICOS CAP-150-200","2014-05-01","***","***","***","***","***","***"]
["CIMENTOS ASFÁLTICOS CAP-150-200","2014-06-01","***","***","***","***","***","***"]
["CIMENTOS ASFÁLTICOS CAP-150-200","2014-07-01","***","***","***","***","***","***"]
["CIMENTOS ASFÁLTICOS CAP-150-200","2014-08-01","***","***","***","***","***","***"]
["CIMENTOS ASFÁLTICOS CAP-150-200","2014-09-01","***","***","***","***","***","***"]
["CIMENTOS ASFÁLTICOS CAP-150-200","2014-10-01","***","***","***","***","***","***"]
["CIMENTOS ASFÁLTICOS CAP-150-200","2014-11-01","***","***","***","***","***","***"]
["CIMENTOS ASFÁLTICOS CAP-150-200","2014-12-01","***","***","***","***","***","***"]
["CIMENTOS ASFÁLTICOS CAP-150-200","2015-01-01","***","***","***","***","***","***"]
["CIMENTOS ASFÁLTICOS CAP-150-200","2015-02-01","***","***","***","***","***","***"]
["CIMENTOS ASFÁLTICOS CAP-150-200","2015-03-01","***","***","***","***","***","***"]
["CIMENTOS ASFÁLTICOS CAP-150-200","2015-04-01","***","***","***","***","***","***"]
["CIMENTOS ASFÁLTICOS CAP-150-200","2015-05-01","***","***","***","***","***","***"]
["CIMENTOS ASFÁLTICOS CAP-150-200","2015-06-01","***","***","***","***","***","***"]
["CIMENTOS ASFÁLTICOS CAP-150-200","2015-07-01","***","***","***","***","***","***"]
["CIMENTOS ASFÁLTICOS CAP-150-200","2015-08-01","***","***","***","***","***","***"]
["CIMENTOS ASFÁLTICOS CAP-150-200","2015-09-01","***","***","***","***","***","***"]
["CIMENTOS ASFÁLTICOS CAP-150-200","2015-10-01","***","***","***","***","***","***"]
["CIMENTOS ASFÁLTICOS CAP-150-200","2015-11-01","***","***","***","***","***","***"]
["CIMENTOS ASFÁLTICOS CAP-150-200","2015-12-01","***","***","***","***","***","***"]
["CIMENTOS ASFÁLTICOS CAP-150-200","2016-01-01","***","***","***","***","***","***"]
["CIMENTOS ASFÁLTICOS CAP-150-200","2016-02-01","***","***","***","***","***","***"]
["CIMENTOS ASFÁLTICOS CAP-150-200","2016-03-01","***","***","***","***","***","***"]
["CIMENTOS ASFÁLTICOS CAP-150-200","2016-04-01","***","***","***","***","***","***"]
["CIMENTOS ASFÁLTICOS CAP-150-200","2016-05-01","***","***","***","***","***","***"]
["CIMENTOS ASFÁLTICOS CAP-150-200","2016-06-01","***","***","***","***","***","***"]
["CIMENTOS ASFÁLTICOS CAP-150-200","2016-07-01","***","***","***","***","***","***"]
["CIMENTOS ASFÁLTICOS CAP-150-200","2016-08-01","***","***","***","***","***","***"]
["CIMENTOS ASFÁLTICOS CAP-150-200","2016-09-01","***","***","***","***","***","***"]
["CIMENTOS ASFÁLTICOS CAP-150-200","2016-10-01","***","***","***","***","***","***"]
["CIMENTOS ASFÁLTICOS CAP-150-200","2016-11-01","***","***","***","***","***","***"]
["CIMENTOS ASFÁLTICOS CAP-150-200","2016-12-01","***","***","***","***","***","***"]
["CIMENTOS ASFÁLTICOS CAP-150-200","2017-01-01","***","***","***","***","***","***"]
["CIMENTOS ASFÁLTICOS CAP-150-200","2017-02-01","***","***","***","***","***","***"]
["CIMENTOS ASFÁLTICOS CAP-150-200","2017-03-01","***","***","***","***","***","***"]
["CIMENTOS ASFÁLTICOS CAP-150-200","2017-04-01","***","***","***","***","***","***"]
["CIMENTOS ASFÁLTICOS CAP-150-200","2017-05-01","***","***","***","***","***","***"]
["CIMENTOS ASFÁLTICOS CAP-150-200","2017-06-01","***","***","***","***","***","***"]
["CIMENTOS ASFÁLTICOS CAP-150-200","2017-07-01","***","***","***","***","***","***"]
["CIMENTOS ASFÁLTICOS CAP-150-200","2017-08-01","***","***","***","***","***","***"]
["CIMENTOS ASFÁLTICOS CAP-150-200","2017-09-01","***","***","***","***","***","***"]
["CIMENTOS ASFÁLTICOS CAP-150-200","2017-10-01","***","***","***","***","***","***"]
["CIMENTOS ASFÁLTICOS CAP-150-200","2017-11-01","***","***","***","***","***","***"]
["CIMENTOS ASFÁLTICOS CAP-150-200","2017-12-01","***","***","***","***","***","***"]
["CIMENTOS ASFÁLTICOS CAP-150-200","2018-01-01","***","***","***","***","***","***"]
["CIMENTOS ASFÁLTICOS CAP-150-200","2018-02-01","***","***","***","***","***","***"]
["CIMENTOS ASFÁLTICOS CAP-150-200","2018-03-01","***","***","***","***","***","***"]
["CIMENTOS ASFÁLTICOS CAP-150-200","2018-04-01","***","***","***","***","***","***"]
["CIMENTOS ASFÁLTICOS CAP-150-200","2018-05-01","***","***","***","***","***","***"]
["CIMENTOS ASFÁLTICOS CAP-150-200","2018-06-01","***","***","***","***","***","***"]
["CIMENTOS ASFÁLTICOS CAP-150-200","2018-07-01","***","***","***","***","***","***"]
["CIMENTOS ASFÁLTICOS CAP-150-200","2018-08-01","***","***","***","***","***","***"]
["CIMENTOS ASFÁLTICOS CAP-150-200","2018-09-01","***","***","***","***","***","***"]
["CIMENTOS ASFÁLTICOS CAP-150-200","2018-10-01","***","***","***","***","***","***"]
["CIMENTOS ASFÁLTICOS CAP-150-200","2018-11-01","***","***","***","***","***","***"]
["CIMENTOS ASFÁLTICOS CAP-150-200","2018-12-01","***","***","***","***","***","***"]
["CIMENTOS ASFÁLTICOS CAP-150-200","2019-01-01","***","***","***","***","***","***"]
["CIMENTOS ASFÁLTICOS CAP-150-200","2019-02-01","***","***","***","***","***","***"]
["CIMENTOS ASFÁLTICOS CAP-150-200","2019-03-01","***","***","***","***","***","***"]
["CIMENTOS ASFÁLTICOS CAP-150-200","2019-04-01","***","***","***","***","***","***"]
["CIMENTOS ASFÁLTICOS CAP-150-200","2019-05-01","***","***","***","***","***","***"]
["CIMENTOS ASFÁLTICOS CAP-150-200","2019-06-01","***","***","***","***","***","***"]
["CIMENTOS ASFÁLTICOS CAP-150-200","2019-07-01","***","***","***","***","***","***"]
["CIMENTOS ASFÁLTICOS CAP-150-200","2019-08-01","***","***","***","***","***","***"]
["CIMENTOS ASFÁLTICOS CAP-150-200","2019-09-01","***","***","***","***","***","***"]
["CIMENTOS ASFÁLTICOS CAP-150-200","2019-10-01","***","***","***","***","***","***"]
["CIMENTOS ASFÁLTICOS CAP-150-200","2019-11-01","***","***","***","***","***","***"]
["CIMENTOS ASFÁLTICOS CAP-150-200","2019-12-01","***","***","***","***","***","***"]
["CIMENTOS ASFÁLTICOS CAP-150-200","2020-01-01","***","***","***","***","***","***"]
["CIMENTOS ASFÁLTICOS CAP-150-200","2020-02-01","***","***","***","***","***","***"]
["CIMENTOS ASFÁLTICOS CAP-150-200","2020-03-01","***","***","***","***","***","***"]
["CIMENTOS ASFÁLTICOS CAP-150-200","2020-04-01","***","***","***","***","***","***"]
["CIMENTOS ASFÁLTICOS CAP-150-200","2020-05-01","***","***","***","***","***","***"]
["CIMENTOS ASFÁLTICOS CAP-150-200","2020-06-01","***","***","***","***","***","***"]
["CIMENTOS ASFÁLTICOS CAP-150-200","2020-07-01","***","***","***","***","***","***"]
["CIMENTOS ASFÁLTICOS CAP-150-200","2020-08-01","***","***","***","***","***","***"]
["CIMENTOS ASFÁLTICOS CAP-150-200","2020-09-01","***","***","***","***","***","***"]
["CIMENTOS ASFÁLTICOS CAP-150-200","2020-10-01","***","***","***","***","***","***"]
["CIMENTOS ASFÁLTICOS CAP-150-200","2020-11-01","***","***","***","***","***","***"]
["CIMENTOS ASFÁLTICOS CAP-150-200","2020-12-01","***","***","***","***","***","***"]
["CIMENTOS ASFÁLTICOS CAP-150-200","2021-01-01","***","***","***","***","***","***"]
["CIMENTOS ASFÁLTICOS CAP-150-200","2021-02-01","***","***","***","***","***","***"]
["CIMENTOS ASFÁLTICOS CAP-150-200","2021-03-01","***","***","***","***","***","***"]
["CIMENTOS ASFÁLTICOS CAP-150-200","2021-04-01","***","***","***","***","***","***"]
["CIMENTOS ASFÁLTICOS CAP-150-200","2021-05-01","***","***","***",6.4181100000000004,"***",6.4181100000000004]
["CIMENTOS ASFÁLTICOS CAP-150-200","2021-06-01","***","***","***","***","***","***"]
["CIMENTOS ASFÁLTICOS CAP-150-200","2021-07-01","***","***","***","***","***","***"]
["CIMENTOS ASFÁLTICOS CAP-150-200","2021-08-01","***","***","***","***","***","***"]
["CIMENTOS ASFÁLTICOS CAP-150-200","2021-09-01","***","***","***","***","***","***"]
["CIMENTOS ASFÁLTICOS CAP-150-200","2021-10-01","***","***","***","***","***","***"]
["CIMENTOS ASFÁLTICOS CAP-150-200","2021-11-01","***","***","***","***","***","***"]
["CIMENTOS ASFÁLTICOS CAP-150-200","2021-12-01","***","***","***","***","***","***"]
["CIMENTOS ASFÁLTICOS CAP-150-200","2022-01-01","***","***","***","***","***","***"]
["CIMENTOS ASFÁLTICOS CAP-150-200","2022-02-01","***","***","***","***","***","***"]
["CIMENTOS ASFÁLTICOS CAP-150-200","2022-03-01","***","***","***","***","***","***"]
["CIMENTOS ASFÁLTICOS CAP-150-200","2022-04-01","***","***","***","***","***","***"]
["CIMENTOS ASFÁLTICOS CAP-150-200","2022-05-01","***","***","***","***","***","***"]
["CIMENTOS ASFÁLTICOS CAP-150-200","2022-06-01","***","***","***","***","***","***"]
["CIMENTOS ASFÁLTICOS CAP-150-200","2022-07-01","***","***","***","***","***","***"]
["CIMENTOS ASFÁLTICOS CAP-150-200","2022-08-01","***","***","***","***","***","***"]
["CIMENTOS ASFÁLTICOS CAP-150-200","2022-09-01","***","***","***","***","***","***"]
["CIMENTOS ASFÁLTICOS CAP-150-200","2022-10-01","***","***","***","***","***","***"]
["CIMENTOS ASFÁLTICOS CAP-150-200","2022-11-01","***","***","***",7.2317600000000004,"***",7.2317600000000004]
["CIMENTOS ASFÁLTICOS CAP-150-200","2022-12-01","***","***","***","***","***","***"]
["CIMENTOS ASFÁLTICOS CAP-150-200","2023-01-01","***","***","***","***","***","***"]
["CIMENTOS ASFÁLTICOS CAP-150-200","2023-02-01","***","***","***","***","***","***"]
["CIMENTOS ASFÁLTICOS CAP-150-200","2023-03-01","***","***","***","***","***","***"]
["CIMENTOS ASFÁLTICOS CAP-150-200","2023-04-01","***","***","***","***","***","***"]
["CIMENTOS ASFÁLTICOS CAP-150-200","2023-05-01","***","***","***","***","***","***"]
["CIMENTOS ASFÁLTICOS CAP-150-200","2023-06-01","***","***","***","***","***","***"]
["CIMENTOS ASFÁLTICOS CAP-150-200","2023-07-01","***","***","***","***","***","***"]
["CIMENTOS ASFÁLTICOS CAP-150-200","2023-08-01","***","***","***","***","***","***"]
["CIMENTOS ASFÁLTICOS CAP-150-200","2023-09-01","***","***","***","***","***","***"]
["CIMENTOS ASFÁLTICOS CAP-150-200","2023-10-01","***","***","***","***","***","***"]
["CIMENTOS ASFÁLTICOS CAP-150-200","2023-11-01","***","***","***","***","***","***"]
["CIMENTOS ASFÁLTICOS CAP-150-200","2023-12-01","***","***","***","***","***","***"]
["CIMENTOS ASFÁLTICOS CAP-150-200","2024-01-01","***","***","***","***","***","***"]
["CIMENTOS ASFÁLTICOS CAP-150-200","2024-02-01","***","***","***","***","***","***"]
["CIMENTOS ASFÁLTICOS CAP-150-200","2024-03-01","***","***","***","***","***","***"]
["CIMENTOS ASFÁLTICOS CAP-150-200","2024-04-01","***","***","***","***","***","***"]
["CIMENTOS ASFÁLTICOS CAP-150-200","2024-05-01","***","***","***","***","***","***"]
["CIMENTOS ASFÁLTICOS CAP-150-200","2024-06-01","***","***","***","***","***","***"]
["CIMENTOS ASFÁLTICOS CAP-150-200","2024-07-01","***","***","***","***","***","***"]
["CIMENTOS ASFÁLTICOS CAP-30-45","2008-11-01","***","***",2.202,0.96389878550085295,"***",0.96845674115569891]
["CIMENTOS ASFÁLTICOS CAP-30-45","2008-12-01","***","***","***",1.0096355085676287,"***",1.0096355085676287]
["CIMENTOS ASFÁLTICOS CAP-30-45","2009-01-01","***","***","***",0.90312768950474787,0.90890000000000004,0.90315261114342826]
["CIMENTOS ASFÁLTICOS CAP-30-45","2009-02-01","***","***","***",0.95408041011695011,"***",0.95408041011695011]
["CIMENTOS ASFÁLTICOS CAP-30-45","2009-03-01","***","***",1.2091621142564983,0.969488387405673,"***",0.98341130518243203]
["CIMENTOS ASFÁLTICOS CAP-30-45","2009-04-01","***","***",1.2592016208580439,0.9653514425145423,"***",0.9856917687129424]
["CIMENTOS ASFÁLTICOS CAP-30-45","2009-05-01","***","***",1.3017948047023307,0.9390335318817481,"***",0.96651429785302545]
["CIMENTOS ASFÁLTICOS CAP-30-45","2009-06-01","***","***",1.2924647285516548,0.91557454324125842,0.88366999999999996,0.9774661723595347]
["CIMENTOS ASFÁLTICOS CAP-30-45","2009-07-01",1.1983279291325424,"***",1.3162235749754951,1.0332699580752742,"***",1.0809272160906338]
["CIMENTOS ASFÁLTICOS CAP-30-45","2009-08-01",1.1425218841183826,"***",1.2914152885920664,0.94287912663724083,"***",0.99329363368317469]
["CIMENTOS ASFÁLTICOS CAP-30-45","2009-09-01",1.2179708502024291,"***",1.2733065313666061,0.95338647211387628,"***",1.016009727863405]
["CIMENTOS ASFÁLTICOS CAP-30-45","2009-10-01",1.1499900000000001,"***",1.3229985388633532,0.92445890217072479,0.90933990139109,1.0011250271507404]
["CIMENTOS ASFÁLTICOS CAP-30-45","2009-11-01",1.1455082054654391,0.92451993220216944,1.3000044142473726,0.92629696920978677,0.8655433723429663,0.97250195935376071]
["CIMENTOS ASFÁLTICOS CAP-30-45","2009-12-01",1.1418454485199971,"***",1.4794440377275715,0.97485862530318201,0.88864667686154564,0.9834314802968287]
["CIMENTOS ASFÁLTICOS CAP-30-45","2010-01-01",1.1327789624486604,"***",1.4777370874757705,0.93215318715670603,0.88842589522164661,0.94381773411585568]
["CIMENTOS ASFÁLTICOS CAP-30-45","2010-02-01",1.1441124987907516,"***",1.4677596757472788,0.9121543608355378,0.90126464215742774,0.92316997347175667]
["CIMENTOS ASFÁLTICOS CAP-30-45","2010-03-01",1.1405155319148936,"***",1.4205266495058486,0.90919240101119947,0.89570478428739309,0.92373510208075282]
["CIMENTOS ASFÁLTICOS CAP-30-45","2010-04-01",1.1443719701503043,"***",1.4627361365769516,0.9167226347684958,0.89346406072106266,0.92639350600934467]
["CIMENTOS ASFÁLTICOS CAP-30-45","2010-05-01",1.1417957860310919,"***","***",0.89498261321551742,0.88290000000000002,0.89676391266000621]
["CIMENTOS ASFÁLTICOS CAP-30-45","2010-06-01",0.93678558539508006,"***","***",0.8863714107791073,0.88685837633067999,0.88686164277118007]
["CIMENTOS ASFÁLTICOS CAP-30-45","2010-07-01",0.9121474590273152,"***","***",0.87158579567693806,0.96454826648538416,0.87197297593852807]
["CIMENTOS ASFÁLTICOS CAP-30-45","2010-08-01",0.91643472931962799,"***","***",0.86740075124328675,0.95063486967874289,0.86910649157224773]
["CIMENTOS ASFÁLTICOS CAP-30-45","2010-09-01",0.90718200800776505,"***","***",0.8627940222671544,0.95985513380601084,0.86450117298625906]
["CIMENTOS ASFÁLTICOS CAP-30-45","2010-10-01",0.98383149931168523,"***","***",0.89562248488449436,0.97526209593634161,0.89760032311158622]
["CIMENTOS ASFÁLTICOS CAP-30-45","2010-11-01",1.1562939228974558,"***","***",0.91140317675339311,"***",0.91262877329399739]
["CIMENTOS ASFÁLTICOS CAP-30-45","2010-12-01",1.2108562401491401,"***","***",0.91775743823208666,1.115,0.92012815641003765]
["CIMENTOS ASFÁLTICOS CAP-30-45","2011-01-01",1.1575427790802524,"***","***",0.91221318617782177,"***",0.91305628374382519]
["CIMENTOS ASFÁLTICOS CAP-30-45","2011-02-01",1.1853278507348732,"***","***",0.8866836683224586,"***",0.88754358404090872]
["CIMENTOS ASFÁLTICOS CAP-30-45","2011-03-01","***","***","***",0.86643167188030989,"***",0.86643167188030989]
["CIMENTOS ASFÁLTICOS CAP-30-45","2011-04-01","***","***","***",0.85190050777375126,"***",0.85190050777375126]
["CIMENTOS ASFÁLTICOS CAP-30-45","2011-05-01",1.1499900000000001,"***","***",0.8449292999098601,"***",0.84525819797462698]
["CIMENTOS ASFÁLTICOS CAP-30-45","2011-06-01",1.1219149829437778,"***","***",0.83361859559768159,"***",0.83434709813237584]
["CIMENTOS ASFÁLTICOS CAP-30-45","2011-07-01",0.87477161442307683,"***","***",0.83638682639756956,0.87853358875042109,0.83664383580805668]
["CIMENTOS ASFÁLTICOS CAP-30-45","2011-08-01",0.97814035014951295,"***","***",0.83792330514374114,0.87855069314349954,0.83924372574474571]
["CIMENTOS ASFÁLTICOS CAP-30-45","2011-09-01",1.0348991491174679,"***",1.2137,0.83507073984052205,0.87861915736346019,0.83817920650331679]
["CIMENTOS ASFÁLTICOS CAP-30-45","2011-10-01",1.0822499999999999,"***","***",0.83397037589623235,0.86319999999999997,0.83588148750095237]
["CIMENTOS ASFÁLTICOS CAP-30-45","2011-11-01",1.0822499999999999,"***","***",0.83073618965208951,0.86180000000000001,0.83217915346958149]
["CIMENTOS ASFÁLTICOS CAP-30-45","2011-12-01",0.87485000000000002,"***",1.0307999999999999,0.83025514296535508,0.94277999999999995,0.83068396005937728]
["CIMENTOS ASFÁLTICOS CAP-30-45","2012-01-01","***","***",1.034,0.83198640965103643,"***",0.83230224546898857]
["CIMENTOS ASFÁLTICOS CAP-30-45","2012-02-01","***","***",1.0352627540264778,0.83940208733302435,"***",0.84035969542097211]
["CIMENTOS ASFÁLTICOS CAP-30-45","2012-03-01",1.1415730218111542,"***",1.0333519829082654,0.85391003129658372,0.81542999999999999,0.85505706895701483]
["CIMENTOS ASFÁLTICOS CAP-30-45","2012-04-01","***","***",1.1080932106164383,0.86021770894794702,0.82633000000000001,0.86174695820497793]
["CIMENTOS ASFÁLTICOS CAP-30-45","2012-05-01",1.1564000000000001,"***",1.0928641756506217,0.86322191371031787,"***",0.86477360992484931]
["CIMENTOS ASFÁLTICOS CAP-30-45","2012-06-01","***","***",1.0942866042385411,0.86763749884787278,"***",0.86919341941932571]
["CIMENTOS ASFÁLTICOS CAP-30-45","2012-07-01","***","***",1.0966112444961371,0.86694574332193364,0.73311000000000004,0.86926138849551249]
["CIMENTOS ASFÁLTICOS CAP-30-45","2012-08-01","***","***",1.109068670321141,0.86912210655547795,"***",0.87047870373846858]
["CIMENTOS ASFÁLTICOS CAP-30-45","2012-09-01","***","***",1.0989199999999999,0.87404959699900908,0.73310999999999993,0.87351714016107185]
["CIMENTOS ASFÁLTICOS CAP-30-45","2012-10-01","***","***",1.120726317116878,0.87192522158921615,0.92335999999999985,0.87330993620751862]
["CIMENTOS ASFÁLTICOS CAP-30-45","2012-11-01","***","***",1.0935926746445739,0.88025317895736077,"***",0.88101317101768672]
["CIMENTOS ASFÁLTICOS CAP-30-45","2012-12-01","***","***",1.0942082618412068,0.87335111488523343,"***",0.87532681081000019]
["CIMENTOS ASFÁLTICOS CAP-30-45","2013-01-01","***","***",1.1126097397124444,0.86326126378558143,"***",0.86544014844190353]
["CIMENTOS ASFÁLTICOS CAP-30-45","2013-02-01","***","***","***",0.86810117121312724,"***",0.86810117121312724]
["CIMENTOS ASFÁLTICOS CAP-30-45","2013-03-01","***","***",1.0839799999999999,0.88674808734508548,"***",0.8871184155352998]
["CIMENTOS ASFÁLTICOS CAP-30-45","2013-04-01","***","***",1.0961563408896493,0.88448780846965769,"***",0.88523000996176338]
["CIMENTOS ASFÁLTICOS CAP-30-45","2013-05-01","***","***",1.1580256081215108,0.88689324560272076,"***",0.89340757516218638]
["CIMENTOS ASFÁLTICOS CAP-30-45","2013-06-01","***","***",1.0315984161521945,0.87332669843222344,"***",0.87706194722002417]
["CIMENTOS ASFÁLTICOS CAP-30-45","2013-07-01","***","***",1.1397635040159273,0.88105531667051185,"***",0.88759398367491382]
["CIMENTOS ASFÁLTICOS CAP-30-45","2013-08-01","***","***",1.1374981163451809,0.88988045249583847,0.96648385928821234,0.89673800084069433]
["CIMENTOS ASFÁLTICOS CAP-30-45","2013-09-01","***","***",1.1688582059518116,0.90564083949887542,"***",0.91710529604764124]
["CIMENTOS ASFÁLTICOS CAP-30-45","2013-10-01","***","***",1.1241316750198971,0.89339101584518432,"***",0.89910003852175069]
["CIMENTOS ASFÁLTICOS CAP-30-45","2013-11-01","***","***",1.1345695786622871,0.90200024319615169,"***",0.91290723735620116]
["CIMENTOS ASFÁLTICOS CAP-30-45","2013-12-01","***","***",1.0421830456920553,0.91214753923202607,1.0627200000000001,0.91570171921368948]
["CIMENTOS ASFÁLTICOS CAP-30-45","2014-01-01","***","***",1.1475820718796796,0.91088946236607116,1.0039461772876506,0.91843687568522692]
["CIMENTOS ASFÁLTICOS CAP-30-45","2014-02-01","***","***",1.0527563471958818,0.91579669277223186,1.0627200000000001,0.91776396306562558]
["CIMENTOS ASFÁLTICOS CAP-30-45","2014-03-01","***","***",1.118367274284316,0.9137732736248827,1.0627200000000001,0.91879709265568532]
["CIMENTOS ASFÁLTICOS CAP-30-45","2014-04-01","***","***",1.0756725302515024,0.90677938434455585,1.0627200000000001,0.91227790960539823]
["CIMENTOS ASFÁLTICOS CAP-30-45","2014-05-01","***","***",1.0755260311466264,0.90279709829397314,1.0627200000000001,0.91264641134677815]
["CIMENTOS ASFÁLTICOS CAP-30-45","2014-06-01","***","***",1.1218797036496888,0.89763499299156602,"***",0.91526791658935525]
["CIMENTOS ASFÁLTICOS CAP-30-45","2014-07-01","***","***",1.0594807753879203,0.89399277921585951,"***",0.90503382127052701]
["CIMENTOS ASFÁLTICOS CAP-30-45","2014-08-01","***","***",1.0931281678590601,0.89302351524009471,0.92156000000000016,0.91097459811152315]
["CIMENTOS ASFÁLTICOS CAP-30-45","2014-09-01","***","***",1.2093996899954327,0.90881813675403567,0.92156000000000016,0.9330361210419178]
["CIMENTOS ASFÁLTICOS CAP-30-45","2014-10-01","***","***",1.126023363718347,0.87978324033651167,1.0627200000000001,0.89565631357819886]
["CIMENTOS ASFÁLTICOS CAP-30-45","2014-11-01","***","***",1.1310787058454315,0.90050182576729332,1.0627200000000001,0.91621100269825062]
["CIMENTOS ASFÁLTICOS CAP-30-45","2014-12-01","***","***",1.2094707723841531,1.0061659133531129,"***",1.0174715846259297]
["CIMENTOS ASFÁLTICOS CAP-30-45","2015-01-01",1.5476000000000001,"***",1.4789824211477973,1.1831388346140339,"***",1.2079291165799595]
["CIMENTOS ASFÁLTICOS CAP-30-45","2015-02-01",1.5935999999999999,"***",1.4524657730446517,1.1903404196706422,"***",1.2011704656910502]
["CIMENTOS ASFÁLTICOS CAP-30-45","2015-03-01","***","***",1.4917478117518004,1.1863207832165119,0.92156000000000005,1.1991598829148478]
["CIMENTOS ASFÁLTICOS CAP-30-45","2015-04-01",1.3197000000000001,"***",1.3712196920393838,1.1669043821396738,1.1910999999999998,1.1707781213587753]
["CIMENTOS ASFÁLTICOS CAP-30-45","2015-05-01",1.2819350000000003,"***",1.2496642688448607,1.1716586894246632,"***",1.1758068625912648]
["CIMENTOS ASFÁLTICOS CAP-30-45","2015-06-01",1.3191200000000001,"***",1.3000260757632787,1.1597163765942815,"***",1.1656925379042655]
["CIMENTOS ASFÁLTICOS CAP-30-45","2015-07-01","***","***",1.2295591771103487,1.1498034919305045,1.1802999999999999,1.1541518555075092]
["CIMENTOS ASFÁLTICOS CAP-30-45","2015-08-01","***","***",1.2532767878528654,1.1488727950324293,1.1800126075658894,1.1541504011628865]
["CIMENTOS ASFÁLTICOS CAP-30-45","2015-09-01","***","***",1.3990007906656616,1.2213810452231366,1.2650800398465174,1.2314175120453796]
["CIMENTOS ASFÁLTICOS CAP-30-45","2015-10-01","***","***",1.443635030876363,1.2897214195995681,1.2984122856411568,1.2949785780044125]
["CIMENTOS ASFÁLTICOS CAP-30-45","2015-11-01","***","***",1.6947009388196914,1.4554257912241382,1.443783473056794,1.4621579789471342]
["CIMENTOS ASFÁLTICOS CAP-30-45","2015-12-01","***","***",1.7589037895383632,1.4723164948417438,1.4418261947454589,1.4766134875542452]
["CIMENTOS ASFÁLTICOS CAP-30-45","2016-01-01","***","***",1.7401016234422364,1.4709350978552804,1.4428172201022975,1.4718107846909161]
["CIMENTOS ASFÁLTICOS CAP-30-45","2016-02-01","***","***",1.6206697336199285,1.4655615129353645,1.4466349107314262,1.4669560554206267]
["CIMENTOS ASFÁLTICOS CAP-30-45","2016-03-01","***","***",1.5191637115198755,1.4681515467504698,1.4417528771730261,1.4688625342593586]
["CIMENTOS ASFÁLTICOS CAP-30-45","2016-04-01",1.6218399999999999,"***",1.7364547002332618,1.6167903153688672,1.6047846901640666,1.621627991272135]
["CIMENTOS ASFÁLTICOS CAP-30-45","2016-05-01",1.6218399999999999,"***",1.7533678801851769,1.6293389247825596,1.5871641613550143,1.6337069470239136]
["CIMENTOS ASFÁLTICOS CAP-30-45","2016-06-01","***","***",1.733242216322455,1.6317999569489499,1.6465775691492224,1.6381724612254234]
["CIMENTOS ASFÁLTICOS CAP-30-45","2016-07-01","***","***",1.7055866667248345,1.6383546215644806,1.678292250378548,1.6440729072855123]
["CIMENTOS ASFÁLTICOS CAP-30-45","2016-08-01","***","***",1.6663998857082323,1.6387239626262509,1.6350477030755379,1.6411678507476488]
["CIMENTOS ASFÁLTICOS CAP-30-45","2016-09-01","***","***",1.6046551414419903,1.5231140587310765,1.5326052893139017,1.5339610471851866]
["CIMENTOS ASFÁLTICOS CAP-30-45","2016-10-01",1.6735766502463054,"***",1.5773045588340349,1.4982071816986724,1.5383756980357686,1.5132775368772957]
["CIMENTOS ASFÁLTICOS CAP-30-45","2016-11-01","***","***",1.6380838464506422,1.4920079603645255,1.4957786042135404,1.5072778326022582]
["CIMENTOS ASFÁLTICOS CAP-30-45","2016-12-01","***","***",1.5144316757992191,1.4683557268268475,1.5471362886522191,1.4791328724744097]
["CIMENTOS ASFÁLTICOS CAP-30-45","2017-01-01",1.62096,"***",1.4978829866506864,1.4437797776518029,1.5408481562981815,1.4580894500009682]
["CIMENTOS ASFÁLTICOS CAP-30-45","2017-02-01","***","***",1.5932058169169234,1.4381285646787447,1.4947187551045313,1.4583774254740798]
["CIMENTOS ASFÁLTICOS CAP-30-45","2017-03-01",1.6719999999999999,"***",1.503729533588412,1.4355240878982125,1.4720203543193637,1.4452006217291478]
["CIMENTOS ASFÁLTICOS CAP-30-45","2017-04-01","***","***",1.4991807019742887,1.3828354104711336,1.4307786219562451,1.3996932664310946]
["CIMENTOS ASFÁLTICOS CAP-30-45","2017-05-01","***",1.3877342027183361,1.4911717459550751,1.3481409117494374,1.4063853766970464,1.3723398616314999]
["CIMENTOS ASFÁLTICOS CAP-30-45","2017-06-01",1.1928964462327967,1.4375421787105147,1.540286447605268,1.3617663931251867,1.4154846208395953,1.4005314147112784]
["CIMENTOS ASFÁLTICOS CAP-30-45","2017-07-01",1.3884262886433232,1.3858763071259006,1.5496459818109134,1.3658860226677434,1.3878180811259939,1.4015309321689344]
["CIMENTOS ASFÁLTICOS CAP-30-45","2017-08-01",1.4416948389489952,1.3736269219556372,1.4813723681895563,1.3594734118455321,1.3820177097557558,1.383176491798298]
["CIMENTOS ASFÁLTICOS CAP-30-45","2017-09-01",1.4774604252639434,1.4207683494939756,1.5448769848375781,1.3625638924139833,1.3921079098528923,1.3988892826808061]
["CIMENTOS ASFÁLTICOS CAP-30-45","2017-10-01",1.5351341629216142,1.4319901958504988,1.558736843591215,1.3903729939835083,1.4145480796768597,1.4251961042222401]
["CIMENTOS ASFÁLTICOS CAP-30-45","2017-11-01",1.4111836701882208,1.5713555402196702,1.6313413733281281,1.511291559194794,1.5492650476003826,1.5424695028042981]
["CIMENTOS ASFÁLTICOS CAP-30-45","2017-12-01",1.3932608583056978,1.567231485236861,1.6239610354677454,1.5359360368211539,1.5154918622795748,1.540247065719399]
["CIMENTOS ASFÁLTICOS CAP-30-45","2018-01-01",1.6476915690013041,1.6565482133467859,1.7210476510494954,1.6345102992524556,1.5560483995851249,1.6320460077652261]
["CIMENTOS ASFÁLTICOS CAP-30-45","2018-02-01",1.5207832253618192,1.6848502998502819,1.7109770876493224,1.6502653481033869,1.609484265298015,1.6487470301498095]
["CIMENTOS ASFÁLTICOS CAP-30-45","2018-03-01",1.491580158315178,1.6337909705925402,1.6447670189290815,1.6423356303771297,1.6094138275855994,1.6337427130144104]
["CIMENTOS ASFÁLTICOS CAP-30-45","2018-04-01",1.5350898668579127,1.6156584535958651,1.7219590321378506,1.582955638893307,1.5887633107008443,1.5957276371174169]
["CIMENTOS ASFÁLTICOS CAP-30-45","2018-05-01",1.6376558328131312,1.6812811383091628,1.8706448195821743,1.7191927945352512,1.7530972446643402,1.7327933643779989]
["CIMENTOS ASFÁLTICOS CAP-30-45","2018-06-01",1.8336274699343025,1.827537701612685,1.9932059993415836,1.8084922918920414,1.788995438204162,1.8325081297335521]
["CIMENTOS ASFÁLTICOS CAP-30-45","2018-07-01",1.7835403091787443,1.9503305153859225,2.0517924572644537,1.9350421976910559,1.9400145321501541,1.9501163059778668]
["CIMENTOS ASFÁLTICOS CAP-30-45","2018-08-01",1.8515338092195663,2.0970565219905164,2.276089913909626,2.1250608780663995,2.0844227507822755,2.12587811576467]
["CIMENTOS ASFÁLTICOS CAP-30-45","2018-09-01",1.8759813773982819,2.1222184952154386,2.2980150933476593,2.1623097115162091,2.1335432695848788,2.1598957858443106]
["CIMENTOS ASFÁLTICOS CAP-30-45","2018-10-01",2.0102612252088106,2.0943308860278491,2.1893098823558561,2.1812424332326543,2.2231288313716457,2.1666816275572258]
["CIMENTOS ASFÁLTICOS CAP-30-45","2018-11-01",2.2499273327196208,2.467134473990793,2.6231582693347923,2.4524434010275327,2.4637502365755037,2.4600656174966669]
["CIMENTOS ASFÁLTICOS CAP-30-45","2018-12-01",2.1946256801312605,2.4114492872033919,2.4944467619330344,2.4846401051421196,2.5259009497975264,2.4791962391879383]
["CIMENTOS ASFÁLTICOS CAP-30-45","2019-01-01",2.1719482325334449,2.3904946342152442,2.6067390324531954,2.4580470326185537,2.4981693280282999,2.462996179918346]
["CIMENTOS ASFÁLTICOS CAP-30-45","2019-02-01",2.487649734317237,2.5380220692080049,2.7157118300450254,2.6695284653977458,2.7445422570056799,2.6634013867069153]
["CIMENTOS ASFÁLTICOS CAP-30-45","2019-03-01",2.3374180074904194,2.5497505855969091,2.8721549703388689,2.6691157754951504,2.6913096547186193,2.6752786837826901]
["CIMENTOS ASFÁLTICOS CAP-30-45","2019-04-01",2.4543348176726818,2.5871013665182452,2.903504849499682,2.6731510743934792,2.7811138038989256,2.6959982813730003]
["CIMENTOS ASFÁLTICOS CAP-30-45","2019-05-01",2.2983703391820138,2.5964453978923867,2.8723715109593901,2.6876189305966105,2.787929340060634,2.7041945068215179]
["CIMENTOS ASFÁLTICOS CAP-30-45","2019-06-01",2.4379393811291683,2.5312102251240969,2.9418021928178271,2.6577845500934179,2.7737744884529585,2.7044633325711205]
["CIMENTOS ASFÁLTICOS CAP-30-45","2019-07-01",2.3901375469824955,2.5151906620235396,2.9600930635828724,2.6722754481992887,2.7556905584825238,2.6992101400604587]
["CIMENTOS ASFÁLTICOS CAP-30-45","2019-08-01",2.1977314172692632,2.3098604186648646,2.7087069498684011,2.4541473948861134,2.5378288443646846,2.4818408862472676]
["CIMENTOS ASFÁLTICOS CAP-30-45","2019-09-01",2.1307806560495659,2.3214022616986059,2.6917983255897733,2.4380465113080461,2.5297096280901603,2.4629840761999282]
["CIMENTOS ASFÁLTICOS CAP-30-45","2019-10-01",2.2474774518774323,2.3491677587854678,2.6948092754378852,2.4738825270552747,2.4813678752790884,2.4752250662286315]
["CIMENTOS ASFÁLTICOS CAP-30-45","2019-11-01",2.067977100756599,2.4090164372320646,2.7281502466107246,2.5423896208187049,2.5370655123381023,2.5280893569857685]
["CIMENTOS ASFÁLTICOS CAP-30-45","2019-12-01",2.0472294777653426,2.3596118754009128,2.7938789404352251,2.5506304123395727,2.50490399545096,2.5228359815960815]
["CIMENTOS ASFÁLTICOS CAP-30-45","2020-01-01",2.1168232528375213,2.3939028230092054,2.9000756703802844,2.5499748737291572,2.6045780201632418,2.540812459633754]
["CIMENTOS ASFÁLTICOS CAP-30-45","2020-02-01",2.0373928330178042,2.226411747798962,2.6091894054416005,2.3459006092633574,2.3795526333042503,2.3408255501688959]
["CIMENTOS ASFÁLTICOS CAP-30-45","2020-03-01",1.8789610853459127,2.1873698981501555,2.501807910126534,2.3410578401067066,2.3490944205222735,2.3211658798005281]
["CIMENTOS ASFÁLTICOS CAP-30-45","2020-04-01",1.8378897980997622,2.1612196169412701,2.4384086992003566,2.3045937303344841,2.3041973445100421,2.2924943276619993]
["CIMENTOS ASFÁLTICOS CAP-30-45","2020-05-01",2.0522176802602532,2.1252518077088602,2.4698937216243002,2.3173203301913121,2.3746367538734852,2.3105744759872446]
["CIMENTOS ASFÁLTICOS CAP-30-45","2020-06-01",2.0614990509379303,2.166315101787375,2.4457148297142255,2.2961935441919898,2.3914368451534371,2.3010076269484525]
["CIMENTOS ASFÁLTICOS CAP-30-45","2020-07-01",2.055494394882837,2.1640442215858249,2.4335703787523069,2.2979703952265593,2.3873226063181399,2.2939572654147558]
["CIMENTOS ASFÁLTICOS CAP-30-45","2020-08-01",2.2180138910270846,2.264861248238629,2.5793817661334071,2.4143540351426607,2.499962166759381,2.4070441389501145]
["CIMENTOS ASFÁLTICOS CAP-30-45","2020-09-01",2.1856712068342778,2.3238098055489838,2.613494058398905,2.4114040079933305,2.4645739773129045,2.4120117967003187]
["CIMENTOS ASFÁLTICOS CAP-30-45","2020-10-01",2.0923131978464657,2.3199381622544566,2.6310141112619609,2.433140258093804,2.4822316269216933,2.430708452761444]
["CIMENTOS ASFÁLTICOS CAP-30-45","2020-11-01",2.3139704845609481,2.4969735593468227,2.7637683227614294,2.6207119850201575,2.7073638589552202,2.6184578769840914]
["CIMENTOS ASFÁLTICOS CAP-30-45","2020-12-01",2.4520753664454431,"***",2.8173408138434834,2.5323478281875635,2.6066673517698011,2.5584373972765158]
["CIMENTOS ASFÁLTICOS CAP-30-45","2021-01-01",2.5732002442783997,"***",2.7031123347298331,2.5776982723268764,3.2358810219700662,2.601142740405157]
["CIMENTOS ASFÁLTICOS CAP-30-45","2021-02-01","***","***",2.797607010164409,2.839991403679333,3.2993265326276511,2.8431600586185755]
["CIMENTOS ASFÁLTICOS CAP-30-45","2021-03-01","***","***",2.851615649086674,2.8418649817622552,3.4076443931773208,2.8594615289257836]
["CIMENTOS ASFÁLTICOS CAP-30-45","2021-04-01","***","***",2.9539002065947391,2.8615062174872414,3.4491545325394815,2.8899094397810163]
["CIMENTOS ASFÁLTICOS CAP-30-45","2021-05-01","***","***",3.4424206419714181,3.4946755641262071,3.8990453571684967,3.4880048604229317]
["CIMENTOS ASFÁLTICOS CAP-30-45","2021-06-01",3.3012637347410094,"***",3.4260876515724448,3.5003204690754841,4.2544027379540799,3.503158103515529]
["CIMENTOS ASFÁLTICOS CAP-30-45","2021-07-01","***","***",3.5858127603798344,3.5366103741643045,3.9937766570642359,3.5478621828559285]
["CIMENTOS ASFÁLTICOS CAP-30-45","2021-08-01",3.13307,3.5390466688438926,3.7062241755769896,3.6894057164706573,4.0007530944444447,3.6922687013283659]
["CIMENTOS ASFÁLTICOS CAP-30-45","2021-09-01","***","***",3.6148760529848656,3.6845640925931273,3.7792582793791576,3.6738595602718811]
["CIMENTOS ASFÁLTICOS CAP-30-45","2021-10-01",3.41161,"***",3.5771676121935698,3.6697960476056699,3.5521616288372093,3.6539624810654439]
["CIMENTOS ASFÁLTICOS CAP-30-45","2021-11-01",3.7868880915800571,"***",4.0105582319407622,4.0174905618743004,4.7354179379277301,4.0241044347782609]
["CIMENTOS ASFÁLTICOS CAP-30-45","2021-12-01",3.5705,"***",4.1179092742642345,4.0288180521123014,4.1219880159036766,4.0360205065118118]
["CIMENTOS ASFÁLTICOS CAP-30-45","2022-01-01",3.823030000000001,"***",3.9163155203085975,4.0633324824494412,4.0234862916517375,4.0513571258310321]
["CIMENTOS ASFÁLTICOS CAP-30-45","2022-02-01",4.2186818703009576,"***",4.332309016376664,4.3340586646880199,4.8795526919817434,4.3339228362844642]
["CIMENTOS ASFÁLTICOS CAP-30-45","2022-03-01",4.3115555930387437,"***",4.3120532329331329,4.3648103858356357,4.6404149167568329,4.3597932011143845]
["CIMENTOS ASFÁLTICOS CAP-30-45","2022-04-01",4.1670056519355194,"***",4.7773250056806802,4.5184130406569212,4.645853301926663,4.5571931202116351]
["CIMENTOS ASFÁLTICOS CAP-30-45","2022-05-01",4.0886530293407422,"***",4.6237715768539855,4.4214617829770129,4.5072363450878639,4.4457418487702656]
["CIMENTOS ASFÁLTICOS CAP-30-45","2022-06-01",4.0256489360741545,"***",4.4687705649689384,4.4243574666988694,4.6000131542691411,4.4255082694288674]
["CIMENTOS ASFÁLTICOS CAP-30-45","2022-07-01",4.0883708830075474,"***",4.6933856777591894,4.4564854649055494,4.8369036733540183,4.4889436361082256]
["CIMENTOS ASFÁLTICOS CAP-30-45","2022-08-01",3.9438678124013054,"***",4.5792503871140244,4.2824433090519092,4.6279515637071418,4.3329766236538276]
["CIMENTOS ASFÁLTICOS CAP-30-45","2022-09-01",3.9329001466147564,"***",4.4003335774797003,4.0536042796840794,5.06960694058741,4.1215888349065919]
["CIMENTOS ASFÁLTICOS CAP-30-45","2022-10-01",3.6609896740954246,3.8188300000000002,4.0447564099401276,3.6282539341325646,4.5973336639490583,3.7003366665046351]
["CIMENTOS ASFÁLTICOS CAP-30-45","2022-11-01",3.6987617363462086,3.8242800000000003,4.0644587018114331,3.6125027140522441,4.7007613094364027,3.6911023839087376]
["CIMENTOS ASFÁLTICOS CAP-30-45","2022-12-01",3.2604870028937576,3.8592100000000005,3.8759141146761067,3.5899687194091103,4.7159500000000003,3.639500631614438]
["CIMENTOS ASFÁLTICOS CAP-30-45","2023-01-01",3.1283264961957533,"***",3.8962827351976959,3.4730745998984931,4.4178756779039574,3.5370266216042325]
["CIMENTOS ASFÁLTICOS CAP-30-45","2023-02-01",3.0192639761753721,"***",3.8398551501123528,3.3649234580046787,4.2690359072561064,3.4255517472290133]
["CIMENTOS ASFÁLTICOS CAP-30-45","2023-03-01",3.011321122442804,"***",3.5059096487254977,3.2119828747211896,4.2052676030557175,3.2654353976990338]
["CIMENTOS ASFÁLTICOS CAP-30-45","2023-04-01",3.9201921705349139,"***",3.4449413712836869,3.2032941126453101,4.0896218706520058,3.2769258697708756]
["CIMENTOS ASFÁLTICOS CAP-30-45","2023-05-01",3.290546204280361,"***",3.5601331506144867,3.1421904867987198,4.0717008450879275,3.2301441312397836]
["CIMENTOS ASFÁLTICOS CAP-30-45","2023-06-01",3.192112255667197,"***",3.5697929582624575,3.1527881788446077,3.6930170765315524,3.2338957150516237]
["CIMENTOS ASFÁLTICOS CAP-30-45","2023-07-01",3.1687063561326565,4.1558000000000002,3.5176021310000691,3.0671616527539523,3.7299637315243475,3.1381258551121514]
["CIMENTOS ASFÁLTICOS CAP-30-45","2023-08-01",3.5698996008643489,2.714,3.4661020638130431,3.059685837156068,3.3501970328464865,3.1581147818625168]
["CIMENTOS ASFÁLTICOS CAP-30-45","2023-09-01",3.8033632283698666,"***",3.619219726590706,3.3147911815909441,3.2872254382554655,3.3925147036236187]
["CIMENTOS ASFÁLTICOS CAP-30-45","2023-10-01",3.7600330581866497,3.3619629565299696,3.8200223276478678,3.3105228697941458,3.3518664634330393,3.4367387505640097]
["CIMENTOS ASFÁLTICOS CAP-30-45","2023-11-01",3.8301807448803231,"***",3.7547759032662325,3.3747593023223219,3.6097550971617665,3.469012497997908]
["CIMENTOS ASFÁLTICOS CAP-30-45","2023-12-01",3.829389295212954,"***",3.6963417419485141,3.3225710905842054,3.8801581842204609,3.3688653138149496]
["CIMENTOS ASFÁLTICOS CAP-30-45","2024-01-01",3.0459141573211181,"***",3.5830971417809394,3.2091761974122237,4.0791650106058892,3.2624504942271813]
["CIMENTOS ASFÁLTICOS CAP-30-45","2024-02-01",3.1116139747208247,"***",3.6831847425835584,3.2049842409957332,4.2047774179246069,3.2599051684648144]
["CIMENTOS ASFÁLTICOS CAP-30-45","2024-03-01",3.337022864461423,"***",3.628976708817981,3.285675407156472,4.0108926863864625,3.3301311218942491]
["CIMENTOS ASFÁLTICOS CAP-30-45","2024-04-01",3.8189139508478527,"***",3.5916369550797076,3.2443195159528031,3.6592456900042376,3.2957282976677007]
["CIMENTOS ASFÁLTICOS CAP-30-45","2024-05-01",3.6222874444250972,"***",3.6730234403671393,3.3282393560612564,4.1665251613776766,3.3901355839307792]
["CIMENTOS ASFÁLTICOS CAP-30-45","2024-06-01",3.3328678543176169,"***",3.7600099362528852,3.3258418022142582,4.1139195672552971,3.4011170393737844]
["CIMENTOS ASFÁLTICOS CAP-30-45","2024-07-01",3.9102810480876125,"***",3.8303938615195734,3.3337469533566368,4.2663850536082215,3.4438499716391195]
["CIMENTOS ASFÁLTICOS CAP-50-70","2008-11-01",1.1642002000093201,0.96805847217940089,1.4462434031071205,0.98865296439519579,0.96163141022272336,1.0166208832585175]
["CIMENTOS ASFÁLTICOS CAP-50-70","2008-12-01",1.159534923681445,0.9549372499360903,1.3348739119070991,1.0002482230918115,0.97362996778999378,1.0072500470996759]
["CIMENTOS ASFÁLTICOS CAP-50-70","2009-01-01",1.0455863869308708,0.96128733338734862,1.1830291692251789,0.97634598353562307,0.97364068075219268,0.98096183277499671]
["CIMENTOS ASFÁLTICOS CAP-50-70","2009-02-01",1.0370040640236622,0.93893550251968416,1.1555875081935618,0.96609601293683978,0.96455005583206455,0.96989216926771549]
["CIMENTOS ASFÁLTICOS CAP-50-70","2009-03-01",0.99575096443573208,0.94507491517794651,1.1962947855252439,0.95562842439706885,0.95789000009302427,0.96070465026889662]
["CIMENTOS ASFÁLTICOS CAP-50-70","2009-04-01",1.0483761956606816,0.93276962906464489,1.2271055402503233,0.94696213599386703,0.95204047834180672,0.95892044635957974]
["CIMENTOS ASFÁLTICOS CAP-50-70","2009-05-01",0.98411348111694719,0.92756987016966597,1.2513790175507091,0.92702080547710586,0.94462838353746115,0.94842652037425534]
["CIMENTOS ASFÁLTICOS CAP-50-70","2009-06-01",1.0464192542469533,0.91672658177820365,1.2310166634151205,0.91941342198420961,0.9309694040747355,0.93838120244848355]
["CIMENTOS ASFÁLTICOS CAP-50-70","2009-07-01",1.033264336326984,0.94908535630500002,1.2920838702085002,0.95873289307549625,0.99274622930982648,0.9819922708400608]
["CIMENTOS ASFÁLTICOS CAP-50-70","2009-08-01",1.0349538054103584,0.90675589720571104,1.1702388790294094,0.90784734242270304,0.91378744694585556,0.92533164047068861]
["CIMENTOS ASFÁLTICOS CAP-50-70","2009-09-01",1.0098097872527239,0.90300336799640746,1.174989043872694,0.90904139809446127,0.91526407427170442,0.92866703086483027]
["CIMENTOS ASFÁLTICOS CAP-50-70","2009-10-01",1.0211700468397511,0.92535273820083397,1.171002094013478,0.91403669659253028,0.92002388294013071,0.93589788725090006]
["CIMENTOS ASFÁLTICOS CAP-50-70","2009-11-01",1.044340118251357,0.91887338911969096,1.1715272744723926,0.92125550154293223,0.92071684623057215,0.94010158339962746]
["CIMENTOS ASFÁLTICOS CAP-50-70","2009-12-01",1.1218585293654242,0.91025923868113778,1.255824418499518,0.91336230496708692,0.91920196812230504,0.94658654460419245]
["CIMENTOS ASFÁLTICOS CAP-50-70","2010-01-01",1.133456656565206,0.90993276466361372,1.2404791318277666,0.90311848552795548,0.90926088264860372,0.93654207445196569]
["CIMENTOS ASFÁLTICOS CAP-50-70","2010-02-01",1.1013527642432519,0.90183694319641272,1.2042183536810329,0.88538084006085105,0.88195461178770562,0.91458263661504224]
["CIMENTOS ASFÁLTICOS CAP-50-70","2010-03-01",1.0086812168510952,0.90727898357370174,1.2471964241866265,0.89680880191717915,0.90539560946189657,0.92531076182851313]
["CIMENTOS ASFÁLTICOS CAP-50-70","2010-04-01",1.0468387417746579,0.90044773373281228,1.2270861378565312,0.89108356590527005,0.91192259420483879,0.92766388457798399]
["CIMENTOS ASFÁLTICOS CAP-50-70","2010-05-01",1.0660884296178164,0.90050984063744699,1.2580521862722975,0.88279613189736239,0.90804233225828879,0.92635779360326509]
["CIMENTOS ASFÁLTICOS CAP-50-70","2010-06-01",0.97359196965887629,0.8746055776850481,1.1188488736558733,0.86778115746824702,0.88487272859646693,0.89934749219147248]
["CIMENTOS ASFÁLTICOS CAP-50-70","2010-07-01",0.94048317721408992,0.88191334566549162,1.1161824506929665,0.8784123211625896,0.89486795950418752,0.91002922118350815]
["CIMENTOS ASFÁLTICOS CAP-50-70","2010-08-01",0.95537497314560615,0.87997920182273592,1.1144578378742624,0.87175335236552298,0.87191387444373059,0.89992394466737236]
["CIMENTOS ASFÁLTICOS CAP-50-70","2010-09-01",0.94856930782505522,0.88391502047921022,1.1472069790815675,0.88593007783279432,0.88619053495742783,0.91753025022135515]
["CIMENTOS ASFÁLTICOS CAP-50-70","2010-10-01",0.93155043440074436,0.87849137035388636,1.1449120776795689,0.92604237839513026,0.90666321243673897,0.93291972063342332]
["CIMENTOS ASFÁLTICOS CAP-50-70","2010-11-01",0.94659994636148115,0.8833077854620689,1.1649982175911049,0.94141447522328225,0.93709138126829072,0.93981869282739416]
["CIMENTOS ASFÁLTICOS CAP-50-70","2010-12-01",0.98308806326034937,0.87958773488733932,1.1483552105327666,0.9336381319482675,0.97301298947521808,0.9445180745884586]
["CIMENTOS ASFÁLTICOS CAP-50-70","2011-01-01",1.1491610385266406,0.89178964396001914,1.1835374322531569,0.92997072695845073,0.9742954647688713,0.95451828900897351]
["CIMENTOS ASFÁLTICOS CAP-50-70","2011-02-01",0.995723488472813,0.88568844700388272,1.1321288810020231,0.92934801097271968,0.90677255873700646,0.92939413837166729]
["CIMENTOS ASFÁLTICOS CAP-50-70","2011-03-01",0.95401434113952277,0.86206374768885141,1.1598445358156133,0.89649350794789551,0.88026310807736752,0.8979412194350056]
["CIMENTOS ASFÁLTICOS CAP-50-70","2011-04-01",0.92775404713012577,0.87538905225236696,1.106357818324039,0.86568725533676349,0.87869739583734841,0.88708092799146687]
["CIMENTOS ASFÁLTICOS CAP-50-70","2011-05-01",0.95713314917389825,0.85089927371574625,1.0541858677849316,0.85913591638177356,0.87485191810927998,0.8865656957747019]
["CIMENTOS ASFÁLTICOS CAP-50-70","2011-06-01",0.89970191920263842,0.8379916787396211,1.0730760351104163,0.85586121363580769,0.87167283289833286,0.87649929179840891]
["CIMENTOS ASFÁLTICOS CAP-50-70","2011-07-01",0.85928303553753838,0.83471891274128018,1.0618869288921617,0.84584023713535905,0.86933884976771802,0.86620679160785563]
["CIMENTOS ASFÁLTICOS CAP-50-70","2011-08-01",0.93713573997865574,0.83185464339433635,1.0894662754485147,0.83590658821371822,0.86675998200935256,0.86655590905851454]
["CIMENTOS ASFÁLTICOS CAP-50-70","2011-09-01",0.96017618756024015,0.82940369859884999,1.1376729849847493,0.83734407345244777,0.86744204467017583,0.87206915221180425]
["CIMENTOS ASFÁLTICOS CAP-50-70","2011-10-01",0.94897013141592634,0.83194110858229087,1.1191584739569629,0.84496143150439385,0.85428475233702139,0.86896474563318771]
["CIMENTOS ASFÁLTICOS CAP-50-70","2011-11-01",0.94341314446758262,0.83555050486229721,1.118742876272427,0.84763528312047332,0.86295168084467511,0.87340662638805899]
["CIMENTOS ASFÁLTICOS CAP-50-70","2011-12-01",0.96380364224795978,0.83848303782179212,1.0279255510609169,0.86470407984264119,0.87298816149848057,0.87729063696553533]
["CIMENTOS ASFÁLTICOS CAP-50-70","2012-01-01",0.91094616754733937,0.83848475664723077,1.1189066697035934,0.87824842320582863,0.86083055239174644,0.87176135167825974]
["CIMENTOS ASFÁLTICOS CAP-50-70","2012-02-01",0.89821523882099075,0.84048391113424137,1.1048181423313803,0.88878961800866274,0.87180920137599194,0.88305633766574132]
["CIMENTOS ASFÁLTICOS CAP-50-70","2012-03-01",0.92335652518874889,0.84223851298127173,1.0540589651729875,0.88500024524979404,0.88256779067320767,0.88519741849224631]
["CIMENTOS ASFÁLTICOS CAP-50-70","2012-04-01",0.9771495645959426,0.85548584932047189,1.0697358965953339,0.88116357071918949,0.87783413597573867,0.8991021429873991]
["CIMENTOS ASFÁLTICOS CAP-50-70","2012-05-01",1.0557194208547582,0.85996408754259779,1.0775841700232844,0.88831507864456227,0.87634450501714189,0.90491540050468933]
["CIMENTOS ASFÁLTICOS CAP-50-70","2012-06-01",1.0451933456375511,0.86496493906383531,1.1054021243771597,0.89333736767998018,0.87681068509828675,0.91623252084462758]
["CIMENTOS ASFÁLTICOS CAP-50-70","2012-07-01",1.0446609274716192,0.86262940962823376,1.1266983298377571,0.88602308192304791,0.8770858206865334,0.91046070900498444]
["CIMENTOS ASFÁLTICOS CAP-50-70","2012-08-01",1.080180152614985,0.88019503907373897,1.1374371971853692,0.88507258941438749,0.87261659812848869,0.91438699077706176]
["CIMENTOS ASFÁLTICOS CAP-50-70","2012-09-01",1.0593868034064398,0.88000563544075816,1.1393950495350895,0.86835895178032696,0.84321438360875633,0.89826538015749846]
["CIMENTOS ASFÁLTICOS CAP-50-70","2012-10-01",1.0657263784524351,0.88799516997055195,1.2145959956276788,0.89293064089049445,0.87950805411163513,0.930452334963219]
["CIMENTOS ASFÁLTICOS CAP-50-70","2012-11-01",1.0624498261196145,0.8760214501773631,1.1892648275926003,0.91063849900703142,0.89022301921924663,0.92844583979825834]
["CIMENTOS ASFÁLTICOS CAP-50-70","2012-12-01",1.0916302621762892,0.87465199697513918,1.1906737562499246,0.90824889408923559,0.90064562089656419,0.92884086828124157]
["CIMENTOS ASFÁLTICOS CAP-50-70","2013-01-01",1.0841074123580341,0.86617588669427537,1.1945336517496465,0.90572954724440102,0.9081291736969036,0.91737648723597631]
["CIMENTOS ASFÁLTICOS CAP-50-70","2013-02-01",1.0770174197052831,0.86416685523150627,1.1850045881068689,0.91349007287610395,0.92530605761954743,0.92551155576830835]
["CIMENTOS ASFÁLTICOS CAP-50-70","2013-03-01",1.0731001437013603,0.86383181069089299,1.2130314415168733,0.91628735654798643,0.93021430491819113,0.93071406305322724]
["CIMENTOS ASFÁLTICOS CAP-50-70","2013-04-01",1.0515393279621403,0.85969707242337945,1.2238423013681561,0.9092515680868527,0.92544341387138818,0.93423950621913021]
["CIMENTOS ASFÁLTICOS CAP-50-70","2013-05-01",1.102390840584037,0.87292189525414643,1.2287206187841304,0.91281804709238801,0.91851566988031208,0.95456335071210041]
["CIMENTOS ASFÁLTICOS CAP-50-70","2013-06-01",1.0512115150441912,0.86930597222385697,1.2147472011074534,0.90586924194177421,0.89853504271492834,0.95457664418670729]
["CIMENTOS ASFÁLTICOS CAP-50-70","2013-07-01",1.1234148209758463,0.89127496326120625,1.1928173642429478,0.91059811369325649,0.93118763536803206,0.95878075124699835]
["CIMENTOS ASFÁLTICOS CAP-50-70","2013-08-01",1.0788067306325237,0.89697453114441927,1.2272167442476718,0.91663850362942223,0.93233594739375325,0.9636290405531287]
["CIMENTOS ASFÁLTICOS CAP-50-70","2013-09-01",1.0693628930161776,0.89600650713743013,1.2750900934307716,0.92038689018417064,0.92390483170360627,0.96208068602037078]
["CIMENTOS ASFÁLTICOS CAP-50-70","2013-10-01",1.0283480533587641,0.90601703967767577,1.1974584874490555,0.91491851024945925,0.89095103582316448,0.9508317605935096]
["CIMENTOS ASFÁLTICOS CAP-50-70","2013-11-01",1.0379384075468276,0.91346681929754525,1.1918998676528052,0.910756130767712,0.91147419620068382,0.9542423636830436]
["CIMENTOS ASFÁLTICOS CAP-50-70","2013-12-01",1.0341083872463683,0.9285629923585258,1.2073980950078833,0.9136184773382392,0.90311647396212635,0.95884825526246187]
["CIMENTOS ASFÁLTICOS CAP-50-70","2014-01-01",1.0393866356835342,0.9286454107445653,1.1831448559293558,0.91389714665939537,0.91392201683065522,0.94955600071621138]
["CIMENTOS ASFÁLTICOS CAP-50-70","2014-02-01",1.0801068914145788,0.92349288443166855,1.1426567835283092,0.91723226023843518,0.91279990184824045,0.94659659947220909]
["CIMENTOS ASFÁLTICOS CAP-50-70","2014-03-01",1.0578973871917612,0.92210349613482268,1.1662322210686149,0.91833864524720821,0.91527330599291623,0.94969885625038775]
["CIMENTOS ASFÁLTICOS CAP-50-70","2014-04-01",1.0651644416496278,0.92424617902963435,1.1625454734699598,0.91306573731531782,0.89846391445543539,0.94773424108749693]
["CIMENTOS ASFÁLTICOS CAP-50-70","2014-05-01",1.0472353260566145,0.92304195017769242,1.1776412751407148,0.9237951044191971,0.90563295279396983,0.95585585242681614]
["CIMENTOS ASFÁLTICOS CAP-50-70","2014-06-01",1.0324792573750705,0.91856341091231652,1.2131744076245523,0.91367241771063568,0.90947963021300648,0.95768693925540649]
["CIMENTOS ASFÁLTICOS CAP-50-70","2014-07-01",1.0899277289014129,0.91250785653528699,1.1564804181244481,0.90124131326551982,0.90896155973720405,0.94462212214345398]
["CIMENTOS ASFÁLTICOS CAP-50-70","2014-08-01",1.128133367573348,0.91344092282650113,1.1256416101471862,0.91376504306709483,0.90505463804385677,0.94946614618601022]
["CIMENTOS ASFÁLTICOS CAP-50-70","2014-09-01",1.0994150800834761,0.9307395510670966,1.2076510198604598,0.92076751428916448,0.91561647080025266,0.96686540421225575]
["CIMENTOS ASFÁLTICOS CAP-50-70","2014-10-01",1.1389772876476258,0.91437666072012602,1.163213596483119,0.88626316682525186,0.89496995724703543,0.9429555720527244]
["CIMENTOS ASFÁLTICOS CAP-50-70","2014-11-01",1.0900549772151604,0.93601067313963304,1.1636504031717101,0.89857521842888488,0.91887743458887683,0.95477288647907965]
["CIMENTOS ASFÁLTICOS CAP-50-70","2014-12-01",1.2363141948191407,1.0293060302466643,1.3092659380895271,1.0036907177753511,0.9970741168618541,1.0413560421836723]
["CIMENTOS ASFÁLTICOS CAP-50-70","2015-01-01",1.3331020291117024,1.2658009689968814,1.5124032368468077,1.1200175157198535,1.1854791328029242,1.2112024705915188]
["CIMENTOS ASFÁLTICOS CAP-50-70","2015-02-01",1.4299714188617976,1.2573772214074843,1.5356215442324355,1.1254203658011519,1.1913420075738657,1.2116660603000915]
["CIMENTOS ASFÁLTICOS CAP-50-70","2015-03-01",1.3752684616025708,1.2246791315414842,1.4782303832841821,1.1581453791592358,1.192447014646937,1.2127168387529828]
["CIMENTOS ASFÁLTICOS CAP-50-70","2015-04-01",1.3134691474395337,1.2112090449808595,1.4892597596407817,1.1450940895543591,1.1767638965238483,1.1936587663224227]
["CIMENTOS ASFÁLTICOS CAP-50-70","2015-05-01",1.4688994865143121,1.219804947414036,1.4341223456504737,1.129963675793664,1.1716028249456858,1.2047272516353897]
["CIMENTOS ASFÁLTICOS CAP-50-70","2015-06-01",1.4980994053310124,1.2296318755939852,1.4428316596448605,1.1293785136337058,1.1746569923413057,1.2163629901637165]
["CIMENTOS ASFÁLTICOS CAP-50-70","2015-07-01",1.3276929424462149,1.2465547516674453,1.2046478282774973,1.1244700190615091,1.1672978230290452,1.1888552615853833]
["CIMENTOS ASFÁLTICOS CAP-50-70","2015-08-01",1.3853768174888657,1.2567499170991558,1.395164049013137,1.1169304231925394,1.1722417088818033,1.2189111181394481]
["CIMENTOS ASFÁLTICOS CAP-50-70","2015-09-01",1.4020240123201475,1.308169064576201,1.4937986728404213,1.1819154363670441,1.2201369730847724,1.2760322488003497]
["CIMENTOS ASFÁLTICOS CAP-50-70","2015-10-01",1.4966521672796267,1.3527144370713409,1.5775101426643408,1.2526741499373095,1.2783526152196965,1.3435583024461257]
["CIMENTOS ASFÁLTICOS CAP-50-70","2015-11-01",1.621494567445755,1.5172548331731528,1.7064256743023647,1.4186299218227765,1.4176480773209634,1.4889154300957572]
["CIMENTOS ASFÁLTICOS CAP-50-70","2015-12-01",1.7400574401317017,1.5194635601477331,1.7009060250103198,1.4181914430682963,1.4290280580594383,1.4964192179327931]
["CIMENTOS ASFÁLTICOS CAP-50-70","2016-01-01",1.781275061526602,1.5500283898349039,1.7627892573580628,1.451294199360998,1.4440659404971825,1.5048100264497251]
["CIMENTOS ASFÁLTICOS CAP-50-70","2016-02-01",1.7970452144298847,1.5343035680296913,1.7021055812296226,1.4394538032794713,1.4324901348803265,1.485649903715359]
["CIMENTOS ASFÁLTICOS CAP-50-70","2016-03-01",1.7421180957673104,1.5336459433032994,1.7258470482057702,1.4247330067308193,1.4480525027474631,1.4920293374883566]
["CIMENTOS ASFÁLTICOS CAP-50-70","2016-04-01",1.920659856268065,1.7246241294634763,1.9027849488273274,1.5967631494357639,1.6349489310160947,1.6683185406295418]
["CIMENTOS ASFÁLTICOS CAP-50-70","2016-05-01",1.9858603498410325,1.7261038862805982,1.9265272378722555,1.608465706897277,1.698862560816299,1.6998681044924306]
["CIMENTOS ASFÁLTICOS CAP-50-70","2016-06-01",1.9411020151480789,1.6946170470843793,1.9285820034568095,1.6348656831055393,1.6363676806634833,1.6934584315267283]
["CIMENTOS ASFÁLTICOS CAP-50-70","2016-07-01",1.7971693183635318,1.6791090604505949,1.9187882828757432,1.6443296527187463,1.6160883808289253,1.6779353538113631]
["CIMENTOS ASFÁLTICOS CAP-50-70","2016-08-01",1.8359559153657605,1.6864098093565567,1.9506635990932375,1.6481577723639083,1.6208831347220198,1.68951171275427]
["CIMENTOS ASFÁLTICOS CAP-50-70","2016-09-01",1.7656413933444108,1.5862595292065418,1.8182367959832988,1.5574530759905254,1.4789819501307466,1.5823193923591254]
["CIMENTOS ASFÁLTICOS CAP-50-70","2016-10-01",1.660961973817757,1.5902167313430198,1.7713341100148541,1.5577876656053495,1.4803879013423131,1.574252030712652]
["CIMENTOS ASFÁLTICOS CAP-50-70","2016-11-01",1.6202468992476728,1.5591364433461949,1.8255722389474909,1.5165156755886808,1.4729708332180156,1.5504842781527433]
["CIMENTOS ASFÁLTICOS CAP-50-70","2016-12-01",1.5382700375364895,1.4593338806479481,1.7867553820901454,1.5048656713788664,1.4680470321615726,1.5063560514488981]
["CIMENTOS ASFÁLTICOS CAP-50-70","2017-01-01",1.5364485295129546,1.4492924379727976,1.6096565609041529,1.4488348013450816,1.4536519204366727,1.4670384975294744]
["CIMENTOS ASFÁLTICOS CAP-50-70","2017-02-01",1.5642711347888594,1.447633482971016,1.6400757052002646,1.4569537863547508,1.4462316032555087,1.4686798016575233]
["CIMENTOS ASFÁLTICOS CAP-50-70","2017-03-01",1.5175738417375375,1.4358610536127476,1.6862413216489274,1.4562851525619092,1.455689739087781,1.4736420785100675]
["CIMENTOS ASFÁLTICOS CAP-50-70","2017-04-01",1.6592675620247761,1.3882567672161563,1.6656832257435064,1.3894329650908086,1.4091591868736766,1.4352671787446896]
["CIMENTOS ASFÁLTICOS CAP-50-70","2017-05-01",1.5052220160036573,1.4006083965896339,1.7101340874778825,1.3738648530720272,1.3921241120651013,1.4294543422631905]
["CIMENTOS ASFÁLTICOS CAP-50-70","2017-06-01",1.6394679265884482,1.424608649825942,1.6994010136294582,1.4290815132586419,1.3858353421618099,1.465920329920102]
["CIMENTOS ASFÁLTICOS CAP-50-70","2017-07-01",1.648025960872711,1.4028308330323052,1.751420700800226,1.4180337837940267,1.3563173438095999,1.453112686878401]
["CIMENTOS ASFÁLTICOS CAP-50-70","2017-08-01",1.4898806751607394,1.382825484354695,1.6305673038088857,1.4068473174327485,1.3776108367044124,1.4256328859507283]
["CIMENTOS ASFÁLTICOS CAP-50-70","2017-09-01",1.5488728765619215,1.4236384009391516,1.6992320027914536,1.4166103533727432,1.3767658054397163,1.4484593207404826]
["CIMENTOS ASFÁLTICOS CAP-50-70","2017-10-01",1.5714517430919963,1.4051179101869549,1.7434399123070126,1.4078106119474072,1.3980332892631129,1.4473426233472955]
["CIMENTOS ASFÁLTICOS CAP-50-70","2017-11-01",1.7039528842810301,1.5616891140658082,1.886686535981551,1.5108319641036283,1.5102091587256252,1.5875477199865655]
["CIMENTOS ASFÁLTICOS CAP-50-70","2017-12-01",1.6711296857002704,1.5697607156655975,1.896917348570804,1.546302307625651,1.5111535221937369,1.5843810067723421]
["CIMENTOS ASFÁLTICOS CAP-50-70","2018-01-01",1.7883866454375601,1.6422327847865301,1.85167665381581,1.5906701254672559,1.6130212682361014,1.6446943024308394]
["CIMENTOS ASFÁLTICOS CAP-50-70","2018-02-01",1.7974008038337594,1.6104601565302368,1.7913702231316986,1.599378895365734,1.6034718779593289,1.6212468608112225]
["CIMENTOS ASFÁLTICOS CAP-50-70","2018-03-01",1.8013597381611257,1.6064588891198981,1.8956986354909182,1.6117391185281764,1.6036252180727815,1.6388613189072474]
["CIMENTOS ASFÁLTICOS CAP-50-70","2018-04-01",1.791173348651655,1.6050932239418736,1.8574958780710245,1.6006849031766877,1.6396290487266216,1.6562120285653481]
["CIMENTOS ASFÁLTICOS CAP-50-70","2018-05-01",1.9135020362466497,1.7247004899502745,1.9454369536104017,1.7140554374767161,1.7142093728301666,1.7573254296279242]
["CIMENTOS ASFÁLTICOS CAP-50-70","2018-06-01",2.0655638588085274,1.822399722222076,2.0913163220082742,1.7994782549810844,1.7985402943637774,1.8596629705750489]
["CIMENTOS ASFÁLTICOS CAP-50-70","2018-07-01",2.0686276348694088,1.9451431619915991,2.1407827715002603,1.9403021857647682,1.944647406713385,1.975604883783193]
["CIMENTOS ASFÁLTICOS CAP-50-70","2018-08-01",2.2253463610556303,2.0957584128753965,2.4804068238619807,2.1024259235603977,2.0969791721755815,2.1397208930608778]
["CIMENTOS ASFÁLTICOS CAP-50-70","2018-09-01",2.3303221946613202,2.1233967215855536,2.4927376451938623,2.1340320879969994,2.1060368760513684,2.1733093659855629]
["CIMENTOS ASFÁLTICOS CAP-50-70","2018-10-01",2.2576205724913847,2.1476249120754725,2.2932107571908262,2.1766082678708067,2.1400388376879143,2.1776597065576584]
["CIMENTOS ASFÁLTICOS CAP-50-70","2018-11-01",2.4878078368167045,2.4027451503264685,2.8650562667739119,2.4286819178490608,2.4227802039430171,2.4454619775704876]
["CIMENTOS ASFÁLTICOS CAP-50-70","2018-12-01",2.4908078969943914,2.4209253621256082,2.7093246481957465,2.4282832693452816,2.4640008905163944,2.4580454611849039]
["CIMENTOS ASFÁLTICOS CAP-50-70","2019-01-01",2.485966355827014,2.3598363150238071,2.7708489226376587,2.4853304118858892,2.4520058774851274,2.4559230169622834]
["CIMENTOS ASFÁLTICOS CAP-50-70","2019-02-01",2.6443467696039056,2.5491674833705171,3.0507872983960009,2.7598832649405134,2.7581833791400885,2.7059191814735892]
["CIMENTOS ASFÁLTICOS CAP-50-70","2019-03-01",2.7049794983307636,2.5265844677412992,3.0739571007383386,2.7594368297237932,2.6930711918943446,2.6929741261771207]
["CIMENTOS ASFÁLTICOS CAP-50-70","2019-04-01",2.7607753188878066,2.5642432804089874,3.0739448974745427,2.7595556575960321,2.6966543361975792,2.7111868558212757]
["CIMENTOS ASFÁLTICOS CAP-50-70","2019-05-01",2.7623656498626374,2.5260565904727401,3.0755967027868971,2.7727958493633436,2.6937435420278475,2.7125232137293809]
["CIMENTOS ASFÁLTICOS CAP-50-70","2019-06-01",2.6275232241757065,2.5340987447340915,3.2093060812018823,2.6887152667018173,2.7048097090947207,2.6959936146940651]
["CIMENTOS ASFÁLTICOS CAP-50-70","2019-07-01",2.848599133046692,2.5076702007267917,3.129865949251927,2.758493059939592,2.6989900532261681,2.7132922282790952]
["CIMENTOS ASFÁLTICOS CAP-50-70","2019-08-01",2.6754559394369477,2.3351192760317976,2.9180333699623184,2.5834195289972977,2.5319168723857017,2.5390494014612557]
["CIMENTOS ASFÁLTICOS CAP-50-70","2019-09-01",2.5980567927868394,2.2991941677186176,3.0343326494694214,2.4806511018948472,2.5148259790889318,2.4959986121158075]
["CIMENTOS ASFÁLTICOS CAP-50-70","2019-10-01",2.5335368551069113,2.2703566819708074,2.8375604887431427,2.5098901477389446,2.5096354428455894,2.4733469425880368]
["CIMENTOS ASFÁLTICOS CAP-50-70","2019-11-01",2.6086438306634299,2.324278403690113,2.8673646878988301,2.5682421222511507,2.5563409353306699,2.5296322226405907]
["CIMENTOS ASFÁLTICOS CAP-50-70","2019-12-01",2.5261701917141268,2.3189910031031018,2.9506259448440653,2.6251278319394507,2.557357610616827,2.5301149347303005]
["CIMENTOS ASFÁLTICOS CAP-50-70","2020-01-01",2.6003580196633989,2.2975001512840669,3.0972670727609648,2.573995147807155,2.5484205240781628,2.5181505942533366]
["CIMENTOS ASFÁLTICOS CAP-50-70","2020-02-01",2.4219013818659691,2.1732091774843414,2.8828558258810091,2.3583219521897951,2.3604346639059313,2.3510962225295877]
["CIMENTOS ASFÁLTICOS CAP-50-70","2020-03-01",2.3282465692528196,2.1710881446428303,2.7560542278028,2.3215180311496075,2.3377587714193395,2.3218729750919924]
["CIMENTOS ASFÁLTICOS CAP-50-70","2020-04-01",2.3701199159246475,2.1900262052368706,2.6536854290770329,2.3451607686618678,2.302109989119054,2.3360078713595445]
["CIMENTOS ASFÁLTICOS CAP-50-70","2020-05-01",2.3686394261846795,2.1247552910756897,2.6064373281097986,2.2712297279282154,2.3152415632342191,2.3241992330683745]
["CIMENTOS ASFÁLTICOS CAP-50-70","2020-06-01",2.3042294317613932,2.1289858879119308,2.6211369740885591,2.2628582326877762,2.3085365757440117,2.2965341637850014]
["CIMENTOS ASFÁLTICOS CAP-50-70","2020-07-01",2.304044479362465,2.1338876596137539,2.6233830104391394,2.2346516674318262,2.2832193393500479,2.2747560037648777]
["CIMENTOS ASFÁLTICOS CAP-50-70","2020-08-01",2.4300027956989956,2.2669065783513469,2.7580819984891742,2.3709688699899845,2.4725525475311332,2.4126588088434686]
["CIMENTOS ASFÁLTICOS CAP-50-70","2020-09-01",2.4612302159098656,2.2840450880454655,2.7325767132507766,2.366205823942813,2.4412228987969318,2.4100378532673488]
["CIMENTOS ASFÁLTICOS CAP-50-70","2020-10-01",2.3780262155275858,2.3047325361740207,2.7378722852873492,2.3705598966014705,2.4484419282027829,2.4070227300439866]
["CIMENTOS ASFÁLTICOS CAP-50-70","2020-11-01",2.6109989548752015,2.4839440429499695,2.8383145460657015,2.5426616041723848,2.579844920940447,2.5728040803737011]
["CIMENTOS ASFÁLTICOS CAP-50-70","2020-12-01",2.4666655655762595,2.4640824326818569,2.8257379112810597,2.5868501223410867,2.6026143379342606,2.5712701546518679]
["CIMENTOS ASFÁLTICOS CAP-50-70","2021-01-01",2.3968975954785319,2.4622774998545367,2.907782240151195,2.6226718919314806,2.6213242937239376,2.5653805763117812]
["CIMENTOS ASFÁLTICOS CAP-50-70","2021-02-01",2.6222310409775678,2.673731127444992,3.0375320745977721,2.7814833596524906,2.782348255175616,2.7530042051350425]
["CIMENTOS ASFÁLTICOS CAP-50-70","2021-03-01",2.578814332831965,2.6270392548645867,3.0122661675057723,2.8348633925941438,2.8345419214023351,2.7743902670354887]
["CIMENTOS ASFÁLTICOS CAP-50-70","2021-04-01",2.6898427957607542,2.5990534043432278,3.0214540139862174,2.8122196895302602,2.8049925161599925,2.765914450867323]
["CIMENTOS ASFÁLTICOS CAP-50-70","2021-05-01",3.2587955331488296,3.199529933653531,3.6699109421536678,3.4186159196152395,3.416494653126791,3.3918465166180063]
["CIMENTOS ASFÁLTICOS CAP-50-70","2021-06-01",3.2391603984456503,3.1810943361580368,3.5368984914325114,3.4429599791044843,3.457318319649517,3.38047855982078]
["CIMENTOS ASFÁLTICOS CAP-50-70","2021-07-01",3.1373216685914094,3.15494384258978,3.5919838718924666,3.4484811553772126,3.4146979908217734,3.358942484993253]
["CIMENTOS ASFÁLTICOS CAP-50-70","2021-08-01",3.4628720904303045,3.2939924015883588,3.7814093566309896,3.703180764046488,3.6708938226830172,3.5867388859926872]
["CIMENTOS ASFÁLTICOS CAP-50-70","2021-09-01",3.5278877620433775,3.3263178909604361,3.788326593301047,3.6540910386363854,3.6888809122431803,3.604431583379764]
["CIMENTOS ASFÁLTICOS CAP-50-70","2021-10-01",3.5217613124562903,3.4210299498024654,3.6538369894595868,3.6802665752233978,3.6959141358793346,3.6127059700737445]
["CIMENTOS ASFÁLTICOS CAP-50-70","2021-11-01",3.8287371576631593,3.6976868410797987,4.057204092724124,4.032898063837103,4.00672376594121,3.9406413490900656]
["CIMENTOS ASFÁLTICOS CAP-50-70","2021-12-01",3.8916127711600792,3.7529240450135166,4.0449019099654313,4.0493181173020929,4.0142899130550713,3.9617180719974185]
["CIMENTOS ASFÁLTICOS CAP-50-70","2022-01-01",3.9788758393026189,3.8120644431570443,4.1533097845105278,4.0374365380778192,4.052110957059452,4.000659308351219]
["CIMENTOS ASFÁLTICOS CAP-50-70","2022-02-01",4.3087029640625119,4.0336251775326355,4.4522351382715364,4.27842408373004,4.286057279107963,4.2600070220247828]
["CIMENTOS ASFÁLTICOS CAP-50-70","2022-03-01",4.2574454333633094,4.094680611122385,4.4828529296613677,4.268890624198554,4.3259483699624921,4.2756834382585831]
["CIMENTOS ASFÁLTICOS CAP-50-70","2022-04-01",4.3688451161730795,4.2579998321215138,4.7632061029379953,4.4566133667422294,4.4459162741885585,4.4411848628963968]
["CIMENTOS ASFÁLTICOS CAP-50-70","2022-05-01",4.3528697365113782,4.2018566620318669,4.5833081981961854,4.3093842175109431,4.2489433809575514,4.30229361751132]
["CIMENTOS ASFÁLTICOS CAP-50-70","2022-06-01",4.3936847298741535,4.1962162000686973,4.6136357072876475,4.2900116584792052,4.1810562735013237,4.2899376668844038]
["CIMENTOS ASFÁLTICOS CAP-50-70","2022-07-01",4.5439142662038119,4.3247236022459781,4.7301334425517396,4.3487259522293122,4.2994675353113001,4.4010622330181279]
["CIMENTOS ASFÁLTICOS CAP-50-70","2022-08-01",4.6539061080139872,4.3504308034729178,4.6025056296727955,4.2101763533954246,4.1272996707472203,4.3190455581833893]
["CIMENTOS ASFÁLTICOS CAP-50-70","2022-09-01",4.8752751164537562,4.3409570929431069,4.4076018279111144,4.0676614809330065,3.861452894850498,4.2595706298206366]
["CIMENTOS ASFÁLTICOS CAP-50-70","2022-10-01",4.373319021557859,4.1071079583591548,4.0681957721761703,3.6310591059225499,3.5514967460088966,3.8800480150598844]
["CIMENTOS ASFÁLTICOS CAP-50-70","2022-11-01",4.2011656632619045,3.9620110588681543,4.0475521718081371,3.5860134918380138,3.4743300981902703,3.7871959426154698]
["CIMENTOS ASFÁLTICOS CAP-50-70","2022-12-01",4.3597539890170287,3.745890798610636,4.1320980266797376,3.4982670939458504,3.4515332814684285,3.7300679562108585]
["CIMENTOS ASFÁLTICOS CAP-50-70","2023-01-01",4.1198326035379926,3.5000449078699813,3.9146557017009842,3.2578948696970946,3.2963992178977946,3.4631739193854822]
["CIMENTOS ASFÁLTICOS CAP-50-70","2023-02-01",3.9385531731596499,3.4506332949429344,3.8368071056396134,3.1594029119675229,3.1788002865843632,3.3679711779516004]
["CIMENTOS ASFÁLTICOS CAP-50-70","2023-03-01",3.9600041484806292,3.3172854229256514,3.6926607702291365,3.1175453668862345,2.9654540592183865,3.2359252904357061]
["CIMENTOS ASFÁLTICOS CAP-50-70","2023-04-01",3.7306183204786798,3.2681898930827202,3.5862947498960098,3.1234147790345999,2.9429598659879121,3.1899899165524981]
["CIMENTOS ASFÁLTICOS CAP-50-70","2023-05-01",3.8497237818993599,3.2905144507941957,3.5567609181451343,3.1463887247929043,2.9175662363623585,3.2268291929431503]
["CIMENTOS ASFÁLTICOS CAP-50-70","2023-06-01",3.7712002958516959,3.3323163391206188,3.4273711414204819,3.1240774848656621,2.8993344519763053,3.2186092678799736]
["CIMENTOS ASFÁLTICOS CAP-50-70","2023-07-01",3.7422466988484206,3.3812676564397299,3.5796955347907908,3.1200534403384292,2.9718370166021493,3.2652957046207209]
["CIMENTOS ASFÁLTICOS CAP-50-70","2023-08-01",3.7235845471948972,3.3628518875696574,3.6860720075136317,3.1350839350716573,2.96147439080484,3.2611773436936375]
["CIMENTOS ASFÁLTICOS CAP-50-70","2023-09-01",4.0926243994159428,3.6310433946855167,3.8282034590378986,3.365031717453872,3.181764160209525,3.4998159627953691]
["CIMENTOS ASFÁLTICOS CAP-50-70","2023-10-01",4.0853009570929819,3.6154635123389598,3.7928201532420593,3.3467434077941576,3.1515419092246062,3.4564221832789084]
["CIMENTOS ASFÁLTICOS CAP-50-70","2023-11-01",3.8505252713389297,3.7281310039052444,3.969437078577847,3.4710389077979613,3.1884640096323027,3.538593144333225]
["CIMENTOS ASFÁLTICOS CAP-50-70","2023-12-01",3.9850683709256267,3.6985887867200984,3.8269836357998548,3.3408014906564358,3.2357081337827727,3.4785694902556874]
["CIMENTOS ASFÁLTICOS CAP-50-70","2024-01-01",3.9313769837333346,3.5674685518030458,3.609656766552217,3.2015259811633885,3.1538040559050482,3.3674771499353588]
["CIMENTOS ASFÁLTICOS CAP-50-70","2024-02-01",4.0056345534391822,3.4535764117580761,3.5503640911302359,3.1567107709108009,3.1425150710376535,3.32791304508592]
["CIMENTOS ASFÁLTICOS CAP-50-70","2024-03-01",3.8719084389860861,3.506239922582703,3.4592436690016992,3.1396080816703278,3.227378425529984,3.3411671703001553]
["CIMENTOS ASFÁLTICOS CAP-50-70","2024-04-01",3.8506281406173382,3.3894221237940809,3.3631983456431374,3.0860612081393168,3.2544558984706935,3.2726532960734636]
["CIMENTOS ASFÁLTICOS CAP-50-70","2024-05-01",3.7704835216479937,3.3562695898312351,3.520447498728418,3.2078969044202368,3.317947510856416,3.3579298120816037]
["CIMENTOS ASFÁLTICOS CAP-50-70","2024-06-01",3.7356061213299787,3.5108673314583925,3.4730854930730324,3.217674887600154,3.2956082972632541,3.3562675638353503]
["CIMENTOS ASFÁLTICOS CAP-50-70","2024-07-01",3.8698393882693298,3.8238049868721431,3.5967973698767346,3.3437458887367963,3.4173222318022667,3.532938819228459]
["CIMENTOS ASFÁLTICOS CAP-85-100","2008-11-01","***","***","***","***","***","***"]
["CIMENTOS ASFÁLTICOS CAP-85-100","2008-12-01","***","***","***","***","***","***"]
["CIMENTOS ASFÁLTICOS CAP-85-100","2009-01-01","***","***","***","***","***","***"]
["CIMENTOS ASFÁLTICOS CAP-85-100","2009-02-01","***","***","***","***","***","***"]
["CIMENTOS ASFÁLTICOS CAP-85-100","2009-03-01","***","***","***","***","***","***"]
["CIMENTOS ASFÁLTICOS CAP-85-100","2009-04-01","***","***","***","***","***","***"]
["CIMENTOS ASFÁLTICOS CAP-85-100","2009-05-01","***","***","***","***","***","***"]
["CIMENTOS ASFÁLTICOS CAP-85-100","2009-06-01","***","***","***","***","***","***"]
["CIMENTOS ASFÁLTICOS CAP-85-100","2009-07-01","***","***","***","***","***","***"]
["CIMENTOS ASFÁLTICOS CAP-85-100","2009-08-01","***","***","***","***","***","***"]
["CIMENTOS ASFÁLTICOS CAP-85-100","2009-09-01","***","***","***","***","***","***"]
["CIMENTOS ASFÁLTICOS CAP-85-100","2009-10-01","***","***","***","***","***","***"]
["CIMENTOS ASFÁLTICOS CAP-85-100","2009-11-01","***","***","***","***",1.13323,1.13323]
["CIMENTOS ASFÁLTICOS CAP-85-100","2009-12-01","***","***","***","***","***","***"]
["CIMENTOS ASFÁLTICOS CAP-85-100","2010-01-01","***","***","***","***","***","***"]
["CIMENTOS ASFÁLTICOS CAP-85-100","2010-02-01","***","***","***","***","***","***"]
["CIMENTOS ASFÁLTICOS CAP-85-100","2010-03-01","***","***","***","***","***","***"]
["CIMENTOS ASFÁLTICOS CAP-85-100","2010-04-01","***","***","***","***","***","***"]
["CIMENTOS ASFÁLTICOS CAP-85-100","2010-05-01","***","***","***","***","***","***"]
["CIMENTOS ASFÁLTICOS CAP-85-100","2010-06-01","***","***","***","***","***","***"]
["CIMENTOS ASFÁLTICOS CAP-85-100","2010-07-01","***","***","***","***","***","***"]
["CIMENTOS ASFÁLTICOS CAP-85-100","2010-08-01","***","***","***","***","***","***"]
["CIMENTOS ASFÁLTICOS CAP-85-100","2010-09-01","***","***","***","***","***","***"]
["CIMENTOS ASFÁLTICOS CAP-85-100","2010-10-01","***","***","***",1.19662,"***",1.19662]
["CIMENTOS ASFÁLTICOS CAP-85-100","2010-11-01","***","***","***",1.19662,"***",1.19662]
["CIMENTOS ASFÁLTICOS CAP-85-100","2010-12-01","***","***","***","***","***","***"]
["CIMENTOS ASFÁLTICOS CAP-85-100","2011-01-01","***","***","***","***","***","***"]
["CIMENTOS ASFÁLTICOS CAP-85-100","2011-02-01","***","***","***","***","***","***"]
["CIMENTOS ASFÁLTICOS CAP-85-100","2011-03-01","***","***","***","***","***","***"]
["CIMENTOS ASFÁLTICOS CAP-85-100","2011-04-01","***","***",1.2050000000000001,0.57030000000000003,"***",0.71767059689659085]
["CIMENTOS ASFÁLTICOS CAP-85-100","2011-05-01","***","***","***",0.56930000000000003,"***",0.56930000000000003]
["CIMENTOS ASFÁLTICOS CAP-85-100","2011-06-01","***","***","***","***",0.88490999999999997,0.88490999999999997]
["CIMENTOS ASFÁLTICOS CAP-85-100","2011-07-01","***","***",1.3648999999999998,"***","***",1.3648999999999998]
["CIMENTOS ASFÁLTICOS CAP-85-100","2011-08-01","***","***",1.3424453607802522,1.3506,"***",1.343165560112918]
["CIMENTOS ASFÁLTICOS CAP-85-100","2011-09-01","***","***",1.3371533215939639,"***","***",1.3371533215939639]
["CIMENTOS ASFÁLTICOS CAP-85-100","2011-10-01","***","***","***","***","***","***"]
["CIMENTOS ASFÁLTICOS CAP-85-100","2011-11-01","***","***",1.4185399999999999,"***","***",1.4185399999999999]
["CIMENTOS ASFÁLTICOS CAP-85-100","2011-12-01","***","***","***",0.93511945908301686,"***",0.93511945908301686]
["CIMENTOS ASFÁLTICOS CAP-85-100","2012-01-01","***","***",1.4185400000000001,"***","***",1.4185400000000001]
["CIMENTOS ASFÁLTICOS CAP-85-100","2012-02-01","***","***",1.41855,"***","***",1.41855]
["CIMENTOS ASFÁLTICOS CAP-85-100","2012-03-01","***","***","***","***","***","***"]
["CIMENTOS ASFÁLTICOS CAP-85-100","2012-04-01","***","***",1.4185399999999999,"***","***",1.4185399999999999]
["CIMENTOS ASFÁLTICOS CAP-85-100","2012-05-01","***","***",1.4185399999999999,"***","***",1.4185399999999999]
["CIMENTOS ASFÁLTICOS CAP-85-100","2012-06-01","***","***",1.4185400000000004,"***","***",1.4185400000000004]
["CIMENTOS ASFÁLTICOS CAP-85-100","2012-07-01","***","***",1.4185225066530773,"***","***",1.4185225066530773]
["CIMENTOS ASFÁLTICOS CAP-85-100","2012-08-01","***","***",1.4185369271393431,"***","***",1.4185369271393431]
["CIMENTOS ASFÁLTICOS CAP-85-100","2012-09-01","***","***",1.4311500061884379,"***","***",1.4311500061884379]
["CIMENTOS ASFÁLTICOS CAP-85-100","2012-10-01","***","***",1.4027483648897492,"***","***",1.4027483648897492]
["CIMENTOS ASFÁLTICOS CAP-85-100","2012-11-01","***","***",1.4089350775890115,"***","***",1.4089350775890115]
["CIMENTOS ASFÁLTICOS CAP-85-100","2012-12-01","***","***","***","***","***","***"]
["CIMENTOS ASFÁLTICOS CAP-85-100","2013-01-01","***","***","***","***","***","***"]
["CIMENTOS ASFÁLTICOS CAP-85-100","2013-02-01","***","***","***","***","***","***"]
["CIMENTOS ASFÁLTICOS CAP-85-100","2013-03-01","***","***","***","***","***","***"]
["CIMENTOS ASFÁLTICOS CAP-85-100","2013-04-01","***","***","***","***","***","***"]
["CIMENTOS ASFÁLTICOS CAP-85-100","2013-05-01","***","***","***","***","***","***"]
["CIMENTOS ASFÁLTICOS CAP-85-100","2013-06-01","***","***","***","***","***","***"]
["CIMENTOS ASFÁLTICOS CAP-85-100","2013-07-01","***","***","***","***","***","***"]
["CIMENTOS ASFÁLTICOS CAP-85-100","2013-08-01","***","***","***","***","***","***"]
["CIMENTOS ASFÁLTICOS CAP-85-100","2013-09-01","***","***","***","***","***","***"]
["CIMENTOS ASFÁLTICOS CAP-85-100","2013-10-01","***","***","***","***","***","***"]
["CIMENTOS ASFÁLTICOS CAP-85-100","2013-11-01","***","***","***","***","***","***"]
["CIMENTOS ASFÁLTICOS CAP-85-100","2013-12-01","***","***","***","***","***","***"]
["CIMENTOS ASFÁLTICOS CAP-85-100","2014-01-01","***","***","***","***","***","***"]
["CIMENTOS ASFÁLTICOS CAP-85-100","2014-02-01","***","***","***","***","***","***"]
["CIMENTOS ASFÁLTICOS CAP-85-100","2014-03-01","***","***","***","***","***","***"]
["CIMENTOS ASFÁLTICOS CAP-85-100","2014-04-01","***","***","***","***","***","***"]
["CIMENTOS ASFÁLTICOS CAP-85-100","2014-05-01","***","***","***","***",0.94121999999999995,0.94121999999999995]
["CIMENTOS ASFÁLTICOS CAP-85-100","2014-06-01","***","***","***","***","***","***"]
["CIMENTOS ASFÁLTICOS CAP-85-100","2014-07-01","***","***","***","***","***","***"]
["CIMENTOS ASFÁLTICOS CAP-85-100","2014-08-01","***","***","***","***",1.0109900000000001,1.0109900000000001]
["CIMENTOS ASFÁLTICOS CAP-85-100","2014-09-01","***","***","***","***","***","***"]
["CIMENTOS ASFÁLTICOS CAP-85-100","2014-10-01","***","***","***","***","***","***"]
["CIMENTOS ASFÁLTICOS CAP-85-100","2014-11-01","***","***","***","***","***","***"]
["CIMENTOS ASFÁLTICOS CAP-85-100","2014-12-01","***","***","***","***","***","***"]
["CIMENTOS ASFÁLTICOS CAP-85-100","2015-01-01","***","***","***","***","***","***"]
["CIMENTOS ASFÁLTICOS CAP-85-100","2015-02-01","***","***","***","***","***","***"]
["CIMENTOS ASFÁLTICOS CAP-85-100","2015-03-01","***","***","***","***","***","***"]
["CIMENTOS ASFÁLTICOS CAP-85-100","2015-04-01","***","***","***","***","***","***"]
["CIMENTOS ASFÁLTICOS CAP-85-100","2015-05-01","***","***","***","***","***","***"]
["CIMENTOS ASFÁLTICOS CAP-85-100","2015-06-01","***","***","***","***",1.3446,1.3446]
["CIMENTOS ASFÁLTICOS CAP-85-100","2015-07-01","***","***","***","***","***","***"]
["CIMENTOS ASFÁLTICOS CAP-85-100","2015-08-01","***","***","***","***","***","***"]
["CIMENTOS ASFÁLTICOS CAP-85-100","2015-09-01","***","***","***","***","***","***"]
["CIMENTOS ASFÁLTICOS CAP-85-100","2015-10-01","***","***","***","***","***","***"]
["CIMENTOS ASFÁLTICOS CAP-85-100","2015-11-01","***","***","***","***","***","***"]
["CIMENTOS ASFÁLTICOS CAP-85-100","2015-12-01","***","***","***","***","***","***"]
["CIMENTOS ASFÁLTICOS CAP-85-100","2016-01-01","***","***","***","***","***","***"]
["CIMENTOS ASFÁLTICOS CAP-85-100","2016-02-01","***","***","***","***","***","***"]
["CIMENTOS ASFÁLTICOS CAP-85-100","2016-03-01","***","***","***","***","***","***"]
["CIMENTOS ASFÁLTICOS CAP-85-100","2016-04-01","***","***","***","***","***","***"]
["CIMENTOS ASFÁLTICOS CAP-85-100","2016-05-01","***","***","***","***","***","***"]
["CIMENTOS ASFÁLTICOS CAP-85-100","2016-06-01","***","***","***","***","***","***"]
["CIMENTOS ASFÁLTICOS CAP-85-100","2016-07-01","***","***","***","***","***","***"]
["CIMENTOS ASFÁLTICOS CAP-85-100","2016-08-01","***","***","***","***","***","***"]
["CIMENTOS ASFÁLTICOS CAP-85-100","2016-09-01","***","***","***","***","***","***"]
["CIMENTOS ASFÁLTICOS CAP-85-100","2016-10-01","***","***","***","***","***","***"]
["CIMENTOS ASFÁLTICOS CAP-85-100","2016-11-01","***","***","***","***","***","***"]
["CIMENTOS ASFÁLTICOS CAP-85-100","2016-12-01","***","***","***","***","***","***"]
["CIMENTOS ASFÁLTICOS CAP-85-100","2017-01-01","***","***","***",1.4044165217391302,2.2347600000000001,2.1621444106463876]
["CIMENTOS ASFÁLTICOS CAP-85-100","2017-02-01","***","***","***",1.90513,"***",1.90513]
["CIMENTOS ASFÁLTICOS CAP-85-100","2017-03-01","***","***","***","***","***","***"]
["CIMENTOS ASFÁLTICOS CAP-85-100","2017-04-01","***","***","***",2.12534,"***",2.12534]
["CIMENTOS ASFÁLTICOS CAP-85-100","2017-05-01","***","***","***","***","***","***"]
["CIMENTOS ASFÁLTICOS CAP-85-100","2017-06-01","***","***","***","***","***","***"]
["CIMENTOS ASFÁLTICOS CAP-85-100","2017-07-01","***","***","***","***","***","***"]
["CIMENTOS ASFÁLTICOS CAP-85-100","2017-08-01","***","***","***","***","***","***"]
["CIMENTOS ASFÁLTICOS CAP-85-100","2017-09-01","***","***","***","***","***","***"]
["CIMENTOS ASFÁLTICOS CAP-85-100","2017-10-01","***","***","***","***","***","***"]
["CIMENTOS ASFÁLTICOS CAP-85-100","2017-11-01","***","***","***","***","***","***"]
["CIMENTOS ASFÁLTICOS CAP-85-100","2017-12-01","***","***","***",2.0910000000000002,"***",2.0910000000000002]
["CIMENTOS ASFÁLTICOS CAP-85-100","2018-01-01","***","***","***","***","***","***"]
["CIMENTOS ASFÁLTICOS CAP-85-100","2018-02-01","***","***","***","***","***","***"]
["CIMENTOS ASFÁLTICOS CAP-85-100","2018-03-01","***","***","***",4.444,"***",4.444]
["CIMENTOS ASFÁLTICOS CAP-85-100","2018-04-01","***","***","***","***","***","***"]
["CIMENTOS ASFÁLTICOS CAP-85-100","2018-05-01","***","***","***","***","***","***"]
["CIMENTOS ASFÁLTICOS CAP-85-100","2018-06-01","***","***","***","***","***","***"]
["CIMENTOS ASFÁLTICOS CAP-85-100","2018-07-01","***","***","***","***","***","***"]
["CIMENTOS ASFÁLTICOS CAP-85-100","2018-08-01","***","***","***","***","***","***"]
["CIMENTOS ASFÁLTICOS CAP-85-100","2018-09-01","***","***","***","***","***","***"]
["CIMENTOS ASFÁLTICOS CAP-85-100","2018-10-01","***","***","***","***","***","***"]
["CIMENTOS ASFÁLTICOS CAP-85-100","2018-11-01","***","***","***","***","***","***"]
["CIMENTOS ASFÁLTICOS CAP-85-100","2018-12-01","***","***","***","***","***","***"]
["CIMENTOS ASFÁLTICOS CAP-85-100","2019-01-01","***","***","***","***","***","***"]
["CIMENTOS ASFÁLTICOS CAP-85-100","2019-02-01","***","***","***","***","***","***"]
["CIMENTOS ASFÁLTICOS CAP-85-100","2019-03-01","***","***","***","***","***","***"]
["CIMENTOS ASFÁLTICOS CAP-85-100","2019-04-01","***","***","***","***","***","***"]
["CIMENTOS ASFÁLTICOS CAP-85-100","2019-05-01","***","***","***","***","***","***"]
["CIMENTOS ASFÁLTICOS CAP-85-100","2019-06-01","***","***","***","***","***","***"]
["CIMENTOS ASFÁLTICOS CAP-85-100","2019-07-01","***","***","***","***","***","***"]
["CIMENTOS ASFÁLTICOS CAP-85-100","2019-08-01","***","***","***","***","***","***"]
["CIMENTOS ASFÁLTICOS CAP-85-100","2019-09-01","***","***","***","***","***","***"]
["CIMENTOS ASFÁLTICOS CAP-85-100","2019-10-01","***","***","***","***","***","***"]
["CIMENTOS ASFÁLTICOS CAP-85-100","2019-11-01","***","***","***","***","***","***"]
["CIMENTOS ASFÁLTICOS CAP-85-100","2019-12-01","***","***","***","***","***","***"]
["CIMENTOS ASFÁLTICOS CAP-85-100","2020-01-01","***","***","***","***","***","***"]
["CIMENTOS ASFÁLTICOS CAP-85-100","2020-02-01","***","***","***","***","***","***"]
["CIMENTOS ASFÁLTICOS CAP-85-100","2020-03-01","***","***","***","***","***","***"]
["CIMENTOS ASFÁLTICOS CAP-85-100","2020-04-01","***","***","***","***","***","***"]
["CIMENTOS ASFÁLTICOS CAP-85-100","2020-05-01","***","***","***","***","***","***"]
["CIMENTOS ASFÁLTICOS CAP-85-100","2020-06-01","***","***","***","***","***","***"]
["CIMENTOS ASFÁLTICOS CAP-85-100","2020-07-01","***","***","***","***","***","***"]
["CIMENTOS ASFÁLTICOS CAP-85-100","2020-08-01","***","***","***",1.7318434873949582,"***",1.7318434873949582]
["CIMENTOS ASFÁLTICOS CAP-85-100","2020-09-01","***","***","***",1.9205066437515348,"***",1.9205066437515348]
["CIMENTOS ASFÁLTICOS CAP-85-100","2020-10-01","***","***","***","***","***","***"]
["CIMENTOS ASFÁLTICOS CAP-85-100","2020-11-01","***","***","***","***","***","***"]
["CIMENTOS ASFÁLTICOS CAP-85-100","2020-12-01","***","***","***","***","***","***"]
["CIMENTOS ASFÁLTICOS CAP-85-100","2021-01-01","***","***","***","***","***","***"]
["CIMENTOS ASFÁLTICOS CAP-85-100","2021-02-01","***","***","***","***","***","***"]
["CIMENTOS ASFÁLTICOS CAP-85-100","2021-03-01","***","***","***","***","***","***"]
["CIMENTOS ASFÁLTICOS CAP-85-100","2021-04-01","***","***","***","***","***","***"]
["CIMENTOS ASFÁLTICOS CAP-85-100","2021-05-01","***","***","***","***","***","***"]
["CIMENTOS ASFÁLTICOS CAP-85-100","2021-06-01","***","***","***","***","***","***"]
["CIMENTOS ASFÁLTICOS CAP-85-100","2021-07-01","***","***","***","***","***","***"]
["CIMENTOS ASFÁLTICOS CAP-85-100","2021-08-01","***","***","***","***","***","***"]
["CIMENTOS ASFÁLTICOS CAP-85-100","2021-09-01","***","***","***","***","***","***"]
["CIMENTOS ASFÁLTICOS CAP-85-100","2021-10-01","***","***","***","***","***","***"]
["CIMENTOS ASFÁLTICOS CAP-85-100","2021-11-01","***","***","***","***","***","***"]
["CIMENTOS ASFÁLTICOS CAP-85-100","2021-12-01","***","***","***","***","***","***"]
["CIMENTOS ASFÁLTICOS CAP-85-100","2022-01-01","***","***","***","***","***","***"]
["CIMENTOS ASFÁLTICOS CAP-85-100","2022-02-01","***","***","***","***","***","***"]
["CIMENTOS ASFÁLTICOS CAP-85-100","2022-03-01","***","***","***","***","***","***"]
["CIMENTOS ASFÁLTICOS CAP-85-100","2022-04-01","***","***","***","***","***","***"]
["CIMENTOS ASFÁLTICOS CAP-85-100","2022-05-01","***","***","***","***","***","***"]
["CIMENTOS ASFÁLTICOS CAP-85-100","2022-06-01","***","***","***","***","***","***"]
["CIMENTOS ASFÁLTICOS CAP-85-100","2022-07-01","***","***","***","***","***","***"]
["CIMENTOS ASFÁLTICOS CAP-85-100","2022-08-01","***","***","***","***","***","***"]
["CIMENTOS ASFÁLTICOS CAP-85-100","2022-09-01","***","***","***","***","***","***"]
["CIMENTOS ASFÁLTICOS CAP-85-100","2022-10-01","***","***","***","***","***","***"]
["CIMENTOS ASFÁLTICOS CAP-85-100","2022-11-01","***","***","***","***","***","***"]
["CIMENTOS ASFÁLTICOS CAP-85-100","2022-12-01","***","***","***","***","***","***"]
["CIMENTOS ASFÁLTICOS CAP-85-100","2023-01-01","***","***","***","***","***","***"]
["CIMENTOS ASFÁLTICOS CAP-85-100","2023-02-01","***","***","***","***","***","***"]
["CIMENTOS ASFÁLTICOS CAP-85-100","2023-03-01","***","***","***","***","***","***"]
["CIMENTOS ASFÁLTICOS CAP-85-100","2023-04-01","***","***","***","***","***","***"]
["CIMENTOS ASFÁLTICOS CAP-85-100","2023-05-01","***","***","***","***","***","***"]
["CIMENTOS ASFÁLTICOS CAP-85-100","2023-06-01","***","***","***","***","***","***"]
["CIMENTOS ASFÁLTICOS CAP-85-100","2023-07-01","***","***","***","***","***","***"]
["CIMENTOS ASFÁLTICOS CAP-85-100","2023-08-01","***","***","***","***","***","***"]
["CIMENTOS ASFÁLTICOS CAP-85-100","2023-09-01","***","***","***","***","***","***"]
["CIMENTOS ASFÁLTICOS CAP-85-100","2023-10-01","***","***","***","***","***","***"]
["CIMENTOS ASFÁLTICOS CAP-85-100","2023-11-01","***","***","***","***","***","***"]
["CIMENTOS ASFÁLTICOS CAP-85-100","2023-12-01","***","***","***","***","***","***"]
["CIMENTOS ASFÁLTICOS CAP-85-100","2024-01-01","***","***","***","***","***","***"]
["CIMENTOS ASFÁLTICOS CAP-85-100","2024-02-01","***","***","***","***","***","***"]
["CIMENTOS ASFÁLTICOS CAP-85-100","2024-03-01","***","***","***","***","***","***"]
["CIMENTOS ASFÁLTICOS CAP-85-100","2024-04-01","***","***","***","***","***","***"]
["CIMENTOS ASFÁLTICOS CAP-85-100","2024-05-01","***","***","***","***","***","***"]
["CIMENTOS ASFÁLTICOS CAP-85-100","2024-06-01","***","***","***","***","***","***"]
["CIMENTOS ASFÁLTICOS CAP-85-100","2024-07-01","***","***","***","***","***","***"]
["EMULSÃO ASFÁLTICA CATIÔNICA DE RUPTURA CONTROLADA PARA SERVIÇO DE LAMA ASFÁLTICA","2015-09-01","***",0.60999999999999988,"***","***","***",0.60999999999999988]
["EMULSÃO ASFÁLTICA CATIÔNICA DE RUPTURA CONTROLADA PARA SERVIÇO DE LAMA ASFÁLTICA","2015-10-01","***",0.61,"***","***","***",0.61]
["EMULSÃO ASFÁLTICA CATIÔNICA DE RUPTURA CONTROLADA PARA SERVIÇO DE LAMA ASFÁLTICA","2015-11-01","***",1.689795501022495,"***","***","***",1.689795501022495]
["EMULSÃO ASFÁLTICA CATIÔNICA DE RUPTURA CONTROLADA PARA SERVIÇO DE LAMA ASFÁLTICA","2015-12-01","***","***","***","***","***","***"]
["EMULSÃO ASFÁLTICA CATIÔNICA DE RUPTURA CONTROLADA PARA SERVIÇO DE LAMA ASFÁLTICA","2016-01-01","***","***","***","***","***","***"]
["EMULSÃO ASFÁLTICA CATIÔNICA DE RUPTURA CONTROLADA PARA SERVIÇO DE LAMA ASFÁLTICA","2016-02-01","***","***","***","***","***","***"]
["EMULSÃO ASFÁLTICA CATIÔNICA DE RUPTURA CONTROLADA PARA SERVIÇO DE LAMA ASFÁLTICA","2016-03-01","***","***","***","***","***","***"]
["EMULSÃO ASFÁLTICA CATIÔNICA DE RUPTURA CONTROLADA PARA SERVIÇO DE LAMA ASFÁLTICA","2016-04-01","***",2.13,"***","***","***",2.13]
["EMULSÃO ASFÁLTICA CATIÔNICA DE RUPTURA CONTROLADA PARA SERVIÇO DE LAMA ASFÁLTICA","2016-05-01","***",2.13,"***","***","***",2.13]
["EMULSÃO ASFÁLTICA CATIÔNICA DE RUPTURA CONTROLADA PARA SERVIÇO DE LAMA ASFÁLTICA","2016-06-01","***",1.42,"***","***","***",1.42]
["EMULSÃO ASFÁLTICA CATIÔNICA DE RUPTURA CONTROLADA PARA SERVIÇO DE LAMA ASFÁLTICA","2016-07-01","***","***","***",1.6910000000000001,"***",1.6910000000000001]
["EMULSÃO ASFÁLTICA CATIÔNICA DE RUPTURA CONTROLADA PARA SERVIÇO DE LAMA ASFÁLTICA","2016-08-01","***",1.42,"***",1.6920999999999999,"***",1.6412506050674398]
["EMULSÃO ASFÁLTICA CATIÔNICA DE RUPTURA CONTROLADA PARA SERVIÇO DE LAMA ASFÁLTICA","2016-09-01","***",1.42,1.4028000000000003,1.5048999999999999,"***",1.4719204599129896]
["EMULSÃO ASFÁLTICA CATIÔNICA DE RUPTURA CONTROLADA PARA SERVIÇO DE LAMA ASFÁLTICA","2016-10-01","***",1.4200000000000002,1.4058000000000002,1.5065000000000002,"***",1.4432348359881635]
["EMULSÃO ASFÁLTICA CATIÔNICA DE RUPTURA CONTROLADA PARA SERVIÇO DE LAMA ASFÁLTICA","2016-11-01","***",1.42,"***","***","***",1.42]
["EMULSÃO ASFÁLTICA CATIÔNICA DE RUPTURA CONTROLADA PARA SERVIÇO DE LAMA ASFÁLTICA","2016-12-01","***","***","***","***","***","***"]
["EMULSÃO ASFÁLTICA CATIÔNICA DE RUPTURA CONTROLADA PARA SERVIÇO DE LAMA ASFÁLTICA","2017-01-01","***","***","***","***","***","***"]
["EMULSÃO ASFÁLTICA CATIÔNICA DE RUPTURA CONTROLADA PARA SERVIÇO DE LAMA ASFÁLTICA","2017-02-01","***","***","***","***","***","***"]
["EMULSÃO ASFÁLTICA CATIÔNICA DE RUPTURA CONTROLADA PARA SERVIÇO DE LAMA ASFÁLTICA","2017-03-01","***","***","***","***","***","***"]
["EMULSÃO ASFÁLTICA CATIÔNICA DE RUPTURA CONTROLADA PARA SERVIÇO DE LAMA ASFÁLTICA","2017-04-01","***","***","***","***","***","***"]
["EMULSÃO ASFÁLTICA CATIÔNICA DE RUPTURA CONTROLADA PARA SERVIÇO DE LAMA ASFÁLTICA","2017-05-01","***","***","***","***","***","***"]
["EMULSÃO ASFÁLTICA CATIÔNICA DE RUPTURA CONTROLADA PARA SERVIÇO DE LAMA ASFÁLTICA","2017-06-01","***",1.41,1.3833,"***","***",1.3961805746140652]
["EMULSÃO ASFÁLTICA CATIÔNICA DE RUPTURA CONTROLADA PARA SERVIÇO DE LAMA ASFÁLTICA","2017-07-01","***",1.4097,1.4194392519697907,"***","***",1.4186773227254919]
["EMULSÃO ASFÁLTICA CATIÔNICA DE RUPTURA CONTROLADA PARA SERVIÇO DE LAMA ASFÁLTICA","2017-08-01","***","***",1.3834,"***","***",1.3834]
["EMULSÃO ASFÁLTICA CATIÔNICA DE RUPTURA CONTROLADA PARA SERVIÇO DE LAMA ASFÁLTICA","2017-09-01","***","***",1.3422000000000001,"***","***",1.3422000000000001]
["EMULSÃO ASFÁLTICA CATIÔNICA DE RUPTURA CONTROLADA PARA SERVIÇO DE LAMA ASFÁLTICA","2017-10-01","***","***",1.3260000000000001,1.266075020741672,1.1927022584520337,1.2618354709983683]
["EMULSÃO ASFÁLTICA CATIÔNICA DE RUPTURA CONTROLADA PARA SERVIÇO DE LAMA ASFÁLTICA","2017-11-01","***","***","***",1.3512599999999999,"***",1.3512599999999999]
["EMULSÃO ASFÁLTICA CATIÔNICA DE RUPTURA CONTROLADA PARA SERVIÇO DE LAMA ASFÁLTICA","2017-12-01","***","***","***",1.3113387299415351,1.1678200000000001,1.2862866875449226]
["EMULSÃO ASFÁLTICA CATIÔNICA DE RUPTURA CONTROLADA PARA SERVIÇO DE LAMA ASFÁLTICA","2018-01-01","***","***","***",1.3656299999999997,"***",1.3656299999999997]
["EMULSÃO ASFÁLTICA CATIÔNICA DE RUPTURA CONTROLADA PARA SERVIÇO DE LAMA ASFÁLTICA","2018-02-01","***","***","***",1.3656299999999997,"***",1.3656299999999997]
["EMULSÃO ASFÁLTICA CATIÔNICA DE RUPTURA CONTROLADA PARA SERVIÇO DE LAMA ASFÁLTICA","2018-03-01","***","***","***",1.3643267765361471,1.2826599999999999,1.3574379085357575]
["EMULSÃO ASFÁLTICA CATIÔNICA DE RUPTURA CONTROLADA PARA SERVIÇO DE LAMA ASFÁLTICA","2018-04-01","***","***","***",1.3468059623002917,"***",1.3468059623002917]
["EMULSÃO ASFÁLTICA CATIÔNICA DE RUPTURA CONTROLADA PARA SERVIÇO DE LAMA ASFÁLTICA","2018-05-01","***","***","***",1.40157,1.27651,1.3682738124345093]
["EMULSÃO ASFÁLTICA CATIÔNICA DE RUPTURA CONTROLADA PARA SERVIÇO DE LAMA ASFÁLTICA","2018-06-01","***",1.7265999999999999,"***",1.4650838645418325,"***",1.5399886282871358]
["EMULSÃO ASFÁLTICA CATIÔNICA DE RUPTURA CONTROLADA PARA SERVIÇO DE LAMA ASFÁLTICA","2018-07-01","***","***","***","***","***","***"]
["EMULSÃO ASFÁLTICA CATIÔNICA DE RUPTURA CONTROLADA PARA SERVIÇO DE LAMA ASFÁLTICA","2018-08-01","***","***","***","***","***","***"]
["EMULSÃO ASFÁLTICA CATIÔNICA DE RUPTURA CONTROLADA PARA SERVIÇO DE LAMA ASFÁLTICA","2018-09-01","***","***","***","***","***","***"]
["EMULSÃO ASFÁLTICA CATIÔNICA DE RUPTURA CONTROLADA PARA SERVIÇO DE LAMA ASFÁLTICA","2018-10-01","***","***","***","***",1.99068,1.99068]
["EMULSÃO ASFÁLTICA CATIÔNICA DE RUPTURA CONTROLADA PARA SERVIÇO DE LAMA ASFÁLTICA","2018-11-01","***","***","***","***","***","***"]
["EMULSÃO ASFÁLTICA CATIÔNICA DE RUPTURA CONTROLADA PARA SERVIÇO DE LAMA ASFÁLTICA","2018-12-01","***","***","***","***","***","***"]
["EMULSÃO ASFÁLTICA CATIÔNICA DE RUPTURA CONTROLADA PARA SERVIÇO DE LAMA ASFÁLTICA","2019-01-01","***","***","***","***","***","***"]
["EMULSÃO ASFÁLTICA CATIÔNICA DE RUPTURA CONTROLADA PARA SERVIÇO DE LAMA ASFÁLTICA","2019-02-01","***","***","***","***","***","***"]
["EMULSÃO ASFÁLTICA CATIÔNICA DE RUPTURA CONTROLADA PARA SERVIÇO DE LAMA ASFÁLTICA","2019-03-01","***","***","***","***","***","***"]
["EMULSÃO ASFÁLTICA CATIÔNICA DE RUPTURA CONTROLADA PARA SERVIÇO DE LAMA ASFÁLTICA","2019-04-01","***","***","***","***",2.3486199999999999,2.3486199999999999]
["EMULSÃO ASFÁLTICA CATIÔNICA DE RUPTURA CONTROLADA PARA SERVIÇO DE LAMA ASFÁLTICA","2019-05-01","***","***","***","***","***","***"]
["EMULSÃO ASFÁLTICA CATIÔNICA DE RUPTURA CONTROLADA PARA SERVIÇO DE LAMA ASFÁLTICA","2019-06-01","***","***","***","***","***","***"]
["EMULSÃO ASFÁLTICA CATIÔNICA DE RUPTURA CONTROLADA PARA SERVIÇO DE LAMA ASFÁLTICA","2019-07-01","***","***","***","***",2.3182500000000004,2.3182500000000004]
["EMULSÃO ASFÁLTICA CATIÔNICA DE RUPTURA CONTROLADA PARA SERVIÇO DE LAMA ASFÁLTICA","2019-08-01","***","***","***","***",2.3486199999999999,2.3486199999999999]
["EMULSÃO ASFÁLTICA CATIÔNICA DE RUPTURA CONTROLADA PARA SERVIÇO DE LAMA ASFÁLTICA","2019-09-01","***","***","***","***",2.3240099999999999,2.3240099999999999]
["EMULSÃO ASFÁLTICA CATIÔNICA DE RUPTURA CONTROLADA PARA SERVIÇO DE LAMA ASFÁLTICA","2019-10-01","***","***","***","***","***","***"]
["EMULSÃO ASFÁLTICA CATIÔNICA DE RUPTURA CONTROLADA PARA SERVIÇO DE LAMA ASFÁLTICA","2019-11-01","***","***","***",2.6280899999999998,"***",2.6280899999999998]
["EMULSÃO ASFÁLTICA CATIÔNICA DE RUPTURA CONTROLADA PARA SERVIÇO DE LAMA ASFÁLTICA","2019-12-01","***","***","***",2.6280899999999998,"***",2.6280899999999998]
["EMULSÃO ASFÁLTICA CATIÔNICA DE RUPTURA CONTROLADA PARA SERVIÇO DE LAMA ASFÁLTICA","2020-01-01","***",2.0081199999999999,"***","***","***",2.0081199999999999]
["EMULSÃO ASFÁLTICA CATIÔNICA DE RUPTURA CONTROLADA PARA SERVIÇO DE LAMA ASFÁLTICA","2020-02-01","***","***","***",2.6280899999999998,"***",2.6280899999999998]
["EMULSÃO ASFÁLTICA CATIÔNICA DE RUPTURA CONTROLADA PARA SERVIÇO DE LAMA ASFÁLTICA","2020-03-01","***",2.00813,"***","***","***",2.00813]
["EMULSÃO ASFÁLTICA CATIÔNICA DE RUPTURA CONTROLADA PARA SERVIÇO DE LAMA ASFÁLTICA","2020-04-01","***",2.0081199999999999,"***","***","***",2.0081199999999999]
["EMULSÃO ASFÁLTICA CATIÔNICA DE RUPTURA CONTROLADA PARA SERVIÇO DE LAMA ASFÁLTICA","2020-05-01","***",2.0081199999999999,"***",2.6280899999999998,"***",2.4163402265372165]
["EMULSÃO ASFÁLTICA CATIÔNICA DE RUPTURA CONTROLADA PARA SERVIÇO DE LAMA ASFÁLTICA","2020-06-01","***","***","***","***","***","***"]
["EMULSÃO ASFÁLTICA CATIÔNICA DE RUPTURA CONTROLADA PARA SERVIÇO DE LAMA ASFÁLTICA","2020-07-01","***","***","***",2.6280899999999994,"***",2.6280899999999994]
["EMULSÃO ASFÁLTICA CATIÔNICA DE RUPTURA CONTROLADA PARA SERVIÇO DE LAMA ASFÁLTICA","2020-08-01","***","***",2.4412500000000001,2.6280899999999998,"***",2.5034011814089308]
["EMULSÃO ASFÁLTICA CATIÔNICA DE RUPTURA CONTROLADA PARA SERVIÇO DE LAMA ASFÁLTICA","2020-09-01","***","***",2.4412500000000001,2.6280899999999998,"***",2.5037925079030559]
["EMULSÃO ASFÁLTICA CATIÔNICA DE RUPTURA CONTROLADA PARA SERVIÇO DE LAMA ASFÁLTICA","2020-10-01","***","***",2.4412499999999997,2.6280899999999998,"***",2.4876601820100235]
["EMULSÃO ASFÁLTICA CATIÔNICA DE RUPTURA CONTROLADA PARA SERVIÇO DE LAMA ASFÁLTICA","2020-11-01","***","***","***",2.6280899999999994,"***",2.6280899999999994]
["EMULSÃO ASFÁLTICA CATIÔNICA DE RUPTURA CONTROLADA PARA SERVIÇO DE LAMA ASFÁLTICA","2020-12-01","***","***",2.5987499999999999,2.4680200000000001,"***",2.5651313138082994]
["EMULSÃO ASFÁLTICA CATIÔNICA DE RUPTURA CONTROLADA PARA SERVIÇO DE LAMA ASFÁLTICA","2021-01-01","***","***","***","***","***","***"]
["EMULSÃO ASFÁLTICA CATIÔNICA DE RUPTURA CONTROLADA PARA SERVIÇO DE LAMA ASFÁLTICA","2021-02-01","***","***","***",2.4680200000000001,"***",2.4680200000000001]
["EMULSÃO ASFÁLTICA CATIÔNICA DE RUPTURA CONTROLADA PARA SERVIÇO DE LAMA ASFÁLTICA","2021-03-01","***","***","***",2.4623599999999999,"***",2.4623599999999999]
["EMULSÃO ASFÁLTICA CATIÔNICA DE RUPTURA CONTROLADA PARA SERVIÇO DE LAMA ASFÁLTICA","2021-04-01","***",2.331,"***","***","***",2.331]
["EMULSÃO ASFÁLTICA CATIÔNICA DE RUPTURA CONTROLADA PARA SERVIÇO DE LAMA ASFÁLTICA","2021-05-01","***","***","***",2.4258099999999998,"***",2.4258099999999998]
["EMULSÃO ASFÁLTICA CATIÔNICA DE RUPTURA CONTROLADA PARA SERVIÇO DE LAMA ASFÁLTICA","2021-06-01","***","***","***",2.4258099999999998,"***",2.4258099999999998]
["EMULSÃO ASFÁLTICA CATIÔNICA DE RUPTURA CONTROLADA PARA SERVIÇO DE LAMA ASFÁLTICA","2021-07-01","***","***","***",2.7059199999999999,"***",2.7059199999999999]
["EMULSÃO ASFÁLTICA CATIÔNICA DE RUPTURA CONTROLADA PARA SERVIÇO DE LAMA ASFÁLTICA","2021-08-01","***","***","***","***","***","***"]
["EMULSÃO ASFÁLTICA CATIÔNICA DE RUPTURA CONTROLADA PARA SERVIÇO DE LAMA ASFÁLTICA","2021-09-01","***","***","***",3.13598,"***",3.13598]
["EMULSÃO ASFÁLTICA CATIÔNICA DE RUPTURA CONTROLADA PARA SERVIÇO DE LAMA ASFÁLTICA","2021-10-01","***","***",3.1943999999999999,"***","***",3.1943999999999999]
["EMULSÃO ASFÁLTICA CATIÔNICA DE RUPTURA CONTROLADA PARA SERVIÇO DE LAMA ASFÁLTICA","2021-11-01","***","***",3.6162040636093602,"***","***",3.6162040636093602]
["EMULSÃO ASFÁLTICA CATIÔNICA DE RUPTURA CONTROLADA PARA SERVIÇO DE LAMA ASFÁLTICA","2021-12-01","***","***",3.7479760908551949,"***","***",3.7479760908551949]
["EMULSÃO ASFÁLTICA CATIÔNICA DE RUPTURA CONTROLADA PARA SERVIÇO DE LAMA ASFÁLTICA","2022-01-01","***","***","***","***","***","***"]
["EMULSÃO ASFÁLTICA CATIÔNICA DE RUPTURA CONTROLADA PARA SERVIÇO DE LAMA ASFÁLTICA","2022-02-01","***","***","***",3.4192499999999999,"***",3.4192499999999999]
["EMULSÃO ASFÁLTICA CATIÔNICA DE RUPTURA CONTROLADA PARA SERVIÇO DE LAMA ASFÁLTICA","2022-03-01","***","***","***","***","***","***"]
["EMULSÃO ASFÁLTICA CATIÔNICA DE RUPTURA CONTROLADA PARA SERVIÇO DE LAMA ASFÁLTICA","2022-04-01","***","***","***","***","***","***"]
["EMULSÃO ASFÁLTICA CATIÔNICA DE RUPTURA CONTROLADA PARA SERVIÇO DE LAMA ASFÁLTICA","2022-05-01","***","***","***","***","***","***"]
["EMULSÃO ASFÁLTICA CATIÔNICA DE RUPTURA CONTROLADA PARA SERVIÇO DE LAMA ASFÁLTICA","2022-06-01","***","***","***",3.5394700000000001,"***",3.5394700000000001]
["EMULSÃO ASFÁLTICA CATIÔNICA DE RUPTURA CONTROLADA PARA SERVIÇO DE LAMA ASFÁLTICA","2022-07-01","***","***","***",3.5394700000000001,"***",3.5394700000000001]
["EMULSÃO ASFÁLTICA CATIÔNICA DE RUPTURA CONTROLADA PARA SERVIÇO DE LAMA ASFÁLTICA","2022-08-01","***","***","***","***","***","***"]
["EMULSÃO ASFÁLTICA CATIÔNICA DE RUPTURA CONTROLADA PARA SERVIÇO DE LAMA ASFÁLTICA","2022-09-01","***","***","***","***","***","***"]
["EMULSÃO ASFÁLTICA CATIÔNICA DE RUPTURA CONTROLADA PARA SERVIÇO DE LAMA ASFÁLTICA","2022-10-01","***","***","***",3.5979138425357875,"***",3.5979138425357875]
["EMULSÃO ASFÁLTICA CATIÔNICA DE RUPTURA CONTROLADA PARA SERVIÇO DE LAMA ASFÁLTICA","2022-11-01","***","***","***",3.6104999999999996,"***",3.6104999999999996]
["EMULSÃO ASFÁLTICA CATIÔNICA DE RUPTURA CONTROLADA PARA SERVIÇO DE LAMA ASFÁLTICA","2022-12-01","***","***","***",3.6105,"***",3.6105]
["EMULSÃO ASFÁLTICA CATIÔNICA DE RUPTURA CONTROLADA PARA SERVIÇO DE LAMA ASFÁLTICA","2023-01-01","***","***","***","***","***","***"]
["EMULSÃO ASFÁLTICA CATIÔNICA DE RUPTURA CONTROLADA PARA SERVIÇO DE LAMA ASFÁLTICA","2023-02-01","***","***","***","***","***","***"]
["EMULSÃO ASFÁLTICA CATIÔNICA DE RUPTURA CONTROLADA PARA SERVIÇO DE LAMA ASFÁLTICA","2023-03-01","***","***","***","***","***","***"]
["EMULSÃO ASFÁLTICA CATIÔNICA DE RUPTURA CONTROLADA PARA SERVIÇO DE LAMA ASFÁLTICA","2023-04-01","***","***","***","***","***","***"]
["EMULSÃO ASFÁLTICA CATIÔNICA DE RUPTURA CONTROLADA PARA SERVIÇO DE LAMA ASFÁLTICA","2023-05-01","***","***","***","***","***","***"]
["EMULSÃO ASFÁLTICA CATIÔNICA DE RUPTURA CONTROLADA PARA SERVIÇO DE LAMA ASFÁLTICA","2023-06-01","***","***","***","***","***","***"]
["EMULSÃO ASFÁLTICA CATIÔNICA DE RUPTURA CONTROLADA PARA SERVIÇO DE LAMA ASFÁLTICA","2023-07-01","***","***","***","***","***","***"]
["EMULSÃO ASFÁLTICA CATIÔNICA DE RUPTURA CONTROLADA PARA SERVIÇO DE LAMA ASFÁLTICA","2023-08-01","***","***","***","***","***","***"]
["EMULSÃO ASFÁLTICA CATIÔNICA DE RUPTURA CONTROLADA PARA SERVIÇO DE LAMA ASFÁLTICA","2023-09-01","***","***","***","***","***","***"]
["EMULSÃO ASFÁLTICA CATIÔNICA DE RUPTURA CONTROLADA PARA SERVIÇO DE LAMA ASFÁLTICA","2023-10-01","***","***","***","***","***","***"]
["EMULSÃO ASFÁLTICA CATIÔNICA DE RUPTURA CONTROLADA PARA SERVIÇO DE LAMA ASFÁLTICA","2023-11-01","***","***","***","***","***","***"]
["EMULSÃO ASFÁLTICA CATIÔNICA DE RUPTURA CONTROLADA PARA SERVIÇO DE LAMA ASFÁLTICA","2023-12-01","***","***","***","***","***","***"]
["EMULSÃO ASFÁLTICA CATIÔNICA DE RUPTURA CONTROLADA PARA SERVIÇO DE LAMA ASFÁLTICA","2024-01-01","***","***","***","***","***","***"]
["EMULSÃO ASFÁLTICA CATIÔNICA DE RUPTURA CONTROLADA PARA SERVIÇO DE LAMA ASFÁLTICA","2024-02-01","***",2.9875799999999999,"***","***","***",2.9875799999999999]
["EMULSÃO ASFÁLTICA CATIÔNICA DE RUPTURA CONTROLADA PARA SERVIÇO DE LAMA ASFÁLTICA","2024-03-01","***",2.9074899999999997,"***","***","***",2.9074899999999997]
["EMULSÃO ASFÁLTICA CATIÔNICA DE RUPTURA CONTROLADA PARA SERVIÇO DE LAMA ASFÁLTICA","2024-04-01","***",2.9074900000000006,"***","***","***",2.9074900000000006]
["EMULSÃO ASFÁLTICA CATIÔNICA DE RUPTURA CONTROLADA PARA SERVIÇO DE LAMA ASFÁLTICA","2024-05-01","***",3.0521846814082045,"***","***","***",3.0521846814082045]
["EMULSÃO ASFÁLTICA CATIÔNICA DE RUPTURA CONTROLADA PARA SERVIÇO DE LAMA ASFÁLTICA","2024-06-01","***",3.1209845508390917,"***","***","***",3.1209845508390917]
["EMULSÃO ASFÁLTICA CATIÔNICA DE RUPTURA CONTROLADA PARA SERVIÇO DE LAMA ASFÁLTICA","2024-07-01","***",3.1665000000000001,"***","***","***",3.1665000000000001]
["EMULSÃO ASFÁLTICA DE RUPTURA LENTA CATIÔNICA PARA SERVIÇO DE LAMA ASFÁLTICA","2015-09-01","***","***","***","***","***","***"]
["EMULSÃO ASFÁLTICA DE RUPTURA LENTA CATIÔNICA PARA SERVIÇO DE LAMA ASFÁLTICA","2015-10-01","***","***","***","***","***","***"]
["EMULSÃO ASFÁLTICA DE RUPTURA LENTA CATIÔNICA PARA SERVIÇO DE LAMA ASFÁLTICA","2015-11-01","***","***","***","***","***","***"]
["EMULSÃO ASFÁLTICA DE RUPTURA LENTA CATIÔNICA PARA SERVIÇO DE LAMA ASFÁLTICA","2015-12-01","***","***","***","***","***","***"]
["EMULSÃO ASFÁLTICA DE RUPTURA LENTA CATIÔNICA PARA SERVIÇO DE LAMA ASFÁLTICA","2016-01-01","***","***","***","***","***","***"]
["EMULSÃO ASFÁLTICA DE RUPTURA LENTA CATIÔNICA PARA SERVIÇO DE LAMA ASFÁLTICA","2016-02-01","***","***","***","***","***","***"]
["EMULSÃO ASFÁLTICA DE RUPTURA LENTA CATIÔNICA PARA SERVIÇO DE LAMA ASFÁLTICA","2016-03-01","***","***","***","***","***","***"]
["EMULSÃO ASFÁLTICA DE RUPTURA LENTA CATIÔNICA PARA SERVIÇO DE LAMA ASFÁLTICA","2016-04-01","***","***","***","***","***","***"]
["EMULSÃO ASFÁLTICA DE RUPTURA LENTA CATIÔNICA PARA SERVIÇO DE LAMA ASFÁLTICA","2016-05-01","***","***","***","***","***","***"]
["EMULSÃO ASFÁLTICA DE RUPTURA LENTA CATIÔNICA PARA SERVIÇO DE LAMA ASFÁLTICA","2016-06-01","***","***","***","***","***","***"]
["EMULSÃO ASFÁLTICA DE RUPTURA LENTA CATIÔNICA PARA SERVIÇO DE LAMA ASFÁLTICA","2016-07-01","***","***","***","***","***","***"]
["EMULSÃO ASFÁLTICA DE RUPTURA LENTA CATIÔNICA PARA SERVIÇO DE LAMA ASFÁLTICA","2016-08-01","***","***","***","***","***","***"]
["EMULSÃO ASFÁLTICA DE RUPTURA LENTA CATIÔNICA PARA SERVIÇO DE LAMA ASFÁLTICA","2016-09-01","***","***","***","***","***","***"]
["EMULSÃO ASFÁLTICA DE RUPTURA LENTA CATIÔNICA PARA SERVIÇO DE LAMA ASFÁLTICA","2016-10-01","***","***","***","***","***","***"]
["EMULSÃO ASFÁLTICA DE RUPTURA LENTA CATIÔNICA PARA SERVIÇO DE LAMA ASFÁLTICA","2016-11-01","***","***","***","***","***","***"]
["EMULSÃO ASFÁLTICA DE RUPTURA LENTA CATIÔNICA PARA SERVIÇO DE LAMA ASFÁLTICA","2016-12-01","***","***","***","***","***","***"]
["EMULSÃO ASFÁLTICA DE RUPTURA LENTA CATIÔNICA PARA SERVIÇO DE LAMA ASFÁLTICA","2017-01-01","***","***","***","***","***","***"]
["EMULSÃO ASFÁLTICA DE RUPTURA LENTA CATIÔNICA PARA SERVIÇO DE LAMA ASFÁLTICA","2017-02-01","***","***","***","***","***","***"]
["EMULSÃO ASFÁLTICA DE RUPTURA LENTA CATIÔNICA PARA SERVIÇO DE LAMA ASFÁLTICA","2017-03-01","***","***","***","***","***","***"]
["EMULSÃO ASFÁLTICA DE RUPTURA LENTA CATIÔNICA PARA SERVIÇO DE LAMA ASFÁLTICA","2017-04-01","***","***","***","***","***","***"]
["EMULSÃO ASFÁLTICA DE RUPTURA LENTA CATIÔNICA PARA SERVIÇO DE LAMA ASFÁLTICA","2017-05-01","***","***","***","***","***","***"]
["EMULSÃO ASFÁLTICA DE RUPTURA LENTA CATIÔNICA PARA SERVIÇO DE LAMA ASFÁLTICA","2017-06-01","***","***","***","***","***","***"]
["EMULSÃO ASFÁLTICA DE RUPTURA LENTA CATIÔNICA PARA SERVIÇO DE LAMA ASFÁLTICA","2017-07-01","***","***","***","***","***","***"]
["EMULSÃO ASFÁLTICA DE RUPTURA LENTA CATIÔNICA PARA SERVIÇO DE LAMA ASFÁLTICA","2017-08-01","***","***","***","***","***","***"]
["EMULSÃO ASFÁLTICA DE RUPTURA LENTA CATIÔNICA PARA SERVIÇO DE LAMA ASFÁLTICA","2017-09-01","***","***","***","***","***","***"]
["EMULSÃO ASFÁLTICA DE RUPTURA LENTA CATIÔNICA PARA SERVIÇO DE LAMA ASFÁLTICA","2017-10-01","***","***","***","***","***","***"]
["EMULSÃO ASFÁLTICA DE RUPTURA LENTA CATIÔNICA PARA SERVIÇO DE LAMA ASFÁLTICA","2017-11-01","***","***","***","***","***","***"]
["EMULSÃO ASFÁLTICA DE RUPTURA LENTA CATIÔNICA PARA SERVIÇO DE LAMA ASFÁLTICA","2017-12-01","***","***","***","***","***","***"]
["EMULSÃO ASFÁLTICA DE RUPTURA LENTA CATIÔNICA PARA SERVIÇO DE LAMA ASFÁLTICA","2018-01-01","***","***","***","***","***","***"]
["EMULSÃO ASFÁLTICA DE RUPTURA LENTA CATIÔNICA PARA SERVIÇO DE LAMA ASFÁLTICA","2018-02-01","***","***","***","***","***","***"]
["EMULSÃO ASFÁLTICA DE RUPTURA LENTA CATIÔNICA PARA SERVIÇO DE LAMA ASFÁLTICA","2018-03-01","***","***","***","***","***","***"]
["EMULSÃO ASFÁLTICA DE RUPTURA LENTA CATIÔNICA PARA SERVIÇO DE LAMA ASFÁLTICA","2018-04-01","***","***","***","***","***","***"]
["EMULSÃO ASFÁLTICA DE RUPTURA LENTA CATIÔNICA PARA SERVIÇO DE LAMA ASFÁLTICA","2018-05-01","***","***","***","***","***","***"]
["EMULSÃO ASFÁLTICA DE RUPTURA LENTA CATIÔNICA PARA SERVIÇO DE LAMA ASFÁLTICA","2018-06-01","***","***","***","***","***","***"]
["EMULSÃO ASFÁLTICA DE RUPTURA LENTA CATIÔNICA PARA SERVIÇO DE LAMA ASFÁLTICA","2018-07-01","***","***","***","***","***","***"]
["EMULSÃO ASFÁLTICA DE RUPTURA LENTA CATIÔNICA PARA SERVIÇO DE LAMA ASFÁLTICA","2018-08-01","***","***","***","***","***","***"]
["EMULSÃO ASFÁLTICA DE RUPTURA LENTA CATIÔNICA PARA SERVIÇO DE LAMA ASFÁLTICA","2018-09-01","***","***","***","***","***","***"]
["EMULSÃO ASFÁLTICA DE RUPTURA LENTA CATIÔNICA PARA SERVIÇO DE LAMA ASFÁLTICA","2018-10-01","***","***","***","***","***","***"]
["EMULSÃO ASFÁLTICA DE RUPTURA LENTA CATIÔNICA PARA SERVIÇO DE LAMA ASFÁLTICA","2018-11-01","***","***","***","***","***","***"]
["EMULSÃO ASFÁLTICA DE RUPTURA LENTA CATIÔNICA PARA SERVIÇO DE LAMA ASFÁLTICA","2018-12-01","***","***","***","***","***","***"]
["EMULSÃO ASFÁLTICA DE RUPTURA LENTA CATIÔNICA PARA SERVIÇO DE LAMA ASFÁLTICA","2019-01-01","***","***","***","***","***","***"]
["EMULSÃO ASFÁLTICA DE RUPTURA LENTA CATIÔNICA PARA SERVIÇO DE LAMA ASFÁLTICA","2019-02-01","***","***","***","***","***","***"]
["EMULSÃO ASFÁLTICA DE RUPTURA LENTA CATIÔNICA PARA SERVIÇO DE LAMA ASFÁLTICA","2019-03-01","***","***","***","***","***","***"]
["EMULSÃO ASFÁLTICA DE RUPTURA LENTA CATIÔNICA PARA SERVIÇO DE LAMA ASFÁLTICA","2019-04-01","***","***","***","***","***","***"]
["EMULSÃO ASFÁLTICA DE RUPTURA LENTA CATIÔNICA PARA SERVIÇO DE LAMA ASFÁLTICA","2019-05-01","***","***","***","***","***","***"]
["EMULSÃO ASFÁLTICA DE RUPTURA LENTA CATIÔNICA PARA SERVIÇO DE LAMA ASFÁLTICA","2019-06-01","***","***","***","***","***","***"]
["EMULSÃO ASFÁLTICA DE RUPTURA LENTA CATIÔNICA PARA SERVIÇO DE LAMA ASFÁLTICA","2019-07-01","***","***","***","***","***","***"]
["EMULSÃO ASFÁLTICA DE RUPTURA LENTA CATIÔNICA PARA SERVIÇO DE LAMA ASFÁLTICA","2019-08-01","***","***","***","***","***","***"]
["EMULSÃO ASFÁLTICA DE RUPTURA LENTA CATIÔNICA PARA SERVIÇO DE LAMA ASFÁLTICA","2019-09-01","***","***","***","***","***","***"]
["EMULSÃO ASFÁLTICA DE RUPTURA LENTA CATIÔNICA PARA SERVIÇO DE LAMA ASFÁLTICA","2019-10-01","***","***","***","***","***","***"]
["EMULSÃO ASFÁLTICA DE RUPTURA LENTA CATIÔNICA PARA SERVIÇO DE LAMA ASFÁLTICA","2019-11-01","***","***","***","***","***","***"]
["EMULSÃO ASFÁLTICA DE RUPTURA LENTA CATIÔNICA PARA SERVIÇO DE LAMA ASFÁLTICA","2019-12-01","***","***","***","***","***","***"]
["EMULSÃO ASFÁLTICA DE RUPTURA LENTA CATIÔNICA PARA SERVIÇO DE LAMA ASFÁLTICA","2020-01-01","***","***","***","***","***","***"]
["EMULSÃO ASFÁLTICA DE RUPTURA LENTA CATIÔNICA PARA SERVIÇO DE LAMA ASFÁLTICA","2020-02-01","***","***","***","***","***","***"]
["EMULSÃO ASFÁLTICA DE RUPTURA LENTA CATIÔNICA PARA SERVIÇO DE LAMA ASFÁLTICA","2020-03-01","***","***","***","***","***","***"]
["EMULSÃO ASFÁLTICA DE RUPTURA LENTA CATIÔNICA PARA SERVIÇO DE LAMA ASFÁLTICA","2020-04-01","***","***","***","***","***","***"]
["EMULSÃO ASFÁLTICA DE RUPTURA LENTA CATIÔNICA PARA SERVIÇO DE LAMA ASFÁLTICA","2020-05-01","***","***","***","***","***","***"]
["EMULSÃO ASFÁLTICA DE RUPTURA LENTA CATIÔNICA PARA SERVIÇO DE LAMA ASFÁLTICA","2020-06-01","***","***","***","***","***","***"]
["EMULSÃO ASFÁLTICA DE RUPTURA LENTA CATIÔNICA PARA SERVIÇO DE LAMA ASFÁLTICA","2020-07-01","***","***","***","***","***","***"]
["EMULSÃO ASFÁLTICA DE RUPTURA LENTA CATIÔNICA PARA SERVIÇO DE LAMA ASFÁLTICA","2020-08-01","***","***","***","***","***","***"]
["EMULSÃO ASFÁLTICA DE RUPTURA LENTA CATIÔNICA PARA SERVIÇO DE LAMA ASFÁLTICA","2020-09-01","***","***","***","***","***","***"]
["EMULSÃO ASFÁLTICA DE RUPTURA LENTA CATIÔNICA PARA SERVIÇO DE LAMA ASFÁLTICA","2020-10-01","***","***","***","***","***","***"]
["EMULSÃO ASFÁLTICA DE RUPTURA LENTA CATIÔNICA PARA SERVIÇO DE LAMA ASFÁLTICA","2020-11-01","***","***","***","***","***","***"]
["EMULSÃO ASFÁLTICA DE RUPTURA LENTA CATIÔNICA PARA SERVIÇO DE LAMA ASFÁLTICA","2020-12-01","***","***","***","***","***","***"]
["EMULSÃO ASFÁLTICA DE RUPTURA LENTA CATIÔNICA PARA SERVIÇO DE LAMA ASFÁLTICA","2021-01-01","***","***","***","***","***","***"]
["EMULSÃO ASFÁLTICA DE RUPTURA LENTA CATIÔNICA PARA SERVIÇO DE LAMA ASFÁLTICA","2021-02-01","***","***","***","***","***","***"]
["EMULSÃO ASFÁLTICA DE RUPTURA LENTA CATIÔNICA PARA SERVIÇO DE LAMA ASFÁLTICA","2021-03-01","***","***","***","***","***","***"]
["EMULSÃO ASFÁLTICA DE RUPTURA LENTA CATIÔNICA PARA SERVIÇO DE LAMA ASFÁLTICA","2021-04-01","***","***","***","***","***","***"]
["EMULSÃO ASFÁLTICA DE RUPTURA LENTA CATIÔNICA PARA SERVIÇO DE LAMA ASFÁLTICA","2021-05-01","***","***","***","***","***","***"]
["EMULSÃO ASFÁLTICA DE RUPTURA LENTA CATIÔNICA PARA SERVIÇO DE LAMA ASFÁLTICA","2021-06-01","***","***","***","***","***","***"]
["EMULSÃO ASFÁLTICA DE RUPTURA LENTA CATIÔNICA PARA SERVIÇO DE LAMA ASFÁLTICA","2021-07-01","***","***","***","***","***","***"]
["EMULSÃO ASFÁLTICA DE RUPTURA LENTA CATIÔNICA PARA SERVIÇO DE LAMA ASFÁLTICA","2021-08-01","***","***","***","***","***","***"]
["EMULSÃO ASFÁLTICA DE RUPTURA LENTA CATIÔNICA PARA SERVIÇO DE LAMA ASFÁLTICA","2021-09-01","***","***","***","***","***","***"]
["EMULSÃO ASFÁLTICA DE RUPTURA LENTA CATIÔNICA PARA SERVIÇO DE LAMA ASFÁLTICA","2021-10-01","***","***","***","***","***","***"]
["EMULSÃO ASFÁLTICA DE RUPTURA LENTA CATIÔNICA PARA SERVIÇO DE LAMA ASFÁLTICA","2021-11-01","***","***","***","***","***","***"]
["EMULSÃO ASFÁLTICA DE RUPTURA LENTA CATIÔNICA PARA SERVIÇO DE LAMA ASFÁLTICA","2021-12-01","***","***","***","***","***","***"]
["EMULSÃO ASFÁLTICA DE RUPTURA LENTA CATIÔNICA PARA SERVIÇO DE LAMA ASFÁLTICA","2022-01-01","***","***","***","***","***","***"]
["EMULSÃO ASFÁLTICA DE RUPTURA LENTA CATIÔNICA PARA SERVIÇO DE LAMA ASFÁLTICA","2022-02-01","***","***","***","***","***","***"]
["EMULSÃO ASFÁLTICA DE RUPTURA LENTA CATIÔNICA PARA SERVIÇO DE LAMA ASFÁLTICA","2022-03-01","***","***","***","***","***","***"]
["EMULSÃO ASFÁLTICA DE RUPTURA LENTA CATIÔNICA PARA SERVIÇO DE LAMA ASFÁLTICA","2022-04-01","***","***","***","***","***","***"]
["EMULSÃO ASFÁLTICA DE RUPTURA LENTA CATIÔNICA PARA SERVIÇO DE LAMA ASFÁLTICA","2022-05-01","***","***","***","***","***","***"]
["EMULSÃO ASFÁLTICA DE RUPTURA LENTA CATIÔNICA PARA SERVIÇO DE LAMA ASFÁLTICA","2022-06-01","***","***","***","***","***","***"]
["EMULSÃO ASFÁLTICA DE RUPTURA LENTA CATIÔNICA PARA SERVIÇO DE LAMA ASFÁLTICA","2022-07-01","***","***","***","***","***","***"]
["EMULSÃO ASFÁLTICA DE RUPTURA LENTA CATIÔNICA PARA SERVIÇO DE LAMA ASFÁLTICA","2022-08-01","***","***","***","***","***","***"]
["EMULSÃO ASFÁLTICA DE RUPTURA LENTA CATIÔNICA PARA SERVIÇO DE LAMA ASFÁLTICA","2022-09-01","***","***","***","***","***","***"]
["EMULSÃO ASFÁLTICA DE RUPTURA LENTA CATIÔNICA PARA SERVIÇO DE LAMA ASFÁLTICA","2022-10-01","***","***","***","***","***","***"]
["EMULSÃO ASFÁLTICA DE RUPTURA LENTA CATIÔNICA PARA SERVIÇO DE LAMA ASFÁLTICA","2022-11-01","***","***","***","***","***","***"]
["EMULSÃO ASFÁLTICA DE RUPTURA LENTA CATIÔNICA PARA SERVIÇO DE LAMA ASFÁLTICA","2022-12-01","***","***","***","***","***","***"]
["EMULSÃO ASFÁLTICA DE RUPTURA LENTA CATIÔNICA PARA SERVIÇO DE LAMA ASFÁLTICA","2023-01-01","***","***","***","***","***","***"]
["EMULSÃO ASFÁLTICA DE RUPTURA LENTA CATIÔNICA PARA SERVIÇO DE LAMA ASFÁLTICA","2023-02-01","***","***","***","***","***","***"]
["EMULSÃO ASFÁLTICA DE RUPTURA LENTA CATIÔNICA PARA SERVIÇO DE LAMA ASFÁLTICA","2023-03-01","***","***","***","***","***","***"]
["EMULSÃO ASFÁLTICA DE RUPTURA LENTA CATIÔNICA PARA SERVIÇO DE LAMA ASFÁLTICA","2023-04-01","***","***","***","***","***","***"]
["EMULSÃO ASFÁLTICA DE RUPTURA LENTA CATIÔNICA PARA SERVIÇO DE LAMA ASFÁLTICA","2023-05-01","***","***","***","***","***","***"]
["EMULSÃO ASFÁLTICA DE RUPTURA LENTA CATIÔNICA PARA SERVIÇO DE LAMA ASFÁLTICA","2023-06-01","***","***","***","***","***","***"]
["EMULSÃO ASFÁLTICA DE RUPTURA LENTA CATIÔNICA PARA SERVIÇO DE LAMA ASFÁLTICA","2023-07-01","***","***","***","***","***","***"]
["EMULSÃO ASFÁLTICA DE RUPTURA LENTA CATIÔNICA PARA SERVIÇO DE LAMA ASFÁLTICA","2023-08-01","***","***","***","***","***","***"]
["EMULSÃO ASFÁLTICA DE RUPTURA LENTA CATIÔNICA PARA SERVIÇO DE LAMA ASFÁLTICA","2023-09-01","***","***","***","***","***","***"]
["EMULSÃO ASFÁLTICA DE RUPTURA LENTA CATIÔNICA PARA SERVIÇO DE LAMA ASFÁLTICA","2023-10-01","***","***","***","***","***","***"]
["EMULSÃO ASFÁLTICA DE RUPTURA LENTA CATIÔNICA PARA SERVIÇO DE LAMA ASFÁLTICA","2023-11-01","***","***","***","***","***","***"]
["EMULSÃO ASFÁLTICA DE RUPTURA LENTA CATIÔNICA PARA SERVIÇO DE LAMA ASFÁLTICA","2023-12-01","***","***","***","***","***","***"]
["EMULSÃO ASFÁLTICA DE RUPTURA LENTA CATIÔNICA PARA SERVIÇO DE LAMA ASFÁLTICA","2024-01-01","***","***","***","***","***","***"]
["EMULSÃO ASFÁLTICA DE RUPTURA LENTA CATIÔNICA PARA SERVIÇO DE LAMA ASFÁLTICA","2024-02-01","***","***","***","***","***","***"]
["EMULSÃO ASFÁLTICA DE RUPTURA LENTA CATIÔNICA PARA SERVIÇO DE LAMA ASFÁLTICA","2024-03-01","***","***","***","***","***","***"]
["EMULSÃO ASFÁLTICA DE RUPTURA LENTA CATIÔNICA PARA SERVIÇO DE LAMA ASFÁLTICA","2024-04-01","***","***","***","***","***","***"]
["EMULSÃO ASFÁLTICA DE RUPTURA LENTA CATIÔNICA PARA SERVIÇO DE LAMA ASFÁLTICA","2024-05-01","***","***","***","***","***","***"]
["EMULSÃO ASFÁLTICA DE RUPTURA LENTA CATIÔNICA PARA SERVIÇO DE LAMA ASFÁLTICA","2024-06-01","***","***","***","***","***","***"]
["EMULSÃO ASFÁLTICA DE RUPTURA LENTA CATIÔNICA PARA SERVIÇO DE LAMA ASFÁLTICA","2024-07-01","***","***","***","***","***","***"]
["EMULSÃO ASFÁLTICA DE RUPTURA LENTA DE CARGA NEUTRA PARA SERVIÇO DE LAMA ASFÁLTICA","2015-09-01","***","***","***","***","***","***"]
["EMULSÃO ASFÁLTICA DE RUPTURA LENTA DE CARGA NEUTRA PARA SERVIÇO DE LAMA ASFÁLTICA","2015-10-01","***","***","***","***","***","***"]
["EMULSÃO ASFÁLTICA DE RUPTURA LENTA DE CARGA NEUTRA PARA SERVIÇO DE LAMA ASFÁLTICA","2015-11-01","***","***","***","***","***","***"]
["EMULSÃO ASFÁLTICA DE RUPTURA LENTA DE CARGA NEUTRA PARA SERVIÇO DE LAMA ASFÁLTICA","2015-12-01","***","***","***",1.78091,"***",1.78091]
["EMULSÃO ASFÁLTICA DE RUPTURA LENTA DE CARGA NEUTRA PARA SERVIÇO DE LAMA ASFÁLTICA","2016-01-01","***","***","***","***","***","***"]
["EMULSÃO ASFÁLTICA DE RUPTURA LENTA DE CARGA NEUTRA PARA SERVIÇO DE LAMA ASFÁLTICA","2016-02-01","***","***","***","***","***","***"]
["EMULSÃO ASFÁLTICA DE RUPTURA LENTA DE CARGA NEUTRA PARA SERVIÇO DE LAMA ASFÁLTICA","2016-03-01","***","***","***","***","***","***"]
["EMULSÃO ASFÁLTICA DE RUPTURA LENTA DE CARGA NEUTRA PARA SERVIÇO DE LAMA ASFÁLTICA","2016-04-01","***","***","***","***","***","***"]
["EMULSÃO ASFÁLTICA DE RUPTURA LENTA DE CARGA NEUTRA PARA SERVIÇO DE LAMA ASFÁLTICA","2016-05-01","***","***","***","***","***","***"]
["EMULSÃO ASFÁLTICA DE RUPTURA LENTA DE CARGA NEUTRA PARA SERVIÇO DE LAMA ASFÁLTICA","2016-06-01","***","***","***","***","***","***"]
["EMULSÃO ASFÁLTICA DE RUPTURA LENTA DE CARGA NEUTRA PARA SERVIÇO DE LAMA ASFÁLTICA","2016-07-01","***","***","***","***","***","***"]
["EMULSÃO ASFÁLTICA DE RUPTURA LENTA DE CARGA NEUTRA PARA SERVIÇO DE LAMA ASFÁLTICA","2016-08-01","***","***","***","***","***","***"]
["EMULSÃO ASFÁLTICA DE RUPTURA LENTA DE CARGA NEUTRA PARA SERVIÇO DE LAMA ASFÁLTICA","2016-09-01","***","***","***","***","***","***"]
["EMULSÃO ASFÁLTICA DE RUPTURA LENTA DE CARGA NEUTRA PARA SERVIÇO DE LAMA ASFÁLTICA","2016-10-01","***","***","***","***","***","***"]
["EMULSÃO ASFÁLTICA DE RUPTURA LENTA DE CARGA NEUTRA PARA SERVIÇO DE LAMA ASFÁLTICA","2016-11-01","***","***","***","***","***","***"]
["EMULSÃO ASFÁLTICA DE RUPTURA LENTA DE CARGA NEUTRA PARA SERVIÇO DE LAMA ASFÁLTICA","2016-12-01","***","***","***","***","***","***"]
["EMULSÃO ASFÁLTICA DE RUPTURA LENTA DE CARGA NEUTRA PARA SERVIÇO DE LAMA ASFÁLTICA","2017-01-01","***","***","***","***",1.3629899999999999,1.3629899999999999]
["EMULSÃO ASFÁLTICA DE RUPTURA LENTA DE CARGA NEUTRA PARA SERVIÇO DE LAMA ASFÁLTICA","2017-02-01","***","***","***","***",1.4107400000000003,1.4107400000000003]
["EMULSÃO ASFÁLTICA DE RUPTURA LENTA DE CARGA NEUTRA PARA SERVIÇO DE LAMA ASFÁLTICA","2017-03-01","***","***","***","***",1.4107400000000001,1.4107400000000001]
["EMULSÃO ASFÁLTICA DE RUPTURA LENTA DE CARGA NEUTRA PARA SERVIÇO DE LAMA ASFÁLTICA","2017-04-01","***","***","***",1.2812077317731774,"***",1.2812077317731774]
["EMULSÃO ASFÁLTICA DE RUPTURA LENTA DE CARGA NEUTRA PARA SERVIÇO DE LAMA ASFÁLTICA","2017-05-01","***","***","***",1.6340114958448753,"***",1.6340114958448753]
["EMULSÃO ASFÁLTICA DE RUPTURA LENTA DE CARGA NEUTRA PARA SERVIÇO DE LAMA ASFÁLTICA","2017-06-01","***","***","***",1.31921,"***",1.31921]
["EMULSÃO ASFÁLTICA DE RUPTURA LENTA DE CARGA NEUTRA PARA SERVIÇO DE LAMA ASFÁLTICA","2017-07-01","***","***","***","***","***","***"]
["EMULSÃO ASFÁLTICA DE RUPTURA LENTA DE CARGA NEUTRA PARA SERVIÇO DE LAMA ASFÁLTICA","2017-08-01","***","***","***",1.9680600000000001,"***",1.9680600000000001]
["EMULSÃO ASFÁLTICA DE RUPTURA LENTA DE CARGA NEUTRA PARA SERVIÇO DE LAMA ASFÁLTICA","2017-09-01","***","***","***","***","***","***"]
["EMULSÃO ASFÁLTICA DE RUPTURA LENTA DE CARGA NEUTRA PARA SERVIÇO DE LAMA ASFÁLTICA","2017-10-01","***","***","***","***","***","***"]
["EMULSÃO ASFÁLTICA DE RUPTURA LENTA DE CARGA NEUTRA PARA SERVIÇO DE LAMA ASFÁLTICA","2017-11-01","***","***","***","***","***","***"]
["EMULSÃO ASFÁLTICA DE RUPTURA LENTA DE CARGA NEUTRA PARA SERVIÇO DE LAMA ASFÁLTICA","2017-12-01","***","***","***","***","***","***"]
["EMULSÃO ASFÁLTICA DE RUPTURA LENTA DE CARGA NEUTRA PARA SERVIÇO DE LAMA ASFÁLTICA","2018-01-01","***","***","***","***","***","***"]
["EMULSÃO ASFÁLTICA DE RUPTURA LENTA DE CARGA NEUTRA PARA SERVIÇO DE LAMA ASFÁLTICA","2018-02-01","***","***","***","***","***","***"]
["EMULSÃO ASFÁLTICA DE RUPTURA LENTA DE CARGA NEUTRA PARA SERVIÇO DE LAMA ASFÁLTICA","2018-03-01","***","***","***","***","***","***"]
["EMULSÃO ASFÁLTICA DE RUPTURA LENTA DE CARGA NEUTRA PARA SERVIÇO DE LAMA ASFÁLTICA","2018-04-01","***","***","***","***","***","***"]
["EMULSÃO ASFÁLTICA DE RUPTURA LENTA DE CARGA NEUTRA PARA SERVIÇO DE LAMA ASFÁLTICA","2018-05-01","***","***","***","***","***","***"]
["EMULSÃO ASFÁLTICA DE RUPTURA LENTA DE CARGA NEUTRA PARA SERVIÇO DE LAMA ASFÁLTICA","2018-06-01","***","***","***","***","***","***"]
["EMULSÃO ASFÁLTICA DE RUPTURA LENTA DE CARGA NEUTRA PARA SERVIÇO DE LAMA ASFÁLTICA","2018-07-01","***","***","***","***","***","***"]
["EMULSÃO ASFÁLTICA DE RUPTURA LENTA DE CARGA NEUTRA PARA SERVIÇO DE LAMA ASFÁLTICA","2018-08-01","***","***","***","***","***","***"]
["EMULSÃO ASFÁLTICA DE RUPTURA LENTA DE CARGA NEUTRA PARA SERVIÇO DE LAMA ASFÁLTICA","2018-09-01","***","***","***","***","***","***"]
["EMULSÃO ASFÁLTICA DE RUPTURA LENTA DE CARGA NEUTRA PARA SERVIÇO DE LAMA ASFÁLTICA","2018-10-01","***","***","***","***","***","***"]
["EMULSÃO ASFÁLTICA DE RUPTURA LENTA DE CARGA NEUTRA PARA SERVIÇO DE LAMA ASFÁLTICA","2018-11-01","***","***","***","***","***","***"]
["EMULSÃO ASFÁLTICA DE RUPTURA LENTA DE CARGA NEUTRA PARA SERVIÇO DE LAMA ASFÁLTICA","2018-12-01","***","***","***","***","***","***"]
["EMULSÃO ASFÁLTICA DE RUPTURA LENTA DE CARGA NEUTRA PARA SERVIÇO DE LAMA ASFÁLTICA","2019-01-01","***","***","***","***","***","***"]
["EMULSÃO ASFÁLTICA DE RUPTURA LENTA DE CARGA NEUTRA PARA SERVIÇO DE LAMA ASFÁLTICA","2019-02-01","***","***","***","***","***","***"]
["EMULSÃO ASFÁLTICA DE RUPTURA LENTA DE CARGA NEUTRA PARA SERVIÇO DE LAMA ASFÁLTICA","2019-03-01","***","***","***","***","***","***"]
["EMULSÃO ASFÁLTICA DE RUPTURA LENTA DE CARGA NEUTRA PARA SERVIÇO DE LAMA ASFÁLTICA","2019-04-01","***","***","***","***","***","***"]
["EMULSÃO ASFÁLTICA DE RUPTURA LENTA DE CARGA NEUTRA PARA SERVIÇO DE LAMA ASFÁLTICA","2019-05-01","***","***","***","***","***","***"]
["EMULSÃO ASFÁLTICA DE RUPTURA LENTA DE CARGA NEUTRA PARA SERVIÇO DE LAMA ASFÁLTICA","2019-06-01","***","***","***","***","***","***"]
["EMULSÃO ASFÁLTICA DE RUPTURA LENTA DE CARGA NEUTRA PARA SERVIÇO DE LAMA ASFÁLTICA","2019-07-01","***","***","***","***","***","***"]
["EMULSÃO ASFÁLTICA DE RUPTURA LENTA DE CARGA NEUTRA PARA SERVIÇO DE LAMA ASFÁLTICA","2019-08-01","***","***","***","***","***","***"]
["EMULSÃO ASFÁLTICA DE RUPTURA LENTA DE CARGA NEUTRA PARA SERVIÇO DE LAMA ASFÁLTICA","2019-09-01","***","***","***","***","***","***"]
["EMULSÃO ASFÁLTICA DE RUPTURA LENTA DE CARGA NEUTRA PARA SERVIÇO DE LAMA ASFÁLTICA","2019-10-01","***","***","***","***","***","***"]
["EMULSÃO ASFÁLTICA DE RUPTURA LENTA DE CARGA NEUTRA PARA SERVIÇO DE LAMA ASFÁLTICA","2019-11-01","***","***","***","***","***","***"]
["EMULSÃO ASFÁLTICA DE RUPTURA LENTA DE CARGA NEUTRA PARA SERVIÇO DE LAMA ASFÁLTICA","2019-12-01","***","***","***","***","***","***"]
["EMULSÃO ASFÁLTICA DE RUPTURA LENTA DE CARGA NEUTRA PARA SERVIÇO DE LAMA ASFÁLTICA","2020-01-01","***","***","***","***","***","***"]
["EMULSÃO ASFÁLTICA DE RUPTURA LENTA DE CARGA NEUTRA PARA SERVIÇO DE LAMA ASFÁLTICA","2020-02-01","***","***","***","***","***","***"]
["EMULSÃO ASFÁLTICA DE RUPTURA LENTA DE CARGA NEUTRA PARA SERVIÇO DE LAMA ASFÁLTICA","2020-03-01","***","***","***","***","***","***"]
["EMULSÃO ASFÁLTICA DE RUPTURA LENTA DE CARGA NEUTRA PARA SERVIÇO DE LAMA ASFÁLTICA","2020-04-01","***","***","***","***","***","***"]
["EMULSÃO ASFÁLTICA DE RUPTURA LENTA DE CARGA NEUTRA PARA SERVIÇO DE LAMA ASFÁLTICA","2020-05-01","***","***","***","***","***","***"]
["EMULSÃO ASFÁLTICA DE RUPTURA LENTA DE CARGA NEUTRA PARA SERVIÇO DE LAMA ASFÁLTICA","2020-06-01","***","***","***","***","***","***"]
["EMULSÃO ASFÁLTICA DE RUPTURA LENTA DE CARGA NEUTRA PARA SERVIÇO DE LAMA ASFÁLTICA","2020-07-01","***","***","***","***","***","***"]
["EMULSÃO ASFÁLTICA DE RUPTURA LENTA DE CARGA NEUTRA PARA SERVIÇO DE LAMA ASFÁLTICA","2020-08-01","***","***","***","***","***","***"]
["EMULSÃO ASFÁLTICA DE RUPTURA LENTA DE CARGA NEUTRA PARA SERVIÇO DE LAMA ASFÁLTICA","2020-09-01","***","***","***","***","***","***"]
["EMULSÃO ASFÁLTICA DE RUPTURA LENTA DE CARGA NEUTRA PARA SERVIÇO DE LAMA ASFÁLTICA","2020-10-01","***","***","***","***","***","***"]
["EMULSÃO ASFÁLTICA DE RUPTURA LENTA DE CARGA NEUTRA PARA SERVIÇO DE LAMA ASFÁLTICA","2020-11-01","***","***","***","***","***","***"]
["EMULSÃO ASFÁLTICA DE RUPTURA LENTA DE CARGA NEUTRA PARA SERVIÇO DE LAMA ASFÁLTICA","2020-12-01","***","***","***","***","***","***"]
["EMULSÃO ASFÁLTICA DE RUPTURA LENTA DE CARGA NEUTRA PARA SERVIÇO DE LAMA ASFÁLTICA","2021-01-01","***","***","***","***","***","***"]
["EMULSÃO ASFÁLTICA DE RUPTURA LENTA DE CARGA NEUTRA PARA SERVIÇO DE LAMA ASFÁLTICA","2021-02-01","***","***","***","***","***","***"]
["EMULSÃO ASFÁLTICA DE RUPTURA LENTA DE CARGA NEUTRA PARA SERVIÇO DE LAMA ASFÁLTICA","2021-03-01","***","***","***","***","***","***"]
["EMULSÃO ASFÁLTICA DE RUPTURA LENTA DE CARGA NEUTRA PARA SERVIÇO DE LAMA ASFÁLTICA","2021-04-01","***","***","***","***","***","***"]
["EMULSÃO ASFÁLTICA DE RUPTURA LENTA DE CARGA NEUTRA PARA SERVIÇO DE LAMA ASFÁLTICA","2021-05-01","***","***","***","***","***","***"]
["EMULSÃO ASFÁLTICA DE RUPTURA LENTA DE CARGA NEUTRA PARA SERVIÇO DE LAMA ASFÁLTICA","2021-06-01","***","***","***","***","***","***"]
["EMULSÃO ASFÁLTICA DE RUPTURA LENTA DE CARGA NEUTRA PARA SERVIÇO DE LAMA ASFÁLTICA","2021-07-01","***","***","***","***","***","***"]
["EMULSÃO ASFÁLTICA DE RUPTURA LENTA DE CARGA NEUTRA PARA SERVIÇO DE LAMA ASFÁLTICA","2021-08-01","***","***","***","***","***","***"]
["EMULSÃO ASFÁLTICA DE RUPTURA LENTA DE CARGA NEUTRA PARA SERVIÇO DE LAMA ASFÁLTICA","2021-09-01","***","***","***","***","***","***"]
["EMULSÃO ASFÁLTICA DE RUPTURA LENTA DE CARGA NEUTRA PARA SERVIÇO DE LAMA ASFÁLTICA","2021-10-01","***","***","***","***","***","***"]
["EMULSÃO ASFÁLTICA DE RUPTURA LENTA DE CARGA NEUTRA PARA SERVIÇO DE LAMA ASFÁLTICA","2021-11-01","***","***","***","***","***","***"]
["EMULSÃO ASFÁLTICA DE RUPTURA LENTA DE CARGA NEUTRA PARA SERVIÇO DE LAMA ASFÁLTICA","2021-12-01","***","***","***","***","***","***"]
["EMULSÃO ASFÁLTICA DE RUPTURA LENTA DE CARGA NEUTRA PARA SERVIÇO DE LAMA ASFÁLTICA","2022-01-01","***","***","***","***","***","***"]
["EMULSÃO ASFÁLTICA DE RUPTURA LENTA DE CARGA NEUTRA PARA SERVIÇO DE LAMA ASFÁLTICA","2022-02-01","***","***","***","***","***","***"]
["EMULSÃO ASFÁLTICA DE RUPTURA LENTA DE CARGA NEUTRA PARA SERVIÇO DE LAMA ASFÁLTICA","2022-03-01","***","***","***","***","***","***"]
["EMULSÃO ASFÁLTICA DE RUPTURA LENTA DE CARGA NEUTRA PARA SERVIÇO DE LAMA ASFÁLTICA","2022-04-01","***","***","***","***","***","***"]
["EMULSÃO ASFÁLTICA DE RUPTURA LENTA DE CARGA NEUTRA PARA SERVIÇO DE LAMA ASFÁLTICA","2022-05-01","***","***","***","***","***","***"]
["EMULSÃO ASFÁLTICA DE RUPTURA LENTA DE CARGA NEUTRA PARA SERVIÇO DE LAMA ASFÁLTICA","2022-06-01","***","***","***","***","***","***"]
["EMULSÃO ASFÁLTICA DE RUPTURA LENTA DE CARGA NEUTRA PARA SERVIÇO DE LAMA ASFÁLTICA","2022-07-01","***","***","***","***","***","***"]
["EMULSÃO ASFÁLTICA DE RUPTURA LENTA DE CARGA NEUTRA PARA SERVIÇO DE LAMA ASFÁLTICA","2022-08-01","***","***","***","***","***","***"]
["EMULSÃO ASFÁLTICA DE RUPTURA LENTA DE CARGA NEUTRA PARA SERVIÇO DE LAMA ASFÁLTICA","2022-09-01","***","***","***","***","***","***"]
["EMULSÃO ASFÁLTICA DE RUPTURA LENTA DE CARGA NEUTRA PARA SERVIÇO DE LAMA ASFÁLTICA","2022-10-01","***","***","***","***","***","***"]
["EMULSÃO ASFÁLTICA DE RUPTURA LENTA DE CARGA NEUTRA PARA SERVIÇO DE LAMA ASFÁLTICA","2022-11-01","***","***","***","***","***","***"]
["EMULSÃO ASFÁLTICA DE RUPTURA LENTA DE CARGA NEUTRA PARA SERVIÇO DE LAMA ASFÁLTICA","2022-12-01","***","***","***","***","***","***"]
["EMULSÃO ASFÁLTICA DE RUPTURA LENTA DE CARGA NEUTRA PARA SERVIÇO DE LAMA ASFÁLTICA","2023-01-01","***","***","***","***","***","***"]
["EMULSÃO ASFÁLTICA DE RUPTURA LENTA DE CARGA NEUTRA PARA SERVIÇO DE LAMA ASFÁLTICA","2023-02-01","***","***","***","***","***","***"]
["EMULSÃO ASFÁLTICA DE RUPTURA LENTA DE CARGA NEUTRA PARA SERVIÇO DE LAMA ASFÁLTICA","2023-03-01","***","***","***","***","***","***"]
["EMULSÃO ASFÁLTICA DE RUPTURA LENTA DE CARGA NEUTRA PARA SERVIÇO DE LAMA ASFÁLTICA","2023-04-01","***","***","***","***","***","***"]
["EMULSÃO ASFÁLTICA DE RUPTURA LENTA DE CARGA NEUTRA PARA SERVIÇO DE LAMA ASFÁLTICA","2023-05-01","***","***","***","***","***","***"]
["EMULSÃO ASFÁLTICA DE RUPTURA LENTA DE CARGA NEUTRA PARA SERVIÇO DE LAMA ASFÁLTICA","2023-06-01","***","***","***","***","***","***"]
["EMULSÃO ASFÁLTICA DE RUPTURA LENTA DE CARGA NEUTRA PARA SERVIÇO DE LAMA ASFÁLTICA","2023-07-01","***","***","***","***","***","***"]
["EMULSÃO ASFÁLTICA DE RUPTURA LENTA DE CARGA NEUTRA PARA SERVIÇO DE LAMA ASFÁLTICA","2023-08-01","***","***","***","***","***","***"]
["EMULSÃO ASFÁLTICA DE RUPTURA LENTA DE CARGA NEUTRA PARA SERVIÇO DE LAMA ASFÁLTICA","2023-09-01","***","***","***","***","***","***"]
["EMULSÃO ASFÁLTICA DE RUPTURA LENTA DE CARGA NEUTRA PARA SERVIÇO DE LAMA ASFÁLTICA","2023-10-01","***","***","***","***","***","***"]
["EMULSÃO ASFÁLTICA DE RUPTURA LENTA DE CARGA NEUTRA PARA SERVIÇO DE LAMA ASFÁLTICA","2023-11-01","***","***","***","***","***","***"]
["EMULSÃO ASFÁLTICA DE RUPTURA LENTA DE CARGA NEUTRA PARA SERVIÇO DE LAMA ASFÁLTICA","2023-12-01","***","***","***","***","***","***"]
["EMULSÃO ASFÁLTICA DE RUPTURA LENTA DE CARGA NEUTRA PARA SERVIÇO DE LAMA ASFÁLTICA","2024-01-01","***","***","***","***","***","***"]
["EMULSÃO ASFÁLTICA DE RUPTURA LENTA DE CARGA NEUTRA PARA SERVIÇO DE LAMA ASFÁLTICA","2024-02-01","***","***","***","***","***","***"]
["EMULSÃO ASFÁLTICA DE RUPTURA LENTA DE CARGA NEUTRA PARA SERVIÇO DE LAMA ASFÁLTICA","2024-03-01","***","***","***","***","***","***"]
["EMULSÃO ASFÁLTICA DE RUPTURA LENTA DE CARGA NEUTRA PARA SERVIÇO DE LAMA ASFÁLTICA","2024-04-01","***","***","***","***","***","***"]
["EMULSÃO ASFÁLTICA DE RUPTURA LENTA DE CARGA NEUTRA PARA SERVIÇO DE LAMA ASFÁLTICA","2024-05-01","***","***","***","***","***","***"]
["EMULSÃO ASFÁLTICA DE RUPTURA LENTA DE CARGA NEUTRA PARA SERVIÇO DE LAMA ASFÁLTICA","2024-06-01","***","***","***","***","***","***"]
["EMULSÃO ASFÁLTICA DE RUPTURA LENTA DE CARGA NEUTRA PARA SERVIÇO DE LAMA ASFÁLTICA","2024-07-01","***","***","***","***","***","***"]
["EMULSÃO ASFÁLTICA PARA SERVIÇO DE IMPRIMAÇÃO","2015-09-01","***","***",1.4717220003202049,1.4096112734159074,1.4193069532859328,1.446822740151299]
["EMULSÃO ASFÁLTICA PARA SERVIÇO DE IMPRIMAÇÃO","2015-10-01","***",1.9176,1.781092886124624,1.4955308126593099,1.6322685873497631,1.6558735877785684]
["EMULSÃO ASFÁLTICA PARA SERVIÇO DE IMPRIMAÇÃO","2015-11-01","***",1.9491000000000001,1.851497011280008,1.5423770651148661,1.7165669846000993,1.7111602719051495]
["EMULSÃO ASFÁLTICA PARA SERVIÇO DE IMPRIMAÇÃO","2015-12-01","***",1.9329001129943502,1.9289875347995546,1.5349218527808066,1.7583001329948014,1.7451550601173027]
["EMULSÃO ASFÁLTICA PARA SERVIÇO DE IMPRIMAÇÃO","2016-01-01","***",2.0734232378223494,1.7298643690939413,1.5701077270194985,1.8257659849583492,1.7351025423644171]
["EMULSÃO ASFÁLTICA PARA SERVIÇO DE IMPRIMAÇÃO","2016-02-01","***","***",1.9732574718275353,1.5621659796115781,1.7777156657003466,1.6603494935167886]
["EMULSÃO ASFÁLTICA PARA SERVIÇO DE IMPRIMAÇÃO","2016-03-01","***",2.0640000000000001,1.954123306098047,1.5733089191379386,1.7422350461028668,1.6939279132448939]
["EMULSÃO ASFÁLTICA PARA SERVIÇO DE IMPRIMAÇÃO","2016-04-01","***","***",2.1729798992309735,1.7525258127145407,1.8008038630578787,1.8146813159618167]
["EMULSÃO ASFÁLTICA PARA SERVIÇO DE IMPRIMAÇÃO","2016-05-01","***",1.7919240662460567,2.118228549569467,1.7355234617836999,1.9137052848109848,1.8802597980249405]
["EMULSÃO ASFÁLTICA PARA SERVIÇO DE IMPRIMAÇÃO","2016-06-01","***",2.3814000000000002,2.0685431061761879,1.7727581593359081,1.866770418484206,1.8919590595887776]
["EMULSÃO ASFÁLTICA PARA SERVIÇO DE IMPRIMAÇÃO","2016-07-01","***",2.2549342402884771,2.057723744701883,1.7455767606817247,1.9228265695583726,1.9082666921964366]
["EMULSÃO ASFÁLTICA PARA SERVIÇO DE IMPRIMAÇÃO","2016-08-01","***",1.9722799120284216,2.0208821239199635,1.8171883423962276,1.885670286408119,1.914476303570678]
["EMULSÃO ASFÁLTICA PARA SERVIÇO DE IMPRIMAÇÃO","2016-09-01","***",1.5627763159710244,1.8440562928701951,1.5798445022986489,1.6956428947170663,1.6976975163017372]
["EMULSÃO ASFÁLTICA PARA SERVIÇO DE IMPRIMAÇÃO","2016-10-01","***",1.3846296727384657,1.8077131124999994,1.5586842050456009,1.7103719054645461,1.6861737127229937]
["EMULSÃO ASFÁLTICA PARA SERVIÇO DE IMPRIMAÇÃO","2016-11-01",1.8555506785714286,1.5683234213680513,1.8844597698120391,1.502814868711015,1.6454688381756071,1.6395871836940492]
["EMULSÃO ASFÁLTICA PARA SERVIÇO DE IMPRIMAÇÃO","2016-12-01",1.835539482993197,1.7820216889674323,1.7095233511963166,1.4685483053029356,1.7295495707354236,1.6919890208808703]
["EMULSÃO ASFÁLTICA PARA SERVIÇO DE IMPRIMAÇÃO","2017-01-01",1.8523369286359528,1.9103789201849,1.7347059970384997,1.3295956145425254,1.7152723192149464,1.6610438044154168]
["EMULSÃO ASFÁLTICA PARA SERVIÇO DE IMPRIMAÇÃO","2017-02-01",1.80267,1.6531303859872608,1.692170593425987,1.5038838855913981,1.6521456953841025,1.6307036896274727]
["EMULSÃO ASFÁLTICA PARA SERVIÇO DE IMPRIMAÇÃO","2017-03-01","***",1.8867000000000003,1.8112680378486055,1.4228776705346042,1.6713104675337158,1.5907534057935775]
["EMULSÃO ASFÁLTICA PARA SERVIÇO DE IMPRIMAÇÃO","2017-04-01",1.80267,1.9221112673830594,1.9080195351925628,1.4540572151287079,1.4810554970551493,1.5422089253019704]
["EMULSÃO ASFÁLTICA PARA SERVIÇO DE IMPRIMAÇÃO","2017-05-01","***",1.798720788171672,1.9108605754545833,1.4473522046819021,1.5792215321643097,1.6012454388775854]
["EMULSÃO ASFÁLTICA PARA SERVIÇO DE IMPRIMAÇÃO","2017-06-01","***",1.928042078211333,1.7547227717460026,1.5224507626460311,1.6157893204478087,1.6626244760566549]
["EMULSÃO ASFÁLTICA PARA SERVIÇO DE IMPRIMAÇÃO","2017-07-01","***",1.8200533150144438,1.7937393923183163,1.5130407463586413,1.5841936541858999,1.6338958205168921]
["EMULSÃO ASFÁLTICA PARA SERVIÇO DE IMPRIMAÇÃO","2017-08-01",2.0585001865378132,1.8604519498001415,1.8188039432332377,1.4662376294908728,1.6024065110271175,1.6858944252430712]
["EMULSÃO ASFÁLTICA PARA SERVIÇO DE IMPRIMAÇÃO","2017-09-01",2.1347865658783785,1.912976607365793,1.7309102069523037,1.4955104023610026,1.7016208187846578,1.6378792960882471]
["EMULSÃO ASFÁLTICA PARA SERVIÇO DE IMPRIMAÇÃO","2017-10-01",1.9739520872469212,2.0452770015331643,1.7447005355811598,1.5035520794776804,1.6649430589906942,1.6895213192639258]
["EMULSÃO ASFÁLTICA PARA SERVIÇO DE IMPRIMAÇÃO","2017-11-01",2.2336100000000001,2.1274698169846036,1.7658597976295769,1.5960234244052445,1.7149270506442769,1.7348380917195407]
["EMULSÃO ASFÁLTICA PARA SERVIÇO DE IMPRIMAÇÃO","2017-12-01",2.0474999999999999,2.1473485538110029,1.8056750821779453,1.5046702154828409,1.713302354625726,1.793716006729597]
["EMULSÃO ASFÁLTICA PARA SERVIÇO DE IMPRIMAÇÃO","2018-01-01","***",2.1136413638684837,1.7047400385048834,1.661529397695241,1.7933764125799576,1.8390607333859526]
["EMULSÃO ASFÁLTICA PARA SERVIÇO DE IMPRIMAÇÃO","2018-02-01",2.2785099999999998,2.0658926604692343,1.8006337253545488,1.6419065684557534,1.7814624818836775,1.7641855811241458]
["EMULSÃO ASFÁLTICA PARA SERVIÇO DE IMPRIMAÇÃO","2018-03-01",2.2487019364214351,2.0861432800225783,1.9422039728402196,1.6115233037469801,1.8381134033956901,1.8777657953659046]
["EMULSÃO ASFÁLTICA PARA SERVIÇO DE IMPRIMAÇÃO","2018-04-01",2.2489575499112688,2.124686455890973,1.8978037947725068,1.6093467640342376,1.8135804273660479,1.8005182668979485]
["EMULSÃO ASFÁLTICA PARA SERVIÇO DE IMPRIMAÇÃO","2018-05-01","***",1.6126478213586228,2.0262988983512402,1.7277407187953555,1.886713069113602,1.7973856697043356]
["EMULSÃO ASFÁLTICA PARA SERVIÇO DE IMPRIMAÇÃO","2018-06-01",2.5311933305099097,1.896695403468095,2.112269213085765,1.7636055451565207,1.9582836458415978,1.9553870655161913]
["EMULSÃO ASFÁLTICA PARA SERVIÇO DE IMPRIMAÇÃO","2018-07-01",2.0369999999999999,1.7043749202437319,2.1750624815865645,1.8698214052011728,2.0236902374215862,1.9568261828570443]
["EMULSÃO ASFÁLTICA PARA SERVIÇO DE IMPRIMAÇÃO","2018-08-01",2.4222804352806415,2.1440126394777175,2.2640288331904372,1.9046096054385497,2.1279229118504173,2.1252186176818904]
["EMULSÃO ASFÁLTICA PARA SERVIÇO DE IMPRIMAÇÃO","2018-09-01",2.3363446925730522,2.2616459603713808,2.2680425644164259,1.8891011288312105,2.1329636128967833,2.1162671078665434]
["EMULSÃO ASFÁLTICA PARA SERVIÇO DE IMPRIMAÇÃO","2018-10-01",2.2061509825119234,2.320035007940946,2.2529405629192727,1.9093879243100309,2.150117762859733,2.1277288771141061]
["EMULSÃO ASFÁLTICA PARA SERVIÇO DE IMPRIMAÇÃO","2018-11-01","***",2.4775578172098047,2.347241355345544,2.048181918630879,2.2622156464294187,2.2770121207177478]
["EMULSÃO ASFÁLTICA PARA SERVIÇO DE IMPRIMAÇÃO","2018-12-01",2.6970100000000001,2.4878049135929841,2.2755942229183495,1.9267085426847577,2.2704107290574749,2.1773289110451319]
["EMULSÃO ASFÁLTICA PARA SERVIÇO DE IMPRIMAÇÃO","2019-01-01",2.569534034699779,2.0477524468903763,2.273538935697442,1.9026970882528318,2.2676028906672214,2.1379930658384958]
["EMULSÃO ASFÁLTICA PARA SERVIÇO DE IMPRIMAÇÃO","2019-02-01","***",2.0257277589489724,2.4624917058645401,1.9703196337051905,2.3070408404815756,2.1551676978941878]
["EMULSÃO ASFÁLTICA PARA SERVIÇO DE IMPRIMAÇÃO","2019-03-01",2.6691099999999999,1.6959436318303136,2.5465520276717553,1.9552438313539189,2.4281821113268061,2.2045408586361903]
["EMULSÃO ASFÁLTICA PARA SERVIÇO DE IMPRIMAÇÃO","2019-04-01",3.35955,1.9818107514303227,2.3125620717113136,2.0354331516730602,2.2397450546167494,2.1774734721493982]
["EMULSÃO ASFÁLTICA PARA SERVIÇO DE IMPRIMAÇÃO","2019-05-01","***",1.8234970544595721,2.4254257239463191,1.9132360206144159,2.2897054462858146,2.0706776060769183]
["EMULSÃO ASFÁLTICA PARA SERVIÇO DE IMPRIMAÇÃO","2019-06-01",2.2517219839142086,2.0564316331744847,2.3626354541824299,1.9853630545154812,2.3117404267678539,2.1754297162835736]
["EMULSÃO ASFÁLTICA PARA SERVIÇO DE IMPRIMAÇÃO","2019-07-01",2.3897042241771573,1.9267336846819376,2.3502997148567633,1.8861192366997852,2.3443128931004193,2.1300336245449243]
["EMULSÃO ASFÁLTICA PARA SERVIÇO DE IMPRIMAÇÃO","2019-08-01",2.4204981811922095,1.9366342717638025,2.2289583891939122,1.9191860417525901,2.0707519605165676,2.0746355600434843]
["EMULSÃO ASFÁLTICA PARA SERVIÇO DE IMPRIMAÇÃO","2019-09-01","***",1.72595770251872,2.1658361328552553,1.9828711191237132,2.1233871540218638,2.0320109511814355]
["EMULSÃO ASFÁLTICA PARA SERVIÇO DE IMPRIMAÇÃO","2019-10-01",4.5373264802536761,2.4236474290967682,2.2699362042611231,1.9603570112969801,2.0919216161557252,2.2362857279303823]
["EMULSÃO ASFÁLTICA PARA SERVIÇO DE IMPRIMAÇÃO","2019-11-01",5.6230687732466951,2.6715909938236941,2.7934442152445098,2.0930103721866944,1.9917861432045603,2.4255786535411881]
["EMULSÃO ASFÁLTICA PARA SERVIÇO DE IMPRIMAÇÃO","2019-12-01",2.3584000000000001,3.0904484000344756,2.6985981808610187,1.99483101942341,2.0674729614924576,2.3388369589663549]
["EMULSÃO ASFÁLTICA PARA SERVIÇO DE IMPRIMAÇÃO","2020-01-01",3.6791948315847596,4.1110188511601589,2.2090466486420044,2.2934666147576288,2.1807412851880241,2.3621384832723091]
["EMULSÃO ASFÁLTICA PARA SERVIÇO DE IMPRIMAÇÃO","2020-02-01",2.1811774007807414,2.1654909296132416,2.3830260641579271,2.2917209365781708,1.9559190447735786,2.1193258904026702]
["EMULSÃO ASFÁLTICA PARA SERVIÇO DE IMPRIMAÇÃO","2020-03-01",2.1471933954276037,1.9745777774206508,2.2907157166825649,2.1034900110826631,1.9431246398375084,2.0570322765095441]
["EMULSÃO ASFÁLTICA PARA SERVIÇO DE IMPRIMAÇÃO","2020-04-01",2.0778829341696397,1.793610134150381,2.2503999009644868,1.8989067760757625,2.0198990328425186,1.996356513702779]
["EMULSÃO ASFÁLTICA PARA SERVIÇO DE IMPRIMAÇÃO","2020-05-01",2.2555799800760732,1.8382469968106199,2.04921303898035,1.8409840556324244,2.1390478487386093,2.0004694352028545]
["EMULSÃO ASFÁLTICA PARA SERVIÇO DE IMPRIMAÇÃO","2020-06-01",2.1355224401584296,1.8717526592631764,2.0038524815999561,1.8457568575565277,2.1776289934903108,1.9814549341740808]
["EMULSÃO ASFÁLTICA PARA SERVIÇO DE IMPRIMAÇÃO","2020-07-01",2.3472582310469319,1.8385508340644319,2.0749291448471241,1.8187960953023425,2.1207410166589744,1.9855505192296981]
["EMULSÃO ASFÁLTICA PARA SERVIÇO DE IMPRIMAÇÃO","2020-08-01",2.3394068348445596,1.8707316968504784,2.1051079563256461,1.821531322006902,2.3315088349322686,2.0288077844879919]
["EMULSÃO ASFÁLTICA PARA SERVIÇO DE IMPRIMAÇÃO","2020-09-01",2.3620475670480823,1.8818332306167003,2.1206819463732454,1.8097786931062012,2.2764226232558142,2.0419763580939101]
["EMULSÃO ASFÁLTICA PARA SERVIÇO DE IMPRIMAÇÃO","2020-10-01",2.5521439381897189,2.0400156077004343,2.0565348781561954,1.8438136785625752,2.117957078695349,2.0469068041644838]
["EMULSÃO ASFÁLTICA PARA SERVIÇO DE IMPRIMAÇÃO","2020-11-01",2.4177600491974358,2.0188306190867253,2.1679761156056374,1.9405702252841677,2.2862254143170171,2.1147758396697172]
["EMULSÃO ASFÁLTICA PARA SERVIÇO DE IMPRIMAÇÃO","2020-12-01",2.3378236417126823,2.0841264732830966,2.1625742851821004,1.8335132127921996,2.2766193632809539,2.0952730475821557]
["EMULSÃO ASFÁLTICA PARA SERVIÇO DE IMPRIMAÇÃO","2021-01-01",2.347244482758621,2.0375597878691645,2.1396080159366542,2.0393461044153844,2.2376702420775714,2.0954109971087274]
["EMULSÃO ASFÁLTICA PARA SERVIÇO DE IMPRIMAÇÃO","2021-02-01",2.3501493848565898,2.056014115717268,2.1588145218720154,1.9805419662265893,2.2036431279255186,2.1088280212173074]
["EMULSÃO ASFÁLTICA PARA SERVIÇO DE IMPRIMAÇÃO","2021-03-01",2.343814607712766,1.969391522550507,2.1533056388479248,2.0575737712482201,2.4169572172627878,2.1614513911194146]
["EMULSÃO ASFÁLTICA PARA SERVIÇO DE IMPRIMAÇÃO","2021-04-01",2.4893339250275637,2.0094747183833115,2.2065015696897596,2.0225825563419222,2.3671075612262298,2.1681865962186944]
["EMULSÃO ASFÁLTICA PARA SERVIÇO DE IMPRIMAÇÃO","2021-05-01",2.5603540979658761,2.3435163980556548,2.457967603936039,2.4267227848229345,2.7680441952971298,2.5118451187675048]
["EMULSÃO ASFÁLTICA PARA SERVIÇO DE IMPRIMAÇÃO","2021-06-01",2.5979053203325209,2.2069928780173469,2.4392551551554367,2.3694899931799145,2.6563028965188091,2.4059176206771271]
["EMULSÃO ASFÁLTICA PARA SERVIÇO DE IMPRIMAÇÃO","2021-07-01",2.4877789729600099,2.2985659921240611,2.4157101048123479,2.346950719202165,2.5056567606381792,2.3916177185434626]
["EMULSÃO ASFÁLTICA PARA SERVIÇO DE IMPRIMAÇÃO","2021-08-01",2.742960745203034,2.2921504163659039,2.4581779088688727,2.4122336335128094,2.6645593237887648,2.4453203266611006]
["EMULSÃO ASFÁLTICA PARA SERVIÇO DE IMPRIMAÇÃO","2021-09-01",2.7361295292805354,2.3472058621277911,2.5007145940183619,2.4364476848492838,2.7185047802971698,2.4887002947269417]
["EMULSÃO ASFÁLTICA PARA SERVIÇO DE IMPRIMAÇÃO","2021-10-01",2.7711781203321229,2.2997943112176391,2.6102565992943241,2.3568543962721984,2.7147784922709639,2.502040352146762]
["EMULSÃO ASFÁLTICA PARA SERVIÇO DE IMPRIMAÇÃO","2021-11-01",3.2692235431946162,2.4903316498765697,2.7374106313084097,2.6827509963977656,3.1193826345188782,2.7718410004092489]
["EMULSÃO ASFÁLTICA PARA SERVIÇO DE IMPRIMAÇÃO","2021-12-01",3.0232395197510824,2.4811121239696741,2.8399219184106168,2.7897857359420737,3.0907552560988689,2.7695953079483986]
["EMULSÃO ASFÁLTICA PARA SERVIÇO DE IMPRIMAÇÃO","2022-01-01",3.1666615251287764,2.481387776339024,2.7500260733344808,2.8233744563615524,2.8680127154040589,2.7139794918540954]
["EMULSÃO ASFÁLTICA PARA SERVIÇO DE IMPRIMAÇÃO","2022-02-01",3.0130564295865194,2.5115472186482144,2.9902902135669787,2.8740507177825525,3.2858949624965774,2.7548944818147176]
["EMULSÃO ASFÁLTICA PARA SERVIÇO DE IMPRIMAÇÃO","2022-03-01",2.6530668181818178,2.5834505076381014,2.9893677349524816,2.9960875739952,3.2109117195300594,2.8387753231243074]
["EMULSÃO ASFÁLTICA PARA SERVIÇO DE IMPRIMAÇÃO","2022-04-01",3.1752210021198692,2.940810703564269,3.3647037660408499,3.0254126235653729,3.3443792665933461,3.1323690863580556]
["EMULSÃO ASFÁLTICA PARA SERVIÇO DE IMPRIMAÇÃO","2022-05-01",3.0254911624216048,3.0780428892722784,3.2428600844879454,2.9954721791758256,3.2211547963766369,3.1142319039385353]
["EMULSÃO ASFÁLTICA PARA SERVIÇO DE IMPRIMAÇÃO","2022-06-01",3.6042888992827633,2.8092826705882352,3.2421525773346196,3.0548692157720279,3.1202498527210061,3.1022324317211183]
["EMULSÃO ASFÁLTICA PARA SERVIÇO DE IMPRIMAÇÃO","2022-07-01",3.4499439039665964,3.0348787201779102,3.3563751586175035,3.0616644898099823,3.2482423979123425,3.2208183723553989]
["EMULSÃO ASFÁLTICA PARA SERVIÇO DE IMPRIMAÇÃO","2022-08-01",3.3751389350154999,3.1220525103388717,3.2507862014749653,3.0489916859357522,3.0750210139125702,3.1839754819147492]
["EMULSÃO ASFÁLTICA PARA SERVIÇO DE IMPRIMAÇÃO","2022-09-01",3.2297256626561928,2.9600224090719442,3.225590487197985,3.0296922171785332,2.9285265107581853,3.092850095982473]
["EMULSÃO ASFÁLTICA PARA SERVIÇO DE IMPRIMAÇÃO","2022-10-01",2.935023095195846,2.9086159784433829,3.1679567346382225,2.8126770393215117,3.0105865418280522,2.989660612175725]
["EMULSÃO ASFÁLTICA PARA SERVIÇO DE IMPRIMAÇÃO","2022-11-01",2.9075154359690019,2.8680256058162539,3.1302584511687539,2.783119177985331,3.0188929179218427,2.9518353931359811]
["EMULSÃO ASFÁLTICA PARA SERVIÇO DE IMPRIMAÇÃO","2022-12-01",3.1460890492363855,2.8836224971110211,3.0842276081993569,2.6200572645143412,2.968354368522979,2.9477420729651174]
["EMULSÃO ASFÁLTICA PARA SERVIÇO DE IMPRIMAÇÃO","2023-01-01",3.8304929538251491,2.6506506503031555,3.7344407531553907,2.9369341704325373,2.8237329120440404,2.919766584205989]
["EMULSÃO ASFÁLTICA PARA SERVIÇO DE IMPRIMAÇÃO","2023-02-01",3.4133893972384484,2.4792648831875175,3.1333218813703287,2.6523342416099243,3.1679657370950047,2.8125589134745792]
["EMULSÃO ASFÁLTICA PARA SERVIÇO DE IMPRIMAÇÃO","2023-03-01",3.5901048167945904,2.4145219695785145,2.8183603233850856,2.480602476721836,2.5785954413552723,2.6069080807161735]
["EMULSÃO ASFÁLTICA PARA SERVIÇO DE IMPRIMAÇÃO","2023-04-01",2.8250312966243478,2.5919587799430368,2.6577796107966027,2.5803076548062727,2.5932050439301864,2.6128176019535871]
["EMULSÃO ASFÁLTICA PARA SERVIÇO DE IMPRIMAÇÃO","2023-05-01",3.0429693417960846,2.5710268530500762,2.8081399934176865,2.3133460501123841,2.4410065126863336,2.5847333100638288]
["EMULSÃO ASFÁLTICA PARA SERVIÇO DE IMPRIMAÇÃO","2023-06-01",2.9723964454576812,2.2668458757660641,2.6939132050872843,2.2833170288798188,2.5303938847813896,2.5360126160424636]
["EMULSÃO ASFÁLTICA PARA SERVIÇO DE IMPRIMAÇÃO","2023-07-01",2.8821984790862936,2.2594110713559488,2.7539668765588168,2.2901569172070624,2.512011643394199,2.5559367978409413]
["EMULSÃO ASFÁLTICA PARA SERVIÇO DE IMPRIMAÇÃO","2023-08-01",2.7599007776265299,2.2519800763491018,2.7191533246964581,2.2484444720773578,2.5402393394585627,2.5142633929458533]
["EMULSÃO ASFÁLTICA PARA SERVIÇO DE IMPRIMAÇÃO","2023-09-01",2.9963490996753093,2.4694270879331937,2.8359607079418838,2.3542105755106055,2.5440572242567523,2.6296176286072672]
["EMULSÃO ASFÁLTICA PARA SERVIÇO DE IMPRIMAÇÃO","2023-10-01",2.9069041499660679,2.3466247757107976,2.7833585392391194,2.2449571863692013,2.5161631257360222,2.5548858726305226]
["EMULSÃO ASFÁLTICA PARA SERVIÇO DE IMPRIMAÇÃO","2023-11-01",3.0181251174746495,2.3975742733603242,2.8357085214027693,2.3057315663117457,2.4853234413728993,2.572672654733811]
["EMULSÃO ASFÁLTICA PARA SERVIÇO DE IMPRIMAÇÃO","2023-12-01",2.9937428089594218,2.2685369069181678,2.7311677809768633,2.3025249018134035,2.7201461208829767,2.5120108245592774]
["EMULSÃO ASFÁLTICA PARA SERVIÇO DE IMPRIMAÇÃO","2024-01-01",3.1576856514478879,2.3099500424127517,2.6017947218421353,2.3588540766402923,2.802549309967008,2.5373917743397296]
["EMULSÃO ASFÁLTICA PARA SERVIÇO DE IMPRIMAÇÃO","2024-02-01",3.234264558593213,2.2708615396454501,2.9665520767683202,2.4553468603164843,2.5576459832485345,2.6139879569074673]
["EMULSÃO ASFÁLTICA PARA SERVIÇO DE IMPRIMAÇÃO","2024-03-01",2.6702058955338024,2.4236607271309123,2.9815662589960108,2.4739468321703972,2.6390660255654708,2.5783919491563876]
["EMULSÃO ASFÁLTICA PARA SERVIÇO DE IMPRIMAÇÃO","2024-04-01",2.9503289613675987,2.3977666569139311,2.7515861276104396,2.432173726034859,2.5948871731624283,2.5758307695536784]
["EMULSÃO ASFÁLTICA PARA SERVIÇO DE IMPRIMAÇÃO","2024-05-01",2.6731142865479063,2.2813300612065581,2.7293088782774348,2.2721972972263225,2.6037438786779208,2.4768549450201895]
["EMULSÃO ASFÁLTICA PARA SERVIÇO DE IMPRIMAÇÃO","2024-06-01",2.8272212648087556,2.212118134446988,2.680425728561346,2.3290443651920096,2.728540167542866,2.5003945712804874]
["EMULSÃO ASFÁLTICA PARA SERVIÇO DE IMPRIMAÇÃO","2024-07-01",2.8467844628704033,2.3746331376635825,2.7308762651570158,2.2487735151282049,2.671186451783333,2.5167889319488714]
["EMULSÕES ASF. MOD. POR POLÍMEROS RC1C-E","2009-12-01","***",1.1249974622097942,1.5012044702572058,1.0900798700620846,1.151130149816231,1.1683242533717153]
["EMULSÕES ASF. MOD. POR POLÍMEROS RC1C-E","2010-01-01","***",1.1223363337167658,1.4157852740584027,1.0761393660013314,1.1651924106492932,1.1467530703502113]
["EMULSÕES ASF. MOD. POR POLÍMEROS RC1C-E","2010-02-01","***",1.1344336512451259,1.4143909262474355,1.1024085153895054,1.1392542378874455,1.1564077223627776]
["EMULSÕES ASF. MOD. POR POLÍMEROS RC1C-E","2010-03-01","***",1.1300057804492121,1.3818383980646003,1.1281897382399328,1.134015585180544,1.1480818886759294]
["EMULSÕES ASF. MOD. POR POLÍMEROS RC1C-E","2010-04-01","***",1.1171007272806979,1.2989352979825408,1.1023387644332401,1.2256434109430649,1.1585751896097041]
["EMULSÕES ASF. MOD. POR POLÍMEROS RC1C-E","2010-05-01","***",1.1152479897652927,1.2936459694096301,1.0918828325528409,1.2216601265202642,1.148750335293629]
["EMULSÕES ASF. MOD. POR POLÍMEROS RC1C-E","2010-06-01","***",1.10612930410162,1.2859711135024787,1.0848081888090657,1.22739985995969,1.1676931182482189]
["EMULSÕES ASF. MOD. POR POLÍMEROS RC1C-E","2010-07-01","***",1.1020354164535162,1.3083709777081185,1.0671102711288294,1.2302566956844019,1.141761029854385]
["EMULSÕES ASF. MOD. POR POLÍMEROS RC1C-E","2010-08-01","***",1.1477252622478387,1.213071513014315,1.0671942635545479,1.2287279908781303,1.1263273024146228]
["EMULSÕES ASF. MOD. POR POLÍMEROS RC1C-E","2010-09-01","***",1.1240271988603991,1.2048207812444864,1.0812034053441875,1.2227587568451816,1.1407292574373391]
["EMULSÕES ASF. MOD. POR POLÍMEROS RC1C-E","2010-10-01","***",1.12382505243718,1.2402748419216565,1.0629624864075402,1.227489407154192,1.1605848421899869]
["EMULSÕES ASF. MOD. POR POLÍMEROS RC1C-E","2010-11-01","***",1.127163555318405,1.2599578586370248,1.083439300496432,1.152436103324803,1.1519706552296827]
["EMULSÕES ASF. MOD. POR POLÍMEROS RC1C-E","2010-12-01","***",1.1180315056056933,1.2236586101220752,1.0749838007420212,1.0954672327393018,1.10823103888343]
["EMULSÕES ASF. MOD. POR POLÍMEROS RC1C-E","2011-01-01","***",1.1461730858179697,1.2363849138491549,1.0415796559565325,1.0716663188414266,1.0989677141413692]
["EMULSÕES ASF. MOD. POR POLÍMEROS RC1C-E","2011-02-01","***",1.1164302921771911,1.2504619394501797,1.0358900782134814,1.0289122660034395,1.0539672213759068]
["EMULSÕES ASF. MOD. POR POLÍMEROS RC1C-E","2011-03-01","***",1.1174118832480158,1.3198188749214332,1.0419353598656744,1.0679306437908918,1.0991659220299679]
["EMULSÕES ASF. MOD. POR POLÍMEROS RC1C-E","2011-04-01","***",1.0929120640569396,1.2777195395489738,1.0155519392305301,1.0312878541324213,1.0613240023224555]
["EMULSÕES ASF. MOD. POR POLÍMEROS RC1C-E","2011-05-01","***",1.1333055436153809,1.335280122793459,1.028016591150843,1.0303283854901206,1.0829396048763413]
["EMULSÕES ASF. MOD. POR POLÍMEROS RC1C-E","2011-06-01","***",1.0548344565616961,1.1947211464033625,0.97101998251654198,1.0453341463634946,1.0295728794896428]
["EMULSÕES ASF. MOD. POR POLÍMEROS RC1C-E","2011-07-01","***",1.0103309518664301,1.2503282297918179,0.97315089914352504,1.1184684719284386,1.0488825637407684]
["EMULSÕES ASF. MOD. POR POLÍMEROS RC1C-E","2011-08-01","***",1.0243519017122233,1.295179172523105,0.98326954029948133,1.1885867471062075,1.078822969841932]
["EMULSÕES ASF. MOD. POR POLÍMEROS RC1C-E","2011-09-01","***",0.99319086976320592,1.3285561246995141,1.0054746683238018,1.568061437875039,1.1857470332937741]
["EMULSÕES ASF. MOD. POR POLÍMEROS RC1C-E","2011-10-01","***",0.98000889615917497,1.128925610195777,1.0521928427561575,1.2146136738477096,1.0760154636389638]
["EMULSÕES ASF. MOD. POR POLÍMEROS RC1C-E","2011-11-01","***",0.87861219387367473,1.18702022006749,1.045232774735831,1.3764207342773651,1.1040722078712992]
["EMULSÕES ASF. MOD. POR POLÍMEROS RC1C-E","2011-12-01","***",0.94987084953146628,1.2273952102194425,1.0099211100246777,1.5096180565539343,1.1494316206746151]
["EMULSÕES ASF. MOD. POR POLÍMEROS RC1C-E","2012-01-01","***",1.0273643712861378,1.208450860576896,1.0538665073903686,1.4359563057531255,1.1360094165805719]
["EMULSÕES ASF. MOD. POR POLÍMEROS RC1C-E","2012-02-01","***",1.0265920586824346,1.191665069972357,1.056466299769069,1.1224067407600966,1.0822853202375438]
["EMULSÕES ASF. MOD. POR POLÍMEROS RC1C-E","2012-03-01","***",1.0515732614997984,1.1866229311017857,1.1014503311160788,1.125374753666059,1.10485504824346]
["EMULSÕES ASF. MOD. POR POLÍMEROS RC1C-E","2012-04-01","***",1.0463841142217984,1.2660407152557718,1.1202346548579882,1.1911450988237182,1.130536870656643]
["EMULSÕES ASF. MOD. POR POLÍMEROS RC1C-E","2012-05-01","***",1.0230424666882276,1.285265209933349,1.1185578521406547,1.1318183179718204,1.1268649057851496]
["EMULSÕES ASF. MOD. POR POLÍMEROS RC1C-E","2012-06-01","***",1.0763058022506005,1.2673700579357619,1.1315320437594911,1.1706642725381415,1.1559037488707784]
["EMULSÕES ASF. MOD. POR POLÍMEROS RC1C-E","2012-07-01","***",1.0498189945357634,1.3999638502940106,1.1109503301061849,1.2219652017431315,1.1642874285363398]
["EMULSÕES ASF. MOD. POR POLÍMEROS RC1C-E","2012-08-01",1.1550039807524057,1.0576747971137774,1.4005061760838382,1.0772248897912731,1.2146278904057515,1.1343902425561538]
["EMULSÕES ASF. MOD. POR POLÍMEROS RC1C-E","2012-09-01",1.3126953851444294,1.0783472235853095,1.3711627975047167,1.1351364751957154,1.1854630869470792,1.1691538300792861]
["EMULSÕES ASF. MOD. POR POLÍMEROS RC1C-E","2012-10-01",1.3394600000000001,1.0826936749561786,1.3748843083591722,1.1132680889930426,1.2526001632164856,1.1668020932768566]
["EMULSÕES ASF. MOD. POR POLÍMEROS RC1C-E","2012-11-01","***",1.1480441404825192,1.3833119896722983,1.1337157660561346,1.2416035854920027,1.1803426317380132]
["EMULSÕES ASF. MOD. POR POLÍMEROS RC1C-E","2012-12-01",1.40892,1.1473087920925731,1.3479291458558369,1.1168303138315863,1.388632091303946,1.1851309792736946]
["EMULSÕES ASF. MOD. POR POLÍMEROS RC1C-E","2013-01-01","***",1.1068925732799548,1.3186500000000001,1.1122713710323253,1.209105370392213,1.1383407012113103]
["EMULSÕES ASF. MOD. POR POLÍMEROS RC1C-E","2013-02-01","***",1.1273708835974863,1.4234605547187449,1.0965513124873782,1.200365957902785,1.1412895347639416]
["EMULSÕES ASF. MOD. POR POLÍMEROS RC1C-E","2013-03-01","***",1.1036774407360979,1.65,1.130694767881808,1.2804810097110606,1.1641214427427828]
["EMULSÕES ASF. MOD. POR POLÍMEROS RC1C-E","2013-04-01","***",1.1274804529855085,1.5576226186625415,1.1483371713035944,1.3054082575941424,1.1976170730110067]
["EMULSÕES ASF. MOD. POR POLÍMEROS RC1C-E","2013-05-01","***",1.157535912472444,1.5446702955223881,1.1811169914917092,1.302122823761372,1.2215407805136647]
["EMULSÕES ASF. MOD. POR POLÍMEROS RC1C-E","2013-06-01","***",1.1916057818042463,1.5037569421399704,1.1814021519920321,1.2976378910462272,1.2357224495398178]
["EMULSÕES ASF. MOD. POR POLÍMEROS RC1C-E","2013-07-01","***",1.2045938195980779,1.4270994286978738,1.2142421669115382,1.3365954579975081,1.2522782227989238]
["EMULSÕES ASF. MOD. POR POLÍMEROS RC1C-E","2013-08-01","***",1.1865055846713901,1.4340845220180809,1.2367312882182677,1.3994277430284272,1.2896922295147963]
["EMULSÕES ASF. MOD. POR POLÍMEROS RC1C-E","2013-09-01","***",1.3049627102297741,1.5172540324291843,1.2177425932695489,1.2714871894185784,1.2864671547629916]
["EMULSÕES ASF. MOD. POR POLÍMEROS RC1C-E","2013-10-01",1.184925,1.2912742226630733,1.4717286144183583,1.221021080629257,1.2904612482814586,1.2919139839934626]
["EMULSÕES ASF. MOD. POR POLÍMEROS RC1C-E","2013-11-01","***",1.3021849410156059,1.4578905522692402,1.2358621543808483,1.3045326707760916,1.2974252460222016]
["EMULSÕES ASF. MOD. POR POLÍMEROS RC1C-E","2013-12-01","***",1.3446567270177905,1.5380718752157676,1.1983555060343936,1.317872779964901,1.3127753370478132]
["EMULSÕES ASF. MOD. POR POLÍMEROS RC1C-E","2014-01-01","***",1.3135002822628952,1.5090714663191251,1.2258328950604314,1.3093216405833725,1.2985462925217168]
["EMULSÕES ASF. MOD. POR POLÍMEROS RC1C-E","2014-02-01","***",1.3581667001468865,1.510661817826972,1.2649584104491196,1.279991476173898,1.312766950678816]
["EMULSÕES ASF. MOD. POR POLÍMEROS RC1C-E","2014-03-01","***",1.3078937482545319,1.4241690309237218,1.2365484449166031,1.2641022964487394,1.2931454657264152]
["EMULSÕES ASF. MOD. POR POLÍMEROS RC1C-E","2014-04-01","***",1.3510091676975233,1.3913668313841692,1.1859426508248181,1.3038012582427436,1.3179735952924496]
["EMULSÕES ASF. MOD. POR POLÍMEROS RC1C-E","2014-05-01","***",1.3451243803002242,1.3838800388803358,1.2475926795069259,1.3925420259611025,1.3478947207454026]
["EMULSÕES ASF. MOD. POR POLÍMEROS RC1C-E","2014-06-01","***",1.4457758324498891,1.4443604348837797,1.2703546503960561,1.4261621354949163,1.3801012116708664]
["EMULSÕES ASF. MOD. POR POLÍMEROS RC1C-E","2014-07-01",1.4313181434599158,1.4092881457075548,1.4284587611149047,1.2749059378394769,1.3920441361296199,1.3631387997118012]
["EMULSÕES ASF. MOD. POR POLÍMEROS RC1C-E","2014-08-01",1.445872,1.3466524710729635,1.4195094611929826,1.2828450374476037,1.3820444534859917,1.3491650645057238]
["EMULSÕES ASF. MOD. POR POLÍMEROS RC1C-E","2014-09-01",1.4050666666666667,1.430957484727807,1.5297012623350417,1.3451900484440831,1.4085876395858052,1.4251755133913036]
["EMULSÕES ASF. MOD. POR POLÍMEROS RC1C-E","2014-10-01",1.437271763527054,1.3694041206410177,1.4275563526662334,1.2339295195910751,1.3544867281666095,1.3428969686808248]
["EMULSÕES ASF. MOD. POR POLÍMEROS RC1C-E","2014-11-01",1.4248429381846635,1.4517914383766044,1.493591009094412,1.2407457438936986,1.4153330790594985,1.4148786906213311]
["EMULSÕES ASF. MOD. POR POLÍMEROS RC1C-E","2014-12-01",1.541411574734209,1.4352496887092756,1.5240712998345916,1.374881434997546,1.4681536818443339,1.4513922105424466]
["EMULSÕES ASF. MOD. POR POLÍMEROS RC1C-E","2015-01-01",1.6640699999999999,1.7476690080201649,1.9534644600607503,1.6947961578098716,1.7240500473481319,1.7601758112705266]
["EMULSÕES ASF. MOD. POR POLÍMEROS RC1C-E","2015-02-01",2.61246,1.552593523771346,1.9965035807379174,1.4764141552968577,1.739549304921066,1.7058344687225115]
["EMULSÕES ASF. MOD. POR POLÍMEROS RC1C-E","2015-03-01",2.3652500958525344,1.5210053128671708,1.9856847429182178,1.3858565932493743,1.6223108422814108,1.7150667962789021]
["EMULSÕES ASF. MOD. POR POLÍMEROS RC1C-E","2015-04-01",2.0753699999999999,1.3688307012218548,1.8940614236317777,1.3659499220272902,1.5998860078272417,1.5857109353362775]
["EMULSÕES ASF. MOD. POR POLÍMEROS RC1C-E","2015-05-01","***",1.4357438943754417,1.6709046347807046,1.3493991490118491,1.6362412373444506,1.4827988745645075]
["EMULSÕES ASF. MOD. POR POLÍMEROS RC1C-E","2015-06-01","***",1.3657807210532549,1.698183406320477,1.398928853730697,1.6059590519288345,1.503811004116931]
["EMULSÕES ASF. MOD. POR POLÍMEROS RC1C-E","2015-07-01",1.49769,1.3929732295237625,1.6790018607561334,1.3418424681814372,1.5587985777097393,1.4511562252105705]
["EMULSÕES ASF. MOD. POR POLÍMEROS RC1C-E","2015-08-01",1.5204274482518698,1.488965664376158,1.6824712031467968,1.3287649930294669,1.616372105364082,1.5208139012308572]
["EMULSÕES ASF. MOD. POR POLÍMEROS RC1C-E","2015-09-01",1.6019000000000001,1.6341163754420058,1.716661764358431,1.4419594224894345,1.3044542894025031,1.4392199992169461]
["EMULSÕES ASF. MOD. POR POLÍMEROS RC1C-E","2015-10-01","***",1.7773064574533985,2.1424040001345941,1.429540958540181,1.4017076534638198,1.4868951153000773]
["EMULSÕES ASF. MOD. POR POLÍMEROS RC1C-E","2015-11-01",1.7647000000000004,1.7929059115805945,2.2065135785117258,1.5609665980017349,1.6712810007864991,1.7161023512156017]
["EMULSÕES ASF. MOD. POR POLÍMEROS RC1C-E","2015-12-01",1.7646999999999997,1.6546615113072256,2.1055908130269287,1.5422357216344185,1.6166820437795304,1.6971454661426497]
["EMULSÕES ASF. MOD. POR POLÍMEROS RC1C-E","2016-01-01",2.9923663015251818,1.780883063810182,1.8597592382495951,1.5274389908398125,1.8146120882495556,1.8182656552440575]
["EMULSÕES ASF. MOD. POR POLÍMEROS RC1C-E","2016-02-01",3.1519942195299793,1.8072458197577275,1.858577107263055,1.5683904112317846,1.8562801449347619,1.850122981146253]
["EMULSÕES ASF. MOD. POR POLÍMEROS RC1C-E","2016-03-01",3.2870607280070923,1.6666447281620507,1.84508216504303,1.5569201404189956,1.7938798665024549,1.7873915117423176]
["EMULSÕES ASF. MOD. POR POLÍMEROS RC1C-E","2016-04-01",3.4336199999999999,1.8097797060439038,1.8886648536344284,1.6650924868449448,1.9426649934017397,1.8690073561913223]
["EMULSÕES ASF. MOD. POR POLÍMEROS RC1C-E","2016-05-01",2.6172200000000001,1.8095122972680924,1.795742453679702,1.6998189818034655,1.9744048583169493,1.818226332350787]
["EMULSÕES ASF. MOD. POR POLÍMEROS RC1C-E","2016-06-01",2.7742499999999994,1.5931027647005558,1.8162392698751912,1.6574796173095472,1.9764401579246744,1.7634669650030232]
["EMULSÕES ASF. MOD. POR POLÍMEROS RC1C-E","2016-07-01",2.7742499999999999,1.6603816690096271,1.8979902538785778,1.7104181674960321,1.9516712463267007,1.7943855871012859]
["EMULSÕES ASF. MOD. POR POLÍMEROS RC1C-E","2016-08-01",2.7742499999999999,1.6301098056809804,1.8540468573555753,1.7657811034615882,2.006478871311248,1.8517957095244217]
["EMULSÕES ASF. MOD. POR POLÍMEROS RC1C-E","2016-09-01",2.9049700000000001,1.701501045592112,1.8390729971195077,1.5794951089273137,1.7359205677285414,1.7244356751366379]
["EMULSÕES ASF. MOD. POR POLÍMEROS RC1C-E","2016-10-01",2.9049700000000005,1.7438641944241409,1.8475148134032793,1.6467597117611241,1.7650163752659638,1.7890765785745739]
["EMULSÕES ASF. MOD. POR POLÍMEROS RC1C-E","2016-11-01",2.6777598692754983,1.6858481303812025,1.8454490332873779,1.579165275534816,1.7697974971269006,1.7313882535270677]
["EMULSÕES ASF. MOD. POR POLÍMEROS RC1C-E","2016-12-01",2.1479395296994106,1.6225943815807062,1.8404246841685956,1.4753300640788967,1.7272505855575355,1.6482371352014966]
["EMULSÕES ASF. MOD. POR POLÍMEROS RC1C-E","2017-01-01",2.4670971346394328,1.68588278275001,1.7441683791310805,1.4762617329110042,1.7514871180648504,1.6587530917299795]
["EMULSÕES ASF. MOD. POR POLÍMEROS RC1C-E","2017-02-01",2.4565132422802849,1.6303720396820311,1.7786030910475303,1.4450694083010769,1.7260976333620488,1.6120705559220971]
["EMULSÕES ASF. MOD. POR POLÍMEROS RC1C-E","2017-03-01",2.6826647224859737,1.5725711890982315,1.7609781511268714,1.4681683132228573,1.7369340377331943,1.6324636190123645]
["EMULSÕES ASF. MOD. POR POLÍMEROS RC1C-E","2017-04-01",2.4716615019157087,1.5284401311336464,1.8316258591291412,1.4793744315252568,1.7949692891099356,1.6531394771751273]
["EMULSÕES ASF. MOD. POR POLÍMEROS RC1C-E","2017-05-01",2.0095589148214641,1.4773517563974417,1.8267142130468548,1.4685361477529115,1.7769695352528057,1.6135704045936921]
["EMULSÕES ASF. MOD. POR POLÍMEROS RC1C-E","2017-06-01",1.8188328010606649,1.4654575838858894,1.6728675648196556,1.4589521963407417,1.7685894079075979,1.5926867145766093]
["EMULSÕES ASF. MOD. POR POLÍMEROS RC1C-E","2017-07-01",1.926787017014489,1.4889938826790259,1.6800667987378626,1.4624371057128056,1.7146979597942851,1.616829298657795]
["EMULSÕES ASF. MOD. POR POLÍMEROS RC1C-E","2017-08-01",1.8100617722749186,1.4718851832829691,1.7042857808862766,1.4468612990407095,1.7404270052245872,1.6031879946633518]
["EMULSÕES ASF. MOD. POR POLÍMEROS RC1C-E","2017-09-01",2.3925010677624363,1.6634573937735406,1.7004059180767059,1.4469082192732685,1.7035616706648637,1.6321422043773441]
["EMULSÕES ASF. MOD. POR POLÍMEROS RC1C-E","2017-10-01",2.3850507335104165,1.7102944995837195,1.6327767700168934,1.4334509892772245,1.7517174269483751,1.664454933946893]
["EMULSÕES ASF. MOD. POR POLÍMEROS RC1C-E","2017-11-01",2.40272,1.822556394527717,1.7343741635514309,1.5189248656933454,1.7467060351380126,1.6812596393627313]
["EMULSÕES ASF. MOD. POR POLÍMEROS RC1C-E","2017-12-01","***",1.7769609539473681,1.8191803343786299,1.5928358745694724,1.7650567202624095,1.7102603031822092]
["EMULSÕES ASF. MOD. POR POLÍMEROS RC1C-E","2018-01-01","***",1.826572427618947,1.8568667883804786,1.593350424095558,1.8689203762675779,1.7202658468950269]
["EMULSÕES ASF. MOD. POR POLÍMEROS RC1C-E","2018-02-01","***",1.7613824564504406,1.7030894245718156,1.607019177253163,1.8369099304673817,1.6962298570587953]
["EMULSÕES ASF. MOD. POR POLÍMEROS RC1C-E","2018-03-01","***",1.6542475779447194,1.8190898887026481,1.6130793310558889,1.818194921830298,1.6950212759079917]
["EMULSÕES ASF. MOD. POR POLÍMEROS RC1C-E","2018-04-01","***",1.6775427874592288,1.8668107783018868,1.6367775418189598,1.8525373552009463,1.726796614448133]
["EMULSÕES ASF. MOD. POR POLÍMEROS RC1C-E","2018-05-01",2.2947600000000001,1.7477595576591476,1.9497870117442708,1.6731898783774046,1.9803067712531108,1.7862687932961188]
["EMULSÕES ASF. MOD. POR POLÍMEROS RC1C-E","2018-06-01","***",1.7933672410966524,2.0408467630828362,1.706340166407122,1.9821130546733079,1.8625042210881302]
["EMULSÕES ASF. MOD. POR POLÍMEROS RC1C-E","2018-07-01",2.0163000000000002,1.8826945075978461,2.1324877064786047,1.8943761836636626,2.0641378309065859,2.0139423338950557]
["EMULSÕES ASF. MOD. POR POLÍMEROS RC1C-E","2018-08-01",2.1330150582177083,1.986627880880268,2.2509212878245761,2.0822481923243572,2.1488582948203083,2.144503560435151]
["EMULSÕES ASF. MOD. POR POLÍMEROS RC1C-E","2018-09-01",2.1388516765423491,2.0753034745184036,2.2186059082430556,2.196225493017872,2.174229223194724,2.1740641014363464]
["EMULSÕES ASF. MOD. POR POLÍMEROS RC1C-E","2018-10-01",2.4091915792519716,2.1057688388845186,1.9753217567837802,2.1832813186944717,2.148440920647912,2.0964909042871063]
["EMULSÕES ASF. MOD. POR POLÍMEROS RC1C-E","2018-11-01",2.565282061128527,2.3693550165754287,2.590575354623295,2.2962242472566707,2.3140427472906553,2.4029002206536862]
["EMULSÕES ASF. MOD. POR POLÍMEROS RC1C-E","2018-12-01",2.3493400000000002,2.3018660590798627,2.3176081549820493,2.3307820501027767,2.3912758532667771,2.3343796861813906]
["EMULSÕES ASF. MOD. POR POLÍMEROS RC1C-E","2019-01-01",2.3312499999999998,2.4228769078777095,2.6617262910494608,2.2698375513055948,2.3569698319080978,2.4454807661374751]
["EMULSÕES ASF. MOD. POR POLÍMEROS RC1C-E","2019-02-01","***",2.455265132242642,2.64863370567618,2.6521840175567637,2.3681202229193348,2.5282471593017495]
["EMULSÕES ASF. MOD. POR POLÍMEROS RC1C-E","2019-03-01","***",2.4194593902545907,2.8288140164284337,2.5014575822334577,2.3943784461345414,2.5406140760548759]
["EMULSÕES ASF. MOD. POR POLÍMEROS RC1C-E","2019-04-01","***",2.4452311385273671,2.8108165135230996,2.4641380597655007,2.4976747433675612,2.5797790317898701]
["EMULSÕES ASF. MOD. POR POLÍMEROS RC1C-E","2019-05-01","***",2.4267955912536983,2.6468966466671442,2.5045540312717911,2.478085034287199,2.5380524707969214]
["EMULSÕES ASF. MOD. POR POLÍMEROS RC1C-E","2019-06-01",2.9501257583019513,2.4976600804694051,2.5252649626875994,2.5174090670887121,2.5332289166706734,2.5270382433855989]
["EMULSÕES ASF. MOD. POR POLÍMEROS RC1C-E","2019-07-01",2.3374567310606058,2.4251416301237048,2.6035848829442276,2.3528772675337564,2.5200139926034004,2.4757854537527861]
["EMULSÕES ASF. MOD. POR POLÍMEROS RC1C-E","2019-08-01",2.099420787172865,2.352140983042458,2.5834152101813568,2.2668267100027442,2.4340697918651961,2.3515662868625369]
["EMULSÕES ASF. MOD. POR POLÍMEROS RC1C-E","2019-09-01",2.1048897174111945,2.2944493887643183,2.6670596471640229,2.2493492302794476,2.3989068217023366,2.3559136758416233]
["EMULSÕES ASF. MOD. POR POLÍMEROS RC1C-E","2019-10-01",2.3879482424989718,2.2691392158049455,2.6843578510841173,2.3123320437277353,2.4141647663965489,2.4021783256685469]
["EMULSÕES ASF. MOD. POR POLÍMEROS RC1C-E","2019-11-01",3.2943041667770863,2.3900935937791545,2.5786385817591495,2.2923713239680676,2.4344270528950966,2.4130837746663358]
["EMULSÕES ASF. MOD. POR POLÍMEROS RC1C-E","2019-12-01",2.2023600000000001,2.3345212840272893,2.6329710191317148,2.3493017735483726,2.4640666536509976,2.413901803527267]
["EMULSÕES ASF. MOD. POR POLÍMEROS RC1C-E","2020-01-01",3.6739999999999999,2.2181605096106107,2.6017392832108346,2.2589791286468159,2.4677743473543261,2.3464003222552838]
["EMULSÕES ASF. MOD. POR POLÍMEROS RC1C-E","2020-02-01","***",2.2861759617636817,2.5420464468695738,2.1435248713043,2.3972244000410816,2.2802186122856938]
["EMULSÕES ASF. MOD. POR POLÍMEROS RC1C-E","2020-03-01","***",2.4240241953311101,2.4255268840103001,2.1633013803706791,2.303430220479938,2.2867149240879048]
["EMULSÕES ASF. MOD. POR POLÍMEROS RC1C-E","2020-04-01","***",2.1124749599713883,2.3608361241894817,2.2124679166864007,2.3288215678100088,2.2687727190140001]
["EMULSÕES ASF. MOD. POR POLÍMEROS RC1C-E","2020-05-01","***",2.2371542287733246,2.0240588391351779,2.2246649009664861,2.3469379115161142,2.2307520057985455]
["EMULSÕES ASF. MOD. POR POLÍMEROS RC1C-E","2020-06-01",2.19842,2.1233119685873745,2.2859282512739876,2.2385165303997869,2.1942374247470959,2.2178467082075142]
["EMULSÕES ASF. MOD. POR POLÍMEROS RC1C-E","2020-07-01",2.1141302870019829,2.1696106349994886,2.3415892762084694,2.2059854781764208,2.3231823849348356,2.2482138291115383]
["EMULSÕES ASF. MOD. POR POLÍMEROS RC1C-E","2020-08-01",2.0930528456981743,2.3137248446338807,2.5084267684367902,2.2870791010583598,2.4287316484283261,2.3556193877773932]
["EMULSÕES ASF. MOD. POR POLÍMEROS RC1C-E","2020-09-01",2.1536471547629255,2.2967606126791336,2.5213940688687249,2.2744366592762626,2.4182144555035299,2.3526803725743539]
["EMULSÕES ASF. MOD. POR POLÍMEROS RC1C-E","2020-10-01",2.3380701104186095,2.2812309624374176,2.6107033606454957,2.302406326964233,2.4427651243723858,2.4126324285932976]
["EMULSÕES ASF. MOD. POR POLÍMEROS RC1C-E","2020-11-01",2.4722627299416855,2.4773590457414127,2.7745613479626305,2.4002878892406847,2.5289077492448828,2.5054277244287477]
["EMULSÕES ASF. MOD. POR POLÍMEROS RC1C-E","2020-12-01",2.4139746136819893,2.4581990113082268,2.6860123733952057,2.3985008330583608,2.6064185918295459,2.5227810713094008]
["EMULSÕES ASF. MOD. POR POLÍMEROS RC1C-E","2021-01-01",2.3511752584035728,2.4541477941273504,2.8905167226183006,2.4674805651992378,2.5991788384998253,2.5405241640864111]
["EMULSÕES ASF. MOD. POR POLÍMEROS RC1C-E","2021-02-01",2.5284502380023413,2.5597974788736275,2.8684150537033992,2.6152167382470668,2.705607835038609,2.6622912296213839]
["EMULSÕES ASF. MOD. POR POLÍMEROS RC1C-E","2021-03-01",2.5213200000000002,2.5618016569365971,2.9692093517890772,2.6054078507218614,2.6852775259111756,2.6543962049536503]
["EMULSÕES ASF. MOD. POR POLÍMEROS RC1C-E","2021-04-01","***",2.640218994039115,2.7641888526996508,2.5655878695898426,2.7505524324511366,2.6738766405884968]
["EMULSÕES ASF. MOD. POR POLÍMEROS RC1C-E","2021-05-01",4.0621999999999989,3.0281294577935856,3.0619746122916238,3.0760313350627717,3.2403922046583351,3.1275986787558852]
["EMULSÕES ASF. MOD. POR POLÍMEROS RC1C-E","2021-06-01",3.201877497749495,3.2717418672727274,3.0668103470023986,3.054237506764697,3.1087813621984792,3.0851901192079123]
["EMULSÕES ASF. MOD. POR POLÍMEROS RC1C-E","2021-07-01",3.0459508317206114,3.1194337327667614,3.2114184362195801,3.1001280697975147,3.0640252643117303,3.1299747315723927]
["EMULSÕES ASF. MOD. POR POLÍMEROS RC1C-E","2021-08-01",3.2173289123288122,3.1087859834243652,3.4971362663953642,3.3262876450552725,3.1378006720864193,3.3201799757849444]
["EMULSÕES ASF. MOD. POR POLÍMEROS RC1C-E","2021-09-01",3.0314576817948384,3.2060753232180637,3.5059866013403802,3.3969443737033926,3.215302462936342,3.3231791685490299]
["EMULSÕES ASF. MOD. POR POLÍMEROS RC1C-E","2021-10-01",3.0856650238163357,3.2189818822489085,3.4591703630263582,3.2942783257452293,3.3339949792630006,3.2974085465009266]
["EMULSÕES ASF. MOD. POR POLÍMEROS RC1C-E","2021-11-01",3.0288667580044417,3.3941555840590643,3.692904938616929,3.5949088480460705,3.5570574144351181,3.5053760829981742]
["EMULSÕES ASF. MOD. POR POLÍMEROS RC1C-E","2021-12-01",3.3622228515836401,3.3961872489661213,3.773099472304557,3.6122170958686199,3.8132931500728628,3.5482797661789265]
["EMULSÕES ASF. MOD. POR POLÍMEROS RC1C-E","2022-01-01",3.4506690059356453,3.47022436850781,3.8188361118938983,3.5682181686834604,3.7456307754627631,3.5970630315271688]
["EMULSÕES ASF. MOD. POR POLÍMEROS RC1C-E","2022-02-01",3.4303199999999996,3.6864139104211895,4.0832628424318882,3.883412320854192,3.7991991185342764,3.811302851468541]
["EMULSÕES ASF. MOD. POR POLÍMEROS RC1C-E","2022-03-01",3.9576372576339374,3.6759478078203762,4.0053914266391262,3.8356568091855801,3.9054963598235761,3.8393060175902587]
["EMULSÕES ASF. MOD. POR POLÍMEROS RC1C-E","2022-04-01",3.6481522042073689,3.8196209164206536,4.2570337679286308,4.0358776958832987,4.1842258413041886,4.0335401468979333]
["EMULSÕES ASF. MOD. POR POLÍMEROS RC1C-E","2022-05-01",3.7789313609526012,4.0566069275485175,4.1492163053848783,3.8317878917391073,3.907701949289812,3.9754420829225983]
["EMULSÕES ASF. MOD. POR POLÍMEROS RC1C-E","2022-06-01",3.7420897076866066,3.8482784087594362,4.0891728366553366,3.8118770449815478,4.0654621599264225,3.9537725073391581]
["EMULSÕES ASF. MOD. POR POLÍMEROS RC1C-E","2022-07-01",3.7913976382555754,3.9642035546660788,4.166960783050234,3.8591406734033082,3.9695978036039974,4.0002217812824012]
["EMULSÕES ASF. MOD. POR POLÍMEROS RC1C-E","2022-08-01",3.6861991186155993,4.1020259852744703,4.1155652760214254,3.7726728099149756,3.9237924368312664,3.9814816952537142]
["EMULSÕES ASF. MOD. POR POLÍMEROS RC1C-E","2022-09-01",3.5584268974466426,4.2260592333128493,3.956711624616863,3.6806676878522562,3.8551209785988099,3.8837379896513964]
["EMULSÕES ASF. MOD. POR POLÍMEROS RC1C-E","2022-10-01",3.5622462957237748,3.8060540368300764,3.6090661323010478,3.4834645992112994,3.7759549613404495,3.6087696978759141]
["EMULSÕES ASF. MOD. POR POLÍMEROS RC1C-E","2022-11-01",3.6595493871934313,4.0486058436244479,3.9160063511769629,3.5016385492511795,3.6481102649496031,3.7892140747457219]
["EMULSÕES ASF. MOD. POR POLÍMEROS RC1C-E","2022-12-01",3.5069335796353633,4.0045537702534268,3.8505299276999279,3.4750259796404115,3.6180403202415756,3.7605520042353748]
["EMULSÕES ASF. MOD. POR POLÍMEROS RC1C-E","2023-01-01",3.4736174796900388,3.4998188085610114,3.5830110296085875,3.3157932760782001,3.5328230115160362,3.4501689238461171]
["EMULSÕES ASF. MOD. POR POLÍMEROS RC1C-E","2023-02-01",3.4813048283791845,3.4357982593994465,3.7779110493421189,3.2578336326077317,3.324035123940948,3.4728869589765816]
["EMULSÕES ASF. MOD. POR POLÍMEROS RC1C-E","2023-03-01",4.2333559605323021,3.3612850345705092,3.6757527403977455,3.2408996877544061,3.0781773132523349,3.3687089268388819]
["EMULSÕES ASF. MOD. POR POLÍMEROS RC1C-E","2023-04-01",3.1256858314196299,3.2173679081671058,3.5564243264137545,3.2739829701817551,3.2133709613797889,3.3334662549669081]
["EMULSÕES ASF. MOD. POR POLÍMEROS RC1C-E","2023-05-01",2.9558989993592077,3.2987128104021712,3.4851641439389294,3.2753717877907436,3.1359499359473948,3.3162709069279792]
["EMULSÕES ASF. MOD. POR POLÍMEROS RC1C-E","2023-06-01",2.9036140918970701,3.2454031131672094,3.3302020689090797,3.1118054574850165,3.073140198137343,3.2039913910368742]
["EMULSÕES ASF. MOD. POR POLÍMEROS RC1C-E","2023-07-01",3.0961028846595369,3.4058632927015267,3.4294210208271876,3.0143352534069776,3.1028822952297426,3.2933831547783776]
["EMULSÕES ASF. MOD. POR POLÍMEROS RC1C-E","2023-08-01",2.9920521495576438,3.3165703171359819,3.4754428670194994,3.0664980455249853,3.0937270668137078,3.2870146874294965]
["EMULSÕES ASF. MOD. POR POLÍMEROS RC1C-E","2023-09-01",3.4922599795810259,3.5027549681021193,3.6023484454768684,3.2048241336599066,3.2642715574999839,3.4477896436705815]
["EMULSÕES ASF. MOD. POR POLÍMEROS RC1C-E","2023-10-01",3.4918251026370069,3.4758875818411927,3.5094414870526625,3.1777668949828075,3.181188871569034,3.3903638407088885]
["EMULSÕES ASF. MOD. POR POLÍMEROS RC1C-E","2023-11-01",3.6378074306816592,3.5340946630189509,3.7065224135686843,3.2958961589586409,3.2236986264887095,3.5017359100454528]
["EMULSÕES ASF. MOD. POR POLÍMEROS RC1C-E","2023-12-01",3.3841284662089457,3.4136589429802586,3.6226180146557589,3.2251409299024743,3.2459044920562983,3.3952809958856891]
["EMULSÕES ASF. MOD. POR POLÍMEROS RC1C-E","2024-01-01",3.2954800020648363,3.3442107807941066,3.6079101573097159,3.0738161367120767,3.2290896707088104,3.3024097721637546]
["EMULSÕES ASF. MOD. POR POLÍMEROS RC1C-E","2024-02-01",3.1301100000000002,3.2996251027768833,3.4071522196770334,2.9759034287847284,3.2488810589423793,3.232736530933134]
["EMULSÕES ASF. MOD. POR POLÍMEROS RC1C-E","2024-03-01",2.9363460756529562,3.201733656705644,3.4212294537372445,3.0501459278824528,3.2737435195350448,3.2355827224480787]
["EMULSÕES ASF. MOD. POR POLÍMEROS RC1C-E","2024-04-01",2.9489193700804712,3.2997466249588121,3.4798907796477532,3.0454251975516207,3.2925890868577294,3.3043486919272285]
["EMULSÕES ASF. MOD. POR POLÍMEROS RC1C-E","2024-05-01",3.134715944543419,3.2396704099523097,3.5493213801704155,3.199128650675557,3.3268555246004072,3.3350013217934102]
["EMULSÕES ASF. MOD. POR POLÍMEROS RC1C-E","2024-06-01",3.2058456844788261,3.1960158101525735,3.4857720935587486,3.0586563904273762,3.3163928964019793,3.2734477866974547]
["EMULSÕES ASF. MOD. POR POLÍMEROS RC1C-E","2024-07-01",3.4146056923555643,3.4977969409362029,3.7226251474589596,3.152690313365587,3.4113421367872445,3.4697480201061501]
["EMULSÕES ASF. MOD. POR POLÍMEROS RL1C-E","2009-12-01","***",1.02372,1.5320287970068789,1.0725852722820761,1.187344129333729,1.1884002443380917]
["EMULSÕES ASF. MOD. POR POLÍMEROS RL1C-E","2010-01-01","***",1.0585643380698453,1.4833595426561124,1.1766507736060741,1.2098515572105475,1.1402030226886712]
["EMULSÕES ASF. MOD. POR POLÍMEROS RL1C-E","2010-02-01","***",1.0601111550764128,1.4253430398132538,1.2112000000000001,1.2087874705973458,1.1747844091925919]
["EMULSÕES ASF. MOD. POR POLÍMEROS RL1C-E","2010-03-01","***",1.0742376646810117,1.369580650704548,"***",1.178857941959724,1.1462039723039044]
["EMULSÕES ASF. MOD. POR POLÍMEROS RL1C-E","2010-04-01","***",1.0317613108166319,1.2738615472013368,"***",1.1991873693581938,1.1410236341851516]
["EMULSÕES ASF. MOD. POR POLÍMEROS RL1C-E","2010-05-01","***",1.0249304455124306,1.3160093515283844,"***",1.2081029245773924,1.1657579415860035]
["EMULSÕES ASF. MOD. POR POLÍMEROS RL1C-E","2010-06-01","***",1.0631043347298788,1.267840358310641,0.85331938903295179,1.1815474195224567,1.1692650934837752]
["EMULSÕES ASF. MOD. POR POLÍMEROS RL1C-E","2010-07-01","***",1.0301412453751355,1.3396218082417681,0.88133898263798938,1.134833093419761,1.08753193041937]
["EMULSÕES ASF. MOD. POR POLÍMEROS RL1C-E","2010-08-01","***",1.0008433118581237,1.2532388558469763,0.89367908611778146,1.1360307643913454,1.1020851863058065]
["EMULSÕES ASF. MOD. POR POLÍMEROS RL1C-E","2010-09-01","***",1.0244811004545684,1.2191567172093194,0.91600206581139887,1.1532813396888184,1.0868293583499022]
["EMULSÕES ASF. MOD. POR POLÍMEROS RL1C-E","2010-10-01","***",0.99910381474841381,1.2534287378104148,0.91820793844492454,1.1373939289982589,1.101576179193519]
["EMULSÕES ASF. MOD. POR POLÍMEROS RL1C-E","2010-11-01","***",0.99885257357077839,1.3123021757622777,0.94102762594718703,1.0996379941987831,1.0879306559197102]
["EMULSÕES ASF. MOD. POR POLÍMEROS RL1C-E","2010-12-01","***",1.0231396751339781,1.3005202263019309,0.91044259282444528,1.1276897560843315,1.1198107633790571]
["EMULSÕES ASF. MOD. POR POLÍMEROS RL1C-E","2011-01-01","***",1.06846,1.2599507571964956,0.91578308182784263,1.0876344415450512,1.0829109222756121]
["EMULSÕES ASF. MOD. POR POLÍMEROS RL1C-E","2011-02-01","***",1.0468388359030838,1.2789125545171338,1.1173999999999997,1.0867935045916439,1.1015004639467552]
["EMULSÕES ASF. MOD. POR POLÍMEROS RL1C-E","2011-03-01","***",1.0460136032535676,1.1934748785554492,0.99345000000000006,1.0815850919791705,1.077874575085066]
["EMULSÕES ASF. MOD. POR POLÍMEROS RL1C-E","2011-04-01","***",0.9518899999999999,1.165071585025653,0.89339999999999997,1.0602631704160368,1.0759705966281441]
["EMULSÕES ASF. MOD. POR POLÍMEROS RL1C-E","2011-05-01","***",1.02355,1.1660563513269526,1.0631000000000002,1.090333660922634,1.1091373603811479]
["EMULSÕES ASF. MOD. POR POLÍMEROS RL1C-E","2011-06-01","***",1.0037728923296763,1.1394255684609416,1.0609999999999999,1.099344439740173,1.0879929138861064]
["EMULSÕES ASF. MOD. POR POLÍMEROS RL1C-E","2011-07-01","***",0.98571022166029176,1.0900742239880805,1.0712591127453888,1.1018255326189701,1.0590463789261351]
["EMULSÕES ASF. MOD. POR POLÍMEROS RL1C-E","2011-08-01","***",0.94731756454426563,1.174690253990792,0.98680393507410025,1.0721306054655046,1.0598281922072097]
["EMULSÕES ASF. MOD. POR POLÍMEROS RL1C-E","2011-09-01","***","***",1.1194394729818491,1.0455405689277901,1.1081643448058913,1.1082915971565543]
["EMULSÕES ASF. MOD. POR POLÍMEROS RL1C-E","2011-10-01","***",0.91261416114011584,1.0869431589356349,0.87043494070053773,1.1025805803126125,1.0690616748404302]
["EMULSÕES ASF. MOD. POR POLÍMEROS RL1C-E","2011-11-01","***",0.96307110328638501,1.0956991098062394,0.8273809322811525,1.1349048287893357,1.0883204926517283]
["EMULSÕES ASF. MOD. POR POLÍMEROS RL1C-E","2011-12-01","***",0.87379249716958363,1.0967003135388196,1.0433358486325652,1.158861778498629,1.1092314194655912]
["EMULSÕES ASF. MOD. POR POLÍMEROS RL1C-E","2012-01-01","***","***",1.0877738410227904,1.0461883959044367,1.0858484249456217,1.0762743391086409]
["EMULSÕES ASF. MOD. POR POLÍMEROS RL1C-E","2012-02-01","***","***",1.1836433061778682,"***",1.0709065334889958,1.083644712154336]
["EMULSÕES ASF. MOD. POR POLÍMEROS RL1C-E","2012-03-01","***","***",1.0842880403015542,"***",1.105981412704738,1.0986970413177148]
["EMULSÕES ASF. MOD. POR POLÍMEROS RL1C-E","2012-04-01","***","***",1.1095409232381721,"***",1.1891202597675232,1.1323532602873121]
["EMULSÕES ASF. MOD. POR POLÍMEROS RL1C-E","2012-05-01","***",0.94464999999999999,1.098513907686389,1.0165,1.1673181224093279,1.1063662681290163]
["EMULSÕES ASF. MOD. POR POLÍMEROS RL1C-E","2012-06-01","***",0.96163194501718219,1.1610579314645768,1.0449486045869025,1.1351775865842619,1.1495860253378962]
["EMULSÕES ASF. MOD. POR POLÍMEROS RL1C-E","2012-07-01","***",0.95782,1.2018663172065194,1.0507806641053787,1.0943033887453975,1.1774784353543699]
["EMULSÕES ASF. MOD. POR POLÍMEROS RL1C-E","2012-08-01","***","***",1.2327306087544967,0.99990000000000001,1.1369150781755943,1.2108398663146747]
["EMULSÕES ASF. MOD. POR POLÍMEROS RL1C-E","2012-09-01","***",1.06264,1.2421090150664893,1.0613484135009565,1.1371857642901173,1.2218442919202008]
["EMULSÕES ASF. MOD. POR POLÍMEROS RL1C-E","2012-10-01","***",1.06264,1.2356809522188203,1.0208371123311901,1.1467394287142831,1.1851869467247611]
["EMULSÕES ASF. MOD. POR POLÍMEROS RL1C-E","2012-11-01","***","***",1.2516165178492298,1.0393833142939939,1.1776342498799506,1.155732675678238]
["EMULSÕES ASF. MOD. POR POLÍMEROS RL1C-E","2012-12-01","***","***",1.2608066500512507,0.92764503297442813,1.1125656335508975,1.0706652442940119]
["EMULSÕES ASF. MOD. POR POLÍMEROS RL1C-E","2013-01-01","***",0.91137000000000001,1.1786000000000001,0.99686000000000008,1.1580527418864714,1.0904460955752215]
["EMULSÕES ASF. MOD. POR POLÍMEROS RL1C-E","2013-02-01","***","***",1.0815161331528427,1.1008590455105083,1.1231977079540956,1.1050251623562644]
["EMULSÕES ASF. MOD. POR POLÍMEROS RL1C-E","2013-03-01","***",0.91446000000000005,1.0062090809806499,1.0868489631319864,1.1539998541265486,1.066144355525696]
["EMULSÕES ASF. MOD. POR POLÍMEROS RL1C-E","2013-04-01","***",0.9144620040691761,1.1475921826931998,1.0640057283729862,1.2329232492304405,1.1237308309114933]
["EMULSÕES ASF. MOD. POR POLÍMEROS RL1C-E","2013-05-01","***",1.0515300000000001,1.1847372746365925,1.0685726644298847,1.3428819771132736,1.1470955183867828]
["EMULSÕES ASF. MOD. POR POLÍMEROS RL1C-E","2013-06-01","***","***",1.184515753005412,1.1283487636985021,1.2949231038786482,1.1656755304300337]
["EMULSÕES ASF. MOD. POR POLÍMEROS RL1C-E","2013-07-01","***",0.996,1.1975379437520375,1.1238005312792936,1.2241393749368674,1.1628061949169357]
["EMULSÕES ASF. MOD. POR POLÍMEROS RL1C-E","2013-08-01","***",0.99602508029468495,1.2494124699445366,1.1381202124825074,1.3114037107045615,1.2008906508938486]
["EMULSÕES ASF. MOD. POR POLÍMEROS RL1C-E","2013-09-01","***",1.1312323170283192,1.2520634154815893,1.1853845557046119,1.3530443719391865,1.2345506473113637]
["EMULSÕES ASF. MOD. POR POLÍMEROS RL1C-E","2013-10-01","***",1.1170576754599435,1.19456345530638,1.1288564182235374,1.3929916235481783,1.1954086202523588]
["EMULSÕES ASF. MOD. POR POLÍMEROS RL1C-E","2013-11-01","***",1.1294503123764335,1.2519725951049692,1.1719657241967658,1.3726670739324407,1.2541506320696849]
["EMULSÕES ASF. MOD. POR POLÍMEROS RL1C-E","2013-12-01","***",1.1294500000000001,1.2989992006352569,1.1573713884023233,1.287973409182108,1.2754914845247067]
["EMULSÕES ASF. MOD. POR POLÍMEROS RL1C-E","2014-01-01","***",1.1427700000000001,1.372394937906299,1.2065040179659317,1.2560600893632066,1.2796878995334886]
["EMULSÕES ASF. MOD. POR POLÍMEROS RL1C-E","2014-02-01","***",1.1435999999999999,1.2299757085961323,1.0373113472047739,1.2104255884820441,1.1626653722061919]
["EMULSÕES ASF. MOD. POR POLÍMEROS RL1C-E","2014-03-01","***",1.0318791973791974,1.2303993288352273,0.88554223733187765,1.2202221109808313,1.1159292579413862]
["EMULSÕES ASF. MOD. POR POLÍMEROS RL1C-E","2014-04-01","***",0.90585623119706737,1.2149793114112648,0.92704144131777644,1.2350792663712982,1.1359471071960365]
["EMULSÕES ASF. MOD. POR POLÍMEROS RL1C-E","2014-05-01","***",1.257522685804771,1.2697250639029884,1.112066283318905,1.2355571974202659,1.2450686269168789]
["EMULSÕES ASF. MOD. POR POLÍMEROS RL1C-E","2014-06-01","***",1.4182797260080504,1.2673419302913906,1.0924872267518486,1.266170934724292,1.2576005676080038]
["EMULSÕES ASF. MOD. POR POLÍMEROS RL1C-E","2014-07-01",1.355199090909091,1.2211681745416318,1.1032238759689925,0.95883557624879745,1.2804993540609135,1.1086851890767651]
["EMULSÕES ASF. MOD. POR POLÍMEROS RL1C-E","2014-08-01",1.5751900000000001,1.0261367597895965,1.0014999050668507,0.92555602109905677,1.3060651703989945,1.0159736662628955]
["EMULSÕES ASF. MOD. POR POLÍMEROS RL1C-E","2014-09-01","***",1.2340196189458579,1.2697694658489309,0.93070352203777895,1.2957578748734562,1.2507084930276484]
["EMULSÕES ASF. MOD. POR POLÍMEROS RL1C-E","2014-10-01",0.89761999999999986,1.1322857954020333,1.1353704149636226,0.98688067924018741,1.2213153519500934,1.1171651157107951]
["EMULSÕES ASF. MOD. POR POLÍMEROS RL1C-E","2014-11-01",0.90525422756857066,1.0102064800935913,1.1436818341108712,1.0347567679222358,1.2372976397154882,1.1227517123499935]
["EMULSÕES ASF. MOD. POR POLÍMEROS RL1C-E","2014-12-01",0.99155000000000004,1.6238556364176444,1.107951840851997,1.3198677249921607,1.3846824844893693,1.1692689852378464]
["EMULSÕES ASF. MOD. POR POLÍMEROS RL1C-E","2015-01-01","***",1.7783058041893514,1.5561981455564902,1.20302,1.2411163247657939,1.5202013773124026]
["EMULSÕES ASF. MOD. POR POLÍMEROS RL1C-E","2015-02-01","***",1.4900000000000002,1.2777296307744421,1.5636399999999999,1.5058953171659537,1.370850309521038]
["EMULSÕES ASF. MOD. POR POLÍMEROS RL1C-E","2015-03-01","***",1.3709053576282277,1.3892457247013807,1.56853,1.3179709229726237,1.3641131420901615]
["EMULSÕES ASF. MOD. POR POLÍMEROS RL1C-E","2015-04-01","***",1.2234786989519335,1.5086420250719277,1.5361199999999999,1.4224702085722853,1.4028049304107328]
["EMULSÕES ASF. MOD. POR POLÍMEROS RL1C-E","2015-05-01","***",1.1959348377620509,1.4442483338009988,1.4889499559424875,1.4042737230485414,1.4296351374724461]
["EMULSÕES ASF. MOD. POR POLÍMEROS RL1C-E","2015-06-01","***","***",1.4436429114437199,1.5652599999999999,1.2760637018271825,1.3871328278489219]
["EMULSÕES ASF. MOD. POR POLÍMEROS RL1C-E","2015-07-01","***",1.8600000000000003,1.1767506854349388,1.1029721688270628,1.2186831137336271,1.1926282196481222]
["EMULSÕES ASF. MOD. POR POLÍMEROS RL1C-E","2015-08-01","***","***",1.5062950200198273,1.220186600310603,1.3974525874055916,1.4755943260201903]
["EMULSÕES ASF. MOD. POR POLÍMEROS RL1C-E","2015-09-01",1.5380985564212553,"***",1.4976523944169196,1.28326472765771,1.3325103389830508,1.4713935424108973]
["EMULSÕES ASF. MOD. POR POLÍMEROS RL1C-E","2015-10-01",1.5396269727967988,1.205087576168929,1.5299030718875954,1.1300515825449007,1.5969199999999999,1.4358391347395418]
["EMULSÕES ASF. MOD. POR POLÍMEROS RL1C-E","2015-11-01",1.70207,1.7858595718574597,1.8087935970883091,1.6165712852807839,1.67411,1.7531095933060377]
["EMULSÕES ASF. MOD. POR POLÍMEROS RL1C-E","2015-12-01",1.7815984279338406,"***",1.7082612294228519,1.7400404843527255,1.4354612531098598,1.7101024379972962]
["EMULSÕES ASF. MOD. POR POLÍMEROS RL1C-E","2016-01-01","***","***",1.7428976843664437,1.2707541606648198,1.4631744138965259,1.4628378597924108]
["EMULSÕES ASF. MOD. POR POLÍMEROS RL1C-E","2016-02-01",1.6494501694915253,"***",1.5879340297453368,1.6785759904248951,1.627361804740671,1.6130966812411103]
["EMULSÕES ASF. MOD. POR POLÍMEROS RL1C-E","2016-03-01",1.628546462034679,"***",1.7172545654427567,1.548898430962343,1.35365,1.6878617735699577]
["EMULSÕES ASF. MOD. POR POLÍMEROS RL1C-E","2016-04-01",1.67350150997151,2.37,1.9555894925206698,"***",1.5416832540166769,1.9202531253137707]
["EMULSÕES ASF. MOD. POR POLÍMEROS RL1C-E","2016-05-01",1.694367367303609,"***",1.9866646248415227,1.5920342433762078,1.7001699090773588,1.7926031482698124]
["EMULSÕES ASF. MOD. POR POLÍMEROS RL1C-E","2016-06-01",1.6409844983391166,"***",2.0489585514061068,1.5188038158798702,1.5918908927712774,1.756901731719321]
["EMULSÕES ASF. MOD. POR POLÍMEROS RL1C-E","2016-07-01",1.6417052606929612,"***",2.0133568501586461,1.4398094206061383,1.4557978095022284,1.7123868884027944]
["EMULSÕES ASF. MOD. POR POLÍMEROS RL1C-E","2016-08-01",1.6898123406614731,"***",1.9006425267418954,1.4948910102166262,1.4560500000000001,1.7865810387402685]
["EMULSÕES ASF. MOD. POR POLÍMEROS RL1C-E","2016-09-01",1.4665205785376783,"***",1.7634790837596899,1.4484578613046952,1.371,1.6775573362278966]
["EMULSÕES ASF. MOD. POR POLÍMEROS RL1C-E","2016-10-01",1.4218381901806798,1.45,1.8214070417599373,2.133200692981903,1.3709999999999998,1.7792425450610898]
["EMULSÕES ASF. MOD. POR POLÍMEROS RL1C-E","2016-11-01",1.4315949167724116,"***",2.2905769909914149,1.9188216083230292,1.371,2.188028474574006]
["EMULSÕES ASF. MOD. POR POLÍMEROS RL1C-E","2016-12-01","***","***",2.1212619321389967,1.8762455214723925,1.3709784314568112,2.0058506686384714]
["EMULSÕES ASF. MOD. POR POLÍMEROS RL1C-E","2017-01-01","***","***",2.3381669244238985,1.9404602922077923,1.37097,2.0445144983802388]
["EMULSÕES ASF. MOD. POR POLÍMEROS RL1C-E","2017-02-01","***","***",2.0834266814612499,2.2105811094265584,1.3709700000000002,2.0984078736021377]
["EMULSÕES ASF. MOD. POR POLÍMEROS RL1C-E","2017-03-01","***","***",2.2534733621409484,2.2575663935238723,1.37097,2.0608085908747822]
["EMULSÕES ASF. MOD. POR POLÍMEROS RL1C-E","2017-04-01","***","***",2.4231083170994179,2.0476681668672283,1.3665799999999999,2.1981441615421238]
["EMULSÕES ASF. MOD. POR POLÍMEROS RL1C-E","2017-05-01",1.3653199999999999,"***",2.1939963383485002,2.1691381043784639,1.3665799999999999,1.9630381067474574]
["EMULSÕES ASF. MOD. POR POLÍMEROS RL1C-E","2017-06-01",1.3787272224695097,"***",2.1812642738098891,1.8735071761322788,"***",2.0261925595716668]
["EMULSÕES ASF. MOD. POR POLÍMEROS RL1C-E","2017-07-01",1.3723299999999998,"***",2.1024764568534553,1.7797273981611546,"***",2.0559084473949318]
["EMULSÕES ASF. MOD. POR POLÍMEROS RL1C-E","2017-08-01","***","***",1.9042397207311279,2.1384462953462808,"***",1.9085097781760543]
["EMULSÕES ASF. MOD. POR POLÍMEROS RL1C-E","2017-09-01",1.3805756869604469,"***",2.0671421431496628,2.0418639999782049,"***",2.0376404485622639]
["EMULSÕES ASF. MOD. POR POLÍMEROS RL1C-E","2017-10-01",1.4123887492036524,"***",2.0408992667471297,2.2484113814629949,"***",2.0695592481067302]
["EMULSÕES ASF. MOD. POR POLÍMEROS RL1C-E","2017-11-01",1.4712700000000001,1.55925,2.1338326546177839,2.2470739929002144,"***",2.1078730343187084]
["EMULSÕES ASF. MOD. POR POLÍMEROS RL1C-E","2017-12-01",1.4712699999999999,1.55925,2.1898316519877716,2.3804582183908045,"***",2.1280098010294686]
["EMULSÕES ASF. MOD. POR POLÍMEROS RL1C-E","2018-01-01","***","***",1.6145666149432782,"***","***",1.6145666149432782]
["EMULSÕES ASF. MOD. POR POLÍMEROS RL1C-E","2018-02-01","***","***",1.5872762062718606,"***","***",1.5872762062718606]
["EMULSÕES ASF. MOD. POR POLÍMEROS RL1C-E","2018-03-01","***","***",1.6476296609202428,"***","***",1.6476296609202428]
["EMULSÕES ASF. MOD. POR POLÍMEROS RL1C-E","2018-04-01","***","***",1.6252411006218834,1.6180600000000001,"***",1.6246885083001497]
["EMULSÕES ASF. MOD. POR POLÍMEROS RL1C-E","2018-05-01","***","***",1.5877489637980069,"***","***",1.5877489637980069]
["EMULSÕES ASF. MOD. POR POLÍMEROS RL1C-E","2018-06-01","***","***",1.832930334737449,"***","***",1.832930334737449]
["EMULSÕES ASF. MOD. POR POLÍMEROS RL1C-E","2018-07-01","***","***",1.9074802317001429,2.3034400000000002,"***",1.9439239470343612]
["EMULSÕES ASF. MOD. POR POLÍMEROS RL1C-E","2018-08-01",1.927,"***",2.0378398860593894,"***","***",2.0358527959543449]
["EMULSÕES ASF. MOD. POR POLÍMEROS RL1C-E","2018-09-01","***","***",2.1855527269408124,"***","***",2.1855527269408124]
["EMULSÕES ASF. MOD. POR POLÍMEROS RL1C-E","2018-10-01","***",1.9805600000000001,2.0937629132932698,1.968,"***",2.0864472267643497]
["EMULSÕES ASF. MOD. POR POLÍMEROS RL1C-E","2018-11-01","***",2.2325599999999999,2.3583192448645871,2.1648000000000001,"***",2.3352712410487633]
["EMULSÕES ASF. MOD. POR POLÍMEROS RL1C-E","2018-12-01","***",2.0299999999999998,2.0715596498970283,"***","***",2.0518467754407665]
["EMULSÕES ASF. MOD. POR POLÍMEROS RL1C-E","2019-01-01","***",2.2325599999999999,2.3638657587358782,"***","***",2.3505173582170071]
["EMULSÕES ASF. MOD. POR POLÍMEROS RL1C-E","2019-02-01","***","***",2.5128929826950812,"***",2.18248,2.5122325265851124]
["EMULSÕES ASF. MOD. POR POLÍMEROS RL1C-E","2019-03-01","***","***",2.5525698418345777,"***","***",2.5525698418345777]
["EMULSÕES ASF. MOD. POR POLÍMEROS RL1C-E","2019-04-01","***","***",2.5190075848513902,"***","***",2.5190075848513902]
["EMULSÕES ASF. MOD. POR POLÍMEROS RL1C-E","2019-05-01","***","***",2.5947528566365405,"***","***",2.5947528566365405]
["EMULSÕES ASF. MOD. POR POLÍMEROS RL1C-E","2019-06-01","***","***",2.5756834778351094,"***","***",2.5756834778351094]
["EMULSÕES ASF. MOD. POR POLÍMEROS RL1C-E","2019-07-01","***","***",2.6339024480259146,"***",3.6011199999999999,2.6364637316950459]
["EMULSÕES ASF. MOD. POR POLÍMEROS RL1C-E","2019-08-01","***","***",2.4591963360555642,"***","***",2.4591963360555642]
["EMULSÕES ASF. MOD. POR POLÍMEROS RL1C-E","2019-09-01","***","***",2.6096139014429101,"***","***",2.6096139014429101]
["EMULSÕES ASF. MOD. POR POLÍMEROS RL1C-E","2019-10-01","***","***",2.586292796099452,1.9275715983998607,"***",2.4161527455076364]
["EMULSÕES ASF. MOD. POR POLÍMEROS RL1C-E","2019-11-01",2.05905,1.9530000000000001,2.344175846260709,1.9105699999999999,"***",2.1984066684253443]
["EMULSÕES ASF. MOD. POR POLÍMEROS RL1C-E","2019-12-01","***","***",2.3397363832376978,1.91726,"***",2.2608207579185522]
["EMULSÕES ASF. MOD. POR POLÍMEROS RL1C-E","2020-01-01","***","***",2.65401,2.1825000000000001,"***",2.5109614585764293]
["EMULSÕES ASF. MOD. POR POLÍMEROS RL1C-E","2020-02-01","***","***","***","***","***","***"]
["EMULSÕES ASF. MOD. POR POLÍMEROS RL1C-E","2020-03-01","***","***",2.2298759693621295,"***","***",2.2298759693621295]
["EMULSÕES ASF. MOD. POR POLÍMEROS RL1C-E","2020-04-01","***","***",2.2285900000000001,"***","***",2.2285900000000001]
["EMULSÕES ASF. MOD. POR POLÍMEROS RL1C-E","2020-05-01","***","***",2.2617554714330863,"***",3.6011199999999999,2.2664423333449979]
["EMULSÕES ASF. MOD. POR POLÍMEROS RL1C-E","2020-06-01","***","***",2.1753930715783025,"***","***",2.1753930715783025]
["EMULSÕES ASF. MOD. POR POLÍMEROS RL1C-E","2020-07-01","***",1.862951059377945,2.1324940838833477,"***","***",2.0647657496289744]
["EMULSÕES ASF. MOD. POR POLÍMEROS RL1C-E","2020-08-01",2.1328382901443441,2.0277004935438527,2.2073144364456279,2.0217100000000001,"***",2.1405328169161337]
["EMULSÕES ASF. MOD. POR POLÍMEROS RL1C-E","2020-09-01",2.1584296998864434,2.0163690741239373,2.192614518780807,2.0217100000000001,3.2737500000000002,2.119879340000594]
["EMULSÕES ASF. MOD. POR POLÍMEROS RL1C-E","2020-10-01",2.35676,1.9664099999999998,2.1852590764513677,"***","***",2.1072666796296033]
["EMULSÕES ASF. MOD. POR POLÍMEROS RL1C-E","2020-11-01",2.1065900000000002,2.0308385185400777,2.2723746986635165,"***","***",2.1886718917941343]
["EMULSÕES ASF. MOD. POR POLÍMEROS RL1C-E","2020-12-01",2.10276,2.0997957894072083,2.3340289443633555,"***","***",2.1719404278970416]
["EMULSÕES ASF. MOD. POR POLÍMEROS RL1C-E","2021-01-01","***",2.142521433202015,2.485038322817315,"***","***",2.2293999728301328]
["EMULSÕES ASF. MOD. POR POLÍMEROS RL1C-E","2021-02-01","***",2.2131132812704051,2.6752508830364059,"***","***",2.2908774474833273]
["EMULSÕES ASF. MOD. POR POLÍMEROS RL1C-E","2021-03-01","***",2.2266090944423396,2.3237017172289955,"***",4.8924399999999997,2.2516948170922801]
["EMULSÕES ASF. MOD. POR POLÍMEROS RL1C-E","2021-04-01","***",2.2226347534928088,2.3774873387920632,"***","***",2.2809558804943446]
["EMULSÕES ASF. MOD. POR POLÍMEROS RL1C-E","2021-05-01","***",2.6408150867521614,2.8201249183168322,"***","***",2.778250400037944]
["EMULSÕES ASF. MOD. POR POLÍMEROS RL1C-E","2021-06-01",2.7941048126858279,2.7219822776021325,2.7303304115547258,"***",5.8745500000000002,2.7325574274997546]
["EMULSÕES ASF. MOD. POR POLÍMEROS RL1C-E","2021-07-01",2.6031618254614548,2.7435516290623059,2.8785755191951279,"***",5.8745599999999998,2.8655068382675681]
["EMULSÕES ASF. MOD. POR POLÍMEROS RL1C-E","2021-08-01","***",2.8309810250809062,3.076932024033916,3.1686999999999999,"***",3.0452618357105541]
["EMULSÕES ASF. MOD. POR POLÍMEROS RL1C-E","2021-09-01",2.7897799999999995,2.830980337258223,3.0950539095938736,3.1686999999999999,"***",2.9971183265315258]
["EMULSÕES ASF. MOD. POR POLÍMEROS RL1C-E","2021-10-01","***",2.8309811302954784,2.9890402388488972,"***","***",2.9642829443294367]
["EMULSÕES ASF. MOD. POR POLÍMEROS RL1C-E","2021-11-01","***",3.02915,2.9934399988506031,"***","***",2.9961237870631203]
["EMULSÕES ASF. MOD. POR POLÍMEROS RL1C-E","2021-12-01",2.50285,3.02915,3.3885607344503095,"***","***",3.2999144143106056]
["EMULSÕES ASF. MOD. POR POLÍMEROS RL1C-E","2022-01-01","***","***",3.3838127493796519,"***",3.3483299999999998,3.3838048269617205]
["EMULSÕES ASF. MOD. POR POLÍMEROS RL1C-E","2022-02-01","***","***",4.0285234084761044,"***","***",4.0285234084761044]
["EMULSÕES ASF. MOD. POR POLÍMEROS RL1C-E","2022-03-01","***","***",3.7434526941667214,"***","***",3.7434526941667214]
["EMULSÕES ASF. MOD. POR POLÍMEROS RL1C-E","2022-04-01","***",3.3810799999999999,3.8767376580064239,"***","***",3.8440513893501906]
["EMULSÕES ASF. MOD. POR POLÍMEROS RL1C-E","2022-05-01","***","***",3.8769191358138846,"***","***",3.8769191358138846]
["EMULSÕES ASF. MOD. POR POLÍMEROS RL1C-E","2022-06-01","***","***",3.8526523753241468,"***","***",3.8526523753241468]
["EMULSÕES ASF. MOD. POR POLÍMEROS RL1C-E","2022-07-01","***",3.5129436526757911,3.8424058742129503,"***","***",3.6937415846473192]
["EMULSÕES ASF. MOD. POR POLÍMEROS RL1C-E","2022-08-01","***",3.6054467984938778,3.9619444182037835,"***","***",3.8295425248427932]
["EMULSÕES ASF. MOD. POR POLÍMEROS RL1C-E","2022-09-01","***",3.6246248494392375,3.8362795715723506,"***","***",3.721222836099801]
["EMULSÕES ASF. MOD. POR POLÍMEROS RL1C-E","2022-10-01","***",3.6125510254231532,3.4370704019656015,"***","***",3.5106990905849815]
["EMULSÕES ASF. MOD. POR POLÍMEROS RL1C-E","2022-11-01","***",3.5431308985765124,3.5752506588854653,"***","***",3.5644788757035335]
["EMULSÕES ASF. MOD. POR POLÍMEROS RL1C-E","2022-12-01","***",3.49797,3.572834842822215,"***","***",3.5251059780131673]
["EMULSÕES ASF. MOD. POR POLÍMEROS RL1C-E","2023-01-01","***",3.4318199577947768,"***","***","***",3.4318199577947768]
["EMULSÕES ASF. MOD. POR POLÍMEROS RL1C-E","2023-02-01","***",3.4176899999999999,3.9512198131880356,"***","***",3.8854257779294206]
["EMULSÕES ASF. MOD. POR POLÍMEROS RL1C-E","2023-03-01","***","***",3.3465507235762093,4.0088800000000004,"***",3.530366585165587]
["EMULSÕES ASF. MOD. POR POLÍMEROS RL1C-E","2023-04-01","***","***",3.6266582710570359,4.1654296706192362,"***",3.6557566996957993]
["EMULSÕES ASF. MOD. POR POLÍMEROS RL1C-E","2023-05-01","***","***",3.7813204780461582,4.1536799999999996,"***",3.793395716406267]
["EMULSÕES ASF. MOD. POR POLÍMEROS RL1C-E","2023-06-01","***","***",3.4535528961185071,3.4182800000000002,"***",3.4535000627223367]
["EMULSÕES ASF. MOD. POR POLÍMEROS RL1C-E","2023-07-01","***","***",3.4999470224383846,4.0849230731553172,"***",3.5504168266150469]
["EMULSÕES ASF. MOD. POR POLÍMEROS RL1C-E","2023-08-01","***",3.2110983722266107,3.5256439337403771,"***","***",3.4538466390775957]
["EMULSÕES ASF. MOD. POR POLÍMEROS RL1C-E","2023-09-01","***",3.4526159464200288,3.4989581662997162,4.1815579690491385,"***",3.5613632790744667]
["EMULSÕES ASF. MOD. POR POLÍMEROS RL1C-E","2023-10-01","***",3.1278600000000001,3.5044214432653304,4.2376269429937885,"***",3.7514319921825998]
["EMULSÕES ASF. MOD. POR POLÍMEROS RL1C-E","2023-11-01","***",3.4672800000000001,3.3614491869633225,4.3680025046229707,"***",3.5926109192469493]
["EMULSÕES ASF. MOD. POR POLÍMEROS RL1C-E","2023-12-01","***","***",2.8345906714673741,4.3746900704934539,"***",3.2557165707467064]
["EMULSÕES ASF. MOD. POR POLÍMEROS RL1C-E","2024-01-01","***","***",3.7850600000000001,2.9024200000000002,"***",3.559821991701245]
["EMULSÕES ASF. MOD. POR POLÍMEROS RL1C-E","2024-02-01","***","***",3.4983240834888059,4.5088800000000004,"***",3.5168324336080583]
["EMULSÕES ASF. MOD. POR POLÍMEROS RL1C-E","2024-03-01",2.6892,"***",2.5602703351104341,"***","***",2.5900814040634694]
["EMULSÕES ASF. MOD. POR POLÍMEROS RL1C-E","2024-04-01",2.7951000000000001,"***",2.915417591211829,"***","***",2.9107756415367882]
["EMULSÕES ASF. MOD. POR POLÍMEROS RL1C-E","2024-05-01","***","***",3.0294281997153392,8.0474899999999998,"***",3.0374254295655874]
["EMULSÕES ASF. MOD. POR POLÍMEROS RL1C-E","2024-06-01","***","***",2.7362379185619665,"***","***",2.7362379185619665]
["EMULSÕES ASF. MOD. POR POLÍMEROS RL1C-E","2024-07-01","***","***",3.153736280935985,"***","***",3.153736280935985]
["EMULSÕES ASF. MOD. POR POLÍMEROS RM1C-E","2009-12-01","***","***","***","***","***","***"]
["EMULSÕES ASF. MOD. POR POLÍMEROS RM1C-E","2010-01-01","***","***","***","***","***","***"]
["EMULSÕES ASF. MOD. POR POLÍMEROS RM1C-E","2010-02-01","***","***","***","***","***","***"]
["EMULSÕES ASF. MOD. POR POLÍMEROS RM1C-E","2010-03-01","***","***","***","***","***","***"]
["EMULSÕES ASF. MOD. POR POLÍMEROS RM1C-E","2010-04-01","***","***","***","***",0.9883900000000001,0.9883900000000001]
["EMULSÕES ASF. MOD. POR POLÍMEROS RM1C-E","2010-05-01","***","***","***","***",1.0001899999999999,1.0001899999999999]
["EMULSÕES ASF. MOD. POR POLÍMEROS RM1C-E","2010-06-01","***","***","***","***",1.0179,1.0179]
["EMULSÕES ASF. MOD. POR POLÍMEROS RM1C-E","2010-07-01","***","***","***","***",1.00525,1.00525]
["EMULSÕES ASF. MOD. POR POLÍMEROS RM1C-E","2010-08-01","***","***","***","***","***","***"]
["EMULSÕES ASF. MOD. POR POLÍMEROS RM1C-E","2010-09-01","***","***","***","***","***","***"]
["EMULSÕES ASF. MOD. POR POLÍMEROS RM1C-E","2010-10-01","***","***","***","***","***","***"]
["EMULSÕES ASF. MOD. POR POLÍMEROS RM1C-E","2010-11-01","***","***","***","***","***","***"]
["EMULSÕES ASF. MOD. POR POLÍMEROS RM1C-E","2010-12-01","***","***","***","***","***","***"]
["EMULSÕES ASF. MOD. POR POLÍMEROS RM1C-E","2011-01-01","***","***","***","***","***","***"]
["EMULSÕES ASF. MOD. POR POLÍMEROS RM1C-E","2011-02-01","***","***","***","***","***","***"]
["EMULSÕES ASF. MOD. POR POLÍMEROS RM1C-E","2011-03-01","***","***","***","***","***","***"]
["EMULSÕES ASF. MOD. POR POLÍMEROS RM1C-E","2011-04-01","***","***","***","***","***","***"]
["EMULSÕES ASF. MOD. POR POLÍMEROS RM1C-E","2011-05-01","***","***","***","***","***","***"]
["EMULSÕES ASF. MOD. POR POLÍMEROS RM1C-E","2011-06-01","***","***","***","***","***","***"]
["EMULSÕES ASF. MOD. POR POLÍMEROS RM1C-E","2011-07-01","***","***","***","***","***","***"]
["EMULSÕES ASF. MOD. POR POLÍMEROS RM1C-E","2011-08-01","***","***","***","***","***","***"]
["EMULSÕES ASF. MOD. POR POLÍMEROS RM1C-E","2011-09-01","***","***","***","***","***","***"]
["EMULSÕES ASF. MOD. POR POLÍMEROS RM1C-E","2011-10-01","***","***","***","***","***","***"]
["EMULSÕES ASF. MOD. POR POLÍMEROS RM1C-E","2011-11-01","***","***","***","***","***","***"]
["EMULSÕES ASF. MOD. POR POLÍMEROS RM1C-E","2011-12-01","***","***","***","***","***","***"]
["EMULSÕES ASF. MOD. POR POLÍMEROS RM1C-E","2012-01-01","***","***","***","***","***","***"]
["EMULSÕES ASF. MOD. POR POLÍMEROS RM1C-E","2012-02-01","***","***","***","***","***","***"]
["EMULSÕES ASF. MOD. POR POLÍMEROS RM1C-E","2012-03-01","***","***","***","***","***","***"]
["EMULSÕES ASF. MOD. POR POLÍMEROS RM1C-E","2012-04-01","***","***","***","***","***","***"]
["EMULSÕES ASF. MOD. POR POLÍMEROS RM1C-E","2012-05-01","***","***","***","***","***","***"]
["EMULSÕES ASF. MOD. POR POLÍMEROS RM1C-E","2012-06-01","***","***","***","***","***","***"]
["EMULSÕES ASF. MOD. POR POLÍMEROS RM1C-E","2012-07-01","***","***","***","***","***","***"]
["EMULSÕES ASF. MOD. POR POLÍMEROS RM1C-E","2012-08-01","***","***","***","***","***","***"]
["EMULSÕES ASF. MOD. POR POLÍMEROS RM1C-E","2012-09-01","***","***","***","***","***","***"]
["EMULSÕES ASF. MOD. POR POLÍMEROS RM1C-E","2012-10-01","***","***","***","***","***","***"]
["EMULSÕES ASF. MOD. POR POLÍMEROS RM1C-E","2012-11-01","***","***","***","***","***","***"]
["EMULSÕES ASF. MOD. POR POLÍMEROS RM1C-E","2012-12-01","***","***","***","***","***","***"]
["EMULSÕES ASF. MOD. POR POLÍMEROS RM1C-E","2013-01-01","***","***","***","***","***","***"]
["EMULSÕES ASF. MOD. POR POLÍMEROS RM1C-E","2013-02-01","***","***","***","***","***","***"]
["EMULSÕES ASF. MOD. POR POLÍMEROS RM1C-E","2013-03-01","***","***","***","***","***","***"]
["EMULSÕES ASF. MOD. POR POLÍMEROS RM1C-E","2013-04-01","***","***","***","***","***","***"]
["EMULSÕES ASF. MOD. POR POLÍMEROS RM1C-E","2013-05-01","***","***","***","***","***","***"]
["EMULSÕES ASF. MOD. POR POLÍMEROS RM1C-E","2013-06-01","***","***","***","***","***","***"]
["EMULSÕES ASF. MOD. POR POLÍMEROS RM1C-E","2013-07-01","***","***","***","***","***","***"]
["EMULSÕES ASF. MOD. POR POLÍMEROS RM1C-E","2013-08-01","***","***","***","***","***","***"]
["EMULSÕES ASF. MOD. POR POLÍMEROS RM1C-E","2013-09-01","***","***","***","***","***","***"]
["EMULSÕES ASF. MOD. POR POLÍMEROS RM1C-E","2013-10-01","***","***","***","***",1.6719999999999999,1.6719999999999999]
["EMULSÕES ASF. MOD. POR POLÍMEROS RM1C-E","2013-11-01","***","***","***","***","***","***"]
["EMULSÕES ASF. MOD. POR POLÍMEROS RM1C-E","2013-12-01","***","***","***","***","***","***"]
["EMULSÕES ASF. MOD. POR POLÍMEROS RM1C-E","2014-01-01","***","***","***","***","***","***"]
["EMULSÕES ASF. MOD. POR POLÍMEROS RM1C-E","2014-02-01","***","***","***","***","***","***"]
["EMULSÕES ASF. MOD. POR POLÍMEROS RM1C-E","2014-03-01","***","***","***","***","***","***"]
["EMULSÕES ASF. MOD. POR POLÍMEROS RM1C-E","2014-04-01","***","***","***","***","***","***"]
["EMULSÕES ASF. MOD. POR POLÍMEROS RM1C-E","2014-05-01","***","***","***","***","***","***"]
["EMULSÕES ASF. MOD. POR POLÍMEROS RM1C-E","2014-06-01","***","***","***","***","***","***"]
["EMULSÕES ASF. MOD. POR POLÍMEROS RM1C-E","2014-07-01","***","***","***","***","***","***"]
["EMULSÕES ASF. MOD. POR POLÍMEROS RM1C-E","2014-08-01","***","***",1.4913099999999999,"***","***",1.4913099999999999]
["EMULSÕES ASF. MOD. POR POLÍMEROS RM1C-E","2014-09-01","***","***","***","***","***","***"]
["EMULSÕES ASF. MOD. POR POLÍMEROS RM1C-E","2014-10-01","***","***","***","***","***","***"]
["EMULSÕES ASF. MOD. POR POLÍMEROS RM1C-E","2014-11-01","***","***","***","***","***","***"]
["EMULSÕES ASF. MOD. POR POLÍMEROS RM1C-E","2014-12-01","***","***","***","***","***","***"]
["EMULSÕES ASF. MOD. POR POLÍMEROS RM1C-E","2015-01-01","***","***","***","***","***","***"]
["EMULSÕES ASF. MOD. POR POLÍMEROS RM1C-E","2015-02-01","***","***","***","***","***","***"]
["EMULSÕES ASF. MOD. POR POLÍMEROS RM1C-E","2015-03-01","***","***","***","***","***","***"]
["EMULSÕES ASF. MOD. POR POLÍMEROS RM1C-E","2015-04-01","***","***","***","***","***","***"]
["EMULSÕES ASF. MOD. POR POLÍMEROS RM1C-E","2015-05-01","***","***","***","***","***","***"]
["EMULSÕES ASF. MOD. POR POLÍMEROS RM1C-E","2015-06-01","***","***","***","***","***","***"]
["EMULSÕES ASF. MOD. POR POLÍMEROS RM1C-E","2015-07-01","***","***","***",1.65802,"***",1.65802]
["EMULSÕES ASF. MOD. POR POLÍMEROS RM1C-E","2015-08-01","***","***","***","***","***","***"]
["EMULSÕES ASF. MOD. POR POLÍMEROS RM1C-E","2015-09-01","***","***","***","***","***","***"]
["EMULSÕES ASF. MOD. POR POLÍMEROS RM1C-E","2015-10-01","***","***","***","***","***","***"]
["EMULSÕES ASF. MOD. POR POLÍMEROS RM1C-E","2015-11-01","***","***","***","***","***","***"]
["EMULSÕES ASF. MOD. POR POLÍMEROS RM1C-E","2015-12-01","***","***","***",2.1626400000000001,"***",2.1626400000000001]
["EMULSÕES ASF. MOD. POR POLÍMEROS RM1C-E","2016-01-01","***","***","***",2.1626400000000001,"***",2.1626400000000001]
["EMULSÕES ASF. MOD. POR POLÍMEROS RM1C-E","2016-02-01","***","***","***","***","***","***"]
["EMULSÕES ASF. MOD. POR POLÍMEROS RM1C-E","2016-03-01","***","***","***","***","***","***"]
["EMULSÕES ASF. MOD. POR POLÍMEROS RM1C-E","2016-04-01","***","***","***","***","***","***"]
["EMULSÕES ASF. MOD. POR POLÍMEROS RM1C-E","2016-05-01","***","***","***","***","***","***"]
["EMULSÕES ASF. MOD. POR POLÍMEROS RM1C-E","2016-06-01","***","***","***","***","***","***"]
["EMULSÕES ASF. MOD. POR POLÍMEROS RM1C-E","2016-07-01","***","***","***","***","***","***"]
["EMULSÕES ASF. MOD. POR POLÍMEROS RM1C-E","2016-08-01","***","***","***","***","***","***"]
["EMULSÕES ASF. MOD. POR POLÍMEROS RM1C-E","2016-09-01","***","***","***","***","***","***"]
["EMULSÕES ASF. MOD. POR POLÍMEROS RM1C-E","2016-10-01","***","***","***","***","***","***"]
["EMULSÕES ASF. MOD. POR POLÍMEROS RM1C-E","2016-11-01","***","***","***","***","***","***"]
["EMULSÕES ASF. MOD. POR POLÍMEROS RM1C-E","2016-12-01","***","***","***",1.7301999999999997,"***",1.7301999999999997]
["EMULSÕES ASF. MOD. POR POLÍMEROS RM1C-E","2017-01-01","***","***","***","***","***","***"]
["EMULSÕES ASF. MOD. POR POLÍMEROS RM1C-E","2017-02-01","***","***","***",2.2707700000000002,"***",2.2707700000000002]
["EMULSÕES ASF. MOD. POR POLÍMEROS RM1C-E","2017-03-01","***","***","***","***","***","***"]
["EMULSÕES ASF. MOD. POR POLÍMEROS RM1C-E","2017-04-01","***","***","***","***","***","***"]
["EMULSÕES ASF. MOD. POR POLÍMEROS RM1C-E","2017-05-01","***","***","***","***","***","***"]
["EMULSÕES ASF. MOD. POR POLÍMEROS RM1C-E","2017-06-01","***","***","***","***","***","***"]
["EMULSÕES ASF. MOD. POR POLÍMEROS RM1C-E","2017-07-01","***","***","***","***","***","***"]
["EMULSÕES ASF. MOD. POR POLÍMEROS RM1C-E","2017-08-01","***","***","***","***","***","***"]
["EMULSÕES ASF. MOD. POR POLÍMEROS RM1C-E","2017-09-01","***","***","***","***","***","***"]
["EMULSÕES ASF. MOD. POR POLÍMEROS RM1C-E","2017-10-01","***","***","***","***","***","***"]
["EMULSÕES ASF. MOD. POR POLÍMEROS RM1C-E","2017-11-01","***","***","***","***","***","***"]
["EMULSÕES ASF. MOD. POR POLÍMEROS RM1C-E","2017-12-01","***","***","***","***","***","***"]
["EMULSÕES ASF. MOD. POR POLÍMEROS RM1C-E","2018-01-01","***","***","***","***","***","***"]
["EMULSÕES ASF. MOD. POR POLÍMEROS RM1C-E","2018-02-01","***","***","***","***","***","***"]
["EMULSÕES ASF. MOD. POR POLÍMEROS RM1C-E","2018-03-01","***","***","***","***","***","***"]
["EMULSÕES ASF. MOD. POR POLÍMEROS RM1C-E","2018-04-01","***","***","***","***","***","***"]
["EMULSÕES ASF. MOD. POR POLÍMEROS RM1C-E","2018-05-01","***","***","***","***","***","***"]
["EMULSÕES ASF. MOD. POR POLÍMEROS RM1C-E","2018-06-01","***","***","***","***","***","***"]
["EMULSÕES ASF. MOD. POR POLÍMEROS RM1C-E","2018-07-01","***","***","***","***","***","***"]
["EMULSÕES ASF. MOD. POR POLÍMEROS RM1C-E","2018-08-01","***","***","***","***","***","***"]
["EMULSÕES ASF. MOD. POR POLÍMEROS RM1C-E","2018-09-01","***","***","***","***","***","***"]
["EMULSÕES ASF. MOD. POR POLÍMEROS RM1C-E","2018-10-01","***","***","***","***","***","***"]
["EMULSÕES ASF. MOD. POR POLÍMEROS RM1C-E","2018-11-01","***","***","***","***","***","***"]
["EMULSÕES ASF. MOD. POR POLÍMEROS RM1C-E","2018-12-01","***","***","***","***","***","***"]
["EMULSÕES ASF. MOD. POR POLÍMEROS RM1C-E","2019-01-01","***","***","***","***","***","***"]
["EMULSÕES ASF. MOD. POR POLÍMEROS RM1C-E","2019-02-01","***","***","***","***","***","***"]
["EMULSÕES ASF. MOD. POR POLÍMEROS RM1C-E","2019-03-01","***","***","***","***","***","***"]
["EMULSÕES ASF. MOD. POR POLÍMEROS RM1C-E","2019-04-01","***","***","***","***","***","***"]
["EMULSÕES ASF. MOD. POR POLÍMEROS RM1C-E","2019-05-01","***","***","***","***","***","***"]
["EMULSÕES ASF. MOD. POR POLÍMEROS RM1C-E","2019-06-01","***","***","***","***","***","***"]
["EMULSÕES ASF. MOD. POR POLÍMEROS RM1C-E","2019-07-01","***","***","***","***","***","***"]
["EMULSÕES ASF. MOD. POR POLÍMEROS RM1C-E","2019-08-01","***","***","***","***","***","***"]
["EMULSÕES ASF. MOD. POR POLÍMEROS RM1C-E","2019-09-01","***","***","***","***","***","***"]
["EMULSÕES ASF. MOD. POR POLÍMEROS RM1C-E","2019-10-01","***","***","***","***","***","***"]
["EMULSÕES ASF. MOD. POR POLÍMEROS RM1C-E","2019-11-01","***","***","***","***","***","***"]
["EMULSÕES ASF. MOD. POR POLÍMEROS RM1C-E","2019-12-01","***","***","***","***","***","***"]
["EMULSÕES ASF. MOD. POR POLÍMEROS RM1C-E","2020-01-01","***","***","***","***","***","***"]
["EMULSÕES ASF. MOD. POR POLÍMEROS RM1C-E","2020-02-01","***","***","***","***","***","***"]
["EMULSÕES ASF. MOD. POR POLÍMEROS RM1C-E","2020-03-01","***","***","***","***","***","***"]
["EMULSÕES ASF. MOD. POR POLÍMEROS RM1C-E","2020-04-01","***","***","***","***","***","***"]
["EMULSÕES ASF. MOD. POR POLÍMEROS RM1C-E","2020-05-01","***","***","***","***","***","***"]
["EMULSÕES ASF. MOD. POR POLÍMEROS RM1C-E","2020-06-01","***","***","***","***","***","***"]
["EMULSÕES ASF. MOD. POR POLÍMEROS RM1C-E","2020-07-01","***","***","***","***","***","***"]
["EMULSÕES ASF. MOD. POR POLÍMEROS RM1C-E","2020-08-01","***","***","***","***","***","***"]
["EMULSÕES ASF. MOD. POR POLÍMEROS RM1C-E","2020-09-01","***","***","***","***","***","***"]
["EMULSÕES ASF. MOD. POR POLÍMEROS RM1C-E","2020-10-01","***","***","***","***","***","***"]
["EMULSÕES ASF. MOD. POR POLÍMEROS RM1C-E","2020-11-01","***","***","***","***","***","***"]
["EMULSÕES ASF. MOD. POR POLÍMEROS RM1C-E","2020-12-01","***","***","***","***","***","***"]
["EMULSÕES ASF. MOD. POR POLÍMEROS RM1C-E","2021-01-01","***","***","***","***","***","***"]
["EMULSÕES ASF. MOD. POR POLÍMEROS RM1C-E","2021-02-01","***","***","***","***","***","***"]
["EMULSÕES ASF. MOD. POR POLÍMEROS RM1C-E","2021-03-01","***","***","***","***","***","***"]
["EMULSÕES ASF. MOD. POR POLÍMEROS RM1C-E","2021-04-01","***","***","***","***","***","***"]
["EMULSÕES ASF. MOD. POR POLÍMEROS RM1C-E","2021-05-01","***","***","***","***","***","***"]
["EMULSÕES ASF. MOD. POR POLÍMEROS RM1C-E","2021-06-01","***","***","***","***","***","***"]
["EMULSÕES ASF. MOD. POR POLÍMEROS RM1C-E","2021-07-01","***","***","***","***","***","***"]
["EMULSÕES ASF. MOD. POR POLÍMEROS RM1C-E","2021-08-01","***","***","***","***","***","***"]
["EMULSÕES ASF. MOD. POR POLÍMEROS RM1C-E","2021-09-01","***","***","***","***","***","***"]
["EMULSÕES ASF. MOD. POR POLÍMEROS RM1C-E","2021-10-01","***","***","***","***","***","***"]
["EMULSÕES ASF. MOD. POR POLÍMEROS RM1C-E","2021-11-01","***","***","***","***","***","***"]
["EMULSÕES ASF. MOD. POR POLÍMEROS RM1C-E","2021-12-01","***","***","***","***","***","***"]
["EMULSÕES ASF. MOD. POR POLÍMEROS RM1C-E","2022-01-01","***","***","***","***","***","***"]
["EMULSÕES ASF. MOD. POR POLÍMEROS RM1C-E","2022-02-01","***","***","***","***","***","***"]
["EMULSÕES ASF. MOD. POR POLÍMEROS RM1C-E","2022-03-01","***","***","***","***","***","***"]
["EMULSÕES ASF. MOD. POR POLÍMEROS RM1C-E","2022-04-01","***","***","***","***","***","***"]
["EMULSÕES ASF. MOD. POR POLÍMEROS RM1C-E","2022-05-01","***","***","***","***","***","***"]
["EMULSÕES ASF. MOD. POR POLÍMEROS RM1C-E","2022-06-01","***","***","***","***","***","***"]
["EMULSÕES ASF. MOD. POR POLÍMEROS RM1C-E","2022-07-01","***","***","***","***","***","***"]
["EMULSÕES ASF. MOD. POR POLÍMEROS RM1C-E","2022-08-01","***","***","***","***","***","***"]
["EMULSÕES ASF. MOD. POR POLÍMEROS RM1C-E","2022-09-01","***","***","***","***","***","***"]
["EMULSÕES ASF. MOD. POR POLÍMEROS RM1C-E","2022-10-01","***","***","***","***","***","***"]
["EMULSÕES ASF. MOD. POR POLÍMEROS RM1C-E","2022-11-01","***","***","***","***","***","***"]
["EMULSÕES ASF. MOD. POR POLÍMEROS RM1C-E","2022-12-01","***","***","***","***","***","***"]
["EMULSÕES ASF. MOD. POR POLÍMEROS RM1C-E","2023-01-01","***","***","***","***","***","***"]
["EMULSÕES ASF. MOD. POR POLÍMEROS RM1C-E","2023-02-01","***","***","***","***","***","***"]
["EMULSÕES ASF. MOD. POR POLÍMEROS RM1C-E","2023-03-01","***","***","***","***","***","***"]
["EMULSÕES ASF. MOD. POR POLÍMEROS RM1C-E","2023-04-01","***","***","***","***","***","***"]
["EMULSÕES ASF. MOD. POR POLÍMEROS RM1C-E","2023-05-01","***","***","***","***","***","***"]
["EMULSÕES ASF. MOD. POR POLÍMEROS RM1C-E","2023-06-01","***","***","***","***","***","***"]
["EMULSÕES ASF. MOD. POR POLÍMEROS RM1C-E","2023-07-01","***","***","***","***","***","***"]
["EMULSÕES ASF. MOD. POR POLÍMEROS RM1C-E","2023-08-01","***","***","***","***","***","***"]
["EMULSÕES ASF. MOD. POR POLÍMEROS RM1C-E","2023-09-01","***","***","***","***","***","***"]
["EMULSÕES ASF. MOD. POR POLÍMEROS RM1C-E","2023-10-01","***","***","***","***","***","***"]
["EMULSÕES ASF. MOD. POR POLÍMEROS RM1C-E","2023-11-01","***","***","***","***","***","***"]
["EMULSÕES ASF. MOD. POR POLÍMEROS RM1C-E","2023-12-01","***","***","***","***","***","***"]
["EMULSÕES ASF. MOD. POR POLÍMEROS RM1C-E","2024-01-01","***","***","***","***","***","***"]
["EMULSÕES ASF. MOD. POR POLÍMEROS RM1C-E","2024-02-01","***","***","***","***","***","***"]
["EMULSÕES ASF. MOD. POR POLÍMEROS RM1C-E","2024-03-01","***","***","***","***","***","***"]
["EMULSÕES ASF. MOD. POR POLÍMEROS RM1C-E","2024-04-01","***","***","***","***","***","***"]
["EMULSÕES ASF. MOD. POR POLÍMEROS RM1C-E","2024-05-01","***","***","***","***","***","***"]
["EMULSÕES ASF. MOD. POR POLÍMEROS RM1C-E","2024-06-01","***","***","***","***","***","***"]
["EMULSÕES ASF. MOD. POR POLÍMEROS RM1C-E","2024-07-01","***","***","***","***","***","***"]
["EMULSÕES ASF. MOD. POR POLÍMEROS RR1C-E","2009-12-01","***","***","***",0.89054,1.0026314648010495,0.93210516903121188]
["EMULSÕES ASF. MOD. POR POLÍMEROS RR1C-E","2010-01-01","***","***","***",0.84518038935487216,0.95168362907842019,0.86149581901087313]
["EMULSÕES ASF. MOD. POR POLÍMEROS RR1C-E","2010-02-01","***","***","***",0.85204744344331373,0.95277601001072576,0.86041978901072769]
["EMULSÕES ASF. MOD. POR POLÍMEROS RR1C-E","2010-03-01","***","***","***",0.8738581558400168,0.95218094327597202,0.88504763487366256]
["EMULSÕES ASF. MOD. POR POLÍMEROS RR1C-E","2010-04-01","***","***","***",0.87244571809252325,0.94729999999999992,0.87690010957307329]
["EMULSÕES ASF. MOD. POR POLÍMEROS RR1C-E","2010-05-01","***",1.0957567615658363,"***",0.87534809785202861,0.94730000000000014,0.91388529088497239]
["EMULSÕES ASF. MOD. POR POLÍMEROS RR1C-E","2010-06-01","***",1.09592,"***",0.88266000000000011,0.95085037557547858,0.93425502657937443]
["EMULSÕES ASF. MOD. POR POLÍMEROS RR1C-E","2010-07-01","***","***","***",0.85158577156334225,0.9513265205479452,0.90659540193411903]
["EMULSÕES ASF. MOD. POR POLÍMEROS RR1C-E","2010-08-01","***","***","***",0.8453445985024528,0.94988868013151706,0.90009170212765943]
["EMULSÕES ASF. MOD. POR POLÍMEROS RR1C-E","2010-09-01","***","***","***",0.85007486525406306,0.90563987386124734,0.87062995722618264]
["EMULSÕES ASF. MOD. POR POLÍMEROS RR1C-E","2010-10-01","***","***","***",0.8714642813979252,0.90262350376925604,0.8787883790446841]
["EMULSÕES ASF. MOD. POR POLÍMEROS RR1C-E","2010-11-01","***","***","***",0.85416325882187549,0.88001997532387422,0.86225862095605998]
["EMULSÕES ASF. MOD. POR POLÍMEROS RR1C-E","2010-12-01","***","***","***",0.83430000000000015,0.94730000000000003,0.85775608436242556]
["EMULSÕES ASF. MOD. POR POLÍMEROS RR1C-E","2011-01-01","***","***","***","***",0.84119999999999995,0.84119999999999995]
["EMULSÕES ASF. MOD. POR POLÍMEROS RR1C-E","2011-02-01","***","***","***",0.83430000000000004,0.95066115029842657,0.88201998219848698]
["EMULSÕES ASF. MOD. POR POLÍMEROS RR1C-E","2011-03-01","***","***","***",1.0020500000000001,0.87156845238095237,0.92535473918575073]
["EMULSÕES ASF. MOD. POR POLÍMEROS RR1C-E","2011-04-01","***","***","***",0.83430000000000004,0.88671779319245037,0.87122056584479035]
["EMULSÕES ASF. MOD. POR POLÍMEROS RR1C-E","2011-05-01","***","***","***",0.83430000000000004,0.89410409556313986,0.84452322053675621]
["EMULSÕES ASF. MOD. POR POLÍMEROS RR1C-E","2011-06-01","***","***","***",0.87006825061830162,0.85879799139167867,0.86890655723158816]
["EMULSÕES ASF. MOD. POR POLÍMEROS RR1C-E","2011-07-01","***","***","***",0.89392704039318072,0.89030224126565605,0.89354882866772134]
["EMULSÕES ASF. MOD. POR POLÍMEROS RR1C-E","2011-08-01","***","***","***",0.93508360975963989,"***",0.93508360975963989]
["EMULSÕES ASF. MOD. POR POLÍMEROS RR1C-E","2011-09-01","***","***","***",0.93006348141119655,0.92777840006153611,0.92898289541407886]
["EMULSÕES ASF. MOD. POR POLÍMEROS RR1C-E","2011-10-01","***","***","***",0.92381979738856379,0.84602314049586769,0.86448322329059823]
["EMULSÕES ASF. MOD. POR POLÍMEROS RR1C-E","2011-11-01","***","***","***",1.0047567888111888,1.2438260040388296,1.1863319275633351]
["EMULSÕES ASF. MOD. POR POLÍMEROS RR1C-E","2011-12-01","***","***","***",1.1453,1.3910259210008658,1.3303187054920318]
["EMULSÕES ASF. MOD. POR POLÍMEROS RR1C-E","2012-01-01","***","***","***","***",0.94469526951545024,0.94469526951545024]
["EMULSÕES ASF. MOD. POR POLÍMEROS RR1C-E","2012-02-01","***","***","***",1.1452899999999999,0.893238352553542,0.97334647336480096]
["EMULSÕES ASF. MOD. POR POLÍMEROS RR1C-E","2012-03-01","***","***","***",0.95725903825136616,0.98369662454007345,0.98032090706112196]
["EMULSÕES ASF. MOD. POR POLÍMEROS RR1C-E","2012-04-01","***","***","***",1.008,0.8983183161004431,0.94356693938267033]
["EMULSÕES ASF. MOD. POR POLÍMEROS RR1C-E","2012-05-01","***","***","***",0.96094000000000002,0.89628793895191783,0.90696730183786212]
["EMULSÕES ASF. MOD. POR POLÍMEROS RR1C-E","2012-06-01","***","***","***",0.94838885517241378,0.94129988564894218,0.9433772918350849]
["EMULSÕES ASF. MOD. POR POLÍMEROS RR1C-E","2012-07-01","***","***","***",0.95052000000000003,1.0053579048469956,0.99194218660367806]
["EMULSÕES ASF. MOD. POR POLÍMEROS RR1C-E","2012-08-01","***","***","***",1.0327974677243741,0.97559505956552217,1.0058953217434294]
["EMULSÕES ASF. MOD. POR POLÍMEROS RR1C-E","2012-09-01","***","***","***",1.0316000000000001,1.0448996276420983,1.0420634585559194]
["EMULSÕES ASF. MOD. POR POLÍMEROS RR1C-E","2012-10-01","***","***","***",0.91969999999999996,1.0516000000000001,0.93591416953393802]
["EMULSÕES ASF. MOD. POR POLÍMEROS RR1C-E","2012-11-01","***","***","***","***",1.248419851617611,1.248419851617611]
["EMULSÕES ASF. MOD. POR POLÍMEROS RR1C-E","2012-12-01","***","***","***","***",1.3297201041743627,1.3297201041743627]
["EMULSÕES ASF. MOD. POR POLÍMEROS RR1C-E","2013-01-01","***","***","***","***",1.324947447031432,1.324947447031432]
["EMULSÕES ASF. MOD. POR POLÍMEROS RR1C-E","2013-02-01","***","***","***",0.91890000000000005,1.2961947615878484,1.2620222368983194]
["EMULSÕES ASF. MOD. POR POLÍMEROS RR1C-E","2013-03-01","***","***","***",0.96750000000000014,1.2785343681968764,1.2320034979589491]
["EMULSÕES ASF. MOD. POR POLÍMEROS RR1C-E","2013-04-01","***","***","***",1.0285,1.3772934016653446,1.3750945464933018]
["EMULSÕES ASF. MOD. POR POLÍMEROS RR1C-E","2013-05-01","***","***","***","***",1.2222535387697384,1.2222535387697384]
["EMULSÕES ASF. MOD. POR POLÍMEROS RR1C-E","2013-06-01","***","***","***",0.98640000000000005,1.3493719925751952,1.2816404837616318]
["EMULSÕES ASF. MOD. POR POLÍMEROS RR1C-E","2013-07-01","***","***","***",1.0881936094674556,1.356658311274215,1.3151271058787632]
["EMULSÕES ASF. MOD. POR POLÍMEROS RR1C-E","2013-08-01","***","***","***",1.2147699999999999,1.4131041855819868,1.3949340208498286]
["EMULSÕES ASF. MOD. POR POLÍMEROS RR1C-E","2013-09-01","***","***","***",1.2147699999999999,1.3382603515577278,1.333418729604414]
["EMULSÕES ASF. MOD. POR POLÍMEROS RR1C-E","2013-10-01","***","***","***",0.98640000000000005,1.3498686242786846,1.3311813227886362]
["EMULSÕES ASF. MOD. POR POLÍMEROS RR1C-E","2013-11-01","***",1.1371,1.1243627332931967,"***",1.3890231741228432,1.3251647594077731]
["EMULSÕES ASF. MOD. POR POLÍMEROS RR1C-E","2013-12-01","***","***","***","***",1.2377026907518482,1.2377026907518482]
["EMULSÕES ASF. MOD. POR POLÍMEROS RR1C-E","2014-01-01","***","***","***",0.88609000000000004,1.492464633439583,1.3394014237747092]
["EMULSÕES ASF. MOD. POR POLÍMEROS RR1C-E","2014-02-01","***","***","***",0.91219010821831858,1.3450023594322116,1.2401260278189488]
["EMULSÕES ASF. MOD. POR POLÍMEROS RR1C-E","2014-03-01","***","***","***",0.88609000000000016,1.2881413866027975,1.1952639477242]
["EMULSÕES ASF. MOD. POR POLÍMEROS RR1C-E","2014-04-01","***",0.69880500000000001,"***","***",1.33587744476245,1.193676303245887]
["EMULSÕES ASF. MOD. POR POLÍMEROS RR1C-E","2014-05-01","***",0.69883000000000006,"***","***",1.4274492617893351,1.160821645941037]
["EMULSÕES ASF. MOD. POR POLÍMEROS RR1C-E","2014-06-01","***",1.2101000000000002,"***",1.0291581626794259,1.416564262951004,1.2981517399744122]
["EMULSÕES ASF. MOD. POR POLÍMEROS RR1C-E","2014-07-01","***","***","***",0.97659999999999991,1.4013279142111152,1.359663828971271]
["EMULSÕES ASF. MOD. POR POLÍMEROS RR1C-E","2014-08-01","***","***",0.99380000000000002,1.0403,1.4064825666864877,1.3386385248745702]
["EMULSÕES ASF. MOD. POR POLÍMEROS RR1C-E","2014-09-01","***","***",1.0986,"***",1.2727809775031684,1.16250550627761]
["EMULSÕES ASF. MOD. POR POLÍMEROS RR1C-E","2014-10-01","***",1.0541,1.2508047256097561,"***",1.1422639098250338,1.1857019033823695]
["EMULSÕES ASF. MOD. POR POLÍMEROS RR1C-E","2014-11-01","***","***",1.29,1.0286999999999999,1.1997449951987709,1.2493924208761955]
["EMULSÕES ASF. MOD. POR POLÍMEROS RR1C-E","2014-12-01","***","***","***",1.0915703237228125,1.3793299999999999,1.2257307559803445]
["EMULSÕES ASF. MOD. POR POLÍMEROS RR1C-E","2015-01-01","***","***","***","***",1.3566806261180679,1.3566806261180679]
["EMULSÕES ASF. MOD. POR POLÍMEROS RR1C-E","2015-02-01","***",0.84189499999999995,"***",1.1667799999999999,1.3580797239120261,1.0927276618218691]
["EMULSÕES ASF. MOD. POR POLÍMEROS RR1C-E","2015-03-01","***",0.84173999999999993,"***",1.0744,1.3492419251282051,1.1550382592100896]
["EMULSÕES ASF. MOD. POR POLÍMEROS RR1C-E","2015-04-01","***","***","***",1.1322899048407116,1.2765727014591823,1.2417830446927376]
["EMULSÕES ASF. MOD. POR POLÍMEROS RR1C-E","2015-05-01","***","***","***",1.4910199910487305,1.3793299999999999,1.4785693268221294]
["EMULSÕES ASF. MOD. POR POLÍMEROS RR1C-E","2015-06-01","***","***","***",1.511195382757059,1.2586558695652172,1.3759550627673749]
["EMULSÕES ASF. MOD. POR POLÍMEROS RR1C-E","2015-07-01","***","***","***","***",1.3793299999999999,1.3793299999999999]
["EMULSÕES ASF. MOD. POR POLÍMEROS RR1C-E","2015-08-01","***","***","***",1.3466977468014534,1.23388506063782,1.3077403024662635]
["EMULSÕES ASF. MOD. POR POLÍMEROS RR1C-E","2015-09-01","***",0.87291000000000007,"***",1.2148399999999999,1.3793299999999999,1.1499396191456512]
["EMULSÕES ASF. MOD. POR POLÍMEROS RR1C-E","2015-10-01","***","***","***",1.2048783021690352,1.3793299999999999,1.3286791889074681]
["EMULSÕES ASF. MOD. POR POLÍMEROS RR1C-E","2015-11-01","***","***","***",1.2925068755020082,1.36981,1.3159099495959676]
["EMULSÕES ASF. MOD. POR POLÍMEROS RR1C-E","2015-12-01","***","***","***","***",1.36981,1.36981]
["EMULSÕES ASF. MOD. POR POLÍMEROS RR1C-E","2016-01-01","***","***","***","***",1.36981,1.36981]
["EMULSÕES ASF. MOD. POR POLÍMEROS RR1C-E","2016-02-01","***","***","***",1.18509,"***",1.18509]
["EMULSÕES ASF. MOD. POR POLÍMEROS RR1C-E","2016-03-01","***","***","***","***",1.3213944886896696,1.3213944886896696]
["EMULSÕES ASF. MOD. POR POLÍMEROS RR1C-E","2016-04-01","***","***","***","***","***","***"]
["EMULSÕES ASF. MOD. POR POLÍMEROS RR1C-E","2016-05-01","***","***","***","***",1.5654028007392473,1.5654028007392473]
["EMULSÕES ASF. MOD. POR POLÍMEROS RR1C-E","2016-06-01","***",1.5429600000000001,"***","***",1.7995532328406263,1.7866094663702057]
["EMULSÕES ASF. MOD. POR POLÍMEROS RR1C-E","2016-07-01","***",1.5505199999999999,"***","***",1.6469692312661499,1.6368770044168683]
["EMULSÕES ASF. MOD. POR POLÍMEROS RR1C-E","2016-08-01","***",1.54278,1.8303900000000002,"***",1.4733203244773516,1.6138318346118841]
["EMULSÕES ASF. MOD. POR POLÍMEROS RR1C-E","2016-09-01","***","***",1.6471604452690167,1.4177454226587163,1.5427672301444044,1.5583943757046914]
["EMULSÕES ASF. MOD. POR POLÍMEROS RR1C-E","2016-10-01","***","***","***",1.4019699999999999,1.3774717203743552,1.3813139682609075]
["EMULSÕES ASF. MOD. POR POLÍMEROS RR1C-E","2016-11-01","***","***","***","***",1.46079,1.46079]
["EMULSÕES ASF. MOD. POR POLÍMEROS RR1C-E","2016-12-01","***","***","***",1.2174700000000001,1.352965263573904,1.3423573907195696]
["EMULSÕES ASF. MOD. POR POLÍMEROS RR1C-E","2017-01-01","***","***","***","***",1.4228301741364544,1.4228301741364544]
["EMULSÕES ASF. MOD. POR POLÍMEROS RR1C-E","2017-02-01","***","***","***","***",1.4239487032141369,1.4239487032141369]
["EMULSÕES ASF. MOD. POR POLÍMEROS RR1C-E","2017-03-01","***","***","***","***",1.46079,1.46079]
["EMULSÕES ASF. MOD. POR POLÍMEROS RR1C-E","2017-04-01","***","***","***",1.0603,1.4627893591772152,1.3155118281496345]
["EMULSÕES ASF. MOD. POR POLÍMEROS RR1C-E","2017-05-01","***","***","***","***",1.46079,1.46079]
["EMULSÕES ASF. MOD. POR POLÍMEROS RR1C-E","2017-06-01","***","***","***","***",1.3958724687679083,1.3958724687679083]
["EMULSÕES ASF. MOD. POR POLÍMEROS RR1C-E","2017-07-01","***","***",1.2437,"***",1.4303691989664082,1.4042820566347733]
["EMULSÕES ASF. MOD. POR POLÍMEROS RR1C-E","2017-08-01","***","***","***",1.3461000000000001,1.3415985993015487,1.3420480318458277]
["EMULSÕES ASF. MOD. POR POLÍMEROS RR1C-E","2017-09-01","***","***",1.1777,1.2202436390408078,1.3167783982930299,1.2706298457511973]
["EMULSÕES ASF. MOD. POR POLÍMEROS RR1C-E","2017-10-01","***","***","***","***",1.3109794191958095,1.3109794191958095]
["EMULSÕES ASF. MOD. POR POLÍMEROS RR1C-E","2017-11-01","***","***","***","***",1.4324767785977859,1.4324767785977859]
["EMULSÕES ASF. MOD. POR POLÍMEROS RR1C-E","2017-12-01","***","***","***",1.15527,1.4390455897126784,1.3784607569532237]
["EMULSÕES ASF. MOD. POR POLÍMEROS RR1C-E","2018-01-01","***","***","***","***",1.4603554817944078,1.4603554817944078]
["EMULSÕES ASF. MOD. POR POLÍMEROS RR1C-E","2018-02-01","***","***","***","***",1.4585830151350283,1.4585830151350283]
["EMULSÕES ASF. MOD. POR POLÍMEROS RR1C-E","2018-03-01","***","***","***",1.2067075301327888,1.458595689166194,1.3936979293647036]
["EMULSÕES ASF. MOD. POR POLÍMEROS RR1C-E","2018-04-01","***","***","***",1.1761542709077912,1.4617748744664825,1.4191071516284035]
["EMULSÕES ASF. MOD. POR POLÍMEROS RR1C-E","2018-05-01","***","***",1.4948399999999999,1.2908318100890206,1.4715571388281747,1.4597138328496808]
["EMULSÕES ASF. MOD. POR POLÍMEROS RR1C-E","2018-06-01","***",1.57789,"***",1.63083,1.5913585134489894,1.5971873122866893]
["EMULSÕES ASF. MOD. POR POLÍMEROS RR1C-E","2018-07-01","***",1.57789,"***",1.6081463063707946,1.6020399365973932,1.604608451765235]
["EMULSÕES ASF. MOD. POR POLÍMEROS RR1C-E","2018-08-01","***","***","***",1.6742313674898635,1.6369256078100065,1.6444978452790662]
["EMULSÕES ASF. MOD. POR POLÍMEROS RR1C-E","2018-09-01","***","***",2.2341700000000002,1.8784508130081299,1.4692400000000003,1.8123022041166381]
["EMULSÕES ASF. MOD. POR POLÍMEROS RR1C-E","2018-10-01","***","***",2.2341700000000007,1.8489347157668929,1.4692400000000001,1.9321701432588034]
["EMULSÕES ASF. MOD. POR POLÍMEROS RR1C-E","2018-11-01","***","***","***","***","***","***"]
["EMULSÕES ASF. MOD. POR POLÍMEROS RR1C-E","2018-12-01","***","***","***","***",2.2082000000000002,2.2082000000000002]
["EMULSÕES ASF. MOD. POR POLÍMEROS RR1C-E","2019-01-01","***","***","***","***",2.3943699999999999,2.3943699999999999]
["EMULSÕES ASF. MOD. POR POLÍMEROS RR1C-E","2019-02-01","***","***",2.46007,"***",2.53078,2.4793220260408027]
["EMULSÕES ASF. MOD. POR POLÍMEROS RR1C-E","2019-03-01","***","***","***",2.2281200000000001,"***",2.2281200000000001]
["EMULSÕES ASF. MOD. POR POLÍMEROS RR1C-E","2019-04-01","***","***",2.46007,"***","***",2.46007]
["EMULSÕES ASF. MOD. POR POLÍMEROS RR1C-E","2019-05-01","***",2.2618,2.6475246147296718,"***",2.1901099999999998,2.4639514823187469]
["EMULSÕES ASF. MOD. POR POLÍMEROS RR1C-E","2019-06-01","***",2.2618200000000002,2.64662,"***",2.2395700000000001,2.4087667156105104]
["EMULSÕES ASF. MOD. POR POLÍMEROS RR1C-E","2019-07-01","***",2.3224532118504584,2.692232426398244,"***",2.1904599999999994,2.5693675399125349]
["EMULSÕES ASF. MOD. POR POLÍMEROS RR1C-E","2019-08-01","***",2.1289699999999998,2.6324100000000001,2.1677650925181013,2.173538428860418,2.3804612869449966]
["EMULSÕES ASF. MOD. POR POLÍMEROS RR1C-E","2019-09-01","***",2.1289799999999999,2.5795499999999998,2.1032899999999999,"***",2.3751069315023705]
["EMULSÕES ASF. MOD. POR POLÍMEROS RR1C-E","2019-10-01","***","***","***",2.1116279485820302,"***",2.1116279485820302]
["EMULSÕES ASF. MOD. POR POLÍMEROS RR1C-E","2019-11-01","***","***","***",2.2421600000000002,2.2077649072512644,2.2182431496247657]
["EMULSÕES ASF. MOD. POR POLÍMEROS RR1C-E","2019-12-01","***","***","***",2.0493600000000001,2.23848,2.1376642896935931]
["EMULSÕES ASF. MOD. POR POLÍMEROS RR1C-E","2020-01-01","***","***","***",2.2421799999999998,"***",2.2421799999999998]
["EMULSÕES ASF. MOD. POR POLÍMEROS RR1C-E","2020-02-01","***","***","***",2.1088,"***",2.1088]
["EMULSÕES ASF. MOD. POR POLÍMEROS RR1C-E","2020-03-01","***","***","***",2.1085400000000001,"***",2.1085400000000001]
["EMULSÕES ASF. MOD. POR POLÍMEROS RR1C-E","2020-04-01","***","***","***","***","***","***"]
["EMULSÕES ASF. MOD. POR POLÍMEROS RR1C-E","2020-05-01","***","***","***","***","***","***"]
["EMULSÕES ASF. MOD. POR POLÍMEROS RR1C-E","2020-06-01","***","***","***",2.3820000000000001,2.1860900000000001,2.2816695335129675]
["EMULSÕES ASF. MOD. POR POLÍMEROS RR1C-E","2020-07-01","***",1.85456,"***","***","***",1.85456]
["EMULSÕES ASF. MOD. POR POLÍMEROS RR1C-E","2020-08-01","***",1.9805600000000001,"***",2.0933593915211968,2.2533301575286413,2.1754737822436656]
["EMULSÕES ASF. MOD. POR POLÍMEROS RR1C-E","2020-09-01","***",1.9805600000000001,"***","***",1.2230786132407789,1.3531633213910281]
["EMULSÕES ASF. MOD. POR POLÍMEROS RR1C-E","2020-10-01","***",2.1169909623430962,"***","***",2.08819,2.1075862479679204]
["EMULSÕES ASF. MOD. POR POLÍMEROS RR1C-E","2020-11-01","***",2.016,"***","***",2.2705299999999999,2.1381327000630121]
["EMULSÕES ASF. MOD. POR POLÍMEROS RR1C-E","2020-12-01","***","***","***","***","***","***"]
["EMULSÕES ASF. MOD. POR POLÍMEROS RR1C-E","2021-01-01","***",2.016,"***","***",2.2397499999999999,2.1207387144259076]
["EMULSÕES ASF. MOD. POR POLÍMEROS RR1C-E","2021-02-01","***","***","***","***",2.45947,2.45947]
["EMULSÕES ASF. MOD. POR POLÍMEROS RR1C-E","2021-03-01","***","***","***","***",2.4467150647058822,2.4467150647058822]
["EMULSÕES ASF. MOD. POR POLÍMEROS RR1C-E","2021-04-01","***",2.6312000000000002,"***","***",2.4843189884064558,2.5237445584566771]
["EMULSÕES ASF. MOD. POR POLÍMEROS RR1C-E","2021-05-01","***","***","***","***",3.0254984626267389,3.0254984626267389]
["EMULSÕES ASF. MOD. POR POLÍMEROS RR1C-E","2021-06-01","***",3.0931999999999999,"***","***",2.8313657222770647,2.9601596438722622]
["EMULSÕES ASF. MOD. POR POLÍMEROS RR1C-E","2021-07-01","***","***","***",2.7347000000000001,3.0211000000000006,2.905569544171037]
["EMULSÕES ASF. MOD. POR POLÍMEROS RR1C-E","2021-08-01","***",2.9802499999999998,"***",2.7554599999999998,3.2498544636678197,3.1036280487486962]
["EMULSÕES ASF. MOD. POR POLÍMEROS RR1C-E","2021-09-01","***","***","***",3.0580465818547036,3.2546388999999998,3.1237672141742809]
["EMULSÕES ASF. MOD. POR POLÍMEROS RR1C-E","2021-10-01","***",3.0279400000000001,"***",3.3371881557177616,3.3223293691037732,3.2822440990080821]
["EMULSÕES ASF. MOD. POR POLÍMEROS RR1C-E","2021-11-01","***","***","***",3.1308131578947371,3.7197956847230675,3.47853083363277]
["EMULSÕES ASF. MOD. POR POLÍMEROS RR1C-E","2021-12-01","***",3.3168799999999998,"***",3.3643000000000001,3.6635167755385685,3.4848407662236118]
["EMULSÕES ASF. MOD. POR POLÍMEROS RR1C-E","2022-01-01","***","***","***","***",3.6922630674157308,3.6922630674157308]
["EMULSÕES ASF. MOD. POR POLÍMEROS RR1C-E","2022-02-01","***","***","***","***",3.9474800000000001,3.9474800000000001]
["EMULSÕES ASF. MOD. POR POLÍMEROS RR1C-E","2022-03-01","***","***","***","***",3.8811136250816451,3.8811136250816451]
["EMULSÕES ASF. MOD. POR POLÍMEROS RR1C-E","2022-04-01","***","***","***","***",3.9067799999999995,3.9067799999999995]
["EMULSÕES ASF. MOD. POR POLÍMEROS RR1C-E","2022-05-01","***",3.5609299999999999,"***","***",3.7803658879113717,3.7113541098950198]
["EMULSÕES ASF. MOD. POR POLÍMEROS RR1C-E","2022-06-01","***","***","***","***",3.7705199999999994,3.7705199999999994]
["EMULSÕES ASF. MOD. POR POLÍMEROS RR1C-E","2022-07-01","***",3.5950899999999999,"***","***",3.5305297726188587,3.5423670718088558]
["EMULSÕES ASF. MOD. POR POLÍMEROS RR1C-E","2022-08-01","***",3.78295,"***","***",3.2968199999999999,3.561594833625219]
["EMULSÕES ASF. MOD. POR POLÍMEROS RR1C-E","2022-09-01","***",3.7488000000000001,"***","***",3.20791,3.6752980429128743]
["EMULSÕES ASF. MOD. POR POLÍMEROS RR1C-E","2022-10-01","***",3.1893699999999998,"***","***",2.9241795302445301,3.0617632528255148]
["EMULSÕES ASF. MOD. POR POLÍMEROS RR1C-E","2022-11-01","***","***","***","***",3.2838170199370409,3.2838170199370409]
["EMULSÕES ASF. MOD. POR POLÍMEROS RR1C-E","2022-12-01","***","***","***","***",2.9880399999999998,2.9880399999999998]
["EMULSÕES ASF. MOD. POR POLÍMEROS RR1C-E","2023-01-01","***",3.0318700000000001,"***","***",3.3519600000000001,3.1779847808132149]
["EMULSÕES ASF. MOD. POR POLÍMEROS RR1C-E","2023-02-01","***","***","***","***",2.7701099999999999,2.7701099999999999]
["EMULSÕES ASF. MOD. POR POLÍMEROS RR1C-E","2023-03-01","***",2.9674399999999999,"***","***","***",2.9674399999999999]
["EMULSÕES ASF. MOD. POR POLÍMEROS RR1C-E","2023-04-01","***","***","***","***","***","***"]
["EMULSÕES ASF. MOD. POR POLÍMEROS RR1C-E","2023-05-01","***","***","***","***",3.4115480763116057,3.4115480763116057]
["EMULSÕES ASF. MOD. POR POLÍMEROS RR1C-E","2023-06-01","***","***","***","***","***","***"]
["EMULSÕES ASF. MOD. POR POLÍMEROS RR1C-E","2023-07-01","***","***","***",5.9894999999999996,2.43187,2.5307617303683112]
["EMULSÕES ASF. MOD. POR POLÍMEROS RR1C-E","2023-08-01","***","***","***",2.4742999999999999,1.8361637363966146,2.2469244334338647]
["EMULSÕES ASF. MOD. POR POLÍMEROS RR1C-E","2023-09-01","***",2.8280068670711529,3.5404,2.5739200000000002,2.7266699999999995,2.9644456129156995]
["EMULSÕES ASF. MOD. POR POLÍMEROS RR1C-E","2023-10-01","***",3.1496900000000001,3.5404000000000004,2.32484,2.7266699999999999,3.171523038360057]
["EMULSÕES ASF. MOD. POR POLÍMEROS RR1C-E","2023-11-01","***","***",3.5937000000000001,"***","***",3.5937000000000001]
["EMULSÕES ASF. MOD. POR POLÍMEROS RR1C-E","2023-12-01","***","***",3.69353,"***",2.7507700000000002,3.4187292293349909]
["EMULSÕES ASF. MOD. POR POLÍMEROS RR1C-E","2024-01-01","***","***",3.4829799999999995,2.3956599999999999,2.7116099999999999,2.9643051687270296]
["EMULSÕES ASF. MOD. POR POLÍMEROS RR1C-E","2024-02-01","***","***",3.3849799999999997,"***",2.7115999999999998,3.3452766106989458]
["EMULSÕES ASF. MOD. POR POLÍMEROS RR1C-E","2024-03-01","***","***","***",2.3956599999999999,2.8766428506047728,2.752864792425346]
["EMULSÕES ASF. MOD. POR POLÍMEROS RR1C-E","2024-04-01","***",2.6120399999999999,"***",2.3956599999999999,2.97343,2.7620548537647793]
["EMULSÕES ASF. MOD. POR POLÍMEROS RR1C-E","2024-05-01","***",2.6284863136363636,"***",2.8270299999999997,"***",2.672930119950609]
["EMULSÕES ASF. MOD. POR POLÍMEROS RR1C-E","2024-06-01","***","***","***","***","***","***"]
["EMULSÕES ASF. MOD. POR POLÍMEROS RR1C-E","2024-07-01","***","***","***","***",2.8773123670605614,2.8773123670605614]
["EMULSÕES ASF. MOD. POR POLÍMEROS RR2C-E","2009-12-01","***",0.91073000000000015,1.3482015124576889,0.97463384143280862,1.064896808041341,1.1251529238674067]
["EMULSÕES ASF. MOD. POR POLÍMEROS RR2C-E","2010-01-01","***",0.9693552443572403,1.3844562371787055,0.99360614972778138,1.1459363248461107,1.0605545362413358]
["EMULSÕES ASF. MOD. POR POLÍMEROS RR2C-E","2010-02-01","***",0.97387734613893795,1.3294654088567808,1.0191973787735122,1.0289061801553787,1.0252560058556988]
["EMULSÕES ASF. MOD. POR POLÍMEROS RR2C-E","2010-03-01","***",0.98538961557897331,1.3563176982107437,0.98313385779847928,1.0331116510426284,1.0211207741717185]
["EMULSÕES ASF. MOD. POR POLÍMEROS RR2C-E","2010-04-01","***",1.0259216150962451,1.363112940816396,1.0063451527980307,1.0375686460852214,1.0555331596185491]
["EMULSÕES ASF. MOD. POR POLÍMEROS RR2C-E","2010-05-01","***",1.0057743738571969,1.3778442603518921,1.0196485259137658,1.0109797276414916,1.1181722303374833]
["EMULSÕES ASF. MOD. POR POLÍMEROS RR2C-E","2010-06-01","***",1.0022666921185934,1.2876981818851252,0.99832096772613732,1.0424317771402385,1.0345939802202011]
["EMULSÕES ASF. MOD. POR POLÍMEROS RR2C-E","2010-07-01","***",1.0264999339416405,1.3213210761356364,0.9937038466277921,1.1646360662251656,1.0389420277703152]
["EMULSÕES ASF. MOD. POR POLÍMEROS RR2C-E","2010-08-01","***",1.0369185782919894,1.4376747133548193,0.95222752554253143,1.0748169951194884,1.0824424827087062]
["EMULSÕES ASF. MOD. POR POLÍMEROS RR2C-E","2010-09-01","***",0.97521682852227098,1.284456580863675,0.90286433857443882,1.1372663272397643,1.0656619840078314]
["EMULSÕES ASF. MOD. POR POLÍMEROS RR2C-E","2010-10-01","***",1.0427381205244024,1.2049290652502616,0.9658636812946495,1.0085314037626629,1.0329083311998859]
["EMULSÕES ASF. MOD. POR POLÍMEROS RR2C-E","2010-11-01","***",0.91288663384184887,1.173975467309712,0.9772618361117632,0.92572641885164297,0.99952363154160029]
["EMULSÕES ASF. MOD. POR POLÍMEROS RR2C-E","2010-12-01","***",0.91350776287425162,1.1860042742062866,0.93655554129965091,0.96251999999999993,0.97345868233789057]
["EMULSÕES ASF. MOD. POR POLÍMEROS RR2C-E","2011-01-01","***",0.876990195129566,1.2326601670275286,0.91837124792013314,0.93761864041003506,0.91315001623483461]
["EMULSÕES ASF. MOD. POR POLÍMEROS RR2C-E","2011-02-01","***",0.89596164658059729,"***",0.90391722854893719,0.94078084950949714,0.90510198348277504]
["EMULSÕES ASF. MOD. POR POLÍMEROS RR2C-E","2011-03-01","***",1.0425603096774194,1.14266,0.98263565344722392,0.94076174903193643,0.9816808458299825]
["EMULSÕES ASF. MOD. POR POLÍMEROS RR2C-E","2011-04-01","***",1.01892,"***",0.97933343078801793,0.93411320802130937,0.95512094993801011]
["EMULSÕES ASF. MOD. POR POLÍMEROS RR2C-E","2011-05-01","***","***",1.103676260861076,0.95844269973168883,0.92870896473853837,0.96062016096050473]
["EMULSÕES ASF. MOD. POR POLÍMEROS RR2C-E","2011-06-01","***",0.99434,1.1807970560446639,0.92473898881155314,0.94270465618153876,0.95531757880039658]
["EMULSÕES ASF. MOD. POR POLÍMEROS RR2C-E","2011-07-01","***",0.90549999999999997,1.1593346519079522,0.93690198653198642,0.93796602834577514,0.94844019907287991]
["EMULSÕES ASF. MOD. POR POLÍMEROS RR2C-E","2011-08-01","***",0.92192640057361386,1.327846235047478,0.90058197635880433,0.92986433260393864,0.95617189469650299]
["EMULSÕES ASF. MOD. POR POLÍMEROS RR2C-E","2011-09-01","***",1.0188999999999999,1.1825332688664352,0.92010725501388058,0.9220801830014187,1.0228430709444361]
["EMULSÕES ASF. MOD. POR POLÍMEROS RR2C-E","2011-10-01","***",1.0291999999999999,1.0211078098343551,0.85278281905381259,0.92233270840917359,0.95865456752187295]
["EMULSÕES ASF. MOD. POR POLÍMEROS RR2C-E","2011-11-01","***",1.0167213758947895,1.0572052130504548,0.90260209552904258,0.92230285534591205,1.0027919387519557]
["EMULSÕES ASF. MOD. POR POLÍMEROS RR2C-E","2011-12-01","***",0.94254161410853743,1.0198442419911584,0.94580500523012556,1.1406720837777564,1.0085832770758691]
["EMULSÕES ASF. MOD. POR POLÍMEROS RR2C-E","2012-01-01","***","***","***",0.9499488425345044,1.2959912,1.1457807584164481]
["EMULSÕES ASF. MOD. POR POLÍMEROS RR2C-E","2012-02-01","***","***",0.98616999999999999,1.0596629093476917,0.94771054271896815,1.0062128911593347]
["EMULSÕES ASF. MOD. POR POLÍMEROS RR2C-E","2012-03-01","***",0.91441830903887122,1.0160555699824882,1.0271862132034633,0.90274780667088217,0.96543823815209251]
["EMULSÕES ASF. MOD. POR POLÍMEROS RR2C-E","2012-04-01","***",0.99975758325430164,1.05167816441304,0.9940148131642097,0.81271701976143851,1.0328483323763917]
["EMULSÕES ASF. MOD. POR POLÍMEROS RR2C-E","2012-05-01","***",0.98930999999999991,1.0695710716912474,1.0661405811192766,0.93174103713188206,1.0610959913579545]
["EMULSÕES ASF. MOD. POR POLÍMEROS RR2C-E","2012-06-01","***",0.97567027619602753,1.1183954334854334,0.91789838738596219,0.97188565734164367,1.0730589498780974]
["EMULSÕES ASF. MOD. POR POLÍMEROS RR2C-E","2012-07-01","***",0.99142832561166061,1.1495598031692607,1.0006129988552921,0.77495000000000003,1.1135641637742253]
["EMULSÕES ASF. MOD. POR POLÍMEROS RR2C-E","2012-08-01","***",1.0083846462076642,1.1776659524165074,0.98261376747216311,0.85809412330634183,1.1299888137170995]
["EMULSÕES ASF. MOD. POR POLÍMEROS RR2C-E","2012-09-01","***",1.01586,1.172634867365008,0.87997914575666325,0.77495000000000014,1.1052008701795699]
["EMULSÕES ASF. MOD. POR POLÍMEROS RR2C-E","2012-10-01","***",1.01586,1.203518780900759,0.88132266274238213,0.77495000000000003,1.137102065849193]
["EMULSÕES ASF. MOD. POR POLÍMEROS RR2C-E","2012-11-01","***","***",1.2074963172320901,0.92897941839525133,0.77495000000000003,1.1241170972860712]
["EMULSÕES ASF. MOD. POR POLÍMEROS RR2C-E","2012-12-01","***",1.0310619154360261,1.2244743826645097,1.0867397145669291,0.77495000000000003,1.1109499297330991]
["EMULSÕES ASF. MOD. POR POLÍMEROS RR2C-E","2013-01-01","***",1.0207094422503427,1.1639900000000001,1.0191901817257594,0.77495000000000003,1.013285423148409]
["EMULSÕES ASF. MOD. POR POLÍMEROS RR2C-E","2013-02-01","***",1.040408108127854,1.165595168539326,1.1213133277832004,1.0846,1.0797058632227987]
["EMULSÕES ASF. MOD. POR POLÍMEROS RR2C-E","2013-03-01","***",1.0459037408031204,1.1457691854185419,1.0427425733936193,1.0860000000000001,1.0559334668384242]
["EMULSÕES ASF. MOD. POR POLÍMEROS RR2C-E","2013-04-01","***",1.0450615067519549,1.1722468467797387,1.0734656618705036,1.0851999999999997,1.092194868944506]
["EMULSÕES ASF. MOD. POR POLÍMEROS RR2C-E","2013-05-01","***",1.01586,1.1956835689441176,1.0189430222145688,1.0874811502376021,1.1725298780805569]
["EMULSÕES ASF. MOD. POR POLÍMEROS RR2C-E","2013-06-01","***",1.0707762262568159,1.1652365414842842,1.1324555936282374,"***",1.1568578755605823]
["EMULSÕES ASF. MOD. POR POLÍMEROS RR2C-E","2013-07-01","***",1.0465773569595673,1.1494511240295302,1.3725700000000001,0.9502744302949061,1.1296285660121443]
["EMULSÕES ASF. MOD. POR POLÍMEROS RR2C-E","2013-08-01",1.1894199999999999,1.0682611078346165,1.2315269669972844,1.0074673948480148,1.0851182650862068,1.1654649484550903]
["EMULSÕES ASF. MOD. POR POLÍMEROS RR2C-E","2013-09-01",1.1894199999999999,1.1440045906870879,1.2528628579577101,1.1019623604142199,1.0836609482620536,1.2098457782846987]
["EMULSÕES ASF. MOD. POR POLÍMEROS RR2C-E","2013-10-01",1.1894199999999999,1.0918590735436384,1.1911388203371553,1.0903726192209227,1.1026447060664544,1.1513442354059602]
["EMULSÕES ASF. MOD. POR POLÍMEROS RR2C-E","2013-11-01",1.1894199999999999,1.15428960458881,1.2205610993447065,1.0669682677895014,1.1345570929139241,1.1729076354105372]
["EMULSÕES ASF. MOD. POR POLÍMEROS RR2C-E","2013-12-01","***",1.2668440149370954,1.1935266914065994,0.98873296904943175,1.1240429736243138,1.1748054077038796]
["EMULSÕES ASF. MOD. POR POLÍMEROS RR2C-E","2014-01-01","***",1.247356749397867,1.2159570565571851,1.0686530727242818,1.1165981920427386,1.1783926418801733]
["EMULSÕES ASF. MOD. POR POLÍMEROS RR2C-E","2014-02-01","***",1.0548471918307802,1.261290915991903,1.0574515916557639,0.95132467546754673,1.1015334699168118]
["EMULSÕES ASF. MOD. POR POLÍMEROS RR2C-E","2014-03-01","***",1.0546396102592919,1.2107343531041335,1.032502960412818,"***",1.1093446478087736]
["EMULSÕES ASF. MOD. POR POLÍMEROS RR2C-E","2014-04-01","***",1.0544453727266359,1.2595154955199335,1.0732031631384593,1.1143799999999999,1.1711471907965776]
["EMULSÕES ASF. MOD. POR POLÍMEROS RR2C-E","2014-05-01","***",1.0572356763041122,1.2224131289725235,1.0642879506616005,1.0906,1.1427100535994106]
["EMULSÕES ASF. MOD. POR POLÍMEROS RR2C-E","2014-06-01","***",1.0127070776406544,1.2330664120299948,1.0569769532179196,0.99095999999999984,1.1457222562331786]
["EMULSÕES ASF. MOD. POR POLÍMEROS RR2C-E","2014-07-01","***",1.0610044606223692,1.1877229535623102,1.0339776766346456,0.96319894476385837,1.1296284937685945]
["EMULSÕES ASF. MOD. POR POLÍMEROS RR2C-E","2014-08-01","***",1.185060196115338,1.1631348804929769,1.1093563689436654,1.3945000000000001,1.1599434439559446]
["EMULSÕES ASF. MOD. POR POLÍMEROS RR2C-E","2014-09-01","***",1.2859173625880433,1.2292168192483086,1.0394028159546929,1.0980686474501107,1.209428199373332]
["EMULSÕES ASF. MOD. POR POLÍMEROS RR2C-E","2014-10-01","***",1.2075999888220745,1.140759223294723,1.0200284186428414,1.0012025230615806,1.1319441142669944]
["EMULSÕES ASF. MOD. POR POLÍMEROS RR2C-E","2014-11-01","***",1.2097424733375719,1.1481782517951935,1.0805822762439319,1.006739234411997,1.1508560082074619]
["EMULSÕES ASF. MOD. POR POLÍMEROS RR2C-E","2014-12-01","***",1.4203582304245668,1.2656279883147512,1.2965096950456951,1.1009080576093655,1.3043207249647133]
["EMULSÕES ASF. MOD. POR POLÍMEROS RR2C-E","2015-01-01","***",1.89,"***",1.3687025589586521,"***",1.6658315727895341]
["EMULSÕES ASF. MOD. POR POLÍMEROS RR2C-E","2015-02-01","***","***","***",1.3240290071954077,1.474788650100739,1.3532830774744249]
["EMULSÕES ASF. MOD. POR POLÍMEROS RR2C-E","2015-03-01","***",1.3440993359992559,1.5022999999999997,1.3077129657664694,1.4598499999999999,1.348052529738436]
["EMULSÕES ASF. MOD. POR POLÍMEROS RR2C-E","2015-04-01","***",1.7966579515744003,1.4824299999999999,1.3020135980583167,1.1632354545454546,1.4613749808653618]
["EMULSÕES ASF. MOD. POR POLÍMEROS RR2C-E","2015-05-01","***","***",1.4736734340949034,1.3437811129980404,1.0866682456631225,1.3685169804060329]
["EMULSÕES ASF. MOD. POR POLÍMEROS RR2C-E","2015-06-01","***",2.0246,1.4221099980919669,1.2850635255712732,1.1362413661971831,1.3419107360259646]
["EMULSÕES ASF. MOD. POR POLÍMEROS RR2C-E","2015-07-01","***",1.3040171705137751,1.2050277566137566,1.2723727289889981,1.0527027375603262,1.2187224509803922]
["EMULSÕES ASF. MOD. POR POLÍMEROS RR2C-E","2015-08-01","***","***",1.4304241234287407,1.2877805560334372,1.1832146505829233,1.3109193235217733]
["EMULSÕES ASF. MOD. POR POLÍMEROS RR2C-E","2015-09-01","***","***",1.3681639026177814,1.3284410235816815,1.1654292899767371,1.335152918025774]
["EMULSÕES ASF. MOD. POR POLÍMEROS RR2C-E","2015-10-01","***",1.9799999999999998,1.5313464230925111,1.3928056922388734,1.4202399999999999,1.584727438826778]
["EMULSÕES ASF. MOD. POR POLÍMEROS RR2C-E","2015-11-01","***",2.1295271177074286,1.7236552366822102,1.4988003398917344,"***",1.8252301252129475]
["EMULSÕES ASF. MOD. POR POLÍMEROS RR2C-E","2015-12-01","***",1.9659285604345857,1.5857699999999999,1.4862204200749829,"***",1.652229903089335]
["EMULSÕES ASF. MOD. POR POLÍMEROS RR2C-E","2016-01-01","***","***",2.39249,1.4319490265136525,"***",1.7155483694338571]
["EMULSÕES ASF. MOD. POR POLÍMEROS RR2C-E","2016-02-01","***","***",2.3908767881241566,1.3519587282764263,"***",1.4472652318167751]
["EMULSÕES ASF. MOD. POR POLÍMEROS RR2C-E","2016-03-01","***",1.53504,1.70774,1.4605829949832776,"***",1.4744193261511012]
["EMULSÕES ASF. MOD. POR POLÍMEROS RR2C-E","2016-04-01","***",1.7567199999999998,1.73264,1.5643557069314213,1.6958915113937467,1.6604180378746218]
["EMULSÕES ASF. MOD. POR POLÍMEROS RR2C-E","2016-05-01","***","***",1.5669751288304525,1.5305542446460139,1.6832552074891716,1.5599606403859498]
["EMULSÕES ASF. MOD. POR POLÍMEROS RR2C-E","2016-06-01","***","***",1.7023000640934001,1.5752502187631467,1.7093499999999997,1.6420744232150213]
["EMULSÕES ASF. MOD. POR POLÍMEROS RR2C-E","2016-07-01","***",1.5349599999999999,1.7126558824373053,1.5713038020383485,1.7058176536976537,1.6696668943707345]
["EMULSÕES ASF. MOD. POR POLÍMEROS RR2C-E","2016-08-01","***",1.5955299999999999,1.7508424629029866,1.6220628054342554,1.5319,1.695470408260968]
["EMULSÕES ASF. MOD. POR POLÍMEROS RR2C-E","2016-09-01","***",1.5374365511684127,1.6296106844046365,1.4705299722778378,1.4302934942495409,1.5485389053409508]
["EMULSÕES ASF. MOD. POR POLÍMEROS RR2C-E","2016-10-01","***",1.4657620751931499,1.4807369928755811,1.3314506740681997,1.4036390572890349,1.4397881801451071]
["EMULSÕES ASF. MOD. POR POLÍMEROS RR2C-E","2016-11-01","***",1.090746839641404,1.5489556537348004,1.3344953175813008,1.4941367172157973,1.3178127690310013]
["EMULSÕES ASF. MOD. POR POLÍMEROS RR2C-E","2016-12-01","***",1.1544616635543106,1.9311799999999999,1.343578928332217,"***",1.3351411672017202]
["EMULSÕES ASF. MOD. POR POLÍMEROS RR2C-E","2017-01-01","***",1.1538758823529411,"***",1.6008604170950214,1.5232481154059552,1.3988085043731777]
["EMULSÕES ASF. MOD. POR POLÍMEROS RR2C-E","2017-02-01","***",1.440448807243601,1.8829,1.3443576271186441,1.5224090422840622,1.4582330549979927]
["EMULSÕES ASF. MOD. POR POLÍMEROS RR2C-E","2017-03-01","***",1.4158900000000003,"***",1.4039715027437738,"***",1.4124174972328132]
["EMULSÕES ASF. MOD. POR POLÍMEROS RR2C-E","2017-04-01","***",1.4214227784346181,1.8724564568720381,1.6077348575387025,1.4981199999999999,1.5939213083599815]
["EMULSÕES ASF. MOD. POR POLÍMEROS RR2C-E","2017-05-01","***",1.4158900000000001,1.7492685177579828,1.3593678427152318,1.5034797092731831,1.597873081179884]
["EMULSÕES ASF. MOD. POR POLÍMEROS RR2C-E","2017-06-01","***",1.5218350415361568,1.7301512805636137,1.4325360549943884,1.4430000000000003,1.6799273818390517]
["EMULSÕES ASF. MOD. POR POLÍMEROS RR2C-E","2017-07-01","***",1.4831199999999998,1.6837631773108475,1.3304094357480889,1.3904146926833987,1.6380343919322031]
["EMULSÕES ASF. MOD. POR POLÍMEROS RR2C-E","2017-08-01","***",1.4828600000000001,1.4776571773016869,1.359223122395941,1.3949024939505525,1.46554936367542]
["EMULSÕES ASF. MOD. POR POLÍMEROS RR2C-E","2017-09-01","***",1.49241,1.5819643448284988,1.4225914688869412,1.3872618577871605,1.5637850130410551]
["EMULSÕES ASF. MOD. POR POLÍMEROS RR2C-E","2017-10-01","***","***",1.7548139726581242,1.5386678454267446,1.4028317361777516,1.7274472661327334]
["EMULSÕES ASF. MOD. POR POLÍMEROS RR2C-E","2017-11-01","***",1.6607000000000001,1.8019497802632578,2.0248467509831012,1.5366294498480246,1.772521303658251]
["EMULSÕES ASF. MOD. POR POLÍMEROS RR2C-E","2017-12-01","***",1.71302,1.6872102291982518,1.6093306759276524,1.5150585572404436,1.6490958815513532]
["EMULSÕES ASF. MOD. POR POLÍMEROS RR2C-E","2018-01-01","***",1.7705200000000001,1.7122480652854377,1.6568882694928084,1.723098764984667,1.7068311488104142]
["EMULSÕES ASF. MOD. POR POLÍMEROS RR2C-E","2018-02-01","***","***",1.6208777303411785,1.5017440075729815,1.6663459099804308,1.5993478908323473]
["EMULSÕES ASF. MOD. POR POLÍMEROS RR2C-E","2018-03-01","***",1.7359082045184304,1.7302030327806799,1.4395287370491803,1.5987413545816733,1.6489803003635983]
["EMULSÕES ASF. MOD. POR POLÍMEROS RR2C-E","2018-04-01","***",1.7085023280238605,1.692307551267298,1.5782218939253205,1.6356732360160187,1.6785284698620004]
["EMULSÕES ASF. MOD. POR POLÍMEROS RR2C-E","2018-05-01","***",1.7765505334389859,1.7077995419563465,1.6687254406908814,1.6897599999999999,1.7256480736373012]
["EMULSÕES ASF. MOD. POR POLÍMEROS RR2C-E","2018-06-01","***",1.6690443111444229,1.7988880673945729,1.6841103199718708,1.7847617012313675,1.7646454974132142]
["EMULSÕES ASF. MOD. POR POLÍMEROS RR2C-E","2018-07-01","***",1.9692499999999999,1.8439185862482508,1.7441110652346858,2.2279599999999999,1.8492824882864511]
["EMULSÕES ASF. MOD. POR POLÍMEROS RR2C-E","2018-08-01",3.3587799999999999,1.9654179475156921,2.1854208648984996,1.8819623016102598,1.97194,2.165980263808057]
["EMULSÕES ASF. MOD. POR POLÍMEROS RR2C-E","2018-09-01",2.4708184259573027,2.0565377374904141,2.2272392526537805,1.8523617291675303,1.9503253913622738,2.1241247743951344]
["EMULSÕES ASF. MOD. POR POLÍMEROS RR2C-E","2018-10-01","***",2.0033770084545148,1.7713993296849748,1.8022148714666226,1.98038,1.8702457819197829]
["EMULSÕES ASF. MOD. POR POLÍMEROS RR2C-E","2018-11-01","***",2.1326911196925464,2.4216285236130215,2.1122750312786085,2.2565845149608323,2.2388512726786503]
["EMULSÕES ASF. MOD. POR POLÍMEROS RR2C-E","2018-12-01",2.33256,2.0697199999999998,2.2177600000000002,2.1224763746201165,2.23010700821653,2.1631127314979066]
["EMULSÕES ASF. MOD. POR POLÍMEROS RR2C-E","2019-01-01","***",2.2000099999999998,"***",2.1652022601747039,2.0643973361747467,2.1589821217013534]
["EMULSÕES ASF. MOD. POR POLÍMEROS RR2C-E","2019-02-01","***","***","***",2.3185367674670254,2.2951897653596789,2.3165165457362686]
["EMULSÕES ASF. MOD. POR POLÍMEROS RR2C-E","2019-03-01","***",2.4764300000000001,"***",2.2734969208972848,2.1978187443227362,2.3004899778024419]
["EMULSÕES ASF. MOD. POR POLÍMEROS RR2C-E","2019-04-01","***",2.4884661793949649,2.2523488576844959,2.6665232520325204,2.2597713849632561,2.3299397600248568]
["EMULSÕES ASF. MOD. POR POLÍMEROS RR2C-E","2019-05-01","***",2.3824900000000002,2.249373832788967,2.5116499121538975,2.2641309883720933,2.3282346978740991]
["EMULSÕES ASF. MOD. POR POLÍMEROS RR2C-E","2019-06-01","***","***",2.7486408250151237,2.5123457204814055,2.2321478292046932,2.5941416320891357]
["EMULSÕES ASF. MOD. POR POLÍMEROS RR2C-E","2019-07-01",2.43831,2.7412835847142376,2.561814888430431,2.2512048607410993,2.2679897830374753,2.5457385344955838]
["EMULSÕES ASF. MOD. POR POLÍMEROS RR2C-E","2019-08-01",2.3455191267605633,2.3227346966666671,2.5525009547511313,2.3129090470887688,"***",2.5127410760027362]
["EMULSÕES ASF. MOD. POR POLÍMEROS RR2C-E","2019-09-01",2.3281356750102589,2.0440503115814224,2.4817195561959657,2.3520848983643003,2.2729148412524638,2.4204883333790947]
["EMULSÕES ASF. MOD. POR POLÍMEROS RR2C-E","2019-10-01",2.3624800000000001,3.011217255492781,2.3567727267681815,2.3191814927071057,2.192470313084907,2.4711996581402627]
["EMULSÕES ASF. MOD. POR POLÍMEROS RR2C-E","2019-11-01",2.36849,3.3502205157820995,2.4676782807865076,2.3225340573674331,2.2316018915635203,2.8422216610054343]
["EMULSÕES ASF. MOD. POR POLÍMEROS RR2C-E","2019-12-01",2.3686799999999999,3.1151456544171845,2.3543015436867338,2.3374460240160109,2.3543250404954739,2.8414480743293469]
["EMULSÕES ASF. MOD. POR POLÍMEROS RR2C-E","2020-01-01","***",3.0619413400800188,2.474122646573897,2.3700881022508575,2.3403816429966269,2.6374461712368973]
["EMULSÕES ASF. MOD. POR POLÍMEROS RR2C-E","2020-02-01",2.0538099999999999,3.2716576540755469,2.8653300000000002,2.41859,2.1598124990078049,2.7477419555304077]
["EMULSÕES ASF. MOD. POR POLÍMEROS RR2C-E","2020-03-01",2.1066623964646465,"***",2.1696447205960618,2.2224373307046115,2.0841862626114929,2.1507985547910846]
["EMULSÕES ASF. MOD. POR POLÍMEROS RR2C-E","2020-04-01",2.0355952302869551,"***",2.2015968598954934,2.1934076102659983,2.0950267971190559,2.1064516237145332]
["EMULSÕES ASF. MOD. POR POLÍMEROS RR2C-E","2020-05-01","***",2.2723900000000001,2.2972375617161718,2.2209613882010202,2.1553695526992289,2.2382648257188618]
["EMULSÕES ASF. MOD. POR POLÍMEROS RR2C-E","2020-06-01",2.0219871021729587,2.1570165542957924,2.4413150657816765,2.41859,2.5018799999999999,2.3028148817473699]
["EMULSÕES ASF. MOD. POR POLÍMEROS RR2C-E","2020-07-01",1.97315,2.121620962608286,2.3638028381539766,2.2103281977618172,1.4994911835205993,2.1406387866845664]
["EMULSÕES ASF. MOD. POR POLÍMEROS RR2C-E","2020-08-01","***",2.203842436108205,2.5932499689574411,2.3849091785150081,2.8673499999999996,2.5106721421474676]
["EMULSÕES ASF. MOD. POR POLÍMEROS RR2C-E","2020-09-01","***",2.1923949345335516,2.4273613854033291,2.2397767067176408,0.28672999999999993,2.3226628040798083]
["EMULSÕES ASF. MOD. POR POLÍMEROS RR2C-E","2020-10-01","***",2.2075696302382908,2.4423051481563021,2.3065642514171389,2.1341329036027261,2.3956152284716734]
["EMULSÕES ASF. MOD. POR POLÍMEROS RR2C-E","2020-11-01","***",2.2860410379951497,2.8261841950561126,2.3237399999999999,2.5703100000000001,2.6501792629108749]
["EMULSÕES ASF. MOD. POR POLÍMEROS RR2C-E","2020-12-01","***",2.3396254678858894,2.8461964888041922,2.3268200000000001,2.4196956687898092,2.560701490537848]
["EMULSÕES ASF. MOD. POR POLÍMEROS RR2C-E","2021-01-01","***",2.3767410620144283,2.9341315537848605,2.2185277478976069,2.2601421781055016,2.5576864574458642]
["EMULSÕES ASF. MOD. POR POLÍMEROS RR2C-E","2021-02-01","***",2.3527499999999999,3.1254121989580264,2.3695078082869512,2.1555800000000001,2.8338672706994035]
["EMULSÕES ASF. MOD. POR POLÍMEROS RR2C-E","2021-03-01","***",2.763569140499706,2.3166645016226242,2.3655854469916164,"***",2.5066435201785597]
["EMULSÕES ASF. MOD. POR POLÍMEROS RR2C-E","2021-04-01","***",2.3279999999999998,2.4540795533338402,2.3783185889376091,2.5152377513446424,2.4401183745659956]
["EMULSÕES ASF. MOD. POR POLÍMEROS RR2C-E","2021-05-01","***",2.8498000000000001,2.831064392483162,2.8946166502488597,3.0639599999999998,2.8679935524421265]
["EMULSÕES ASF. MOD. POR POLÍMEROS RR2C-E","2021-06-01","***",2.7936000000000001,2.9242336583408672,2.8083336144823376,3.0637442543728133,2.9310565560835586]
["EMULSÕES ASF. MOD. POR POLÍMEROS RR2C-E","2021-07-01","***",2.9639899999999999,3.125921793211182,2.9358050249293668,3.0126369038432439,3.0886699107905091]
["EMULSÕES ASF. MOD. POR POLÍMEROS RR2C-E","2021-08-01","***",2.8990900000000006,3.3423373468847353,3.1259175629904998,3.0846684136396285,3.2962011030982779]
["EMULSÕES ASF. MOD. POR POLÍMEROS RR2C-E","2021-09-01","***","***",3.2973198341934578,3.088923973256362,3.0064363607122346,3.2716967891139817]
["EMULSÕES ASF. MOD. POR POLÍMEROS RR2C-E","2021-10-01","***",3.0912600000000006,3.2885131134726384,2.9791415447739702,3.0169631818181819,3.2239709662123768]
["EMULSÕES ASF. MOD. POR POLÍMEROS RR2C-E","2021-11-01","***",3.385697294283037,3.502571825327299,3.3585344478722448,3.2982121758417668,3.4017871413287692]
["EMULSÕES ASF. MOD. POR POLÍMEROS RR2C-E","2021-12-01","***","***",3.5586173603524229,3.5337103658675795,3.5015484641509436,3.5355516644146645]
["EMULSÕES ASF. MOD. POR POLÍMEROS RR2C-E","2022-01-01","***",3.2460900000000001,3.7693536936060044,3.5001901449076613,3.8643467935000673,3.6674595797889928]
["EMULSÕES ASF. MOD. POR POLÍMEROS RR2C-E","2022-02-01","***",3.5857100000000002,3.8406183275145467,3.8451525133091264,4.0422099999999999,3.83759451029553]
["EMULSÕES ASF. MOD. POR POLÍMEROS RR2C-E","2022-03-01","***",3.6974153276353277,3.7419201387374401,3.9556631096691595,3.7222024290780142,3.866843605922778]
["EMULSÕES ASF. MOD. POR POLÍMEROS RR2C-E","2022-04-01","***",3.8544299999999998,4.6856900000000001,4.0458181291197235,4.1241105446849291,4.1141489564558684]
["EMULSÕES ASF. MOD. POR POLÍMEROS RR2C-E","2022-05-01",4.0049969570060142,4.1313700000000004,3.9169645708985987,4.1508882176555595,3.7809772825484766,4.0369837200164342]
["EMULSÕES ASF. MOD. POR POLÍMEROS RR2C-E","2022-06-01",3.8655033649017079,"***",3.8453874757897157,4.0250318570097319,3.7830738392749246,3.9441159177051635]
["EMULSÕES ASF. MOD. POR POLÍMEROS RR2C-E","2022-07-01",3.9166799999999999,3.6922299999999995,3.9892275891872018,3.8733046095961647,3.7096622727626767,3.8877545530495832]
["EMULSÕES ASF. MOD. POR POLÍMEROS RR2C-E","2022-08-01",3.7444899999999999,3.7760500000000001,4.0189779245664212,3.8011483682483211,3.4792555373051224,3.8890841148480719]
["EMULSÕES ASF. MOD. POR POLÍMEROS RR2C-E","2022-09-01","***",4.2418009108427546,4.053000061081323,3.7088813092117343,3.8063199999999999,3.8677118111396811]
["EMULSÕES ASF. MOD. POR POLÍMEROS RR2C-E","2022-10-01","***",3.1055511526328559,3.2695332481964305,3.712576289904614,3.3054116881775943,3.5698722948153399]
["EMULSÕES ASF. MOD. POR POLÍMEROS RR2C-E","2022-11-01","***",3.5929139204620464,3.6400621680206937,3.4623746992202009,"***",3.5194713574277463]
["EMULSÕES ASF. MOD. POR POLÍMEROS RR2C-E","2022-12-01","***",3.2589800000000007,3.6303540253845865,3.4135661563057242,3.4572393655371307,3.5389447600288797]
["EMULSÕES ASF. MOD. POR POLÍMEROS RR2C-E","2023-01-01","***","***","***",3.3638170275741328,3.0793328811449912,3.3408265310535579]
["EMULSÕES ASF. MOD. POR POLÍMEROS RR2C-E","2023-02-01","***",3.1933099999999999,3.1039579550367491,3.348338517894319,2.735728093058734,3.1954278909809783]
["EMULSÕES ASF. MOD. POR POLÍMEROS RR2C-E","2023-03-01","***",3.6410270004127114,3.0446717336864917,3.1101882689813425,2.8713062160202965,3.2610608927650335]
["EMULSÕES ASF. MOD. POR POLÍMEROS RR2C-E","2023-04-01","***",3.8463999015795869,3.044970889027804,3.0110756056213455,3.4107399999999997,3.1428392842301922]
["EMULSÕES ASF. MOD. POR POLÍMEROS RR2C-E","2023-05-01","***",3.201989415411024,3.2197198472724478,2.9478137865644802,2.9409981007218979,3.0638158369609592]
["EMULSÕES ASF. MOD. POR POLÍMEROS RR2C-E","2023-06-01","***",3.2163662222991687,3.3218876293340278,2.9017037694049161,3.1563150385147147,3.1102995277837215]
["EMULSÕES ASF. MOD. POR POLÍMEROS RR2C-E","2023-07-01","***",3.0564444727000746,3.3476616518863951,3.0412601153822032,2.964,3.1562408064102336]
["EMULSÕES ASF. MOD. POR POLÍMEROS RR2C-E","2023-08-01",3.39527,2.9390996956124313,3.3940534058331946,2.9036825083555313,2.5705577559986481,3.097199578169652]
["EMULSÕES ASF. MOD. POR POLÍMEROS RR2C-E","2023-09-01",3.7967428324839716,3.1265415292853307,3.3529604637725234,3.0066069704305081,3.0187740760983814,3.2114826237563987]
["EMULSÕES ASF. MOD. POR POLÍMEROS RR2C-E","2023-10-01",3.7189490073033711,3.060235180591977,3.4672701007077129,3.1135945415140416,3.065496559915164,3.2967803519847219]
["EMULSÕES ASF. MOD. POR POLÍMEROS RR2C-E","2023-11-01",3.9093570283766916,3.142113085898059,3.7203014185715242,3.1187153621825026,3.0274906449193857,3.3906457770228986]
["EMULSÕES ASF. MOD. POR POLÍMEROS RR2C-E","2023-12-01",4.0990000000000002,2.9067292059072618,3.689587716164545,3.2715966485225509,3.1460722200198217,3.2144224645675163]
["EMULSÕES ASF. MOD. POR POLÍMEROS RR2C-E","2024-01-01","***",2.7583119172444643,3.5355081544783231,2.5292139655130952,3.1224375838926175,2.8990815270261345]
["EMULSÕES ASF. MOD. POR POLÍMEROS RR2C-E","2024-02-01","***",2.7394105956398791,3.6880048115362651,3.0112846235252055,"***",3.0948030467849268]
["EMULSÕES ASF. MOD. POR POLÍMEROS RR2C-E","2024-03-01","***",3.1603027807141939,3.0623809196234615,2.923525464536977,"***",2.986530683472695]
["EMULSÕES ASF. MOD. POR POLÍMEROS RR2C-E","2024-04-01","***","***",3.1008640005402488,2.9338343389963297,"***",2.9729020254304208]
["EMULSÕES ASF. MOD. POR POLÍMEROS RR2C-E","2024-05-01","***",2.9975166666666668,3.2035828109300337,2.8098162042964652,2.9586700000000001,2.9714655958630041]
["EMULSÕES ASF. MOD. POR POLÍMEROS RR2C-E","2024-06-01","***",3.0296988910260461,3.2979862167569345,2.9216926524251985,2.9586700000000001,3.0721550632389953]
["EMULSÕES ASF. MOD. POR POLÍMEROS RR2C-E","2024-07-01","***",3.2269325330517802,3.725128926094794,3.0517222261839834,3.00461,3.3554888484810976]
["EMULSÕES ASFÁLTICAS LA-E","2008-11-01",2.3033221447253704,"***","***",0.98824298157453949,0.81794999999999995,2.098442299465241]
["EMULSÕES ASFÁLTICAS LA-E","2008-12-01","***","***","***",1.0900345919044461,"***",1.0900345919044461]
["EMULSÕES ASFÁLTICAS LA-E","2009-01-01","***","***","***",1.1149193050193051,"***",1.1149193050193051]
["EMULSÕES ASFÁLTICAS LA-E","2009-02-01","***","***","***",1.1002894454382828,"***",1.1002894454382828]
["EMULSÕES ASFÁLTICAS LA-E","2009-03-01","***","***",0.77302888986013996,1.223181492811257,"***",0.93673440315941692]
["EMULSÕES ASFÁLTICAS LA-E","2009-04-01","***","***","***",1.0326047691527143,"***",1.0326047691527143]
["EMULSÕES ASFÁLTICAS LA-E","2009-05-01","***","***","***",1.1254783427495292,0.67854999999999999,0.80113210227272724]
["EMULSÕES ASFÁLTICAS LA-E","2009-06-01","***","***","***",1.0738062992125983,"***",1.0738062992125983]
["EMULSÕES ASFÁLTICAS LA-E","2009-07-01","***","***","***",1.0759839390386869,"***",1.0759839390386869]
["EMULSÕES ASFÁLTICAS LA-E","2009-08-01","***","***",0.91224567881585228,1.0658639088729014,"***",0.92180669402985072]
["EMULSÕES ASFÁLTICAS LA-E","2009-09-01","***","***",0.92048999999999992,1.0538754042553191,"***",0.95201209372485918]
["EMULSÕES ASFÁLTICAS LA-E","2009-10-01","***","***",0.77695696078431375,1.1181319587628866,"***",0.85268688024408856]
["EMULSÕES ASFÁLTICAS LA-E","2009-11-01","***","***",0.74589394406518394,0.95686511306532662,"***",0.77735975829117487]
["EMULSÕES ASFÁLTICAS LA-E","2009-12-01","***","***","***",0.97666949806949799,"***",0.97666949806949799]
["EMULSÕES ASFÁLTICAS LA-E","2010-01-01","***","***","***",0.78245491689459279,"***",0.78245491689459279]
["EMULSÕES ASFÁLTICAS LA-E","2010-02-01","***","***","***",0.78837289422811374,"***",0.78837289422811374]
["EMULSÕES ASFÁLTICAS LA-E","2010-03-01","***","***","***",1.0517568835616438,"***",1.0517568835616438]
["EMULSÕES ASFÁLTICAS LA-E","2010-04-01","***","***",0.74590000000000001,0.98982251442704028,"***",0.82503292591602029]
["EMULSÕES ASFÁLTICAS LA-E","2010-05-01","***","***",0.81927176619159303,1.0002163324538258,0.66247999999999996,0.82116073858679861]
["EMULSÕES ASFÁLTICAS LA-E","2010-06-01","***","***",0.81640000000000001,1.0156338608562689,"***",0.86595274576915759]
["EMULSÕES ASFÁLTICAS LA-E","2010-07-01","***","***",0.7843,1.0380163937007874,"***",0.90121575471698112]
["EMULSÕES ASFÁLTICAS LA-E","2010-08-01","***","***",0.783895838587642,0.99216139877300624,"***",0.81055880301602268]
["EMULSÕES ASFÁLTICAS LA-E","2010-09-01","***","***",0.83652992957746464,0.98461505862646559,"***",0.88036077838373816]
["EMULSÕES ASFÁLTICAS LA-E","2010-10-01","***","***",0.82889248093633627,1.0560252293577981,"***",0.8593117339886347]
["EMULSÕES ASFÁLTICAS LA-E","2010-11-01","***","***",0.79390000000000005,1.0263447679324893,"***",0.96837160728424387]
["EMULSÕES ASFÁLTICAS LA-E","2010-12-01","***","***",0.83322314049586776,1.0125136700336699,"***",0.94000647058823528]
["EMULSÕES ASFÁLTICAS LA-E","2011-01-01","***","***","***",1.0195860676009891,"***",1.0195860676009891]
["EMULSÕES ASFÁLTICAS LA-E","2011-02-01","***","***","***",1.0396500692041521,"***",1.0396500692041521]
["EMULSÕES ASFÁLTICAS LA-E","2011-03-01","***","***",0.78149999999999997,1.061991591096455,"***",0.8872619832141746]
["EMULSÕES ASFÁLTICAS LA-E","2011-04-01","***","***",0.81405221502363856,1.0217681134564642,"***",0.85762455514044555]
["EMULSÕES ASFÁLTICAS LA-E","2011-05-01","***","***",0.79859831361502343,0.99949230832646307,"***",0.80735197463898267]
["EMULSÕES ASFÁLTICAS LA-E","2011-06-01","***","***",0.79322637396694229,1.0618031504922643,"***",0.8116036319892217]
["EMULSÕES ASFÁLTICAS LA-E","2011-07-01","***","***",0.75249248444839401,1.2156620930232558,"***",0.78754815184229054]
["EMULSÕES ASFÁLTICAS LA-E","2011-08-01","***","***",0.78047076193390452,1.0487035196850392,"***",0.82411098770176794]
["EMULSÕES ASFÁLTICAS LA-E","2011-09-01","***","***",0.81338728603470656,0.8607634885790566,"***",0.82687362100996453]
["EMULSÕES ASFÁLTICAS LA-E","2011-10-01","***","***",0.83520000000000016,1.053883241590214,"***",0.91659945361411477]
["EMULSÕES ASFÁLTICAS LA-E","2011-11-01","***","***",0.75600000000000001,0.99928899422918382,"***",0.78531454753153884]
["EMULSÕES ASFÁLTICAS LA-E","2011-12-01","***","***",0.75697344061520933,1.1632141015624999,"***",0.78458098221396333]
["EMULSÕES ASFÁLTICAS LA-E","2012-01-01","***","***","***",1.0630484400904294,"***",1.0630484400904294]
["EMULSÕES ASFÁLTICAS LA-E","2012-02-01","***","***","***",1.012449905511811,"***",1.012449905511811]
["EMULSÕES ASFÁLTICAS LA-E","2012-03-01","***","***","***",0.92201100658857971,"***",0.92201100658857971]
["EMULSÕES ASFÁLTICAS LA-E","2012-04-01","***","***",0.8266302922698715,0.77033506805157614,"***",0.7874570100523387]
["EMULSÕES ASFÁLTICAS LA-E","2012-05-01","***","***",0.75284071652237983,0.94700099712023023,"***",0.79239610369609847]
["EMULSÕES ASFÁLTICAS LA-E","2012-06-01","***","***",0.77016013179571652,0.92279252981795346,0.91839999999999999,0.9118600274290537]
["EMULSÕES ASFÁLTICAS LA-E","2012-07-01","***","***",0.81429265121537586,0.91462042395385035,"***",0.89007103188325598]
["EMULSÕES ASFÁLTICAS LA-E","2012-08-01","***","***",0.81479096690037511,0.95715338956657148,0.91839999999999999,0.87913682335837173]
["EMULSÕES ASFÁLTICAS LA-E","2012-09-01","***","***",0.82346089011421819,0.91773674082665557,0.91839999999999999,0.88099465924824372]
["EMULSÕES ASFÁLTICAS LA-E","2012-10-01","***","***",0.80310558347292016,0.90957737730663535,0.91839999999999988,0.85944706965409867]
["EMULSÕES ASFÁLTICAS LA-E","2012-11-01","***","***",0.81469999999999998,1.1081773519913887,0.91839999999999999,0.87662869315461955]
["EMULSÕES ASFÁLTICAS LA-E","2012-12-01","***","***",0.81469999999999987,1.0579856043956044,1.0062045608489503,0.91354224822183283]
["EMULSÕES ASFÁLTICAS LA-E","2013-01-01","***","***","***",1.1665648884381339,"***",1.1665648884381339]
["EMULSÕES ASFÁLTICAS LA-E","2013-02-01","***","***","***",1.0060459769167354,"***",1.0060459769167354]
["EMULSÕES ASFÁLTICAS LA-E","2013-03-01","***",0.90100000000000002,0.80871999999999999,1.0150619389701208,"***",0.92901406333538983]
["EMULSÕES ASFÁLTICAS LA-E","2013-04-01","***",0.90100000000000002,0.80871999999999999,0.91012707488986788,"***",0.8967267432432432]
["EMULSÕES ASFÁLTICAS LA-E","2013-05-01","***","***",0.8676768237791932,0.99040634042553199,"***",0.90852871671388102]
["EMULSÕES ASFÁLTICAS LA-E","2013-06-01","***","***",0.8397,0.99261574482297921,"***",0.93504147022074147]
["EMULSÕES ASFÁLTICAS LA-E","2013-07-01","***","***","***",1.4652888888888889,0.91839999999999988,0.95409389312977089]
["EMULSÕES ASFÁLTICAS LA-E","2013-08-01","***","***",0.86447505200126074,1.0107801412546737,"***",0.92758550896057368]
["EMULSÕES ASFÁLTICAS LA-E","2013-09-01","***","***",0.83757890704584037,"***","***",0.83757890704584037]
["EMULSÕES ASFÁLTICAS LA-E","2013-10-01","***","***",0.82574000000000003,1.5078277777777778,0.91839999999999999,0.88102365238095237]
["EMULSÕES ASFÁLTICAS LA-E","2013-11-01","***","***","***",1.4759,"***",1.4759]
["EMULSÕES ASFÁLTICAS LA-E","2013-12-01","***","***","***",1.4713020000000001,1.1561999999999999,1.1677355260115605]
["EMULSÕES ASFÁLTICAS LA-E","2014-01-01","***","***",0.83343336737588658,1.4690949999999998,1.1561999999999999,0.97361151286674297]
["EMULSÕES ASFÁLTICAS LA-E","2014-02-01","***","***",0.79852999999999996,1.4130976190476192,"***",0.91009163785259328]
["EMULSÕES ASFÁLTICAS LA-E","2014-03-01","***","***",0.84553999999999985,1.4622799999999998,"***",0.85806598610368778]
["EMULSÕES ASFÁLTICAS LA-E","2014-04-01","***","***","***",0.98882540664375707,"***",0.98882540664375707]
["EMULSÕES ASFÁLTICAS LA-E","2014-05-01","***","***",1.21,1.0644142616372392,"***",1.1364396472019465]
["EMULSÕES ASFÁLTICAS LA-E","2014-06-01","***","***",0.85942346292947558,1.0561305837611712,"***",0.99788989961183239]
["EMULSÕES ASFÁLTICAS LA-E","2014-07-01","***","***",0.62122000000000011,1.0487444833005894,"***",0.89187915671641793]
["EMULSÕES ASFÁLTICAS LA-E","2014-08-01","***",1.53,"***",1.0027548253826719,"***",1.2250985922997595]
["EMULSÕES ASFÁLTICAS LA-E","2014-09-01","***",1.53,0.87405999999999995,1.0506760204081635,"***",1.1200124000652636]
["EMULSÕES ASFÁLTICAS LA-E","2014-10-01","***",1.27,0.69171984848484847,1.049920786163522,"***",0.96198231882892316]
["EMULSÕES ASFÁLTICAS LA-E","2014-11-01","***",1.2699999999999998,0.65868000000000004,1.5342975000000001,"***",1.0842707941140701]
["EMULSÕES ASFÁLTICAS LA-E","2014-12-01","***","***","***",1.6844933333333336,"***",1.6844933333333336]
["EMULSÕES ASFÁLTICAS LA-E","2015-01-01","***","***","***","***","***","***"]
["EMULSÕES ASFÁLTICAS LA-E","2015-02-01","***","***","***",1.2839,"***",1.2839]
["EMULSÕES ASFÁLTICAS LA-E","2015-03-01","***","***","***","***","***","***"]
["EMULSÕES ASFÁLTICAS LA-E","2015-04-01","***","***","***",1.2090000000000001,"***",1.2090000000000001]
["EMULSÕES ASFÁLTICAS LA-E","2015-05-01","***","***","***",1.2312000000000001,"***",1.2312000000000001]
["EMULSÕES ASFÁLTICAS LA-E","2015-06-01","***",1.97,"***","***","***",1.97]
["EMULSÕES ASFÁLTICAS LA-E","2015-07-01","***","***","***","***","***","***"]
["EMULSÕES ASFÁLTICAS LA-E","2015-08-01","***","***","***",1.1745000000000001,"***",1.1745000000000001]
["EMULSÕES ASFÁLTICAS RL-1C","2008-11-01",1.1337367193710803,0.82909705758218244,1.0123072239738879,0.76819089891112302,0.78295181783867707,0.83507677968494176]
["EMULSÕES ASFÁLTICAS RL-1C","2008-12-01",1.6816414593794207,0.90851708075388216,1.0518602859719159,0.77048902264208219,0.84096474803779875,0.88006357164699955]
["EMULSÕES ASFÁLTICAS RL-1C","2009-01-01",1.7767251486634723,0.95670433042737102,1.048008490646664,0.77475230276824225,0.88206460479510163,0.92295130107878409]
["EMULSÕES ASFÁLTICAS RL-1C","2009-02-01",1.335909029960193,0.98164153888543937,1.0424075602804979,0.86729839232663619,0.88040202021181646,0.92851954103418766]
["EMULSÕES ASFÁLTICAS RL-1C","2009-03-01",1.2094642718525324,1.0838679811896412,1.0157732456475965,0.81030083621771209,0.90061806000153521,0.89425955952878577]
["EMULSÕES ASFÁLTICAS RL-1C","2009-04-01",1.2227006488215071,1.0290262168527851,1.0452953485436403,0.79489055608496717,0.86327962507348799,0.88437406599184176]
["EMULSÕES ASFÁLTICAS RL-1C","2009-05-01",1.399349754286338,0.984989917756108,1.0550202309492964,0.81191242332609614,0.91001509015194237,0.91222418698756369]
["EMULSÕES ASFÁLTICAS RL-1C","2009-06-01",1.2842121913145088,0.89913940419113747,1.0397378512653201,0.79617148751510081,0.89537956942264996,0.90267753689464392]
["EMULSÕES ASFÁLTICAS RL-1C","2009-07-01",1.4180000237846067,0.97209818842476248,1.0299306008657094,0.81623672202128539,0.97433216915045673,0.93779430065724156]
["EMULSÕES ASFÁLTICAS RL-1C","2009-08-01",1.2707500497232389,0.91162033457629288,1.0356661824195559,0.81238721664849756,0.9162965713317095,0.91481274182647465]
["EMULSÕES ASFÁLTICAS RL-1C","2009-09-01",1.3326649843862604,0.87112101696288302,1.0558386672175515,0.79724030791661327,0.87356679064048437,0.89900022901717147]
["EMULSÕES ASFÁLTICAS RL-1C","2009-10-01",1.4479635233368426,0.89492004474980535,1.0223184300890191,0.81959542481486203,0.88476568623238716,0.90677308326236505]
["EMULSÕES ASFÁLTICAS RL-1C","2009-11-01",1.3472131788931789,0.92637572964481407,1.0228731490364222,0.81124182981946369,0.89988311625296025,0.91191494172355481]
["EMULSÕES ASFÁLTICAS RL-1C","2009-12-01",1.4870461488223092,0.93173670793845254,1.010318496145681,0.79911653286453632,0.85675602550758778,0.9052453824202944]
["EMULSÕES ASFÁLTICAS RL-1C","2010-01-01",1.5100926910516004,0.84861539200723224,1.0485459459778459,0.84136823476461964,0.83260228943070469,0.89460549829265668]
["EMULSÕES ASFÁLTICAS RL-1C","2010-02-01",1.6671029493697729,0.8543367603196883,1.0301634386595484,0.87649349876000915,0.78187584191062764,0.89828149929194978]
["EMULSÕES ASFÁLTICAS RL-1C","2010-03-01",1.0359952470477645,0.77930315376850801,1.0199947591845175,0.85710019115268821,0.79304235325555539,0.86189391749043576]
["EMULSÕES ASFÁLTICAS RL-1C","2010-04-01",1.1200338069705094,0.72410152308280373,1.0429107519000169,0.82493974002127712,0.76740669341214951,0.8511063292387927]
["EMULSÕES ASFÁLTICAS RL-1C","2010-05-01",1.5772651834969316,0.71156682472061383,1.0276701726270399,0.81082938531425197,0.73930895680494813,0.83067256080542173]
["EMULSÕES ASFÁLTICAS RL-1C","2010-06-01",1.3902331122038867,0.70776594076212718,0.97860494859470093,0.81846515787974516,0.75829875901576038,0.84119292356714059]
["EMULSÕES ASFÁLTICAS RL-1C","2010-07-01",1.4465997985901307,0.71160120545443828,0.9564968835851132,0.80790649136605652,0.75401543822336781,0.83359454340534345]
["EMULSÕES ASFÁLTICAS RL-1C","2010-08-01",1.1841257615694769,0.70828243277414471,0.94081418768179192,0.765871243861871,0.74350204522738927,0.7920383085510464]
["EMULSÕES ASFÁLTICAS RL-1C","2010-09-01",1.250827468914752,0.71615812125723477,0.96665288745684086,0.75316963201170761,0.75588959100354836,0.80082669090372582]
["EMULSÕES ASFÁLTICAS RL-1C","2010-10-01",1.2089414767952189,0.71790035930401985,0.99988680901667726,0.77677819704464779,0.80340748505276116,0.84889697620471927]
["EMULSÕES ASFÁLTICAS RL-1C","2010-11-01",1.223075645233813,0.72646904460053241,0.98389369594880227,0.69449508009641536,0.75657561090435921,0.80137760262074764]
["EMULSÕES ASFÁLTICAS RL-1C","2010-12-01",1.2200442915685761,0.72270405732695464,0.94026399935283189,0.75597660658875032,0.76366957012592263,0.80325898437742804]
["EMULSÕES ASFÁLTICAS RL-1C","2011-01-01",1.0179717836447797,0.70475948617089712,0.98166222067122499,0.77189910009488694,0.76383277735968291,0.81353863613637145]
["EMULSÕES ASFÁLTICAS RL-1C","2011-02-01",1.25206722537142,0.72503751411188477,0.93291845035736953,0.74383552052645452,0.77223721673158652,0.79421292370703778]
["EMULSÕES ASFÁLTICAS RL-1C","2011-03-01",1.2707482630102833,0.72167428675154932,0.95248340997716319,0.74650864959502161,0.73644205225794557,0.79074268855053897]
["EMULSÕES ASFÁLTICAS RL-1C","2011-04-01",1.3569220621334424,0.71944409601369397,0.89030396631593289,0.74569874366422317,0.71082713390874752,0.78548259698309386]
["EMULSÕES ASFÁLTICAS RL-1C","2011-05-01",1.2877998305492546,0.73875797069304949,0.90834265450051543,0.72125295406553735,0.70718702579215731,0.77210141838247348]
["EMULSÕES ASFÁLTICAS RL-1C","2011-06-01",1.3052468520631095,0.76883359955821495,0.8798694337987174,0.72377178073897808,0.71933359404497743,0.78145920581843686]
["EMULSÕES ASFÁLTICAS RL-1C","2011-07-01",1.2508033153363489,0.68571783887207416,0.93805533341132585,0.73071928002733066,0.71811545537114529,0.77156768543051135]
["EMULSÕES ASFÁLTICAS RL-1C","2011-08-01",1.2880376501301125,0.68610112329782946,0.91786469656284042,0.75720519644660533,0.71506313810013411,0.80493951321486656]
["EMULSÕES ASFÁLTICAS RL-1C","2011-09-01",1.230759141615628,0.70168431233811979,0.91896527588917487,0.72895589640805469,0.71461552607360435,0.80382264692642535]
["EMULSÕES ASFÁLTICAS RL-1C","2011-10-01",1.194784287890239,0.68709666146580961,0.86511899697137606,0.72923079070262831,0.73022289948550734,0.78066939195723284]
["EMULSÕES ASFÁLTICAS RL-1C","2011-11-01",1.2799511780592734,0.70634661891935291,0.83524391490417538,0.70949278005651861,0.75998614988973401,0.77419319619442817]
["EMULSÕES ASFÁLTICAS RL-1C","2011-12-01",1.3067253731138544,0.68144987949992475,0.84060784518295806,0.70184592864075157,0.72693466546113117,0.76394882035292411]
["EMULSÕES ASFÁLTICAS RL-1C","2012-01-01",1.1973315040282213,0.70413994720122353,0.82047602618749838,0.7302117190609434,0.72891317644722509,0.76127942625958889]
["EMULSÕES ASFÁLTICAS RL-1C","2012-02-01",1.26167402231286,0.69680294535496612,0.83229839162029473,0.71548226477997456,0.72271914084337685,0.74953885666187836]
["EMULSÕES ASFÁLTICAS RL-1C","2012-03-01",1.2533495385936775,0.69199288038492113,0.79373715476282247,0.73316272250178161,0.72790643742932293,0.77027882839940276]
["EMULSÕES ASFÁLTICAS RL-1C","2012-04-01",1.3123663940886701,0.6920244654574158,0.82987399547818275,0.74205284276143768,0.72346825637727918,0.76915546291032422]
["EMULSÕES ASFÁLTICAS RL-1C","2012-05-01",1.3024841040114989,0.73764172830036323,0.8453271029312055,0.74845335951869441,0.73326877207688002,0.78410622390686346]
["EMULSÕES ASFÁLTICAS RL-1C","2012-06-01",1.2962296121792232,0.72425365108868833,0.86680952253272314,0.75079548404057117,0.77157581947382492,0.80017537234209501]
["EMULSÕES ASFÁLTICAS RL-1C","2012-07-01",1.4707906966807287,0.74361550053430292,0.9199315433900852,0.75368374146514583,0.77175863287701041,0.83454054302584291]
["EMULSÕES ASFÁLTICAS RL-1C","2012-08-01",1.3272728313954167,0.75698993166881956,0.8889690931406139,0.76618406235642489,0.77421126501566551,0.82449269471881959]
["EMULSÕES ASFÁLTICAS RL-1C","2012-09-01",1.4014646654332907,0.76429726068967552,0.91901220861843502,0.78846314811584395,0.76924146220797796,0.84483644953703985]
["EMULSÕES ASFÁLTICAS RL-1C","2012-10-01",1.2948489494554587,0.75654992787666941,0.93111831770554176,0.83726226452061658,0.76463455950234194,0.8606407475083363]
["EMULSÕES ASFÁLTICAS RL-1C","2012-11-01",1.2351895704422762,0.76297230787695569,0.95633254590442818,0.80918051630092624,0.76911495509903727,0.85506692776156046]
["EMULSÕES ASFÁLTICAS RL-1C","2012-12-01",1.2820861514129684,0.77695895557478734,0.87372102301264287,0.79263763788632702,0.80441913576035029,0.85157619753572]
["EMULSÕES ASFÁLTICAS RL-1C","2013-01-01",1.2318379111934885,0.77973151604028845,0.92836417098866486,0.85214133654857505,0.83567682354747097,0.86565322681083212]
["EMULSÕES ASFÁLTICAS RL-1C","2013-02-01",1.1872487810128942,0.78911340368009053,0.81598160853264012,0.84618523431601733,0.79075490037824248,0.83816108516722332]
["EMULSÕES ASFÁLTICAS RL-1C","2013-03-01",1.3348921943919785,0.75694678443027674,0.88556546171084216,0.90630104642983922,0.79185746863458406,0.86883531818065496]
["EMULSÕES ASFÁLTICAS RL-1C","2013-04-01",1.3374499944640803,0.80169346973121147,0.88750454945994783,0.86493247052189359,0.81279259837007334,0.86479494361614317]
["EMULSÕES ASFÁLTICAS RL-1C","2013-05-01",1.6532152573225218,0.79473728792491727,0.83666041784537226,0.88476178114698656,0.82486276090753363,0.86271567682634853]
["EMULSÕES ASFÁLTICAS RL-1C","2013-06-01",1.4650860236831744,0.78280722220145782,0.93039685345020384,0.86638886389244474,0.81920777540435341,0.89824164001460549]
["EMULSÕES ASFÁLTICAS RL-1C","2013-07-01",1.4859202449664428,0.77641291066447793,0.95880415635418936,0.89622488397002353,0.85351478458977992,0.90341165886025776]
["EMULSÕES ASFÁLTICAS RL-1C","2013-08-01",1.4003700203453353,0.76096465963835169,0.88023447158853252,0.88185225512170284,0.84578099086211567,0.88226316171090458]
["EMULSÕES ASFÁLTICAS RL-1C","2013-09-01",1.3296909638635863,0.75879144750110916,0.98358018449125828,0.9038698504830891,0.83574230246342529,0.91460111473294536]
["EMULSÕES ASFÁLTICAS RL-1C","2013-10-01",1.4282301762069141,0.80881747647433089,0.87526475679839422,0.8913920501088074,0.86156288408736947,0.88646285220181176]
["EMULSÕES ASFÁLTICAS RL-1C","2013-11-01",1.2838024568295758,0.83795460007379907,0.94170459474189583,0.9113356267080186,0.87087416094386605,0.91766094647498431]
["EMULSÕES ASFÁLTICAS RL-1C","2013-12-01",1.5705007365002028,0.84015883568126393,1.0262385733989601,0.93758184613896234,0.90672104235484652,0.97041663924442867]
["EMULSÕES ASFÁLTICAS RL-1C","2014-01-01",1.341931315243768,0.95241895416110356,1.018690591750874,0.95431173340574038,0.90527787344448551,0.97144162249002397]
["EMULSÕES ASFÁLTICAS RL-1C","2014-02-01",1.4007473584417507,0.88782474973168113,1.0182872809962591,0.94894911456754782,0.92824808501721323,0.96649487031938053]
["EMULSÕES ASFÁLTICAS RL-1C","2014-03-01",1.5499855367395465,0.84750452321553305,1.076052384194321,0.93276528272106518,0.97211535782443537,0.97147748071139517]
["EMULSÕES ASFÁLTICAS RL-1C","2014-04-01",1.4676601178189788,0.84994258968934067,1.0281082162468207,0.92803462885193644,1.0193915762026493,0.98149532708306142]
["EMULSÕES ASFÁLTICAS RL-1C","2014-05-01",1.4119103138170925,0.88340002770154136,1.0436179199523428,0.92623469777771206,1.0411657102537137,0.99818016727424441]
["EMULSÕES ASFÁLTICAS RL-1C","2014-06-01",1.3999514483978939,0.82666911088288142,1.0621752450439232,0.91109970873560142,1.007558416313582,0.99891201392835982]
["EMULSÕES ASFÁLTICAS RL-1C","2014-07-01",1.4374784482149294,0.89997833156881657,0.90631209324145401,0.91718241757498675,0.98644798595544525,0.94678351805832905]
["EMULSÕES ASFÁLTICAS RL-1C","2014-08-01",1.2986147093558418,0.89306288651903243,0.81922657685195066,0.90811340435626731,1.0302307016155672,0.90297161494096068]
["EMULSÕES ASFÁLTICAS RL-1C","2014-09-01",1.3310051145767032,0.92652164788166613,1.0377921682292568,0.89966969878572078,1.0086967947905445,0.98201718224524015]
["EMULSÕES ASFÁLTICAS RL-1C","2014-10-01",1.4533669842271295,0.99312573583032659,0.91186614208106398,0.91478586148748087,1.0062453431927467,0.94796903285534395]
["EMULSÕES ASFÁLTICAS RL-1C","2014-11-01",1.4998756236033097,0.95768163840277376,0.89962601209478754,0.93569424376288646,0.9750597618360769,0.94697423869026776]
["EMULSÕES ASFÁLTICAS RL-1C","2014-12-01",1.2792678123018388,0.99758056882255375,1.0135456343856988,1.0175641527935348,1.0896034389905265,1.0390355578921735]
["EMULSÕES ASFÁLTICAS RL-1C","2015-01-01",1.3144019456529017,1.1408793854680555,1.3787927530647111,1.048467606960273,1.2232335683032181,1.1580844612265353]
["EMULSÕES ASFÁLTICAS RL-1C","2015-02-01",1.5804051908637202,1.1718213826292434,1.3365670389030955,1.0380191091321045,1.3143784814877881,1.1641161869635197]
["EMULSÕES ASFÁLTICAS RL-1C","2015-03-01",1.6096865543656687,1.1657134724367351,1.350010163576751,0.99666524041691762,1.2556966947987875,1.1258784142775451]
["EMULSÕES ASFÁLTICAS RL-1C","2015-04-01",1.5788964185293166,1.1651086942908366,1.2995186131626164,1.0027871380700875,1.2631303447080555,1.1111597725529154]
["EMULSÕES ASFÁLTICAS RL-1C","2015-05-01",1.5988011916776117,1.100912942696685,1.3115423713779248,0.95598590574778453,1.2301983685125524,1.0964914368134209]
["EMULSÕES ASFÁLTICAS RL-1C","2015-06-01",1.349922752132124,1.2324326582393599,1.3215484462950651,0.97999644848122713,1.2528357262902721,1.1499861565713259]
["EMULSÕES ASFÁLTICAS RL-1C","2015-07-01",1.378890964037091,1.1201880396403758,1.1293216486838131,0.85317766385851246,1.2735099265576322,1.0301406005443117]
["EMULSÕES ASFÁLTICAS RL-1C","2015-08-01",1.6569267553725926,1.0889020928677209,1.2906253105378742,0.91126430831498795,1.2202366478604796,1.0887471559821549]
["EMULSÕES ASFÁLTICAS RL-1C","2015-09-01",1.8234600739634101,1.0881527826086959,1.2289230243264608,0.92332207016056278,1.1932406101937958,1.0890432153501726]
["EMULSÕES ASFÁLTICAS RL-1C","2015-10-01",1.6264592314884068,1.2162416493816448,1.3188067252633835,1.0812369985579073,1.2775595123124774,1.207548485253602]
["EMULSÕES ASFÁLTICAS RL-1C","2015-11-01",1.7031554268152134,1.2914047732170073,1.4294667621387251,1.1828121415480617,1.3834305894484857,1.3278412713371364]
["EMULSÕES ASFÁLTICAS RL-1C","2015-12-01",1.726412483021676,1.2916979502423265,1.3647676623544283,1.1879378311403754,1.2982124293581638,1.2897302063557512]
["EMULSÕES ASFÁLTICAS RL-1C","2016-01-01",1.7343974534653468,1.2428023811005977,1.4592186960035145,1.2468671993235709,1.360083131141391,1.3297636079208188]
["EMULSÕES ASFÁLTICAS RL-1C","2016-02-01",1.5573464552694229,1.1714925429288059,1.5530437277938862,1.1982444701580475,1.422907030348028,1.3212053784823625]
["EMULSÕES ASFÁLTICAS RL-1C","2016-03-01",1.8860514474293653,1.5778557660833987,1.5256856119048172,1.1675318613742252,1.444576221198157,1.3044714395048351]
["EMULSÕES ASFÁLTICAS RL-1C","2016-04-01",1.648696048608389,1.377631354485181,1.5905725843950178,1.2797983266958946,1.5042964332163005,1.4013999340840213]
["EMULSÕES ASFÁLTICAS RL-1C","2016-05-01",1.9573453076652907,1.3354859306120883,1.5942625369933248,1.2679933576691851,1.5304678160613394,1.4028095171561843]
["EMULSÕES ASFÁLTICAS RL-1C","2016-06-01",1.8918994455379008,1.3627591276445374,1.6663336964921001,1.3096060640868972,1.5031851445258591,1.4382924028528905]
["EMULSÕES ASFÁLTICAS RL-1C","2016-07-01",2.0076421612219386,1.3669709903988314,1.6189730926327199,1.3455611851683864,1.483208495100621,1.4511544319787149]
["EMULSÕES ASFÁLTICAS RL-1C","2016-08-01",1.9143376514908732,1.4455878037523451,1.657195090340321,1.318920242720184,1.516895408907192,1.4714929852668872]
["EMULSÕES ASFÁLTICAS RL-1C","2016-09-01",1.6240282841934388,1.3052087905482639,1.5026049970132751,1.2240494236582502,1.3857329862740357,1.3476346553194247]
["EMULSÕES ASFÁLTICAS RL-1C","2016-10-01",1.7069203615113944,1.2650152822307117,1.4832404686532412,1.2546497901255813,1.4039221400379824,1.3693256725333498]
["EMULSÕES ASFÁLTICAS RL-1C","2016-11-01",1.7655825565339498,1.3188025273938795,1.5251902972697937,1.2846913278246563,1.3816460181018351,1.3998865078614113]
["EMULSÕES ASFÁLTICAS RL-1C","2016-12-01",1.8517242551910924,1.324273895099541,1.477047112289704,1.2796468065704374,1.3139354831836909,1.3575951071860608]
["EMULSÕES ASFÁLTICAS RL-1C","2017-01-01",1.527615414709071,1.1785957439868591,1.4543974329313025,1.2354384621611605,1.3149247933996668,1.3077573032211409]
["EMULSÕES ASFÁLTICAS RL-1C","2017-02-01",1.7921095822813864,1.1880611051162451,1.4084625297490732,1.2626918148250739,1.340301708302811,1.2981381105752023]
["EMULSÕES ASFÁLTICAS RL-1C","2017-03-01",1.8590877466652553,1.165400750667519,1.5095380526998223,1.2853390126752755,1.3289876271956835,1.3374577933549783]
["EMULSÕES ASFÁLTICAS RL-1C","2017-04-01",1.3857881873620019,1.1562387973024628,1.5364962844977084,1.3580275094129557,1.2795021718158368,1.3544942072806532]
["EMULSÕES ASFÁLTICAS RL-1C","2017-05-01",1.5691271946034344,1.1280904559665876,1.4814699769081212,1.3351868705790004,1.3212422505729005,1.3397816083264311]
["EMULSÕES ASFÁLTICAS RL-1C","2017-06-01",1.6032647627510215,1.1651824399795676,1.4476974678194179,1.2972357055713715,1.3402915064112657,1.350873102253243]
["EMULSÕES ASFÁLTICAS RL-1C","2017-07-01",1.5404965391065053,1.1316500591731233,1.4508261971805807,1.2895475516764763,1.28869388152475,1.3342133127690328]
["EMULSÕES ASFÁLTICAS RL-1C","2017-08-01",1.5665998913834067,1.1277314490566039,1.3886070363695109,1.2871533078658968,1.2566576481772778,1.312024396776664]
["EMULSÕES ASFÁLTICAS RL-1C","2017-09-01",1.6322100353015718,1.2577376497228605,1.420726203520841,1.307780157207836,1.2104677848314107,1.3383426509585583]
["EMULSÕES ASFÁLTICAS RL-1C","2017-10-01",1.6466361323649754,1.1035673397712018,1.4483200610787628,1.3086672815248546,1.2370216260142091,1.3405602213494139]
["EMULSÕES ASFÁLTICAS RL-1C","2017-11-01",1.7094168676788428,1.1964455462807055,1.4747841861237316,1.3842792241253008,1.2785427916191225,1.3855940658165806]
["EMULSÕES ASFÁLTICAS RL-1C","2017-12-01",1.5684146161825723,1.1980565982044702,1.4608394024153954,1.3665407114070807,1.3477709872946095,1.3715688971412405]
["EMULSÕES ASFÁLTICAS RL-1C","2018-01-01",1.8600921694013879,1.2355019580021831,1.4758471822917953,1.2865629546425452,1.2892159966022867,1.3508658770559154]
["EMULSÕES ASFÁLTICAS RL-1C","2018-02-01",2.028287085987261,1.2301229910041209,1.4836997052597194,1.2947917494520824,1.2480700218568312,1.3145652037873143]
["EMULSÕES ASFÁLTICAS RL-1C","2018-03-01",2.1065612720925153,1.2104900433959016,1.4630612440396442,1.299837343892831,1.2841877957922285,1.3295024171745828]
["EMULSÕES ASFÁLTICAS RL-1C","2018-04-01",1.7592755235098763,1.228501621502325,1.4695917697488492,1.2804668508625874,1.3935110752545956,1.3506314066743323]
["EMULSÕES ASFÁLTICAS RL-1C","2018-05-01",1.9193039234449765,1.2621428281118898,1.4863430441874039,1.3433005905169124,1.3587834170757602,1.3691374796788405]
["EMULSÕES ASFÁLTICAS RL-1C","2018-06-01",1.8240053492951604,1.3165510449836839,1.5827154580180822,1.4089329335615239,1.4004620781909278,1.4588051820586565]
["EMULSÕES ASFÁLTICAS RL-1C","2018-07-01",1.9609351896507703,1.390314086871669,1.6041728204783374,1.4939493336446956,1.4643765638718145,1.5315665889019379]
["EMULSÕES ASFÁLTICAS RL-1C","2018-08-01",2.3817705816646559,1.4255047185893184,1.7691971038845788,1.608826027040555,1.5221223181977375,1.6685149252111491]
["EMULSÕES ASFÁLTICAS RL-1C","2018-09-01",1.9841175924440226,1.4930497962438785,1.7757050434344053,1.6254990559840248,1.5437363253466247,1.6577630828167256]
["EMULSÕES ASFÁLTICAS RL-1C","2018-10-01",2.0631185531249998,1.4921472362848256,1.629754978302635,1.5933682067412851,1.6716565903853127,1.6178824138874799]
["EMULSÕES ASFÁLTICAS RL-1C","2018-11-01",2.6475637347330578,1.5556966212062564,2.0112116989619886,1.7726185243565014,1.6644664361639139,1.8364501412607208]
["EMULSÕES ASFÁLTICAS RL-1C","2018-12-01",1.8279792227979272,1.5893000142375693,1.8603004601533923,1.7461125390659815,1.630714944286755,1.7262255014248922]
["EMULSÕES ASFÁLTICAS RL-1C","2019-01-01",2.635818598882377,2.0592965962385898,2.0636373485963375,1.8320327909834799,1.8941201299990973,1.9478866635284464]
["EMULSÕES ASFÁLTICAS RL-1C","2019-02-01",2.8139073338229892,2.1221237317340003,2.320688726705177,1.8734621485530341,1.9015232394514059,2.03150110019978]
["EMULSÕES ASFÁLTICAS RL-1C","2019-03-01",2.285577613024127,2.2671906340622305,2.3798522622725113,1.9605150318995812,1.9987293754083888,2.0812818507094004]
["EMULSÕES ASFÁLTICAS RL-1C","2019-04-01",2.5572009811010679,1.9661175855588524,2.3709521478060052,1.9958284647404589,1.9729791775191177,2.0872148444257976]
["EMULSÕES ASFÁLTICAS RL-1C","2019-05-01",2.7298414886695088,1.9965003940820669,2.2912616986964074,2.0065709427600846,2.0324223717271543,2.1054405541250683]
["EMULSÕES ASFÁLTICAS RL-1C","2019-06-01",2.7454786032786891,1.9446995871358157,2.2656297224447939,2.0247945367028244,1.9634730579955284,2.1148171115890544]
["EMULSÕES ASFÁLTICAS RL-1C","2019-07-01",2.4095478010835349,1.9715957089055915,2.176480912300863,2.036146168720669,1.9442434395441788,2.0653344756118033]
["EMULSÕES ASFÁLTICAS RL-1C","2019-08-01",2.1070846964734913,1.9021569694392575,2.037149360890977,1.9563564911788058,1.9904700929429686,1.9931314283365202]
["EMULSÕES ASFÁLTICAS RL-1C","2019-09-01",2.3977936286305463,1.8377744031782335,2.1395945838662072,1.9236540258371129,1.9730581604042765,2.0056963661247824]
["EMULSÕES ASFÁLTICAS RL-1C","2019-10-01",2.1139845910531445,1.8522747906690689,2.1244690048889545,1.9001005029070861,1.9952558066660184,1.9989864059268647]
["EMULSÕES ASFÁLTICAS RL-1C","2019-11-01",2.3902238315250521,1.90103629721989,2.0119086555162227,1.9662155593882871,1.993321198928415,1.98729504518833]
["EMULSÕES ASFÁLTICAS RL-1C","2019-12-01",1.9947895017838939,1.9737474431836555,2.1164318163017857,1.960219052018267,2.0434365307192959,2.0192939951908766]
["EMULSÕES ASFÁLTICAS RL-1C","2020-01-01",1.8509554715192336,1.7882379723265742,2.0848251078273141,1.9329832913948319,2.1184394422542274,1.9924072503966428]
["EMULSÕES ASFÁLTICAS RL-1C","2020-02-01",1.6422605323808883,1.7623552060133632,2.0939292198314794,1.9005049535812031,2.0293604173311266,1.9635675112486466]
["EMULSÕES ASFÁLTICAS RL-1C","2020-03-01",1.7821339816600048,1.7364126037160219,2.0405731092534665,1.7819197858056437,2.0651275622471927,1.9224465668475388]
["EMULSÕES ASFÁLTICAS RL-1C","2020-04-01",1.9212903983822045,1.7047786050996963,1.9413986435726875,1.811472926322764,1.9429929664459114,1.8687943837980365]
["EMULSÕES ASFÁLTICAS RL-1C","2020-05-01",1.84602017338241,1.6254413706102051,1.8869336636960361,1.7980058837471793,2.0133432076294202,1.8569839170928431]
["EMULSÕES ASFÁLTICAS RL-1C","2020-06-01",2.2869417929883142,1.6714534330726833,1.9532110498485866,1.7968346466294505,1.9074341892307944,1.8613752361675866]
["EMULSÕES ASFÁLTICAS RL-1C","2020-07-01",2.0723572284922178,1.742166824551632,1.8913290322015541,1.8583570150444084,1.9448622784756597,1.893368531680556]
["EMULSÕES ASFÁLTICAS RL-1C","2020-08-01",1.9322939680509583,1.8521269776817855,1.9503371636311113,1.9048103135026977,2.0141756370476855,1.9424530594805709]
["EMULSÕES ASFÁLTICAS RL-1C","2020-09-01",1.9680406072598609,1.8482556521867659,1.9633524701295031,1.8624247082262815,2.0098004277553203,1.9312253671243171]
["EMULSÕES ASFÁLTICAS RL-1C","2020-10-01",1.896759930378991,1.7810603696709584,1.9246654135892671,1.8507379156568775,2.0678038519988067,1.9325563260655181]
["EMULSÕES ASFÁLTICAS RL-1C","2020-11-01",2.0042622596598454,1.8892477925580715,2.064495812375799,1.9306559980732556,2.0898275170275307,2.0141069599725587]
["EMULSÕES ASFÁLTICAS RL-1C","2020-12-01",2.191598889038413,1.8519353063639004,2.043907161136735,1.9015685700316083,2.0520950208825433,1.9850224935848333]
["EMULSÕES ASFÁLTICAS RL-1C","2021-01-01",2.0646467338316543,1.8806377320675103,2.1260523156942144,1.8838693611196573,2.0964823984868159,1.9950111632810386]
["EMULSÕES ASFÁLTICAS RL-1C","2021-02-01",1.9684197106720673,2.0257758589705444,2.2510452537705046,2.0269586724664186,2.2078441067263141,2.1480883178214638]
["EMULSÕES ASFÁLTICAS RL-1C","2021-03-01",2.1845855751492129,2.0021545662851574,2.0673008745379673,1.989308949013598,2.2333652164006752,2.0721110798228239]
["EMULSÕES ASFÁLTICAS RL-1C","2021-04-01",2.1715900000000001,2.0489367012987012,2.1493808461331474,1.9604355425914717,2.1773941929446337,2.0820971189425639]
["EMULSÕES ASFÁLTICAS RL-1C","2021-05-01",2.2092031875217844,2.4363959649895413,2.494903773193887,2.3250479651021498,3.052240785843265,2.4418483885311639]
["EMULSÕES ASFÁLTICAS RL-1C","2021-06-01",2.1730939466370205,2.368935862657148,2.4800845368810398,2.4206554463186452,2.4896154773182562,2.4525153461975471]
["EMULSÕES ASFÁLTICAS RL-1C","2021-07-01",2.4191242708010336,2.3507914618357253,2.5201424663033816,2.4065323239030807,2.5230863681021773,2.4796917521439292]
["EMULSÕES ASFÁLTICAS RL-1C","2021-08-01",2.4679154051754888,2.4788242305147339,2.7080988113389588,2.5013227192607808,2.6132193858477972,2.6100630168066341]
["EMULSÕES ASFÁLTICAS RL-1C","2021-09-01",2.5034927129980566,2.4830448609324995,2.6536965304349267,2.5675863070320188,2.5812073942351357,2.5937230871753369]
["EMULSÕES ASFÁLTICAS RL-1C","2021-10-01",2.4335925512037373,2.4853675784165108,2.6188627007265444,2.6593691677311595,2.5835558766935462,2.5882142630248697]
["EMULSÕES ASFÁLTICAS RL-1C","2021-11-01",2.5315789938663511,2.7143948711943793,2.6511510273820109,2.7702008170170176,2.6918381740886281,2.6930830704605557]
["EMULSÕES ASFÁLTICAS RL-1C","2021-12-01",2.7405063029491119,2.7775651593962887,2.8055347310759422,2.8091795957200922,2.7559279323879751,2.7866207536702619]
["EMULSÕES ASFÁLTICAS RL-1C","2022-01-01",2.7448074712933117,2.6558534932451856,2.7855379472856612,2.8282165260325258,2.8284400548413622,2.7852382942958673]
["EMULSÕES ASFÁLTICAS RL-1C","2022-02-01",3.0746135942857142,2.7468614681865064,3.0430167511111117,3.0138797969741691,2.7225306131566023,2.8877573059039006]
["EMULSÕES ASFÁLTICAS RL-1C","2022-03-01",3.0691356345957006,2.7940439021931618,2.9168643941379284,3.0366092706453656,2.8447713538579431,2.93469443938671]
["EMULSÕES ASFÁLTICAS RL-1C","2022-04-01",3.2672809177820272,2.7769459352597847,3.1469815911330556,3.1642874187823282,2.9036314879552898,3.0393407871824674]
["EMULSÕES ASFÁLTICAS RL-1C","2022-05-01",3.0305917793773784,3.1849290479091081,3.1505533881392078,3.1754279734999913,2.8252387850640903,3.1026030806397573]
["EMULSÕES ASFÁLTICAS RL-1C","2022-06-01",3.1817183594068044,3.1320570820713134,3.2004653443208526,3.1800173588816478,2.9744257251303901,3.1454073835721417]
["EMULSÕES ASFÁLTICAS RL-1C","2022-07-01",1.9821709867338542,3.1220321431625702,3.2229369974596165,3.0845514352993675,3.0547470737403115,3.1006358460581636]
["EMULSÕES ASFÁLTICAS RL-1C","2022-08-01",3.5353510700247854,3.3433251757230749,3.1706453091638376,3.0925065545937751,3.1815151223471463,3.1843244723423596]
["EMULSÕES ASFÁLTICAS RL-1C","2022-09-01",3.9180343131387274,3.3231093131161087,3.0134132551119812,3.0563380239042752,3.106088569041213,3.1312297963033493]
["EMULSÕES ASFÁLTICAS RL-1C","2022-10-01",3.4268674756490425,3.4269938568035685,2.7883508496513798,2.9819437673531572,2.985622034553018,3.0184617471886264]
["EMULSÕES ASFÁLTICAS RL-1C","2022-11-01",3.9012557870483846,3.4617350202937933,2.9066697161907378,2.8461826162699411,2.9765785847214254,3.0104104191827368]
["EMULSÕES ASFÁLTICAS RL-1C","2022-12-01",3.6678319809244311,3.3723875209414675,2.8494436775185443,2.7585939333486924,2.929605848549242,2.9848026946616972]
["EMULSÕES ASFÁLTICAS RL-1C","2023-01-01",3.7258602184873948,3.1760972865012129,3.001617038174293,2.6935739518823398,2.9308847087048164,2.9769252699780013]
["EMULSÕES ASFÁLTICAS RL-1C","2023-02-01",3.6420587373618623,3.2083733957756579,2.7016006712905507,2.5959868114810751,2.915303455094822,2.8201037533172424]
["EMULSÕES ASFÁLTICAS RL-1C","2023-03-01",3.581302315208156,3.0473738158049448,2.8273261707789614,2.5667079655661578,2.8425234193294262,2.7760784541830827]
["EMULSÕES ASFÁLTICAS RL-1C","2023-04-01",3.1944402434658081,2.9925985140992699,3.0112124888456071,2.6068615400753381,2.8747278583170255,2.8331788630240315]
["EMULSÕES ASFÁLTICAS RL-1C","2023-05-01",3.167048608265977,2.9036993681481209,2.8583495800423888,2.5921670846894922,2.6725207831201563,2.75802995572228]
["EMULSÕES ASFÁLTICAS RL-1C","2023-06-01",3.2835637189211964,2.9481023451709087,2.7721148041261801,2.5751809089169391,2.644116986718184,2.7300681217883569]
["EMULSÕES ASFÁLTICAS RL-1C","2023-07-01",3.1708478311798083,2.732969760835863,2.8267051124651625,2.5416072737104205,2.6841439703047758,2.6982514716940655]
["EMULSÕES ASFÁLTICAS RL-1C","2023-08-01",3.036677738613049,2.783136735699359,2.883023354052721,2.4153755294540153,2.5814544032638556,2.6410541676633112]
["EMULSÕES ASFÁLTICAS RL-1C","2023-09-01",3.3483076617912237,2.7546797537004792,2.976282450627088,2.6405205985106108,2.6080038770196738,2.7610603016616393]
["EMULSÕES ASFÁLTICAS RL-1C","2023-10-01",3.289099207959099,2.8973954392085997,2.9504737453403229,2.5886299738041805,2.713302049966213,2.7868987444940285]
["EMULSÕES ASFÁLTICAS RL-1C","2023-11-01",2.876410597536871,2.8529796318783509,3.0209880407405838,2.5129901210822974,2.6862648455836555,2.7288935262596725]
["EMULSÕES ASFÁLTICAS RL-1C","2023-12-01",3.1656090264404715,3.0778295892240903,2.9343058854358217,2.4916221775103713,2.6623158427547002,2.7583881653877542]
["EMULSÕES ASFÁLTICAS RL-1C","2024-01-01",2.7356886006289303,2.7617483158426204,2.9984184287572369,2.4753254603877131,2.5535835588463485,2.6957943570235079]
["EMULSÕES ASFÁLTICAS RL-1C","2024-02-01",2.8670386366569858,2.7661053789458374,2.9053692173610504,2.5539528767585709,2.5415431443803134,2.6676760654483345]
["EMULSÕES ASFÁLTICAS RL-1C","2024-03-01",2.5048512605127167,2.7981131524290239,2.8131624794876546,2.4980238070604592,2.5583726422932691,2.6406528674063874]
["EMULSÕES ASFÁLTICAS RL-1C","2024-04-01",2.9015602544217689,2.7380778336059337,2.7396106206076096,2.4368141989254619,2.5962116115861886,2.5948626661675389]
["EMULSÕES ASFÁLTICAS RL-1C","2024-05-01",2.597611526062777,2.7114853551632532,2.7917974452542063,2.4305511979851171,2.601844132867408,2.5752561700705874]
["EMULSÕES ASFÁLTICAS RL-1C","2024-06-01",2.8991144430823113,2.7639774377234021,2.6876941910100336,2.392133511214793,2.6656152732703022,2.5553277641999754]
["EMULSÕES ASFÁLTICAS RL-1C","2024-07-01",3.2850664432823815,2.8439083669227392,2.8293459694048009,2.507762390912823,2.6328719858288792,2.6626157411146063]
["EMULSÕES ASFÁLTICAS RM-1C","2008-11-01",1.2440746756266305,0.83737125724693595,1.2302087565235102,1.0770216649742204,0.93029969398803902,0.99194697105575613]
["EMULSÕES ASFÁLTICAS RM-1C","2008-12-01",1.2757451960894022,0.88756640695071143,1.1972130708411794,1.0074814750540864,0.94581961125570146,0.99315543588644317]
["EMULSÕES ASFÁLTICAS RM-1C","2009-01-01",1.1692491401627692,0.93428388985236244,1.2055997645472507,0.9392693173620229,0.96282630756923537,1.0164850753236701]
["EMULSÕES ASFÁLTICAS RM-1C","2009-02-01",1.2185810448804506,0.91851765590709578,1.2456314268356794,0.99770133375213332,0.9497388182442883,1.0373901754860333]
["EMULSÕES ASFÁLTICAS RM-1C","2009-03-01",1.1627963120401728,0.9277118202078084,1.2102570091416185,0.9103957531099135,0.94034762056325694,1.0013663352842179]
["EMULSÕES ASFÁLTICAS RM-1C","2009-04-01",1.2711328476132235,0.87459951400745084,1.1978227296035973,0.92589123267579498,0.94190758478931191,0.98046008053262357]
["EMULSÕES ASFÁLTICAS RM-1C","2009-05-01",1.3753979956901705,0.86869089842699165,1.2313967657413556,0.88922972800331301,0.91997459936112735,0.9837775863242072]
["EMULSÕES ASFÁLTICAS RM-1C","2009-06-01",1.4422934168089547,0.88335770522804669,1.1986050068320748,0.87294991509975017,0.94398753174671501,0.96770110428401168]
["EMULSÕES ASFÁLTICAS RM-1C","2009-07-01",1.3991710608467058,0.85038391203860597,1.2397290640486094,0.98340286839061664,0.94138006025652521,0.94739118502226982]
["EMULSÕES ASFÁLTICAS RM-1C","2009-08-01",1.4135809115293387,0.84747785706760304,1.1265953153909967,0.89526325795762152,0.87568058619863809,0.91817900161395671]
["EMULSÕES ASFÁLTICAS RM-1C","2009-09-01",1.4715034676434675,0.83730006188485617,1.1732581770169879,0.87330593464086659,0.87515142553997183,0.90853638559109073]
["EMULSÕES ASFÁLTICAS RM-1C","2009-10-01",1.4403662767600971,0.84754292346029625,1.1898825896140159,0.88634172635386732,0.878008573618691,0.95039760947872098]
["EMULSÕES ASFÁLTICAS RM-1C","2009-11-01",1.4752813603562107,0.84055645592934836,1.1394213528453545,0.92195017553161274,0.86981725758585993,0.90203337414072537]
["EMULSÕES ASFÁLTICAS RM-1C","2009-12-01",1.1704376634999312,0.83864203028195738,1.0898878652110811,0.88652672790587239,0.89811291253426395,0.9265671573281139]
["EMULSÕES ASFÁLTICAS RM-1C","2010-01-01",1.1511888752211412,0.82339013886873635,1.1520021218137368,0.85553178721341006,0.86879759891354125,0.94813039075901606]
["EMULSÕES ASFÁLTICAS RM-1C","2010-02-01",1.3483415518824611,0.83630684544548306,1.1046151437657348,0.86912036553728034,0.85551358897807206,0.91978573476372016]
["EMULSÕES ASFÁLTICAS RM-1C","2010-03-01",1.1104721025658488,0.83199322443700308,1.1299371655437676,0.85050743807887752,0.85754784919594673,0.9137229974999298]
["EMULSÕES ASFÁLTICAS RM-1C","2010-04-01",1.0966126863441681,0.84044834611533503,1.1456176946905472,0.82265265382523323,0.86949607740950752,0.92735824552140889]
["EMULSÕES ASFÁLTICAS RM-1C","2010-05-01",1.0738392007894415,0.84954815538850414,1.0768264519534754,0.83109798137877589,0.81875251314607911,0.89980226668522512]
["EMULSÕES ASFÁLTICAS RM-1C","2010-06-01",1.1880163179803951,0.88348805291668808,1.0027454959827347,0.81660860565356852,0.83043972898024665,0.89271539860918281]
["EMULSÕES ASFÁLTICAS RM-1C","2010-07-01",1.214792852748114,0.85124598400050733,0.99520839597095156,1.0553408610172523,0.82131302795622796,0.92899880297332715]
["EMULSÕES ASFÁLTICAS RM-1C","2010-08-01",1.117648232917962,0.86775010589509294,1.040275194428149,0.83972803748384295,0.81359839643464227,0.87408684551949478]
["EMULSÕES ASFÁLTICAS RM-1C","2010-09-01",1.1190722773781085,0.84948488885167872,1.0652531903960194,0.79687197442419211,0.81479282245224505,0.86993555454404403]
["EMULSÕES ASFÁLTICAS RM-1C","2010-10-01",1.0159090696086417,0.8246800681987394,1.0316397489539009,0.95721208902352595,0.81430716097957001,0.89136019796629329]
["EMULSÕES ASFÁLTICAS RM-1C","2010-11-01",1.0878597151607545,0.80615534044900716,0.96710292728458214,0.96469666139976751,0.79958472508700773,0.87789754102628637]
["EMULSÕES ASFÁLTICAS RM-1C","2010-12-01",1.1506631971235517,0.81791017659960674,1.025397694948901,0.92341065245529308,0.83163011470656223,0.92206578790354088]
["EMULSÕES ASFÁLTICAS RM-1C","2011-01-01",1.1009037960795724,0.80535792796051042,1.074130929747648,0.86621481145842716,0.82742895359125457,0.90934624313128254]
["EMULSÕES ASFÁLTICAS RM-1C","2011-02-01",1.1893804375865216,0.80165347861447511,1.0819090155081026,0.8372027730086532,0.82581328441652213,0.90641993730568371]
["EMULSÕES ASFÁLTICAS RM-1C","2011-03-01",0.9799309268365094,0.80698824333826191,1.0228058474509325,0.99096270838989964,0.85468653979115516,0.90770122249176111]
["EMULSÕES ASFÁLTICAS RM-1C","2011-04-01",1.0216544633789779,0.80147597368795498,1.0355141002033987,0.91591943378753793,0.82446614171232036,0.89597489448547873]
["EMULSÕES ASFÁLTICAS RM-1C","2011-05-01",0.94107896478638187,0.80484471254569478,1.0191156004155506,0.96463839189391321,0.80120334982460006,0.86701741920643793]
["EMULSÕES ASFÁLTICAS RM-1C","2011-06-01",1.1103178831625042,0.79442537985310757,1.0331756140200801,0.97574190195274602,0.81325655368422678,0.90126143462723463]
["EMULSÕES ASFÁLTICAS RM-1C","2011-07-01",1.1201162286671553,0.79484422638329111,1.029953980446914,0.82885915461275028,0.81181453934896874,0.86091323102752237]
["EMULSÕES ASFÁLTICAS RM-1C","2011-08-01",1.0037899748800072,0.78157908151180266,1.0255700573440403,0.78388233676746089,0.82024004953760909,0.8343426858574996]
["EMULSÕES ASFÁLTICAS RM-1C","2011-09-01",0.91246930126353976,0.77596353481529012,1.026791585180751,0.75800776013137461,0.80537571233942606,0.8221870978683562]
["EMULSÕES ASFÁLTICAS RM-1C","2011-10-01",0.93742091604471833,0.77908928729115923,1.0558443433486642,0.74541231801684593,0.82193475035167485,0.8371499690094687]
["EMULSÕES ASFÁLTICAS RM-1C","2011-11-01",1.0056961423673156,0.78685274567164953,1.0500890812686077,0.76898537752309137,0.81639764301328765,0.8335211071780475]
["EMULSÕES ASFÁLTICAS RM-1C","2011-12-01",1.0321656286403107,0.78603018107453426,1.0557717877969099,0.74738072434082836,0.83097082648978149,0.8559323296368615]
["EMULSÕES ASFÁLTICAS RM-1C","2012-01-01",0.97718956895496834,0.78816376192361104,0.99055096257024666,0.83629194124627204,0.83567029634393342,0.8710153849825728]
["EMULSÕES ASFÁLTICAS RM-1C","2012-02-01",1.0056200337943373,0.78540672515515431,1.0436393927485568,0.90134453237467183,0.83223977207928035,0.8866582802145363]
["EMULSÕES ASFÁLTICAS RM-1C","2012-03-01",1.0465676978258955,0.79432799575872393,1.0294477815144547,0.89345190839583299,0.85218647044364004,0.878215503875036]
["EMULSÕES ASFÁLTICAS RM-1C","2012-04-01",1.1323340888376434,0.79383793537578506,1.0168887129992157,0.93013643344201302,0.86083166977686398,0.8918502267024131]
["EMULSÕES ASFÁLTICAS RM-1C","2012-05-01",1.3072376625512239,0.84637013159372632,1.0515696312684566,0.94645964547514339,0.84982788620084104,0.90412293346356587]
["EMULSÕES ASFÁLTICAS RM-1C","2012-06-01",1.2417558167207541,0.8397975462969427,1.0832595693578104,0.97754787835886603,0.86735899654228388,0.91915020546770265]
["EMULSÕES ASFÁLTICAS RM-1C","2012-07-01",1.2161289489092453,0.83493867821353485,1.0359146747118244,0.98582202201819646,0.87017300155207822,0.9200783822703249]
["EMULSÕES ASFÁLTICAS RM-1C","2012-08-01",1.2314005931034484,0.83935778892873858,1.0913175572674303,0.98793563356512926,0.86168719809992511,0.90920967288325949]
["EMULSÕES ASFÁLTICAS RM-1C","2012-09-01",0.84728706486191852,0.86318102775998085,1.060482788167584,0.90873533260834827,0.85439202185591467,0.87881156115243353]
["EMULSÕES ASFÁLTICAS RM-1C","2012-10-01",1.1832633836988431,0.88023826429980301,1.1000667754000857,0.96348602284317242,0.85032078464281946,0.91808221211157304]
["EMULSÕES ASFÁLTICAS RM-1C","2012-11-01",1.2091937268114132,0.88176344019212394,1.0960109303609533,0.9265937161941159,0.89230397873541945,0.93029045520229614]
["EMULSÕES ASFÁLTICAS RM-1C","2012-12-01",1.2200999999999997,0.85426092444060331,1.0558040570327178,0.92432547659660602,0.86409295466275982,0.94181012677620823]
["EMULSÕES ASFÁLTICAS RM-1C","2013-01-01",1.2284339326747162,0.87033193380989604,1.0887423500618352,1.053334332691509,0.89236908455807751,0.98126119521284116]
["EMULSÕES ASFÁLTICAS RM-1C","2013-02-01",1.2253841107352681,0.84867467032788479,1.1485429792311026,0.86964437804396477,0.89362647423683028,0.99942924583634152]
["EMULSÕES ASFÁLTICAS RM-1C","2013-03-01",1.2156765872873123,0.8494502078753271,1.1520893409978326,0.869632999161705,0.90750685694410671,0.99010968939959054]
["EMULSÕES ASFÁLTICAS RM-1C","2013-04-01",1.1986927540073484,0.84869761951604961,1.1693319655446488,0.87953942490553105,0.89016013521721771,0.98031303127467173]
["EMULSÕES ASFÁLTICAS RM-1C","2013-05-01",0.98938620657413212,0.86094833083901257,1.1444377843854776,0.88244038414607273,0.90423026642470827,0.95761708745943852]
["EMULSÕES ASFÁLTICAS RM-1C","2013-06-01",1.2174793086612636,0.86768896784428573,1.164136971088358,0.89372625910922276,0.90496241363478991,0.96615868448241948]
["EMULSÕES ASFÁLTICAS RM-1C","2013-07-01",1.1171583604310125,0.88426264089352791,1.1571427082421888,0.91663292644247196,0.94248917152269196,0.96138237357667244]
["EMULSÕES ASFÁLTICAS RM-1C","2013-08-01",1.2118713430306511,0.87054365052699401,1.1569895184202428,0.91867112505906579,0.91801887620495759,0.96375720995793401]
["EMULSÕES ASFÁLTICAS RM-1C","2013-09-01",1.202,0.90663111467864377,1.171295749180786,0.93298370704616451,0.90658975421904442,0.98569455387683791]
["EMULSÕES ASFÁLTICAS RM-1C","2013-10-01",1.2181492919878114,0.95006897728628836,1.1354721454815453,0.91839960772196483,0.89495813501768529,0.97929272525175515]
["EMULSÕES ASFÁLTICAS RM-1C","2013-11-01",1.1195558886944814,0.94802065957925663,1.1440306670461884,0.93026080733809891,0.91075605853383912,0.98575120139592476]
["EMULSÕES ASFÁLTICAS RM-1C","2013-12-01",1.2128139371554345,0.924216638581287,1.1896604811455453,0.91843757400422876,0.90599239644822016,1.0071186734164457]
["EMULSÕES ASFÁLTICAS RM-1C","2014-01-01",1.2067020436758733,0.94259640782181142,1.1412903035651072,0.92889875666732213,0.92234515003768069,1.0025032393494497]
["EMULSÕES ASFÁLTICAS RM-1C","2014-02-01",1.0579315772732258,0.92368605489971045,1.1429172288149934,0.93217781899228425,0.87922893799542923,0.96795597048398319]
["EMULSÕES ASFÁLTICAS RM-1C","2014-03-01",0.9997439288450648,0.93791855913735322,1.1657046266221616,0.92193538126391972,0.91895274771452173,0.97821862278597493]
["EMULSÕES ASFÁLTICAS RM-1C","2014-04-01",1.0310021510196676,0.94274368537637876,1.128477542203479,0.88914415488063392,0.91984325608798101,0.97323432777391894]
["EMULSÕES ASFÁLTICAS RM-1C","2014-05-01",1.1143157323548218,0.93449108802475611,1.1581051288412034,0.92385576145827886,0.90982706584962836,0.99508747499448846]
["EMULSÕES ASFÁLTICAS RM-1C","2014-06-01",1.0169746381699241,0.95563974707690769,1.1929335994173713,0.93609120504383891,0.9352096646059741,0.99275027025368912]
["EMULSÕES ASFÁLTICAS RM-1C","2014-07-01",0.88644807044706797,0.9483675122396592,1.0022731372522997,0.90942928363207809,0.91942553538204896,0.93980024814958585]
["EMULSÕES ASFÁLTICAS RM-1C","2014-08-01",1.2195540832485012,0.93945798005768544,1.0486856251470773,0.90207295975078772,0.92205139435985195,0.95508313764177033]
["EMULSÕES ASFÁLTICAS RM-1C","2014-09-01",1.170468620735081,0.93115061529545839,1.1577073614266999,0.91021734900408957,0.93515578457253623,0.96429925418195328]
["EMULSÕES ASFÁLTICAS RM-1C","2014-10-01",1.3542394211677606,0.93506156252423134,1.0563183132137126,0.86315841471376142,0.97135973935622555,0.9489259470168655]
["EMULSÕES ASFÁLTICAS RM-1C","2014-11-01",1.2293336289866013,0.96017017240788982,1.0970816325706858,0.92481923881065564,0.95140020348837206,0.97467027232499881]
["EMULSÕES ASFÁLTICAS RM-1C","2014-12-01",1.1319735098863155,1.0689854505157959,1.1058130844637208,0.8783799550814152,1.0118455786298257,1.0282630859181972]
["EMULSÕES ASFÁLTICAS RM-1C","2015-01-01",1.3663039621340931,1.3353018260124534,1.4089803100391451,1.0393082398893714,1.199734699349823,1.2703752728627753]
["EMULSÕES ASFÁLTICAS RM-1C","2015-02-01",1.6478061813855389,1.2955207990076321,1.3999763827123628,1.0165557140370221,1.1761570701637758,1.2526426904446903]
["EMULSÕES ASFÁLTICAS RM-1C","2015-03-01",1.5589427873762804,1.2605027625158327,1.4601410058534363,1.0875560601129803,1.1378319685617226,1.2525076139823397]
["EMULSÕES ASFÁLTICAS RM-1C","2015-04-01",1.3241754455136077,1.2771967615675162,1.4132283044708203,1.0923654477175413,1.2149305994750745,1.2624108976646942]
["EMULSÕES ASFÁLTICAS RM-1C","2015-05-01",1.5552132680022084,1.2785987089364168,1.4133167154701134,1.0234322514265173,1.1671401019813132,1.2669828619074477]
["EMULSÕES ASFÁLTICAS RM-1C","2015-06-01",1.5623747938184134,1.2522278641008713,1.4901750889259209,1.0220828389642531,1.1546196432832516,1.2854731199760379]
["EMULSÕES ASFÁLTICAS RM-1C","2015-07-01",1.4972154738651995,1.264458328077084,1.2560783739658024,1.0347053620116375,1.1810006773681725,1.2476002962438619]
["EMULSÕES ASFÁLTICAS RM-1C","2015-08-01",1.5477231585178022,1.3378228677958703,1.4831631620723167,1.0208515532316462,1.1421220969438861,1.298923017064793]
["EMULSÕES ASFÁLTICAS RM-1C","2015-09-01",1.5578782789954144,1.2801082484822721,1.3944477404254176,1.1208783545292689,1.0859062231588994,1.2553305044978029]
["EMULSÕES ASFÁLTICAS RM-1C","2015-10-01",1.662527932725268,1.2909606839048544,1.5455570567247257,1.0977588872173012,1.1332078077580878,1.3180389108792234]
["EMULSÕES ASFÁLTICAS RM-1C","2015-11-01",1.8338622435181615,1.5058168099363505,1.5859677649855599,1.3758140780678019,1.2458764281269585,1.4961979826208793]
["EMULSÕES ASFÁLTICAS RM-1C","2015-12-01",1.8777695619773731,1.4431751257945624,1.5835331875816046,1.2489359567552292,1.1891475882448894,1.4516128667788266]
["EMULSÕES ASFÁLTICAS RM-1C","2016-01-01",1.7409283222464698,1.4791194918534782,1.7134591762173246,1.2475936126613185,1.3203095498839823,1.4677294565828749]
["EMULSÕES ASFÁLTICAS RM-1C","2016-02-01",1.9385085667962687,1.5140419773488456,1.7216144482592244,1.2798829328634946,1.2929359483319467,1.5312358578416068]
["EMULSÕES ASFÁLTICAS RM-1C","2016-03-01",1.7843736950210707,1.512588694547701,1.7015461512301324,1.3431408401961054,1.3335937506472995,1.4925970905857922]
["EMULSÕES ASFÁLTICAS RM-1C","2016-04-01",1.80006117922675,1.6167340791734461,1.7867565217576311,1.3829176510506853,1.3426001867888202,1.541898976057938]
["EMULSÕES ASFÁLTICAS RM-1C","2016-05-01",1.755126411788573,1.7094488456586903,1.7928550321562347,1.4637279105207799,1.4273058337740265,1.60641896274598]
["EMULSÕES ASFÁLTICAS RM-1C","2016-06-01",1.8205085676551109,1.5173140759155508,1.7171148840770418,1.5115493939039371,1.3533683158821266,1.509405429616993]
["EMULSÕES ASFÁLTICAS RM-1C","2016-07-01",1.8189527171487472,1.470334662343511,1.7296839468592804,1.4939717954839484,1.4122387304201487,1.5083949722965055]
["EMULSÕES ASFÁLTICAS RM-1C","2016-08-01",1.9758494687440229,1.5302191190164971,1.7112679882593975,1.5107556680860244,1.4285483985026346,1.5632637808778107]
["EMULSÕES ASFÁLTICAS RM-1C","2016-09-01",1.6444586911442398,1.5032578217748696,1.5741901436708714,1.3311757407168434,1.278645770237917,1.4204560157760806]
["EMULSÕES ASFÁLTICAS RM-1C","2016-10-01",1.6558099254394296,1.4703067206074427,1.5116758776771082,1.3598163400259069,1.2495570878466304,1.4134255567498784]
["EMULSÕES ASFÁLTICAS RM-1C","2016-11-01",1.598621901157814,1.4510326702745142,1.7429948600369587,1.3373589897983582,1.3089074306257398,1.4475169464401583]
["EMULSÕES ASFÁLTICAS RM-1C","2016-12-01",1.7842162184362642,1.4330079691372393,1.7616727438377737,1.3329012360694386,1.2288198759824072,1.4582415504395472]
["EMULSÕES ASFÁLTICAS RM-1C","2017-01-01",1.6516441865129101,1.3225611786905576,1.8125244118606612,1.3026528046521966,1.2190395134316296,1.4117359143035897]
["EMULSÕES ASFÁLTICAS RM-1C","2017-02-01",1.6196794885446919,1.179923531817922,1.6970293396495046,1.3714264536859213,1.2548173172056125,1.3260330735952215]
["EMULSÕES ASFÁLTICAS RM-1C","2017-03-01",1.6939173962904914,1.2189000824215845,1.7763121341426584,1.3587478706392102,1.2153180161911408,1.3862117256511903]
["EMULSÕES ASFÁLTICAS RM-1C","2017-04-01",1.7124616299601394,1.2494399906972471,1.7872092215953399,1.2385920811579791,1.1621679500505928,1.385017912091866]
["EMULSÕES ASFÁLTICAS RM-1C","2017-05-01",1.7094804743222911,1.2070241369761581,1.6664202790934897,1.3427858774394266,1.1816139837011574,1.3750651962349436]
["EMULSÕES ASFÁLTICAS RM-1C","2017-06-01",1.6816326713947989,1.2528271545694243,1.8146677425405686,1.65509911689612,1.1163669943427763,1.362000046602247]
["EMULSÕES ASFÁLTICAS RM-1C","2017-07-01",1.6410656015280995,1.2432846598897036,1.6123913301049233,1.407942360062542,1.0758034116375832,1.2570175029594184]
["EMULSÕES ASFÁLTICAS RM-1C","2017-08-01",1.6761631933913737,1.2497292395764861,1.5136316681697921,1.4323507874999997,1.1387723095667803,1.2631308531775087]
["EMULSÕES ASFÁLTICAS RM-1C","2017-09-01",1.688621115778171,1.2370675026929987,1.7795554193356067,1.4087075520638774,1.135769276913716,1.2954755337066299]
["EMULSÕES ASFÁLTICAS RM-1C","2017-10-01",1.6789470045281121,1.2700495809202119,1.6104542960720822,1.5056643560085716,1.1050028607380595,1.3260411411446831]
["EMULSÕES ASFÁLTICAS RM-1C","2017-11-01",1.6910137283100632,1.318507677133079,1.6874571685149165,1.4590908597829075,1.0222031595779058,1.3548520408699223]
["EMULSÕES ASFÁLTICAS RM-1C","2017-12-01",1.7774686918862421,1.3419842252342902,1.6046481277473501,1.3931731327163808,1.1589382389750029,1.4325811635127581]
["EMULSÕES ASFÁLTICAS RM-1C","2018-01-01",1.8989063385577725,1.3783171042869371,1.5353010643394933,1.4613785948100002,1.1307527878855113,1.4571882655307402]
["EMULSÕES ASFÁLTICAS RM-1C","2018-02-01",1.7178404560988991,1.3067482196616174,1.5275124545702825,1.48708766193104,1.1391060725198281,1.3625410913531768]
["EMULSÕES ASFÁLTICAS RM-1C","2018-03-01",1.9343988253808084,1.3305726202127952,1.5455149828970745,1.4533731790739739,1.3771954222738567,1.4807028942560059]
["EMULSÕES ASFÁLTICAS RM-1C","2018-04-01",1.6871042184152896,1.3260416409905063,1.5353970997593038,1.4147212726915135,1.4862852011320513,1.4523387181508043]
["EMULSÕES ASFÁLTICAS RM-1C","2018-05-01",1.6918126626199632,1.450391579016262,1.5524364943131403,1.4594211711379927,1.2693003140377508,1.4601952243619425]
["EMULSÕES ASFÁLTICAS RM-1C","2018-06-01",1.8608319905785122,1.4646383854109559,1.7100193417166003,1.4296296397405321,1.6423499350833355,1.5962611306127075]
["EMULSÕES ASFÁLTICAS RM-1C","2018-07-01",1.8843249473951003,1.5753774895550132,1.6881124355605814,1.6164236326190835,1.6098421843306188,1.6409525559129283]
["EMULSÕES ASFÁLTICAS RM-1C","2018-08-01",1.7350076362052542,1.7074808071370779,1.8984421274126957,2.3351216704835869,1.7126626074026443,1.8653923204892395]
["EMULSÕES ASFÁLTICAS RM-1C","2018-09-01",2.2421754983821542,1.7385658792052334,1.9470503476821193,2.4023011806250696,1.8182721045566295,1.9929832017075235]
["EMULSÕES ASFÁLTICAS RM-1C","2018-10-01",2.6736504558721332,1.7939585005250016,1.7228296886782215,2.6811515289962546,1.8766269795765667,2.1360434865918747]
["EMULSÕES ASFÁLTICAS RM-1C","2018-11-01",3.1662958005636606,2.0049001032755851,2.0889110397241208,2.9804048795164602,1.9286064359376285,2.561817288699396]
["EMULSÕES ASFÁLTICAS RM-1C","2018-12-01",2.5235890087374853,1.8902582005571029,1.8778794960410339,2.7595711423649174,2.0028638773520973,2.1388882327528074]
["EMULSÕES ASFÁLTICAS RM-1C","2019-01-01",2.7000417112449608,2.0263812007721045,2.1401435726019571,2.3752739596170773,2.1046126948587403,2.2377215782525286]
["EMULSÕES ASFÁLTICAS RM-1C","2019-02-01",2.5733624764971501,2.1542414305680135,2.3266222765828877,2.2246261956885962,2.2402913233408142,2.2885883317330773]
["EMULSÕES ASFÁLTICAS RM-1C","2019-03-01",2.8039128535567817,2.1164654771507334,2.2966397089168376,2.3552267958130821,2.2269099649953943,2.3395193684561457]
["EMULSÕES ASFÁLTICAS RM-1C","2019-04-01",2.7538439997428235,2.0658516615049809,2.3667705242946089,2.3377453847810723,2.353345154889567,2.3333522488259275]
["EMULSÕES ASFÁLTICAS RM-1C","2019-05-01",2.7969122690888448,2.0706944561289027,2.3869999679722458,2.1514114061167944,2.2615761870261339,2.2930108152411943]
["EMULSÕES ASFÁLTICAS RM-1C","2019-06-01",2.8786715804206779,2.0150139348024609,2.4271920313692248,2.4445590406661033,2.2218819576401843,2.2990949752309149]
["EMULSÕES ASFÁLTICAS RM-1C","2019-07-01",2.6714989437684493,2.0765382613180163,2.4750797262471407,2.4072261088772917,2.2616874244421012,2.3371358884741809]
["EMULSÕES ASFÁLTICAS RM-1C","2019-08-01",2.6105183273124908,2.0178180587620402,2.4382153145880281,2.862795964312745,2.2316705899165901,2.3492405255405107]
["EMULSÕES ASFÁLTICAS RM-1C","2019-09-01",2.6169414750954818,2.0379581402271745,2.3889140219025826,2.8923801499953989,2.2615100605866463,2.3972090642093713]
["EMULSÕES ASFÁLTICAS RM-1C","2019-10-01",2.5795184776761699,1.9476248567562788,2.3166481776261767,3.0621034408231025,2.143885439242228,2.3382454204595176]
["EMULSÕES ASFÁLTICAS RM-1C","2019-11-01",2.7559181109736706,1.9595045753070652,2.1892937255071216,3.4006857775107808,2.1605882843526598,2.4762799914246103]
["EMULSÕES ASFÁLTICAS RM-1C","2019-12-01",2.5643978285879458,1.9826297196214957,2.2382257018169627,3.2700447978238021,2.1397160452083721,2.5283457387778498]
["EMULSÕES ASFÁLTICAS RM-1C","2020-01-01",2.4148274299845438,2.0941317018578753,2.2094822552485005,3.1719546686672624,2.1970384864997468,2.4254583600110244]
["EMULSÕES ASFÁLTICAS RM-1C","2020-02-01",2.492383953065676,1.8278887061654314,2.2506818284180961,2.7726498567096893,2.0965432526937491,2.192000924003727]
["EMULSÕES ASFÁLTICAS RM-1C","2020-03-01",2.6220254806379995,1.8600077105883774,2.0935512931815019,2.9644898953982293,2.1074885517773092,2.2851733688592399]
["EMULSÕES ASFÁLTICAS RM-1C","2020-04-01",2.7685419624096674,1.8383978988656022,2.0556880200649159,3.2110309400699588,2.0740192292004886,2.5598260144446194]
["EMULSÕES ASFÁLTICAS RM-1C","2020-05-01",2.5873227315798473,1.8324985356734531,2.0987700661687887,3.0280077796987976,2.262818894027419,2.3953100903291746]
["EMULSÕES ASFÁLTICAS RM-1C","2020-06-01",2.6653602997813737,1.827148860703113,2.1006188006560316,2.5744209548239638,1.994877755327545,2.1684036937577744]
["EMULSÕES ASFÁLTICAS RM-1C","2020-07-01",2.518747949134521,1.7447592093495172,2.1587461023122567,2.8737181068635738,1.9952807007260616,2.2026478039167801]
["EMULSÕES ASFÁLTICAS RM-1C","2020-08-01",2.4850709606845016,1.8043691707852343,2.1120853794063974,2.8153138965191924,2.078086265443837,2.2416182195989731]
["EMULSÕES ASFÁLTICAS RM-1C","2020-09-01",2.4387211421566795,1.8193145530364379,2.1249319616378082,3.150277193153745,2.0462239440688461,2.2986682876635061]
["EMULSÕES ASFÁLTICAS RM-1C","2020-10-01",2.4537260314192846,1.8931990864276063,2.0349097760900872,2.8966225637489713,2.0669731455560321,2.2249560539642759]
["EMULSÕES ASFÁLTICAS RM-1C","2020-11-01",2.6788735678640654,2.0282348868913092,2.1591436775428003,2.9492634684649812,2.1978360791324034,2.2971804531208218]
["EMULSÕES ASFÁLTICAS RM-1C","2020-12-01",2.5782098261565314,2.031621505422994,2.182355341060485,2.8198574550722637,2.2336993279057684,2.2530474852908866]
["EMULSÕES ASFÁLTICAS RM-1C","2021-01-01",2.6460557236152544,1.9772043132732453,2.2039075070457561,2.9169103005693482,2.3310170638219829,2.2639639514467942]
["EMULSÕES ASFÁLTICAS RM-1C","2021-02-01",2.7763632350908063,2.2314145150664366,2.3617696181759351,2.4934783763739907,2.0791072008120337,2.3330562750476069]
["EMULSÕES ASFÁLTICAS RM-1C","2021-03-01",2.7488581881121239,2.235616055189193,2.1610643416420219,2.8496555620010824,2.024870610598045,2.4319672912941215]
["EMULSÕES ASFÁLTICAS RM-1C","2021-04-01",2.7022177187715331,2.1545405267247157,2.3513964897280255,2.6040845155733323,2.1755969681687986,2.3554871614366903]
["EMULSÕES ASFÁLTICAS RM-1C","2021-05-01",2.7691541589985018,2.5542164010704012,2.6211269781238413,2.980714858806246,2.6535696066957,2.6652074322149648]
["EMULSÕES ASFÁLTICAS RM-1C","2021-06-01",2.8310897928610155,2.5766534197350079,2.4944611800774932,2.8136878898715612,2.785719333985933,2.6864717364832926]
["EMULSÕES ASFÁLTICAS RM-1C","2021-07-01",2.8192577986908383,2.5375287071369086,2.9232094227736738,3.0800879967300676,2.7666488233474591,2.7874428846374699]
["EMULSÕES ASFÁLTICAS RM-1C","2021-08-01",2.7901102225183978,2.7662159493828353,2.7345264303465724,3.2080260645661571,2.5996659750170985,2.89861943386278]
["EMULSÕES ASFÁLTICAS RM-1C","2021-09-01",3.0149762790055248,2.7097822189680998,3.0281167162675344,3.3832351041122846,2.7640196779512549,3.0442834418761717]
["EMULSÕES ASFÁLTICAS RM-1C","2021-10-01",3.0577732398294404,2.7416084647742265,2.7137322753938768,3.3095715435861974,2.924937996763278,3.0006139055606527]
["EMULSÕES ASFÁLTICAS RM-1C","2021-11-01",2.974116802697274,2.9188494352115475,2.5755678274899387,3.2562823109914105,2.8298921051848169,3.0145811183083739]
["EMULSÕES ASFÁLTICAS RM-1C","2021-12-01",3.1022162818722196,3.0353075421712803,3.2342096800184694,3.2563482037351443,2.9829561138478375,3.1480739165851901]
["EMULSÕES ASFÁLTICAS RM-1C","2022-01-01",3.5243332388407023,2.998015441976392,3.1117204931032187,3.1820726442157237,3.0274792927239824,3.1051654412349841]
["EMULSÕES ASFÁLTICAS RM-1C","2022-02-01",3.1470410345029936,3.1884414024906609,3.4177878797864931,3.3815293332855814,3.26762072349652,3.2970123716383584]
["EMULSÕES ASFÁLTICAS RM-1C","2022-03-01",3.2971135796024891,3.2349724220268903,3.3957945159661747,3.4089674000805394,3.3167783412684924,3.3431232328530331]
["EMULSÕES ASFÁLTICAS RM-1C","2022-04-01",3.232495087491511,3.202977451894681,3.632519496276315,3.4534832294951188,3.4964966247769187,3.3579776655172409]
["EMULSÕES ASFÁLTICAS RM-1C","2022-05-01",3.2677784139652237,3.3187918956782116,3.6409925444118771,3.4642361804008908,3.4431738629320621,3.4112118266302316]
["EMULSÕES ASFÁLTICAS RM-1C","2022-06-01",3.4891097789395684,3.2505582296130733,3.4968460600575511,3.4761861800015228,3.3328988742580674,3.3978575497327461]
["EMULSÕES ASFÁLTICAS RM-1C","2022-07-01",3.3716558738435118,3.4801715532604449,3.6378042606194452,3.4860360013792406,3.4087002781740363,3.4765934648092411]
["EMULSÕES ASFÁLTICAS RM-1C","2022-08-01",3.4159907069510269,3.3415832828988785,3.5642669701776648,3.4751693939673616,2.9704179487903599,3.3913389254258406]
["EMULSÕES ASFÁLTICAS RM-1C","2022-09-01",3.184089366559725,3.3026745944362652,3.5577997683482869,3.4978231406364664,2.8967105078839128,3.3585221292978207]
["EMULSÕES ASFÁLTICAS RM-1C","2022-10-01",3.1436407384363489,3.1510210859888717,2.8280262324316161,3.4874648149048855,3.0069169538308635,3.1537361082270832]
["EMULSÕES ASFÁLTICAS RM-1C","2022-11-01",3.014957998372247,3.0965618853550554,3.0093241312139623,3.3987008167439647,2.7949346515604963,3.0950125674184119]
["EMULSÕES ASFÁLTICAS RM-1C","2022-12-01",3.2973887615137634,3.3401545339691943,3.1573021480308916,3.31044459800267,2.9710173971439189,3.2478429828191677]
["EMULSÕES ASFÁLTICAS RM-1C","2023-01-01",3.4618784375205416,2.7712581713782143,3.3138610858985271,3.7794237778593534,2.6575248707510575,3.0829475190357107]
["EMULSÕES ASFÁLTICAS RM-1C","2023-02-01",3.051213300122356,2.876198402738698,3.0233817688703124,3.176460722460321,2.4314014709832472,2.9341423749155759]
["EMULSÕES ASFÁLTICAS RM-1C","2023-03-01",3.4308232290432468,2.7030070653166862,3.1772111793020454,3.1836061787825631,2.6188253744648504,2.9886116726739718]
["EMULSÕES ASFÁLTICAS RM-1C","2023-04-01",3.1746686978237602,2.5923755910240622,3.1717916579534098,3.0382346519787844,2.5593691590021042,2.7953761187031354]
["EMULSÕES ASFÁLTICAS RM-1C","2023-05-01",3.1638937469089345,2.7383579232745636,3.0077502908518396,2.9849140334861168,2.5990487339860908,2.8312145860335658]
["EMULSÕES ASFÁLTICAS RM-1C","2023-06-01",3.0911257811808448,2.5216644654372375,2.995133255565237,2.7342298649628272,2.580487162500896,2.6821373931849846]
["EMULSÕES ASFÁLTICAS RM-1C","2023-07-01",2.7902825923295453,2.6398198762102179,2.6615814785642544,2.8632474023022763,2.3590166043548857,2.6827134077601325]
["EMULSÕES ASFÁLTICAS RM-1C","2023-08-01",2.9437886281957626,2.6420421637817664,3.1345290640226628,2.7417938918461986,2.628139949833519,2.7013622959238752]
["EMULSÕES ASFÁLTICAS RM-1C","2023-09-01",3.0708926101694916,2.8668699207778898,3.1969746433431614,2.9282040884652174,2.7481440894269085,2.8847052069586612]
["EMULSÕES ASFÁLTICAS RM-1C","2023-10-01",3.1194481628965813,2.8792463064549141,3.0315695729235412,2.925786095207803,2.7558308714418787,2.8878107952646515]
["EMULSÕES ASFÁLTICAS RM-1C","2023-11-01",3.4732888441522864,3.0170359383323904,3.5236184152229479,2.6752653794452144,2.5290868128232891,2.9155708317108084]
["EMULSÕES ASFÁLTICAS RM-1C","2023-12-01",3.1393044859382204,3.2290611018631252,2.434868774517033,2.8330412234674656,2.6414087328461946,2.9388655721391577]
["EMULSÕES ASFÁLTICAS RM-1C","2024-01-01",3.1885069863408213,2.9262857380640588,3.0285282782589507,2.7086732346386495,2.6114630065547799,2.862475144835408]
["EMULSÕES ASFÁLTICAS RM-1C","2024-02-01",2.9511305704954842,2.7766891645412044,2.996795307836293,2.7674769367001169,2.6634504675419937,2.7900961256204351]
["EMULSÕES ASFÁLTICAS RM-1C","2024-03-01",3.1592422077570759,2.9290864819500544,3.0798212052989218,2.657677897844513,2.7625063737390443,2.8783513407274439]
["EMULSÕES ASFÁLTICAS RM-1C","2024-04-01",2.9583787506148549,2.8357869742019544,3.0954418919113929,2.6539026610674816,2.7610277700492052,2.8184672285686321]
["EMULSÕES ASFÁLTICAS RM-1C","2024-05-01",2.9773243672791438,2.8035492532735136,2.9198819501671882,2.7723471782596119,2.723919421286777,2.8141199648743864]
["EMULSÕES ASFÁLTICAS RM-1C","2024-06-01",2.9396719371727751,2.7875884870994474,2.6984849252491698,2.71251633694536,2.7939950416278445,2.7866457358200223]
["EMULSÕES ASFÁLTICAS RM-1C","2024-07-01",3.1712052795729133,2.8910904528592218,2.7554293019703682,2.826695341202734,2.841206876779276,2.8675549375004827]
["EMULSÕES ASFÁLTICAS RM-2C","2008-11-01","***","***","***","***","***","***"]
["EMULSÕES ASFÁLTICAS RM-2C","2008-12-01","***","***","***",0.81623000000000001,"***",0.81623000000000001]
["EMULSÕES ASFÁLTICAS RM-2C","2009-01-01",2.2606894197292067,"***","***",0.98309999999999986,"***",2.1628897703495786]
["EMULSÕES ASFÁLTICAS RM-2C","2009-02-01","***","***","***",2.7796333333333334,0.87446999999999986,2.16045525]
["EMULSÕES ASFÁLTICAS RM-2C","2009-03-01","***","***","***",0.83383232067510549,0.92679999999999996,0.89309269760326371]
["EMULSÕES ASFÁLTICAS RM-2C","2009-04-01","***","***","***",0.78739999999999999,"***",0.78739999999999999]
["EMULSÕES ASFÁLTICAS RM-2C","2009-05-01","***","***","***","***","***","***"]
["EMULSÕES ASFÁLTICAS RM-2C","2009-06-01","***","***","***",0.78454391640323151,0.87446999999999986,0.80125880183013998]
["EMULSÕES ASFÁLTICAS RM-2C","2009-07-01","***","***","***",0.88127797833935018,"***",0.88127797833935018]
["EMULSÕES ASFÁLTICAS RM-2C","2009-08-01","***","***","***",0.90200000000000002,"***",0.90200000000000002]
["EMULSÕES ASFÁLTICAS RM-2C","2009-09-01","***","***","***",0.90199999999999991,"***",0.90199999999999991]
["EMULSÕES ASFÁLTICAS RM-2C","2009-10-01","***","***","***",0.86578551310388374,1.0888,0.96305905643581968]
["EMULSÕES ASFÁLTICAS RM-2C","2009-11-01","***","***","***",0.90200000000000014,"***",0.90200000000000014]
["EMULSÕES ASFÁLTICAS RM-2C","2009-12-01","***","***","***",0.90200000000000002,"***",0.90200000000000002]
["EMULSÕES ASFÁLTICAS RM-2C","2010-01-01","***","***","***",0.86583953629588739,"***",0.86583953629588739]
["EMULSÕES ASFÁLTICAS RM-2C","2010-02-01","***","***","***",0.86248000000000002,"***",0.86248000000000002]
["EMULSÕES ASFÁLTICAS RM-2C","2010-03-01","***","***","***",0.86248000000000002,0.87176441348375699,0.87080383987326349]
["EMULSÕES ASFÁLTICAS RM-2C","2010-04-01","***","***","***",0.86088036577400384,0.87952101585595277,0.87408711728865207]
["EMULSÕES ASFÁLTICAS RM-2C","2010-05-01","***","***","***",0.85102999999999995,0.89494205151565343,0.8922133237533012]
["EMULSÕES ASFÁLTICAS RM-2C","2010-06-01","***","***","***",0.84967999999999999,0.89133205685796113,0.88963664394016484]
["EMULSÕES ASFÁLTICAS RM-2C","2010-07-01","***","***","***",0.8503431818181818,0.89546224502577443,0.88916656178750575]
["EMULSÕES ASFÁLTICAS RM-2C","2010-08-01","***","***","***",0.84782999999999997,0.89268361236710259,0.89050129105388598]
["EMULSÕES ASFÁLTICAS RM-2C","2010-09-01","***","***","***",0.79874639304973039,0.90085522871217449,0.88522828389344832]
["EMULSÕES ASFÁLTICAS RM-2C","2010-10-01","***","***","***",0.84733000000000003,0.86026621955983862,0.85962573338284465]
["EMULSÕES ASFÁLTICAS RM-2C","2010-11-01","***","***","***",0.84867000000000004,0.89062398734177217,0.88518601101749839]
["EMULSÕES ASFÁLTICAS RM-2C","2010-12-01","***","***","***",0.80433026126366303,0.78766000000000003,0.79996133577274153]
["EMULSÕES ASFÁLTICAS RM-2C","2011-01-01","***","***","***",0.77276500000000015,0.90049999999999997,0.85327818853974113]
["EMULSÕES ASFÁLTICAS RM-2C","2011-02-01","***","***","***",0.69686000000000003,0.89416398157873467,0.88218529255520983]
["EMULSÕES ASFÁLTICAS RM-2C","2011-03-01","***","***","***",0.68036495049504953,0.90166620472948489,0.87687926092866864]
["EMULSÕES ASFÁLTICAS RM-2C","2011-04-01","***","***","***",0.73064243727598566,0.90529588664913818,0.89586885775087743]
["EMULSÕES ASFÁLTICAS RM-2C","2011-05-01","***","***","***",0.71970285714285709,0.89892865232163077,0.88888401774138526]
["EMULSÕES ASFÁLTICAS RM-2C","2011-06-01","***","***","***",0.68755999999999995,0.89428349324358292,0.89171957632584231]
["EMULSÕES ASFÁLTICAS RM-2C","2011-07-01","***","***","***",0.69351913609467453,0.88057162363555808,0.84885084523530774]
["EMULSÕES ASFÁLTICAS RM-2C","2011-08-01","***","***","***",0.68755999999999995,0.80646522299306245,0.7990958258444375]
["EMULSÕES ASFÁLTICAS RM-2C","2011-09-01","***","***",1.17,0.72069564755838644,0.80807083488697273,0.83813055461724562]
["EMULSÕES ASFÁLTICAS RM-2C","2011-10-01","***","***","***",0.67960221630708884,0.73730212909766812,0.705756328125]
["EMULSÕES ASFÁLTICAS RM-2C","2011-11-01","***","***","***",0.68755999999999995,0.82348999999999994,0.81902321010474421]
["EMULSÕES ASFÁLTICAS RM-2C","2011-12-01","***","***","***",0.69324208241027907,0.85990123215356928,0.82438860932779456]
["EMULSÕES ASFÁLTICAS RM-2C","2012-01-01","***","***","***",0.72281758455756751,"***",0.72281758455756751]
["EMULSÕES ASFÁLTICAS RM-2C","2012-02-01","***","***","***",0.75697999999999999,0.87980719804514784,0.86052884638022376]
["EMULSÕES ASFÁLTICAS RM-2C","2012-03-01","***","***","***",0.73287936724068869,0.81946763385146815,0.79337726318329915]
["EMULSÕES ASFÁLTICAS RM-2C","2012-04-01","***","***","***",0.86426306569343059,0.81718040586080598,0.82173350906604314]
["EMULSÕES ASFÁLTICAS RM-2C","2012-05-01","***","***","***",0.80365069098949693,0.88907584208532775,0.8840666330632091]
["EMULSÕES ASFÁLTICAS RM-2C","2012-06-01","***","***","***",0.80007238158772509,0.95421,0.92449839580788262]
["EMULSÕES ASFÁLTICAS RM-2C","2012-07-01","***","***","***",0.80957268047006159,0.94296246753246749,0.93163159575985166]
["EMULSÕES ASFÁLTICAS RM-2C","2012-08-01","***","***","***",0.73655511218403857,0.95421,0.91372596090861058]
["EMULSÕES ASFÁLTICAS RM-2C","2012-09-01","***","***","***",0.95795076411960123,0.95421,0.95693631961259074]
["EMULSÕES ASFÁLTICAS RM-2C","2012-10-01","***","***","***",0.75697999999999999,0.87016175615664104,0.84253117790662191]
["EMULSÕES ASFÁLTICAS RM-2C","2012-11-01","***","***","***",0.73406229235880405,1.2217702777777777,0.99723662282043435]
["EMULSÕES ASFÁLTICAS RM-2C","2012-12-01","***","***","***",1.1447799999999999,0.95421,1.0544950688500188]
["EMULSÕES ASFÁLTICAS RM-2C","2013-01-01","***","***","***",0.86675557594291541,"***",0.86675557594291541]
["EMULSÕES ASFÁLTICAS RM-2C","2013-02-01","***","***","***",0.73373337850045162,"***",0.73373337850045162]
["EMULSÕES ASFÁLTICAS RM-2C","2013-03-01","***","***","***",0.84782582852431987,1.0893564646464646,0.94789018670529535]
["EMULSÕES ASFÁLTICAS RM-2C","2013-04-01",1.180746551724138,"***","***",0.7365739316239317,0.95421,0.99569431275393916]
["EMULSÕES ASFÁLTICAS RM-2C","2013-05-01","***","***","***",0.84741921170395873,0.95421,0.87163687250465804]
["EMULSÕES ASFÁLTICAS RM-2C","2013-06-01","***","***","***",0.83011795416433765,1.0434753323069026,0.97634618185015831]
["EMULSÕES ASFÁLTICAS RM-2C","2013-07-01","***","***","***",0.84782000000000002,0.84870000000000001,0.84839901667379225]
["EMULSÕES ASFÁLTICAS RM-2C","2013-08-01","***","***","***",0.78820795259501431,0.84870000000000001,0.80274407326917097]
["EMULSÕES ASFÁLTICAS RM-2C","2013-09-01","***","***","***",0.81859163934426238,0.84870000000000001,0.82905711229946522]
["EMULSÕES ASFÁLTICAS RM-2C","2013-10-01","***","***","***",0.74507999999999996,1.0206354838709677,0.8827113774787535]
["EMULSÕES ASFÁLTICAS RM-2C","2013-11-01","***","***","***",0.85117999999999994,0.84870000000000001,0.84983924376508446]
["EMULSÕES ASFÁLTICAS RM-2C","2013-12-01","***","***","***",0.78148743207245597,"***",0.78148743207245597]
["EMULSÕES ASFÁLTICAS RM-2C","2014-01-01","***","***","***","***","***","***"]
["EMULSÕES ASFÁLTICAS RM-2C","2014-02-01","***","***","***",0.78061205889755858,1.034606477577616,0.88129140230932856]
["EMULSÕES ASFÁLTICAS RM-2C","2014-03-01","***","***","***",0.87640787937743192,0.87805,0.877276351970669]
["EMULSÕES ASFÁLTICAS RM-2C","2014-04-01","***","***","***",0.78109045442941027,"***",0.78109045442941027]
["EMULSÕES ASFÁLTICAS RM-2C","2014-05-01","***","***","***","***","***","***"]
["EMULSÕES ASFÁLTICAS RM-2C","2014-06-01","***","***","***",0.77893150972762648,1.7374499999999999,1.020652952473327]
["EMULSÕES ASFÁLTICAS RM-2C","2014-07-01","***","***","***",0.84741000000000011,"***",0.84741000000000011]
["EMULSÕES ASFÁLTICAS RM-2C","2014-08-01","***","***","***",0.77939521511017829,"***",0.77939521511017829]
["EMULSÕES ASFÁLTICAS RM-2C","2014-09-01","***","***","***",0.7797662606671838,"***",0.7797662606671838]
["EMULSÕES ASFÁLTICAS RM-2C","2014-10-01","***","***","***",0.78453000000000006,"***",0.78453000000000006]
["EMULSÕES ASFÁLTICAS RM-2C","2014-11-01","***","***","***",0.77605862540192916,1.2828398550724636,0.99151090418977195]
["EMULSÕES ASFÁLTICAS RM-2C","2014-12-01","***","***","***","***","***","***"]
["EMULSÕES ASFÁLTICAS RM-2C","2015-01-01","***","***","***",1.0311776923076921,"***",1.0311776923076921]
["EMULSÕES ASFÁLTICAS RM-2C","2015-02-01","***","***","***",1.0527899999999999,"***",1.0527899999999999]
["EMULSÕES ASFÁLTICAS RM-2C","2015-03-01","***","***","***",1.0360962363296877,1.4190801779581641,1.2776910300344655]
["EMULSÕES ASFÁLTICAS RM-2C","2015-04-01","***","***","***","***","***","***"]
["EMULSÕES ASFÁLTICAS RM-2C","2015-05-01","***","***","***",1.0251139168017287,1.0545199999999999,1.0331074665617623]
["EMULSÕES ASFÁLTICAS RM-2C","2015-06-01","***","***","***",1.0247651411827383,1.3727157652303119,1.1700774402730376]
["EMULSÕES ASFÁLTICAS RM-2C","2015-07-01","***","***","***",1.0738971703373292,"***",1.0738971703373292]
["EMULSÕES ASFÁLTICAS RM-2C","2015-08-01","***","***","***",0.99763999999999997,1.1069582280781463,1.0646434586466167]
["EMULSÕES ASFÁLTICAS RM-2C","2015-09-01","***","***","***",1.0611699999999999,"***",1.0611699999999999]
["EMULSÕES ASFÁLTICAS RM-2C","2015-10-01","***","***",1.5336155142103722,"***","***",1.5336155142103722]
["EMULSÕES ASFÁLTICAS RM-2C","2015-11-01","***","***","***",1.1672899999999999,1.0545199999999999,1.096018125854993]
["EMULSÕES ASFÁLTICAS RM-2C","2015-12-01","***","***","***",1.1303399999999999,1.0850515496894411,1.0873226519174042]
["EMULSÕES ASFÁLTICAS RM-2C","2016-01-01",1.7201859210526316,"***","***",1.1303399999999999,1.47948935828877,1.4760628488971346]
["EMULSÕES ASFÁLTICAS RM-2C","2016-02-01","***","***","***",1.2200580092685873,1.4104300000000003,1.3674740468288247]
["EMULSÕES ASFÁLTICAS RM-2C","2016-03-01","***","***","***",1.1303399999999999,1.4104300000000001,1.3851720154805744]
["EMULSÕES ASFÁLTICAS RM-2C","2016-04-01","***","***","***",1.2781918642117378,1.5021424562261132,1.4721766290707521]
["EMULSÕES ASFÁLTICAS RM-2C","2016-05-01","***","***","***",1.2615400000000001,1.4104300000000001,1.4065002078521944]
["EMULSÕES ASFÁLTICAS RM-2C","2016-06-01","***","***","***",1.2765921996958949,1.4104299999999999,1.3900249323854417]
["EMULSÕES ASFÁLTICAS RM-2C","2016-07-01","***","***","***",1.2615400000000001,1.51536,1.4904298588090854]
["EMULSÕES ASFÁLTICAS RM-2C","2016-08-01",2.1663000000000001,"***","***",1.2761982030620469,1.5153599999999998,1.4774914438113191]
["EMULSÕES ASFÁLTICAS RM-2C","2016-09-01","***","***","***",1.6482326859045504,1.35608,1.4511773880057803]
["EMULSÕES ASFÁLTICAS RM-2C","2016-10-01","***","***","***",1.2810264509929534,"***",1.2810264509929534]
["EMULSÕES ASFÁLTICAS RM-2C","2016-11-01","***","***","***",1.2787535449583456,"***",1.2787535449583456]
["EMULSÕES ASFÁLTICAS RM-2C","2016-12-01","***","***","***",1.2615400000000001,1.35608,1.3489690560361038]
["EMULSÕES ASFÁLTICAS RM-2C","2017-01-01","***","***",1.75,1.2615400000000001,1.3397561215969895,1.3989072998718148]
["EMULSÕES ASFÁLTICAS RM-2C","2017-02-01","***","***","***",1.2791579153094463,1.33324,1.3247840794499617]
["EMULSÕES ASFÁLTICAS RM-2C","2017-03-01","***","***","***",1.2615400000000001,1.3332399999999998,1.3304645608941792]
["EMULSÕES ASFÁLTICAS RM-2C","2017-04-01","***","***","***",1.83,1.33324,1.39778917416355]
["EMULSÕES ASFÁLTICAS RM-2C","2017-05-01","***","***","***","***","***","***"]
["EMULSÕES ASFÁLTICAS RM-2C","2017-06-01","***","***",1.7129325058184639,1.2615400000000001,1.33324,1.4462352903798537]
["EMULSÕES ASFÁLTICAS RM-2C","2017-07-01","***","***",1.74051,1.2788003330486766,1.33324,1.3498259420551471]
["EMULSÕES ASFÁLTICAS RM-2C","2017-08-01","***","***","***",1.25719,1.33324,1.3148947107176732]
["EMULSÕES ASFÁLTICAS RM-2C","2017-09-01","***","***","***",1.2739290592575514,"***",1.2739290592575514]
["EMULSÕES ASFÁLTICAS RM-2C","2017-10-01","***","***","***",1.85215,"***",1.85215]
["EMULSÕES ASFÁLTICAS RM-2C","2017-11-01","***","***","***",1.2741456094182826,"***",1.2741456094182826]
["EMULSÕES ASFÁLTICAS RM-2C","2017-12-01",1.89551,"***",1.85331,1.5030796904247661,"***",1.8174043998965339]
["EMULSÕES ASFÁLTICAS RM-2C","2018-01-01",1.7751600000000001,"***","***",1.34555,1.3169,1.4745409932533733]
["EMULSÕES ASFÁLTICAS RM-2C","2018-02-01",1.89551,"***","***","***",1.4080999999999999,1.7562324697885197]
["EMULSÕES ASFÁLTICAS RM-2C","2018-03-01","***","***","***",1.3362911730945823,"***",1.3362911730945823]
["EMULSÕES ASFÁLTICAS RM-2C","2018-04-01","***","***","***",1.5862699999999998,"***",1.5862699999999998]
["EMULSÕES ASFÁLTICAS RM-2C","2018-05-01","***","***","***",1.7371415080789947,"***",1.7371415080789947]
["EMULSÕES ASFÁLTICAS RM-2C","2018-06-01","***","***","***","***",1.539734398782344,1.539734398782344]
["EMULSÕES ASFÁLTICAS RM-2C","2018-07-01","***","***","***",1.6635781402995984,"***",1.6635781402995984]
["EMULSÕES ASFÁLTICAS RM-2C","2018-08-01","***","***","***",1.852903392797038,"***",1.852903392797038]
["EMULSÕES ASFÁLTICAS RM-2C","2018-09-01","***","***","***","***","***","***"]
["EMULSÕES ASFÁLTICAS RM-2C","2018-10-01","***","***","***",1.7539369363636361,"***",1.7539369363636361]
["EMULSÕES ASFÁLTICAS RM-2C","2018-11-01",2.4884173611111113,"***","***",2.0099991304347822,"***",2.2204463182011032]
["EMULSÕES ASFÁLTICAS RM-2C","2018-12-01","***","***","***",2.3347536363636365,"***",2.3347536363636365]
["EMULSÕES ASFÁLTICAS RM-2C","2019-01-01","***","***","***",1.9040731233980224,"***",1.9040731233980224]
["EMULSÕES ASFÁLTICAS RM-2C","2019-02-01","***","***","***",2.0479867856626677,2.0344199999999999,2.0445307916846187]
["EMULSÕES ASFÁLTICAS RM-2C","2019-03-01",2.4885000000000002,"***","***",2.0938163753840593,2.2371300000000001,2.1625158023277997]
["EMULSÕES ASFÁLTICAS RM-2C","2019-04-01","***","***","***",2.1404994552699086,"***",2.1404994552699086]
["EMULSÕES ASFÁLTICAS RM-2C","2019-05-01","***","***","***",2.2083526107833724,"***",2.2083526107833724]
["EMULSÕES ASFÁLTICAS RM-2C","2019-06-01","***","***",2.2194600000000002,2.1846171338506304,2.2359100000000001,2.2065998740206831]
["EMULSÕES ASFÁLTICAS RM-2C","2019-07-01",2.4278228741623229,"***",2.2601357977922731,2.1467014506569195,1.9846607600611843,2.1183690459860025]
["EMULSÕES ASFÁLTICAS RM-2C","2019-08-01","***","***",2.04508,2.0812290883977904,1.9814039915933681,2.0364289013503494]
["EMULSÕES ASFÁLTICAS RM-2C","2019-09-01",2.27074,"***",2.0441685030130032,2.0449253815209341,1.8882677329082536,2.0237561115303495]
["EMULSÕES ASFÁLTICAS RM-2C","2019-10-01","***","***","***",2.041132055075022,1.8625542357614013,1.9817843114746372]
["EMULSÕES ASFÁLTICAS RM-2C","2019-11-01","***","***","***",2.0620786876235795,2.0069656914336971,2.0519864068659657]
["EMULSÕES ASFÁLTICAS RM-2C","2019-12-01",3.0960299999999998,"***","***",2.089128662939669,"***",2.1339495548631202]
["EMULSÕES ASFÁLTICAS RM-2C","2020-01-01","***","***","***",2.0250500796627726,2.2354652647657844,2.050942465461608]
["EMULSÕES ASFÁLTICAS RM-2C","2020-02-01","***","***","***",2.0300026031641707,2.0173492697319895,2.0279740196310314]
["EMULSÕES ASFÁLTICAS RM-2C","2020-03-01","***","***","***",1.8831589703215956,1.9955400000000001,1.9043207273431448]
["EMULSÕES ASFÁLTICAS RM-2C","2020-04-01","***","***","***",1.976670957999056,"***",1.976670957999056]
["EMULSÕES ASFÁLTICAS RM-2C","2020-05-01","***","***",2.0392306379383185,1.889174935653378,"***",1.9086289598795021]
["EMULSÕES ASFÁLTICAS RM-2C","2020-06-01",2.3037100000000001,"***",2.1768847627478753,1.9161755817578869,2.0230999999999999,1.9743465895696657]
["EMULSÕES ASFÁLTICAS RM-2C","2020-07-01","***","***","***",1.8634123367076403,1.9038057696447792,1.8674792597810772]
["EMULSÕES ASFÁLTICAS RM-2C","2020-08-01",2.3373835435435435,"***",2.079376712856043,2.0678055228080576,2.0712253386911597,2.1090912187890516]
["EMULSÕES ASFÁLTICAS RM-2C","2020-09-01","***","***",2.0991599999999999,2.0699460873239435,2.0890017273869343,2.0764613728637107]
["EMULSÕES ASFÁLTICAS RM-2C","2020-10-01","***","***",2.07348,1.963273223600325,1.8769496597760551,1.9569137212080234]
["EMULSÕES ASFÁLTICAS RM-2C","2020-11-01","***","***","***",2.0825105919481408,2.2443300000000002,2.0884963548996525]
["EMULSÕES ASFÁLTICAS RM-2C","2020-12-01","***","***","***",2.053273987068966,2.2418999999999998,2.1249334505268567]
["EMULSÕES ASFÁLTICAS RM-2C","2021-01-01","***","***","***",2.173017607085566,"***",2.173017607085566]
["EMULSÕES ASFÁLTICAS RM-2C","2021-02-01","***","***","***",2.3661116726336542,2.3188606578947368,2.3583793126535006]
["EMULSÕES ASFÁLTICAS RM-2C","2021-03-01","***","***","***",2.1841277339953518,2.2720600000000002,2.2140634260033445]
["EMULSÕES ASFÁLTICAS RM-2C","2021-04-01","***","***",2.3127200000000001,2.3151433515938091,2.2974584414414418,2.3109319673268089]
["EMULSÕES ASFÁLTICAS RM-2C","2021-05-01",2.6420820915032679,"***","***",2.7463130203442883,2.8340193553907582,2.7665031669639673]
["EMULSÕES ASFÁLTICAS RM-2C","2021-06-01","***","***",3.08643,2.66330323417389,2.79888,2.726376872471016]
["EMULSÕES ASFÁLTICAS RM-2C","2021-07-01","***","***",2.66974,2.8325034320731017,2.7988799999999996,2.817826042674731]
["EMULSÕES ASFÁLTICAS RM-2C","2021-08-01",2.8018100000000006,"***","***",2.8098894412955469,3.0114999999999994,2.8660102921145945]
["EMULSÕES ASFÁLTICAS RM-2C","2021-09-01",2.8018100000000001,"***","***",2.7629216075500795,3.0114999999999998,2.809700869876596]
["EMULSÕES ASFÁLTICAS RM-2C","2021-10-01","***","***","***",2.9013425036622817,3.013799405898578,2.9305265958735531]
["EMULSÕES ASFÁLTICAS RM-2C","2021-11-01","***","***","***",2.968186864247349,3.2958099999999999,3.0598907242753648]
["EMULSÕES ASFÁLTICAS RM-2C","2021-12-01","***","***","***",2.9297020456037726,"***",2.9297020456037726]
["EMULSÕES ASFÁLTICAS RM-2C","2022-01-01","***","***","***",2.9418923573285118,"***",2.9418923573285118]
["EMULSÕES ASFÁLTICAS RM-2C","2022-02-01","***","***","***",3.2677440005793743,"***",3.2677440005793743]
["EMULSÕES ASFÁLTICAS RM-2C","2022-03-01","***","***","***",3.2588862701712031,3.3854099999999998,3.2724400395130715]
["EMULSÕES ASFÁLTICAS RM-2C","2022-04-01","***","***","***",3.1581276415874329,3.5534699999999999,3.2061860544711753]
["EMULSÕES ASFÁLTICAS RM-2C","2022-05-01","***","***",2.5024299999999995,2.9024472487426944,3.3803800000000002,2.9275990465018373]
["EMULSÕES ASFÁLTICAS RM-2C","2022-06-01","***",4.0773900000000003,"***",3.2962321148313891,3.06863882106523,3.3023931674145479]
["EMULSÕES ASFÁLTICAS RM-2C","2022-07-01","***",3.5488900000000001,"***",3.0599675166643814,3.3441617079397497,3.1176123041656063]
["EMULSÕES ASFÁLTICAS RM-2C","2022-08-01","***","***","***",2.9758307996768978,3.3727203931775387,3.0578465948778981]
["EMULSÕES ASFÁLTICAS RM-2C","2022-09-01","***","***","***",3.1134794783929873,3.1156962228870606,3.1140073005498534]
["EMULSÕES ASFÁLTICAS RM-2C","2022-10-01","***","***","***",2.7010293290058236,3.1239817547568709,2.7462667888418366]
["EMULSÕES ASFÁLTICAS RM-2C","2022-11-01","***","***","***",2.5237768386118735,3.2123521509038513,2.5737149353042881]
["EMULSÕES ASFÁLTICAS RM-2C","2022-12-01","***","***","***",2.8252559438514404,2.9974288261485529,2.8586720099772176]
["EMULSÕES ASFÁLTICAS RM-2C","2023-01-01","***","***","***",2.74376295189021,3.1450716453115897,2.8035890449316252]
["EMULSÕES ASFÁLTICAS RM-2C","2023-02-01","***","***","***",2.6143701762798637,3.0775905263157894,2.6694239120955134]
["EMULSÕES ASFÁLTICAS RM-2C","2023-03-01","***","***","***",2.5022396022941233,2.8682239015079216,2.5504613150746951]
["EMULSÕES ASFÁLTICAS RM-2C","2023-04-01","***","***","***",2.4362702733416932,3.0515349015628166,2.5787471291800821]
["EMULSÕES ASFÁLTICAS RM-2C","2023-05-01","***","***",2.8923800000000006,2.4992644404518303,2.821459962357217,2.5489527159476695]
["EMULSÕES ASFÁLTICAS RM-2C","2023-06-01","***","***","***",2.3311881471990885,2.7648241118110239,2.3752131587951264]
["EMULSÕES ASFÁLTICAS RM-2C","2023-07-01","***","***","***",2.3018254205284663,2.8190166452016814,2.373513452302733]
["EMULSÕES ASFÁLTICAS RM-2C","2023-08-01","***","***",2.8209547234466084,2.3632790229047043,2.8625893189326557,2.4495314472114718]
["EMULSÕES ASFÁLTICAS RM-2C","2023-09-01","***","***",2.97226159782775,2.2891858218397854,3.0964656884970609,2.5359313764450455]
["EMULSÕES ASFÁLTICAS RM-2C","2023-10-01","***","***",3.038443263473054,2.4628081853081794,3.0611318553974054,2.6231187684459201]
["EMULSÕES ASFÁLTICAS RM-2C","2023-11-01","***","***",2.9347046453421957,2.5630156713839876,3.0789979773837062,2.6867156472684086]
["EMULSÕES ASFÁLTICAS RM-2C","2023-12-01","***","***",2.9526400000000002,2.4543046708677263,3.1667030066700872,2.5604252259976978]
["EMULSÕES ASFÁLTICAS RM-2C","2024-01-01","***","***",2.9216881339712919,2.4740384374533178,2.8512851035474585,2.5890055940311143]
["EMULSÕES ASFÁLTICAS RM-2C","2024-02-01","***","***",2.9771365768958189,2.4500414637449217,2.8957249242858314,2.6172577101662253]
["EMULSÕES ASFÁLTICAS RM-2C","2024-03-01","***","***","***",2.5339744866420069,2.9396387472779368,2.641051197398276]
["EMULSÕES ASFÁLTICAS RM-2C","2024-04-01","***","***",3.0269849839021248,2.5834829054164619,3.0045496165655132,2.7585414241366863]
["EMULSÕES ASFÁLTICAS RM-2C","2024-05-01","***","***",2.7106382839879153,2.4262249319286875,3.2989512584850766,2.6343504638475173]
["EMULSÕES ASFÁLTICAS RM-2C","2024-06-01","***","***",2.9251103362831858,2.5472848883715775,2.99918048902027,2.6621179630684129]
["EMULSÕES ASFÁLTICAS RM-2C","2024-07-01","***","***",2.9705251763606637,2.2303282786223648,3.2281432715321086,2.4370109606649271]
["EMULSÕES ASFÁLTICAS RR-1C","2008-11-01",1.1461917356273603,0.76840882469946381,1.1902450275502543,0.7778823116463196,0.96363937818157874,0.87853752784031081]
["EMULSÕES ASFÁLTICAS RR-1C","2008-12-01",1.0878486891778525,0.73657215135920806,1.1006574901312769,0.77156247219702023,0.87145006508213996,0.82980044701261835]
["EMULSÕES ASFÁLTICAS RR-1C","2009-01-01",1.4034966625369292,0.72020427361191741,0.95774023204108694,0.75841980527112618,0.83002997715983085,0.80427657038374878]
["EMULSÕES ASFÁLTICAS RR-1C","2009-02-01",1.4359120354384372,0.68655456748312094,1.131643366292135,0.84852009478080015,0.87289126655931915,0.84732102018859479]
["EMULSÕES ASFÁLTICAS RR-1C","2009-03-01",1.4614782122905028,0.71251216862540401,0.94048919534113751,0.74174829128648023,0.80402576786803126,0.76522063010042796]
["EMULSÕES ASFÁLTICAS RR-1C","2009-04-01",1.0026778309409889,0.73566945001519291,0.94100066754694844,0.72825697462072003,0.77543401692072,0.75614292051381449]
["EMULSÕES ASFÁLTICAS RR-1C","2009-05-01",0.9258534082923402,0.66686899395365151,1.008376143699337,0.7232158740500817,0.75008824754988968,0.75110664391143311]
["EMULSÕES ASFÁLTICAS RR-1C","2009-06-01",1.288659655540314,0.68408237453155074,0.9615357005519779,0.70466996717438202,0.7599146830048078,0.74756833614172002]
["EMULSÕES ASFÁLTICAS RR-1C","2009-07-01",1.1899667152450351,0.70222483922829593,1.0138471476359188,0.75443918170970103,0.79231470073505761,0.79214408199315067]
["EMULSÕES ASFÁLTICAS RR-1C","2009-08-01",1.4389065877712031,0.66411167834009688,0.93393813006167259,0.71303873103907256,0.74217619415270653,0.7338924542120091]
["EMULSÕES ASFÁLTICAS RR-1C","2009-09-01",1.0916213364827796,0.66557623301633762,0.92875823065301344,0.70347543727638895,0.74483946902021037,0.7326713107389643]
["EMULSÕES ASFÁLTICAS RR-1C","2009-10-01",1.1404012305762665,0.70039868236217373,1.1091528578746048,0.72383264898662159,0.73738518100242489,0.80285151115357589]
["EMULSÕES ASFÁLTICAS RR-1C","2009-11-01",1.2463634436629063,0.67965431022329215,1.2438647360305846,0.71455517964143556,0.73792220370124884,0.84981882339756176]
["EMULSÕES ASFÁLTICAS RR-1C","2009-12-01",1.2760502963504472,0.69744376668140662,1.2723439844509536,0.71250756915776103,0.84294741330219192,0.90820556065685087]
["EMULSÕES ASFÁLTICAS RR-1C","2010-01-01",1.3433965234708392,0.70475578555994312,1.1475356495994009,0.70002314847421576,0.77798587917948292,0.85108300519398661]
["EMULSÕES ASFÁLTICAS RR-1C","2010-02-01",1.3348048786366813,0.70811186342433274,1.0443329563315313,0.72600781329039255,0.81888443426889124,0.8124765701609068]
["EMULSÕES ASFÁLTICAS RR-1C","2010-03-01",1.1319444820124427,0.70450051010396098,1.0151834900424868,0.71905738461489177,0.8405899068333752,0.81854143350396147]
["EMULSÕES ASFÁLTICAS RR-1C","2010-04-01",1.1922205427918848,0.69633074404481943,0.94064266698797283,0.67955016016369152,0.77876597940302328,0.77501590196018022]
["EMULSÕES ASFÁLTICAS RR-1C","2010-05-01",1.1094985390428209,0.67789978697556463,0.9213891067952148,0.69463337954137805,0.72455063995092694,0.7733747663256777]
["EMULSÕES ASFÁLTICAS RR-1C","2010-06-01",0.9605351270794481,0.65763544109978522,0.85631709185724225,0.69573953378550568,0.73547211465017004,0.73596460076617864]
["EMULSÕES ASFÁLTICAS RR-1C","2010-07-01",1.0180140284724981,0.6662606947742995,0.98102916177579313,0.69587501560414711,0.71557560825399125,0.78585278107075562]
["EMULSÕES ASFÁLTICAS RR-1C","2010-08-01",0.96337623538653849,0.690964006192061,1.0127331491951732,0.67358103119080992,0.70497480969676263,0.7677892897060915]
["EMULSÕES ASFÁLTICAS RR-1C","2010-09-01",1.061102170844892,0.68107986076745675,0.95674222554917943,0.6769406133999758,0.7306262386801573,0.77559871242907885]
["EMULSÕES ASFÁLTICAS RR-1C","2010-10-01",1.0517857002517204,0.69074038815290806,0.89697939396390414,0.66510519671667911,0.72203077400666371,0.75945335932143743]
["EMULSÕES ASFÁLTICAS RR-1C","2010-11-01",1.0602593711260091,0.6923635384922171,0.98779058025444155,0.67310419135437716,0.76062382649235938,0.7750137607100962]
["EMULSÕES ASFÁLTICAS RR-1C","2010-12-01",1.0048663175412613,0.70235529542176978,0.94952568194505937,0.68956380277557627,0.77407559725964736,0.77572166936620379]
["EMULSÕES ASFÁLTICAS RR-1C","2011-01-01",0.82966495056237044,0.72102432001269889,0.85330135540194907,0.6757526144324123,0.71408287727647834,0.71207753689889397]
["EMULSÕES ASFÁLTICAS RR-1C","2011-02-01",0.76244582932296123,0.69763913112096954,0.8274794899249811,0.66644747229314272,0.71495325860994474,0.69464393632768706]
["EMULSÕES ASFÁLTICAS RR-1C","2011-03-01",0.98666655155604555,0.67096692933337521,0.80975719209762309,0.68021948574445656,0.70772575900676293,0.73728582947570609]
["EMULSÕES ASFÁLTICAS RR-1C","2011-04-01",0.89607567569285163,0.67006594069970715,0.69635832041844248,0.67253440436225376,0.69757828533743127,0.68798830762895558]
["EMULSÕES ASFÁLTICAS RR-1C","2011-05-01",0.83293505328328188,0.66604198470038234,0.84079136251488695,0.6638522969196905,0.73063846824235401,0.72134475517472796]
["EMULSÕES ASFÁLTICAS RR-1C","2011-06-01",0.83372655769069026,0.66973753857410401,0.91361848417662439,0.66939122354658243,0.70489422762705078,0.73193092344147437]
["EMULSÕES ASFÁLTICAS RR-1C","2011-07-01",0.91810793002467794,0.66601450206068602,0.82807407648040443,0.66659472998083091,0.68378448875858866,0.74191680917296476]
["EMULSÕES ASFÁLTICAS RR-1C","2011-08-01",0.98117460004750401,0.67378243095791934,0.90431981857166088,0.68092754358281016,0.70675563703636546,0.7583557406593352]
["EMULSÕES ASFÁLTICAS RR-1C","2011-09-01",0.82556535992993318,0.70861332864218252,0.9122792158436549,0.68215877937185798,0.70300743898122364,0.74319713768250717]
["EMULSÕES ASFÁLTICAS RR-1C","2011-10-01",0.87383832074216805,0.69682791262322619,0.9825634835463708,0.67887349756384696,0.6913283428930832,0.78490089177593625]
["EMULSÕES ASFÁLTICAS RR-1C","2011-11-01",0.77498255872098765,0.69714660717944044,0.87921974566729233,0.67273155528393414,0.69353398115385656,0.72256938513843127]
["EMULSÕES ASFÁLTICAS RR-1C","2011-12-01",0.70152469866785372,0.69306788526171814,0.86775461354094607,0.67462760019800594,0.75503747383256969,0.71625242630979802]
["EMULSÕES ASFÁLTICAS RR-1C","2012-01-01",0.76843737149761826,0.69228091371638756,0.82294039158631749,0.68393378725721532,0.71322910603424716,0.70938964664290283]
["EMULSÕES ASFÁLTICAS RR-1C","2012-02-01",0.72350061361470919,0.67664068817005385,0.85527940978728278,0.68817569560586334,0.7297751113109272,0.71433958778091211]
["EMULSÕES ASFÁLTICAS RR-1C","2012-03-01",0.88169653449621976,0.68497359703064875,0.7529941671811563,0.7003577225577029,0.73111034953534637,0.72741567251611505]
["EMULSÕES ASFÁLTICAS RR-1C","2012-04-01",0.75975916228691565,0.66848695057150498,0.71588001113333188,0.71241833167148128,0.76541699217955161,0.71864318573403307]
["EMULSÕES ASFÁLTICAS RR-1C","2012-05-01",1.064351825665198,0.67857025882394606,0.74293306285496064,0.69133628247508783,0.73631980092445459,0.71935858619617021]
["EMULSÕES ASFÁLTICAS RR-1C","2012-06-01",0.91444398201981059,0.67393119289488279,0.76034290768699819,0.69690362660978367,0.71998498811223355,0.71480663559467339]
["EMULSÕES ASFÁLTICAS RR-1C","2012-07-01",0.9628846725033946,0.68364827468583655,0.72176496058144701,0.7072841291464308,0.76571121221857241,0.72557325902897352]
["EMULSÕES ASFÁLTICAS RR-1C","2012-08-01",0.85927141581632649,0.69930281709151221,0.78199009178423085,0.70728419899787986,0.76666165838725697,0.7311920087415652]
["EMULSÕES ASFÁLTICAS RR-1C","2012-09-01",1.181654485315248,0.7091337078721166,0.78311585096087399,0.73276657393388089,0.75068752605051126,0.75164391308729051]
["EMULSÕES ASFÁLTICAS RR-1C","2012-10-01",1.0021047075978511,0.72483906359402106,0.77087857572657681,0.72294410287343336,0.74429275099866843,0.74021930066236041]
["EMULSÕES ASFÁLTICAS RR-1C","2012-11-01",0.88046607651001441,0.75226107811809517,0.74481505661712666,0.72831456687386231,0.75895592830224345,0.74596119095289515]
["EMULSÕES ASFÁLTICAS RR-1C","2012-12-01",0.71948834370292747,0.72101933914846639,0.64858965332637741,0.68063908629418823,0.84492535198102492,0.70981768849612936]
["EMULSÕES ASFÁLTICAS RR-1C","2013-01-01",1.0986197927986003,0.69257434965458742,0.79603366381089058,0.7403089177323704,0.86487390533218322,0.78032437902994112]
["EMULSÕES ASFÁLTICAS RR-1C","2013-02-01",1.1057061332250202,0.6977254917419291,0.72683774534379775,0.72356188389015896,0.85496335091374709,0.75328607298927208]
["EMULSÕES ASFÁLTICAS RR-1C","2013-03-01",0.83817935380791775,0.70444440856591961,0.66127036961101493,0.71419653649720272,0.85066877832686405,0.7391431797251995]
["EMULSÕES ASFÁLTICAS RR-1C","2013-04-01",1.0802730328844921,0.70594082752477738,0.61453520801406769,0.73231777618558758,0.83660793047449966,0.74220785816004164]
["EMULSÕES ASFÁLTICAS RR-1C","2013-05-01",1.2172842911592454,0.69856252977688316,0.67485237330893766,0.71454506301315646,0.88162795589415088,0.74974101294362738]
["EMULSÕES ASFÁLTICAS RR-1C","2013-06-01",1.1056104802955664,0.70289048650185382,0.713298555012706,0.70929603426549326,0.89518943520481364,0.75450852624219189]
["EMULSÕES ASFÁLTICAS RR-1C","2013-07-01",1.2564001897326711,0.7124733473836925,0.60789816080006542,0.69624796177915982,0.84328518630942706,0.72648839554568312]
["EMULSÕES ASFÁLTICAS RR-1C","2013-08-01",1.1441483159148036,0.71436813037322811,0.67444067352432013,0.73599855837199701,0.85562350065220516,0.75589433925737104]
["EMULSÕES ASFÁLTICAS RR-1C","2013-09-01",1.0137874653524792,0.78376789429697125,0.77060269847449547,0.74787690688290687,0.85866986650321842,0.78633571839237759]
["EMULSÕES ASFÁLTICAS RR-1C","2013-10-01",1.1110590901587476,0.8795540253140175,0.7503272015811453,0.75310240888460644,0.83846621070682836,0.80831576099343427]
["EMULSÕES ASFÁLTICAS RR-1C","2013-11-01",0.94924779784360025,0.87955652150854113,0.76776736852403948,0.7730057943869042,0.80769525194259784,0.8125268349333491]
["EMULSÕES ASFÁLTICAS RR-1C","2013-12-01",0.89690864219723254,0.90224861201791873,0.75180021586279411,0.76873239804874249,0.86631431823355365,0.82852704481780171]
["EMULSÕES ASFÁLTICAS RR-1C","2014-01-01",1.0892351767949175,0.86674408755246646,0.88347741152594694,0.78327264886568237,0.80283869181556056,0.83790171428587779]
["EMULSÕES ASFÁLTICAS RR-1C","2014-02-01",1.1972206223652948,0.87246710918289727,0.7978905911916655,0.77387795998710063,0.84616178601792968,0.81778822598684153]
["EMULSÕES ASFÁLTICAS RR-1C","2014-03-01",1.0451502005567506,0.80589772532907777,0.83337554811727144,0.77888583090957164,0.86425691892995715,0.81455800938044776]
["EMULSÕES ASFÁLTICAS RR-1C","2014-04-01",0.80888685455262144,0.91934162605375458,0.78996813000849331,0.77586469841190209,0.84070304986532818,0.81630502231268309]
["EMULSÕES ASFÁLTICAS RR-1C","2014-05-01",0.73614683026519045,0.83669528903042278,0.8951972556730794,0.75029083964291543,0.86435202572370451,0.80149986229684467]
["EMULSÕES ASFÁLTICAS RR-1C","2014-06-01",1.1539946509954426,0.8125769919686312,0.80186761632674297,0.74701177216330461,0.84637859763896828,0.78826839449712427]
["EMULSÕES ASFÁLTICAS RR-1C","2014-07-01",1.1934057553366173,0.84986199005032903,0.7864599242356598,0.74053540483355451,0.82324495698917888,0.78701571151934668]
["EMULSÕES ASFÁLTICAS RR-1C","2014-08-01",1.0733064297440851,0.73787627486066565,0.78336283247662919,0.75494633139486611,0.853122436168541,0.79367975723219442]
["EMULSÕES ASFÁLTICAS RR-1C","2014-09-01",1.3248166289396728,0.76482176138362834,0.9090356027509755,0.75814702293803138,0.8705706997831133,0.82213754676414053]
["EMULSÕES ASFÁLTICAS RR-1C","2014-10-01",1.3773813108053419,0.794552502733755,0.81107597765363126,0.72515993875957541,0.80901982153226548,0.78730550052582837]
["EMULSÕES ASFÁLTICAS RR-1C","2014-11-01",1.0855608815794215,0.83919959545113931,0.82586198542548173,0.74177622116323139,0.88058023253351347,0.82225040154743534]
["EMULSÕES ASFÁLTICAS RR-1C","2014-12-01",1.2337626345523549,0.91894253422135364,0.85154490348837208,0.82783306746674212,0.940180082021283,0.894773280114877]
["EMULSÕES ASFÁLTICAS RR-1C","2015-01-01",1.2717984123624049,1.1192591549145108,1.2016216769457668,0.90776537674480973,0.99709199296848117,0.9912214434041654]
["EMULSÕES ASFÁLTICAS RR-1C","2015-02-01",1.1330778978740312,1.0544092204225892,1.1384995033034451,0.92559389707192685,1.0668874436464084,1.0004987580500881]
["EMULSÕES ASFÁLTICAS RR-1C","2015-03-01",1.3890919850686576,0.99919900157201036,1.1228500564800805,0.93867345332076924,1.077391028219111,1.0167464164864037]
["EMULSÕES ASFÁLTICAS RR-1C","2015-04-01",2.0947529426055262,1.0674579280214342,1.0225630634493785,0.92129661031528742,1.0633313364174115,0.99479275329182937]
["EMULSÕES ASFÁLTICAS RR-1C","2015-05-01",1.4067173133278885,1.0297722793995827,1.0251152861350117,0.89330451376373909,0.973918259998104,0.96308495586727472]
["EMULSÕES ASFÁLTICAS RR-1C","2015-06-01",1.4724748431690129,1.0091615271396797,1.0930979719032223,0.91224224021321809,1.0451141285294916,1.0181060824049541]
["EMULSÕES ASFÁLTICAS RR-1C","2015-07-01",1.2854519856591287,1.0392525922762594,0.95168083739566733,0.8412560884767456,1.0026002084463532,0.92725433062368923]
["EMULSÕES ASFÁLTICAS RR-1C","2015-08-01",1.2441770460012027,1.133268527103048,1.0791239028615567,0.88926927249385246,1.0610180649932961,0.98959742787914728]
["EMULSÕES ASFÁLTICAS RR-1C","2015-09-01",1.480108828090581,1.031195072778099,1.1086473548663365,0.94525088375332578,1.1208094051855941,1.0338305510460919]
["EMULSÕES ASFÁLTICAS RR-1C","2015-10-01",1.1153095404157043,1.174313441991168,1.1786447859630846,0.98123572257147496,1.1817746151316433,1.0664608943363432]
["EMULSÕES ASFÁLTICAS RR-1C","2015-11-01",1.1631651822481914,1.289200014360447,1.2641407522649175,1.0925414374765945,1.2281906183717468,1.1749195430775363]
["EMULSÕES ASFÁLTICAS RR-1C","2015-12-01",1.4940769239282388,1.3655049957604459,1.1662317207921824,1.095258432880065,1.2628507801686115,1.1992324296388353]
["EMULSÕES ASFÁLTICAS RR-1C","2016-01-01",1.4015406611262715,1.2289651610604333,1.3744521839119277,1.0867181838932085,1.1796977526352317,1.1482430578054559]
["EMULSÕES ASFÁLTICAS RR-1C","2016-02-01",1.5451954198582576,1.2674534185878061,1.5475314149839787,1.1106257188544537,1.1877954973849398,1.181037631794783]
["EMULSÕES ASFÁLTICAS RR-1C","2016-03-01",1.4693942230386861,1.2732482074734912,1.3389015955876287,1.0948188316276946,1.2045396785775973,1.1676104392927296]
["EMULSÕES ASFÁLTICAS RR-1C","2016-04-01",1.6345179211339276,1.4163511180509596,1.3956716704403938,1.2099927159242965,1.299140290938283,1.2696904122037251]
["EMULSÕES ASFÁLTICAS RR-1C","2016-05-01",1.8984233093525182,1.3937507935155788,1.3543441959039784,1.2116468036827752,1.3232460884781312,1.2776656052735198]
["EMULSÕES ASFÁLTICAS RR-1C","2016-06-01",1.7713919338028743,1.2966127474138498,1.3702910925283123,1.2063539928039093,1.3143555935527924,1.2741025302640243]
["EMULSÕES ASFÁLTICAS RR-1C","2016-07-01",1.553803771597996,1.2256920537319504,1.4150027696736631,1.1985482381853494,1.3008393115249308,1.2498167537839215]
["EMULSÕES ASFÁLTICAS RR-1C","2016-08-01",1.6568234684016772,1.1018838158873099,1.4688170984930609,1.206645946390537,1.2973673824670251,1.2641473812911128]
["EMULSÕES ASFÁLTICAS RR-1C","2016-09-01",1.7731211668908871,1.1322021853906183,1.4890946936066145,1.140865993929868,1.1234887246183269,1.1711538882919978]
["EMULSÕES ASFÁLTICAS RR-1C","2016-10-01",1.2320684794708923,1.1871315122401984,1.3819863423521386,1.119773712626192,1.1307899487238464,1.1628274508149603]
["EMULSÕES ASFÁLTICAS RR-1C","2016-11-01",1.54433949836032,1.0872683435256578,1.467637020395431,1.1199620469375311,1.1368469355840531,1.1628167990319815]
["EMULSÕES ASFÁLTICAS RR-1C","2016-12-01",1.543073638596836,0.97823813164045892,1.5157295190111513,1.0912118276936931,1.1366253702173557,1.1189377210614171]
["EMULSÕES ASFÁLTICAS RR-1C","2017-01-01",1.6055271315570356,1.1316028415007484,1.3236249380996596,1.1103982320282597,1.0796133112468174,1.1109038245665697]
["EMULSÕES ASFÁLTICAS RR-1C","2017-02-01",1.8904233680032847,0.94497181233181227,1.4960705014831297,1.1131414808392688,1.1369077571592594,1.1199059004766609]
["EMULSÕES ASFÁLTICAS RR-1C","2017-03-01",1.9339924667048549,1.117781569543963,1.3747303523075773,1.0993955305634437,1.1219122822611072,1.1447122859510008]
["EMULSÕES ASFÁLTICAS RR-1C","2017-04-01",1.2115782586206896,1.1688138846721625,1.3394482865274346,1.1102466850644797,1.0966012955738076,1.1320029543537555]
["EMULSÕES ASFÁLTICAS RR-1C","2017-05-01",1.2991514500956023,1.157986162136432,1.3260372285463313,1.082820781527994,1.0987312224613848,1.1305617540140847]
["EMULSÕES ASFÁLTICAS RR-1C","2017-06-01",1.7670235925596125,1.1659306305172417,1.3932068983359889,1.0809475827366297,1.0882019768788096,1.1718487107829867]
["EMULSÕES ASFÁLTICAS RR-1C","2017-07-01",1.7439607308278027,1.1535055025107854,1.3320103931395881,1.0685809541734921,1.0938012206554604,1.1900818772576554]
["EMULSÕES ASFÁLTICAS RR-1C","2017-08-01",1.7559369539660346,1.1399790666346212,1.2878460799842562,1.0949221695946536,1.0754000810904563,1.187280532157615]
["EMULSÕES ASFÁLTICAS RR-1C","2017-09-01",1.6860267902260635,1.1733418336451777,1.4368332215340376,1.0562280561269088,1.1090864929925315,1.180934588018242]
["EMULSÕES ASFÁLTICAS RR-1C","2017-10-01",1.7820987095177585,1.126143728191102,1.5079603594584061,1.0986246310699073,1.0798684755547514,1.2530089888143168]
["EMULSÕES ASFÁLTICAS RR-1C","2017-11-01",1.8203951267183649,1.173951972728658,1.6195288282645155,1.1895688060348615,1.1691940411763555,1.2985682911411305]
["EMULSÕES ASFÁLTICAS RR-1C","2017-12-01",1.9892461724425883,1.2242780666129842,1.5625451414427161,1.2056049018457893,1.2380375036256996,1.3907825213420653]
["EMULSÕES ASFÁLTICAS RR-1C","2018-01-01",1.9732964403095963,1.2430391813692976,1.5213808121440253,1.2112724380134439,1.2505016651215559,1.3286199421360427]
["EMULSÕES ASFÁLTICAS RR-1C","2018-02-01",2.0999175425856542,1.2479372863266185,1.4108579721062813,1.176701077226646,1.2472872947202238,1.2866922919628798]
["EMULSÕES ASFÁLTICAS RR-1C","2018-03-01",1.9326236959521625,1.2164272369041997,1.425116236747618,1.1992574308292041,1.2484719887908093,1.2792438177688337]
["EMULSÕES ASFÁLTICAS RR-1C","2018-04-01",2.0119287245617561,1.2311014674529372,1.4838352998608284,1.1769715481379885,1.2608494228982632,1.3095466195145127]
["EMULSÕES ASFÁLTICAS RR-1C","2018-05-01",2.0473518838089544,1.295359887388001,1.4781858432087513,1.259694233318055,1.2856890886585575,1.36820856751558]
["EMULSÕES ASFÁLTICAS RR-1C","2018-06-01",1.9901220520179825,1.3999215586325202,1.5362336745362568,1.2874646514631733,1.3423999780554505,1.3849919925709666]
["EMULSÕES ASFÁLTICAS RR-1C","2018-07-01",2.065907629108247,1.4309733706444356,1.6242645432672702,1.4183062191351268,1.4518257133349877,1.5318065128713414]
["EMULSÕES ASFÁLTICAS RR-1C","2018-08-01",2.167168526284124,1.6505070712695948,1.7798473613945978,1.5151502786687565,1.5526900061855946,1.6858387427266845]
["EMULSÕES ASFÁLTICAS RR-1C","2018-09-01",2.2535485718681727,1.7104678915330995,1.7777500239466331,1.4938269707548963,1.5639597146197493,1.6543006418243766]
["EMULSÕES ASFÁLTICAS RR-1C","2018-10-01",2.2851618756087815,1.6878798080495905,1.6171154443669606,1.5367862271100987,1.5846812721928318,1.6585877620178697]
["EMULSÕES ASFÁLTICAS RR-1C","2018-11-01",2.5867169198520337,1.7802820428033193,1.9201414408375037,1.6847758483246154,1.7022134336925492,1.8121189830729272]
["EMULSÕES ASFÁLTICAS RR-1C","2018-12-01",2.3512532878733357,1.8444405416546135,1.7330339695386185,1.6817503351773802,1.7472075872548527,1.7741420601411786]
["EMULSÕES ASFÁLTICAS RR-1C","2019-01-01",2.0687054839968773,1.8952291054705155,2.0669794667201278,1.7076851793315941,1.779058615899038,1.780843157897521]
["EMULSÕES ASFÁLTICAS RR-1C","2019-02-01",2.0223163709836389,1.9320044119100095,2.1477165653224786,1.8965443050574888,1.9309379631829426,1.9369132309190058]
["EMULSÕES ASFÁLTICAS RR-1C","2019-03-01",2.2524525861289688,1.9399512946752309,2.1444182612130258,1.8834618714243665,1.8998877598456989,1.9251438745994149]
["EMULSÕES ASFÁLTICAS RR-1C","2019-04-01",2.1286981039544908,1.9980004876637012,2.174879181157586,1.8720472698521351,1.9279681785999023,1.9370170951550372]
["EMULSÕES ASFÁLTICAS RR-1C","2019-05-01",2.2397357788960526,1.9352499858310626,2.0646238306965268,1.9074425024319888,1.9559173148857494,1.9624643922889262]
["EMULSÕES ASFÁLTICAS RR-1C","2019-06-01",2.4906698345267313,1.9638389763894146,2.1447896159352773,1.8541310496466679,1.9204066884550328,2.0191025464549788]
["EMULSÕES ASFÁLTICAS RR-1C","2019-07-01",2.7519561230944807,1.8146104562427765,2.1238932731218365,1.8834050940727858,1.9674088179171842,2.0915535342056275]
["EMULSÕES ASFÁLTICAS RR-1C","2019-08-01",2.8825837005743491,1.7675809499814872,1.954806315000349,1.7977962858601704,1.865639325417382,1.9976956929319818]
["EMULSÕES ASFÁLTICAS RR-1C","2019-09-01",2.5821268752820017,1.8059019108550429,2.0088865497966544,1.9159243858674659,1.8371342090800395,2.0221684924063954]
["EMULSÕES ASFÁLTICAS RR-1C","2019-10-01",2.4494703146050285,1.8659633784250342,1.9774920845827233,1.8125389824592186,1.8001658505270228,1.925870393473341]
["EMULSÕES ASFÁLTICAS RR-1C","2019-11-01",2.8425915107264959,1.7830967058304601,2.1317178536343211,1.8196106747286434,1.8517542927044104,2.0066525314457451]
["EMULSÕES ASFÁLTICAS RR-1C","2019-12-01",2.4724393649773133,1.7771504597824057,1.9883509896907217,1.8853204695370154,1.8518256626423053,1.9626399512611334]
["EMULSÕES ASFÁLTICAS RR-1C","2020-01-01",2.6174317047131437,1.7866677795605301,1.9361792608771622,1.8431572566254677,1.8698800548556331,1.9449720000777417]
["EMULSÕES ASFÁLTICAS RR-1C","2020-02-01",2.8933631475971864,1.7428416789559926,2.0062844222281662,1.7864562781789151,1.7488260680435703,1.9286511721735402]
["EMULSÕES ASFÁLTICAS RR-1C","2020-03-01",2.2749140198624906,1.7050041314165096,1.8660595876654662,1.7631170993016843,1.7080554760561839,1.7863541263894174]
["EMULSÕES ASFÁLTICAS RR-1C","2020-04-01",1.9611101499013806,1.6379574172055655,2.0078281190849738,1.7373796045184353,1.6788197666705109,1.7513578392449649]
["EMULSÕES ASFÁLTICAS RR-1C","2020-05-01",2.0337384410979165,1.6547838385281022,1.9015125860502189,1.6827187897747187,1.661478306513962,1.7406580357811949]
["EMULSÕES ASFÁLTICAS RR-1C","2020-06-01",2.2046010447927089,1.6805755410849292,1.8239452924752579,1.6544020066390646,1.6167611066384915,1.7581563242987288]
["EMULSÕES ASFÁLTICAS RR-1C","2020-07-01",2.506995095711507,1.6162738126607485,1.8233691775713987,1.6535543589151294,1.6830466431256876,1.870451993595118]
["EMULSÕES ASFÁLTICAS RR-1C","2020-08-01",2.4917937164785648,1.7468784660041736,1.927878966297867,1.7217398186630282,1.7802441659297132,1.9240303419909277]
["EMULSÕES ASFÁLTICAS RR-1C","2020-09-01",2.3584308624005264,1.7657972444151824,1.9576049803425748,1.743674445028405,1.7530005626194576,1.8763490593302079]
["EMULSÕES ASFÁLTICAS RR-1C","2020-10-01",2.5568913971558356,1.7696895493945346,2.0094580368134705,1.7937723078302099,1.7218673640647091,1.9580610601020352]
["EMULSÕES ASFÁLTICAS RR-1C","2020-11-01",2.7356250570746088,1.9307901925271767,2.0352346056461119,1.8298806593172143,1.859081798194018,2.0679574492856663]
["EMULSÕES ASFÁLTICAS RR-1C","2020-12-01",2.7671130089415055,1.9033221917371914,2.162272016129033,1.8293443683391275,1.8843375357688141,2.4552057555687536]
["EMULSÕES ASFÁLTICAS RR-1C","2021-01-01",2.6858859756916669,1.8770008949272319,2.0615655312246552,1.8715576796338671,1.8566956344013197,2.2742526001116987]
["EMULSÕES ASFÁLTICAS RR-1C","2021-02-01",2.8657777986647233,2.0519979641946673,2.2528293847189915,1.9604434066284036,1.8824226210366499,2.3005067849984986]
["EMULSÕES ASFÁLTICAS RR-1C","2021-03-01",3.0249225383074654,2.0842250044793613,2.0668101791788853,1.9566936909579817,1.9640306082499246,2.4071265585165111]
["EMULSÕES ASFÁLTICAS RR-1C","2021-04-01",2.7493043848926493,2.0061768572951144,2.2219687326644681,1.9597441588428832,1.9507325157162112,2.3222108522711293]
["EMULSÕES ASFÁLTICAS RR-1C","2021-05-01",3.1200840326944164,2.5082146029252668,2.4401540514331632,2.3610233089838659,2.261141513856753,2.6575969651920373]
["EMULSÕES ASFÁLTICAS RR-1C","2021-06-01",3.1263332392365641,2.4171978138975421,2.3939625496992556,2.3229309448732605,2.3720702411517438,2.740630984325632]
["EMULSÕES ASFÁLTICAS RR-1C","2021-07-01",3.3433842179979849,2.4164030200475706,2.5552069552432553,2.3534139050749991,2.3952448062479443,2.9432390169180227]
["EMULSÕES ASFÁLTICAS RR-1C","2021-08-01",3.4928548007492606,2.6085769909483876,2.6661420867464996,2.5029488415849039,2.4650391712743054,3.0962764307235977]
["EMULSÕES ASFÁLTICAS RR-1C","2021-09-01",3.3977758816081067,2.5812517063957281,2.7143461726023044,2.5313061578124119,2.4611115601509903,3.0300504855599195]
["EMULSÕES ASFÁLTICAS RR-1C","2021-10-01",3.3623745549175408,2.6069207360490578,2.518030681296421,2.5362650909719684,2.5364909303124232,3.0171144827832332]
["EMULSÕES ASFÁLTICAS RR-1C","2021-11-01",3.4521204080334833,2.8202302004602404,2.6760989100369246,2.7286189827446479,2.7640474890659674,3.2227463038192403]
["EMULSÕES ASFÁLTICAS RR-1C","2021-12-01",3.7255543098596537,2.8130169410420129,2.9570810359429354,2.7770988250018811,2.8673117168938083,3.3303353992315654]
["EMULSÕES ASFÁLTICAS RR-1C","2022-01-01",3.6476680547662124,2.8037784920326221,3.0955015230449989,2.8180097112757947,2.7516219650337734,3.1838824535101797]
["EMULSÕES ASFÁLTICAS RR-1C","2022-02-01",3.9100309296993858,3.0031432356236771,3.5929820263246719,2.9758823673456378,2.9933116060940042,3.3365322664246189]
["EMULSÕES ASFÁLTICAS RR-1C","2022-03-01",4.2870304768205241,3.2820139136356845,2.9357804946983563,3.0189654103371297,2.9340016422740627,3.5172198644838999]
["EMULSÕES ASFÁLTICAS RR-1C","2022-04-01",4.0835117296154158,3.5908275641428005,3.4177515986430893,3.1149756540560829,2.9741045407580424,3.4642538206603168]
["EMULSÕES ASFÁLTICAS RR-1C","2022-05-01",4.1192134068763187,3.9418659210390739,3.3636449227169489,3.0939437443312268,3.0046704696044886,3.5074786705088004]
["EMULSÕES ASFÁLTICAS RR-1C","2022-06-01",4.1097850421798192,3.7706321441061177,3.3917216768916152,3.0678515927693306,3.0346963567474563,3.5593927604793265]
["EMULSÕES ASFÁLTICAS RR-1C","2022-07-01",4.2199184228711202,3.8077845185517014,3.4131185020924306,3.0925562870640286,2.9306002907656432,3.5838009093159719]
["EMULSÕES ASFÁLTICAS RR-1C","2022-08-01",4.0718584622646121,4.0774376456353725,3.3608652560377203,3.1681380399740049,3.018259160940036,3.5831515036290047]
["EMULSÕES ASFÁLTICAS RR-1C","2022-09-01",3.7545781546974308,3.9554203735912412,3.3313344196758012,3.0107474029964698,2.8184943258695778,3.4015679599916249]
["EMULSÕES ASFÁLTICAS RR-1C","2022-10-01",4.3218544738264377,3.8054046043929572,2.7621279141984023,2.8993835566337798,2.6858715732558225,3.5475683739502064]
["EMULSÕES ASFÁLTICAS RR-1C","2022-11-01",3.257664931388303,4.1383464845539288,3.0709998939235623,2.691657394015873,2.6425247297861385,3.1912931025704268]
["EMULSÕES ASFÁLTICAS RR-1C","2022-12-01",3.3948870808854341,4.2552255733297928,3.2057266110288514,2.8333628425503066,2.5506682455130831,3.4184079231091915]
["EMULSÕES ASFÁLTICAS RR-1C","2023-01-01",3.566447722182132,3.5682205865611416,2.8718751813767169,2.6191195840140526,2.4621514666834408,3.0010222474885322]
["EMULSÕES ASFÁLTICAS RR-1C","2023-02-01",4.5959489856093585,3.5569100939101004,2.892261254374878,2.5912414427933506,2.3104335881467741,3.1905964159868714]
["EMULSÕES ASFÁLTICAS RR-1C","2023-03-01",3.6466526544204614,3.3984609680274436,3.133091189968753,2.4282231799439864,2.3026411737277748,2.8770179615737148]
["EMULSÕES ASFÁLTICAS RR-1C","2023-04-01",3.0298562475117059,3.4566912868733879,3.0581353719471904,2.4459955727887959,2.3075646012044913,2.8041404876383811]
["EMULSÕES ASFÁLTICAS RR-1C","2023-05-01",4.0740380938121126,3.3317627385166295,2.7561766490984936,2.4201675421593585,2.2049363255039913,2.7583720504210785]
["EMULSÕES ASFÁLTICAS RR-1C","2023-06-01",4.0367850790539421,3.2388526235616286,2.7517994552691145,2.3415225214506945,2.22619602926863,3.1031978270718841]
["EMULSÕES ASFÁLTICAS RR-1C","2023-07-01",3.8529859131732529,3.1483240708140876,2.8254640699702933,2.2741024639284841,2.2548778139376977,2.8750260505600336]
["EMULSÕES ASFÁLTICAS RR-1C","2023-08-01",3.9178683014164384,3.1895652941292183,2.7467291469430415,2.2504317280087487,2.2239461261859579,2.8054147502164017]
["EMULSÕES ASFÁLTICAS RR-1C","2023-09-01",3.9033076775498827,3.3607487144065673,2.7840884662065246,2.3943081873181433,2.3614090355369317,3.0374049420901539]
["EMULSÕES ASFÁLTICAS RR-1C","2023-10-01",3.8877492038507513,3.4503158733522681,2.7490743814028309,2.3787364253191954,2.332315334019015,3.1345935620180581]
["EMULSÕES ASFÁLTICAS RR-1C","2023-11-01",4.1107618757828188,3.7353368556719087,2.9741875968792564,2.4315755784302264,2.3061331180261968,3.093702632056579]
["EMULSÕES ASFÁLTICAS RR-1C","2023-12-01",3.9665642360777458,3.7342001190255187,2.728887877029623,2.575032120803241,2.3732377405162057,3.0634735109870492]
["EMULSÕES ASFÁLTICAS RR-1C","2024-01-01",3.6257683348473466,3.3671725933480268,2.9951460052475798,2.5282775867902592,2.3396073120888512,2.8820667898148589]
["EMULSÕES ASFÁLTICAS RR-1C","2024-02-01",3.6303502690867391,3.3140049587994294,2.7066044979558015,2.4421998448679214,2.3417265057144792,2.780219619072489]
["EMULSÕES ASFÁLTICAS RR-1C","2024-03-01",3.5326067772511855,3.1645256229793941,2.5714111623513696,2.6074360580635894,2.4093027263694733,2.7650432364498059]
["EMULSÕES ASFÁLTICAS RR-1C","2024-04-01",3.553018429023532,2.6441649183212421,2.4893210880066583,2.4581747699315657,2.4508573099452771,2.6218849987471256]
["EMULSÕES ASFÁLTICAS RR-1C","2024-05-01",3.3932415698027336,2.7227922223469463,2.7626560285808148,2.4540833823443862,2.4768583357390384,2.7072500768703476]
["EMULSÕES ASFÁLTICAS RR-1C","2024-06-01",3.6116586457740647,2.7811912364283962,2.6506305987214334,2.508906134965506,2.4313889370621315,2.9237681457632396]
["EMULSÕES ASFÁLTICAS RR-1C","2024-07-01",3.6013393270141432,2.8205897508900026,2.7772496393073984,2.5568047096927602,2.468814007400201,2.8108817703987219]
["EMULSÕES ASFÁLTICAS RR-2C","2008-11-01",1.1860047651207701,0.77766557288396332,1.0356594885383481,0.87875336794945536,0.87898930510695594,0.93775887879787834]
["EMULSÕES ASFÁLTICAS RR-2C","2008-12-01",1.0276876384590246,0.78476307719606586,1.0333839993271019,0.92244237332212486,0.82038562799997927,0.9125333207315196]
["EMULSÕES ASFÁLTICAS RR-2C","2009-01-01",1.0510571200359695,0.77784577380212527,1.0325167961742188,0.8846485367219189,0.79965288024627612,0.88473107013127705]
["EMULSÕES ASFÁLTICAS RR-2C","2009-02-01",0.96217235978193283,0.7661383275120387,1.047467025103568,0.83774881079533381,0.80466389528904414,0.84502349311743485]
["EMULSÕES ASFÁLTICAS RR-2C","2009-03-01",0.98514635834036846,0.77842969807630258,1.0636889307737931,0.84046000575679558,0.80126093499976825,0.86401467059892856]
["EMULSÕES ASFÁLTICAS RR-2C","2009-04-01",1.0495375335922628,0.76861338538174562,1.1515099628986141,0.85306888973025763,0.80613444964878789,0.8771702351107511]
["EMULSÕES ASFÁLTICAS RR-2C","2009-05-01",1.0193264327207254,0.75772748792344058,1.1227723815032418,0.74561540421572126,0.78982750924353151,0.85963356515114775]
["EMULSÕES ASFÁLTICAS RR-2C","2009-06-01",1.0861110589217531,0.74426762568656324,1.0554438935335839,0.72785718631909013,0.7617658256113965,0.84754062667569141]
["EMULSÕES ASFÁLTICAS RR-2C","2009-07-01",1.2849757987093415,0.74038153607136648,1.1094148118355331,0.78792691123041858,0.79164141296766799,0.92135293181857159]
["EMULSÕES ASFÁLTICAS RR-2C","2009-08-01",1.0892319148291891,0.72008497365203183,1.0215112290490849,0.81831270493180785,0.77979004729406209,0.88338826477245835]
["EMULSÕES ASFÁLTICAS RR-2C","2009-09-01",1.0941912818000381,0.71521636350585516,1.0263816032137729,0.82163707986993795,0.77327177382057999,0.87072968555434915]
["EMULSÕES ASFÁLTICAS RR-2C","2009-10-01",0.94039371428711882,0.73884200961329016,1.031929453973623,0.82357966107231273,0.76035193425269099,0.89900360698327519]
["EMULSÕES ASFÁLTICAS RR-2C","2009-11-01",1.0568532698694313,0.7320417717071348,1.077125081652677,0.79052652508001664,0.77119389400553751,0.85607420192249972]
["EMULSÕES ASFÁLTICAS RR-2C","2009-12-01",1.1292411541174912,0.73688909780167267,1.0286771461470732,0.77169688219632049,0.75506123399292502,0.82470193944842052]
["EMULSÕES ASFÁLTICAS RR-2C","2010-01-01",1.0499464831193486,0.72338063248049556,1.0445763814291145,0.77246450195565475,0.75617388163890575,0.79349255145711661]
["EMULSÕES ASFÁLTICAS RR-2C","2010-02-01",1.0548732928559879,0.72431262235757887,0.99573374827200234,0.76339734429068917,0.75164282918582204,0.78797034843212599]
["EMULSÕES ASFÁLTICAS RR-2C","2010-03-01",1.0236663130563255,0.721431425156979,1.0334486196248018,0.75139080964981753,0.75360049162920029,0.78904908533316398]
["EMULSÕES ASFÁLTICAS RR-2C","2010-04-01",1.0247015341295078,0.72546426038869249,1.0163523748802779,0.77293297806636951,0.76991584227332599,0.80569458348784229]
["EMULSÕES ASFÁLTICAS RR-2C","2010-05-01",1.0625521384279262,0.71129609064700761,1.0108020023345456,0.75961664541190999,0.77512748134160536,0.82305943088924316]
["EMULSÕES ASFÁLTICAS RR-2C","2010-06-01",0.89864430644676396,0.69788871327569435,0.93440986929900571,0.76596108308637834,0.75494356096326731,0.80327965424573666]
["EMULSÕES ASFÁLTICAS RR-2C","2010-07-01",0.88637185489355852,0.69257739416250896,0.9317224602320795,0.76886240376136328,0.76685712164320741,0.80928371079027084]
["EMULSÕES ASFÁLTICAS RR-2C","2010-08-01",0.88956562661370286,0.69933012836881403,0.91445429956094071,0.713288489121359,0.77107030097185791,0.79190520792503383]
["EMULSÕES ASFÁLTICAS RR-2C","2010-09-01",0.92245566087829767,0.69929511035958869,0.90654850692161493,0.73079474155617152,0.76261219209368825,0.80159160678612906]
["EMULSÕES ASFÁLTICAS RR-2C","2010-10-01",0.88743056521880814,0.71023207738821481,0.91477542590862326,0.73571158898582545,0.73554586020353496,0.79923955790759416]
["EMULSÕES ASFÁLTICAS RR-2C","2010-11-01",0.91443051157493138,0.70656512353778089,0.911203916506652,0.73841442445548566,0.74479320214557554,0.79089742477565961]
["EMULSÕES ASFÁLTICAS RR-2C","2010-12-01",0.89985341144829056,0.70372284578530142,0.94917453439453436,0.7639360742603738,0.74440267205883204,0.78146179215994416]
["EMULSÕES ASFÁLTICAS RR-2C","2011-01-01",0.95069952708664218,0.71194104030725458,0.99751145630371185,0.75202052622807503,0.73554478258828104,0.76545632697547117]
["EMULSÕES ASFÁLTICAS RR-2C","2011-02-01",0.98821578676492694,0.71505058143369471,0.94460697090628876,0.74247372573490256,0.73921360164478567,0.76925972204404403]
["EMULSÕES ASFÁLTICAS RR-2C","2011-03-01",0.99589658301689488,0.71760435398850053,0.95429656484399306,0.73023268109412842,0.72198641444612899,0.75882236441141515]
["EMULSÕES ASFÁLTICAS RR-2C","2011-04-01",0.98387739548686959,0.70602833719340241,0.86259687129678531,0.71371093174120537,0.74389773759203892,0.76247597734656958]
["EMULSÕES ASFÁLTICAS RR-2C","2011-05-01",0.91615126797021906,0.68272257695258876,0.87623240618246068,0.72294266308585275,0.74907741079909074,0.77400782064323348]
["EMULSÕES ASFÁLTICAS RR-2C","2011-06-01",0.94780715375018765,0.67118944677163728,0.92569839282304756,0.72569025126808584,0.74473856717897857,0.80628440786959288]
["EMULSÕES ASFÁLTICAS RR-2C","2011-07-01",0.79337812251844797,0.64305424471628658,0.93299720046730206,0.72502093837008974,0.74471188228081697,0.78728661644081499]
["EMULSÕES ASFÁLTICAS RR-2C","2011-08-01",0.7965359125813728,0.66465791503236449,0.90937122978750362,0.72234222992595332,0.73925341716534887,0.78274147220766355]
["EMULSÕES ASFÁLTICAS RR-2C","2011-09-01",0.89863304493200591,0.67364778985119744,0.90889264283537852,0.67402318079308088,0.73684363816112541,0.7754366480211371]
["EMULSÕES ASFÁLTICAS RR-2C","2011-10-01",0.92081640931616404,0.67945373848598267,0.91162545869605427,0.6971101927049479,0.74114639968031371,0.78669395646164175]
["EMULSÕES ASFÁLTICAS RR-2C","2011-11-01",0.91827161712136651,0.66593022889335707,0.92234198031545322,0.71180768638226943,0.73899042814951343,0.79274564541949866]
["EMULSÕES ASFÁLTICAS RR-2C","2011-12-01",0.87177623292601913,0.67736955144787425,0.96702388466508082,0.74915453655754149,0.73882524091241153,0.78862595870913432]
["EMULSÕES ASFÁLTICAS RR-2C","2012-01-01",0.90680182884064275,0.68947966649142856,0.94618379210427317,0.75123175981206802,0.76136360044373086,0.75864243033217327]
["EMULSÕES ASFÁLTICAS RR-2C","2012-02-01",0.87911367760744608,0.69588599321215461,0.95726901233047068,0.73780639699333628,0.75666126240440768,0.75744744670671837]
["EMULSÕES ASFÁLTICAS RR-2C","2012-03-01",0.89277744056055885,0.69995003581761372,0.92661224659093522,0.7631729028743317,0.78071637219134515,0.78083433511984934]
["EMULSÕES ASFÁLTICAS RR-2C","2012-04-01",0.90094780785886963,0.70785586958546654,0.91843879192256739,0.75189698012071038,0.77546220546241262,0.77891692113175381]
["EMULSÕES ASFÁLTICAS RR-2C","2012-05-01",1.2845665727523012,0.71312612058473623,0.93241823387447498,0.75785447324961708,0.75603382811310849,0.82219732898120912]
["EMULSÕES ASFÁLTICAS RR-2C","2012-06-01",0.92045606091092003,0.71714045343040944,0.94328348062741407,0.74512941638296604,0.78770767023012889,0.83468751786263384]
["EMULSÕES ASFÁLTICAS RR-2C","2012-07-01",1.076963979008734,0.71986052658494837,0.94530689999743045,0.74568082186266571,0.82667445222201696,0.82341589866826004]
["EMULSÕES ASFÁLTICAS RR-2C","2012-08-01",1.0447101298093466,0.74404995877505975,0.95829352439216664,0.75038015750549958,0.79473559171614772,0.83772129038120513]
["EMULSÕES ASFÁLTICAS RR-2C","2012-09-01",1.1105699129789433,0.76415934085404857,0.9656930335927274,0.78218757350915646,0.8070021806822919,0.86553988971655882]
["EMULSÕES ASFÁLTICAS RR-2C","2012-10-01",0.89651782409514258,0.7648226869639807,0.98309457359139896,0.7775748712394277,0.80182611788298797,0.86388819264250472]
["EMULSÕES ASFÁLTICAS RR-2C","2012-11-01",0.98354002766930648,0.77503569143839535,1.0105194333769283,0.7927207815970001,0.82122048164064831,0.86955156508681231]
["EMULSÕES ASFÁLTICAS RR-2C","2012-12-01",0.92595945302907445,0.7662320557103145,1.0014132364290862,0.75187553075384228,0.82609230412185763,0.83669224252950058]
["EMULSÕES ASFÁLTICAS RR-2C","2013-01-01",0.95774885080444683,0.75588483739920309,1.0427891307003481,0.79643660368157454,0.84616517598402774,0.82887140828354322]
["EMULSÕES ASFÁLTICAS RR-2C","2013-02-01",1.0406373020478534,0.74759397934808636,0.99508193311787618,0.78625884524632905,0.79784629378448713,0.80673020027363496]
["EMULSÕES ASFÁLTICAS RR-2C","2013-03-01",1.0105474487233876,0.7389438558828284,1.0131143720430327,0.76949046964869461,0.80934238892073118,0.80616178541890049]
["EMULSÕES ASFÁLTICAS RR-2C","2013-04-01",1.0281120471184664,0.75067475985723742,1.0013605390256572,0.7685567476014119,0.82338001109316128,0.82598694787956572]
["EMULSÕES ASFÁLTICAS RR-2C","2013-05-01",1.0120627906957587,0.75171162421279158,1.0149387158041197,0.78690153652134887,0.83743806586740199,0.85693546994255942]
["EMULSÕES ASFÁLTICAS RR-2C","2013-06-01",1.0984476673746881,0.76460370962552637,1.0230143042207434,0.75008967545210825,0.83491954418428249,0.87847527511743273]
["EMULSÕES ASFÁLTICAS RR-2C","2013-07-01",0.77392501190552021,0.77878288626844039,0.99877737062428962,0.79508553712890107,0.82813619463935717,0.86815538066012288]
["EMULSÕES ASFÁLTICAS RR-2C","2013-08-01",1.0117386429167297,0.75886063209467547,1.0221744108171147,0.80991748400801367,0.85638075113235756,0.91102860569489807]
["EMULSÕES ASFÁLTICAS RR-2C","2013-09-01",0.95683386636102929,0.78500515082846622,1.0670266046680352,0.80423762403947618,0.81905467853602409,0.92756547685447577]
["EMULSÕES ASFÁLTICAS RR-2C","2013-10-01",1.0257757814259048,0.79052466565125834,1.0278378140333979,0.76985077594459839,0.82561451887404913,0.91629635087072792]
["EMULSÕES ASFÁLTICAS RR-2C","2013-11-01",0.93691592015777703,0.82692021000834215,1.0275495010784741,0.83077686589304556,0.85016116748372939,0.92042372560440167]
["EMULSÕES ASFÁLTICAS RR-2C","2013-12-01",0.97543385301100682,0.8025762687006649,1.0627448877111678,0.84214765978925465,0.86130403982482795,0.92173035931948555]
["EMULSÕES ASFÁLTICAS RR-2C","2014-01-01",1.0837297141045092,0.79858969739726793,1.0497101839075584,0.82190552026300223,0.83897590349020745,0.87469782165930043]
["EMULSÕES ASFÁLTICAS RR-2C","2014-02-01",1.025693696939848,0.80179770042362586,1.0590728731542025,0.80880693500388756,0.83781644126663213,0.86668090569857936]
["EMULSÕES ASFÁLTICAS RR-2C","2014-03-01",1.000866849660083,0.81239587248077505,1.0616378349776874,0.80763201190268141,0.86779931272561173,0.85841196129198938]
["EMULSÕES ASFÁLTICAS RR-2C","2014-04-01",1.1594848711056374,0.79691440009548009,1.0859034037760293,0.82344069594623581,0.8636822098071647,0.88272963249857039]
["EMULSÕES ASFÁLTICAS RR-2C","2014-05-01",1.0582627517652703,0.80949236867921071,1.0491177470333348,0.8399845447507055,0.87050362839566109,0.90554470790525898]
["EMULSÕES ASFÁLTICAS RR-2C","2014-06-01",1.0109621677371956,0.83552178712477843,1.0587776415734154,0.78481841787371143,0.88870351160057615,0.92708508396399614]
["EMULSÕES ASFÁLTICAS RR-2C","2014-07-01",1.1508399830201148,0.8489174368850918,0.96591461518704791,0.81812140961729973,0.87037988315306192,0.91171109585605681]
["EMULSÕES ASFÁLTICAS RR-2C","2014-08-01",1.0916762827552351,0.83808771486068157,0.919472136448513,0.82738565342982373,0.8558607587976893,0.88543184512571915]
["EMULSÕES ASFÁLTICAS RR-2C","2014-09-01",1.0742297093106616,0.85008846991814813,1.0659043939784172,0.8135331126643861,0.89119731334306496,0.95866258088488365]
["EMULSÕES ASFÁLTICAS RR-2C","2014-10-01",1.0933752428295078,0.88060978410514912,0.95302894230412094,0.78554125490538085,0.85443701849207165,0.91139917160065775]
["EMULSÕES ASFÁLTICAS RR-2C","2014-11-01",1.2084999728512678,0.90929680979517946,0.96671601633312099,0.79281018069092646,0.87830756254253306,0.93262516343366275]
["EMULSÕES ASFÁLTICAS RR-2C","2014-12-01",1.1733195141686963,0.97479973913927564,1.0811019358226572,0.95743193879134147,0.94471770902187446,1.0088546900330395]
["EMULSÕES ASFÁLTICAS RR-2C","2015-01-01",1.1974942761346909,1.1735737482546862,1.2467714419920852,1.025342721383574,1.1225559810063366,1.1585903484442719]
["EMULSÕES ASFÁLTICAS RR-2C","2015-02-01",1.3138584683462771,1.1213655613326337,1.2216030862851623,0.98311352896681115,1.0495339345942003,1.1368373374790675]
["EMULSÕES ASFÁLTICAS RR-2C","2015-03-01",1.3559925113257558,1.0596881895771542,1.2894042019950926,1.0809616590454936,1.0636650125355411,1.1289281805945497]
["EMULSÕES ASFÁLTICAS RR-2C","2015-04-01",1.1985585422550749,1.0958319872243889,1.3005537147189334,1.0428812335459468,1.0826236151274535,1.1148943907803934]
["EMULSÕES ASFÁLTICAS RR-2C","2015-05-01",1.3960662277306455,1.0733620860159381,1.246182259324168,1.0021866976426856,1.1007545004604327,1.1336037602660691]
["EMULSÕES ASFÁLTICAS RR-2C","2015-06-01",1.3738029836101526,1.070598601394444,1.2400291368255192,0.99510670262462975,1.1137137617235191,1.1581439880323197]
["EMULSÕES ASFÁLTICAS RR-2C","2015-07-01",1.2915544901173832,1.0782396821328417,1.0611909286829198,1.0072484445472174,1.1404108411616547,1.0886719806136569]
["EMULSÕES ASFÁLTICAS RR-2C","2015-08-01",1.2644389492358916,1.1098748142613037,1.2785713002472454,1.0093247984156792,1.1017859744041891,1.2007353305035777]
["EMULSÕES ASFÁLTICAS RR-2C","2015-09-01",1.3178222167105091,1.0793162903745952,1.2729908719334742,1.0412168829797834,1.1015058988908772,1.1993241667707197]
["EMULSÕES ASFÁLTICAS RR-2C","2015-10-01",1.3475910609364452,1.1515919369427989,1.3034316798932244,1.1408835708336198,1.153839863433008,1.2445506841065885]
["EMULSÕES ASFÁLTICAS RR-2C","2015-11-01",1.4219476311042603,1.2528977823002232,1.4632652382833597,1.2023260722378897,1.2091014097133812,1.3509407654186711]
["EMULSÕES ASFÁLTICAS RR-2C","2015-12-01",1.5005775899763167,1.2466905674903261,1.3857931469782372,1.2274435317644234,1.2352426092001128,1.3247389248337151]
["EMULSÕES ASFÁLTICAS RR-2C","2016-01-01",1.6489841751292391,1.3076282632331491,1.4491413888827895,1.2358730350079974,1.2644155209558658,1.3328124724100971]
["EMULSÕES ASFÁLTICAS RR-2C","2016-02-01",1.4040425978966906,1.2955796163300726,1.4551720277392293,1.2803424144945961,1.2506211519631303,1.3241249017582162]
["EMULSÕES ASFÁLTICAS RR-2C","2016-03-01",1.3737404725681612,1.27647148296601,1.4700769498354112,1.2373776159079404,1.2705861769372377,1.305985136244233]
["EMULSÕES ASFÁLTICAS RR-2C","2016-04-01",1.8031323295940906,1.364877411695095,1.5460723913427832,1.3373403028324489,1.3714673792970147,1.4262694176770088]
["EMULSÕES ASFÁLTICAS RR-2C","2016-05-01",1.7102055614999203,1.3931871019703457,1.5304737991034352,1.3786105124528174,1.3875955987901301,1.4487465103471819]
["EMULSÕES ASFÁLTICAS RR-2C","2016-06-01",1.6834621917161186,1.3076158114304404,1.6010919665553396,1.356493165706369,1.4241657077439134,1.4604616960242911]
["EMULSÕES ASFÁLTICAS RR-2C","2016-07-01",1.6111651204569051,1.3055962015036633,1.5874577441260496,1.4386016770426933,1.4249958544942616,1.4681297634542807]
["EMULSÕES ASFÁLTICAS RR-2C","2016-08-01",1.6042944555730914,1.3044006684628899,1.6128486125495336,1.4229043477148113,1.4247229275758995,1.4903735494037429]
["EMULSÕES ASFÁLTICAS RR-2C","2016-09-01",1.553851496196532,1.2150283632130348,1.4872524174442627,1.3105037105253383,1.2611711851144485,1.3821742114193818]
["EMULSÕES ASFÁLTICAS RR-2C","2017-01-01",1.3295876746587254,0.97529368058710841,1.5003093541431693,1.3613255863655229,1.2259310480635319,1.162473759755621]
["EMULSÕES ASFÁLTICAS RR-2C","2017-02-01",1.4037658906824355,1.0198585605870976,1.4605251549752429,1.3429240664997402,1.2001638942968333,1.2072304467276591]
["EMULSÕES ASFÁLTICAS RR-2C","2017-03-01",1.3968718336946988,1.1665844193583097,1.4231876339836147,1.3160723644059664,1.2102225969368148,1.2717657443337291]
["EMULSÕES ASFÁLTICAS RR-2C","2017-04-01",1.4061631137262074,1.1506254668179239,1.4732979449818155,1.3193940401053521,1.1820012709603336,1.2910710683970288]
["EMULSÕES ASFÁLTICAS RR-2C","2017-05-01",1.4040905911420187,1.1726007246709151,1.4867733051140943,1.3140967919320101,1.1876465988739124,1.3403886901233701]
["EMULSÕES ASFÁLTICAS RR-2C","2017-06-01",1.4180165227812969,1.1684172838844951,1.5310011089707642,1.310190923481293,1.1966920331458697,1.3648500164722874]
["EMULSÕES ASFÁLTICAS RR-2C","2017-07-01",1.4683032351132663,1.1821042315179353,1.5121518421393534,1.279054806325338,1.1332529777843998,1.3596206153764889]
["EMULSÕES ASFÁLTICAS RR-2C","2017-08-01",1.4659732608904723,1.1767755729291771,1.4039573392310976,1.2663431235738367,1.1787432600234897,1.3237918138953939]
["EMULSÕES ASFÁLTICAS RR-2C","2017-09-01",1.4318169843184565,1.1898936241353053,1.4537715938762008,1.285693733499309,1.1871601859074818,1.3557104427679683]
["EMULSÕES ASFÁLTICAS RR-2C","2017-10-01",1.4491825161573515,1.207247931507442,1.4640186621729441,1.3323982310869649,1.1739416100992857,1.3656793673117567]
["EMULSÕES ASFÁLTICAS RR-2C","2017-11-01",1.6182821244723802,1.3028339514031291,1.613822346548186,1.3221653058249512,1.3171489059517127,1.470333346304054]
["EMULSÕES ASFÁLTICAS RR-2C","2017-12-01",1.7125002440971306,1.2886934902522582,1.5429548396659947,1.3195933811261036,1.2911470687211588,1.4588224527224354]
["EMULSÕES ASFÁLTICAS RR-2C","2018-01-01",1.7515336292151191,1.3422873031567961,1.5094109583930098,1.4328183639485839,1.3355080841653342,1.4836715709672179]
["EMULSÕES ASFÁLTICAS RR-2C","2018-02-01",1.6610447362374416,1.3617859637129377,1.4817483937901115,1.4473927675821461,1.3768173297345929,1.464831025079206]
["EMULSÕES ASFÁLTICAS RR-2C","2018-03-01",1.6954410071578938,1.3542430540092358,1.5375908708380657,1.4470604820108977,1.3716501298316999,1.4762333231771931]
["EMULSÕES ASFÁLTICAS RR-2C","2018-04-01",1.5687528009889737,1.3328629020561542,1.5585033645258797,1.4457720027222314,1.3289872914575056,1.4374587251281956]
["EMULSÕES ASFÁLTICAS RR-2C","2018-05-01",1.7163026083236441,1.3834788285607762,1.5103835313012901,1.4576575745862743,1.389937608144785,1.4705688952497875]
["EMULSÕES ASFÁLTICAS RR-2C","2018-06-01",1.6716741875576386,1.4609526623690046,1.6477862351376675,1.5056177886693052,1.477334696437135,1.5493132904114215]
["EMULSÕES ASFÁLTICAS RR-2C","2018-07-01",1.8253082227990263,1.5732933124999999,1.7544677766475567,1.6004874978074706,1.5400833118241328,1.6672031017821791]
["EMULSÕES ASFÁLTICAS RR-2C","2018-08-01",1.8237348329219192,1.6856683889889545,1.9125286765249321,1.792216451929783,1.6785264626315743,1.8037470793696593]
["EMULSÕES ASFÁLTICAS RR-2C","2018-09-01",2.0523986018700042,1.6860471795771725,1.9361390855149667,1.7776622986446278,1.671035098067317,1.8592348438575659]
["EMULSÕES ASFÁLTICAS RR-2C","2018-10-01",2.0948296937314117,1.6883271818603525,1.7462853595717469,1.8021848956888453,1.8360439480275756,1.8157307890497472]
["EMULSÕES ASFÁLTICAS RR-2C","2018-11-01",2.3302103085686281,1.8411957128023935,2.2180064699423223,2.0313127776314679,1.9465198511700676,2.0870045956628331]
["EMULSÕES ASFÁLTICAS RR-2C","2018-12-01",2.4361316266045097,1.8393499622552583,2.1197689237108417,1.965038414689654,1.8961533620377922,2.0415136307555772]
["EMULSÕES ASFÁLTICAS RR-2C","2019-01-01",2.3991345843015304,1.8794259372218571,2.1853799053644076,1.9930195949447314,1.9291890399299196,2.0567036929498808]
["EMULSÕES ASFÁLTICAS RR-2C","2019-02-01",2.3935305933199142,2.0100960861601598,2.5045713226881685,2.2630791373111849,2.011119163324107,2.221643893102268]
["EMULSÕES ASFÁLTICAS RR-2C","2019-03-01",2.6796868563796195,1.9901953412149367,2.5579138928296858,2.2045042492184406,2.1221855575987485,2.3186042099253266]
["EMULSÕES ASFÁLTICAS RR-2C","2019-04-01",2.5151364924337956,2.0008711133696599,2.6333980969763933,2.2328616267732357,2.064076870973012,2.2770809235388998]
["EMULSÕES ASFÁLTICAS RR-2C","2019-05-01",2.130236099035983,1.9602812773391383,2.342473017478655,2.2107797640821767,2.1667787404248919,2.1630728056913133]
["EMULSÕES ASFÁLTICAS RR-2C","2019-06-01",2.1640004023312627,1.9250025893071754,2.3795330791824369,2.1424839632324493,2.180249833510187,2.1664218876157775]
["EMULSÕES ASFÁLTICAS RR-2C","2019-07-01",2.1615179943408442,1.9051335877053119,2.3700902877231584,2.1133180405618193,2.1666049432405368,2.1596773513500382]
["EMULSÕES ASFÁLTICAS RR-2C","2019-08-01",2.1481809366418849,1.7871269706863533,2.2736676089666341,2.1017264720781426,2.2305631470804643,2.0961132223137593]
["EMULSÕES ASFÁLTICAS RR-2C","2019-09-01",2.2749944295789932,1.7685931897088947,2.2749520229204818,2.1225434842050381,2.1952209533465918,2.1148551376961868]
["EMULSÕES ASFÁLTICAS RR-2C","2019-10-01",2.2524961567227826,1.9675231472624461,2.7384906229713128,2.140464842920998,2.0307587249754748,2.2988745877901753]
["EMULSÕES ASFÁLTICAS RR-2C","2019-11-01",2.3917174442554017,1.9231227266456397,2.512152538067824,2.2131398457308085,2.0431128800664373,2.2502473128028275]
["EMULSÕES ASFÁLTICAS RR-2C","2019-12-01",2.3919884072624522,1.9747996623618451,2.2505237811516414,2.1680659242486069,2.0507505043328487,2.1451935699272586]
["EMULSÕES ASFÁLTICAS RR-2C","2020-01-01",2.6176967003231986,1.8780382062314398,2.3352936603561383,2.1839891996075491,2.0472221450393495,2.1668040965205764]
["EMULSÕES ASFÁLTICAS RR-2C","2020-02-01",2.3231193990355696,1.8085269957869419,1.9789899591272726,2.0867364995803164,2.0257661032488543,2.0277399242873178]
["EMULSÕES ASFÁLTICAS RR-2C","2020-03-01",2.342808005513314,1.7940557638862922,1.7211304181993443,2.0453141869832105,1.9732840557989404,1.977121831129143]
["EMULSÕES ASFÁLTICAS RR-2C","2020-04-01",2.2240730834885021,1.7111360495033376,1.9436800343479061,1.9811404040070473,2.058778777406876,1.976530938882715]
["EMULSÕES ASFÁLTICAS RR-2C","2020-05-01",2.1531647858372311,1.6890004950705062,1.9149744998837386,1.9603349388846041,2.0178718450444366,1.9398605813392242]
["EMULSÕES ASFÁLTICAS RR-2C","2020-06-01",2.0788679536771095,1.6652410281559347,1.8330357408618185,1.8933000395325583,2.0136753030428336,1.8781888356284024]
["EMULSÕES ASFÁLTICAS RR-2C","2020-07-01",2.0544219055495532,1.6667189694659075,1.9149395193317231,1.899576427834716,1.9461358220848106,1.8893577757890485]
["EMULSÕES ASFÁLTICAS RR-2C","2020-08-01",2.1543678216757582,1.7733730018910185,2.0777540225277957,1.9996892515751252,1.9912568037037868,2.0096793301248019]
["EMULSÕES ASFÁLTICAS RR-2C","2020-09-01",2.1187831673682336,1.7856461237044037,2.0094154164761493,1.9832651947209383,1.9852846031484475,1.9762008668036497]
["EMULSÕES ASFÁLTICAS RR-2C","2020-10-01",2.1464286111245734,1.8266482066125822,1.9794450617759367,1.9848517880852443,1.9913562126682482,1.9779957152564804]
["EMULSÕES ASFÁLTICAS RR-2C","2020-11-01",2.1376816723114409,1.9380777485027982,2.1402438608489014,2.1672747672637573,2.0918311383258161,2.0903535768484067]
["EMULSÕES ASFÁLTICAS RR-2C","2020-12-01",2.1490044399500974,1.9454777606049933,1.9606696497771214,2.1883989731123372,2.0951376036445559,2.035179336495458]
["EMULSÕES ASFÁLTICAS RR-2C","2021-01-01",2.1393735849540185,1.8981612264009384,1.8354725973686459,2.2135263550144111,2.0580072059081282,2.0051177573215337]
["EMULSÕES ASFÁLTICAS RR-2C","2021-02-01",2.3508577507118704,2.0596027416889715,2.2519660018072147,2.4247311156864044,2.2197472071407698,2.2438069352317429]
["EMULSÕES ASFÁLTICAS RR-2C","2021-03-01",2.3250714306150009,2.0517918559048689,2.1828263772095058,2.3466687299279227,2.2734914636523507,2.2270420265188373]
["EMULSÕES ASFÁLTICAS RR-2C","2021-04-01",2.6889810867861912,2.0645253663669711,2.2891410701693373,2.2627266030870632,2.1779034200888803,2.2111387924732311]
["EMULSÕES ASFÁLTICAS RR-2C","2021-05-01",2.5745496094499001,2.5180315213446613,2.5567890474465726,2.6400274183860075,2.6094833731897507,2.5778018499335968]
["EMULSÕES ASFÁLTICAS RR-2C","2021-06-01",2.6722399675705408,2.4893505901848623,2.6009999536735515,2.7064951331304958,2.5552921185584028,2.5931272798618585]
["EMULSÕES ASFÁLTICAS RR-2C","2021-07-01",2.6431769206569165,2.4692622799259656,2.6563319289775995,2.6793157575261062,2.6620791096261516,2.610630402066493]
["EMULSÕES ASFÁLTICAS RR-2C","2021-08-01",2.7961407527887832,2.5759914248354314,2.8258074818475234,2.9191427775852907,2.7494512239446278,2.7664227491806077]
["EMULSÕES ASFÁLTICAS RR-2C","2021-09-01",2.830094258699333,2.6444601784336945,2.876162301397434,2.9267422256079656,2.8918415567704794,2.8068743600852644]
["EMULSÕES ASFÁLTICAS RR-2C","2021-10-01",2.9702878379404463,2.659644806101749,2.8209744927170664,2.8878564813611582,2.7931902764908703,2.8043071709721406]
["EMULSÕES ASFÁLTICAS RR-2C","2021-11-01",3.1288425054692297,2.8641569797826447,3.1550719837703785,3.3298848339432068,3.0708670042737229,3.1101825774701517]
["EMULSÕES ASFÁLTICAS RR-2C","2021-12-01",3.1416148138267768,2.9394743512613672,3.1796148150211683,3.3832212657234604,3.1174233894906123,3.1190781839195152]
["EMULSÕES ASFÁLTICAS RR-2C","2022-01-01",3.1680180966752389,2.8978883410610892,3.1718370526966604,3.2245494357151325,3.0766925593721233,3.0550736209655045]
["EMULSÕES ASFÁLTICAS RR-2C","2022-02-01",3.2922767112693143,3.0297198872500939,3.3177290502392736,3.399646589868567,3.2098987026663215,3.1990043731141529]
["EMULSÕES ASFÁLTICAS RR-2C","2022-03-01",3.0825143735363008,3.0500042385000845,3.2790615343344673,3.4098559609202037,3.2383783348331554,3.2088533928189276]
["EMULSÕES ASFÁLTICAS RR-2C","2022-04-01",3.4104994747810746,3.2162203422212721,3.4789274469856308,3.5252721458886924,3.00054992574153,3.3539676296553056]
["EMULSÕES ASFÁLTICAS RR-2C","2022-05-01",3.3636363462380134,3.1743785984524191,3.5119967937401126,2.7024184874129711,3.207091199150176,3.1292506581784498]
["EMULSÕES ASFÁLTICAS RR-2C","2022-06-01",3.6153029894262358,3.2053946913242877,3.4455839071143339,3.4582361526372583,3.1774448120884893,3.3735881530198797]
["EMULSÕES ASFÁLTICAS RR-2C","2022-07-01",3.5030009154948063,3.2969304243788469,3.6024628398006868,3.4750806334189273,3.3203778262125732,3.4479452704125833]
["EMULSÕES ASFÁLTICAS RR-2C","2022-08-01",3.5317087220741561,3.3395169467089989,3.540153068030317,3.3854273872748482,3.1514614825228127,3.4327931374233192]
["EMULSÕES ASFÁLTICAS RR-2C","2022-09-01",3.4611166205196167,3.3477991664831728,3.3700147015734134,3.2361076198657774,3.0452192921035408,3.3458284433524583]
["EMULSÕES ASFÁLTICAS RR-2C","2022-10-01",3.4407087288730906,3.2396973673631093,3.0816406308553566,3.0884257786256173,2.9761674905370374,3.1785213522037212]
["EMULSÕES ASFÁLTICAS RR-2C","2022-11-01",3.2314387037394514,3.142929577646707,3.2239381233414193,2.9171046643981984,2.7953862663167981,3.1216330233579428]
["EMULSÕES ASFÁLTICAS RR-2C","2022-12-01",3.1795323794024788,3.1393122599866921,3.0605759048792094,2.9247446234100298,2.7407330746581793,3.0496763148638495]
["EMULSÕES ASFÁLTICAS RR-2C","2023-01-01",3.2359240498456319,2.8821275827674335,3.1743967926609025,2.7981787230186401,2.6587045960863023,2.904143728641785]
["EMULSÕES ASFÁLTICAS RR-2C","2023-02-01",3.127258291047482,2.8628392906914342,3.1894738973220016,2.7364632961896005,2.6985125709752453,2.9003749035138853]
["EMULSÕES ASFÁLTICAS RR-2C","2023-03-01",3.2417182611113513,2.8190573657006235,2.9086944063153171,2.8172106055821451,2.530385896360182,2.8507331892043561]
["EMULSÕES ASFÁLTICAS RR-2C","2023-04-01",3.4081380308906026,2.9193557473760552,2.8965513162008643,2.7394980498049879,2.503562137875428,2.8547500149403975]
["EMULSÕES ASFÁLTICAS RR-2C","2023-05-01",3.1511809277988481,2.7777992165496261,2.9324742736171769,2.6186446088076356,2.3897364325137977,2.7687758905210926]
["EMULSÕES ASFÁLTICAS RR-2C","2023-06-01",3.233603037330671,2.7194016450848277,2.9275401489895247,2.5910125840766982,2.5725312379074721,2.8185192878852612]
["EMULSÕES ASFÁLTICAS RR-2C","2023-07-01",3.1307961536124727,2.7247528493187181,2.9163947946123114,2.5821073809604385,2.5236547511190492,2.8118154506951494]
["EMULSÕES ASFÁLTICAS RR-2C","2023-08-01",3.0677037232901774,2.7216455673154036,2.9443666246791231,2.6178307781847057,2.6577102024371473,2.8367618990188062]
["EMULSÕES ASFÁLTICAS RR-2C","2023-09-01",3.2744488849864211,2.8096427755648139,3.1190148443176664,2.7245526081478673,2.4250695979563992,2.9664101532014788]
["EMULSÕES ASFÁLTICAS RR-2C","2023-10-01",3.2626952234552484,2.839883928413546,2.9709860290854109,2.7051095096038824,2.6057283732394545,2.9142011431843406]
["EMULSÕES ASFÁLTICAS RR-2C","2023-11-01",3.2235832800521309,2.8872379234184913,3.1843065534303503,2.7414029368851089,2.4977279247892628,3.0028190183210888]
["EMULSÕES ASFÁLTICAS RR-2C","2023-12-01",3.3688845324018319,2.8489933251362687,2.9142958512112624,2.673718829052357,2.5652465120426715,2.8604912224089261]
["EMULSÕES ASFÁLTICAS RR-2C","2024-01-01",3.2043261979755915,2.6137829562431318,3.1347642561947389,2.6490363636324572,2.578343242379717,2.760727858120025]
["EMULSÕES ASFÁLTICAS RR-2C","2024-02-01",3.6109679154533718,2.5962893842837409,2.9902878128407462,2.7048609416540326,2.5740140978274222,2.7715169451357977]
["EMULSÕES ASFÁLTICAS RR-2C","2024-03-01",3.4520161496532866,2.6875793655124753,3.0479722002117411,2.7196841685316735,2.6062070216745044,2.788256085018729]
["EMULSÕES ASFÁLTICAS RR-2C","2024-04-01",3.3407242720069159,2.5814220899123526,3.000304036682099,2.6795946273877997,2.6318830630511858,2.7592814920274322]
["EMULSÕES ASFÁLTICAS RR-2C","2024-05-01",2.8996297793596146,2.6170608519820937,3.0787963662099749,2.662816597847915,2.7325513851864902,2.8024459450091719]
["EMULSÕES ASFÁLTICAS RR-2C","2024-06-01",3.0250808329361698,2.5523932793648507,3.1070457668540929,2.6046795854372573,2.7923408831871845,2.8326220070937813]
["EMULSÕES ASFÁLTICAS RR-2C","2024-07-01",3.1738146281031918,2.8413624631888381,3.2525046245272629,2.7112081493223505,2.722506480823716,3.0077527774200958]
["***: Sem comercialização."]
["Nota 1: Preços à vista, sem frete, com todos os impostos inclusos, à exceção do ICMS, do PIS/Pasep e da Cofins."]
["Nota 2: As informações são baseadas em dados preliminares, portanto sujeitos a reprocessamento por parte dos informantes nos moldes da Resolução ANP nº 729/2018."]